{"text_format":"1","workbook":"xlsx","n_sheets":17,"sheets":["Information","Main","WaterFittings","AirCond","Landscape","WaterFeature","System1","System2","System3","Report","Diagram","Station","ROI","Reference","WFUsage","Rainfall","Notes"],"not_rendered":{"charts":3,"images":4,"macros":1,"external_links":0,"defined_names":71,"comments":0,"pivot_tables":0},"unopened":[],"bounds":{"document_bytes":16777216,"sheet_cells":100000,"rows_first":2000,"rows_last":500,"rows_between":2000,"halvings":0,"cell_chars":16384,"cell_head_chars":4096},"cells_cut":0,"cells_raw":0,"read":"whole","date_system":"1900"}

{"sheet":"Information","index":0,"n_rows":22,"n_cols":4,"rows_kept":22,"cut":false,"hidden":false,"merged":[[15,2,15,3],[5,2,5,3]]}
[]
[]
[]
[]
[null,null,"INTRODUCTION TO WATER EFFICIENCY WE CALCULATOR (Version 1.1c updated 1 June 2020)"]
[null,null,"The WE Calculator is a software tool capable of performing integrated water use and water efficiency calculations. It is developed by the Greenbuildingindex Sdn Bhd (GSB) for public use free of charge. The WE Calculator is a copyright of GSB in which GSB reserves all rights. No part of the WE Calculator may be modified or reproduced without the prior written permission of GSB.\n\nThis software tool allows GSB practitioners to simulate their designs for innovative and creative solutions for water use and water efficiency in various systems, such as cooling towers, condensate water harvesting, rainwater harvesting, recycling of waste water, water efficient fixtures, landscaping, water features and the like. Return on investment can be computed with precision and results illustrated via a report summary that can be printed. The tool covers applications for all categories of buildings from Office buildings to Hotels, Apartments, Service Apartments, Retail and more.\n\nThe WE Calculator will be maintained by GSB and periodically updated with the latest meteorological rainfall data of Malaysia. It will also be updated to compute CO2 reduction due to water savings when the water coefficient figures are made available by the Government of Malaysia.    "]
[]
[null,null,"INSTRUCTION TO USE"]
[null,null,"Navigation"]
[null,null,"Main Page","Navigate by clicking on these tabs"]
[]
[null,null,"Data input"]
[null,null,null,"Empty cells - where input datas are entered to carry out water use and water efficiency calculations"]
[]
[null,null,"Printing"]
[null,null,"Print Area has been set for all calculation sheets and report. Please note that it is required to select the following options for the printouts depending on the selected tabs."]
[null,null,"Option 1","\"Portrait\" or \"Landscape\""]
[null,null,null,"Printouts are set to 1 page width "]
[null,null,"Option 2","Paper size \"A4\" or \"A3\""]
[null,null,null,"All outputs are generally set for A4 sized printing except for Rainwater Harvesting Simulations which shall be printed in A3 size in portrait setting."]
[]
[null,null,"Green Building Index"]

{"sheet":"Main","index":1,"n_rows":162,"n_cols":30,"rows_kept":162,"cut":false,"hidden":false,"merged":[[0,3,0,14],[0,15,0,16],[1,2,1,12],[3,3,3,4],[3,9,3,10],[3,11,3,16],[15,1,15,3],[16,1,16,3],[17,1,17,3],[18,1,18,3],[20,1,20,3],[21,1,21,3],[22,1,22,3],[23,1,23,3],[23,7,23,8],[33,29,33,30],[122,4,122,23],[159,4,159,23],[7,7,13,7],[14,7,22,7],[4,9,6,9],[4,10,6,10],[4,11,6,11],[4,12,6,12],[4,13,6,13],[4,14,6,14],[4,15,6,15],[4,16,6,16],[3,7,6,8]]}
[null,null,null,null,null,null,null,null,null,null,null,null,null,null,null," Version 2018c"]
[null,"Project: ","Project Name",null,null,null,null,null,null,null,null,null,null,"Date: ","2020-06-01","Rev. No.: ",null,{"$f":"AirCond!G3","v":0},null,null,null,null,null,"Yes",null,null,"Type","Design Days/wk","Operating days/year","Operating hrs/year"]
[]
[null,"Base Building Occupancy",null,{"$f":"WaterFittings!F7","v":"Office"},null,null,null,"Annual Water Consumption",null,"Baseline",null,"Design Case"]
[null,"Area/unit",null,{"$f":"WaterFittings!G9","v":1},{"$f":"WaterFittings!E9","v":"room"},null,null,null,null,"Potable\nWater\nConsump-\ntion","Percentage\nDistribution","Consump-\ntion","Percentage\nDistribution","Greywater Recycling","AC Condensate Recovery","Resultant potable water usage","Rainwater\nHarvesting"]
[null,"Occupancy",null,{"$f":"WaterFittings!G10","v":0},{"$f":"WaterFittings!E10","v":"person/room"}]
[null,"Base population",null,{"$f":"WaterFittings!G11","v":{"$error":"#VALUE!"}},"person"]
[null,"Operating weeks per year",null,{"$f":"WaterFittings!AW10","v":52},null,null,null,"Fixtures Usage","Flushing",{"$f":"SUM(WaterFittings!AV97,WaterFittings!AV118,WaterFittings!AV141)","v":{"$error":"#VALUE!"}},{"$f":"IF(J8/J$24=0,\"\",J8/J$24)","v":{"$error":"#VALUE!"}},{"$f":"SUM(WaterFittings!AW97,WaterFittings!AW118,WaterFittings!AW141)","v":{"$error":"#VALUE!"}},{"$f":"IF(L8/L$24=0,\"\",L8/L$24)","v":{"$error":"#VALUE!"}},{"$f":"SUM(System1!Q28,System2!Q28,System3!Q28)","v":{"$error":"#VALUE!"}},{"$f":"SUM(System1!W28,System2!W28,System3!W28)","v":{"$error":"#VALUE!"}},{"$f":"L8-N8-O8","v":{"$error":"#VALUE!"}},{"$f":"MIN(P8,System1!N28+System2!N28+System3!N28)","v":{"$error":"#VALUE!"}}]
[null,"Operating days per week",null,{"$f":"WaterFittings!AV10","v":7},null,null,null,null,"Shower",{"$f":"SUM(WaterFittings!AV98,WaterFittings!AV119,WaterFittings!AV142)","v":{"$error":"#VALUE!"}},{"$error":"#VALUE!"},{"$f":"SUM(WaterFittings!AW98,WaterFittings!AW119,WaterFittings!AW142)","v":{"$error":"#VALUE!"}},{"$error":"#VALUE!"},null,null,{"$error":"#VALUE!"}]
[null,"Operating days per year",null,{"$f":"WaterFittings!BO372","v":365},null,null,null,null,"Wash hand basin",{"$f":"SUM(WaterFittings!AV99,WaterFittings!AV120,WaterFittings!AV143)","v":{"$error":"#VALUE!"}},{"$error":"#VALUE!"},{"$f":"SUM(WaterFittings!AW99,WaterFittings!AW120,WaterFittings!AW143)","v":{"$error":"#VALUE!"}},{"$error":"#VALUE!"},null,null,{"$error":"#VALUE!"}]
[null,"Average Daily Consumption (design case)",null,null,null,null,null,null,"Ablution",{"$f":"SUM(WaterFittings!AV100,WaterFittings!AV121,WaterFittings!AV144)","v":{"$error":"#VALUE!"}},{"$error":"#VALUE!"},{"$f":"SUM(WaterFittings!AW100,WaterFittings!AW121,WaterFittings!AW144)","v":{"$error":"#VALUE!"}},{"$error":"#VALUE!"},null,null,{"$error":"#VALUE!"}]
[null,"Fixtures & cleaning usage",null,{"$f":"ROUND(SUM(L14,L15,L22)*1000/D5/D10,2)","v":{"$error":"#VALUE!"}},{"$f":"\"L per \"&E5","v":"L per room"},null,null,null,"Bib tap",{"$f":"SUM(WaterFittings!AV101,WaterFittings!AV122,WaterFittings!AV145)","v":{"$error":"#VALUE!"}},{"$error":"#VALUE!"},{"$f":"SUM(WaterFittings!AW101,WaterFittings!AW122,WaterFittings!AW145)","v":{"$error":"#VALUE!"}},{"$error":"#VALUE!"},null,null,{"$error":"#VALUE!"}]
[null,"Air Conditioning make-up",null,{"$f":"ROUND(L16/D5/D10*1000,2)","v":0},{"$f":"E12","v":"L per room"},null,null,null,"Pantry/Dish washing",{"$f":"SUM(WaterFittings!AV102,WaterFittings!AV123,WaterFittings!AV146)","v":{"$error":"#VALUE!"}},{"$error":"#VALUE!"},{"$f":"SUM(WaterFittings!AW102,WaterFittings!AW123,WaterFittings!AW146)","v":{"$error":"#VALUE!"}},{"$error":"#VALUE!"},null,null,{"$error":"#VALUE!"},null,null,null,null,null,null,null,{"$f":"IF(D4=\"hotel\",D5,IF(WaterFittings!E9=\"m2\",D5,D7))","v":{"$error":"#VALUE!"}}]
[null,"Overall usage",null,{"$f":"ROUND(SUM(D12,D13,SUM(L17:L21)/D5/D10*1000),2)","v":{"$error":"#VALUE!"}},{"$f":"E12","v":"L per room"},null,null,null,"Sub-total ",{"$f":"SUM(J8:J13)","v":{"$error":"#VALUE!"}},null,{"$f":"SUM(L8:L13)","v":{"$error":"#VALUE!"}},null,{"$f":"SUM(N8:N13)","v":{"$error":"#VALUE!"}},{"$f":"SUM(O8:O13)","v":{"$error":"#VALUE!"}},{"$f":"SUM(P8:P13)","v":{"$error":"#VALUE!"}},{"$f":"SUM(Q8:Q13)","v":{"$error":"#VALUE!"}}]
[null,"Rainwater Harvesting",null,null,null,null,null,"Others","Cleaning",{"$f":"SUM(WaterFittings!P177:P179)","v":0},{"$f":"IF(J15/J$24=0,\"\",J15/J$24)","v":{"$error":"#VALUE!"}},{"$f":"J15","v":0},{"$f":"IF(L15/L$24=0,\"\",L15/L$24)","v":{"$error":"#VALUE!"}},{"$f":"SUM(System1!S28,System2!S28,System3!S28)","v":{"$error":"#VALUE!"}},{"$f":"SUM(System1!Y28,System2!Y28,System3!Y28)","v":{"$error":"#VALUE!"}},{"$f":"L15-N15-O15","v":{"$error":"#VALUE!"}},{"$f":"SUM(System1!M28,System2!M28,System3!M28)","v":{"$error":"#VALUE!"}}]
[null,"Total potable water consumption =",null,null,{"$f":"P24-P22","v":{"$error":"#VALUE!"}},"m3/yr (Y1)",null,null,"Air Cond make-up",{"$f":"IF(R2,SUM(AirCond!G26,AirCond!L26,AirCond!Q26),0)","v":0},{"$f":"IF(J16/J$24=0,\"\",J16/J$24)","v":{"$error":"#VALUE!"}},{"$f":"J16","v":0},{"$error":"#VALUE!"},{"$f":"SUM(System1!R28,System2!R28,System3!R28)","v":{"$error":"#VALUE!"}},{"$f":"ROUND(System1!X28+System2!X28+System3!X28,1)","v":{"$error":"#VALUE!"}},{"$f":"L16-N16-O16","v":{"$error":"#VALUE!"}},{"$f":"SUM(System1!O28,System2!O28,System3!O28)","v":{"$error":"#VALUE!"}}]
[null,"Rainwater Harvested =",null,null,{"$f":"Q24","v":{"$error":"#VALUE!"}},"m3/yr (X1)",null,null,"Water Feature",{"$f":"SUM(WaterFeature!H18:I18)","v":0},{"$error":"#VALUE!"},{"$f":"J17","v":0},{"$error":"#VALUE!"},{"$f":"SUM(System1!U28,System2!U28,System3!U28)","v":{"$error":"#VALUE!"}},{"$f":"SUM(System1!AA28,System2!AA28,System3!AA28)","v":{"$error":"#VALUE!"}},{"$error":"#VALUE!"},{"$f":"SUM(System1!K28,System2!K28,System3!K28)","v":{"$error":"#VALUE!"}}]
[null,"Reduction in potable water consumption =",null,null,"(X1/ Y1) x 100%",null,null,null,"Swimming Pool",{"$f":"SUM(WaterFeature!H25:I25)","v":0},{"$error":"#VALUE!"},{"$f":"J18","v":0},{"$error":"#VALUE!"},null,null,0,{"$f":"SUM(System1!L28,System2!L28,System3!L28)","v":{"$error":"#VALUE!"}}]
[null,"Rainwater Harvesting = ",null,null,{"$f":"IF(E16,ROUND(E17/E16*100,2),0)","v":{"$error":"#VALUE!"}},"%",null,null,"Irrigation",{"$f":"SUM(System1!FI29:FL29,System2!FI29:FJ29,System3!FI29:FJ29)","v":0},{"$error":"#VALUE!"},{"$f":"SUM(System1!AX29:BA29,System2!AX29:AY29,System3!AX29:AY29)","v":0},{"$error":"#VALUE!"},{"$f":"SUM(System1!T28,System2!T28,System3!T28)","v":{"$error":"#VALUE!"}},{"$f":"ROUND(System1!Z28+System2!Z28+System3!Z28,1)","v":{"$error":"#VALUE!"}},{"$error":"#VALUE!"},{"$f":"SUM(System1!J28,System2!J28,System3!J28)","v":{"$error":"#VALUE!"}}]
[null,"Wastewater Recycling",null,null,null,null,null,null,"F&B",{"$f":"SUM(WaterFittings!AV216,WaterFittings!AV219)","v":0},{"$error":"#VALUE!"},{"$f":"SUM(WaterFittings!AW216,WaterFittings!AW219)","v":0},{"$error":"#VALUE!"},null,null,0]
[null,"Total wastewater generated =",null,null,{"$f":"L14","v":{"$error":"#VALUE!"}},"m3/yr (Y2)",null,null,"Laundry",{"$f":"SUM(WaterFittings!AV215,WaterFittings!AV218)","v":0},{"$error":"#VALUE!"},{"$f":"SUM(WaterFittings!AW215,WaterFittings!AW218)","v":0},{"$error":"#VALUE!"},null,null,0]
[null,"Amount of greywater to be recycled  =",null,null,{"$f":"N24","v":{"$error":"#VALUE!"}},"m3/yr (X2)",null,null,{"$f":"WaterFittings!U35","v":"Not used"},{"$f":"WaterFittings!N165","v":0},{"$error":"#VALUE!"},{"$f":"WaterFittings!AA165","v":0},{"$error":"#VALUE!"},null,null,0]
[null,"Reduction in potable water consumption =",null,null,"(X2/ Y2) x 100%",null,null,null,"Sub-total ",{"$f":"SUM(J15:J22)","v":0},null,{"$f":"SUM(L15:L22)","v":0},null,{"$f":"SUM(N15:N22)","v":{"$error":"#VALUE!"}},{"$f":"SUM(O15:O22)","v":{"$error":"#VALUE!"}},{"$f":"SUM(P15:P22)","v":{"$error":"#VALUE!"}},{"$f":"SUM(Q15:Q22)","v":{"$error":"#VALUE!"}}]
[null," Wastewater Recycling =",null,null,{"$f":"IF(E21,ROUND(E22/E21*100,2),0)","v":{"$error":"#VALUE!"}},"%",null,"Total ",null,{"$f":"SUM(J14,J23)","v":{"$error":"#VALUE!"}},null,{"$f":"SUM(L14,L23)","v":{"$error":"#VALUE!"}},null,{"$f":"SUM(N14,N23)","v":{"$error":"#VALUE!"}},{"$f":"SUM(O14,O23)","v":{"$error":"#VALUE!"}},{"$f":"SUM(P14,P23)","v":{"$error":"#VALUE!"}},{"$f":"SUM(Q14,Q23)","v":{"$error":"#VALUE!"}}]
[]
[]
[]
[]
[]
[]
[]
[]
[]
[]
[]
[]
[]
[]
[]
[]
[]
[]
[]
[]
[]
[]
[]
[]
[]
[]
[]
[]
[]
[]
[]
[]
[]
[]
[]
[]
[]
[]
[]
[]
[]
[]
[]
[]
[]
[]
[]
[]
[]
[]
[]
[]
[]
[]
[]
[]
[]
[]
[]
[]
[]
[]
[]
[]
[]
[]
[]
[]
[]
[]
[]
[]
[]
[]
[]
[]
[]
[]
[]
[]
[]
[]
[]
[]
[]
[]
[]
[]
[]
[]
[]
[]
[]
[]
[]
[]
[]
[]
[]
[]
[]
[]
[]
[]
[]
[]
[]
[]
[]
[]
[]
[]
[]
[]
[]
[]
[]
[]
[]
[]
[]
[]
[]
[]
[]
[]
[]
[]
[]
[]
[]
[]
[]
[]
[]
[]
[]
[null,null,null,null,null,null,null,null,null,null,null,null,null,null,null,null,null,null,null,null,null,null,null,null,null,null,null,"Shower"]

{"sheet":"WaterFittings","index":2,"n_rows":378,"n_cols":98,"rows_kept":378,"cut":false,"hidden":false,"merged":[[8,2,8,3],[8,4,8,5],[8,6,8,7],[8,18,8,19],[8,20,8,21],[8,22,8,23],[9,2,9,3],[9,4,9,5],[9,6,9,7],[9,18,9,19],[9,20,9,21],[9,22,9,23],[0,2,0,3],[0,4,0,24],[0,29,0,32],[3,31,3,32],[6,2,6,4],[6,5,6,8],[6,18,6,19],[7,11,7,14],[7,27,7,30],[10,2,10,5],[10,6,10,7],[10,18,10,21],[10,22,10,23],[11,6,11,7],[11,22,11,23],[12,6,12,7],[12,22,12,23],[14,3,14,6],[14,19,14,22],[11,2,12,3],[11,18,12,19],[17,4,17,9],[17,11,17,15],[17,20,17,25],[17,27,17,31],[20,6,20,7],[20,22,20,23],[21,6,21,7],[21,22,21,23],[22,6,22,7],[22,22,22,23],[18,4,19,4],[20,4,21,4],[18,11,19,11],[20,11,21,11],[18,20,19,20],[20,20,21,20],[18,27,19,27],[20,27,21,27],[22,27,24,27],[18,24,19,25],[23,6,23,7],[23,22,23,23],[18,21,19,23],[18,8,19,9],[24,2,24,3],[24,6,24,7],[24,18,24,19],[24,22,24,23],[25,2,25,3],[25,6,25,7],[25,18,25,19],[25,22,25,23],[22,4,24,4],[22,11,24,11],[22,20,24,20],[22,2,23,3],[22,18,23,19],[26,2,26,3],[26,6,26,7],[26,18,26,19],[26,22,26,23],[27,2,27,3],[27,6,27,7],[27,18,27,19],[27,22,27,23],[28,2,28,3],[28,6,28,7],[28,18,28,19],[28,22,28,23],[39,6,39,7],[39,22,39,23],[40,6,40,7],[29,2,29,3],[29,6,29,7],[29,18,29,19],[29,22,29,23],[30,2,30,3],[30,6,30,7],[34,2,34,4],[34,5,34,8],[34,20,34,22],[34,23,34,32],[46,24,46,25],[39,2,40,3],[39,18,40,19],[45,4,45,9],[45,11,45,15],[45,20,45,25],[35,11,35,14],[35,27,35,30],[36,2,36,3],[36,4,36,5],[36,6,36,7],[36,18,36,19],[36,20,36,21],[36,22,36,23],[37,2,37,3],[37,4,37,5],[37,6,37,7],[37,18,37,19],[37,20,37,21],[37,22,37,23],[38,2,38,5],[38,6,38,7],[38,18,38,21],[38,22,38,23],[45,18,46,19],[40,22,40,23],[42,3,42,6],[42,19,42,22],[46,5,46,7],[46,8,46,9],[46,12,46,13],[46,14,46,15],[46,21,46,23],[50,22,50,23],[64,24,64,25],[65,24,65,25],[53,18,53,19],[53,22,53,23],[47,20,48,20],[49,20,51,20],[49,18,50,19],[47,18,48,19],[54,18,54,19],[54,22,54,23],[55,18,55,19],[55,22,55,23],[47,22,47,23],[48,22,48,23],[49,22,49,23],[51,18,51,19],[51,22,51,23],[52,18,52,19],[52,22,52,23],[78,10,78,14],[78,8,79,9],[80,23,81,23],[78,21,78,27],[79,11,79,12],[79,13,79,14],[79,21,79,22],[79,23,79,25],[79,26,79,27],[80,13,80,14],[80,17,80,19],[80,21,80,22],[80,26,80,27],[80,12,81,12],[78,17,79,20],[81,13,81,14],[81,18,81,19],[81,21,81,22],[81,26,81,27],[80,11,81,11],[80,24,81,25],[84,13,84,14],[84,17,84,19],[84,21,84,22],[84,26,84,27],[85,2,85,3],[85,5,85,6],[85,13,85,14],[85,17,85,19],[85,21,85,22],[85,24,85,25],[85,26,85,27],[82,12,84,12],[82,23,84,23],[82,24,84,25],[82,13,82,14],[82,17,82,19],[82,21,82,22],[82,26,82,27],[83,13,83,14],[83,18,83,19],[83,21,83,22],[83,26,83,27],[82,11,84,11],[82,2,83,3],[86,5,86,6],[86,13,86,14],[86,17,86,19],[86,21,86,22],[86,24,86,25],[86,26,86,27],[87,2,87,3],[87,5,87,6],[87,13,87,14],[87,17,87,19],[87,21,87,22],[87,24,87,25],[87,26,87,27],[86,2,86,3],[88,13,88,14],[88,17,88,19],[88,21,88,22],[88,24,88,25],[88,26,88,27],[89,2,89,3],[89,5,89,6],[89,13,89,14],[89,17,89,19],[89,21,89,22],[89,24,89,25],[89,26,89,27],[88,2,88,3],[88,5,88,6],[90,13,90,14],[90,17,90,19],[90,21,90,22],[90,24,90,25],[90,26,90,27],[91,2,91,12],[91,13,91,14],[91,17,91,25],[91,26,91,27],[90,2,90,3],[90,5,90,6],[92,13,92,14],[92,17,92,20],[92,21,92,22],[92,23,92,25],[92,26,92,27],[93,2,93,4],[93,5,93,6],[93,8,93,9],[93,13,93,14],[93,17,93,20],[93,21,93,22],[93,24,93,25],[93,26,93,27],[92,2,92,4],[92,5,92,7],[92,11,92,12],[94,13,94,14],[94,17,94,20],[94,21,94,22],[94,24,94,25],[94,26,94,27],[95,2,95,4],[95,5,95,6],[95,8,95,9],[95,13,95,14],[95,17,95,20],[95,21,95,22],[95,24,95,25],[95,26,95,27],[94,2,94,4],[94,5,94,6],[94,8,94,9],[96,13,96,14],[96,17,96,20],[96,21,96,22],[96,24,96,25],[96,26,96,27],[97,2,97,12],[97,13,97,14],[97,17,97,25],[97,26,97,27],[96,2,96,4],[96,5,96,6],[96,8,96,9],[98,13,98,14],[98,17,98,25],[98,26,98,27],[100,10,100,14],[100,21,100,27],[101,11,101,12],[101,13,101,14],[101,23,101,25],[101,26,101,27],[100,17,101,20],[98,2,98,12],[100,8,101,9],[102,13,102,14],[102,17,102,19],[102,21,102,22],[102,26,102,27],[103,13,103,14],[103,18,103,19],[103,21,103,22],[103,26,103,27],[104,13,104,14],[104,17,104,19],[104,21,104,22],[104,26,104,27],[102,23,103,23],[102,24,103,25],[105,13,105,14],[105,18,105,19],[105,21,105,22],[105,26,105,27],[106,2,106,3],[106,13,106,14],[106,17,106,19],[106,21,106,22],[106,26,106,27],[104,23,106,23],[104,2,105,3],[104,5,106,6],[104,24,106,25],[107,13,107,14],[107,17,107,19],[107,21,107,22],[107,24,107,25],[107,26,107,27],[108,2,108,3],[108,5,108,6],[108,13,108,14],[108,17,108,19],[108,21,108,22],[108,24,108,25],[108,26,108,27],[107,2,107,3],[107,5,107,6],[109,13,109,14],[109,17,109,19],[109,21,109,22],[109,24,109,25],[109,26,109,27],[110,2,110,3],[110,5,110,6],[110,13,110,14],[110,17,110,19],[110,21,110,22],[110,24,110,25],[110,26,110,27],[109,2,109,3],[109,5,109,6],[111,13,111,14],[111,17,111,19],[111,21,111,22],[111,24,111,25],[111,26,111,27],[112,2,112,12],[112,13,112,14],[112,17,112,25],[112,26,112,27],[111,2,111,3],[111,5,111,6],[113,13,113,14],[113,17,113,20],[113,21,113,22],[113,23,113,25],[113,26,113,27],[114,2,114,4],[114,5,114,6],[114,8,114,9],[114,13,114,14],[114,17,114,20],[114,21,114,22],[114,24,114,25],[114,26,114,27],[113,2,113,4],[113,5,113,7],[113,11,113,12],[115,13,115,14],[115,17,115,20],[115,21,115,22],[115,24,115,25],[115,26,115,27],[116,2,116,4],[116,5,116,6],[116,8,116,9],[116,13,116,14],[116,17,116,20],[116,21,116,22],[116,24,116,25],[116,26,116,27],[115,8,115,9],[117,13,117,14],[117,17,117,20],[117,21,117,22],[117,24,117,25],[117,26,117,27],[118,2,118,12],[118,13,118,14],[118,17,118,25],[118,26,118,27],[117,8,117,9],[119,13,119,14],[119,17,119,25],[119,26,119,27],[123,10,123,14],[123,21,123,27],[124,11,124,12],[124,13,124,14],[124,21,124,22],[124,23,124,25],[124,26,124,27],[125,13,125,14],[125,17,125,19],[125,21,125,22],[125,26,125,27],[126,13,126,14],[126,18,126,19],[126,21,126,22],[126,26,126,27],[127,13,127,14],[127,17,127,19],[127,21,127,22],[127,26,127,27],[125,23,126,23],[125,24,126,25],[128,13,128,14],[128,18,128,19],[128,21,128,22],[128,26,128,27],[129,2,129,3],[129,13,129,14],[129,17,129,19],[129,21,129,22],[129,26,129,27],[127,23,129,23],[127,24,129,25],[130,13,130,14],[130,17,130,19],[130,21,130,22],[130,24,130,25],[130,26,130,27],[131,2,131,3],[131,5,131,6],[131,13,131,14],[131,17,131,19],[131,21,131,22],[131,24,131,25],[131,26,131,27],[130,2,130,3],[130,5,130,6],[132,13,132,14],[132,17,132,19],[132,21,132,22],[132,24,132,25],[132,26,132,27],[133,2,133,3],[133,5,133,6],[133,13,133,14],[133,17,133,19],[133,21,133,22],[133,24,133,25],[133,26,133,27],[132,2,132,3],[132,5,132,6],[134,13,134,14],[134,17,134,19],[134,21,134,22],[134,24,134,25],[134,26,134,27],[135,2,135,12],[135,13,135,14],[135,17,135,24],[135,26,135,27],[134,2,134,3],[134,5,134,6],[136,13,136,14],[136,17,136,20],[136,21,136,22],[136,23,136,25],[136,26,136,27],[137,2,137,4],[137,5,137,6],[137,8,137,9],[137,13,137,14],[137,17,137,20],[137,21,137,22],[137,24,137,25],[137,26,137,27],[136,11,136,12],[138,13,138,14],[138,17,138,20],[138,21,138,22],[138,24,138,25],[138,26,138,27],[139,2,139,4],[139,5,139,6],[139,8,139,9],[139,13,139,14],[139,17,139,20],[139,21,139,22],[139,24,139,25],[139,26,139,27],[140,13,140,14],[140,17,140,20],[140,21,140,22],[140,24,140,25],[140,26,140,27],[141,2,141,12],[141,13,141,14],[141,17,141,25],[141,26,141,27],[142,13,142,14],[142,17,142,25],[142,26,142,27],[144,10,144,14],[144,21,144,27],[145,11,145,12],[145,13,145,14],[145,21,145,22],[145,23,145,25],[145,26,145,27],[146,13,146,14],[146,17,146,19],[146,21,146,22],[146,26,146,27],[147,13,147,14],[147,18,147,19],[147,21,147,22],[147,26,147,27],[148,13,148,14],[148,17,148,19],[148,21,148,22],[148,26,148,27],[146,23,147,23],[149,13,149,14],[149,18,149,19],[149,21,149,22],[149,26,149,27],[150,2,150,3],[150,13,150,14],[150,17,150,19],[150,21,150,22],[150,26,150,27],[148,23,150,23],[148,24,150,25],[151,2,151,3],[151,5,151,6],[151,13,151,14],[151,17,151,19],[151,21,151,22],[151,24,151,25],[151,26,151,27],[152,2,152,3],[152,5,152,6],[152,13,152,14],[152,17,152,19],[152,21,152,22],[152,24,152,25],[152,26,152,27],[153,2,153,3],[153,5,153,6],[153,13,153,14],[153,17,153,19],[153,21,153,22],[153,24,153,25],[153,26,153,27],[154,2,154,3],[154,5,154,6],[154,13,154,14],[154,17,154,19],[154,21,154,22],[154,24,154,25],[154,26,154,27],[155,2,155,3],[155,5,155,6],[155,13,155,14],[155,17,155,19],[155,21,155,22],[155,24,155,25],[155,26,155,27],[156,2,156,3],[156,5,156,6],[156,13,156,14],[156,17,156,19],[156,21,156,22],[156,24,156,25],[156,26,156,27],[157,2,157,12],[157,13,157,14],[157,17,157,25],[157,26,157,27],[158,2,158,4],[158,5,158,7],[158,11,158,12],[158,13,158,14],[158,17,158,20],[158,21,158,22],[158,23,158,25],[158,26,158,27],[159,2,159,4],[159,5,159,6],[159,8,159,9],[159,13,159,14],[159,17,159,20],[159,21,159,22],[159,24,159,25],[159,26,159,27],[160,2,160,4],[160,5,160,6],[160,8,160,9],[160,13,160,14],[160,17,160,20],[160,21,160,22],[160,24,160,25],[160,26,160,27],[161,2,161,4],[161,5,161,6],[161,8,161,9],[161,13,161,14],[161,17,161,20],[161,21,161,22],[161,24,161,25],[161,26,161,27],[162,2,162,4],[162,5,162,6],[162,8,162,9],[162,13,162,14],[162,17,162,20],[162,21,162,22],[162,24,162,25],[162,26,162,27],[163,2,163,12],[163,13,163,14],[163,17,163,24],[163,26,163,27],[164,2,164,12],[164,13,164,14],[164,17,164,24],[164,26,164,27],[166,2,166,12],[166,13,166,14],[166,17,166,24],[166,26,166,27],[175,2,175,4],[175,5,175,7],[175,8,175,9],[175,11,175,12],[175,13,175,14],[175,15,175,18],[176,2,176,4],[176,5,176,6],[176,8,176,9],[176,13,176,14],[176,15,176,18],[177,2,177,4],[177,5,177,6],[177,8,177,9],[177,13,177,14],[177,15,177,18],[178,2,178,4],[178,5,178,6],[178,8,178,9],[178,13,178,14],[178,15,178,18],[181,8,181,13],[181,15,181,21],[181,24,181,29],[182,8,182,9],[182,15,182,17],[182,24,182,25],[183,8,183,9],[183,15,183,17],[183,24,183,25],[184,8,184,9],[184,15,184,17],[184,24,184,25],[185,8,185,9],[185,15,185,17],[185,24,185,25],[186,8,186,9],[186,15,186,17],[186,24,186,25],[187,8,187,9],[187,15,187,17],[187,24,187,25],[188,8,188,9],[188,15,188,17],[188,24,188,25],[189,8,189,9],[189,15,189,17],[189,24,189,25],[197,2,197,4],[197,5,197,6],[197,7,197,9],[197,10,197,11],[197,12,197,13],[197,14,197,17],[197,18,197,19],[197,20,197,21],[198,2,198,4],[198,5,198,6],[198,7,198,9],[198,10,198,11],[198,12,198,13],[198,14,198,17],[198,18,198,19],[198,20,198,21],[199,5,199,6],[199,7,199,9],[199,10,199,11],[199,12,199,13],[199,14,199,17],[199,18,199,19],[199,20,199,21],[200,5,200,6],[200,7,200,9],[200,10,200,11],[200,12,200,13],[200,14,200,17],[200,18,200,19],[200,20,200,21],[201,5,201,6],[201,7,201,9],[201,10,201,11],[201,12,201,13],[201,14,201,17],[201,18,201,19],[201,20,201,21],[202,5,202,6],[202,7,202,9],[202,10,202,11],[202,12,202,13],[202,14,202,17],[202,18,202,19],[202,20,202,21],[203,5,203,6],[203,7,203,9],[203,10,203,11],[203,12,203,13],[203,14,203,17],[203,18,203,19],[203,20,203,21],[204,2,204,4],[204,5,204,6],[204,7,204,9],[204,10,204,11],[204,12,204,13],[204,14,204,17],[204,18,204,19],[204,20,204,21],[205,2,205,4],[205,5,205,6],[205,7,205,9],[205,10,205,11],[205,12,205,13],[205,14,205,17],[205,18,205,19],[205,20,205,21],[206,2,206,4],[206,5,206,6],[206,7,206,9],[206,10,206,11],[206,12,206,13],[206,14,206,17],[206,18,206,19],[206,20,206,21],[208,8,208,13],[208,15,208,21],[209,8,209,9],[209,15,209,17],[210,8,210,9],[210,15,210,17],[211,8,211,9],[211,15,211,17],[212,8,212,9],[212,15,212,17],[213,8,213,9],[213,15,213,17],[214,8,214,9],[214,15,214,17],[215,8,215,9],[215,15,215,17],[216,8,216,9],[216,15,216,17],[91,1,96,1],[98,1,99,1],[100,1,101,1],[125,7,126,7],[127,7,129,7],[144,7,145,7],[146,7,147,7],[148,7,150,7],[148,11,150,11],[102,12,103,12],[104,12,106,12],[125,12,126,12],[127,12,129,12],[146,12,147,12],[148,12,150,12],[125,2,126,3],[82,5,84,6],[49,2,50,3],[47,2,48,3],[80,2,81,3],[78,2,79,4],[78,5,79,6],[80,5,81,6],[84,2,84,3],[64,6,64,7],[72,3,72,4],[73,3,73,4],[0,66,3,66],[194,2,196,4],[194,5,196,6],[194,10,196,11],[194,12,196,13],[194,18,196,19],[194,20,196,21],[194,14,196,17],[194,7,196,9],[148,2,149,3],[148,5,150,6],[144,2,145,4],[144,5,145,6],[144,17,145,20],[144,8,145,9],[146,2,147,3],[146,24,147,25],[146,5,147,6],[127,2,128,3],[127,5,129,6],[47,27,48,27],[49,27,51,27],[80,28,81,28],[102,5,103,6],[1,64,3,64],[82,28,83,28],[102,28,103,28],[104,28,105,28],[125,28,126,28],[127,28,128,28],[1,29,2,29],[100,28,101,30],[18,28,19,29],[18,30,19,31],[1,30,2,32],[78,28,79,30],[80,29,90,30],[102,29,111,30],[125,29,134,30],[45,27,45,31],[90,33,115,33],[46,28,46,29],[46,30,46,31],[136,33,161,33],[102,11,103,11],[104,11,106,11],[125,11,126,11],[127,11,129,11],[146,11,147,11],[142,2,142,12],[140,2,140,4],[140,5,140,6],[140,8,140,9],[138,2,138,4],[138,5,138,6],[138,8,138,9],[136,2,136,4],[136,5,136,7],[102,2,103,3],[102,7,103,7],[104,7,106,7],[123,7,124,7],[119,2,119,12],[117,2,117,4],[117,5,117,6],[115,2,115,4],[115,5,115,6],[18,12,19,13],[18,14,19,15],[17,2,19,3],[17,18,19,19],[18,5,19,7],[20,2,21,3],[20,18,21,19],[125,5,126,6],[123,28,124,30],[123,2,124,4],[123,5,124,6],[123,17,124,20],[123,8,124,9],[47,11,48,11],[49,11,51,11],[47,4,48,4],[49,4,51,4],[78,7,79,7],[80,7,81,7],[82,7,84,7],[100,7,101,7],[100,2,101,4],[100,5,101,6],[45,2,46,3],[72,21,72,23],[67,19,67,23],[70,19,70,23],[73,12,73,13],[66,24,66,25],[67,24,67,25],[68,24,68,25],[69,24,69,25],[70,24,70,25],[71,24,71,25],[72,24,72,25],[67,15,67,17],[66,15,66,17],[62,14,63,17],[65,21,65,23],[62,19,63,23],[64,19,64,23],[66,21,66,23],[68,21,68,23],[69,21,69,23],[71,21,71,23],[62,2,63,4],[62,10,63,13],[64,2,64,4],[71,2,71,4],[65,12,65,13],[66,12,66,13],[68,12,68,13],[70,12,70,13],[69,12,69,13],[71,12,71,13],[66,3,66,4],[68,3,68,4],[70,3,70,4],[197,24,206,26],[194,23,196,26],[62,24,63,26],[72,15,72,17],[73,15,73,17],[64,10,64,13],[67,10,67,13],[72,10,72,13],[65,6,65,7],[66,6,66,7],[67,6,67,7],[68,6,68,7],[69,6,69,7],[70,6,70,7],[71,6,71,7],[72,6,72,7],[73,6,73,7],[68,15,68,17],[69,15,69,17],[70,15,70,17],[71,15,71,17],[62,5,63,7],[64,15,64,17],[65,15,65,17]]}
[null,null,"Project: ",null,{"$f":"Main!C2","v":"Project Name"},null,null,null,null,null,null,null,null,null,null,null,null,null,null,null,null,null,null,null,null,null,null,null,null,{"$f":"Main!P1","v":" Version 2018c"},null,null,null,null,null,null,null,null,null,null,null,null,null,null,null,null,null,null,null,null,null,null,null,null,null,null,null,null,null,null,null,"Available wastewater for recycling",null,null,null,null,"potable water usage"]
[null,null,null,null,null,null,null,null,null,null,null,null,null,null,null,null,null,null,null,null,null,null,null,null,null,null,null,null,null,"Date: ","2020-06-01",null,null,null,null,null,null,null,null,null,null,null,null,null,null,null,null,null,null,null,null,null,null,null,null,null,null,null,null,null,null,null,null,null,"other than residence & operation"]
[]
[null,null,"Occupancy and Usage",null,null,null,null,null,null,null,null,null,null,null,null,null,null,null,null,null,null,null,null,null,null,null,null,null,null,"Revision No.",null,null,null,null,null," To apply 52 weeks schedule?",null,null,null,1,null,null,null,null,null,null,null,null,null,null,null,null,null,null,null,null,null,null,null,null,null,"Day","residence","operation"]
[]
[null,null,null,null,null,null,null,null,null,null,null,null,null,null,null,null,null,null,null,null,null,null,null,null,null,null,null,null,null,null,null,null,null,null,null,"Week 1",1,null,"Week 27",1,null,null,null,null,null,null,null,null,null,null,null,null,null,"Weekily schedule",null,null,"Adjusted",null,null,null,null,null,{"$f":"ROUNDDOWN(SUM(SUM($AA81,$AA82)*$AC81,SUM($AA83,$AA84)*$AC83,$AA85*$AC85,$AA86*$AC86,SUM($AA87,$AA96)*$AC87,$AA88*$AC88,$AA89*$AC89,SUM($AA90,$AA97)*$AC90,$AA91*$AC91),0)","v":{"$error":"#VALUE!"}},{"$f":"ROUNDDOWN(SUM(SUM($AA103,$AA104)*$AC103,SUM($AA105,$AA106)*$AC105,$AA107*$AC107,$AA108*$AC108,SUM($AA109,$AA117)*$AC109,$AA110*$AC110,$AA111*$AC111,SUM($AA112,$AA118)*$AC112),0)","v":{"$error":"#VALUE!"}},null,"Total","residence","operation",null,"apart","clean1","clean2","clean3"]
[null,null,"Base Occupancy",null,null,"Office",null,null,null,null,null,null,null,null,null,null,null,null,"Operations",null,"back of house, maintenance, etc",null,null,null,null,null,null,null,null,null,null,null,null,null,null,"Week 2",1,null,"Week 28",1,null,null,null,null,null,null,null,null,null,null,null,"Week 1",1,{"$f":"AK$6","v":1},null,{"$f":"CE21","v":7},{"$f":"IF($AN$4,INDEX(BB$7:BB$378,$BD7),1)","v":1},null,null,null,null,1,{"$f":"$BK$6*BE7*$CF21","v":{"$error":"#VALUE!"}},{"$f":"$BL$6*BE7*$CF$38","v":{"$error":"#VALUE!"}},{"$f":"SUM(BZ220,BZ228,CE204,CE212,CE220,CE228)","v":0},{"$f":"ROUNDDOWN(SUM(BK7:BM7),0)","v":{"$error":"#VALUE!"}},{"$f":"BE7*CF$21","v":1},{"$f":"BE7*CF$38","v":1},{"$f":"CF49","v":1},{"$f":"CF62","v":1},{"$f":"BZ188","v":1},{"$f":"CE188","v":1},{"$f":"CJ188","v":1},null,null,null,null,"Occupancy",{"$f":"VLOOKUP($E$10,BZ8:CA14,2,FALSE)","v":"x"},{"$f":"VLOOKUP($U$10,BZ8:CB14,3,FALSE)","v":"x"},{"$f":"VLOOKUP($E$38,BZ8:CC14,4,FALSE)","v":"x"},{"$f":"VLOOKUP($U$38,BZ8:CD14,4,FALSE)","v":"x"}]
[null,null,null,null,null,null,null,null,null,null,null,"Occupancy Schedule",null,null,null,null,null,null,null,null,null,null,null,null,null,null,null,"Occupancy Schedule",null,null,null,null,null,null,null,"Week 3",1,null,"Week 29",1,null,null,null,null,null,null,null,null,"Op weeks",null,null,null,{"$f":"1+BA7","v":2},{"$f":"BB$7","v":1},null,{"$f":"1+BD7","v":8},1,null,null,null,null,{"$f":"1+BJ7","v":2},{"$f":"$BK$6*BE8*$CF22","v":{"$error":"#VALUE!"}},{"$f":"$BL$6*BE8*$CF$39","v":{"$error":"#VALUE!"}},{"$f":"SUM(BZ221,BZ229,CE205,CE213,CE221,CE229)","v":0},{"$f":"ROUNDDOWN(SUM(BK8:BM8),0)","v":{"$error":"#VALUE!"}},{"$f":"BE8*CF$22","v":1},{"$f":"BE8*CF$39","v":1},{"$f":"CF50","v":1},{"$f":"CF63","v":1},{"$f":"BZ189","v":1},{"$f":"CE189","v":1},{"$f":"CJ189","v":1},null,null,null,"room","person/room",{"$f":"Rainfall!C1","v":"x"},{"$f":"CA8","v":"x"},{"$f":"CA8","v":"x"},{"$f":"CA8","v":"x"}]
[null,null," Design units",null,"room",null,1,null,null,null,"Week",1,2,3,4,null,null,null," Design units",null,"unit",null,1,null,null,null,"Week",1,2,3,4,null,null,null,null,"Week 4",1,null,"Week 30",1,null,null,"Week",1,2,3,4,"Max","per year",null,null,null,3,1,null,{"$f":"1+BD8","v":9},1,null,null,null,null,{"$f":"1+BJ8","v":3},{"$error":"#VALUE!"},{"$f":"$BL$6*BE9*$CF$40","v":{"$error":"#VALUE!"}},0,{"$error":"#VALUE!"},{"$f":"BE9*CF$23","v":1},{"$f":"BE9*CF$40","v":1},1,1,1,1,1,null,null,null,"apartment","person/unit",{"$f":"CA$8","v":"x"},"x","x","x"]
[null,null," Occupancy",null,"person/room",null,0,null,null,null,"Mon",1,1,1,1,null,null,null," Occupancy",null,"person/unit",null,0,null,null,null,"Mon",1,1,1,1,null,null,null,null,"Week 5",1,null,"Week 31",1,null,null,"Operating days/week",{"$f":"COUNTIF(L10:L16,\">0\")","v":7},{"$f":"COUNTIF(M10:M16,\">0\")","v":7},{"$f":"COUNTIF(N10:N16,\">0\")","v":7},{"$f":"COUNTIF(O10:O16,\">0\")","v":7},{"$f":"MAX(AR10:AU10)","v":7},{"$f":"IF(AN4,SUM(COUNTIF(AK6:AK31,1),COUNTIF(AN6:AN31,1)),52)","v":52},null,null,null,4,1,null,10,1,null,null,null,null,4,{"$error":"#VALUE!"},{"$f":"$BL$6*BE10*$CF$41","v":{"$error":"#VALUE!"}},0,{"$error":"#VALUE!"},{"$f":"BE10*CF$24","v":1},{"$f":"BE10*CF$41","v":1},1,1,1,1,1,null,null,null,"m2","person/m2","x","x","x","x"]
[null,null," Population",null,null,null,{"$f":"ROUND(G9*G10*CA7,0)","v":{"$error":"#VALUE!"}},null,null,null,"Tue",1,1,1,1,null,null,null," Population",null,null,null,{"$f":"ROUND(W9*W10*CB7,0)","v":{"$error":"#VALUE!"}},null,null,null,"Tue",1,1,1,1,null,null,null,null,"Week 6",1,null,"Week 32",1,null,null,null,null,null,null,null,null,null,null,null,null,5,1,null,11,1,null,null,null,null,5,{"$error":"#VALUE!"},{"$f":"$BL$6*BE11*$CF$42","v":{"$error":"#VALUE!"}},0,{"$error":"#VALUE!"},{"$f":"BE11*CF$25","v":1},{"$f":"BE11*CF$42","v":1},1,1,1,1,1,null,null,null,"unit","m2/person",{"$f":"CA8/G10^2","v":{"$error":"#VALUE!"}},{"$f":"CB8/W10^2","v":{"$error":"#VALUE!"}},{"$f":"CC8/G38^2","v":{"$error":"#VALUE!"}},{"$f":"CD8/W38^2","v":{"$error":"#VALUE!"}}]
[null,null," Population\n distribution",null,"female",50,{"$f":"ROUND(F12*G11/100,0)","v":{"$error":"#VALUE!"}},null,null,null,"Wed",1,1,1,1,null,null,null," Population\n distribution",null,"female",50,{"$f":"ROUND(V12*W11/100,0)","v":{"$error":"#VALUE!"}},null,null,null,"Wed",1,1,1,1,null,null,null,null,"Week 7",1,null,"Week 33",1,null,null,null,null,null,null,null,null,null,null,null,null,6,1,null,12,1,null,null,null,null,6,{"$error":"#VALUE!"},{"$f":"$BL$6*BE12*$CF$43","v":{"$error":"#VALUE!"}},0,{"$error":"#VALUE!"},{"$f":"BE12*CF$26","v":1},{"$f":"BE12*CF$43","v":1},1,1,1,1,1,null,null,null,null,"person",{"$f":"CA8/G9","v":{"$error":"#VALUE!"}},{"$f":"CB8/W9","v":{"$error":"#VALUE!"}},{"$f":"CC8/G37","v":{"$error":"#VALUE!"}},{"$f":"CD8/W37","v":{"$error":"#VALUE!"}}]
[null,null,null,null,"male",50,{"$f":"ROUND(F13*G11/100,0)","v":{"$error":"#VALUE!"}},null,null,null,"Thu",1,1,1,1,null,null,null,null,null,"male",50,{"$f":"W11-W12","v":{"$error":"#VALUE!"}},null,null,null,"Thu",1,1,1,1,null,null,null,null,"Week 8",1,null,"Week 34",1,null,null,null,null,null,null,null,null,null,null,null,null,7,1,null,13,1,null,null,null,null,7,{"$error":"#VALUE!"},{"$f":"$BL$6*BE13*$CF$44","v":{"$error":"#VALUE!"}},0,{"$error":"#VALUE!"},{"$f":"BE13*CF$27","v":1},{"$f":"BE13*CF$44","v":1},1,1,1,1,1,null,null,null,null,"person/unit",{"$f":"CA$8","v":"x"},{"$f":"CB$8","v":"x"},{"$f":"CC$8","v":"x"},{"$f":"CD$8","v":"x"}]
[null,null,null,null,null,null,null,null,null,null,"Fri",1,1,1,1,null,null,null,null,null,null,null,null,null,null,null,"Fri",1,1,1,1,null,null,null,null,"Week 9",1,null,"Week 35",1,null,null,null,null,null,null,null,null,null,null,null,"Week 2",8,{"$f":"AK$7","v":1},null,14,1,null,null,null,null,8,{"$f":"$BK$6*BE14*$CG21","v":{"$error":"#VALUE!"}},{"$f":"$BL$6*BE14*$CG$38","v":{"$error":"#VALUE!"}},{"$f":"SUM(CA220,CA228,CF204,CF212,CF220,CF228)","v":0},{"$error":"#VALUE!"},{"$f":"BE14*CG$21","v":1},{"$f":"BE14*CG$38","v":1},{"$f":"CG49","v":1},{"$f":"CG62","v":1},{"$f":"CA188","v":1},{"$f":"CF188","v":1},{"$f":"CK188","v":1}]
[null,null,null,"Use default values?",null,null,null,1,null,null,"Sat",1,1,1,1,null,null,null,null,"Use default values?",null,null,null,1,null,null,"Sat",1,1,1,1,null,null,null,null,"Week 10",1,null,"Week 36",1,null,null,null,null,null,null,null,null,null,null,null,null,9,{"$f":"BB$14","v":1},null,15,1,null,null,null,null,9,{"$error":"#VALUE!"},{"$f":"$BL$6*BE15*$CG$39","v":{"$error":"#VALUE!"}},0,{"$error":"#VALUE!"},{"$f":"BE15*CG$22","v":1},{"$f":"BE15*CG$39","v":1},{"$f":"CG50","v":1},{"$f":"CG63","v":1},{"$f":"CA189","v":1},{"$f":"CF189","v":1},{"$f":"CK189","v":1}]
[null,null,null,null,null,null,null,null,null,null,"Sun",1,1,1,1,null,null,null,null,null,null,null,null,null,null,null,"Sun",1,1,1,1,null,null,null,null,"Week 11",1,null,"Week 37",1,null,null,null,null,null,null,null,null,null,null,null,null,10,1,null,16,1,null,null,null,null,10,{"$error":"#VALUE!"},{"$f":"$BL$6*BE16*$CG$40","v":{"$error":"#VALUE!"}},0,{"$error":"#VALUE!"},{"$f":"BE16*CG$23","v":1},{"$f":"BE16*CG$40","v":1},1,1,1,1,1]
[null,null,null,null,null,null,null,null,null,null,null,null,null,null,null,null,null,null,null,null,null,null,null,null,null,null,null,null,null,null,null,null,null,null,null,"Week 12",1,null,"Week 38",1,null,null,null,null,null,null,null,null,null,null,null,null,11,1,null,17,1,null,null,null,null,11,{"$error":"#VALUE!"},{"$f":"$BL$6*BE17*$CG$41","v":{"$error":"#VALUE!"}},0,{"$error":"#VALUE!"},{"$f":"BE17*CG$24","v":1},{"$f":"BE17*CG$41","v":1},1,1,1,1,1]
[null,null,"Fittings",null,{"$f":"IF(H15=1,\"Default values used\",\"This table is not used\")","v":"Default values used"},null,null,null,null,null,null,{"$f":"IF(H15=1,\"This table is not used\",\"User defined\")","v":"This table is not used"},null,null,null,null,null,null,"Fittings",null,{"$f":"IF(X15=1,\"Default values used\",\"This table is not used\")","v":"Default values used"},null,null,null,null,null,null,{"$f":"IF(X15=1,\"This table is not used\",\"User defined\")","v":"This table is not used"},null,null,null,null,null,null,null,"Week 13",1,null,"Week 39",1,null,null,null,null,null,null,null,null,null,null,null,null,12,1,null,18,1,null,null,null,null,12,{"$error":"#VALUE!"},{"$f":"$BL$6*BE18*$CG$42","v":{"$error":"#VALUE!"}},0,{"$error":"#VALUE!"},{"$f":"BE18*CG$25","v":1},{"$f":"BE18*CG$42","v":1},1,1,1,1,1,null,null,null,"Fittings usage","Uses per day","Duration per use",null,"usage factor"]
[null,null,null,null,"Uses/\nday","Duration\nper use",null,null,"usage factor",null,null,"Uses/\nday","Duration\nper use",null,"usage factor",null,null,null,null,null,"Uses/\nday","Duration\nper use",null,null,"usage factor",null,null,"Uses/\nday","Duration\nper use",null,"usage factor",null,null,null,null,"Week 14",1,null,"Week 40",1,null,null,null,null,null,null,null,null,null,null,null,null,13,1,null,19,1,null,null,null,null,13,{"$error":"#VALUE!"},{"$f":"$BL$6*BE19*$CG$43","v":{"$error":"#VALUE!"}},0,{"$error":"#VALUE!"},{"$f":"BE19*CG$26","v":1},{"$f":"BE19*CG$43","v":1},1,1,1,1,1,null,null,null,null,null,null,null,null,null,{"$f":"System1!D3","v":"Kangar"},null,null,null,null,"Weekly schedule"]
[null,null,null,null,null,null,null,null,null,null,null,null,null,null,null,null,null,null,null,null,null,null,null,null,null,null,null,null,null,null,null,null,null,null,null,"Week 15",1,null,"Week 41",1,null,null,null,null,null,null,null,null,null,null,null,null,14,1,null,20,1,null,null,null,null,14,{"$error":"#VALUE!"},{"$f":"$BL$6*BE20*$CG$44","v":{"$error":"#VALUE!"}},0,{"$error":"#VALUE!"},{"$f":"BE20*CG$27","v":1},{"$f":"BE20*CG$44","v":1},1,1,1,1,1,null,null,null,null,null,null,null,"(%)",null,null,null,null,null,null,null,null,"Residences & operation","Operation","Misc","apartment","Clean 1","Clean 2","Clean 3","Laundry","Kitchen"]
[null,null," WC Female",null,{"$f":"INDEX((clubhouse,conventioncentre,hotel,multipurpose,office,residential,retail,sapartment),1,1,bmatch)","v":4},{"$f":"INDEX((clubhouse,conventioncentre,hotel,multipurpose,office,residential,retail,sapartment),1,2,bmatch)","v":1},"flush",null,{"$f":"INDEX((clubhouse,conventioncentre,hotel,multipurpose,office,residential,retail,sapartment),1,3,bmatch)","v":25},"%",null,0,1,"flush",0,"%",null,null," WC Female",null,{"$f":"INDEX((clubhouse1,conventioncentre1,hotel1,multipurpose1,office1,residential1,retail1,sapartment1),1,1,bmatch)","v":4},{"$f":"INDEX((clubhouse1,conventioncentre1,hotel1,multipurpose1,office1,residential1,retail1,sapartment1),1,2,bmatch)","v":1},"flush",null,{"$f":"INDEX((clubhouse1,conventioncentre1,hotel1,multipurpose1,office1,residential1,retail1,sapartment1),1,3,bmatch)","v":25},"%",null,0,1,"flush",0,"%",null,null,null,"Week 16",1,null,"Week 42",1,null,null,null,null,null,null,null,null,null,null,null,"Week 3",15,{"$f":"AK$8","v":1},null,21,1,null,null,null,null,15,{"$f":"$BK$6*BE21*$CH21","v":{"$error":"#VALUE!"}},{"$f":"$BL$6*BE21*$CH$38","v":{"$error":"#VALUE!"}},{"$f":"SUM(CB220,CB228,CG204,CG212,CG220,CG228)","v":0},{"$error":"#VALUE!"},{"$f":"BE21*CH$21","v":1},{"$f":"BE21*CH$38","v":1},{"$f":"CH49","v":1},{"$f":"CH62","v":1},{"$f":"CB188","v":1},{"$f":"CG188","v":1},{"$f":"CL188","v":1},null,null,null," WC Female",{"$f":"IF($H$15,E21,L21)","v":4},{"$f":"IF($H$15,F21,M21)","v":1},"flush",{"$f":"IF($H$15,I21,O21)","v":25},null,{"$f":"HLOOKUP(CE19,Raindata,6,FALSE)","v":7},{"$f":"INDEX($CL$21:$CL$55,$CE21)","v":1},{"$f":"INDEX($CL$21:$CL$55,$CE21+7)","v":1},{"$f":"INDEX($CL$21:$CL$55,$CE21+14)","v":1},{"$f":"INDEX($CL$21:$CL$55,$CE21+21)","v":1},"Monday",1,{"$f":"L10","v":1},{"$f":"AB10","v":1},{"$f":"L38","v":1},{"$f":"AB38","v":1},{"$f":"K184","v":1},{"$f":"S184","v":1},{"$f":"AA184","v":1},{"$f":"K211","v":1},{"$f":"S211","v":1}]
[null,null,null,null,null,{"$f":"INDEX((clubhouse,conventioncentre,hotel,multipurpose,office,residential,retail,sapartment),2,2,bmatch)","v":1},"h/flush",null,{"$f":"INDEX((clubhouse,conventioncentre,hotel,multipurpose,office,residential,retail,sapartment),2,3,bmatch)","v":75},"%",null,null,1,"h/flush",0,"%",null,null,null,null,null,{"$f":"INDEX((clubhouse1,conventioncentre1,hotel1,multipurpose1,office1,residential1,retail1,sapartment1),2,2,bmatch)","v":1},"h/flush",null,{"$f":"INDEX((clubhouse1,conventioncentre1,hotel1,multipurpose1,office1,residential1,retail1,sapartment1),2,3,bmatch)","v":75},"%",null,null,1,"h/flush",0,"%",null,null,null,"Week 17",1,null,"Week 43",1,null,null,null,null,null,null,null,null,null,null,null,null,16,{"$f":"BB$21","v":1},null,22,1,null,null,null,null,16,{"$error":"#VALUE!"},{"$f":"$BL$6*BE22*$CH$39","v":{"$error":"#VALUE!"}},0,{"$error":"#VALUE!"},{"$f":"BE22*CH$22","v":1},{"$f":"BE22*CH$39","v":1},{"$f":"CH50","v":1},{"$f":"CH63","v":1},{"$f":"CB189","v":1},{"$f":"CG189","v":1},{"$f":"CL189","v":1},null,null,null,null,null,1,"h/flush",75,null,{"$f":"CE21+1","v":8},{"$f":"INDEX($CL$21:$CL$55,$CE22)","v":1},{"$f":"INDEX($CL$21:$CL$55,$CE22+7)","v":1},{"$f":"INDEX($CL$21:$CL$55,$CE22+14)","v":1},{"$f":"INDEX($CL$21:$CL$55,$CE22+21)","v":1},null,2,1,1,1,1,1,1,1,1,1]
[null,null," WC Male",null,{"$f":"INDEX((clubhouse,conventioncentre,hotel,multipurpose,office,residential,retail,sapartment),3,1,bmatch)","v":4},{"$f":"INDEX((clubhouse,conventioncentre,hotel,multipurpose,office,residential,retail,sapartment),3,2,bmatch)","v":1},"flush",null,{"$f":"INDEX((clubhouse,conventioncentre,hotel,multipurpose,office,residential,retail,sapartment),3,3,bmatch)","v":25},"%",null,0,1,"flush",0,"%",null,null," WC Male",null,{"$f":"INDEX((clubhouse1,conventioncentre1,hotel1,multipurpose1,office1,residential1,retail1,sapartment1),3,1,bmatch)","v":4},{"$f":"INDEX((clubhouse1,conventioncentre1,hotel1,multipurpose1,office1,residential1,retail1,sapartment1),3,2,bmatch)","v":1},"flush",null,{"$f":"INDEX((clubhouse1,conventioncentre1,hotel1,multipurpose1,office1,residential1,retail1,sapartment1),3,3,bmatch)","v":25},"%",null,0,1,"flush",0,"%",null,null,null,"Week 18",1,null,"Week 44",1,null,null,null,null,null,null,null,null,null,null,null,null,17,1,null,23,1,null,null,null,null,17,{"$error":"#VALUE!"},{"$f":"$BL$6*BE23*$CH$40","v":{"$error":"#VALUE!"}},0,{"$error":"#VALUE!"},{"$f":"BE23*CH$23","v":1},{"$f":"BE23*CH$40","v":1},1,1,1,1,1,null,null,null," WC Male",{"$f":"IF($H$15,E23,L23)","v":4},{"$f":"IF($H$15,F23,M23)","v":1},"flush",25,null,{"$f":"CE22+1","v":9},1,1,1,1,null,3,1,1,1,1,1,1,1,1,1]
[null,null,null,null,null,{"$f":"INDEX((clubhouse,conventioncentre,hotel,multipurpose,office,residential,retail,sapartment),4,2,bmatch)","v":1},"h/flush",null,{"$f":"INDEX((clubhouse,conventioncentre,hotel,multipurpose,office,residential,retail,sapartment),4,3,bmatch)","v":0},"%",null,null,1,"h/flush",0,"%",null,null,null,null,null,{"$f":"INDEX((clubhouse1,conventioncentre1,hotel1,multipurpose1,office1,residential1,retail1,sapartment1),4,2,bmatch)","v":1},"h/flush",null,{"$f":"INDEX((clubhouse1,conventioncentre1,hotel1,multipurpose1,office1,residential1,retail1,sapartment1),4,3,bmatch)","v":0},"%",null,null,1,"h/flush",0,"%",null,null,null,"Week 19",1,null,"Week 45",1,null,null,null,null,null,null,null,null,null,null,null,null,18,1,null,24,1,null,null,null,null,18,{"$error":"#VALUE!"},{"$f":"$BL$6*BE24*$CH$41","v":{"$error":"#VALUE!"}},0,{"$error":"#VALUE!"},{"$f":"BE24*CH$24","v":1},{"$f":"BE24*CH$41","v":1},1,1,1,1,1,null,null,null,null,null,1,"h/flush",0,null,10,1,1,1,1,null,4,1,1,1,1,1,1,1,1,1]
[null,null," Urinal",null,null,{"$f":"INDEX((clubhouse,conventioncentre,hotel,multipurpose,office,residential,retail,sapartment),5,2,bmatch)","v":1},"flush",null,{"$f":"INDEX((clubhouse,conventioncentre,hotel,multipurpose,office,residential,retail,sapartment),5,3,bmatch)","v":75},"%",null,null,1,"flush",0,"%",null,null," Urinal",null,null,{"$f":"INDEX((clubhouse1,conventioncentre1,hotel1,multipurpose1,office1,residential1,retail1,sapartment1),5,2,bmatch)","v":1},"flush",null,{"$f":"INDEX((clubhouse1,conventioncentre1,hotel1,multipurpose1,office1,residential1,retail1,sapartment1),5,3,bmatch)","v":75},"%",null,null,1,"flush",0,"%",null,null,null,"Week 20",1,null,"Week 46",1,null,null,null,null,null,null,null,null,null,null,null,null,19,1,null,25,1,null,null,null,null,19,{"$error":"#VALUE!"},{"$f":"$BL$6*BE25*$CH$42","v":{"$error":"#VALUE!"}},0,{"$error":"#VALUE!"},{"$f":"BE25*CH$25","v":1},{"$f":"BE25*CH$42","v":1},1,1,1,1,1,null,null,null,"Urinal",null,1,"flush",75,null,11,1,1,1,1,null,5,1,1,1,1,1,1,1,1,1]
[null,null," WH Basin",null,{"$f":"INDEX((clubhouse,conventioncentre,hotel,multipurpose,office,residential,retail,sapartment),6,1,bmatch)","v":4},{"$f":"INDEX((clubhouse,conventioncentre,hotel,multipurpose,office,residential,retail,sapartment),6,2,bmatch)","v":15},"secs",null,{"$f":"INDEX((clubhouse,conventioncentre,hotel,multipurpose,office,residential,retail,sapartment),6,3,bmatch)","v":100},"%",null,0,0,"secs",0,"%",null,null," WH Basin",null,{"$f":"INDEX((clubhouse1,conventioncentre1,hotel1,multipurpose1,office1,residential1,retail1,sapartment1),6,1,bmatch)","v":4},{"$f":"INDEX((clubhouse1,conventioncentre1,hotel1,multipurpose1,office1,residential1,retail1,sapartment1),6,2,bmatch)","v":15},"secs",null,{"$f":"INDEX((clubhouse1,conventioncentre1,hotel1,multipurpose1,office1,residential1,retail1,sapartment1),6,3,bmatch)","v":100},"%",null,0,0,"secs",0,"%",null,null,null,"Week 21",1,null,"Week 47",1,null,null,null,null,null,null,null,null,null,null,null,null,20,1,null,26,1,null,null,null,null,20,{"$error":"#VALUE!"},{"$f":"$BL$6*BE26*$CH$43","v":{"$error":"#VALUE!"}},0,{"$error":"#VALUE!"},{"$f":"BE26*CH$26","v":1},{"$f":"BE26*CH$43","v":1},1,1,1,1,1,null,null,null,"WH Basin",{"$f":"IF($H$15,E26,L26)","v":4},15,"secs",100,null,12,1,1,1,1,null,6,1,1,1,1,1,1,1,1,1]
[null,null," Shower",null,{"$f":"INDEX((clubhouse,conventioncentre,hotel,multipurpose,office,residential,retail,sapartment),7,1,bmatch)","v":0},{"$f":"INDEX((clubhouse,conventioncentre,hotel,multipurpose,office,residential,retail,sapartment),7,2,bmatch)","v":360},"secs",null,{"$f":"INDEX((clubhouse,conventioncentre,hotel,multipurpose,office,residential,retail,sapartment),7,3,bmatch)","v":0},"%",null,0,0,"secs",0,"%",null,null," Shower",null,{"$f":"INDEX((clubhouse1,conventioncentre1,hotel1,multipurpose1,office1,residential1,retail1,sapartment1),7,1,bmatch)","v":0},{"$f":"INDEX((clubhouse1,conventioncentre1,hotel1,multipurpose1,office1,residential1,retail1,sapartment1),7,2,bmatch)","v":360},"secs",null,{"$f":"INDEX((clubhouse1,conventioncentre1,hotel1,multipurpose1,office1,residential1,retail1,sapartment1),7,3,bmatch)","v":0},"%",null,0,0,"secs",0,"%",null,null,null,"Week 22",1,null,"Week 48",1,null,null,null,null,null,null,null,null,null,null,null,null,21,1,null,27,1,null,null,null,null,21,{"$error":"#VALUE!"},{"$f":"$BL$6*BE27*$CH$44","v":{"$error":"#VALUE!"}},0,{"$error":"#VALUE!"},{"$f":"BE27*CH$27","v":1},{"$f":"BE27*CH$44","v":1},1,1,1,1,1,null,null,null,"Shower",0,360,"secs",0,null,13,1,1,1,1,null,7,1,1,1,1,1,1,1,1,1]
[null,null," Bath",null,{"$f":"INDEX((clubhouse,conventioncentre,hotel,multipurpose,office,residential,retail,sapartment),8,1,bmatch)","v":0},{"$f":"INDEX((clubhouse,conventioncentre,hotel,multipurpose,office,residential,retail,sapartment),8,2,bmatch)","v":1},"use",null,{"$f":"INDEX((clubhouse,conventioncentre,hotel,multipurpose,office,residential,retail,sapartment),8,3,bmatch)","v":0},"%",null,0,0,"use",0,"%",null,null," Sink Tap",null,{"$f":"INDEX((clubhouse1,conventioncentre1,hotel1,multipurpose1,office1,residential1,retail1,sapartment1),8,1,bmatch)","v":1},{"$f":"INDEX((clubhouse1,conventioncentre1,hotel1,multipurpose1,office1,residential1,retail1,sapartment1),8,2,bmatch)","v":15},"secs",null,{"$f":"INDEX((clubhouse1,conventioncentre1,hotel1,multipurpose1,office1,residential1,retail1,sapartment1),8,3,bmatch)","v":100},"%",null,0,0,"secs",0,"%",null,null,null,"Week 23",1,null,"Week 49",1,null,null,null,null,null,null,null,null,null,null,null,"Week 4",22,{"$f":"AK$9","v":1},null,28,1,null,null,null,null,22,{"$f":"$BK$6*BE28*$CI21","v":{"$error":"#VALUE!"}},{"$f":"$BL$6*BE28*$CI$38","v":{"$error":"#VALUE!"}},{"$f":"SUM(CC220,CC228,CH204,CH212,CH220,CH228)","v":0},{"$error":"#VALUE!"},{"$f":"BE28*CI$21","v":1},{"$f":"BE28*CI$38","v":1},{"$f":"CI49","v":1},{"$f":"CI62","v":1},{"$f":"CC188","v":1},{"$f":"CH188","v":1},{"$f":"CM188","v":1},null,null,null,"Bath",0,1,"use",0,null,null,null,null,null,null,null,8,{"$f":"M10","v":1},{"$f":"AC10","v":1},{"$f":"M38","v":1},{"$f":"AC38","v":1},{"$f":"L184","v":1},{"$f":"T184","v":1},{"$f":"AB184","v":1},{"$f":"L211","v":1},{"$f":"T211","v":1}]
[null,null," Sink Tap",null,{"$f":"INDEX((clubhouse,conventioncentre,hotel,multipurpose,office,residential,retail,sapartment),9,1,bmatch)","v":1},{"$f":"INDEX((clubhouse,conventioncentre,hotel,multipurpose,office,residential,retail,sapartment),9,2,bmatch)","v":15},"secs",null,{"$f":"INDEX((clubhouse,conventioncentre,hotel,multipurpose,office,residential,retail,sapartment),9,3,bmatch)","v":100},"%",null,0,0,"secs",0,"%",null,null," Bib tap",null,{"$f":"INDEX((clubhouse1,conventioncentre1,hotel1,multipurpose1,office1,residential1,retail1,sapartment1),9,1,bmatch)","v":1},{"$f":"INDEX((clubhouse1,conventioncentre1,hotel1,multipurpose1,office1,residential1,retail1,sapartment1),9,2,bmatch)","v":5},"secs",null,{"$f":"INDEX((clubhouse1,conventioncentre1,hotel1,multipurpose1,office1,residential1,retail1,sapartment1),9,3,bmatch)","v":50},"%",null,0,0,"secs",0,"%",null,null,null,"Week 24",1,null,"Week 50",1,null,null,null,null,null,null,null,null,null,null,null,null,23,{"$f":"BB$28","v":1},null,29,1,null,null,null,null,23,{"$error":"#VALUE!"},{"$f":"$BL$6*BE29*$CI$39","v":{"$error":"#VALUE!"}},0,{"$error":"#VALUE!"},{"$f":"BE29*CI$22","v":1},{"$f":"BE29*CI$39","v":1},{"$f":"CI50","v":1},1,{"$f":"CC189","v":1},{"$f":"CH189","v":1},{"$f":"CM189","v":1},null,null,null,"Sink Tap",1,15,"secs",100,null,null,null,null,null,null,null,9,1,1,1,1,1,1,1,1,1]
[null,null," Bib tap",null,{"$f":"INDEX((clubhouse,conventioncentre,hotel,multipurpose,office,residential,retail,sapartment),10,1,bmatch)","v":1},{"$f":"INDEX((clubhouse,conventioncentre,hotel,multipurpose,office,residential,retail,sapartment),10,2,bmatch)","v":5},"secs",null,{"$f":"INDEX((clubhouse,conventioncentre,hotel,multipurpose,office,residential,retail,sapartment),10,3,bmatch)","v":50},"%",null,0,0,"secs",0,"%",null,null," Ablution",null,{"$f":"INDEX((clubhouse1,conventioncentre1,hotel1,multipurpose1,office1,residential1,retail1,sapartment1),10,1,bmatch)","v":2},{"$f":"INDEX((clubhouse1,conventioncentre1,hotel1,multipurpose1,office1,residential1,retail1,sapartment1),10,2,bmatch)","v":30},"secs",null,{"$f":"INDEX((clubhouse1,conventioncentre1,hotel1,multipurpose1,office1,residential1,retail1,sapartment1),10,3,bmatch)","v":50},"%",null,0,0,"secs",0,"%",null,null,null,"Week 25",1,null,"Week 51",1,null,null,null,null,null,null,null,null,null,null,null,null,24,1,null,30,1,null,null,null,null,24,{"$error":"#VALUE!"},{"$f":"$BL$6*BE30*$CI$40","v":{"$error":"#VALUE!"}},0,{"$error":"#VALUE!"},{"$f":"BE30*CI$23","v":1},{"$f":"BE30*CI$40","v":1},1,1,1,1,1,null,null,null,"Bib tap",1,5,"secs",50,null,null,null,null,null,null,null,10,1,1,1,1,1,1,1,1,1]
[null,null," Ablution",null,{"$f":"INDEX((clubhouse,conventioncentre,hotel,multipurpose,office,residential,retail,sapartment),11,1,bmatch)","v":2},{"$f":"INDEX((clubhouse,conventioncentre,hotel,multipurpose,office,residential,retail,sapartment),11,2,bmatch)","v":30},"secs",null,{"$f":"INDEX((clubhouse,conventioncentre,hotel,multipurpose,office,residential,retail,sapartment),11,3,bmatch)","v":50},"%",null,0,0,"secs",0,"%",null,null,null,null,null,null,null,null,null,null,null,null,null,null,null,null,null,null,null,"Week 26",1,null,"Week 52",1,null,null,null,null,null,null,null,null,null,null,null,null,25,1,null,31,1,null,null,null,null,25,{"$error":"#VALUE!"},{"$f":"$BL$6*BE31*$CI$41","v":{"$error":"#VALUE!"}},0,{"$error":"#VALUE!"},{"$f":"BE31*CI$24","v":1},{"$f":"BE31*CI$41","v":1},1,1,1,1,1,null,null,null,"Ablution",2,30,"secs",50,null,null,null,null,null,null,null,11,1,1,1,1,1,1,1,1,1]
[null,null,null,null,null,null,null,null,null,null,null,null,null,null,null,null,null,null,null,null,null,null,null,null,null,null,null,null,null,null,null,null,null,null,null,null,null,null,null,null,null,null,null,null,null,null,null,null,null,null,null,null,26,1,null,32,1,null,null,null,null,26,{"$error":"#VALUE!"},{"$f":"$BL$6*BE32*$CI$42","v":{"$error":"#VALUE!"}},0,{"$error":"#VALUE!"},{"$f":"BE32*CI$25","v":1},{"$f":"BE32*CI$42","v":1},1,1,1,1,1,null,null,null,null,null,null,null,null,null,null,null,null,null,null,null,12,1,1,1,1,1,1,1,1,1]
[null,null,null,null,null,null,null,null,null,null,null,null,null,null,null,null,null,null,null,null,null,null,null,null,null,null,null,null,null,null,null,null,null,null,null,null,null,null,null,null,null,null,null,null,null,null,null,null,null,null,null,null,27,1,null,33,1,null,null,null,null,27,{"$error":"#VALUE!"},{"$f":"$BL$6*BE33*$CI$43","v":{"$error":"#VALUE!"}},0,{"$error":"#VALUE!"},{"$f":"BE33*CI$26","v":1},{"$f":"BE33*CI$43","v":1},1,1,1,1,1,null,null,null,null,null,null,null,null,null,null,null,null,null,null,null,13,1,1,1,1,1,1,1,1,1]
[null,null,null,null,null,null,null,null,null,null,null,null,null,null,null,null,null,null,null,null,null,null,null,null,null,null,null,null,null,null,null,null,null,null,null,null,null,null,null,null,null,null,null,null,null,null,null,null,null,null,null,null,28,1,null,34,1,null,null,null,null,28,{"$error":"#VALUE!"},{"$f":"$BL$6*BE34*$CI$44","v":{"$error":"#VALUE!"}},0,{"$error":"#VALUE!"},{"$f":"BE34*CI$27","v":1},{"$f":"BE34*CI$44","v":1},1,1,1,1,1,null,null,null,null,null,null,null,null,null,null,null,null,null,null,null,14,1,1,1,1,1,1,1,1,1]
[null,null,"Other Occupancy",null,null,"Not used",null,null,null,null,null,null,null,null,null,null,null,null,"Miscellaneous",null,"Not used",null,null,"* Usage excluded from WE1 (Rainwater Harvesting) criteria",null,null,null,null,null,null,null,null,null,null,null,null,null,null,null,null,null,null,null,null,null,null,null,null,null,null,null,"Week 5",{"$f":"BA7","v":1},{"$f":"AK$10","v":1},null,35,1,null,null,null,null,1,{"$f":"$BK$6*BE35*$CF21","v":{"$error":"#VALUE!"}},{"$f":"$BL$6*BE35*$CF$38","v":{"$error":"#VALUE!"}},{"$f":"BM7","v":0},{"$error":"#VALUE!"},{"$f":"BE35*CF$21","v":1},{"$f":"BE35*CF$38","v":1},{"$f":"BQ7","v":1},{"$f":"BR7","v":1},1,1,1,null,null,null,null,null,null,null,null,null,null,null,null,null,null,null,15,{"$f":"N10","v":1},{"$f":"AD10","v":1},{"$f":"N38","v":1},{"$f":"AD38","v":1},{"$f":"M184","v":1},{"$f":"U184","v":1},{"$f":"AC184","v":1},{"$f":"M211","v":1},{"$f":"U211","v":1}]
[null,null,null,null,null,null,null,null,null,null,null,"Occupancy Schedule",null,null,null,null,null,null,null,null,null,null,null,null,null,null,null,"Occupancy Schedule",null,null,null,null,null,null,null,null,null,null,null,null,null,null,null,null,null,null,null,null,null,null,null,null,{"$f":"BA8","v":2},{"$f":"BB$35","v":1},null,36,1,null,null,null,null,{"$f":"1+BJ35","v":2},{"$error":"#VALUE!"},{"$f":"$BL$6*BE36*$CF$39","v":{"$error":"#VALUE!"}},{"$f":"BM8","v":0},{"$error":"#VALUE!"},{"$f":"BE36*CF$22","v":1},{"$f":"BE36*CF$39","v":1},{"$f":"BQ8","v":1},1,1,1,1,null,null,null,null,null,null,null,"(%)",null,null,null,null,null,null,null,16,1,1,1,1,1,1,1,1,1]
[null,null," Design units",null,"unit",null,1,null,null,null,"Week",1,2,3,4,null,null,null," Design units",null,"apartment",null,1,null,null,null,"Week",1,2,3,4,null,null,null,null,null,null,null,null,null,null,null,null,null,null,null,null,null,null,null,null,null,3,1,null,37,1,null,null,null,null,3,{"$error":"#VALUE!"},{"$f":"$BL$6*BE37*$CF$40","v":{"$error":"#VALUE!"}},0,{"$error":"#VALUE!"},{"$f":"BE37*CF$23","v":1},{"$f":"BE37*CF$40","v":1},1,1,1,1,1,null,null,null," WC Female",{"$f":"IF($X$15,U21,AB21)","v":4},{"$f":"IF($X$15,V21,AC21)","v":1},"flush",{"$f":"IF($X$15,Y21,AE21)","v":25},null,null,null,null,null,null,null,17,1,1,1,1,1,1,1,1,1]
[null,null," Occupancy",null,"person/unit",null,0,null,null,null,"Mon",1,1,1,1,null,null,null," Occupancy",null,"person/unit",null,0,null,null,null,"Mon",1,1,1,1,null,null,null,null,null,null,null,null,null,null,null,null,null,null,null,null,null,null,null,null,null,4,1,null,38,1,null,null,null,null,4,{"$error":"#VALUE!"},{"$f":"$BL$6*BE38*$CF$41","v":{"$error":"#VALUE!"}},0,{"$error":"#VALUE!"},{"$f":"BE38*CF$24","v":1},{"$f":"BE38*CF$41","v":1},1,1,1,1,1,null,null,null,null,null,1,"h/flush",75,null,null,{"$f":"INDEX($CM$21:$CM$55,$CE21)","v":1},{"$f":"INDEX($CM$21:$CM$55,$CE21+7)","v":1},{"$f":"INDEX($CM$21:$CM$55,$CE21+14)","v":1},{"$f":"INDEX($CM$21:$CM$55,$CE21+21)","v":1},null,18,1,1,1,1,1,1,1,1,1]
[null,null," Population",null,null,null,{"$f":"IF(F35=\"not used\",0,ROUND(G37*G38*CC7,0))","v":0},null,null,null,"Tue",1,1,1,1,null,null,null," Population",null,null,null,{"$f":"IF(U35=\"not used\",0,ROUND(W37*W38*CD7,0))","v":0},null,null,null,"Tue",1,1,1,1,null,null,null,null,null,null,null,null,null,null,null,null,null,null,null,null,null,null,null,null,null,5,1,null,39,1,null,null,null,null,5,{"$error":"#VALUE!"},{"$f":"$BL$6*BE39*$CF$42","v":{"$error":"#VALUE!"}},0,{"$error":"#VALUE!"},{"$f":"BE39*CF$25","v":1},{"$f":"BE39*CF$42","v":1},1,1,1,1,1,null,null,null," WC Male",{"$f":"IF($X$15,U23,AB23)","v":4},{"$f":"IF($X$15,V23,AC23)","v":1},"flush",25,null,null,{"$f":"INDEX($CM$21:$CM$55,$CE22)","v":1},{"$f":"INDEX($CM$21:$CM$55,$CE22+7)","v":1},{"$f":"INDEX($CM$21:$CM$55,$CE22+14)","v":1},{"$f":"INDEX($CM$21:$CM$55,$CE22+21)","v":1},null,19,1,1,1,1,1,1,1,1,1]
[null,null," Population\n distribution",null,"female",50,{"$f":"ROUNDUP(F40*G39/100,0)","v":0},null,null,null,"Wed",1,1,1,1,null,null,null," Population\n distribution",null,"female",50,{"$f":"ROUND(V40*W39/100,0)","v":0},null,null,null,"Wed",1,1,1,1,null,null,null,null,null,null,null,null,null,null,null,null,null,null,null,null,null,null,null,null,null,6,1,null,40,1,null,null,null,null,6,{"$error":"#VALUE!"},{"$f":"$BL$6*BE40*$CF$43","v":{"$error":"#VALUE!"}},0,{"$error":"#VALUE!"},{"$f":"BE40*CF$26","v":1},{"$f":"BE40*CF$43","v":1},1,1,1,1,1,null,null,null,null,null,1,"h/flush",0,null,null,1,1,1,1,null,20,1,1,1,1,1,1,1,1,1]
[null,null,null,null,"male",50,{"$f":"G39-G40","v":0},null,null,null,"Thu",1,1,1,1,null,null,null,null,null,"male",50,{"$f":"W39-W40","v":0},null,null,null,"Thu",1,1,1,1,null,null,null,null,null,null,null,null,null,null,null,null,null,null,null,null,null,null,null,null,null,7,1,null,41,1,null,null,null,null,7,{"$error":"#VALUE!"},{"$f":"$BL$6*BE41*$CF$44","v":{"$error":"#VALUE!"}},0,{"$error":"#VALUE!"},{"$f":"BE41*CF$27","v":1},{"$f":"BE41*CF$44","v":1},1,1,1,1,1,null,null,null,"Urinal",null,{"$f":"IF($X$15,V25,AC25)","v":1},"flush",75,null,null,1,1,1,1,null,21,1,1,1,1,1,1,1,1,1]
[null,null,null,null,null,null,null,null,null,null,"Fri",1,1,1,1,null,null,null,null,null,null,null,null,null,null,null,"Fri",1,1,1,1,null,null,null,null,null,null,null,null,null,null,null,null,null,null,null,null,null,null,null,null,"Week 6",8,{"$f":"AK$11","v":1},null,42,1,null,null,null,null,8,{"$f":"$BK$6*BE42*$CG21","v":{"$error":"#VALUE!"}},{"$f":"$BL$6*BE42*$CG$38","v":{"$error":"#VALUE!"}},0,{"$error":"#VALUE!"},{"$f":"BE42*CG$21","v":1},{"$f":"BE42*CG$38","v":1},1,1,1,1,1,null,null,null,"WH Basin",{"$f":"IF($X$15,U26,AB26)","v":4},15,"secs",100,null,null,1,1,1,1,null,22,{"$f":"O10","v":1},{"$f":"AE10","v":1},{"$f":"O38","v":1},{"$f":"AE38","v":1},{"$f":"N184","v":1},{"$f":"V184","v":1},{"$f":"AD184","v":1},{"$f":"N211","v":1},{"$f":"V211","v":1}]
[null,null,null,"Use default values?",null,null,null,1,null,null,"Sat",1,1,1,1,null,null,null,null,"Use default values?",null,null,null,1,null,null,"Sat",1,1,1,1,null,null,null,null,null,null,null,null,null,null,null,null,null,null,null,null,null,null,null,null,null,9,{"$f":"BB$42","v":1},null,43,1,null,null,null,null,9,{"$error":"#VALUE!"},{"$f":"$BL$6*BE43*$CG$39","v":{"$error":"#VALUE!"}},0,{"$error":"#VALUE!"},{"$f":"BE43*CG$22","v":1},{"$f":"BE43*CG$39","v":1},1,1,1,1,1,null,null,null,"Shower",{"$f":"IF($X$15,U27,AB27)","v":0},360,"secs",0,null,null,1,1,1,1,null,23,1,1,1,1,1,1,1,1,1]
[null,null,null,null,null,null,null,null,null,null,"Sun",1,1,1,1,null,null,null,null,null,null,null,null,null,null,null,"Sun",1,1,1,1,null,null,null,null,null,null,null,null,null,null,null,null,null,null,null,null,null,null,null,null,null,10,1,null,44,1,null,null,null,null,10,{"$error":"#VALUE!"},{"$f":"$BL$6*BE44*$CG$40","v":{"$error":"#VALUE!"}},0,{"$error":"#VALUE!"},{"$f":"BE44*CG$23","v":1},{"$f":"BE44*CG$40","v":1},1,1,1,1,1,null,null,null,"Sink Tap",{"$f":"IF($X$15,U28,AB28)","v":1},15,"secs",100,null,null,1,1,1,1,null,24,1,1,1,1,1,1,1,1,1]
[null,null,null,null,null,null,null,null,null,null,null,null,null,null,null,null,null,null,null,null,null,null,null,null,null,null,null,null,null,null,null,null,null,null,null,null,null,null,null,null,null,null,null,null,null,null,null,null,null,null,null,null,11,1,null,45,1,null,null,null,null,11,{"$error":"#VALUE!"},{"$f":"$BL$6*BE45*$CG$41","v":{"$error":"#VALUE!"}},0,{"$error":"#VALUE!"},{"$f":"BE45*CG$24","v":1},{"$f":"BE45*CG$41","v":1},1,1,1,1,1,null,null,null,"Bib tap",{"$f":"IF($X$15,U29,AB29)","v":1},5,"secs",50,null,null,null,null,null,null,null,25,1,1,1,1,1,1,1,1,1]
[null,null,"Fittings",null,{"$f":"IF(H43=1,\"Default values used\",\"This table is not used\")","v":"Default values used"},null,null,null,null,null,null,{"$f":"IF(H43=1,\"This table is not used\",\"User defined\")","v":"This table is not used"},null,null,null,null,null,null,"Fittings",null,{"$f":"IF(X43=1,\"Default values used\",\"This table is not used\")","v":"Default values used"},null,null,null,null,null,null,{"$f":"IF(X43=1,\"This table is not used\",\"User defined\")","v":"This table is not used"},null,null,null,null,null,null,null,null,null,null,null,null,null,null,null,null,null,null,null,null,null,null,null,null,12,1,null,46,1,null,null,null,null,12,{"$error":"#VALUE!"},{"$f":"$BL$6*BE46*$CG$42","v":{"$error":"#VALUE!"}},0,{"$error":"#VALUE!"},{"$f":"BE46*CG$25","v":1},{"$f":"BE46*CG$42","v":1},1,1,1,1,1,null,null,null,"Ablution",{"$f":"IF($X$15,U30,AB30)","v":2},30,"secs",50,null,null,null,null,null,null,null,26,1,1,1,1,1,1,1,1,1]
[null,null,null,null,"Uses/\nday","Duration\nper use",null,null,"usage factor",null,null,"Uses/\nday","Duration\nper use",null,"usage factor",null,null,null,null,null,"Uses/\nday","Duration\nper use",null,null,"usage factor",null,null,"Uses/ day","Duration\nper use",null,"usage factor",null,null,null,null,null,null,null,null,null,null,null,null,null,null,null,null,null,null,null,null,null,13,1,null,47,1,null,null,null,null,13,{"$error":"#VALUE!"},{"$f":"$BL$6*BE47*$CG$43","v":{"$error":"#VALUE!"}},0,{"$error":"#VALUE!"},{"$f":"BE47*CG$26","v":1},{"$f":"BE47*CG$43","v":1},1,1,1,1,1,null,null,null,null,null,null,null,"(%)",null,null,null,null,null,null,null,27,1,1,1,1,1,1,1,1,1]
[null,null," WC Female",null,{"$f":"INDEX((none,dayguest,kindergarten,multipurpose3,office3,retail3),1,1,bbmatch)","v":0},{"$f":"INDEX((none,dayguest,kindergarten,multipurpose3,office3,retail3),1,2,bbmatch)","v":0},"flush",null,{"$f":"INDEX((none,dayguest,kindergarten,multipurpose3,office3,retail3),1,3,bbmatch)","v":0},"%",null,0,1,"flush",0,"%",null,null," WC Female",null,{"$f":"INDEX((none2,apartment,kindergarten4,multipurpose4,retail4),1,1,bbbmatch)","v":0},{"$f":"INDEX((none2,apartment,kindergarten4,multipurpose4,retail4),1,2,bbbmatch)","v":0},"flush",null,{"$f":"INDEX((none2,apartment,kindergarten4,multipurpose4,retail4),1,3,bbbmatch)","v":0},"%",null,0,1,"flush",0,"%",null,null,null,null,null,null,null,null,null,null,null,null,null,null,null,null,null,null,null,null,14,1,null,48,1,null,null,null,null,14,{"$error":"#VALUE!"},{"$f":"$BL$6*BE48*$CG$44","v":{"$error":"#VALUE!"}},0,{"$error":"#VALUE!"},{"$f":"BE48*CG$27","v":1},{"$f":"BE48*CG$44","v":1},1,1,1,1,1,null,null,null," WC Female",{"$f":"IF($H$43,E48,L48)","v":0},{"$f":"IF($H$43,F48,M48)","v":0},"flush",{"$f":"IF($H$43,I48,O48)","v":0},null,null,null,null,null,null,null,28,1,1,1,1,1,1,1,1,1]
[null,null,null,null,null,{"$f":"INDEX((none,dayguest,kindergarten,multipurpose3,office3,retail3),2,2,bbmatch)","v":0},"h/flush",null,{"$f":"INDEX((none,dayguest,kindergarten,multipurpose3,office3,retail3),2,3,bbmatch)","v":0},"%",null,null,1,"h/flush",0,"%",null,null,null,null,null,{"$f":"INDEX((none2,apartment,kindergarten4,multipurpose4,retail4),2,2,bbbmatch)","v":0},"h/flush",null,{"$f":"INDEX((none2,apartment,kindergarten4,multipurpose4,retail4),2,3,bbbmatch)","v":0},"%",null,null,1,"h/flush",0,"%",null,null,null,null,null,null,null,null,null,null,"WH Basin",null,{"$f":"O68","v":9},1,null,null,null,null,null,"Week 7",15,{"$f":"AK$12","v":1},null,49,1,null,null,null,null,15,{"$f":"$BK$6*BE49*$CH21","v":{"$error":"#VALUE!"}},{"$f":"$BL$6*BE49*$CH$38","v":{"$error":"#VALUE!"}},0,{"$error":"#VALUE!"},{"$f":"BE49*CH$21","v":1},{"$f":"BE49*CH$38","v":1},1,1,1,1,1,null,null,null,null,null,1,"h/flush",0,null,null,{"$f":"INDEX($CN$21:$CN$55,$CE21)","v":1},{"$f":"INDEX($CN$21:$CN$55,$CE21+7)","v":1},{"$f":"INDEX($CN$21:$CN$55,$CE21+14)","v":1},{"$f":"INDEX($CN$21:$CN$55,$CE21+21)","v":1},null,29,{"$f":"L10","v":1},{"$f":"AB10","v":1},{"$f":"L38","v":1},{"$f":"AB38","v":1},{"$f":"K184","v":1},{"$f":"S184","v":1},{"$f":"AA184","v":1},{"$f":"K211","v":1},{"$f":"S211","v":1}]
[null,null," WC Male",null,{"$f":"INDEX((none,dayguest,kindergarten,multipurpose3,office3,retail3),3,1,bbmatch)","v":0},{"$f":"INDEX((none,dayguest,kindergarten,multipurpose3,office3,retail3),3,2,bbmatch)","v":0},"flush",null,{"$f":"INDEX((none,dayguest,kindergarten,multipurpose3,office3,retail3),3,3,bbmatch)","v":0},"%",null,0,1,"flush",0,"%",null,null," WC Male",null,{"$f":"INDEX((none2,apartment,kindergarten4,multipurpose4,retail4),3,1,bbbmatch)","v":0},{"$f":"INDEX((none2,apartment,kindergarten4,multipurpose4,retail4),3,2,bbbmatch)","v":0},"flush",null,{"$f":"INDEX((none2,apartment,kindergarten4,multipurpose4,retail4),3,3,bbbmatch)","v":0},"%",null,0,1,"flush",0,"%",null,null,null,null,null,null,null,null,null,null,"Basin tap 1",{"$f":"M69","v":"b tap 1"},{"$f":"O69","v":3.8},1,null,null,null,null,null,null,16,{"$f":"BB$49","v":1},null,50,1,null,null,null,null,16,{"$error":"#VALUE!"},{"$f":"$BL$6*BE50*$CH$39","v":{"$error":"#VALUE!"}},0,{"$error":"#VALUE!"},{"$f":"BE50*CH$22","v":1},{"$f":"BE50*CH$39","v":1},1,1,1,1,1,null,null,null," WC Male",{"$f":"IF($H$43,E50,L50)","v":0},{"$f":"IF($H$43,F50,M50)","v":0},"flush",0,null,null,1,1,1,1,null,30,1,1,1,1,1,1,1,1,1]
[null,null,null,null,null,{"$f":"INDEX((none,dayguest,kindergarten,multipurpose3,office3,retail3),4,2,bbmatch)","v":0},"h/flush",null,{"$f":"INDEX((none,dayguest,kindergarten,multipurpose3,office3,retail3),4,3,bbmatch)","v":0},"%",null,null,1,"h/flush",0,"%",null,null,null,null,null,{"$f":"INDEX((none2,apartment,kindergarten4,multipurpose4,retail4),4,2,bbbmatch)","v":0},"h/flush",null,{"$f":"INDEX((none2,apartment,kindergarten4,multipurpose4,retail4),4,3,bbbmatch)","v":0},"%",null,null,1,"h/flush",0,"%",null,null,null,null,null,null,null,null,null,null,"Basin tap 1 (s/c)",{"$f":"AR50","v":"b tap 1"},{"$f":"AS50","v":3.8},0.8,null,null,null,null,null,null,17,1,null,51,1,null,null,null,null,17,{"$error":"#VALUE!"},{"$f":"$BL$6*BE51*$CH$40","v":{"$error":"#VALUE!"}},0,{"$error":"#VALUE!"},{"$f":"BE51*CH$23","v":1},{"$f":"BE51*CH$40","v":1},1,1,1,1,1,null,null,null,null,null,1,"h/flush",0,null,null,1,1,1,1,null,31,1,1,1,1,1,1,1,1,1]
[null,null," Urinal",null,null,{"$f":"INDEX((none,dayguest,kindergarten,multipurpose3,office3,retail3),5,2,bbmatch)","v":0},"flush",null,{"$f":"INDEX((none,dayguest,kindergarten,multipurpose3,office3,retail3),5,3,bbmatch)","v":0},"%",null,null,1,"flush",0,"%",null,null," Urinal",null,null,{"$f":"INDEX((none2,apartment,kindergarten4,multipurpose4,retail4),5,2,bbbmatch)","v":0},"flush",null,{"$f":"INDEX((none2,apartment,kindergarten4,multipurpose4,retail4),5,3,bbbmatch)","v":0},"%",null,null,1,"flush",0,"%",null,null,null,null,null,null,null,null,null,null,"Basin tap 2",{"$f":"M70","v":"b tap 2"},{"$f":"O70","v":3.8},1,null,null,null,null,null,null,18,1,null,52,1,null,null,null,null,18,{"$error":"#VALUE!"},{"$f":"$BL$6*BE52*$CH$41","v":{"$error":"#VALUE!"}},0,{"$error":"#VALUE!"},{"$f":"BE52*CH$24","v":1},{"$f":"BE52*CH$41","v":1},{"$f":"BQ24","v":1},1,1,1,1,null,null,null,"Urinal",null,{"$f":"IF($H$43,F52,M52)","v":0},"flush",0,null,null,1,1,1,1,null,32,1,1,1,1,1,1,1,1,1]
[null,null," WH Basin",null,{"$f":"INDEX((none,dayguest,kindergarten,multipurpose3,office3,retail3),6,1,bbmatch)","v":0},{"$f":"INDEX((none,dayguest,kindergarten,multipurpose3,office3,retail3),6,2,bbmatch)","v":0},"secs",null,{"$f":"INDEX((none,dayguest,kindergarten,multipurpose3,office3,retail3),6,3,bbmatch)","v":0},"%",null,0,0,"secs",0,"%",null,null," WH Basin",null,{"$f":"INDEX((none2,apartment,kindergarten4,multipurpose4,retail4),6,1,bbbmatch)","v":0},{"$f":"INDEX((none2,apartment,kindergarten4,multipurpose4,retail4),6,2,bbbmatch)","v":0},"secs",null,{"$f":"INDEX((none2,apartment,kindergarten4,multipurpose4,retail4),6,3,bbbmatch)","v":0},"%",null,0,0,"secs",0,"%",null,null,null,null,null,null,null,null,null,null,"Basin tap 2 (s/c)",{"$f":"AR52","v":"b tap 2"},{"$f":"AS52","v":3.8},0.8,null,null,null,null,null,null,19,1,null,53,1,null,null,null,null,19,{"$error":"#VALUE!"},{"$f":"$BL$6*BE53*$CH$42","v":{"$error":"#VALUE!"}},0,{"$error":"#VALUE!"},{"$f":"BE53*CH$25","v":1},{"$f":"BE53*CH$42","v":1},1,1,1,1,1,null,null,null,"WH Basin",{"$f":"IF($H$43,E53,L53)","v":0},0,"secs",0,null,null,1,1,1,1,null,33,1,1,1,1,1,1,1,1,1]
[null,null," Shower",null,{"$f":"INDEX((none,dayguest,kindergarten,multipurpose3,office3,retail3),7,1,bbmatch)","v":0},{"$f":"INDEX((none,dayguest,kindergarten,multipurpose3,office3,retail3),7,2,bbmatch)","v":0},"secs",null,{"$f":"INDEX((none,dayguest,kindergarten,multipurpose3,office3,retail3),7,3,bbmatch)","v":0},"%",null,0,0,"secs",0,"%",null,null," Shower",null,{"$f":"INDEX((none2,apartment,kindergarten4,multipurpose4,retail4),7,1,bbbmatch)","v":0},{"$f":"INDEX((none2,apartment,kindergarten4,multipurpose4,retail4),7,2,bbbmatch)","v":0},"secs",null,{"$f":"INDEX((none2,apartment,kindergarten4,multipurpose4,retail4),7,3,bbbmatch)","v":0},"%",null,0,0,"secs",0,"%",null,null,null,null,null,null,null,null,null,null,"Basin tap 3",{"$f":"M71","v":"b tap 3"},{"$f":"O71","v":3.8},1,null,null,null,null,null,null,20,1,null,54,1,null,null,null,null,20,{"$error":"#VALUE!"},{"$f":"$BL$6*BE54*$CH$43","v":{"$error":"#VALUE!"}},0,{"$error":"#VALUE!"},{"$f":"BE54*CH$26","v":1},{"$f":"BE54*CH$43","v":1},1,1,1,1,1,null,null,null,"Shower",{"$f":"IF($H$43,E54,L54)","v":0},0,"secs",0,null,null,1,1,1,1,null,34,1,1,1,1,1,1,1,1,1]
[null,null," Sink Tap",null,{"$f":"INDEX((none,dayguest,kindergarten,multipurpose3,office3,retail3),8,1,bbmatch)","v":0},{"$f":"INDEX((none,dayguest,kindergarten,multipurpose3,office3,retail3),8,2,bbmatch)","v":0},"secs",null,{"$f":"INDEX((none,dayguest,kindergarten,multipurpose3,office3,retail3),8,3,bbmatch)","v":0},"%",null,0,0,"secs",0,"%",null,null," Bath",null,{"$f":"INDEX((none2,apartment,kindergarten4,multipurpose4,retail4),8,1,bbbmatch)","v":0},{"$f":"INDEX((none2,apartment,kindergarten4,multipurpose4,retail4),8,2,bbbmatch)","v":0},"use",null,{"$f":"INDEX((none2,apartment,kindergarten4,multipurpose4,retail4),8,3,bbbmatch)","v":0},"%",null,0,0,"use",0,"%",null,null,null,null,null,null,null,null,null,null,"Basin tap 3 (s/c)",{"$f":"AR54","v":"b tap 3"},{"$f":"AS54","v":3.8},0.8,null,null,null,null,null,null,21,1,null,55,1,null,null,null,null,21,{"$error":"#VALUE!"},{"$f":"$BL$6*BE55*$CH$44","v":{"$error":"#VALUE!"}},0,{"$error":"#VALUE!"},{"$f":"BE55*CH$27","v":1},{"$f":"BE55*CH$44","v":1},1,1,1,1,1,null,null,null,"Sink Tap",{"$f":"IF($H$43,E55,L55)","v":0},0,"secs",0,null,null,1,1,1,1,null,35,1,1,1,1,1,1,1,1,1]
[null,null," Bib tap",null,{"$f":"INDEX((none,dayguest,kindergarten,multipurpose3,office3,retail3),9,1,bbmatch)","v":0},{"$f":"INDEX((none,dayguest,kindergarten,multipurpose3,office3,retail3),9,2,bbmatch)","v":0},"secs",null,{"$f":"INDEX((none,dayguest,kindergarten,multipurpose3,office3,retail3),9,3,bbmatch)","v":0},"%",null,0,0,"secs",0,"%",null,null," Sink Tap",null,{"$f":"INDEX((none2,apartment,kindergarten4,multipurpose4,retail4),9,1,bbbmatch)","v":0},{"$f":"INDEX((none2,apartment,kindergarten4,multipurpose4,retail4),9,2,bbbmatch)","v":0},"secs",null,{"$f":"INDEX((none2,apartment,kindergarten4,multipurpose4,retail4),9,3,bbbmatch)","v":0},"%",null,0,0,"secs",0,"%",null,null,null,null,null,null,null,null,null,null,"Basin tap 4",{"$f":"M72","v":"b tap 4"},{"$f":"O72","v":3.4},1,null,null,null,null,null,"Week 8",22,{"$f":"AK$13","v":1},null,56,1,null,null,null,null,22,{"$f":"$BK$6*BE56*$CI21","v":{"$error":"#VALUE!"}},{"$f":"$BL$6*BE56*$CI$38","v":{"$error":"#VALUE!"}},0,{"$error":"#VALUE!"},{"$f":"BE56*CI$21","v":1},{"$f":"BE56*CI$38","v":1},1,1,1,1,1,null,null,null,"Bib tap",{"$f":"IF($H$43,E56,L56)","v":0},0,"secs",0]
[null,null," Ablution",null,{"$f":"INDEX((none,dayguest,kindergarten,multipurpose3,office3,retail3),10,1,bbmatch)","v":0},{"$f":"INDEX((none,dayguest,kindergarten,multipurpose3,office3,retail3),10,2,bbmatch)","v":0},"secs",null,{"$f":"INDEX((none,dayguest,kindergarten,multipurpose3,office3,retail3),10,3,bbmatch)","v":0},"%",null,0,0,"secs",0,"%",null,null," Bib tap",null,{"$f":"INDEX((none2,apartment,kindergarten4,multipurpose4,retail4),10,1,bbbmatch)","v":0},{"$f":"INDEX((none2,apartment,kindergarten4,multipurpose4,retail4),10,2,bbbmatch)","v":0},"secs",null,{"$f":"INDEX((none2,apartment,kindergarten4,multipurpose4,retail4),10,3,bbbmatch)","v":0},"%",null,0,0,"secs",0,"%",null,null,null,null,null,null,null,null,null,null,"Basin tap 4 (s/c)",{"$f":"AR56","v":"b tap 4"},{"$f":"AS56","v":3.4},0.8,null,null,null,null,null,null,23,{"$f":"BB$56","v":1},null,57,1,null,null,null,null,23,{"$error":"#VALUE!"},{"$f":"$BL$6*BE57*$CI$39","v":{"$error":"#VALUE!"}},0,{"$error":"#VALUE!"},{"$f":"BE57*CI$22","v":1},{"$f":"BE57*CI$39","v":1},1,1,1,1,1,null,null,null,"Ablution",{"$f":"IF($H$43,E57,L57)","v":0},0,"secs",0]
[null,null,null,null,null,null,null,null,null,null,null,null,null,null,null,null,null,null," Ablution",null,{"$f":"INDEX((none2,apartment,kindergarten4,multipurpose4,retail4),11,1,bbbmatch)","v":0},{"$f":"INDEX((none2,apartment,kindergarten4,multipurpose4,retail4),11,2,bbbmatch)","v":0},"secs",null,{"$f":"INDEX((none2,apartment,kindergarten4,multipurpose4,retail4),11,3,bbbmatch)","v":0},"%",null,0,0,"secs",0,"%",null,null,null,null,null,null,null,null,null,null,null,null,null,null,null,null,null,null,null,null,24,1,null,58,1,null,null,null,null,24,{"$error":"#VALUE!"},{"$f":"$BL$6*BE58*$CI$40","v":{"$error":"#VALUE!"}},0,{"$error":"#VALUE!"},{"$f":"BE58*CI$23","v":1},{"$f":"BE58*CI$40","v":1},1,1,1,1,1]
[null,null,null,null,null,null,null,null,null,null,null,null,null,null,null,null,null,null,null,null,null,null,null,null,null,null,null,null,null,null,null,null,null,null,null,null,null,null,null,null,null,null,null,null,null,null,null,null,null,null,null,null,25,1,null,59,1,null,null,null,null,25,{"$error":"#VALUE!"},{"$f":"$BL$6*BE59*$CI$41","v":{"$error":"#VALUE!"}},0,{"$error":"#VALUE!"},{"$f":"BE59*CI$24","v":1},{"$f":"BE59*CI$41","v":1},1,1,1,1,1]
[null,null,null,null,null,null,null,null,null,null,null,null,null,null,null,null,null,null,null,null,null,null,null,null,null,null,null,null,null,null,null,null,null,null,null,null,null,null,null,null,null,null,null,null,null,null,null,null,null,null,null,null,26,1,null,60,1,null,null,null,null,26,{"$error":"#VALUE!"},{"$f":"$BL$6*BE60*$CI$42","v":{"$error":"#VALUE!"}},0,{"$error":"#VALUE!"},{"$f":"BE60*CI$25","v":1},{"$f":"BE60*CI$42","v":1},1,1,1,1,1,null,null,null,null,null,null,null,"(%)"]
[null,null,null,null,null,null,null,null,null,null,null,null,null,null,null,null,null,null,null,null,null,null,null,null,null,null,null,null,null,null,null,null,null,null,null,null,null,null,null,null,null,null,null,null,null,null,null,null,null,null,null,null,27,1,null,61,1,null,null,null,null,27,{"$error":"#VALUE!"},{"$f":"$BL$6*BE61*$CI$43","v":{"$error":"#VALUE!"}},0,{"$error":"#VALUE!"},{"$f":"BE61*CI$26","v":1},{"$f":"BE61*CI$43","v":1},1,1,1,1,1]
[null,null,"Water Fittings Performance",null,null,null,null,null,null,null,null,null,null,null,null,null,null,null,null,null,null,null,null,null,null,null,null,null,null,null,null,null,null,null,null,null,null,null,null,null,null,null,null,null,null,null,null,null,null,null,null,null,28,1,null,62,1,null,null,null,null,28,{"$error":"#VALUE!"},{"$f":"$BL$6*BE62*$CI$44","v":{"$error":"#VALUE!"}},0,{"$error":"#VALUE!"},{"$f":"BE62*CI$27","v":1},{"$f":"BE62*CI$44","v":1},1,1,1,1,1,null,null,null," WC Female",{"$f":"IF($X$43,U48,AB48)","v":0},{"$f":"IF($X$43,V48,AC48)","v":0},"flush",{"$f":"IF($X$43,Y48,AE48)","v":0},null,null,{"$f":"INDEX($CO$21:$CO$55,$CE21)","v":1},{"$f":"INDEX($CO$21:$CO$55,$CE21+7)","v":1},{"$f":"INDEX($CO$21:$CO$55,$CE21+14)","v":1},{"$f":"INDEX($CO$21:$CO$55,$CE21+21)","v":1}]
[null,null,"Fixtures",null,null,"Flowrate",null,null,null,null,"Fixtures",null,null,null,"Flowrate",null,null,null,null,"Fixtures",null,null,null,null,"Flowrate",null,null,null,null,null,null,null,null,null,null,null,null,null,null,null,null,null,null,null,null,null,null,null,null,null,null,"Week 9",1,{"$f":"AK$14","v":1},null,63,1,null,null,null,null,1,{"$f":"$BK$6*BE63*$CF21","v":{"$error":"#VALUE!"}},{"$f":"$BL$6*BE63*$CF$38","v":{"$error":"#VALUE!"}},0,{"$error":"#VALUE!"},{"$f":"BE63*CF$21","v":1},{"$f":"BE63*CF$38","v":1},1,1,1,1,1,null,null,null,null,null,1,"h/flush",0,null,null,1,1,1,1]
[null,null,null,null,null,null,null,null,null,null,null,null,null,null,null,null,null,null,null,null,null,null,null,null,null,null,null,null,null,null,null,null,null,null,null,null,null,null,null,null,null,null,null,"operational days",null,null,null,null,null,null,null,null,2,{"$f":"BB$63","v":1},null,64,1,null,null,null,null,{"$f":"1+BJ63","v":2},{"$error":"#VALUE!"},{"$f":"$BL$6*BE64*$CF$39","v":{"$error":"#VALUE!"}},0,{"$error":"#VALUE!"},{"$f":"BE64*CF$22","v":1},{"$f":"BE64*CF$39","v":1},1,1,1,1,1,null,null,null," WC Male",{"$f":"IF($X$43,U50,AB50)","v":0},{"$f":"IF($X$43,V50,AC50)","v":0},"flush",0,null,null,1,1,1,1]
[null,null,"Water Closet",null,null,6,"L/flush",null,null,null,"Sink tap",null,null,null,9,"L/min",null,null,null,"Shower",null,null,null,null,13,null,"L/min",null,null,null,null,null,null,null,null,null,null,null,null,null,null,null,"Day","Week 1","Week2","Week 3","Week 4",null,null,null,null,null,3,1,null,65,1,null,null,null,null,3,{"$error":"#VALUE!"},{"$f":"$BL$6*BE65*$CF$40","v":{"$error":"#VALUE!"}},0,{"$error":"#VALUE!"},{"$f":"BE65*CF$23","v":1},{"$f":"BE65*CF$40","v":1},1,1,1,1,1,null,null,null,null,null,1,"h/flush",0,null,null,1,1,1,1,null,{"$f":"C65","v":"Water Closet"}]
[null,null,"Water closet 1",null,null,6,"L/flush",null,null,null,"Sink tap 1",null,"s1",null,3.8,"L/min",null,null,null,"Shower 1",null,"sh1",null,null,9,null,"L/min",null,null,null,null,null,null,null,null,null,null,null,null,null,null,null,{"$f":"CE21","v":7},{"$f":"IF(AN$4,SUM(AR7:AX7,AR35:AX35),14)","v":0},{"$f":"IF(AN$4,SUM(AR14:AX14,AR42:AW42),13)","v":0},{"$f":"IF(AN$4,SUM(AR21:AX21,AR49:AW49),13)","v":10},{"$f":"IF(AN$4,SUM(AR28:AX28,AR56:AW56),13)","v":4.4000000000000004},null,null,null,null,null,4,1,null,66,1,null,null,null,null,4,{"$error":"#VALUE!"},{"$f":"$BL$6*BE66*$CF$41","v":{"$error":"#VALUE!"}},0,{"$error":"#VALUE!"},{"$f":"BE66*CF$24","v":1},{"$f":"BE66*CF$41","v":1},1,1,1,1,1,null,null,null,"Urinal",null,{"$f":"IF($X$43,V52,AC52)","v":0},"flush",0,null,null,1,1,1,1,null,{"$f":"C66","v":"Water closet 1"},{"$f":"F66","v":6},{"$f":"F67","v":3},{"$f":"D67","v":"model 1"}]
[null,null,"Model:","model 1",null,3,"L/flush",null,null,null,"Sink tap 2",null,"s2",null,2.7,"L/min",null,null,null,"Shower 2",null,"sh2",null,null,6,null,"L/min",null,null,null,null,null,null,null,null,null,null,null,null,null,null,null,{"$f":"1+AQ66","v":8},{"$f":"IF(AN$4,SUM(AR8:AX8,AR36:AW36),13)","v":0},0,4.8,4.2,null,null,null,null,null,5,1,null,67,1,null,null,null,null,5,{"$error":"#VALUE!"},{"$f":"$BL$6*BE67*$CF$42","v":{"$error":"#VALUE!"}},0,{"$error":"#VALUE!"},{"$f":"BE67*CF$25","v":1},{"$f":"BE67*CF$42","v":1},1,1,1,1,1,null,null,null,"WH Basin",{"$f":"IF($X$43,U53,AB53)","v":0},0,"secs",0,null,null,1,1,1,1,null,{"$f":"C68","v":"Water closet 2"},{"$f":"F68","v":4.5},{"$f":"F69","v":3},{"$f":"D69","v":"model 2"}]
[null,null,"Water closet 2",null,null,4.5,"L/flush",null,null,null,"WH Basin",null,null,null,9,"L/min",null,null,null,"Bib tap",null,null,null,null,8,null,"L/min",null,null,null,null,null,null,null,null,null,null,null,null,null,null,null,{"$f":"1+AQ67","v":9},10,0,4.5999999999999996,0,null,null,null,null,null,6,1,null,68,1,null,null,null,null,6,{"$error":"#VALUE!"},{"$f":"$BL$6*BE68*$CF$43","v":{"$error":"#VALUE!"}},0,{"$error":"#VALUE!"},{"$f":"BE68*CF$26","v":1},{"$f":"BE68*CF$43","v":1},{"$f":"BQ40","v":1},1,1,1,1,null,null,null,"Shower",0,0,"secs",0,null,null,1,1,1,1,null,{"$f":"C70","v":"Water closet 3"},{"$f":"F70","v":3.5},{"$f":"F71","v":2},{"$f":"D71","v":"model 3"}]
[null,null,"Model:","model 2",null,3,"L/flush",null,null,null,"Basin tap 1",null,"b tap 1",null,3.8,"L/min",null,null,null,"Bib tap 1",null,"bt1",null,null,3.8,null,"L/min",null,null,null,null,null,null,null,null,null,null,null,null,null,null,null,10,87,0,4.8,0,null,null,null,null,null,7,1,null,69,1,null,null,null,null,7,{"$error":"#VALUE!"},{"$f":"$BL$6*BE69*$CF$44","v":{"$error":"#VALUE!"}},0,{"$error":"#VALUE!"},{"$f":"BE69*CF$27","v":1},{"$f":"BE69*CF$44","v":1},1,1,1,1,1,null,null,null,"Bath",0,0,"use",0]
[null,null,"Water closet 3",null,null,3.5,"L/flush",null,null,null,"Basin tap 2",null,"b tap 2",null,3.8,"L/min",null,null,null,"Bib tap 2",null,"bt2",null,null,3.4,null,"L/min",null,null,null,null,null,null,null,null,null,null,null,null,null,null,null,11,0,0,4.5999999999999996,0,null,null,null,null,"Wk10",8,{"$f":"AK$15","v":1},null,70,1,null,null,null,null,8,{"$f":"$BK$6*BE70*$CG21","v":{"$error":"#VALUE!"}},{"$f":"$BL$6*BE70*$CG$38","v":{"$error":"#VALUE!"}},0,{"$error":"#VALUE!"},{"$f":"BE70*CG$21","v":1},{"$f":"BE70*CG$38","v":1},1,1,1,1,1,null,null,null,"Sink Tap",0,0,"secs",0]
[null,null,"Model:","model 3",null,2,"L/flush",null,null,null,"Basin tap 3",null,"b tap 3",null,3.8,"L/min",null,null,null,"Ablution",null,null,null,null,8,null,"L/min",null,null,null,null,null,null,null,null,null,null,null,null,null,null,null,12,0,0,4.8,0,null,null,null,null,null,9,{"$f":"BB$70","v":1},null,71,{"$f":"IF($AN$4,INDEX(BB$7:BB$378,$BD71),1)","v":1},null,null,null,null,9,{"$error":"#VALUE!"},{"$f":"$BL$6*BE71*$CG$39","v":{"$error":"#VALUE!"}},0,{"$error":"#VALUE!"},{"$f":"BE71*CG$22","v":1},{"$f":"BE71*CG$39","v":1},1,1,1,1,1,null,null,null,"Bib tap",0,0,"secs",0]
[null,null,"Urinal",null,null,3.8,"L/flush",null,null,null,"Basin tap 4",null,"b tap 4",null,3.4,"L/min",null,null,null,"Ablution tap 1",null,"at1",null,null,3.8,null,"L/min",null,null,null,null,null,null,null,null,null,null,null,null,null,null,null,13,0,0,4.5999999999999996,0,null,null,null,null,null,10,{"$f":"BB$70","v":1},null,72,1,null,null,null,null,10,{"$error":"#VALUE!"},{"$f":"$BL$6*BE72*$CG$40","v":{"$error":"#VALUE!"}},0,{"$f":"ROUNDDOWN(SUM(BK72:BM72),0)","v":{"$error":"#VALUE!"}},{"$f":"BE72*CG$23","v":1},{"$f":"BE72*CG$40","v":1},1,1,1,1,1,null,null,null,"Ablution",0,0,"secs",0]
[null,null,"Urinal 1","u1",null,0.4,"L/flush",null,null,null,"Bath",null,null,null,176,"L",null,null,null,"Ablution tap 2",null,"at2",null,null,3.4,null,"L/min",null,null,null,null,null,null,null,null,null,null,null,null,null,null,null,null,null,null,null,null,null,null,null,null,null,11,1,null,{"$f":"1+BD72","v":73},1,null,null,null,null,{"$f":"1+BJ72","v":11},{"$error":"#VALUE!"},{"$f":"$BL$6*BE73*$CG$41","v":{"$error":"#VALUE!"}},0,{"$error":"#VALUE!"},{"$f":"BE73*CG$24","v":1},{"$f":"BE73*CG$41","v":1},1,1,1,1,1]
[null,null,"Urinal 2","u2",null,0,"L/flush",null,null,null,"Bath 1",null,"bath 1",null,0,"L",null,null,null,null,null,null,null,null,null,null,null,null,null,null,null,null,null,null,null,null,null,null,null,null,null,null,null,null,null,null,null,null,null,null,null,null,12,1,null,74,1,null,null,null,null,12,{"$error":"#VALUE!"},{"$f":"$BL$6*BE74*$CG$42","v":{"$error":"#VALUE!"}},0,{"$error":"#VALUE!"},{"$f":"BE74*CG$25","v":1},{"$f":"BE74*CG$42","v":1},1,1,1,1,1]
[null,null,null,null,null,null,null,null,null,null,null,null,null,null,null,null,null,null,null,null,null,null,null,null,null,null,null,null,null,null,null,null,null,null,null,null,null,null,null,null,null,null,null,null,null,null,null,null,null,null,null,null,13,1,null,75,1,null,null,null,null,13,{"$error":"#VALUE!"},{"$f":"$BL$6*BE75*$CG$43","v":{"$error":"#VALUE!"}},0,{"$error":"#VALUE!"},{"$f":"BE75*CG$26","v":1},{"$f":"BE75*CG$43","v":1},1,1,1,1,1]
[null,null,null,null,null,null,null,null,null,null,null,null,null,null,null,null,null,null,null,null,null,null,null,null,null,null,null,null,null,null,null,null,null,null,null,null,null,null,null,null,null,null,null,null,null,null,null,null,null,null,null,null,14,1,null,76,1,null,null,null,null,14,{"$error":"#VALUE!"},{"$f":"$BL$6*BE76*$CG$44","v":{"$error":"#VALUE!"}},0,{"$error":"#VALUE!"},{"$f":"BE76*CG$27","v":1},{"$f":"BE76*CG$44","v":1},1,1,1,1,1]
[null,null,null,null,null,null,null,null,null,null,null,null,null,null,null,null,null,null,null,null,null,null,null,null,null,null,null,null,null,null,null,null,null,null,null,null,null,null,null,null,null,null,null,null,null,null,null,null,null,null,null,"Wk11",15,{"$f":"AK$16","v":1},null,77,1,null,null,null,null,15,{"$f":"$BK$6*BE77*$CH21","v":{"$error":"#VALUE!"}},{"$f":"$BL$6*BE77*$CH$38","v":{"$error":"#VALUE!"}},0,{"$error":"#VALUE!"},{"$f":"BE77*CH$21","v":1},{"$f":"BE77*CH$38","v":1},1,1,1,1,1]
[null,null,{"$f":"F7","v":"Office"},null,null,null,null,null,null,null,"Baseline",null,null,null,null,null,null,"Design Case",null,null,null,null,null,null,null,null,null,null,null,null,null,null,null,null,null,null,null,null,null,null,null,null,null,null,null,null,null,null,null,null,null,null,16,{"$f":"BB$77","v":1},null,78,1,null,null,null,null,16,{"$error":"#VALUE!"},{"$f":"$BL$6*BE78*$CH$39","v":{"$error":"#VALUE!"}},0,{"$error":"#VALUE!"},{"$f":"BE78*CH$22","v":1},{"$f":"BE78*CH$39","v":1},1,1,1,1,1]
[null,null,"Fixtures",null,null,"No. of person",null,"Use/\nday","Usage factor",null,"Consumption",null,null,null,null,null,null,"Water Efficient Fittings",null,null,null,"Consumption",null,null,null,null,null,null,"Wastewater Recycling",null,null,null,null,null,null,null,null,null,null,null,null,null,null,null,null,null,null,null,null,null,null,null,17,{"$f":"BB$77","v":1},null,79,1,null,null,null,null,17,{"$error":"#VALUE!"},{"$f":"$BL$6*BE79*$CH$40","v":{"$error":"#VALUE!"}},0,{"$error":"#VALUE!"},{"$f":"BE79*CH$23","v":1},{"$f":"BE79*CH$40","v":1},1,1,1,1,1]
[null,null,null,null,null,null,null,null,null,null,"Flow","Duration",null,"L per day",null,null,null,null,null,null,null,"Flow",null,"Duration",null,null,"L per day",null,null,null,null,null,null,null,null,null,null,null,null,null,null,null,null,null,null,null,null,null,null,null,null,null,18,1,null,80,1,null,null,null,null,18,{"$error":"#VALUE!"},{"$f":"$BL$6*BE80*$CH$41","v":{"$error":"#VALUE!"}},0,{"$error":"#VALUE!"},{"$f":"BE80*CH$24","v":1},{"$f":"BE80*CH$41","v":1},1,1,1,1,1]
[null,null,"Water Closet",null,"Female",{"$f":"IF(SUM(I81:I82)=0,0,$G$12)","v":{"$error":"#VALUE!"}},null,{"$f":"IF(SUM(I81:I82)=0,0,BZ21)","v":4},{"$f":"CC21","v":25},"%",{"$f":"$F$65","v":6},1,"flush",{"$f":"ROUND(I81*F81*H81*K81*L81/100,0)","v":{"$error":"#VALUE!"}},null,null,null,"Water Closet",null,null,"Full flow",{"$f":"IF(R81=C81,K81,VLOOKUP(R81,$CK$66:$CM$68,2,FALSE))","v":6},null,1,"flush",null,{"$f":"ROUND(I81*F81*H81*V81*X81/100,0)","v":{"$error":"#VALUE!"}},null,0,"Fittings Discharge Selection for Wastewater Recycling",null,null,null,null,null,null,null,null,null,null,null,null,"WH Basin",null,null,null,null,null,null,null,null,null,19,1,null,81,1,null,null,null,null,19,{"$error":"#VALUE!"},{"$f":"$BL$6*BE81*$CH$42","v":{"$error":"#VALUE!"}},0,{"$error":"#VALUE!"},{"$f":"BE81*CH$25","v":1},{"$f":"BE81*CH$42","v":1},1,1,1,1,1]
[null,null,null,null,"Female",null,null,null,{"$f":"CC22","v":75},"%",{"$f":"$K$81","v":6},null,null,{"$f":"ROUND(I82*F81*H81*K82*L81/100,0)","v":{"$error":"#VALUE!"}},null,null,null,null,{"$f":"IF(R81=C81,\"\",VLOOKUP(R81,$CK$66:$CN$68,4,FALSE))","v":""},null,"Reduced",{"$f":"IF(R81=C81,K82,VLOOKUP(R81,$CK$66:$CM$68,3,FALSE))","v":6},null,null,null,null,{"$f":"ROUND(I82*F81*H81*V82*X81/100,0)","v":{"$error":"#VALUE!"}},null,null,null,null,null,null,null,null,null,null,null,null,null,null,null,"Basin tap 1",null,null,null,null,null,null,null,null,null,20,1,null,82,1,null,null,null,null,20,{"$error":"#VALUE!"},{"$f":"$BL$6*BE82*$CH$43","v":{"$error":"#VALUE!"}},0,{"$error":"#VALUE!"},{"$f":"BE82*CH$26","v":1},{"$f":"BE82*CH$43","v":1},1,1,1,1,1]
[null,null,"Water Closet",null,"Male",{"$f":"IF(SUM(I83:I85)=0,0,$G$13)","v":{"$error":"#VALUE!"}},null,{"$f":"IF(SUM(I83:I85)=0,0,BZ23)","v":4},{"$f":"CC23","v":25},"%",{"$f":"$K$81","v":6},1,"flush",{"$f":"ROUND(I83*F83*H83*K83*L83/100,0)","v":{"$error":"#VALUE!"}},null,null,null,"Water Closet",null,null,"Full flow",{"$f":"IF(R83=C83,K83,VLOOKUP(R83,$CK$66:$CM$68,2,FALSE))","v":6},null,1,"flush",null,{"$f":"ROUND(I83*F83*H83*V83*X83/100,0)","v":{"$error":"#VALUE!"}},null,0,null,null,null,null,null,null,null,null,null,null,null,null,null,"Basin tap 1 (s/c)",null,null,null,null,null,null,null,null,null,21,1,null,83,1,null,null,null,null,21,{"$error":"#VALUE!"},{"$f":"$BL$6*BE83*$CH$44","v":{"$error":"#VALUE!"}},0,{"$error":"#VALUE!"},{"$f":"BE83*CH$27","v":1},{"$f":"BE83*CH$44","v":1},1,1,1,1,1]
[null,null,null,null,"Male",null,null,null,{"$f":"CC24","v":0},"%",{"$f":"$K$81","v":6},null,null,{"$f":"ROUND(I84*F83*H83*K84*L83/100,0)","v":{"$error":"#VALUE!"}},null,null,null,null,{"$f":"IF(R83=C83,\"\",VLOOKUP(R83,$CK$66:$CN$68,4,FALSE))","v":""},null,"Reduced",{"$f":"IF(R83=C83,K84,VLOOKUP(R83,$CK$66:$CM$68,3,FALSE))","v":6},null,null,null,null,{"$f":"ROUND(I84*F83*H83*V84*X83/100,0)","v":{"$error":"#VALUE!"}},null,null,null,null,null,null,null,null,null,null,null,null,null,null,null,"Basin tap 2",null,null,null,null,null,null,null,null,"Wk 12",22,{"$f":"AK$17","v":1},null,84,1,null,null,null,null,22,{"$f":"$BK$6*BE84*$CI21","v":{"$error":"#VALUE!"}},{"$f":"$BL$6*BE84*$CI$38","v":{"$error":"#VALUE!"}},0,{"$error":"#VALUE!"},{"$f":"BE84*CI$21","v":1},{"$f":"BE84*CI$38","v":1},{"$f":"BQ56","v":1},1,1,1,1]
[null,null,"Urinal",null,"Male",null,null,null,{"$f":"CC25","v":75},"%",{"$f":"$F$72","v":3.8},null,null,{"$f":"ROUND(I85*F83*H83*K85*L83/100,0)","v":{"$error":"#VALUE!"}},null,null,null,"Urinal",null,null,{"$f":"IF(R85=C85,\"\",VLOOKUP(R85,$C$73:$H$74,2,FALSE))","v":""},{"$f":"IF(R85=C85,K85,VLOOKUP(R85,$C$73:$H$74,4,FALSE))","v":3.8},null,null,null,null,{"$f":"ROUND(I85*F83*H83*V85*X83/100,0)","v":{"$error":"#VALUE!"}},null,0,null,null,null,null,null,null,null,null,null,null,null,null,null,"Basin tap 2 (s/c)",null,null,null,null,null,null,null,null,null,23,{"$f":"BB$84","v":1},null,85,1,null,null,null,null,23,{"$error":"#VALUE!"},{"$f":"$BL$6*BE85*$CI$39","v":{"$error":"#VALUE!"}},0,{"$error":"#VALUE!"},{"$f":"BE85*CI$22","v":1},{"$f":"BE85*CI$39","v":1},1,1,1,1,1]
[null,null,"Bib tap",null,"All",{"$f":"IF(I86=0,0,SUM($G$12:$G$13))","v":{"$error":"#VALUE!"}},null,{"$f":"IF(I86=0,0,BZ30)","v":1},{"$f":"CC30","v":50},"%",{"$f":"$Y$68","v":8},{"$f":"VLOOKUP($C86,$BY$26:$CC$31,3,FALSE)","v":5},"secs",{"$f":"ROUND(I86*F86*H86*K86*L86/6000,0)","v":{"$error":"#VALUE!"}},null,null,null,"Bib tap",null,null,{"$f":"IF(R86=C86,\"\",VLOOKUP(R86,$T$69:$AA$70,3,FALSE))","v":""},{"$f":"IF(R86=C86,K86,VLOOKUP(R86,$T$69:$AA$70,6,FALSE))","v":8},null,{"$f":"L86","v":5},"secs",null,{"$f":"ROUND(I86*F86*H86*V86*X86/6000,0)","v":{"$error":"#VALUE!"}},null,0,null,null,null,null,null,null,null,null,null,null,null,null,null,"Basin tap 3",null,null,null,null,null,null,null,null,null,24,{"$f":"BB$84","v":1},null,86,1,null,null,null,null,24,{"$error":"#VALUE!"},{"$f":"$BL$6*BE86*$CI$40","v":{"$error":"#VALUE!"}},0,{"$error":"#VALUE!"},{"$f":"BE86*CI$23","v":1},{"$f":"BE86*CI$40","v":1},1,1,1,1,1]
[null,null,"WH Basin",null,"All",{"$error":"#VALUE!"},null,{"$f":"IF(I87=0,0,BZ26)","v":4},{"$f":"CC26","v":100},"%",{"$f":"$O$68","v":9},15,"secs",{"$f":"ROUND(I87*F87*H87*K87*L87/6000,0)","v":{"$error":"#VALUE!"}},null,null,null,"WH Basin",null,null,{"$f":"IF(R87=C87,\"\",VLOOKUP(R87,basintap,2,FALSE))","v":""},{"$f":"IF(R87=C87,K87,VLOOKUP(R87,basintap,3,FALSE))","v":9},null,{"$f":"L87*AR90","v":15},"secs",null,{"$f":"ROUND(I87*F87*H87*V87*X87/6000,0)","v":{"$error":"#VALUE!"}},null,0,null,null,null,null,null,null,null,null,null,null,null,null,null,"Basin tap 3 (s/c)",null,null,null,null,null,null,null,null,null,25,1,null,87,1,null,null,null,null,25,{"$error":"#VALUE!"},{"$f":"$BL$6*BE87*$CI$41","v":{"$error":"#VALUE!"}},0,{"$error":"#VALUE!"},{"$f":"BE87*CI$24","v":1},{"$f":"BE87*CI$41","v":1},1,1,1,1,1]
[null,null,"Sink tap",null,"All",{"$error":"#VALUE!"},null,{"$f":"IF(I88=0,0,BZ29)","v":1},{"$f":"CC29","v":100},"%",{"$f":"$O$65","v":9},15,"secs",{"$f":"ROUND(I88*F88*H88*K88*L88/6000,0)","v":{"$error":"#VALUE!"}},null,null,null,"Sink tap",null,null,{"$f":"IF(R88=C88,\"\",VLOOKUP(R88,$K$66:$O$67,3,FALSE))","v":""},{"$f":"IF(R88=C88,K88,VLOOKUP(R88,$K$66:$O$67,5,FALSE))","v":9},null,{"$f":"L88","v":15},"secs",null,{"$f":"ROUND(I88*F88*H88*V88*X88/6000,0)","v":{"$error":"#VALUE!"}},null,0,null,null,null,null,null,null,null,null,null,null,null,null,null,"Basin tap 4",null,null,null,null,null,null,null,null,null,26,1,null,88,1,null,null,null,null,26,{"$error":"#VALUE!"},{"$f":"$BL$6*BE88*$CI$42","v":{"$error":"#VALUE!"}},0,{"$error":"#VALUE!"},{"$f":"BE88*CI$25","v":1},{"$f":"BE88*CI$42","v":1},1,1,1,1,1]
[null,null,"Ablution",null,"All",{"$error":"#VALUE!"},null,{"$f":"IF(I89=0,0,BZ31)","v":2},{"$f":"CC31","v":50},"%",{"$f":"$Y$71","v":8},30,"secs",{"$f":"ROUND(I89*F89*H89*K89*L89/6000,0)","v":{"$error":"#VALUE!"}},null,null,null,"Ablution",null,null,{"$f":"IF(R89=C89,\"\",VLOOKUP(R89,$T$72:$AA$73,3,FALSE))","v":""},{"$f":"IF(R89=C89,K89,VLOOKUP(R89,$T$72:$AA$73,6,FALSE))","v":8},null,{"$f":"L89","v":30},"secs",null,{"$f":"ROUND(I89*F89*H89*V89*X89/6000,0)","v":{"$error":"#VALUE!"}},null,0,null,null,null,null,null,null,null,null,null,null,null,null,null,"Basin tap 4 (s/c)",null,null,null,null,null,null,null,null,null,27,1,null,89,1,null,null,null,null,27,{"$error":"#VALUE!"},{"$f":"$BL$6*BE89*$CI$43","v":{"$error":"#VALUE!"}},0,{"$error":"#VALUE!"},{"$f":"BE89*CI$26","v":1},{"$f":"BE89*CI$43","v":1},1,1,1,1,1]
[null,null,"Shower",null,"All",0,null,{"$f":"IF(I90=0,0,BZ27)","v":0},{"$f":"CC27","v":0},"%",{"$f":"$Y$65","v":13},360,"secs",{"$f":"ROUND(I90*F90*H90*K90*L90/6000,0)","v":0},null,null,null,"Shower",null,null,{"$f":"IF(R90=C90,\"\",VLOOKUP(R90,$T$66:$Y$67,3,FALSE))","v":""},{"$f":"IF(R90=C90,K90,VLOOKUP(R90,$T$66:$AA$67,6,FALSE))","v":13},null,{"$f":"L90","v":360},"secs",null,{"$f":"ROUND(I90*F90*H90*V90*X90/6000,0)","v":0},null,0,null,null,null,null,null,null,null,null,null,null,null,null,null,null,{"$f":"VLOOKUP(R87,basintap,4,FALSE)","v":1},null,null,null,null,null,null,null,null,28,1,null,90,1,null,null,null,null,28,{"$error":"#VALUE!"},{"$f":"$BL$6*BE90*$CI$44","v":{"$error":"#VALUE!"}},0,{"$error":"#VALUE!"},{"$f":"BE90*CI$27","v":1},{"$f":"BE90*CI$44","v":1},1,1,1,1,1]
[null,null,"Bath",null,"All",0,null,{"$f":"IF(I91=0,0,BZ28)","v":0},{"$f":"CC28","v":0},"%",{"$f":"$O$73","v":176},1,"use",{"$f":"ROUND(I91*F91*H91*K91*L91/100,0)","v":0},null,null,null,"Bath",null,null,{"$f":"IF(R91=C91,\"\",VLOOKUP(R91,K74:Q74,3,FALSE))","v":""},{"$f":"IF(R91=C91,K91,VLOOKUP(R91,K74:Q74,5,FALSE))","v":176},null,1,"use",null,{"$f":"ROUND(I91*F91*H91*V91*X91/100,0)","v":0},null,0,null,null,null,null,"Water Reduction Calculations - Page 1",null,null,null,null,null,null,null,null,null,null,null,null,null,null,null,null,null,"Wk13",1,{"$f":"AK$18","v":1},null,91,1,null,null,null,null,1,{"$f":"$BK$6*BE91*$CF21","v":{"$error":"#VALUE!"}},{"$f":"$BL$6*BE91*$CF$38","v":{"$error":"#VALUE!"}},0,{"$error":"#VALUE!"},{"$f":"BE91*CF$21","v":1},{"$f":"BE91*CF$38","v":1},1,1,1,1,1]
[null,null,"Sub-total (L) ",null,null,null,null,null,null,null,null,null,null,{"$f":"SUM(N81:N91)","v":{"$error":"#VALUE!"}},null,null,null,"Sub-total (L) ",null,null,null,null,null,null,null,null,{"$f":"SUM(AA81:AA91)","v":{"$error":"#VALUE!"}},null,null,null,null,null,null,null,null,null,null,null,null,null,null,null,null,null,null,null,null,null,null,null,null,null,2,{"$f":"BB$91","v":1},null,92,1,null,null,null,null,{"$f":"1+BJ91","v":2},{"$error":"#VALUE!"},{"$f":"$BL$6*BE92*$CF$39","v":{"$error":"#VALUE!"}},0,{"$error":"#VALUE!"},{"$f":"BE92*CF$22","v":1},{"$f":"BE92*CF$39","v":1},1,1,1,1,1]
[null,null,"Fixtures Cleaning",null,null,"Quantity",null,null,"Freq'cy",null,"Flow","Duration",null,"L/day",null,null,null,"Fixtures",null,null,null,"Flow",null,"Duration",null,null,"L/day",null,null,null,null,null,null,null,null,null,null,null,null,null,null,null,null,null,null,null,null,{"$f":"SUM(BO$7:BO$372)","v":730},null,null,null,null,3,{"$f":"BB$91","v":1},null,93,1,null,null,null,null,{"$f":"1+BJ92","v":3},{"$error":"#VALUE!"},{"$f":"$BL$6*BE93*$CF$40","v":{"$error":"#VALUE!"}},0,{"$error":"#VALUE!"},{"$f":"BE93*CF$23","v":1},{"$f":"BE93*CF$40","v":1},1,1,1,1,1]
[null,null,"Water Closet",null,null,0,null,"nos.",1,null,{"$f":"K81","v":6},1,"time",{"$f":"ROUND(F94*I94*K94*L94,0)","v":0},null,null,null,{"$f":"R81","v":"Water Closet"},null,null,null,{"$f":"V81","v":6},null,{"$f":"L94","v":1},"time",null,{"$f":"ROUND(F94*I94*V94*X94,0)","v":0},null,null,null,null,null,null,null,null,null,null,null,null,null,null,null,null,null,null,null,null,null,null,null,null,null,4,1,null,94,1,null,null,null,null,4,{"$error":"#VALUE!"},{"$f":"$BL$6*BE94*$CF$41","v":{"$error":"#VALUE!"}},0,{"$error":"#VALUE!"},{"$f":"BE94*CF$24","v":1},{"$f":"BE94*CF$41","v":1},1,1,1,1,1]
[null,null,"Urinal",null,null,0,null,"nos.",1,null,{"$f":"K85","v":3.8},1,"time",{"$f":"ROUND(F95*I95*K95*L95,0)","v":0},null,null,null,{"$f":"R85","v":"Urinal"},null,null,null,{"$f":"V85","v":3.8},null,{"$f":"L95","v":1},"time",null,{"$f":"ROUND(F95*I95*V95*X95,0)","v":0},null,null,null,null,null,null,null,null,null,null,null,null,null,null,null,null,null,null,null,"Annual Consumption","Baseline","Design",null,null,null,5,1,null,95,1,null,null,null,null,5,{"$error":"#VALUE!"},{"$f":"$BL$6*BE95*$CF$42","v":{"$error":"#VALUE!"}},0,{"$error":"#VALUE!"},{"$f":"BE95*CF$25","v":1},{"$f":"BE95*CF$42","v":1},1,1,1,1,1,null,null,null,"Baseline","Design"]
[null,null,"WH Basin",null,null,0,null,"nos.",1,null,{"$f":"K87","v":9},5,"secs",{"$f":"ROUND(F96*I96*K96*L96/60,0)","v":0},null,null,null,{"$f":"R87","v":"WH Basin"},null,null,null,{"$f":"V87","v":9},null,{"$f":"L96","v":5},"secs",null,{"$f":"ROUND(F96*I96*V96*X96/60,0)","v":0},null,null,null,null,null,null,null,null,null,null,null,null,null,null,null,null,null,null,null,null,"m3/yr","m3/yr",null,null,null,6,1,null,96,1,null,null,null,null,6,{"$error":"#VALUE!"},{"$f":"$BL$6*BE96*$CF$43","v":{"$error":"#VALUE!"}},0,{"$error":"#VALUE!"},{"$f":"BE96*CF$26","v":1},{"$f":"BE96*CF$43","v":1},1,1,1,1,1,null,null,null,"L/day","L/day"]
[null,null,"Shower",null,null,0,null,"nos.",1,null,{"$f":"K90","v":13},8,"secs",{"$f":"ROUND(F97*I97*K97*L97/60,0)","v":0},null,null,null,{"$f":"R90","v":"Shower"},null,null,null,{"$f":"V90","v":13},null,{"$f":"L97","v":8},"secs",null,{"$f":"ROUND(F97*I97*V97*X97/60,0)","v":0},null,null,null,null,null,null,null,null,null,null,null,null,null,null,null,null,null,null,null,"Flushing",{"$f":"ROUNDUP(BY97*SUM(BO$7:BO$371)/1000,0)","v":{"$error":"#VALUE!"}},{"$f":"ROUNDUP(BZ97*SUM(BO$7:BO$371)/1000,0)","v":{"$error":"#VALUE!"}},null,null,null,7,1,null,97,1,null,null,null,null,7,{"$error":"#VALUE!"},{"$f":"$BL$6*BE97*$CF$44","v":{"$error":"#VALUE!"}},0,{"$error":"#VALUE!"},{"$f":"BE97*CF$27","v":1},{"$f":"BE97*CF$44","v":1},1,1,1,1,1,null,null,null,{"$f":"SUM(N81:N85,N94,N95)","v":{"$error":"#VALUE!"}},{"$f":"SUM(AA81:AA85,AA94,AA95)","v":{"$error":"#VALUE!"}}]
[null,null,"Sub-total (L) ",null,null,null,null,null,null,null,null,null,null,{"$f":"SUM(N94:N97)","v":0},null,null,null,"Sub-total (L) ",null,null,null,null,null,null,null,null,{"$f":"SUM(AA94:AA97)","v":0},null,null,null,null,null,null,null,null,null,null,null,null,null,null,null,null,null,null,null,"Shower",0,0,null,null,"Wk 14",8,{"$f":"AK$19","v":1},null,98,1,null,null,null,null,8,{"$f":"$BK$6*BE98*$CG21","v":{"$error":"#VALUE!"}},{"$f":"$BL$6*BE98*$CG$38","v":{"$error":"#VALUE!"}},0,{"$error":"#VALUE!"},{"$f":"BE98*CG$21","v":1},{"$f":"BE98*CG$38","v":1},1,1,1,1,1,null,null,null,{"$f":"SUM(N90:N91,N97)","v":0},{"$f":"SUM(AA90:AA91,AA97)","v":0}]
[null,null,"Annual Consumption (m3) ",null,null,null,null,null,null,null,null,null,null,{"$f":"SUM(AV97:AV102)","v":{"$error":"#VALUE!"}},null,null,null,"Annual Consumption (m3) ",null,null,null,null,null,null,null,null,{"$f":"SUM(AW97:AW102)","v":{"$error":"#VALUE!"}},null,null,null,null,null,null,null,null,null,null,null,null,null,null,null,null,null,null,null,"WH basin",{"$error":"#VALUE!"},{"$error":"#VALUE!"},null,null,null,9,{"$f":"BB$98","v":1},null,99,1,null,null,null,null,9,{"$error":"#VALUE!"},{"$f":"$BL$6*BE99*$CG$39","v":{"$error":"#VALUE!"}},0,{"$error":"#VALUE!"},{"$f":"BE99*CG$22","v":1},{"$f":"BE99*CG$39","v":1},1,1,1,1,1,null,null,null,{"$f":"SUM(N87,N96)","v":{"$error":"#VALUE!"}},{"$f":"SUM(AA87,AA96)","v":{"$error":"#VALUE!"}}]
[null,null,"Operations",null,null,null,null,null,null,null,"Baseline",null,null,null,null,null,null,"Design Case",null,null,null,null,null,null,null,null,null,null,null,null,null,null,null,null,null,null,null,null,null,null,null,null,null,null,null,null,"Ablution",{"$error":"#VALUE!"},{"$error":"#VALUE!"},null,null,null,{"$f":"BA72","v":10},{"$f":"BB$98","v":1},null,100,1,null,null,null,null,10,{"$error":"#VALUE!"},{"$f":"$BL$6*BE100*$CG$40","v":{"$error":"#VALUE!"}},{"$f":"BM72","v":0},{"$error":"#VALUE!"},{"$f":"BE100*CG$23","v":1},{"$f":"BE100*CG$40","v":1},{"$f":"BQ72","v":1},1,1,1,1,null,null,null,{"$f":"SUM(N89)","v":{"$error":"#VALUE!"}},{"$f":"SUM(AA89)","v":{"$error":"#VALUE!"}}]
[null,null,"Fixtures",null,null,"No. of person",null,"Use/\nday","Usage factor",null,"Consumption",null,null,null,null,null,null,"Water Efficient Fittings",null,null,null,"Consumption",null,null,null,null,null,null,"Wastewater Recycling",null,null,null,null,null,null,null,null,null,null,null,null,null,null,null,null,null,"Bib tap",{"$error":"#VALUE!"},{"$error":"#VALUE!"},null,null,null,11,1,null,101,1,null,null,null,null,11,{"$error":"#VALUE!"},{"$f":"$BL$6*BE101*$CG$41","v":{"$error":"#VALUE!"}},0,{"$error":"#VALUE!"},{"$f":"BE101*CG$24","v":1},{"$f":"BE101*CG$41","v":1},1,1,1,1,1,null,null,null,{"$f":"SUM(N86)","v":{"$error":"#VALUE!"}},{"$f":"SUM(AA86)","v":{"$error":"#VALUE!"}}]
[null,null,null,null,null,null,null,null,null,null,"Flow","Duration",null,"L per day",null,null,null,null,null,null,null,"Flow",null,"Duration",null,null,"L per day",null,null,null,null,null,null,null,null,null,null,null,null,null,null,null,null,null,null,null,"Pantry",{"$error":"#VALUE!"},{"$error":"#VALUE!"},null,null,null,12,1,null,102,1,null,null,null,null,12,{"$error":"#VALUE!"},{"$f":"$BL$6*BE102*$CG$42","v":{"$error":"#VALUE!"}},0,{"$error":"#VALUE!"},{"$f":"BE102*CG$25","v":1},{"$f":"BE102*CG$42","v":1},1,1,1,1,1,null,null,null,{"$f":"SUM(N88)","v":{"$error":"#VALUE!"}},{"$f":"SUM(AA88)","v":{"$error":"#VALUE!"}}]
[null,null,"Water Closet",null,"Female",{"$f":"IF(SUM(I103,I104)=0,0,$W$12)","v":{"$error":"#VALUE!"}},null,{"$f":"IF(SUM(I103,I104)=0,0,BZ37)","v":4},{"$f":"CC37","v":25},"%",{"$f":"$F$65","v":6},1,"flush",{"$f":"ROUND(I103*F103*H103*K103*L103/100,0)","v":{"$error":"#VALUE!"}},null,null,null,"Water Closet",null,null,"Full flow",{"$f":"IF(R103=C103,K103,VLOOKUP(R103,$CK$66:$CM$68,2,FALSE))","v":6},null,1,"flush",null,{"$f":"ROUND(I103*F103*H103*V103*X103/100,0)","v":{"$error":"#VALUE!"}},null,0,"Fittings Discharge Selection for Wastewater Recycling",null,null,null,null,null,null,null,null,null,null,null,null,null,null,null,null,null,null,null,null,null,null,13,1,null,103,1,null,null,null,null,13,{"$error":"#VALUE!"},{"$f":"$BL$6*BE103*$CG$43","v":{"$error":"#VALUE!"}},0,{"$error":"#VALUE!"},{"$f":"BE103*CG$26","v":1},{"$f":"BE103*CG$43","v":1},1,1,1,1,1]
[null,null,null,null,"Female",null,null,null,{"$f":"CC38","v":75},"%",{"$f":"$K$81","v":6},null,null,{"$f":"ROUND(I104*F103*H103*K104*L103/100,0)","v":{"$error":"#VALUE!"}},null,null,null,null,{"$f":"IF(R103=C103,\"\",VLOOKUP(R103,$CK$66:$CN$68,4,FALSE))","v":""},null,"Reduced",{"$f":"IF(R103=C103,K104,VLOOKUP(R103,$CK$66:$CM$68,3,FALSE))","v":6},null,null,null,null,{"$f":"ROUND(I104*F103*H103*V104*X103/100,0)","v":{"$error":"#VALUE!"}},null,null,null,null,null,null,null,null,null,null,null,null,null,null,null,null,null,null,null,null,null,null,null,null,null,14,1,null,104,1,null,null,null,null,14,{"$error":"#VALUE!"},{"$f":"$BL$6*BE104*$CG$44","v":{"$error":"#VALUE!"}},0,{"$error":"#VALUE!"},{"$f":"BE104*CG$27","v":1},{"$f":"BE104*CG$44","v":1},1,1,1,1,1]
[null,null,"Water Closet",null,"Male",{"$f":"IF(SUM(I105:I107)=0,0,$W$13)","v":{"$error":"#VALUE!"}},null,{"$f":"IF(SUM(I105:I107)=0,0,BZ39)","v":4},{"$f":"CC39","v":25},"%",{"$f":"$K$81","v":6},1,"flush",{"$f":"ROUND(I105*F105*H105*K105*L105/100,0)","v":{"$error":"#VALUE!"}},null,null,null,"Water Closet",null,null,"Full flow",{"$f":"IF(R105=C105,K105,VLOOKUP(R105,$CK$66:$CM$68,2,FALSE))","v":6},null,1,"flush",null,{"$f":"ROUND(I105*F105*H105*V105*X105/100,0)","v":{"$error":"#VALUE!"}},null,0,null,null,null,null,null,null,null,null,null,null,null,null,null,null,null,null,null,null,null,null,null,null,"Wk 15",15,{"$f":"AK$20","v":1},null,105,1,null,null,null,null,15,{"$f":"$BK$6*BE105*$CH21","v":{"$error":"#VALUE!"}},{"$f":"$BL$6*BE105*$CH$38","v":{"$error":"#VALUE!"}},0,{"$error":"#VALUE!"},{"$f":"BE105*CH$21","v":1},{"$f":"BE105*CH$38","v":1},1,1,1,1,1]
[null,null,null,null,"Male",null,null,null,{"$f":"CC40","v":0},"%",{"$f":"$K$81","v":6},null,null,{"$f":"ROUND(I106*F105*H105*K106*L105/100,0)","v":{"$error":"#VALUE!"}},null,null,null,null,{"$f":"IF(R105=C105,\"\",VLOOKUP(R105,$CK$66:$CN$68,4,FALSE))","v":""},null,"Reduced",{"$f":"IF(R105=C105,K106,VLOOKUP(R105,$CK$66:$CM$68,3,FALSE))","v":6},null,null,null,null,{"$f":"ROUND(I106*F105*H105*V106*X105/100,0)","v":{"$error":"#VALUE!"}},null,null,null,null,null,null,null,null,null,null,null,null,null,null,null,null,null,null,null,null,null,null,null,null,null,16,{"$f":"BB$105","v":1},null,106,1,null,null,null,null,16,{"$error":"#VALUE!"},{"$f":"$BL$6*BE106*$CH$39","v":{"$error":"#VALUE!"}},0,{"$error":"#VALUE!"},{"$f":"BE106*CH$22","v":1},{"$f":"BE106*CH$39","v":1},1,1,1,1,1]
[null,null,"Urinal",null,"Male",null,null,null,{"$f":"CC41","v":75},"%",{"$f":"$F$72","v":3.8},null,null,{"$f":"ROUND(I107*F105*H105*K107*L105/100,0)","v":{"$error":"#VALUE!"}},null,null,null,"Urinal",null,null,{"$f":"IF(R107=C107,\"\",VLOOKUP(R107,$C$73:$H$74,2,FALSE))","v":""},{"$f":"IF(R107=C107,K107,VLOOKUP(R107,$C$73:$H$74,4,FALSE))","v":3.8},null,null,null,null,{"$f":"ROUND(I107*F105*H105*V107*X105/100,0)","v":{"$error":"#VALUE!"}},null,0,null,null,null,null,null,null,null,null,null,null,null,null,null,null,null,null,null,null,null,null,null,null,null,17,{"$f":"BB$105","v":1},null,107,1,null,null,null,null,17,{"$error":"#VALUE!"},{"$f":"$BL$6*BE107*$CH$40","v":{"$error":"#VALUE!"}},0,{"$error":"#VALUE!"},{"$f":"BE107*CH$23","v":1},{"$f":"BE107*CH$40","v":1},1,1,1,1,1]
[null,null,"Bib tap",null,"All",{"$f":"IF(I108=0,0,SUM($W$12:$W$13))","v":{"$error":"#VALUE!"}},null,{"$f":"IF(I108=0,0,BZ45)","v":1},{"$f":"CC45","v":50},"%",{"$f":"$Y$68","v":8},{"$f":"VLOOKUP($C108,$BY$42:$CC$46,3,FALSE)","v":5},"secs",{"$f":"ROUND(I108*F108*H108*K108*L108/6000,0)","v":{"$error":"#VALUE!"}},null,null,null,"Bib tap",null,null,{"$f":"IF(R108=C108,\"\",VLOOKUP(R108,$T$69:$AA$70,3,FALSE))","v":""},{"$f":"IF(R108=C108,K108,VLOOKUP(R108,$T$69:$AA$70,6,FALSE))","v":8},null,{"$f":"L108","v":5},"secs",null,{"$f":"ROUND(I108*F108*H108*V108*X108/6000,0)","v":{"$error":"#VALUE!"}},null,0,null,null,null,null,null,null,null,null,null,null,null,null,null,null,null,null,null,null,null,null,null,null,null,18,1,null,108,1,null,null,null,null,18,{"$error":"#VALUE!"},{"$f":"$BL$6*BE108*$CH$41","v":{"$error":"#VALUE!"}},0,{"$error":"#VALUE!"},{"$f":"BE108*CH$24","v":1},{"$f":"BE108*CH$41","v":1},1,1,1,1,1]
[null,null,"WH Basin",null,"All",{"$f":"IF(I109=0,0,SUM($W$12:$W$13))","v":{"$error":"#VALUE!"}},null,{"$f":"IF(I109=0,0,BZ42)","v":4},{"$f":"CC42","v":100},"%",{"$f":"$O$68","v":9},{"$f":"VLOOKUP($C109,$BY$42:$CC$46,3,FALSE)","v":15},"secs",{"$f":"ROUND(I109*F109*H109*K109*L109/6000,0)","v":{"$error":"#VALUE!"}},null,null,null,"WH Basin",null,null,{"$f":"IF(R109=C109,\"\",VLOOKUP(R109,basintap,2,FALSE))","v":""},{"$f":"IF(R109=C109,K109,VLOOKUP(R109,basintap,3,FALSE))","v":9},null,{"$f":"L109*AR113","v":15},"secs",null,{"$f":"ROUND(I109*F109*H109*V109*X109/6000,0)","v":{"$error":"#VALUE!"}},null,0,null,null,null,null,null,null,null,null,null,null,null,null,null,null,null,null,null,null,null,null,null,null,null,19,1,null,109,1,null,null,null,null,19,{"$error":"#VALUE!"},{"$f":"$BL$6*BE109*$CH$42","v":{"$error":"#VALUE!"}},0,{"$error":"#VALUE!"},{"$f":"BE109*CH$25","v":1},{"$f":"BE109*CH$42","v":1},1,1,1,1,1]
[null,null,"Sink tap",null,"All",{"$f":"IF(I110=0,0,SUM($W$12:$W$13))","v":{"$error":"#VALUE!"}},null,{"$f":"IF(I110=0,0,BZ44)","v":1},{"$f":"CC44","v":100},"%",{"$f":"$O$65","v":9},{"$f":"VLOOKUP($C110,$BY$42:$CC$46,3,FALSE)","v":15},"secs",{"$f":"ROUND(I110*F110*H110*K110*L110/6000,0)","v":{"$error":"#VALUE!"}},null,null,null,"Sink tap",null,null,{"$f":"IF(R110=C110,\"\",VLOOKUP(R110,$K$66:$O$67,3,FALSE))","v":""},{"$f":"IF(R110=C110,K110,VLOOKUP(R110,$K$66:$O$67,5,FALSE))","v":9},null,{"$f":"L110","v":15},"secs",null,{"$f":"ROUND(I110*F110*H110*V110*X110/6000,0)","v":{"$error":"#VALUE!"}},null,0,null,null,null,null,null,null,null,null,null,null,null,null,null,null,null,null,null,null,null,null,null,null,null,20,1,null,110,1,null,null,null,null,20,{"$error":"#VALUE!"},{"$f":"$BL$6*BE110*$CH$43","v":{"$error":"#VALUE!"}},0,{"$error":"#VALUE!"},{"$f":"BE110*CH$26","v":1},{"$f":"BE110*CH$43","v":1},1,1,1,1,1]
[null,null,"Ablution",null,"All",{"$f":"IF(I111=0,0,SUM($W$12:$W$13))","v":{"$error":"#VALUE!"}},null,{"$f":"IF(I111=0,0,BZ46)","v":2},{"$f":"CC46","v":50},"%",{"$f":"$Y$71","v":8},{"$f":"VLOOKUP($C111,$BY$42:$CC$46,3,FALSE)","v":30},"secs",{"$f":"ROUND(I111*F111*H111*K111*L111/6000,0)","v":{"$error":"#VALUE!"}},null,null,null,"Ablution",null,null,{"$f":"IF(R111=C111,\"\",VLOOKUP(R111,$T$72:$AA$73,3,FALSE))","v":""},{"$f":"IF(R111=C111,K111,VLOOKUP(R111,$T$72:$AA$73,6,FALSE))","v":8},null,{"$f":"L111","v":30},"secs",null,{"$f":"ROUND(I111*F111*H111*V111*X111/6000,0)","v":{"$error":"#VALUE!"}},null,0,null,null,null,null,null,null,null,null,null,null,null,null,null,null,null,null,null,null,null,null,null,null,null,21,1,null,111,1,null,null,null,null,21,{"$error":"#VALUE!"},{"$f":"$BL$6*BE111*$CH$44","v":{"$error":"#VALUE!"}},0,{"$error":"#VALUE!"},{"$f":"BE111*CH$27","v":1},{"$f":"BE111*CH$44","v":1},1,1,1,1,1]
[null,null,"Shower",null,"All",{"$f":"IF(I112=0,0,SUM($W$12:$W$13))","v":0},null,{"$f":"IF(I112=0,0,BZ43)","v":0},{"$f":"CC43","v":0},"%",{"$f":"$Y$65","v":13},{"$f":"VLOOKUP($C112,$BY$42:$CC$46,3,FALSE)","v":360},"secs",{"$f":"ROUND(I112*F112*H112*K112*L112/6000,0)","v":0},null,null,null,"Shower",null,null,{"$f":"IF(R112=C112,\"\",VLOOKUP(R112,$T$66:$AA$67,3,FALSE))","v":""},{"$f":"IF(R112=C112,K112,VLOOKUP(R112,$T$66:$AA$67,6,FALSE))","v":13},null,{"$f":"L112","v":360},"secs",null,{"$f":"ROUND(I112*F112*H112*V112*X112/6000,0)","v":0},null,0,null,null,null,null,null,null,null,null,null,null,null,null,null,null,null,null,null,null,null,null,null,null,"Wk 16",22,{"$f":"AK$21","v":1},null,112,1,null,null,null,null,22,{"$f":"$BK$6*BE112*$CI21","v":{"$error":"#VALUE!"}},{"$f":"$BL$6*BE112*$CI$38","v":{"$error":"#VALUE!"}},0,{"$error":"#VALUE!"},{"$f":"BE112*CI$21","v":1},{"$f":"BE112*CI$38","v":1},1,1,1,1,1]
[null,null,"Sub-total (L) ",null,null,null,null,null,null,null,null,null,null,{"$f":"SUM(N103:N112)","v":{"$error":"#VALUE!"}},null,null,null,"Sub-total (L) ",null,null,null,null,null,null,null,null,{"$f":"SUM(AA103:AA112)","v":{"$error":"#VALUE!"}},null,null,null,null,null,null,null,null,null,null,null,null,null,null,null,null,{"$f":"VLOOKUP(R109,basintap,4,FALSE)","v":1},null,null,null,null,null,null,null,null,23,{"$f":"BB$112","v":1},null,113,1,null,null,null,null,23,{"$error":"#VALUE!"},{"$f":"$BL$6*BE113*$CI$39","v":{"$error":"#VALUE!"}},0,{"$error":"#VALUE!"},{"$f":"BE113*CI$22","v":1},{"$f":"BE113*CI$39","v":1},1,1,1,1,1]
[null,null,"Fixtures Cleaning",null,null,"Quantity",null,null,"Freq'cy",null,"Flow","Duration",null,"L/day",null,null,null,"Fixtures",null,null,null,"Flow",null,"Duration",null,null,"L per day",null,null,null,null,null,null,null,null,null,null,null,null,null,null,null,null,null,null,null,null,null,null,null,null,null,24,{"$f":"BB$112","v":1},null,114,1,null,null,null,null,24,{"$error":"#VALUE!"},{"$f":"$BL$6*BE114*$CI$40","v":{"$error":"#VALUE!"}},0,{"$error":"#VALUE!"},{"$f":"BE114*CI$23","v":1},{"$f":"BE114*CI$40","v":1},1,1,1,1,1]
[null,null,"Water Closet",null,null,0,null,"nos.",{"$f":"IF(W11=0,0,1)","v":{"$error":"#VALUE!"}},null,{"$f":"K103","v":6},1,"time",{"$f":"ROUND(F115*I115*K115*L115,0)","v":{"$error":"#VALUE!"}},null,null,null,{"$f":"R103","v":"Water Closet"},null,null,null,{"$f":"V103","v":6},null,{"$f":"L115","v":1},"time",null,{"$f":"ROUND(F115*I115*V115*X115,0)","v":{"$error":"#VALUE!"}},null,null,null,null,null,null,null,null,null,null,null,null,null,null,null,null,null,null,null,null,null,null,null,null,null,25,1,null,115,1,null,null,null,null,25,{"$error":"#VALUE!"},{"$f":"$BL$6*BE115*$CI$41","v":{"$error":"#VALUE!"}},0,{"$error":"#VALUE!"},{"$f":"BE115*CI$24","v":1},{"$f":"BE115*CI$41","v":1},1,1,1,1,1]
[null,null,"Urinal",null,null,0,null,"nos.",{"$f":"IF(W11=0,0,1)","v":{"$error":"#VALUE!"}},null,{"$f":"K107","v":3.8},1,"time",{"$f":"ROUND(F116*I116*K116*L116,0)","v":{"$error":"#VALUE!"}},null,null,null,{"$f":"R107","v":"Urinal"},null,null,null,{"$f":"V107","v":3.8},null,{"$f":"L116","v":1},"time",null,{"$f":"ROUND(F116*I116*V116*X116,0)","v":{"$error":"#VALUE!"}},null,null,null,null,null,null,null,null,null,null,null,null,null,null,null,null,null,null,null,"Annual Consumption","Baseline","Design",null,null,null,26,1,null,116,1,null,null,null,null,26,{"$error":"#VALUE!"},{"$f":"$BL$6*BE116*$CI$42","v":{"$error":"#VALUE!"}},0,{"$error":"#VALUE!"},{"$f":"BE116*CI$25","v":1},{"$f":"BE116*CI$42","v":1},{"$f":"BQ88","v":1},1,1,1,1]
[null,null,"WH Basin",null,null,0,null,"nos.",{"$f":"IF(W11=0,0,1)","v":{"$error":"#VALUE!"}},null,{"$f":"K109","v":9},5,"secs",{"$f":"ROUND(F117*I117*K117*L117/60,0)","v":{"$error":"#VALUE!"}},null,null,null,{"$f":"R109","v":"WH Basin"},null,null,null,{"$f":"V109","v":9},null,{"$f":"L117","v":5},"secs",null,{"$f":"ROUND(F117*I117*V117*X117/60,0)","v":{"$error":"#VALUE!"}},null,null,null,null,null,null,null,null,null,null,null,null,null,null,null,null,null,null,null,null,"m3/yr","m3/yr",null,null,null,27,1,null,117,1,null,null,null,null,27,{"$error":"#VALUE!"},{"$f":"$BL$6*BE117*$CI$43","v":{"$error":"#VALUE!"}},0,{"$error":"#VALUE!"},{"$f":"BE117*CI$26","v":1},{"$f":"BE117*CI$43","v":1},1,1,1,1,1,null,null,null,"Baseline","Design"]
[null,null,"Shower",null,null,0,null,"nos.",{"$f":"IF(W11=0,0,1)","v":{"$error":"#VALUE!"}},null,{"$f":"K112","v":13},8,"secs",{"$f":"ROUND(F118*I118*K118*L118/60,0)","v":{"$error":"#VALUE!"}},null,null,null,{"$f":"R112","v":"Shower"},null,null,null,{"$f":"V112","v":13},null,{"$f":"L118","v":8},"secs",null,{"$f":"ROUND(F118*I118*V118*X118/60,0)","v":{"$error":"#VALUE!"}},null,null,null,null,null,null,null,null,null,null,null,null,null,null,null,null,null,null,null,"Flushing",{"$f":"ROUNDUP(BY119*SUM(BP$7:BP$372)/1000,0)","v":{"$error":"#VALUE!"}},{"$f":"ROUNDUP(BZ119*SUM(BP$7:BP$372)/1000,0)","v":{"$error":"#VALUE!"}},null,null,null,28,1,null,118,1,null,null,null,null,28,{"$error":"#VALUE!"},{"$f":"$BL$6*BE118*$CI$44","v":{"$error":"#VALUE!"}},0,{"$error":"#VALUE!"},{"$f":"BE118*CI$27","v":1},{"$f":"BE118*CI$44","v":1},1,1,1,1,1,null,null,null,"L/day","L/day"]
[null,null,"Sub-total (L) ",null,null,null,null,null,null,null,null,null,null,{"$f":"SUM(N115:N118)","v":{"$error":"#VALUE!"}},null,null,null,"Sub-total (L) ",null,null,null,null,null,null,null,null,{"$f":"SUM(AA115:AA118)","v":{"$error":"#VALUE!"}},null,null,null,null,null,null,null,null,null,null,null,null,null,null,null,null,null,null,null,"Shower",{"$error":"#VALUE!"},{"$error":"#VALUE!"},null,null,"Wk 17",1,{"$f":"AK$22","v":1},null,119,1,null,null,null,null,1,{"$f":"$BK$6*BE119*$CF21","v":{"$error":"#VALUE!"}},{"$f":"$BL$6*BE119*$CF$38","v":{"$error":"#VALUE!"}},0,{"$error":"#VALUE!"},{"$f":"BE119*CF$21","v":1},{"$f":"BE119*CF$38","v":1},1,1,1,1,1,null,null,null,{"$f":"SUM(N103:N107,N115:N116)","v":{"$error":"#VALUE!"}},{"$f":"SUM(AA103:AA107,AA115:AA116)","v":{"$error":"#VALUE!"}}]
[null,null,"Annual Consumption (m3) ",null,null,null,null,null,null,null,null,null,null,{"$f":"SUM(AV118:AV123)","v":{"$error":"#VALUE!"}},null,null,null,"Annual Consumption (m3) ",null,null,null,null,null,null,null,null,{"$f":"SUM(AW118:AW123)","v":{"$error":"#VALUE!"}},null,null,null,null,null,null,null,null,null,null,null,null,null,null,null,null,null,null,null,"WH basin",{"$error":"#VALUE!"},{"$error":"#VALUE!"},null,null,null,2,{"$f":"BB$119","v":1},null,120,1,null,null,null,null,{"$f":"1+BJ119","v":2},{"$error":"#VALUE!"},{"$f":"$BL$6*BE120*$CF$39","v":{"$error":"#VALUE!"}},{"$f":"BM92","v":0},{"$error":"#VALUE!"},{"$f":"BE120*CF$22","v":1},{"$f":"BE120*CF$39","v":1},1,1,1,1,1,null,null,null,{"$f":"SUM(N112,N118)","v":{"$error":"#VALUE!"}},{"$f":"SUM(AA112,AA118)","v":{"$error":"#VALUE!"}}]
[null,null,null,null,null,null,null,null,null,null,null,null,null,null,null,null,null,null,null,null,null,null,null,null,null,null,null,null,null,null,null,null,null,null,null,null,null,null,null,null,null,null,null,null,null,null,"Ablution",{"$error":"#VALUE!"},{"$error":"#VALUE!"},null,null,null,3,1,null,121,1,null,null,null,null,{"$f":"1+BJ120","v":3},{"$error":"#VALUE!"},{"$f":"$BL$6*BE121*$CF$40","v":{"$error":"#VALUE!"}},0,{"$error":"#VALUE!"},{"$f":"BE121*CF$23","v":1},{"$f":"BE121*CF$40","v":1},1,1,1,1,1,null,null,null,{"$f":"SUM(N109,N117)","v":{"$error":"#VALUE!"}},{"$f":"SUM(AA109,AA117)","v":{"$error":"#VALUE!"}}]
[null,null,null,null,null,null,null,null,null,null,null,null,null,null,null,null,null,null,null,null,null,null,null,null,null,null,null,null,null,null,null,null,null,null,null,null,null,null,null,null,null,null,null,null,null,null,"Bib tap",{"$error":"#VALUE!"},{"$error":"#VALUE!"},null,null,null,4,1,null,122,1,null,null,null,null,4,{"$error":"#VALUE!"},{"$f":"$BL$6*BE122*$CF$41","v":{"$error":"#VALUE!"}},0,{"$error":"#VALUE!"},{"$f":"BE122*CF$24","v":1},{"$f":"BE122*CF$41","v":1},1,1,1,1,1,null,null,null,{"$f":"SUM(N111)","v":{"$error":"#VALUE!"}},{"$f":"SUM(AA111)","v":{"$error":"#VALUE!"}}]
[null,null,{"$f":"F35","v":"Not used"},null,null,null,null,null,null,null,"Baseline",null,null,null,null,null,null,"Design Case",null,null,null,null,null,null,null,null,null,null,null,null,null,null,null,null,null,null,null,null,null,null,null,null,null,null,null,null,"Pantry",{"$error":"#VALUE!"},{"$error":"#VALUE!"},null,null,null,5,1,null,123,1,null,null,null,null,5,{"$error":"#VALUE!"},{"$f":"$BL$6*BE123*$CF$42","v":{"$error":"#VALUE!"}},0,{"$error":"#VALUE!"},{"$f":"BE123*CF$25","v":1},{"$f":"BE123*CF$42","v":1},1,1,1,1,1,null,null,null,{"$f":"SUM(N108)","v":{"$error":"#VALUE!"}},{"$f":"SUM(AA108)","v":{"$error":"#VALUE!"}}]
[null,null,"Fixtures",null,null,"No. of person",null,"Use/\nday","Usage factor",null,"Consumption",null,null,null,null,null,null,"Water Efficient Fittings",null,null,null,"Consumption",null,null,null,null,null,null,"Wastewater Recycling",null,null,null,null,null,null,null,null,null,null,null,null,null,null,null,null,null,null,null,null,null,null,null,6,1,null,124,1,null,null,null,null,6,{"$error":"#VALUE!"},{"$f":"$BL$6*BE124*$CF$43","v":{"$error":"#VALUE!"}},0,{"$error":"#VALUE!"},{"$f":"BE124*CF$26","v":1},{"$f":"BE124*CF$43","v":1},1,1,1,1,1,null,null,null,{"$f":"SUM(N110)","v":{"$error":"#VALUE!"}},{"$f":"SUM(AA110)","v":{"$error":"#VALUE!"}}]
[null,null,null,null,null,null,null,null,null,null,"Flow","Duration",null,"L/day",null,null,null,null,null,null,null,"Flow",null,"Duration",null,null,"L per day",null,null,null,null,null,null,null,null,null,null,null,null,null,null,null,null,null,null,null,null,null,null,null,null,null,7,1,null,125,1,null,null,null,null,7,{"$error":"#VALUE!"},{"$f":"$BL$6*BE125*$CF$44","v":{"$error":"#VALUE!"}},0,{"$error":"#VALUE!"},{"$f":"BE125*CF$27","v":1},{"$f":"BE125*CF$44","v":1},1,1,1,1,1]
[null,null,"Water Closet",null,"Female",{"$f":"IF(SUM(I126:I127)=0,0,$G$40)","v":0},null,{"$f":"IF(SUM(I126:I127)=0,0,BZ48)","v":0},{"$f":"CC48","v":0},"%",{"$f":"$F$65","v":6},{"$f":"IF(C123=\"none\",0,1)","v":1},"flush",{"$f":"ROUND(I126*F126*H126*K126*L126/100,0)","v":0},null,null,null,"Water Closet",null,null,"Full flow",{"$f":"IF(R126=C126,K126,VLOOKUP(R126,$CK$66:$CM$68,2,FALSE))","v":6},null,{"$f":"L126","v":1},"flush",null,{"$f":"ROUND(I126*F126*H126*V126*X126/100,0)","v":0},null,0,"Fittings Discharge Selection for Wastewater Recycling",null,null,null,null,null,null,null,null,null,null,null,null,null,null,null,null,null,null,null,null,null,"Wk 18",8,{"$f":"AK$23","v":1},null,126,1,null,null,null,null,8,{"$f":"$BK$6*BE126*$CG21","v":{"$error":"#VALUE!"}},{"$f":"$BL$6*BE126*$CG$38","v":{"$error":"#VALUE!"}},0,{"$error":"#VALUE!"},{"$f":"BE126*CG$21","v":1},{"$f":"BE126*CG$38","v":1},1,1,1,1,1]
[null,null,null,null,"Female",null,null,null,{"$f":"CC49","v":0},"%",{"$f":"$K$81","v":6},null,null,{"$f":"ROUND(I127*F126*H126*K127*L126/100,0)","v":0},null,null,null,null,{"$f":"IF(R126=C126,\"\",VLOOKUP(R126,$CK$66:$CN$68,4,FALSE))","v":""},null,"Reduced",{"$f":"IF(R126=C126,K127,VLOOKUP(R126,$CK$66:$CM$68,3,FALSE))","v":6},null,null,null,null,{"$f":"ROUND(I127*F126*H126*V127*X126/100,0)","v":0},null,null,null,null,null,null,null,null,null,null,null,null,null,null,null,null,null,null,null,null,null,null,null,null,null,9,{"$f":"BB$126","v":1},null,127,1,null,null,null,null,9,{"$error":"#VALUE!"},{"$f":"$BL$6*BE127*$CG$39","v":{"$error":"#VALUE!"}},0,{"$error":"#VALUE!"},{"$f":"BE127*CG$22","v":1},{"$f":"BE127*CG$39","v":1},1,1,1,1,1]
[null,null,"Water Closet",null,"Male",{"$f":"IF(SUM(I128:I130)=0,0,$G$41)","v":0},null,{"$f":"IF(SUM(I128:I130)=0,0,BZ50)","v":0},{"$f":"CC50","v":0},"%",{"$f":"$K$81","v":6},{"$f":"L126","v":1},"flush",{"$f":"ROUND(I128*F128*H128*K128*L128/100,0)","v":0},null,null,null,"Water Closet",null,null,"Full flow",{"$f":"IF(R128=C128,K128,VLOOKUP(R128,$CK$66:$CM$68,2,FALSE))","v":6},null,{"$f":"L128","v":1},"flush",null,{"$f":"ROUND(I128*F128*H128*V128*X128/100,0)","v":0},null,0,null,null,null,null,null,null,null,null,null,null,null,null,null,null,null,null,null,null,null,null,null,null,null,10,1,null,128,1,null,null,null,null,10,{"$error":"#VALUE!"},{"$f":"$BL$6*BE128*$CG$40","v":{"$error":"#VALUE!"}},0,{"$error":"#VALUE!"},{"$f":"BE128*CG$23","v":1},{"$f":"BE128*CG$40","v":1},1,1,1,1,1]
[null,null,null,null,"Male",null,null,null,{"$f":"CC51","v":0},"%",{"$f":"$K$81","v":6},null,null,{"$f":"ROUND(I129*F128*H128*K129*L128/100,0)","v":0},null,null,null,null,{"$f":"IF(R128=C128,\"\",VLOOKUP(R128,$CK$66:$CN$68,4,FALSE))","v":""},null,"Reduced",{"$f":"IF(R128=C128,K129,VLOOKUP(R128,$CK$66:$CM$68,3,FALSE))","v":6},null,null,null,null,{"$f":"ROUND(I129*F128*H128*V129*X128/100,0)","v":0},null,null,null,null,null,null,null,null,null,null,null,null,null,null,null,null,null,null,null,null,null,null,null,null,null,11,1,null,129,1,null,null,null,null,11,{"$error":"#VALUE!"},{"$f":"$BL$6*BE129*$CG$41","v":{"$error":"#VALUE!"}},0,{"$error":"#VALUE!"},{"$f":"BE129*CG$24","v":1},{"$f":"BE129*CG$41","v":1},1,1,1,1,1]
[null,null,"Urinal",null,"Male",null,null,null,{"$f":"CC52","v":0},"%",{"$f":"$F$72","v":3.8},null,null,{"$f":"ROUND(I130*F128*H128*K130*L128/100,0)","v":0},null,null,null,"Urinal",null,null,{"$f":"IF(R130=C130,\"\",VLOOKUP(R130,$C$73:$H$74,2,FALSE))","v":""},{"$f":"IF(R130=C130,K130,VLOOKUP(R130,$C$73:$H$74,4,FALSE))","v":3.8},null,null,null,null,{"$f":"ROUND(I130*F128*H128*V130*X128/100,0)","v":0},null,0,null,null,null,null,null,null,null,null,null,null,null,null,null,null,null,null,null,null,null,null,null,null,null,12,1,null,130,1,null,null,null,null,12,{"$error":"#VALUE!"},{"$f":"$BL$6*BE130*$CG$42","v":{"$error":"#VALUE!"}},0,{"$error":"#VALUE!"},{"$f":"BE130*CG$25","v":1},{"$f":"BE130*CG$42","v":1},1,1,1,1,1]
[null,null,"Bib tap",null,"All",{"$f":"IF(I131=0,0,SUM($G$40:$G$41))","v":0},null,{"$f":"IF(I131=0,0,BZ56)","v":0},{"$f":"CC56","v":0},"%",{"$f":"$Y$68","v":8},{"$f":"IF(C123=\"none\",0,VLOOKUP($C131,$BY$53:$CC$57,3,FALSE))","v":0},"secs",{"$f":"ROUND(I131*F131*H131*K131*L131/6000,0)","v":0},null,null,null,"Bib tap",null,null,{"$f":"IF(R131=C131,\"\",VLOOKUP(R131,$T$69:$AA$70,3,FALSE))","v":""},{"$f":"IF(R131=C131,K131,VLOOKUP(R131,$T$69:$AA$70,6,FALSE))","v":8},null,{"$f":"L131","v":0},"secs",null,{"$f":"ROUND(I131*F131*H131*V131*X131/6000,0)","v":0},null,0,null,null,null,null,null,null,null,null,null,null,null,null,null,null,null,null,null,null,null,null,null,null,null,13,1,null,131,1,null,null,null,null,13,{"$error":"#VALUE!"},{"$f":"$BL$6*BE131*$CG$43","v":{"$error":"#VALUE!"}},0,{"$error":"#VALUE!"},{"$f":"BE131*CG$26","v":1},{"$f":"BE131*CG$43","v":1},1,1,1,1,1]
[null,null,"WH Basin",null,"All",{"$f":"IF(I132=0,0,SUM($G$40:$G$41))","v":0},null,{"$f":"IF(I132=0,0,BZ53)","v":0},{"$f":"CC53","v":0},"%",{"$f":"$O$68","v":9},{"$f":"IF(C123=\"none\",0,VLOOKUP($C132,$BY$53:$CC$57,3,FALSE))","v":0},"secs",{"$f":"ROUND(I132*F132*H132*K132*L132/6000,0)","v":0},null,null,null,"WH Basin",null,null,{"$f":"IF(R132=C132,\"\",VLOOKUP(R132,basintap,2,FALSE))","v":""},{"$f":"IF(R132=C132,K132,VLOOKUP(R132,basintap,3,FALSE))","v":9},null,{"$f":"L132*AR135","v":0},"secs",null,{"$f":"ROUND(I132*F132*H132*V132*X132/6000,0)","v":0},null,0,null,null,null,null,null,null,null,null,null,null,null,null,null,null,null,null,null,null,null,null,null,null,null,14,1,null,132,1,null,null,null,null,14,{"$error":"#VALUE!"},{"$f":"$BL$6*BE132*$CG$44","v":{"$error":"#VALUE!"}},0,{"$error":"#VALUE!"},{"$f":"BE132*CG$27","v":1},{"$f":"BE132*CG$44","v":1},{"$f":"BQ104","v":1},1,1,1,1]
[null,null,"Sink tap",null,"All",{"$f":"IF(I133=0,0,SUM($G$40:$G$41))","v":0},null,{"$f":"IF(I133=0,0,BZ55)","v":0},{"$f":"CC55","v":0},"%",{"$f":"$O$65","v":9},{"$f":"IF(C123=\"none\",0,VLOOKUP($C133,$BY$53:$CC$57,3,FALSE))","v":0},"secs",{"$f":"ROUND(I133*F133*H133*K133*L133/6000,0)","v":0},null,null,null,"Sink tap",null,null,{"$f":"IF(R133=C133,\"\",VLOOKUP(R133,$K$66:$O$67,3,FALSE))","v":""},{"$f":"IF(R133=C133,K133,VLOOKUP(R133,$K$66:$O$67,5,FALSE))","v":9},null,{"$f":"L133","v":0},"secs",null,{"$f":"ROUND(I133*F133*H133*V133*X133/6000,0)","v":0},null,0,null,null,null,null,null,null,null,null,null,null,null,null,null,null,null,null,null,null,null,null,null,null,"Wk19",15,{"$f":"AK$24","v":1},null,133,1,null,null,null,null,15,{"$f":"$BK$6*BE133*$CH21","v":{"$error":"#VALUE!"}},{"$f":"$BL$6*BE133*$CH$38","v":{"$error":"#VALUE!"}},0,{"$error":"#VALUE!"},{"$f":"BE133*CH$21","v":1},{"$f":"BE133*CH$38","v":1},1,1,1,1,1]
[null,null,"Ablution",null,"All",{"$f":"IF(I134=0,0,SUM($G$40:$G$41))","v":0},null,{"$f":"IF(I134=0,0,BZ57)","v":0},{"$f":"CC57","v":0},"%",{"$f":"$Y$71","v":8},{"$f":"IF(C123=\"none\",0,VLOOKUP($C134,$BY$53:$CC$57,3,FALSE))","v":0},"secs",{"$f":"ROUND(I134*F134*H134*K134*L134/6000,0)","v":0},null,null,null,"Ablution",null,null,{"$f":"IF(R134=C134,\"\",VLOOKUP(R134,$T$72:$AA$73,3,FALSE))","v":""},{"$f":"IF(R134=C134,K134,VLOOKUP(R134,T72:AA73,6,FALSE))","v":8},null,{"$f":"L134","v":0},"secs",null,{"$f":"ROUND(I134*F134*H134*V134*X134/6000,0)","v":0},null,0,null,null,null,null,null,null,null,null,null,null,null,null,null,null,null,null,null,null,null,null,null,null,null,16,{"$f":"BB$133","v":1},null,134,1,null,null,null,null,16,{"$error":"#VALUE!"},{"$f":"$BL$6*BE134*$CH$39","v":{"$error":"#VALUE!"}},0,{"$error":"#VALUE!"},{"$f":"BE134*CH$22","v":1},{"$f":"BE134*CH$39","v":1},1,1,1,1,1]
[null,null,"Shower",null,"All",{"$f":"IF(I135=0,0,SUM($G$40:$G$41))","v":0},null,{"$f":"IF(I135=0,0,BZ54)","v":0},{"$f":"CC54","v":0},"%",{"$f":"$Y$65","v":13},{"$f":"IF(C123=\"none\",0,VLOOKUP($C135,$BY$53:$CC$57,3,FALSE))","v":0},"secs",{"$f":"ROUND(I135*F135*H135*K135*L135/6000,0)","v":0},null,null,null,"Shower",null,null,{"$f":"IF(R135=C135,\"\",VLOOKUP(R135,$T$66:$AA$67,3,FALSE))","v":""},{"$f":"IF(R135=C135,K135,VLOOKUP(R135,$T$66:$AA$67,6,FALSE))","v":13},null,{"$f":"L135","v":0},"secs",null,{"$f":"ROUND(I135*F135*H135*V135*X135/6000,0)","v":0},null,0,null,null,null,null,null,null,null,null,null,null,null,null,null,null,{"$f":"VLOOKUP(R132,basintap,4,FALSE)","v":1},null,null,null,null,null,null,null,null,17,1,null,135,{"$f":"IF($AN$4,INDEX(BB$7:BB$378,$BD135),1)","v":1},null,null,null,null,17,{"$error":"#VALUE!"},{"$f":"$BL$6*BE135*$CH$40","v":{"$error":"#VALUE!"}},0,{"$error":"#VALUE!"},{"$f":"BE135*CH$23","v":1},{"$f":"BE135*CH$40","v":1},1,1,1,1,1]
[null,null,"Sub-total (L) ",null,null,null,null,null,null,null,null,null,null,{"$f":"SUM(N126:N135)","v":0},null,null,null,"Sub-total (L) ",null,null,null,null,null,null,null,null,{"$f":"SUM(AA126:AA135)","v":0},null,null,null,null,null,null,null,null,null,null,null,null,null,null,null,null,null,null,null,null,null,null,null,null,null,18,1,null,136,1,null,null,null,null,18,{"$error":"#VALUE!"},{"$f":"$BL$6*BE136*$CH$41","v":{"$error":"#VALUE!"}},0,{"$f":"ROUNDDOWN(SUM(BK136:BM136),0)","v":{"$error":"#VALUE!"}},{"$f":"BE136*CH$24","v":1},{"$f":"BE136*CH$41","v":1},1,1,1,1,1]
[null,null,"Fixtures Cleaning",null,null,"Quantity",null,null,"Freq'cy",null,"Flow","Duration",null,"L/day",null,null,null,"Fixtures",null,null,null,"Flow",null,"Duration",null,null,"L per day",null,null,null,null,null,null,"Water Reduction Calculations - Page 2",null,null,null,null,null,null,null,null,null,null,null,null,null,null,null,null,null,null,19,1,null,{"$f":"1+BD136","v":137},1,null,null,null,null,19,{"$error":"#VALUE!"},{"$f":"$BL$6*BE137*$CH$42","v":{"$error":"#VALUE!"}},0,{"$error":"#VALUE!"},{"$f":"BE137*CH$25","v":1},{"$f":"BE137*CH$42","v":1},1,1,1,1,1]
[null,null,"Water Closet",null,null,0,null,"nos.",{"$f":"IF($C$123=\"not used\",0,1)","v":0},null,{"$f":"K126","v":6},1,"time",{"$f":"ROUND(F138*I138*K138*L138,0)","v":0},null,null,null,{"$f":"R126","v":"Water Closet"},null,null,null,{"$f":"V126","v":6},null,{"$f":"L138","v":1},"time",null,{"$f":"ROUND(F138*I138*V138*X138,0)","v":0},null,null,null,null,null,null,null,null,null,null,null,null,null,null,null,null,null,null,null,null,null,null,null,null,null,20,1,null,138,1,null,null,null,null,20,{"$error":"#VALUE!"},{"$f":"$BL$6*BE138*$CH$43","v":{"$error":"#VALUE!"}},0,{"$error":"#VALUE!"},{"$f":"BE138*CH$26","v":1},{"$f":"BE138*CH$43","v":1},1,1,1,1,1]
[null,null,"Urinal",null,null,0,null,"nos.",{"$f":"IF($C$123=\"not used\",0,1)","v":0},null,{"$f":"K130","v":3.8},1,"time",{"$f":"ROUND(F139*I139*K139*L139,0)","v":0},null,null,null,{"$f":"R130","v":"Urinal"},null,null,null,{"$f":"V130","v":3.8},null,{"$f":"L139","v":1},"time",null,{"$f":"ROUND(F139*I139*V139*X139,0)","v":0},null,null,null,null,null,null,null,null,null,null,null,null,null,null,null,null,null,null,null,"Annual Consumption","Baseline","Design",null,null,null,21,1,null,139,1,null,null,null,null,21,{"$error":"#VALUE!"},{"$f":"$BL$6*BE139*$CH$44","v":{"$error":"#VALUE!"}},0,{"$error":"#VALUE!"},{"$f":"BE139*CH$27","v":1},{"$f":"BE139*CH$44","v":1},1,1,1,1,1,null,null,null,"Baseline","Design"]
[null,null,"WH Basin",null,null,0,null,"nos.",{"$f":"IF($C$123=\"not used\",0,1)","v":0},null,{"$f":"K132","v":9},5,"secs",{"$f":"ROUND(F140*I140*K140*L140/60,0)","v":0},null,null,null,{"$f":"R132","v":"WH Basin"},null,null,null,{"$f":"V132","v":9},null,{"$f":"L140","v":5},"secs",null,{"$f":"ROUND(F140*I140*V140*X140/60,0)","v":0},null,null,null,null,null,null,null,null,null,null,null,null,null,null,null,null,null,null,null,null,"m3/yr","m3/yr",null,null,"Wk 20",22,{"$f":"AK$25","v":1},null,140,1,null,null,null,null,22,{"$f":"$BK$6*BE140*$CI21","v":{"$error":"#VALUE!"}},{"$f":"$BL$6*BE140*$CI$38","v":{"$error":"#VALUE!"}},0,{"$error":"#VALUE!"},{"$f":"BE140*CI$21","v":1},{"$f":"BE140*CI$38","v":1},1,1,1,1,1,null,null,null,"L/day","L/day"]
[null,null,"Shower",null,null,0,null,"nos.",{"$f":"IF($C$123=\"not used\",0,1)","v":0},null,{"$f":"K135","v":13},8,"secs",{"$f":"ROUND(F141*I141*K141*L141/60,0)","v":0},null,null,null,{"$f":"R135","v":"Shower"},null,null,null,{"$f":"V135","v":13},null,{"$f":"L141","v":8},"secs",null,{"$f":"ROUND(F141*I141*V141*X141/60,0)","v":0},null,null,null,null,null,null,null,null,null,null,null,null,null,null,null,null,null,null,null,"Flushing",{"$f":"ROUNDUP(BY141*(SUM($CF$49:$CI$55)*13+$CF$49)/1000,0)","v":0},0,null,null,null,23,{"$f":"BB$140","v":1},null,141,1,null,null,null,null,23,{"$error":"#VALUE!"},{"$f":"$BL$6*BE141*$CI$39","v":{"$error":"#VALUE!"}},0,{"$error":"#VALUE!"},{"$f":"BE141*CI$22","v":1},{"$f":"BE141*CI$39","v":1},1,1,1,1,1,null,null,null,{"$f":"SUM(N126:N130,N138:N139)","v":0},{"$f":"SUM(AA126:AA130,AA138:AA139)","v":0}]
[null,null,"Sub-total (L) ",null,null,null,null,null,null,null,null,null,null,{"$f":"SUM(N138:N141)","v":0},null,null,null,"Sub-total (L) ",null,null,null,null,null,null,null,null,{"$f":"SUM(AA138:AA141)","v":0},null,null,null,null,null,null,null,null,null,null,null,null,null,null,null,null,null,null,null,"Shower",0,0,null,null,null,24,1,null,142,1,null,null,null,null,24,{"$error":"#VALUE!"},{"$f":"$BL$6*BE142*$CI$40","v":{"$error":"#VALUE!"}},0,{"$error":"#VALUE!"},{"$f":"BE142*CI$23","v":1},{"$f":"BE142*CI$40","v":1},1,1,1,1,1,null,null,null,{"$f":"SUM(N135,N141)","v":0},{"$f":"SUM(AA135,AA141)","v":0}]
[null,null,"Annual Consumptiopn (m3) ",null,null,null,null,null,null,null,null,null,null,{"$f":"SUM(AV141:AV146)","v":0},null,null,null,"Annual Consumptiopn (m3) ",null,null,null,null,null,null,null,null,{"$f":"SUM(AW141:AW146)","v":0},null,null,null,null,null,null,null,null,null,null,null,null,null,null,null,null,null,null,null,"WH basin",0,0,null,null,null,25,1,null,143,1,null,null,null,null,25,{"$error":"#VALUE!"},{"$f":"$BL$6*BE143*$CI$41","v":{"$error":"#VALUE!"}},0,{"$error":"#VALUE!"},{"$f":"BE143*CI$24","v":1},{"$f":"BE143*CI$41","v":1},1,1,1,1,1,null,null,null,{"$f":"SUM(N132,N140)","v":0},{"$f":"SUM(AA132,AA140)","v":0}]
[null,null,{"$f":"U35","v":"Not used"},null,null,null,null,null,null,null,"Baseline",null,null,null,null,null,null,"Design Case",null,null,null,null,null,null,null,null,null,null,null,null,null,null,null,null,null,null,null,null,null,null,null,null,null,null,null,null,"Ablution",0,0,null,null,null,26,1,null,144,1,null,null,null,null,26,{"$error":"#VALUE!"},{"$f":"$BL$6*BE144*$CI$42","v":{"$error":"#VALUE!"}},0,{"$error":"#VALUE!"},{"$f":"BE144*CI$25","v":1},{"$f":"BE144*CI$42","v":1},1,1,1,1,1,null,null,null,{"$f":"SUM(N134)","v":0},{"$f":"SUM(AA134)","v":0}]
[null,null,"Fixtures",null,null,"No. of person",null,"Use/\nday","Usage factor",null,"Consumption",null,null,null,null,null,null,"Water Efficient Fittings",null,null,null,"Consumption",null,null,null,null,null,null,null,null,null,null,null,null,null,null,null,null,null,null,null,null,null,null,null,null,"Bib tap",0,0,null,null,null,27,1,null,145,1,null,null,null,null,27,{"$error":"#VALUE!"},{"$f":"$BL$6*BE145*$CI$43","v":{"$error":"#VALUE!"}},0,{"$error":"#VALUE!"},{"$f":"BE145*CI$26","v":1},{"$f":"BE145*CI$43","v":1},1,1,1,1,1,null,null,null,{"$f":"SUM(N131)","v":0},{"$f":"SUM(AA131)","v":0}]
[null,null,null,null,null,null,null,null,null,null,"Flow","Duration",null,"L/day",null,null,null,null,null,null,null,"Flow",null,"Duration",null,null,"L per day",null,null,null,null,null,null,null,null,null,null,null,null,null,null,null,null,null,null,null,"Pantry",0,0,null,null,null,28,1,null,146,1,null,null,null,null,28,{"$error":"#VALUE!"},{"$f":"$BL$6*BE146*$CI$44","v":{"$error":"#VALUE!"}},0,{"$error":"#VALUE!"},{"$f":"BE146*CI$27","v":1},{"$f":"BE146*CI$44","v":1},1,1,1,1,1,null,null,null,{"$f":"SUM(N133)","v":0},{"$f":"SUM(AA133)","v":0}]
[null,null,"Water Closet",null,"Female",{"$f":"IF(SUM(I147:I148)=0,0,$W$40)","v":0},null,{"$f":"IF(SUM(I147:I148)=0,0,BZ62)","v":0},{"$f":"CC62","v":0},"%",{"$f":"$F$65","v":6},{"$f":"IF(C144=\"none\",0,1)","v":1},"flush",{"$f":"ROUND(I147*F147*H147*K147*L147/100,0)","v":0},null,null,null,"Water Closet",null,null,"Full flow",{"$f":"IF(R147=C147,K147,VLOOKUP(R147,$CK$66:$CM$68,2,FALSE))","v":6},null,{"$f":"L147","v":1},"flush",null,{"$f":"ROUND(I147*F147*H147*V147*X147/100,0)","v":0},null,null,null,null,null,null,null,null,null,null,null,null,null,null,null,null,null,null,null,null,null,null,null,null,"Wk 21",1,{"$f":"AK$26","v":1},null,147,1,null,null,null,null,1,{"$f":"$BK$6*BE147*$CF21","v":{"$error":"#VALUE!"}},{"$f":"$BL$6*BE147*$CF$38","v":{"$error":"#VALUE!"}},0,{"$error":"#VALUE!"},{"$f":"BE147*CF$21","v":1},{"$f":"BE147*CF$38","v":1},1,1,1,1,1]
[null,null,null,null,"Female",null,null,null,{"$f":"CC63","v":0},"%",{"$f":"$K$81","v":6},null,null,{"$f":"ROUND(I148*F147*H147*K148*L147/100,0)","v":0},null,null,null,null,{"$f":"IF(R147=C147,\"\",VLOOKUP(R147,$CK$66:$CN$68,4,FALSE))","v":""},null,"Reduced",{"$f":"IF(R147=C147,K148,VLOOKUP(R147,$CK$66:$CM$68,3,FALSE))","v":6},null,null,null,null,{"$f":"ROUND(I148*F147*H147*V148*X147/100,0)","v":0},null,null,null,null,null,null,null,null,null,null,null,null,null,null,null,null,null,null,null,null,null,null,null,null,null,2,{"$f":"BB$147","v":1},null,148,1,null,null,null,null,{"$f":"1+BJ147","v":2},{"$error":"#VALUE!"},{"$f":"$BL$6*BE148*$CF$39","v":{"$error":"#VALUE!"}},{"$f":"BM120","v":0},{"$error":"#VALUE!"},{"$f":"BE148*CF$22","v":1},{"$f":"BE148*CF$39","v":1},{"$f":"BQ120","v":1},1,1,1,1]
[null,null,"Water Closet",null,"Male",{"$f":"IF(SUM(I149:I151)=0,0,$W$41)","v":0},null,{"$f":"IF(SUM(I149:I151)=0,0,BZ64)","v":0},{"$f":"CC64","v":0},"%",{"$f":"$K$81","v":6},{"$f":"L147","v":1},"flush",{"$f":"ROUND(I149*F149*H149*K149*L149/100,0)","v":0},null,null,null,"Water Closet",null,null,"Full flow",{"$f":"IF(R149=C149,K149,VLOOKUP(R149,$CK$66:$CM$68,2,FALSE))","v":6},null,{"$f":"L149","v":1},"flush",null,{"$f":"ROUND(I149*F149*H149*V149*X149/100,0)","v":0},null,null,null,null,null,null,null,null,null,null,null,null,null,null,null,null,null,null,null,null,null,null,null,null,null,3,1,null,149,1,null,null,null,null,{"$f":"1+BJ148","v":3},{"$error":"#VALUE!"},{"$f":"$BL$6*BE149*$CF$40","v":{"$error":"#VALUE!"}},0,{"$error":"#VALUE!"},{"$f":"BE149*CF$23","v":1},{"$f":"BE149*CF$40","v":1},1,1,1,1,1]
[null,null,null,null,"Male",null,null,null,{"$f":"CC65","v":0},"%",{"$f":"$K$81","v":6},null,null,{"$f":"ROUND(I150*F149*H149*K150*L149/100,0)","v":0},null,null,null,null,{"$f":"IF(R149=C149,\"\",VLOOKUP(R149,$CK$66:$CN$68,4,FALSE))","v":""},null,"Reduced",{"$f":"IF(R149=C149,K150,VLOOKUP(R149,$CK$66:$CM$68,3,FALSE))","v":6},null,null,null,null,{"$f":"ROUND(I150*F149*H149*V150*X149/100,0)","v":0},null,null,null,null,null,null,null,null,null,null,null,null,null,null,null,null,null,null,null,null,null,null,null,null,null,4,1,null,150,1,null,null,null,null,4,{"$error":"#VALUE!"},{"$f":"$BL$6*BE150*$CF$41","v":{"$error":"#VALUE!"}},0,{"$error":"#VALUE!"},{"$f":"BE150*CF$24","v":1},{"$f":"BE150*CF$41","v":1},1,1,1,1,1]
[null,null,"Urinal",null,"Male",null,null,null,{"$f":"CC66","v":0},"%",{"$f":"$F$72","v":3.8},null,null,{"$f":"ROUND(I151*F149*H149*K151*L149/100,0)","v":0},null,null,null,"Urinal",null,null,{"$f":"IF(R151=C151,\"\",VLOOKUP(R151,$C$73:$H$74,2,FALSE))","v":""},{"$f":"IF(R151=C151,K151,VLOOKUP(R151,$C$73:$H$74,4,FALSE))","v":3.8},null,null,null,null,{"$f":"ROUND(I151*F149*H149*V151*X149/100,0)","v":0},null,null,null,null,null,null,null,null,null,null,null,null,null,null,null,null,null,null,null,null,null,null,null,null,null,5,1,null,151,1,null,null,null,null,5,{"$error":"#VALUE!"},{"$f":"$BL$6*BE151*$CF$42","v":{"$error":"#VALUE!"}},0,{"$error":"#VALUE!"},{"$f":"BE151*CF$25","v":1},{"$f":"BE151*CF$42","v":1},1,1,1,1,1]
[null,null,"Bib tap",null,"All",{"$f":"IF(I152=0,0,SUM($W$40:$W$41))","v":0},null,{"$f":"IF(I152=0,0,BZ71)","v":0},{"$f":"CC71","v":0},"%",{"$f":"$Y$68","v":8},{"$f":"IF(C144=\"none\",0,VLOOKUP($C152,$BY$67:$CC$72,3,FALSE))","v":0},"secs",{"$f":"ROUND(I152*F152*H152*K152*L152/6000,0)","v":0},null,null,null,"Bib tap",null,null,{"$f":"IF(R152=C152,\"\",VLOOKUP(R152,$T$69:$AA$70,3,FALSE))","v":""},{"$f":"IF(R152=C152,K152,VLOOKUP(R152,$T$69:$AA$70,6,FALSE))","v":8},null,{"$f":"L152","v":0},"secs",null,{"$f":"ROUND(I152*F152*H152*V152*X152/6000,0)","v":0},null,null,null,null,null,null,null,null,null,null,null,null,null,null,null,null,null,null,null,null,null,null,null,null,null,6,1,null,152,1,null,null,null,null,6,{"$error":"#VALUE!"},{"$f":"$BL$6*BE152*$CF$43","v":{"$error":"#VALUE!"}},0,{"$error":"#VALUE!"},{"$f":"BE152*CF$26","v":1},{"$f":"BE152*CF$43","v":1},1,1,1,1,1]
[null,null,"WH Basin",null,"All",0,null,{"$f":"IF(I153=0,0,BZ67)","v":0},{"$f":"CC67","v":0},"%",{"$f":"$O$68","v":9},{"$f":"IF(C144=\"none\",0,VLOOKUP($C153,$BY$67:$CC$72,3,FALSE))","v":0},"secs",{"$f":"ROUND(I153*F153*H153*K153*L153/6000,0)","v":0},null,null,null,"WH Basin",null,null,{"$f":"IF(R153=C153,\"\",VLOOKUP(R153,basintap,2,FALSE))","v":""},{"$f":"IF(R153=C153,K153,VLOOKUP(R153,basintap,3,FALSE))","v":9},null,{"$f":"L153*AR157","v":0},"secs",null,{"$f":"ROUND(I153*F153*H153*V153*X153/6000,0)","v":0},null,null,null,null,null,null,null,null,null,null,null,null,null,null,null,null,null,null,null,null,null,null,null,null,null,7,1,null,153,1,null,null,null,null,7,{"$error":"#VALUE!"},{"$f":"$BL$6*BE153*$CF$44","v":{"$error":"#VALUE!"}},0,{"$error":"#VALUE!"},{"$f":"BE153*CF$27","v":1},{"$f":"BE153*CF$44","v":1},1,1,1,1,1]
[null,null,"Sink tap",null,"All",0,null,{"$f":"IF(I154=0,0,BZ70)","v":0},{"$f":"CC70","v":0},"%",{"$f":"$O$65","v":9},{"$f":"IF(C144=\"none\",0,VLOOKUP($C154,$BY$67:$CC$72,3,FALSE))","v":0},"secs",{"$f":"ROUND(I154*F154*H154*K154*L154/6000,0)","v":0},null,null,null,"Sink tap",null,null,{"$f":"IF(R154=C154,\"\",VLOOKUP(R154,$K$66:$O$67,3,FALSE))","v":""},{"$f":"IF(R154=C154,K154,VLOOKUP(R154,$K$66:$O$67,5,FALSE))","v":9},null,{"$f":"L154","v":0},"secs",null,{"$f":"ROUND(I154*F154*H154*V154*X154/6000,0)","v":0},null,null,null,null,null,null,null,null,null,null,null,null,null,null,null,null,null,null,null,null,null,null,null,null,"Wk 22",8,{"$f":"AK$27","v":1},null,154,1,null,null,null,null,8,{"$f":"$BK$6*BE154*$CG21","v":{"$error":"#VALUE!"}},{"$f":"$BL$6*BE154*$CG$38","v":{"$error":"#VALUE!"}},0,{"$error":"#VALUE!"},{"$f":"BE154*CG$21","v":1},{"$f":"BE154*CG$38","v":1},1,1,1,1,1]
[null,null,"Ablution",null,"All",0,null,{"$f":"IF(I155=0,0,BZ72)","v":0},{"$f":"CC72","v":0},"%",{"$f":"$Y$71","v":8},{"$f":"IF(C144=\"none\",0,VLOOKUP($C155,$BY$67:$CC$72,3,FALSE))","v":0},"secs",{"$f":"ROUND(I155*F155*H155*K155*L155/6000,0)","v":0},null,null,null,"Ablution",null,null,{"$f":"IF(R155=C155,\"\",VLOOKUP(R155,$T$72:$AA$73,3,FALSE))","v":""},{"$f":"IF(R155=C155,K155,VLOOKUP(R155,$T$72:$AA$73,6,FALSE))","v":8},null,{"$f":"L155","v":0},"secs",null,{"$f":"ROUND(I155*F155*H155*V155*X155/6000,0)","v":0},null,null,null,null,null,null,null,null,null,null,null,null,null,null,null,null,null,null,null,null,null,null,null,null,null,9,{"$f":"BB$154","v":1},null,155,1,null,null,null,null,9,{"$error":"#VALUE!"},{"$f":"$BL$6*BE155*$CG$39","v":{"$error":"#VALUE!"}},0,{"$error":"#VALUE!"},{"$f":"BE155*CG$22","v":1},{"$f":"BE155*CG$39","v":1},1,1,1,1,1]
[null,null,"Shower",null,"All",0,null,{"$f":"IF(I156=0,0,BZ68)","v":0},{"$f":"CC68","v":0},"%",{"$f":"$Y$65","v":13},{"$f":"IF(C144=\"none\",0,VLOOKUP($C156,$BY$67:$CC$72,3,FALSE))","v":0},"secs",{"$f":"ROUND(I156*F156*H156*K156*L156/6000,0)","v":0},null,null,null,"Shower",null,null,{"$f":"IF(R156=C156,\"\",VLOOKUP(R156,$T$66:$AA$67,3,FALSE))","v":""},{"$f":"IF(R156=C156,K156,VLOOKUP(R156,$T$66:$AD$67,6,FALSE))","v":13},null,{"$f":"L156","v":0},"secs",null,{"$f":"ROUND(I156*F156*H156*V156*X156/6000,0)","v":0},null,null,null,null,null,null,null,null,null,null,null,null,null,null,null,null,null,null,null,null,null,null,null,null,null,10,1,null,156,1,null,null,null,null,10,{"$error":"#VALUE!"},{"$f":"$BL$6*BE156*$CG$40","v":{"$error":"#VALUE!"}},0,{"$error":"#VALUE!"},{"$f":"BE156*CG$23","v":1},{"$f":"BE156*CG$40","v":1},1,1,1,1,1]
[null,null,"Bath",null,"All",0,null,{"$f":"IF(I157=0,0,BZ69)","v":0},{"$f":"CC69","v":0},"%",{"$f":"$O$73","v":176},{"$f":"IF(C144=\"none\",0,VLOOKUP($C157,$BY$67:$CC$72,3,FALSE))","v":0},"use",{"$f":"ROUND(I157*F157*H157*K157*L157/100,0)","v":0},null,null,null,"Bath",null,null,{"$f":"IF(R157=C157,\"\",VLOOKUP(R157,K74:Q74,3,FALSE))","v":""},{"$f":"IF(R157=C157,K157,VLOOKUP(R157,K74:Q74,5,FALSE))","v":176},null,{"$f":"L157","v":0},"use",null,{"$f":"ROUND(I157*F157*H157*V157*X157/100,0)","v":0},null,null,null,null,null,null,null,null,null,null,null,null,null,null,null,null,{"$f":"VLOOKUP(R153,basintap,4,FALSE)","v":1},null,null,null,null,null,null,null,null,11,1,null,157,1,null,null,null,null,11,{"$error":"#VALUE!"},{"$f":"$BL$6*BE157*$CG$41","v":{"$error":"#VALUE!"}},0,{"$error":"#VALUE!"},{"$f":"BE157*CG$24","v":1},{"$f":"BE157*CG$41","v":1},1,1,1,1,1]
[null,null,"Sub-total (L) ",null,null,null,null,null,null,null,null,null,null,{"$f":"SUM(N147:N157)","v":0},null,null,null,"Sub-total (L) ",null,null,null,null,null,null,null,null,{"$f":"SUM(AA147:AA157)","v":0},null,null,null,null,null,null,null,null,null,null,null,null,null,null,null,null,null,null,null,null,null,null,null,null,null,12,1,null,158,1,null,null,null,null,12,{"$error":"#VALUE!"},{"$f":"$BL$6*BE158*$CG$42","v":{"$error":"#VALUE!"}},0,{"$error":"#VALUE!"},{"$f":"BE158*CG$25","v":1},{"$f":"BE158*CG$42","v":1},1,1,1,1,1]
[null,null,"Fixtures Cleaning",null,null,"Quantity",null,null,"Freq'cy",null,"Flow","Duration",null,"L/day",null,null,null,"Fixtures",null,null,null,"Flow",null,"Duration",null,null,"L per day",null,null,null,null,null,null,null,null,null,null,null,null,null,null,null,null,null,null,null,null,null,null,null,null,null,13,1,null,159,1,null,null,null,null,13,{"$error":"#VALUE!"},{"$f":"$BL$6*BE159*$CG$43","v":{"$error":"#VALUE!"}},0,{"$error":"#VALUE!"},{"$f":"BE159*CG$26","v":1},{"$f":"BE159*CG$43","v":1},1,1,1,1,1]
[null,null,"Water Closet",null,null,0,null,"nos.",{"$f":"IF($C$144=\"not used\",0,1)","v":0},null,{"$f":"K147","v":6},1,"time",{"$f":"ROUND(F160*I160*K160*L160,0)","v":0},null,null,null,{"$f":"R147","v":"Water Closet"},null,null,null,{"$f":"V147","v":6},null,{"$f":"L160","v":1},"time",null,{"$f":"ROUND(F160*I160*V160*X160,0)","v":0},null,null,null,null,null,null,null,null,null,null,null,null,null,null,null,null,null,null,null,null,null,null,null,null,null,14,1,null,160,1,null,null,null,null,14,{"$error":"#VALUE!"},{"$f":"$BL$6*BE160*$CG$44","v":{"$error":"#VALUE!"}},0,{"$error":"#VALUE!"},{"$f":"BE160*CG$27","v":1},{"$f":"BE160*CG$44","v":1},1,1,1,1,1]
[null,null,"Urinal",null,null,0,null,"nos.",{"$f":"IF($C$144=\"not used\",0,1)","v":0},null,{"$f":"K151","v":3.8},1,"time",{"$f":"ROUND(F161*I161*K161*L161,0)","v":0},null,null,null,{"$f":"R151","v":"Urinal"},null,null,null,{"$f":"V151","v":3.8},null,{"$f":"L161","v":1},"time",null,{"$f":"ROUND(F161*I161*V161*X161,0)","v":0},null,null,null,null,null,null,null,null,null,null,null,null,null,null,null,null,null,null,null,null,null,null,null,null,"Wk 23",15,{"$f":"AK$28","v":1},null,161,1,null,null,null,null,15,{"$f":"$BK$6*BE161*$CH21","v":{"$error":"#VALUE!"}},{"$f":"$BL$6*BE161*$CH$38","v":{"$error":"#VALUE!"}},0,{"$error":"#VALUE!"},{"$f":"BE161*CH$21","v":1},{"$f":"BE161*CH$38","v":1},1,1,1,1,1]
[null,null,"WH Basin",null,null,0,null,"nos.",{"$f":"IF($C$144=\"not used\",0,1)","v":0},null,{"$f":"K153","v":9},5,"secs",{"$f":"ROUND(F162*I162*K162*L162/60,0)","v":0},null,null,null,{"$f":"R153","v":"WH Basin"},null,null,null,{"$f":"V153","v":9},null,{"$f":"L162","v":5},"secs",null,{"$f":"ROUND(F162*I162*V162*X162/60,0)","v":0},null,null,null,null,null,null,null,null,null,null,null,null,null,null,null,null,null,null,null,"Annual Consumption","Baseline","Design",null,null,null,16,{"$f":"BB$161","v":1},null,162,1,null,null,null,null,16,{"$error":"#VALUE!"},{"$f":"$BL$6*BE162*$CH$39","v":{"$error":"#VALUE!"}},0,{"$error":"#VALUE!"},{"$f":"BE162*CH$22","v":1},{"$f":"BE162*CH$39","v":1},1,1,1,1,1,null,null,null,"Baseline","Design"]
[null,null,"Shower",null,null,0,null,"nos.",{"$f":"IF($C$144=\"not used\",0,1)","v":0},null,{"$f":"K156","v":13},8,"secs",{"$f":"ROUND(F163*I163*K163*L163/60,0)","v":0},null,null,null,{"$f":"R156","v":"Shower"},null,null,null,{"$f":"V156","v":13},null,{"$f":"L163","v":8},"secs",null,{"$f":"ROUND(F163*I163*V163*X163/60,0)","v":0},null,null,null,null,null,null,null,null,null,null,null,null,null,null,null,null,null,null,null,null,"m3/yr","m3/yr",null,null,null,17,1,null,163,1,null,null,null,null,17,{"$error":"#VALUE!"},{"$f":"$BL$6*BE163*$CH$40","v":{"$error":"#VALUE!"}},0,{"$error":"#VALUE!"},{"$f":"BE163*CH$23","v":1},{"$f":"BE163*CH$40","v":1},1,1,1,1,1,null,null,null,"L/day","L/day"]
[null,null,"Sub-total (L) ",null,null,null,null,null,null,null,null,null,null,{"$f":"SUM(N160:N163)","v":0},null,null,null,"Sub-total (L) ",null,null,null,null,null,null,null,null,{"$f":"SUM(AA160:AA163)","v":0},null,null,null,null,null,null,null,null,null,null,null,null,null,null,null,null,null,null,null,"Flushing",{"$f":"ROUNDUP(BY164*(SUM($CF$62:$CI$68)*13+$CF$62)/1000,0)","v":0},0,null,null,null,{"$f":"BA136","v":18},1,null,164,1,null,null,null,null,18,{"$error":"#VALUE!"},{"$f":"$BL$6*BE164*$CH$41","v":{"$error":"#VALUE!"}},0,{"$error":"#VALUE!"},{"$f":"BE164*CH$24","v":1},{"$f":"BE164*CH$41","v":1},{"$f":"BQ136","v":1},1,1,1,1,null,null,null,{"$f":"SUM(N147:N151,N160:N161)","v":0},{"$f":"SUM(AA147:AA151,AA160:AA161)","v":0}]
[null,null,"Annual Consumptiopn (m3) ",null,null,null,null,null,null,null,null,null,null,{"$f":"SUM(AV164:AV169)","v":0},null,null,null,"Annual Consumptiopn (m3) ",null,null,null,null,null,null,null,null,{"$f":"SUM(AW164:AW169)","v":0},null,null,null,null,null,null,null,null,null,null,null,null,null,null,null,null,null,null,null,"Shower",0,0,null,null,null,19,1,null,165,1,null,null,null,null,19,{"$error":"#VALUE!"},{"$f":"$BL$6*BE165*$CH$42","v":{"$error":"#VALUE!"}},0,{"$error":"#VALUE!"},{"$f":"BE165*CH$25","v":1},{"$f":"BE165*CH$42","v":1},1,1,1,1,1,null,null,null,{"$f":"SUM(N156,N163)","v":0},{"$f":"SUM(AA156,AA163)","v":0}]
[null,null,null,null,null,null,null,null,null,null,null,null,null,null,null,null,null,null,null,null,null,null,null,null,null,null,null,null,null,null,null,null,null,null,null,null,null,null,null,null,null,null,null,null,null,null,"WH basin",0,0,null,null,null,20,1,null,166,1,null,null,null,null,20,{"$error":"#VALUE!"},{"$f":"$BL$6*BE166*$CH$43","v":{"$error":"#VALUE!"}},0,{"$error":"#VALUE!"},{"$f":"BE166*CH$26","v":1},{"$f":"BE166*CH$43","v":1},1,1,1,1,1,null,null,null,{"$f":"SUM(N153,N162)","v":0},{"$f":"SUM(AA153,AA162)","v":0}]
[null,null,"Total Annual Consumption; X (m3)",null,null,null,null,null,null,null,null,null,null,{"$f":"SUM(N99,N120,N143,N165)","v":{"$error":"#VALUE!"}},null,null,null,"Total Annual Consumption; Y (m3)",null,null,null,null,null,null,null,null,{"$f":"SUM(AA99,AA120,AA143,AA165)","v":{"$error":"#VALUE!"}},null,null,null,null,null,null,null,null,null,null,null,null,null,null,null,null,null,null,null,"Ablution",0,0,null,null,null,21,1,null,167,1,null,null,null,null,21,{"$error":"#VALUE!"},{"$f":"$BL$6*BE167*$CH$44","v":{"$error":"#VALUE!"}},0,{"$error":"#VALUE!"},{"$f":"BE167*CH$27","v":1},{"$f":"BE167*CH$44","v":1},1,1,1,1,1,null,null,null,{"$f":"SUM(N155)","v":0},{"$f":"SUM(AA155)","v":0}]
[null,null,"WE4 - Water Efficient Fittings",null,null,null,null,null,null,null,null,null,null,null,null,null,null,null,null,null,null,null,null,null,null,null,null,null,null,null,null,null,null,null,null,null,null,null,null,null,null,null,null,null,null,null,"Bib tap",0,0,null,null,"Wk 24",22,{"$f":"AK$29","v":1},null,168,1,null,null,null,null,22,{"$f":"$BK$6*BE168*$CI21","v":{"$error":"#VALUE!"}},{"$f":"$BL$6*BE168*$CI$38","v":{"$error":"#VALUE!"}},0,{"$error":"#VALUE!"},{"$f":"BE168*CI$21","v":1},{"$f":"BE168*CI$38","v":1},1,1,1,1,1,null,null,null,{"$f":"SUM(N152)","v":0},{"$f":"SUM(AA152)","v":0}]
[null,null,null,null,null,null,null,null,null,null,null,"Percentage reduction in potable water consumption = ","(1 - (Y) / (X)) x 100%",null,null,null,null,null,null,null,null,null,null,null,null,null,null,null,null,null,null,null,null,null,null,null,null,null,null,null,null,null,null,null,null,null,"Pantry",0,0,null,null,null,23,{"$f":"BB$168","v":1},null,169,1,null,null,null,null,23,{"$error":"#VALUE!"},{"$f":"$BL$6*BE169*$CI$39","v":{"$error":"#VALUE!"}},0,{"$error":"#VALUE!"},{"$f":"BE169*CI$22","v":1},{"$f":"BE169*CI$39","v":1},1,1,1,1,1,null,null,null,{"$f":"SUM(N154)","v":0},{"$f":"SUM(AA154)","v":0}]
[null,null,null,null,null,null,null,null,null,null,null,"= ",{"$f":"ROUND((1-(AA167/N167))*100,2)","v":{"$error":"#VALUE!"}},"%",null,null,null,null,null,null,null,null,null,null,null,null,null,null,null,null,null,null,null,null,null,null,null,null,null,null,null,null,null,null,null,null,null,null,null,null,null,null,24,1,null,170,1,null,null,null,null,24,{"$error":"#VALUE!"},{"$f":"$BL$6*BE170*$CI$40","v":{"$error":"#VALUE!"}},0,{"$error":"#VALUE!"},{"$f":"BE170*CI$23","v":1},{"$f":"BE170*CI$40","v":1},1,1,1,1,1]
[null,null,null,null,null,null,null,null,null,null,null,null,null,null,null,null,null,null,null,null,null,null,null,null,null,null,null,null,null,null,null,null,null,null,null,null,null,null,null,null,null,null,null,null,null,null,null,null,null,null,null,null,25,1,null,171,1,null,null,null,null,25,{"$error":"#VALUE!"},{"$f":"$BL$6*BE171*$CI$41","v":{"$error":"#VALUE!"}},0,{"$error":"#VALUE!"},{"$f":"BE171*CI$24","v":1},{"$f":"BE171*CI$41","v":1},1,1,1,1,1]
[null,null,null,null,null,null,null,null,null,null,null,null,null,null,null,null,null,null,null,null,null,null,null,null,null,null,null,null,null,null,null,null,null,null,null,null,null,null,null,null,null,null,null,null,null,null,null,null,null,null,null,null,26,1,null,172,1,null,null,null,null,26,{"$error":"#VALUE!"},{"$f":"$BL$6*BE172*$CI$42","v":{"$error":"#VALUE!"}},0,{"$error":"#VALUE!"},{"$f":"BE172*CI$25","v":1},{"$f":"BE172*CI$42","v":1},1,1,1,1,1]
[null,null,null,null,null,null,null,null,null,null,null,null,null,null,null,null,null,null,null,null,null,null,null,null,null,null,null,null,null,null,null,null,null,null,null,null,null,null,null,null,null,null,null,null,null,null,null,null,null,null,null,null,27,1,null,173,1,null,null,null,null,27,{"$error":"#VALUE!"},{"$f":"$BL$6*BE173*$CI$43","v":{"$error":"#VALUE!"}},0,{"$error":"#VALUE!"},{"$f":"BE173*CI$26","v":1},{"$f":"BE173*CI$43","v":1},1,1,1,1,1]
[null,null,null,null,null,null,null,null,null,null,null,null,null,null,null,null,null,null,null,null,null,null,null,null,null,null,null,null,null,null,null,null,null,null,null,null,null,null,null,null,null,null,null,null,null,null,null,null,null,null,null,null,28,1,null,174,1,null,null,null,null,28,{"$error":"#VALUE!"},{"$f":"$BL$6*BE174*$CI$44","v":{"$error":"#VALUE!"}},0,{"$error":"#VALUE!"},{"$f":"BE174*CI$27","v":1},{"$f":"BE174*CI$44","v":1},1,1,1,1,1]
[null,null,"Cleaning",null,null,null,null,null,null,null,null,null,null,null,null,null,null,null,null,null,null,null,null,null,null,null,null,null,null,null,null,null,null,null,null,null,null,null,null,null,null,null,null,null,null,null,null,null,null,null,null,"Wk 25",1,{"$f":"AK$30","v":1},null,175,1,null,null,null,null,1,{"$f":"$BK$6*BE175*$CF21","v":{"$error":"#VALUE!"}},{"$f":"$BL$6*BE175*$CF$38","v":{"$error":"#VALUE!"}},0,{"$error":"#VALUE!"},{"$f":"BE175*CF$21","v":1},{"$f":"BE175*CF$38","v":1},1,1,1,1,1]
[null,null,"Applications",null,null,"Quantity",null,null,"Freq'cy",null,"Flow","Duration",null,"L/day",null,"m3/yr",null,null,null,null,null,null,null,null,null,null,null,null,null,null,null,null,null,null,null,null,null,null,null,null,null,null,null,null,null,null,null,null,null,null,null,null,2,{"$f":"BB$175","v":1},null,176,1,null,null,null,null,{"$f":"1+BJ175","v":2},{"$error":"#VALUE!"},{"$f":"$BL$6*BE176*$CF$39","v":{"$error":"#VALUE!"}},{"$f":"BM148","v":0},{"$error":"#VALUE!"},{"$f":"BE176*CF$22","v":1},{"$f":"BE176*CF$39","v":1},1,1,1,1,1]
[null,null,"Floor cleaning",null,null,0,null,"m2",1,null,1,1,"time",{"$f":"ROUNDUP(F177*I177*K177*L177,0)","v":0},null,{"$f":"ROUNDUP(N177*(SUM($BZ$188:$CC$194)*13+$BZ$188)/1000,0)","v":0},null,null,null,null,null,null,null,null,null,null,null,null,null,null,null,null,null,null,null,null,null,null,null,null,null,null,null,null,null,null,null,null,null,null,null,null,3,1,null,177,1,null,null,null,null,{"$f":"1+BJ176","v":3},{"$error":"#VALUE!"},{"$f":"$BL$6*BE177*$CF$40","v":{"$error":"#VALUE!"}},0,{"$error":"#VALUE!"},{"$f":"BE177*CF$23","v":1},{"$f":"BE177*CF$40","v":1},1,1,1,1,1]
[null,null,"Common area 1",null,null,0,null,"m2",1,null,1,1,"time",{"$f":"ROUNDUP(F178*I178*K178*L178,0)","v":0},null,{"$f":"ROUNDUP(N178*(SUM($CE$188:$CH$194)*13+$CE$188)/1000,0)","v":0},null,null,null,null,null,null,null,null,null,null,null,null,null,null,null,null,null,null,null,null,null,null,null,null,null,null,null,null,null,null,null,null,null,null,null,null,4,1,null,178,1,null,null,null,null,4,{"$error":"#VALUE!"},{"$f":"$BL$6*BE178*$CF$41","v":{"$error":"#VALUE!"}},0,{"$error":"#VALUE!"},{"$f":"BE178*CF$24","v":1},{"$f":"BE178*CF$41","v":1},1,1,1,1,1]
[null,null,"Common area 2",null,null,0,null,"m2",1,null,1,1,"time",{"$f":"ROUNDUP(F179*I179*K179*L179,0)","v":0},null,{"$f":"ROUNDUP(N179*(SUM($CJ$188:$CM$194)*13+$CJ$188)/1000,0)","v":0},null,null,null,null,null,null,null,null,null,null,null,null,null,null,null,null,null,null,null,null,null,null,null,null,null,null,null,null,null,null,null,null,null,null,null,null,5,1,null,{"$f":"1+BD178","v":179},1,null,null,null,null,5,{"$error":"#VALUE!"},{"$f":"$BL$6*BE179*$CF$42","v":{"$error":"#VALUE!"}},0,{"$error":"#VALUE!"},{"$f":"BE179*CF$25","v":1},{"$f":"BE179*CF$42","v":1},1,1,1,1,1]
[null,null,null,null,null,null,null,null,null,null,null,null,null,null,null,null,null,null,null,null,null,null,null,null,null,null,null,null,null,null,null,null,null,null,null,null,null,null,null,null,null,null,null,null,null,null,null,null,null,null,null,null,6,1,null,180,1,null,null,null,null,6,{"$error":"#VALUE!"},{"$f":"$BL$6*BE180*$CF$43","v":{"$error":"#VALUE!"}},0,{"$error":"#VALUE!"},{"$f":"BE180*CF$26","v":1},{"$f":"BE180*CF$43","v":1},{"$f":"BQ152","v":1},1,1,1,1]
[null,null,null,null,null,null,null,null,null,null,null,null,null,null,null,null,null,null,null,null,null,null,null,null,null,null,null,null,null,null,null,null,null,null,null,null,null,null,null,null,null,null,null,null,null,null,null,null,null,null,null,null,7,1,null,181,1,null,null,null,null,7,{"$error":"#VALUE!"},{"$f":"$BL$6*BE181*$CF$44","v":{"$error":"#VALUE!"}},0,{"$error":"#VALUE!"},{"$f":"BE181*CF$27","v":1},{"$f":"BE181*CF$44","v":1},1,1,1,1,1]
[null,null,null,null,null,null,null,null,{"$f":"C177","v":"Floor cleaning"},null,null,null,null,null,null,{"$f":"C178","v":"Common area 1"},null,null,null,null,null,null,null,null,{"$f":"C179","v":"Common area 2"},null,null,null,null,null,null,null,null,null,null,null,null,null,null,null,null,null,null,null,null,null,null,null,null,null,null,"Wk 26",8,1,null,182,1,null,null,null,null,8,{"$f":"$BK$6*BE182*$CG21","v":{"$error":"#VALUE!"}},{"$f":"$BL$6*BE182*$CG$38","v":{"$error":"#VALUE!"}},0,{"$error":"#VALUE!"},{"$f":"BE182*CG$21","v":1},{"$f":"BE182*CG$38","v":1},1,1,1,1,1]
[null,null,null,null,null,null,null,null,"Week",null,1,2,3,4,null,"Week",null,null,1,2,3,4,null,null,"Week",null,1,2,3,4,null,null,null,null,null,null,null,null,null,null,null,null,null,null,null,null,null,null,null,null,null,null,9,{"$f":"AK$31","v":1},null,183,1,null,null,null,null,9,{"$f":"$BK$6*BE183*$CG22","v":{"$error":"#VALUE!"}},{"$f":"$BL$6*BE183*$CG$39","v":{"$error":"#VALUE!"}},0,{"$error":"#VALUE!"},{"$f":"BE183*CG$22","v":1},{"$f":"BE183*CG$39","v":1},1,1,1,1,1]
[null,null,null,null,null,null,null,null,"Mon",null,1,1,1,1,null,"Mon",null,null,1,1,1,1,null,null,"Mon",null,1,1,1,1,null,null,null,null,null,null,null,null,null,null,null,null,null,null,null,null,null,null,null,null,null,null,10,{"$f":"BB$183","v":1},null,184,1,null,null,null,null,10,{"$error":"#VALUE!"},{"$f":"$BL$6*BE184*$CG$40","v":{"$error":"#VALUE!"}},0,{"$error":"#VALUE!"},{"$f":"BE184*CG$23","v":1},{"$f":"BE184*CG$40","v":1},1,1,1,1,1]
[null,null,null,null,null,null,null,null,"Tue",null,1,1,1,1,null,"Tue",null,null,1,1,1,1,null,null,"Tue",null,1,1,1,1,null,null,null,null,null,null,null,null,null,null,null,null,null,null,null,null,null,null,null,null,null,null,11,1,null,185,1,null,null,null,null,11,{"$error":"#VALUE!"},{"$f":"$BL$6*BE185*$CG$41","v":{"$error":"#VALUE!"}},0,{"$error":"#VALUE!"},{"$f":"BE185*CG$24","v":1},{"$f":"BE185*CG$41","v":1},1,1,1,1,1]
[null,null,null,null,null,null,null,null,"Wed",null,1,1,1,1,null,"Wed",null,null,1,1,1,1,null,null,"Wed",null,1,1,1,1,null,null,null,null,null,null,null,null,null,null,null,null,null,null,null,null,null,null,null,null,null,null,12,1,null,186,1,null,null,null,null,12,{"$error":"#VALUE!"},{"$f":"$BL$6*BE186*$CG$42","v":{"$error":"#VALUE!"}},0,{"$error":"#VALUE!"},{"$f":"BE186*CG$25","v":1},{"$f":"BE186*CG$42","v":1},1,1,1,1,1]
[null,null,null,null,null,null,null,null,"Thu",null,1,1,1,1,null,"Thu",null,null,1,1,1,1,null,null,"Thu",null,1,1,1,1,null,null,null,null,null,null,null,null,null,null,null,null,null,null,null,null,null,null,null,null,null,null,13,1,null,187,1,null,null,null,null,13,{"$error":"#VALUE!"},{"$f":"$BL$6*BE187*$CG$43","v":{"$error":"#VALUE!"}},0,{"$error":"#VALUE!"},{"$f":"BE187*CG$26","v":1},{"$f":"BE187*CG$43","v":1},1,1,1,1,1,null,null,null,null,"Cleaning 1",null,null,null,null,"Cleaning 2",null,null,null,null,"Cleaning 3"]
[null,null,null,null,null,null,null,null,"Fri",null,1,1,1,1,null,"Fri",null,null,1,1,1,1,null,null,"Fri",null,1,1,1,1,null,null,null,null,null,null,null,null,null,null,null,null,null,null,null,null,null,null,null,null,null,null,14,1,null,188,1,null,null,null,null,14,{"$error":"#VALUE!"},{"$f":"$BL$6*BE188*$CG$44","v":{"$error":"#VALUE!"}},0,{"$error":"#VALUE!"},{"$f":"BE188*CG$27","v":1},{"$f":"BE188*CG$44","v":1},1,1,1,1,1,null,null,null,null,{"$f":"INDEX($CP$21:$CP$55,$CE21)","v":1},{"$f":"INDEX($CP$21:$CP$55,$CE21+7)","v":1},{"$f":"INDEX($CP$21:$CP$55,$CE21+14)","v":1},{"$f":"INDEX($CP$21:$CP$55,$CE21+21)","v":1},null,{"$f":"INDEX($CQ$21:$CQ$55,$CE21)","v":1},{"$f":"INDEX($CQ$21:$CQ$55,$CE21+7)","v":1},{"$f":"INDEX($CQ$21:$CQ$55,$CE21+14)","v":1},{"$f":"INDEX($CQ$21:$CQ$55,$CE21+21)","v":1},null,{"$f":"INDEX($CR$21:$CR$55,$CE21)","v":1},{"$f":"INDEX($CR$21:$CR$55,$CE21+7)","v":1},{"$f":"INDEX($CR$21:$CR$55,$CE21+14)","v":1},{"$f":"INDEX($CR$21:$CR$55,$CE21+21)","v":1}]
[null,null,null,null,null,null,null,null,"Sat",null,1,1,1,1,null,"Sat",null,null,1,1,1,1,null,null,"Sat",null,1,1,1,1,null,null,null,null,null,null,null,null,null,null,null,null,null,null,null,null,null,null,null,null,null,"Wk 27",15,1,null,189,1,null,null,null,null,15,{"$f":"$BK$6*BE189*$CH21","v":{"$error":"#VALUE!"}},{"$f":"$BL$6*BE189*$CH$38","v":{"$error":"#VALUE!"}},0,{"$error":"#VALUE!"},{"$f":"BE189*CH$21","v":1},{"$f":"BE189*CH$38","v":1},1,1,1,1,1,null,null,null,null,1,1,1,1,null,1,1,1,1,null,1,1,1,1]
[null,null,null,null,null,null,null,null,"Sun",null,1,1,1,1,null,"Sun",null,null,1,1,1,1,null,null,"Sun",null,1,1,1,1,null,null,null,null,null,null,null,null,null,null,null,null,null,null,null,null,null,null,null,null,null,null,16,{"$f":"AN$6","v":1},null,190,1,null,null,null,null,16,{"$f":"$BK$6*BE190*$CH22","v":{"$error":"#VALUE!"}},{"$f":"$BL$6*BE190*$CH$39","v":{"$error":"#VALUE!"}},0,{"$error":"#VALUE!"},{"$f":"BE190*CH$22","v":1},{"$f":"BE190*CH$39","v":1},1,1,1,1,1,null,null,null,null,1,1,1,1,null,1,1,1,1,null,1,1,1,1]
[null,null,null,null,null,null,null,null,null,null,null,null,null,null,null,null,null,null,null,null,null,null,null,null,null,null,null,null,null,null,null,null,null,null,null,null,null,null,null,null,null,null,null,null,null,null,null,null,null,null,null,null,17,{"$f":"BB$190","v":1},null,191,1,null,null,null,null,17,{"$error":"#VALUE!"},{"$f":"$BL$6*BE191*$CH$40","v":{"$error":"#VALUE!"}},0,{"$error":"#VALUE!"},{"$f":"BE191*CH$23","v":1},{"$f":"BE191*CH$40","v":1},1,1,1,1,1,null,null,null,null,1,1,1,1,null,1,1,1,1,null,1,1,1,1]
[null,null,null,null,null,null,null,null,null,null,null,null,null,null,null,null,null,null,null,null,null,null,null,null,null,null,null,null,null,null,null,null,null,null,null,null,null,null,null,null,null,null,null,null,null,null,null,null,null,null,null,null,18,1,null,192,1,null,null,null,null,18,{"$error":"#VALUE!"},{"$f":"$BL$6*BE192*$CH$41","v":{"$error":"#VALUE!"}},0,{"$error":"#VALUE!"},{"$f":"BE192*CH$24","v":1},{"$f":"BE192*CH$41","v":1},1,1,1,1,1,null,null,null,null,1,1,1,1,null,1,1,1,1,null,1,1,1,1]
[null,null,null,null,null,null,null,null,null,null,null,null,null,null,null,null,null,null,null,null,null,null,null,null,null,null,null,null,null,null,null,null,null,null,null,null,null,null,null,null,null,null,null,null,null,null,null,null,null,null,null,null,19,1,null,193,1,null,null,null,null,19,{"$error":"#VALUE!"},{"$f":"$BL$6*BE193*$CH$42","v":{"$error":"#VALUE!"}},0,{"$error":"#VALUE!"},{"$f":"BE193*CH$25","v":1},{"$f":"BE193*CH$42","v":1},1,1,1,1,1,null,null,null,null,1,1,1,1,null,1,1,1,1,null,1,1,1,1]
[null,null,"Miscellaneous Usage",null,null,null,null,"Baseline",null,null,null,null,null,null,"Design",null,null,null,null,null,null,null,null,null,null,null,null,null,null,null,null,null,null,null,null,null,null,null,null,null,null,null,null,null,null,null,null,null,null,null,null,null,20,1,null,194,1,null,null,null,null,20,{"$error":"#VALUE!"},{"$f":"$BL$6*BE194*$CH$43","v":{"$error":"#VALUE!"}},0,{"$error":"#VALUE!"},{"$f":"BE194*CH$26","v":1},{"$f":"BE194*CH$43","v":1},1,1,1,1,1,null,null,null,null,1,1,1,1,null,1,1,1,1,null,1,1,1,1]
[null,null,null,null,null,"No. of\nrooms/\nperson",null,"Usage",null,null,"Consumption",null,"L/day",null,"Usage",null,null,null,"lb/room\nmeals/rm",null,"L/day",null,null,"Wastewater Recycling",null,null,null,null,null,null,null,null,null,null,null,null,null,null,null,null,null,null,null,null,null,null,null,null,null,null,null,null,21,1,null,195,1,null,null,null,null,21,{"$error":"#VALUE!"},{"$f":"$BL$6*BE195*$CH$44","v":{"$error":"#VALUE!"}},0,{"$error":"#VALUE!"},{"$f":"BE195*CH$27","v":1},{"$f":"BE195*CH$44","v":1},1,1,1,1,1]
[null,null,null,null,null,null,null,null,null,null,null,null,null,null,null,null,null,null,null,null,null,null,null,null,null,null,null,null,null,null,null,null,null,null,null,null,null,null,null,null,null,null,null,null,null,null,null,null,null,null,null,"Wk 28",22,1,null,196,1,null,null,null,null,22,{"$f":"$BK$6*BE196*$CI21","v":{"$error":"#VALUE!"}},{"$f":"$BL$6*BE196*$CI$38","v":{"$error":"#VALUE!"}},0,{"$error":"#VALUE!"},{"$f":"BE196*CI$21","v":1},{"$f":"BE196*CI$38","v":1},{"$f":"BQ168","v":1},1,1,1,1]
[null,null,null,null,null,null,null,null,null,null,null,null,null,null,null,null,null,null,null,null,null,null,null,null,null,null,null,null,null,null,null,null,null,null,null,null,null,null,null,null,null,null,null,null,null,null,null,null,null,null,null,null,23,{"$f":"AN$7","v":1},null,197,1,null,null,null,null,23,{"$f":"$BK$6*BE197*$CI22","v":{"$error":"#VALUE!"}},{"$f":"$BL$6*BE197*$CI$39","v":{"$error":"#VALUE!"}},0,{"$error":"#VALUE!"},{"$f":"BE197*CI$22","v":1},{"$f":"BE197*CI$39","v":1},1,1,1,1,1]
[null,null,"Hotel/Non-residential",null,null,null,null,"L/kg\nL/meal",null,null,"kg/room\nmeals/rm",null,null,null,"L/kg\nL/meal",null,null,null,"kg/room\nmeals/rm",null,null,null,null,null,"Fittings Discharge Selection for Wastewater Recycling",null,null,null,null,null,null,null,null,null,null,null,null,null,null,null,null,null,null,null,null,null,null,null,null,null,null,null,24,{"$f":"BB$197","v":1},null,198,1,null,null,null,null,24,{"$error":"#VALUE!"},{"$f":"$BL$6*BE198*$CI$40","v":{"$error":"#VALUE!"}},0,{"$error":"#VALUE!"},{"$f":"BE198*CI$23","v":1},{"$f":"BE198*CI$40","v":1},1,1,1,1,1]
[null,null,"Laundry",null,null,0,null,21,null,null,3.63,null,{"$f":"ROUND(F199*H199*K199,0)","v":0},null,14.5,null,null,null,3.63,null,{"$f":"ROUND(F199*O199*S199,0)","v":0},null,null,0,null,null,null,null,null,null,null,null,null,null,null,null,null,null,null,null,null,null,null,null,null,null,null,null,null,null,null,null,25,1,null,199,{"$f":"IF($AN$4,INDEX(BB$7:BB$378,$BD199),1)","v":1},null,null,null,null,25,{"$error":"#VALUE!"},{"$f":"$BL$6*BE199*$CI$41","v":{"$error":"#VALUE!"}},0,{"$error":"#VALUE!"},{"$f":"BE199*CI$24","v":1},{"$f":"BE199*CI$41","v":1},1,1,1,1,1]
[null,null,"Kitchen 1",null,null,null,null,"L/meal\nL/meal",null,null,"meals/room\nmeals/rm",null,null,null,"L/meal\nL/meal",null,null,null,"meals/room\nmeals/rm",null,null,null,null,null,null,null,null,null,null,null,null,null,null,null,null,null,null,null,null,null,null,null,null,null,null,null,null,null,null,null,null,null,26,1,null,200,1,null,null,null,null,26,{"$error":"#VALUE!"},{"$f":"$BL$6*BE200*$CI$42","v":{"$error":"#VALUE!"}},0,{"$error":"#VALUE!"},{"$f":"BE200*CI$25","v":1},{"$f":"BE200*CI$42","v":1},1,1,1,1,1]
[null,null,null,null,null,0,null,30,null,null,2.2000000000000002,null,{"$f":"ROUND(F201*H201*K201,0)","v":0},null,30,null,null,null,2.2000000000000002,null,{"$f":"ROUND(F201*O201*S201,0)","v":0},null,null,null,null,null,null,null,null,null,null,null,null,null,null,null,null,null,null,null,null,null,null,null,null,null,null,null,null,null,null,null,27,1,null,201,1,null,null,null,null,27,{"$error":"#VALUE!"},{"$f":"$BL$6*BE201*$CI$43","v":{"$error":"#VALUE!"}},0,{"$f":"ROUNDDOWN(SUM(BK201:BM201),0)","v":{"$error":"#VALUE!"}},{"$f":"BE201*CI$26","v":1},{"$f":"BE201*CI$43","v":1},1,1,1,1,1,null,null,null,"Waste water recycling"]
[null,null,"Kitchen 2",null,null,null,null,"L/meal\nL/meal",null,null,"meals/person\nmeals/rm",null,null,null,"L/meal\nL/meal",null,null,null,"meals/person\nmeals/rm",null,null,null,null,null,null,null,null,null,null,null,null,null,null,null,null,null,null,null,null,null,null,null,null,null,null,null,null,null,null,null,null,null,28,1,null,202,1,null,null,null,null,28,{"$error":"#VALUE!"},{"$f":"$BL$6*BE202*$CI$44","v":{"$error":"#VALUE!"}},0,{"$error":"#VALUE!"},{"$f":"BE202*CI$27","v":1},{"$f":"BE202*CI$44","v":1},1,1,1,1,1]
[null,null,null,null,null,null,null,30,null,null,1,null,{"$f":"ROUND(F203*H203*K203,0)","v":0},null,30,null,null,null,1,null,{"$f":"ROUND(F203*O203*S203,0)","v":0},null,null,null,null,null,null,null,null,null,null,null,null,null,null,null,null,null,null,null,null,null,null,null,null,null,null,null,null,null,null,"Wk 29",1,1,null,203,1,null,null,null,null,1,{"$f":"$BK$6*BE203*$CF21","v":{"$error":"#VALUE!"}},{"$f":"$BL$6*BE203*$CF$38","v":{"$error":"#VALUE!"}},0,{"$error":"#VALUE!"},{"$f":"BE203*CF$21","v":1},{"$f":"BE203*CF$38","v":1},1,1,1,1,1,null,null,null,"Residence",{"$f":"ROUNDDOWN(SUM(SUM($AA81,$AA82)*$AC81,SUM($AA83,$AA84)*$AC83,$AA85*$AC85,$AA86*$AC86,SUM($AA87,$AA96)*$AC87,$AA88*$AC88,$AA89*$AC89,SUM($AA90,$AA97)*$AC90,$AA91*$AC91),0)","v":{"$error":"#VALUE!"}},null,null,null,"Laundry",{"$f":"IF(X199,U199,0)","v":0}]
[null,null,"Kitchen usage",null,null,null,null,null,null,null,null,null,{"$f":"SUM(M201,M203)","v":0},null,null,null,null,null,null,null,{"$f":"SUM(U201,U203)","v":0},null,null,null,null,null,null,null,null,null,null,null,null,null,null,null,null,null,null,null,null,null,null,null,null,null,null,null,null,null,null,null,2,{"$f":"AN$8","v":1},null,204,1,null,null,null,null,{"$f":"1+BJ203","v":2},{"$f":"$BK$6*BE204*$CF22","v":{"$error":"#VALUE!"}},{"$f":"$BL$6*BE204*$CF$39","v":{"$error":"#VALUE!"}},{"$f":"BM176","v":0},{"$error":"#VALUE!"},{"$f":"BE204*CF$22","v":1},{"$f":"BE204*CF$39","v":1},1,1,1,1,1,null,null,null,null,{"$f":"$BZ$203*CF21","v":{"$error":"#VALUE!"}},{"$error":"#VALUE!"},{"$error":"#VALUE!"},{"$error":"#VALUE!"},null,{"$f":"$CE$203*CJ214","v":0},{"$f":"$CE$203*CK214","v":0},0,0]
[null,null,"Residential",null,null,null,null,null,null,null,"L/day",null,null,null,null,null,null,null,"L/day",null,null,null,null,null,null,null,null,null,null,null,null,null,null,null,null,null,null,null,null,null,null,null,null,null,null,null,null,null,null,null,null,null,3,{"$f":"BB$204","v":1},null,205,1,null,null,null,null,{"$f":"1+BJ204","v":3},{"$error":"#VALUE!"},{"$f":"$BL$6*BE205*$CF$40","v":{"$error":"#VALUE!"}},0,{"$error":"#VALUE!"},{"$f":"BE205*CF$23","v":1},{"$f":"BE205*CF$40","v":1},1,1,1,1,1,null,null,null,null,{"$error":"#VALUE!"},{"$error":"#VALUE!"},{"$error":"#VALUE!"},{"$error":"#VALUE!"},null,{"$f":"$CE$203*CJ215","v":0},0,0,0]
[null,null,"Laundry",null,null,{"$f":"IF(F7=\"single dwelling\",G11,0)","v":0},null,{"$f":"IF(F7=\"single dwelling\",1,0)","v":0},null,null,45,null,{"$f":"ROUND(F206*H206*K206,0)","v":0},null,{"$f":"H206","v":0},null,null,null,45,null,{"$f":"ROUND(F206*H206*S206,0)","v":0},null,null,0,null,null,null,null,null,null,null,null,null,null,null,null,null,null,null,null,null,null,null,null,null,null,null,null,null,null,null,null,4,1,null,206,1,null,null,null,null,4,{"$error":"#VALUE!"},{"$f":"$BL$6*BE206*$CF$41","v":{"$error":"#VALUE!"}},0,{"$error":"#VALUE!"},{"$f":"BE206*CF$24","v":1},{"$f":"BE206*CF$41","v":1},1,1,1,1,1,null,null,null,null,{"$error":"#VALUE!"},{"$error":"#VALUE!"},{"$error":"#VALUE!"},{"$error":"#VALUE!"},null,0,0,0,0]
[null,null,"Cooking",null,null,{"$f":"F206","v":0},null,{"$f":"H206","v":0},null,null,10,null,{"$f":"ROUND(F207*H207*K207,0)","v":0},null,{"$f":"K24","v":0},null,null,null,10,null,{"$f":"ROUND(F207*H207*S207,0)","v":0},null,null,null,null,null,null,null,null,null,null,null,null,null,null,null,null,null,null,null,null,null,null,null,null,null,null,null,null,null,null,null,5,1,null,207,1,null,null,null,null,5,{"$error":"#VALUE!"},{"$f":"$BL$6*BE207*$CF$42","v":{"$error":"#VALUE!"}},0,{"$error":"#VALUE!"},{"$f":"BE207*CF$25","v":1},{"$f":"BE207*CF$42","v":1},1,1,1,1,1,null,null,null,null,{"$error":"#VALUE!"},{"$error":"#VALUE!"},{"$error":"#VALUE!"},{"$error":"#VALUE!"},null,0,0,0,0]
[null,null,null,null,null,null,null,null,null,null,null,null,null,null,null,null,null,null,null,null,null,null,null,null,null,null,null,null,null,null,null,null,null,null,null,null,null,null,null,null,null,null,null,null,null,null,null,null,null,null,null,null,6,1,null,208,1,null,null,null,null,6,{"$error":"#VALUE!"},{"$f":"$BL$6*BE208*$CF$43","v":{"$error":"#VALUE!"}},0,{"$error":"#VALUE!"},{"$f":"BE208*CF$26","v":1},{"$f":"BE208*CF$43","v":1},1,1,1,1,1,null,null,null,null,{"$error":"#VALUE!"},{"$error":"#VALUE!"},{"$error":"#VALUE!"},{"$error":"#VALUE!"},null,0,0,0,0]
[null,null,null,null,null,null,null,null,{"$f":"C199","v":"Laundry"},null,null,null,null,null,null,{"$f":"C204","v":"Kitchen usage"},null,null,null,null,null,null,null,null,null,null,null,null,null,null,null,null,null,null,null,null,null,null,null,null,null,null,null,null,null,null,null,null,null,null,null,null,7,1,null,209,1,null,null,null,null,7,{"$error":"#VALUE!"},{"$f":"$BL$6*BE209*$CF$44","v":{"$error":"#VALUE!"}},0,{"$error":"#VALUE!"},{"$f":"BE209*CF$27","v":1},{"$f":"BE209*CF$44","v":1},1,1,1,1,1,null,null,null,null,{"$error":"#VALUE!"},{"$error":"#VALUE!"},{"$error":"#VALUE!"},{"$error":"#VALUE!"},null,0,0,0,0]
[null,null,null,null,null,null,null,null,"Week",null,1,2,3,4,null,"Week",null,null,1,2,3,4,null,null,null,null,null,null,null,null,null,null,null,null,null,null,null,null,null,null,null,null,null,null,null,null,null,null,null,null,null,"Wk 30",8,1,null,210,1,null,null,null,null,8,{"$f":"$BK$6*BE210*$CG21","v":{"$error":"#VALUE!"}},{"$f":"$BL$6*BE210*$CG$38","v":{"$error":"#VALUE!"}},0,{"$error":"#VALUE!"},{"$f":"BE210*CG$21","v":1},{"$f":"BE210*CG$38","v":1},1,1,1,1,1,null,null,null,null,{"$error":"#VALUE!"},{"$error":"#VALUE!"},{"$error":"#VALUE!"},{"$error":"#VALUE!"},null,0,0,0,0]
[null,null,null,null,null,null,null,null,"Mon",null,1,1,1,1,null,"Mon",null,null,1,1,1,1,null,null,null,null,null,null,null,null,null,null,null,null,null,null,null,null,null,null,null,null,null,null,null,null,null,null,null,null,null,null,9,{"$f":"AN$9","v":1},null,211,1,null,null,null,null,9,{"$f":"$BK$6*BE211*$CG22","v":{"$error":"#VALUE!"}},{"$f":"$BL$6*BE211*$CG$39","v":{"$error":"#VALUE!"}},0,{"$error":"#VALUE!"},{"$f":"BE211*CG$22","v":1},{"$f":"BE211*CG$39","v":1},1,1,1,1,1,null,null,null,"Staff",{"$f":"ROUNDDOWN(SUM(SUM($AA103,$AA104)*$AC103,SUM($AA105,$AA106)*$AC105,$AA107*$AC107,$AA108*$AC108,SUM($AA109,$AA117)*$AC109,$AA110*$AC110,$AA111*$AC111,SUM($AA112,$AA118)*$AC112),0)","v":{"$error":"#VALUE!"}},null,null,null,"Kitchen",{"$f":"IF(X204,U204,0)","v":0}]
[null,null,null,null,null,null,null,null,"Tue",null,1,1,1,1,null,"Tue",null,null,1,1,1,1,null,null,null,null,null,null,null,null,null,null,null,null,null,null,null,null,null,null,null,null,null,null,null,null,"Annual Consumption","Baseline","Design",null,null,null,10,{"$f":"BB$211","v":1},null,212,1,null,null,null,null,10,{"$error":"#VALUE!"},{"$f":"$BL$6*BE212*$CG$40","v":{"$error":"#VALUE!"}},0,{"$error":"#VALUE!"},{"$f":"BE212*CG$23","v":1},{"$f":"BE212*CG$40","v":1},{"$f":"BQ184","v":1},1,1,1,1,null,null,null,null,{"$f":"$BZ$211*CF38","v":{"$error":"#VALUE!"}},{"$error":"#VALUE!"},{"$error":"#VALUE!"},{"$error":"#VALUE!"},null,{"$f":"$CE$211*CO214","v":0},{"$f":"$CE$211*CP214","v":0},0,0]
[null,null,null,null,null,null,null,null,"Wed",null,1,1,1,1,null,"Wed",null,null,1,1,1,1,null,null,null,null,null,null,null,null,null,null,null,null,null,null,null,null,null,null,null,null,null,null,null,null,null,"m3/yr","m3/yr",null,null,null,11,1,null,213,1,null,null,null,null,11,{"$error":"#VALUE!"},{"$f":"$BL$6*BE213*$CG$41","v":{"$error":"#VALUE!"}},0,{"$error":"#VALUE!"},{"$f":"BE213*CG$24","v":1},{"$f":"BE213*CG$41","v":1},1,1,1,1,1,null,null,null,null,{"$error":"#VALUE!"},{"$error":"#VALUE!"},{"$error":"#VALUE!"},{"$error":"#VALUE!"},null,{"$f":"$CE$211*CO215","v":0},0,0,0]
[null,null,null,null,null,null,null,null,"Thu",null,1,1,1,1,null,"Thu",null,null,1,1,1,1,null,null,null,null,null,null,null,null,null,null,null,null,null,null,null,null,null,null,null,null,null,null,null,null,"Hotel/Non-residential",null,null,null,null,null,12,1,null,214,1,null,null,null,null,12,{"$error":"#VALUE!"},{"$f":"$BL$6*BE214*$CG$42","v":{"$error":"#VALUE!"}},0,{"$error":"#VALUE!"},{"$f":"BE214*CG$25","v":1},{"$f":"BE214*CG$42","v":1},1,1,1,1,1,null,null,null,null,{"$error":"#VALUE!"},{"$error":"#VALUE!"},{"$error":"#VALUE!"},{"$error":"#VALUE!"},null,0,0,0,0,null,{"$f":"INDEX($CS$21:$CS$55,$CE21)","v":1},{"$f":"INDEX($CS$21:$CS$55,$CE21+7)","v":1},{"$f":"INDEX($CS$21:$CS$55,$CE21+14)","v":1},{"$f":"INDEX($CS$21:$CS$55,$CE21+21)","v":1},null,{"$f":"INDEX($CT$21:$CT$55,$CE21)","v":1},{"$f":"INDEX($CT$21:$CT$55,$CE21+7)","v":1},{"$f":"INDEX($CT$21:$CT$55,$CE21+14)","v":1},{"$f":"INDEX($CT$21:$CT$55,$CE21+21)","v":1}]
[null,null,null,null,null,null,null,null,"Fri",null,1,1,1,1,null,"Fri",null,null,1,1,1,1,null,null,null,null,null,null,null,null,null,null,null,null,null,null,null,null,null,null,null,null,null,null,null,null,"Laundry",{"$f":"ROUNDUP(M199*(SUM($CJ$214:$CM$220)*13+$CJ$214)/1000,0)","v":0},{"$f":"ROUND(U199*(SUM($CJ$214:$CM$220)*13+$CJ$214)/1000,1)","v":0},null,null,null,13,1,null,215,1,null,null,null,null,13,{"$error":"#VALUE!"},{"$f":"$BL$6*BE215*$CG$43","v":{"$error":"#VALUE!"}},0,{"$error":"#VALUE!"},{"$f":"BE215*CG$26","v":1},{"$f":"BE215*CG$43","v":1},1,1,1,1,1,null,null,null,null,{"$error":"#VALUE!"},{"$error":"#VALUE!"},{"$error":"#VALUE!"},{"$error":"#VALUE!"},null,0,0,0,0,null,1,1,1,1,null,1,1,1,1]
[null,null,null,null,null,null,null,null,"Sat",null,1,1,1,1,null,"Sat",null,null,1,1,1,1,null,null,null,null,null,null,null,null,null,null,null,null,null,null,null,null,null,null,null,null,null,null,null,null,"Kitchen",{"$f":"ROUNDUP(M204*(SUM($CO$214:$CR$220)*13+$CO$214)/1000,0)","v":0},{"$f":"ROUND(U204*(SUM($CO$214:$CR$220)*13+$CO$214)/1000,1)","v":0},null,null,null,14,1,null,216,1,null,null,null,null,14,{"$error":"#VALUE!"},{"$f":"$BL$6*BE216*$CG$44","v":{"$error":"#VALUE!"}},0,{"$error":"#VALUE!"},{"$f":"BE216*CG$27","v":1},{"$f":"BE216*CG$44","v":1},1,1,1,1,1,null,null,null,null,{"$error":"#VALUE!"},{"$error":"#VALUE!"},{"$error":"#VALUE!"},{"$error":"#VALUE!"},null,0,0,0,0,null,1,1,1,1,null,1,1,1,1]
[null,null,null,null,null,null,null,null,"Sun",null,1,1,1,1,null,"Sun",null,null,1,1,1,1,null,null,null,null,null,null,null,null,null,null,null,null,null,null,null,null,null,null,null,null,null,null,null,null,"Residential",null,null,null,null,"Wk 31",15,1,null,217,1,null,null,null,null,15,{"$f":"$BK$6*BE217*$CH21","v":{"$error":"#VALUE!"}},{"$f":"$BL$6*BE217*$CH$38","v":{"$error":"#VALUE!"}},0,{"$error":"#VALUE!"},{"$f":"BE217*CH$21","v":1},{"$f":"BE217*CH$38","v":1},1,1,1,1,1,null,null,null,null,{"$error":"#VALUE!"},{"$error":"#VALUE!"},{"$error":"#VALUE!"},{"$error":"#VALUE!"},null,0,0,0,0,null,1,1,1,1,null,1,1,1,1]
[null,null,null,null,null,null,null,null,null,null,null,null,null,null,null,null,null,null,null,null,null,null,null,null,null,null,null,null,null,null,null,null,null,null,null,null,null,null,null,null,null,null,null,null,null,null,"Laundry",{"$f":"ROUNDUP(M206*(SUM($CJ$214:$CM$220)*13+$CJ$214)/1000,0)","v":0},{"$f":"ROUNDUP(U206*(SUM($CJ$214:$CM$220)*13+$CJ$214)/1000,0)","v":0},null,null,null,16,{"$f":"AN$10","v":1},null,218,1,null,null,null,null,16,{"$f":"$BK$6*BE218*$CH22","v":{"$error":"#VALUE!"}},{"$f":"$BL$6*BE218*$CH$39","v":{"$error":"#VALUE!"}},0,{"$error":"#VALUE!"},{"$f":"BE218*CH$22","v":1},{"$f":"BE218*CH$39","v":1},1,1,1,1,1,null,null,null,null,{"$error":"#VALUE!"},{"$error":"#VALUE!"},{"$error":"#VALUE!"},{"$error":"#VALUE!"},null,0,0,0,0,null,1,1,1,1,null,1,1,1,1]
[null,null,null,null,null,null,null,null,null,null,null,null,null,null,null,null,null,null,null,null,null,null,null,null,null,null,null,null,null,null,null,null,null,null,null,null,null,null,null,null,null,null,null,null,null,null,"Cooking",{"$f":"ROUNDUP(M207*(SUM($CO$214:$CR$220)*13+$CO$214)/1000,0)","v":0},{"$f":"ROUNDUP(U207*(SUM($CO$214:$CR$220)*13+$CO$214)/1000,0)","v":0},null,null,null,17,{"$f":"BB$218","v":1},null,219,1,null,null,null,null,17,{"$error":"#VALUE!"},{"$f":"$BL$6*BE219*$CH$40","v":{"$error":"#VALUE!"}},0,{"$error":"#VALUE!"},{"$f":"BE219*CH$23","v":1},{"$f":"BE219*CH$40","v":1},1,1,1,1,1,null,null,null,"Others",{"$f":"ROUNDDOWN(SUM(SUM($AA126,$AA127)*$AC126,SUM($AA128,$AA129)*$AC128,$AA130*$AC130,$AA131*$AC131,SUM($AA132,$AA140)*$AC132,$AA133*$AC133,$AA134*$AC134,SUM($AA135,$AA141)*$AC135)/100,0)","v":0},null,null,null,"Laundry",{"$f":"IF(X206,U206,0)","v":0},null,null,null,null,1,1,1,1,null,1,1,1,1]
[null,null,null,null,null,null,null,null,null,null,null,null,null,null,null,null,null,null,null,null,null,null,null,null,null,null,null,null,null,null,null,null,null,null,null,null,null,null,null,null,null,null,null,null,null,null,null,null,null,null,null,null,18,1,null,220,1,null,null,null,null,18,{"$error":"#VALUE!"},{"$f":"$BL$6*BE220*$CH$41","v":{"$error":"#VALUE!"}},0,{"$error":"#VALUE!"},{"$f":"BE220*CH$24","v":1},{"$f":"BE220*CH$41","v":1},1,1,1,1,1,null,null,null,null,{"$f":"$BZ$219*CF49","v":0},0,0,0,null,{"$f":"$CE$219*CJ214","v":0},{"$f":"$CE$219*CK214","v":0},0,0,null,1,1,1,1,null,1,1,1,1]
[null,null,null,null,null,null,null,null,null,null,null,null,null,null,null,null,null,null,null,null,null,null,null,null,null,null,null,null,null,null,null,null,null,null,null,null,null,null,null,null,null,null,null,null,null,null,null,null,null,null,null,null,19,1,null,221,1,null,null,null,null,19,{"$error":"#VALUE!"},{"$f":"$BL$6*BE221*$CH$42","v":{"$error":"#VALUE!"}},0,{"$error":"#VALUE!"},{"$f":"BE221*CH$25","v":1},{"$f":"BE221*CH$42","v":1},1,1,1,1,1,null,null,null,null,0,0,0,0,null,{"$f":"$CE$219*CJ215","v":0},0,0,0]
[null,null,null,null,null,null,null,null,null,null,null,null,null,null,null,null,null,null,null,null,null,null,null,null,null,null,null,null,null,null,null,null,null,null,null,null,null,null,null,null,null,null,null,null,null,null,null,null,null,null,null,null,20,1,null,222,1,null,null,null,null,20,{"$error":"#VALUE!"},{"$f":"$BL$6*BE222*$CH$43","v":{"$error":"#VALUE!"}},0,{"$error":"#VALUE!"},{"$f":"BE222*CH$26","v":1},{"$f":"BE222*CH$43","v":1},1,1,1,1,1,null,null,null,null,0,0,0,0,null,0,0,0,0]
[null,null,null,null,null,null,null,null,null,null,null,null,null,null,null,null,null,null,null,null,null,null,null,null,null,null,null,null,null,null,null,null,null,null,null,null,null,null,null,null,null,null,null,null,null,null,null,null,null,null,null,null,21,1,null,223,1,null,null,null,null,21,{"$error":"#VALUE!"},{"$f":"$BL$6*BE223*$CH$44","v":{"$error":"#VALUE!"}},0,{"$error":"#VALUE!"},{"$f":"BE223*CH$27","v":1},{"$f":"BE223*CH$44","v":1},1,1,1,1,1,null,null,null,null,0,0,0,0,null,0,0,0,0]
[null,null,null,null,null,null,null,null,null,null,null,null,null,null,null,null,null,null,null,null,null,null,null,null,null,null,null,null,null,null,null,null,null,null,null,null,null,null,null,null,null,null,null,null,null,null,null,null,null,null,null,"Wk 32",22,1,null,224,1,null,null,null,null,22,{"$f":"$BK$6*BE224*$CI21","v":{"$error":"#VALUE!"}},{"$f":"$BL$6*BE224*$CI$38","v":{"$error":"#VALUE!"}},0,{"$error":"#VALUE!"},{"$f":"BE224*CI$21","v":1},{"$f":"BE224*CI$38","v":1},1,1,1,1,1,null,null,null,null,0,0,0,0,null,0,0,0,0]
[null,null,null,null,null,null,null,null,null,null,null,null,null,null,null,null,null,null,null,null,null,null,null,null,null,null,null,null,null,null,null,null,null,null,null,null,null,null,null,null,null,null,null,null,null,null,null,null,null,null,null,null,23,{"$f":"AN$11","v":1},null,225,1,null,null,null,null,23,{"$f":"$BK$6*BE225*$CI22","v":{"$error":"#VALUE!"}},{"$f":"$BL$6*BE225*$CI$39","v":{"$error":"#VALUE!"}},0,{"$error":"#VALUE!"},{"$f":"BE225*CI$22","v":1},{"$f":"BE225*CI$39","v":1},1,1,1,1,1,null,null,null,null,0,0,0,0,null,0,0,0,0]
[null,null,null,null,null,null,null,null,null,null,null,null,null,null,null,null,null,null,null,null,null,null,null,null,null,null,null,null,null,null,null,null,null,null,null,null,null,null,null,null,null,null,null,null,null,null,null,null,null,null,null,null,24,{"$f":"BB$225","v":1},null,226,1,null,null,null,null,24,{"$error":"#VALUE!"},{"$f":"$BL$6*BE226*$CI$40","v":{"$error":"#VALUE!"}},0,{"$error":"#VALUE!"},{"$f":"BE226*CI$23","v":1},{"$f":"BE226*CI$40","v":1},1,1,1,1,1,null,null,null,null,0,0,0,0,null,0,0,0,0]
[null,null,null,null,null,null,null,null,null,null,null,null,null,null,null,null,null,null,null,null,null,null,null,null,null,null,null,null,null,null,null,null,null,null,null,null,null,null,null,null,null,null,null,null,null,null,null,null,null,null,null,null,25,1,null,227,1,null,null,null,null,25,{"$error":"#VALUE!"},{"$f":"$BL$6*BE227*$CI$41","v":{"$error":"#VALUE!"}},0,{"$error":"#VALUE!"},{"$f":"BE227*CI$24","v":1},{"$f":"BE227*CI$41","v":1},1,1,1,1,1,null,null,null,"Misc",{"$f":"ROUNDDOWN(SUM(SUM($AA147,$AA148)*$AE151,SUM($AA149,$AA150)*$AE153,$AA151*$AE155,$AA152*$AE156,SUM($AA153,$AA162)*$AE157,$AA154*$AE158,$AA155*$AE159,SUM($AA156,$AA163)*$AE160,$AA157*$AE161),0)","v":0},null,null,null,"Cooking",{"$f":"IF(X207,U207,0)","v":0}]
[null,null,null,null,null,null,null,null,null,null,null,null,null,null,null,null,null,null,null,null,null,null,null,null,null,null,null,null,null,null,null,null,null,null,null,null,null,null,null,null,null,null,null,null,null,null,null,null,null,null,null,null,{"$f":"BA200","v":26},1,null,228,1,null,null,null,null,26,{"$error":"#VALUE!"},{"$f":"$BL$6*BE228*$CI$42","v":{"$error":"#VALUE!"}},0,{"$error":"#VALUE!"},{"$f":"BE228*CI$25","v":1},{"$f":"BE228*CI$42","v":1},{"$f":"BQ200","v":1},1,1,1,1,null,null,null,null,{"$f":"BZ227*CF62","v":0},0,0,0,null,{"$f":"$CE$227*CO214","v":0},{"$f":"$CE$227*CP214","v":0},0,0]
[null,null,null,null,null,null,null,null,null,null,null,null,null,null,null,null,null,null,null,null,null,null,null,null,null,null,null,null,null,null,null,null,null,null,null,null,null,null,null,null,null,null,null,null,null,null,null,null,null,null,null,null,27,1,null,229,1,null,null,null,null,27,{"$error":"#VALUE!"},{"$f":"$BL$6*BE229*$CI$43","v":{"$error":"#VALUE!"}},0,{"$error":"#VALUE!"},{"$f":"BE229*CI$26","v":1},{"$f":"BE229*CI$43","v":1},1,1,1,1,1,null,null,null,null,0,0,0,0,null,{"$f":"$CE$227*CO215","v":0},0,0,0]
[null,null,null,null,null,null,null,null,null,null,null,null,null,null,null,null,null,null,null,null,null,null,null,null,null,null,null,null,null,null,null,null,null,null,null,null,null,null,null,null,null,null,null,null,null,null,null,null,null,null,null,null,28,1,null,230,1,null,null,null,null,28,{"$error":"#VALUE!"},{"$f":"$BL$6*BE230*$CI$44","v":{"$error":"#VALUE!"}},0,{"$error":"#VALUE!"},{"$f":"BE230*CI$27","v":1},{"$f":"BE230*CI$44","v":1},1,1,1,1,1,null,null,null,null,0,0,0,0,null,0,0,0,0]
[null,null,null,null,null,null,null,null,null,null,null,null,null,null,null,null,null,null,null,null,null,null,null,null,null,null,null,null,null,null,null,null,null,null,null,null,null,null,null,null,null,null,null,null,null,null,null,null,null,null,null,"Wk 33",1,1,null,231,1,null,null,null,null,1,{"$f":"$BK$6*BE231*$CF21","v":{"$error":"#VALUE!"}},{"$f":"$BL$6*BE231*$CF$38","v":{"$error":"#VALUE!"}},0,{"$error":"#VALUE!"},{"$f":"BE231*CF$21","v":1},{"$f":"BE231*CF$38","v":1},1,1,1,1,1,null,null,null,null,0,0,0,0,null,0,0,0,0]
[null,null,null,null,null,null,null,null,null,null,null,null,null,null,null,null,null,null,null,null,null,null,null,null,null,null,null,null,null,null,null,null,null,null,null,null,null,null,null,null,null,null,null,null,null,null,null,null,null,null,null,null,2,{"$f":"AN$12","v":1},null,232,1,null,null,null,null,2,{"$f":"$BK$6*BE232*$CF22","v":{"$error":"#VALUE!"}},{"$f":"$BL$6*BE232*$CF$39","v":{"$error":"#VALUE!"}},0,{"$error":"#VALUE!"},{"$f":"BE232*CF$22","v":1},{"$f":"BE232*CF$39","v":1},1,1,1,1,1,null,null,null,null,0,0,0,0,null,0,0,0,0]
[null,null,null,null,null,null,null,null,null,null,null,null,null,null,null,null,null,null,null,null,null,null,null,null,null,null,null,null,null,null,null,null,null,null,null,null,null,null,null,null,null,null,null,null,null,null,null,null,null,null,null,null,3,{"$f":"BB$232","v":1},null,233,1,null,null,null,null,3,{"$error":"#VALUE!"},{"$f":"$BL$6*BE233*$CF$40","v":{"$error":"#VALUE!"}},0,{"$error":"#VALUE!"},{"$f":"BE233*CF$23","v":1},{"$f":"BE233*CF$40","v":1},1,1,1,1,1,null,null,null,null,0,0,0,0,null,0,0,0,0]
[null,null,null,null,null,null,null,null,null,null,null,null,null,null,null,null,null,null,null,null,null,null,null,null,null,null,null,null,null,null,null,null,null,null,null,null,null,null,null,null,null,null,null,null,null,null,null,null,null,null,null,null,4,1,null,234,1,null,null,null,null,4,{"$error":"#VALUE!"},{"$f":"$BL$6*BE234*$CF$41","v":{"$error":"#VALUE!"}},0,{"$error":"#VALUE!"},{"$f":"BE234*CF$24","v":1},{"$f":"BE234*CF$41","v":1},1,1,1,1,1,null,null,null,null,0,0,0,0,null,0,0,0,0]
[null,null,null,null,null,null,null,null,null,null,null,null,null,null,null,null,null,null,null,null,null,null,null,null,null,null,null,null,null,null,null,null,null,null,null,null,null,null,null,null,null,null,null,null,null,null,null,null,null,null,null,null,5,1,null,235,1,null,null,null,null,5,{"$error":"#VALUE!"},{"$f":"$BL$6*BE235*$CF$42","v":{"$error":"#VALUE!"}},0,{"$error":"#VALUE!"},{"$f":"BE235*CF$25","v":1},{"$f":"BE235*CF$42","v":1},1,1,1,1,1,null,null,null,null,0,0,0,0]
[null,null,null,null,null,null,null,null,null,null,null,null,null,null,null,null,null,null,null,null,null,null,null,null,null,null,null,null,null,null,null,null,null,null,null,null,null,null,null,null,null,null,null,null,null,null,null,null,null,null,null,null,6,1,null,236,1,null,null,null,null,6,{"$error":"#VALUE!"},{"$f":"$BL$6*BE236*$CF$43","v":{"$error":"#VALUE!"}},0,{"$error":"#VALUE!"},{"$f":"BE236*CF$26","v":1},{"$f":"BE236*CF$43","v":1},1,1,1,1,1,null,null,null,"Total",{"$f":"ROUNDDOWN(SUM(BZ203,BZ211,BZ219,BZ227,CE203,CE211,CE219,CE227),0)","v":{"$error":"#VALUE!"}}]
[null,null,null,null,null,null,null,null,null,null,null,null,null,null,null,null,null,null,null,null,null,null,null,null,null,null,null,null,null,null,null,null,null,null,null,null,null,null,null,null,null,null,null,null,null,null,null,null,null,null,null,null,7,1,null,237,1,null,null,null,null,7,{"$error":"#VALUE!"},{"$f":"$BL$6*BE237*$CF$44","v":{"$error":"#VALUE!"}},0,{"$error":"#VALUE!"},{"$f":"BE237*CF$27","v":1},{"$f":"BE237*CF$44","v":1},1,1,1,1,1,null,null,null,null,{"$f":"ROUNDDOWN(SUM(BZ204,BZ212,BZ220,BZ228,CE204,CE212,CE220,CE228),0)","v":{"$error":"#VALUE!"}},{"$f":"ROUNDDOWN(SUM(CA204,CA212,CA220,CA228,CF204,CF212,CF220,CF228),0)","v":{"$error":"#VALUE!"}},{"$error":"#VALUE!"},{"$error":"#VALUE!"}]
[null,null,null,null,null,null,null,null,null,null,null,null,null,null,null,null,null,null,null,null,null,null,null,null,null,null,null,null,null,null,null,null,null,null,null,null,null,null,null,null,null,null,null,null,null,null,null,null,null,null,null,"Wk 34",8,1,null,238,1,null,null,null,null,8,{"$f":"$BK$6*BE238*$CG21","v":{"$error":"#VALUE!"}},{"$f":"$BL$6*BE238*$CG$38","v":{"$error":"#VALUE!"}},0,{"$error":"#VALUE!"},{"$f":"BE238*CG$21","v":1},{"$f":"BE238*CG$38","v":1},1,1,1,1,1,null,null,null,null,{"$f":"ROUNDDOWN(SUM(BZ205,BZ213,BZ221,BZ229,CE205,CE213,CE221,CE229),0)","v":{"$error":"#VALUE!"}},{"$error":"#VALUE!"},{"$error":"#VALUE!"},{"$error":"#VALUE!"}]
[null,null,null,null,null,null,null,null,null,null,null,null,null,null,null,null,null,null,null,null,null,null,null,null,null,null,null,null,null,null,null,null,null,null,null,null,null,null,null,null,null,null,null,null,null,null,null,null,null,null,null,null,9,{"$f":"AN$13","v":1},null,239,1,null,null,null,null,9,{"$f":"$BK$6*BE239*$CG22","v":{"$error":"#VALUE!"}},{"$f":"$BL$6*BE239*$CG$39","v":{"$error":"#VALUE!"}},0,{"$error":"#VALUE!"},{"$f":"BE239*CG$22","v":1},{"$f":"BE239*CG$39","v":1},1,1,1,1,1,null,null,null,null,{"$error":"#VALUE!"},{"$error":"#VALUE!"},{"$error":"#VALUE!"},{"$error":"#VALUE!"}]
[null,null,null,null,null,null,null,null,null,null,null,null,null,null,null,null,null,null,null,null,null,null,null,null,null,null,null,null,null,null,null,null,null,null,null,null,null,null,null,null,null,null,null,null,null,null,null,null,null,null,null,null,10,{"$f":"BB$239","v":1},null,240,1,null,null,null,null,10,{"$error":"#VALUE!"},{"$f":"$BL$6*BE240*$CG$40","v":{"$error":"#VALUE!"}},0,{"$error":"#VALUE!"},{"$f":"BE240*CG$23","v":1},{"$f":"BE240*CG$40","v":1},1,1,1,1,1,null,null,null,null,{"$error":"#VALUE!"},{"$error":"#VALUE!"},{"$error":"#VALUE!"},{"$error":"#VALUE!"}]
[null,null,null,null,null,null,null,null,null,null,null,null,null,null,null,null,null,null,null,null,null,null,null,null,null,null,null,null,null,null,null,null,null,null,null,null,null,null,null,null,null,null,null,null,null,null,null,null,null,null,null,null,11,1,null,241,1,null,null,null,null,11,{"$error":"#VALUE!"},{"$f":"$BL$6*BE241*$CG$41","v":{"$error":"#VALUE!"}},0,{"$error":"#VALUE!"},{"$f":"BE241*CG$24","v":1},{"$f":"BE241*CG$41","v":1},1,1,1,1,1,null,null,null,null,{"$error":"#VALUE!"},{"$error":"#VALUE!"},{"$error":"#VALUE!"},{"$error":"#VALUE!"}]
[null,null,null,null,null,null,null,null,null,null,null,null,null,null,null,null,null,null,null,null,null,null,null,null,null,null,null,null,null,null,null,null,null,null,null,null,null,null,null,null,null,null,null,null,null,null,null,null,null,null,null,null,12,1,null,242,1,null,null,null,null,12,{"$error":"#VALUE!"},{"$f":"$BL$6*BE242*$CG$42","v":{"$error":"#VALUE!"}},0,{"$error":"#VALUE!"},{"$f":"BE242*CG$25","v":1},{"$f":"BE242*CG$42","v":1},1,1,1,1,1,null,null,null,null,{"$error":"#VALUE!"},{"$error":"#VALUE!"},{"$error":"#VALUE!"},{"$error":"#VALUE!"}]
[null,null,null,null,null,null,null,null,null,null,null,null,null,null,null,null,null,null,null,null,null,null,null,null,null,null,null,null,null,null,null,null,null,null,null,null,null,null,null,null,null,null,null,null,null,null,null,null,null,null,null,null,13,1,null,{"$f":"1+BD242","v":243},1,null,null,null,null,13,{"$error":"#VALUE!"},{"$f":"$BL$6*BE243*$CG$43","v":{"$error":"#VALUE!"}},0,{"$error":"#VALUE!"},{"$f":"BE243*CG$26","v":1},{"$f":"BE243*CG$43","v":1},1,1,1,1,1,null,null,null,null,{"$error":"#VALUE!"},{"$error":"#VALUE!"},{"$error":"#VALUE!"},{"$error":"#VALUE!"}]
[null,null,null,null,null,null,null,null,null,null,null,null,null,null,null,null,null,null,null,null,null,null,null,null,null,null,null,null,null,null,null,null,null,null,null,null,null,null,null,null,null,null,null,null,null,null,null,null,null,null,null,null,14,1,null,244,1,null,null,null,null,14,{"$error":"#VALUE!"},{"$f":"$BL$6*BE244*$CG$44","v":{"$error":"#VALUE!"}},0,{"$error":"#VALUE!"},{"$f":"BE244*CG$27","v":1},{"$f":"BE244*CG$44","v":1},{"$f":"BQ216","v":1},1,1,1,1]
[null,null,null,null,null,null,null,null,null,null,null,null,null,null,null,null,null,null,null,null,null,null,null,null,null,null,null,null,null,null,null,null,null,null,null,null,null,null,null,null,null,null,null,null,null,null,null,null,null,null,null,"Wk 35",15,1,null,245,1,null,null,null,null,15,{"$f":"$BK$6*BE245*$CH21","v":{"$error":"#VALUE!"}},{"$f":"$BL$6*BE245*$CH$38","v":{"$error":"#VALUE!"}},0,{"$error":"#VALUE!"},{"$f":"BE245*CH$21","v":1},{"$f":"BE245*CH$38","v":1},1,1,1,1,1]
[null,null,null,null,null,null,null,null,null,null,null,null,null,null,null,null,null,null,null,null,null,null,null,null,null,null,null,null,null,null,null,null,null,null,null,null,null,null,null,null,null,null,null,null,null,null,null,null,null,null,null,null,16,{"$f":"AN$14","v":1},null,246,1,null,null,null,null,16,{"$f":"$BK$6*BE246*$CH22","v":{"$error":"#VALUE!"}},{"$f":"$BL$6*BE246*$CH$39","v":{"$error":"#VALUE!"}},0,{"$error":"#VALUE!"},{"$f":"BE246*CH$22","v":1},{"$f":"BE246*CH$39","v":1},1,1,1,1,1]
[null,null,null,null,null,null,null,null,null,null,null,null,null,null,null,null,null,null,null,null,null,null,null,null,null,null,null,null,null,null,null,null,null,null,null,null,null,null,null,null,null,null,null,null,null,null,null,null,null,null,null,null,17,{"$f":"BB$246","v":1},null,247,1,null,null,null,null,17,{"$error":"#VALUE!"},{"$f":"$BL$6*BE247*$CH$40","v":{"$error":"#VALUE!"}},0,{"$error":"#VALUE!"},{"$f":"BE247*CH$23","v":1},{"$f":"BE247*CH$40","v":1},1,1,1,1,1]
[null,null,null,null,null,null,null,null,null,null,null,null,null,null,null,null,null,null,null,null,null,null,null,null,null,null,null,null,null,null,null,null,null,null,null,null,null,null,null,null,null,null,null,null,null,null,null,null,null,null,null,null,18,1,null,248,1,null,null,null,null,18,{"$error":"#VALUE!"},{"$f":"$BL$6*BE248*$CH$41","v":{"$error":"#VALUE!"}},0,{"$error":"#VALUE!"},{"$f":"BE248*CH$24","v":1},{"$f":"BE248*CH$41","v":1},1,1,1,1,1]
[null,null,null,null,null,null,null,null,null,null,null,null,null,null,null,null,null,null,null,null,null,null,null,null,null,null,null,null,null,null,null,null,null,null,null,null,null,null,null,null,null,null,null,null,null,null,null,null,null,null,null,null,19,1,null,249,1,null,null,null,null,19,{"$error":"#VALUE!"},{"$f":"$BL$6*BE249*$CH$42","v":{"$error":"#VALUE!"}},0,{"$error":"#VALUE!"},{"$f":"BE249*CH$25","v":1},{"$f":"BE249*CH$42","v":1},1,1,1,1,1]
[null,null,null,null,null,null,null,null,null,null,null,null,null,null,null,null,null,null,null,null,null,null,null,null,null,null,null,null,null,null,null,null,null,null,null,null,null,null,null,null,null,null,null,null,null,null,null,null,null,null,null,null,20,1,null,250,1,null,null,null,null,20,{"$error":"#VALUE!"},{"$f":"$BL$6*BE250*$CH$43","v":{"$error":"#VALUE!"}},0,{"$error":"#VALUE!"},{"$f":"BE250*CH$26","v":1},{"$f":"BE250*CH$43","v":1},1,1,1,1,1]
[null,null,null,null,null,null,null,null,null,null,null,null,null,null,null,null,null,null,null,null,null,null,null,null,null,null,null,null,null,null,null,null,null,null,null,null,null,null,null,null,null,null,null,null,null,null,null,null,null,null,null,null,21,1,null,251,1,null,null,null,null,21,{"$error":"#VALUE!"},{"$f":"$BL$6*BE251*$CH$44","v":{"$error":"#VALUE!"}},0,{"$error":"#VALUE!"},{"$f":"BE251*CH$27","v":1},{"$f":"BE251*CH$44","v":1},1,1,1,1,1]
[null,null,null,null,null,null,null,null,null,null,null,null,null,null,null,null,null,null,null,null,null,null,null,null,null,null,null,null,null,null,null,null,null,null,null,null,null,null,null,null,null,null,null,null,null,null,null,null,null,null,null,"Wk 36",22,1,null,252,1,null,null,null,null,22,{"$f":"$BK$6*BE252*$CI21","v":{"$error":"#VALUE!"}},{"$f":"$BL$6*BE252*$CI$38","v":{"$error":"#VALUE!"}},0,{"$error":"#VALUE!"},{"$f":"BE252*CI$21","v":1},{"$f":"BE252*CI$38","v":1},1,1,1,1,1]
[null,null,null,null,null,null,null,null,null,null,null,null,null,null,null,null,null,null,null,null,null,null,null,null,null,null,null,null,null,null,null,null,null,null,null,null,null,null,null,null,null,null,null,null,null,null,null,null,null,null,null,null,23,{"$f":"AN$15","v":1},null,253,1,null,null,null,null,23,{"$f":"$BK$6*BE253*$CI22","v":{"$error":"#VALUE!"}},{"$f":"$BL$6*BE253*$CI$39","v":{"$error":"#VALUE!"}},0,{"$error":"#VALUE!"},{"$f":"BE253*CI$22","v":1},{"$f":"BE253*CI$39","v":1},1,1,1,1,1]
[null,null,null,null,null,null,null,null,null,null,null,null,null,null,null,null,null,null,null,null,null,null,null,null,null,null,null,null,null,null,null,null,null,null,null,null,null,null,null,null,null,null,null,null,null,null,null,null,null,null,null,null,24,{"$f":"BB$253","v":1},null,254,1,null,null,null,null,24,{"$error":"#VALUE!"},{"$f":"$BL$6*BE254*$CI$40","v":{"$error":"#VALUE!"}},0,{"$error":"#VALUE!"},{"$f":"BE254*CI$23","v":1},{"$f":"BE254*CI$40","v":1},1,1,1,1,1]
[null,null,null,null,null,null,null,null,null,null,null,null,null,null,null,null,null,null,null,null,null,null,null,null,null,null,null,null,null,null,null,null,null,null,null,null,null,null,null,null,null,null,null,null,null,null,null,null,null,null,null,null,25,1,null,255,1,null,null,null,null,25,{"$error":"#VALUE!"},{"$f":"$BL$6*BE255*$CI$41","v":{"$error":"#VALUE!"}},0,{"$error":"#VALUE!"},{"$f":"BE255*CI$24","v":1},{"$f":"BE255*CI$41","v":1},1,1,1,1,1]
[null,null,null,null,null,null,null,null,null,null,null,null,null,null,null,null,null,null,null,null,null,null,null,null,null,null,null,null,null,null,null,null,null,null,null,null,null,null,null,null,null,null,null,null,null,null,null,null,null,null,null,null,26,1,null,256,1,null,null,null,null,26,{"$error":"#VALUE!"},{"$f":"$BL$6*BE256*$CI$42","v":{"$error":"#VALUE!"}},0,{"$error":"#VALUE!"},{"$f":"BE256*CI$25","v":1},{"$f":"BE256*CI$42","v":1},1,1,1,1,1]
[null,null,null,null,null,null,null,null,null,null,null,null,null,null,null,null,null,null,null,null,null,null,null,null,null,null,null,null,null,null,null,null,null,null,null,null,null,null,null,null,null,null,null,null,null,null,null,null,null,null,null,null,27,1,null,257,1,null,null,null,null,27,{"$error":"#VALUE!"},{"$f":"$BL$6*BE257*$CI$43","v":{"$error":"#VALUE!"}},0,{"$error":"#VALUE!"},{"$f":"BE257*CI$26","v":1},{"$f":"BE257*CI$43","v":1},1,1,1,1,1]
[null,null,null,null,null,null,null,null,null,null,null,null,null,null,null,null,null,null,null,null,null,null,null,null,null,null,null,null,null,null,null,null,null,null,null,null,null,null,null,null,null,null,null,null,null,null,null,null,null,null,null,null,28,1,null,258,1,null,null,null,null,28,{"$error":"#VALUE!"},{"$f":"$BL$6*BE258*$CI$44","v":{"$error":"#VALUE!"}},0,{"$error":"#VALUE!"},{"$f":"BE258*CI$27","v":1},{"$f":"BE258*CI$44","v":1},1,1,1,1,1]
[null,null,null,null,null,null,null,null,null,null,null,null,null,null,null,null,null,null,null,null,null,null,null,null,null,null,null,null,null,null,null,null,null,null,null,null,null,null,null,null,null,null,null,null,null,null,null,null,null,null,null,"Wk 37",1,1,null,259,1,null,null,null,null,1,{"$f":"$BK$6*BE259*$CF21","v":{"$error":"#VALUE!"}},{"$f":"$BL$6*BE259*$CF$38","v":{"$error":"#VALUE!"}},0,{"$error":"#VALUE!"},{"$f":"BE259*CF$21","v":1},{"$f":"BE259*CF$38","v":1},1,1,1,1,1]
[null,null,null,null,null,null,null,null,null,null,null,null,null,null,null,null,null,null,null,null,null,null,null,null,null,null,null,null,null,null,null,null,null,null,null,null,null,null,null,null,null,null,null,null,null,null,null,null,null,null,null,null,2,{"$f":"AN$16","v":1},null,260,1,null,null,null,null,2,{"$f":"$BK$6*BE260*$CF22","v":{"$error":"#VALUE!"}},{"$f":"$BL$6*BE260*$CF$39","v":{"$error":"#VALUE!"}},0,{"$error":"#VALUE!"},{"$f":"BE260*CF$22","v":1},{"$f":"BE260*CF$39","v":1},{"$f":"BQ232","v":1},1,1,1,1]
[null,null,null,null,null,null,null,null,null,null,null,null,null,null,null,null,null,null,null,null,null,null,null,null,null,null,null,null,null,null,null,null,null,null,null,null,null,null,null,null,null,null,null,null,null,null,null,null,null,null,null,null,3,{"$f":"BB$260","v":1},null,261,1,null,null,null,null,3,{"$error":"#VALUE!"},{"$f":"$BL$6*BE261*$CF$40","v":{"$error":"#VALUE!"}},0,{"$error":"#VALUE!"},{"$f":"BE261*CF$23","v":1},{"$f":"BE261*CF$40","v":1},1,1,1,1,1]
[null,null,null,null,null,null,null,null,null,null,null,null,null,null,null,null,null,null,null,null,null,null,null,null,null,null,null,null,null,null,null,null,null,null,null,null,null,null,null,null,null,null,null,null,null,null,null,null,null,null,null,null,4,1,null,262,1,null,null,null,null,4,{"$error":"#VALUE!"},{"$f":"$BL$6*BE262*$CF$41","v":{"$error":"#VALUE!"}},0,{"$error":"#VALUE!"},{"$f":"BE262*CF$24","v":1},{"$f":"BE262*CF$41","v":1},1,1,1,1,1]
[null,null,null,null,null,null,null,null,null,null,null,null,null,null,null,null,null,null,null,null,null,null,null,null,null,null,null,null,null,null,null,null,null,null,null,null,null,null,null,null,null,null,null,null,null,null,null,null,null,null,null,null,5,1,null,263,{"$f":"IF($AN$4,INDEX(BB$7:BB$378,$BD263),1)","v":1},null,null,null,null,5,{"$error":"#VALUE!"},{"$f":"$BL$6*BE263*$CF$42","v":{"$error":"#VALUE!"}},0,{"$error":"#VALUE!"},{"$f":"BE263*CF$25","v":1},{"$f":"BE263*CF$42","v":1},1,1,1,1,1]
[null,null,null,null,null,null,null,null,null,null,null,null,null,null,null,null,null,null,null,null,null,null,null,null,null,null,null,null,null,null,null,null,null,null,null,null,null,null,null,null,null,null,null,null,null,null,null,null,null,null,null,null,6,1,null,264,1,null,null,null,null,6,{"$error":"#VALUE!"},{"$f":"$BL$6*BE264*$CF$43","v":{"$error":"#VALUE!"}},0,{"$error":"#VALUE!"},{"$f":"BE264*CF$26","v":1},{"$f":"BE264*CF$43","v":1},1,1,1,1,1]
[null,null,null,null,null,null,null,null,null,null,null,null,null,null,null,null,null,null,null,null,null,null,null,null,null,null,null,null,null,null,null,null,null,null,null,null,null,null,null,null,null,null,null,null,null,null,null,null,null,null,null,null,7,1,null,265,1,null,null,null,null,7,{"$error":"#VALUE!"},{"$f":"$BL$6*BE265*$CF$44","v":{"$error":"#VALUE!"}},0,{"$f":"ROUNDDOWN(SUM(BK265:BM265),0)","v":{"$error":"#VALUE!"}},{"$f":"BE265*CF$27","v":1},{"$f":"BE265*CF$44","v":1},1,1,1,1,1]
[null,null,null,null,null,null,null,null,null,null,null,null,null,null,null,null,null,null,null,null,null,null,null,null,null,null,null,null,null,null,null,null,null,null,null,null,null,null,null,null,null,null,null,null,null,null,null,null,null,null,null,"Wk 38",8,1,null,266,1,null,null,null,null,8,{"$f":"$BK$6*BE266*$CG21","v":{"$error":"#VALUE!"}},{"$f":"$BL$6*BE266*$CG$38","v":{"$error":"#VALUE!"}},0,{"$error":"#VALUE!"},{"$f":"BE266*CG$21","v":1},{"$f":"BE266*CG$38","v":1},1,1,1,1,1]
[null,null,null,null,null,null,null,null,null,null,null,null,null,null,null,null,null,null,null,null,null,null,null,null,null,null,null,null,null,null,null,null,null,null,null,null,null,null,null,null,null,null,null,null,null,null,null,null,null,null,null,null,9,{"$f":"AN$17","v":1},null,267,1,null,null,null,null,9,{"$f":"$BK$6*BE267*$CG22","v":{"$error":"#VALUE!"}},{"$f":"$BL$6*BE267*$CG$39","v":{"$error":"#VALUE!"}},0,{"$error":"#VALUE!"},{"$f":"BE267*CG$22","v":1},{"$f":"BE267*CG$39","v":1},1,1,1,1,1]
[null,null,null,null,null,null,null,null,null,null,null,null,null,null,null,null,null,null,null,null,null,null,null,null,null,null,null,null,null,null,null,null,null,null,null,null,null,null,null,null,null,null,null,null,null,null,null,null,null,null,null,null,10,{"$f":"BB$267","v":1},null,268,1,null,null,null,null,10,{"$error":"#VALUE!"},{"$f":"$BL$6*BE268*$CG$40","v":{"$error":"#VALUE!"}},{"$f":"BM240","v":0},{"$error":"#VALUE!"},{"$f":"BE268*CG$23","v":1},{"$f":"BE268*CG$40","v":1},1,1,1,1,1]
[null,null,null,null,null,null,null,null,null,null,null,null,null,null,null,null,null,null,null,null,null,null,null,null,null,null,null,null,null,null,null,null,null,null,null,null,null,null,null,null,null,null,null,null,null,null,null,null,null,null,null,null,11,1,null,269,1,null,null,null,null,{"$f":"1+BJ268","v":11},{"$error":"#VALUE!"},{"$f":"$BL$6*BE269*$CG$41","v":{"$error":"#VALUE!"}},0,{"$error":"#VALUE!"},{"$f":"BE269*CG$24","v":1},{"$f":"BE269*CG$41","v":1},1,1,1,1,1]
[null,null,null,null,null,null,null,null,null,null,null,null,null,null,null,null,null,null,null,null,null,null,null,null,null,null,null,null,null,null,null,null,null,null,null,null,null,null,null,null,null,null,null,null,null,null,null,null,null,null,null,null,12,1,null,270,1,null,null,null,null,12,{"$error":"#VALUE!"},{"$f":"$BL$6*BE270*$CG$42","v":{"$error":"#VALUE!"}},0,{"$error":"#VALUE!"},{"$f":"BE270*CG$25","v":1},{"$f":"BE270*CG$42","v":1},1,1,1,1,1]
[null,null,null,null,null,null,null,null,null,null,null,null,null,null,null,null,null,null,null,null,null,null,null,null,null,null,null,null,null,null,null,null,null,null,null,null,null,null,null,null,null,null,null,null,null,null,null,null,null,null,null,null,13,1,null,271,1,null,null,null,null,13,{"$error":"#VALUE!"},{"$f":"$BL$6*BE271*$CG$43","v":{"$error":"#VALUE!"}},0,{"$error":"#VALUE!"},{"$f":"BE271*CG$26","v":1},{"$f":"BE271*CG$43","v":1},1,1,1,1,1]
[null,null,null,null,null,null,null,null,null,null,null,null,null,null,null,null,null,null,null,null,null,null,null,null,null,null,null,null,null,null,null,null,null,null,null,null,null,null,null,null,null,null,null,null,null,null,null,null,null,null,null,null,14,1,null,272,1,null,null,null,null,14,{"$error":"#VALUE!"},{"$f":"$BL$6*BE272*$CG$44","v":{"$error":"#VALUE!"}},0,{"$error":"#VALUE!"},{"$f":"BE272*CG$27","v":1},{"$f":"BE272*CG$44","v":1},1,1,1,1,1]
[null,null,null,null,null,null,null,null,null,null,null,null,null,null,null,null,null,null,null,null,null,null,null,null,null,null,null,null,null,null,null,null,null,null,null,null,null,null,null,null,null,null,null,null,null,null,null,null,null,null,null,"Wk 39",15,1,null,273,1,null,null,null,null,15,{"$f":"$BK$6*BE273*$CH21","v":{"$error":"#VALUE!"}},{"$f":"$BL$6*BE273*$CH$38","v":{"$error":"#VALUE!"}},0,{"$error":"#VALUE!"},{"$f":"BE273*CH$21","v":1},{"$f":"BE273*CH$38","v":1},1,1,1,1,1]
[null,null,null,null,null,null,null,null,null,null,null,null,null,null,null,null,null,null,null,null,null,null,null,null,null,null,null,null,null,null,null,null,null,null,null,null,null,null,null,null,null,null,null,null,null,null,null,null,null,null,null,null,16,{"$f":"AN$18","v":1},null,274,1,null,null,null,null,16,{"$f":"$BK$6*BE274*$CH22","v":{"$error":"#VALUE!"}},{"$f":"$BL$6*BE274*$CH$39","v":{"$error":"#VALUE!"}},0,{"$error":"#VALUE!"},{"$f":"BE274*CH$22","v":1},{"$f":"BE274*CH$39","v":1},1,1,1,1,1]
[null,null,null,null,null,null,null,null,null,null,null,null,null,null,null,null,null,null,null,null,null,null,null,null,null,null,null,null,null,null,null,null,null,null,null,null,null,null,null,null,null,null,null,null,null,null,null,null,null,null,null,null,17,{"$f":"BB$274","v":1},null,275,1,null,null,null,null,17,{"$error":"#VALUE!"},{"$f":"$BL$6*BE275*$CH$40","v":{"$error":"#VALUE!"}},0,{"$error":"#VALUE!"},{"$f":"BE275*CH$23","v":1},{"$f":"BE275*CH$40","v":1},1,1,1,1,1]
[null,null,null,null,null,null,null,null,null,null,null,null,null,null,null,null,null,null,null,null,null,null,null,null,null,null,null,null,null,null,null,null,null,null,null,null,null,null,null,null,null,null,null,null,null,null,null,null,null,null,null,null,18,1,null,276,1,null,null,null,null,18,{"$error":"#VALUE!"},{"$f":"$BL$6*BE276*$CH$41","v":{"$error":"#VALUE!"}},0,{"$error":"#VALUE!"},{"$f":"BE276*CH$24","v":1},{"$f":"BE276*CH$41","v":1},{"$f":"BQ248","v":1},1,1,1,1]
[null,null,null,null,null,null,null,null,null,null,null,null,null,null,null,null,null,null,null,null,null,null,null,null,null,null,null,null,null,null,null,null,null,null,null,null,null,null,null,null,null,null,null,null,null,null,null,null,null,null,null,null,19,1,null,277,1,null,null,null,null,19,{"$error":"#VALUE!"},{"$f":"$BL$6*BE277*$CH$42","v":{"$error":"#VALUE!"}},0,{"$error":"#VALUE!"},{"$f":"BE277*CH$25","v":1},{"$f":"BE277*CH$42","v":1},1,1,1,1,1]
[null,null,null,null,null,null,null,null,null,null,null,null,null,null,null,null,null,null,null,null,null,null,null,null,null,null,null,null,null,null,null,null,null,null,null,null,null,null,null,null,null,null,null,null,null,null,null,null,null,null,null,null,20,1,null,278,1,null,null,null,null,20,{"$error":"#VALUE!"},{"$f":"$BL$6*BE278*$CH$43","v":{"$error":"#VALUE!"}},0,{"$error":"#VALUE!"},{"$f":"BE278*CH$26","v":1},{"$f":"BE278*CH$43","v":1},1,1,1,1,1]
[null,null,null,null,null,null,null,null,null,null,null,null,null,null,null,null,null,null,null,null,null,null,null,null,null,null,null,null,null,null,null,null,null,null,null,null,null,null,null,null,null,null,null,null,null,null,null,null,null,null,null,null,21,1,null,279,1,null,null,null,null,21,{"$error":"#VALUE!"},{"$f":"$BL$6*BE279*$CH$44","v":{"$error":"#VALUE!"}},0,{"$error":"#VALUE!"},{"$f":"BE279*CH$27","v":1},{"$f":"BE279*CH$44","v":1},1,1,1,1,1]
[null,null,null,null,null,null,null,null,null,null,null,null,null,null,null,null,null,null,null,null,null,null,null,null,null,null,null,null,null,null,null,null,null,null,null,null,null,null,null,null,null,null,null,null,null,null,null,null,null,null,null,"Wk 40",22,1,null,280,1,null,null,null,null,22,{"$f":"$BK$6*BE280*$CI21","v":{"$error":"#VALUE!"}},{"$f":"$BL$6*BE280*$CI$38","v":{"$error":"#VALUE!"}},0,{"$error":"#VALUE!"},{"$f":"BE280*CI$21","v":1},{"$f":"BE280*CI$38","v":1},1,1,1,1,1]
[null,null,null,null,null,null,null,null,null,null,null,null,null,null,null,null,null,null,null,null,null,null,null,null,null,null,null,null,null,null,null,null,null,null,null,null,null,null,null,null,null,null,null,null,null,null,null,null,null,null,null,null,23,{"$f":"AN$19","v":1},null,281,1,null,null,null,null,23,{"$f":"$BK$6*BE281*$CI22","v":{"$error":"#VALUE!"}},{"$f":"$BL$6*BE281*$CI$39","v":{"$error":"#VALUE!"}},0,{"$error":"#VALUE!"},{"$f":"BE281*CI$22","v":1},{"$f":"BE281*CI$39","v":1},1,1,1,1,1]
[null,null,null,null,null,null,null,null,null,null,null,null,null,null,null,null,null,null,null,null,null,null,null,null,null,null,null,null,null,null,null,null,null,null,null,null,null,null,null,null,null,null,null,null,null,null,null,null,null,null,null,null,24,{"$f":"BB$281","v":1},null,282,1,null,null,null,null,24,{"$error":"#VALUE!"},{"$f":"$BL$6*BE282*$CI$40","v":{"$error":"#VALUE!"}},0,{"$error":"#VALUE!"},{"$f":"BE282*CI$23","v":1},{"$f":"BE282*CI$40","v":1},1,1,1,1,1]
[null,null,null,null,null,null,null,null,null,null,null,null,null,null,null,null,null,null,null,null,null,null,null,null,null,null,null,null,null,null,null,null,null,null,null,null,null,null,null,null,null,null,null,null,null,null,null,null,null,null,null,null,25,1,null,283,1,null,null,null,null,25,{"$error":"#VALUE!"},{"$f":"$BL$6*BE283*$CI$41","v":{"$error":"#VALUE!"}},0,{"$error":"#VALUE!"},{"$f":"BE283*CI$24","v":1},{"$f":"BE283*CI$41","v":1},1,1,1,1,1]
[null,null,null,null,null,null,null,null,null,null,null,null,null,null,null,null,null,null,null,null,null,null,null,null,null,null,null,null,null,null,null,null,null,null,null,null,null,null,null,null,null,null,null,null,null,null,null,null,null,null,null,null,26,1,null,284,1,null,null,null,null,26,{"$error":"#VALUE!"},{"$f":"$BL$6*BE284*$CI$42","v":{"$error":"#VALUE!"}},0,{"$error":"#VALUE!"},{"$f":"BE284*CI$25","v":1},{"$f":"BE284*CI$42","v":1},1,1,1,1,1]
[null,null,null,null,null,null,null,null,null,null,null,null,null,null,null,null,null,null,null,null,null,null,null,null,null,null,null,null,null,null,null,null,null,null,null,null,null,null,null,null,null,null,null,null,null,null,null,null,null,null,null,null,27,1,null,285,1,null,null,null,null,27,{"$error":"#VALUE!"},{"$f":"$BL$6*BE285*$CI$43","v":{"$error":"#VALUE!"}},0,{"$error":"#VALUE!"},{"$f":"BE285*CI$26","v":1},{"$f":"BE285*CI$43","v":1},1,1,1,1,1]
[null,null,null,null,null,null,null,null,null,null,null,null,null,null,null,null,null,null,null,null,null,null,null,null,null,null,null,null,null,null,null,null,null,null,null,null,null,null,null,null,null,null,null,null,null,null,null,null,null,null,null,null,28,1,null,286,1,null,null,null,null,28,{"$error":"#VALUE!"},{"$f":"$BL$6*BE286*$CI$44","v":{"$error":"#VALUE!"}},0,{"$error":"#VALUE!"},{"$f":"BE286*CI$27","v":1},{"$f":"BE286*CI$44","v":1},1,1,1,1,1]
[null,null,null,null,null,null,null,null,null,null,null,null,null,null,null,null,null,null,null,null,null,null,null,null,null,null,null,null,null,null,null,null,null,null,null,null,null,null,null,null,null,null,null,null,null,null,null,null,null,null,null,"Wk 41",1,1,null,287,1,null,null,null,null,1,{"$f":"$BK$6*BE287*$CF21","v":{"$error":"#VALUE!"}},{"$f":"$BL$6*BE287*$CF$38","v":{"$error":"#VALUE!"}},0,{"$error":"#VALUE!"},{"$f":"BE287*CF$21","v":1},{"$f":"BE287*CF$38","v":1},1,1,1,1,1]
[null,null,null,null,null,null,null,null,null,null,null,null,null,null,null,null,null,null,null,null,null,null,null,null,null,null,null,null,null,null,null,null,null,null,null,null,null,null,null,null,null,null,null,null,null,null,null,null,null,null,null,null,2,{"$f":"AN$20","v":1},null,288,1,null,null,null,null,2,{"$f":"$BK$6*BE288*$CF22","v":{"$error":"#VALUE!"}},{"$f":"$BL$6*BE288*$CF$39","v":{"$error":"#VALUE!"}},0,{"$error":"#VALUE!"},{"$f":"BE288*CF$22","v":1},{"$f":"BE288*CF$39","v":1},1,1,1,1,1]
[null,null,null,null,null,null,null,null,null,null,null,null,null,null,null,null,null,null,null,null,null,null,null,null,null,null,null,null,null,null,null,null,null,null,null,null,null,null,null,null,null,null,null,null,null,null,null,null,null,null,null,null,3,{"$f":"BB$288","v":1},null,289,1,null,null,null,null,3,{"$error":"#VALUE!"},{"$f":"$BL$6*BE289*$CF$40","v":{"$error":"#VALUE!"}},0,{"$error":"#VALUE!"},{"$f":"BE289*CF$23","v":1},{"$f":"BE289*CF$40","v":1},1,1,1,1,1]
[null,null,null,null,null,null,null,null,null,null,null,null,null,null,null,null,null,null,null,null,null,null,null,null,null,null,null,null,null,null,null,null,null,null,null,null,null,null,null,null,null,null,null,null,null,null,null,null,null,null,null,null,4,1,null,290,1,null,null,null,null,4,{"$error":"#VALUE!"},{"$f":"$BL$6*BE290*$CF$41","v":{"$error":"#VALUE!"}},0,{"$error":"#VALUE!"},{"$f":"BE290*CF$24","v":1},{"$f":"BE290*CF$41","v":1},1,1,1,1,1]
[null,null,null,null,null,null,null,null,null,null,null,null,null,null,null,null,null,null,null,null,null,null,null,null,null,null,null,null,null,null,null,null,null,null,null,null,null,null,null,null,null,null,null,null,null,null,null,null,null,null,null,null,5,1,null,291,1,null,null,null,null,5,{"$error":"#VALUE!"},{"$f":"$BL$6*BE291*$CF$42","v":{"$error":"#VALUE!"}},0,{"$error":"#VALUE!"},{"$f":"BE291*CF$25","v":1},{"$f":"BE291*CF$42","v":1},1,1,1,1,1]
[null,null,null,null,null,null,null,null,null,null,null,null,null,null,null,null,null,null,null,null,null,null,null,null,null,null,null,null,null,null,null,null,null,null,null,null,null,null,null,null,null,null,null,null,null,null,null,null,null,null,null,null,{"$f":"BA264","v":6},1,null,292,1,null,null,null,null,6,{"$error":"#VALUE!"},{"$f":"$BL$6*BE292*$CF$43","v":{"$error":"#VALUE!"}},0,{"$error":"#VALUE!"},{"$f":"BE292*CF$26","v":1},{"$f":"BE292*CF$43","v":1},{"$f":"BQ264","v":1},1,1,1,1]
[null,null,null,null,null,null,null,null,null,null,null,null,null,null,null,null,null,null,null,null,null,null,null,null,null,null,null,null,null,null,null,null,null,null,null,null,null,null,null,null,null,null,null,null,null,null,null,null,null,null,null,null,7,1,null,293,1,null,null,null,null,7,{"$error":"#VALUE!"},{"$f":"$BL$6*BE293*$CF$44","v":{"$error":"#VALUE!"}},0,{"$error":"#VALUE!"},{"$f":"BE293*CF$27","v":1},{"$f":"BE293*CF$44","v":1},1,1,1,1,1]
[null,null,null,null,null,null,null,null,null,null,null,null,null,null,null,null,null,null,null,null,null,null,null,null,null,null,null,null,null,null,null,null,null,null,null,null,null,null,null,null,null,null,null,null,null,null,null,null,null,null,null,"Wk 42",8,1,null,294,1,null,null,null,null,8,{"$f":"$BK$6*BE294*$CG21","v":{"$error":"#VALUE!"}},{"$f":"$BL$6*BE294*$CG$38","v":{"$error":"#VALUE!"}},0,{"$error":"#VALUE!"},{"$f":"BE294*CG$21","v":1},{"$f":"BE294*CG$38","v":1},1,1,1,1,1]
[null,null,null,null,null,null,null,null,null,null,null,null,null,null,null,null,null,null,null,null,null,null,null,null,null,null,null,null,null,null,null,null,null,null,null,null,null,null,null,null,null,null,null,null,null,null,null,null,null,null,null,null,9,{"$f":"AN$21","v":1},null,295,1,null,null,null,null,9,{"$f":"$BK$6*BE295*$CG22","v":{"$error":"#VALUE!"}},{"$f":"$BL$6*BE295*$CG$39","v":{"$error":"#VALUE!"}},0,{"$error":"#VALUE!"},{"$f":"BE295*CG$22","v":1},{"$f":"BE295*CG$39","v":1},1,1,1,1,1]
[null,null,null,null,null,null,null,null,null,null,null,null,null,null,null,null,null,null,null,null,null,null,null,null,null,null,null,null,null,null,null,null,null,null,null,null,null,null,null,null,null,null,null,null,null,null,null,null,null,null,null,null,10,{"$f":"BB$295","v":1},null,296,1,null,null,null,null,10,{"$error":"#VALUE!"},{"$f":"$BL$6*BE296*$CG$40","v":{"$error":"#VALUE!"}},0,{"$error":"#VALUE!"},{"$f":"BE296*CG$23","v":1},{"$f":"BE296*CG$40","v":1},1,1,1,1,1]
[null,null,null,null,null,null,null,null,null,null,null,null,null,null,null,null,null,null,null,null,null,null,null,null,null,null,null,null,null,null,null,null,null,null,null,null,null,null,null,null,null,null,null,null,null,null,null,null,null,null,null,null,11,1,null,297,1,null,null,null,null,11,{"$error":"#VALUE!"},{"$f":"$BL$6*BE297*$CG$41","v":{"$error":"#VALUE!"}},0,{"$error":"#VALUE!"},{"$f":"BE297*CG$24","v":1},{"$f":"BE297*CG$41","v":1},1,1,1,1,1]
[null,null,null,null,null,null,null,null,null,null,null,null,null,null,null,null,null,null,null,null,null,null,null,null,null,null,null,null,null,null,null,null,null,null,null,null,null,null,null,null,null,null,null,null,null,null,null,null,null,null,null,null,12,1,null,298,1,null,null,null,null,12,{"$error":"#VALUE!"},{"$f":"$BL$6*BE298*$CG$42","v":{"$error":"#VALUE!"}},0,{"$error":"#VALUE!"},{"$f":"BE298*CG$25","v":1},{"$f":"BE298*CG$42","v":1},1,1,1,1,1]
[null,null,null,null,null,null,null,null,null,null,null,null,null,null,null,null,null,null,null,null,null,null,null,null,null,null,null,null,null,null,null,null,null,null,null,null,null,null,null,null,null,null,null,null,null,null,null,null,null,null,null,null,13,1,null,299,1,null,null,null,null,13,{"$error":"#VALUE!"},{"$f":"$BL$6*BE299*$CG$43","v":{"$error":"#VALUE!"}},0,{"$error":"#VALUE!"},{"$f":"BE299*CG$26","v":1},{"$f":"BE299*CG$43","v":1},1,1,1,1,1]
[null,null,null,null,null,null,null,null,null,null,null,null,null,null,null,null,null,null,null,null,null,null,null,null,null,null,null,null,null,null,null,null,null,null,null,null,null,null,null,null,null,null,null,null,null,null,null,null,null,null,null,null,14,1,null,300,1,null,null,null,null,14,{"$error":"#VALUE!"},{"$f":"$BL$6*BE300*$CG$44","v":{"$error":"#VALUE!"}},0,{"$error":"#VALUE!"},{"$f":"BE300*CG$27","v":1},{"$f":"BE300*CG$44","v":1},1,1,1,1,1]
[null,null,null,null,null,null,null,null,null,null,null,null,null,null,null,null,null,null,null,null,null,null,null,null,null,null,null,null,null,null,null,null,null,null,null,null,null,null,null,null,null,null,null,null,null,null,null,null,null,null,null,"Wk 43",15,1,null,301,1,null,null,null,null,15,{"$f":"$BK$6*BE301*$CH21","v":{"$error":"#VALUE!"}},{"$f":"$BL$6*BE301*$CH$38","v":{"$error":"#VALUE!"}},0,{"$error":"#VALUE!"},{"$f":"BE301*CH$21","v":1},{"$f":"BE301*CH$38","v":1},1,1,1,1,1]
[null,null,null,null,null,null,null,null,null,null,null,null,null,null,null,null,null,null,null,null,null,null,null,null,null,null,null,null,null,null,null,null,null,null,null,null,null,null,null,null,null,null,null,null,null,null,null,null,null,null,null,null,16,{"$f":"AN$22","v":1},null,302,1,null,null,null,null,16,{"$f":"$BK$6*BE302*$CH22","v":{"$error":"#VALUE!"}},{"$f":"$BL$6*BE302*$CH$39","v":{"$error":"#VALUE!"}},0,{"$error":"#VALUE!"},{"$f":"BE302*CH$22","v":1},{"$f":"BE302*CH$39","v":1},1,1,1,1,1]
[null,null,null,null,null,null,null,null,null,null,null,null,null,null,null,null,null,null,null,null,null,null,null,null,null,null,null,null,null,null,null,null,null,null,null,null,null,null,null,null,null,null,null,null,null,null,null,null,null,null,null,null,17,{"$f":"BB$302","v":1},null,303,1,null,null,null,null,17,{"$error":"#VALUE!"},{"$f":"$BL$6*BE303*$CH$40","v":{"$error":"#VALUE!"}},0,{"$error":"#VALUE!"},{"$f":"BE303*CH$23","v":1},{"$f":"BE303*CH$40","v":1},1,1,1,1,1]
[null,null,null,null,null,null,null,null,null,null,null,null,null,null,null,null,null,null,null,null,null,null,null,null,null,null,null,null,null,null,null,null,null,null,null,null,null,null,null,null,null,null,null,null,null,null,null,null,null,null,null,null,18,1,null,304,1,null,null,null,null,18,{"$error":"#VALUE!"},{"$f":"$BL$6*BE304*$CH$41","v":{"$error":"#VALUE!"}},0,{"$error":"#VALUE!"},{"$f":"BE304*CH$24","v":1},{"$f":"BE304*CH$41","v":1},1,1,1,1,1]
[null,null,null,null,null,null,null,null,null,null,null,null,null,null,null,null,null,null,null,null,null,null,null,null,null,null,null,null,null,null,null,null,null,null,null,null,null,null,null,null,null,null,null,null,null,null,null,null,null,null,null,null,19,1,null,305,1,null,null,null,null,19,{"$error":"#VALUE!"},{"$f":"$BL$6*BE305*$CH$42","v":{"$error":"#VALUE!"}},0,{"$error":"#VALUE!"},{"$f":"BE305*CH$25","v":1},{"$f":"BE305*CH$42","v":1},1,1,1,1,1]
[null,null,null,null,null,null,null,null,null,null,null,null,null,null,null,null,null,null,null,null,null,null,null,null,null,null,null,null,null,null,null,null,null,null,null,null,null,null,null,null,null,null,null,null,null,null,null,null,null,null,null,null,20,1,null,306,1,null,null,null,null,20,{"$error":"#VALUE!"},{"$f":"$BL$6*BE306*$CH$43","v":{"$error":"#VALUE!"}},0,{"$error":"#VALUE!"},{"$f":"BE306*CH$26","v":1},{"$f":"BE306*CH$43","v":1},1,1,1,1,1]
[null,null,null,null,null,null,null,null,null,null,null,null,null,null,null,null,null,null,null,null,null,null,null,null,null,null,null,null,null,null,null,null,null,null,null,null,null,null,null,null,null,null,null,null,null,null,null,null,null,null,null,null,21,1,null,{"$f":"1+BD306","v":307},1,null,null,null,null,21,{"$error":"#VALUE!"},{"$f":"$BL$6*BE307*$CH$44","v":{"$error":"#VALUE!"}},0,{"$error":"#VALUE!"},{"$f":"BE307*CH$27","v":1},{"$f":"BE307*CH$44","v":1},1,1,1,1,1]
[null,null,null,null,null,null,null,null,null,null,null,null,null,null,null,null,null,null,null,null,null,null,null,null,null,null,null,null,null,null,null,null,null,null,null,null,null,null,null,null,null,null,null,null,null,null,null,null,null,null,null,"Wk 44",22,1,null,308,1,null,null,null,null,22,{"$f":"$BK$6*BE308*$CI21","v":{"$error":"#VALUE!"}},{"$f":"$BL$6*BE308*$CI$38","v":{"$error":"#VALUE!"}},0,{"$error":"#VALUE!"},{"$f":"BE308*CI$21","v":1},{"$f":"BE308*CI$38","v":1},{"$f":"BQ280","v":1},1,1,1,1]
[null,null,null,null,null,null,null,null,null,null,null,null,null,null,null,null,null,null,null,null,null,null,null,null,null,null,null,null,null,null,null,null,null,null,null,null,null,null,null,null,null,null,null,null,null,null,null,null,null,null,null,null,23,{"$f":"AN$23","v":1},null,309,1,null,null,null,null,23,{"$f":"$BK$6*BE309*$CI22","v":{"$error":"#VALUE!"}},{"$f":"$BL$6*BE309*$CI$39","v":{"$error":"#VALUE!"}},0,{"$error":"#VALUE!"},{"$f":"BE309*CI$22","v":1},{"$f":"BE309*CI$39","v":1},1,1,1,1,1]
[null,null,null,null,null,null,null,null,null,null,null,null,null,null,null,null,null,null,null,null,null,null,null,null,null,null,null,null,null,null,null,null,null,null,null,null,null,null,null,null,null,null,null,null,null,null,null,null,null,null,null,null,24,{"$f":"BB$309","v":1},null,310,1,null,null,null,null,24,{"$error":"#VALUE!"},{"$f":"$BL$6*BE310*$CI$40","v":{"$error":"#VALUE!"}},0,{"$error":"#VALUE!"},{"$f":"BE310*CI$23","v":1},{"$f":"BE310*CI$40","v":1},1,1,1,1,1]
[null,null,null,null,null,null,null,null,null,null,null,null,null,null,null,null,null,null,null,null,null,null,null,null,null,null,null,null,null,null,null,null,null,null,null,null,null,null,null,null,null,null,null,null,null,null,null,null,null,null,null,null,25,1,null,311,1,null,null,null,null,25,{"$error":"#VALUE!"},{"$f":"$BL$6*BE311*$CI$41","v":{"$error":"#VALUE!"}},0,{"$error":"#VALUE!"},{"$f":"BE311*CI$24","v":1},{"$f":"BE311*CI$41","v":1},1,1,1,1,1]
[null,null,null,null,null,null,null,null,null,null,null,null,null,null,null,null,null,null,null,null,null,null,null,null,null,null,null,null,null,null,null,null,null,null,null,null,null,null,null,null,null,null,null,null,null,null,null,null,null,null,null,null,26,1,null,312,1,null,null,null,null,26,{"$error":"#VALUE!"},{"$f":"$BL$6*BE312*$CI$42","v":{"$error":"#VALUE!"}},0,{"$error":"#VALUE!"},{"$f":"BE312*CI$25","v":1},{"$f":"BE312*CI$42","v":1},1,1,1,1,1]
[null,null,null,null,null,null,null,null,null,null,null,null,null,null,null,null,null,null,null,null,null,null,null,null,null,null,null,null,null,null,null,null,null,null,null,null,null,null,null,null,null,null,null,null,null,null,null,null,null,null,null,null,27,1,null,313,1,null,null,null,null,27,{"$error":"#VALUE!"},{"$f":"$BL$6*BE313*$CI$43","v":{"$error":"#VALUE!"}},0,{"$error":"#VALUE!"},{"$f":"BE313*CI$26","v":1},{"$f":"BE313*CI$43","v":1},1,1,1,1,1]
[null,null,null,null,null,null,null,null,null,null,null,null,null,null,null,null,null,null,null,null,null,null,null,null,null,null,null,null,null,null,null,null,null,null,null,null,null,null,null,null,null,null,null,null,null,null,null,null,null,null,null,null,28,1,null,314,1,null,null,null,null,28,{"$error":"#VALUE!"},{"$f":"$BL$6*BE314*$CI$44","v":{"$error":"#VALUE!"}},0,{"$error":"#VALUE!"},{"$f":"BE314*CI$27","v":1},{"$f":"BE314*CI$44","v":1},1,1,1,1,1]
[null,null,null,null,null,null,null,null,null,null,null,null,null,null,null,null,null,null,null,null,null,null,null,null,null,null,null,null,null,null,null,null,null,null,null,null,null,null,null,null,null,null,null,null,null,null,null,null,null,null,null,"Wk 45",1,1,null,315,1,null,null,null,null,1,{"$f":"$BK$6*BE315*$CF21","v":{"$error":"#VALUE!"}},{"$f":"$BL$6*BE315*$CF$38","v":{"$error":"#VALUE!"}},0,{"$error":"#VALUE!"},{"$f":"BE315*CF$21","v":1},{"$f":"BE315*CF$38","v":1},1,1,1,1,1]
[null,null,null,null,null,null,null,null,null,null,null,null,null,null,null,null,null,null,null,null,null,null,null,null,null,null,null,null,null,null,null,null,null,null,null,null,null,null,null,null,null,null,null,null,null,null,null,null,null,null,null,null,2,{"$f":"AN$24","v":1},null,316,1,null,null,null,null,2,{"$f":"$BK$6*BE316*$CF22","v":{"$error":"#VALUE!"}},{"$f":"$BL$6*BE316*$CF$39","v":{"$error":"#VALUE!"}},0,{"$error":"#VALUE!"},{"$f":"BE316*CF$22","v":1},{"$f":"BE316*CF$39","v":1},1,1,1,1,1]
[null,null,null,null,null,null,null,null,null,null,null,null,null,null,null,null,null,null,null,null,null,null,null,null,null,null,null,null,null,null,null,null,null,null,null,null,null,null,null,null,null,null,null,null,null,null,null,null,null,null,null,null,3,{"$f":"BB$316","v":1},null,317,1,null,null,null,null,3,{"$error":"#VALUE!"},{"$f":"$BL$6*BE317*$CF$40","v":{"$error":"#VALUE!"}},0,{"$error":"#VALUE!"},{"$f":"BE317*CF$23","v":1},{"$f":"BE317*CF$40","v":1},1,1,1,1,1]
[null,null,null,null,null,null,null,null,null,null,null,null,null,null,null,null,null,null,null,null,null,null,null,null,null,null,null,null,null,null,null,null,null,null,null,null,null,null,null,null,null,null,null,null,null,null,null,null,null,null,null,null,4,1,null,318,1,null,null,null,null,4,{"$error":"#VALUE!"},{"$f":"$BL$6*BE318*$CF$41","v":{"$error":"#VALUE!"}},0,{"$error":"#VALUE!"},{"$f":"BE318*CF$24","v":1},{"$f":"BE318*CF$41","v":1},1,1,1,1,1]
[null,null,null,null,null,null,null,null,null,null,null,null,null,null,null,null,null,null,null,null,null,null,null,null,null,null,null,null,null,null,null,null,null,null,null,null,null,null,null,null,null,null,null,null,null,null,null,null,null,null,null,null,5,1,null,319,1,null,null,null,null,5,{"$error":"#VALUE!"},{"$f":"$BL$6*BE319*$CF$42","v":{"$error":"#VALUE!"}},0,{"$error":"#VALUE!"},{"$f":"BE319*CF$25","v":1},{"$f":"BE319*CF$42","v":1},1,1,1,1,1]
[null,null,null,null,null,null,null,null,null,null,null,null,null,null,null,null,null,null,null,null,null,null,null,null,null,null,null,null,null,null,null,null,null,null,null,null,null,null,null,null,null,null,null,null,null,null,null,null,null,null,null,null,6,1,null,320,1,null,null,null,null,6,{"$error":"#VALUE!"},{"$f":"$BL$6*BE320*$CF$43","v":{"$error":"#VALUE!"}},0,{"$error":"#VALUE!"},{"$f":"BE320*CF$26","v":1},{"$f":"BE320*CF$43","v":1},1,1,1,1,1]
[null,null,null,null,null,null,null,null,null,null,null,null,null,null,null,null,null,null,null,null,null,null,null,null,null,null,null,null,null,null,null,null,null,null,null,null,null,null,null,null,null,null,null,null,null,null,null,null,null,null,null,null,7,1,null,321,1,null,null,null,null,7,{"$error":"#VALUE!"},{"$f":"$BL$6*BE321*$CF$44","v":{"$error":"#VALUE!"}},0,{"$error":"#VALUE!"},{"$f":"BE321*CF$27","v":1},{"$f":"BE321*CF$44","v":1},1,1,1,1,1]
[null,null,null,null,null,null,null,null,null,null,null,null,null,null,null,null,null,null,null,null,null,null,null,null,null,null,null,null,null,null,null,null,null,null,null,null,null,null,null,null,null,null,null,null,null,null,null,null,null,null,null,"Wk 46",8,1,null,322,1,null,null,null,null,8,{"$f":"$BK$6*BE322*$CG21","v":{"$error":"#VALUE!"}},{"$f":"$BL$6*BE322*$CG$38","v":{"$error":"#VALUE!"}},0,{"$error":"#VALUE!"},{"$f":"BE322*CG$21","v":1},{"$f":"BE322*CG$38","v":1},1,1,1,1,1]
[null,null,null,null,null,null,null,null,null,null,null,null,null,null,null,null,null,null,null,null,null,null,null,null,null,null,null,null,null,null,null,null,null,null,null,null,null,null,null,null,null,null,null,null,null,null,null,null,null,null,null,null,9,{"$f":"AN$25","v":1},null,323,1,null,null,null,null,9,{"$f":"$BK$6*BE323*$CG22","v":{"$error":"#VALUE!"}},{"$f":"$BL$6*BE323*$CG$39","v":{"$error":"#VALUE!"}},0,{"$error":"#VALUE!"},{"$f":"BE323*CG$22","v":1},{"$f":"BE323*CG$39","v":1},1,1,1,1,1]
[null,null,null,null,null,null,null,null,null,null,null,null,null,null,null,null,null,null,null,null,null,null,null,null,null,null,null,null,null,null,null,null,null,null,null,null,null,null,null,null,null,null,null,null,null,null,null,null,null,null,null,null,10,{"$f":"BB$323","v":1},null,324,1,null,null,null,null,10,{"$error":"#VALUE!"},{"$f":"$BL$6*BE324*$CG$40","v":{"$error":"#VALUE!"}},0,{"$error":"#VALUE!"},{"$f":"BE324*CG$23","v":1},{"$f":"BE324*CG$40","v":1},{"$f":"BQ296","v":1},1,1,1,1]
[null,null,null,null,null,null,null,null,null,null,null,null,null,null,null,null,null,null,null,null,null,null,null,null,null,null,null,null,null,null,null,null,null,null,null,null,null,null,null,null,null,null,null,null,null,null,null,null,null,null,null,null,11,1,null,325,1,null,null,null,null,11,{"$error":"#VALUE!"},{"$f":"$BL$6*BE325*$CG$41","v":{"$error":"#VALUE!"}},0,{"$error":"#VALUE!"},{"$f":"BE325*CG$24","v":1},{"$f":"BE325*CG$41","v":1},1,1,1,1,1]
[null,null,null,null,null,null,null,null,null,null,null,null,null,null,null,null,null,null,null,null,null,null,null,null,null,null,null,null,null,null,null,null,null,null,null,null,null,null,null,null,null,null,null,null,null,null,null,null,null,null,null,null,12,1,null,326,1,null,null,null,null,12,{"$error":"#VALUE!"},{"$f":"$BL$6*BE326*$CG$42","v":{"$error":"#VALUE!"}},0,{"$error":"#VALUE!"},{"$f":"BE326*CG$25","v":1},{"$f":"BE326*CG$42","v":1},1,1,1,1,1]
[null,null,null,null,null,null,null,null,null,null,null,null,null,null,null,null,null,null,null,null,null,null,null,null,null,null,null,null,null,null,null,null,null,null,null,null,null,null,null,null,null,null,null,null,null,null,null,null,null,null,null,null,13,1,null,327,{"$f":"IF($AN$4,INDEX(BB$7:BB$378,$BD327),1)","v":1},null,null,null,null,13,{"$error":"#VALUE!"},{"$f":"$BL$6*BE327*$CG$43","v":{"$error":"#VALUE!"}},0,{"$error":"#VALUE!"},{"$f":"BE327*CG$26","v":1},{"$f":"BE327*CG$43","v":1},1,1,1,1,1]
[null,null,null,null,null,null,null,null,null,null,null,null,null,null,null,null,null,null,null,null,null,null,null,null,null,null,null,null,null,null,null,null,null,null,null,null,null,null,null,null,null,null,null,null,null,null,null,null,null,null,null,null,14,1,null,328,1,null,null,null,null,14,{"$error":"#VALUE!"},{"$f":"$BL$6*BE328*$CG$44","v":{"$error":"#VALUE!"}},0,{"$error":"#VALUE!"},{"$f":"BE328*CG$27","v":1},{"$f":"BE328*CG$44","v":1},1,1,1,1,1]
[null,null,null,null,null,null,null,null,null,null,null,null,null,null,null,null,null,null,null,null,null,null,null,null,null,null,null,null,null,null,null,null,null,null,null,null,null,null,null,null,null,null,null,null,null,null,null,null,null,null,null,"Wk 47",15,1,null,329,1,null,null,null,null,15,{"$f":"$BK$6*BE329*$CH21","v":{"$error":"#VALUE!"}},{"$f":"$BL$6*BE329*$CH$38","v":{"$error":"#VALUE!"}},0,{"$f":"ROUNDDOWN(SUM(BK329:BM329),0)","v":{"$error":"#VALUE!"}},{"$f":"BE329*CH$21","v":1},{"$f":"BE329*CH$38","v":1},1,1,1,1,1]
[null,null,null,null,null,null,null,null,null,null,null,null,null,null,null,null,null,null,null,null,null,null,null,null,null,null,null,null,null,null,null,null,null,null,null,null,null,null,null,null,null,null,null,null,null,null,null,null,null,null,null,null,16,{"$f":"AN$26","v":1},null,330,1,null,null,null,null,16,{"$f":"$BK$6*BE330*$CH22","v":{"$error":"#VALUE!"}},{"$f":"$BL$6*BE330*$CH$39","v":{"$error":"#VALUE!"}},0,{"$error":"#VALUE!"},{"$f":"BE330*CH$22","v":1},{"$f":"BE330*CH$39","v":1},1,1,1,1,1]
[null,null,null,null,null,null,null,null,null,null,null,null,null,null,null,null,null,null,null,null,null,null,null,null,null,null,null,null,null,null,null,null,null,null,null,null,null,null,null,null,null,null,null,null,null,null,null,null,null,null,null,null,17,{"$f":"BB$330","v":1},null,331,1,null,null,null,null,17,{"$error":"#VALUE!"},{"$f":"$BL$6*BE331*$CH$40","v":{"$error":"#VALUE!"}},0,{"$error":"#VALUE!"},{"$f":"BE331*CH$23","v":1},{"$f":"BE331*CH$40","v":1},1,1,1,1,1]
[null,null,null,null,null,null,null,null,null,null,null,null,null,null,null,null,null,null,null,null,null,null,null,null,null,null,null,null,null,null,null,null,null,null,null,null,null,null,null,null,null,null,null,null,null,null,null,null,null,null,null,null,18,1,null,332,1,null,null,null,null,18,{"$error":"#VALUE!"},{"$f":"$BL$6*BE332*$CH$41","v":{"$error":"#VALUE!"}},{"$f":"BM304","v":0},{"$error":"#VALUE!"},{"$f":"BE332*CH$24","v":1},{"$f":"BE332*CH$41","v":1},1,1,1,1,1]
[null,null,null,null,null,null,null,null,null,null,null,null,null,null,null,null,null,null,null,null,null,null,null,null,null,null,null,null,null,null,null,null,null,null,null,null,null,null,null,null,null,null,null,null,null,null,null,null,null,null,null,null,19,1,null,333,1,null,null,null,null,{"$f":"1+BJ332","v":19},{"$error":"#VALUE!"},{"$f":"$BL$6*BE333*$CH$42","v":{"$error":"#VALUE!"}},0,{"$error":"#VALUE!"},{"$f":"BE333*CH$25","v":1},{"$f":"BE333*CH$42","v":1},1,1,1,1,1]
[null,null,null,null,null,null,null,null,null,null,null,null,null,null,null,null,null,null,null,null,null,null,null,null,null,null,null,null,null,null,null,null,null,null,null,null,null,null,null,null,null,null,null,null,null,null,null,null,null,null,null,null,20,1,null,334,1,null,null,null,null,20,{"$error":"#VALUE!"},{"$f":"$BL$6*BE334*$CH$43","v":{"$error":"#VALUE!"}},0,{"$error":"#VALUE!"},{"$f":"BE334*CH$26","v":1},{"$f":"BE334*CH$43","v":1},1,1,1,1,1]
[null,null,null,null,null,null,null,null,null,null,null,null,null,null,null,null,null,null,null,null,null,null,null,null,null,null,null,null,null,null,null,null,null,null,null,null,null,null,null,null,null,null,null,null,null,null,null,null,null,null,null,null,21,1,null,335,1,null,null,null,null,21,{"$error":"#VALUE!"},{"$f":"$BL$6*BE335*$CH$44","v":{"$error":"#VALUE!"}},0,{"$error":"#VALUE!"},{"$f":"BE335*CH$27","v":1},{"$f":"BE335*CH$44","v":1},1,1,1,1,1]
[null,null,null,null,null,null,null,null,null,null,null,null,null,null,null,null,null,null,null,null,null,null,null,null,null,null,null,null,null,null,null,null,null,null,null,null,null,null,null,null,null,null,null,null,null,null,null,null,null,null,null,"Wk 48",22,1,null,336,1,null,null,null,null,22,{"$f":"$BK$6*BE336*$CI21","v":{"$error":"#VALUE!"}},{"$f":"$BL$6*BE336*$CI$38","v":{"$error":"#VALUE!"}},0,{"$error":"#VALUE!"},{"$f":"BE336*CI$21","v":1},{"$f":"BE336*CI$38","v":1},1,1,1,1,1]
[null,null,null,null,null,null,null,null,null,null,null,null,null,null,null,null,null,null,null,null,null,null,null,null,null,null,null,null,null,null,null,null,null,null,null,null,null,null,null,null,null,null,null,null,null,null,null,null,null,null,null,null,23,{"$f":"AN$27","v":1},null,337,1,null,null,null,null,23,{"$f":"$BK$6*BE337*$CI22","v":{"$error":"#VALUE!"}},{"$f":"$BL$6*BE337*$CI$39","v":{"$error":"#VALUE!"}},0,{"$error":"#VALUE!"},{"$f":"BE337*CI$22","v":1},{"$f":"BE337*CI$39","v":1},1,1,1,1,1]
[null,null,null,null,null,null,null,null,null,null,null,null,null,null,null,null,null,null,null,null,null,null,null,null,null,null,null,null,null,null,null,null,null,null,null,null,null,null,null,null,null,null,null,null,null,null,null,null,null,null,null,null,24,{"$f":"BB$337","v":1},null,338,1,null,null,null,null,24,{"$error":"#VALUE!"},{"$f":"$BL$6*BE338*$CI$40","v":{"$error":"#VALUE!"}},0,{"$error":"#VALUE!"},{"$f":"BE338*CI$23","v":1},{"$f":"BE338*CI$40","v":1},1,1,1,1,1]
[null,null,null,null,null,null,null,null,null,null,null,null,null,null,null,null,null,null,null,null,null,null,null,null,null,null,null,null,null,null,null,null,null,null,null,null,null,null,null,null,null,null,null,null,null,null,null,null,null,null,null,null,25,1,null,339,1,null,null,null,null,25,{"$error":"#VALUE!"},{"$f":"$BL$6*BE339*$CI$41","v":{"$error":"#VALUE!"}},0,{"$error":"#VALUE!"},{"$f":"BE339*CI$24","v":1},{"$f":"BE339*CI$41","v":1},1,1,1,1,1]
[null,null,null,null,null,null,null,null,null,null,null,null,null,null,null,null,null,null,null,null,null,null,null,null,null,null,null,null,null,null,null,null,null,null,null,null,null,null,null,null,null,null,null,null,null,null,null,null,null,null,null,null,26,1,null,340,1,null,null,null,null,26,{"$error":"#VALUE!"},{"$f":"$BL$6*BE340*$CI$42","v":{"$error":"#VALUE!"}},0,{"$error":"#VALUE!"},{"$f":"BE340*CI$25","v":1},{"$f":"BE340*CI$42","v":1},{"$f":"BQ312","v":1},1,1,1,1]
[null,null,null,null,null,null,null,null,null,null,null,null,null,null,null,null,null,null,null,null,null,null,null,null,null,null,null,null,null,null,null,null,null,null,null,null,null,null,null,null,null,null,null,null,null,null,null,null,null,null,null,null,27,1,null,341,1,null,null,null,null,27,{"$error":"#VALUE!"},{"$f":"$BL$6*BE341*$CI$43","v":{"$error":"#VALUE!"}},0,{"$error":"#VALUE!"},{"$f":"BE341*CI$26","v":1},{"$f":"BE341*CI$43","v":1},1,1,1,1,1]
[null,null,null,null,null,null,null,null,null,null,null,null,null,null,null,null,null,null,null,null,null,null,null,null,null,null,null,null,null,null,null,null,null,null,null,null,null,null,null,null,null,null,null,null,null,null,null,null,null,null,null,null,28,1,null,342,1,null,null,null,null,28,{"$error":"#VALUE!"},{"$f":"$BL$6*BE342*$CI$44","v":{"$error":"#VALUE!"}},0,{"$error":"#VALUE!"},{"$f":"BE342*CI$27","v":1},{"$f":"BE342*CI$44","v":1},1,1,1,1,1]
[null,null,null,null,null,null,null,null,null,null,null,null,null,null,null,null,null,null,null,null,null,null,null,null,null,null,null,null,null,null,null,null,null,null,null,null,null,null,null,null,null,null,null,null,null,null,null,null,null,null,null,"Wk 49",1,1,null,343,1,null,null,null,null,1,{"$f":"$BK$6*BE343*$CF21","v":{"$error":"#VALUE!"}},{"$f":"$BL$6*BE343*$CF$38","v":{"$error":"#VALUE!"}},0,{"$error":"#VALUE!"},{"$f":"BE343*CF$21","v":1},{"$f":"BE343*CF$38","v":1},1,1,1,1,1]
[null,null,null,null,null,null,null,null,null,null,null,null,null,null,null,null,null,null,null,null,null,null,null,null,null,null,null,null,null,null,null,null,null,null,null,null,null,null,null,null,null,null,null,null,null,null,null,null,null,null,null,null,2,{"$f":"AN$28","v":1},null,344,1,null,null,null,null,2,{"$f":"$BK$6*BE344*$CF22","v":{"$error":"#VALUE!"}},{"$f":"$BL$6*BE344*$CF$39","v":{"$error":"#VALUE!"}},0,{"$error":"#VALUE!"},{"$f":"BE344*CF$22","v":1},{"$f":"BE344*CF$39","v":1},1,1,1,1,1]
[null,null,null,null,null,null,null,null,null,null,null,null,null,null,null,null,null,null,null,null,null,null,null,null,null,null,null,null,null,null,null,null,null,null,null,null,null,null,null,null,null,null,null,null,null,null,null,null,null,null,null,null,3,{"$f":"BB$344","v":1},null,345,1,null,null,null,null,3,{"$error":"#VALUE!"},{"$f":"$BL$6*BE345*$CF$40","v":{"$error":"#VALUE!"}},0,{"$error":"#VALUE!"},{"$f":"BE345*CF$23","v":1},{"$f":"BE345*CF$40","v":1},1,1,1,1,1]
[null,null,null,null,null,null,null,null,null,null,null,null,null,null,null,null,null,null,null,null,null,null,null,null,null,null,null,null,null,null,null,null,null,null,null,null,null,null,null,null,null,null,null,null,null,null,null,null,null,null,null,null,4,1,null,346,1,null,null,null,null,4,{"$error":"#VALUE!"},{"$f":"$BL$6*BE346*$CF$41","v":{"$error":"#VALUE!"}},0,{"$error":"#VALUE!"},{"$f":"BE346*CF$24","v":1},{"$f":"BE346*CF$41","v":1},1,1,1,1,1]
[null,null,null,null,null,null,null,null,null,null,null,null,null,null,null,null,null,null,null,null,null,null,null,null,null,null,null,null,null,null,null,null,null,null,null,null,null,null,null,null,null,null,null,null,null,null,null,null,null,null,null,null,5,1,null,347,1,null,null,null,null,5,{"$error":"#VALUE!"},{"$f":"$BL$6*BE347*$CF$42","v":{"$error":"#VALUE!"}},0,{"$error":"#VALUE!"},{"$f":"BE347*CF$25","v":1},{"$f":"BE347*CF$42","v":1},1,1,1,1,1]
[null,null,null,null,null,null,null,null,null,null,null,null,null,null,null,null,null,null,null,null,null,null,null,null,null,null,null,null,null,null,null,null,null,null,null,null,null,null,null,null,null,null,null,null,null,null,null,null,null,null,null,null,6,1,null,348,1,null,null,null,null,6,{"$error":"#VALUE!"},{"$f":"$BL$6*BE348*$CF$43","v":{"$error":"#VALUE!"}},0,{"$error":"#VALUE!"},{"$f":"BE348*CF$26","v":1},{"$f":"BE348*CF$43","v":1},1,1,1,1,1]
[null,null,null,null,null,null,null,null,null,null,null,null,null,null,null,null,null,null,null,null,null,null,null,null,null,null,null,null,null,null,null,null,null,null,null,null,null,null,null,null,null,null,null,null,null,null,null,null,null,null,null,null,7,1,null,349,1,null,null,null,null,7,{"$error":"#VALUE!"},{"$f":"$BL$6*BE349*$CF$44","v":{"$error":"#VALUE!"}},0,{"$error":"#VALUE!"},{"$f":"BE349*CF$27","v":1},{"$f":"BE349*CF$44","v":1},1,1,1,1,1]
[null,null,null,null,null,null,null,null,null,null,null,null,null,null,null,null,null,null,null,null,null,null,null,null,null,null,null,null,null,null,null,null,null,null,null,null,null,null,null,null,null,null,null,null,null,null,null,null,null,null,null,"Wk 50",8,1,null,350,1,null,null,null,null,8,{"$f":"$BK$6*BE350*$CG21","v":{"$error":"#VALUE!"}},{"$f":"$BL$6*BE350*$CG$38","v":{"$error":"#VALUE!"}},0,{"$error":"#VALUE!"},{"$f":"BE350*CG$21","v":1},{"$f":"BE350*CG$38","v":1},1,1,1,1,1]
[null,null,null,null,null,null,null,null,null,null,null,null,null,null,null,null,null,null,null,null,null,null,null,null,null,null,null,null,null,null,null,null,null,null,null,null,null,null,null,null,null,null,null,null,null,null,null,null,null,null,null,null,9,{"$f":"AN$29","v":1},null,351,1,null,null,null,null,9,{"$f":"$BK$6*BE351*$CG22","v":{"$error":"#VALUE!"}},{"$f":"$BL$6*BE351*$CG$39","v":{"$error":"#VALUE!"}},0,{"$error":"#VALUE!"},{"$f":"BE351*CG$22","v":1},{"$f":"BE351*CG$39","v":1},1,1,1,1,1]
[null,null,null,null,null,null,null,null,null,null,null,null,null,null,null,null,null,null,null,null,null,null,null,null,null,null,null,null,null,null,null,null,null,null,null,null,null,null,null,null,null,null,null,null,null,null,null,null,null,null,null,null,10,{"$f":"BB$351","v":1},null,352,1,null,null,null,null,10,{"$error":"#VALUE!"},{"$f":"$BL$6*BE352*$CG$40","v":{"$error":"#VALUE!"}},0,{"$error":"#VALUE!"},{"$f":"BE352*CG$23","v":1},{"$f":"BE352*CG$40","v":1},1,1,1,1,1]
[null,null,null,null,null,null,null,null,null,null,null,null,null,null,null,null,null,null,null,null,null,null,null,null,null,null,null,null,null,null,null,null,null,null,null,null,null,null,null,null,null,null,null,null,null,null,null,null,null,null,null,null,11,1,null,353,1,null,null,null,null,11,{"$error":"#VALUE!"},{"$f":"$BL$6*BE353*$CG$41","v":{"$error":"#VALUE!"}},0,{"$error":"#VALUE!"},{"$f":"BE353*CG$24","v":1},{"$f":"BE353*CG$41","v":1},1,1,1,1,1]
[null,null,null,null,null,null,null,null,null,null,null,null,null,null,null,null,null,null,null,null,null,null,null,null,null,null,null,null,null,null,null,null,null,null,null,null,null,null,null,null,null,null,null,null,null,null,null,null,null,null,null,null,12,1,null,354,1,null,null,null,null,12,{"$error":"#VALUE!"},{"$f":"$BL$6*BE354*$CG$42","v":{"$error":"#VALUE!"}},0,{"$error":"#VALUE!"},{"$f":"BE354*CG$25","v":1},{"$f":"BE354*CG$42","v":1},1,1,1,1,1]
[null,null,null,null,null,null,null,null,null,null,null,null,null,null,null,null,null,null,null,null,null,null,null,null,null,null,null,null,null,null,null,null,null,null,null,null,null,null,null,null,null,null,null,null,null,null,null,null,null,null,null,null,13,1,null,355,1,null,null,null,null,13,{"$error":"#VALUE!"},{"$f":"$BL$6*BE355*$CG$43","v":{"$error":"#VALUE!"}},0,{"$error":"#VALUE!"},{"$f":"BE355*CG$26","v":1},{"$f":"BE355*CG$43","v":1},1,1,1,1,1]
[null,null,null,null,null,null,null,null,null,null,null,null,null,null,null,null,null,null,null,null,null,null,null,null,null,null,null,null,null,null,null,null,null,null,null,null,null,null,null,null,null,null,null,null,null,null,null,null,null,null,null,null,{"$f":"BA328","v":14},1,null,356,1,null,null,null,null,14,{"$error":"#VALUE!"},{"$f":"$BL$6*BE356*$CG$44","v":{"$error":"#VALUE!"}},0,{"$error":"#VALUE!"},{"$f":"BE356*CG$27","v":1},{"$f":"BE356*CG$44","v":1},{"$f":"BQ328","v":1},1,1,1,1]
[null,null,null,null,null,null,null,null,null,null,null,null,null,null,null,null,null,null,null,null,null,null,null,null,null,null,null,null,null,null,null,null,null,null,null,null,null,null,null,null,null,null,null,null,null,null,null,null,null,null,null,"Wk 51",15,1,null,357,1,null,null,null,null,15,{"$f":"$BK$6*BE357*$CH21","v":{"$error":"#VALUE!"}},{"$f":"$BL$6*BE357*$CH$38","v":{"$error":"#VALUE!"}},0,{"$error":"#VALUE!"},{"$f":"BE357*CH$21","v":1},{"$f":"BE357*CH$38","v":1},1,1,1,1,1]
[null,null,null,null,null,null,null,null,null,null,null,null,null,null,null,null,null,null,null,null,null,null,null,null,null,null,null,null,null,null,null,null,null,null,null,null,null,null,null,null,null,null,null,null,null,null,null,null,null,null,null,null,16,{"$f":"AN$30","v":1},null,358,1,null,null,null,null,16,{"$f":"$BK$6*BE358*$CH22","v":{"$error":"#VALUE!"}},{"$f":"$BL$6*BE358*$CH$39","v":{"$error":"#VALUE!"}},0,{"$error":"#VALUE!"},{"$f":"BE358*CH$22","v":1},{"$f":"BE358*CH$39","v":1},1,1,1,1,1]
[null,null,null,null,null,null,null,null,null,null,null,null,null,null,null,null,null,null,null,null,null,null,null,null,null,null,null,null,null,null,null,null,null,null,null,null,null,null,null,null,null,null,null,null,null,null,null,null,null,null,null,null,17,{"$f":"BB$358","v":1},null,359,1,null,null,null,null,17,{"$error":"#VALUE!"},{"$f":"$BL$6*BE359*$CH$40","v":{"$error":"#VALUE!"}},0,{"$error":"#VALUE!"},{"$f":"BE359*CH$23","v":1},{"$f":"BE359*CH$40","v":1},1,1,1,1,1]
[null,null,null,null,null,null,null,null,null,null,null,null,null,null,null,null,null,null,null,null,null,null,null,null,null,null,null,null,null,null,null,null,null,null,null,null,null,null,null,null,null,null,null,null,null,null,null,null,null,null,null,null,18,1,null,360,1,null,null,null,null,18,{"$error":"#VALUE!"},{"$f":"$BL$6*BE360*$CH$41","v":{"$error":"#VALUE!"}},0,{"$error":"#VALUE!"},{"$f":"BE360*CH$24","v":1},{"$f":"BE360*CH$41","v":1},1,1,1,1,1]
[null,null,null,null,null,null,null,null,null,null,null,null,null,null,null,null,null,null,null,null,null,null,null,null,null,null,null,null,null,null,null,null,null,null,null,null,null,null,null,null,null,null,null,null,null,null,null,null,null,null,null,null,19,1,null,361,1,null,null,null,null,19,{"$error":"#VALUE!"},{"$f":"$BL$6*BE361*$CH$42","v":{"$error":"#VALUE!"}},0,{"$error":"#VALUE!"},{"$f":"BE361*CH$25","v":1},{"$f":"BE361*CH$42","v":1},1,1,1,1,1]
[null,null,null,null,null,null,null,null,null,null,null,null,null,null,null,null,null,null,null,null,null,null,null,null,null,null,null,null,null,null,null,null,null,null,null,null,null,null,null,null,null,null,null,null,null,null,null,null,null,null,null,null,20,1,null,362,1,null,null,null,null,20,{"$error":"#VALUE!"},{"$f":"$BL$6*BE362*$CH$43","v":{"$error":"#VALUE!"}},0,{"$error":"#VALUE!"},{"$f":"BE362*CH$26","v":1},{"$f":"BE362*CH$43","v":1},1,1,1,1,1]
[null,null,null,null,null,null,null,null,null,null,null,null,null,null,null,null,null,null,null,null,null,null,null,null,null,null,null,null,null,null,null,null,null,null,null,null,null,null,null,null,null,null,null,null,null,null,null,null,null,null,null,null,21,1,null,363,1,null,null,null,null,21,{"$error":"#VALUE!"},{"$f":"$BL$6*BE363*$CH$44","v":{"$error":"#VALUE!"}},0,{"$error":"#VALUE!"},{"$f":"BE363*CH$27","v":1},{"$f":"BE363*CH$44","v":1},1,1,1,1,1]
[null,null,null,null,null,null,null,null,null,null,null,null,null,null,null,null,null,null,null,null,null,null,null,null,null,null,null,null,null,null,null,null,null,null,null,null,null,null,null,null,null,null,null,null,null,null,null,null,null,null,null,"Wk 52",22,1,null,364,1,null,null,null,null,22,{"$f":"$BK$6*BE364*$CI21","v":{"$error":"#VALUE!"}},{"$f":"$BL$6*BE364*$CI$38","v":{"$error":"#VALUE!"}},0,{"$error":"#VALUE!"},{"$f":"BE364*CI$21","v":1},{"$f":"BE364*CI$38","v":1},1,1,1,1,1]
[null,null,null,null,null,null,null,null,null,null,null,null,null,null,null,null,null,null,null,null,null,null,null,null,null,null,null,null,null,null,null,null,null,null,null,null,null,null,null,null,null,null,null,null,null,null,null,null,null,null,null,null,23,{"$f":"AN$31","v":1},null,365,1,null,null,null,null,23,{"$f":"$BK$6*BE365*$CI22","v":{"$error":"#VALUE!"}},{"$f":"$BL$6*BE365*$CI$39","v":{"$error":"#VALUE!"}},0,{"$error":"#VALUE!"},{"$f":"BE365*CI$22","v":1},{"$f":"BE365*CI$39","v":1},1,1,1,1,1]
[null,null,null,null,null,null,null,null,null,null,null,null,null,null,null,null,null,null,null,null,null,null,null,null,null,null,null,null,null,null,null,null,null,null,null,null,null,null,null,null,null,null,null,null,null,null,null,null,null,null,null,null,24,{"$f":"BB$365","v":1},null,366,1,null,null,null,null,24,{"$error":"#VALUE!"},{"$f":"$BL$6*BE366*$CI$40","v":{"$error":"#VALUE!"}},0,{"$error":"#VALUE!"},{"$f":"BE366*CI$23","v":1},{"$f":"BE366*CI$40","v":1},1,1,1,1,1]
[null,null,null,null,null,null,null,null,null,null,null,null,null,null,null,null,null,null,null,null,null,null,null,null,null,null,null,null,null,null,null,null,null,null,null,null,null,null,null,null,null,null,null,null,null,null,null,null,null,null,null,null,25,1,null,367,1,null,null,null,null,25,{"$error":"#VALUE!"},{"$f":"$BL$6*BE367*$CI$41","v":{"$error":"#VALUE!"}},0,{"$error":"#VALUE!"},{"$f":"BE367*CI$24","v":1},{"$f":"BE367*CI$41","v":1},1,1,1,1,1]
[null,null,null,null,null,null,null,null,null,null,null,null,null,null,null,null,null,null,null,null,null,null,null,null,null,null,null,null,null,null,null,null,null,null,null,null,null,null,null,null,null,null,null,null,null,null,null,null,null,null,null,null,26,1,null,368,1,null,null,null,null,26,{"$error":"#VALUE!"},{"$f":"$BL$6*BE368*$CI$42","v":{"$error":"#VALUE!"}},0,{"$error":"#VALUE!"},{"$f":"BE368*CI$25","v":1},{"$f":"BE368*CI$42","v":1},1,1,1,1,1]
[null,null,null,null,null,null,null,null,null,null,null,null,null,null,null,null,null,null,null,null,null,null,null,null,null,null,null,null,null,null,null,null,null,null,null,null,null,null,null,null,null,null,null,null,null,null,null,null,null,null,null,null,27,1,null,369,1,null,null,null,null,27,{"$error":"#VALUE!"},{"$f":"$BL$6*BE369*$CI$43","v":{"$error":"#VALUE!"}},0,{"$error":"#VALUE!"},{"$f":"BE369*CI$26","v":1},{"$f":"BE369*CI$43","v":1},1,1,1,1,1]
[null,null,null,null,null,null,null,null,null,null,null,null,null,null,null,null,null,null,null,null,null,null,null,null,null,null,null,null,null,null,null,null,null,null,null,null,null,null,null,null,null,null,null,null,null,null,null,null,null,null,null,null,28,1,null,370,1,null,null,null,null,28,{"$error":"#VALUE!"},{"$f":"$BL$6*BE370*$CI$44","v":{"$error":"#VALUE!"}},0,{"$error":"#VALUE!"},{"$f":"BE370*CI$27","v":1},{"$f":"BE370*CI$44","v":1},1,1,1,1,1]
[null,null,null,null,null,null,null,null,null,null,null,null,null,null,null,null,null,null,null,null,null,null,null,null,null,null,null,null,null,null,null,null,null,null,null,null,null,null,null,null,null,null,null,null,null,null,null,null,null,null,null,"Wk 53",{"$f":"1+BA370","v":29},1,null,{"$f":"1+BD370","v":371},1,null,null,null,null,29,{"$f":"$BK$6*BE371*$CF21","v":{"$error":"#VALUE!"}},{"$f":"$BL$6*BE371*$CF$38","v":{"$error":"#VALUE!"}},0,{"$error":"#VALUE!"},{"$f":"BE371*CF$21","v":1},{"$f":"BE371*CF$38","v":1},1,1,1,1,1]
[null,null,null,null,null,null,null,null,null,null,null,null,null,null,null,null,null,null,null,null,null,null,null,null,null,null,null,null,null,null,null,null,null,null,null,null,null,null,null,null,null,null,null,null,null,null,null,null,null,null,null,null,30,{"$f":"AK6","v":1},null,372,1,null,null,null,null,"x","x","x","x","x",{"$f":"COUNTIF(BO7:BO371,\">0\")","v":365},null,"x"]
[null,null,null,null,null,null,null,null,null,null,null,null,null,null,null,null,null,null,null,null,null,null,null,null,null,null,null,null,null,null,null,null,null,null,null,null,null,null,null,null,null,null,null,null,null,null,null,null,null,null,null,null,31,{"$f":"BB$372","v":1}]
[null,null,null,null,null,null,null,null,null,null,null,null,null,null,null,null,null,null,null,null,null,null,null,null,null,null,null,null,null,null,null,null,null,null,null,null,null,null,null,null,null,null,null,null,null,null,null,null,null,null,null,null,32,1]
[null,null,null,null,null,null,null,null,null,null,null,null,null,null,null,null,null,null,null,null,null,null,null,null,null,null,null,null,null,null,null,null,null,null,null,null,null,null,null,null,null,null,null,null,null,null,null,null,null,null,null,null,33,1]
[null,null,null,null,null,null,null,null,null,null,null,null,null,null,null,null,null,null,null,null,null,null,null,null,null,null,null,null,null,null,null,null,null,null,null,null,null,null,null,null,null,null,null,null,null,null,null,null,null,null,null,null,34,1]
[null,null,null,null,null,null,null,null,null,null,null,null,null,null,null,null,null,null,null,null,null,null,null,null,null,null,null,null,null,null,null,null,null,null,null,null,null,null,null,null,null,null,null,null,null,null,null,null,null,null,null,null,35,1]
[null,null,null,null,null,null,null,null,null,null,null,null,null,null,null,null,null,null,null,null,null,null,null,null,null,null,null,null,null,null,null,null,null,null,null,null,null,null,null,null,null,null,null,null,null,null,null,null,null,null,null,null,36,1]

{"sheet":"AirCond","index":3,"n_rows":370,"n_cols":64,"rows_kept":370,"cut":false,"hidden":false,"merged":[[0,1,0,19],[0,20,0,22],[1,21,1,22],[5,4,5,7],[5,9,5,12],[5,14,5,17],[5,19,5,22],[6,4,6,5],[6,6,6,7],[6,9,6,10],[6,11,6,12],[6,14,6,15],[6,16,6,17],[6,19,6,20],[6,21,6,22],[7,4,7,5],[7,6,7,7],[7,9,7,10],[7,11,7,12],[7,14,7,15],[7,16,7,17],[7,19,7,20],[7,21,7,22],[8,4,8,5],[8,6,8,7],[8,9,8,10],[8,11,8,12],[8,14,8,15],[8,16,8,17],[8,19,8,20],[8,21,8,22],[9,4,9,5],[9,6,9,7],[9,9,9,10],[9,11,9,12],[9,14,9,15],[9,16,9,17],[9,19,9,20],[9,21,9,22],[10,6,10,7],[10,11,10,12],[10,16,10,17],[10,21,10,22],[11,4,11,5],[11,6,11,7],[11,9,11,10],[11,11,11,12],[11,14,11,15],[11,16,11,17],[11,19,11,20],[11,21,11,22],[12,4,12,5],[12,6,12,7],[12,9,12,10],[12,11,12,12],[12,14,12,15],[12,16,12,17],[12,19,12,20],[12,21,12,22],[13,4,13,5],[13,6,13,7],[13,9,13,10],[13,11,13,12],[13,14,13,15],[13,16,13,17],[13,19,13,20],[13,21,13,22],[14,4,14,5],[14,6,14,7],[14,9,14,10],[14,11,14,12],[14,14,14,15],[14,16,14,17],[14,19,14,20],[14,21,14,22],[15,4,15,5],[15,6,15,7],[15,9,15,10],[15,11,15,12],[15,14,15,15],[15,16,15,17],[15,19,15,20],[15,21,15,22],[16,4,16,5],[16,6,16,7],[16,9,16,10],[16,11,16,12],[16,14,16,15],[16,16,16,17],[16,19,16,20],[16,21,16,22],[17,4,17,5],[17,6,17,7],[17,9,17,10],[17,11,17,12],[17,14,17,15],[17,16,17,17],[17,19,17,20],[17,21,17,22],[18,4,18,5],[18,6,18,7],[18,9,18,10],[18,11,18,12],[18,14,18,15],[18,16,18,17],[18,19,18,20],[18,21,18,22],[19,4,19,5],[19,6,19,7],[19,9,19,10],[19,11,19,12],[19,14,19,15],[19,16,19,17],[19,19,19,20],[19,21,19,22],[20,4,20,5],[20,6,20,7],[20,9,20,10],[20,11,20,12],[20,14,20,15],[20,16,20,17],[20,19,20,20],[20,21,20,22],[21,4,21,5],[21,6,21,7],[21,9,21,10],[21,11,21,12],[21,14,21,15],[21,16,21,17],[21,19,21,20],[21,21,21,22],[22,4,22,5],[22,6,22,7],[22,9,22,10],[22,11,22,12],[22,14,22,15],[22,16,22,17],[22,19,22,20],[22,21,22,22],[23,4,23,5],[23,6,23,7],[23,9,23,10],[23,11,23,12],[23,14,23,15],[23,16,23,17],[23,19,23,20],[23,21,23,22],[24,4,24,5],[24,6,24,7],[24,9,24,10],[24,11,24,12],[24,14,24,15],[24,16,24,17],[24,19,24,20],[24,21,24,22],[28,19,28,20],[28,21,28,22],[29,6,29,7],[29,11,29,12],[29,16,29,17],[29,21,29,22],[25,4,25,5],[25,6,25,7],[25,9,25,10],[25,11,25,12],[25,14,25,15],[25,16,25,17],[25,19,25,20],[25,21,25,22],[27,4,27,5],[27,6,27,7],[27,9,27,10],[27,11,27,12],[27,14,27,15],[27,16,27,17],[27,19,27,20],[27,21,27,22],[34,4,34,17],[34,19,34,22],[44,4,44,17],[20,2,21,2],[1,54,3,54],[1,59,2,61],[30,6,30,7],[30,11,30,12],[30,16,30,17],[30,21,30,22],[31,6,31,7],[31,11,31,12],[31,16,31,17],[31,21,31,22],[32,6,32,7],[32,11,32,12],[32,16,32,17],[32,21,32,22],[28,4,28,5],[28,6,28,7],[28,9,28,10],[28,11,28,12],[28,14,28,15],[28,16,28,17]]}
[null,{"$f":"Main!C2","v":"Project Name"},null,null,null,null,null,null,null,null,null,null,null,null,null,null,null,null,null,null,{"$f":"Main!P1","v":" Version 2018c"},null,null,null,null,null,null,null,null,null,null,null,null,null,null,null,null,null,null,null,null,null,null,null,null,null,null,null,null,null,null,null,null,"Weekly AC system schedule = base occupancy schedule"]
[null,"Air Conditioning System",null,null,null,null,null,null,null,null,null,null,null,null,null,null,null,null,null,null,"Date: ","2020-06-01",null,null,null,null,null,null,null,null,null,null,null,null,null,null,null,null,null,null,null,null,null,null,null,null,null,null,null,null,null,null,null,null,"AC operation",null,null,null,null,"Condensate water available"]
[null,"Is air conditioning provided/included in the building?",null,null,null,null,0,null,null,null,null,null,null,null,null,null,null,null,null,null,"Revision No.: "]
[null,"Is the air conditioning system of water-cooled type?",null,null,null,null,0,null,null,null,null,null,null,null,null,null,null,null,null,null,null,null,null,null,null,null,null,null,null,null,null,null,null,null,null,null,null,null,null,null,null,null,null,null,null,null,null,null,null,null,null,null,null,null,null,"Sys A","Sys B","Sys C","Sys D","Sys A","Sys B","Sys C","Sys D","Total"]
[null,"Cooling Tower make-up water requirement",null,null,null,null,{"$f":"G3*G4*Rainfall!C1","v":{"$error":"#VALUE!"}},null,null,null,null,null,null,null,null,null,null,null,null,null,null,null,null,null,null,null,null,null,null,null,null,null,null,null,null,null,null,null,null,null,null,null,null,null,null,null,null,null,null,null,null,null,null,"Day",null,null,null,null,null,{"$f":"G33","v":0},{"$f":"L33","v":0},{"$f":"Q33","v":0},{"$f":"V33","v":0}]
[null,"Description","Units",null,"AC System A",null,null,null,null,"AC System B",null,null,null,null,"AC System C",null,null,null,null,"AC System D",null,null,null,null,null,null,null,null,null,null,null,null,"Occupancy",{"$f":"VLOOKUP($E$9,AG7:AH12,2,FALSE)","v":{"$error":"#VALUE!"}},{"$f":"VLOOKUP($J$9,AG7:AI12,3,FALSE)","v":{"$error":"#VALUE!"}},{"$f":"VLOOKUP($O$9,AG7:AJ12,4,FALSE)","v":{"$error":"#VALUE!"}},{"$f":"VLOOKUP($T$9,AG7:AK12,5,FALSE)","v":{"$error":"#VALUE!"}},null,null,null,null,null,null,null,null,null,null,null,null,null,null,null,null,1,{"$f":"WaterFittings!BE7","v":1},{"$f":"BC6*AM$31","v":1},{"$f":"AR31","v":1},{"$f":"AW31","v":1},{"$f":"AW40","v":1},{"$f":"BH$5*BD6","v":0},{"$f":"BI$5*BE6","v":0},{"$f":"BJ$5*BF6","v":0},{"$f":"BK$5*BG6","v":0},{"$f":"SUM(BH6:BK6)","v":0}]
[null," Occupancy type",null,null,null,null,"Office",null,null,null,null,"Office",null,null,null,null,"Office",null,null,null,null,"Office",null,null,null,null,null,null,null,null,null,"room","person/room",{"$f":"Rainfall!C1","v":"x"},{"$f":"AH7","v":"x"},{"$f":"AH7","v":"x"},{"$f":"AH7","v":"x"},null,null,null,null,null,null,null,null,null,null,null,null,null,null,null,null,{"$f":"1+BB6","v":2},{"$f":"WaterFittings!BE8","v":1},{"$f":"BC7*AM$32","v":1},{"$f":"AR32","v":1},{"$f":"AW32","v":1},{"$f":"AW41","v":1},{"$f":"BH$5*BD7","v":0},{"$f":"BI$5*BE7","v":0},{"$f":"BJ$5*BF7","v":0},{"$f":"BK$5*BG7","v":0},{"$f":"SUM(BH7:BK7)","v":0}]
[null," Area or unit",null,null,"room",null,0,null,null,"m2",null,0,null,null,"m2",null,0,null,null,"m2",null,0,null,null,null,null,null,null,null,null,null,"apartment","person/apartment",{"$f":"AH$7","v":"x"},"x","x","x",null,null,null,null,null,null,null,null,null,null,null,null,null,null,null,null,{"$f":"1+BB7","v":3},{"$f":"WaterFittings!BE9","v":1},{"$f":"BC8*AM$33","v":1},1,1,1,0,0,0,0,{"$f":"SUM(BH8:BK8)","v":0}]
[null,"Occupancy",null,null,"m2/person",null,10,null,null,"m2/person",null,10,null,null,"m2/person",null,10,null,null,"m2/person",null,10,null,null,null,null,null,null,null,null,null,"m2","person/m2","x","x","x","x",null,null,null,null,null,null,null,null,null,null,null,null,null,null,null,null,4,{"$f":"WaterFittings!BE10","v":1},{"$f":"BC9*AM$34","v":1},1,1,1,0,0,0,0,0]
[null,"Area for OA Desgn",null,null,"m2",null,0,null,null,"m2",null,0,null,null,"m2",null,0,null,null,"m2",null,0,null,null,null,null,null,null,null,null,null,"unit","m2/person",{"$f":"AH7/G9^2","v":{"$error":"#VALUE!"}},{"$f":"AI7/L9^2","v":{"$error":"#VALUE!"}},{"$f":"AJ7/Q9^2","v":{"$error":"#VALUE!"}},{"$f":"AK7/V9^2","v":{"$error":"#VALUE!"}},null,null,null,null,null,null,null,null,null,null,null,null,null,null,null,null,5,{"$f":"WaterFittings!BE11","v":1},{"$f":"BC10*AM$35","v":1},1,1,1,0,0,0,0,0]
[null,"Population",null,null,null,null,{"$f":"ROUND(G8*G9*AH6,0)","v":{"$error":"#VALUE!"}},null,null,null,null,{"$f":"ROUND(L8*L9*AI6,0)","v":{"$error":"#VALUE!"}},null,null,null,null,{"$f":"ROUND(Q8*Q9*AJ6,0)","v":{"$error":"#VALUE!"}},null,null,null,null,{"$f":"ROUND(V8*V9*AK6,0)","v":{"$error":"#VALUE!"}},null,null,null,null,null,null,null,null,null,null,"person",{"$f":"AH7/G8","v":{"$error":"#VALUE!"}},{"$f":"AI7/L8","v":{"$error":"#VALUE!"}},{"$f":"AJ7/Q8","v":{"$error":"#VALUE!"}},{"$f":"AK7/V8","v":{"$error":"#VALUE!"}},null,null,null,null,null,null,null,null,null,null,null,null,null,null,null,null,6,{"$f":"WaterFittings!BE12","v":1},{"$f":"BC11*AM$36","v":1},1,1,1,0,0,0,0,0]
[null,null,null,null,"Default",null,"Selected",null,null,"Default",null,"Selected",null,null,"Default",null,"Selected",null,null,"Default",null,"Selected",null,null,null,null,null,null,null,null,null,null,"person/unit",{"$f":"AH$8","v":"x"},{"$f":"AI$8","v":"x"},{"$f":"AJ$8","v":"x"},{"$f":"AK$8","v":"x"},null,null,null,null,null,null,null,null,null,null,null,null,null,null,null,null,7,{"$f":"WaterFittings!BE13","v":1},{"$f":"BC12*AM$37","v":1},1,1,1,0,0,0,0,0]
[null," Cooling Load","W/unit",null,{"$f":"HLOOKUP($G$7,type,6,FALSE)&\" \"&HLOOKUP($G$7,type,4,FALSE)","v":"175 W/m2"},null,175,null,null,{"$f":"HLOOKUP($L$7,type,6,FALSE)&\" \"&HLOOKUP($L$7,type,4,FALSE)","v":"175 W/m2"},null,175,null,null,{"$f":"HLOOKUP($Q$7,type,6,FALSE)&\" \"&HLOOKUP($Q$7,type,4,FALSE)","v":"175 W/m2"},null,175,null,null,{"$f":"HLOOKUP($V$7,type,6,FALSE)&\" \"&HLOOKUP($V$7,type,4,FALSE)","v":"175 W/m2"},null,175,null,null,null,null,null,null,null,null,null,null,null,null,null,null,null,null,null,null,null,null,null,null,null,null,null,null,null,null,null,null,null,8,{"$f":"WaterFittings!BE14","v":1},{"$f":"BC13*AN$31","v":1},{"$f":"AS31","v":1},{"$f":"AX31","v":1},{"$f":"AX40","v":1},0,0,0,0,0]
[null," Total Capacity","kWr",null,null,null,{"$f":"IF(G5,ROUND(G8*G13/1000,0),0)","v":{"$error":"#VALUE!"}},null,null,null,null,{"$f":"IF(G5,ROUND(L8*L13/1000,0),0)","v":{"$error":"#VALUE!"}},null,null,null,null,{"$f":"IF(G5,ROUND(Q8*Q13/1000,0),0)","v":{"$error":"#VALUE!"}},null,null,null,null,{"$f":"IF(G5,ROUND(V8*V13/1000,0),0)","v":{"$error":"#VALUE!"}},null,null,null,null,null,"Clubhouse","ConventionCentre","Hotel","Multipurpose","Office","Residential","Retail","Restaurant",null,null,null,null,null,null,null,null,null,null,null,null,null,null,null,null,null,null,9,{"$f":"WaterFittings!BE15","v":1},{"$f":"BC14*AN$32","v":1},{"$f":"AS32","v":1},{"$f":"AX32","v":1},{"$f":"AX41","v":1},0,0,0,0,0]
[null," Total Capacity","RT",null,null,null,{"$f":"ROUND(G14/3.517,0)","v":{"$error":"#VALUE!"}},null,null,null,null,{"$f":"ROUND(L14/3.517,0)","v":{"$error":"#VALUE!"}},null,null,null,null,{"$f":"ROUND(Q14/3.517,0)","v":{"$error":"#VALUE!"}},null,null,null,null,{"$f":"ROUND(V14/3.517,0)","v":{"$error":"#VALUE!"}},null,null,null,null,"Description","AC area","AC area","No. of rooms","AC area","AC area","AC area","AC area","AC area",null,null,null,null,null,null,null,null,null,null,null,null,null,null,null,null,null,null,10,{"$f":"WaterFittings!BE16","v":1},{"$f":"BC15*AN$33","v":1},1,1,1,0,0,0,0,0]
[null," Design CDW dT","oC",null,5.55,null,5.55,null,null,5.55,null,5.55,null,null,5.55,null,5.55,null,null,5.55,null,5.55,null,null,null,null,"Units","nos.","m2","nos.","m2","m2","m2","m2","m2",null,null,null,null,null,null,null,null,null,null,null,null,null,null,null,null,null,null,11,{"$f":"WaterFittings!BE17","v":1},{"$f":"BC16*AN$34","v":1},1,1,1,0,0,0,0,0]
[null," CDW flow","L/s/kWr",null,{"$f":"ROUNDUP(1.25/4.187/E16,5)","v":5.3800000000000001E-2},null,{"$f":"ROUNDUP(1.25/4.187/G16,5)","v":5.3800000000000001E-2},null,null,{"$f":"ROUNDUP(1.25/4.187/J16,5)","v":5.3800000000000001E-2},null,{"$f":"ROUNDUP(1.25/4.187/L16,5)","v":5.3800000000000001E-2},null,null,{"$f":"ROUNDUP(1.25/4.187/O16,5)","v":5.3800000000000001E-2},null,{"$f":"ROUNDUP(1.25/4.187/Q16,5)","v":5.3800000000000001E-2},null,null,{"$f":"ROUNDUP(1.25/4.187/T16,5)","v":5.3800000000000001E-2},null,{"$f":"ROUNDUP(1.25/4.187/V16,5)","v":5.3800000000000001E-2},null,null,null,null,"Unit load","W/m2","W/m2","Wr/room","W/m2","W/m2","W/m2","W/m2","W/m2",null,null,null,null,null,null,null,null,null,null,null,null,null,null,null,null,null,null,12,{"$f":"WaterFittings!BE18","v":1},{"$f":"BC17*AN$35","v":1},1,1,1,0,0,0,0,0]
[null," Diversity factor",null,null,1,null,0.8,null,null,1,null,1,null,null,1,null,1,null,null,1,null,1,null,null,null,"Base Load","Btuh/unit",55,80,24000,80,55,80,80,null,null,null,null,null,null,null,null,null,null,null,null,null,null,null,null,null,null,null,13,{"$f":"WaterFittings!BE19","v":1},{"$f":"BC18*AN$36","v":1},1,1,1,0,0,0,0,0]
[null," Water Loss","%",null,1.0699999999999999E-2,null,1.0699999999999999E-2,null,null,1.0699999999999999E-2,null,1.0699999999999999E-2,null,null,1.0699999999999999E-2,null,1.0699999999999999E-2,null,null,1.0699999999999999E-2,null,1.0699999999999999E-2,null,null,null,null,"Wr/unit",175,250,7000,250,175,250,250,300,null,null,null,null,null,null,null,null,null,null,null,null,null,null,null,null,null,null,14,{"$f":"WaterFittings!BE20","v":1},{"$f":"BC19*AN$37","v":1},1,1,1,0,0,0,0,0]
[null,"Drift Loss","%",null,2.0000000000000001E-4,null,2.0000000000000001E-4,null,null,2.0000000000000001E-4,null,{"$f":"G20","v":2.0000000000000001E-4},null,null,2.0000000000000001E-4,null,{"$f":"G20","v":2.0000000000000001E-4},null,null,2.0000000000000001E-4,null,{"$f":"G20","v":2.0000000000000001E-4},null,null,null,"Design Load","Btuh/unit",35,60,18000,60,53.57,60,60,null,null,null,null,null,null,null,null,null,null,null,null,null,null,null,null,null,null,null,15,{"$f":"WaterFittings!BE21","v":1},{"$f":"BC20*AO$31","v":1},{"$f":"AT31","v":1},{"$f":"AY31","v":1},{"$f":"AY40","v":1},0,0,0,0,0]
[null,"Blowdown","Cycles of Concentration",null,5,null,5,null,null,null,null,null,null,null,null,null,null,null,null,null,null,null,null,null,null,null,"Wr/unit",{"$f":"ROUND(AB20*10.764/3.412,0)","v":110},{"$f":"ROUND(AC20*10.764/3.412,0)","v":189},{"$f":"ROUND(AD20/3.412,0)","v":5275},{"$f":"ROUND(AE20*10.764/3.412,0)","v":189},{"$f":"ROUND(AF20*10.764/3.412,0)","v":169},{"$f":"ROUND(AG20*10.764/3.412,0)","v":189},{"$f":"ROUND(AH20*10.764/3.412,0)","v":189},null,null,null,null,null,null,null,null,null,null,null,null,null,null,null,null,null,null,null,16,{"$f":"WaterFittings!BE22","v":1},{"$f":"BC21*AO$32","v":1},{"$f":"AT32","v":1},{"$f":"AY32","v":1},{"$f":"AY41","v":1},0,0,0,0,0]
[null,null,null,null,null,null,{"$f":"ROUNDUP(G19/(G21-1)-G20,5)","v":2.48E-3},null,null,null,null,{"$f":"ROUNDUP(L19/(G21-1)-L20,5)","v":2.48E-3},null,null,null,null,{"$f":"ROUNDUP(Q19/(G21-1)-Q20,5)","v":2.48E-3},null,null,null,null,{"$f":"ROUNDUP(V19/(G21-1)-V20,5)","v":2.48E-3},null,null,null,null,"DF",0.85,0.85,0.7,0.8,0.85,0.85,0.85,0.8,null,null,null,null,null,null,null,null,null,null,null,null,null,null,null,null,null,null,17,{"$f":"WaterFittings!BE23","v":1},{"$f":"BC22*AO$33","v":1},{"$f":"AT33","v":1},{"$f":"AY33","v":1},1,0,0,0,0,0]
[null," Total CW flow","L/s",null,null,null,{"$f":"ROUNDUP(G14*G17,1)","v":{"$error":"#VALUE!"}},null,null,null,null,{"$f":"ROUNDUP(L14*L17,1)","v":{"$error":"#VALUE!"}},null,null,null,null,{"$f":"ROUNDUP(Q14*Q17,1)","v":{"$error":"#VALUE!"}},null,null,null,null,{"$f":"ROUNDUP(V14*V17,1)","v":{"$error":"#VALUE!"}},null,null,null,null,"Evaporation",null,null,null,null,null,null,null,null,null,null,null,null,null,null,null,null,null,null,null,null,null,null,null,null,null,null,18,{"$f":"WaterFittings!BE24","v":1},{"$f":"BC23*AO$34","v":1},{"$f":"AT34","v":1},{"$f":"AY34","v":1},1,0,0,0,0,0]
[null," Daily Operating Hours","nos.",null,{"$f":"HLOOKUP(G$7,type,14,FALSE)","v":10},null,10,null,null,{"$f":"HLOOKUP(L$7,type,14,FALSE)","v":10},null,10,null,null,{"$f":"HLOOKUP(Q$7,type,14,FALSE)","v":10},null,10,null,null,{"$f":"HLOOKUP(V$7,type,14,FALSE)","v":10},null,10,null,null,null,null,"Drift Loss",null,null,null,null,null,null,null,null,null,null,null,null,null,null,null,null,null,null,null,null,null,null,null,null,null,null,19,{"$f":"WaterFittings!BE25","v":1},{"$f":"BC24*AO$35","v":1},{"$f":"AT35","v":1},{"$f":"AY35","v":1},1,0,0,0,0,0]
[null," Water Loss per day","L",null,null,null,{"$f":"ROUNDUP(G14*G17*G18*SUM(G19,G20,G22)*G24*3600,0)","v":{"$error":"#VALUE!"}},null,null,null,null,{"$f":"ROUNDUP(L14*L17*L18*SUM(L19:L22)*L24*3600,0)","v":{"$error":"#VALUE!"}},null,null,null,null,{"$f":"ROUNDUP(Q14*Q17*Q18*SUM(Q19:Q22)*Q24*3600,0)","v":{"$error":"#VALUE!"}},null,null,null,null,{"$f":"ROUNDUP(V14*V17*V18*SUM(V19:V22)*V24*3600,0)","v":{"$error":"#VALUE!"}},null,null,null,null,"Blowdown",null,null,null,null,null,null,null,null,null,null,null,null,null,null,null,null,null,null,null,null,null,null,null,null,null,null,20,{"$f":"WaterFittings!BE26","v":1},{"$f":"BC25*AO$36","v":1},1,1,1,0,0,0,0,0]
[null," Water Loss per year","m3",null,null,null,{"$f":"ROUNDUP(SUM(PRODUCT(G25,SUM(AM31:AP37),0.013),G25*AM31/1000),0)","v":{"$error":"#VALUE!"}},null,null,null,null,{"$f":"ROUNDUP(SUM(PRODUCT(L25,SUM(AR31:AU37),0.013),L25*AR31/1000),0)","v":{"$error":"#VALUE!"}},null,null,null,null,{"$f":"ROUNDUP(SUM(PRODUCT(Q25,SUM(AW31:AZ37),0.013),Q25*AW31/1000),0)","v":{"$error":"#VALUE!"}},null,null,null,null,{"$f":"ROUNDUP(SUM(PRODUCT(V25,SUM(AW40:AZ46),0.013),AW40*V25/1000),0)","v":{"$error":"#VALUE!"}},null,null,null,null,"dT",5.5,5.5,5.5,5.5,5.5,5.5,5.5,5.5,null,null,null,null,null,null,null,null,null,null,null,null,null,null,null,null,null,null,21,{"$f":"WaterFittings!BE27","v":1},{"$f":"BC26*AO$37","v":1},1,1,1,0,0,0,0,0]
[null,"Condensate Water Recovery",null,null,null,null,null,null,null,null,null,null,null,null,null,null,null,null,null,null,null,null,null,null,null,null,"Op Hrs",12,12,24,12,10,24,12,12,null,null,null,null,null,null,null,null,null,null,null,null,null,null,null,null,null,null,22,{"$f":"WaterFittings!BE28","v":1},{"$f":"BC27*AP$31","v":1},{"$f":"AU31","v":1},{"$f":"AZ31","v":1},{"$f":"AZ40","v":1},0,0,0,0,0]
[null,"OA - Area requirement","l/s/m2",null,{"$f":"HLOOKUP($G$7,type,15,FALSE)","v":0.3},null,0.3,null,null,{"$f":"HLOOKUP($L$7,type,15,FALSE)","v":0.3},null,0.3,null,null,{"$f":"HLOOKUP($Q$7,type,15,FALSE)","v":0.3},null,0.3,null,null,{"$f":"HLOOKUP($V$7,type,15,FALSE)","v":0.3},null,0.3,null,null,null,null,"L/s/unit floor area",0.3,0.3,0.3,0.3,0.3,0.3,0.3,0.6,null,null,null,null,null,null,null,null,null,null,null,null,null,null,null,null,null,null,23,{"$f":"WaterFittings!BE29","v":1},{"$f":"BC28*AP$32","v":1},{"$f":"AU32","v":1},{"$f":"AZ32","v":1},{"$f":"AZ41","v":1},0,0,0,0,0]
[null,"OA - People requirement","l/s/peron",null,{"$f":"HLOOKUP($G$7,type,16,FALSE)","v":2.5},null,2.5,null,null,{"$f":"HLOOKUP($L$7,type,16,FALSE)","v":2.5},null,2.5,null,null,{"$f":"HLOOKUP($Q$7,type,16,FALSE)","v":2.5},null,2.5,null,null,{"$f":"HLOOKUP($V$7,type,16,FALSE)","v":2.5},null,2.5,null,null,null,null,"L/s/person",2.5,2.5,2.5,2.5,2.5,2.5,2.5,3.8,null,null,"Adjustment for first day of the year",null,null,null,null,null,null,null,null,null,null,null,null,null,null,null,24,{"$f":"WaterFittings!BE30","v":1},{"$f":"BC29*AP$33","v":1},1,1,1,0,0,0,0,0]
[null,"Total OA requirement",null,null,null,null,{"$f":"G10*G28+G11*G29","v":{"$error":"#VALUE!"}},null,null,null,null,{"$f":"L10*L28+L11*L29","v":{"$error":"#VALUE!"}},null,null,null,null,{"$f":"Q10*Q28+Q11*Q29","v":{"$error":"#VALUE!"}},null,null,null,null,{"$f":"V10*V28+V11*V29","v":{"$error":"#VALUE!"}},null,null,null,null,null,null,null,null,null,null,null,null,null,null,null,{"$f":"System1!D3","v":"Kangar"},null,null,null,null,null,null,null,null,null,null,null,null,null,null,null,25,{"$f":"WaterFittings!BE31","v":1},{"$f":"BC30*AP$34","v":1},1,1,1,0,0,0,0,0]
[null,"Outdoor air design","kg/s",null,null,null,{"$f":"ROUND(G30/1000/$D$54*(($D$53-$D$56)/1000),4)","v":{"$error":"#VALUE!"}},null,null,null,null,{"$f":"ROUND(L30/1000/$D$54*(($D$53-$D$56)/1000),4)","v":{"$error":"#VALUE!"}},null,null,null,null,{"$f":"ROUND(Q30/1000/$D$54*(($D$53-$D$56)/1000),4)","v":{"$error":"#VALUE!"}},null,null,null,null,{"$f":"ROUND(V30/1000/$D$54*(($D$53-$D$56)/1000),4)","v":{"$error":"#VALUE!"}},null,null,null,null,null,null,null,null,null,null,null,null,null,null,null,{"$f":"HLOOKUP(AL30,Raindata,6,FALSE)","v":7},{"$f":"INDEX(weekac11,$AL31)","v":1},{"$f":"INDEX(weekac12,$AL31)","v":1},{"$f":"INDEX(weekac13,$AL31)","v":1},{"$f":"INDEX(weekac14,$AL31)","v":1},null,{"$f":"INDEX(weekac21,$AL31)","v":1},{"$f":"INDEX(weekac22,$AL31)","v":1},{"$f":"INDEX(weekac23,$AL31)","v":1},{"$f":"INDEX(weekac24,$AL31)","v":1},null,{"$f":"INDEX(weekac31,$AL31)","v":1},{"$f":"INDEX(weekac32,$AL31)","v":1},{"$f":"INDEX(weekac33,$AL31)","v":1},{"$f":"INDEX(weekac34,$AL31)","v":1},null,26,{"$f":"WaterFittings!BE32","v":1},{"$f":"BC31*AP$35","v":1},1,1,1,0,0,0,0,0]
[null,null,"kg/h (L/h)",null,null,null,{"$f":"ROUND(G31*3600,1)","v":{"$error":"#VALUE!"}},null,null,null,null,{"$f":"ROUND(L31*3600,1)","v":{"$error":"#VALUE!"}},null,null,null,null,{"$f":"ROUND(Q31*3600,1)","v":{"$error":"#VALUE!"}},null,null,null,null,{"$f":"ROUND(V31*3600,1)","v":{"$error":"#VALUE!"}},null,null,null,null,null,null,null,null,null,null,null,null,null,null,null,{"$f":"IF($AL$31+1<8,$AL$31+1,$AL$31-6)","v":1},1,1,1,1,null,1,1,1,1,null,1,1,1,1,null,27,{"$f":"WaterFittings!BE33","v":1},{"$f":"BC32*AP$36","v":1},1,1,1,0,0,0,0,0]
[null,"Maximum recovery per day","L",null,null,null,{"$f":"IF(G3,ROUNDDOWN(G18*G32*G24,-1),0)","v":0},null,null,null,null,{"$f":"IF(G3,ROUNDDOWN(L18*L32*L24,-1),0)","v":0},null,null,null,null,{"$f":"IF(G3,ROUNDDOWN(Q18*Q32*Q24,-1),0)","v":0},null,null,null,null,{"$f":"IF(G3,ROUNDDOWN(V18*V32*V24,-1),0)","v":0},null,null,null,null,"Condensate Water recycling system association",null,null,null,null,null,null,null,null,null,null,{"$f":"IF($AL$31+2<8,$AL$31+2,$AL$31-5)","v":2},1,1,1,1,null,1,1,1,1,null,1,1,1,1,null,28,{"$f":"WaterFittings!BE34","v":1},{"$f":"BC33*AP$37","v":1},1,1,1,0,0,0,0,0]
[null,null,null,null,null,null,null,null,null,null,null,null,null,null,null,null,null,null,null,null,null,null,null,null,null,null,null,null,null,null,null,null,null,null,null,null,null,{"$f":"IF($AL$31+3<8,$AL$31+3,$AL$31-4)","v":3},1,1,1,1,null,1,1,1,1,null,1,1,1,1,null,29,{"$f":"WaterFittings!BE35","v":1},{"$f":"BC34*AM$31","v":1},{"$f":"BE6","v":1},1,{"$f":"BG6","v":1},0,0,0,0,0]
[null,null,null,null,"Air-conditioning System Operating Schedules (% of daily operating hours)",null,null,null,null,null,null,null,null,null,null,null,null,null,null,"User Defined Schedule",null,null,null,null,null,null,null,null,null,null,null,null,null,null,null,null,null,{"$f":"IF($AL$31+4<8,$AL$31+4,$AL$31-3)","v":4},1,1,1,1,null,1,1,1,1,null,1,1,1,1,null,30,{"$f":"WaterFittings!BE36","v":1},{"$f":"BC35*AM$32","v":1},1,1,{"$f":"BG7","v":1},0,0,0,0,0]
[null,null,null,null,null,null,null,null,null,null,null,null,null,null,null,null,null,null,null,null,null,null,null,null,null,null,null,null,null,null,null,null,null,null,null,null,null,{"$f":"IF($AL$31+5<8,$AL$31+5,$AL$31-2)","v":5},1,1,1,1,null,1,1,1,1,null,1,1,1,1,null,31,{"$f":"WaterFittings!BE37","v":1},{"$f":"BC36*AM$33","v":1},1,1,{"$f":"BG8","v":1},0,0,0,0,0]
[null,null,"Schedule",null,"Week 1","Week 2","Week 3","Week 4",null,"Week 1","Week 2","Week 3","Week 4",null,"Week 1","Week 2","Week 3","Week 4",null,"Week 1","Week 2","Week 3","Week 4",null,null,null,null,null,null,null,null,null,null,null,null,null,null,{"$f":"IF($AL$31+6<8,$AL$31+6,$AL$31-1)","v":6},1,1,1,1,null,1,1,1,1,null,1,1,1,1,null,32,{"$f":"WaterFittings!BE38","v":1},{"$f":"BC37*AM$34","v":1},1,1,{"$f":"BG9","v":1},0,0,0,0,0]
[null,null,"Monday",null,{"$f":"WaterFittings!L10","v":1},{"$f":"WaterFittings!M10","v":1},{"$f":"WaterFittings!N10","v":1},{"$f":"WaterFittings!O10","v":1},null,{"$f":"WaterFittings!AB10","v":1},{"$f":"WaterFittings!AC10","v":1},{"$f":"WaterFittings!AD10","v":1},{"$f":"WaterFittings!AE10","v":1},null,{"$f":"WaterFittings!L38","v":1},{"$f":"WaterFittings!M38","v":1},{"$f":"WaterFittings!N38","v":1},{"$f":"WaterFittings!O38","v":1},null,1,1,1,1,null,null,null,null,"AC System 1",null,null,null,"AC System 2",null,null,null,"AC System 3",null,null,null,null,"Total",null,null,null,null,null,null,null,null,null,null,null,null,33,{"$f":"WaterFittings!BE39","v":1},{"$f":"BC38*AM$35","v":1},1,1,{"$f":"BG10","v":1},0,0,0,0,0]
[null,null,"Tuesday",null,{"$f":"WaterFittings!L11","v":1},{"$f":"WaterFittings!M11","v":1},{"$f":"WaterFittings!N11","v":1},{"$f":"WaterFittings!O11","v":1},null,{"$f":"WaterFittings!AB11","v":1},{"$f":"WaterFittings!AC11","v":1},{"$f":"WaterFittings!AD11","v":1},{"$f":"WaterFittings!AE11","v":1},null,{"$f":"WaterFittings!L39","v":1},{"$f":"WaterFittings!M39","v":1},{"$f":"WaterFittings!N39","v":1},{"$f":"WaterFittings!O39","v":1},null,1,1,1,1,null,null,null,null,null,null,null,null,null,null,null,null,null,null,null,null,null,null,null,null,null,null,null,null,null,null,null,null,null,null,34,{"$f":"WaterFittings!BE40","v":1},{"$f":"BC39*AM$36","v":1},1,1,{"$f":"BG11","v":1},0,0,0,0,0]
[null,null,"Wednesday",null,{"$f":"WaterFittings!L12","v":1},{"$f":"WaterFittings!M12","v":1},{"$f":"WaterFittings!N12","v":1},{"$f":"WaterFittings!O12","v":1},null,{"$f":"WaterFittings!AB12","v":1},{"$f":"WaterFittings!AC12","v":1},{"$f":"WaterFittings!AD12","v":1},{"$f":"WaterFittings!AE12","v":1},null,{"$f":"WaterFittings!L40","v":1},{"$f":"WaterFittings!M40","v":1},{"$f":"WaterFittings!N40","v":1},{"$f":"WaterFittings!O40","v":1},null,1,1,1,1,null,null,null,null,null,null,null,null,null,null,null,null,null,null,null,null,null,null,null,null,null,null,null,null,null,{"$f":"INDEX(weekac41,$AL31)","v":1},{"$f":"INDEX(weekac42,$AL31)","v":1},{"$f":"INDEX(weekac43,$AL31)","v":1},{"$f":"INDEX(weekac44,$AL31)","v":1},null,35,{"$f":"WaterFittings!BE41","v":1},{"$f":"BC40*AM$37","v":1},1,1,{"$f":"BG12","v":1},0,0,0,0,0]
[null,null,"Thursday",null,{"$f":"WaterFittings!L13","v":1},{"$f":"WaterFittings!M13","v":1},{"$f":"WaterFittings!N13","v":1},{"$f":"WaterFittings!O13","v":1},null,{"$f":"WaterFittings!AB13","v":1},{"$f":"WaterFittings!AC13","v":1},{"$f":"WaterFittings!AD13","v":1},{"$f":"WaterFittings!AE13","v":1},null,{"$f":"WaterFittings!L41","v":1},{"$f":"WaterFittings!M41","v":1},{"$f":"WaterFittings!N41","v":1},{"$f":"WaterFittings!O41","v":1},null,1,1,1,1,null,null,null,null,null,null,null,null,null,null,null,null,null,null,null,null,null,null,null,null,null,null,null,null,null,1,1,1,1,null,36,{"$f":"WaterFittings!BE42","v":1},{"$f":"BC41*AN$31","v":1},1,1,{"$f":"BG13","v":1},0,0,0,0,0]
[null,null,"Friday",null,{"$f":"WaterFittings!L14","v":1},{"$f":"WaterFittings!M14","v":1},{"$f":"WaterFittings!N14","v":1},{"$f":"WaterFittings!O14","v":1},null,{"$f":"WaterFittings!AB14","v":1},{"$f":"WaterFittings!AC14","v":1},{"$f":"WaterFittings!AD14","v":1},{"$f":"WaterFittings!AE14","v":1},null,{"$f":"WaterFittings!L42","v":1},{"$f":"WaterFittings!M42","v":1},{"$f":"WaterFittings!N42","v":1},{"$f":"WaterFittings!O42","v":1},null,1,1,1,1,null,null,null,"RWH System 1",{"$f":"G$33","v":0},null,null,null,{"$f":"L$33","v":0},null,null,null,{"$f":"Q$33","v":0},null,null,null,{"$f":"SUM(AB42,AF42,AJ42,AJ51)","v":0},null,null,null,null,null,null,null,null,1,1,1,1,null,37,{"$f":"WaterFittings!BE43","v":1},{"$f":"BC42*AN$32","v":1},1,1,{"$f":"BG14","v":1},0,0,0,0,0]
[null,null,"Saturday",null,{"$f":"WaterFittings!L15","v":1},{"$f":"WaterFittings!M15","v":1},{"$f":"WaterFittings!N15","v":1},{"$f":"WaterFittings!O15","v":1},null,{"$f":"WaterFittings!AB15","v":1},{"$f":"WaterFittings!AC15","v":1},{"$f":"WaterFittings!AD15","v":1},{"$f":"WaterFittings!AE15","v":1},null,{"$f":"WaterFittings!L43","v":1},{"$f":"WaterFittings!M43","v":1},{"$f":"WaterFittings!N43","v":1},{"$f":"WaterFittings!O43","v":1},null,1,1,1,1,null,null,null,null,{"$f":"$AB$42*AM31","v":0},0,0,0,{"$f":"$AF$42*AR31","v":0},0,0,0,{"$f":"$AJ$42*AW31","v":0},0,0,0,null,{"$f":"ROUNDDOWN(SUM(AB43,AF43,AJ43,AJ52),0)","v":0},{"$f":"ROUNDDOWN(SUM(AC43,AG43,AK43,AK52),0)","v":0},0,0,null,null,null,null,1,1,1,1,null,38,{"$f":"WaterFittings!BE44","v":1},{"$f":"BC43*AN$33","v":1},1,1,{"$f":"BG15","v":1},0,0,0,0,0]
[null,null,"Sunday",null,{"$f":"WaterFittings!L16","v":1},{"$f":"WaterFittings!M16","v":1},{"$f":"WaterFittings!N16","v":1},{"$f":"WaterFittings!O16","v":1},null,{"$f":"WaterFittings!AB16","v":1},{"$f":"WaterFittings!AC16","v":1},{"$f":"WaterFittings!AD16","v":1},{"$f":"WaterFittings!AE16","v":1},null,{"$f":"WaterFittings!L44","v":1},{"$f":"WaterFittings!M44","v":1},{"$f":"WaterFittings!N44","v":1},{"$f":"WaterFittings!O44","v":1},null,1,1,1,1,null,null,null,null,0,0,0,0,0,0,0,0,0,0,0,0,null,{"$f":"ROUNDDOWN(SUM(AB44,AF44,AJ44,AJ53),0)","v":0},{"$f":"ROUNDDOWN(SUM(AC44,AG44,AK44,AK53),0)","v":0},{"$f":"ROUNDDOWN(SUM(AD44,AH44,AL44,AL53),0)","v":0},{"$f":"ROUNDDOWN(SUM(AE44,AI44,AM44,AM53),0)","v":0},null,null,null,null,1,1,1,1,null,39,{"$f":"WaterFittings!BE45","v":1},{"$f":"BC44*AN$34","v":1},1,1,{"$f":"BG16","v":1},0,0,0,0,0]
[null,null,null,null,"Note: Daily and weekly schedules follows the weekly schedule input for water fittings application",null,null,null,null,null,null,null,null,null,null,null,null,null,null,null,null,null,null,null,null,null,null,0,0,0,0,0,0,0,0,0,0,0,0,null,0,0,0,0,null,null,null,null,1,1,1,1,null,40,{"$f":"WaterFittings!BE46","v":1},{"$f":"BC45*AN$35","v":1},1,1,{"$f":"BG17","v":1},0,0,0,0,0]
[null,null,null,null,null,null,null,null,null,null,null,null,null,null,null,null,null,null,null,null,null,null,null,null,null,null,null,0,0,0,0,0,0,0,0,0,0,0,0,null,0,0,0,0,null,null,null,null,1,1,1,1,null,41,{"$f":"WaterFittings!BE47","v":1},{"$f":"BC46*AN$36","v":1},1,1,{"$f":"BG18","v":1},0,0,0,0,0]
[null,"Air Condition Condensate Water Recovery",null,null,null,null,null,null,null,null,null,null,null,null,null,null,null,null,null,null,null,null,null,null,null,null,null,0,0,0,0,0,0,0,0,0,0,0,0,null,0,0,0,0,null,null,null,null,null,null,null,null,null,42,{"$f":"WaterFittings!BE48","v":1},{"$f":"BC47*AN$37","v":1},1,1,{"$f":"BG19","v":1},0,0,0,0,0]
[null,"Condensate =","Air flow (m3/s)","x","Density","(kg/m3)","x","Dw","(kgwater/kgdry air)",null,null,null,null,null,null,null,null,null,null,null,null,null,null,null,null,null,null,0,0,0,0,0,0,0,0,0,0,0,0,null,0,0,0,0,null,null,null,null,null,null,null,null,null,43,{"$f":"WaterFittings!BE49","v":1},{"$f":"BC48*AO$31","v":1},1,1,{"$f":"BG20","v":1},0,0,0,0,0]
[null,"where;",null,null,null,null,null,null,null,null,null,null,null,null,null,null,null,null,null,null,null,null,null,null,null,null,null,0,0,0,0,0,0,0,0,0,0,0,0,null,0,0,0,0,null,null,null,null,null,null,null,null,null,44,{"$f":"WaterFittings!BE50","v":1},{"$f":"BC49*AO$32","v":1},1,1,{"$f":"BG21","v":1},0,0,0,0,0]
[null,"w =","absolute humidity",null,null,null,null,null,null,null,null,null,null,null,null,null,null,null,null,null,null,null,null,null,null,null,null,null,null,null,null,null,null,null,null,null,null,null,null,null,null,null,null,null,null,null,null,null,null,null,null,null,null,45,{"$f":"WaterFittings!BE51","v":1},{"$f":"BC50*AO$33","v":1},{"$f":"BE22","v":1},1,{"$f":"BG22","v":1},0,0,0,0,0]
[null,"Consider an air conditioning system that requires 2500 L/s outdoor air",null,null,null,null,null,null,null,null,null,null,null,null,null,null,null,null,null,null,null,null,null,null,null,null,null,null,null,null,null,null,null,null,null,{"$f":"V33","v":0},null,null,null,null,null,null,null,null,null,null,null,null,null,null,null,null,null,46,{"$f":"WaterFittings!BE52","v":1},{"$f":"BC51*AO$34","v":1},1,1,{"$f":"BG23","v":1},0,0,0,0,0]
[null,"Outdoor air condition of 33.3oC DB/27.2oC WB",null,null,null,null,null,null,null,null,null,null,null,null,null,null,null,null,null,null,null,null,null,null,null,null,null,null,null,null,null,null,null,null,null,{"$f":"$AJ$42*AW40","v":0},{"$f":"$AJ$42*AX40","v":0},{"$f":"$AJ$42*AY40","v":0},{"$f":"$AJ$42*AZ40","v":0},null,null,null,null,null,null,null,null,null,null,null,null,null,null,47,{"$f":"WaterFittings!BE53","v":1},{"$f":"BC52*AO$35","v":1},1,1,{"$f":"BG24","v":1},0,0,0,0,0]
[null,null,"w =",20.5,"grams moisture/kgdry air",null,null,null,null,null,null,null,null,null,null,null,null,null,null,null,null,null,null,null,null,null,null,null,null,null,null,null,null,null,null,0,0,0,0,null,null,null,null,null,null,null,null,null,null,null,null,null,null,48,{"$f":"WaterFittings!BE54","v":1},{"$f":"BC53*AO$36","v":1},1,1,{"$f":"BG25","v":1},0,0,0,0,0]
[null,null,"n =",0.89700000000000002,"m3/kg",null,null,null,null,null,null,null,null,null,null,null,null,null,null,null,null,null,null,null,null,null,null,null,null,null,null,null,null,null,null,0,0,0,0,null,null,null,null,null,null,null,null,null,null,null,null,null,null,49,{"$f":"WaterFittings!BE55","v":1},{"$f":"BC54*AO$37","v":1},1,1,{"$f":"BG26","v":1},0,0,0,0,0]
[null,"Off coil condition of 13.0oC DB/12.5oC WB",null,null,null,null,null,null,null,null,null,null,null,null,null,null,null,null,null,null,null,null,null,null,null,null,null,null,null,null,null,null,null,null,null,0,0,0,0,null,null,null,null,null,null,null,null,null,null,null,null,null,null,50,{"$f":"WaterFittings!BE56","v":1},{"$f":"BC55*AP$31","v":1},1,1,{"$f":"BG27","v":1},0,0,0,0,0]
[null,null,"w =",8.5,"grams moisture/kgdry air",null,null,null,null,null,null,null,null,null,null,null,null,null,null,null,null,null,null,null,null,null,null,null,null,null,null,null,null,null,null,0,0,0,0,null,null,null,null,null,null,null,null,null,null,null,null,null,null,51,{"$f":"WaterFittings!BE57","v":1},{"$f":"BC56*AP$32","v":1},1,1,{"$f":"BG28","v":1},0,0,0,0,0]
[null,null,null,null,null,null,null,null,null,null,null,null,null,null,null,null,null,null,null,null,null,null,null,null,null,null,null,null,null,null,null,null,null,null,null,0,0,0,0,null,null,null,null,null,null,null,null,null,null,null,null,null,null,52,{"$f":"WaterFittings!BE58","v":1},{"$f":"BC57*AP$33","v":1},1,1,{"$f":"BG29","v":1},0,0,0,0,0]
[null,null,null,null,null,null,null,null,null,null,null,null,null,null,null,null,null,null,null,null,null,null,null,null,null,null,null,null,null,null,null,null,null,null,null,0,0,0,0,null,null,null,null,null,null,null,null,null,null,null,null,null,null,53,{"$f":"WaterFittings!BE59","v":1},{"$f":"BC58*AP$34","v":1},1,1,{"$f":"BG30","v":1},0,0,0,0,0]
[null,null,null,null,null,null,null,null,null,null,null,null,null,null,null,null,null,null,null,null,null,null,null,null,null,null,null,null,null,null,null,null,null,null,null,null,null,null,null,null,null,null,null,null,null,null,null,null,null,null,null,null,null,54,{"$f":"WaterFittings!BE60","v":1},{"$f":"BC59*AP$35","v":1},1,1,{"$f":"BG31","v":1},0,0,0,0,0]
[null,null,null,null,null,null,null,null,null,null,null,null,null,null,null,null,null,null,null,null,null,null,null,null,null,null,null,null,null,null,null,null,null,null,null,null,null,null,null,null,null,null,null,null,null,null,null,null,null,null,null,null,null,55,{"$f":"WaterFittings!BE61","v":1},{"$f":"BC60*AP$36","v":1},1,1,{"$f":"BG32","v":1},0,0,0,0,0]
[null,null,null,null,null,null,null,null,null,null,null,null,null,null,null,null,null,null,null,null,null,null,null,null,null,null,null,null,null,null,null,null,null,null,null,null,null,null,null,null,null,null,null,null,null,null,null,null,null,null,null,null,null,56,{"$f":"WaterFittings!BE62","v":1},{"$f":"BC61*AP$37","v":1},1,1,{"$f":"BG33","v":1},0,0,0,0,0]
[null,null,null,null,null,null,null,null,null,null,null,null,null,null,null,null,null,null,null,null,null,null,null,null,null,null,null,null,null,null,null,null,null,null,null,null,null,null,null,null,null,null,null,null,null,null,null,null,null,null,null,null,null,57,{"$f":"WaterFittings!BE63","v":1},{"$f":"BC62*AM$31","v":1},1,1,{"$f":"BG34","v":1},0,0,0,0,0]
[null,null,null,null,null,null,null,null,null,null,null,null,null,null,null,null,null,null,null,null,null,null,null,null,null,null,null,null,null,null,null,null,null,null,null,null,null,null,null,null,null,null,null,null,null,null,null,null,null,null,null,null,null,58,{"$f":"WaterFittings!BE64","v":1},{"$f":"BC63*AM$32","v":1},1,1,{"$f":"BG35","v":1},0,0,0,0,0]
[null,null,null,null,null,null,null,null,null,null,null,null,null,null,null,null,null,null,null,null,null,null,null,null,null,null,null,null,null,null,null,null,null,null,null,null,null,null,null,null,null,null,null,null,null,null,null,null,null,null,null,null,null,59,{"$f":"WaterFittings!BE65","v":1},{"$f":"BC64*AM$33","v":1},1,1,{"$f":"BG36","v":1},0,0,0,0,0]
[null,null,null,null,null,null,null,null,null,null,null,null,null,null,null,null,null,null,null,null,null,null,null,null,null,null,null,null,null,null,null,null,null,null,null,null,null,null,null,null,null,null,null,null,null,null,null,null,null,null,null,null,null,60,{"$f":"WaterFittings!BE66","v":1},{"$f":"BC65*AM$34","v":1},1,1,{"$f":"BG37","v":1},0,0,0,0,0]
[null,null,null,null,null,null,null,null,null,null,null,null,null,null,null,null,null,null,null,null,null,null,null,null,null,null,null,null,null,null,null,null,null,null,null,null,null,null,null,null,null,null,null,null,null,null,null,null,null,null,null,null,null,61,{"$f":"WaterFittings!BE67","v":1},{"$f":"BC66*AM$35","v":1},{"$f":"BE38","v":1},1,{"$f":"BG38","v":1},0,0,0,0,0]
[null,null,null,null,null,null,null,null,null,null,null,null,null,null,null,null,null,null,null,null,null,null,null,null,null,null,null,null,null,null,null,null,null,null,null,null,null,null,null,null,null,null,null,null,null,null,null,null,null,null,null,null,null,62,{"$f":"WaterFittings!BE68","v":1},{"$f":"BC67*AM$36","v":1},1,1,{"$f":"BG39","v":1},0,0,0,0,0]
[null,null,null,null,null,null,null,null,null,null,null,null,null,null,null,null,null,null,null,null,null,null,null,null,null,null,null,null,null,null,null,null,null,null,null,null,null,null,null,null,null,null,null,null,null,null,null,null,null,null,null,null,null,63,{"$f":"WaterFittings!BE69","v":1},{"$f":"BC68*AM$37","v":1},1,1,{"$f":"BG40","v":1},0,0,0,0,0]
[null,null,null,null,null,null,null,null,null,null,null,null,null,null,null,null,null,null,null,null,null,null,null,null,null,null,null,null,null,null,null,null,null,null,null,null,null,null,null,null,null,null,null,null,null,null,null,null,null,null,null,null,null,64,{"$f":"WaterFittings!BE70","v":1},{"$f":"BC69*AN$31","v":1},1,1,{"$f":"BG41","v":1},0,0,0,0,0]
[null,null,null,null,null,null,null,null,null,null,null,null,null,null,null,null,null,null,null,null,null,null,null,null,null,null,null,null,null,null,null,null,null,null,null,null,null,null,null,null,null,null,null,null,null,null,null,null,null,null,null,null,null,65,{"$f":"WaterFittings!BE71","v":1},{"$f":"BC70*AN$32","v":1},1,1,{"$f":"BG42","v":1},0,0,0,0,0]
[null,null,null,null,null,null,null,null,null,null,null,null,null,null,null,null,null,null,null,null,null,null,null,null,null,null,null,null,null,null,null,null,null,null,null,null,null,null,null,null,null,null,null,null,null,null,null,null,null,null,null,null,null,66,{"$f":"WaterFittings!BE72","v":1},{"$f":"BC71*AN$33","v":1},1,1,{"$f":"BG43","v":1},0,{"$f":"BI$5*BE71","v":0},{"$f":"BJ$5*BF71","v":0},{"$f":"BK$5*BG71","v":0},0]
[null,null,null,null,null,null,null,null,null,null,null,null,null,null,null,null,null,null,null,null,null,null,null,null,null,null,null,null,null,null,null,null,null,null,null,null,null,null,null,null,null,null,null,null,null,null,null,null,null,null,null,null,null,{"$f":"1+BB71","v":67},{"$f":"WaterFittings!BE73","v":1},{"$f":"BC72*AN$34","v":1},1,1,{"$f":"BG44","v":1},{"$f":"BH$5*BD72","v":0},0,0,0,{"$f":"SUM(BH72:BK72)","v":0}]
[null,null,null,null,null,null,null,null,null,null,null,null,null,null,null,null,null,null,null,null,null,null,null,null,null,null,null,null,null,null,null,null,null,null,null,null,null,null,null,null,null,null,null,null,null,null,null,null,null,null,null,null,null,68,{"$f":"WaterFittings!BE74","v":1},{"$f":"BC73*AN$35","v":1},1,1,{"$f":"BG45","v":1},0,0,0,0,0]
[null,null,null,null,null,null,null,null,null,null,null,null,null,null,null,null,null,null,null,null,null,null,null,null,null,null,null,null,null,null,null,null,null,null,null,null,null,null,null,null,null,null,null,null,null,null,null,null,null,null,null,null,null,69,{"$f":"WaterFittings!BE75","v":1},{"$f":"BC74*AN$36","v":1},1,1,{"$f":"BG46","v":1},0,0,0,0,0]
[null,null,null,null,null,null,null,null,null,null,null,null,null,null,null,null,null,null,null,null,null,null,null,null,null,null,null,null,null,null,null,null,null,null,null,null,null,null,null,null,null,null,null,null,null,null,null,null,null,null,null,null,null,70,{"$f":"WaterFittings!BE76","v":1},{"$f":"BC75*AN$37","v":1},1,1,{"$f":"BG47","v":1},0,0,0,0,0]
[null,null,null,null,null,null,null,null,null,null,null,null,null,null,null,null,null,null,null,null,null,null,null,null,null,null,null,null,null,null,null,null,null,null,null,null,null,null,null,null,null,null,null,null,null,null,null,null,null,null,null,null,null,71,{"$f":"WaterFittings!BE77","v":1},{"$f":"BC76*AO$31","v":1},1,1,{"$f":"BG48","v":1},0,0,0,0,0]
[null,null,null,null,null,null,null,null,null,null,null,null,null,null,null,null,null,null,null,null,null,null,null,null,null,null,null,null,null,null,null,null,null,null,null,null,null,null,null,null,null,null,null,null,null,null,null,null,null,null,null,null,null,72,{"$f":"WaterFittings!BE78","v":1},{"$f":"BC77*AO$32","v":1},1,1,{"$f":"BG49","v":1},0,0,0,0,0]
[null,null,null,null,null,null,null,null,null,null,null,null,null,null,null,null,null,null,null,null,null,null,null,null,null,null,null,null,null,null,null,null,null,null,null,null,null,null,null,null,null,null,null,null,null,null,null,null,null,null,null,null,null,73,{"$f":"WaterFittings!BE79","v":1},{"$f":"BC78*AO$33","v":1},1,1,{"$f":"BG50","v":1},0,0,0,0,0]
[null,null,null,null,null,null,null,null,null,null,null,null,null,null,null,null,null,null,null,null,null,null,null,null,null,null,null,null,null,null,null,null,null,null,null,null,null,null,null,null,null,null,null,null,null,null,null,null,null,null,null,null,null,74,{"$f":"WaterFittings!BE80","v":1},{"$f":"BC79*AO$34","v":1},1,1,{"$f":"BG51","v":1},0,0,0,0,0]
[null,null,null,null,null,null,null,null,null,null,null,null,null,null,null,null,null,null,null,null,null,null,null,null,null,null,null,null,null,null,null,null,null,null,null,null,null,null,null,null,null,null,null,null,null,null,null,null,null,null,null,null,null,75,{"$f":"WaterFittings!BE81","v":1},{"$f":"BC80*AO$35","v":1},1,1,{"$f":"BG52","v":1},0,0,0,0,0]
[null,null,null,null,null,null,null,null,null,null,null,null,null,null,null,null,null,null,null,null,null,null,null,null,null,null,null,null,null,null,null,null,null,null,null,null,null,null,null,null,null,null,null,null,null,null,null,null,null,null,null,null,null,76,{"$f":"WaterFittings!BE82","v":1},{"$f":"BC81*AO$36","v":1},1,1,{"$f":"BG53","v":1},0,0,0,0,0]
[null,null,null,null,null,null,null,null,null,null,null,null,null,null,null,null,null,null,null,null,null,null,null,null,null,null,null,null,null,null,null,null,null,null,null,null,null,null,null,null,null,null,null,null,null,null,null,null,null,null,null,null,null,77,{"$f":"WaterFittings!BE83","v":1},{"$f":"BC82*AO$37","v":1},{"$f":"BE54","v":1},1,{"$f":"BG54","v":1},0,0,0,0,0]
[null,null,null,null,null,null,null,null,null,null,null,null,null,null,null,null,null,null,null,null,null,null,null,null,null,null,null,null,null,null,null,null,null,null,null,null,null,null,null,null,null,null,null,null,null,null,null,null,null,null,null,null,null,78,{"$f":"WaterFittings!BE84","v":1},{"$f":"BC83*AP$31","v":1},1,1,{"$f":"BG55","v":1},0,0,0,0,0]
[null,null,null,null,null,null,null,null,null,null,null,null,null,null,null,null,null,null,null,null,null,null,null,null,null,null,null,null,null,null,null,null,null,null,null,null,null,null,null,null,null,null,null,null,null,null,null,null,null,null,null,null,null,79,{"$f":"WaterFittings!BE85","v":1},{"$f":"BC84*AP$32","v":1},1,1,{"$f":"BG56","v":1},0,0,0,0,0]
[null,null,null,null,null,null,null,null,null,null,null,null,null,null,null,null,null,null,null,null,null,null,null,null,null,null,null,null,null,null,null,null,null,null,null,null,null,null,null,null,null,null,null,null,null,null,null,null,null,null,null,null,null,80,{"$f":"WaterFittings!BE86","v":1},{"$f":"BC85*AP$33","v":1},1,1,{"$f":"BG57","v":1},0,0,0,0,0]
[null,null,null,null,null,null,null,null,null,null,null,null,null,null,null,null,null,null,null,null,null,null,null,null,null,null,null,null,null,null,null,null,null,null,null,null,null,null,null,null,null,null,null,null,null,null,null,null,null,null,null,null,null,81,{"$f":"WaterFittings!BE87","v":1},{"$f":"BC86*AP$34","v":1},1,1,{"$f":"BG58","v":1},0,0,0,0,0]
[null,null,null,null,null,null,null,null,null,null,null,null,null,null,null,null,null,null,null,null,null,null,null,null,null,null,null,null,null,null,null,null,null,null,null,null,null,null,null,null,null,null,null,null,null,null,null,null,null,null,null,null,null,82,{"$f":"WaterFittings!BE88","v":1},{"$f":"BC87*AP$35","v":1},1,1,{"$f":"BG59","v":1},0,0,0,0,0]
[null,null,null,null,null,null,null,null,null,null,null,null,null,null,null,null,null,null,null,null,null,null,null,null,null,null,null,null,null,null,null,null,null,null,null,null,null,null,null,null,null,null,null,null,null,null,null,null,null,null,null,null,null,83,{"$f":"WaterFittings!BE89","v":1},{"$f":"BC88*AP$36","v":1},1,1,{"$f":"BG60","v":1},0,0,0,0,0]
[null,null,null,null,null,null,null,null,null,null,null,null,null,null,null,null,null,null,null,null,null,null,null,null,null,null,null,null,null,null,null,null,null,null,null,null,null,null,null,null,null,null,null,null,null,null,null,null,null,null,null,null,null,84,{"$f":"WaterFittings!BE90","v":1},{"$f":"BC89*AP$37","v":1},1,1,{"$f":"BG61","v":1},0,0,0,0,0]
[null,null,null,null,null,null,null,null,null,null,null,null,null,null,null,null,null,null,null,null,null,null,null,null,null,null,null,null,null,null,null,null,null,null,null,null,null,null,null,null,null,null,null,null,null,null,null,null,null,null,null,null,null,85,{"$f":"WaterFittings!BE91","v":1},{"$f":"BC90*AM$31","v":1},1,1,{"$f":"BG62","v":1},0,0,0,0,0]
[null,null,null,null,null,null,null,null,null,null,null,null,null,null,null,null,null,null,null,null,null,null,null,null,null,null,null,null,null,null,null,null,null,null,null,null,null,null,null,null,null,null,null,null,null,null,null,null,null,null,null,null,null,86,{"$f":"WaterFittings!BE92","v":1},{"$f":"BC91*AM$32","v":1},1,1,{"$f":"BG63","v":1},0,0,0,0,0]
[null,null,null,null,null,null,null,null,null,null,null,null,null,null,null,null,null,null,null,null,null,null,null,null,null,null,null,null,null,null,null,null,null,null,null,null,null,null,null,null,null,null,null,null,null,null,null,null,null,null,null,null,null,87,{"$f":"WaterFittings!BE93","v":1},{"$f":"BC92*AM$33","v":1},1,1,{"$f":"BG64","v":1},0,0,0,0,0]
[null,null,null,null,null,null,null,null,null,null,null,null,null,null,null,null,null,null,null,null,null,null,null,null,null,null,null,null,null,null,null,null,null,null,null,null,null,null,null,null,null,null,null,null,null,null,null,null,null,null,null,null,null,88,{"$f":"WaterFittings!BE94","v":1},{"$f":"BC93*AM$34","v":1},1,1,{"$f":"BG65","v":1},0,0,0,0,0]
[null,null,null,null,null,null,null,null,null,null,null,null,null,null,null,null,null,null,null,null,null,null,null,null,null,null,null,null,null,null,null,null,null,null,null,null,null,null,null,null,null,null,null,null,null,null,null,null,null,null,null,null,null,89,{"$f":"WaterFittings!BE95","v":1},{"$f":"BC94*AM$35","v":1},1,1,{"$f":"BG66","v":1},0,0,0,0,0]
[null,null,null,null,null,null,null,null,null,null,null,null,null,null,null,null,null,null,null,null,null,null,null,null,null,null,null,null,null,null,null,null,null,null,null,null,null,null,null,null,null,null,null,null,null,null,null,null,null,null,null,null,null,90,{"$f":"WaterFittings!BE96","v":1},{"$f":"BC95*AM$36","v":1},1,1,{"$f":"BG67","v":1},0,0,0,0,0]
[null,null,null,null,null,null,null,null,null,null,null,null,null,null,null,null,null,null,null,null,null,null,null,null,null,null,null,null,null,null,null,null,null,null,null,null,null,null,null,null,null,null,null,null,null,null,null,null,null,null,null,null,null,91,{"$f":"WaterFittings!BE97","v":1},{"$f":"BC96*AM$37","v":1},1,1,{"$f":"BG68","v":1},0,0,0,0,0]
[null,null,null,null,null,null,null,null,null,null,null,null,null,null,null,null,null,null,null,null,null,null,null,null,null,null,null,null,null,null,null,null,null,null,null,null,null,null,null,null,null,null,null,null,null,null,null,null,null,null,null,null,null,92,{"$f":"WaterFittings!BE98","v":1},{"$f":"BC97*AN$31","v":1},1,1,{"$f":"BG69","v":1},0,0,0,0,0]
[null,null,null,null,null,null,null,null,null,null,null,null,null,null,null,null,null,null,null,null,null,null,null,null,null,null,null,null,null,null,null,null,null,null,null,null,null,null,null,null,null,null,null,null,null,null,null,null,null,null,null,null,null,93,{"$f":"WaterFittings!BE99","v":1},{"$f":"BC98*AN$32","v":1},{"$f":"BE70","v":1},1,{"$f":"BG70","v":1},0,0,0,0,0]
[null,null,null,null,null,null,null,null,null,null,null,null,null,null,null,null,null,null,null,null,null,null,null,null,null,null,null,null,null,null,null,null,null,null,null,null,null,null,null,null,null,null,null,null,null,null,null,null,null,null,null,null,null,94,{"$f":"WaterFittings!BE100","v":1},{"$f":"BC99*AN$33","v":1},1,1,{"$f":"BG71","v":1},0,0,0,0,0]
[null,null,null,null,null,null,null,null,null,null,null,null,null,null,null,null,null,null,null,null,null,null,null,null,null,null,null,null,null,null,null,null,null,null,null,null,null,null,null,null,null,null,null,null,null,null,null,null,null,null,null,null,null,95,{"$f":"WaterFittings!BE101","v":1},{"$f":"BC100*AN$34","v":1},1,1,{"$f":"BG72","v":1},0,0,0,0,0]
[null,null,null,null,null,null,null,null,null,null,null,null,null,null,null,null,null,null,null,null,null,null,null,null,null,null,null,null,null,null,null,null,null,null,null,null,null,null,null,null,null,null,null,null,null,null,null,null,null,null,null,null,null,96,{"$f":"WaterFittings!BE102","v":1},{"$f":"BC101*AN$35","v":1},1,1,{"$f":"BG73","v":1},0,0,0,0,0]
[null,null,null,null,null,null,null,null,null,null,null,null,null,null,null,null,null,null,null,null,null,null,null,null,null,null,null,null,null,null,null,null,null,null,null,null,null,null,null,null,null,null,null,null,null,null,null,null,null,null,null,null,null,97,{"$f":"WaterFittings!BE103","v":1},{"$f":"BC102*AN$36","v":1},1,1,{"$f":"BG74","v":1},0,0,0,0,0]
[null,null,null,null,null,null,null,null,null,null,null,null,null,null,null,null,null,null,null,null,null,null,null,null,null,null,null,null,null,null,null,null,null,null,null,null,null,null,null,null,null,null,null,null,null,null,null,null,null,null,null,null,null,98,{"$f":"WaterFittings!BE104","v":1},{"$f":"BC103*AN$37","v":1},1,1,{"$f":"BG75","v":1},0,0,0,0,0]
[null,null,null,null,null,null,null,null,null,null,null,null,null,null,null,null,null,null,null,null,null,null,null,null,null,null,null,null,null,null,null,null,null,null,null,null,null,null,null,null,null,null,null,null,null,null,null,null,null,null,null,null,null,99,{"$f":"WaterFittings!BE105","v":1},{"$f":"BC104*AO$31","v":1},1,1,{"$f":"BG76","v":1},0,0,0,0,0]
[null,null,null,null,null,null,null,null,null,null,null,null,null,null,null,null,null,null,null,null,null,null,null,null,null,null,null,null,null,null,null,null,null,null,null,null,null,null,null,null,null,null,null,null,null,null,null,null,null,null,null,null,null,100,{"$f":"WaterFittings!BE106","v":1},{"$f":"BC105*AO$32","v":1},1,1,{"$f":"BG77","v":1},0,0,0,0,0]
[null,null,null,null,null,null,null,null,null,null,null,null,null,null,null,null,null,null,null,null,null,null,null,null,null,null,null,null,null,null,null,null,null,null,null,null,null,null,null,null,null,null,null,null,null,null,null,null,null,null,null,null,null,101,{"$f":"WaterFittings!BE107","v":1},{"$f":"BC106*AO$33","v":1},1,1,{"$f":"BG78","v":1},0,0,0,0,0]
[null,null,null,null,null,null,null,null,null,null,null,null,null,null,null,null,null,null,null,null,null,null,null,null,null,null,null,null,null,null,null,null,null,null,null,null,null,null,null,null,null,null,null,null,null,null,null,null,null,null,null,null,null,102,{"$f":"WaterFittings!BE108","v":1},{"$f":"BC107*AO$34","v":1},1,1,{"$f":"BG79","v":1},0,0,0,0,0]
[null,null,null,null,null,null,null,null,null,null,null,null,null,null,null,null,null,null,null,null,null,null,null,null,null,null,null,null,null,null,null,null,null,null,null,null,null,null,null,null,null,null,null,null,null,null,null,null,null,null,null,null,null,103,{"$f":"WaterFittings!BE109","v":1},{"$f":"BC108*AO$35","v":1},1,1,{"$f":"BG80","v":1},0,0,0,0,0]
[null,null,null,null,null,null,null,null,null,null,null,null,null,null,null,null,null,null,null,null,null,null,null,null,null,null,null,null,null,null,null,null,null,null,null,null,null,null,null,null,null,null,null,null,null,null,null,null,null,null,null,null,null,104,{"$f":"WaterFittings!BE110","v":1},{"$f":"BC109*AO$36","v":1},1,1,{"$f":"BG81","v":1},0,0,0,0,0]
[null,null,null,null,null,null,null,null,null,null,null,null,null,null,null,null,null,null,null,null,null,null,null,null,null,null,null,null,null,null,null,null,null,null,null,null,null,null,null,null,null,null,null,null,null,null,null,null,null,null,null,null,null,105,{"$f":"WaterFittings!BE111","v":1},{"$f":"BC110*AO$37","v":1},1,1,{"$f":"BG82","v":1},0,0,0,0,0]
[null,null,null,null,null,null,null,null,null,null,null,null,null,null,null,null,null,null,null,null,null,null,null,null,null,null,null,null,null,null,null,null,null,null,null,null,null,null,null,null,null,null,null,null,null,null,null,null,null,null,null,null,null,106,{"$f":"WaterFittings!BE112","v":1},{"$f":"BC111*AP$31","v":1},1,1,{"$f":"BG83","v":1},0,0,0,0,0]
[null,null,null,null,null,null,null,null,null,null,null,null,null,null,null,null,null,null,null,null,null,null,null,null,null,null,null,null,null,null,null,null,null,null,null,null,null,null,null,null,null,null,null,null,null,null,null,null,null,null,null,null,null,107,{"$f":"WaterFittings!BE113","v":1},{"$f":"BC112*AP$32","v":1},1,1,{"$f":"BG84","v":1},0,0,0,0,0]
[null,null,null,null,null,null,null,null,null,null,null,null,null,null,null,null,null,null,null,null,null,null,null,null,null,null,null,null,null,null,null,null,null,null,null,null,null,null,null,null,null,null,null,null,null,null,null,null,null,null,null,null,null,108,{"$f":"WaterFittings!BE114","v":1},{"$f":"BC113*AP$33","v":1},1,1,{"$f":"BG85","v":1},0,0,0,0,0]
[null,null,null,null,null,null,null,null,null,null,null,null,null,null,null,null,null,null,null,null,null,null,null,null,null,null,null,null,null,null,null,null,null,null,null,null,null,null,null,null,null,null,null,null,null,null,null,null,null,null,null,null,null,109,{"$f":"WaterFittings!BE115","v":1},{"$f":"BC114*AP$34","v":1},{"$f":"BE86","v":1},1,{"$f":"BG86","v":1},0,0,0,0,0]
[null,null,null,null,null,null,null,null,null,null,null,null,null,null,null,null,null,null,null,null,null,null,null,null,null,null,null,null,null,null,null,null,null,null,null,null,null,null,null,null,null,null,null,null,null,null,null,null,null,null,null,null,null,110,{"$f":"WaterFittings!BE116","v":1},{"$f":"BC115*AP$35","v":1},1,1,{"$f":"BG87","v":1},0,0,0,0,0]
[null,null,null,null,null,null,null,null,null,null,null,null,null,null,null,null,null,null,null,null,null,null,null,null,null,null,null,null,null,null,null,null,null,null,null,null,null,null,null,null,null,null,null,null,null,null,null,null,null,null,null,null,null,111,{"$f":"WaterFittings!BE117","v":1},{"$f":"BC116*AP$36","v":1},1,1,{"$f":"BG88","v":1},0,0,0,0,0]
[null,null,null,null,null,null,null,null,null,null,null,null,null,null,null,null,null,null,null,null,null,null,null,null,null,null,null,null,null,null,null,null,null,null,null,null,null,null,null,null,null,null,null,null,null,null,null,null,null,null,null,null,null,112,{"$f":"WaterFittings!BE118","v":1},{"$f":"BC117*AP$37","v":1},1,1,{"$f":"BG89","v":1},0,0,0,0,0]
[null,null,null,null,null,null,null,null,null,null,null,null,null,null,null,null,null,null,null,null,null,null,null,null,null,null,null,null,null,null,null,null,null,null,null,null,null,null,null,null,null,null,null,null,null,null,null,null,null,null,null,null,null,113,{"$f":"WaterFittings!BE119","v":1},{"$f":"BC118*AM$31","v":1},1,1,{"$f":"BG90","v":1},0,0,0,0,0]
[null,null,null,null,null,null,null,null,null,null,null,null,null,null,null,null,null,null,null,null,null,null,null,null,null,null,null,null,null,null,null,null,null,null,null,null,null,null,null,null,null,null,null,null,null,null,null,null,null,null,null,null,null,114,{"$f":"WaterFittings!BE120","v":1},{"$f":"BC119*AM$32","v":1},1,1,{"$f":"BG91","v":1},0,0,0,0,0]
[null,null,null,null,null,null,null,null,null,null,null,null,null,null,null,null,null,null,null,null,null,null,null,null,null,null,null,null,null,null,null,null,null,null,null,null,null,null,null,null,null,null,null,null,null,null,null,null,null,null,null,null,null,115,{"$f":"WaterFittings!BE121","v":1},{"$f":"BC120*AM$33","v":1},1,1,{"$f":"BG92","v":1},0,0,0,0,0]
[null,null,null,null,null,null,null,null,null,null,null,null,null,null,null,null,null,null,null,null,null,null,null,null,null,null,null,null,null,null,null,null,null,null,null,null,null,null,null,null,null,null,null,null,null,null,null,null,null,null,null,null,null,116,{"$f":"WaterFittings!BE122","v":1},{"$f":"BC121*AM$34","v":1},1,1,{"$f":"BG93","v":1},0,0,0,0,0]
[null,null,null,null,null,null,null,null,null,null,null,null,null,null,null,null,null,null,null,null,null,null,null,null,null,null,null,null,null,null,null,null,null,null,null,null,null,null,null,null,null,null,null,null,null,null,null,null,null,null,null,null,null,117,{"$f":"WaterFittings!BE123","v":1},{"$f":"BC122*AM$35","v":1},1,1,{"$f":"BG94","v":1},0,0,0,0,0]
[null,null,null,null,null,null,null,null,null,null,null,null,null,null,null,null,null,null,null,null,null,null,null,null,null,null,null,null,null,null,null,null,null,null,null,null,null,null,null,null,null,null,null,null,null,null,null,null,null,null,null,null,null,118,{"$f":"WaterFittings!BE124","v":1},{"$f":"BC123*AM$36","v":1},1,1,{"$f":"BG95","v":1},0,0,0,0,0]
[null,null,null,null,null,null,null,null,null,null,null,null,null,null,null,null,null,null,null,null,null,null,null,null,null,null,null,null,null,null,null,null,null,null,null,null,null,null,null,null,null,null,null,null,null,null,null,null,null,null,null,null,null,119,{"$f":"WaterFittings!BE125","v":1},{"$f":"BC124*AM$37","v":1},1,1,{"$f":"BG96","v":1},0,0,0,0,0]
[null,null,null,null,null,null,null,null,null,null,null,null,null,null,null,null,null,null,null,null,null,null,null,null,null,null,null,null,null,null,null,null,null,null,null,null,null,null,null,null,null,null,null,null,null,null,null,null,null,null,null,null,null,120,{"$f":"WaterFittings!BE126","v":1},{"$f":"BC125*AN$31","v":1},1,1,{"$f":"BG97","v":1},0,0,0,0,0]
[null,null,null,null,null,null,null,null,null,null,null,null,null,null,null,null,null,null,null,null,null,null,null,null,null,null,null,null,null,null,null,null,null,null,null,null,null,null,null,null,null,null,null,null,null,null,null,null,null,null,null,null,null,121,{"$f":"WaterFittings!BE127","v":1},{"$f":"BC126*AN$32","v":1},1,1,{"$f":"BG98","v":1},0,0,0,0,0]
[null,null,null,null,null,null,null,null,null,null,null,null,null,null,null,null,null,null,null,null,null,null,null,null,null,null,null,null,null,null,null,null,null,null,null,null,null,null,null,null,null,null,null,null,null,null,null,null,null,null,null,null,null,122,{"$f":"WaterFittings!BE128","v":1},{"$f":"BC127*AN$33","v":1},1,1,{"$f":"BG99","v":1},0,0,0,0,0]
[null,null,null,null,null,null,null,null,null,null,null,null,null,null,null,null,null,null,null,null,null,null,null,null,null,null,null,null,null,null,null,null,null,null,null,null,null,null,null,null,null,null,null,null,null,null,null,null,null,null,null,null,null,123,{"$f":"WaterFittings!BE129","v":1},{"$f":"BC128*AN$34","v":1},1,1,{"$f":"BG100","v":1},0,0,0,0,0]
[null,null,null,null,null,null,null,null,null,null,null,null,null,null,null,null,null,null,null,null,null,null,null,null,null,null,null,null,null,null,null,null,null,null,null,null,null,null,null,null,null,null,null,null,null,null,null,null,null,null,null,null,null,124,{"$f":"WaterFittings!BE130","v":1},{"$f":"BC129*AN$35","v":1},1,1,{"$f":"BG101","v":1},0,0,0,0,0]
[null,null,null,null,null,null,null,null,null,null,null,null,null,null,null,null,null,null,null,null,null,null,null,null,null,null,null,null,null,null,null,null,null,null,null,null,null,null,null,null,null,null,null,null,null,null,null,null,null,null,null,null,null,125,{"$f":"WaterFittings!BE131","v":1},{"$f":"BC130*AN$36","v":1},{"$f":"BE102","v":1},1,{"$f":"BG102","v":1},0,0,0,0,0]
[null,null,null,null,null,null,null,null,null,null,null,null,null,null,null,null,null,null,null,null,null,null,null,null,null,null,null,null,null,null,null,null,null,null,null,null,null,null,null,null,null,null,null,null,null,null,null,null,null,null,null,null,null,126,{"$f":"WaterFittings!BE132","v":1},{"$f":"BC131*AN$37","v":1},1,1,{"$f":"BG103","v":1},0,0,0,0,0]
[null,null,null,null,null,null,null,null,null,null,null,null,null,null,null,null,null,null,null,null,null,null,null,null,null,null,null,null,null,null,null,null,null,null,null,null,null,null,null,null,null,null,null,null,null,null,null,null,null,null,null,null,null,127,{"$f":"WaterFittings!BE133","v":1},{"$f":"BC132*AO$31","v":1},1,1,{"$f":"BG104","v":1},0,0,0,0,0]
[null,null,null,null,null,null,null,null,null,null,null,null,null,null,null,null,null,null,null,null,null,null,null,null,null,null,null,null,null,null,null,null,null,null,null,null,null,null,null,null,null,null,null,null,null,null,null,null,null,null,null,null,null,128,{"$f":"WaterFittings!BE134","v":1},{"$f":"BC133*AO$32","v":1},1,1,{"$f":"BG105","v":1},0,0,0,0,0]
[null,null,null,null,null,null,null,null,null,null,null,null,null,null,null,null,null,null,null,null,null,null,null,null,null,null,null,null,null,null,null,null,null,null,null,null,null,null,null,null,null,null,null,null,null,null,null,null,null,null,null,null,null,129,{"$f":"WaterFittings!BE135","v":1},{"$f":"BC134*AO$33","v":1},1,1,{"$f":"BG106","v":1},0,0,0,0,0]
[null,null,null,null,null,null,null,null,null,null,null,null,null,null,null,null,null,null,null,null,null,null,null,null,null,null,null,null,null,null,null,null,null,null,null,null,null,null,null,null,null,null,null,null,null,null,null,null,null,null,null,null,null,130,{"$f":"WaterFittings!BE136","v":1},{"$f":"BC135*AO$34","v":1},1,1,{"$f":"BG107","v":1},0,{"$f":"BI$5*BE135","v":0},{"$f":"BJ$5*BF135","v":0},{"$f":"BK$5*BG135","v":0},0]
[null,null,null,null,null,null,null,null,null,null,null,null,null,null,null,null,null,null,null,null,null,null,null,null,null,null,null,null,null,null,null,null,null,null,null,null,null,null,null,null,null,null,null,null,null,null,null,null,null,null,null,null,null,{"$f":"1+BB135","v":131},{"$f":"WaterFittings!BE137","v":1},{"$f":"BC136*AO$35","v":1},1,1,{"$f":"BG108","v":1},{"$f":"BH$5*BD136","v":0},0,0,0,{"$f":"SUM(BH136:BK136)","v":0}]
[null,null,null,null,null,null,null,null,null,null,null,null,null,null,null,null,null,null,null,null,null,null,null,null,null,null,null,null,null,null,null,null,null,null,null,null,null,null,null,null,null,null,null,null,null,null,null,null,null,null,null,null,null,132,{"$f":"WaterFittings!BE138","v":1},{"$f":"BC137*AO$36","v":1},1,1,{"$f":"BG109","v":1},0,0,0,0,0]
[null,null,null,null,null,null,null,null,null,null,null,null,null,null,null,null,null,null,null,null,null,null,null,null,null,null,null,null,null,null,null,null,null,null,null,null,null,null,null,null,null,null,null,null,null,null,null,null,null,null,null,null,null,133,{"$f":"WaterFittings!BE139","v":1},{"$f":"BC138*AO$37","v":1},1,1,{"$f":"BG110","v":1},0,0,0,0,0]
[null,null,null,null,null,null,null,null,null,null,null,null,null,null,null,null,null,null,null,null,null,null,null,null,null,null,null,null,null,null,null,null,null,null,null,null,null,null,null,null,null,null,null,null,null,null,null,null,null,null,null,null,null,134,{"$f":"WaterFittings!BE140","v":1},{"$f":"BC139*AP$31","v":1},1,1,{"$f":"BG111","v":1},0,0,0,0,0]
[null,null,null,null,null,null,null,null,null,null,null,null,null,null,null,null,null,null,null,null,null,null,null,null,null,null,null,null,null,null,null,null,null,null,null,null,null,null,null,null,null,null,null,null,null,null,null,null,null,null,null,null,null,135,{"$f":"WaterFittings!BE141","v":1},{"$f":"BC140*AP$32","v":1},1,1,{"$f":"BG112","v":1},0,0,0,0,0]
[null,null,null,null,null,null,null,null,null,null,null,null,null,null,null,null,null,null,null,null,null,null,null,null,null,null,null,null,null,null,null,null,null,null,null,null,null,null,null,null,null,null,null,null,null,null,null,null,null,null,null,null,null,136,{"$f":"WaterFittings!BE142","v":1},{"$f":"BC141*AP$33","v":1},1,1,{"$f":"BG113","v":1},0,0,0,0,0]
[null,null,null,null,null,null,null,null,null,null,null,null,null,null,null,null,null,null,null,null,null,null,null,null,null,null,null,null,null,null,null,null,null,null,null,null,null,null,null,null,null,null,null,null,null,null,null,null,null,null,null,null,null,137,{"$f":"WaterFittings!BE143","v":1},{"$f":"BC142*AP$34","v":1},1,1,{"$f":"BG114","v":1},0,0,0,0,0]
[null,null,null,null,null,null,null,null,null,null,null,null,null,null,null,null,null,null,null,null,null,null,null,null,null,null,null,null,null,null,null,null,null,null,null,null,null,null,null,null,null,null,null,null,null,null,null,null,null,null,null,null,null,138,{"$f":"WaterFittings!BE144","v":1},{"$f":"BC143*AP$35","v":1},1,1,{"$f":"BG115","v":1},0,0,0,0,0]
[null,null,null,null,null,null,null,null,null,null,null,null,null,null,null,null,null,null,null,null,null,null,null,null,null,null,null,null,null,null,null,null,null,null,null,null,null,null,null,null,null,null,null,null,null,null,null,null,null,null,null,null,null,139,{"$f":"WaterFittings!BE145","v":1},{"$f":"BC144*AP$36","v":1},1,1,{"$f":"BG116","v":1},0,0,0,0,0]
[null,null,null,null,null,null,null,null,null,null,null,null,null,null,null,null,null,null,null,null,null,null,null,null,null,null,null,null,null,null,null,null,null,null,null,null,null,null,null,null,null,null,null,null,null,null,null,null,null,null,null,null,null,140,{"$f":"WaterFittings!BE146","v":1},{"$f":"BC145*AP$37","v":1},1,1,{"$f":"BG117","v":1},0,0,0,0,0]
[null,null,null,null,null,null,null,null,null,null,null,null,null,null,null,null,null,null,null,null,null,null,null,null,null,null,null,null,null,null,null,null,null,null,null,null,null,null,null,null,null,null,null,null,null,null,null,null,null,null,null,null,null,141,{"$f":"WaterFittings!BE147","v":1},{"$f":"BC146*AM$31","v":1},{"$f":"BE118","v":1},1,{"$f":"BG118","v":1},0,0,0,0,0]
[null,null,null,null,null,null,null,null,null,null,null,null,null,null,null,null,null,null,null,null,null,null,null,null,null,null,null,null,null,null,null,null,null,null,null,null,null,null,null,null,null,null,null,null,null,null,null,null,null,null,null,null,null,142,{"$f":"WaterFittings!BE148","v":1},{"$f":"BC147*AM$32","v":1},1,1,{"$f":"BG119","v":1},0,0,0,0,0]
[null,null,null,null,null,null,null,null,null,null,null,null,null,null,null,null,null,null,null,null,null,null,null,null,null,null,null,null,null,null,null,null,null,null,null,null,null,null,null,null,null,null,null,null,null,null,null,null,null,null,null,null,null,143,{"$f":"WaterFittings!BE149","v":1},{"$f":"BC148*AM$33","v":1},1,1,{"$f":"BG120","v":1},0,0,0,0,0]
[null,null,null,null,null,null,null,null,null,null,null,null,null,null,null,null,null,null,null,null,null,null,null,null,null,null,null,null,null,null,null,null,null,null,null,null,null,null,null,null,null,null,null,null,null,null,null,null,null,null,null,null,null,144,{"$f":"WaterFittings!BE150","v":1},{"$f":"BC149*AM$34","v":1},1,1,{"$f":"BG121","v":1},0,0,0,0,0]
[null,null,null,null,null,null,null,null,null,null,null,null,null,null,null,null,null,null,null,null,null,null,null,null,null,null,null,null,null,null,null,null,null,null,null,null,null,null,null,null,null,null,null,null,null,null,null,null,null,null,null,null,null,145,{"$f":"WaterFittings!BE151","v":1},{"$f":"BC150*AM$35","v":1},1,1,{"$f":"BG122","v":1},0,0,0,0,0]
[null,null,null,null,null,null,null,null,null,null,null,null,null,null,null,null,null,null,null,null,null,null,null,null,null,null,null,null,null,null,null,null,null,null,null,null,null,null,null,null,null,null,null,null,null,null,null,null,null,null,null,null,null,146,{"$f":"WaterFittings!BE152","v":1},{"$f":"BC151*AM$36","v":1},1,1,{"$f":"BG123","v":1},0,0,0,0,0]
[null,null,null,null,null,null,null,null,null,null,null,null,null,null,null,null,null,null,null,null,null,null,null,null,null,null,null,null,null,null,null,null,null,null,null,null,null,null,null,null,null,null,null,null,null,null,null,null,null,null,null,null,null,147,{"$f":"WaterFittings!BE153","v":1},{"$f":"BC152*AM$37","v":1},1,1,{"$f":"BG124","v":1},0,0,0,0,0]
[null,null,null,null,null,null,null,null,null,null,null,null,null,null,null,null,null,null,null,null,null,null,null,null,null,null,null,null,null,null,null,null,null,null,null,null,null,null,null,null,null,null,null,null,null,null,null,null,null,null,null,null,null,148,{"$f":"WaterFittings!BE154","v":1},{"$f":"BC153*AN$31","v":1},1,1,{"$f":"BG125","v":1},0,0,0,0,0]
[null,null,null,null,null,null,null,null,null,null,null,null,null,null,null,null,null,null,null,null,null,null,null,null,null,null,null,null,null,null,null,null,null,null,null,null,null,null,null,null,null,null,null,null,null,null,null,null,null,null,null,null,null,149,{"$f":"WaterFittings!BE155","v":1},{"$f":"BC154*AN$32","v":1},1,1,{"$f":"BG126","v":1},0,0,0,0,0]
[null,null,null,null,null,null,null,null,null,null,null,null,null,null,null,null,null,null,null,null,null,null,null,null,null,null,null,null,null,null,null,null,null,null,null,null,null,null,null,null,null,null,null,null,null,null,null,null,null,null,null,null,null,150,{"$f":"WaterFittings!BE156","v":1},{"$f":"BC155*AN$33","v":1},1,1,{"$f":"BG127","v":1},0,0,0,0,0]
[null,null,null,null,null,null,null,null,null,null,null,null,null,null,null,null,null,null,null,null,null,null,null,null,null,null,null,null,null,null,null,null,null,null,null,null,null,null,null,null,null,null,null,null,null,null,null,null,null,null,null,null,null,151,{"$f":"WaterFittings!BE157","v":1},{"$f":"BC156*AN$34","v":1},1,1,{"$f":"BG128","v":1},0,0,0,0,0]
[null,null,null,null,null,null,null,null,null,null,null,null,null,null,null,null,null,null,null,null,null,null,null,null,null,null,null,null,null,null,null,null,null,null,null,null,null,null,null,null,null,null,null,null,null,null,null,null,null,null,null,null,null,152,{"$f":"WaterFittings!BE158","v":1},{"$f":"BC157*AN$35","v":1},1,1,{"$f":"BG129","v":1},0,0,0,0,0]
[null,null,null,null,null,null,null,null,null,null,null,null,null,null,null,null,null,null,null,null,null,null,null,null,null,null,null,null,null,null,null,null,null,null,null,null,null,null,null,null,null,null,null,null,null,null,null,null,null,null,null,null,null,153,{"$f":"WaterFittings!BE159","v":1},{"$f":"BC158*AN$36","v":1},1,1,{"$f":"BG130","v":1},0,0,0,0,0]
[null,null,null,null,null,null,null,null,null,null,null,null,null,null,null,null,null,null,null,null,null,null,null,null,null,null,null,null,null,null,null,null,null,null,null,null,null,null,null,null,null,null,null,null,null,null,null,null,null,null,null,null,null,154,{"$f":"WaterFittings!BE160","v":1},{"$f":"BC159*AN$37","v":1},1,1,{"$f":"BG131","v":1},0,0,0,0,0]
[null,null,null,null,null,null,null,null,null,null,null,null,null,null,null,null,null,null,null,null,null,null,null,null,null,null,null,null,null,null,null,null,null,null,null,null,null,null,null,null,null,null,null,null,null,null,null,null,null,null,null,null,null,155,{"$f":"WaterFittings!BE161","v":1},{"$f":"BC160*AO$31","v":1},1,1,{"$f":"BG132","v":1},0,0,0,0,0]
[null,null,null,null,null,null,null,null,null,null,null,null,null,null,null,null,null,null,null,null,null,null,null,null,null,null,null,null,null,null,null,null,null,null,null,null,null,null,null,null,null,null,null,null,null,null,null,null,null,null,null,null,null,156,{"$f":"WaterFittings!BE162","v":1},{"$f":"BC161*AO$32","v":1},1,1,{"$f":"BG133","v":1},0,0,0,0,0]
[null,null,null,null,null,null,null,null,null,null,null,null,null,null,null,null,null,null,null,null,null,null,null,null,null,null,null,null,null,null,null,null,null,null,null,null,null,null,null,null,null,null,null,null,null,null,null,null,null,null,null,null,null,157,{"$f":"WaterFittings!BE163","v":1},{"$f":"BC162*AO$33","v":1},{"$f":"BE134","v":1},1,{"$f":"BG134","v":1},0,0,0,0,0]
[null,null,null,null,null,null,null,null,null,null,null,null,null,null,null,null,null,null,null,null,null,null,null,null,null,null,null,null,null,null,null,null,null,null,null,null,null,null,null,null,null,null,null,null,null,null,null,null,null,null,null,null,null,158,{"$f":"WaterFittings!BE164","v":1},{"$f":"BC163*AO$34","v":1},1,1,{"$f":"BG135","v":1},0,0,0,0,0]
[null,null,null,null,null,null,null,null,null,null,null,null,null,null,null,null,null,null,null,null,null,null,null,null,null,null,null,null,null,null,null,null,null,null,null,null,null,null,null,null,null,null,null,null,null,null,null,null,null,null,null,null,null,159,{"$f":"WaterFittings!BE165","v":1},{"$f":"BC164*AO$35","v":1},1,1,{"$f":"BG136","v":1},0,0,0,0,0]
[null,null,null,null,null,null,null,null,null,null,null,null,null,null,null,null,null,null,null,null,null,null,null,null,null,null,null,null,null,null,null,null,null,null,null,null,null,null,null,null,null,null,null,null,null,null,null,null,null,null,null,null,null,160,{"$f":"WaterFittings!BE166","v":1},{"$f":"BC165*AO$36","v":1},1,1,{"$f":"BG137","v":1},0,0,0,0,0]
[null,null,null,null,null,null,null,null,null,null,null,null,null,null,null,null,null,null,null,null,null,null,null,null,null,null,null,null,null,null,null,null,null,null,null,null,null,null,null,null,null,null,null,null,null,null,null,null,null,null,null,null,null,161,{"$f":"WaterFittings!BE167","v":1},{"$f":"BC166*AO$37","v":1},1,1,{"$f":"BG138","v":1},0,0,0,0,0]
[null,null,null,null,null,null,null,null,null,null,null,null,null,null,null,null,null,null,null,null,null,null,null,null,null,null,null,null,null,null,null,null,null,null,null,null,null,null,null,null,null,null,null,null,null,null,null,null,null,null,null,null,null,162,{"$f":"WaterFittings!BE168","v":1},{"$f":"BC167*AP$31","v":1},1,1,{"$f":"BG139","v":1},0,0,0,0,0]
[null,null,null,null,null,null,null,null,null,null,null,null,null,null,null,null,null,null,null,null,null,null,null,null,null,null,null,null,null,null,null,null,null,null,null,null,null,null,null,null,null,null,null,null,null,null,null,null,null,null,null,null,null,163,{"$f":"WaterFittings!BE169","v":1},{"$f":"BC168*AP$32","v":1},1,1,{"$f":"BG140","v":1},0,0,0,0,0]
[null,null,null,null,null,null,null,null,null,null,null,null,null,null,null,null,null,null,null,null,null,null,null,null,null,null,null,null,null,null,null,null,null,null,null,null,null,null,null,null,null,null,null,null,null,null,null,null,null,null,null,null,null,164,{"$f":"WaterFittings!BE170","v":1},{"$f":"BC169*AP$33","v":1},1,1,{"$f":"BG141","v":1},0,0,0,0,0]
[null,null,null,null,null,null,null,null,null,null,null,null,null,null,null,null,null,null,null,null,null,null,null,null,null,null,null,null,null,null,null,null,null,null,null,null,null,null,null,null,null,null,null,null,null,null,null,null,null,null,null,null,null,165,{"$f":"WaterFittings!BE171","v":1},{"$f":"BC170*AP$34","v":1},1,1,{"$f":"BG142","v":1},0,0,0,0,0]
[null,null,null,null,null,null,null,null,null,null,null,null,null,null,null,null,null,null,null,null,null,null,null,null,null,null,null,null,null,null,null,null,null,null,null,null,null,null,null,null,null,null,null,null,null,null,null,null,null,null,null,null,null,166,{"$f":"WaterFittings!BE172","v":1},{"$f":"BC171*AP$35","v":1},1,1,{"$f":"BG143","v":1},0,0,0,0,0]
[null,null,null,null,null,null,null,null,null,null,null,null,null,null,null,null,null,null,null,null,null,null,null,null,null,null,null,null,null,null,null,null,null,null,null,null,null,null,null,null,null,null,null,null,null,null,null,null,null,null,null,null,null,167,{"$f":"WaterFittings!BE173","v":1},{"$f":"BC172*AP$36","v":1},1,1,{"$f":"BG144","v":1},0,0,0,0,0]
[null,null,null,null,null,null,null,null,null,null,null,null,null,null,null,null,null,null,null,null,null,null,null,null,null,null,null,null,null,null,null,null,null,null,null,null,null,null,null,null,null,null,null,null,null,null,null,null,null,null,null,null,null,168,{"$f":"WaterFittings!BE174","v":1},{"$f":"BC173*AP$37","v":1},1,1,{"$f":"BG145","v":1},0,0,0,0,0]
[null,null,null,null,null,null,null,null,null,null,null,null,null,null,null,null,null,null,null,null,null,null,null,null,null,null,null,null,null,null,null,null,null,null,null,null,null,null,null,null,null,null,null,null,null,null,null,null,null,null,null,null,null,169,{"$f":"WaterFittings!BE175","v":1},{"$f":"BC174*AM$31","v":1},1,1,{"$f":"BG146","v":1},0,0,0,0,0]
[null,null,null,null,null,null,null,null,null,null,null,null,null,null,null,null,null,null,null,null,null,null,null,null,null,null,null,null,null,null,null,null,null,null,null,null,null,null,null,null,null,null,null,null,null,null,null,null,null,null,null,null,null,170,{"$f":"WaterFittings!BE176","v":1},{"$f":"BC175*AM$32","v":1},1,1,{"$f":"BG147","v":1},0,0,0,0,0]
[null,null,null,null,null,null,null,null,null,null,null,null,null,null,null,null,null,null,null,null,null,null,null,null,null,null,null,null,null,null,null,null,null,null,null,null,null,null,null,null,null,null,null,null,null,null,null,null,null,null,null,null,null,171,{"$f":"WaterFittings!BE177","v":1},{"$f":"BC176*AM$33","v":1},1,1,{"$f":"BG148","v":1},0,0,0,0,0]
[null,null,null,null,null,null,null,null,null,null,null,null,null,null,null,null,null,null,null,null,null,null,null,null,null,null,null,null,null,null,null,null,null,null,null,null,null,null,null,null,null,null,null,null,null,null,null,null,null,null,null,null,null,172,{"$f":"WaterFittings!BE178","v":1},{"$f":"BC177*AM$34","v":1},1,1,{"$f":"BG149","v":1},0,0,0,0,0]
[null,null,null,null,null,null,null,null,null,null,null,null,null,null,null,null,null,null,null,null,null,null,null,null,null,null,null,null,null,null,null,null,null,null,null,null,null,null,null,null,null,null,null,null,null,null,null,null,null,null,null,null,null,173,{"$f":"WaterFittings!BE179","v":1},{"$f":"BC178*AM$35","v":1},{"$f":"BE150","v":1},1,{"$f":"BG150","v":1},0,0,0,0,0]
[null,null,null,null,null,null,null,null,null,null,null,null,null,null,null,null,null,null,null,null,null,null,null,null,null,null,null,null,null,null,null,null,null,null,null,null,null,null,null,null,null,null,null,null,null,null,null,null,null,null,null,null,null,174,{"$f":"WaterFittings!BE180","v":1},{"$f":"BC179*AM$36","v":1},1,1,{"$f":"BG151","v":1},0,0,0,0,0]
[null,null,null,null,null,null,null,null,null,null,null,null,null,null,null,null,null,null,null,null,null,null,null,null,null,null,null,null,null,null,null,null,null,null,null,null,null,null,null,null,null,null,null,null,null,null,null,null,null,null,null,null,null,175,{"$f":"WaterFittings!BE181","v":1},{"$f":"BC180*AM$37","v":1},1,1,{"$f":"BG152","v":1},0,0,0,0,0]
[null,null,null,null,null,null,null,null,null,null,null,null,null,null,null,null,null,null,null,null,null,null,null,null,null,null,null,null,null,null,null,null,null,null,null,null,null,null,null,null,null,null,null,null,null,null,null,null,null,null,null,null,null,176,{"$f":"WaterFittings!BE182","v":1},{"$f":"BC181*AN$31","v":1},1,1,{"$f":"BG153","v":1},0,0,0,0,0]
[null,null,null,null,null,null,null,null,null,null,null,null,null,null,null,null,null,null,null,null,null,null,null,null,null,null,null,null,null,null,null,null,null,null,null,null,null,null,null,null,null,null,null,null,null,null,null,null,null,null,null,null,null,177,{"$f":"WaterFittings!BE183","v":1},{"$f":"BC182*AN$32","v":1},1,1,{"$f":"BG154","v":1},0,0,0,0,0]
[null,null,null,null,null,null,null,null,null,null,null,null,null,null,null,null,null,null,null,null,null,null,null,null,null,null,null,null,null,null,null,null,null,null,null,null,null,null,null,null,null,null,null,null,null,null,null,null,null,null,null,null,null,178,{"$f":"WaterFittings!BE184","v":1},{"$f":"BC183*AN$33","v":1},1,1,{"$f":"BG155","v":1},0,0,0,0,0]
[null,null,null,null,null,null,null,null,null,null,null,null,null,null,null,null,null,null,null,null,null,null,null,null,null,null,null,null,null,null,null,null,null,null,null,null,null,null,null,null,null,null,null,null,null,null,null,null,null,null,null,null,null,179,{"$f":"WaterFittings!BE185","v":1},{"$f":"BC184*AN$34","v":1},1,1,{"$f":"BG156","v":1},0,0,0,0,0]
[null,null,null,null,null,null,null,null,null,null,null,null,null,null,null,null,null,null,null,null,null,null,null,null,null,null,null,null,null,null,null,null,null,null,null,null,null,null,null,null,null,null,null,null,null,null,null,null,null,null,null,null,null,180,{"$f":"WaterFittings!BE186","v":1},{"$f":"BC185*AN$35","v":1},1,1,{"$f":"BG157","v":1},0,0,0,0,0]
[null,null,null,null,null,null,null,null,null,null,null,null,null,null,null,null,null,null,null,null,null,null,null,null,null,null,null,null,null,null,null,null,null,null,null,null,null,null,null,null,null,null,null,null,null,null,null,null,null,null,null,null,null,181,{"$f":"WaterFittings!BE187","v":1},{"$f":"BC186*AN$36","v":1},1,1,{"$f":"BG158","v":1},0,0,0,0,0]
[null,null,null,null,null,null,null,null,null,null,null,null,null,null,null,null,null,null,null,null,null,null,null,null,null,null,null,null,null,null,null,null,null,null,null,null,null,null,null,null,null,null,null,null,null,null,null,null,null,null,null,null,null,182,{"$f":"WaterFittings!BE188","v":1},{"$f":"BC187*AN$37","v":1},1,1,{"$f":"BG159","v":1},0,0,0,0,0]
[null,null,null,null,null,null,null,null,null,null,null,null,null,null,null,null,null,null,null,null,null,null,null,null,null,null,null,null,null,null,null,null,null,null,null,null,null,null,null,null,null,null,null,null,null,null,null,null,null,null,null,null,null,183,{"$f":"WaterFittings!BE189","v":1},{"$f":"BC188*AO$31","v":1},1,1,{"$f":"BG160","v":1},0,0,0,0,0]
[null,null,null,null,null,null,null,null,null,null,null,null,null,null,null,null,null,null,null,null,null,null,null,null,null,null,null,null,null,null,null,null,null,null,null,null,null,null,null,null,null,null,null,null,null,null,null,null,null,null,null,null,null,184,{"$f":"WaterFittings!BE190","v":1},{"$f":"BC189*AO$32","v":1},1,1,{"$f":"BG161","v":1},0,0,0,0,0]
[null,null,null,null,null,null,null,null,null,null,null,null,null,null,null,null,null,null,null,null,null,null,null,null,null,null,null,null,null,null,null,null,null,null,null,null,null,null,null,null,null,null,null,null,null,null,null,null,null,null,null,null,null,185,{"$f":"WaterFittings!BE191","v":1},{"$f":"BC190*AO$33","v":1},1,1,{"$f":"BG162","v":1},0,0,0,0,0]
[null,null,null,null,null,null,null,null,null,null,null,null,null,null,null,null,null,null,null,null,null,null,null,null,null,null,null,null,null,null,null,null,null,null,null,null,null,null,null,null,null,null,null,null,null,null,null,null,null,null,null,null,null,186,{"$f":"WaterFittings!BE192","v":1},{"$f":"BC191*AO$34","v":1},1,1,{"$f":"BG163","v":1},0,0,0,0,0]
[null,null,null,null,null,null,null,null,null,null,null,null,null,null,null,null,null,null,null,null,null,null,null,null,null,null,null,null,null,null,null,null,null,null,null,null,null,null,null,null,null,null,null,null,null,null,null,null,null,null,null,null,null,187,{"$f":"WaterFittings!BE193","v":1},{"$f":"BC192*AO$35","v":1},1,1,{"$f":"BG164","v":1},0,0,0,0,0]
[null,null,null,null,null,null,null,null,null,null,null,null,null,null,null,null,null,null,null,null,null,null,null,null,null,null,null,null,null,null,null,null,null,null,null,null,null,null,null,null,null,null,null,null,null,null,null,null,null,null,null,null,null,188,{"$f":"WaterFittings!BE194","v":1},{"$f":"BC193*AO$36","v":1},1,1,{"$f":"BG165","v":1},0,0,0,0,0]
[null,null,null,null,null,null,null,null,null,null,null,null,null,null,null,null,null,null,null,null,null,null,null,null,null,null,null,null,null,null,null,null,null,null,null,null,null,null,null,null,null,null,null,null,null,null,null,null,null,null,null,null,null,189,{"$f":"WaterFittings!BE195","v":1},{"$f":"BC194*AO$37","v":1},{"$f":"BE166","v":1},1,{"$f":"BG166","v":1},0,0,0,0,0]
[null,null,null,null,null,null,null,null,null,null,null,null,null,null,null,null,null,null,null,null,null,null,null,null,null,null,null,null,null,null,null,null,null,null,null,null,null,null,null,null,null,null,null,null,null,null,null,null,null,null,null,null,null,190,{"$f":"WaterFittings!BE196","v":1},{"$f":"BC195*AP$31","v":1},1,1,{"$f":"BG167","v":1},0,0,0,0,0]
[null,null,null,null,null,null,null,null,null,null,null,null,null,null,null,null,null,null,null,null,null,null,null,null,null,null,null,null,null,null,null,null,null,null,null,null,null,null,null,null,null,null,null,null,null,null,null,null,null,null,null,null,null,191,{"$f":"WaterFittings!BE197","v":1},{"$f":"BC196*AP$32","v":1},1,1,{"$f":"BG168","v":1},0,0,0,0,0]
[null,null,null,null,null,null,null,null,null,null,null,null,null,null,null,null,null,null,null,null,null,null,null,null,null,null,null,null,null,null,null,null,null,null,null,null,null,null,null,null,null,null,null,null,null,null,null,null,null,null,null,null,null,192,{"$f":"WaterFittings!BE198","v":1},{"$f":"BC197*AP$33","v":1},1,1,{"$f":"BG169","v":1},0,0,0,0,0]
[null,null,null,null,null,null,null,null,null,null,null,null,null,null,null,null,null,null,null,null,null,null,null,null,null,null,null,null,null,null,null,null,null,null,null,null,null,null,null,null,null,null,null,null,null,null,null,null,null,null,null,null,null,193,{"$f":"WaterFittings!BE199","v":1},{"$f":"BC198*AP$34","v":1},1,1,{"$f":"BG170","v":1},0,0,0,0,0]
[null,null,null,null,null,null,null,null,null,null,null,null,null,null,null,null,null,null,null,null,null,null,null,null,null,null,null,null,null,null,null,null,null,null,null,null,null,null,null,null,null,null,null,null,null,null,null,null,null,null,null,null,null,194,{"$f":"WaterFittings!BE200","v":1},{"$f":"BC199*AP$35","v":1},1,1,{"$f":"BG171","v":1},0,{"$f":"BI$5*BE199","v":0},{"$f":"BJ$5*BF199","v":0},{"$f":"BK$5*BG199","v":0},0]
[null,null,null,null,null,null,null,null,null,null,null,null,null,null,null,null,null,null,null,null,null,null,null,null,null,null,null,null,null,null,null,null,null,null,null,null,null,null,null,null,null,null,null,null,null,null,null,null,null,null,null,null,null,{"$f":"1+BB199","v":195},{"$f":"WaterFittings!BE201","v":1},{"$f":"BC200*AP$36","v":1},1,1,{"$f":"BG172","v":1},{"$f":"BH$5*BD200","v":0},0,0,0,{"$f":"SUM(BH200:BK200)","v":0}]
[null,null,null,null,null,null,null,null,null,null,null,null,null,null,null,null,null,null,null,null,null,null,null,null,null,null,null,null,null,null,null,null,null,null,null,null,null,null,null,null,null,null,null,null,null,null,null,null,null,null,null,null,null,196,{"$f":"WaterFittings!BE202","v":1},{"$f":"BC201*AP$37","v":1},1,1,{"$f":"BG173","v":1},0,0,0,0,0]
[null,null,null,null,null,null,null,null,null,null,null,null,null,null,null,null,null,null,null,null,null,null,null,null,null,null,null,null,null,null,null,null,null,null,null,null,null,null,null,null,null,null,null,null,null,null,null,null,null,null,null,null,null,197,{"$f":"WaterFittings!BE203","v":1},{"$f":"BC202*AM$31","v":1},1,1,{"$f":"BG174","v":1},0,0,0,0,0]
[null,null,null,null,null,null,null,null,null,null,null,null,null,null,null,null,null,null,null,null,null,null,null,null,null,null,null,null,null,null,null,null,null,null,null,null,null,null,null,null,null,null,null,null,null,null,null,null,null,null,null,null,null,198,{"$f":"WaterFittings!BE204","v":1},{"$f":"BC203*AM$32","v":1},1,1,{"$f":"BG175","v":1},0,0,0,0,0]
[null,null,null,null,null,null,null,null,null,null,null,null,null,null,null,null,null,null,null,null,null,null,null,null,null,null,null,null,null,null,null,null,null,null,null,null,null,null,null,null,null,null,null,null,null,null,null,null,null,null,null,null,null,199,{"$f":"WaterFittings!BE205","v":1},{"$f":"BC204*AM$33","v":1},1,1,{"$f":"BG176","v":1},0,0,0,0,0]
[null,null,null,null,null,null,null,null,null,null,null,null,null,null,null,null,null,null,null,null,null,null,null,null,null,null,null,null,null,null,null,null,null,null,null,null,null,null,null,null,null,null,null,null,null,null,null,null,null,null,null,null,null,200,{"$f":"WaterFittings!BE206","v":1},{"$f":"BC205*AM$34","v":1},1,1,{"$f":"BG177","v":1},0,0,0,0,0]
[null,null,null,null,null,null,null,null,null,null,null,null,null,null,null,null,null,null,null,null,null,null,null,null,null,null,null,null,null,null,null,null,null,null,null,null,null,null,null,null,null,null,null,null,null,null,null,null,null,null,null,null,null,201,{"$f":"WaterFittings!BE207","v":1},{"$f":"BC206*AM$35","v":1},1,1,{"$f":"BG178","v":1},0,0,0,0,0]
[null,null,null,null,null,null,null,null,null,null,null,null,null,null,null,null,null,null,null,null,null,null,null,null,null,null,null,null,null,null,null,null,null,null,null,null,null,null,null,null,null,null,null,null,null,null,null,null,null,null,null,null,null,202,{"$f":"WaterFittings!BE208","v":1},{"$f":"BC207*AM$36","v":1},1,1,{"$f":"BG179","v":1},0,0,0,0,0]
[null,null,null,null,null,null,null,null,null,null,null,null,null,null,null,null,null,null,null,null,null,null,null,null,null,null,null,null,null,null,null,null,null,null,null,null,null,null,null,null,null,null,null,null,null,null,null,null,null,null,null,null,null,203,{"$f":"WaterFittings!BE209","v":1},{"$f":"BC208*AM$37","v":1},1,1,{"$f":"BG180","v":1},0,0,0,0,0]
[null,null,null,null,null,null,null,null,null,null,null,null,null,null,null,null,null,null,null,null,null,null,null,null,null,null,null,null,null,null,null,null,null,null,null,null,null,null,null,null,null,null,null,null,null,null,null,null,null,null,null,null,null,204,{"$f":"WaterFittings!BE210","v":1},{"$f":"BC209*AN$31","v":1},1,1,{"$f":"BG181","v":1},0,0,0,0,0]
[null,null,null,null,null,null,null,null,null,null,null,null,null,null,null,null,null,null,null,null,null,null,null,null,null,null,null,null,null,null,null,null,null,null,null,null,null,null,null,null,null,null,null,null,null,null,null,null,null,null,null,null,null,205,{"$f":"WaterFittings!BE211","v":1},{"$f":"BC210*AN$32","v":1},{"$f":"BE182","v":1},1,{"$f":"BG182","v":1},0,0,0,0,0]
[null,null,null,null,null,null,null,null,null,null,null,null,null,null,null,null,null,null,null,null,null,null,null,null,null,null,null,null,null,null,null,null,null,null,null,null,null,null,null,null,null,null,null,null,null,null,null,null,null,null,null,null,null,206,{"$f":"WaterFittings!BE212","v":1},{"$f":"BC211*AN$33","v":1},1,1,{"$f":"BG183","v":1},0,0,0,0,0]
[null,null,null,null,null,null,null,null,null,null,null,null,null,null,null,null,null,null,null,null,null,null,null,null,null,null,null,null,null,null,null,null,null,null,null,null,null,null,null,null,null,null,null,null,null,null,null,null,null,null,null,null,null,207,{"$f":"WaterFittings!BE213","v":1},{"$f":"BC212*AN$34","v":1},1,1,{"$f":"BG184","v":1},0,0,0,0,0]
[null,null,null,null,null,null,null,null,null,null,null,null,null,null,null,null,null,null,null,null,null,null,null,null,null,null,null,null,null,null,null,null,null,null,null,null,null,null,null,null,null,null,null,null,null,null,null,null,null,null,null,null,null,208,{"$f":"WaterFittings!BE214","v":1},{"$f":"BC213*AN$35","v":1},1,1,{"$f":"BG185","v":1},0,0,0,0,0]
[null,null,null,null,null,null,null,null,null,null,null,null,null,null,null,null,null,null,null,null,null,null,null,null,null,null,null,null,null,null,null,null,null,null,null,null,null,null,null,null,null,null,null,null,null,null,null,null,null,null,null,null,null,209,{"$f":"WaterFittings!BE215","v":1},{"$f":"BC214*AN$36","v":1},1,1,{"$f":"BG186","v":1},0,0,0,0,0]
[null,null,null,null,null,null,null,null,null,null,null,null,null,null,null,null,null,null,null,null,null,null,null,null,null,null,null,null,null,null,null,null,null,null,null,null,null,null,null,null,null,null,null,null,null,null,null,null,null,null,null,null,null,210,{"$f":"WaterFittings!BE216","v":1},{"$f":"BC215*AN$37","v":1},1,1,{"$f":"BG187","v":1},0,0,0,0,0]
[null,null,null,null,null,null,null,null,null,null,null,null,null,null,null,null,null,null,null,null,null,null,null,null,null,null,null,null,null,null,null,null,null,null,null,null,null,null,null,null,null,null,null,null,null,null,null,null,null,null,null,null,null,211,{"$f":"WaterFittings!BE217","v":1},{"$f":"BC216*AO$31","v":1},1,1,{"$f":"BG188","v":1},0,0,0,0,0]
[null,null,null,null,null,null,null,null,null,null,null,null,null,null,null,null,null,null,null,null,null,null,null,null,null,null,null,null,null,null,null,null,null,null,null,null,null,null,null,null,null,null,null,null,null,null,null,null,null,null,null,null,null,212,{"$f":"WaterFittings!BE218","v":1},{"$f":"BC217*AO$32","v":1},1,1,{"$f":"BG189","v":1},0,0,0,0,0]
[null,null,null,null,null,null,null,null,null,null,null,null,null,null,null,null,null,null,null,null,null,null,null,null,null,null,null,null,null,null,null,null,null,null,null,null,null,null,null,null,null,null,null,null,null,null,null,null,null,null,null,null,null,213,{"$f":"WaterFittings!BE219","v":1},{"$f":"BC218*AO$33","v":1},1,1,{"$f":"BG190","v":1},0,0,0,0,0]
[null,null,null,null,null,null,null,null,null,null,null,null,null,null,null,null,null,null,null,null,null,null,null,null,null,null,null,null,null,null,null,null,null,null,null,null,null,null,null,null,null,null,null,null,null,null,null,null,null,null,null,null,null,214,{"$f":"WaterFittings!BE220","v":1},{"$f":"BC219*AO$34","v":1},1,1,{"$f":"BG191","v":1},0,0,0,0,0]
[null,null,null,null,null,null,null,null,null,null,null,null,null,null,null,null,null,null,null,null,null,null,null,null,null,null,null,null,null,null,null,null,null,null,null,null,null,null,null,null,null,null,null,null,null,null,null,null,null,null,null,null,null,215,{"$f":"WaterFittings!BE221","v":1},{"$f":"BC220*AO$35","v":1},1,1,{"$f":"BG192","v":1},0,0,0,0,0]
[null,null,null,null,null,null,null,null,null,null,null,null,null,null,null,null,null,null,null,null,null,null,null,null,null,null,null,null,null,null,null,null,null,null,null,null,null,null,null,null,null,null,null,null,null,null,null,null,null,null,null,null,null,216,{"$f":"WaterFittings!BE222","v":1},{"$f":"BC221*AO$36","v":1},1,1,{"$f":"BG193","v":1},0,0,0,0,0]
[null,null,null,null,null,null,null,null,null,null,null,null,null,null,null,null,null,null,null,null,null,null,null,null,null,null,null,null,null,null,null,null,null,null,null,null,null,null,null,null,null,null,null,null,null,null,null,null,null,null,null,null,null,217,{"$f":"WaterFittings!BE223","v":1},{"$f":"BC222*AO$37","v":1},1,1,{"$f":"BG194","v":1},0,0,0,0,0]
[null,null,null,null,null,null,null,null,null,null,null,null,null,null,null,null,null,null,null,null,null,null,null,null,null,null,null,null,null,null,null,null,null,null,null,null,null,null,null,null,null,null,null,null,null,null,null,null,null,null,null,null,null,218,{"$f":"WaterFittings!BE224","v":1},{"$f":"BC223*AP$31","v":1},1,1,{"$f":"BG195","v":1},0,0,0,0,0]
[null,null,null,null,null,null,null,null,null,null,null,null,null,null,null,null,null,null,null,null,null,null,null,null,null,null,null,null,null,null,null,null,null,null,null,null,null,null,null,null,null,null,null,null,null,null,null,null,null,null,null,null,null,219,{"$f":"WaterFittings!BE225","v":1},{"$f":"BC224*AP$32","v":1},1,1,{"$f":"BG196","v":1},0,0,0,0,0]
[null,null,null,null,null,null,null,null,null,null,null,null,null,null,null,null,null,null,null,null,null,null,null,null,null,null,null,null,null,null,null,null,null,null,null,null,null,null,null,null,null,null,null,null,null,null,null,null,null,null,null,null,null,220,{"$f":"WaterFittings!BE226","v":1},{"$f":"BC225*AP$33","v":1},1,1,{"$f":"BG197","v":1},0,0,0,0,0]
[null,null,null,null,null,null,null,null,null,null,null,null,null,null,null,null,null,null,null,null,null,null,null,null,null,null,null,null,null,null,null,null,null,null,null,null,null,null,null,null,null,null,null,null,null,null,null,null,null,null,null,null,null,221,{"$f":"WaterFittings!BE227","v":1},{"$f":"BC226*AP$34","v":1},{"$f":"BE198","v":1},1,{"$f":"BG198","v":1},0,0,0,0,0]
[null,null,null,null,null,null,null,null,null,null,null,null,null,null,null,null,null,null,null,null,null,null,null,null,null,null,null,null,null,null,null,null,null,null,null,null,null,null,null,null,null,null,null,null,null,null,null,null,null,null,null,null,null,222,{"$f":"WaterFittings!BE228","v":1},{"$f":"BC227*AP$35","v":1},1,1,{"$f":"BG199","v":1},0,0,0,0,0]
[null,null,null,null,null,null,null,null,null,null,null,null,null,null,null,null,null,null,null,null,null,null,null,null,null,null,null,null,null,null,null,null,null,null,null,null,null,null,null,null,null,null,null,null,null,null,null,null,null,null,null,null,null,223,{"$f":"WaterFittings!BE229","v":1},{"$f":"BC228*AP$36","v":1},1,1,{"$f":"BG200","v":1},0,0,0,0,0]
[null,null,null,null,null,null,null,null,null,null,null,null,null,null,null,null,null,null,null,null,null,null,null,null,null,null,null,null,null,null,null,null,null,null,null,null,null,null,null,null,null,null,null,null,null,null,null,null,null,null,null,null,null,224,{"$f":"WaterFittings!BE230","v":1},{"$f":"BC229*AP$37","v":1},1,1,{"$f":"BG201","v":1},0,0,0,0,0]
[null,null,null,null,null,null,null,null,null,null,null,null,null,null,null,null,null,null,null,null,null,null,null,null,null,null,null,null,null,null,null,null,null,null,null,null,null,null,null,null,null,null,null,null,null,null,null,null,null,null,null,null,null,225,{"$f":"WaterFittings!BE231","v":1},{"$f":"BC230*AM$31","v":1},1,1,{"$f":"BG202","v":1},0,0,0,0,0]
[null,null,null,null,null,null,null,null,null,null,null,null,null,null,null,null,null,null,null,null,null,null,null,null,null,null,null,null,null,null,null,null,null,null,null,null,null,null,null,null,null,null,null,null,null,null,null,null,null,null,null,null,null,226,{"$f":"WaterFittings!BE232","v":1},{"$f":"BC231*AM$32","v":1},1,1,{"$f":"BG203","v":1},0,0,0,0,0]
[null,null,null,null,null,null,null,null,null,null,null,null,null,null,null,null,null,null,null,null,null,null,null,null,null,null,null,null,null,null,null,null,null,null,null,null,null,null,null,null,null,null,null,null,null,null,null,null,null,null,null,null,null,227,{"$f":"WaterFittings!BE233","v":1},{"$f":"BC232*AM$33","v":1},1,1,{"$f":"BG204","v":1},0,0,0,0,0]
[null,null,null,null,null,null,null,null,null,null,null,null,null,null,null,null,null,null,null,null,null,null,null,null,null,null,null,null,null,null,null,null,null,null,null,null,null,null,null,null,null,null,null,null,null,null,null,null,null,null,null,null,null,228,{"$f":"WaterFittings!BE234","v":1},{"$f":"BC233*AM$34","v":1},1,1,{"$f":"BG205","v":1},0,0,0,0,0]
[null,null,null,null,null,null,null,null,null,null,null,null,null,null,null,null,null,null,null,null,null,null,null,null,null,null,null,null,null,null,null,null,null,null,null,null,null,null,null,null,null,null,null,null,null,null,null,null,null,null,null,null,null,229,{"$f":"WaterFittings!BE235","v":1},{"$f":"BC234*AM$35","v":1},1,1,{"$f":"BG206","v":1},0,0,0,0,0]
[null,null,null,null,null,null,null,null,null,null,null,null,null,null,null,null,null,null,null,null,null,null,null,null,null,null,null,null,null,null,null,null,null,null,null,null,null,null,null,null,null,null,null,null,null,null,null,null,null,null,null,null,null,230,{"$f":"WaterFittings!BE236","v":1},{"$f":"BC235*AM$36","v":1},1,1,{"$f":"BG207","v":1},0,0,0,0,0]
[null,null,null,null,null,null,null,null,null,null,null,null,null,null,null,null,null,null,null,null,null,null,null,null,null,null,null,null,null,null,null,null,null,null,null,null,null,null,null,null,null,null,null,null,null,null,null,null,null,null,null,null,null,231,{"$f":"WaterFittings!BE237","v":1},{"$f":"BC236*AM$37","v":1},1,1,{"$f":"BG208","v":1},0,0,0,0,0]
[null,null,null,null,null,null,null,null,null,null,null,null,null,null,null,null,null,null,null,null,null,null,null,null,null,null,null,null,null,null,null,null,null,null,null,null,null,null,null,null,null,null,null,null,null,null,null,null,null,null,null,null,null,232,{"$f":"WaterFittings!BE238","v":1},{"$f":"BC237*AN$31","v":1},1,1,{"$f":"BG209","v":1},0,0,0,0,0]
[null,null,null,null,null,null,null,null,null,null,null,null,null,null,null,null,null,null,null,null,null,null,null,null,null,null,null,null,null,null,null,null,null,null,null,null,null,null,null,null,null,null,null,null,null,null,null,null,null,null,null,null,null,233,{"$f":"WaterFittings!BE239","v":1},{"$f":"BC238*AN$32","v":1},1,1,{"$f":"BG210","v":1},0,0,0,0,0]
[null,null,null,null,null,null,null,null,null,null,null,null,null,null,null,null,null,null,null,null,null,null,null,null,null,null,null,null,null,null,null,null,null,null,null,null,null,null,null,null,null,null,null,null,null,null,null,null,null,null,null,null,null,234,{"$f":"WaterFittings!BE240","v":1},{"$f":"BC239*AN$33","v":1},1,1,{"$f":"BG211","v":1},0,0,0,0,0]
[null,null,null,null,null,null,null,null,null,null,null,null,null,null,null,null,null,null,null,null,null,null,null,null,null,null,null,null,null,null,null,null,null,null,null,null,null,null,null,null,null,null,null,null,null,null,null,null,null,null,null,null,null,235,{"$f":"WaterFittings!BE241","v":1},{"$f":"BC240*AN$34","v":1},1,1,{"$f":"BG212","v":1},0,0,0,0,0]
[null,null,null,null,null,null,null,null,null,null,null,null,null,null,null,null,null,null,null,null,null,null,null,null,null,null,null,null,null,null,null,null,null,null,null,null,null,null,null,null,null,null,null,null,null,null,null,null,null,null,null,null,null,236,{"$f":"WaterFittings!BE242","v":1},{"$f":"BC241*AN$35","v":1},1,1,{"$f":"BG213","v":1},0,0,0,0,0]
[null,null,null,null,null,null,null,null,null,null,null,null,null,null,null,null,null,null,null,null,null,null,null,null,null,null,null,null,null,null,null,null,null,null,null,null,null,null,null,null,null,null,null,null,null,null,null,null,null,null,null,null,null,237,{"$f":"WaterFittings!BE243","v":1},{"$f":"BC242*AN$36","v":1},{"$f":"BE214","v":1},1,{"$f":"BG214","v":1},0,0,0,0,0]
[null,null,null,null,null,null,null,null,null,null,null,null,null,null,null,null,null,null,null,null,null,null,null,null,null,null,null,null,null,null,null,null,null,null,null,null,null,null,null,null,null,null,null,null,null,null,null,null,null,null,null,null,null,238,{"$f":"WaterFittings!BE244","v":1},{"$f":"BC243*AN$37","v":1},1,1,{"$f":"BG215","v":1},0,0,0,0,0]
[null,null,null,null,null,null,null,null,null,null,null,null,null,null,null,null,null,null,null,null,null,null,null,null,null,null,null,null,null,null,null,null,null,null,null,null,null,null,null,null,null,null,null,null,null,null,null,null,null,null,null,null,null,239,{"$f":"WaterFittings!BE245","v":1},{"$f":"BC244*AO$31","v":1},1,1,{"$f":"BG216","v":1},0,0,0,0,0]
[null,null,null,null,null,null,null,null,null,null,null,null,null,null,null,null,null,null,null,null,null,null,null,null,null,null,null,null,null,null,null,null,null,null,null,null,null,null,null,null,null,null,null,null,null,null,null,null,null,null,null,null,null,240,{"$f":"WaterFittings!BE246","v":1},{"$f":"BC245*AO$32","v":1},1,1,{"$f":"BG217","v":1},0,0,0,0,0]
[null,null,null,null,null,null,null,null,null,null,null,null,null,null,null,null,null,null,null,null,null,null,null,null,null,null,null,null,null,null,null,null,null,null,null,null,null,null,null,null,null,null,null,null,null,null,null,null,null,null,null,null,null,241,{"$f":"WaterFittings!BE247","v":1},{"$f":"BC246*AO$33","v":1},1,1,{"$f":"BG218","v":1},0,0,0,0,0]
[null,null,null,null,null,null,null,null,null,null,null,null,null,null,null,null,null,null,null,null,null,null,null,null,null,null,null,null,null,null,null,null,null,null,null,null,null,null,null,null,null,null,null,null,null,null,null,null,null,null,null,null,null,242,{"$f":"WaterFittings!BE248","v":1},{"$f":"BC247*AO$34","v":1},1,1,{"$f":"BG219","v":1},0,0,0,0,0]
[null,null,null,null,null,null,null,null,null,null,null,null,null,null,null,null,null,null,null,null,null,null,null,null,null,null,null,null,null,null,null,null,null,null,null,null,null,null,null,null,null,null,null,null,null,null,null,null,null,null,null,null,null,243,{"$f":"WaterFittings!BE249","v":1},{"$f":"BC248*AO$35","v":1},1,1,{"$f":"BG220","v":1},0,0,0,0,0]
[null,null,null,null,null,null,null,null,null,null,null,null,null,null,null,null,null,null,null,null,null,null,null,null,null,null,null,null,null,null,null,null,null,null,null,null,null,null,null,null,null,null,null,null,null,null,null,null,null,null,null,null,null,244,{"$f":"WaterFittings!BE250","v":1},{"$f":"BC249*AO$36","v":1},1,1,{"$f":"BG221","v":1},0,0,0,0,0]
[null,null,null,null,null,null,null,null,null,null,null,null,null,null,null,null,null,null,null,null,null,null,null,null,null,null,null,null,null,null,null,null,null,null,null,null,null,null,null,null,null,null,null,null,null,null,null,null,null,null,null,null,null,245,{"$f":"WaterFittings!BE251","v":1},{"$f":"BC250*AO$37","v":1},1,1,{"$f":"BG222","v":1},0,0,0,0,0]
[null,null,null,null,null,null,null,null,null,null,null,null,null,null,null,null,null,null,null,null,null,null,null,null,null,null,null,null,null,null,null,null,null,null,null,null,null,null,null,null,null,null,null,null,null,null,null,null,null,null,null,null,null,246,{"$f":"WaterFittings!BE252","v":1},{"$f":"BC251*AP$31","v":1},1,1,{"$f":"BG223","v":1},0,0,0,0,0]
[null,null,null,null,null,null,null,null,null,null,null,null,null,null,null,null,null,null,null,null,null,null,null,null,null,null,null,null,null,null,null,null,null,null,null,null,null,null,null,null,null,null,null,null,null,null,null,null,null,null,null,null,null,247,{"$f":"WaterFittings!BE253","v":1},{"$f":"BC252*AP$32","v":1},1,1,{"$f":"BG224","v":1},0,0,0,0,0]
[null,null,null,null,null,null,null,null,null,null,null,null,null,null,null,null,null,null,null,null,null,null,null,null,null,null,null,null,null,null,null,null,null,null,null,null,null,null,null,null,null,null,null,null,null,null,null,null,null,null,null,null,null,248,{"$f":"WaterFittings!BE254","v":1},{"$f":"BC253*AP$33","v":1},1,1,{"$f":"BG225","v":1},0,0,0,0,0]
[null,null,null,null,null,null,null,null,null,null,null,null,null,null,null,null,null,null,null,null,null,null,null,null,null,null,null,null,null,null,null,null,null,null,null,null,null,null,null,null,null,null,null,null,null,null,null,null,null,null,null,null,null,249,{"$f":"WaterFittings!BE255","v":1},{"$f":"BC254*AP$34","v":1},1,1,{"$f":"BG226","v":1},0,0,0,0,0]
[null,null,null,null,null,null,null,null,null,null,null,null,null,null,null,null,null,null,null,null,null,null,null,null,null,null,null,null,null,null,null,null,null,null,null,null,null,null,null,null,null,null,null,null,null,null,null,null,null,null,null,null,null,250,{"$f":"WaterFittings!BE256","v":1},{"$f":"BC255*AP$35","v":1},1,1,{"$f":"BG227","v":1},0,0,0,0,0]
[null,null,null,null,null,null,null,null,null,null,null,null,null,null,null,null,null,null,null,null,null,null,null,null,null,null,null,null,null,null,null,null,null,null,null,null,null,null,null,null,null,null,null,null,null,null,null,null,null,null,null,null,null,251,{"$f":"WaterFittings!BE257","v":1},{"$f":"BC256*AP$36","v":1},1,1,{"$f":"BG228","v":1},0,0,0,0,0]
[null,null,null,null,null,null,null,null,null,null,null,null,null,null,null,null,null,null,null,null,null,null,null,null,null,null,null,null,null,null,null,null,null,null,null,null,null,null,null,null,null,null,null,null,null,null,null,null,null,null,null,null,null,252,{"$f":"WaterFittings!BE258","v":1},{"$f":"BC257*AP$37","v":1},1,1,{"$f":"BG229","v":1},0,0,0,0,0]
[null,null,null,null,null,null,null,null,null,null,null,null,null,null,null,null,null,null,null,null,null,null,null,null,null,null,null,null,null,null,null,null,null,null,null,null,null,null,null,null,null,null,null,null,null,null,null,null,null,null,null,null,null,253,{"$f":"WaterFittings!BE259","v":1},{"$f":"BC258*AM$31","v":1},{"$f":"BE230","v":1},1,{"$f":"BG230","v":1},0,0,0,0,0]
[null,null,null,null,null,null,null,null,null,null,null,null,null,null,null,null,null,null,null,null,null,null,null,null,null,null,null,null,null,null,null,null,null,null,null,null,null,null,null,null,null,null,null,null,null,null,null,null,null,null,null,null,null,254,{"$f":"WaterFittings!BE260","v":1},{"$f":"BC259*AM$32","v":1},1,1,{"$f":"BG231","v":1},0,0,0,0,0]
[null,null,null,null,null,null,null,null,null,null,null,null,null,null,null,null,null,null,null,null,null,null,null,null,null,null,null,null,null,null,null,null,null,null,null,null,null,null,null,null,null,null,null,null,null,null,null,null,null,null,null,null,null,255,{"$f":"WaterFittings!BE261","v":1},{"$f":"BC260*AM$33","v":1},1,1,{"$f":"BG232","v":1},0,0,0,0,0]
[null,null,null,null,null,null,null,null,null,null,null,null,null,null,null,null,null,null,null,null,null,null,null,null,null,null,null,null,null,null,null,null,null,null,null,null,null,null,null,null,null,null,null,null,null,null,null,null,null,null,null,null,null,256,{"$f":"WaterFittings!BE262","v":1},{"$f":"BC261*AM$34","v":1},1,1,{"$f":"BG233","v":1},0,0,0,0,0]
[null,null,null,null,null,null,null,null,null,null,null,null,null,null,null,null,null,null,null,null,null,null,null,null,null,null,null,null,null,null,null,null,null,null,null,null,null,null,null,null,null,null,null,null,null,null,null,null,null,null,null,null,null,257,{"$f":"WaterFittings!BE263","v":1},{"$f":"BC262*AM$35","v":1},1,1,{"$f":"BG234","v":1},0,0,0,0,0]
[null,null,null,null,null,null,null,null,null,null,null,null,null,null,null,null,null,null,null,null,null,null,null,null,null,null,null,null,null,null,null,null,null,null,null,null,null,null,null,null,null,null,null,null,null,null,null,null,null,null,null,null,null,258,{"$f":"WaterFittings!BE264","v":1},{"$f":"BC263*AM$36","v":1},1,1,{"$f":"BG235","v":1},0,{"$f":"BI$5*BE263","v":0},{"$f":"BJ$5*BF263","v":0},{"$f":"BK$5*BG263","v":0},0]
[null,null,null,null,null,null,null,null,null,null,null,null,null,null,null,null,null,null,null,null,null,null,null,null,null,null,null,null,null,null,null,null,null,null,null,null,null,null,null,null,null,null,null,null,null,null,null,null,null,null,null,null,null,{"$f":"1+BB263","v":259},{"$f":"WaterFittings!BE265","v":1},{"$f":"BC264*AM$37","v":1},1,1,{"$f":"BG236","v":1},{"$f":"BH$5*BD264","v":0},0,0,0,{"$f":"SUM(BH264:BK264)","v":0}]
[null,null,null,null,null,null,null,null,null,null,null,null,null,null,null,null,null,null,null,null,null,null,null,null,null,null,null,null,null,null,null,null,null,null,null,null,null,null,null,null,null,null,null,null,null,null,null,null,null,null,null,null,null,260,{"$f":"WaterFittings!BE266","v":1},{"$f":"BC265*AN$31","v":1},1,1,{"$f":"BG237","v":1},0,0,0,0,0]
[null,null,null,null,null,null,null,null,null,null,null,null,null,null,null,null,null,null,null,null,null,null,null,null,null,null,null,null,null,null,null,null,null,null,null,null,null,null,null,null,null,null,null,null,null,null,null,null,null,null,null,null,null,261,{"$f":"WaterFittings!BE267","v":1},{"$f":"BC266*AN$32","v":1},1,1,{"$f":"BG238","v":1},0,0,0,0,0]
[null,null,null,null,null,null,null,null,null,null,null,null,null,null,null,null,null,null,null,null,null,null,null,null,null,null,null,null,null,null,null,null,null,null,null,null,null,null,null,null,null,null,null,null,null,null,null,null,null,null,null,null,null,262,{"$f":"WaterFittings!BE268","v":1},{"$f":"BC267*AN$33","v":1},1,1,{"$f":"BG239","v":1},0,0,0,0,0]
[null,null,null,null,null,null,null,null,null,null,null,null,null,null,null,null,null,null,null,null,null,null,null,null,null,null,null,null,null,null,null,null,null,null,null,null,null,null,null,null,null,null,null,null,null,null,null,null,null,null,null,null,null,263,{"$f":"WaterFittings!BE269","v":1},{"$f":"BC268*AN$34","v":1},1,1,{"$f":"BG240","v":1},0,0,0,0,0]
[null,null,null,null,null,null,null,null,null,null,null,null,null,null,null,null,null,null,null,null,null,null,null,null,null,null,null,null,null,null,null,null,null,null,null,null,null,null,null,null,null,null,null,null,null,null,null,null,null,null,null,null,null,264,{"$f":"WaterFittings!BE270","v":1},{"$f":"BC269*AN$35","v":1},1,1,{"$f":"BG241","v":1},0,0,0,0,0]
[null,null,null,null,null,null,null,null,null,null,null,null,null,null,null,null,null,null,null,null,null,null,null,null,null,null,null,null,null,null,null,null,null,null,null,null,null,null,null,null,null,null,null,null,null,null,null,null,null,null,null,null,null,265,{"$f":"WaterFittings!BE271","v":1},{"$f":"BC270*AN$36","v":1},1,1,{"$f":"BG242","v":1},0,0,0,0,0]
[null,null,null,null,null,null,null,null,null,null,null,null,null,null,null,null,null,null,null,null,null,null,null,null,null,null,null,null,null,null,null,null,null,null,null,null,null,null,null,null,null,null,null,null,null,null,null,null,null,null,null,null,null,266,{"$f":"WaterFittings!BE272","v":1},{"$f":"BC271*AN$37","v":1},1,1,{"$f":"BG243","v":1},0,0,0,0,0]
[null,null,null,null,null,null,null,null,null,null,null,null,null,null,null,null,null,null,null,null,null,null,null,null,null,null,null,null,null,null,null,null,null,null,null,null,null,null,null,null,null,null,null,null,null,null,null,null,null,null,null,null,null,267,{"$f":"WaterFittings!BE273","v":1},{"$f":"BC272*AO$31","v":1},1,1,{"$f":"BG244","v":1},0,0,0,0,0]
[null,null,null,null,null,null,null,null,null,null,null,null,null,null,null,null,null,null,null,null,null,null,null,null,null,null,null,null,null,null,null,null,null,null,null,null,null,null,null,null,null,null,null,null,null,null,null,null,null,null,null,null,null,268,{"$f":"WaterFittings!BE274","v":1},{"$f":"BC273*AO$32","v":1},1,1,{"$f":"BG245","v":1},0,0,0,0,0]
[null,null,null,null,null,null,null,null,null,null,null,null,null,null,null,null,null,null,null,null,null,null,null,null,null,null,null,null,null,null,null,null,null,null,null,null,null,null,null,null,null,null,null,null,null,null,null,null,null,null,null,null,null,269,{"$f":"WaterFittings!BE275","v":1},{"$f":"BC274*AO$33","v":1},{"$f":"BE246","v":1},1,{"$f":"BG246","v":1},0,0,0,0,0]
[null,null,null,null,null,null,null,null,null,null,null,null,null,null,null,null,null,null,null,null,null,null,null,null,null,null,null,null,null,null,null,null,null,null,null,null,null,null,null,null,null,null,null,null,null,null,null,null,null,null,null,null,null,270,{"$f":"WaterFittings!BE276","v":1},{"$f":"BC275*AO$34","v":1},1,1,{"$f":"BG247","v":1},0,0,0,0,0]
[null,null,null,null,null,null,null,null,null,null,null,null,null,null,null,null,null,null,null,null,null,null,null,null,null,null,null,null,null,null,null,null,null,null,null,null,null,null,null,null,null,null,null,null,null,null,null,null,null,null,null,null,null,271,{"$f":"WaterFittings!BE277","v":1},{"$f":"BC276*AO$35","v":1},1,1,{"$f":"BG248","v":1},0,0,0,0,0]
[null,null,null,null,null,null,null,null,null,null,null,null,null,null,null,null,null,null,null,null,null,null,null,null,null,null,null,null,null,null,null,null,null,null,null,null,null,null,null,null,null,null,null,null,null,null,null,null,null,null,null,null,null,272,{"$f":"WaterFittings!BE278","v":1},{"$f":"BC277*AO$36","v":1},1,1,{"$f":"BG249","v":1},0,0,0,0,0]
[null,null,null,null,null,null,null,null,null,null,null,null,null,null,null,null,null,null,null,null,null,null,null,null,null,null,null,null,null,null,null,null,null,null,null,null,null,null,null,null,null,null,null,null,null,null,null,null,null,null,null,null,null,273,{"$f":"WaterFittings!BE279","v":1},{"$f":"BC278*AO$37","v":1},1,1,{"$f":"BG250","v":1},0,0,0,0,0]
[null,null,null,null,null,null,null,null,null,null,null,null,null,null,null,null,null,null,null,null,null,null,null,null,null,null,null,null,null,null,null,null,null,null,null,null,null,null,null,null,null,null,null,null,null,null,null,null,null,null,null,null,null,274,{"$f":"WaterFittings!BE280","v":1},{"$f":"BC279*AP$31","v":1},1,1,{"$f":"BG251","v":1},0,0,0,0,0]
[null,null,null,null,null,null,null,null,null,null,null,null,null,null,null,null,null,null,null,null,null,null,null,null,null,null,null,null,null,null,null,null,null,null,null,null,null,null,null,null,null,null,null,null,null,null,null,null,null,null,null,null,null,275,{"$f":"WaterFittings!BE281","v":1},{"$f":"BC280*AP$32","v":1},1,1,{"$f":"BG252","v":1},0,0,0,0,0]
[null,null,null,null,null,null,null,null,null,null,null,null,null,null,null,null,null,null,null,null,null,null,null,null,null,null,null,null,null,null,null,null,null,null,null,null,null,null,null,null,null,null,null,null,null,null,null,null,null,null,null,null,null,276,{"$f":"WaterFittings!BE282","v":1},{"$f":"BC281*AP$33","v":1},1,1,{"$f":"BG253","v":1},0,0,0,0,0]
[null,null,null,null,null,null,null,null,null,null,null,null,null,null,null,null,null,null,null,null,null,null,null,null,null,null,null,null,null,null,null,null,null,null,null,null,null,null,null,null,null,null,null,null,null,null,null,null,null,null,null,null,null,277,{"$f":"WaterFittings!BE283","v":1},{"$f":"BC282*AP$34","v":1},1,1,{"$f":"BG254","v":1},0,0,0,0,0]
[null,null,null,null,null,null,null,null,null,null,null,null,null,null,null,null,null,null,null,null,null,null,null,null,null,null,null,null,null,null,null,null,null,null,null,null,null,null,null,null,null,null,null,null,null,null,null,null,null,null,null,null,null,278,{"$f":"WaterFittings!BE284","v":1},{"$f":"BC283*AP$35","v":1},1,1,{"$f":"BG255","v":1},0,0,0,0,0]
[null,null,null,null,null,null,null,null,null,null,null,null,null,null,null,null,null,null,null,null,null,null,null,null,null,null,null,null,null,null,null,null,null,null,null,null,null,null,null,null,null,null,null,null,null,null,null,null,null,null,null,null,null,279,{"$f":"WaterFittings!BE285","v":1},{"$f":"BC284*AP$36","v":1},1,1,{"$f":"BG256","v":1},0,0,0,0,0]
[null,null,null,null,null,null,null,null,null,null,null,null,null,null,null,null,null,null,null,null,null,null,null,null,null,null,null,null,null,null,null,null,null,null,null,null,null,null,null,null,null,null,null,null,null,null,null,null,null,null,null,null,null,280,{"$f":"WaterFittings!BE286","v":1},{"$f":"BC285*AP$37","v":1},1,1,{"$f":"BG257","v":1},0,0,0,0,0]
[null,null,null,null,null,null,null,null,null,null,null,null,null,null,null,null,null,null,null,null,null,null,null,null,null,null,null,null,null,null,null,null,null,null,null,null,null,null,null,null,null,null,null,null,null,null,null,null,null,null,null,null,null,281,{"$f":"WaterFittings!BE287","v":1},{"$f":"BC286*AM$31","v":1},1,1,{"$f":"BG258","v":1},0,0,0,0,0]
[null,null,null,null,null,null,null,null,null,null,null,null,null,null,null,null,null,null,null,null,null,null,null,null,null,null,null,null,null,null,null,null,null,null,null,null,null,null,null,null,null,null,null,null,null,null,null,null,null,null,null,null,null,282,{"$f":"WaterFittings!BE288","v":1},{"$f":"BC287*AM$32","v":1},1,1,{"$f":"BG259","v":1},0,0,0,0,0]
[null,null,null,null,null,null,null,null,null,null,null,null,null,null,null,null,null,null,null,null,null,null,null,null,null,null,null,null,null,null,null,null,null,null,null,null,null,null,null,null,null,null,null,null,null,null,null,null,null,null,null,null,null,283,{"$f":"WaterFittings!BE289","v":1},{"$f":"BC288*AM$33","v":1},1,1,{"$f":"BG260","v":1},0,0,0,0,0]
[null,null,null,null,null,null,null,null,null,null,null,null,null,null,null,null,null,null,null,null,null,null,null,null,null,null,null,null,null,null,null,null,null,null,null,null,null,null,null,null,null,null,null,null,null,null,null,null,null,null,null,null,null,284,{"$f":"WaterFittings!BE290","v":1},{"$f":"BC289*AM$34","v":1},1,1,{"$f":"BG261","v":1},0,0,0,0,0]
[null,null,null,null,null,null,null,null,null,null,null,null,null,null,null,null,null,null,null,null,null,null,null,null,null,null,null,null,null,null,null,null,null,null,null,null,null,null,null,null,null,null,null,null,null,null,null,null,null,null,null,null,null,285,{"$f":"WaterFittings!BE291","v":1},{"$f":"BC290*AM$35","v":1},{"$f":"BE262","v":1},1,{"$f":"BG262","v":1},0,0,0,0,0]
[null,null,null,null,null,null,null,null,null,null,null,null,null,null,null,null,null,null,null,null,null,null,null,null,null,null,null,null,null,null,null,null,null,null,null,null,null,null,null,null,null,null,null,null,null,null,null,null,null,null,null,null,null,286,{"$f":"WaterFittings!BE292","v":1},{"$f":"BC291*AM$36","v":1},1,1,{"$f":"BG263","v":1},0,0,0,0,0]
[null,null,null,null,null,null,null,null,null,null,null,null,null,null,null,null,null,null,null,null,null,null,null,null,null,null,null,null,null,null,null,null,null,null,null,null,null,null,null,null,null,null,null,null,null,null,null,null,null,null,null,null,null,287,{"$f":"WaterFittings!BE293","v":1},{"$f":"BC292*AM$37","v":1},1,1,{"$f":"BG264","v":1},0,0,0,0,0]
[null,null,null,null,null,null,null,null,null,null,null,null,null,null,null,null,null,null,null,null,null,null,null,null,null,null,null,null,null,null,null,null,null,null,null,null,null,null,null,null,null,null,null,null,null,null,null,null,null,null,null,null,null,288,{"$f":"WaterFittings!BE294","v":1},{"$f":"BC293*AN$31","v":1},1,1,{"$f":"BG265","v":1},0,0,0,0,0]
[null,null,null,null,null,null,null,null,null,null,null,null,null,null,null,null,null,null,null,null,null,null,null,null,null,null,null,null,null,null,null,null,null,null,null,null,null,null,null,null,null,null,null,null,null,null,null,null,null,null,null,null,null,289,{"$f":"WaterFittings!BE295","v":1},{"$f":"BC294*AN$32","v":1},1,1,{"$f":"BG266","v":1},0,0,0,0,0]
[null,null,null,null,null,null,null,null,null,null,null,null,null,null,null,null,null,null,null,null,null,null,null,null,null,null,null,null,null,null,null,null,null,null,null,null,null,null,null,null,null,null,null,null,null,null,null,null,null,null,null,null,null,290,{"$f":"WaterFittings!BE296","v":1},{"$f":"BC295*AN$33","v":1},1,1,{"$f":"BG267","v":1},0,0,0,0,0]
[null,null,null,null,null,null,null,null,null,null,null,null,null,null,null,null,null,null,null,null,null,null,null,null,null,null,null,null,null,null,null,null,null,null,null,null,null,null,null,null,null,null,null,null,null,null,null,null,null,null,null,null,null,291,{"$f":"WaterFittings!BE297","v":1},{"$f":"BC296*AN$34","v":1},1,1,{"$f":"BG268","v":1},0,0,0,0,0]
[null,null,null,null,null,null,null,null,null,null,null,null,null,null,null,null,null,null,null,null,null,null,null,null,null,null,null,null,null,null,null,null,null,null,null,null,null,null,null,null,null,null,null,null,null,null,null,null,null,null,null,null,null,292,{"$f":"WaterFittings!BE298","v":1},{"$f":"BC297*AN$35","v":1},1,1,{"$f":"BG269","v":1},0,0,0,0,0]
[null,null,null,null,null,null,null,null,null,null,null,null,null,null,null,null,null,null,null,null,null,null,null,null,null,null,null,null,null,null,null,null,null,null,null,null,null,null,null,null,null,null,null,null,null,null,null,null,null,null,null,null,null,293,{"$f":"WaterFittings!BE299","v":1},{"$f":"BC298*AN$36","v":1},1,1,{"$f":"BG270","v":1},0,0,0,0,0]
[null,null,null,null,null,null,null,null,null,null,null,null,null,null,null,null,null,null,null,null,null,null,null,null,null,null,null,null,null,null,null,null,null,null,null,null,null,null,null,null,null,null,null,null,null,null,null,null,null,null,null,null,null,294,{"$f":"WaterFittings!BE300","v":1},{"$f":"BC299*AN$37","v":1},1,1,{"$f":"BG271","v":1},0,0,0,0,0]
[null,null,null,null,null,null,null,null,null,null,null,null,null,null,null,null,null,null,null,null,null,null,null,null,null,null,null,null,null,null,null,null,null,null,null,null,null,null,null,null,null,null,null,null,null,null,null,null,null,null,null,null,null,295,{"$f":"WaterFittings!BE301","v":1},{"$f":"BC300*AO$31","v":1},1,1,{"$f":"BG272","v":1},0,0,0,0,0]
[null,null,null,null,null,null,null,null,null,null,null,null,null,null,null,null,null,null,null,null,null,null,null,null,null,null,null,null,null,null,null,null,null,null,null,null,null,null,null,null,null,null,null,null,null,null,null,null,null,null,null,null,null,296,{"$f":"WaterFittings!BE302","v":1},{"$f":"BC301*AO$32","v":1},1,1,{"$f":"BG273","v":1},0,0,0,0,0]
[null,null,null,null,null,null,null,null,null,null,null,null,null,null,null,null,null,null,null,null,null,null,null,null,null,null,null,null,null,null,null,null,null,null,null,null,null,null,null,null,null,null,null,null,null,null,null,null,null,null,null,null,null,297,{"$f":"WaterFittings!BE303","v":1},{"$f":"BC302*AO$33","v":1},1,1,{"$f":"BG274","v":1},0,0,0,0,0]
[null,null,null,null,null,null,null,null,null,null,null,null,null,null,null,null,null,null,null,null,null,null,null,null,null,null,null,null,null,null,null,null,null,null,null,null,null,null,null,null,null,null,null,null,null,null,null,null,null,null,null,null,null,298,{"$f":"WaterFittings!BE304","v":1},{"$f":"BC303*AO$34","v":1},1,1,{"$f":"BG275","v":1},0,0,0,0,0]
[null,null,null,null,null,null,null,null,null,null,null,null,null,null,null,null,null,null,null,null,null,null,null,null,null,null,null,null,null,null,null,null,null,null,null,null,null,null,null,null,null,null,null,null,null,null,null,null,null,null,null,null,null,299,{"$f":"WaterFittings!BE305","v":1},{"$f":"BC304*AO$35","v":1},1,1,{"$f":"BG276","v":1},0,0,0,0,0]
[null,null,null,null,null,null,null,null,null,null,null,null,null,null,null,null,null,null,null,null,null,null,null,null,null,null,null,null,null,null,null,null,null,null,null,null,null,null,null,null,null,null,null,null,null,null,null,null,null,null,null,null,null,300,{"$f":"WaterFittings!BE306","v":1},{"$f":"BC305*AO$36","v":1},1,1,{"$f":"BG277","v":1},0,0,0,0,0]
[null,null,null,null,null,null,null,null,null,null,null,null,null,null,null,null,null,null,null,null,null,null,null,null,null,null,null,null,null,null,null,null,null,null,null,null,null,null,null,null,null,null,null,null,null,null,null,null,null,null,null,null,null,301,{"$f":"WaterFittings!BE307","v":1},{"$f":"BC306*AO$37","v":1},{"$f":"BE278","v":1},1,{"$f":"BG278","v":1},0,0,0,0,0]
[null,null,null,null,null,null,null,null,null,null,null,null,null,null,null,null,null,null,null,null,null,null,null,null,null,null,null,null,null,null,null,null,null,null,null,null,null,null,null,null,null,null,null,null,null,null,null,null,null,null,null,null,null,302,{"$f":"WaterFittings!BE308","v":1},{"$f":"BC307*AP$31","v":1},1,1,{"$f":"BG279","v":1},0,0,0,0,0]
[null,null,null,null,null,null,null,null,null,null,null,null,null,null,null,null,null,null,null,null,null,null,null,null,null,null,null,null,null,null,null,null,null,null,null,null,null,null,null,null,null,null,null,null,null,null,null,null,null,null,null,null,null,303,{"$f":"WaterFittings!BE309","v":1},{"$f":"BC308*AP$32","v":1},1,1,{"$f":"BG280","v":1},0,0,0,0,0]
[null,null,null,null,null,null,null,null,null,null,null,null,null,null,null,null,null,null,null,null,null,null,null,null,null,null,null,null,null,null,null,null,null,null,null,null,null,null,null,null,null,null,null,null,null,null,null,null,null,null,null,null,null,304,{"$f":"WaterFittings!BE310","v":1},{"$f":"BC309*AP$33","v":1},1,1,{"$f":"BG281","v":1},0,0,0,0,0]
[null,null,null,null,null,null,null,null,null,null,null,null,null,null,null,null,null,null,null,null,null,null,null,null,null,null,null,null,null,null,null,null,null,null,null,null,null,null,null,null,null,null,null,null,null,null,null,null,null,null,null,null,null,305,{"$f":"WaterFittings!BE311","v":1},{"$f":"BC310*AP$34","v":1},1,1,{"$f":"BG282","v":1},0,0,0,0,0]
[null,null,null,null,null,null,null,null,null,null,null,null,null,null,null,null,null,null,null,null,null,null,null,null,null,null,null,null,null,null,null,null,null,null,null,null,null,null,null,null,null,null,null,null,null,null,null,null,null,null,null,null,null,306,{"$f":"WaterFittings!BE312","v":1},{"$f":"BC311*AP$35","v":1},1,1,{"$f":"BG283","v":1},0,0,0,0,0]
[null,null,null,null,null,null,null,null,null,null,null,null,null,null,null,null,null,null,null,null,null,null,null,null,null,null,null,null,null,null,null,null,null,null,null,null,null,null,null,null,null,null,null,null,null,null,null,null,null,null,null,null,null,307,{"$f":"WaterFittings!BE313","v":1},{"$f":"BC312*AP$36","v":1},1,1,{"$f":"BG284","v":1},0,0,0,0,0]
[null,null,null,null,null,null,null,null,null,null,null,null,null,null,null,null,null,null,null,null,null,null,null,null,null,null,null,null,null,null,null,null,null,null,null,null,null,null,null,null,null,null,null,null,null,null,null,null,null,null,null,null,null,308,{"$f":"WaterFittings!BE314","v":1},{"$f":"BC313*AP$37","v":1},1,1,{"$f":"BG285","v":1},0,0,0,0,0]
[null,null,null,null,null,null,null,null,null,null,null,null,null,null,null,null,null,null,null,null,null,null,null,null,null,null,null,null,null,null,null,null,null,null,null,null,null,null,null,null,null,null,null,null,null,null,null,null,null,null,null,null,null,309,{"$f":"WaterFittings!BE315","v":1},{"$f":"BC314*AM$31","v":1},1,1,{"$f":"BG286","v":1},0,0,0,0,0]
[null,null,null,null,null,null,null,null,null,null,null,null,null,null,null,null,null,null,null,null,null,null,null,null,null,null,null,null,null,null,null,null,null,null,null,null,null,null,null,null,null,null,null,null,null,null,null,null,null,null,null,null,null,310,{"$f":"WaterFittings!BE316","v":1},{"$f":"BC315*AM$32","v":1},1,1,{"$f":"BG287","v":1},0,0,0,0,0]
[null,null,null,null,null,null,null,null,null,null,null,null,null,null,null,null,null,null,null,null,null,null,null,null,null,null,null,null,null,null,null,null,null,null,null,null,null,null,null,null,null,null,null,null,null,null,null,null,null,null,null,null,null,311,{"$f":"WaterFittings!BE317","v":1},{"$f":"BC316*AM$33","v":1},1,1,{"$f":"BG288","v":1},0,0,0,0,0]
[null,null,null,null,null,null,null,null,null,null,null,null,null,null,null,null,null,null,null,null,null,null,null,null,null,null,null,null,null,null,null,null,null,null,null,null,null,null,null,null,null,null,null,null,null,null,null,null,null,null,null,null,null,312,{"$f":"WaterFittings!BE318","v":1},{"$f":"BC317*AM$34","v":1},1,1,{"$f":"BG289","v":1},0,0,0,0,0]
[null,null,null,null,null,null,null,null,null,null,null,null,null,null,null,null,null,null,null,null,null,null,null,null,null,null,null,null,null,null,null,null,null,null,null,null,null,null,null,null,null,null,null,null,null,null,null,null,null,null,null,null,null,313,{"$f":"WaterFittings!BE319","v":1},{"$f":"BC318*AM$35","v":1},1,1,{"$f":"BG290","v":1},0,0,0,0,0]
[null,null,null,null,null,null,null,null,null,null,null,null,null,null,null,null,null,null,null,null,null,null,null,null,null,null,null,null,null,null,null,null,null,null,null,null,null,null,null,null,null,null,null,null,null,null,null,null,null,null,null,null,null,314,{"$f":"WaterFittings!BE320","v":1},{"$f":"BC319*AM$36","v":1},1,1,{"$f":"BG291","v":1},0,0,0,0,0]
[null,null,null,null,null,null,null,null,null,null,null,null,null,null,null,null,null,null,null,null,null,null,null,null,null,null,null,null,null,null,null,null,null,null,null,null,null,null,null,null,null,null,null,null,null,null,null,null,null,null,null,null,null,315,{"$f":"WaterFittings!BE321","v":1},{"$f":"BC320*AM$37","v":1},1,1,{"$f":"BG292","v":1},0,0,0,0,0]
[null,null,null,null,null,null,null,null,null,null,null,null,null,null,null,null,null,null,null,null,null,null,null,null,null,null,null,null,null,null,null,null,null,null,null,null,null,null,null,null,null,null,null,null,null,null,null,null,null,null,null,null,null,316,{"$f":"WaterFittings!BE322","v":1},{"$f":"BC321*AN$31","v":1},1,1,{"$f":"BG293","v":1},0,0,0,0,0]
[null,null,null,null,null,null,null,null,null,null,null,null,null,null,null,null,null,null,null,null,null,null,null,null,null,null,null,null,null,null,null,null,null,null,null,null,null,null,null,null,null,null,null,null,null,null,null,null,null,null,null,null,null,317,{"$f":"WaterFittings!BE323","v":1},{"$f":"BC322*AN$32","v":1},{"$f":"BE294","v":1},1,{"$f":"BG294","v":1},0,0,0,0,0]
[null,null,null,null,null,null,null,null,null,null,null,null,null,null,null,null,null,null,null,null,null,null,null,null,null,null,null,null,null,null,null,null,null,null,null,null,null,null,null,null,null,null,null,null,null,null,null,null,null,null,null,null,null,318,{"$f":"WaterFittings!BE324","v":1},{"$f":"BC323*AN$33","v":1},1,1,{"$f":"BG295","v":1},0,0,0,0,0]
[null,null,null,null,null,null,null,null,null,null,null,null,null,null,null,null,null,null,null,null,null,null,null,null,null,null,null,null,null,null,null,null,null,null,null,null,null,null,null,null,null,null,null,null,null,null,null,null,null,null,null,null,null,319,{"$f":"WaterFittings!BE325","v":1},{"$f":"BC324*AN$34","v":1},1,1,{"$f":"BG296","v":1},0,0,0,0,0]
[null,null,null,null,null,null,null,null,null,null,null,null,null,null,null,null,null,null,null,null,null,null,null,null,null,null,null,null,null,null,null,null,null,null,null,null,null,null,null,null,null,null,null,null,null,null,null,null,null,null,null,null,null,320,{"$f":"WaterFittings!BE326","v":1},{"$f":"BC325*AN$35","v":1},1,1,{"$f":"BG297","v":1},0,0,0,0,0]
[null,null,null,null,null,null,null,null,null,null,null,null,null,null,null,null,null,null,null,null,null,null,null,null,null,null,null,null,null,null,null,null,null,null,null,null,null,null,null,null,null,null,null,null,null,null,null,null,null,null,null,null,null,321,{"$f":"WaterFittings!BE327","v":1},{"$f":"BC326*AN$36","v":1},1,1,{"$f":"BG298","v":1},0,0,0,0,0]
[null,null,null,null,null,null,null,null,null,null,null,null,null,null,null,null,null,null,null,null,null,null,null,null,null,null,null,null,null,null,null,null,null,null,null,null,null,null,null,null,null,null,null,null,null,null,null,null,null,null,null,null,null,322,{"$f":"WaterFittings!BE328","v":1},{"$f":"BC327*AN$37","v":1},1,1,{"$f":"BG299","v":1},0,{"$f":"BI$5*BE327","v":0},{"$f":"BJ$5*BF327","v":0},{"$f":"BK$5*BG327","v":0},0]
[null,null,null,null,null,null,null,null,null,null,null,null,null,null,null,null,null,null,null,null,null,null,null,null,null,null,null,null,null,null,null,null,null,null,null,null,null,null,null,null,null,null,null,null,null,null,null,null,null,null,null,null,null,{"$f":"1+BB327","v":323},{"$f":"WaterFittings!BE329","v":1},{"$f":"BC328*AO$31","v":1},1,1,{"$f":"BG300","v":1},{"$f":"BH$5*BD328","v":0},0,0,0,{"$f":"SUM(BH328:BK328)","v":0}]
[null,null,null,null,null,null,null,null,null,null,null,null,null,null,null,null,null,null,null,null,null,null,null,null,null,null,null,null,null,null,null,null,null,null,null,null,null,null,null,null,null,null,null,null,null,null,null,null,null,null,null,null,null,324,{"$f":"WaterFittings!BE330","v":1},{"$f":"BC329*AO$32","v":1},1,1,{"$f":"BG301","v":1},0,0,0,0,0]
[null,null,null,null,null,null,null,null,null,null,null,null,null,null,null,null,null,null,null,null,null,null,null,null,null,null,null,null,null,null,null,null,null,null,null,null,null,null,null,null,null,null,null,null,null,null,null,null,null,null,null,null,null,325,{"$f":"WaterFittings!BE331","v":1},{"$f":"BC330*AO$33","v":1},1,1,{"$f":"BG302","v":1},0,0,0,0,0]
[null,null,null,null,null,null,null,null,null,null,null,null,null,null,null,null,null,null,null,null,null,null,null,null,null,null,null,null,null,null,null,null,null,null,null,null,null,null,null,null,null,null,null,null,null,null,null,null,null,null,null,null,null,326,{"$f":"WaterFittings!BE332","v":1},{"$f":"BC331*AO$34","v":1},1,1,{"$f":"BG303","v":1},0,0,0,0,0]
[null,null,null,null,null,null,null,null,null,null,null,null,null,null,null,null,null,null,null,null,null,null,null,null,null,null,null,null,null,null,null,null,null,null,null,null,null,null,null,null,null,null,null,null,null,null,null,null,null,null,null,null,null,327,{"$f":"WaterFittings!BE333","v":1},{"$f":"BC332*AO$35","v":1},1,1,{"$f":"BG304","v":1},0,0,0,0,0]
[null,null,null,null,null,null,null,null,null,null,null,null,null,null,null,null,null,null,null,null,null,null,null,null,null,null,null,null,null,null,null,null,null,null,null,null,null,null,null,null,null,null,null,null,null,null,null,null,null,null,null,null,null,328,{"$f":"WaterFittings!BE334","v":1},{"$f":"BC333*AO$36","v":1},1,1,{"$f":"BG305","v":1},0,0,0,0,0]
[null,null,null,null,null,null,null,null,null,null,null,null,null,null,null,null,null,null,null,null,null,null,null,null,null,null,null,null,null,null,null,null,null,null,null,null,null,null,null,null,null,null,null,null,null,null,null,null,null,null,null,null,null,329,{"$f":"WaterFittings!BE335","v":1},{"$f":"BC334*AO$37","v":1},1,1,{"$f":"BG306","v":1},0,0,0,0,0]
[null,null,null,null,null,null,null,null,null,null,null,null,null,null,null,null,null,null,null,null,null,null,null,null,null,null,null,null,null,null,null,null,null,null,null,null,null,null,null,null,null,null,null,null,null,null,null,null,null,null,null,null,null,330,{"$f":"WaterFittings!BE336","v":1},{"$f":"BC335*AP$31","v":1},1,1,{"$f":"BG307","v":1},0,0,0,0,0]
[null,null,null,null,null,null,null,null,null,null,null,null,null,null,null,null,null,null,null,null,null,null,null,null,null,null,null,null,null,null,null,null,null,null,null,null,null,null,null,null,null,null,null,null,null,null,null,null,null,null,null,null,null,331,{"$f":"WaterFittings!BE337","v":1},{"$f":"BC336*AP$32","v":1},1,1,{"$f":"BG308","v":1},0,0,0,0,0]
[null,null,null,null,null,null,null,null,null,null,null,null,null,null,null,null,null,null,null,null,null,null,null,null,null,null,null,null,null,null,null,null,null,null,null,null,null,null,null,null,null,null,null,null,null,null,null,null,null,null,null,null,null,332,{"$f":"WaterFittings!BE338","v":1},{"$f":"BC337*AP$33","v":1},1,1,{"$f":"BG309","v":1},0,0,0,0,0]
[null,null,null,null,null,null,null,null,null,null,null,null,null,null,null,null,null,null,null,null,null,null,null,null,null,null,null,null,null,null,null,null,null,null,null,null,null,null,null,null,null,null,null,null,null,null,null,null,null,null,null,null,null,333,{"$f":"WaterFittings!BE339","v":1},{"$f":"BC338*AP$34","v":1},{"$f":"BE310","v":1},1,{"$f":"BG310","v":1},0,0,0,0,0]
[null,null,null,null,null,null,null,null,null,null,null,null,null,null,null,null,null,null,null,null,null,null,null,null,null,null,null,null,null,null,null,null,null,null,null,null,null,null,null,null,null,null,null,null,null,null,null,null,null,null,null,null,null,334,{"$f":"WaterFittings!BE340","v":1},{"$f":"BC339*AP$35","v":1},1,1,{"$f":"BG311","v":1},0,0,0,0,0]
[null,null,null,null,null,null,null,null,null,null,null,null,null,null,null,null,null,null,null,null,null,null,null,null,null,null,null,null,null,null,null,null,null,null,null,null,null,null,null,null,null,null,null,null,null,null,null,null,null,null,null,null,null,335,{"$f":"WaterFittings!BE341","v":1},{"$f":"BC340*AP$36","v":1},1,1,{"$f":"BG312","v":1},0,0,0,0,0]
[null,null,null,null,null,null,null,null,null,null,null,null,null,null,null,null,null,null,null,null,null,null,null,null,null,null,null,null,null,null,null,null,null,null,null,null,null,null,null,null,null,null,null,null,null,null,null,null,null,null,null,null,null,336,{"$f":"WaterFittings!BE342","v":1},{"$f":"BC341*AP$37","v":1},1,1,{"$f":"BG313","v":1},0,0,0,0,0]
[null,null,null,null,null,null,null,null,null,null,null,null,null,null,null,null,null,null,null,null,null,null,null,null,null,null,null,null,null,null,null,null,null,null,null,null,null,null,null,null,null,null,null,null,null,null,null,null,null,null,null,null,null,337,{"$f":"WaterFittings!BE343","v":1},{"$f":"BC342*AM$31","v":1},1,1,{"$f":"BG314","v":1},0,0,0,0,0]
[null,null,null,null,null,null,null,null,null,null,null,null,null,null,null,null,null,null,null,null,null,null,null,null,null,null,null,null,null,null,null,null,null,null,null,null,null,null,null,null,null,null,null,null,null,null,null,null,null,null,null,null,null,338,{"$f":"WaterFittings!BE344","v":1},{"$f":"BC343*AM$32","v":1},1,1,{"$f":"BG315","v":1},0,0,0,0,0]
[null,null,null,null,null,null,null,null,null,null,null,null,null,null,null,null,null,null,null,null,null,null,null,null,null,null,null,null,null,null,null,null,null,null,null,null,null,null,null,null,null,null,null,null,null,null,null,null,null,null,null,null,null,339,{"$f":"WaterFittings!BE345","v":1},{"$f":"BC344*AM$33","v":1},1,1,{"$f":"BG316","v":1},0,0,0,0,0]
[null,null,null,null,null,null,null,null,null,null,null,null,null,null,null,null,null,null,null,null,null,null,null,null,null,null,null,null,null,null,null,null,null,null,null,null,null,null,null,null,null,null,null,null,null,null,null,null,null,null,null,null,null,340,{"$f":"WaterFittings!BE346","v":1},{"$f":"BC345*AM$34","v":1},1,1,{"$f":"BG317","v":1},0,0,0,0,0]
[null,null,null,null,null,null,null,null,null,null,null,null,null,null,null,null,null,null,null,null,null,null,null,null,null,null,null,null,null,null,null,null,null,null,null,null,null,null,null,null,null,null,null,null,null,null,null,null,null,null,null,null,null,341,{"$f":"WaterFittings!BE347","v":1},{"$f":"BC346*AM$35","v":1},1,1,{"$f":"BG318","v":1},0,0,0,0,0]
[null,null,null,null,null,null,null,null,null,null,null,null,null,null,null,null,null,null,null,null,null,null,null,null,null,null,null,null,null,null,null,null,null,null,null,null,null,null,null,null,null,null,null,null,null,null,null,null,null,null,null,null,null,342,{"$f":"WaterFittings!BE348","v":1},{"$f":"BC347*AM$36","v":1},1,1,{"$f":"BG319","v":1},0,0,0,0,0]
[null,null,null,null,null,null,null,null,null,null,null,null,null,null,null,null,null,null,null,null,null,null,null,null,null,null,null,null,null,null,null,null,null,null,null,null,null,null,null,null,null,null,null,null,null,null,null,null,null,null,null,null,null,343,{"$f":"WaterFittings!BE349","v":1},{"$f":"BC348*AM$37","v":1},1,1,{"$f":"BG320","v":1},0,0,0,0,0]
[null,null,null,null,null,null,null,null,null,null,null,null,null,null,null,null,null,null,null,null,null,null,null,null,null,null,null,null,null,null,null,null,null,null,null,null,null,null,null,null,null,null,null,null,null,null,null,null,null,null,null,null,null,344,{"$f":"WaterFittings!BE350","v":1},{"$f":"BC349*AN$31","v":1},1,1,{"$f":"BG321","v":1},0,0,0,0,0]
[null,null,null,null,null,null,null,null,null,null,null,null,null,null,null,null,null,null,null,null,null,null,null,null,null,null,null,null,null,null,null,null,null,null,null,null,null,null,null,null,null,null,null,null,null,null,null,null,null,null,null,null,null,345,{"$f":"WaterFittings!BE351","v":1},{"$f":"BC350*AN$32","v":1},1,1,{"$f":"BG322","v":1},0,0,0,0,0]
[null,null,null,null,null,null,null,null,null,null,null,null,null,null,null,null,null,null,null,null,null,null,null,null,null,null,null,null,null,null,null,null,null,null,null,null,null,null,null,null,null,null,null,null,null,null,null,null,null,null,null,null,null,346,{"$f":"WaterFittings!BE352","v":1},{"$f":"BC351*AN$33","v":1},1,1,{"$f":"BG323","v":1},0,0,0,0,0]
[null,null,null,null,null,null,null,null,null,null,null,null,null,null,null,null,null,null,null,null,null,null,null,null,null,null,null,null,null,null,null,null,null,null,null,null,null,null,null,null,null,null,null,null,null,null,null,null,null,null,null,null,null,347,{"$f":"WaterFittings!BE353","v":1},{"$f":"BC352*AN$34","v":1},1,1,{"$f":"BG324","v":1},0,0,0,0,0]
[null,null,null,null,null,null,null,null,null,null,null,null,null,null,null,null,null,null,null,null,null,null,null,null,null,null,null,null,null,null,null,null,null,null,null,null,null,null,null,null,null,null,null,null,null,null,null,null,null,null,null,null,null,348,{"$f":"WaterFittings!BE354","v":1},{"$f":"BC353*AN$35","v":1},1,1,{"$f":"BG325","v":1},0,0,0,0,0]
[null,null,null,null,null,null,null,null,null,null,null,null,null,null,null,null,null,null,null,null,null,null,null,null,null,null,null,null,null,null,null,null,null,null,null,null,null,null,null,null,null,null,null,null,null,null,null,null,null,null,null,null,null,349,{"$f":"WaterFittings!BE355","v":1},{"$f":"BC354*AN$36","v":1},{"$f":"BE326","v":1},1,{"$f":"BG326","v":1},0,0,0,0,0]
[null,null,null,null,null,null,null,null,null,null,null,null,null,null,null,null,null,null,null,null,null,null,null,null,null,null,null,null,null,null,null,null,null,null,null,null,null,null,null,null,null,null,null,null,null,null,null,null,null,null,null,null,null,350,{"$f":"WaterFittings!BE356","v":1},{"$f":"BC355*AN$37","v":1},1,1,{"$f":"BG327","v":1},0,0,0,0,0]
[null,null,null,null,null,null,null,null,null,null,null,null,null,null,null,null,null,null,null,null,null,null,null,null,null,null,null,null,null,null,null,null,null,null,null,null,null,null,null,null,null,null,null,null,null,null,null,null,null,null,null,null,null,351,{"$f":"WaterFittings!BE357","v":1},{"$f":"BC356*AO$31","v":1},1,1,{"$f":"BG328","v":1},0,0,0,0,0]
[null,null,null,null,null,null,null,null,null,null,null,null,null,null,null,null,null,null,null,null,null,null,null,null,null,null,null,null,null,null,null,null,null,null,null,null,null,null,null,null,null,null,null,null,null,null,null,null,null,null,null,null,null,352,{"$f":"WaterFittings!BE358","v":1},{"$f":"BC357*AO$32","v":1},1,1,{"$f":"BG329","v":1},0,0,0,0,0]
[null,null,null,null,null,null,null,null,null,null,null,null,null,null,null,null,null,null,null,null,null,null,null,null,null,null,null,null,null,null,null,null,null,null,null,null,null,null,null,null,null,null,null,null,null,null,null,null,null,null,null,null,null,353,{"$f":"WaterFittings!BE359","v":1},{"$f":"BC358*AO$33","v":1},1,1,{"$f":"BG330","v":1},0,0,0,0,0]
[null,null,null,null,null,null,null,null,null,null,null,null,null,null,null,null,null,null,null,null,null,null,null,null,null,null,null,null,null,null,null,null,null,null,null,null,null,null,null,null,null,null,null,null,null,null,null,null,null,null,null,null,null,354,{"$f":"WaterFittings!BE360","v":1},{"$f":"BC359*AO$34","v":1},1,1,{"$f":"BG331","v":1},0,0,0,0,0]
[null,null,null,null,null,null,null,null,null,null,null,null,null,null,null,null,null,null,null,null,null,null,null,null,null,null,null,null,null,null,null,null,null,null,null,null,null,null,null,null,null,null,null,null,null,null,null,null,null,null,null,null,null,355,{"$f":"WaterFittings!BE361","v":1},{"$f":"BC360*AO$35","v":1},1,1,{"$f":"BG332","v":1},0,0,0,0,0]
[null,null,null,null,null,null,null,null,null,null,null,null,null,null,null,null,null,null,null,null,null,null,null,null,null,null,null,null,null,null,null,null,null,null,null,null,null,null,null,null,null,null,null,null,null,null,null,null,null,null,null,null,null,356,{"$f":"WaterFittings!BE362","v":1},{"$f":"BC361*AO$36","v":1},1,1,{"$f":"BG333","v":1},0,0,0,0,0]
[null,null,null,null,null,null,null,null,null,null,null,null,null,null,null,null,null,null,null,null,null,null,null,null,null,null,null,null,null,null,null,null,null,null,null,null,null,null,null,null,null,null,null,null,null,null,null,null,null,null,null,null,null,357,{"$f":"WaterFittings!BE363","v":1},{"$f":"BC362*AO$37","v":1},1,1,{"$f":"BG334","v":1},0,0,0,0,0]
[null,null,null,null,null,null,null,null,null,null,null,null,null,null,null,null,null,null,null,null,null,null,null,null,null,null,null,null,null,null,null,null,null,null,null,null,null,null,null,null,null,null,null,null,null,null,null,null,null,null,null,null,null,358,{"$f":"WaterFittings!BE364","v":1},{"$f":"BC363*AP$31","v":1},1,1,{"$f":"BG335","v":1},0,0,0,0,0]
[null,null,null,null,null,null,null,null,null,null,null,null,null,null,null,null,null,null,null,null,null,null,null,null,null,null,null,null,null,null,null,null,null,null,null,null,null,null,null,null,null,null,null,null,null,null,null,null,null,null,null,null,null,359,{"$f":"WaterFittings!BE365","v":1},{"$f":"BC364*AP$32","v":1},1,1,{"$f":"BG336","v":1},0,0,0,0,0]
[null,null,null,null,null,null,null,null,null,null,null,null,null,null,null,null,null,null,null,null,null,null,null,null,null,null,null,null,null,null,null,null,null,null,null,null,null,null,null,null,null,null,null,null,null,null,null,null,null,null,null,null,null,360,{"$f":"WaterFittings!BE366","v":1},{"$f":"BC365*AP$33","v":1},1,1,{"$f":"BG337","v":1},0,0,0,0,0]
[null,null,null,null,null,null,null,null,null,null,null,null,null,null,null,null,null,null,null,null,null,null,null,null,null,null,null,null,null,null,null,null,null,null,null,null,null,null,null,null,null,null,null,null,null,null,null,null,null,null,null,null,null,361,{"$f":"WaterFittings!BE367","v":1},{"$f":"BC366*AP$34","v":1},1,1,{"$f":"BG338","v":1},0,0,0,0,0]
[null,null,null,null,null,null,null,null,null,null,null,null,null,null,null,null,null,null,null,null,null,null,null,null,null,null,null,null,null,null,null,null,null,null,null,null,null,null,null,null,null,null,null,null,null,null,null,null,null,null,null,null,null,362,{"$f":"WaterFittings!BE368","v":1},{"$f":"BC367*AP$35","v":1},1,1,{"$f":"BG339","v":1},0,0,0,0,0]
[null,null,null,null,null,null,null,null,null,null,null,null,null,null,null,null,null,null,null,null,null,null,null,null,null,null,null,null,null,null,null,null,null,null,null,null,null,null,null,null,null,null,null,null,null,null,null,null,null,null,null,null,null,363,{"$f":"WaterFittings!BE369","v":1},{"$f":"BC368*AP$36","v":1},1,1,{"$f":"BG340","v":1},0,0,0,0,0]
[null,null,null,null,null,null,null,null,null,null,null,null,null,null,null,null,null,null,null,null,null,null,null,null,null,null,null,null,null,null,null,null,null,null,null,null,null,null,null,null,null,null,null,null,null,null,null,null,null,null,null,null,null,364,{"$f":"WaterFittings!BE370","v":1},{"$f":"BC369*AP$37","v":1},1,1,{"$f":"BG341","v":1},0,0,0,0,0]
[null,null,null,null,null,null,null,null,null,null,null,null,null,null,null,null,null,null,null,null,null,null,null,null,null,null,null,null,null,null,null,null,null,null,null,null,null,null,null,null,null,null,null,null,null,null,null,null,null,null,null,null,null,365,{"$f":"WaterFittings!BE371","v":1},{"$f":"BC370*AM$31","v":1},{"$f":"BE342","v":1},1,{"$f":"BG342","v":1},0,0,0,0,0]

{"sheet":"Landscape","index":4,"n_rows":35,"n_cols":37,"rows_kept":35,"cut":false,"hidden":false,"merged":[[0,1,0,11],[0,12,0,13],[2,2,2,7],[2,9,2,10],[3,12,3,13],[6,12,6,13],[8,15,8,18],[13,15,13,16],[15,15,15,18],[4,12,5,12],[4,13,5,13],[9,15,12,15],[20,15,20,16],[24,9,24,11],[25,9,25,11],[26,9,26,11],[27,9,27,11],[28,9,28,11],[30,9,30,11],[31,8,31,9],[4,1,7,1],[4,2,7,2],[4,3,7,3],[4,9,7,9],[4,10,7,10],[4,11,7,11],[4,4,7,5],[4,7,7,8],[4,6,7,6],[16,15,19,15],[5,17,7,17],[5,18,7,18],[4,25,5,25],[4,26,5,26],[4,21,4,22]]}
[null,{"$f":"Main!C2","v":"Project Name"},null,null,null,null,null,null,null,null,null,null,{"$f":"Main!P1","v":" Version 2018c"}]
[null,"Landscape Irrigation",null,null,null,null,null,null,null,null,null,null,null,null,null,null,null,"Date: ","2020-06-01"]
[null,null,"Enter rainfall intensity for landscape watering cut-off ",null,null,null,null,null,5,"mm rainfall",null,null,null,null,null,null,null,"Revision No.: "]
[null,null,null,null,null,null,null,null,null,null,null,null,"Daily Watering Req'm (L)",null,null,null,null,null,null,null,null,null,null,"Baseline Case"]
[null,"Location","Landscape\nType ","Water\nReq'm\n(L/day)","Quantity",null,"Exposure","Irrigation Efficiency\n(IE) ",null,"Total Watering Req'm\n(L) ","Rain event dependent?","System 1, 2 or 3?","Non-rain event dependent","Rain event dependent",null,null,null,null,null,null,null,"IE ",null,"TPWA\n(L) ",null,"Watering not dependent on rain events","Watering dependent on rain events"]
[null,null,null,null,null,null,null,null,null,null,null,null,null,null,null,null,null,"Non-rain event dependent","Rain event dependent"]
[null,null,null,null,null,null,null,null,null,null,null,null,"Day(s) of delayed watering  "]
[null,null,null,null,null,null,null,null,null,null,null,null,0,0,null,null,null,null,null,null,null,null,null,null,null,{"$f":"M8","v":0},{"$f":"N8","v":0}]
[null,"Left","Shrubs",{"$f":"VLOOKUP(C9,AE$11:AF$14,2,FALSE)","v":6.3},0,{"$f":"VLOOKUP(C9,AE$11:AK$14,7,FALSE)","v":"m2"},"Outdoor","Manual",{"$f":"VLOOKUP(H9,$AC$11:$AD$13,2,FALSE)","v":0.4},{"$f":"ROUND(E9*D9/I9,0)","v":0},0,0,{"$f":"IF(Y9,IF(K9,0,J9),J9)","v":0},{"$f":"IF(Y9,IF(K9,J9,0),0)","v":0},null,"Baseline Consumption",null,null,null,null,null,"Manual",{"$f":"VLOOKUP(V9,$AC$11:$AD$13,2,FALSE)","v":0.4},{"$f":"ROUND(E9*D9/W9,0)","v":0},{"$f":"IF(G9=\"Outdoor\",1,0)","v":1},{"$f":"IF(Y9,0,X9)","v":0},{"$f":"IF(Y9,X9,0)","v":0},null,"Outdoor"]
[null,null,"Turfing",3.1,0,"m2","Outdoor","Manual",0.4,{"$f":"ROUND(E10*D10/I10,0)","v":0},0,0,{"$f":"IF(Y10,IF(K10,0,J10),J10)","v":0},{"$f":"IF(Y10,IF(K10,J10,0),0)","v":0},null,"System",0,{"$f":"SUMIF($L9:$L23,\"=0\",Z9:Z23)","v":0},{"$f":"SUMIF($L9:$L23,\"=0\",AA9:AA23)","v":0},"L/day",null,"Manual",0.4,0,{"$f":"IF(G10=\"Outdoor\",1,0)","v":1},{"$f":"IF(Y10,0,X10)","v":0},{"$f":"IF(Y10,X10,0)","v":0},null,"Indoor","IE factor",null,0,0,1,2,3]
[null,null,"Shrubs",6.3,0,"m2","Outdoor","Manual",0.4,0,0,0,0,0,null,null,1,{"$f":"SUMIF($L9:$L23,\"=1\",Z9:Z23)","v":0},{"$f":"SUMIF($L9:$L23,\"=1\",AA9:AA23)","v":0},"L/day",null,"Manual",0.4,0,1,0,0,null,"Drip",0.9,"Shrubs",6.3,{"$f":"SUMIFS($E$9:$E$23,$L$9:$L$23,AG$10,$C$9:$C$23,$AE11)","v":0},0,0,0,"m2"]
[null,null,"Turfing",3.1,0,"m2","Outdoor","Manual",0.4,0,0,0,0,0,null,null,2,{"$f":"SUMIF($L9:$L23,\"=2\",Z9:Z23)","v":0},{"$f":"SUMIF($L9:$L23,\"=2\",AA9:AA23)","v":0},"L/day",null,"Manual",0.4,0,1,0,0,null,"Sprinkler",0.625,"Turfing",3.1,0,0,0,0,"m2"]
[null,null,"Shrubs",6.3,0,"m2","Outdoor","Manual",0.4,0,0,0,0,0,null,null,3,{"$f":"SUMIF($L9:$L23,\"=3\",Z9:Z23)","v":0},{"$f":"SUMIF($L9:$L23,\"=3\",AA9:AA23)","v":0},"L/day",null,"Manual",0.4,0,1,0,0,null,"Manual",0.4,"Trees",24,0,0,0,0,"nos."]
[null,null,"Shrubs",6.3,0,"m2","Outdoor","Manual",0.4,0,0,0,0,0,null,"Total",null,{"$f":"SUM(System1!FI29,System1!FK29,System2!FI29,System3!FI29)","v":0},{"$f":"SUM(System1!FJ29,System1!FL29,System2!FJ29,System3!FJ29)","v":0},"m3/year",null,"Manual",0.4,0,1,0,0,null,null,null,"Palm",7.1,0,0,0,0,"nos."]
[null,null,"Shrubs",6.3,0,"m2","Outdoor","Manual",0.4,0,0,0,0,0,null,null,null,null,null,null,null,"Manual",0.4,0,1,0,0]
[null,null,"Shrubs",6.3,0,"m2","Outdoor","Manual",0.4,0,0,0,0,0,null,"Design Case Consumption",null,null,null,null,null,"Manual",0.4,0,1,0,0]
[null,null,"Shrubs",6.3,0,"m2","Outdoor","Manual",0.4,0,0,0,0,0,null,"System",0,{"$f":"SUMIF($L9:$L23,\"=0\",M9:M23)","v":0},{"$f":"SUMIF($L9:$L23,\"=0\",N9:N23)","v":0},"L/day",null,"Manual",0.4,0,1,0,0]
[null,null,"Shrubs",6.3,0,"m2","Outdoor","Manual",0.4,0,0,0,0,0,null,null,1,{"$f":"SUMIF($L9:$L23,\"=1\",M9:M23)","v":0},{"$f":"SUMIF($L9:$L23,\"=1\",N9:N23)","v":0},"L/day",null,"Manual",0.4,0,1,0,0]
[null,null,"Shrubs",6.3,0,"m2","Outdoor","Manual",0.4,0,0,0,0,0,null,null,2,{"$f":"SUMIF($L9:$L23,\"=2\",M9:M23)","v":0},{"$f":"SUMIF($L9:$L23,\"=2\",N9:N23)","v":0},"L/day",null,"Manual",0.4,0,1,0,0]
[null,null,"Shrubs",6.3,0,"m2","Outdoor","Manual",0.4,0,0,0,0,0,null,null,3,{"$f":"SUMIF($L9:$L23,\"=3\",M9:M23)","v":0},{"$f":"SUMIF($L9:$L23,\"=3\",N9:N23)","v":0},"L/day",null,"Manual",0.4,0,1,0,0]
[null,null,"Shrubs",6.3,0,"m2","Outdoor","Manual",0.4,0,0,0,0,0,null,"Total",null,{"$f":"SUM(System1!AX29,System1!AZ29,System2!AX29,System3!AX29)","v":0},{"$f":"SUM(System1!AY29,System1!BA29,System2!AY29,System3!AY29)","v":0},"m3/year",null,"Manual",0.4,0,1,0,0]
[null,null,"Shrubs",6.3,0,"m2","Outdoor","Manual",0.4,0,0,0,0,0,null,null,null,null,null,null,null,"Manual",0.4,0,1,0,0]
[null,null,"Shrubs",6.3,0,"m2","Outdoor","Manual",0.4,0,0,0,0,0,null,null,null,null,null,null,null,"Manual",0.4,0,1,0,0]
[]
[null,null,null,null,null,null,null,"Baseline watering requirement =  ",{"$f":"SUM(R14:S14)","v":0},"(m3/year)"]
[null,null,null,null,null,null,null,"Design case watering requirement  =  ",{"$f":"SUM(R21:S21)","v":0},"(m3/year)"]
[null,null,null,null,null,null,null,"Grey water recycling quantity =  ",{"$f":"Main!N24","v":{"$error":"#VALUE!"}},"(m3/year)"]
[null,null,null,null,null,null,null,"Rainwater harvesting quantity =  ",{"$f":"Main!Q24","v":{"$error":"#VALUE!"}},"(m3/year)"]
[null,null,null,null,null,null,null,"Condensate water recovery quantity =  ",{"$f":"Main!O24","v":{"$error":"#VALUE!"}},"(m3/year)"]
[null,null,null,null,null,null,null,"Reduction in watering requirement =  ",{"$f":"CONCATENATE(I25,\" - \",I26,\" + \",I27,\" + \",I28,\" + \",I29)","v":{"$error":"#VALUE!"}}]
[null,null,null,null,null,null,null,"≥  ",{"$f":"IF(V35>I25,I25,I25-I26+I27+I28+I29)","v":{"$error":"#VALUE!"}},{"$f":"IF(V35>I25,\"\",\"  m3\")","v":{"$error":"#VALUE!"}}]
[null,null,null,null,null,null,null,"Percentage reduction of watering requirement =  ",{"$f":"CONCATENATE(I31,\" / \",I25)","v":{"$error":"#VALUE!"}},null,null,null,null,null,null,null,null,null,null,null,null,null,null,null,null,null,{"$f":"I25-I26","v":0}]
[null,null,null,null,null,null,null,"=  ",{"$f":"IF(I25,IF(V35>I25,100,ROUND(I31/I25*100,2)))","v":false},"%"]
[]
[null,null,null,null,null,null,null,null,null,null,null,null,null,null,null,null,null,null,null,null,null,{"$f":"I25-I26+I27+I28+I29","v":{"$error":"#VALUE!"}}]

{"sheet":"WaterFeature","index":5,"n_rows":26,"n_cols":17,"rows_kept":26,"cut":false,"hidden":false,"merged":[[0,1,0,6],[10,3,10,4],[11,3,11,4],[12,3,12,4],[13,3,13,4],[14,3,14,4],[15,3,15,4],[16,3,16,4],[17,2,17,6],[18,3,18,4],[24,2,24,6],[19,3,19,4],[20,3,20,4],[21,3,21,4],[22,3,22,4],[23,3,23,4]]}
[null,{"$f":"Main!C2","v":"Project Name"},null,null,null,null,null,null,{"$f":"Main!P1","v":" Version 2018c"}]
[null,"Pools and Water Features",null,null,null,null,null,"Date: ","2020-06-01"]
[null,null,null,null,null,null,null,"Revision No.: "]
[]
[null,"Normalised rain event days",null,null,{"$f":"COUNTIF(System1!D32:D396,\">=\"&E8)","v":86}]
[null,"Non-rain event days",null,null,{"$f":"365-E5","v":279}]
[]
[null,null,null,"Rainfall intensity for make-up cut-off (mm)",6]
[null,null,null,"Evaporation rate (mm/day)",6]
[]
[null,"System","Pool area (m2)","Consumption\nper day\n(L)",null,"Is it rain event dependent?","Simulation System 1, 2 or 3?\nor none","Not rain event dependent","Rain event dependent"]
[null,"Water Feature 1",0,{"$f":"ROUND(C12*E$9,0)","v":0},null,0,0,{"$f":"IF(F12,0,D12)","v":0},{"$f":"IF(F12,D12,0)","v":0},null,null,null,null,null,null,"Rain event dependent","Non-rain event dependent"]
[null,"Water Feature 2",0,0,null,0,0,{"$f":"IF(F13,0,D13)","v":0},{"$f":"IF(F13,D13,0)","v":0},null,null,null,null,null,"None",{"$f":"SUMIFS(D12:D17,G12:G17,\"=0\",F12:F17,\"=1\")","v":0},{"$f":"SUMIFS(D12:D17,G12:G17,\"=0\",F12:F17,\"=0\")","v":0}]
[null,"Water Feature 3",0,0,null,0,0,0,0,null,null,null,null,null,"System 1",{"$f":"SUMIFS(D12:D17,G12:G17,\"=1\",F12:F17,\"=1\")","v":0},{"$f":"SUMIFS(D12:D17,G12:G17,\"=1\",F12:F17,\"=0\")","v":0}]
[null,"Water Feature 4",0,0,null,0,0,0,0,null,null,null,null,null,"System 2",{"$f":"SUMIFS(D12:D17,G12:G17,\"=2\",F12:F17,\"=1\")","v":0},{"$f":"SUMIFS(D12:D17,G12:G17,\"=2\",F12:F17,\"=0\")","v":0}]
[null,"Water Feature 5",0,0,null,0,0,0,0,null,null,null,null,null,"System 3",{"$f":"SUMIFS(D12:D17,G12:G17,\"=3\",F12:F17,\"=1\")","v":0},{"$f":"SUMIFS(D12:D17,G12:G17,\"=3\",F12:F17,\"=0\")","v":0}]
[null,"Water Feature 6",0,0,null,0,0,0,0]
[null,null,0,null,null,null,null,{"$f":"ROUNDUP(SUM(H12:H17)*365/1000,0)","v":0},{"$f":"ROUNDUP(SUM(I12:I17)*E6/1000,0)","v":0}]
[null,"Pool 1",0,0,null,0,0,0,0]
[null,"Pool 2",0,0,null,0,0,0,0,null,null,null,null,null,"None",{"$f":"SUMIFS(D19:D24,G19:G24,\"=0\",F19:F24,\"=1\")","v":0},{"$f":"SUMIFS(D19:D24,G19:G24,\"=0\",F19:F24,\"=0\")","v":0}]
[null,"Pool 3",0,0,null,0,0,0,0,null,null,null,null,null,"System 1",{"$f":"SUMIFS(D19:D24,G19:G24,\"=1\",F19:F24,\"=1\")","v":0},{"$f":"SUMIFS(D19:D24,G19:G24,\"=1\",F19:F24,\"=0\")","v":0}]
[null,"Pool 4",0,0,null,0,0,0,0,null,null,null,null,null,"System 2",{"$f":"SUMIFS(D19:D24,G19:G24,\"=2\",F19:F24,\"=1\")","v":0},{"$f":"SUMIFS(D19:D24,G19:G24,\"=2\",F19:F24,\"=0\")","v":0}]
[null,"Pool 5",0,0,null,0,0,0,0,null,null,null,null,null,"System 3",{"$f":"SUMIFS(D19:D24,G19:G24,\"=3\",F19:F24,\"=1\")","v":0},{"$f":"SUMIFS(D19:D24,G19:G24,\"=3\",F19:F24,\"=0\")","v":0}]
[null,"Pool 6",0,0,null,0,0,0,0]
[null,null,"Pools annual make-up requirement (m3)",null,null,null,null,{"$f":"ROUNDUP(SUM(H19:H24)*365/1000,0)","v":0},{"$f":"ROUNDUP(SUM(I19:I24)*E6/1000,0)","v":0},null,null,null,null,null,null,{"$f":"SUM(P13:P23)","v":0},{"$f":"SUM(Q13:Q23)","v":0}]
[null,null,null,null,null,null,null,null,null,null,null,null,null,null,null,{"$f":"P25*E6","v":0}]

{"sheet":"System1","index":6,"n_rows":397,"n_cols":198,"rows_kept":397,"cut":false,"hidden":false,"merged":[[0,1,0,13],[0,18,0,19],[0,20,0,22],[1,1,1,2],[1,3,1,4],[2,3,2,4],[3,1,3,2],[3,6,3,7],[4,6,4,7],[1,8,2,8],[1,9,2,9],[1,10,2,10],[1,11,2,11],[1,12,2,12],[4,13,12,13],[5,1,5,4],[5,6,5,7],[6,1,6,3],[6,6,6,7],[7,1,7,3],[7,6,7,7],[8,1,8,3],[8,6,8,7],[9,1,9,3],[10,1,10,3],[10,6,10,7],[11,1,11,3],[11,6,11,7],[12,6,12,7],[13,1,13,4],[13,6,13,7],[14,1,14,3],[14,6,14,7],[15,1,15,3],[15,6,15,7],[16,1,16,3],[16,15,16,19],[17,1,17,3],[17,6,17,9],[18,1,18,3],[18,6,18,8],[18,11,18,16],[18,18,18,21],[19,1,19,3],[19,6,19,8],[19,11,19,14],[19,15,19,16],[19,18,19,19],[19,20,19,21],[20,1,20,3],[20,6,20,8],[20,11,20,14],[20,15,20,16],[20,18,20,19],[20,20,20,21],[21,1,21,3],[21,6,21,8],[21,11,21,14],[21,15,21,16],[21,18,21,19],[21,20,21,21],[22,1,22,3],[22,6,22,8],[22,11,22,14],[22,15,22,16],[22,18,22,19],[22,20,22,21],[25,1,25,3],[25,6,25,8],[25,11,25,14],[25,15,25,16],[25,18,25,19],[25,20,25,21],[26,1,26,3],[23,1,23,3],[23,6,23,8],[23,11,23,14],[23,15,23,16],[23,18,23,19],[23,20,23,21],[24,1,24,3],[24,6,24,8],[24,11,24,14],[24,15,24,16],[24,18,24,19],[24,20,24,21],[27,1,27,4],[27,6,27,8],[28,9,28,14],[28,16,28,20],[28,22,28,26],[28,1,30,1],[28,2,30,2],[28,3,30,3],[28,4,30,4],[28,5,30,5],[28,6,30,6],[28,7,30,7],[28,8,30,8],[29,9,30,9],[29,10,30,10],[29,11,30,11],[29,12,30,12],[29,13,30,13],[29,14,30,14],[29,16,30,16],[29,17,30,17],[29,18,30,18],[29,19,30,19],[29,20,30,20],[28,162,29,162],[8,37,9,40],[1,6,2,7],[17,32,18,32],[17,33,18,33],[17,34,18,34],[17,35,18,35],[28,38,29,38],[28,42,29,42],[13,82,20,82],[28,121,29,121],[16,123,23,123],[18,22,19,22],[29,22,30,22],[29,23,30,23],[29,24,30,24],[29,25,30,25],[29,26,30,26],[2,30,3,30],[2,31,3,31],[17,31,18,31],[24,37,24,40],[24,41,24,44],[9,6,9,7]]}
[null,{"$f":"Main!C2","v":"Project Name"},null,null,null,null,null,null,null,null,null,null,null,null,null,null,null,"Date: ","2020-06-01",null,{"$f":"Main!P1","v":" Version 2018c"},null,null,"W","X","Y","Z",null,null,null,"AE","AF","AG","AH","AI","AJ","AK","AL","AM","AN","AO","AP","AQ","AR","AS","AT","AU","AV","AW","AX","AY","AZ","BA","BB","BC","BD","BE","BF","BG","BH",null,"BI","BJ","BK","BL",null,null,"BM","BN","BO","BP","BQ","BR","BS","BT",null,"BU","BV","BW","BX",null,"BY","BZ","CA","CB","CC","CD","CE",null,"CF",null,null,"CG","CH","CI","CJ","CK","CL","CM","CN","CO","CP","CQ",null,"CR",null,null,"CS","CT","CU","CV","CW","CX","CY","CZ",null,"DA",null,null,"DB","DC","DD","DE","DF","DG","DH","DI","DJ","DK",null,"DL",null,null,"DM","DN","DO","DP","DQ","DR","DS","DT","DU","DV","DW",null,"DX",null,null,"DY","DZ","EA","EB","EC","ED","EE","EF",null,"EG",null,null,"EH","EI","EJ","EK","EL","EM","EN","EO","EP","EQ","ER","ES","ET","EU",null,"EV",null,null,"EW","EX","EY","EZ","FA","FB",null,"FC",null,null,"FD","FE","FF","FG","FH","FI",null,"FJ","FK"]
[null,"System 1",null,"Rainfall Station",null,null,"System applications",null,"L/day","Rainwater Harvesting","Greywater recycling","Cond. Water recovery","% served by this system",null,null,null,null,"Revision No. "]
[null,{"$f":"HLOOKUP($D$3,Raindata,2,FALSE)","v":"Perlis"},{"$f":"HLOOKUP($D$3,Raindata,5,FALSE)","v":2017},"Kangar",null,null,null,null,null,null,null,null,null,null,null,null,null,null,null,null,null,null,null,null,null,null,null,null,null,null,"Targeted greywater recycling","Targeted Cond water recovery",{"$f":"E9","v":0},null,null,null,null,null,null,null,null,null,null,null,null,null,null,null,null,null,null,null,null,null,null,null,null,null,null,null,null,null,null,null,null,null,null,null,null,null,null,null,null,null,null,null,null,null,null,null,null,null,"Greywater recycling distribution",null,null,null,null,null,null,null,null,null,null,null,null,null,null,2,null,null,null,null,null,null,null,null,null,null,null,null,null,null,null,null,null,null,null,null,null,null,null,null,null,"Condensate Water",null,null,null,null,null,null,null,null,null,null,null,null,null,null,null,null,null,null,null,null,null,null,null,null,null,2]
[null,"Coordinates",null,{"$f":"HLOOKUP($D$3,Raindata,3,FALSE)","v":"6° 27' N"},{"$f":"HLOOKUP($D$3,Raindata,4,FALSE)","v":"100° 11' E"},null,{"$f":"WaterFittings!F7","v":"Office"},null,{"$f":"WaterFittings!BZ97","v":{"$error":"#VALUE!"}},0,0,0,100,null,null,null,null,null,null,null,null,null,null,null,null,null,null,null,null,null,null,null,"Tank","m3/yr","% Savings",null,null,null,null,null,null,null,null,null,null,null,null,null,null,null,null,null,"AY27",null,null,null,null,null,null,null,null,null,null,null,null,null,null,null,null,null,null,null,null,null,null,null,null,null,null,null,null,null,null,null,null,null,null,null,null,null,null,null,null,null,null,null,null,{"$f":"1+CT3","v":3},null,null,null,null,null,null,null,null,null,null,null,null,null,null,null,null,null,null,null,null,null,null,null,null,null,null,null,null,null,null,null,null,null,null,null,null,null,null,null,null,null,null,null,null,null,null,null,null,null,null,null,{"$f":"ET3+1","v":3}]
[null,null,null,null,null,null,{"$f":"WaterFittings!S7","v":"Operations"},null,{"$f":"WaterFittings!BZ119","v":{"$error":"#VALUE!"}},0,0,0,100,"Note: For each application, the total % served by all 3 systems shall not exceed 100%",null,null,null,null,null,null,null,null,null,null,null,null,null,null,null,null,{"$f":"K4*MIN($J$20,$J$21)","v":{"$error":"#VALUE!"}},{"$f":"L4*MIN($P$20,$P$22)","v":{"$error":"#VALUE!"}},null,{"$f":"SUM(J28:O28)","v":{"$error":"#VALUE!"}},null,null,null,null,null,null,null,null,null,null,null,null,null,null,null,null,null,null,"Landscape!M27",null,null,null,null,null,null,null,null,null,null,null,null,null,null,null,null,null,null,null,null,null,null,null,null,null,null,null,null,null,null,null,null,null,null,null,null,null,null,null,null,null,null,null,null,{"$f":"1+CT4","v":4},null,null,null,null,null,null,null,null,null,null,null,null,null,null,null,null,null,null,null,null,null,null,null,null,null,null,null,null,null,null,null,null,null,null,null,null,null,null,null,null,null,null,null,null,null,null,null,null,null,null,null,{"$f":"ET4+1","v":4}]
[null,"Design Data",null,null,null,null,{"$f":"WaterFittings!F35","v":"Not used"},null,{"$f":"WaterFittings!BZ141","v":0},0,0,0,100,null,null,null,null,null,null,null,null,null,null,null,null,null,null,null,null,null,{"$error":"#VALUE!"},{"$error":"#VALUE!"},{"$f":"AG8-2*U17","v":-40},{"$error":"#VALUE!"},{"$f":"AH6/$E$21","v":{"$error":"#VALUE!"}},null,null,null,null,null,null,null,null,null,null,null,null,null,null,null,null,null,"IF(OR(D31>AT$27,IF(BA$27>=3,COUNTIF(D393:D395,\">\"&AT$27),IF(BA$27=2,COUNTIF(D394:D395,\">\"&AT$27),IF(BA$27=1,COUNTIF(D395,\">\"&AT$27),0)))),0,BA$30)",null,null,null,null,null,null,null,null,null,null,null,null,null,null,null,null,null,null,null,null,null,null,null,null,null,null,null,null,null,null,null,null,null,null,null,null,null,null,null,null,null,null,null,null,5,null,null,null,null,null,null,null,null,null,null,null,null,null,null,null,null,null,null,null,null,null,null,null,null,null,null,null,null,null,null,null,null,null,null,null,null,null,null,null,null,null,null,null,null,null,null,null,null,null,null,null,5,null,null,null,null,null,null,null,null,null,null,null,null,null,null,null,null,"Landscape!R27"]
[null,"Roof Catchment area ",null,null,{"$f":"U26","v":0},"m2","AC System A",null,{"$f":"AirCond!G25","v":{"$error":"#VALUE!"}},0,0,0,100,null,null,null,null,null,null,null,null,null,null,null,null,null,null,null,null,null,{"$error":"#VALUE!"},{"$error":"#VALUE!"},{"$f":"AG8-U17","v":-20},{"$error":"#VALUE!"},{"$error":"#VALUE!"},null,null,null,null,null,null,null,null,null,null,null,null,null,null,null,null,null,"IF(OR(D32>AT$27,IF(BA$27>=3,COUNTIF(BA31,\">0\")+COUNTIF(D394:D395,\">\"&AT$27)+COUNTIF(D31,\">\"&AT$27),IF(BA$27=2,COUNTIF(BA31,\">0\")+COUNTIF(D395,\">\"&AT$27)+COUNTIF(D31,\">\"&AT$27),IF(BA$27=1,COUNTIF(BA31,",null,null,null,null,null,null,null,null,null,null,null,null,null,null,null,null,null,null,null,null,null,null,null,null,null,null,null,null,null,null,null,null,null,null,null,null,null,null,null,null,null,null,null,null,6,null,null,null,null,null,null,null,null,null,null,null,null,null,null,null,null,null,null,null,null,null,null,null,null,null,null,null,null,null,null,null,null,null,null,null,null,null,null,null,null,null,null,null,null,null,null,null,null,null,null,null,6,null,null,null,null,null,null,null,null,null,null,null,null,null,null,null,null,"EN$30"]
[null,"Run-off coefficient ",null,null,{"$f":"W26","v":1},null,"AC System B",null,{"$f":"AirCond!L25","v":{"$error":"#VALUE!"}},0,0,0,100,null,null,null,null,null,null,null,null,null,null,null,null,null,null,null,null,null,{"$error":"#VALUE!"},{"$error":"#VALUE!"},{"$f":"E9","v":0},{"$error":"#VALUE!"},{"$error":"#VALUE!"},null,null,null,null,null,null,null,null,null,null,null,null,null,null,null,null,null,"IF(OR(D33>AT$27,IF(BA$27>=3,COUNTIF(BA31:BA32,\">0\")+COUNTIF(D395,\">\"&AT$27)+COUNTIF(D31:D32,\">\"&AT$27),IF(BA$27=2,COUNTIF(BA31:BA32,\">0\")+COUNTIF(D31:D32,\">\"&AT$27),IF(BA$27=1,COUNTIF(BA32,\">0\")+COU",null,null,null,null,null,null,null,null,null,null,null,null,null,null,null,null,null,null,null,null,null,null,null,null,null,null,null,null,null,null,null,null,null,null,null,null,null,null,null,null,null,null,null,null,7,null,null,null,null,null,null,null,null,null,null,null,null,null,null,null,null,null,null,null,null,null,null,null,null,null,null,null,null,null,null,null,null,null,null,null,null,null,null,null,null,null,null,null,null,null,null,null,null,null,null,null,7,null,null,null,null,null,null,null,null,null,null,null,null,null,null,null,null,"IF(IF(EN$27>=1,COUNTIF(EN31,\">0\")),0,EN$30)"]
[null,"Tank size ",null,null,0,"m3","AC System C",null,{"$f":"AirCond!Q25","v":{"$error":"#VALUE!"}},0,0,0,100,null,null,null,null,null,null,null,null,null,null,null,null,null,null,null,null,null,{"$error":"#VALUE!"},{"$error":"#VALUE!"},{"$f":"AG8+U17","v":20},{"$error":"#VALUE!"},{"$error":"#VALUE!"},null,null,null,null,null,null,null,null,null,null,null,null,null,null,null,null,null,"IF(OR(D34>AT$27,IF(BA$27>=3,COUNTIF(BA31:BA33,\">0\")+COUNTIF(D31:D33,\">\"&AT$27),IF(BA$27=2,COUNTIF(BA32:BA33,\">0\")+COUNTIF(D32:D33,\">\"&AT$27),IF(BA$27=1,COUNTIF(BA33,\">0\")+COUNTIF(D33,\">\"&AT$27),0)))),0,BA$30)",null,null,null,null,null,null,null,null,null,null,null,null,null,null,null,null,null,null,null,null,null,null,null,null,null,null,null,null,null,null,null,null,null,null,null,null,null,null,null,null,null,null,null,null,8,null,null,null,null,null,null,null,null,null,null,null,null,null,null,null,null,null,null,null,null,null,null,null,null,null,null,null,null,null,null,null,null,null,null,null,null,null,null,null,null,null,null,null,null,null,null,null,null,null,null,null,8,null,null,null,null,null,null,null,null,null,null,null,null,null,null,null,null,"IF(IF(EN$27>=2,COUNTIF(EN31:EN32,\">0\"),IF(EN$27=1,COUNTIF(EN32,\">0\"))),0,EN$30)"]
[null,"No. of rain events ",null,null,{"$f":"COUNTIF(D32:D396,\">=\"&(AT28+0.01))","v":90},"days","AC System D",null,{"$f":"AirCond!V25","v":{"$error":"#VALUE!"}},0,0,0,100,null,null,null,null,null,null,null,null,null,null,null,null,null,null,null,null,null,{"$error":"#VALUE!"},{"$error":"#VALUE!"},{"$f":"AG8+2*U17","v":40},{"$error":"#VALUE!"},{"$error":"#VALUE!"},null,null,null,null,null,null,null,null,null,null,null,null,null,null,null,null,"AX27",null,null,null,null,null,null,null,"EU31*$BH$28",null,null,null,null,null,null,null,null,null,null,null,null,null,null,null,null,null,null,null,null,null,null,null,null,null,null,null,null,null,null,null,null,null,null,null,null,null,9,null,null,null,null,null,null,null,null,null,null,null,null,null,null,null,null,null,null,null,null,null,null,null,null,null,null,null,null,null,null,null,null,null,null,null,null,null,null,null,null,null,null,null,null,null,null,null,null,null,null,null,9,null,null,null,null,null,null,null,null,null,null,null,null,null,null,null,null,"IF(IF(EN$27>=3,COUNTIF(EN31:EN33,\">0\"),IF(EN$27=2,COUNTIF(EN32:EN33,\">0\"),IF(EN$27=1,COUNTIF(EN33,\">0\")))),0,EN$30)"]
[null,"First Flush Diversion ",null,null,1,"mm",{"$f":"WaterFittings!C177","v":"Floor cleaning"},null,{"$f":"WaterFittings!N177","v":0},0,0,0,100,null,null,null,null,null,null,null,null,null,null,null,null,null,null,null,null,null,{"$f":"K11*MIN($J$20,$J$21)","v":{"$error":"#VALUE!"}},{"$f":"L11*MIN($P$20,$P$22)","v":{"$error":"#VALUE!"}},{"$f":"AG8+3*U17","v":60},{"$error":"#VALUE!"},{"$error":"#VALUE!"},null,null,null,null,null,null,null,null,null,null,null,null,null,null,null,null,"Landscape!L27",null,null,null,null,null,null,"ET31*$BG$28",null,null,"AM31*$BI$28",null,null,null,null,null,null,"MIN(H31,BM31)",null,null,null,null,null,null,null,null,null,null,null,null,null,null,null,null,null,null,null,null,null,null,null,null,null,null,null,null,10,null,null,null,null,null,null,null,null,null,null,null,null,null,null,null,null,null,null,null,null,null,null,null,null,null,null,null,null,null,null,null,null,null,null,null,null,null,null,null,null,null,null,null,null,null,null,null,null,null,null,null,10,null,null,null,null,null,null,null,null,null,null,null,null,null,null,null,"Landscape!S28",null,null,null,null,null,null,null,null,null,null,null,null,"FO31-EC31"]
[null,"First Flush Diversion ",null,null,{"$f":"E7*E11","v":0},"L",{"$f":"WaterFittings!C178","v":"Common area 1"},null,{"$f":"WaterFittings!N178","v":0},0,0,0,100,null,null,null,null,null,null,null,null,null,null,null,null,null,null,null,null,null,null,null,null,null,null,null,null,null,null,null,null,null,null,null,null,null,null,null,null,null,null,"AZ$30",null,null,null,null,null,"ES31*$BF$28",null,null,null,null,"AQ31*$BJ$28",null,null,null,null,"IF(SUM(BC31:BL31)=0,1,SUM(BC31:BL31))",null,null,null,null,null,null,null,null,null,null,null,null,null,null,null,null,null,null,null,null,null,null,null,null,null,null,null,null,null,11,null,null,null,null,null,null,null,null,null,null,null,null,null,null,null,null,null,null,null,null,null,null,null,null,null,null,null,null,null,null,null,null,null,null,null,null,null,null,null,null,null,null,null,null,null,null,null,null,null,null,null,11,null,null,null,null,null,null,null,null,null,null,null,null,null,null,null,"IF(OR(D31>AT$27,IF(EM$27>=3,COUNTIF(D393:D395,\">\"&AT$27),IF(EM$27=2,COUNTIF(D394:D395,\">\"&AT$27),IF(EM$27=1,COUNTIF(D395,\">\"&AT$27),0)))),0,EM$30)"]
[null,null,null,null,null,null,{"$f":"WaterFittings!C179","v":"Common area 2"},null,{"$f":"WaterFittings!N179","v":0},0,0,0,100,null,null,null,null,null,null,null,null,null,null,null,null,null,null,null,null,null,null,null,null,null,null,null,null,null,null,null,null,null,null,null,null,null,null,null,null,null,null,"IF(IF(AZ$27>=1,COUNTIF(AZ31,\">0\")),0,AZ$30)",null,null,null,null,null,null,null,null,null,null,null,"BK$28*AT31",null,null,null,null,null,null,null,null,null,null,null,null,null,null,null,null,null,null,null,null,null,null,null,null,null,null,null,null,null,null,null,null,"MIN(AG31,CJ31)",12,null,null,null,null,null,null,null,null,null,null,null,null,null,null,null,null,null,null,null,null,null,null,null,null,null,null,null,null,null,null,null,null,null,null,null,null,null,null,null,null,null,null,null,null,null,null,null,null,null,null,null,12,null,null,null,null,null,null,null,null,null,null,null,null,null,null,null,"IF(OR(D32>AT$27,IF(EM$27>=3,COUNTIF(EM31,\">0\")+COUNTIF(D394:D395,\">\"&AT$27)+COUNTIF(D31,\">\"&AT$27),IF(EM$27=2,COUNTIF(EM31,\">0\")+COUNTIF(D395,\">\"&AT$27)+COUNTIF(D31,\">\"&AT$27),IF(EM$27=1,COUNTIF(EM31,\">0\")+COUNTIF(D31,\">\"&AT$27),0)))),0,EM$30)"]
[null,"Design case consumption",null,null,null,null,"LS Irrigation",null,{"$f":"SUM(AX31:AY31)","v":0},0,0,0,null,null,null,null,null,null,null,null,null,null,null,null,null,null,null,null,null,null,null,null,null,null,null,null,null,null,null,null,null,null,null,null,null,null,null,null,null,null,null,"IF(IF(AZ$27>=2,COUNTIF(AZ31:AZ32,\">0\"),IF(AZ$27=1,COUNTIF(AZ32,\">0\"))),0,AZ$30)",null,null,null,null,null,null,null,null,null,null,null,null,"EV31*$BL$28",null,null,null,null,null,null,null,null,null,null,null,null,null,null,null,null,null,"Waste Water Recycling",null,null,null,null,null,null,null,null,null,null,null,null,"SUM(CI31,'System 2'!CI31,'System 3'!CI31)",null,13,null,null,null,null,null,null,null,null,null,null,null,null,null,null,null,null,null,null,null,null,null,null,null,null,null,null,null,null,null,null,null,null,null,null,null,null,null,null,null,"MIN(DP31,AJ31)",null,null,null,null,null,null,null,null,null,null,null,13,null,null,null,null,null,null,null,null,null,null,null,null,null,null,null,"IF(OR(D33>AT$27,IF(EM$27>=3,COUNTIF(EM31:EM32,\">0\")+COUNTIF(D395,\">\"&AT$27)+COUNTIF(D31:D32,\">\"&AT$27),IF(EM$27=2,COUNTIF(EM31:EM32,\">0\")+COUNTIF(D31:D32,\">\"&AT$27),IF(EM$27=1,COUNTIF(EM32,\">0\")+COUNTIF(D32,\">\"&AT$27),0)))),0,EM$30)"]
[null,"Consumption from fittings ",null,null,{"$f":"Main!P14","v":{"$error":"#VALUE!"}},"m3/yr","Water Feature",null,{"$f":"SUM(AP26:AP27)","v":0},0,0,0,null,null,null,null,null,null,null,null,null,null,null,null,null,null,null,null,null,null,null,null,null,null,null,null,null,null,null,null,null,null,null,null,"ROUNDDOWN(DC31,0)",null,null,null,null,null,null,"IF(IF(AZ$27>=3,COUNTIF(AZ31:AZ33,\">0\"),IF(AZ$27=2,COUNTIF(AZ32:AZ33,\">0\"),IF(AZ$27=1,COUNTIF(AZ33,\">0\")))),0,AZ$30)",null,null,null,null,null,null,null,null,null,null,null,null,null,null,null,null,null,null,null,null,null,null,null,null,null,null,null,null,null,null,null,null,null,null,null,null,null,null,null,null,null,null,"SUM(BZ31:CH31)",null,null,14,null,null,null,null,null,null,null,null,null,null,null,null,null,null,null,null,null,null,null,null,null,null,null,null,"SUM(DD31,'System 2'!DD31,'System 3'!DD31)",null,null,null,null,null,null,null,null,null,null,null,null,null,"SUM(DO31,'System 2'!DO31,'System 3'!DO31)",null,null,null,null,null,null,null,null,null,null,null,null,14,null,null,null,null,null,null,null,null,null,null,null,null,null,null,null,"IF(OR(D34>AT$27,IF(EM$27>=3,COUNTIF(EM31:EM33,\">0\")+COUNTIF(D31:D33,\">\"&AT$27),IF(EM$27=2,COUNTIF(EM32:EM33,\">0\")+COUNTIF(D32:D33,\">\"&AT$27),IF(EM$27=1,COUNTIF(EM33,\">0\")+COUNTIF(D33,\">\"&AT$27),0)))),0,EM$30)"]
[null,"Consumption from AC system ",null,null,{"$f":"Main!P16","v":{"$error":"#VALUE!"}},"m3/yr","Pool",null,{"$f":"SUM(AT26:AT27)","v":0},0,null,null,null,null,null,null,null,null,null,null,null,null,null,null,null,null,null,null,null,null,null,{"$f":"SUM(SUMPRODUCT(I4:I15,L4:L15),SUMPRODUCT(System2!I4:I15,System2!L4:L15),SUMPRODUCT(System3!I4:I15,System3!L4:L15))","v":{"$error":"#VALUE!"}},null,null,null,null,null,null,null,null,null,null,null,"ROUNDDOWN(EI31,0)",null,null,null,null,null,null,"Landscape!M8",null,null,null,null,null,"ER31*$BE$28",null,null,null,null,null,null,null,null,null,null,null,null,null,null,null,null,null,null,null,null,null,null,null,null,null,null,null,null,null,null,null,null,null,null,null,null,"(AP31-EI31)*$CH$27",null,null,null,15,null,null,null,null,null,null,null,null,null,null,null,null,null,null,null,null,null,null,null,null,null,null,null,"SUM(CU31:DC31)",null,null,null,null,null,null,null,null,null,null,null,null,null,"SUM(DF31:DN31)",null,null,null,null,null,null,null,null,null,null,null,null,null,15,null,null,null,null,null,null,null,null,null,null,null,null,"SUM(EA31:EI31)",null,"Landscape!R28"]
[null,"Landscape irrigation ",null,null,{"$f":"Main!P19","v":{"$error":"#VALUE!"}},"m3/yr",null,null,null,null,null,null,null,null,null,"RWH Tank incremental size analysis",null,null,null,null,20," m3",null,null,null,null,null,null,null,null,null,null,null,null,null,null,null,null,null,null,null,null,"IF(AP31<SUM(AS31,AR31),AP31,AP31-SUM(AS31,AR31))",null,null,null,null,null,null,null,"Landscape!M28",null,null,null,null,null,null,null,null,null,null,null,null,null,null,null,null,null,null,null,null,null,null,null,null,null,null,null,null,null,null,null,null,null,null,null,null,null,null,null,null,null,"(AL31-EH31)*$CG$27",null,null,null,null,16,null,null,null,null,null,null,null,null,null,null,null,null,null,null,null,null,null,null,null,null,null,null,"$CK31*CT31",null,null,"Condensate Water Recovery System",null,null,null,null,null,null,null,null,null,null,"AP31*DN$27",null,null,null,null,null,null,null,null,null,null,null,null,null,null,16,null,null,null,null,null,null,null,null,null,null,null,"$DQ31*DZ31",null,null,"EL$30",null,null,null,null,null,null,null,null,null,null,null,null,null,null,null,null,null,null,null,null,null,null,null,null,null,null,null,null,null,null,"ROUNDDOWN(SUM('Water Fittings'!$BQ185*FJ$24,'Water Fittings'!$BV185*FJ$25,'Water Fittings'!$CA185*FJ$26),2)"]
[null,"Pool & water features ",null,null,{"$f":"Main!P17+Main!P18","v":{"$error":"#VALUE!"}},"m3/yr","Waste Water Recycling",null,null,null,null,null,null,null,null,null,null,null,null,null,null,null,null,null,null,null,null,null,null,null,null,"Toilet flushing","CT make-up","Cleaning","Landscape irr","Water feature",null,null,null,null,"ROUNDDOWN(DB31,0)",null,null,null,null,null,null,null,null,null,"IF(OR(D31>AT$27,IF(AY$27>=3,COUNTIF(D393:D395,\">\"&AT$27),IF(AY$27=2,COUNTIF(D394:D395,\">\"&AT$27),IF(AY$27=1,COUNTIF(D395,\">\"&AT$27),0)))),0,AY$30)",null,null,null,null,null,null,null,null,null,null,null,null,null,null,null,null,null,null,null,null,null,null,null,null,null,null,null,null,null,null,null,null,null,null,null,null,null,null,"$CF$27*FC31",null,null,null,null,null,null,17,17,null,null,null,null,null,null,null,null,null,null,null,null,null,null,null,null,null,null,null,null,null,"$CK31*CS31",null,null,null,null,null,null,null,null,null,null,null,null,null,"AL31*DM$27",null,null,null,null,null,null,null,null,null,null,null,null,null,null,null,"IF($DQ31,DN31/$DP31,0)",null,null,null,null,null,null,null,null,null,null,"$DQ31*DY31",null,null,null,"IF(IF(EL$27>=1,COUNTIF(EL31,\">0\")),0,EL$30)",null,null,null,null,null,null,null,null,null,null,null,null,null,null,null,null,null,null,null,null,null,null,null,null,null,null,null,null,"$I$9*'Air Cond'!AR31"]
[null,"Cleaning ",null,null,{"$f":"Main!P15","v":{"$error":"#VALUE!"}},"m3/yr","Total wastewater generated ",null,null,{"$f":"Main!E21","v":{"$error":"#VALUE!"}},"m3/yr","Condensate Water Recovery",null,null,null,null,null,null,"Roof catchment",null,null,null,"Run-off coeff.",null,null,null,null,null,null,"Tank storage factor",null,null,null,null,null,null,null,null,null,"ROUNDDOWN(EH31,0)",null,null,null,null,null,null,null,null,null,null,"IF(OR(D32>AT$27,IF(AY$27>=3,COUNTIF(AY31,\">0\")+COUNTIF(D394:D395,\">\"&AT$27)+COUNTIF(D31,\">\"&AT$27),IF(AY$27=2,COUNTIF(AY31,\">0\")+COUNTIF(D395,\">\"&AT$27)+COUNTIF(D31,\">\"&AT$27),IF(AY$27=1,COUNTIF(AY31,\">0\")+COUNTIF(D31,\">\"&AT$27),0)))),0,AY$30)",null,null,null,null,null,null,null,null,null,null,null,null,null,null,null,null,null,null,null,null,null,null,null,null,null,null,null,null,null,null,null,null,null,null,null,null,"FB31*$CE$27",null,null,null,null,null,null,null,null,{"$f":"1+CS18","v":18},18,null,null,null,null,null,null,null,null,null,null,null,null,null,null,null,null,null,null,"$CK31*CR31",null,null,null,null,null,null,null,null,null,null,null,null,null,"$DL$27*FJ31",null,null,null,null,null,null,null,null,null,null,null,null,null,null,null,null,null,"IF($DQ31,DM31/$DP31,0)",18,null,null,null,null,null,null,null,"$DQ31*DX31",null,null,null,null,null,null,"IF(IF(EL$27>=2,COUNTIF(EL31:EL32,\">0\"),IF(EL$27=1,COUNTIF(EL32,\">0\"))),0,EL$30)",null,null,null,null,null,null,null,null,null,null,null,null,null,null,null,null,null,null,null,null,null,null,null,null,null,null,null,"$I$8*'Air Cond'!AM31"]
[null,"Water consumption (others) ",null,null,{"$f":"SUM(Main!P21,Main!P20)","v":0},"m3","Total wastewater available ",null,null,{"$f":"WaterFittings!BZ236","v":{"$error":"#VALUE!"}},"L/day","Condensate water available ",null,null,null,{"$f":"AirCond!AN42","v":0},null,"L/day","Type",null,"m2",null,null,null,null,null,null,null,null,"Greywater recycling",null,0.5,0.3,1,1,0.3,null,null,null,null,null,"'Water Features'!Q14",null,null,null,null,null,null,null,null,"IF(OR(D33>AT$27,IF(AY$27>=3,COUNTIF(AY31:AY32,\">0\")+COUNTIF(D395,\">\"&AT$27)+COUNTIF(D31:D32,\">\"&AT$27),IF(AY$27=2,COUNTIF(AY31:AY32,\">0\")+COUNTIF(D31:D32,\">\"&AT$27),IF(AY$27=1,COUNTIF(AY32,\">0\")+COUNTIF(D32,\">\"&AT$27),0)))),0,AY$30)",null,null,null,null,null,null,null,null,null,null,null,null,null,null,null,null,null,null,null,null,null,null,null,null,null,null,null,null,null,null,null,null,null,null,null,"FA31*$CD$27",null,null,null,null,null,null,null,null,null,{"$f":"1+CS19","v":19},19,null,null,null,null,null,null,null,null,null,null,"IF($CK31,CH31/$CJ31,0)",null,null,null,null,null,"$CK31*CQ31",null,null,null,null,null,null,null,null,null,null,null,null,null,"$DK$27*FI31",null,null,null,null,null,null,null,null,null,null,null,null,null,null,null,null,"IF($DQ31,DL31/$DP31,0)",null,null,null,19,null,null,null,null,null,"$DQ31*DW31",null,null,null,null,null,null,null,null,"IF(IF(EL$27>=3,COUNTIF(EL31:EL33,\">0\"),IF(EL$27=2,COUNTIF(EL32:EL33,\">0\"),IF(EL$27=1,COUNTIF(EL33,\">0\")))),0,EL$30)",null,null,null,null,null,null,null,null,null,null,null,null,null,null,null,null,null,null,null,null,null,null,null,null,null,null,"$I$7*'Air Cond'!AY3"]
[null,"Total water consumption ",null,null,{"$f":"SUM(E15:E20)","v":{"$error":"#VALUE!"}},"m3/yr","Wastewater to be recycled ",null,null,0,"L/day","Desired cond. water recovery ",null,null,null,0,null,"L/day","Pitched Tile",null,0,null,0.8,null,null,null,null,null,null,"Condensate water",null,0.5,0.3,1,1,0.3,null,null,"AL31-AN31-AO31",null,null,"'Water Features'!P14",null,null,null,null,null,null,null,null,"IF(OR(D34>AT$27,IF(AY$27>=3,COUNTIF(AY31:AY33,\">0\")+COUNTIF(D31:D33,\">\"&AT$27),IF(AY$27=2,COUNTIF(AY32:AY33,\">0\")+COUNTIF(D32:D33,\">\"&AT$27),IF(AY$27=1,COUNTIF(AY33,\">0\")+COUNTIF(D33,\">\"&AT$27),0)))),0,AY$30)",null,null,null,null,null,null,null,null,null,null,null,null,null,null,null,null,null,null,null,null,null,null,null,null,null,null,null,null,null,null,null,null,null,null,"EZ31*$CC$27",null,null,null,null,null,null,null,null,null,null,20,20,null,null,null,null,null,null,null,null,null,"IF($CK31,CG31/$CJ31,0)",null,null,null,null,null,"$CK31*CP31",null,null,null,null,null,null,null,null,null,null,null,null,null,"$DJ$27*FH31",null,null,null,null,null,null,null,null,null,null,null,null,null,null,null,"IF($DQ31,DK31/$DP31,0)",null,null,null,null,null,20,null,null,null,null,"$DQ31*DV31",null,null,null,null,null,null,null,null,"SUM(EJ31,'System 2'!EJ31,'System 3'!EJ31)",null,null,null,null,null,null,null,null,null,null,null,"FC31-DA31",null,null,null,null,null,null,null,null,null,"FJ31-EG31"]
[null,"Rainfall over catchment ",null,null,{"$f":"ROUND(D397/1000*E7,1)","v":0},"m3/yr","System wastewater recycled ",null,null,{"$f":"ROUNDDOWN(SUM(Q28:U28),1)","v":{"$error":"#VALUE!"}},"m3/yr","Max. condensate water recovery ",null,null,null,{"$f":"MIN(FH29,P21)","v":{"$error":"#VALUE!"}},null,"L/day","Steel Roof",null,0,null,0.9,null,null,null,null,null,null,null,null,null,null,null,null,null,null,"SUM(AX31,AY31)",null,null,null,"'Water Features'!E9",null,null,null,null,null,null,null,"Landscape!L8",null,null,null,null,null,null,null,null,null,null,null,null,null,null,null,null,null,null,null,null,null,null,null,null,null,null,null,null,null,null,null,{"$f":"1+CD21","v":1},null,null,"EY31*$CB$27",null,null,null,null,null,null,null,null,null,null,null,21,21,null,null,null,null,null,null,"IF($CK31,CF31/$CJ31,0)",null,null,null,null,null,null,null,"$CK31*CO31",null,null,null,null,null,null,null,null,null,null,null,null,null,"$DI$27*FG31",null,null,null,null,null,null,null,null,null,null,null,null,null,null,null,"IF($DQ31,DJ31/$DP31,0)",null,null,null,null,null,null,21,null,null,null,"$DQ31*DU31",null,null,null,null,null,null,null,null,null,null,null,null,null,null,null,null,null,null,null,"FB31-CZ31",null,null,null,null,null,null,null,null,null,"FI31-EF31",null,null,null,null,null,null,null,null,null,null,null,"'Water Fittings'!M179*'Water Fittings'!R179/100"]
[null,"System rainwater harvested ",null,null,{"$f":"SUM(J28:O28)","v":{"$error":"#VALUE!"}},"m3/yr","System wastewater recycling ",null,null,{"$f":"IF(J19,ROUND(J22/J19*100,2),0)","v":{"$error":"#VALUE!"}},"%","System AC cond. water recovered ",null,null,null,{"$f":"ROUNDDOWN(SUM(W28:AA28),1)","v":{"$error":"#VALUE!"}},null,"m3/yr","RC roof",null,0,null,0.5,null,null,null,null,null,null,null,null,null,null,null,null,"P18","ROUNDDOWN(AJ31-EK31,0)",null,null,null,null,"AP$25+IF(OR(AP$27=0,D31<AP$27),AP$26,0)",null,null,null,null,null,null,null,"Landscape!L28",null,null,null,null,null,"EQ31*$BD$28",null,null,null,null,null,null,null,null,null,null,null,null,null,null,null,null,null,null,null,null,null,null,null,null,null,2,null,"EX31*$CA$27",null,null,null,null,null,null,null,null,null,null,null,null,22,22,null,null,null,null,"IF($CK31,CE31/$CJ31,0)",null,null,null,null,null,null,null,null,"$CK31*CN31",null,null,null,null,null,null,null,null,null,null,null,null,null,"$DH$27*FF31",null,null,null,null,null,null,null,null,null,null,null,null,null,null,null,"IF($DQ31,DI31/$DP31,0)",null,null,null,null,null,null,null,22,null,null,"$DQ31*DT31",null,null,null,null,null,null,null,null,null,null,null,null,null,null,null,null,null,null,null,"FA31-CY31",null,null,null,null,null,null,null,null,null,"FH31-EE31",null,null,null,null,null,null,null,null,null,null,null,null,"'Water Fittings'!M180*'Water Fittings'!R180/100"]
[null,"Amount not collected ",null,null,{"$f":"E22-E23","v":{"$error":"#VALUE!"}},"m3/yr","Total wastewater recycled ",null,null,{"$f":"Main!N24","v":{"$error":"#VALUE!"}},"m3/yr","Total condensate water recovered ",null,null,null,{"$f":"Main!O24","v":{"$error":"#VALUE!"}},null,"m3/yr","Block Pavement",null,0,null,0.7,null,null,null,null,null,null,null,null,null,null,"ROUNDDOWN(AG31-DE31,0)",null,null,null,null,null,null,null,null,null,null,null,"AT$25+IF(OR(AP$27=0,D31<AP$27),AT$26,0)",null,null,null,"AX$30",null,null,null,null,"EP31*$BC$28",null,null,null,null,null,null,null,null,null,null,null,null,null,null,null,null,null,null,null,null,null,null,null,null,null,null,3,"EW31*$BZ$27",null,null,null,null,null,null,null,null,null,null,null,null,null,23,23,null,null,null,"IF($CK31,CD31/$CJ31,0)",null,null,null,null,null,null,null,null,"$CK31*CM31",null,null,null,null,null,null,null,null,null,null,null,null,null,"$DG$27*FE31",null,null,null,null,null,null,null,null,null,null,null,null,null,null,null,"IF($DQ31,DH31/$DP31,0)",null,null,null,null,null,null,null,null,23,null,"$DQ31*DS31",null,null,null,null,null,null,null,null,null,null,null,null,null,null,null,null,null,null,null,"EZ31-CX31",null,null,null,null,null,null,null,null,null,"FG31-ED31",null,null,null,null,null,null,null,null,null,null,null,null,null,"'Water Fittings'!M181*'Water Fittings'!R181/100"]
[null,"System savings through RWH ",null,null,{"$f":"IF(E21,ROUND(E23/E21*100,2),0)","v":{"$error":"#VALUE!"}},"%","Overall wastewater recycling ",null,null,{"$f":"Main!E24","v":{"$error":"#VALUE!"}},"%","Cond. water recovery percentage ",null,null,null,{"$f":"IF(P20,P22/P20*100,0)","v":0},null,"%","Gravel roadway",null,0,null,0.3,null,null,null,null,null,null,null,null,null,"MIN(J17:J18)",null,null,"MIN($AJ$30,AI31)",null,"Landscape Irrigation",null,null,null," Water Feature",null,null,null,"Pool",null,null,null,"IF(IF(AX$27>=1,COUNTIF(AX31,\">0\")),0,AX$30)",null,null,null,null,null,null,null,null,null,null,null,null,null,null,null,null,null,null,null,null,null,null,null,null,null,null,null,null,null,null,null,4,null,null,null,null,null,null,null,null,null,null,null,null,null,null,24,24,null,null,"IF($CK31,CC31/$CJ31,0)",null,null,null,null,null,null,null,null,"$CK31*CL31",null,null,null,null,null,null,null,null,null,null,null,null,null,"$DF$27*FD31",null,null,null,null,null,null,null,null,null,null,null,null,null,null,null,"IF($DQ31,DG31/$DP31,0)",null,null,null,null,null,null,null,null,null,24,"$DQ31*DR31",null,null,null,null,null,null,null,null,null,null,null,null,null,null,null,null,null,null,null,"EY31-CW31",null,null,null,null,null,null,null,null,null,"FF31-EC31",null,null,null,null,null,null,null,null,null,null,null,null,null,null,"='Water Fittings'!M182*'Water Fittings'!R182/100"]
[null,"Total savings through RWH ",null,null,{"$f":"IF(E21,(System1!E23+System2!E23+System3!E23)/E21*100,0)","v":{"$error":"#VALUE!"}},"%","Recycling tank required ",null,null,{"$f":"J21","v":0},"L","Condensate water tank required ",null,null,null,{"$f":"AE31","v":{"$error":"#VALUE!"}},null,"L","Total",null,{"$f":"SUM(U21:U25)","v":0},null,{"$f":"IF(E7=0,1,ROUNDUP(SUMPRODUCT(U21:U25,W21:W25)/U26,2))","v":1},null,null,null,null,null,null,null,null,null,"MIN($AG$30,AF31)",null,null,"MIN($AJ$30,AK31+AI32)",null,null,null,null,"Consumption independent of rain event",{"$f":"WaterFeature!Q14","v":0},null,null,null,{"$f":"WaterFeature!Q21","v":0},null,null,null,"IF(IF(AX$27>=2,COUNTIF(AX31:AX32,\">0\"),IF(AX$27=1,COUNTIF(AX32,\">0\"))),0,AX$30)",null,null,null,null,null,null,null,null,null,null,null,null,null,null,null,null,null,null,null,null,null,null,null,null,null,null,null,null,null,null,null,5,"Potable water demand (after condensate water recovery)",null,null,null,null,null,null,null,null,null,null,null,null,null,25,25,null,"IF($CK31,CB31/$CJ31,0)",null,null,null,null,null,null,null,null,null,"Annual grey water recycled",null,null,null,null,null,null,null,null,null,null,null,null,null,"Potable water demand",null,null,null,null,null,null,null,null,null,null,null,null,null,null,"IF($DQ31,DF31/$DP31,0)",null,null,null,null,null,null,null,null,null,null,25,"Annual condensate water recovery usage",null,null,null,null,null,null,null,null,null,null,null,null,null,null,null,null,null,null,"EX31-CV31",null,null,null,null,null,null,null,null,null,"FE31-EB31",null,null,null,null,null,null,null,null,null,null,"$FF$30*'Water Fittings'!BL7",null,null,null,null,"='Water Fittings'!M183*'Water Fittings'!R183/100"]
[null,"All systems RW harvested ",null,null,{"$f":"E23+System2!E23+System3!E23","v":{"$error":"#VALUE!"}},"m3/yr",null,null,null,null,null,{"$f":"IF(AND(P20,P21,P22),IF(P25<50,\"Warning: Condensate water recovery is less than 50%\",\"\"),\"\")","v":{"$error":"#VALUE!"}},null,null,null,null,null,null,null,null,null,null,null,null,null,null,null,null,null,null,null,"'Water Fittings'!BJ5",null,null,"Air Cond'!AJ42",null,null,null,null,null,"Consumption dependent of rain event",{"$f":"WaterFeature!P14","v":0},null,null,null,{"$f":"WaterFeature!P21","v":0},null,null,null,"IF(IF(AX$27>=3,COUNTIF(AX31:AX33,\">0\"),IF(AX$27=2,COUNTIF(AX32:AX33,\">0\"),IF(AX$27=1,COUNTIF(AX33,\">0\")))),0,AX$30)",null,null,null,null,null,null,null,null,null,null,null,null,null,null,null,null,null,null,null,null,null,null,null,null,null,null,null,null,null,null,null,6,"=K4","=K5","=K6","=K7","=K8","=K9",null,"=K10","=K11","=K12","=K13","=K14",null,null,26,26,"IF($CK31,CA31/$CJ31,0)",null,null,null,null,null,null,null,null,null,null,null,null,null,null,null,null,null,null,null,null,null,null,null,null,"=L4","=L5","=L6","=L7","=L8","=L9","=L10","=L11","=L12","=L13","=L14","=L15",null,null,null,"Condensate water usage distribution ratio",null,null,null,null,null,null,null,null,null,null,26,{"$f":"SUM(EU28:EW28)","v":{"$error":"#VALUE!"}},null,null,{"$f":"SUM(EX28:EZ28)","v":{"$error":"#VALUE!"}},null,null,null,null,null,null,null,null,null,null,"=AV27","=AW27",null,null,"EW31-CU31",null,null,null,null,null,null,null,null,null,"FD31-EA31",null,null,null,null,null,null,null,null,null,null,"$FE$30*'Water Fittings'!BL7",null,null,null,null,null,"='Water Fittings'!M184*'Water Fittings'!R184/100"]
[null,null,null,null,null,null,"Rainwater Utilisation (m3/yr)",null,null,{"$f":"ROUND(SUM(J32:J396)/1000,0)","v":{"$error":"#VALUE!"}},{"$error":"#VALUE!"},{"$error":"#VALUE!"},{"$error":"#VALUE!"},{"$error":"#VALUE!"},{"$error":"#VALUE!"},null,{"$f":"ROUND(SUM(Q32:Q396)/1000,0)","v":{"$error":"#VALUE!"}},{"$f":"ROUND(SUM(R32:R396)/1000,0)","v":{"$error":"#VALUE!"}},{"$f":"ROUND(SUM(S32:S396)/1000,0)","v":{"$error":"#VALUE!"}},{"$f":"ROUND(SUM(T32:T396)/1000,0)","v":{"$error":"#VALUE!"}},{"$f":"ROUND(SUM(U32:U396)/1000,0)","v":{"$error":"#VALUE!"}},null,{"$f":"ROUND(SUM(W32:W396)/1000,0)","v":{"$error":"#VALUE!"}},{"$f":"ROUND(SUM(X32:X396)/1000,0)","v":{"$error":"#VALUE!"}},{"$f":"ROUND(SUM(Y32:Y396)/1000,0)","v":{"$error":"#VALUE!"}},{"$f":"ROUND(SUM(Z32:Z396)/1000,0)","v":{"$error":"#VALUE!"}},{"$f":"ROUND(SUM(AA32:AA396)/1000,0)","v":{"$error":"#VALUE!"}},null,null,null,null,null,null,null,null,null,null,null,null,null,"Rainfall cut-off",{"$f":"WaterFeature!E8","v":6},null,null,null,{"$f":"Landscape!I3","v":5},null,null,null,{"$f":"Landscape!M8","v":0},{"$f":"Landscape!N8","v":0},{"$f":"AX28","v":0},{"$f":"AY28","v":0},null,"Rainwater Harvesting",null,null,null,null,null,null,null,null,null,null,null,null,null,null,null,null,null,null,null,null,null,null,null,null,null,null,7,{"$f":"K4","v":0},{"$f":"K5","v":0},{"$f":"K6","v":0},{"$f":"K7","v":0},{"$f":"K8","v":0},{"$f":"K9","v":0},{"$f":"K10","v":0},{"$f":"K11","v":0},{"$f":"K12","v":0},{"$f":"K13","v":0},{"$f":"K14","v":0},{"$f":"K15","v":0},null,null,27,"IF($CK31,BZ31/$CJ31,0)",null,null,null,null,null,null,null,null,null,null,null,null,null,null,null,null,null,null,null,null,null,null,null,null,null,{"$f":"L4","v":0},{"$f":"L5","v":0},{"$f":"L6","v":0},{"$f":"L7","v":0},{"$f":"L8","v":0},{"$f":"L9","v":0},{"$f":"L10","v":0},{"$f":"L11","v":0},{"$f":"L12","v":0},{"$f":"L13","v":0},{"$f":"L14","v":0},{"$f":"L15","v":0},null,null,null,null,null,null,null,null,null,null,null,null,null,null,27,{"$f":"ROUND(SUM(EU32:EU396)/1000,1)","v":{"$error":"#VALUE!"}},{"$f":"ROUND(SUM(EV32:EV396)/1000,1)","v":{"$error":"#VALUE!"}},{"$error":"#VALUE!"},{"$error":"#VALUE!"},{"$error":"#VALUE!"},{"$error":"#VALUE!"},null,{"$error":"#VALUE!"},null,null,{"$error":"#VALUE!"},{"$error":"#VALUE!"},null,null,{"$f":"AX28*0","v":0},{"$f":"AY28*0","v":0},{"$f":"FI28","v":0},{"$f":"FJ28","v":0},"Req'm after greywater recycling",null,null,null,null,null,null,null,null,null,"Req'm after cond. water recovery",null,null,null,null,null,null,null,null,null,"$FD$30*'Water Fittings'!BK7"]
[null,"Month\nWeek","Day","Rainfall mm","Collectible\n(L)","Balance before rain event","Collect'd\n(L)","Balance after rain event","Amount not collect'd","Rainwater application",null,null,null,null,null,null,"Greywater Recycling",null,null,null,null,null,"Condensate Water Recovery",null,null,null,null,null,null,null,null,"Greywater recycling",null,null,"Condensate water recovery",null,null,null,"Req'm after greywater/cond. water recycling","=ROUND(SUM(AL31:AL395)/1000,1)",{"$f":"ROUND(SUM(AO32:AO396)/1000,1)","v":{"$error":"#VALUE!"}},{"$f":"ROUND(SUM(AP32:AP396)/1000,1)","v":0},"Req'm after greywater/cond. water recycling",{"$f":"ROUND(SUM(AR32:AR396)/1000,1)","v":{"$error":"#VALUE!"}},{"$f":"ROUND(SUM(AS32:AS396)/1000,1)","v":{"$error":"#VALUE!"}},{"$f":"ROUND(SUM(AT32:AT396)/1000,1)","v":0},null,{"$f":"ROUND(SUM(AV32:AV396)/1000,1)","v":0},0,{"$f":"ROUND(SUM(AX32:AX396)/1000,0)","v":0},{"$f":"ROUND(SUM(AY32:AY396)/1000,0)","v":0},{"$f":"ROUND(SUM(AZ32:AZ396)/1000,0)","v":0},{"$f":"ROUND(SUM(BA32:BA396)/1000,0)","v":0},null,{"$f":"J4","v":0},{"$f":"J5","v":0},{"$f":"J6","v":0},{"$f":"J7","v":0},{"$f":"J8","v":0},{"$f":"J9","v":0},{"$f":"J10","v":0},{"$f":"J14","v":0},{"$f":"J15","v":0},{"$f":"J16","v":0},{"$f":"J11","v":0},{"$f":"J12","v":0},{"$f":"J13","v":0},null,null,null,null,null,null,null,null,null,null,null,null,null,null,null,"Toilet flushing",null,null,"AC make-up",null,null,null,null,null,null,null,null,null,null,28,"Toilet flushing",null,null,"AC make-up",null,null,null,null,null,null,null,null,"Toilet flushing",null,null,"AC make-up",null,null,null,null,null,null,null,null,"Total Greyater usage",null,"Toilet flushing",null,null,"AC make-up",null,null,null,null,null,null,null,null,null,null,null,"Toilet flushing",null,null,"AC make-up",null,null,null,null,null,null,null,28,"Toilet flushing",null,null,"AC make-up",null,null,null,null,null,null,null,null,"Total Cond Water usage",{"$f":"MAX(FH32:FH396)","v":{"$error":"#VALUE!"}},{"$f":"ROUND(SUM(FI32:FI396)/1000,0)","v":0},{"$f":"ROUND(SUM(FJ32:FJ396)/1000,0)","v":0},{"$f":"ROUND(SUM(FK32:FK396)/1000,0)","v":0},{"$f":"ROUND(SUM(FL32:FL396)/1000,0)","v":0},null,null,null,null,null,null,null,null,null,null,"Toilet flushing",null,null,"Toilet flushing",null,null,null,null,null,null,"Base consumption"]
[null,null,null,null,null,null,null,null,null,"Land-\nscape Irrigation","Water Feature","Pools","Clean-ing","Toilet\nFlushing","CT\nmake-up",null,"Toilet\nFlushing","CT\nmake-up","Clean-ing","Land\n-scape Irrigation","Water Feature",null,"Toilet\nFlushing","CT\nmake-up","Clean-ing","Land-\nscape Irrigation","Water Feature",null,null,"Grey-water tank","Conden-sate water tank","Recyclable greywater","Balance before event","Balance after event","Cond Water Available","Balance before event","Balance after event","Req'm",null,"Condensate water usage","Greywater usage","Req'm",null,"Condensate water usage","Greywater usage","Req'm","Req'm after greywater/cond. water recycling","Condensate water usage","Greywater usage","Not rain event dependent watering","Rain event dependent watering","Not rain event dependent watering","Rain event dependent watering",null,"Occ1","Occ2","Occ3","AC1","AC2","AC3","AC4","Land-scape","Water Feature","Pool","clean1","clean2","clean3",null,null,"Occ1","Occ2","Occ3","AC1","AC2","AC3","AC4","Land-scape","Water Feature","Pool","clean1","clean2","clean3","Occ1","Occ2","Occ3","AC1","AC2","AC3","AC4","clean1","clean2","clean3","Land-scape","Water Feature","System demand","Total demand",29,"Occ1","Occ2","Occ3","AC1","AC2","AC3","AC4","clean1","clean2","clean3","Land-scape","Water Feature","Occ1","Occ2","Occ3","AC1","AC2","AC3","AC4","clean1","clean2","clean3","Land-scape","Water Feature",null,"All system total","Occ1","Occ2","Occ3","AC1","AC2","AC3","AC4","clean1","clean2","clean3","Land-scape","Water Feature",null,"Total demand",null,"Occ1","Occ2","Occ3","AC1","AC2","AC3","AC4","clean1","clean2","clean3","Land-scape","Water Feature","Occ1","Occ2","Occ3","AC1","AC2","AC3","AC4","clean1","clean2","clean3","Land-scape","Water Feature",null,"All system total",null,null,null,null,"Occ1","Occ2","Occ3","AC1","AC2","AC3","AC4","clean1","clean2","clean3","Occ1","Occ2","Occ3","AC1","AC2","AC3","AC4","clean1","clean2","clean3","Occ1","Occ2","Occ3","AC1","AC2","AC3","AC4","clean1","clean2","clean3"]
[null,null,null,null,null,null,null,null,null,null,null,null,null,null,null,null,null,null,null,null,null,null,null,null,null,null,null,null,null,{"$f":"ROUNDUP(MAX(AD32:AD396),-1)","v":{"$error":"#VALUE!"}},{"$f":"ROUNDUP(MAX(AE32:AE396),-1)","v":{"$error":"#VALUE!"}},null,{"$f":"MIN(J20:J21)","v":{"$error":"#VALUE!"}},null,null,{"$f":"MIN(P20:P21)","v":0},null,null,null,null,null,null,null,null,null,null,null,null,null,{"$f":"Landscape!R18","v":0},{"$f":"Landscape!S18","v":0},{"$f":"Landscape!R17","v":0},{"$f":"Landscape!S17","v":0},null,"Potable water demand (after greywater recycling & cond. water recovery)",null,null,null,null,null,null,null,null,null,null,null,null,null,null,"distibution ratio",null,null,null,null,null,null,null,null,null,null,null,null,null,null,null,null,null,null,null,null,null,null,null,null,null,null,null,null,null,null,null,null,null,null,null,null,null,null,null,null,null,null,null,null,null,null,null,null,null,null,null,null,null,null,null,null,null,null,null,null,null,null,null,null,null,null,null,null,"distibution ratio",null,null,null,null,null,null,null,null,null,null,null,null,null,null,null,null,null,null,null,null,null,null,null,null,null,{"$f":"Landscape!R11","v":0},{"$f":"Landscape!S11","v":0},{"$f":"Landscape!R10","v":0},{"$f":"Landscape!S10","v":0},null,null,null,null,null,null,null,null,null,null,null,null,null,null,null,null,null,null,null,null,{"$f":"I4*M4/100","v":{"$error":"#VALUE!"}},{"$f":"I5*M5/100","v":{"$error":"#VALUE!"}},{"$f":"I6*M6/100","v":0},{"$f":"I7*M7/100","v":{"$error":"#VALUE!"}},{"$f":"I8*M8/100","v":{"$error":"#VALUE!"}},{"$f":"I9*M9/100","v":{"$error":"#VALUE!"}},{"$f":"I10*M10/100","v":{"$error":"#VALUE!"}},{"$f":"I11*M11/100","v":0},{"$f":"I12*M12/100","v":0},{"$f":"I13*M13/100","v":0}]
[null,"January",1,{"$f":"HLOOKUP($D$3,Raindata,C32+6,FALSE)","v":2.5},{"$f":"IF((D32*E$7*E$8-E$12)>0,ROUND((D32*E$7*E$8-E$12),0),0)","v":0},0,{"$f":"MIN(E$9*1000-F32,E32-F32)","v":0},{"$f":"F32+G32","v":0},{"$f":"E32-G32","v":0},{"$f":"ROUNDDOWN(BY32*BQ32,0)","v":{"$error":"#VALUE!"}},{"$f":"ROUNDDOWN(BZ32*BQ32,0)","v":{"$error":"#VALUE!"}},{"$f":"ROUNDDOWN(CA32*BQ32,0)","v":{"$error":"#VALUE!"}},{"$f":"ROUNDDOWN(SUM(CB32:CD32)*BQ32,0)","v":{"$error":"#VALUE!"}},{"$f":"ROUNDDOWN(SUM(BR32:BT32)*BQ32,0)","v":{"$error":"#VALUE!"}},{"$f":"ROUNDDOWN(SUM(BU32:BX32)*BQ32,0)","v":{"$error":"#VALUE!"}},null,{"$f":"ROUNDDOWN(SUM(DF32:DH32),0)","v":{"$error":"#VALUE!"}},{"$f":"ROUNDDOWN(SUM(DI32:DL32),0)","v":{"$error":"#VALUE!"}},{"$f":"ROUNDDOWN(SUM(DM32:DO32),0)","v":{"$error":"#VALUE!"}},{"$f":"ROUNDDOWN(DP32,0)","v":{"$error":"#VALUE!"}},{"$f":"ROUNDDOWN(DQ32,0)","v":{"$error":"#VALUE!"}},null,{"$f":"ROUNDDOWN(SUM(EU32:EW32),)","v":{"$error":"#VALUE!"}},{"$f":"ROUNDDOWN(SUM(EX32:FA32),0)","v":{"$error":"#VALUE!"}},{"$f":"ROUNDDOWN(SUM(FB32:FD32),0)","v":{"$error":"#VALUE!"}},{"$f":"ROUNDDOWN(FE32,0)","v":{"$error":"#VALUE!"}},{"$f":"ROUNDDOWN(FF32,0)","v":{"$error":"#VALUE!"}},null,1,{"$f":"SUM(SUMPRODUCT(AF$20:AJ$20,Q32:U32),SUMPRODUCT(AF$20:AJ$20,System2!Q32:U32),SUMPRODUCT(AF$20:AJ$20,System3!Q32:U32))","v":{"$error":"#VALUE!"}},{"$f":"SUM(SUMPRODUCT(AF$21:AJ$21,W32:AA32),SUMPRODUCT(AF$21:AJ$21,System2!W32:AA32),SUMPRODUCT(AF$21:AJ$21,System3!W32:AA32))","v":{"$error":"#VALUE!"}},{"$f":"WaterFittings!BN7","v":{"$error":"#VALUE!"}},{"$f":"MIN($AG$31,AF32)","v":{"$error":"#VALUE!"}},{"$f":"ROUNDDOWN(AG32-DS32,0)","v":{"$error":"#VALUE!"}},{"$f":"MIN(AirCond!BL6,P$21)","v":0},{"$f":"MIN($AJ$31,AI32)","v":0},{"$f":"MIN(ROUNDDOWN(AJ32-FH32,0),ROUNDDOWN(P$21*0.3,0),ROUNDDOWN(SUM(SUMPRODUCT(I$4:I$15,L$4:L$15),SUMPRODUCT(System2!I$4:I$15,System2!L$4:L$15),SUMPRODUCT(System3!I$4:I$15,System3!L$4:L$15))*0.3,0))","v":{"$error":"#VALUE!"}},{"$f":"SUM(AX32,AY32)","v":0},{"$f":"AL32-AN32-AO32","v":{"$error":"#VALUE!"}},{"$f":"ROUNDDOWN(FE32,0)","v":{"$error":"#VALUE!"}},{"$f":"ROUNDDOWN(DP32,0)","v":{"$error":"#VALUE!"}},{"$f":"AP$26+IF(OR(AP$28=0,D32<AP$28),AP$27,0)","v":0},{"$f":"IF(AP32<SUM(AS32,AR32),AP32,AP32-SUM(AS32,AR32))","v":{"$error":"#VALUE!"}},{"$f":"ROUNDDOWN(FF32,0)","v":{"$error":"#VALUE!"}},{"$f":"ROUNDDOWN(DQ32,0)","v":{"$error":"#VALUE!"}},{"$f":"AT$26+IF(OR(AP$28=0,D32<AP$28),AT$27,0)","v":0},null,null,null,{"$f":"AX$31","v":0},{"$f":"IF(OR(D32>AT$28,IF(AY$28>=3,COUNTIF(D394:D396,\">\"&AT$28),IF(AY$28=2,COUNTIF(D395:D396,\">\"&AT$28),IF(AY$28=1,COUNTIF(D396,\">\"&AT$28),0)))),0,AY$31)","v":0},{"$f":"AZ$31","v":0},{"$f":"IF(OR(D32>AT$28,IF(BA$28>=3,COUNTIF(D394:D396,\">\"&AT$28),IF(BA$28=2,COUNTIF(D395:D396,\">\"&AT$28),IF(BA$28=1,COUNTIF(D396,\">\"&AT$28),0)))),0,BA$31)","v":0},null,{"$f":"FM32*$BC$29","v":{"$error":"#VALUE!"}},{"$f":"FN32*$BD$29","v":{"$error":"#VALUE!"}},{"$f":"FO32*$BE$29","v":{"$error":"#VALUE!"}},{"$f":"FP32*$BF$29","v":{"$error":"#VALUE!"}},{"$f":"FQ32*$BG$29","v":{"$error":"#VALUE!"}},{"$f":"FR32*$BH$29","v":{"$error":"#VALUE!"}},1,{"$f":"AM32*$BJ$29","v":{"$error":"#VALUE!"}},{"$f":"AQ32*$BK$29","v":{"$error":"#VALUE!"}},{"$f":"BL$29*AT32","v":0},{"$f":"FT32*BM$29","v":{"$error":"#VALUE!"}},{"$f":"FU32*BN$29","v":{"$error":"#VALUE!"}},{"$f":"FV32*BO$29","v":{"$error":"#VALUE!"}},{"$f":"IF(SUM(BC32:BO32)=0,1,SUM(BC32:BO32))","v":{"$error":"#VALUE!"}},{"$f":"MIN(H32,BP32)","v":{"$error":"#VALUE!"}},{"$f":"BC32/$BP32","v":{"$error":"#VALUE!"}},{"$f":"BD32/$BP32","v":{"$error":"#VALUE!"}},{"$f":"BE32/$BP32","v":{"$error":"#VALUE!"}},{"$f":"BF32/$BP32","v":{"$error":"#VALUE!"}},{"$f":"BG32/$BP32","v":{"$error":"#VALUE!"}},{"$f":"BH32/$BP32","v":{"$error":"#VALUE!"}},{"$f":"BI32/$BP32","v":{"$error":"#VALUE!"}},{"$f":"BJ32/$BP32","v":{"$error":"#VALUE!"}},{"$f":"BK32/$BP32","v":{"$error":"#VALUE!"}},{"$f":"BL32/$BP32","v":{"$error":"#VALUE!"}},{"$f":"BM32/$BP32","v":{"$error":"#VALUE!"}},{"$f":"BN32/$BP32","v":{"$error":"#VALUE!"}},{"$f":"BO32/$BP32","v":{"$error":"#VALUE!"}},{"$f":"FW32*$CE$28","v":{"$error":"#VALUE!"}},{"$f":"FX32*$CF$28","v":{"$error":"#VALUE!"}},{"$f":"FY32*$CG$28","v":{"$error":"#VALUE!"}},{"$f":"FZ32*$CH$28","v":{"$error":"#VALUE!"}},{"$f":"GA32*$CI$28","v":{"$error":"#VALUE!"}},{"$f":"GB32*$CJ$28","v":{"$error":"#VALUE!"}},{"$error":"#VALUE!"},{"$f":"CL$28*GD32","v":{"$error":"#VALUE!"}},{"$f":"CM$28*GE32","v":{"$error":"#VALUE!"}},{"$f":"CN$28*GF32","v":{"$error":"#VALUE!"}},{"$f":"(AL32-FE32)*$CO$28","v":{"$error":"#VALUE!"}},{"$f":"(AP32-FF32)*$CP$28","v":{"$error":"#VALUE!"}},{"$f":"SUM(CE32:CP32)","v":{"$error":"#VALUE!"}},{"$f":"SUM(CQ32,System2!CQ32,System3!CQ32)","v":{"$error":"#VALUE!"}},{"$f":"MIN(AG32,CR32)","v":{"$error":"#VALUE!"}},{"$f":"IF($CS32,CE32/$CR32,0)","v":{"$error":"#VALUE!"}},{"$f":"IF($CS32,CF32/$CR32,0)","v":{"$error":"#VALUE!"}},{"$f":"IF($CS32,CG32/$CR32,0)","v":{"$error":"#VALUE!"}},{"$f":"IF($CS32,CH32/$CR32,0)","v":{"$error":"#VALUE!"}},{"$f":"IF($CS32,CI32/$CR32,0)","v":{"$error":"#VALUE!"}},{"$f":"IF($CS32,CJ32/$CR32,0)","v":{"$error":"#VALUE!"}},{"$f":"IF($CS32,CK32/$CR32,0)","v":{"$error":"#VALUE!"}},{"$f":"IF($CS32,CL32/$CR32,0)","v":{"$error":"#VALUE!"}},{"$f":"IF($CS32,CM32/$CR32,0)","v":{"$error":"#VALUE!"}},{"$f":"IF($CS32,CN32/$CR32,0)","v":{"$error":"#VALUE!"}},{"$f":"IF($CS32,CO32/$CR32,0)","v":{"$error":"#VALUE!"}},{"$f":"IF($CS32,CP32/$CR32,0)","v":{"$error":"#VALUE!"}},{"$f":"$CS32*CT32","v":{"$error":"#VALUE!"}},{"$f":"$CS32*CU32","v":{"$error":"#VALUE!"}},{"$f":"$CS32*CV32","v":{"$error":"#VALUE!"}},{"$f":"$CS32*CW32","v":{"$error":"#VALUE!"}},{"$f":"$CS32*CX32","v":{"$error":"#VALUE!"}},{"$f":"$CS32*CY32","v":{"$error":"#VALUE!"}},{"$f":"$CS32*CZ32","v":{"$error":"#VALUE!"}},{"$f":"$CS32*DA32","v":{"$error":"#VALUE!"}},{"$f":"$CS32*DB32","v":{"$error":"#VALUE!"}},{"$f":"$CS32*DC32","v":{"$error":"#VALUE!"}},{"$f":"$CS32*DD32","v":{"$error":"#VALUE!"}},{"$f":"$CS32*DE32","v":{"$error":"#VALUE!"}},{"$f":"SUM(DF32:DQ32)","v":{"$error":"#VALUE!"}},{"$f":"SUM(DR32,System2!DR32,System3!DR32)","v":{"$error":"#VALUE!"}},{"$f":"$DT$28*GG32","v":{"$error":"#VALUE!"}},{"$f":"$DU$28*GH32","v":{"$error":"#VALUE!"}},{"$f":"$DV$28*GI32","v":0},{"$f":"$DW$28*GJ32","v":{"$error":"#VALUE!"}},{"$f":"$DX$28*GK32","v":{"$error":"#VALUE!"}},{"$f":"$DY$28*GL32","v":{"$error":"#VALUE!"}},{"$f":"$DZ$28*GM32","v":{"$error":"#VALUE!"}},{"$f":"EA$28*GN32","v":0},{"$f":"EB$28*GO32","v":0},{"$f":"EC$28*GP32","v":0},{"$f":"AL32*ED$28","v":0},{"$f":"AP32*EE$28","v":0},{"$f":"SUM(DT32:EE32)","v":{"$error":"#VALUE!"}},{"$f":"SUM(EF32,System2!EF32,System3!EF32)","v":{"$error":"#VALUE!"}},{"$f":"MIN(EG32,AJ32)","v":{"$error":"#VALUE!"}},{"$f":"IF($EH32,DT32/$EG32,0)","v":{"$error":"#VALUE!"}},{"$error":"#VALUE!"},{"$error":"#VALUE!"},{"$error":"#VALUE!"},{"$error":"#VALUE!"},{"$error":"#VALUE!"},{"$error":"#VALUE!"},{"$error":"#VALUE!"},{"$error":"#VALUE!"},{"$error":"#VALUE!"},{"$error":"#VALUE!"},{"$error":"#VALUE!"},{"$f":"$EH32*EI32","v":{"$error":"#VALUE!"}},{"$f":"$EH32*EJ32","v":{"$error":"#VALUE!"}},{"$f":"$EH32*EK32","v":{"$error":"#VALUE!"}},{"$f":"$EH32*EL32","v":{"$error":"#VALUE!"}},{"$f":"$EH32*EM32","v":{"$error":"#VALUE!"}},{"$f":"$EH32*EN32","v":{"$error":"#VALUE!"}},{"$f":"$EH32*EO32","v":{"$error":"#VALUE!"}},{"$f":"$EH32*EP32","v":{"$error":"#VALUE!"}},{"$f":"$EH32*EQ32","v":{"$error":"#VALUE!"}},{"$f":"$EH32*ER32","v":{"$error":"#VALUE!"}},{"$f":"$EH32*ES32","v":{"$error":"#VALUE!"}},{"$f":"$EH32*ET32","v":{"$error":"#VALUE!"}},{"$f":"SUM(EU32:FF32)","v":{"$error":"#VALUE!"}},{"$f":"SUM(FG32,System2!FG32,System3!FG32)","v":{"$error":"#VALUE!"}},{"$f":"FI$31","v":0},{"$f":"IF(OR(D32>AT$28,IF(FJ$28>=3,COUNTIF(D394:D396,\">\"&AT$28),IF(FJ$28=2,COUNTIF(D395:D396,\">\"&AT$28),IF(FJ$28=1,COUNTIF(D396,\">\"&AT$28),0)))),0,FJ$31)","v":0},{"$f":"FK$31","v":0},{"$f":"IF(OR(D32>AT$28,IF(FL$28>=3,COUNTIF(D394:D396,\">\"&AT$28),IF(FL$28=2,COUNTIF(D395:D396,\">\"&AT$28),IF(FL$28=1,COUNTIF(D396,\">\"&AT$28),0)))),0,FL$31)","v":0},{"$f":"ROUNDDOWN(FW32-DF32,0)","v":{"$error":"#VALUE!"}},{"$f":"ROUNDDOWN(FX32-DG32,0)","v":{"$error":"#VALUE!"}},{"$f":"ROUNDDOWN(FY32-DH32,0)","v":{"$error":"#VALUE!"}},{"$f":"ROUNDDOWN(FZ32-DI32,0)","v":{"$error":"#VALUE!"}},{"$f":"ROUNDDOWN(GA32-DJ32,0)","v":{"$error":"#VALUE!"}},{"$f":"ROUNDDOWN(GB32-DK32,0)","v":{"$error":"#VALUE!"}},{"$f":"ROUNDDOWN(GC32-DL32,0)","v":{"$error":"#VALUE!"}},{"$f":"ROUNDDOWN(GD32-DM32,0)","v":{"$error":"#VALUE!"}},{"$f":"ROUNDDOWN(GE32-DN32,0)","v":{"$error":"#VALUE!"}},{"$f":"ROUNDDOWN(GF32-DO32,0)","v":{"$error":"#VALUE!"}},{"$f":"ROUNDDOWN(GG32-EU32,0)","v":{"$error":"#VALUE!"}},{"$error":"#VALUE!"},{"$error":"#VALUE!"},{"$error":"#VALUE!"},{"$error":"#VALUE!"},{"$error":"#VALUE!"},{"$error":"#VALUE!"},{"$error":"#VALUE!"},{"$error":"#VALUE!"},{"$error":"#VALUE!"},{"$f":"$GG$31*WaterFittings!BO7","v":{"$error":"#VALUE!"}},{"$f":"$GH$31*WaterFittings!BP7","v":{"$error":"#VALUE!"}},{"$f":"$GI$31*WaterFittings!BQ7","v":0},{"$f":"GJ$31*AirCond!BD6","v":{"$error":"#VALUE!"}},{"$f":"GK$31*AirCond!BE6","v":{"$error":"#VALUE!"}},{"$f":"GL$31*AirCond!BF6","v":{"$error":"#VALUE!"}},{"$f":"GM$31*AirCond!BG6","v":{"$error":"#VALUE!"}},{"$f":"GN$31*WaterFittings!BS7","v":0},{"$f":"GO$31*WaterFittings!BT7","v":0},{"$f":"GP$31*WaterFittings!BU7","v":0}]
[null,null,{"$f":"C32+1","v":2},2.5,0,{"$f":"IF(H32-SUM(J32:O32)>1,H32-SUM(J32:O32),0)","v":{"$error":"#VALUE!"}},{"$f":"IF((E33+F33)<AG$3*1000,E33,AG$3*1000-F33)","v":{"$error":"#VALUE!"}},{"$error":"#VALUE!"},{"$error":"#VALUE!"},{"$f":"ROUNDDOWN(BY33*BQ33,0)","v":{"$error":"#VALUE!"}},{"$f":"ROUNDDOWN(BZ33*BQ33,0)","v":{"$error":"#VALUE!"}},{"$f":"ROUNDDOWN(CA33*BQ33,0)","v":{"$error":"#VALUE!"}},{"$f":"ROUNDDOWN(SUM(CB33:CD33)*BQ33,0)","v":{"$error":"#VALUE!"}},{"$f":"ROUNDDOWN(SUM(BR33:BT33)*BQ33,0)","v":{"$error":"#VALUE!"}},{"$f":"ROUNDDOWN(SUM(BU33:BX33)*BQ33,0)","v":{"$error":"#VALUE!"}},null,{"$f":"ROUNDDOWN(SUM(DF33:DH33),0)","v":{"$error":"#VALUE!"}},{"$f":"ROUNDDOWN(SUM(DI33:DL33),0)","v":{"$error":"#VALUE!"}},{"$f":"ROUNDDOWN(SUM(DM33:DO33),0)","v":{"$error":"#VALUE!"}},{"$f":"ROUNDDOWN(DP33,0)","v":{"$error":"#VALUE!"}},{"$error":"#VALUE!"},null,{"$f":"ROUNDDOWN(SUM(EU33:EW33),)","v":{"$error":"#VALUE!"}},{"$f":"ROUNDDOWN(SUM(EX33:FA33),0)","v":{"$error":"#VALUE!"}},{"$f":"ROUNDDOWN(SUM(FB33:FD33),0)","v":{"$error":"#VALUE!"}},{"$f":"ROUNDDOWN(FE33,0)","v":{"$error":"#VALUE!"}},{"$error":"#VALUE!"},null,2,{"$f":"SUM(SUMPRODUCT(AF$20:AJ$20,Q33:U33),SUMPRODUCT(AF$20:AJ$20,System2!Q33:U33),SUMPRODUCT(AF$20:AJ$20,System3!Q33:U33))","v":{"$error":"#VALUE!"}},{"$f":"SUM(SUMPRODUCT(AF$21:AJ$21,W33:AA33),SUMPRODUCT(AF$21:AJ$21,System2!W33:AA33),SUMPRODUCT(AF$21:AJ$21,System3!W33:AA33))","v":{"$error":"#VALUE!"}},{"$f":"WaterFittings!BN8","v":{"$error":"#VALUE!"}},{"$f":"MIN($AG$31,AH32+AF33)","v":{"$error":"#VALUE!"}},{"$error":"#VALUE!"},{"$f":"MIN(AirCond!BL7,P$21)","v":0},{"$f":"MIN($AJ$31,AK32+AI33)","v":{"$error":"#VALUE!"}},{"$f":"MIN(ROUNDDOWN(AJ33-FH33,0),ROUNDDOWN(P$21*0.3,0),ROUNDDOWN(SUM(SUMPRODUCT(I$4:I$15,L$4:L$15),SUMPRODUCT(System2!I$4:I$15,System2!L$4:L$15),SUMPRODUCT(System3!I$4:I$15,System3!L$4:L$15))*0.3,0))","v":{"$error":"#VALUE!"}},{"$f":"SUM(AX33,AY33)","v":0},{"$f":"AL33-AN33-AO33","v":{"$error":"#VALUE!"}},{"$f":"ROUNDDOWN(FE33,0)","v":{"$error":"#VALUE!"}},{"$f":"ROUNDDOWN(DP33,0)","v":{"$error":"#VALUE!"}},0,{"$f":"IF(AP33<SUM(AS33,AR33),AP33,AP33-SUM(AS33,AR33))","v":{"$error":"#VALUE!"}},{"$f":"ROUNDDOWN(FF33,0)","v":{"$error":"#VALUE!"}},{"$f":"ROUNDDOWN(DQ33,0)","v":{"$error":"#VALUE!"}},0,null,null,null,{"$f":"IF(IF(AX$28>=1,COUNTIF(AX32,\">0\")),0,AX$31)","v":0},{"$f":"IF(OR(D33>AT$28,IF(AY$28>=3,COUNTIF(AY32,\">0\")+COUNTIF(D395:D396,\">\"&AT$28)+COUNTIF(D32,\">\"&AT$28),IF(AY$28=2,COUNTIF(AY32,\">0\")+COUNTIF(D396,\">\"&AT$28)+COUNTIF(D32,\">\"&AT$28),IF(AY$28=1,COUNTIF(AY32,\">0\")+COUNTIF(D32,\">\"&AT$28),0)))),0,AY$31)","v":0},{"$f":"IF(IF(AZ$28>=1,COUNTIF(AZ32,\">0\")),0,AZ$31)","v":0},{"$f":"IF(OR(D33>AT$28,IF(BA$28>=3,COUNTIF(BA32,\">0\")+COUNTIF(D395:D396,\">\"&AT$28)+COUNTIF(D32,\">\"&AT$28),IF(BA$28=2,COUNTIF(BA32,\">0\")+COUNTIF(D396,\">\"&AT$28)+COUNTIF(D32,\">\"&AT$28),IF(BA$28=1,COUNTIF(BA32,\">0\")+COUNTIF(D32,\">\"&AT$28),0)))),0,BA$31)","v":0},null,{"$f":"FM33*$BC$29","v":{"$error":"#VALUE!"}},{"$error":"#VALUE!"},{"$error":"#VALUE!"},{"$f":"FP33*$BF$29","v":{"$error":"#VALUE!"}},{"$error":"#VALUE!"},{"$error":"#VALUE!"},{"$f":"FS33*$BI$29","v":{"$error":"#VALUE!"}},{"$f":"AM33*$BJ$29","v":{"$error":"#VALUE!"}},{"$f":"AQ33*$BK$29","v":{"$error":"#VALUE!"}},{"$f":"BL$29*AT33","v":0},{"$error":"#VALUE!"},{"$error":"#VALUE!"},{"$error":"#VALUE!"},{"$f":"IF(SUM(BC33:BO33)=0,1,SUM(BC33:BO33))","v":{"$error":"#VALUE!"}},{"$f":"MIN(H33,BP33)","v":{"$error":"#VALUE!"}},{"$error":"#VALUE!"},{"$error":"#VALUE!"},{"$error":"#VALUE!"},{"$error":"#VALUE!"},{"$error":"#VALUE!"},{"$error":"#VALUE!"},{"$error":"#VALUE!"},{"$error":"#VALUE!"},{"$error":"#VALUE!"},{"$error":"#VALUE!"},{"$error":"#VALUE!"},{"$error":"#VALUE!"},{"$error":"#VALUE!"},{"$error":"#VALUE!"},{"$error":"#VALUE!"},{"$error":"#VALUE!"},{"$error":"#VALUE!"},{"$error":"#VALUE!"},{"$error":"#VALUE!"},{"$error":"#VALUE!"},{"$error":"#VALUE!"},{"$error":"#VALUE!"},{"$error":"#VALUE!"},{"$error":"#VALUE!"},{"$f":"(AP33-FF33)*$CP$28","v":{"$error":"#VALUE!"}},{"$f":"SUM(CE33:CP33)","v":{"$error":"#VALUE!"}},{"$f":"SUM(CQ33,System2!CQ33,System3!CQ33)","v":{"$error":"#VALUE!"}},{"$error":"#VALUE!"},{"$error":"#VALUE!"},{"$error":"#VALUE!"},{"$error":"#VALUE!"},{"$error":"#VALUE!"},{"$error":"#VALUE!"},{"$error":"#VALUE!"},{"$error":"#VALUE!"},{"$error":"#VALUE!"},{"$error":"#VALUE!"},{"$error":"#VALUE!"},{"$error":"#VALUE!"},{"$error":"#VALUE!"},{"$error":"#VALUE!"},{"$error":"#VALUE!"},{"$error":"#VALUE!"},{"$error":"#VALUE!"},{"$error":"#VALUE!"},{"$error":"#VALUE!"},{"$error":"#VALUE!"},{"$error":"#VALUE!"},{"$error":"#VALUE!"},{"$error":"#VALUE!"},{"$error":"#VALUE!"},{"$error":"#VALUE!"},{"$f":"SUM(DF33:DQ33)","v":{"$error":"#VALUE!"}},{"$f":"SUM(DR33,System2!DR33,System3!DR33)","v":{"$error":"#VALUE!"}},{"$error":"#VALUE!"},{"$error":"#VALUE!"},0,{"$error":"#VALUE!"},{"$error":"#VALUE!"},{"$error":"#VALUE!"},{"$f":"$DZ$28*GM33","v":{"$error":"#VALUE!"}},0,0,0,0,0,{"$f":"SUM(DT33:EE33)","v":{"$error":"#VALUE!"}},{"$f":"SUM(EF33,System2!EF33,System3!EF33)","v":{"$error":"#VALUE!"}},{"$f":"MIN(EG33,AJ33)","v":{"$error":"#VALUE!"}},{"$f":"IF($EH33,DT33/$EG33,0)","v":{"$error":"#VALUE!"}},{"$f":"IF($EH33,DU33/$EG33,0)","v":{"$error":"#VALUE!"}},{"$f":"IF($EH33,DV33/$EG33,0)","v":{"$error":"#VALUE!"}},{"$f":"IF($EH33,DW33/$EG33,0)","v":{"$error":"#VALUE!"}},{"$f":"IF($EH33,DX33/$EG33,0)","v":{"$error":"#VALUE!"}},{"$f":"IF($EH33,DY33/$EG33,0)","v":{"$error":"#VALUE!"}},{"$f":"IF($EH33,DZ33/$EG33,0)","v":{"$error":"#VALUE!"}},{"$f":"IF($EH33,EA33/$EG33,0)","v":{"$error":"#VALUE!"}},{"$f":"IF($EH33,EB33/$EG33,0)","v":{"$error":"#VALUE!"}},{"$f":"IF($EH33,EC33/$EG33,0)","v":{"$error":"#VALUE!"}},{"$f":"IF($EH33,ED33/$EG33,0)","v":{"$error":"#VALUE!"}},{"$f":"IF($EH33,EE33/$EG33,0)","v":{"$error":"#VALUE!"}},{"$error":"#VALUE!"},{"$error":"#VALUE!"},{"$error":"#VALUE!"},{"$error":"#VALUE!"},{"$error":"#VALUE!"},{"$error":"#VALUE!"},{"$error":"#VALUE!"},{"$error":"#VALUE!"},{"$error":"#VALUE!"},{"$error":"#VALUE!"},{"$error":"#VALUE!"},{"$error":"#VALUE!"},{"$f":"SUM(EU33:FF33)","v":{"$error":"#VALUE!"}},{"$f":"SUM(FG33,System2!FG33,System3!FG33)","v":{"$error":"#VALUE!"}},{"$f":"IF(IF(FI$28>=1,COUNTIF(FI32,\">0\")),0,FI$31)","v":0},{"$f":"IF(OR(D33>AT$28,IF(FJ$28>=3,COUNTIF(FJ32,\">0\")+COUNTIF(D395:D396,\">\"&AT$28)+COUNTIF(D32,\">\"&AT$28),IF(FJ$28=2,COUNTIF(FJ32,\">0\")+COUNTIF(D396,\">\"&AT$28)+COUNTIF(D32,\">\"&AT$28),IF(FJ$28=1,COUNTIF(FJ32,\">0\")+COUNTIF(D32,\">\"&AT$28),0)))),0,FJ$31)","v":0},{"$f":"IF(IF(FK$28>=1,COUNTIF(FK32,\">0\")),0,FK$31)","v":0},{"$f":"IF(OR(D33>AT$28,IF(FL$28>=3,COUNTIF(FL32,\">0\")+COUNTIF(D395:D396,\">\"&AT$28)+COUNTIF(D32,\">\"&AT$28),IF(FL$28=2,COUNTIF(FL32,\">0\")+COUNTIF(D396,\">\"&AT$28)+COUNTIF(D32,\">\"&AT$28),IF(FL$28=1,COUNTIF(FL32,\">0\")+COUNTIF(D32,\">\"&AT$28),0)))),0,FL$31)","v":0},{"$error":"#VALUE!"},{"$error":"#VALUE!"},{"$error":"#VALUE!"},{"$error":"#VALUE!"},{"$error":"#VALUE!"},{"$error":"#VALUE!"},{"$error":"#VALUE!"},{"$error":"#VALUE!"},{"$error":"#VALUE!"},{"$error":"#VALUE!"},{"$f":"ROUNDDOWN(GG33-EU33,0)","v":{"$error":"#VALUE!"}},{"$f":"ROUNDDOWN(GH33-EV33,0)","v":{"$error":"#VALUE!"}},{"$f":"ROUNDDOWN(GI33-EW33,0)","v":{"$error":"#VALUE!"}},{"$f":"ROUNDDOWN(GJ33-EX33,0)","v":{"$error":"#VALUE!"}},{"$f":"ROUNDDOWN(GK33-EY33,0)","v":{"$error":"#VALUE!"}},{"$f":"ROUNDDOWN(GL33-EZ33,0)","v":{"$error":"#VALUE!"}},{"$f":"ROUNDDOWN(GM33-FA33,0)","v":{"$error":"#VALUE!"}},{"$f":"ROUNDDOWN(GN33-FB33,0)","v":{"$error":"#VALUE!"}},{"$f":"ROUNDDOWN(GO33-FC33,0)","v":{"$error":"#VALUE!"}},{"$f":"ROUNDDOWN(GP33-FD33,0)","v":{"$error":"#VALUE!"}},{"$f":"$GG$31*WaterFittings!BO8","v":{"$error":"#VALUE!"}},{"$f":"$GH$31*WaterFittings!BP8","v":{"$error":"#VALUE!"}},{"$f":"$GI$31*WaterFittings!BQ8","v":0},{"$f":"GJ$31*AirCond!BD7","v":{"$error":"#VALUE!"}},{"$f":"GK$31*AirCond!BE7","v":{"$error":"#VALUE!"}},{"$f":"GL$31*AirCond!BF7","v":{"$error":"#VALUE!"}},{"$f":"GM$31*AirCond!BG7","v":{"$error":"#VALUE!"}},{"$f":"GN$31*WaterFittings!BS8","v":0},{"$f":"GO$31*WaterFittings!BT8","v":0},{"$f":"GP$31*WaterFittings!BU8","v":0}]
[null,null,3,0,0,{"$error":"#VALUE!"},{"$error":"#VALUE!"},{"$error":"#VALUE!"},{"$error":"#VALUE!"},{"$f":"ROUNDDOWN(BY34*BQ34,0)","v":{"$error":"#VALUE!"}},{"$f":"ROUNDDOWN(BZ34*BQ34,0)","v":{"$error":"#VALUE!"}},{"$f":"ROUNDDOWN(CA34*BQ34,0)","v":{"$error":"#VALUE!"}},{"$error":"#VALUE!"},{"$f":"ROUNDDOWN(SUM(BR34:BT34)*BQ34,0)","v":{"$error":"#VALUE!"}},{"$error":"#VALUE!"},null,{"$error":"#VALUE!"},{"$error":"#VALUE!"},{"$error":"#VALUE!"},{"$error":"#VALUE!"},{"$error":"#VALUE!"},null,{"$error":"#VALUE!"},{"$error":"#VALUE!"},{"$error":"#VALUE!"},{"$error":"#VALUE!"},{"$error":"#VALUE!"},null,3,{"$f":"SUM(SUMPRODUCT(AF$20:AJ$20,Q34:U34),SUMPRODUCT(AF$20:AJ$20,System2!Q34:U34),SUMPRODUCT(AF$20:AJ$20,System3!Q34:U34))","v":{"$error":"#VALUE!"}},{"$f":"SUM(SUMPRODUCT(AF$21:AJ$21,W34:AA34),SUMPRODUCT(AF$21:AJ$21,System2!W34:AA34),SUMPRODUCT(AF$21:AJ$21,System3!W34:AA34))","v":{"$error":"#VALUE!"}},{"$f":"WaterFittings!BN9","v":{"$error":"#VALUE!"}},{"$error":"#VALUE!"},{"$error":"#VALUE!"},{"$f":"MIN(AirCond!BL8,P$21)","v":0},{"$error":"#VALUE!"},{"$f":"MIN(ROUNDDOWN(AJ34-FH34,0),ROUNDDOWN(P$21*0.3,0),ROUNDDOWN(SUM(SUMPRODUCT(I$4:I$15,L$4:L$15),SUMPRODUCT(System2!I$4:I$15,System2!L$4:L$15),SUMPRODUCT(System3!I$4:I$15,System3!L$4:L$15))*0.3,0))","v":{"$error":"#VALUE!"}},0,{"$error":"#VALUE!"},{"$f":"ROUNDDOWN(FE34,0)","v":{"$error":"#VALUE!"}},{"$error":"#VALUE!"},0,{"$error":"#VALUE!"},{"$error":"#VALUE!"},{"$error":"#VALUE!"},0,null,null,null,{"$f":"IF(IF(AX$28>=2,COUNTIF(AX32:AX33,\">0\"),IF(AX$28=1,COUNTIF(AX33,\">0\"))),0,AX$31)","v":0},{"$f":"IF(OR(D34>AT$28,IF(AY$28>=3,COUNTIF(AY32:AY33,\">0\")+COUNTIF(D396,\">\"&AT$28)+COUNTIF(D32:D33,\">\"&AT$28),IF(AY$28=2,COUNTIF(AY32:AY33,\">0\")+COUNTIF(D32:D33,\">\"&AT$28),IF(AY$28=1,COUNTIF(AY33,\">0\")+COUNTIF(D33,\">\"&AT$28),0)))),0,AY$31)","v":0},{"$f":"IF(IF(AZ$28>=2,COUNTIF(AZ32:AZ33,\">0\"),IF(AZ$28=1,COUNTIF(AZ33,\">0\"))),0,AZ$31)","v":0},{"$f":"IF(OR(D34>AT$28,IF(BA$28>=3,COUNTIF(BA32:BA33,\">0\")+COUNTIF(D396,\">\"&AT$28)+COUNTIF(D32:D33,\">\"&AT$28),IF(BA$28=2,COUNTIF(BA32:BA33,\">0\")+COUNTIF(D32:D33,\">\"&AT$28),IF(BA$28=1,COUNTIF(BA33,\">0\")+COUNTIF(D33,\">\"&AT$28),0)))),0,BA$31)","v":0},null,{"$error":"#VALUE!"},{"$error":"#VALUE!"},{"$error":"#VALUE!"},{"$error":"#VALUE!"},{"$error":"#VALUE!"},{"$error":"#VALUE!"},{"$error":"#VALUE!"},{"$error":"#VALUE!"},{"$error":"#VALUE!"},0,{"$error":"#VALUE!"},{"$error":"#VALUE!"},{"$error":"#VALUE!"},{"$error":"#VALUE!"},{"$error":"#VALUE!"},{"$error":"#VALUE!"},{"$error":"#VALUE!"},{"$error":"#VALUE!"},{"$error":"#VALUE!"},{"$error":"#VALUE!"},{"$error":"#VALUE!"},{"$error":"#VALUE!"},{"$error":"#VALUE!"},{"$error":"#VALUE!"},{"$error":"#VALUE!"},{"$error":"#VALUE!"},{"$error":"#VALUE!"},{"$error":"#VALUE!"},{"$error":"#VALUE!"},{"$error":"#VALUE!"},{"$error":"#VALUE!"},{"$error":"#VALUE!"},{"$error":"#VALUE!"},{"$error":"#VALUE!"},{"$error":"#VALUE!"},{"$error":"#VALUE!"},{"$error":"#VALUE!"},{"$error":"#VALUE!"},{"$error":"#VALUE!"},{"$error":"#VALUE!"},{"$f":"SUM(CE34:CP34)","v":{"$error":"#VALUE!"}},{"$f":"SUM(CQ34,System2!CQ34,System3!CQ34)","v":{"$error":"#VALUE!"}},{"$error":"#VALUE!"},{"$error":"#VALUE!"},{"$error":"#VALUE!"},{"$error":"#VALUE!"},{"$error":"#VALUE!"},{"$error":"#VALUE!"},{"$error":"#VALUE!"},{"$error":"#VALUE!"},{"$error":"#VALUE!"},{"$error":"#VALUE!"},{"$error":"#VALUE!"},{"$error":"#VALUE!"},{"$error":"#VALUE!"},{"$error":"#VALUE!"},{"$error":"#VALUE!"},{"$error":"#VALUE!"},{"$error":"#VALUE!"},{"$error":"#VALUE!"},{"$error":"#VALUE!"},{"$error":"#VALUE!"},{"$error":"#VALUE!"},{"$error":"#VALUE!"},{"$error":"#VALUE!"},{"$error":"#VALUE!"},{"$error":"#VALUE!"},{"$error":"#VALUE!"},{"$f":"SUM(DR34,System2!DR34,System3!DR34)","v":{"$error":"#VALUE!"}},{"$error":"#VALUE!"},{"$error":"#VALUE!"},0,{"$error":"#VALUE!"},{"$error":"#VALUE!"},{"$error":"#VALUE!"},{"$error":"#VALUE!"},0,0,0,0,0,{"$error":"#VALUE!"},{"$f":"SUM(EF34,System2!EF34,System3!EF34)","v":{"$error":"#VALUE!"}},{"$error":"#VALUE!"},{"$error":"#VALUE!"},{"$error":"#VALUE!"},{"$error":"#VALUE!"},{"$error":"#VALUE!"},{"$error":"#VALUE!"},{"$error":"#VALUE!"},{"$error":"#VALUE!"},{"$error":"#VALUE!"},{"$error":"#VALUE!"},{"$error":"#VALUE!"},{"$error":"#VALUE!"},{"$error":"#VALUE!"},{"$error":"#VALUE!"},{"$error":"#VALUE!"},{"$error":"#VALUE!"},{"$error":"#VALUE!"},{"$error":"#VALUE!"},{"$error":"#VALUE!"},{"$error":"#VALUE!"},{"$error":"#VALUE!"},{"$error":"#VALUE!"},{"$error":"#VALUE!"},{"$error":"#VALUE!"},{"$error":"#VALUE!"},{"$error":"#VALUE!"},{"$f":"SUM(FG34,System2!FG34,System3!FG34)","v":{"$error":"#VALUE!"}},{"$f":"IF(IF(FI$28>=2,COUNTIF(FI32:FI33,\">0\"),IF(FI$28=1,COUNTIF(FI33,\">0\"))),0,FI$31)","v":0},{"$f":"IF(OR(D34>AT$28,IF(FJ$28>=3,COUNTIF(FJ32:FJ33,\">0\")+COUNTIF(D396,\">\"&AT$28)+COUNTIF(D32:D33,\">\"&AT$28),IF(FJ$28=2,COUNTIF(FJ32:FJ33,\">0\")+COUNTIF(D32:D33,\">\"&AT$28),IF(FJ$28=1,COUNTIF(FJ33,\">0\")+COUNTIF(D33,\">\"&AT$28),0)))),0,FJ$31)","v":0},{"$f":"IF(IF(FK$28>=2,COUNTIF(FK32:FK33,\">0\"),IF(FK$28=1,COUNTIF(FK33,\">0\"))),0,FK$31)","v":0},{"$f":"IF(OR(D34>AT$28,IF(FL$28>=3,COUNTIF(FL32:FL33,\">0\")+COUNTIF(D396,\">\"&AT$28)+COUNTIF(D32:D33,\">\"&AT$28),IF(FL$28=2,COUNTIF(FL32:FL33,\">0\")+COUNTIF(D32:D33,\">\"&AT$28),IF(FL$28=1,COUNTIF(FL33,\">0\")+COUNTIF(D33,\">\"&AT$28),0)))),0,FL$31)","v":0},{"$error":"#VALUE!"},{"$error":"#VALUE!"},{"$error":"#VALUE!"},{"$error":"#VALUE!"},{"$error":"#VALUE!"},{"$error":"#VALUE!"},{"$error":"#VALUE!"},{"$error":"#VALUE!"},{"$error":"#VALUE!"},{"$error":"#VALUE!"},{"$error":"#VALUE!"},{"$error":"#VALUE!"},{"$error":"#VALUE!"},{"$error":"#VALUE!"},{"$error":"#VALUE!"},{"$error":"#VALUE!"},{"$error":"#VALUE!"},{"$error":"#VALUE!"},{"$error":"#VALUE!"},{"$error":"#VALUE!"},{"$f":"$GG$31*WaterFittings!BO9","v":{"$error":"#VALUE!"}},{"$f":"$GH$31*WaterFittings!BP9","v":{"$error":"#VALUE!"}},{"$f":"$GI$31*WaterFittings!BQ9","v":0},{"$f":"GJ$31*AirCond!BD8","v":{"$error":"#VALUE!"}},{"$f":"GK$31*AirCond!BE8","v":{"$error":"#VALUE!"}},{"$f":"GL$31*AirCond!BF8","v":{"$error":"#VALUE!"}},{"$f":"GM$31*AirCond!BG8","v":{"$error":"#VALUE!"}},{"$f":"GN$31*WaterFittings!BS9","v":0},{"$f":"GO$31*WaterFittings!BT9","v":0},{"$f":"GP$31*WaterFittings!BU9","v":0}]
[null,null,4,0,0,{"$error":"#VALUE!"},{"$error":"#VALUE!"},{"$error":"#VALUE!"},{"$error":"#VALUE!"},{"$f":"ROUNDDOWN(BY35*BQ35,0)","v":{"$error":"#VALUE!"}},{"$f":"ROUNDDOWN(BZ35*BQ35,0)","v":{"$error":"#VALUE!"}},{"$f":"ROUNDDOWN(CA35*BQ35,0)","v":{"$error":"#VALUE!"}},{"$error":"#VALUE!"},{"$f":"ROUNDDOWN(SUM(BR35:BT35)*BQ35,0)","v":{"$error":"#VALUE!"}},{"$error":"#VALUE!"},null,{"$error":"#VALUE!"},{"$error":"#VALUE!"},{"$error":"#VALUE!"},{"$error":"#VALUE!"},{"$error":"#VALUE!"},null,{"$error":"#VALUE!"},{"$error":"#VALUE!"},{"$error":"#VALUE!"},{"$error":"#VALUE!"},{"$error":"#VALUE!"},null,4,{"$f":"SUM(SUMPRODUCT(AF$20:AJ$20,Q35:U35),SUMPRODUCT(AF$20:AJ$20,System2!Q35:U35),SUMPRODUCT(AF$20:AJ$20,System3!Q35:U35))","v":{"$error":"#VALUE!"}},{"$f":"SUM(SUMPRODUCT(AF$21:AJ$21,W35:AA35),SUMPRODUCT(AF$21:AJ$21,System2!W35:AA35),SUMPRODUCT(AF$21:AJ$21,System3!W35:AA35))","v":{"$error":"#VALUE!"}},{"$f":"WaterFittings!BN10","v":{"$error":"#VALUE!"}},{"$error":"#VALUE!"},{"$error":"#VALUE!"},{"$f":"MIN(AirCond!BL9,P$21)","v":0},{"$error":"#VALUE!"},{"$f":"MIN(ROUNDDOWN(AJ35-FH35,0),ROUNDDOWN(P$21*0.3,0),ROUNDDOWN(SUM(SUMPRODUCT(I$4:I$15,L$4:L$15),SUMPRODUCT(System2!I$4:I$15,System2!L$4:L$15),SUMPRODUCT(System3!I$4:I$15,System3!L$4:L$15))*0.3,0))","v":{"$error":"#VALUE!"}},0,{"$error":"#VALUE!"},{"$error":"#VALUE!"},{"$error":"#VALUE!"},0,{"$error":"#VALUE!"},{"$error":"#VALUE!"},{"$error":"#VALUE!"},0,null,null,null,{"$f":"IF(IF(AX$28>=3,COUNTIF(AX32:AX34,\">0\"),IF(AX$28=2,COUNTIF(AX33:AX34,\">0\"),IF(AX$28=1,COUNTIF(AX34,\">0\")))),0,AX$31)","v":0},{"$f":"IF(OR(D35>AT$28,IF(AY$28>=3,COUNTIF(AY32:AY34,\">0\")+COUNTIF(D32:D34,\">\"&AT$28),IF(AY$28=2,COUNTIF(AY33:AY34,\">0\")+COUNTIF(D33:D34,\">\"&AT$28),IF(AY$28=1,COUNTIF(AY34,\">0\")+COUNTIF(D34,\">\"&AT$28),0)))),0,AY$31)","v":0},{"$f":"IF(IF(AZ$28>=3,COUNTIF(AZ32:AZ34,\">0\"),IF(AZ$28=2,COUNTIF(AZ33:AZ34,\">0\"),IF(AZ$28=1,COUNTIF(AZ34,\">0\")))),0,AZ$31)","v":0},{"$f":"IF(OR(D35>AT$28,IF(BA$28>=3,COUNTIF(BA32:BA34,\">0\")+COUNTIF(D32:D34,\">\"&AT$28),IF(BA$28=2,COUNTIF(BA33:BA34,\">0\")+COUNTIF(D33:D34,\">\"&AT$28),IF(BA$28=1,COUNTIF(BA34,\">0\")+COUNTIF(D34,\">\"&AT$28),0)))),0,BA$31)","v":0},null,{"$error":"#VALUE!"},{"$error":"#VALUE!"},{"$error":"#VALUE!"},{"$error":"#VALUE!"},{"$error":"#VALUE!"},{"$error":"#VALUE!"},{"$error":"#VALUE!"},{"$error":"#VALUE!"},{"$error":"#VALUE!"},0,{"$error":"#VALUE!"},{"$error":"#VALUE!"},{"$error":"#VALUE!"},{"$error":"#VALUE!"},{"$error":"#VALUE!"},{"$error":"#VALUE!"},{"$error":"#VALUE!"},{"$error":"#VALUE!"},{"$error":"#VALUE!"},{"$error":"#VALUE!"},{"$error":"#VALUE!"},{"$error":"#VALUE!"},{"$error":"#VALUE!"},{"$error":"#VALUE!"},{"$error":"#VALUE!"},{"$error":"#VALUE!"},{"$error":"#VALUE!"},{"$error":"#VALUE!"},{"$error":"#VALUE!"},{"$error":"#VALUE!"},{"$error":"#VALUE!"},{"$error":"#VALUE!"},{"$error":"#VALUE!"},{"$error":"#VALUE!"},{"$error":"#VALUE!"},{"$error":"#VALUE!"},{"$error":"#VALUE!"},{"$error":"#VALUE!"},{"$error":"#VALUE!"},{"$error":"#VALUE!"},{"$f":"SUM(CE35:CP35)","v":{"$error":"#VALUE!"}},{"$f":"SUM(CQ35,System2!CQ35,System3!CQ35)","v":{"$error":"#VALUE!"}},{"$error":"#VALUE!"},{"$error":"#VALUE!"},{"$error":"#VALUE!"},{"$error":"#VALUE!"},{"$error":"#VALUE!"},{"$error":"#VALUE!"},{"$error":"#VALUE!"},{"$error":"#VALUE!"},{"$error":"#VALUE!"},{"$error":"#VALUE!"},{"$error":"#VALUE!"},{"$error":"#VALUE!"},{"$error":"#VALUE!"},{"$error":"#VALUE!"},{"$error":"#VALUE!"},{"$error":"#VALUE!"},{"$error":"#VALUE!"},{"$error":"#VALUE!"},{"$error":"#VALUE!"},{"$error":"#VALUE!"},{"$error":"#VALUE!"},{"$error":"#VALUE!"},{"$error":"#VALUE!"},{"$error":"#VALUE!"},{"$error":"#VALUE!"},{"$error":"#VALUE!"},{"$f":"SUM(DR35,System2!DR35,System3!DR35)","v":{"$error":"#VALUE!"}},{"$error":"#VALUE!"},{"$error":"#VALUE!"},0,{"$error":"#VALUE!"},{"$error":"#VALUE!"},{"$error":"#VALUE!"},{"$error":"#VALUE!"},0,0,0,0,0,{"$error":"#VALUE!"},{"$f":"SUM(EF35,System2!EF35,System3!EF35)","v":{"$error":"#VALUE!"}},{"$error":"#VALUE!"},{"$error":"#VALUE!"},{"$error":"#VALUE!"},{"$error":"#VALUE!"},{"$error":"#VALUE!"},{"$error":"#VALUE!"},{"$error":"#VALUE!"},{"$error":"#VALUE!"},{"$error":"#VALUE!"},{"$error":"#VALUE!"},{"$error":"#VALUE!"},{"$error":"#VALUE!"},{"$error":"#VALUE!"},{"$error":"#VALUE!"},{"$error":"#VALUE!"},{"$error":"#VALUE!"},{"$error":"#VALUE!"},{"$error":"#VALUE!"},{"$error":"#VALUE!"},{"$error":"#VALUE!"},{"$error":"#VALUE!"},{"$error":"#VALUE!"},{"$error":"#VALUE!"},{"$error":"#VALUE!"},{"$error":"#VALUE!"},{"$error":"#VALUE!"},{"$f":"SUM(FG35,System2!FG35,System3!FG35)","v":{"$error":"#VALUE!"}},{"$f":"IF(IF(FI$28>=3,COUNTIF(FI32:FI34,\">0\"),IF(FI$28=2,COUNTIF(FI33:FI34,\">0\"),IF(FI$28=1,COUNTIF(FI34,\">0\")))),0,FI$31)","v":0},{"$f":"IF(OR(D35>AT$28,IF(FJ$28>=3,COUNTIF(FJ32:FJ34,\">0\")+COUNTIF(D32:D34,\">\"&AT$28),IF(FJ$28=2,COUNTIF(FJ33:FJ34,\">0\")+COUNTIF(D33:D34,\">\"&AT$28),IF(FJ$28=1,COUNTIF(FJ34,\">0\")+COUNTIF(D34,\">\"&AT$28),0)))),0,FJ$31)","v":0},0,{"$f":"IF(OR(D35>AT$28,IF(FL$28>=3,COUNTIF(FL32:FL34,\">0\")+COUNTIF(D32:D34,\">\"&AT$28),IF(FL$28=2,COUNTIF(FL33:FL34,\">0\")+COUNTIF(D33:D34,\">\"&AT$28),IF(FL$28=1,COUNTIF(FL34,\">0\")+COUNTIF(D34,\">\"&AT$28),0)))),0,FL$31)","v":0},{"$error":"#VALUE!"},{"$error":"#VALUE!"},{"$error":"#VALUE!"},{"$error":"#VALUE!"},{"$error":"#VALUE!"},{"$error":"#VALUE!"},{"$error":"#VALUE!"},{"$error":"#VALUE!"},{"$error":"#VALUE!"},{"$error":"#VALUE!"},{"$error":"#VALUE!"},{"$error":"#VALUE!"},{"$error":"#VALUE!"},{"$error":"#VALUE!"},{"$error":"#VALUE!"},{"$error":"#VALUE!"},{"$error":"#VALUE!"},{"$error":"#VALUE!"},{"$error":"#VALUE!"},{"$error":"#VALUE!"},{"$f":"$GG$31*WaterFittings!BO10","v":{"$error":"#VALUE!"}},{"$f":"$GH$31*WaterFittings!BP10","v":{"$error":"#VALUE!"}},{"$f":"$GI$31*WaterFittings!BQ10","v":0},{"$f":"GJ$31*AirCond!BD9","v":{"$error":"#VALUE!"}},{"$f":"GK$31*AirCond!BE9","v":{"$error":"#VALUE!"}},{"$f":"GL$31*AirCond!BF9","v":{"$error":"#VALUE!"}},{"$f":"GM$31*AirCond!BG9","v":{"$error":"#VALUE!"}},{"$f":"GN$31*WaterFittings!BS10","v":0},{"$f":"GO$31*WaterFittings!BT10","v":0},{"$f":"GP$31*WaterFittings!BU10","v":0}]
[null,null,5,0,0,{"$error":"#VALUE!"},{"$error":"#VALUE!"},{"$error":"#VALUE!"},{"$error":"#VALUE!"},{"$error":"#VALUE!"},{"$error":"#VALUE!"},{"$error":"#VALUE!"},{"$error":"#VALUE!"},{"$error":"#VALUE!"},{"$error":"#VALUE!"},null,{"$error":"#VALUE!"},{"$error":"#VALUE!"},{"$error":"#VALUE!"},{"$error":"#VALUE!"},{"$error":"#VALUE!"},null,{"$error":"#VALUE!"},{"$error":"#VALUE!"},{"$error":"#VALUE!"},{"$error":"#VALUE!"},{"$error":"#VALUE!"},null,5,{"$f":"SUM(SUMPRODUCT(AF$20:AJ$20,Q36:U36),SUMPRODUCT(AF$20:AJ$20,System2!Q36:U36),SUMPRODUCT(AF$20:AJ$20,System3!Q36:U36))","v":{"$error":"#VALUE!"}},{"$f":"SUM(SUMPRODUCT(AF$21:AJ$21,W36:AA36),SUMPRODUCT(AF$21:AJ$21,System2!W36:AA36),SUMPRODUCT(AF$21:AJ$21,System3!W36:AA36))","v":{"$error":"#VALUE!"}},{"$f":"WaterFittings!BN11","v":{"$error":"#VALUE!"}},{"$error":"#VALUE!"},{"$error":"#VALUE!"},{"$f":"MIN(AirCond!BL10,P$21)","v":0},{"$error":"#VALUE!"},{"$f":"MIN(ROUNDDOWN(AJ36-FH36,0),ROUNDDOWN(P$21*0.3,0),ROUNDDOWN(SUM(SUMPRODUCT(I$4:I$15,L$4:L$15),SUMPRODUCT(System2!I$4:I$15,System2!L$4:L$15),SUMPRODUCT(System3!I$4:I$15,System3!L$4:L$15))*0.3,0))","v":{"$error":"#VALUE!"}},0,{"$error":"#VALUE!"},{"$error":"#VALUE!"},{"$error":"#VALUE!"},0,{"$error":"#VALUE!"},{"$error":"#VALUE!"},{"$error":"#VALUE!"},0,null,null,null,0,0,0,0,null,{"$error":"#VALUE!"},{"$error":"#VALUE!"},{"$error":"#VALUE!"},{"$error":"#VALUE!"},{"$error":"#VALUE!"},{"$error":"#VALUE!"},{"$error":"#VALUE!"},{"$error":"#VALUE!"},{"$error":"#VALUE!"},0,{"$error":"#VALUE!"},{"$error":"#VALUE!"},{"$error":"#VALUE!"},{"$error":"#VALUE!"},{"$error":"#VALUE!"},{"$error":"#VALUE!"},{"$error":"#VALUE!"},{"$error":"#VALUE!"},{"$error":"#VALUE!"},{"$error":"#VALUE!"},{"$error":"#VALUE!"},{"$error":"#VALUE!"},{"$error":"#VALUE!"},{"$error":"#VALUE!"},{"$error":"#VALUE!"},{"$error":"#VALUE!"},{"$error":"#VALUE!"},{"$error":"#VALUE!"},{"$error":"#VALUE!"},{"$error":"#VALUE!"},{"$error":"#VALUE!"},{"$error":"#VALUE!"},{"$error":"#VALUE!"},{"$error":"#VALUE!"},{"$error":"#VALUE!"},{"$error":"#VALUE!"},{"$error":"#VALUE!"},{"$error":"#VALUE!"},{"$error":"#VALUE!"},{"$error":"#VALUE!"},{"$error":"#VALUE!"},{"$f":"SUM(CQ36,System2!CQ36,System3!CQ36)","v":{"$error":"#VALUE!"}},{"$error":"#VALUE!"},{"$error":"#VALUE!"},{"$error":"#VALUE!"},{"$error":"#VALUE!"},{"$error":"#VALUE!"},{"$error":"#VALUE!"},{"$error":"#VALUE!"},{"$error":"#VALUE!"},{"$error":"#VALUE!"},{"$error":"#VALUE!"},{"$error":"#VALUE!"},{"$error":"#VALUE!"},{"$error":"#VALUE!"},{"$error":"#VALUE!"},{"$error":"#VALUE!"},{"$error":"#VALUE!"},{"$error":"#VALUE!"},{"$error":"#VALUE!"},{"$error":"#VALUE!"},{"$error":"#VALUE!"},{"$error":"#VALUE!"},{"$error":"#VALUE!"},{"$error":"#VALUE!"},{"$error":"#VALUE!"},{"$error":"#VALUE!"},{"$error":"#VALUE!"},{"$f":"SUM(DR36,System2!DR36,System3!DR36)","v":{"$error":"#VALUE!"}},{"$error":"#VALUE!"},{"$error":"#VALUE!"},0,{"$error":"#VALUE!"},{"$error":"#VALUE!"},{"$error":"#VALUE!"},{"$error":"#VALUE!"},0,0,0,0,0,{"$error":"#VALUE!"},{"$f":"SUM(EF36,System2!EF36,System3!EF36)","v":{"$error":"#VALUE!"}},{"$error":"#VALUE!"},{"$error":"#VALUE!"},{"$error":"#VALUE!"},{"$error":"#VALUE!"},{"$error":"#VALUE!"},{"$error":"#VALUE!"},{"$error":"#VALUE!"},{"$error":"#VALUE!"},{"$error":"#VALUE!"},{"$error":"#VALUE!"},{"$error":"#VALUE!"},{"$error":"#VALUE!"},{"$error":"#VALUE!"},{"$error":"#VALUE!"},{"$error":"#VALUE!"},{"$error":"#VALUE!"},{"$error":"#VALUE!"},{"$error":"#VALUE!"},{"$error":"#VALUE!"},{"$error":"#VALUE!"},{"$error":"#VALUE!"},{"$error":"#VALUE!"},{"$error":"#VALUE!"},{"$error":"#VALUE!"},{"$error":"#VALUE!"},{"$error":"#VALUE!"},{"$f":"SUM(FG36,System2!FG36,System3!FG36)","v":{"$error":"#VALUE!"}},0,0,0,0,{"$error":"#VALUE!"},{"$error":"#VALUE!"},{"$error":"#VALUE!"},{"$error":"#VALUE!"},{"$error":"#VALUE!"},{"$error":"#VALUE!"},{"$error":"#VALUE!"},{"$error":"#VALUE!"},{"$error":"#VALUE!"},{"$error":"#VALUE!"},{"$error":"#VALUE!"},{"$error":"#VALUE!"},{"$error":"#VALUE!"},{"$error":"#VALUE!"},{"$error":"#VALUE!"},{"$error":"#VALUE!"},{"$error":"#VALUE!"},{"$error":"#VALUE!"},{"$error":"#VALUE!"},{"$error":"#VALUE!"},{"$f":"$GG$31*WaterFittings!BO11","v":{"$error":"#VALUE!"}},{"$f":"$GH$31*WaterFittings!BP11","v":{"$error":"#VALUE!"}},{"$f":"$GI$31*WaterFittings!BQ11","v":0},{"$f":"GJ$31*AirCond!BD10","v":{"$error":"#VALUE!"}},{"$f":"GK$31*AirCond!BE10","v":{"$error":"#VALUE!"}},{"$f":"GL$31*AirCond!BF10","v":{"$error":"#VALUE!"}},{"$f":"GM$31*AirCond!BG10","v":{"$error":"#VALUE!"}},{"$f":"GN$31*WaterFittings!BS11","v":0},{"$f":"GO$31*WaterFittings!BT11","v":0},{"$f":"GP$31*WaterFittings!BU11","v":0}]
[null,null,6,42.5,0,{"$error":"#VALUE!"},{"$error":"#VALUE!"},{"$error":"#VALUE!"},{"$error":"#VALUE!"},{"$error":"#VALUE!"},{"$error":"#VALUE!"},{"$error":"#VALUE!"},{"$error":"#VALUE!"},{"$error":"#VALUE!"},{"$error":"#VALUE!"},null,{"$error":"#VALUE!"},{"$error":"#VALUE!"},{"$error":"#VALUE!"},{"$error":"#VALUE!"},{"$error":"#VALUE!"},null,{"$error":"#VALUE!"},{"$error":"#VALUE!"},{"$error":"#VALUE!"},{"$error":"#VALUE!"},{"$error":"#VALUE!"},null,6,{"$f":"SUM(SUMPRODUCT(AF$20:AJ$20,Q37:U37),SUMPRODUCT(AF$20:AJ$20,System2!Q37:U37),SUMPRODUCT(AF$20:AJ$20,System3!Q37:U37))","v":{"$error":"#VALUE!"}},{"$f":"SUM(SUMPRODUCT(AF$21:AJ$21,W37:AA37),SUMPRODUCT(AF$21:AJ$21,System2!W37:AA37),SUMPRODUCT(AF$21:AJ$21,System3!W37:AA37))","v":{"$error":"#VALUE!"}},{"$f":"WaterFittings!BN12","v":{"$error":"#VALUE!"}},{"$error":"#VALUE!"},{"$error":"#VALUE!"},{"$f":"MIN(AirCond!BL11,P$21)","v":0},{"$error":"#VALUE!"},{"$f":"MIN(ROUNDDOWN(AJ37-FH37,0),ROUNDDOWN(P$21*0.3,0),ROUNDDOWN(SUM(SUMPRODUCT(I$4:I$15,L$4:L$15),SUMPRODUCT(System2!I$4:I$15,System2!L$4:L$15),SUMPRODUCT(System3!I$4:I$15,System3!L$4:L$15))*0.3,0))","v":{"$error":"#VALUE!"}},0,{"$error":"#VALUE!"},{"$error":"#VALUE!"},{"$error":"#VALUE!"},0,{"$error":"#VALUE!"},{"$error":"#VALUE!"},{"$error":"#VALUE!"},0,null,null,null,0,0,0,0,null,{"$error":"#VALUE!"},{"$error":"#VALUE!"},{"$error":"#VALUE!"},{"$error":"#VALUE!"},{"$error":"#VALUE!"},{"$error":"#VALUE!"},{"$error":"#VALUE!"},{"$error":"#VALUE!"},{"$error":"#VALUE!"},0,{"$error":"#VALUE!"},{"$error":"#VALUE!"},{"$error":"#VALUE!"},{"$error":"#VALUE!"},{"$error":"#VALUE!"},{"$error":"#VALUE!"},{"$error":"#VALUE!"},{"$error":"#VALUE!"},{"$error":"#VALUE!"},{"$error":"#VALUE!"},{"$error":"#VALUE!"},{"$error":"#VALUE!"},{"$error":"#VALUE!"},{"$error":"#VALUE!"},{"$error":"#VALUE!"},{"$error":"#VALUE!"},{"$error":"#VALUE!"},{"$error":"#VALUE!"},{"$error":"#VALUE!"},{"$error":"#VALUE!"},{"$error":"#VALUE!"},{"$error":"#VALUE!"},{"$error":"#VALUE!"},{"$error":"#VALUE!"},{"$error":"#VALUE!"},{"$error":"#VALUE!"},{"$error":"#VALUE!"},{"$error":"#VALUE!"},{"$error":"#VALUE!"},{"$error":"#VALUE!"},{"$error":"#VALUE!"},{"$f":"SUM(CQ37,System2!CQ37,System3!CQ37)","v":{"$error":"#VALUE!"}},{"$error":"#VALUE!"},{"$error":"#VALUE!"},{"$error":"#VALUE!"},{"$error":"#VALUE!"},{"$error":"#VALUE!"},{"$error":"#VALUE!"},{"$error":"#VALUE!"},{"$error":"#VALUE!"},{"$error":"#VALUE!"},{"$error":"#VALUE!"},{"$error":"#VALUE!"},{"$error":"#VALUE!"},{"$error":"#VALUE!"},{"$error":"#VALUE!"},{"$error":"#VALUE!"},{"$error":"#VALUE!"},{"$error":"#VALUE!"},{"$error":"#VALUE!"},{"$error":"#VALUE!"},{"$error":"#VALUE!"},{"$error":"#VALUE!"},{"$error":"#VALUE!"},{"$error":"#VALUE!"},{"$error":"#VALUE!"},{"$error":"#VALUE!"},{"$error":"#VALUE!"},{"$f":"SUM(DR37,System2!DR37,System3!DR37)","v":{"$error":"#VALUE!"}},{"$error":"#VALUE!"},{"$error":"#VALUE!"},0,{"$error":"#VALUE!"},{"$error":"#VALUE!"},{"$error":"#VALUE!"},{"$error":"#VALUE!"},0,0,0,0,0,{"$error":"#VALUE!"},{"$f":"SUM(EF37,System2!EF37,System3!EF37)","v":{"$error":"#VALUE!"}},{"$error":"#VALUE!"},{"$error":"#VALUE!"},{"$error":"#VALUE!"},{"$error":"#VALUE!"},{"$error":"#VALUE!"},{"$error":"#VALUE!"},{"$error":"#VALUE!"},{"$error":"#VALUE!"},{"$error":"#VALUE!"},{"$error":"#VALUE!"},{"$error":"#VALUE!"},{"$error":"#VALUE!"},{"$error":"#VALUE!"},{"$error":"#VALUE!"},{"$error":"#VALUE!"},{"$error":"#VALUE!"},{"$error":"#VALUE!"},{"$error":"#VALUE!"},{"$error":"#VALUE!"},{"$error":"#VALUE!"},{"$error":"#VALUE!"},{"$error":"#VALUE!"},{"$error":"#VALUE!"},{"$error":"#VALUE!"},{"$error":"#VALUE!"},{"$error":"#VALUE!"},{"$f":"SUM(FG37,System2!FG37,System3!FG37)","v":{"$error":"#VALUE!"}},0,0,0,0,{"$error":"#VALUE!"},{"$error":"#VALUE!"},{"$error":"#VALUE!"},{"$error":"#VALUE!"},{"$error":"#VALUE!"},{"$error":"#VALUE!"},{"$error":"#VALUE!"},{"$error":"#VALUE!"},{"$error":"#VALUE!"},{"$error":"#VALUE!"},{"$error":"#VALUE!"},{"$error":"#VALUE!"},{"$error":"#VALUE!"},{"$error":"#VALUE!"},{"$error":"#VALUE!"},{"$error":"#VALUE!"},{"$error":"#VALUE!"},{"$error":"#VALUE!"},{"$error":"#VALUE!"},{"$error":"#VALUE!"},{"$f":"$GG$31*WaterFittings!BO12","v":{"$error":"#VALUE!"}},{"$f":"$GH$31*WaterFittings!BP12","v":{"$error":"#VALUE!"}},{"$f":"$GI$31*WaterFittings!BQ12","v":0},{"$f":"GJ$31*AirCond!BD11","v":{"$error":"#VALUE!"}},{"$f":"GK$31*AirCond!BE11","v":{"$error":"#VALUE!"}},{"$f":"GL$31*AirCond!BF11","v":{"$error":"#VALUE!"}},{"$f":"GM$31*AirCond!BG11","v":{"$error":"#VALUE!"}},{"$f":"GN$31*WaterFittings!BS12","v":0},{"$f":"GO$31*WaterFittings!BT12","v":0},{"$f":"GP$31*WaterFittings!BU12","v":0}]
[null,null,7,17.5,0,{"$error":"#VALUE!"},{"$error":"#VALUE!"},{"$error":"#VALUE!"},{"$error":"#VALUE!"},{"$error":"#VALUE!"},{"$error":"#VALUE!"},{"$error":"#VALUE!"},{"$error":"#VALUE!"},{"$error":"#VALUE!"},{"$error":"#VALUE!"},null,{"$error":"#VALUE!"},{"$error":"#VALUE!"},{"$error":"#VALUE!"},{"$error":"#VALUE!"},{"$error":"#VALUE!"},null,{"$error":"#VALUE!"},{"$error":"#VALUE!"},{"$error":"#VALUE!"},{"$error":"#VALUE!"},{"$error":"#VALUE!"},null,7,{"$f":"SUM(SUMPRODUCT(AF$20:AJ$20,Q38:U38),SUMPRODUCT(AF$20:AJ$20,System2!Q38:U38),SUMPRODUCT(AF$20:AJ$20,System3!Q38:U38))","v":{"$error":"#VALUE!"}},{"$f":"SUM(SUMPRODUCT(AF$21:AJ$21,W38:AA38),SUMPRODUCT(AF$21:AJ$21,System2!W38:AA38),SUMPRODUCT(AF$21:AJ$21,System3!W38:AA38))","v":{"$error":"#VALUE!"}},{"$f":"WaterFittings!BN13","v":{"$error":"#VALUE!"}},{"$error":"#VALUE!"},{"$error":"#VALUE!"},{"$f":"MIN(AirCond!BL12,P$21)","v":0},{"$error":"#VALUE!"},{"$f":"MIN(ROUNDDOWN(AJ38-FH38,0),ROUNDDOWN(P$21*0.3,0),ROUNDDOWN(SUM(SUMPRODUCT(I$4:I$15,L$4:L$15),SUMPRODUCT(System2!I$4:I$15,System2!L$4:L$15),SUMPRODUCT(System3!I$4:I$15,System3!L$4:L$15))*0.3,0))","v":{"$error":"#VALUE!"}},0,{"$error":"#VALUE!"},{"$error":"#VALUE!"},{"$error":"#VALUE!"},0,{"$error":"#VALUE!"},{"$error":"#VALUE!"},{"$error":"#VALUE!"},0,null,null,null,0,0,0,0,null,{"$error":"#VALUE!"},{"$error":"#VALUE!"},{"$error":"#VALUE!"},{"$error":"#VALUE!"},{"$error":"#VALUE!"},{"$error":"#VALUE!"},{"$error":"#VALUE!"},{"$error":"#VALUE!"},{"$error":"#VALUE!"},0,{"$error":"#VALUE!"},{"$error":"#VALUE!"},{"$error":"#VALUE!"},{"$error":"#VALUE!"},{"$error":"#VALUE!"},{"$error":"#VALUE!"},{"$error":"#VALUE!"},{"$error":"#VALUE!"},{"$error":"#VALUE!"},{"$error":"#VALUE!"},{"$error":"#VALUE!"},{"$error":"#VALUE!"},{"$error":"#VALUE!"},{"$error":"#VALUE!"},{"$error":"#VALUE!"},{"$error":"#VALUE!"},{"$error":"#VALUE!"},{"$error":"#VALUE!"},{"$error":"#VALUE!"},{"$error":"#VALUE!"},{"$error":"#VALUE!"},{"$error":"#VALUE!"},{"$error":"#VALUE!"},{"$error":"#VALUE!"},{"$error":"#VALUE!"},{"$error":"#VALUE!"},{"$error":"#VALUE!"},{"$error":"#VALUE!"},{"$error":"#VALUE!"},{"$error":"#VALUE!"},{"$error":"#VALUE!"},{"$f":"SUM(CQ38,System2!CQ38,System3!CQ38)","v":{"$error":"#VALUE!"}},{"$error":"#VALUE!"},{"$error":"#VALUE!"},{"$error":"#VALUE!"},{"$error":"#VALUE!"},{"$error":"#VALUE!"},{"$error":"#VALUE!"},{"$error":"#VALUE!"},{"$error":"#VALUE!"},{"$error":"#VALUE!"},{"$error":"#VALUE!"},{"$error":"#VALUE!"},{"$error":"#VALUE!"},{"$error":"#VALUE!"},{"$error":"#VALUE!"},{"$error":"#VALUE!"},{"$error":"#VALUE!"},{"$error":"#VALUE!"},{"$error":"#VALUE!"},{"$error":"#VALUE!"},{"$error":"#VALUE!"},{"$error":"#VALUE!"},{"$error":"#VALUE!"},{"$error":"#VALUE!"},{"$error":"#VALUE!"},{"$error":"#VALUE!"},{"$error":"#VALUE!"},{"$f":"SUM(DR38,System2!DR38,System3!DR38)","v":{"$error":"#VALUE!"}},{"$error":"#VALUE!"},{"$error":"#VALUE!"},0,{"$error":"#VALUE!"},{"$error":"#VALUE!"},{"$error":"#VALUE!"},{"$error":"#VALUE!"},0,0,0,0,0,{"$error":"#VALUE!"},{"$f":"SUM(EF38,System2!EF38,System3!EF38)","v":{"$error":"#VALUE!"}},{"$error":"#VALUE!"},{"$error":"#VALUE!"},{"$error":"#VALUE!"},{"$error":"#VALUE!"},{"$error":"#VALUE!"},{"$error":"#VALUE!"},{"$error":"#VALUE!"},{"$error":"#VALUE!"},{"$error":"#VALUE!"},{"$error":"#VALUE!"},{"$error":"#VALUE!"},{"$error":"#VALUE!"},{"$error":"#VALUE!"},{"$error":"#VALUE!"},{"$error":"#VALUE!"},{"$error":"#VALUE!"},{"$error":"#VALUE!"},{"$error":"#VALUE!"},{"$error":"#VALUE!"},{"$error":"#VALUE!"},{"$error":"#VALUE!"},{"$error":"#VALUE!"},{"$error":"#VALUE!"},{"$error":"#VALUE!"},{"$error":"#VALUE!"},{"$error":"#VALUE!"},{"$f":"SUM(FG38,System2!FG38,System3!FG38)","v":{"$error":"#VALUE!"}},0,0,0,0,{"$error":"#VALUE!"},{"$error":"#VALUE!"},{"$error":"#VALUE!"},{"$error":"#VALUE!"},{"$error":"#VALUE!"},{"$error":"#VALUE!"},{"$error":"#VALUE!"},{"$error":"#VALUE!"},{"$error":"#VALUE!"},{"$error":"#VALUE!"},{"$error":"#VALUE!"},{"$error":"#VALUE!"},{"$error":"#VALUE!"},{"$error":"#VALUE!"},{"$error":"#VALUE!"},{"$error":"#VALUE!"},{"$error":"#VALUE!"},{"$error":"#VALUE!"},{"$error":"#VALUE!"},{"$error":"#VALUE!"},{"$f":"$GG$31*WaterFittings!BO13","v":{"$error":"#VALUE!"}},{"$f":"$GH$31*WaterFittings!BP13","v":{"$error":"#VALUE!"}},{"$f":"$GI$31*WaterFittings!BQ13","v":0},{"$f":"GJ$31*AirCond!BD12","v":{"$error":"#VALUE!"}},{"$f":"GK$31*AirCond!BE12","v":{"$error":"#VALUE!"}},{"$f":"GL$31*AirCond!BF12","v":{"$error":"#VALUE!"}},{"$f":"GM$31*AirCond!BG12","v":{"$error":"#VALUE!"}},{"$f":"GN$31*WaterFittings!BS13","v":0},{"$f":"GO$31*WaterFittings!BT13","v":0},{"$f":"GP$31*WaterFittings!BU13","v":0}]
[null,null,8,63,0,{"$error":"#VALUE!"},{"$error":"#VALUE!"},{"$error":"#VALUE!"},{"$error":"#VALUE!"},{"$error":"#VALUE!"},{"$error":"#VALUE!"},{"$error":"#VALUE!"},{"$error":"#VALUE!"},{"$error":"#VALUE!"},{"$error":"#VALUE!"},null,{"$error":"#VALUE!"},{"$error":"#VALUE!"},{"$error":"#VALUE!"},{"$error":"#VALUE!"},{"$error":"#VALUE!"},null,{"$error":"#VALUE!"},{"$error":"#VALUE!"},{"$error":"#VALUE!"},{"$error":"#VALUE!"},{"$f":"ROUNDDOWN(FF39,0)","v":{"$error":"#VALUE!"}},null,8,{"$f":"SUM(SUMPRODUCT(AF$20:AJ$20,Q39:U39),SUMPRODUCT(AF$20:AJ$20,System2!Q39:U39),SUMPRODUCT(AF$20:AJ$20,System3!Q39:U39))","v":{"$error":"#VALUE!"}},{"$f":"SUM(SUMPRODUCT(AF$21:AJ$21,W39:AA39),SUMPRODUCT(AF$21:AJ$21,System2!W39:AA39),SUMPRODUCT(AF$21:AJ$21,System3!W39:AA39))","v":{"$error":"#VALUE!"}},{"$f":"WaterFittings!BN14","v":{"$error":"#VALUE!"}},{"$error":"#VALUE!"},{"$error":"#VALUE!"},{"$f":"MIN(AirCond!BL13,P$21)","v":0},{"$error":"#VALUE!"},{"$f":"MIN(ROUNDDOWN(AJ39-FH39,0),ROUNDDOWN(P$21*0.3,0),ROUNDDOWN(SUM(SUMPRODUCT(I$4:I$15,L$4:L$15),SUMPRODUCT(System2!I$4:I$15,System2!L$4:L$15),SUMPRODUCT(System3!I$4:I$15,System3!L$4:L$15))*0.3,0))","v":{"$error":"#VALUE!"}},0,{"$error":"#VALUE!"},{"$error":"#VALUE!"},{"$error":"#VALUE!"},0,{"$error":"#VALUE!"},{"$error":"#VALUE!"},{"$error":"#VALUE!"},0,null,null,null,0,0,0,0,null,{"$error":"#VALUE!"},{"$error":"#VALUE!"},{"$error":"#VALUE!"},{"$error":"#VALUE!"},{"$error":"#VALUE!"},{"$error":"#VALUE!"},{"$error":"#VALUE!"},{"$error":"#VALUE!"},{"$error":"#VALUE!"},0,{"$error":"#VALUE!"},{"$error":"#VALUE!"},{"$error":"#VALUE!"},{"$error":"#VALUE!"},{"$error":"#VALUE!"},{"$error":"#VALUE!"},{"$error":"#VALUE!"},{"$error":"#VALUE!"},{"$error":"#VALUE!"},{"$error":"#VALUE!"},{"$error":"#VALUE!"},{"$error":"#VALUE!"},{"$error":"#VALUE!"},{"$error":"#VALUE!"},{"$error":"#VALUE!"},{"$error":"#VALUE!"},{"$error":"#VALUE!"},{"$error":"#VALUE!"},{"$error":"#VALUE!"},{"$error":"#VALUE!"},{"$error":"#VALUE!"},{"$error":"#VALUE!"},{"$error":"#VALUE!"},{"$error":"#VALUE!"},{"$error":"#VALUE!"},{"$error":"#VALUE!"},{"$error":"#VALUE!"},{"$error":"#VALUE!"},{"$error":"#VALUE!"},{"$error":"#VALUE!"},{"$error":"#VALUE!"},{"$f":"SUM(CQ39,System2!CQ39,System3!CQ39)","v":{"$error":"#VALUE!"}},{"$error":"#VALUE!"},{"$error":"#VALUE!"},{"$error":"#VALUE!"},{"$error":"#VALUE!"},{"$error":"#VALUE!"},{"$error":"#VALUE!"},{"$error":"#VALUE!"},{"$error":"#VALUE!"},{"$error":"#VALUE!"},{"$error":"#VALUE!"},{"$error":"#VALUE!"},{"$error":"#VALUE!"},{"$error":"#VALUE!"},{"$error":"#VALUE!"},{"$error":"#VALUE!"},{"$error":"#VALUE!"},{"$error":"#VALUE!"},{"$error":"#VALUE!"},{"$error":"#VALUE!"},{"$error":"#VALUE!"},{"$error":"#VALUE!"},{"$error":"#VALUE!"},{"$error":"#VALUE!"},{"$error":"#VALUE!"},{"$error":"#VALUE!"},{"$error":"#VALUE!"},{"$f":"SUM(DR39,System2!DR39,System3!DR39)","v":{"$error":"#VALUE!"}},{"$error":"#VALUE!"},{"$error":"#VALUE!"},0,{"$error":"#VALUE!"},{"$error":"#VALUE!"},{"$error":"#VALUE!"},{"$error":"#VALUE!"},0,0,0,0,0,{"$error":"#VALUE!"},{"$f":"SUM(EF39,System2!EF39,System3!EF39)","v":{"$error":"#VALUE!"}},{"$error":"#VALUE!"},{"$error":"#VALUE!"},{"$error":"#VALUE!"},{"$error":"#VALUE!"},{"$error":"#VALUE!"},{"$error":"#VALUE!"},{"$error":"#VALUE!"},{"$error":"#VALUE!"},{"$error":"#VALUE!"},{"$error":"#VALUE!"},{"$error":"#VALUE!"},{"$error":"#VALUE!"},{"$error":"#VALUE!"},{"$error":"#VALUE!"},{"$error":"#VALUE!"},{"$error":"#VALUE!"},{"$error":"#VALUE!"},{"$error":"#VALUE!"},{"$error":"#VALUE!"},{"$error":"#VALUE!"},{"$error":"#VALUE!"},{"$error":"#VALUE!"},{"$error":"#VALUE!"},{"$error":"#VALUE!"},{"$error":"#VALUE!"},{"$error":"#VALUE!"},{"$f":"SUM(FG39,System2!FG39,System3!FG39)","v":{"$error":"#VALUE!"}},0,0,0,0,{"$error":"#VALUE!"},{"$error":"#VALUE!"},{"$error":"#VALUE!"},{"$error":"#VALUE!"},{"$error":"#VALUE!"},{"$error":"#VALUE!"},{"$error":"#VALUE!"},{"$error":"#VALUE!"},{"$error":"#VALUE!"},{"$error":"#VALUE!"},{"$error":"#VALUE!"},{"$error":"#VALUE!"},{"$error":"#VALUE!"},{"$error":"#VALUE!"},{"$error":"#VALUE!"},{"$error":"#VALUE!"},{"$error":"#VALUE!"},{"$error":"#VALUE!"},{"$error":"#VALUE!"},{"$error":"#VALUE!"},{"$f":"$GG$31*WaterFittings!BO14","v":{"$error":"#VALUE!"}},{"$f":"$GH$31*WaterFittings!BP14","v":{"$error":"#VALUE!"}},{"$f":"$GI$31*WaterFittings!BQ14","v":0},{"$f":"GJ$31*AirCond!BD13","v":{"$error":"#VALUE!"}},{"$f":"GK$31*AirCond!BE13","v":{"$error":"#VALUE!"}},{"$f":"GL$31*AirCond!BF13","v":{"$error":"#VALUE!"}},{"$f":"GM$31*AirCond!BG13","v":{"$error":"#VALUE!"}},{"$f":"GN$31*WaterFittings!BS14","v":0},{"$f":"GO$31*WaterFittings!BT14","v":0},{"$f":"GP$31*WaterFittings!BU14","v":0}]
[null,null,9,0,0,{"$error":"#VALUE!"},{"$error":"#VALUE!"},{"$error":"#VALUE!"},{"$error":"#VALUE!"},{"$error":"#VALUE!"},{"$error":"#VALUE!"},{"$error":"#VALUE!"},{"$error":"#VALUE!"},{"$error":"#VALUE!"},{"$error":"#VALUE!"},null,{"$error":"#VALUE!"},{"$error":"#VALUE!"},{"$error":"#VALUE!"},{"$error":"#VALUE!"},{"$error":"#VALUE!"},null,{"$error":"#VALUE!"},{"$error":"#VALUE!"},{"$error":"#VALUE!"},{"$error":"#VALUE!"},{"$error":"#VALUE!"},null,9,{"$f":"SUM(SUMPRODUCT(AF$20:AJ$20,Q40:U40),SUMPRODUCT(AF$20:AJ$20,System2!Q40:U40),SUMPRODUCT(AF$20:AJ$20,System3!Q40:U40))","v":{"$error":"#VALUE!"}},{"$f":"SUM(SUMPRODUCT(AF$21:AJ$21,W40:AA40),SUMPRODUCT(AF$21:AJ$21,System2!W40:AA40),SUMPRODUCT(AF$21:AJ$21,System3!W40:AA40))","v":{"$error":"#VALUE!"}},{"$f":"WaterFittings!BN15","v":{"$error":"#VALUE!"}},{"$error":"#VALUE!"},{"$error":"#VALUE!"},{"$f":"MIN(AirCond!BL14,P$21)","v":0},{"$error":"#VALUE!"},{"$f":"MIN(ROUNDDOWN(AJ40-FH40,0),ROUNDDOWN(P$21*0.3,0),ROUNDDOWN(SUM(SUMPRODUCT(I$4:I$15,L$4:L$15),SUMPRODUCT(System2!I$4:I$15,System2!L$4:L$15),SUMPRODUCT(System3!I$4:I$15,System3!L$4:L$15))*0.3,0))","v":{"$error":"#VALUE!"}},0,{"$error":"#VALUE!"},{"$error":"#VALUE!"},{"$error":"#VALUE!"},0,{"$error":"#VALUE!"},{"$error":"#VALUE!"},{"$error":"#VALUE!"},0,null,null,null,0,0,0,0,null,{"$error":"#VALUE!"},{"$error":"#VALUE!"},{"$error":"#VALUE!"},{"$error":"#VALUE!"},{"$error":"#VALUE!"},{"$error":"#VALUE!"},{"$error":"#VALUE!"},{"$error":"#VALUE!"},{"$error":"#VALUE!"},0,{"$error":"#VALUE!"},{"$error":"#VALUE!"},{"$error":"#VALUE!"},{"$error":"#VALUE!"},{"$error":"#VALUE!"},{"$error":"#VALUE!"},{"$error":"#VALUE!"},{"$error":"#VALUE!"},{"$error":"#VALUE!"},{"$error":"#VALUE!"},{"$error":"#VALUE!"},{"$error":"#VALUE!"},{"$error":"#VALUE!"},{"$error":"#VALUE!"},{"$error":"#VALUE!"},{"$error":"#VALUE!"},{"$error":"#VALUE!"},{"$error":"#VALUE!"},{"$error":"#VALUE!"},{"$error":"#VALUE!"},{"$error":"#VALUE!"},{"$error":"#VALUE!"},{"$error":"#VALUE!"},{"$error":"#VALUE!"},{"$error":"#VALUE!"},{"$error":"#VALUE!"},{"$error":"#VALUE!"},{"$error":"#VALUE!"},{"$error":"#VALUE!"},{"$error":"#VALUE!"},{"$error":"#VALUE!"},{"$f":"SUM(CQ40,System2!CQ40,System3!CQ40)","v":{"$error":"#VALUE!"}},{"$error":"#VALUE!"},{"$error":"#VALUE!"},{"$error":"#VALUE!"},{"$error":"#VALUE!"},{"$error":"#VALUE!"},{"$error":"#VALUE!"},{"$error":"#VALUE!"},{"$error":"#VALUE!"},{"$error":"#VALUE!"},{"$error":"#VALUE!"},{"$error":"#VALUE!"},{"$error":"#VALUE!"},{"$error":"#VALUE!"},{"$error":"#VALUE!"},{"$error":"#VALUE!"},{"$error":"#VALUE!"},{"$error":"#VALUE!"},{"$error":"#VALUE!"},{"$error":"#VALUE!"},{"$error":"#VALUE!"},{"$error":"#VALUE!"},{"$error":"#VALUE!"},{"$error":"#VALUE!"},{"$error":"#VALUE!"},{"$error":"#VALUE!"},{"$error":"#VALUE!"},{"$f":"SUM(DR40,System2!DR40,System3!DR40)","v":{"$error":"#VALUE!"}},{"$error":"#VALUE!"},{"$error":"#VALUE!"},0,{"$error":"#VALUE!"},{"$error":"#VALUE!"},{"$error":"#VALUE!"},{"$error":"#VALUE!"},0,0,0,0,0,{"$error":"#VALUE!"},{"$f":"SUM(EF40,System2!EF40,System3!EF40)","v":{"$error":"#VALUE!"}},{"$error":"#VALUE!"},{"$error":"#VALUE!"},{"$error":"#VALUE!"},{"$error":"#VALUE!"},{"$error":"#VALUE!"},{"$error":"#VALUE!"},{"$error":"#VALUE!"},{"$error":"#VALUE!"},{"$error":"#VALUE!"},{"$error":"#VALUE!"},{"$error":"#VALUE!"},{"$error":"#VALUE!"},{"$error":"#VALUE!"},{"$error":"#VALUE!"},{"$error":"#VALUE!"},{"$error":"#VALUE!"},{"$error":"#VALUE!"},{"$error":"#VALUE!"},{"$error":"#VALUE!"},{"$error":"#VALUE!"},{"$error":"#VALUE!"},{"$error":"#VALUE!"},{"$error":"#VALUE!"},{"$error":"#VALUE!"},{"$error":"#VALUE!"},{"$error":"#VALUE!"},{"$f":"SUM(FG40,System2!FG40,System3!FG40)","v":{"$error":"#VALUE!"}},0,0,0,0,{"$error":"#VALUE!"},{"$error":"#VALUE!"},{"$error":"#VALUE!"},{"$error":"#VALUE!"},{"$error":"#VALUE!"},{"$error":"#VALUE!"},{"$error":"#VALUE!"},{"$error":"#VALUE!"},{"$error":"#VALUE!"},{"$error":"#VALUE!"},{"$error":"#VALUE!"},{"$error":"#VALUE!"},{"$error":"#VALUE!"},{"$error":"#VALUE!"},{"$error":"#VALUE!"},{"$error":"#VALUE!"},{"$error":"#VALUE!"},{"$error":"#VALUE!"},{"$error":"#VALUE!"},{"$error":"#VALUE!"},{"$f":"$GG$31*WaterFittings!BO15","v":{"$error":"#VALUE!"}},{"$f":"$GH$31*WaterFittings!BP15","v":{"$error":"#VALUE!"}},{"$f":"$GI$31*WaterFittings!BQ15","v":0},{"$f":"GJ$31*AirCond!BD14","v":{"$error":"#VALUE!"}},{"$f":"GK$31*AirCond!BE14","v":{"$error":"#VALUE!"}},{"$f":"GL$31*AirCond!BF14","v":{"$error":"#VALUE!"}},{"$f":"GM$31*AirCond!BG14","v":{"$error":"#VALUE!"}},{"$f":"GN$31*WaterFittings!BS15","v":0},{"$f":"GO$31*WaterFittings!BT15","v":0},{"$f":"GP$31*WaterFittings!BU15","v":0}]
[null,null,10,0,0,{"$error":"#VALUE!"},{"$error":"#VALUE!"},{"$error":"#VALUE!"},{"$error":"#VALUE!"},{"$error":"#VALUE!"},{"$error":"#VALUE!"},{"$error":"#VALUE!"},{"$error":"#VALUE!"},{"$error":"#VALUE!"},{"$error":"#VALUE!"},null,{"$error":"#VALUE!"},{"$error":"#VALUE!"},{"$error":"#VALUE!"},{"$error":"#VALUE!"},{"$error":"#VALUE!"},null,{"$error":"#VALUE!"},{"$error":"#VALUE!"},{"$error":"#VALUE!"},{"$error":"#VALUE!"},{"$error":"#VALUE!"},null,10,{"$f":"SUM(SUMPRODUCT(AF$20:AJ$20,Q41:U41),SUMPRODUCT(AF$20:AJ$20,System2!Q41:U41),SUMPRODUCT(AF$20:AJ$20,System3!Q41:U41))","v":{"$error":"#VALUE!"}},{"$f":"SUM(SUMPRODUCT(AF$21:AJ$21,W41:AA41),SUMPRODUCT(AF$21:AJ$21,System2!W41:AA41),SUMPRODUCT(AF$21:AJ$21,System3!W41:AA41))","v":{"$error":"#VALUE!"}},{"$f":"WaterFittings!BN16","v":{"$error":"#VALUE!"}},{"$error":"#VALUE!"},{"$error":"#VALUE!"},{"$f":"MIN(AirCond!BL15,P$21)","v":0},{"$error":"#VALUE!"},{"$f":"MIN(ROUNDDOWN(AJ41-FH41,0),ROUNDDOWN(P$21*0.3,0),ROUNDDOWN(SUM(SUMPRODUCT(I$4:I$15,L$4:L$15),SUMPRODUCT(System2!I$4:I$15,System2!L$4:L$15),SUMPRODUCT(System3!I$4:I$15,System3!L$4:L$15))*0.3,0))","v":{"$error":"#VALUE!"}},0,{"$error":"#VALUE!"},{"$error":"#VALUE!"},{"$error":"#VALUE!"},0,{"$error":"#VALUE!"},{"$error":"#VALUE!"},{"$error":"#VALUE!"},0,null,null,null,0,0,0,0,null,{"$error":"#VALUE!"},{"$error":"#VALUE!"},{"$error":"#VALUE!"},{"$error":"#VALUE!"},{"$error":"#VALUE!"},{"$error":"#VALUE!"},{"$error":"#VALUE!"},{"$error":"#VALUE!"},{"$error":"#VALUE!"},0,{"$error":"#VALUE!"},{"$error":"#VALUE!"},{"$error":"#VALUE!"},{"$error":"#VALUE!"},{"$error":"#VALUE!"},{"$error":"#VALUE!"},{"$error":"#VALUE!"},{"$error":"#VALUE!"},{"$error":"#VALUE!"},{"$error":"#VALUE!"},{"$error":"#VALUE!"},{"$error":"#VALUE!"},{"$error":"#VALUE!"},{"$error":"#VALUE!"},{"$error":"#VALUE!"},{"$error":"#VALUE!"},{"$error":"#VALUE!"},{"$error":"#VALUE!"},{"$error":"#VALUE!"},{"$error":"#VALUE!"},{"$error":"#VALUE!"},{"$error":"#VALUE!"},{"$error":"#VALUE!"},{"$error":"#VALUE!"},{"$error":"#VALUE!"},{"$error":"#VALUE!"},{"$error":"#VALUE!"},{"$error":"#VALUE!"},{"$error":"#VALUE!"},{"$error":"#VALUE!"},{"$error":"#VALUE!"},{"$f":"SUM(CQ41,System2!CQ41,System3!CQ41)","v":{"$error":"#VALUE!"}},{"$error":"#VALUE!"},{"$error":"#VALUE!"},{"$error":"#VALUE!"},{"$error":"#VALUE!"},{"$error":"#VALUE!"},{"$error":"#VALUE!"},{"$error":"#VALUE!"},{"$error":"#VALUE!"},{"$error":"#VALUE!"},{"$error":"#VALUE!"},{"$error":"#VALUE!"},{"$error":"#VALUE!"},{"$error":"#VALUE!"},{"$error":"#VALUE!"},{"$error":"#VALUE!"},{"$error":"#VALUE!"},{"$error":"#VALUE!"},{"$error":"#VALUE!"},{"$error":"#VALUE!"},{"$error":"#VALUE!"},{"$error":"#VALUE!"},{"$error":"#VALUE!"},{"$error":"#VALUE!"},{"$error":"#VALUE!"},{"$error":"#VALUE!"},{"$error":"#VALUE!"},{"$f":"SUM(DR41,System2!DR41,System3!DR41)","v":{"$error":"#VALUE!"}},{"$error":"#VALUE!"},{"$error":"#VALUE!"},0,{"$error":"#VALUE!"},{"$error":"#VALUE!"},{"$error":"#VALUE!"},{"$error":"#VALUE!"},0,0,0,0,0,{"$error":"#VALUE!"},{"$f":"SUM(EF41,System2!EF41,System3!EF41)","v":{"$error":"#VALUE!"}},{"$error":"#VALUE!"},{"$error":"#VALUE!"},{"$error":"#VALUE!"},{"$error":"#VALUE!"},{"$error":"#VALUE!"},{"$error":"#VALUE!"},{"$error":"#VALUE!"},{"$error":"#VALUE!"},{"$error":"#VALUE!"},{"$error":"#VALUE!"},{"$error":"#VALUE!"},{"$error":"#VALUE!"},{"$error":"#VALUE!"},{"$error":"#VALUE!"},{"$error":"#VALUE!"},{"$error":"#VALUE!"},{"$error":"#VALUE!"},{"$error":"#VALUE!"},{"$error":"#VALUE!"},{"$error":"#VALUE!"},{"$error":"#VALUE!"},{"$error":"#VALUE!"},{"$error":"#VALUE!"},{"$error":"#VALUE!"},{"$error":"#VALUE!"},{"$error":"#VALUE!"},{"$f":"SUM(FG41,System2!FG41,System3!FG41)","v":{"$error":"#VALUE!"}},0,0,0,0,{"$error":"#VALUE!"},{"$error":"#VALUE!"},{"$error":"#VALUE!"},{"$error":"#VALUE!"},{"$error":"#VALUE!"},{"$error":"#VALUE!"},{"$error":"#VALUE!"},{"$error":"#VALUE!"},{"$error":"#VALUE!"},{"$error":"#VALUE!"},{"$error":"#VALUE!"},{"$error":"#VALUE!"},{"$error":"#VALUE!"},{"$error":"#VALUE!"},{"$error":"#VALUE!"},{"$error":"#VALUE!"},{"$error":"#VALUE!"},{"$error":"#VALUE!"},{"$error":"#VALUE!"},{"$error":"#VALUE!"},{"$f":"$GG$31*WaterFittings!BO16","v":{"$error":"#VALUE!"}},{"$f":"$GH$31*WaterFittings!BP16","v":{"$error":"#VALUE!"}},{"$f":"$GI$31*WaterFittings!BQ16","v":0},{"$f":"GJ$31*AirCond!BD15","v":{"$error":"#VALUE!"}},{"$f":"GK$31*AirCond!BE15","v":{"$error":"#VALUE!"}},{"$f":"GL$31*AirCond!BF15","v":{"$error":"#VALUE!"}},{"$f":"GM$31*AirCond!BG15","v":{"$error":"#VALUE!"}},{"$f":"GN$31*WaterFittings!BS16","v":0},{"$f":"GO$31*WaterFittings!BT16","v":0},{"$f":"GP$31*WaterFittings!BU16","v":0}]
[null,null,11,0,0,{"$error":"#VALUE!"},{"$error":"#VALUE!"},{"$error":"#VALUE!"},{"$error":"#VALUE!"},{"$error":"#VALUE!"},{"$error":"#VALUE!"},{"$error":"#VALUE!"},{"$error":"#VALUE!"},{"$error":"#VALUE!"},{"$error":"#VALUE!"},null,{"$error":"#VALUE!"},{"$error":"#VALUE!"},{"$error":"#VALUE!"},{"$error":"#VALUE!"},{"$error":"#VALUE!"},null,{"$error":"#VALUE!"},{"$error":"#VALUE!"},{"$error":"#VALUE!"},{"$error":"#VALUE!"},{"$error":"#VALUE!"},null,11,{"$f":"SUM(SUMPRODUCT(AF$20:AJ$20,Q42:U42),SUMPRODUCT(AF$20:AJ$20,System2!Q42:U42),SUMPRODUCT(AF$20:AJ$20,System3!Q42:U42))","v":{"$error":"#VALUE!"}},{"$f":"SUM(SUMPRODUCT(AF$21:AJ$21,W42:AA42),SUMPRODUCT(AF$21:AJ$21,System2!W42:AA42),SUMPRODUCT(AF$21:AJ$21,System3!W42:AA42))","v":{"$error":"#VALUE!"}},{"$f":"WaterFittings!BN17","v":{"$error":"#VALUE!"}},{"$error":"#VALUE!"},{"$error":"#VALUE!"},{"$f":"MIN(AirCond!BL16,P$21)","v":0},{"$error":"#VALUE!"},{"$f":"MIN(ROUNDDOWN(AJ42-FH42,0),ROUNDDOWN(P$21*0.3,0),ROUNDDOWN(SUM(SUMPRODUCT(I$4:I$15,L$4:L$15),SUMPRODUCT(System2!I$4:I$15,System2!L$4:L$15),SUMPRODUCT(System3!I$4:I$15,System3!L$4:L$15))*0.3,0))","v":{"$error":"#VALUE!"}},0,{"$error":"#VALUE!"},{"$error":"#VALUE!"},{"$error":"#VALUE!"},0,{"$error":"#VALUE!"},{"$error":"#VALUE!"},{"$error":"#VALUE!"},0,null,null,null,0,0,0,0,null,{"$error":"#VALUE!"},{"$error":"#VALUE!"},{"$error":"#VALUE!"},{"$error":"#VALUE!"},{"$error":"#VALUE!"},{"$error":"#VALUE!"},{"$error":"#VALUE!"},{"$error":"#VALUE!"},{"$error":"#VALUE!"},0,{"$error":"#VALUE!"},{"$error":"#VALUE!"},{"$error":"#VALUE!"},{"$error":"#VALUE!"},{"$error":"#VALUE!"},{"$error":"#VALUE!"},{"$error":"#VALUE!"},{"$error":"#VALUE!"},{"$error":"#VALUE!"},{"$error":"#VALUE!"},{"$error":"#VALUE!"},{"$error":"#VALUE!"},{"$error":"#VALUE!"},{"$error":"#VALUE!"},{"$error":"#VALUE!"},{"$error":"#VALUE!"},{"$error":"#VALUE!"},{"$error":"#VALUE!"},{"$error":"#VALUE!"},{"$error":"#VALUE!"},{"$error":"#VALUE!"},{"$error":"#VALUE!"},{"$error":"#VALUE!"},{"$error":"#VALUE!"},{"$error":"#VALUE!"},{"$error":"#VALUE!"},{"$error":"#VALUE!"},{"$error":"#VALUE!"},{"$error":"#VALUE!"},{"$error":"#VALUE!"},{"$error":"#VALUE!"},{"$f":"SUM(CQ42,System2!CQ42,System3!CQ42)","v":{"$error":"#VALUE!"}},{"$error":"#VALUE!"},{"$error":"#VALUE!"},{"$error":"#VALUE!"},{"$error":"#VALUE!"},{"$error":"#VALUE!"},{"$error":"#VALUE!"},{"$error":"#VALUE!"},{"$error":"#VALUE!"},{"$error":"#VALUE!"},{"$error":"#VALUE!"},{"$error":"#VALUE!"},{"$error":"#VALUE!"},{"$error":"#VALUE!"},{"$error":"#VALUE!"},{"$error":"#VALUE!"},{"$error":"#VALUE!"},{"$error":"#VALUE!"},{"$error":"#VALUE!"},{"$error":"#VALUE!"},{"$error":"#VALUE!"},{"$error":"#VALUE!"},{"$error":"#VALUE!"},{"$error":"#VALUE!"},{"$error":"#VALUE!"},{"$error":"#VALUE!"},{"$error":"#VALUE!"},{"$f":"SUM(DR42,System2!DR42,System3!DR42)","v":{"$error":"#VALUE!"}},{"$error":"#VALUE!"},{"$error":"#VALUE!"},0,{"$error":"#VALUE!"},{"$error":"#VALUE!"},{"$error":"#VALUE!"},{"$error":"#VALUE!"},0,0,0,0,0,{"$error":"#VALUE!"},{"$f":"SUM(EF42,System2!EF42,System3!EF42)","v":{"$error":"#VALUE!"}},{"$error":"#VALUE!"},{"$error":"#VALUE!"},{"$error":"#VALUE!"},{"$error":"#VALUE!"},{"$error":"#VALUE!"},{"$error":"#VALUE!"},{"$error":"#VALUE!"},{"$error":"#VALUE!"},{"$error":"#VALUE!"},{"$error":"#VALUE!"},{"$error":"#VALUE!"},{"$error":"#VALUE!"},{"$error":"#VALUE!"},{"$error":"#VALUE!"},{"$error":"#VALUE!"},{"$error":"#VALUE!"},{"$error":"#VALUE!"},{"$error":"#VALUE!"},{"$error":"#VALUE!"},{"$error":"#VALUE!"},{"$error":"#VALUE!"},{"$error":"#VALUE!"},{"$error":"#VALUE!"},{"$error":"#VALUE!"},{"$error":"#VALUE!"},{"$f":"SUM(EU42:FF42)","v":{"$error":"#VALUE!"}},{"$f":"SUM(FG42,System2!FG42,System3!FG42)","v":{"$error":"#VALUE!"}},0,0,0,0,{"$error":"#VALUE!"},{"$error":"#VALUE!"},{"$error":"#VALUE!"},{"$error":"#VALUE!"},{"$error":"#VALUE!"},{"$error":"#VALUE!"},{"$error":"#VALUE!"},{"$error":"#VALUE!"},{"$error":"#VALUE!"},{"$error":"#VALUE!"},{"$error":"#VALUE!"},{"$error":"#VALUE!"},{"$error":"#VALUE!"},{"$error":"#VALUE!"},{"$error":"#VALUE!"},{"$error":"#VALUE!"},{"$error":"#VALUE!"},{"$error":"#VALUE!"},{"$error":"#VALUE!"},{"$error":"#VALUE!"},{"$f":"$GG$31*WaterFittings!BO17","v":{"$error":"#VALUE!"}},{"$f":"$GH$31*WaterFittings!BP17","v":{"$error":"#VALUE!"}},{"$f":"$GI$31*WaterFittings!BQ17","v":0},{"$f":"GJ$31*AirCond!BD16","v":{"$error":"#VALUE!"}},{"$f":"GK$31*AirCond!BE16","v":{"$error":"#VALUE!"}},{"$f":"GL$31*AirCond!BF16","v":{"$error":"#VALUE!"}},{"$f":"GM$31*AirCond!BG16","v":{"$error":"#VALUE!"}},{"$f":"GN$31*WaterFittings!BS17","v":0},{"$f":"GO$31*WaterFittings!BT17","v":0},{"$f":"GP$31*WaterFittings!BU17","v":0}]
[null,null,12,0,0,{"$error":"#VALUE!"},{"$error":"#VALUE!"},{"$error":"#VALUE!"},{"$error":"#VALUE!"},{"$error":"#VALUE!"},{"$error":"#VALUE!"},{"$error":"#VALUE!"},{"$error":"#VALUE!"},{"$error":"#VALUE!"},{"$error":"#VALUE!"},null,{"$error":"#VALUE!"},{"$error":"#VALUE!"},{"$error":"#VALUE!"},{"$error":"#VALUE!"},{"$error":"#VALUE!"},null,{"$error":"#VALUE!"},{"$error":"#VALUE!"},{"$error":"#VALUE!"},{"$error":"#VALUE!"},{"$error":"#VALUE!"},null,12,{"$f":"SUM(SUMPRODUCT(AF$20:AJ$20,Q43:U43),SUMPRODUCT(AF$20:AJ$20,System2!Q43:U43),SUMPRODUCT(AF$20:AJ$20,System3!Q43:U43))","v":{"$error":"#VALUE!"}},{"$f":"SUM(SUMPRODUCT(AF$21:AJ$21,W43:AA43),SUMPRODUCT(AF$21:AJ$21,System2!W43:AA43),SUMPRODUCT(AF$21:AJ$21,System3!W43:AA43))","v":{"$error":"#VALUE!"}},{"$f":"WaterFittings!BN18","v":{"$error":"#VALUE!"}},{"$error":"#VALUE!"},{"$error":"#VALUE!"},{"$f":"MIN(AirCond!BL17,P$21)","v":0},{"$error":"#VALUE!"},{"$f":"MIN(ROUNDDOWN(AJ43-FH43,0),ROUNDDOWN(P$21*0.3,0),ROUNDDOWN(SUM(SUMPRODUCT(I$4:I$15,L$4:L$15),SUMPRODUCT(System2!I$4:I$15,System2!L$4:L$15),SUMPRODUCT(System3!I$4:I$15,System3!L$4:L$15))*0.3,0))","v":{"$error":"#VALUE!"}},0,{"$error":"#VALUE!"},{"$error":"#VALUE!"},{"$error":"#VALUE!"},0,{"$error":"#VALUE!"},{"$error":"#VALUE!"},{"$error":"#VALUE!"},0,null,null,null,0,0,0,0,null,{"$error":"#VALUE!"},{"$error":"#VALUE!"},{"$error":"#VALUE!"},{"$error":"#VALUE!"},{"$error":"#VALUE!"},{"$error":"#VALUE!"},{"$error":"#VALUE!"},{"$error":"#VALUE!"},{"$error":"#VALUE!"},0,{"$error":"#VALUE!"},{"$error":"#VALUE!"},{"$error":"#VALUE!"},{"$error":"#VALUE!"},{"$error":"#VALUE!"},{"$error":"#VALUE!"},{"$error":"#VALUE!"},{"$error":"#VALUE!"},{"$error":"#VALUE!"},{"$error":"#VALUE!"},{"$error":"#VALUE!"},{"$error":"#VALUE!"},{"$error":"#VALUE!"},{"$error":"#VALUE!"},{"$error":"#VALUE!"},{"$error":"#VALUE!"},{"$error":"#VALUE!"},{"$error":"#VALUE!"},{"$error":"#VALUE!"},{"$error":"#VALUE!"},{"$error":"#VALUE!"},{"$error":"#VALUE!"},{"$error":"#VALUE!"},{"$error":"#VALUE!"},{"$error":"#VALUE!"},{"$error":"#VALUE!"},{"$error":"#VALUE!"},{"$error":"#VALUE!"},{"$error":"#VALUE!"},{"$error":"#VALUE!"},{"$error":"#VALUE!"},{"$f":"SUM(CQ43,System2!CQ43,System3!CQ43)","v":{"$error":"#VALUE!"}},{"$error":"#VALUE!"},{"$error":"#VALUE!"},{"$error":"#VALUE!"},{"$error":"#VALUE!"},{"$error":"#VALUE!"},{"$error":"#VALUE!"},{"$error":"#VALUE!"},{"$error":"#VALUE!"},{"$error":"#VALUE!"},{"$error":"#VALUE!"},{"$error":"#VALUE!"},{"$error":"#VALUE!"},{"$error":"#VALUE!"},{"$error":"#VALUE!"},{"$error":"#VALUE!"},{"$error":"#VALUE!"},{"$error":"#VALUE!"},{"$error":"#VALUE!"},{"$error":"#VALUE!"},{"$error":"#VALUE!"},{"$error":"#VALUE!"},{"$error":"#VALUE!"},{"$error":"#VALUE!"},{"$error":"#VALUE!"},{"$error":"#VALUE!"},{"$error":"#VALUE!"},{"$f":"SUM(DR43,System2!DR43,System3!DR43)","v":{"$error":"#VALUE!"}},{"$error":"#VALUE!"},{"$error":"#VALUE!"},0,{"$error":"#VALUE!"},{"$error":"#VALUE!"},{"$error":"#VALUE!"},{"$error":"#VALUE!"},0,0,0,0,0,{"$error":"#VALUE!"},{"$f":"SUM(EF43,System2!EF43,System3!EF43)","v":{"$error":"#VALUE!"}},{"$error":"#VALUE!"},{"$error":"#VALUE!"},{"$error":"#VALUE!"},{"$error":"#VALUE!"},{"$error":"#VALUE!"},{"$error":"#VALUE!"},{"$error":"#VALUE!"},{"$error":"#VALUE!"},{"$error":"#VALUE!"},{"$error":"#VALUE!"},{"$error":"#VALUE!"},{"$error":"#VALUE!"},{"$error":"#VALUE!"},{"$error":"#VALUE!"},{"$error":"#VALUE!"},{"$error":"#VALUE!"},{"$error":"#VALUE!"},{"$error":"#VALUE!"},{"$error":"#VALUE!"},{"$error":"#VALUE!"},{"$error":"#VALUE!"},{"$error":"#VALUE!"},{"$error":"#VALUE!"},{"$error":"#VALUE!"},{"$error":"#VALUE!"},{"$error":"#VALUE!"},{"$f":"SUM(FG43,System2!FG43,System3!FG43)","v":{"$error":"#VALUE!"}},0,0,0,0,{"$error":"#VALUE!"},{"$error":"#VALUE!"},{"$error":"#VALUE!"},{"$error":"#VALUE!"},{"$error":"#VALUE!"},{"$error":"#VALUE!"},{"$error":"#VALUE!"},{"$error":"#VALUE!"},{"$error":"#VALUE!"},{"$error":"#VALUE!"},{"$error":"#VALUE!"},{"$error":"#VALUE!"},{"$error":"#VALUE!"},{"$error":"#VALUE!"},{"$error":"#VALUE!"},{"$error":"#VALUE!"},{"$error":"#VALUE!"},{"$error":"#VALUE!"},{"$error":"#VALUE!"},{"$error":"#VALUE!"},{"$f":"$GG$31*WaterFittings!BO18","v":{"$error":"#VALUE!"}},{"$f":"$GH$31*WaterFittings!BP18","v":{"$error":"#VALUE!"}},{"$f":"$GI$31*WaterFittings!BQ18","v":0},{"$f":"GJ$31*AirCond!BD17","v":{"$error":"#VALUE!"}},{"$f":"GK$31*AirCond!BE17","v":{"$error":"#VALUE!"}},{"$f":"GL$31*AirCond!BF17","v":{"$error":"#VALUE!"}},{"$f":"GM$31*AirCond!BG17","v":{"$error":"#VALUE!"}},{"$f":"GN$31*WaterFittings!BS18","v":0},{"$f":"GO$31*WaterFittings!BT18","v":0},{"$f":"GP$31*WaterFittings!BU18","v":0}]
[null,null,13,0,0,{"$error":"#VALUE!"},{"$error":"#VALUE!"},{"$error":"#VALUE!"},{"$error":"#VALUE!"},{"$error":"#VALUE!"},{"$error":"#VALUE!"},{"$error":"#VALUE!"},{"$error":"#VALUE!"},{"$error":"#VALUE!"},{"$error":"#VALUE!"},null,{"$error":"#VALUE!"},{"$error":"#VALUE!"},{"$error":"#VALUE!"},{"$error":"#VALUE!"},{"$error":"#VALUE!"},null,{"$error":"#VALUE!"},{"$error":"#VALUE!"},{"$error":"#VALUE!"},{"$error":"#VALUE!"},{"$error":"#VALUE!"},null,13,{"$f":"SUM(SUMPRODUCT(AF$20:AJ$20,Q44:U44),SUMPRODUCT(AF$20:AJ$20,System2!Q44:U44),SUMPRODUCT(AF$20:AJ$20,System3!Q44:U44))","v":{"$error":"#VALUE!"}},{"$f":"SUM(SUMPRODUCT(AF$21:AJ$21,W44:AA44),SUMPRODUCT(AF$21:AJ$21,System2!W44:AA44),SUMPRODUCT(AF$21:AJ$21,System3!W44:AA44))","v":{"$error":"#VALUE!"}},{"$f":"WaterFittings!BN19","v":{"$error":"#VALUE!"}},{"$error":"#VALUE!"},{"$error":"#VALUE!"},{"$f":"MIN(AirCond!BL18,P$21)","v":0},{"$error":"#VALUE!"},{"$f":"MIN(ROUNDDOWN(AJ44-FH44,0),ROUNDDOWN(P$21*0.3,0),ROUNDDOWN(SUM(SUMPRODUCT(I$4:I$15,L$4:L$15),SUMPRODUCT(System2!I$4:I$15,System2!L$4:L$15),SUMPRODUCT(System3!I$4:I$15,System3!L$4:L$15))*0.3,0))","v":{"$error":"#VALUE!"}},0,{"$error":"#VALUE!"},{"$error":"#VALUE!"},{"$error":"#VALUE!"},0,{"$error":"#VALUE!"},{"$error":"#VALUE!"},{"$error":"#VALUE!"},0,null,null,null,0,0,0,0,null,{"$error":"#VALUE!"},{"$error":"#VALUE!"},{"$error":"#VALUE!"},{"$error":"#VALUE!"},{"$error":"#VALUE!"},{"$error":"#VALUE!"},{"$error":"#VALUE!"},{"$error":"#VALUE!"},{"$error":"#VALUE!"},0,{"$error":"#VALUE!"},{"$error":"#VALUE!"},{"$error":"#VALUE!"},{"$error":"#VALUE!"},{"$error":"#VALUE!"},{"$error":"#VALUE!"},{"$error":"#VALUE!"},{"$error":"#VALUE!"},{"$error":"#VALUE!"},{"$error":"#VALUE!"},{"$error":"#VALUE!"},{"$error":"#VALUE!"},{"$error":"#VALUE!"},{"$error":"#VALUE!"},{"$error":"#VALUE!"},{"$error":"#VALUE!"},{"$error":"#VALUE!"},{"$error":"#VALUE!"},{"$error":"#VALUE!"},{"$error":"#VALUE!"},{"$error":"#VALUE!"},{"$error":"#VALUE!"},{"$error":"#VALUE!"},{"$error":"#VALUE!"},{"$error":"#VALUE!"},{"$error":"#VALUE!"},{"$error":"#VALUE!"},{"$error":"#VALUE!"},{"$error":"#VALUE!"},{"$error":"#VALUE!"},{"$error":"#VALUE!"},{"$f":"SUM(CQ44,System2!CQ44,System3!CQ44)","v":{"$error":"#VALUE!"}},{"$error":"#VALUE!"},{"$error":"#VALUE!"},{"$error":"#VALUE!"},{"$error":"#VALUE!"},{"$error":"#VALUE!"},{"$error":"#VALUE!"},{"$error":"#VALUE!"},{"$error":"#VALUE!"},{"$error":"#VALUE!"},{"$error":"#VALUE!"},{"$error":"#VALUE!"},{"$error":"#VALUE!"},{"$error":"#VALUE!"},{"$error":"#VALUE!"},{"$error":"#VALUE!"},{"$error":"#VALUE!"},{"$error":"#VALUE!"},{"$error":"#VALUE!"},{"$error":"#VALUE!"},{"$error":"#VALUE!"},{"$error":"#VALUE!"},{"$error":"#VALUE!"},{"$error":"#VALUE!"},{"$error":"#VALUE!"},{"$error":"#VALUE!"},{"$error":"#VALUE!"},{"$f":"SUM(DR44,System2!DR44,System3!DR44)","v":{"$error":"#VALUE!"}},{"$error":"#VALUE!"},{"$error":"#VALUE!"},0,{"$error":"#VALUE!"},{"$error":"#VALUE!"},{"$error":"#VALUE!"},{"$error":"#VALUE!"},0,0,0,0,0,{"$error":"#VALUE!"},{"$f":"SUM(EF44,System2!EF44,System3!EF44)","v":{"$error":"#VALUE!"}},{"$error":"#VALUE!"},{"$error":"#VALUE!"},{"$error":"#VALUE!"},{"$error":"#VALUE!"},{"$error":"#VALUE!"},{"$error":"#VALUE!"},{"$error":"#VALUE!"},{"$error":"#VALUE!"},{"$error":"#VALUE!"},{"$error":"#VALUE!"},{"$error":"#VALUE!"},{"$error":"#VALUE!"},{"$error":"#VALUE!"},{"$error":"#VALUE!"},{"$error":"#VALUE!"},{"$error":"#VALUE!"},{"$error":"#VALUE!"},{"$error":"#VALUE!"},{"$error":"#VALUE!"},{"$error":"#VALUE!"},{"$error":"#VALUE!"},{"$error":"#VALUE!"},{"$error":"#VALUE!"},{"$error":"#VALUE!"},{"$error":"#VALUE!"},{"$error":"#VALUE!"},{"$f":"SUM(FG44,System2!FG44,System3!FG44)","v":{"$error":"#VALUE!"}},0,0,0,0,{"$error":"#VALUE!"},{"$error":"#VALUE!"},{"$error":"#VALUE!"},{"$error":"#VALUE!"},{"$error":"#VALUE!"},{"$error":"#VALUE!"},{"$error":"#VALUE!"},{"$error":"#VALUE!"},{"$error":"#VALUE!"},{"$error":"#VALUE!"},{"$error":"#VALUE!"},{"$error":"#VALUE!"},{"$error":"#VALUE!"},{"$error":"#VALUE!"},{"$error":"#VALUE!"},{"$error":"#VALUE!"},{"$error":"#VALUE!"},{"$error":"#VALUE!"},{"$error":"#VALUE!"},{"$error":"#VALUE!"},{"$f":"$GG$31*WaterFittings!BO19","v":{"$error":"#VALUE!"}},{"$f":"$GH$31*WaterFittings!BP19","v":{"$error":"#VALUE!"}},{"$f":"$GI$31*WaterFittings!BQ19","v":0},{"$f":"GJ$31*AirCond!BD18","v":{"$error":"#VALUE!"}},{"$f":"GK$31*AirCond!BE18","v":{"$error":"#VALUE!"}},{"$f":"GL$31*AirCond!BF18","v":{"$error":"#VALUE!"}},{"$f":"GM$31*AirCond!BG18","v":{"$error":"#VALUE!"}},{"$f":"GN$31*WaterFittings!BS19","v":0},{"$f":"GO$31*WaterFittings!BT19","v":0},{"$f":"GP$31*WaterFittings!BU19","v":0}]
[null,null,14,0,0,{"$error":"#VALUE!"},{"$error":"#VALUE!"},{"$error":"#VALUE!"},{"$error":"#VALUE!"},{"$error":"#VALUE!"},{"$error":"#VALUE!"},{"$error":"#VALUE!"},{"$error":"#VALUE!"},{"$error":"#VALUE!"},{"$error":"#VALUE!"},null,{"$error":"#VALUE!"},{"$error":"#VALUE!"},{"$error":"#VALUE!"},{"$error":"#VALUE!"},{"$error":"#VALUE!"},null,{"$error":"#VALUE!"},{"$error":"#VALUE!"},{"$error":"#VALUE!"},{"$error":"#VALUE!"},{"$error":"#VALUE!"},null,14,{"$f":"SUM(SUMPRODUCT(AF$20:AJ$20,Q45:U45),SUMPRODUCT(AF$20:AJ$20,System2!Q45:U45),SUMPRODUCT(AF$20:AJ$20,System3!Q45:U45))","v":{"$error":"#VALUE!"}},{"$f":"SUM(SUMPRODUCT(AF$21:AJ$21,W45:AA45),SUMPRODUCT(AF$21:AJ$21,System2!W45:AA45),SUMPRODUCT(AF$21:AJ$21,System3!W45:AA45))","v":{"$error":"#VALUE!"}},{"$f":"WaterFittings!BN20","v":{"$error":"#VALUE!"}},{"$error":"#VALUE!"},{"$error":"#VALUE!"},{"$f":"MIN(AirCond!BL19,P$21)","v":0},{"$error":"#VALUE!"},{"$f":"MIN(ROUNDDOWN(AJ45-FH45,0),ROUNDDOWN(P$21*0.3,0),ROUNDDOWN(SUM(SUMPRODUCT(I$4:I$15,L$4:L$15),SUMPRODUCT(System2!I$4:I$15,System2!L$4:L$15),SUMPRODUCT(System3!I$4:I$15,System3!L$4:L$15))*0.3,0))","v":{"$error":"#VALUE!"}},0,{"$error":"#VALUE!"},{"$error":"#VALUE!"},{"$error":"#VALUE!"},0,{"$error":"#VALUE!"},{"$error":"#VALUE!"},{"$error":"#VALUE!"},0,null,null,null,0,0,0,0,null,{"$error":"#VALUE!"},{"$error":"#VALUE!"},{"$error":"#VALUE!"},{"$error":"#VALUE!"},{"$error":"#VALUE!"},{"$error":"#VALUE!"},{"$error":"#VALUE!"},{"$error":"#VALUE!"},{"$error":"#VALUE!"},0,{"$error":"#VALUE!"},{"$error":"#VALUE!"},{"$error":"#VALUE!"},{"$error":"#VALUE!"},{"$error":"#VALUE!"},{"$error":"#VALUE!"},{"$error":"#VALUE!"},{"$error":"#VALUE!"},{"$error":"#VALUE!"},{"$error":"#VALUE!"},{"$error":"#VALUE!"},{"$error":"#VALUE!"},{"$error":"#VALUE!"},{"$error":"#VALUE!"},{"$error":"#VALUE!"},{"$error":"#VALUE!"},{"$error":"#VALUE!"},{"$error":"#VALUE!"},{"$error":"#VALUE!"},{"$error":"#VALUE!"},{"$error":"#VALUE!"},{"$error":"#VALUE!"},{"$error":"#VALUE!"},{"$error":"#VALUE!"},{"$error":"#VALUE!"},{"$error":"#VALUE!"},{"$error":"#VALUE!"},{"$error":"#VALUE!"},{"$error":"#VALUE!"},{"$error":"#VALUE!"},{"$error":"#VALUE!"},{"$f":"SUM(CQ45,System2!CQ45,System3!CQ45)","v":{"$error":"#VALUE!"}},{"$error":"#VALUE!"},{"$error":"#VALUE!"},{"$error":"#VALUE!"},{"$error":"#VALUE!"},{"$error":"#VALUE!"},{"$error":"#VALUE!"},{"$error":"#VALUE!"},{"$error":"#VALUE!"},{"$error":"#VALUE!"},{"$error":"#VALUE!"},{"$error":"#VALUE!"},{"$error":"#VALUE!"},{"$error":"#VALUE!"},{"$error":"#VALUE!"},{"$error":"#VALUE!"},{"$error":"#VALUE!"},{"$error":"#VALUE!"},{"$error":"#VALUE!"},{"$error":"#VALUE!"},{"$error":"#VALUE!"},{"$error":"#VALUE!"},{"$error":"#VALUE!"},{"$error":"#VALUE!"},{"$error":"#VALUE!"},{"$error":"#VALUE!"},{"$error":"#VALUE!"},{"$f":"SUM(DR45,System2!DR45,System3!DR45)","v":{"$error":"#VALUE!"}},{"$error":"#VALUE!"},{"$error":"#VALUE!"},0,{"$error":"#VALUE!"},{"$error":"#VALUE!"},{"$error":"#VALUE!"},{"$error":"#VALUE!"},0,0,0,0,0,{"$error":"#VALUE!"},{"$f":"SUM(EF45,System2!EF45,System3!EF45)","v":{"$error":"#VALUE!"}},{"$error":"#VALUE!"},{"$error":"#VALUE!"},{"$error":"#VALUE!"},{"$error":"#VALUE!"},{"$error":"#VALUE!"},{"$error":"#VALUE!"},{"$error":"#VALUE!"},{"$error":"#VALUE!"},{"$error":"#VALUE!"},{"$error":"#VALUE!"},{"$error":"#VALUE!"},{"$error":"#VALUE!"},{"$error":"#VALUE!"},{"$error":"#VALUE!"},{"$error":"#VALUE!"},{"$error":"#VALUE!"},{"$error":"#VALUE!"},{"$error":"#VALUE!"},{"$error":"#VALUE!"},{"$error":"#VALUE!"},{"$error":"#VALUE!"},{"$error":"#VALUE!"},{"$error":"#VALUE!"},{"$error":"#VALUE!"},{"$error":"#VALUE!"},{"$error":"#VALUE!"},{"$f":"SUM(FG45,System2!FG45,System3!FG45)","v":{"$error":"#VALUE!"}},0,0,0,0,{"$error":"#VALUE!"},{"$error":"#VALUE!"},{"$error":"#VALUE!"},{"$error":"#VALUE!"},{"$error":"#VALUE!"},{"$error":"#VALUE!"},{"$error":"#VALUE!"},{"$error":"#VALUE!"},{"$error":"#VALUE!"},{"$error":"#VALUE!"},{"$error":"#VALUE!"},{"$error":"#VALUE!"},{"$error":"#VALUE!"},{"$error":"#VALUE!"},{"$error":"#VALUE!"},{"$error":"#VALUE!"},{"$error":"#VALUE!"},{"$error":"#VALUE!"},{"$error":"#VALUE!"},{"$error":"#VALUE!"},{"$f":"$GG$31*WaterFittings!BO20","v":{"$error":"#VALUE!"}},{"$f":"$GH$31*WaterFittings!BP20","v":{"$error":"#VALUE!"}},{"$f":"$GI$31*WaterFittings!BQ20","v":0},{"$f":"GJ$31*AirCond!BD19","v":{"$error":"#VALUE!"}},{"$f":"GK$31*AirCond!BE19","v":{"$error":"#VALUE!"}},{"$f":"GL$31*AirCond!BF19","v":{"$error":"#VALUE!"}},{"$f":"GM$31*AirCond!BG19","v":{"$error":"#VALUE!"}},{"$f":"GN$31*WaterFittings!BS20","v":0},{"$f":"GO$31*WaterFittings!BT20","v":0},{"$f":"GP$31*WaterFittings!BU20","v":0}]
[null,null,15,0,0,{"$error":"#VALUE!"},{"$error":"#VALUE!"},{"$error":"#VALUE!"},{"$error":"#VALUE!"},{"$error":"#VALUE!"},{"$error":"#VALUE!"},{"$error":"#VALUE!"},{"$error":"#VALUE!"},{"$error":"#VALUE!"},{"$error":"#VALUE!"},null,{"$error":"#VALUE!"},{"$error":"#VALUE!"},{"$error":"#VALUE!"},{"$error":"#VALUE!"},{"$error":"#VALUE!"},null,{"$error":"#VALUE!"},{"$error":"#VALUE!"},{"$error":"#VALUE!"},{"$error":"#VALUE!"},{"$f":"ROUNDDOWN(FF46,0)","v":{"$error":"#VALUE!"}},null,15,{"$f":"SUM(SUMPRODUCT(AF$20:AJ$20,Q46:U46),SUMPRODUCT(AF$20:AJ$20,System2!Q46:U46),SUMPRODUCT(AF$20:AJ$20,System3!Q46:U46))","v":{"$error":"#VALUE!"}},{"$f":"SUM(SUMPRODUCT(AF$21:AJ$21,W46:AA46),SUMPRODUCT(AF$21:AJ$21,System2!W46:AA46),SUMPRODUCT(AF$21:AJ$21,System3!W46:AA46))","v":{"$error":"#VALUE!"}},{"$f":"WaterFittings!BN21","v":{"$error":"#VALUE!"}},{"$error":"#VALUE!"},{"$error":"#VALUE!"},{"$f":"MIN(AirCond!BL20,P$21)","v":0},{"$error":"#VALUE!"},{"$f":"MIN(ROUNDDOWN(AJ46-FH46,0),ROUNDDOWN(P$21*0.3,0),ROUNDDOWN(SUM(SUMPRODUCT(I$4:I$15,L$4:L$15),SUMPRODUCT(System2!I$4:I$15,System2!L$4:L$15),SUMPRODUCT(System3!I$4:I$15,System3!L$4:L$15))*0.3,0))","v":{"$error":"#VALUE!"}},0,{"$error":"#VALUE!"},{"$error":"#VALUE!"},{"$error":"#VALUE!"},0,{"$error":"#VALUE!"},{"$error":"#VALUE!"},{"$error":"#VALUE!"},0,null,null,null,0,0,0,0,null,{"$error":"#VALUE!"},{"$error":"#VALUE!"},{"$error":"#VALUE!"},{"$error":"#VALUE!"},{"$error":"#VALUE!"},{"$error":"#VALUE!"},{"$error":"#VALUE!"},{"$error":"#VALUE!"},{"$error":"#VALUE!"},0,{"$error":"#VALUE!"},{"$error":"#VALUE!"},{"$error":"#VALUE!"},{"$error":"#VALUE!"},{"$error":"#VALUE!"},{"$error":"#VALUE!"},{"$error":"#VALUE!"},{"$error":"#VALUE!"},{"$error":"#VALUE!"},{"$error":"#VALUE!"},{"$error":"#VALUE!"},{"$error":"#VALUE!"},{"$error":"#VALUE!"},{"$error":"#VALUE!"},{"$error":"#VALUE!"},{"$error":"#VALUE!"},{"$error":"#VALUE!"},{"$error":"#VALUE!"},{"$error":"#VALUE!"},{"$error":"#VALUE!"},{"$error":"#VALUE!"},{"$error":"#VALUE!"},{"$error":"#VALUE!"},{"$error":"#VALUE!"},{"$error":"#VALUE!"},{"$error":"#VALUE!"},{"$error":"#VALUE!"},{"$error":"#VALUE!"},{"$error":"#VALUE!"},{"$error":"#VALUE!"},{"$error":"#VALUE!"},{"$f":"SUM(CQ46,System2!CQ46,System3!CQ46)","v":{"$error":"#VALUE!"}},{"$error":"#VALUE!"},{"$error":"#VALUE!"},{"$error":"#VALUE!"},{"$error":"#VALUE!"},{"$error":"#VALUE!"},{"$error":"#VALUE!"},{"$error":"#VALUE!"},{"$error":"#VALUE!"},{"$error":"#VALUE!"},{"$error":"#VALUE!"},{"$error":"#VALUE!"},{"$error":"#VALUE!"},{"$error":"#VALUE!"},{"$error":"#VALUE!"},{"$error":"#VALUE!"},{"$error":"#VALUE!"},{"$error":"#VALUE!"},{"$error":"#VALUE!"},{"$error":"#VALUE!"},{"$error":"#VALUE!"},{"$error":"#VALUE!"},{"$error":"#VALUE!"},{"$error":"#VALUE!"},{"$error":"#VALUE!"},{"$error":"#VALUE!"},{"$error":"#VALUE!"},{"$f":"SUM(DR46,System2!DR46,System3!DR46)","v":{"$error":"#VALUE!"}},{"$error":"#VALUE!"},{"$error":"#VALUE!"},0,{"$error":"#VALUE!"},{"$error":"#VALUE!"},{"$error":"#VALUE!"},{"$error":"#VALUE!"},0,0,0,0,0,{"$error":"#VALUE!"},{"$f":"SUM(EF46,System2!EF46,System3!EF46)","v":{"$error":"#VALUE!"}},{"$error":"#VALUE!"},{"$error":"#VALUE!"},{"$error":"#VALUE!"},{"$error":"#VALUE!"},{"$error":"#VALUE!"},{"$error":"#VALUE!"},{"$error":"#VALUE!"},{"$error":"#VALUE!"},{"$error":"#VALUE!"},{"$error":"#VALUE!"},{"$error":"#VALUE!"},{"$error":"#VALUE!"},{"$error":"#VALUE!"},{"$error":"#VALUE!"},{"$error":"#VALUE!"},{"$error":"#VALUE!"},{"$error":"#VALUE!"},{"$error":"#VALUE!"},{"$error":"#VALUE!"},{"$error":"#VALUE!"},{"$error":"#VALUE!"},{"$error":"#VALUE!"},{"$error":"#VALUE!"},{"$error":"#VALUE!"},{"$error":"#VALUE!"},{"$error":"#VALUE!"},{"$f":"SUM(FG46,System2!FG46,System3!FG46)","v":{"$error":"#VALUE!"}},0,0,0,0,{"$error":"#VALUE!"},{"$error":"#VALUE!"},{"$error":"#VALUE!"},{"$error":"#VALUE!"},{"$error":"#VALUE!"},{"$error":"#VALUE!"},{"$error":"#VALUE!"},{"$error":"#VALUE!"},{"$error":"#VALUE!"},{"$error":"#VALUE!"},{"$error":"#VALUE!"},{"$error":"#VALUE!"},{"$error":"#VALUE!"},{"$error":"#VALUE!"},{"$error":"#VALUE!"},{"$error":"#VALUE!"},{"$error":"#VALUE!"},{"$error":"#VALUE!"},{"$error":"#VALUE!"},{"$error":"#VALUE!"},{"$f":"$GG$31*WaterFittings!BO21","v":{"$error":"#VALUE!"}},{"$f":"$GH$31*WaterFittings!BP21","v":{"$error":"#VALUE!"}},{"$f":"$GI$31*WaterFittings!BQ21","v":0},{"$f":"GJ$31*AirCond!BD20","v":{"$error":"#VALUE!"}},{"$f":"GK$31*AirCond!BE20","v":{"$error":"#VALUE!"}},{"$f":"GL$31*AirCond!BF20","v":{"$error":"#VALUE!"}},{"$f":"GM$31*AirCond!BG20","v":{"$error":"#VALUE!"}},{"$f":"GN$31*WaterFittings!BS21","v":0},{"$f":"GO$31*WaterFittings!BT21","v":0},{"$f":"GP$31*WaterFittings!BU21","v":0}]
[null,null,{"$f":"C46+1","v":16},0,0,{"$error":"#VALUE!"},{"$error":"#VALUE!"},{"$error":"#VALUE!"},{"$error":"#VALUE!"},{"$error":"#VALUE!"},{"$error":"#VALUE!"},{"$error":"#VALUE!"},{"$error":"#VALUE!"},{"$error":"#VALUE!"},{"$error":"#VALUE!"},null,{"$error":"#VALUE!"},{"$error":"#VALUE!"},{"$error":"#VALUE!"},{"$error":"#VALUE!"},{"$error":"#VALUE!"},null,{"$error":"#VALUE!"},{"$error":"#VALUE!"},{"$error":"#VALUE!"},{"$error":"#VALUE!"},{"$error":"#VALUE!"},null,16,{"$f":"SUM(SUMPRODUCT(AF$20:AJ$20,Q47:U47),SUMPRODUCT(AF$20:AJ$20,System2!Q47:U47),SUMPRODUCT(AF$20:AJ$20,System3!Q47:U47))","v":{"$error":"#VALUE!"}},{"$f":"SUM(SUMPRODUCT(AF$21:AJ$21,W47:AA47),SUMPRODUCT(AF$21:AJ$21,System2!W47:AA47),SUMPRODUCT(AF$21:AJ$21,System3!W47:AA47))","v":{"$error":"#VALUE!"}},{"$f":"WaterFittings!BN22","v":{"$error":"#VALUE!"}},{"$error":"#VALUE!"},{"$error":"#VALUE!"},{"$f":"MIN(AirCond!BL21,P$21)","v":0},{"$error":"#VALUE!"},{"$f":"MIN(ROUNDDOWN(AJ47-FH47,0),ROUNDDOWN(P$21*0.3,0),ROUNDDOWN(SUM(SUMPRODUCT(I$4:I$15,L$4:L$15),SUMPRODUCT(System2!I$4:I$15,System2!L$4:L$15),SUMPRODUCT(System3!I$4:I$15,System3!L$4:L$15))*0.3,0))","v":{"$error":"#VALUE!"}},0,{"$error":"#VALUE!"},{"$error":"#VALUE!"},{"$error":"#VALUE!"},0,{"$error":"#VALUE!"},{"$error":"#VALUE!"},{"$error":"#VALUE!"},0,null,null,null,0,0,0,0,null,{"$error":"#VALUE!"},{"$error":"#VALUE!"},{"$error":"#VALUE!"},{"$error":"#VALUE!"},{"$error":"#VALUE!"},{"$error":"#VALUE!"},{"$error":"#VALUE!"},{"$error":"#VALUE!"},{"$error":"#VALUE!"},0,{"$error":"#VALUE!"},{"$error":"#VALUE!"},{"$error":"#VALUE!"},{"$error":"#VALUE!"},{"$error":"#VALUE!"},{"$error":"#VALUE!"},{"$error":"#VALUE!"},{"$error":"#VALUE!"},{"$error":"#VALUE!"},{"$error":"#VALUE!"},{"$error":"#VALUE!"},{"$error":"#VALUE!"},{"$error":"#VALUE!"},{"$error":"#VALUE!"},{"$error":"#VALUE!"},{"$error":"#VALUE!"},{"$error":"#VALUE!"},{"$error":"#VALUE!"},{"$error":"#VALUE!"},{"$error":"#VALUE!"},{"$error":"#VALUE!"},{"$error":"#VALUE!"},{"$error":"#VALUE!"},{"$error":"#VALUE!"},{"$error":"#VALUE!"},{"$error":"#VALUE!"},{"$error":"#VALUE!"},{"$error":"#VALUE!"},{"$error":"#VALUE!"},{"$error":"#VALUE!"},{"$error":"#VALUE!"},{"$f":"SUM(CQ47,System2!CQ47,System3!CQ47)","v":{"$error":"#VALUE!"}},{"$error":"#VALUE!"},{"$error":"#VALUE!"},{"$error":"#VALUE!"},{"$error":"#VALUE!"},{"$error":"#VALUE!"},{"$error":"#VALUE!"},{"$error":"#VALUE!"},{"$error":"#VALUE!"},{"$error":"#VALUE!"},{"$error":"#VALUE!"},{"$error":"#VALUE!"},{"$error":"#VALUE!"},{"$error":"#VALUE!"},{"$error":"#VALUE!"},{"$error":"#VALUE!"},{"$error":"#VALUE!"},{"$error":"#VALUE!"},{"$error":"#VALUE!"},{"$error":"#VALUE!"},{"$error":"#VALUE!"},{"$error":"#VALUE!"},{"$error":"#VALUE!"},{"$error":"#VALUE!"},{"$error":"#VALUE!"},{"$error":"#VALUE!"},{"$error":"#VALUE!"},{"$f":"SUM(DR47,System2!DR47,System3!DR47)","v":{"$error":"#VALUE!"}},{"$error":"#VALUE!"},{"$error":"#VALUE!"},0,{"$error":"#VALUE!"},{"$error":"#VALUE!"},{"$error":"#VALUE!"},{"$error":"#VALUE!"},0,0,0,0,0,{"$error":"#VALUE!"},{"$f":"SUM(EF47,System2!EF47,System3!EF47)","v":{"$error":"#VALUE!"}},{"$error":"#VALUE!"},{"$error":"#VALUE!"},{"$error":"#VALUE!"},{"$error":"#VALUE!"},{"$error":"#VALUE!"},{"$error":"#VALUE!"},{"$error":"#VALUE!"},{"$error":"#VALUE!"},{"$error":"#VALUE!"},{"$error":"#VALUE!"},{"$error":"#VALUE!"},{"$error":"#VALUE!"},{"$error":"#VALUE!"},{"$error":"#VALUE!"},{"$error":"#VALUE!"},{"$error":"#VALUE!"},{"$error":"#VALUE!"},{"$error":"#VALUE!"},{"$error":"#VALUE!"},{"$error":"#VALUE!"},{"$error":"#VALUE!"},{"$error":"#VALUE!"},{"$error":"#VALUE!"},{"$error":"#VALUE!"},{"$error":"#VALUE!"},{"$error":"#VALUE!"},{"$f":"SUM(FG47,System2!FG47,System3!FG47)","v":{"$error":"#VALUE!"}},0,0,0,0,{"$error":"#VALUE!"},{"$error":"#VALUE!"},{"$error":"#VALUE!"},{"$error":"#VALUE!"},{"$error":"#VALUE!"},{"$error":"#VALUE!"},{"$error":"#VALUE!"},{"$error":"#VALUE!"},{"$error":"#VALUE!"},{"$error":"#VALUE!"},{"$error":"#VALUE!"},{"$error":"#VALUE!"},{"$error":"#VALUE!"},{"$error":"#VALUE!"},{"$error":"#VALUE!"},{"$error":"#VALUE!"},{"$error":"#VALUE!"},{"$error":"#VALUE!"},{"$error":"#VALUE!"},{"$error":"#VALUE!"},{"$f":"$GG$31*WaterFittings!BO22","v":{"$error":"#VALUE!"}},{"$f":"$GH$31*WaterFittings!BP22","v":{"$error":"#VALUE!"}},{"$f":"$GI$31*WaterFittings!BQ22","v":0},{"$f":"GJ$31*AirCond!BD21","v":{"$error":"#VALUE!"}},{"$f":"GK$31*AirCond!BE21","v":{"$error":"#VALUE!"}},{"$f":"GL$31*AirCond!BF21","v":{"$error":"#VALUE!"}},{"$f":"GM$31*AirCond!BG21","v":{"$error":"#VALUE!"}},{"$f":"GN$31*WaterFittings!BS22","v":0},{"$f":"GO$31*WaterFittings!BT22","v":0},{"$f":"GP$31*WaterFittings!BU22","v":0}]
[null,null,17,1.5,0,{"$error":"#VALUE!"},{"$error":"#VALUE!"},{"$error":"#VALUE!"},{"$error":"#VALUE!"},{"$error":"#VALUE!"},{"$error":"#VALUE!"},{"$error":"#VALUE!"},{"$error":"#VALUE!"},{"$error":"#VALUE!"},{"$error":"#VALUE!"},null,{"$error":"#VALUE!"},{"$error":"#VALUE!"},{"$error":"#VALUE!"},{"$error":"#VALUE!"},{"$error":"#VALUE!"},null,{"$error":"#VALUE!"},{"$error":"#VALUE!"},{"$error":"#VALUE!"},{"$error":"#VALUE!"},{"$error":"#VALUE!"},null,17,{"$f":"SUM(SUMPRODUCT(AF$20:AJ$20,Q48:U48),SUMPRODUCT(AF$20:AJ$20,System2!Q48:U48),SUMPRODUCT(AF$20:AJ$20,System3!Q48:U48))","v":{"$error":"#VALUE!"}},{"$f":"SUM(SUMPRODUCT(AF$21:AJ$21,W48:AA48),SUMPRODUCT(AF$21:AJ$21,System2!W48:AA48),SUMPRODUCT(AF$21:AJ$21,System3!W48:AA48))","v":{"$error":"#VALUE!"}},{"$f":"WaterFittings!BN23","v":{"$error":"#VALUE!"}},{"$error":"#VALUE!"},{"$error":"#VALUE!"},{"$f":"MIN(AirCond!BL22,P$21)","v":0},{"$error":"#VALUE!"},{"$f":"MIN(ROUNDDOWN(AJ48-FH48,0),ROUNDDOWN(P$21*0.3,0),ROUNDDOWN(SUM(SUMPRODUCT(I$4:I$15,L$4:L$15),SUMPRODUCT(System2!I$4:I$15,System2!L$4:L$15),SUMPRODUCT(System3!I$4:I$15,System3!L$4:L$15))*0.3,0))","v":{"$error":"#VALUE!"}},0,{"$error":"#VALUE!"},{"$error":"#VALUE!"},{"$error":"#VALUE!"},0,{"$error":"#VALUE!"},{"$error":"#VALUE!"},{"$error":"#VALUE!"},0,null,null,null,0,0,0,0,null,{"$error":"#VALUE!"},{"$error":"#VALUE!"},{"$error":"#VALUE!"},{"$error":"#VALUE!"},{"$error":"#VALUE!"},{"$error":"#VALUE!"},{"$error":"#VALUE!"},{"$error":"#VALUE!"},{"$error":"#VALUE!"},0,{"$error":"#VALUE!"},{"$error":"#VALUE!"},{"$error":"#VALUE!"},{"$error":"#VALUE!"},{"$error":"#VALUE!"},{"$error":"#VALUE!"},{"$error":"#VALUE!"},{"$error":"#VALUE!"},{"$error":"#VALUE!"},{"$error":"#VALUE!"},{"$error":"#VALUE!"},{"$error":"#VALUE!"},{"$error":"#VALUE!"},{"$error":"#VALUE!"},{"$error":"#VALUE!"},{"$error":"#VALUE!"},{"$error":"#VALUE!"},{"$error":"#VALUE!"},{"$error":"#VALUE!"},{"$error":"#VALUE!"},{"$error":"#VALUE!"},{"$error":"#VALUE!"},{"$error":"#VALUE!"},{"$error":"#VALUE!"},{"$error":"#VALUE!"},{"$error":"#VALUE!"},{"$error":"#VALUE!"},{"$error":"#VALUE!"},{"$error":"#VALUE!"},{"$error":"#VALUE!"},{"$error":"#VALUE!"},{"$f":"SUM(CQ48,System2!CQ48,System3!CQ48)","v":{"$error":"#VALUE!"}},{"$error":"#VALUE!"},{"$error":"#VALUE!"},{"$error":"#VALUE!"},{"$error":"#VALUE!"},{"$error":"#VALUE!"},{"$error":"#VALUE!"},{"$error":"#VALUE!"},{"$error":"#VALUE!"},{"$error":"#VALUE!"},{"$error":"#VALUE!"},{"$error":"#VALUE!"},{"$error":"#VALUE!"},{"$error":"#VALUE!"},{"$error":"#VALUE!"},{"$error":"#VALUE!"},{"$error":"#VALUE!"},{"$error":"#VALUE!"},{"$error":"#VALUE!"},{"$error":"#VALUE!"},{"$error":"#VALUE!"},{"$error":"#VALUE!"},{"$error":"#VALUE!"},{"$error":"#VALUE!"},{"$error":"#VALUE!"},{"$error":"#VALUE!"},{"$error":"#VALUE!"},{"$f":"SUM(DR48,System2!DR48,System3!DR48)","v":{"$error":"#VALUE!"}},{"$error":"#VALUE!"},{"$error":"#VALUE!"},0,{"$error":"#VALUE!"},{"$error":"#VALUE!"},{"$error":"#VALUE!"},{"$error":"#VALUE!"},0,0,0,0,0,{"$error":"#VALUE!"},{"$f":"SUM(EF48,System2!EF48,System3!EF48)","v":{"$error":"#VALUE!"}},{"$error":"#VALUE!"},{"$error":"#VALUE!"},{"$error":"#VALUE!"},{"$error":"#VALUE!"},{"$error":"#VALUE!"},{"$error":"#VALUE!"},{"$error":"#VALUE!"},{"$error":"#VALUE!"},{"$error":"#VALUE!"},{"$error":"#VALUE!"},{"$error":"#VALUE!"},{"$error":"#VALUE!"},{"$error":"#VALUE!"},{"$error":"#VALUE!"},{"$error":"#VALUE!"},{"$error":"#VALUE!"},{"$error":"#VALUE!"},{"$error":"#VALUE!"},{"$error":"#VALUE!"},{"$error":"#VALUE!"},{"$error":"#VALUE!"},{"$error":"#VALUE!"},{"$error":"#VALUE!"},{"$error":"#VALUE!"},{"$error":"#VALUE!"},{"$error":"#VALUE!"},{"$f":"SUM(FG48,System2!FG48,System3!FG48)","v":{"$error":"#VALUE!"}},0,0,0,0,{"$error":"#VALUE!"},{"$error":"#VALUE!"},{"$error":"#VALUE!"},{"$error":"#VALUE!"},{"$error":"#VALUE!"},{"$error":"#VALUE!"},{"$error":"#VALUE!"},{"$error":"#VALUE!"},{"$error":"#VALUE!"},{"$error":"#VALUE!"},{"$error":"#VALUE!"},{"$error":"#VALUE!"},{"$error":"#VALUE!"},{"$error":"#VALUE!"},{"$error":"#VALUE!"},{"$error":"#VALUE!"},{"$error":"#VALUE!"},{"$error":"#VALUE!"},{"$error":"#VALUE!"},{"$error":"#VALUE!"},{"$f":"$GG$31*WaterFittings!BO23","v":{"$error":"#VALUE!"}},{"$f":"$GH$31*WaterFittings!BP23","v":{"$error":"#VALUE!"}},{"$f":"$GI$31*WaterFittings!BQ23","v":0},{"$f":"GJ$31*AirCond!BD22","v":{"$error":"#VALUE!"}},{"$f":"GK$31*AirCond!BE22","v":{"$error":"#VALUE!"}},{"$f":"GL$31*AirCond!BF22","v":{"$error":"#VALUE!"}},{"$f":"GM$31*AirCond!BG22","v":{"$error":"#VALUE!"}},{"$f":"GN$31*WaterFittings!BS23","v":0},{"$f":"GO$31*WaterFittings!BT23","v":0},{"$f":"GP$31*WaterFittings!BU23","v":0}]
[null,null,18,4.5,0,{"$error":"#VALUE!"},{"$error":"#VALUE!"},{"$error":"#VALUE!"},{"$error":"#VALUE!"},{"$error":"#VALUE!"},{"$error":"#VALUE!"},{"$error":"#VALUE!"},{"$error":"#VALUE!"},{"$error":"#VALUE!"},{"$error":"#VALUE!"},null,{"$error":"#VALUE!"},{"$error":"#VALUE!"},{"$error":"#VALUE!"},{"$error":"#VALUE!"},{"$error":"#VALUE!"},null,{"$error":"#VALUE!"},{"$error":"#VALUE!"},{"$error":"#VALUE!"},{"$error":"#VALUE!"},{"$error":"#VALUE!"},null,18,{"$f":"SUM(SUMPRODUCT(AF$20:AJ$20,Q49:U49),SUMPRODUCT(AF$20:AJ$20,System2!Q49:U49),SUMPRODUCT(AF$20:AJ$20,System3!Q49:U49))","v":{"$error":"#VALUE!"}},{"$f":"SUM(SUMPRODUCT(AF$21:AJ$21,W49:AA49),SUMPRODUCT(AF$21:AJ$21,System2!W49:AA49),SUMPRODUCT(AF$21:AJ$21,System3!W49:AA49))","v":{"$error":"#VALUE!"}},{"$f":"WaterFittings!BN24","v":{"$error":"#VALUE!"}},{"$error":"#VALUE!"},{"$error":"#VALUE!"},{"$f":"MIN(AirCond!BL23,P$21)","v":0},{"$error":"#VALUE!"},{"$f":"MIN(ROUNDDOWN(AJ49-FH49,0),ROUNDDOWN(P$21*0.3,0),ROUNDDOWN(SUM(SUMPRODUCT(I$4:I$15,L$4:L$15),SUMPRODUCT(System2!I$4:I$15,System2!L$4:L$15),SUMPRODUCT(System3!I$4:I$15,System3!L$4:L$15))*0.3,0))","v":{"$error":"#VALUE!"}},0,{"$error":"#VALUE!"},{"$error":"#VALUE!"},{"$error":"#VALUE!"},0,{"$error":"#VALUE!"},{"$error":"#VALUE!"},{"$error":"#VALUE!"},0,null,null,null,0,0,0,0,null,{"$error":"#VALUE!"},{"$error":"#VALUE!"},{"$error":"#VALUE!"},{"$error":"#VALUE!"},{"$error":"#VALUE!"},{"$error":"#VALUE!"},{"$error":"#VALUE!"},{"$error":"#VALUE!"},{"$error":"#VALUE!"},0,{"$error":"#VALUE!"},{"$error":"#VALUE!"},{"$error":"#VALUE!"},{"$error":"#VALUE!"},{"$error":"#VALUE!"},{"$error":"#VALUE!"},{"$error":"#VALUE!"},{"$error":"#VALUE!"},{"$error":"#VALUE!"},{"$error":"#VALUE!"},{"$error":"#VALUE!"},{"$error":"#VALUE!"},{"$error":"#VALUE!"},{"$error":"#VALUE!"},{"$error":"#VALUE!"},{"$error":"#VALUE!"},{"$error":"#VALUE!"},{"$error":"#VALUE!"},{"$error":"#VALUE!"},{"$error":"#VALUE!"},{"$error":"#VALUE!"},{"$error":"#VALUE!"},{"$error":"#VALUE!"},{"$error":"#VALUE!"},{"$error":"#VALUE!"},{"$error":"#VALUE!"},{"$error":"#VALUE!"},{"$error":"#VALUE!"},{"$error":"#VALUE!"},{"$error":"#VALUE!"},{"$error":"#VALUE!"},{"$f":"SUM(CQ49,System2!CQ49,System3!CQ49)","v":{"$error":"#VALUE!"}},{"$error":"#VALUE!"},{"$error":"#VALUE!"},{"$error":"#VALUE!"},{"$error":"#VALUE!"},{"$error":"#VALUE!"},{"$error":"#VALUE!"},{"$error":"#VALUE!"},{"$error":"#VALUE!"},{"$error":"#VALUE!"},{"$error":"#VALUE!"},{"$error":"#VALUE!"},{"$error":"#VALUE!"},{"$error":"#VALUE!"},{"$error":"#VALUE!"},{"$error":"#VALUE!"},{"$error":"#VALUE!"},{"$error":"#VALUE!"},{"$error":"#VALUE!"},{"$error":"#VALUE!"},{"$error":"#VALUE!"},{"$error":"#VALUE!"},{"$error":"#VALUE!"},{"$error":"#VALUE!"},{"$error":"#VALUE!"},{"$error":"#VALUE!"},{"$error":"#VALUE!"},{"$f":"SUM(DR49,System2!DR49,System3!DR49)","v":{"$error":"#VALUE!"}},{"$error":"#VALUE!"},{"$error":"#VALUE!"},0,{"$error":"#VALUE!"},{"$error":"#VALUE!"},{"$error":"#VALUE!"},{"$error":"#VALUE!"},0,0,0,0,0,{"$error":"#VALUE!"},{"$f":"SUM(EF49,System2!EF49,System3!EF49)","v":{"$error":"#VALUE!"}},{"$error":"#VALUE!"},{"$error":"#VALUE!"},{"$error":"#VALUE!"},{"$error":"#VALUE!"},{"$error":"#VALUE!"},{"$error":"#VALUE!"},{"$error":"#VALUE!"},{"$error":"#VALUE!"},{"$error":"#VALUE!"},{"$error":"#VALUE!"},{"$error":"#VALUE!"},{"$error":"#VALUE!"},{"$error":"#VALUE!"},{"$error":"#VALUE!"},{"$error":"#VALUE!"},{"$error":"#VALUE!"},{"$error":"#VALUE!"},{"$error":"#VALUE!"},{"$error":"#VALUE!"},{"$error":"#VALUE!"},{"$error":"#VALUE!"},{"$error":"#VALUE!"},{"$error":"#VALUE!"},{"$error":"#VALUE!"},{"$error":"#VALUE!"},{"$error":"#VALUE!"},{"$f":"SUM(FG49,System2!FG49,System3!FG49)","v":{"$error":"#VALUE!"}},0,0,0,0,{"$error":"#VALUE!"},{"$error":"#VALUE!"},{"$error":"#VALUE!"},{"$error":"#VALUE!"},{"$error":"#VALUE!"},{"$error":"#VALUE!"},{"$error":"#VALUE!"},{"$error":"#VALUE!"},{"$error":"#VALUE!"},{"$error":"#VALUE!"},{"$error":"#VALUE!"},{"$error":"#VALUE!"},{"$error":"#VALUE!"},{"$error":"#VALUE!"},{"$error":"#VALUE!"},{"$error":"#VALUE!"},{"$error":"#VALUE!"},{"$error":"#VALUE!"},{"$error":"#VALUE!"},{"$error":"#VALUE!"},{"$f":"$GG$31*WaterFittings!BO24","v":{"$error":"#VALUE!"}},{"$f":"$GH$31*WaterFittings!BP24","v":{"$error":"#VALUE!"}},{"$f":"$GI$31*WaterFittings!BQ24","v":0},{"$f":"GJ$31*AirCond!BD23","v":{"$error":"#VALUE!"}},{"$f":"GK$31*AirCond!BE23","v":{"$error":"#VALUE!"}},{"$f":"GL$31*AirCond!BF23","v":{"$error":"#VALUE!"}},{"$f":"GM$31*AirCond!BG23","v":{"$error":"#VALUE!"}},{"$f":"GN$31*WaterFittings!BS24","v":0},{"$f":"GO$31*WaterFittings!BT24","v":0},{"$f":"GP$31*WaterFittings!BU24","v":0}]
[null,null,19,16.5,0,{"$error":"#VALUE!"},{"$error":"#VALUE!"},{"$error":"#VALUE!"},{"$error":"#VALUE!"},{"$error":"#VALUE!"},{"$error":"#VALUE!"},{"$error":"#VALUE!"},{"$error":"#VALUE!"},{"$error":"#VALUE!"},{"$error":"#VALUE!"},null,{"$error":"#VALUE!"},{"$error":"#VALUE!"},{"$error":"#VALUE!"},{"$error":"#VALUE!"},{"$error":"#VALUE!"},null,{"$error":"#VALUE!"},{"$error":"#VALUE!"},{"$error":"#VALUE!"},{"$error":"#VALUE!"},{"$error":"#VALUE!"},null,19,{"$f":"SUM(SUMPRODUCT(AF$20:AJ$20,Q50:U50),SUMPRODUCT(AF$20:AJ$20,System2!Q50:U50),SUMPRODUCT(AF$20:AJ$20,System3!Q50:U50))","v":{"$error":"#VALUE!"}},{"$f":"SUM(SUMPRODUCT(AF$21:AJ$21,W50:AA50),SUMPRODUCT(AF$21:AJ$21,System2!W50:AA50),SUMPRODUCT(AF$21:AJ$21,System3!W50:AA50))","v":{"$error":"#VALUE!"}},{"$f":"WaterFittings!BN25","v":{"$error":"#VALUE!"}},{"$error":"#VALUE!"},{"$error":"#VALUE!"},{"$f":"MIN(AirCond!BL24,P$21)","v":0},{"$error":"#VALUE!"},{"$f":"MIN(ROUNDDOWN(AJ50-FH50,0),ROUNDDOWN(P$21*0.3,0),ROUNDDOWN(SUM(SUMPRODUCT(I$4:I$15,L$4:L$15),SUMPRODUCT(System2!I$4:I$15,System2!L$4:L$15),SUMPRODUCT(System3!I$4:I$15,System3!L$4:L$15))*0.3,0))","v":{"$error":"#VALUE!"}},0,{"$error":"#VALUE!"},{"$error":"#VALUE!"},{"$error":"#VALUE!"},0,{"$error":"#VALUE!"},{"$error":"#VALUE!"},{"$error":"#VALUE!"},0,null,null,null,0,0,0,0,null,{"$error":"#VALUE!"},{"$error":"#VALUE!"},{"$error":"#VALUE!"},{"$error":"#VALUE!"},{"$error":"#VALUE!"},{"$error":"#VALUE!"},{"$error":"#VALUE!"},{"$error":"#VALUE!"},{"$error":"#VALUE!"},0,{"$error":"#VALUE!"},{"$error":"#VALUE!"},{"$error":"#VALUE!"},{"$error":"#VALUE!"},{"$error":"#VALUE!"},{"$error":"#VALUE!"},{"$error":"#VALUE!"},{"$error":"#VALUE!"},{"$error":"#VALUE!"},{"$error":"#VALUE!"},{"$error":"#VALUE!"},{"$error":"#VALUE!"},{"$error":"#VALUE!"},{"$error":"#VALUE!"},{"$error":"#VALUE!"},{"$error":"#VALUE!"},{"$error":"#VALUE!"},{"$error":"#VALUE!"},{"$error":"#VALUE!"},{"$error":"#VALUE!"},{"$error":"#VALUE!"},{"$error":"#VALUE!"},{"$error":"#VALUE!"},{"$error":"#VALUE!"},{"$error":"#VALUE!"},{"$error":"#VALUE!"},{"$error":"#VALUE!"},{"$error":"#VALUE!"},{"$error":"#VALUE!"},{"$error":"#VALUE!"},{"$error":"#VALUE!"},{"$f":"SUM(CQ50,System2!CQ50,System3!CQ50)","v":{"$error":"#VALUE!"}},{"$error":"#VALUE!"},{"$error":"#VALUE!"},{"$error":"#VALUE!"},{"$error":"#VALUE!"},{"$error":"#VALUE!"},{"$error":"#VALUE!"},{"$error":"#VALUE!"},{"$error":"#VALUE!"},{"$error":"#VALUE!"},{"$error":"#VALUE!"},{"$error":"#VALUE!"},{"$error":"#VALUE!"},{"$error":"#VALUE!"},{"$error":"#VALUE!"},{"$error":"#VALUE!"},{"$error":"#VALUE!"},{"$error":"#VALUE!"},{"$error":"#VALUE!"},{"$error":"#VALUE!"},{"$error":"#VALUE!"},{"$error":"#VALUE!"},{"$error":"#VALUE!"},{"$error":"#VALUE!"},{"$error":"#VALUE!"},{"$error":"#VALUE!"},{"$error":"#VALUE!"},{"$f":"SUM(DR50,System2!DR50,System3!DR50)","v":{"$error":"#VALUE!"}},{"$error":"#VALUE!"},{"$error":"#VALUE!"},0,{"$error":"#VALUE!"},{"$error":"#VALUE!"},{"$error":"#VALUE!"},{"$error":"#VALUE!"},0,0,0,0,0,{"$error":"#VALUE!"},{"$f":"SUM(EF50,System2!EF50,System3!EF50)","v":{"$error":"#VALUE!"}},{"$error":"#VALUE!"},{"$error":"#VALUE!"},{"$error":"#VALUE!"},{"$error":"#VALUE!"},{"$error":"#VALUE!"},{"$error":"#VALUE!"},{"$error":"#VALUE!"},{"$error":"#VALUE!"},{"$error":"#VALUE!"},{"$error":"#VALUE!"},{"$error":"#VALUE!"},{"$error":"#VALUE!"},{"$error":"#VALUE!"},{"$error":"#VALUE!"},{"$error":"#VALUE!"},{"$error":"#VALUE!"},{"$error":"#VALUE!"},{"$error":"#VALUE!"},{"$error":"#VALUE!"},{"$error":"#VALUE!"},{"$error":"#VALUE!"},{"$error":"#VALUE!"},{"$error":"#VALUE!"},{"$error":"#VALUE!"},{"$error":"#VALUE!"},{"$error":"#VALUE!"},{"$f":"SUM(FG50,System2!FG50,System3!FG50)","v":{"$error":"#VALUE!"}},0,0,0,0,{"$error":"#VALUE!"},{"$error":"#VALUE!"},{"$error":"#VALUE!"},{"$error":"#VALUE!"},{"$error":"#VALUE!"},{"$error":"#VALUE!"},{"$error":"#VALUE!"},{"$error":"#VALUE!"},{"$error":"#VALUE!"},{"$error":"#VALUE!"},{"$error":"#VALUE!"},{"$error":"#VALUE!"},{"$error":"#VALUE!"},{"$error":"#VALUE!"},{"$error":"#VALUE!"},{"$error":"#VALUE!"},{"$error":"#VALUE!"},{"$error":"#VALUE!"},{"$error":"#VALUE!"},{"$error":"#VALUE!"},{"$f":"$GG$31*WaterFittings!BO25","v":{"$error":"#VALUE!"}},{"$f":"$GH$31*WaterFittings!BP25","v":{"$error":"#VALUE!"}},{"$f":"$GI$31*WaterFittings!BQ25","v":0},{"$f":"GJ$31*AirCond!BD24","v":{"$error":"#VALUE!"}},{"$f":"GK$31*AirCond!BE24","v":{"$error":"#VALUE!"}},{"$f":"GL$31*AirCond!BF24","v":{"$error":"#VALUE!"}},{"$f":"GM$31*AirCond!BG24","v":{"$error":"#VALUE!"}},{"$f":"GN$31*WaterFittings!BS25","v":0},{"$f":"GO$31*WaterFittings!BT25","v":0},{"$f":"GP$31*WaterFittings!BU25","v":0}]
[null,null,20,3,0,{"$error":"#VALUE!"},{"$error":"#VALUE!"},{"$error":"#VALUE!"},{"$error":"#VALUE!"},{"$error":"#VALUE!"},{"$error":"#VALUE!"},{"$error":"#VALUE!"},{"$error":"#VALUE!"},{"$error":"#VALUE!"},{"$error":"#VALUE!"},null,{"$error":"#VALUE!"},{"$error":"#VALUE!"},{"$error":"#VALUE!"},{"$error":"#VALUE!"},{"$error":"#VALUE!"},null,{"$error":"#VALUE!"},{"$error":"#VALUE!"},{"$error":"#VALUE!"},{"$error":"#VALUE!"},{"$error":"#VALUE!"},null,20,{"$f":"SUM(SUMPRODUCT(AF$20:AJ$20,Q51:U51),SUMPRODUCT(AF$20:AJ$20,System2!Q51:U51),SUMPRODUCT(AF$20:AJ$20,System3!Q51:U51))","v":{"$error":"#VALUE!"}},{"$f":"SUM(SUMPRODUCT(AF$21:AJ$21,W51:AA51),SUMPRODUCT(AF$21:AJ$21,System2!W51:AA51),SUMPRODUCT(AF$21:AJ$21,System3!W51:AA51))","v":{"$error":"#VALUE!"}},{"$f":"WaterFittings!BN26","v":{"$error":"#VALUE!"}},{"$error":"#VALUE!"},{"$error":"#VALUE!"},{"$f":"MIN(AirCond!BL25,P$21)","v":0},{"$error":"#VALUE!"},{"$f":"MIN(ROUNDDOWN(AJ51-FH51,0),ROUNDDOWN(P$21*0.3,0),ROUNDDOWN(SUM(SUMPRODUCT(I$4:I$15,L$4:L$15),SUMPRODUCT(System2!I$4:I$15,System2!L$4:L$15),SUMPRODUCT(System3!I$4:I$15,System3!L$4:L$15))*0.3,0))","v":{"$error":"#VALUE!"}},0,{"$error":"#VALUE!"},{"$error":"#VALUE!"},{"$error":"#VALUE!"},0,{"$error":"#VALUE!"},{"$error":"#VALUE!"},{"$error":"#VALUE!"},0,null,null,null,0,0,0,0,null,{"$error":"#VALUE!"},{"$error":"#VALUE!"},{"$error":"#VALUE!"},{"$error":"#VALUE!"},{"$error":"#VALUE!"},{"$error":"#VALUE!"},{"$error":"#VALUE!"},{"$error":"#VALUE!"},{"$error":"#VALUE!"},0,{"$error":"#VALUE!"},{"$error":"#VALUE!"},{"$error":"#VALUE!"},{"$error":"#VALUE!"},{"$error":"#VALUE!"},{"$error":"#VALUE!"},{"$error":"#VALUE!"},{"$error":"#VALUE!"},{"$error":"#VALUE!"},{"$error":"#VALUE!"},{"$error":"#VALUE!"},{"$error":"#VALUE!"},{"$error":"#VALUE!"},{"$error":"#VALUE!"},{"$error":"#VALUE!"},{"$error":"#VALUE!"},{"$error":"#VALUE!"},{"$error":"#VALUE!"},{"$error":"#VALUE!"},{"$error":"#VALUE!"},{"$error":"#VALUE!"},{"$error":"#VALUE!"},{"$error":"#VALUE!"},{"$error":"#VALUE!"},{"$error":"#VALUE!"},{"$error":"#VALUE!"},{"$error":"#VALUE!"},{"$error":"#VALUE!"},{"$error":"#VALUE!"},{"$error":"#VALUE!"},{"$error":"#VALUE!"},{"$f":"SUM(CQ51,System2!CQ51,System3!CQ51)","v":{"$error":"#VALUE!"}},{"$error":"#VALUE!"},{"$error":"#VALUE!"},{"$error":"#VALUE!"},{"$error":"#VALUE!"},{"$error":"#VALUE!"},{"$error":"#VALUE!"},{"$error":"#VALUE!"},{"$error":"#VALUE!"},{"$error":"#VALUE!"},{"$error":"#VALUE!"},{"$error":"#VALUE!"},{"$error":"#VALUE!"},{"$error":"#VALUE!"},{"$error":"#VALUE!"},{"$error":"#VALUE!"},{"$error":"#VALUE!"},{"$error":"#VALUE!"},{"$error":"#VALUE!"},{"$error":"#VALUE!"},{"$error":"#VALUE!"},{"$error":"#VALUE!"},{"$error":"#VALUE!"},{"$error":"#VALUE!"},{"$error":"#VALUE!"},{"$error":"#VALUE!"},{"$error":"#VALUE!"},{"$f":"SUM(DR51,System2!DR51,System3!DR51)","v":{"$error":"#VALUE!"}},{"$error":"#VALUE!"},{"$error":"#VALUE!"},0,{"$error":"#VALUE!"},{"$error":"#VALUE!"},{"$error":"#VALUE!"},{"$error":"#VALUE!"},0,0,0,0,0,{"$error":"#VALUE!"},{"$f":"SUM(EF51,System2!EF51,System3!EF51)","v":{"$error":"#VALUE!"}},{"$error":"#VALUE!"},{"$error":"#VALUE!"},{"$error":"#VALUE!"},{"$error":"#VALUE!"},{"$error":"#VALUE!"},{"$error":"#VALUE!"},{"$error":"#VALUE!"},{"$error":"#VALUE!"},{"$error":"#VALUE!"},{"$error":"#VALUE!"},{"$error":"#VALUE!"},{"$error":"#VALUE!"},{"$error":"#VALUE!"},{"$error":"#VALUE!"},{"$error":"#VALUE!"},{"$error":"#VALUE!"},{"$error":"#VALUE!"},{"$error":"#VALUE!"},{"$error":"#VALUE!"},{"$error":"#VALUE!"},{"$error":"#VALUE!"},{"$error":"#VALUE!"},{"$error":"#VALUE!"},{"$error":"#VALUE!"},{"$error":"#VALUE!"},{"$error":"#VALUE!"},{"$f":"SUM(FG51,System2!FG51,System3!FG51)","v":{"$error":"#VALUE!"}},{"$f":"IF(IF(FI$28>=3,COUNTIF(FI48:FI50,\">0\"),IF(FI$28=2,COUNTIF(FI49:FI50,\">0\"),IF(FI$28=1,COUNTIF(FI50,\">0\")))),0,FI$31)","v":0},0,{"$f":"IF(IF(FK$28>=3,COUNTIF(FK48:FK50,\">0\"),IF(FK$28=2,COUNTIF(FK49:FK50,\">0\"),IF(FK$28=1,COUNTIF(FK50,\">0\")))),0,FK$31)","v":0},0,{"$error":"#VALUE!"},{"$error":"#VALUE!"},{"$error":"#VALUE!"},{"$error":"#VALUE!"},{"$error":"#VALUE!"},{"$error":"#VALUE!"},{"$error":"#VALUE!"},{"$error":"#VALUE!"},{"$error":"#VALUE!"},{"$error":"#VALUE!"},{"$error":"#VALUE!"},{"$error":"#VALUE!"},{"$error":"#VALUE!"},{"$error":"#VALUE!"},{"$error":"#VALUE!"},{"$error":"#VALUE!"},{"$error":"#VALUE!"},{"$error":"#VALUE!"},{"$error":"#VALUE!"},{"$error":"#VALUE!"},{"$f":"$GG$31*WaterFittings!BO26","v":{"$error":"#VALUE!"}},{"$f":"$GH$31*WaterFittings!BP26","v":{"$error":"#VALUE!"}},{"$f":"$GI$31*WaterFittings!BQ26","v":0},{"$f":"GJ$31*AirCond!BD25","v":{"$error":"#VALUE!"}},{"$f":"GK$31*AirCond!BE25","v":{"$error":"#VALUE!"}},{"$f":"GL$31*AirCond!BF25","v":{"$error":"#VALUE!"}},{"$f":"GM$31*AirCond!BG25","v":{"$error":"#VALUE!"}},{"$f":"GN$31*WaterFittings!BS26","v":0},{"$f":"GO$31*WaterFittings!BT26","v":0},{"$f":"GP$31*WaterFittings!BU26","v":0}]
[null,null,21,0.5,0,{"$error":"#VALUE!"},{"$error":"#VALUE!"},{"$error":"#VALUE!"},{"$error":"#VALUE!"},{"$error":"#VALUE!"},{"$error":"#VALUE!"},{"$error":"#VALUE!"},{"$error":"#VALUE!"},{"$error":"#VALUE!"},{"$error":"#VALUE!"},null,{"$error":"#VALUE!"},{"$error":"#VALUE!"},{"$error":"#VALUE!"},{"$error":"#VALUE!"},{"$error":"#VALUE!"},null,{"$error":"#VALUE!"},{"$error":"#VALUE!"},{"$error":"#VALUE!"},{"$error":"#VALUE!"},{"$error":"#VALUE!"},null,21,{"$f":"SUM(SUMPRODUCT(AF$20:AJ$20,Q52:U52),SUMPRODUCT(AF$20:AJ$20,System2!Q52:U52),SUMPRODUCT(AF$20:AJ$20,System3!Q52:U52))","v":{"$error":"#VALUE!"}},{"$f":"SUM(SUMPRODUCT(AF$21:AJ$21,W52:AA52),SUMPRODUCT(AF$21:AJ$21,System2!W52:AA52),SUMPRODUCT(AF$21:AJ$21,System3!W52:AA52))","v":{"$error":"#VALUE!"}},{"$f":"WaterFittings!BN27","v":{"$error":"#VALUE!"}},{"$error":"#VALUE!"},{"$error":"#VALUE!"},{"$f":"MIN(AirCond!BL26,P$21)","v":0},{"$error":"#VALUE!"},{"$f":"MIN(ROUNDDOWN(AJ52-FH52,0),ROUNDDOWN(P$21*0.3,0),ROUNDDOWN(SUM(SUMPRODUCT(I$4:I$15,L$4:L$15),SUMPRODUCT(System2!I$4:I$15,System2!L$4:L$15),SUMPRODUCT(System3!I$4:I$15,System3!L$4:L$15))*0.3,0))","v":{"$error":"#VALUE!"}},0,{"$error":"#VALUE!"},{"$error":"#VALUE!"},{"$error":"#VALUE!"},0,{"$error":"#VALUE!"},{"$error":"#VALUE!"},{"$error":"#VALUE!"},0,null,null,null,0,0,0,0,null,{"$error":"#VALUE!"},{"$error":"#VALUE!"},{"$error":"#VALUE!"},{"$error":"#VALUE!"},{"$error":"#VALUE!"},{"$error":"#VALUE!"},{"$error":"#VALUE!"},{"$error":"#VALUE!"},{"$error":"#VALUE!"},0,{"$error":"#VALUE!"},{"$error":"#VALUE!"},{"$error":"#VALUE!"},{"$error":"#VALUE!"},{"$error":"#VALUE!"},{"$error":"#VALUE!"},{"$error":"#VALUE!"},{"$error":"#VALUE!"},{"$error":"#VALUE!"},{"$error":"#VALUE!"},{"$error":"#VALUE!"},{"$error":"#VALUE!"},{"$error":"#VALUE!"},{"$error":"#VALUE!"},{"$error":"#VALUE!"},{"$error":"#VALUE!"},{"$error":"#VALUE!"},{"$error":"#VALUE!"},{"$error":"#VALUE!"},{"$error":"#VALUE!"},{"$error":"#VALUE!"},{"$error":"#VALUE!"},{"$error":"#VALUE!"},{"$error":"#VALUE!"},{"$error":"#VALUE!"},{"$error":"#VALUE!"},{"$error":"#VALUE!"},{"$error":"#VALUE!"},{"$error":"#VALUE!"},{"$error":"#VALUE!"},{"$error":"#VALUE!"},{"$f":"SUM(CQ52,System2!CQ52,System3!CQ52)","v":{"$error":"#VALUE!"}},{"$error":"#VALUE!"},{"$error":"#VALUE!"},{"$error":"#VALUE!"},{"$error":"#VALUE!"},{"$error":"#VALUE!"},{"$error":"#VALUE!"},{"$error":"#VALUE!"},{"$error":"#VALUE!"},{"$error":"#VALUE!"},{"$error":"#VALUE!"},{"$error":"#VALUE!"},{"$error":"#VALUE!"},{"$error":"#VALUE!"},{"$error":"#VALUE!"},{"$error":"#VALUE!"},{"$error":"#VALUE!"},{"$error":"#VALUE!"},{"$error":"#VALUE!"},{"$error":"#VALUE!"},{"$error":"#VALUE!"},{"$error":"#VALUE!"},{"$error":"#VALUE!"},{"$error":"#VALUE!"},{"$error":"#VALUE!"},{"$error":"#VALUE!"},{"$error":"#VALUE!"},{"$f":"SUM(DR52,System2!DR52,System3!DR52)","v":{"$error":"#VALUE!"}},{"$error":"#VALUE!"},{"$error":"#VALUE!"},0,{"$error":"#VALUE!"},{"$error":"#VALUE!"},{"$error":"#VALUE!"},{"$error":"#VALUE!"},0,0,0,0,0,{"$error":"#VALUE!"},{"$f":"SUM(EF52,System2!EF52,System3!EF52)","v":{"$error":"#VALUE!"}},{"$error":"#VALUE!"},{"$error":"#VALUE!"},{"$error":"#VALUE!"},{"$error":"#VALUE!"},{"$error":"#VALUE!"},{"$error":"#VALUE!"},{"$error":"#VALUE!"},{"$error":"#VALUE!"},{"$error":"#VALUE!"},{"$error":"#VALUE!"},{"$error":"#VALUE!"},{"$error":"#VALUE!"},{"$error":"#VALUE!"},{"$error":"#VALUE!"},{"$error":"#VALUE!"},{"$error":"#VALUE!"},{"$error":"#VALUE!"},{"$error":"#VALUE!"},{"$error":"#VALUE!"},{"$error":"#VALUE!"},{"$error":"#VALUE!"},{"$error":"#VALUE!"},{"$error":"#VALUE!"},{"$error":"#VALUE!"},{"$error":"#VALUE!"},{"$error":"#VALUE!"},{"$f":"SUM(FG52,System2!FG52,System3!FG52)","v":{"$error":"#VALUE!"}},0,0,0,0,{"$error":"#VALUE!"},{"$error":"#VALUE!"},{"$error":"#VALUE!"},{"$error":"#VALUE!"},{"$error":"#VALUE!"},{"$error":"#VALUE!"},{"$error":"#VALUE!"},{"$error":"#VALUE!"},{"$error":"#VALUE!"},{"$error":"#VALUE!"},{"$error":"#VALUE!"},{"$error":"#VALUE!"},{"$error":"#VALUE!"},{"$error":"#VALUE!"},{"$error":"#VALUE!"},{"$error":"#VALUE!"},{"$error":"#VALUE!"},{"$error":"#VALUE!"},{"$error":"#VALUE!"},{"$error":"#VALUE!"},{"$f":"$GG$31*WaterFittings!BO27","v":{"$error":"#VALUE!"}},{"$f":"$GH$31*WaterFittings!BP27","v":{"$error":"#VALUE!"}},{"$f":"$GI$31*WaterFittings!BQ27","v":0},{"$f":"GJ$31*AirCond!BD26","v":{"$error":"#VALUE!"}},{"$f":"GK$31*AirCond!BE26","v":{"$error":"#VALUE!"}},{"$f":"GL$31*AirCond!BF26","v":{"$error":"#VALUE!"}},{"$f":"GM$31*AirCond!BG26","v":{"$error":"#VALUE!"}},{"$f":"GN$31*WaterFittings!BS27","v":0},{"$f":"GO$31*WaterFittings!BT27","v":0},{"$f":"GP$31*WaterFittings!BU27","v":0}]
[null,null,22,0,0,{"$error":"#VALUE!"},{"$error":"#VALUE!"},{"$error":"#VALUE!"},{"$error":"#VALUE!"},{"$error":"#VALUE!"},{"$error":"#VALUE!"},{"$error":"#VALUE!"},{"$error":"#VALUE!"},{"$error":"#VALUE!"},{"$error":"#VALUE!"},null,{"$error":"#VALUE!"},{"$error":"#VALUE!"},{"$error":"#VALUE!"},{"$error":"#VALUE!"},{"$error":"#VALUE!"},null,{"$error":"#VALUE!"},{"$error":"#VALUE!"},{"$error":"#VALUE!"},{"$error":"#VALUE!"},{"$f":"ROUNDDOWN(FF53,0)","v":{"$error":"#VALUE!"}},null,22,{"$f":"SUM(SUMPRODUCT(AF$20:AJ$20,Q53:U53),SUMPRODUCT(AF$20:AJ$20,System2!Q53:U53),SUMPRODUCT(AF$20:AJ$20,System3!Q53:U53))","v":{"$error":"#VALUE!"}},{"$f":"SUM(SUMPRODUCT(AF$21:AJ$21,W53:AA53),SUMPRODUCT(AF$21:AJ$21,System2!W53:AA53),SUMPRODUCT(AF$21:AJ$21,System3!W53:AA53))","v":{"$error":"#VALUE!"}},{"$f":"WaterFittings!BN28","v":{"$error":"#VALUE!"}},{"$error":"#VALUE!"},{"$error":"#VALUE!"},{"$f":"MIN(AirCond!BL27,P$21)","v":0},{"$error":"#VALUE!"},{"$f":"MIN(ROUNDDOWN(AJ53-FH53,0),ROUNDDOWN(P$21*0.3,0),ROUNDDOWN(SUM(SUMPRODUCT(I$4:I$15,L$4:L$15),SUMPRODUCT(System2!I$4:I$15,System2!L$4:L$15),SUMPRODUCT(System3!I$4:I$15,System3!L$4:L$15))*0.3,0))","v":{"$error":"#VALUE!"}},0,{"$error":"#VALUE!"},{"$error":"#VALUE!"},{"$error":"#VALUE!"},0,{"$error":"#VALUE!"},{"$error":"#VALUE!"},{"$error":"#VALUE!"},0,null,null,null,0,0,0,0,null,{"$error":"#VALUE!"},{"$error":"#VALUE!"},{"$error":"#VALUE!"},{"$error":"#VALUE!"},{"$error":"#VALUE!"},{"$error":"#VALUE!"},{"$error":"#VALUE!"},{"$error":"#VALUE!"},{"$error":"#VALUE!"},0,{"$error":"#VALUE!"},{"$error":"#VALUE!"},{"$error":"#VALUE!"},{"$error":"#VALUE!"},{"$error":"#VALUE!"},{"$error":"#VALUE!"},{"$error":"#VALUE!"},{"$error":"#VALUE!"},{"$error":"#VALUE!"},{"$error":"#VALUE!"},{"$error":"#VALUE!"},{"$error":"#VALUE!"},{"$error":"#VALUE!"},{"$error":"#VALUE!"},{"$error":"#VALUE!"},{"$error":"#VALUE!"},{"$error":"#VALUE!"},{"$error":"#VALUE!"},{"$error":"#VALUE!"},{"$error":"#VALUE!"},{"$error":"#VALUE!"},{"$error":"#VALUE!"},{"$error":"#VALUE!"},{"$error":"#VALUE!"},{"$error":"#VALUE!"},{"$error":"#VALUE!"},{"$error":"#VALUE!"},{"$error":"#VALUE!"},{"$error":"#VALUE!"},{"$error":"#VALUE!"},{"$error":"#VALUE!"},{"$f":"SUM(CQ53,System2!CQ53,System3!CQ53)","v":{"$error":"#VALUE!"}},{"$error":"#VALUE!"},{"$error":"#VALUE!"},{"$error":"#VALUE!"},{"$error":"#VALUE!"},{"$error":"#VALUE!"},{"$error":"#VALUE!"},{"$error":"#VALUE!"},{"$error":"#VALUE!"},{"$error":"#VALUE!"},{"$error":"#VALUE!"},{"$error":"#VALUE!"},{"$error":"#VALUE!"},{"$error":"#VALUE!"},{"$error":"#VALUE!"},{"$error":"#VALUE!"},{"$error":"#VALUE!"},{"$error":"#VALUE!"},{"$error":"#VALUE!"},{"$error":"#VALUE!"},{"$error":"#VALUE!"},{"$error":"#VALUE!"},{"$error":"#VALUE!"},{"$error":"#VALUE!"},{"$error":"#VALUE!"},{"$error":"#VALUE!"},{"$error":"#VALUE!"},{"$f":"SUM(DR53,System2!DR53,System3!DR53)","v":{"$error":"#VALUE!"}},{"$error":"#VALUE!"},{"$error":"#VALUE!"},0,{"$error":"#VALUE!"},{"$error":"#VALUE!"},{"$error":"#VALUE!"},{"$error":"#VALUE!"},0,0,0,0,0,{"$error":"#VALUE!"},{"$f":"SUM(EF53,System2!EF53,System3!EF53)","v":{"$error":"#VALUE!"}},{"$error":"#VALUE!"},{"$error":"#VALUE!"},{"$error":"#VALUE!"},{"$error":"#VALUE!"},{"$error":"#VALUE!"},{"$error":"#VALUE!"},{"$error":"#VALUE!"},{"$error":"#VALUE!"},{"$error":"#VALUE!"},{"$error":"#VALUE!"},{"$error":"#VALUE!"},{"$error":"#VALUE!"},{"$error":"#VALUE!"},{"$error":"#VALUE!"},{"$error":"#VALUE!"},{"$error":"#VALUE!"},{"$error":"#VALUE!"},{"$error":"#VALUE!"},{"$error":"#VALUE!"},{"$error":"#VALUE!"},{"$error":"#VALUE!"},{"$error":"#VALUE!"},{"$error":"#VALUE!"},{"$error":"#VALUE!"},{"$error":"#VALUE!"},{"$error":"#VALUE!"},{"$f":"SUM(FG53,System2!FG53,System3!FG53)","v":{"$error":"#VALUE!"}},0,0,0,0,{"$error":"#VALUE!"},{"$error":"#VALUE!"},{"$error":"#VALUE!"},{"$error":"#VALUE!"},{"$error":"#VALUE!"},{"$error":"#VALUE!"},{"$error":"#VALUE!"},{"$error":"#VALUE!"},{"$error":"#VALUE!"},{"$error":"#VALUE!"},{"$error":"#VALUE!"},{"$error":"#VALUE!"},{"$error":"#VALUE!"},{"$error":"#VALUE!"},{"$error":"#VALUE!"},{"$error":"#VALUE!"},{"$error":"#VALUE!"},{"$error":"#VALUE!"},{"$error":"#VALUE!"},{"$error":"#VALUE!"},{"$f":"$GG$31*WaterFittings!BO28","v":{"$error":"#VALUE!"}},{"$f":"$GH$31*WaterFittings!BP28","v":{"$error":"#VALUE!"}},{"$f":"$GI$31*WaterFittings!BQ28","v":0},{"$f":"GJ$31*AirCond!BD27","v":{"$error":"#VALUE!"}},{"$f":"GK$31*AirCond!BE27","v":{"$error":"#VALUE!"}},{"$f":"GL$31*AirCond!BF27","v":{"$error":"#VALUE!"}},{"$f":"GM$31*AirCond!BG27","v":{"$error":"#VALUE!"}},{"$f":"GN$31*WaterFittings!BS28","v":0},{"$f":"GO$31*WaterFittings!BT28","v":0},{"$f":"GP$31*WaterFittings!BU28","v":0}]
[null,null,{"$f":"C53+1","v":23},0,0,{"$error":"#VALUE!"},{"$error":"#VALUE!"},{"$error":"#VALUE!"},{"$error":"#VALUE!"},{"$error":"#VALUE!"},{"$error":"#VALUE!"},{"$error":"#VALUE!"},{"$error":"#VALUE!"},{"$error":"#VALUE!"},{"$error":"#VALUE!"},null,{"$error":"#VALUE!"},{"$error":"#VALUE!"},{"$error":"#VALUE!"},{"$error":"#VALUE!"},{"$error":"#VALUE!"},null,{"$error":"#VALUE!"},{"$error":"#VALUE!"},{"$error":"#VALUE!"},{"$error":"#VALUE!"},{"$error":"#VALUE!"},null,23,{"$f":"SUM(SUMPRODUCT(AF$20:AJ$20,Q54:U54),SUMPRODUCT(AF$20:AJ$20,System2!Q54:U54),SUMPRODUCT(AF$20:AJ$20,System3!Q54:U54))","v":{"$error":"#VALUE!"}},{"$f":"SUM(SUMPRODUCT(AF$21:AJ$21,W54:AA54),SUMPRODUCT(AF$21:AJ$21,System2!W54:AA54),SUMPRODUCT(AF$21:AJ$21,System3!W54:AA54))","v":{"$error":"#VALUE!"}},{"$f":"WaterFittings!BN29","v":{"$error":"#VALUE!"}},{"$error":"#VALUE!"},{"$error":"#VALUE!"},{"$f":"MIN(AirCond!BL28,P$21)","v":0},{"$error":"#VALUE!"},{"$f":"MIN(ROUNDDOWN(AJ54-FH54,0),ROUNDDOWN(P$21*0.3,0),ROUNDDOWN(SUM(SUMPRODUCT(I$4:I$15,L$4:L$15),SUMPRODUCT(System2!I$4:I$15,System2!L$4:L$15),SUMPRODUCT(System3!I$4:I$15,System3!L$4:L$15))*0.3,0))","v":{"$error":"#VALUE!"}},0,{"$error":"#VALUE!"},{"$error":"#VALUE!"},{"$error":"#VALUE!"},0,{"$error":"#VALUE!"},{"$error":"#VALUE!"},{"$error":"#VALUE!"},0,null,null,null,0,0,0,0,null,{"$error":"#VALUE!"},{"$error":"#VALUE!"},{"$error":"#VALUE!"},{"$error":"#VALUE!"},{"$error":"#VALUE!"},{"$error":"#VALUE!"},{"$error":"#VALUE!"},{"$error":"#VALUE!"},{"$error":"#VALUE!"},0,{"$error":"#VALUE!"},{"$error":"#VALUE!"},{"$error":"#VALUE!"},{"$error":"#VALUE!"},{"$error":"#VALUE!"},{"$error":"#VALUE!"},{"$error":"#VALUE!"},{"$error":"#VALUE!"},{"$error":"#VALUE!"},{"$error":"#VALUE!"},{"$error":"#VALUE!"},{"$error":"#VALUE!"},{"$error":"#VALUE!"},{"$error":"#VALUE!"},{"$error":"#VALUE!"},{"$error":"#VALUE!"},{"$error":"#VALUE!"},{"$error":"#VALUE!"},{"$error":"#VALUE!"},{"$error":"#VALUE!"},{"$error":"#VALUE!"},{"$error":"#VALUE!"},{"$error":"#VALUE!"},{"$error":"#VALUE!"},{"$error":"#VALUE!"},{"$error":"#VALUE!"},{"$error":"#VALUE!"},{"$error":"#VALUE!"},{"$error":"#VALUE!"},{"$error":"#VALUE!"},{"$error":"#VALUE!"},{"$f":"SUM(CQ54,System2!CQ54,System3!CQ54)","v":{"$error":"#VALUE!"}},{"$error":"#VALUE!"},{"$error":"#VALUE!"},{"$error":"#VALUE!"},{"$error":"#VALUE!"},{"$error":"#VALUE!"},{"$error":"#VALUE!"},{"$error":"#VALUE!"},{"$error":"#VALUE!"},{"$error":"#VALUE!"},{"$error":"#VALUE!"},{"$error":"#VALUE!"},{"$error":"#VALUE!"},{"$error":"#VALUE!"},{"$error":"#VALUE!"},{"$error":"#VALUE!"},{"$error":"#VALUE!"},{"$error":"#VALUE!"},{"$error":"#VALUE!"},{"$error":"#VALUE!"},{"$error":"#VALUE!"},{"$error":"#VALUE!"},{"$error":"#VALUE!"},{"$error":"#VALUE!"},{"$error":"#VALUE!"},{"$error":"#VALUE!"},{"$error":"#VALUE!"},{"$f":"SUM(DR54,System2!DR54,System3!DR54)","v":{"$error":"#VALUE!"}},{"$error":"#VALUE!"},{"$error":"#VALUE!"},0,{"$error":"#VALUE!"},{"$error":"#VALUE!"},{"$error":"#VALUE!"},{"$error":"#VALUE!"},0,0,0,0,0,{"$error":"#VALUE!"},{"$f":"SUM(EF54,System2!EF54,System3!EF54)","v":{"$error":"#VALUE!"}},{"$error":"#VALUE!"},{"$error":"#VALUE!"},{"$error":"#VALUE!"},{"$error":"#VALUE!"},{"$error":"#VALUE!"},{"$error":"#VALUE!"},{"$error":"#VALUE!"},{"$error":"#VALUE!"},{"$error":"#VALUE!"},{"$error":"#VALUE!"},{"$error":"#VALUE!"},{"$error":"#VALUE!"},{"$error":"#VALUE!"},{"$error":"#VALUE!"},{"$error":"#VALUE!"},{"$error":"#VALUE!"},{"$error":"#VALUE!"},{"$error":"#VALUE!"},{"$error":"#VALUE!"},{"$error":"#VALUE!"},{"$error":"#VALUE!"},{"$error":"#VALUE!"},{"$error":"#VALUE!"},{"$error":"#VALUE!"},{"$error":"#VALUE!"},{"$error":"#VALUE!"},{"$f":"SUM(FG54,System2!FG54,System3!FG54)","v":{"$error":"#VALUE!"}},0,0,0,0,{"$error":"#VALUE!"},{"$error":"#VALUE!"},{"$error":"#VALUE!"},{"$error":"#VALUE!"},{"$error":"#VALUE!"},{"$error":"#VALUE!"},{"$error":"#VALUE!"},{"$error":"#VALUE!"},{"$error":"#VALUE!"},{"$error":"#VALUE!"},{"$error":"#VALUE!"},{"$error":"#VALUE!"},{"$error":"#VALUE!"},{"$error":"#VALUE!"},{"$error":"#VALUE!"},{"$error":"#VALUE!"},{"$error":"#VALUE!"},{"$error":"#VALUE!"},{"$error":"#VALUE!"},{"$error":"#VALUE!"},{"$f":"$GG$31*WaterFittings!BO29","v":{"$error":"#VALUE!"}},{"$f":"$GH$31*WaterFittings!BP29","v":{"$error":"#VALUE!"}},{"$f":"$GI$31*WaterFittings!BQ29","v":0},{"$f":"GJ$31*AirCond!BD28","v":{"$error":"#VALUE!"}},{"$f":"GK$31*AirCond!BE28","v":{"$error":"#VALUE!"}},{"$f":"GL$31*AirCond!BF28","v":{"$error":"#VALUE!"}},{"$f":"GM$31*AirCond!BG28","v":{"$error":"#VALUE!"}},{"$f":"GN$31*WaterFittings!BS29","v":0},{"$f":"GO$31*WaterFittings!BT29","v":0},{"$f":"GP$31*WaterFittings!BU29","v":0}]
[null,null,24,33.5,0,{"$error":"#VALUE!"},{"$error":"#VALUE!"},{"$error":"#VALUE!"},{"$error":"#VALUE!"},{"$error":"#VALUE!"},{"$error":"#VALUE!"},{"$error":"#VALUE!"},{"$error":"#VALUE!"},{"$error":"#VALUE!"},{"$error":"#VALUE!"},null,{"$error":"#VALUE!"},{"$error":"#VALUE!"},{"$error":"#VALUE!"},{"$error":"#VALUE!"},{"$error":"#VALUE!"},null,{"$error":"#VALUE!"},{"$error":"#VALUE!"},{"$error":"#VALUE!"},{"$error":"#VALUE!"},{"$error":"#VALUE!"},null,24,{"$f":"SUM(SUMPRODUCT(AF$20:AJ$20,Q55:U55),SUMPRODUCT(AF$20:AJ$20,System2!Q55:U55),SUMPRODUCT(AF$20:AJ$20,System3!Q55:U55))","v":{"$error":"#VALUE!"}},{"$f":"SUM(SUMPRODUCT(AF$21:AJ$21,W55:AA55),SUMPRODUCT(AF$21:AJ$21,System2!W55:AA55),SUMPRODUCT(AF$21:AJ$21,System3!W55:AA55))","v":{"$error":"#VALUE!"}},{"$f":"WaterFittings!BN30","v":{"$error":"#VALUE!"}},{"$error":"#VALUE!"},{"$error":"#VALUE!"},{"$f":"MIN(AirCond!BL29,P$21)","v":0},{"$error":"#VALUE!"},{"$f":"MIN(ROUNDDOWN(AJ55-FH55,0),ROUNDDOWN(P$21*0.3,0),ROUNDDOWN(SUM(SUMPRODUCT(I$4:I$15,L$4:L$15),SUMPRODUCT(System2!I$4:I$15,System2!L$4:L$15),SUMPRODUCT(System3!I$4:I$15,System3!L$4:L$15))*0.3,0))","v":{"$error":"#VALUE!"}},0,{"$error":"#VALUE!"},{"$error":"#VALUE!"},{"$error":"#VALUE!"},0,{"$error":"#VALUE!"},{"$error":"#VALUE!"},{"$error":"#VALUE!"},0,null,null,null,0,0,0,0,null,{"$error":"#VALUE!"},{"$error":"#VALUE!"},{"$error":"#VALUE!"},{"$error":"#VALUE!"},{"$error":"#VALUE!"},{"$error":"#VALUE!"},{"$error":"#VALUE!"},{"$error":"#VALUE!"},{"$error":"#VALUE!"},0,{"$error":"#VALUE!"},{"$error":"#VALUE!"},{"$error":"#VALUE!"},{"$error":"#VALUE!"},{"$error":"#VALUE!"},{"$error":"#VALUE!"},{"$error":"#VALUE!"},{"$error":"#VALUE!"},{"$error":"#VALUE!"},{"$error":"#VALUE!"},{"$error":"#VALUE!"},{"$error":"#VALUE!"},{"$error":"#VALUE!"},{"$error":"#VALUE!"},{"$error":"#VALUE!"},{"$error":"#VALUE!"},{"$error":"#VALUE!"},{"$error":"#VALUE!"},{"$error":"#VALUE!"},{"$error":"#VALUE!"},{"$error":"#VALUE!"},{"$error":"#VALUE!"},{"$error":"#VALUE!"},{"$error":"#VALUE!"},{"$error":"#VALUE!"},{"$error":"#VALUE!"},{"$error":"#VALUE!"},{"$error":"#VALUE!"},{"$error":"#VALUE!"},{"$error":"#VALUE!"},{"$error":"#VALUE!"},{"$f":"SUM(CQ55,System2!CQ55,System3!CQ55)","v":{"$error":"#VALUE!"}},{"$error":"#VALUE!"},{"$error":"#VALUE!"},{"$error":"#VALUE!"},{"$error":"#VALUE!"},{"$error":"#VALUE!"},{"$error":"#VALUE!"},{"$error":"#VALUE!"},{"$error":"#VALUE!"},{"$error":"#VALUE!"},{"$error":"#VALUE!"},{"$error":"#VALUE!"},{"$error":"#VALUE!"},{"$error":"#VALUE!"},{"$error":"#VALUE!"},{"$error":"#VALUE!"},{"$error":"#VALUE!"},{"$error":"#VALUE!"},{"$error":"#VALUE!"},{"$error":"#VALUE!"},{"$error":"#VALUE!"},{"$error":"#VALUE!"},{"$error":"#VALUE!"},{"$error":"#VALUE!"},{"$error":"#VALUE!"},{"$error":"#VALUE!"},{"$error":"#VALUE!"},{"$f":"SUM(DR55,System2!DR55,System3!DR55)","v":{"$error":"#VALUE!"}},{"$error":"#VALUE!"},{"$error":"#VALUE!"},0,{"$error":"#VALUE!"},{"$error":"#VALUE!"},{"$error":"#VALUE!"},{"$error":"#VALUE!"},0,0,0,0,0,{"$error":"#VALUE!"},{"$f":"SUM(EF55,System2!EF55,System3!EF55)","v":{"$error":"#VALUE!"}},{"$error":"#VALUE!"},{"$error":"#VALUE!"},{"$error":"#VALUE!"},{"$error":"#VALUE!"},{"$error":"#VALUE!"},{"$error":"#VALUE!"},{"$error":"#VALUE!"},{"$error":"#VALUE!"},{"$error":"#VALUE!"},{"$error":"#VALUE!"},{"$error":"#VALUE!"},{"$error":"#VALUE!"},{"$error":"#VALUE!"},{"$error":"#VALUE!"},{"$error":"#VALUE!"},{"$error":"#VALUE!"},{"$error":"#VALUE!"},{"$error":"#VALUE!"},{"$error":"#VALUE!"},{"$error":"#VALUE!"},{"$error":"#VALUE!"},{"$error":"#VALUE!"},{"$error":"#VALUE!"},{"$error":"#VALUE!"},{"$error":"#VALUE!"},{"$error":"#VALUE!"},{"$f":"SUM(FG55,System2!FG55,System3!FG55)","v":{"$error":"#VALUE!"}},0,0,0,0,{"$error":"#VALUE!"},{"$error":"#VALUE!"},{"$error":"#VALUE!"},{"$error":"#VALUE!"},{"$error":"#VALUE!"},{"$error":"#VALUE!"},{"$error":"#VALUE!"},{"$error":"#VALUE!"},{"$error":"#VALUE!"},{"$error":"#VALUE!"},{"$error":"#VALUE!"},{"$error":"#VALUE!"},{"$error":"#VALUE!"},{"$error":"#VALUE!"},{"$error":"#VALUE!"},{"$error":"#VALUE!"},{"$error":"#VALUE!"},{"$error":"#VALUE!"},{"$error":"#VALUE!"},{"$error":"#VALUE!"},{"$f":"$GG$31*WaterFittings!BO30","v":{"$error":"#VALUE!"}},{"$f":"$GH$31*WaterFittings!BP30","v":{"$error":"#VALUE!"}},{"$f":"$GI$31*WaterFittings!BQ30","v":0},{"$f":"GJ$31*AirCond!BD29","v":{"$error":"#VALUE!"}},{"$f":"GK$31*AirCond!BE29","v":{"$error":"#VALUE!"}},{"$f":"GL$31*AirCond!BF29","v":{"$error":"#VALUE!"}},{"$f":"GM$31*AirCond!BG29","v":{"$error":"#VALUE!"}},{"$f":"GN$31*WaterFittings!BS30","v":0},{"$f":"GO$31*WaterFittings!BT30","v":0},{"$f":"GP$31*WaterFittings!BU30","v":0}]
[null,null,25,0,0,{"$error":"#VALUE!"},{"$error":"#VALUE!"},{"$error":"#VALUE!"},{"$error":"#VALUE!"},{"$error":"#VALUE!"},{"$error":"#VALUE!"},{"$error":"#VALUE!"},{"$error":"#VALUE!"},{"$error":"#VALUE!"},{"$error":"#VALUE!"},null,{"$error":"#VALUE!"},{"$error":"#VALUE!"},{"$error":"#VALUE!"},{"$error":"#VALUE!"},{"$error":"#VALUE!"},null,{"$error":"#VALUE!"},{"$error":"#VALUE!"},{"$error":"#VALUE!"},{"$error":"#VALUE!"},{"$error":"#VALUE!"},null,25,{"$f":"SUM(SUMPRODUCT(AF$20:AJ$20,Q56:U56),SUMPRODUCT(AF$20:AJ$20,System2!Q56:U56),SUMPRODUCT(AF$20:AJ$20,System3!Q56:U56))","v":{"$error":"#VALUE!"}},{"$f":"SUM(SUMPRODUCT(AF$21:AJ$21,W56:AA56),SUMPRODUCT(AF$21:AJ$21,System2!W56:AA56),SUMPRODUCT(AF$21:AJ$21,System3!W56:AA56))","v":{"$error":"#VALUE!"}},{"$f":"WaterFittings!BN31","v":{"$error":"#VALUE!"}},{"$error":"#VALUE!"},{"$error":"#VALUE!"},{"$f":"MIN(AirCond!BL30,P$21)","v":0},{"$error":"#VALUE!"},{"$f":"MIN(ROUNDDOWN(AJ56-FH56,0),ROUNDDOWN(P$21*0.3,0),ROUNDDOWN(SUM(SUMPRODUCT(I$4:I$15,L$4:L$15),SUMPRODUCT(System2!I$4:I$15,System2!L$4:L$15),SUMPRODUCT(System3!I$4:I$15,System3!L$4:L$15))*0.3,0))","v":{"$error":"#VALUE!"}},0,{"$error":"#VALUE!"},{"$error":"#VALUE!"},{"$error":"#VALUE!"},0,{"$error":"#VALUE!"},{"$error":"#VALUE!"},{"$error":"#VALUE!"},0,null,null,null,0,0,0,0,null,{"$error":"#VALUE!"},{"$error":"#VALUE!"},{"$error":"#VALUE!"},{"$error":"#VALUE!"},{"$error":"#VALUE!"},{"$error":"#VALUE!"},{"$error":"#VALUE!"},{"$error":"#VALUE!"},{"$error":"#VALUE!"},0,{"$error":"#VALUE!"},{"$error":"#VALUE!"},{"$error":"#VALUE!"},{"$error":"#VALUE!"},{"$error":"#VALUE!"},{"$error":"#VALUE!"},{"$error":"#VALUE!"},{"$error":"#VALUE!"},{"$error":"#VALUE!"},{"$error":"#VALUE!"},{"$error":"#VALUE!"},{"$error":"#VALUE!"},{"$error":"#VALUE!"},{"$error":"#VALUE!"},{"$error":"#VALUE!"},{"$error":"#VALUE!"},{"$error":"#VALUE!"},{"$error":"#VALUE!"},{"$error":"#VALUE!"},{"$error":"#VALUE!"},{"$error":"#VALUE!"},{"$error":"#VALUE!"},{"$error":"#VALUE!"},{"$error":"#VALUE!"},{"$error":"#VALUE!"},{"$error":"#VALUE!"},{"$error":"#VALUE!"},{"$error":"#VALUE!"},{"$error":"#VALUE!"},{"$error":"#VALUE!"},{"$error":"#VALUE!"},{"$f":"SUM(CQ56,System2!CQ56,System3!CQ56)","v":{"$error":"#VALUE!"}},{"$error":"#VALUE!"},{"$error":"#VALUE!"},{"$error":"#VALUE!"},{"$error":"#VALUE!"},{"$error":"#VALUE!"},{"$error":"#VALUE!"},{"$error":"#VALUE!"},{"$error":"#VALUE!"},{"$error":"#VALUE!"},{"$error":"#VALUE!"},{"$error":"#VALUE!"},{"$error":"#VALUE!"},{"$error":"#VALUE!"},{"$error":"#VALUE!"},{"$error":"#VALUE!"},{"$error":"#VALUE!"},{"$error":"#VALUE!"},{"$error":"#VALUE!"},{"$error":"#VALUE!"},{"$error":"#VALUE!"},{"$error":"#VALUE!"},{"$error":"#VALUE!"},{"$error":"#VALUE!"},{"$error":"#VALUE!"},{"$error":"#VALUE!"},{"$error":"#VALUE!"},{"$f":"SUM(DR56,System2!DR56,System3!DR56)","v":{"$error":"#VALUE!"}},{"$error":"#VALUE!"},{"$error":"#VALUE!"},0,{"$error":"#VALUE!"},{"$error":"#VALUE!"},{"$error":"#VALUE!"},{"$error":"#VALUE!"},0,0,0,0,0,{"$error":"#VALUE!"},{"$f":"SUM(EF56,System2!EF56,System3!EF56)","v":{"$error":"#VALUE!"}},{"$error":"#VALUE!"},{"$error":"#VALUE!"},{"$error":"#VALUE!"},{"$error":"#VALUE!"},{"$error":"#VALUE!"},{"$error":"#VALUE!"},{"$error":"#VALUE!"},{"$error":"#VALUE!"},{"$error":"#VALUE!"},{"$error":"#VALUE!"},{"$error":"#VALUE!"},{"$error":"#VALUE!"},{"$error":"#VALUE!"},{"$error":"#VALUE!"},{"$error":"#VALUE!"},{"$error":"#VALUE!"},{"$error":"#VALUE!"},{"$error":"#VALUE!"},{"$error":"#VALUE!"},{"$error":"#VALUE!"},{"$error":"#VALUE!"},{"$error":"#VALUE!"},{"$error":"#VALUE!"},{"$error":"#VALUE!"},{"$error":"#VALUE!"},{"$error":"#VALUE!"},{"$f":"SUM(FG56,System2!FG56,System3!FG56)","v":{"$error":"#VALUE!"}},0,0,0,0,{"$error":"#VALUE!"},{"$error":"#VALUE!"},{"$error":"#VALUE!"},{"$error":"#VALUE!"},{"$error":"#VALUE!"},{"$error":"#VALUE!"},{"$error":"#VALUE!"},{"$error":"#VALUE!"},{"$error":"#VALUE!"},{"$error":"#VALUE!"},{"$error":"#VALUE!"},{"$error":"#VALUE!"},{"$error":"#VALUE!"},{"$error":"#VALUE!"},{"$error":"#VALUE!"},{"$error":"#VALUE!"},{"$error":"#VALUE!"},{"$error":"#VALUE!"},{"$error":"#VALUE!"},{"$error":"#VALUE!"},{"$f":"$GG$31*WaterFittings!BO31","v":{"$error":"#VALUE!"}},{"$f":"$GH$31*WaterFittings!BP31","v":{"$error":"#VALUE!"}},{"$f":"$GI$31*WaterFittings!BQ31","v":0},{"$f":"GJ$31*AirCond!BD30","v":{"$error":"#VALUE!"}},{"$f":"GK$31*AirCond!BE30","v":{"$error":"#VALUE!"}},{"$f":"GL$31*AirCond!BF30","v":{"$error":"#VALUE!"}},{"$f":"GM$31*AirCond!BG30","v":{"$error":"#VALUE!"}},{"$f":"GN$31*WaterFittings!BS31","v":0},{"$f":"GO$31*WaterFittings!BT31","v":0},{"$f":"GP$31*WaterFittings!BU31","v":0}]
[null,null,26,0,0,{"$error":"#VALUE!"},{"$error":"#VALUE!"},{"$error":"#VALUE!"},{"$error":"#VALUE!"},{"$error":"#VALUE!"},{"$error":"#VALUE!"},{"$error":"#VALUE!"},{"$error":"#VALUE!"},{"$error":"#VALUE!"},{"$error":"#VALUE!"},null,{"$error":"#VALUE!"},{"$error":"#VALUE!"},{"$error":"#VALUE!"},{"$error":"#VALUE!"},{"$error":"#VALUE!"},null,{"$error":"#VALUE!"},{"$error":"#VALUE!"},{"$error":"#VALUE!"},{"$error":"#VALUE!"},{"$error":"#VALUE!"},null,26,{"$f":"SUM(SUMPRODUCT(AF$20:AJ$20,Q57:U57),SUMPRODUCT(AF$20:AJ$20,System2!Q57:U57),SUMPRODUCT(AF$20:AJ$20,System3!Q57:U57))","v":{"$error":"#VALUE!"}},{"$f":"SUM(SUMPRODUCT(AF$21:AJ$21,W57:AA57),SUMPRODUCT(AF$21:AJ$21,System2!W57:AA57),SUMPRODUCT(AF$21:AJ$21,System3!W57:AA57))","v":{"$error":"#VALUE!"}},{"$f":"WaterFittings!BN32","v":{"$error":"#VALUE!"}},{"$error":"#VALUE!"},{"$error":"#VALUE!"},{"$f":"MIN(AirCond!BL31,P$21)","v":0},{"$error":"#VALUE!"},{"$f":"MIN(ROUNDDOWN(AJ57-FH57,0),ROUNDDOWN(P$21*0.3,0),ROUNDDOWN(SUM(SUMPRODUCT(I$4:I$15,L$4:L$15),SUMPRODUCT(System2!I$4:I$15,System2!L$4:L$15),SUMPRODUCT(System3!I$4:I$15,System3!L$4:L$15))*0.3,0))","v":{"$error":"#VALUE!"}},0,{"$error":"#VALUE!"},{"$error":"#VALUE!"},{"$error":"#VALUE!"},0,{"$error":"#VALUE!"},{"$error":"#VALUE!"},{"$error":"#VALUE!"},0,null,null,null,0,0,0,0,null,{"$error":"#VALUE!"},{"$error":"#VALUE!"},{"$error":"#VALUE!"},{"$error":"#VALUE!"},{"$error":"#VALUE!"},{"$error":"#VALUE!"},{"$error":"#VALUE!"},{"$error":"#VALUE!"},{"$error":"#VALUE!"},0,{"$error":"#VALUE!"},{"$error":"#VALUE!"},{"$error":"#VALUE!"},{"$error":"#VALUE!"},{"$error":"#VALUE!"},{"$error":"#VALUE!"},{"$error":"#VALUE!"},{"$error":"#VALUE!"},{"$error":"#VALUE!"},{"$error":"#VALUE!"},{"$error":"#VALUE!"},{"$error":"#VALUE!"},{"$error":"#VALUE!"},{"$error":"#VALUE!"},{"$error":"#VALUE!"},{"$error":"#VALUE!"},{"$error":"#VALUE!"},{"$error":"#VALUE!"},{"$error":"#VALUE!"},{"$error":"#VALUE!"},{"$error":"#VALUE!"},{"$error":"#VALUE!"},{"$error":"#VALUE!"},{"$error":"#VALUE!"},{"$error":"#VALUE!"},{"$error":"#VALUE!"},{"$error":"#VALUE!"},{"$error":"#VALUE!"},{"$error":"#VALUE!"},{"$error":"#VALUE!"},{"$error":"#VALUE!"},{"$f":"SUM(CQ57,System2!CQ57,System3!CQ57)","v":{"$error":"#VALUE!"}},{"$error":"#VALUE!"},{"$error":"#VALUE!"},{"$error":"#VALUE!"},{"$error":"#VALUE!"},{"$error":"#VALUE!"},{"$error":"#VALUE!"},{"$error":"#VALUE!"},{"$error":"#VALUE!"},{"$error":"#VALUE!"},{"$error":"#VALUE!"},{"$error":"#VALUE!"},{"$error":"#VALUE!"},{"$error":"#VALUE!"},{"$error":"#VALUE!"},{"$error":"#VALUE!"},{"$error":"#VALUE!"},{"$error":"#VALUE!"},{"$error":"#VALUE!"},{"$error":"#VALUE!"},{"$error":"#VALUE!"},{"$error":"#VALUE!"},{"$error":"#VALUE!"},{"$error":"#VALUE!"},{"$error":"#VALUE!"},{"$error":"#VALUE!"},{"$error":"#VALUE!"},{"$f":"SUM(DR57,System2!DR57,System3!DR57)","v":{"$error":"#VALUE!"}},{"$error":"#VALUE!"},{"$error":"#VALUE!"},0,{"$error":"#VALUE!"},{"$error":"#VALUE!"},{"$error":"#VALUE!"},{"$error":"#VALUE!"},0,0,0,0,0,{"$error":"#VALUE!"},{"$f":"SUM(EF57,System2!EF57,System3!EF57)","v":{"$error":"#VALUE!"}},{"$error":"#VALUE!"},{"$error":"#VALUE!"},{"$error":"#VALUE!"},{"$error":"#VALUE!"},{"$error":"#VALUE!"},{"$error":"#VALUE!"},{"$error":"#VALUE!"},{"$error":"#VALUE!"},{"$error":"#VALUE!"},{"$error":"#VALUE!"},{"$error":"#VALUE!"},{"$error":"#VALUE!"},{"$error":"#VALUE!"},{"$error":"#VALUE!"},{"$error":"#VALUE!"},{"$error":"#VALUE!"},{"$error":"#VALUE!"},{"$error":"#VALUE!"},{"$error":"#VALUE!"},{"$error":"#VALUE!"},{"$error":"#VALUE!"},{"$error":"#VALUE!"},{"$error":"#VALUE!"},{"$error":"#VALUE!"},{"$error":"#VALUE!"},{"$error":"#VALUE!"},{"$f":"SUM(FG57,System2!FG57,System3!FG57)","v":{"$error":"#VALUE!"}},0,0,0,0,{"$error":"#VALUE!"},{"$error":"#VALUE!"},{"$error":"#VALUE!"},{"$error":"#VALUE!"},{"$error":"#VALUE!"},{"$error":"#VALUE!"},{"$error":"#VALUE!"},{"$error":"#VALUE!"},{"$error":"#VALUE!"},{"$error":"#VALUE!"},{"$error":"#VALUE!"},{"$error":"#VALUE!"},{"$error":"#VALUE!"},{"$error":"#VALUE!"},{"$error":"#VALUE!"},{"$error":"#VALUE!"},{"$error":"#VALUE!"},{"$error":"#VALUE!"},{"$error":"#VALUE!"},{"$error":"#VALUE!"},{"$f":"$GG$31*WaterFittings!BO32","v":{"$error":"#VALUE!"}},{"$f":"$GH$31*WaterFittings!BP32","v":{"$error":"#VALUE!"}},{"$f":"$GI$31*WaterFittings!BQ32","v":0},{"$f":"GJ$31*AirCond!BD31","v":{"$error":"#VALUE!"}},{"$f":"GK$31*AirCond!BE31","v":{"$error":"#VALUE!"}},{"$f":"GL$31*AirCond!BF31","v":{"$error":"#VALUE!"}},{"$f":"GM$31*AirCond!BG31","v":{"$error":"#VALUE!"}},{"$f":"GN$31*WaterFittings!BS32","v":0},{"$f":"GO$31*WaterFittings!BT32","v":0},{"$f":"GP$31*WaterFittings!BU32","v":0}]
[null,null,27,0,0,{"$error":"#VALUE!"},{"$error":"#VALUE!"},{"$error":"#VALUE!"},{"$error":"#VALUE!"},{"$error":"#VALUE!"},{"$error":"#VALUE!"},{"$error":"#VALUE!"},{"$error":"#VALUE!"},{"$error":"#VALUE!"},{"$error":"#VALUE!"},null,{"$error":"#VALUE!"},{"$error":"#VALUE!"},{"$error":"#VALUE!"},{"$error":"#VALUE!"},{"$error":"#VALUE!"},null,{"$error":"#VALUE!"},{"$error":"#VALUE!"},{"$error":"#VALUE!"},{"$error":"#VALUE!"},{"$error":"#VALUE!"},null,27,{"$f":"SUM(SUMPRODUCT(AF$20:AJ$20,Q58:U58),SUMPRODUCT(AF$20:AJ$20,System2!Q58:U58),SUMPRODUCT(AF$20:AJ$20,System3!Q58:U58))","v":{"$error":"#VALUE!"}},{"$f":"SUM(SUMPRODUCT(AF$21:AJ$21,W58:AA58),SUMPRODUCT(AF$21:AJ$21,System2!W58:AA58),SUMPRODUCT(AF$21:AJ$21,System3!W58:AA58))","v":{"$error":"#VALUE!"}},{"$f":"WaterFittings!BN33","v":{"$error":"#VALUE!"}},{"$error":"#VALUE!"},{"$error":"#VALUE!"},{"$f":"MIN(AirCond!BL32,P$21)","v":0},{"$error":"#VALUE!"},{"$f":"MIN(ROUNDDOWN(AJ58-FH58,0),ROUNDDOWN(P$21*0.3,0),ROUNDDOWN(SUM(SUMPRODUCT(I$4:I$15,L$4:L$15),SUMPRODUCT(System2!I$4:I$15,System2!L$4:L$15),SUMPRODUCT(System3!I$4:I$15,System3!L$4:L$15))*0.3,0))","v":{"$error":"#VALUE!"}},0,{"$error":"#VALUE!"},{"$error":"#VALUE!"},{"$error":"#VALUE!"},0,{"$error":"#VALUE!"},{"$error":"#VALUE!"},{"$error":"#VALUE!"},0,null,null,null,0,0,0,0,null,{"$error":"#VALUE!"},{"$error":"#VALUE!"},{"$error":"#VALUE!"},{"$error":"#VALUE!"},{"$error":"#VALUE!"},{"$error":"#VALUE!"},{"$error":"#VALUE!"},{"$error":"#VALUE!"},{"$error":"#VALUE!"},0,{"$error":"#VALUE!"},{"$error":"#VALUE!"},{"$error":"#VALUE!"},{"$error":"#VALUE!"},{"$error":"#VALUE!"},{"$error":"#VALUE!"},{"$error":"#VALUE!"},{"$error":"#VALUE!"},{"$error":"#VALUE!"},{"$error":"#VALUE!"},{"$error":"#VALUE!"},{"$error":"#VALUE!"},{"$error":"#VALUE!"},{"$error":"#VALUE!"},{"$error":"#VALUE!"},{"$error":"#VALUE!"},{"$error":"#VALUE!"},{"$error":"#VALUE!"},{"$error":"#VALUE!"},{"$error":"#VALUE!"},{"$error":"#VALUE!"},{"$error":"#VALUE!"},{"$error":"#VALUE!"},{"$error":"#VALUE!"},{"$error":"#VALUE!"},{"$error":"#VALUE!"},{"$error":"#VALUE!"},{"$error":"#VALUE!"},{"$error":"#VALUE!"},{"$error":"#VALUE!"},{"$error":"#VALUE!"},{"$f":"SUM(CQ58,System2!CQ58,System3!CQ58)","v":{"$error":"#VALUE!"}},{"$error":"#VALUE!"},{"$error":"#VALUE!"},{"$error":"#VALUE!"},{"$error":"#VALUE!"},{"$error":"#VALUE!"},{"$error":"#VALUE!"},{"$error":"#VALUE!"},{"$error":"#VALUE!"},{"$error":"#VALUE!"},{"$error":"#VALUE!"},{"$error":"#VALUE!"},{"$error":"#VALUE!"},{"$error":"#VALUE!"},{"$error":"#VALUE!"},{"$error":"#VALUE!"},{"$error":"#VALUE!"},{"$error":"#VALUE!"},{"$error":"#VALUE!"},{"$error":"#VALUE!"},{"$error":"#VALUE!"},{"$error":"#VALUE!"},{"$error":"#VALUE!"},{"$error":"#VALUE!"},{"$error":"#VALUE!"},{"$error":"#VALUE!"},{"$error":"#VALUE!"},{"$f":"SUM(DR58,System2!DR58,System3!DR58)","v":{"$error":"#VALUE!"}},{"$error":"#VALUE!"},{"$error":"#VALUE!"},0,{"$error":"#VALUE!"},{"$error":"#VALUE!"},{"$error":"#VALUE!"},{"$error":"#VALUE!"},0,0,0,0,0,{"$error":"#VALUE!"},{"$f":"SUM(EF58,System2!EF58,System3!EF58)","v":{"$error":"#VALUE!"}},{"$error":"#VALUE!"},{"$error":"#VALUE!"},{"$error":"#VALUE!"},{"$error":"#VALUE!"},{"$error":"#VALUE!"},{"$error":"#VALUE!"},{"$error":"#VALUE!"},{"$error":"#VALUE!"},{"$error":"#VALUE!"},{"$error":"#VALUE!"},{"$error":"#VALUE!"},{"$error":"#VALUE!"},{"$error":"#VALUE!"},{"$error":"#VALUE!"},{"$error":"#VALUE!"},{"$error":"#VALUE!"},{"$error":"#VALUE!"},{"$error":"#VALUE!"},{"$error":"#VALUE!"},{"$error":"#VALUE!"},{"$error":"#VALUE!"},{"$error":"#VALUE!"},{"$error":"#VALUE!"},{"$error":"#VALUE!"},{"$error":"#VALUE!"},{"$error":"#VALUE!"},{"$f":"SUM(FG58,System2!FG58,System3!FG58)","v":{"$error":"#VALUE!"}},0,0,0,0,{"$error":"#VALUE!"},{"$error":"#VALUE!"},{"$error":"#VALUE!"},{"$error":"#VALUE!"},{"$error":"#VALUE!"},{"$error":"#VALUE!"},{"$error":"#VALUE!"},{"$error":"#VALUE!"},{"$error":"#VALUE!"},{"$error":"#VALUE!"},{"$error":"#VALUE!"},{"$error":"#VALUE!"},{"$error":"#VALUE!"},{"$error":"#VALUE!"},{"$error":"#VALUE!"},{"$error":"#VALUE!"},{"$error":"#VALUE!"},{"$error":"#VALUE!"},{"$error":"#VALUE!"},{"$error":"#VALUE!"},{"$f":"$GG$31*WaterFittings!BO33","v":{"$error":"#VALUE!"}},{"$f":"$GH$31*WaterFittings!BP33","v":{"$error":"#VALUE!"}},{"$f":"$GI$31*WaterFittings!BQ33","v":0},{"$f":"GJ$31*AirCond!BD32","v":{"$error":"#VALUE!"}},{"$f":"GK$31*AirCond!BE32","v":{"$error":"#VALUE!"}},{"$f":"GL$31*AirCond!BF32","v":{"$error":"#VALUE!"}},{"$f":"GM$31*AirCond!BG32","v":{"$error":"#VALUE!"}},{"$f":"GN$31*WaterFittings!BS33","v":0},{"$f":"GO$31*WaterFittings!BT33","v":0},{"$f":"GP$31*WaterFittings!BU33","v":0}]
[null,null,28,0,0,{"$error":"#VALUE!"},{"$error":"#VALUE!"},{"$error":"#VALUE!"},{"$error":"#VALUE!"},{"$error":"#VALUE!"},{"$error":"#VALUE!"},{"$error":"#VALUE!"},{"$error":"#VALUE!"},{"$error":"#VALUE!"},{"$error":"#VALUE!"},null,{"$error":"#VALUE!"},{"$error":"#VALUE!"},{"$error":"#VALUE!"},{"$error":"#VALUE!"},{"$error":"#VALUE!"},null,{"$error":"#VALUE!"},{"$error":"#VALUE!"},{"$error":"#VALUE!"},{"$error":"#VALUE!"},{"$error":"#VALUE!"},null,28,{"$f":"SUM(SUMPRODUCT(AF$20:AJ$20,Q59:U59),SUMPRODUCT(AF$20:AJ$20,System2!Q59:U59),SUMPRODUCT(AF$20:AJ$20,System3!Q59:U59))","v":{"$error":"#VALUE!"}},{"$f":"SUM(SUMPRODUCT(AF$21:AJ$21,W59:AA59),SUMPRODUCT(AF$21:AJ$21,System2!W59:AA59),SUMPRODUCT(AF$21:AJ$21,System3!W59:AA59))","v":{"$error":"#VALUE!"}},{"$f":"WaterFittings!BN34","v":{"$error":"#VALUE!"}},{"$error":"#VALUE!"},{"$error":"#VALUE!"},{"$f":"MIN(AirCond!BL33,P$21)","v":0},{"$error":"#VALUE!"},{"$f":"MIN(ROUNDDOWN(AJ59-FH59,0),ROUNDDOWN(P$21*0.3,0),ROUNDDOWN(SUM(SUMPRODUCT(I$4:I$15,L$4:L$15),SUMPRODUCT(System2!I$4:I$15,System2!L$4:L$15),SUMPRODUCT(System3!I$4:I$15,System3!L$4:L$15))*0.3,0))","v":{"$error":"#VALUE!"}},0,{"$error":"#VALUE!"},{"$error":"#VALUE!"},{"$error":"#VALUE!"},0,{"$error":"#VALUE!"},{"$error":"#VALUE!"},{"$error":"#VALUE!"},0,null,null,null,0,0,0,0,null,{"$error":"#VALUE!"},{"$error":"#VALUE!"},{"$error":"#VALUE!"},{"$error":"#VALUE!"},{"$error":"#VALUE!"},{"$error":"#VALUE!"},{"$error":"#VALUE!"},{"$error":"#VALUE!"},{"$error":"#VALUE!"},0,{"$error":"#VALUE!"},{"$error":"#VALUE!"},{"$error":"#VALUE!"},{"$error":"#VALUE!"},{"$error":"#VALUE!"},{"$error":"#VALUE!"},{"$error":"#VALUE!"},{"$error":"#VALUE!"},{"$error":"#VALUE!"},{"$error":"#VALUE!"},{"$error":"#VALUE!"},{"$error":"#VALUE!"},{"$error":"#VALUE!"},{"$error":"#VALUE!"},{"$error":"#VALUE!"},{"$error":"#VALUE!"},{"$error":"#VALUE!"},{"$error":"#VALUE!"},{"$error":"#VALUE!"},{"$error":"#VALUE!"},{"$error":"#VALUE!"},{"$error":"#VALUE!"},{"$error":"#VALUE!"},{"$error":"#VALUE!"},{"$error":"#VALUE!"},{"$error":"#VALUE!"},{"$error":"#VALUE!"},{"$error":"#VALUE!"},{"$error":"#VALUE!"},{"$error":"#VALUE!"},{"$error":"#VALUE!"},{"$f":"SUM(CQ59,System2!CQ59,System3!CQ59)","v":{"$error":"#VALUE!"}},{"$error":"#VALUE!"},{"$error":"#VALUE!"},{"$error":"#VALUE!"},{"$error":"#VALUE!"},{"$error":"#VALUE!"},{"$error":"#VALUE!"},{"$error":"#VALUE!"},{"$error":"#VALUE!"},{"$error":"#VALUE!"},{"$error":"#VALUE!"},{"$error":"#VALUE!"},{"$error":"#VALUE!"},{"$error":"#VALUE!"},{"$error":"#VALUE!"},{"$error":"#VALUE!"},{"$error":"#VALUE!"},{"$error":"#VALUE!"},{"$error":"#VALUE!"},{"$error":"#VALUE!"},{"$error":"#VALUE!"},{"$error":"#VALUE!"},{"$error":"#VALUE!"},{"$error":"#VALUE!"},{"$error":"#VALUE!"},{"$error":"#VALUE!"},{"$error":"#VALUE!"},{"$f":"SUM(DR59,System2!DR59,System3!DR59)","v":{"$error":"#VALUE!"}},{"$error":"#VALUE!"},{"$error":"#VALUE!"},0,{"$error":"#VALUE!"},{"$error":"#VALUE!"},{"$error":"#VALUE!"},{"$error":"#VALUE!"},0,0,0,0,0,{"$error":"#VALUE!"},{"$f":"SUM(EF59,System2!EF59,System3!EF59)","v":{"$error":"#VALUE!"}},{"$error":"#VALUE!"},{"$error":"#VALUE!"},{"$error":"#VALUE!"},{"$error":"#VALUE!"},{"$error":"#VALUE!"},{"$error":"#VALUE!"},{"$error":"#VALUE!"},{"$error":"#VALUE!"},{"$error":"#VALUE!"},{"$error":"#VALUE!"},{"$error":"#VALUE!"},{"$error":"#VALUE!"},{"$error":"#VALUE!"},{"$error":"#VALUE!"},{"$error":"#VALUE!"},{"$error":"#VALUE!"},{"$error":"#VALUE!"},{"$error":"#VALUE!"},{"$error":"#VALUE!"},{"$error":"#VALUE!"},{"$error":"#VALUE!"},{"$error":"#VALUE!"},{"$error":"#VALUE!"},{"$error":"#VALUE!"},{"$error":"#VALUE!"},{"$error":"#VALUE!"},{"$f":"SUM(FG59,System2!FG59,System3!FG59)","v":{"$error":"#VALUE!"}},0,0,0,0,{"$error":"#VALUE!"},{"$error":"#VALUE!"},{"$error":"#VALUE!"},{"$error":"#VALUE!"},{"$error":"#VALUE!"},{"$error":"#VALUE!"},{"$error":"#VALUE!"},{"$error":"#VALUE!"},{"$error":"#VALUE!"},{"$error":"#VALUE!"},{"$error":"#VALUE!"},{"$error":"#VALUE!"},{"$error":"#VALUE!"},{"$error":"#VALUE!"},{"$error":"#VALUE!"},{"$error":"#VALUE!"},{"$error":"#VALUE!"},{"$error":"#VALUE!"},{"$error":"#VALUE!"},{"$error":"#VALUE!"},{"$f":"$GG$31*WaterFittings!BO34","v":{"$error":"#VALUE!"}},{"$f":"$GH$31*WaterFittings!BP34","v":{"$error":"#VALUE!"}},{"$f":"$GI$31*WaterFittings!BQ34","v":0},{"$f":"GJ$31*AirCond!BD33","v":{"$error":"#VALUE!"}},{"$f":"GK$31*AirCond!BE33","v":{"$error":"#VALUE!"}},{"$f":"GL$31*AirCond!BF33","v":{"$error":"#VALUE!"}},{"$f":"GM$31*AirCond!BG33","v":{"$error":"#VALUE!"}},{"$f":"GN$31*WaterFittings!BS34","v":0},{"$f":"GO$31*WaterFittings!BT34","v":0},{"$f":"GP$31*WaterFittings!BU34","v":0}]
[null,null,29,0,0,{"$error":"#VALUE!"},{"$error":"#VALUE!"},{"$error":"#VALUE!"},{"$error":"#VALUE!"},{"$error":"#VALUE!"},{"$error":"#VALUE!"},{"$error":"#VALUE!"},{"$error":"#VALUE!"},{"$error":"#VALUE!"},{"$error":"#VALUE!"},null,{"$error":"#VALUE!"},{"$error":"#VALUE!"},{"$error":"#VALUE!"},{"$error":"#VALUE!"},{"$error":"#VALUE!"},null,{"$error":"#VALUE!"},{"$error":"#VALUE!"},{"$error":"#VALUE!"},{"$error":"#VALUE!"},{"$f":"ROUNDDOWN(FF60,0)","v":{"$error":"#VALUE!"}},null,1,{"$f":"SUM(SUMPRODUCT(AF$20:AJ$20,Q60:U60),SUMPRODUCT(AF$20:AJ$20,System2!Q60:U60),SUMPRODUCT(AF$20:AJ$20,System3!Q60:U60))","v":{"$error":"#VALUE!"}},{"$f":"SUM(SUMPRODUCT(AF$21:AJ$21,W60:AA60),SUMPRODUCT(AF$21:AJ$21,System2!W60:AA60),SUMPRODUCT(AF$21:AJ$21,System3!W60:AA60))","v":{"$error":"#VALUE!"}},{"$f":"WaterFittings!BN35","v":{"$error":"#VALUE!"}},{"$error":"#VALUE!"},{"$error":"#VALUE!"},{"$f":"MIN(AirCond!BL34,P$21)","v":0},{"$error":"#VALUE!"},{"$f":"MIN(ROUNDDOWN(AJ60-FH60,0),ROUNDDOWN(P$21*0.3,0),ROUNDDOWN(SUM(SUMPRODUCT(I$4:I$15,L$4:L$15),SUMPRODUCT(System2!I$4:I$15,System2!L$4:L$15),SUMPRODUCT(System3!I$4:I$15,System3!L$4:L$15))*0.3,0))","v":{"$error":"#VALUE!"}},{"$f":"ROUND(SUM(AX60,AY60),0)","v":0},{"$error":"#VALUE!"},{"$error":"#VALUE!"},{"$error":"#VALUE!"},0,{"$error":"#VALUE!"},{"$error":"#VALUE!"},{"$error":"#VALUE!"},0,null,null,null,0,0,0,0,null,{"$error":"#VALUE!"},{"$error":"#VALUE!"},{"$error":"#VALUE!"},{"$error":"#VALUE!"},{"$error":"#VALUE!"},{"$error":"#VALUE!"},{"$error":"#VALUE!"},{"$error":"#VALUE!"},{"$error":"#VALUE!"},0,{"$error":"#VALUE!"},{"$error":"#VALUE!"},{"$error":"#VALUE!"},{"$error":"#VALUE!"},{"$error":"#VALUE!"},{"$error":"#VALUE!"},{"$error":"#VALUE!"},{"$error":"#VALUE!"},{"$error":"#VALUE!"},{"$error":"#VALUE!"},{"$error":"#VALUE!"},{"$error":"#VALUE!"},{"$error":"#VALUE!"},{"$error":"#VALUE!"},{"$error":"#VALUE!"},{"$error":"#VALUE!"},{"$error":"#VALUE!"},{"$error":"#VALUE!"},{"$error":"#VALUE!"},{"$error":"#VALUE!"},{"$error":"#VALUE!"},{"$error":"#VALUE!"},{"$error":"#VALUE!"},{"$error":"#VALUE!"},{"$error":"#VALUE!"},{"$error":"#VALUE!"},{"$error":"#VALUE!"},{"$error":"#VALUE!"},{"$error":"#VALUE!"},{"$error":"#VALUE!"},{"$error":"#VALUE!"},{"$f":"SUM(CQ60,System2!CQ60,System3!CQ60)","v":{"$error":"#VALUE!"}},{"$error":"#VALUE!"},{"$error":"#VALUE!"},{"$error":"#VALUE!"},{"$error":"#VALUE!"},{"$error":"#VALUE!"},{"$error":"#VALUE!"},{"$error":"#VALUE!"},{"$error":"#VALUE!"},{"$error":"#VALUE!"},{"$error":"#VALUE!"},{"$error":"#VALUE!"},{"$error":"#VALUE!"},{"$error":"#VALUE!"},{"$error":"#VALUE!"},{"$error":"#VALUE!"},{"$error":"#VALUE!"},{"$error":"#VALUE!"},{"$error":"#VALUE!"},{"$error":"#VALUE!"},{"$error":"#VALUE!"},{"$error":"#VALUE!"},{"$error":"#VALUE!"},{"$error":"#VALUE!"},{"$error":"#VALUE!"},{"$error":"#VALUE!"},{"$error":"#VALUE!"},{"$f":"SUM(DR60,System2!DR60,System3!DR60)","v":{"$error":"#VALUE!"}},{"$f":"DT$32","v":{"$error":"#VALUE!"}},{"$f":"DU$32","v":{"$error":"#VALUE!"}},{"$f":"DV$32","v":0},{"$f":"DW$32","v":{"$error":"#VALUE!"}},{"$error":"#VALUE!"},{"$error":"#VALUE!"},{"$error":"#VALUE!"},0,0,0,0,0,{"$error":"#VALUE!"},{"$f":"SUM(EF60,System2!EF60,System3!EF60)","v":{"$error":"#VALUE!"}},{"$error":"#VALUE!"},{"$error":"#VALUE!"},{"$error":"#VALUE!"},{"$error":"#VALUE!"},{"$error":"#VALUE!"},{"$error":"#VALUE!"},{"$error":"#VALUE!"},{"$error":"#VALUE!"},{"$error":"#VALUE!"},{"$error":"#VALUE!"},{"$error":"#VALUE!"},{"$error":"#VALUE!"},{"$error":"#VALUE!"},{"$error":"#VALUE!"},{"$error":"#VALUE!"},{"$error":"#VALUE!"},{"$error":"#VALUE!"},{"$error":"#VALUE!"},{"$error":"#VALUE!"},{"$error":"#VALUE!"},{"$error":"#VALUE!"},{"$error":"#VALUE!"},{"$error":"#VALUE!"},{"$error":"#VALUE!"},{"$error":"#VALUE!"},{"$error":"#VALUE!"},{"$f":"SUM(FG60,System2!FG60,System3!FG60)","v":{"$error":"#VALUE!"}},0,0,0,0,{"$error":"#VALUE!"},{"$error":"#VALUE!"},{"$error":"#VALUE!"},{"$error":"#VALUE!"},{"$error":"#VALUE!"},{"$error":"#VALUE!"},{"$error":"#VALUE!"},{"$error":"#VALUE!"},{"$error":"#VALUE!"},{"$error":"#VALUE!"},{"$error":"#VALUE!"},{"$error":"#VALUE!"},{"$error":"#VALUE!"},{"$error":"#VALUE!"},{"$error":"#VALUE!"},{"$error":"#VALUE!"},{"$error":"#VALUE!"},{"$error":"#VALUE!"},{"$error":"#VALUE!"},{"$error":"#VALUE!"},{"$f":"$GG$31*WaterFittings!BO35","v":{"$error":"#VALUE!"}},{"$f":"$GH$31*WaterFittings!BP35","v":{"$error":"#VALUE!"}},{"$f":"$GI$31*WaterFittings!BQ35","v":0},{"$f":"GJ$31*AirCond!BD34","v":{"$error":"#VALUE!"}},{"$f":"GK$31*AirCond!BE34","v":{"$error":"#VALUE!"}},{"$f":"GL$31*AirCond!BF34","v":{"$error":"#VALUE!"}},{"$f":"GM$31*AirCond!BG34","v":{"$error":"#VALUE!"}},{"$f":"GN$31*WaterFittings!BS35","v":0},{"$f":"GO$31*WaterFittings!BT35","v":0},{"$f":"GP$31*WaterFittings!BU35","v":0}]
[null,null,{"$f":"C60+1","v":30},0,0,{"$error":"#VALUE!"},{"$error":"#VALUE!"},{"$error":"#VALUE!"},{"$error":"#VALUE!"},{"$error":"#VALUE!"},{"$error":"#VALUE!"},{"$error":"#VALUE!"},{"$error":"#VALUE!"},{"$error":"#VALUE!"},{"$error":"#VALUE!"},null,{"$error":"#VALUE!"},{"$error":"#VALUE!"},{"$error":"#VALUE!"},{"$error":"#VALUE!"},{"$error":"#VALUE!"},null,{"$error":"#VALUE!"},{"$error":"#VALUE!"},{"$error":"#VALUE!"},{"$error":"#VALUE!"},{"$error":"#VALUE!"},null,2,{"$f":"SUM(SUMPRODUCT(AF$20:AJ$20,Q61:U61),SUMPRODUCT(AF$20:AJ$20,System2!Q61:U61),SUMPRODUCT(AF$20:AJ$20,System3!Q61:U61))","v":{"$error":"#VALUE!"}},{"$f":"SUM(SUMPRODUCT(AF$21:AJ$21,W61:AA61),SUMPRODUCT(AF$21:AJ$21,System2!W61:AA61),SUMPRODUCT(AF$21:AJ$21,System3!W61:AA61))","v":{"$error":"#VALUE!"}},{"$f":"WaterFittings!BN36","v":{"$error":"#VALUE!"}},{"$error":"#VALUE!"},{"$error":"#VALUE!"},{"$f":"MIN(AirCond!BL35,P$21)","v":0},{"$error":"#VALUE!"},{"$f":"MIN(ROUNDDOWN(AJ61-FH61,0),ROUNDDOWN(P$21*0.3,0),ROUNDDOWN(SUM(SUMPRODUCT(I$4:I$15,L$4:L$15),SUMPRODUCT(System2!I$4:I$15,System2!L$4:L$15),SUMPRODUCT(System3!I$4:I$15,System3!L$4:L$15))*0.3,0))","v":{"$error":"#VALUE!"}},0,{"$error":"#VALUE!"},{"$error":"#VALUE!"},{"$error":"#VALUE!"},0,{"$error":"#VALUE!"},{"$error":"#VALUE!"},{"$error":"#VALUE!"},0,null,null,null,0,0,0,0,null,{"$error":"#VALUE!"},{"$error":"#VALUE!"},{"$error":"#VALUE!"},{"$error":"#VALUE!"},{"$error":"#VALUE!"},{"$error":"#VALUE!"},{"$error":"#VALUE!"},{"$error":"#VALUE!"},{"$error":"#VALUE!"},0,{"$error":"#VALUE!"},{"$error":"#VALUE!"},{"$error":"#VALUE!"},{"$error":"#VALUE!"},{"$error":"#VALUE!"},{"$error":"#VALUE!"},{"$error":"#VALUE!"},{"$error":"#VALUE!"},{"$error":"#VALUE!"},{"$error":"#VALUE!"},{"$error":"#VALUE!"},{"$error":"#VALUE!"},{"$error":"#VALUE!"},{"$error":"#VALUE!"},{"$error":"#VALUE!"},{"$error":"#VALUE!"},{"$error":"#VALUE!"},{"$error":"#VALUE!"},{"$error":"#VALUE!"},{"$error":"#VALUE!"},{"$error":"#VALUE!"},{"$error":"#VALUE!"},{"$error":"#VALUE!"},{"$error":"#VALUE!"},{"$error":"#VALUE!"},{"$error":"#VALUE!"},{"$error":"#VALUE!"},{"$error":"#VALUE!"},{"$error":"#VALUE!"},{"$error":"#VALUE!"},{"$error":"#VALUE!"},{"$f":"SUM(CQ61,System2!CQ61,System3!CQ61)","v":{"$error":"#VALUE!"}},{"$error":"#VALUE!"},{"$error":"#VALUE!"},{"$error":"#VALUE!"},{"$error":"#VALUE!"},{"$error":"#VALUE!"},{"$error":"#VALUE!"},{"$error":"#VALUE!"},{"$error":"#VALUE!"},{"$error":"#VALUE!"},{"$error":"#VALUE!"},{"$error":"#VALUE!"},{"$error":"#VALUE!"},{"$error":"#VALUE!"},{"$error":"#VALUE!"},{"$error":"#VALUE!"},{"$error":"#VALUE!"},{"$error":"#VALUE!"},{"$error":"#VALUE!"},{"$error":"#VALUE!"},{"$error":"#VALUE!"},{"$error":"#VALUE!"},{"$error":"#VALUE!"},{"$error":"#VALUE!"},{"$error":"#VALUE!"},{"$error":"#VALUE!"},{"$error":"#VALUE!"},{"$f":"SUM(DR61,System2!DR61,System3!DR61)","v":{"$error":"#VALUE!"}},{"$f":"DT$33","v":{"$error":"#VALUE!"}},{"$f":"DU$33","v":{"$error":"#VALUE!"}},{"$f":"DV$33","v":0},{"$f":"DW$33","v":{"$error":"#VALUE!"}},{"$error":"#VALUE!"},{"$error":"#VALUE!"},{"$error":"#VALUE!"},0,0,0,0,0,{"$error":"#VALUE!"},{"$f":"SUM(EF61,System2!EF61,System3!EF61)","v":{"$error":"#VALUE!"}},{"$error":"#VALUE!"},{"$error":"#VALUE!"},{"$error":"#VALUE!"},{"$error":"#VALUE!"},{"$error":"#VALUE!"},{"$error":"#VALUE!"},{"$error":"#VALUE!"},{"$error":"#VALUE!"},{"$error":"#VALUE!"},{"$error":"#VALUE!"},{"$error":"#VALUE!"},{"$error":"#VALUE!"},{"$error":"#VALUE!"},{"$error":"#VALUE!"},{"$error":"#VALUE!"},{"$error":"#VALUE!"},{"$error":"#VALUE!"},{"$error":"#VALUE!"},{"$error":"#VALUE!"},{"$error":"#VALUE!"},{"$error":"#VALUE!"},{"$error":"#VALUE!"},{"$error":"#VALUE!"},{"$error":"#VALUE!"},{"$error":"#VALUE!"},{"$error":"#VALUE!"},{"$f":"SUM(FG61,System2!FG61,System3!FG61)","v":{"$error":"#VALUE!"}},0,0,0,0,{"$error":"#VALUE!"},{"$error":"#VALUE!"},{"$error":"#VALUE!"},{"$error":"#VALUE!"},{"$error":"#VALUE!"},{"$error":"#VALUE!"},{"$error":"#VALUE!"},{"$error":"#VALUE!"},{"$error":"#VALUE!"},{"$error":"#VALUE!"},{"$error":"#VALUE!"},{"$error":"#VALUE!"},{"$error":"#VALUE!"},{"$error":"#VALUE!"},{"$error":"#VALUE!"},{"$error":"#VALUE!"},{"$error":"#VALUE!"},{"$error":"#VALUE!"},{"$error":"#VALUE!"},{"$error":"#VALUE!"},{"$f":"$GG$31*WaterFittings!BO36","v":{"$error":"#VALUE!"}},{"$f":"$GH$31*WaterFittings!BP36","v":{"$error":"#VALUE!"}},{"$f":"$GI$31*WaterFittings!BQ36","v":0},{"$f":"GJ$31*AirCond!BD35","v":{"$error":"#VALUE!"}},{"$f":"GK$31*AirCond!BE35","v":{"$error":"#VALUE!"}},{"$f":"GL$31*AirCond!BF35","v":{"$error":"#VALUE!"}},{"$f":"GM$31*AirCond!BG35","v":{"$error":"#VALUE!"}},{"$f":"GN$31*WaterFittings!BS36","v":0},{"$f":"GO$31*WaterFittings!BT36","v":0},{"$f":"GP$31*WaterFittings!BU36","v":0}]
[null,null,31,0,0,{"$error":"#VALUE!"},{"$error":"#VALUE!"},{"$error":"#VALUE!"},{"$error":"#VALUE!"},{"$error":"#VALUE!"},{"$error":"#VALUE!"},{"$error":"#VALUE!"},{"$error":"#VALUE!"},{"$error":"#VALUE!"},{"$error":"#VALUE!"},null,{"$error":"#VALUE!"},{"$error":"#VALUE!"},{"$error":"#VALUE!"},{"$error":"#VALUE!"},{"$error":"#VALUE!"},null,{"$error":"#VALUE!"},{"$error":"#VALUE!"},{"$error":"#VALUE!"},{"$error":"#VALUE!"},{"$error":"#VALUE!"},null,3,{"$f":"SUM(SUMPRODUCT(AF$20:AJ$20,Q62:U62),SUMPRODUCT(AF$20:AJ$20,System2!Q62:U62),SUMPRODUCT(AF$20:AJ$20,System3!Q62:U62))","v":{"$error":"#VALUE!"}},{"$f":"SUM(SUMPRODUCT(AF$21:AJ$21,W62:AA62),SUMPRODUCT(AF$21:AJ$21,System2!W62:AA62),SUMPRODUCT(AF$21:AJ$21,System3!W62:AA62))","v":{"$error":"#VALUE!"}},{"$f":"WaterFittings!BN37","v":{"$error":"#VALUE!"}},{"$error":"#VALUE!"},{"$error":"#VALUE!"},{"$f":"MIN(AirCond!BL36,P$21)","v":0},{"$error":"#VALUE!"},{"$f":"MIN(ROUNDDOWN(AJ62-FH62,0),ROUNDDOWN(P$21*0.3,0),ROUNDDOWN(SUM(SUMPRODUCT(I$4:I$15,L$4:L$15),SUMPRODUCT(System2!I$4:I$15,System2!L$4:L$15),SUMPRODUCT(System3!I$4:I$15,System3!L$4:L$15))*0.3,0))","v":{"$error":"#VALUE!"}},0,{"$error":"#VALUE!"},{"$error":"#VALUE!"},{"$error":"#VALUE!"},0,{"$error":"#VALUE!"},{"$error":"#VALUE!"},{"$error":"#VALUE!"},0,null,null,null,0,0,0,0,null,{"$error":"#VALUE!"},{"$error":"#VALUE!"},{"$error":"#VALUE!"},{"$error":"#VALUE!"},{"$error":"#VALUE!"},{"$error":"#VALUE!"},{"$error":"#VALUE!"},{"$error":"#VALUE!"},{"$error":"#VALUE!"},0,{"$error":"#VALUE!"},{"$error":"#VALUE!"},{"$error":"#VALUE!"},{"$error":"#VALUE!"},{"$error":"#VALUE!"},{"$error":"#VALUE!"},{"$error":"#VALUE!"},{"$error":"#VALUE!"},{"$error":"#VALUE!"},{"$error":"#VALUE!"},{"$error":"#VALUE!"},{"$error":"#VALUE!"},{"$error":"#VALUE!"},{"$error":"#VALUE!"},{"$error":"#VALUE!"},{"$error":"#VALUE!"},{"$error":"#VALUE!"},{"$error":"#VALUE!"},{"$error":"#VALUE!"},{"$error":"#VALUE!"},{"$error":"#VALUE!"},{"$error":"#VALUE!"},{"$error":"#VALUE!"},{"$error":"#VALUE!"},{"$error":"#VALUE!"},{"$error":"#VALUE!"},{"$error":"#VALUE!"},{"$error":"#VALUE!"},{"$error":"#VALUE!"},{"$error":"#VALUE!"},{"$error":"#VALUE!"},{"$f":"SUM(CQ62,System2!CQ62,System3!CQ62)","v":{"$error":"#VALUE!"}},{"$error":"#VALUE!"},{"$error":"#VALUE!"},{"$error":"#VALUE!"},{"$error":"#VALUE!"},{"$error":"#VALUE!"},{"$error":"#VALUE!"},{"$error":"#VALUE!"},{"$error":"#VALUE!"},{"$error":"#VALUE!"},{"$error":"#VALUE!"},{"$error":"#VALUE!"},{"$error":"#VALUE!"},{"$error":"#VALUE!"},{"$error":"#VALUE!"},{"$error":"#VALUE!"},{"$error":"#VALUE!"},{"$error":"#VALUE!"},{"$error":"#VALUE!"},{"$error":"#VALUE!"},{"$error":"#VALUE!"},{"$error":"#VALUE!"},{"$error":"#VALUE!"},{"$error":"#VALUE!"},{"$error":"#VALUE!"},{"$error":"#VALUE!"},{"$error":"#VALUE!"},{"$f":"SUM(DR62,System2!DR62,System3!DR62)","v":{"$error":"#VALUE!"}},{"$f":"DT$34","v":{"$error":"#VALUE!"}},{"$f":"DU$34","v":{"$error":"#VALUE!"}},{"$f":"DV$34","v":0},{"$f":"DW$34","v":{"$error":"#VALUE!"}},{"$error":"#VALUE!"},{"$error":"#VALUE!"},{"$error":"#VALUE!"},0,0,0,0,0,{"$error":"#VALUE!"},{"$f":"SUM(EF62,System2!EF62,System3!EF62)","v":{"$error":"#VALUE!"}},{"$error":"#VALUE!"},{"$error":"#VALUE!"},{"$error":"#VALUE!"},{"$error":"#VALUE!"},{"$error":"#VALUE!"},{"$error":"#VALUE!"},{"$error":"#VALUE!"},{"$error":"#VALUE!"},{"$error":"#VALUE!"},{"$error":"#VALUE!"},{"$error":"#VALUE!"},{"$error":"#VALUE!"},{"$error":"#VALUE!"},{"$error":"#VALUE!"},{"$error":"#VALUE!"},{"$error":"#VALUE!"},{"$error":"#VALUE!"},{"$error":"#VALUE!"},{"$error":"#VALUE!"},{"$error":"#VALUE!"},{"$error":"#VALUE!"},{"$error":"#VALUE!"},{"$error":"#VALUE!"},{"$error":"#VALUE!"},{"$error":"#VALUE!"},{"$error":"#VALUE!"},{"$f":"SUM(FG62,System2!FG62,System3!FG62)","v":{"$error":"#VALUE!"}},0,0,0,0,{"$error":"#VALUE!"},{"$error":"#VALUE!"},{"$error":"#VALUE!"},{"$error":"#VALUE!"},{"$error":"#VALUE!"},{"$error":"#VALUE!"},{"$error":"#VALUE!"},{"$error":"#VALUE!"},{"$error":"#VALUE!"},{"$error":"#VALUE!"},{"$error":"#VALUE!"},{"$error":"#VALUE!"},{"$error":"#VALUE!"},{"$error":"#VALUE!"},{"$error":"#VALUE!"},{"$error":"#VALUE!"},{"$error":"#VALUE!"},{"$error":"#VALUE!"},{"$error":"#VALUE!"},{"$error":"#VALUE!"},{"$f":"$GG$31*WaterFittings!BO37","v":{"$error":"#VALUE!"}},{"$f":"$GH$31*WaterFittings!BP37","v":{"$error":"#VALUE!"}},{"$f":"$GI$31*WaterFittings!BQ37","v":0},{"$f":"GJ$31*AirCond!BD36","v":{"$error":"#VALUE!"}},{"$f":"GK$31*AirCond!BE36","v":{"$error":"#VALUE!"}},{"$f":"GL$31*AirCond!BF36","v":{"$error":"#VALUE!"}},{"$f":"GM$31*AirCond!BG36","v":{"$error":"#VALUE!"}},{"$f":"GN$31*WaterFittings!BS37","v":0},{"$f":"GO$31*WaterFittings!BT37","v":0},{"$f":"GP$31*WaterFittings!BU37","v":0}]
[null,"February",32,0,0,{"$error":"#VALUE!"},{"$error":"#VALUE!"},{"$error":"#VALUE!"},{"$error":"#VALUE!"},{"$error":"#VALUE!"},{"$error":"#VALUE!"},{"$error":"#VALUE!"},{"$error":"#VALUE!"},{"$error":"#VALUE!"},{"$error":"#VALUE!"},null,{"$error":"#VALUE!"},{"$error":"#VALUE!"},{"$error":"#VALUE!"},{"$error":"#VALUE!"},{"$error":"#VALUE!"},null,{"$error":"#VALUE!"},{"$error":"#VALUE!"},{"$error":"#VALUE!"},{"$error":"#VALUE!"},{"$error":"#VALUE!"},null,4,{"$f":"SUM(SUMPRODUCT(AF$20:AJ$20,Q63:U63),SUMPRODUCT(AF$20:AJ$20,System2!Q63:U63),SUMPRODUCT(AF$20:AJ$20,System3!Q63:U63))","v":{"$error":"#VALUE!"}},{"$f":"SUM(SUMPRODUCT(AF$21:AJ$21,W63:AA63),SUMPRODUCT(AF$21:AJ$21,System2!W63:AA63),SUMPRODUCT(AF$21:AJ$21,System3!W63:AA63))","v":{"$error":"#VALUE!"}},{"$f":"WaterFittings!BN38","v":{"$error":"#VALUE!"}},{"$error":"#VALUE!"},{"$error":"#VALUE!"},{"$f":"MIN(AirCond!BL37,P$21)","v":0},{"$error":"#VALUE!"},{"$f":"MIN(ROUNDDOWN(AJ63-FH63,0),ROUNDDOWN(P$21*0.3,0),ROUNDDOWN(SUM(SUMPRODUCT(I$4:I$15,L$4:L$15),SUMPRODUCT(System2!I$4:I$15,System2!L$4:L$15),SUMPRODUCT(System3!I$4:I$15,System3!L$4:L$15))*0.3,0))","v":{"$error":"#VALUE!"}},0,{"$error":"#VALUE!"},{"$error":"#VALUE!"},{"$error":"#VALUE!"},0,{"$error":"#VALUE!"},{"$error":"#VALUE!"},{"$error":"#VALUE!"},0,null,null,null,0,0,0,0,null,{"$error":"#VALUE!"},{"$error":"#VALUE!"},{"$error":"#VALUE!"},{"$error":"#VALUE!"},{"$error":"#VALUE!"},{"$error":"#VALUE!"},{"$error":"#VALUE!"},{"$error":"#VALUE!"},{"$error":"#VALUE!"},0,{"$error":"#VALUE!"},{"$error":"#VALUE!"},{"$error":"#VALUE!"},{"$error":"#VALUE!"},{"$error":"#VALUE!"},{"$error":"#VALUE!"},{"$error":"#VALUE!"},{"$error":"#VALUE!"},{"$error":"#VALUE!"},{"$error":"#VALUE!"},{"$error":"#VALUE!"},{"$error":"#VALUE!"},{"$error":"#VALUE!"},{"$error":"#VALUE!"},{"$error":"#VALUE!"},{"$error":"#VALUE!"},{"$error":"#VALUE!"},{"$error":"#VALUE!"},{"$error":"#VALUE!"},{"$error":"#VALUE!"},{"$error":"#VALUE!"},{"$error":"#VALUE!"},{"$error":"#VALUE!"},{"$error":"#VALUE!"},{"$error":"#VALUE!"},{"$error":"#VALUE!"},{"$error":"#VALUE!"},{"$error":"#VALUE!"},{"$error":"#VALUE!"},{"$error":"#VALUE!"},{"$error":"#VALUE!"},{"$f":"SUM(CQ63,System2!CQ63,System3!CQ63)","v":{"$error":"#VALUE!"}},{"$error":"#VALUE!"},{"$error":"#VALUE!"},{"$error":"#VALUE!"},{"$error":"#VALUE!"},{"$error":"#VALUE!"},{"$error":"#VALUE!"},{"$error":"#VALUE!"},{"$error":"#VALUE!"},{"$error":"#VALUE!"},{"$error":"#VALUE!"},{"$error":"#VALUE!"},{"$error":"#VALUE!"},{"$error":"#VALUE!"},{"$error":"#VALUE!"},{"$error":"#VALUE!"},{"$error":"#VALUE!"},{"$error":"#VALUE!"},{"$error":"#VALUE!"},{"$error":"#VALUE!"},{"$error":"#VALUE!"},{"$error":"#VALUE!"},{"$error":"#VALUE!"},{"$error":"#VALUE!"},{"$error":"#VALUE!"},{"$error":"#VALUE!"},{"$error":"#VALUE!"},{"$f":"SUM(DR63,System2!DR63,System3!DR63)","v":{"$error":"#VALUE!"}},{"$f":"DT$35","v":{"$error":"#VALUE!"}},{"$f":"DU$35","v":{"$error":"#VALUE!"}},{"$f":"DV$35","v":0},{"$f":"DW$35","v":{"$error":"#VALUE!"}},{"$error":"#VALUE!"},{"$error":"#VALUE!"},{"$error":"#VALUE!"},0,0,0,0,0,{"$error":"#VALUE!"},{"$f":"SUM(EF63,System2!EF63,System3!EF63)","v":{"$error":"#VALUE!"}},{"$error":"#VALUE!"},{"$error":"#VALUE!"},{"$error":"#VALUE!"},{"$error":"#VALUE!"},{"$error":"#VALUE!"},{"$error":"#VALUE!"},{"$error":"#VALUE!"},{"$error":"#VALUE!"},{"$error":"#VALUE!"},{"$error":"#VALUE!"},{"$error":"#VALUE!"},{"$error":"#VALUE!"},{"$error":"#VALUE!"},{"$error":"#VALUE!"},{"$error":"#VALUE!"},{"$error":"#VALUE!"},{"$error":"#VALUE!"},{"$error":"#VALUE!"},{"$error":"#VALUE!"},{"$error":"#VALUE!"},{"$error":"#VALUE!"},{"$error":"#VALUE!"},{"$error":"#VALUE!"},{"$error":"#VALUE!"},{"$error":"#VALUE!"},{"$error":"#VALUE!"},{"$f":"SUM(FG63,System2!FG63,System3!FG63)","v":{"$error":"#VALUE!"}},0,0,0,0,{"$error":"#VALUE!"},{"$error":"#VALUE!"},{"$error":"#VALUE!"},{"$error":"#VALUE!"},{"$error":"#VALUE!"},{"$error":"#VALUE!"},{"$error":"#VALUE!"},{"$error":"#VALUE!"},{"$error":"#VALUE!"},{"$error":"#VALUE!"},{"$error":"#VALUE!"},{"$error":"#VALUE!"},{"$error":"#VALUE!"},{"$error":"#VALUE!"},{"$error":"#VALUE!"},{"$error":"#VALUE!"},{"$error":"#VALUE!"},{"$error":"#VALUE!"},{"$error":"#VALUE!"},{"$error":"#VALUE!"},{"$f":"$GG$31*WaterFittings!BO38","v":{"$error":"#VALUE!"}},{"$f":"$GH$31*WaterFittings!BP38","v":{"$error":"#VALUE!"}},{"$f":"$GI$31*WaterFittings!BQ38","v":0},{"$f":"GJ$31*AirCond!BD37","v":{"$error":"#VALUE!"}},{"$f":"GK$31*AirCond!BE37","v":{"$error":"#VALUE!"}},{"$f":"GL$31*AirCond!BF37","v":{"$error":"#VALUE!"}},{"$f":"GM$31*AirCond!BG37","v":{"$error":"#VALUE!"}},{"$f":"GN$31*WaterFittings!BS38","v":0},{"$f":"GO$31*WaterFittings!BT38","v":0},{"$f":"GP$31*WaterFittings!BU38","v":0}]
[null,null,33,0,0,{"$error":"#VALUE!"},{"$error":"#VALUE!"},{"$error":"#VALUE!"},{"$error":"#VALUE!"},{"$error":"#VALUE!"},{"$error":"#VALUE!"},{"$error":"#VALUE!"},{"$error":"#VALUE!"},{"$error":"#VALUE!"},{"$error":"#VALUE!"},null,{"$error":"#VALUE!"},{"$error":"#VALUE!"},{"$error":"#VALUE!"},{"$error":"#VALUE!"},{"$error":"#VALUE!"},null,{"$error":"#VALUE!"},{"$error":"#VALUE!"},{"$error":"#VALUE!"},{"$error":"#VALUE!"},{"$error":"#VALUE!"},null,5,{"$f":"SUM(SUMPRODUCT(AF$20:AJ$20,Q64:U64),SUMPRODUCT(AF$20:AJ$20,System2!Q64:U64),SUMPRODUCT(AF$20:AJ$20,System3!Q64:U64))","v":{"$error":"#VALUE!"}},{"$f":"SUM(SUMPRODUCT(AF$21:AJ$21,W64:AA64),SUMPRODUCT(AF$21:AJ$21,System2!W64:AA64),SUMPRODUCT(AF$21:AJ$21,System3!W64:AA64))","v":{"$error":"#VALUE!"}},{"$f":"WaterFittings!BN39","v":{"$error":"#VALUE!"}},{"$error":"#VALUE!"},{"$error":"#VALUE!"},{"$f":"MIN(AirCond!BL38,P$21)","v":0},{"$error":"#VALUE!"},{"$f":"MIN(ROUNDDOWN(AJ64-FH64,0),ROUNDDOWN(P$21*0.3,0),ROUNDDOWN(SUM(SUMPRODUCT(I$4:I$15,L$4:L$15),SUMPRODUCT(System2!I$4:I$15,System2!L$4:L$15),SUMPRODUCT(System3!I$4:I$15,System3!L$4:L$15))*0.3,0))","v":{"$error":"#VALUE!"}},0,{"$error":"#VALUE!"},{"$error":"#VALUE!"},{"$error":"#VALUE!"},0,{"$error":"#VALUE!"},{"$error":"#VALUE!"},{"$error":"#VALUE!"},0,null,null,null,0,0,0,0,null,{"$error":"#VALUE!"},{"$error":"#VALUE!"},{"$error":"#VALUE!"},{"$error":"#VALUE!"},{"$error":"#VALUE!"},{"$error":"#VALUE!"},{"$error":"#VALUE!"},{"$error":"#VALUE!"},{"$error":"#VALUE!"},0,{"$error":"#VALUE!"},{"$error":"#VALUE!"},{"$error":"#VALUE!"},{"$error":"#VALUE!"},{"$error":"#VALUE!"},{"$error":"#VALUE!"},{"$error":"#VALUE!"},{"$error":"#VALUE!"},{"$error":"#VALUE!"},{"$error":"#VALUE!"},{"$error":"#VALUE!"},{"$error":"#VALUE!"},{"$error":"#VALUE!"},{"$error":"#VALUE!"},{"$error":"#VALUE!"},{"$error":"#VALUE!"},{"$error":"#VALUE!"},{"$error":"#VALUE!"},{"$error":"#VALUE!"},{"$error":"#VALUE!"},{"$error":"#VALUE!"},{"$error":"#VALUE!"},{"$error":"#VALUE!"},{"$error":"#VALUE!"},{"$error":"#VALUE!"},{"$error":"#VALUE!"},{"$error":"#VALUE!"},{"$error":"#VALUE!"},{"$error":"#VALUE!"},{"$error":"#VALUE!"},{"$error":"#VALUE!"},{"$f":"SUM(CQ64,System2!CQ64,System3!CQ64)","v":{"$error":"#VALUE!"}},{"$error":"#VALUE!"},{"$f":"IF($CS64,CE64/$CR64,0)","v":{"$error":"#VALUE!"}},{"$f":"IF($CS64,CF64/$CR64,0)","v":{"$error":"#VALUE!"}},{"$f":"IF($CS64,CG64/$CR64,0)","v":{"$error":"#VALUE!"}},{"$f":"IF($CS64,CH64/$CR64,0)","v":{"$error":"#VALUE!"}},{"$f":"IF($CS64,CI64/$CR64,0)","v":{"$error":"#VALUE!"}},{"$f":"IF($CS64,CJ64/$CR64,0)","v":{"$error":"#VALUE!"}},{"$f":"IF($CS64,CK64/$CR64,0)","v":{"$error":"#VALUE!"}},{"$f":"IF($CS64,CL64/$CR64,0)","v":{"$error":"#VALUE!"}},{"$f":"IF($CS64,CM64/$CR64,0)","v":{"$error":"#VALUE!"}},{"$f":"IF($CS64,CN64/$CR64,0)","v":{"$error":"#VALUE!"}},{"$f":"IF($CS64,CO64/$CR64,0)","v":{"$error":"#VALUE!"}},{"$f":"IF($CS64,CP64/$CR64,0)","v":{"$error":"#VALUE!"}},{"$f":"$CS64*CT64","v":{"$error":"#VALUE!"}},{"$f":"$CS64*CU64","v":{"$error":"#VALUE!"}},{"$f":"$CS64*CV64","v":{"$error":"#VALUE!"}},{"$f":"$CS64*CW64","v":{"$error":"#VALUE!"}},{"$f":"$CS64*CX64","v":{"$error":"#VALUE!"}},{"$f":"$CS64*CY64","v":{"$error":"#VALUE!"}},{"$f":"$CS64*CZ64","v":{"$error":"#VALUE!"}},{"$f":"$CS64*DA64","v":{"$error":"#VALUE!"}},{"$f":"$CS64*DB64","v":{"$error":"#VALUE!"}},{"$f":"$CS64*DC64","v":{"$error":"#VALUE!"}},{"$f":"$CS64*DD64","v":{"$error":"#VALUE!"}},{"$f":"$CS64*DE64","v":{"$error":"#VALUE!"}},{"$error":"#VALUE!"},{"$f":"SUM(DR64,System2!DR64,System3!DR64)","v":{"$error":"#VALUE!"}},{"$f":"DT$36","v":{"$error":"#VALUE!"}},{"$f":"DU$36","v":{"$error":"#VALUE!"}},{"$f":"DV$36","v":0},{"$f":"DW$36","v":{"$error":"#VALUE!"}},{"$error":"#VALUE!"},{"$error":"#VALUE!"},{"$error":"#VALUE!"},0,0,0,0,0,{"$error":"#VALUE!"},{"$f":"SUM(EF64,System2!EF64,System3!EF64)","v":{"$error":"#VALUE!"}},{"$error":"#VALUE!"},{"$error":"#VALUE!"},{"$error":"#VALUE!"},{"$error":"#VALUE!"},{"$error":"#VALUE!"},{"$error":"#VALUE!"},{"$error":"#VALUE!"},{"$error":"#VALUE!"},{"$error":"#VALUE!"},{"$error":"#VALUE!"},{"$error":"#VALUE!"},{"$error":"#VALUE!"},{"$error":"#VALUE!"},{"$error":"#VALUE!"},{"$error":"#VALUE!"},{"$error":"#VALUE!"},{"$error":"#VALUE!"},{"$error":"#VALUE!"},{"$error":"#VALUE!"},{"$error":"#VALUE!"},{"$error":"#VALUE!"},{"$error":"#VALUE!"},{"$error":"#VALUE!"},{"$error":"#VALUE!"},{"$error":"#VALUE!"},{"$error":"#VALUE!"},{"$f":"SUM(FG64,System2!FG64,System3!FG64)","v":{"$error":"#VALUE!"}},0,0,0,0,{"$error":"#VALUE!"},{"$error":"#VALUE!"},{"$error":"#VALUE!"},{"$error":"#VALUE!"},{"$error":"#VALUE!"},{"$error":"#VALUE!"},{"$error":"#VALUE!"},{"$error":"#VALUE!"},{"$error":"#VALUE!"},{"$error":"#VALUE!"},{"$error":"#VALUE!"},{"$error":"#VALUE!"},{"$error":"#VALUE!"},{"$error":"#VALUE!"},{"$error":"#VALUE!"},{"$error":"#VALUE!"},{"$error":"#VALUE!"},{"$error":"#VALUE!"},{"$error":"#VALUE!"},{"$error":"#VALUE!"},{"$f":"$GG$31*WaterFittings!BO39","v":{"$error":"#VALUE!"}},{"$f":"$GH$31*WaterFittings!BP39","v":{"$error":"#VALUE!"}},{"$f":"$GI$31*WaterFittings!BQ39","v":0},{"$f":"GJ$31*AirCond!BD38","v":{"$error":"#VALUE!"}},{"$f":"GK$31*AirCond!BE38","v":{"$error":"#VALUE!"}},{"$f":"GL$31*AirCond!BF38","v":{"$error":"#VALUE!"}},{"$f":"GM$31*AirCond!BG38","v":{"$error":"#VALUE!"}},{"$f":"GN$31*WaterFittings!BS39","v":0},{"$f":"GO$31*WaterFittings!BT39","v":0},{"$f":"GP$31*WaterFittings!BU39","v":0}]
[null,null,34,0,0,{"$error":"#VALUE!"},{"$error":"#VALUE!"},{"$error":"#VALUE!"},{"$error":"#VALUE!"},{"$error":"#VALUE!"},{"$error":"#VALUE!"},{"$error":"#VALUE!"},{"$error":"#VALUE!"},{"$error":"#VALUE!"},{"$error":"#VALUE!"},null,{"$error":"#VALUE!"},{"$error":"#VALUE!"},{"$error":"#VALUE!"},{"$error":"#VALUE!"},{"$error":"#VALUE!"},null,{"$error":"#VALUE!"},{"$error":"#VALUE!"},{"$error":"#VALUE!"},{"$error":"#VALUE!"},{"$error":"#VALUE!"},null,6,{"$f":"SUM(SUMPRODUCT(AF$20:AJ$20,Q65:U65),SUMPRODUCT(AF$20:AJ$20,System2!Q65:U65),SUMPRODUCT(AF$20:AJ$20,System3!Q65:U65))","v":{"$error":"#VALUE!"}},{"$f":"SUM(SUMPRODUCT(AF$21:AJ$21,W65:AA65),SUMPRODUCT(AF$21:AJ$21,System2!W65:AA65),SUMPRODUCT(AF$21:AJ$21,System3!W65:AA65))","v":{"$error":"#VALUE!"}},{"$f":"WaterFittings!BN40","v":{"$error":"#VALUE!"}},{"$error":"#VALUE!"},{"$error":"#VALUE!"},{"$f":"MIN(AirCond!BL39,P$21)","v":0},{"$error":"#VALUE!"},{"$f":"MIN(ROUNDDOWN(AJ65-FH65,0),ROUNDDOWN(P$21*0.3,0),ROUNDDOWN(SUM(SUMPRODUCT(I$4:I$15,L$4:L$15),SUMPRODUCT(System2!I$4:I$15,System2!L$4:L$15),SUMPRODUCT(System3!I$4:I$15,System3!L$4:L$15))*0.3,0))","v":{"$error":"#VALUE!"}},0,{"$error":"#VALUE!"},{"$error":"#VALUE!"},{"$error":"#VALUE!"},0,{"$error":"#VALUE!"},{"$error":"#VALUE!"},{"$error":"#VALUE!"},0,null,null,null,0,0,0,0,null,{"$error":"#VALUE!"},{"$error":"#VALUE!"},{"$error":"#VALUE!"},{"$error":"#VALUE!"},{"$error":"#VALUE!"},{"$error":"#VALUE!"},{"$error":"#VALUE!"},{"$error":"#VALUE!"},{"$error":"#VALUE!"},0,{"$error":"#VALUE!"},{"$error":"#VALUE!"},{"$error":"#VALUE!"},{"$error":"#VALUE!"},{"$error":"#VALUE!"},{"$error":"#VALUE!"},{"$error":"#VALUE!"},{"$error":"#VALUE!"},{"$error":"#VALUE!"},{"$error":"#VALUE!"},{"$error":"#VALUE!"},{"$error":"#VALUE!"},{"$error":"#VALUE!"},{"$error":"#VALUE!"},{"$error":"#VALUE!"},{"$error":"#VALUE!"},{"$error":"#VALUE!"},{"$error":"#VALUE!"},{"$error":"#VALUE!"},{"$error":"#VALUE!"},{"$error":"#VALUE!"},{"$error":"#VALUE!"},{"$error":"#VALUE!"},{"$error":"#VALUE!"},{"$error":"#VALUE!"},{"$error":"#VALUE!"},{"$error":"#VALUE!"},{"$error":"#VALUE!"},{"$error":"#VALUE!"},{"$error":"#VALUE!"},{"$error":"#VALUE!"},{"$f":"SUM(CQ65,System2!CQ65,System3!CQ65)","v":{"$error":"#VALUE!"}},{"$error":"#VALUE!"},{"$error":"#VALUE!"},{"$error":"#VALUE!"},{"$error":"#VALUE!"},{"$error":"#VALUE!"},{"$error":"#VALUE!"},{"$error":"#VALUE!"},{"$error":"#VALUE!"},{"$error":"#VALUE!"},{"$error":"#VALUE!"},{"$error":"#VALUE!"},{"$error":"#VALUE!"},{"$error":"#VALUE!"},{"$error":"#VALUE!"},{"$error":"#VALUE!"},{"$error":"#VALUE!"},{"$error":"#VALUE!"},{"$error":"#VALUE!"},{"$error":"#VALUE!"},{"$error":"#VALUE!"},{"$error":"#VALUE!"},{"$error":"#VALUE!"},{"$error":"#VALUE!"},{"$error":"#VALUE!"},{"$error":"#VALUE!"},{"$error":"#VALUE!"},{"$f":"SUM(DR65,System2!DR65,System3!DR65)","v":{"$error":"#VALUE!"}},{"$f":"DT$37","v":{"$error":"#VALUE!"}},{"$f":"DU$37","v":{"$error":"#VALUE!"}},{"$f":"DV$37","v":0},{"$f":"DW$37","v":{"$error":"#VALUE!"}},{"$error":"#VALUE!"},{"$error":"#VALUE!"},{"$error":"#VALUE!"},0,0,0,0,0,{"$error":"#VALUE!"},{"$f":"SUM(EF65,System2!EF65,System3!EF65)","v":{"$error":"#VALUE!"}},{"$error":"#VALUE!"},{"$error":"#VALUE!"},{"$error":"#VALUE!"},{"$error":"#VALUE!"},{"$error":"#VALUE!"},{"$error":"#VALUE!"},{"$error":"#VALUE!"},{"$error":"#VALUE!"},{"$error":"#VALUE!"},{"$error":"#VALUE!"},{"$error":"#VALUE!"},{"$error":"#VALUE!"},{"$error":"#VALUE!"},{"$error":"#VALUE!"},{"$error":"#VALUE!"},{"$error":"#VALUE!"},{"$error":"#VALUE!"},{"$error":"#VALUE!"},{"$error":"#VALUE!"},{"$error":"#VALUE!"},{"$error":"#VALUE!"},{"$error":"#VALUE!"},{"$error":"#VALUE!"},{"$error":"#VALUE!"},{"$error":"#VALUE!"},{"$error":"#VALUE!"},{"$f":"SUM(FG65,System2!FG65,System3!FG65)","v":{"$error":"#VALUE!"}},0,0,0,0,{"$error":"#VALUE!"},{"$error":"#VALUE!"},{"$error":"#VALUE!"},{"$error":"#VALUE!"},{"$error":"#VALUE!"},{"$error":"#VALUE!"},{"$error":"#VALUE!"},{"$error":"#VALUE!"},{"$error":"#VALUE!"},{"$error":"#VALUE!"},{"$error":"#VALUE!"},{"$error":"#VALUE!"},{"$error":"#VALUE!"},{"$error":"#VALUE!"},{"$error":"#VALUE!"},{"$error":"#VALUE!"},{"$error":"#VALUE!"},{"$error":"#VALUE!"},{"$error":"#VALUE!"},{"$error":"#VALUE!"},{"$f":"$GG$31*WaterFittings!BO40","v":{"$error":"#VALUE!"}},{"$f":"$GH$31*WaterFittings!BP40","v":{"$error":"#VALUE!"}},{"$f":"$GI$31*WaterFittings!BQ40","v":0},{"$f":"GJ$31*AirCond!BD39","v":{"$error":"#VALUE!"}},{"$f":"GK$31*AirCond!BE39","v":{"$error":"#VALUE!"}},{"$f":"GL$31*AirCond!BF39","v":{"$error":"#VALUE!"}},{"$f":"GM$31*AirCond!BG39","v":{"$error":"#VALUE!"}},{"$f":"GN$31*WaterFittings!BS40","v":0},{"$f":"GO$31*WaterFittings!BT40","v":0},{"$f":"GP$31*WaterFittings!BU40","v":0}]
[null,null,35,0,0,{"$error":"#VALUE!"},{"$error":"#VALUE!"},{"$error":"#VALUE!"},{"$error":"#VALUE!"},{"$error":"#VALUE!"},{"$error":"#VALUE!"},{"$error":"#VALUE!"},{"$error":"#VALUE!"},{"$error":"#VALUE!"},{"$error":"#VALUE!"},null,{"$error":"#VALUE!"},{"$error":"#VALUE!"},{"$error":"#VALUE!"},{"$error":"#VALUE!"},{"$error":"#VALUE!"},null,{"$error":"#VALUE!"},{"$error":"#VALUE!"},{"$error":"#VALUE!"},{"$error":"#VALUE!"},{"$error":"#VALUE!"},null,7,{"$f":"SUM(SUMPRODUCT(AF$20:AJ$20,Q66:U66),SUMPRODUCT(AF$20:AJ$20,System2!Q66:U66),SUMPRODUCT(AF$20:AJ$20,System3!Q66:U66))","v":{"$error":"#VALUE!"}},{"$f":"SUM(SUMPRODUCT(AF$21:AJ$21,W66:AA66),SUMPRODUCT(AF$21:AJ$21,System2!W66:AA66),SUMPRODUCT(AF$21:AJ$21,System3!W66:AA66))","v":{"$error":"#VALUE!"}},{"$f":"WaterFittings!BN41","v":{"$error":"#VALUE!"}},{"$error":"#VALUE!"},{"$error":"#VALUE!"},{"$f":"MIN(AirCond!BL40,P$21)","v":0},{"$error":"#VALUE!"},{"$f":"MIN(ROUNDDOWN(AJ66-FH66,0),ROUNDDOWN(P$21*0.3,0),ROUNDDOWN(SUM(SUMPRODUCT(I$4:I$15,L$4:L$15),SUMPRODUCT(System2!I$4:I$15,System2!L$4:L$15),SUMPRODUCT(System3!I$4:I$15,System3!L$4:L$15))*0.3,0))","v":{"$error":"#VALUE!"}},0,{"$error":"#VALUE!"},{"$error":"#VALUE!"},{"$error":"#VALUE!"},0,{"$error":"#VALUE!"},{"$error":"#VALUE!"},{"$error":"#VALUE!"},0,null,null,null,0,0,0,0,null,{"$error":"#VALUE!"},{"$error":"#VALUE!"},{"$error":"#VALUE!"},{"$error":"#VALUE!"},{"$error":"#VALUE!"},{"$error":"#VALUE!"},{"$error":"#VALUE!"},{"$error":"#VALUE!"},{"$error":"#VALUE!"},0,{"$error":"#VALUE!"},{"$error":"#VALUE!"},{"$error":"#VALUE!"},{"$error":"#VALUE!"},{"$error":"#VALUE!"},{"$error":"#VALUE!"},{"$error":"#VALUE!"},{"$error":"#VALUE!"},{"$error":"#VALUE!"},{"$error":"#VALUE!"},{"$error":"#VALUE!"},{"$error":"#VALUE!"},{"$error":"#VALUE!"},{"$error":"#VALUE!"},{"$error":"#VALUE!"},{"$error":"#VALUE!"},{"$error":"#VALUE!"},{"$error":"#VALUE!"},{"$error":"#VALUE!"},{"$error":"#VALUE!"},{"$error":"#VALUE!"},{"$error":"#VALUE!"},{"$error":"#VALUE!"},{"$error":"#VALUE!"},{"$error":"#VALUE!"},{"$error":"#VALUE!"},{"$error":"#VALUE!"},{"$error":"#VALUE!"},{"$error":"#VALUE!"},{"$error":"#VALUE!"},{"$error":"#VALUE!"},{"$f":"SUM(CQ66,System2!CQ66,System3!CQ66)","v":{"$error":"#VALUE!"}},{"$error":"#VALUE!"},{"$error":"#VALUE!"},{"$error":"#VALUE!"},{"$error":"#VALUE!"},{"$error":"#VALUE!"},{"$error":"#VALUE!"},{"$error":"#VALUE!"},{"$error":"#VALUE!"},{"$error":"#VALUE!"},{"$error":"#VALUE!"},{"$error":"#VALUE!"},{"$error":"#VALUE!"},{"$error":"#VALUE!"},{"$error":"#VALUE!"},{"$error":"#VALUE!"},{"$error":"#VALUE!"},{"$error":"#VALUE!"},{"$error":"#VALUE!"},{"$error":"#VALUE!"},{"$error":"#VALUE!"},{"$error":"#VALUE!"},{"$error":"#VALUE!"},{"$error":"#VALUE!"},{"$error":"#VALUE!"},{"$error":"#VALUE!"},{"$error":"#VALUE!"},{"$f":"SUM(DR66,System2!DR66,System3!DR66)","v":{"$error":"#VALUE!"}},{"$f":"DT$38","v":{"$error":"#VALUE!"}},{"$f":"DU$38","v":{"$error":"#VALUE!"}},{"$f":"DV$38","v":0},{"$f":"DW$38","v":{"$error":"#VALUE!"}},{"$error":"#VALUE!"},{"$error":"#VALUE!"},{"$error":"#VALUE!"},0,0,0,0,0,{"$error":"#VALUE!"},{"$f":"SUM(EF66,System2!EF66,System3!EF66)","v":{"$error":"#VALUE!"}},{"$error":"#VALUE!"},{"$error":"#VALUE!"},{"$error":"#VALUE!"},{"$error":"#VALUE!"},{"$error":"#VALUE!"},{"$error":"#VALUE!"},{"$error":"#VALUE!"},{"$error":"#VALUE!"},{"$error":"#VALUE!"},{"$error":"#VALUE!"},{"$error":"#VALUE!"},{"$error":"#VALUE!"},{"$error":"#VALUE!"},{"$error":"#VALUE!"},{"$error":"#VALUE!"},{"$error":"#VALUE!"},{"$error":"#VALUE!"},{"$error":"#VALUE!"},{"$error":"#VALUE!"},{"$error":"#VALUE!"},{"$error":"#VALUE!"},{"$error":"#VALUE!"},{"$error":"#VALUE!"},{"$error":"#VALUE!"},{"$error":"#VALUE!"},{"$error":"#VALUE!"},{"$f":"SUM(FG66,System2!FG66,System3!FG66)","v":{"$error":"#VALUE!"}},0,0,0,0,{"$error":"#VALUE!"},{"$error":"#VALUE!"},{"$error":"#VALUE!"},{"$error":"#VALUE!"},{"$error":"#VALUE!"},{"$error":"#VALUE!"},{"$error":"#VALUE!"},{"$error":"#VALUE!"},{"$error":"#VALUE!"},{"$error":"#VALUE!"},{"$error":"#VALUE!"},{"$error":"#VALUE!"},{"$error":"#VALUE!"},{"$error":"#VALUE!"},{"$error":"#VALUE!"},{"$error":"#VALUE!"},{"$error":"#VALUE!"},{"$error":"#VALUE!"},{"$error":"#VALUE!"},{"$error":"#VALUE!"},{"$f":"$GG$31*WaterFittings!BO41","v":{"$error":"#VALUE!"}},{"$f":"$GH$31*WaterFittings!BP41","v":{"$error":"#VALUE!"}},{"$f":"$GI$31*WaterFittings!BQ41","v":0},{"$f":"GJ$31*AirCond!BD40","v":{"$error":"#VALUE!"}},{"$f":"GK$31*AirCond!BE40","v":{"$error":"#VALUE!"}},{"$f":"GL$31*AirCond!BF40","v":{"$error":"#VALUE!"}},{"$f":"GM$31*AirCond!BG40","v":{"$error":"#VALUE!"}},{"$f":"GN$31*WaterFittings!BS41","v":0},{"$f":"GO$31*WaterFittings!BT41","v":0},{"$f":"GP$31*WaterFittings!BU41","v":0}]
[null,null,36,0,0,{"$error":"#VALUE!"},{"$error":"#VALUE!"},{"$error":"#VALUE!"},{"$error":"#VALUE!"},{"$error":"#VALUE!"},{"$error":"#VALUE!"},{"$error":"#VALUE!"},{"$error":"#VALUE!"},{"$error":"#VALUE!"},{"$error":"#VALUE!"},null,{"$error":"#VALUE!"},{"$error":"#VALUE!"},{"$error":"#VALUE!"},{"$error":"#VALUE!"},{"$error":"#VALUE!"},null,{"$error":"#VALUE!"},{"$error":"#VALUE!"},{"$error":"#VALUE!"},{"$error":"#VALUE!"},{"$f":"ROUNDDOWN(FF67,0)","v":{"$error":"#VALUE!"}},null,8,{"$f":"SUM(SUMPRODUCT(AF$20:AJ$20,Q67:U67),SUMPRODUCT(AF$20:AJ$20,System2!Q67:U67),SUMPRODUCT(AF$20:AJ$20,System3!Q67:U67))","v":{"$error":"#VALUE!"}},{"$f":"SUM(SUMPRODUCT(AF$21:AJ$21,W67:AA67),SUMPRODUCT(AF$21:AJ$21,System2!W67:AA67),SUMPRODUCT(AF$21:AJ$21,System3!W67:AA67))","v":{"$error":"#VALUE!"}},{"$f":"WaterFittings!BN42","v":{"$error":"#VALUE!"}},{"$error":"#VALUE!"},{"$error":"#VALUE!"},{"$f":"MIN(AirCond!BL41,P$21)","v":0},{"$error":"#VALUE!"},{"$f":"MIN(ROUNDDOWN(AJ67-FH67,0),ROUNDDOWN(P$21*0.3,0),ROUNDDOWN(SUM(SUMPRODUCT(I$4:I$15,L$4:L$15),SUMPRODUCT(System2!I$4:I$15,System2!L$4:L$15),SUMPRODUCT(System3!I$4:I$15,System3!L$4:L$15))*0.3,0))","v":{"$error":"#VALUE!"}},0,{"$error":"#VALUE!"},{"$error":"#VALUE!"},{"$error":"#VALUE!"},0,{"$error":"#VALUE!"},{"$error":"#VALUE!"},{"$error":"#VALUE!"},0,null,null,null,0,0,0,0,null,{"$error":"#VALUE!"},{"$error":"#VALUE!"},{"$error":"#VALUE!"},{"$error":"#VALUE!"},{"$error":"#VALUE!"},{"$error":"#VALUE!"},{"$error":"#VALUE!"},{"$error":"#VALUE!"},{"$error":"#VALUE!"},0,{"$error":"#VALUE!"},{"$error":"#VALUE!"},{"$error":"#VALUE!"},{"$error":"#VALUE!"},{"$error":"#VALUE!"},{"$error":"#VALUE!"},{"$error":"#VALUE!"},{"$error":"#VALUE!"},{"$error":"#VALUE!"},{"$error":"#VALUE!"},{"$error":"#VALUE!"},{"$error":"#VALUE!"},{"$error":"#VALUE!"},{"$error":"#VALUE!"},{"$error":"#VALUE!"},{"$error":"#VALUE!"},{"$error":"#VALUE!"},{"$error":"#VALUE!"},{"$error":"#VALUE!"},{"$error":"#VALUE!"},{"$error":"#VALUE!"},{"$error":"#VALUE!"},{"$error":"#VALUE!"},{"$error":"#VALUE!"},{"$error":"#VALUE!"},{"$error":"#VALUE!"},{"$error":"#VALUE!"},{"$error":"#VALUE!"},{"$error":"#VALUE!"},{"$error":"#VALUE!"},{"$error":"#VALUE!"},{"$f":"SUM(CQ67,System2!CQ67,System3!CQ67)","v":{"$error":"#VALUE!"}},{"$error":"#VALUE!"},{"$error":"#VALUE!"},{"$error":"#VALUE!"},{"$error":"#VALUE!"},{"$error":"#VALUE!"},{"$error":"#VALUE!"},{"$error":"#VALUE!"},{"$error":"#VALUE!"},{"$error":"#VALUE!"},{"$error":"#VALUE!"},{"$error":"#VALUE!"},{"$error":"#VALUE!"},{"$error":"#VALUE!"},{"$error":"#VALUE!"},{"$error":"#VALUE!"},{"$error":"#VALUE!"},{"$error":"#VALUE!"},{"$error":"#VALUE!"},{"$error":"#VALUE!"},{"$error":"#VALUE!"},{"$error":"#VALUE!"},{"$error":"#VALUE!"},{"$error":"#VALUE!"},{"$error":"#VALUE!"},{"$error":"#VALUE!"},{"$error":"#VALUE!"},{"$f":"SUM(DR67,System2!DR67,System3!DR67)","v":{"$error":"#VALUE!"}},{"$f":"DT$39","v":{"$error":"#VALUE!"}},{"$f":"DU$39","v":{"$error":"#VALUE!"}},{"$f":"DV$39","v":0},{"$f":"DW$39","v":{"$error":"#VALUE!"}},{"$error":"#VALUE!"},{"$error":"#VALUE!"},{"$error":"#VALUE!"},0,0,0,0,0,{"$error":"#VALUE!"},{"$f":"SUM(EF67,System2!EF67,System3!EF67)","v":{"$error":"#VALUE!"}},{"$error":"#VALUE!"},{"$error":"#VALUE!"},{"$error":"#VALUE!"},{"$error":"#VALUE!"},{"$error":"#VALUE!"},{"$error":"#VALUE!"},{"$error":"#VALUE!"},{"$error":"#VALUE!"},{"$error":"#VALUE!"},{"$error":"#VALUE!"},{"$error":"#VALUE!"},{"$error":"#VALUE!"},{"$error":"#VALUE!"},{"$error":"#VALUE!"},{"$error":"#VALUE!"},{"$error":"#VALUE!"},{"$error":"#VALUE!"},{"$error":"#VALUE!"},{"$error":"#VALUE!"},{"$error":"#VALUE!"},{"$error":"#VALUE!"},{"$error":"#VALUE!"},{"$error":"#VALUE!"},{"$error":"#VALUE!"},{"$error":"#VALUE!"},{"$error":"#VALUE!"},{"$f":"SUM(FG67,System2!FG67,System3!FG67)","v":{"$error":"#VALUE!"}},{"$f":"IF(IF(FI$28>=3,COUNTIF(FI64:FI66,\">0\"),IF(FI$28=2,COUNTIF(FI65:FI66,\">0\"),IF(FI$28=1,COUNTIF(FI66,\">0\")))),0,FI$31)","v":0},0,0,0,{"$error":"#VALUE!"},{"$error":"#VALUE!"},{"$error":"#VALUE!"},{"$error":"#VALUE!"},{"$error":"#VALUE!"},{"$error":"#VALUE!"},{"$error":"#VALUE!"},{"$error":"#VALUE!"},{"$error":"#VALUE!"},{"$error":"#VALUE!"},{"$error":"#VALUE!"},{"$error":"#VALUE!"},{"$error":"#VALUE!"},{"$error":"#VALUE!"},{"$error":"#VALUE!"},{"$error":"#VALUE!"},{"$error":"#VALUE!"},{"$error":"#VALUE!"},{"$error":"#VALUE!"},{"$error":"#VALUE!"},{"$f":"$GG$31*WaterFittings!BO42","v":{"$error":"#VALUE!"}},{"$f":"$GH$31*WaterFittings!BP42","v":{"$error":"#VALUE!"}},{"$f":"$GI$31*WaterFittings!BQ42","v":0},{"$f":"GJ$31*AirCond!BD41","v":{"$error":"#VALUE!"}},{"$f":"GK$31*AirCond!BE41","v":{"$error":"#VALUE!"}},{"$f":"GL$31*AirCond!BF41","v":{"$error":"#VALUE!"}},{"$f":"GM$31*AirCond!BG41","v":{"$error":"#VALUE!"}},{"$f":"GN$31*WaterFittings!BS42","v":0},{"$f":"GO$31*WaterFittings!BT42","v":0},{"$f":"GP$31*WaterFittings!BU42","v":0}]
[null,null,{"$f":"C67+1","v":37},0,0,{"$error":"#VALUE!"},{"$error":"#VALUE!"},{"$error":"#VALUE!"},{"$error":"#VALUE!"},{"$error":"#VALUE!"},{"$error":"#VALUE!"},{"$error":"#VALUE!"},{"$error":"#VALUE!"},{"$error":"#VALUE!"},{"$error":"#VALUE!"},null,{"$error":"#VALUE!"},{"$error":"#VALUE!"},{"$error":"#VALUE!"},{"$error":"#VALUE!"},{"$error":"#VALUE!"},null,{"$error":"#VALUE!"},{"$error":"#VALUE!"},{"$error":"#VALUE!"},{"$error":"#VALUE!"},{"$error":"#VALUE!"},null,9,{"$f":"SUM(SUMPRODUCT(AF$20:AJ$20,Q68:U68),SUMPRODUCT(AF$20:AJ$20,System2!Q68:U68),SUMPRODUCT(AF$20:AJ$20,System3!Q68:U68))","v":{"$error":"#VALUE!"}},{"$f":"SUM(SUMPRODUCT(AF$21:AJ$21,W68:AA68),SUMPRODUCT(AF$21:AJ$21,System2!W68:AA68),SUMPRODUCT(AF$21:AJ$21,System3!W68:AA68))","v":{"$error":"#VALUE!"}},{"$f":"WaterFittings!BN43","v":{"$error":"#VALUE!"}},{"$error":"#VALUE!"},{"$error":"#VALUE!"},{"$f":"MIN(AirCond!BL42,P$21)","v":0},{"$error":"#VALUE!"},{"$f":"MIN(ROUNDDOWN(AJ68-FH68,0),ROUNDDOWN(P$21*0.3,0),ROUNDDOWN(SUM(SUMPRODUCT(I$4:I$15,L$4:L$15),SUMPRODUCT(System2!I$4:I$15,System2!L$4:L$15),SUMPRODUCT(System3!I$4:I$15,System3!L$4:L$15))*0.3,0))","v":{"$error":"#VALUE!"}},0,{"$error":"#VALUE!"},{"$error":"#VALUE!"},{"$error":"#VALUE!"},0,{"$error":"#VALUE!"},{"$error":"#VALUE!"},{"$error":"#VALUE!"},0,null,null,null,0,0,0,0,null,{"$error":"#VALUE!"},{"$error":"#VALUE!"},{"$error":"#VALUE!"},{"$error":"#VALUE!"},{"$error":"#VALUE!"},{"$error":"#VALUE!"},{"$error":"#VALUE!"},{"$error":"#VALUE!"},{"$error":"#VALUE!"},0,{"$error":"#VALUE!"},{"$error":"#VALUE!"},{"$error":"#VALUE!"},{"$error":"#VALUE!"},{"$error":"#VALUE!"},{"$error":"#VALUE!"},{"$error":"#VALUE!"},{"$error":"#VALUE!"},{"$error":"#VALUE!"},{"$error":"#VALUE!"},{"$error":"#VALUE!"},{"$error":"#VALUE!"},{"$error":"#VALUE!"},{"$error":"#VALUE!"},{"$error":"#VALUE!"},{"$error":"#VALUE!"},{"$error":"#VALUE!"},{"$error":"#VALUE!"},{"$error":"#VALUE!"},{"$error":"#VALUE!"},{"$error":"#VALUE!"},{"$error":"#VALUE!"},{"$error":"#VALUE!"},{"$error":"#VALUE!"},{"$error":"#VALUE!"},{"$error":"#VALUE!"},{"$error":"#VALUE!"},{"$error":"#VALUE!"},{"$error":"#VALUE!"},{"$error":"#VALUE!"},{"$error":"#VALUE!"},{"$f":"SUM(CQ68,System2!CQ68,System3!CQ68)","v":{"$error":"#VALUE!"}},{"$error":"#VALUE!"},{"$error":"#VALUE!"},{"$error":"#VALUE!"},{"$error":"#VALUE!"},{"$error":"#VALUE!"},{"$error":"#VALUE!"},{"$error":"#VALUE!"},{"$error":"#VALUE!"},{"$error":"#VALUE!"},{"$error":"#VALUE!"},{"$error":"#VALUE!"},{"$error":"#VALUE!"},{"$error":"#VALUE!"},{"$error":"#VALUE!"},{"$error":"#VALUE!"},{"$error":"#VALUE!"},{"$error":"#VALUE!"},{"$error":"#VALUE!"},{"$error":"#VALUE!"},{"$error":"#VALUE!"},{"$error":"#VALUE!"},{"$error":"#VALUE!"},{"$error":"#VALUE!"},{"$error":"#VALUE!"},{"$error":"#VALUE!"},{"$error":"#VALUE!"},{"$f":"SUM(DR68,System2!DR68,System3!DR68)","v":{"$error":"#VALUE!"}},{"$f":"DT$40","v":{"$error":"#VALUE!"}},{"$f":"DU$40","v":{"$error":"#VALUE!"}},{"$f":"DV$40","v":0},{"$f":"DW$40","v":{"$error":"#VALUE!"}},{"$error":"#VALUE!"},{"$error":"#VALUE!"},{"$error":"#VALUE!"},0,0,0,0,0,{"$error":"#VALUE!"},{"$f":"SUM(EF68,System2!EF68,System3!EF68)","v":{"$error":"#VALUE!"}},{"$error":"#VALUE!"},{"$error":"#VALUE!"},{"$error":"#VALUE!"},{"$error":"#VALUE!"},{"$error":"#VALUE!"},{"$error":"#VALUE!"},{"$error":"#VALUE!"},{"$error":"#VALUE!"},{"$error":"#VALUE!"},{"$error":"#VALUE!"},{"$error":"#VALUE!"},{"$error":"#VALUE!"},{"$error":"#VALUE!"},{"$error":"#VALUE!"},{"$error":"#VALUE!"},{"$error":"#VALUE!"},{"$error":"#VALUE!"},{"$error":"#VALUE!"},{"$error":"#VALUE!"},{"$error":"#VALUE!"},{"$error":"#VALUE!"},{"$error":"#VALUE!"},{"$error":"#VALUE!"},{"$error":"#VALUE!"},{"$error":"#VALUE!"},{"$error":"#VALUE!"},{"$f":"SUM(FG68,System2!FG68,System3!FG68)","v":{"$error":"#VALUE!"}},0,0,0,0,{"$error":"#VALUE!"},{"$error":"#VALUE!"},{"$error":"#VALUE!"},{"$error":"#VALUE!"},{"$error":"#VALUE!"},{"$error":"#VALUE!"},{"$error":"#VALUE!"},{"$error":"#VALUE!"},{"$error":"#VALUE!"},{"$error":"#VALUE!"},{"$error":"#VALUE!"},{"$error":"#VALUE!"},{"$error":"#VALUE!"},{"$error":"#VALUE!"},{"$error":"#VALUE!"},{"$error":"#VALUE!"},{"$error":"#VALUE!"},{"$error":"#VALUE!"},{"$error":"#VALUE!"},{"$error":"#VALUE!"},{"$f":"$GG$31*WaterFittings!BO43","v":{"$error":"#VALUE!"}},{"$f":"$GH$31*WaterFittings!BP43","v":{"$error":"#VALUE!"}},{"$f":"$GI$31*WaterFittings!BQ43","v":0},{"$f":"GJ$31*AirCond!BD42","v":{"$error":"#VALUE!"}},{"$f":"GK$31*AirCond!BE42","v":{"$error":"#VALUE!"}},{"$f":"GL$31*AirCond!BF42","v":{"$error":"#VALUE!"}},{"$f":"GM$31*AirCond!BG42","v":{"$error":"#VALUE!"}},{"$f":"GN$31*WaterFittings!BS43","v":0},{"$f":"GO$31*WaterFittings!BT43","v":0},{"$f":"GP$31*WaterFittings!BU43","v":0}]
[null,null,38,0,0,{"$error":"#VALUE!"},{"$error":"#VALUE!"},{"$error":"#VALUE!"},{"$error":"#VALUE!"},{"$error":"#VALUE!"},{"$error":"#VALUE!"},{"$error":"#VALUE!"},{"$error":"#VALUE!"},{"$error":"#VALUE!"},{"$error":"#VALUE!"},null,{"$error":"#VALUE!"},{"$error":"#VALUE!"},{"$error":"#VALUE!"},{"$error":"#VALUE!"},{"$error":"#VALUE!"},null,{"$error":"#VALUE!"},{"$error":"#VALUE!"},{"$error":"#VALUE!"},{"$error":"#VALUE!"},{"$error":"#VALUE!"},null,10,{"$f":"SUM(SUMPRODUCT(AF$20:AJ$20,Q69:U69),SUMPRODUCT(AF$20:AJ$20,System2!Q69:U69),SUMPRODUCT(AF$20:AJ$20,System3!Q69:U69))","v":{"$error":"#VALUE!"}},{"$f":"SUM(SUMPRODUCT(AF$21:AJ$21,W69:AA69),SUMPRODUCT(AF$21:AJ$21,System2!W69:AA69),SUMPRODUCT(AF$21:AJ$21,System3!W69:AA69))","v":{"$error":"#VALUE!"}},{"$f":"WaterFittings!BN44","v":{"$error":"#VALUE!"}},{"$error":"#VALUE!"},{"$error":"#VALUE!"},{"$f":"MIN(AirCond!BL43,P$21)","v":0},{"$error":"#VALUE!"},{"$f":"MIN(ROUNDDOWN(AJ69-FH69,0),ROUNDDOWN(P$21*0.3,0),ROUNDDOWN(SUM(SUMPRODUCT(I$4:I$15,L$4:L$15),SUMPRODUCT(System2!I$4:I$15,System2!L$4:L$15),SUMPRODUCT(System3!I$4:I$15,System3!L$4:L$15))*0.3,0))","v":{"$error":"#VALUE!"}},0,{"$error":"#VALUE!"},{"$error":"#VALUE!"},{"$error":"#VALUE!"},0,{"$error":"#VALUE!"},{"$error":"#VALUE!"},{"$error":"#VALUE!"},0,null,null,null,0,0,0,0,null,{"$error":"#VALUE!"},{"$error":"#VALUE!"},{"$error":"#VALUE!"},{"$error":"#VALUE!"},{"$error":"#VALUE!"},{"$error":"#VALUE!"},{"$error":"#VALUE!"},{"$error":"#VALUE!"},{"$error":"#VALUE!"},0,{"$error":"#VALUE!"},{"$error":"#VALUE!"},{"$error":"#VALUE!"},{"$error":"#VALUE!"},{"$error":"#VALUE!"},{"$error":"#VALUE!"},{"$error":"#VALUE!"},{"$error":"#VALUE!"},{"$error":"#VALUE!"},{"$error":"#VALUE!"},{"$error":"#VALUE!"},{"$error":"#VALUE!"},{"$error":"#VALUE!"},{"$error":"#VALUE!"},{"$error":"#VALUE!"},{"$error":"#VALUE!"},{"$error":"#VALUE!"},{"$error":"#VALUE!"},{"$error":"#VALUE!"},{"$error":"#VALUE!"},{"$error":"#VALUE!"},{"$error":"#VALUE!"},{"$error":"#VALUE!"},{"$error":"#VALUE!"},{"$error":"#VALUE!"},{"$error":"#VALUE!"},{"$error":"#VALUE!"},{"$error":"#VALUE!"},{"$error":"#VALUE!"},{"$error":"#VALUE!"},{"$error":"#VALUE!"},{"$f":"SUM(CQ69,System2!CQ69,System3!CQ69)","v":{"$error":"#VALUE!"}},{"$error":"#VALUE!"},{"$error":"#VALUE!"},{"$error":"#VALUE!"},{"$error":"#VALUE!"},{"$error":"#VALUE!"},{"$error":"#VALUE!"},{"$error":"#VALUE!"},{"$error":"#VALUE!"},{"$error":"#VALUE!"},{"$error":"#VALUE!"},{"$error":"#VALUE!"},{"$error":"#VALUE!"},{"$error":"#VALUE!"},{"$error":"#VALUE!"},{"$error":"#VALUE!"},{"$error":"#VALUE!"},{"$error":"#VALUE!"},{"$error":"#VALUE!"},{"$error":"#VALUE!"},{"$error":"#VALUE!"},{"$error":"#VALUE!"},{"$error":"#VALUE!"},{"$error":"#VALUE!"},{"$error":"#VALUE!"},{"$error":"#VALUE!"},{"$error":"#VALUE!"},{"$f":"SUM(DR69,System2!DR69,System3!DR69)","v":{"$error":"#VALUE!"}},{"$f":"DT$41","v":{"$error":"#VALUE!"}},{"$f":"DU$41","v":{"$error":"#VALUE!"}},{"$f":"DV$41","v":0},{"$f":"DW$41","v":{"$error":"#VALUE!"}},{"$error":"#VALUE!"},{"$error":"#VALUE!"},{"$error":"#VALUE!"},0,0,0,0,0,{"$error":"#VALUE!"},{"$f":"SUM(EF69,System2!EF69,System3!EF69)","v":{"$error":"#VALUE!"}},{"$error":"#VALUE!"},{"$error":"#VALUE!"},{"$error":"#VALUE!"},{"$error":"#VALUE!"},{"$error":"#VALUE!"},{"$error":"#VALUE!"},{"$error":"#VALUE!"},{"$error":"#VALUE!"},{"$error":"#VALUE!"},{"$error":"#VALUE!"},{"$error":"#VALUE!"},{"$error":"#VALUE!"},{"$error":"#VALUE!"},{"$error":"#VALUE!"},{"$error":"#VALUE!"},{"$error":"#VALUE!"},{"$error":"#VALUE!"},{"$error":"#VALUE!"},{"$error":"#VALUE!"},{"$error":"#VALUE!"},{"$error":"#VALUE!"},{"$error":"#VALUE!"},{"$error":"#VALUE!"},{"$error":"#VALUE!"},{"$error":"#VALUE!"},{"$error":"#VALUE!"},{"$f":"SUM(FG69,System2!FG69,System3!FG69)","v":{"$error":"#VALUE!"}},0,0,0,0,{"$error":"#VALUE!"},{"$error":"#VALUE!"},{"$error":"#VALUE!"},{"$error":"#VALUE!"},{"$error":"#VALUE!"},{"$error":"#VALUE!"},{"$error":"#VALUE!"},{"$error":"#VALUE!"},{"$error":"#VALUE!"},{"$error":"#VALUE!"},{"$error":"#VALUE!"},{"$error":"#VALUE!"},{"$error":"#VALUE!"},{"$error":"#VALUE!"},{"$error":"#VALUE!"},{"$error":"#VALUE!"},{"$error":"#VALUE!"},{"$error":"#VALUE!"},{"$error":"#VALUE!"},{"$error":"#VALUE!"},{"$f":"$GG$31*WaterFittings!BO44","v":{"$error":"#VALUE!"}},{"$f":"$GH$31*WaterFittings!BP44","v":{"$error":"#VALUE!"}},{"$f":"$GI$31*WaterFittings!BQ44","v":0},{"$f":"GJ$31*AirCond!BD43","v":{"$error":"#VALUE!"}},{"$f":"GK$31*AirCond!BE43","v":{"$error":"#VALUE!"}},{"$f":"GL$31*AirCond!BF43","v":{"$error":"#VALUE!"}},{"$f":"GM$31*AirCond!BG43","v":{"$error":"#VALUE!"}},{"$f":"GN$31*WaterFittings!BS44","v":0},{"$f":"GO$31*WaterFittings!BT44","v":0},{"$f":"GP$31*WaterFittings!BU44","v":0}]
[null,null,39,0,0,{"$error":"#VALUE!"},{"$error":"#VALUE!"},{"$error":"#VALUE!"},{"$error":"#VALUE!"},{"$error":"#VALUE!"},{"$error":"#VALUE!"},{"$error":"#VALUE!"},{"$error":"#VALUE!"},{"$error":"#VALUE!"},{"$error":"#VALUE!"},null,{"$error":"#VALUE!"},{"$error":"#VALUE!"},{"$error":"#VALUE!"},{"$error":"#VALUE!"},{"$error":"#VALUE!"},null,{"$error":"#VALUE!"},{"$error":"#VALUE!"},{"$error":"#VALUE!"},{"$error":"#VALUE!"},{"$error":"#VALUE!"},null,11,{"$f":"SUM(SUMPRODUCT(AF$20:AJ$20,Q70:U70),SUMPRODUCT(AF$20:AJ$20,System2!Q70:U70),SUMPRODUCT(AF$20:AJ$20,System3!Q70:U70))","v":{"$error":"#VALUE!"}},{"$f":"SUM(SUMPRODUCT(AF$21:AJ$21,W70:AA70),SUMPRODUCT(AF$21:AJ$21,System2!W70:AA70),SUMPRODUCT(AF$21:AJ$21,System3!W70:AA70))","v":{"$error":"#VALUE!"}},{"$f":"WaterFittings!BN45","v":{"$error":"#VALUE!"}},{"$error":"#VALUE!"},{"$error":"#VALUE!"},{"$f":"MIN(AirCond!BL44,P$21)","v":0},{"$error":"#VALUE!"},{"$f":"MIN(ROUNDDOWN(AJ70-FH70,0),ROUNDDOWN(P$21*0.3,0),ROUNDDOWN(SUM(SUMPRODUCT(I$4:I$15,L$4:L$15),SUMPRODUCT(System2!I$4:I$15,System2!L$4:L$15),SUMPRODUCT(System3!I$4:I$15,System3!L$4:L$15))*0.3,0))","v":{"$error":"#VALUE!"}},0,{"$error":"#VALUE!"},{"$error":"#VALUE!"},{"$error":"#VALUE!"},0,{"$error":"#VALUE!"},{"$error":"#VALUE!"},{"$error":"#VALUE!"},0,null,null,null,0,0,0,0,null,{"$error":"#VALUE!"},{"$error":"#VALUE!"},{"$error":"#VALUE!"},{"$error":"#VALUE!"},{"$error":"#VALUE!"},{"$error":"#VALUE!"},{"$error":"#VALUE!"},{"$error":"#VALUE!"},{"$error":"#VALUE!"},0,{"$error":"#VALUE!"},{"$error":"#VALUE!"},{"$error":"#VALUE!"},{"$error":"#VALUE!"},{"$error":"#VALUE!"},{"$error":"#VALUE!"},{"$error":"#VALUE!"},{"$error":"#VALUE!"},{"$error":"#VALUE!"},{"$error":"#VALUE!"},{"$error":"#VALUE!"},{"$error":"#VALUE!"},{"$error":"#VALUE!"},{"$error":"#VALUE!"},{"$error":"#VALUE!"},{"$error":"#VALUE!"},{"$error":"#VALUE!"},{"$error":"#VALUE!"},{"$error":"#VALUE!"},{"$error":"#VALUE!"},{"$error":"#VALUE!"},{"$error":"#VALUE!"},{"$error":"#VALUE!"},{"$error":"#VALUE!"},{"$error":"#VALUE!"},{"$error":"#VALUE!"},{"$error":"#VALUE!"},{"$error":"#VALUE!"},{"$error":"#VALUE!"},{"$error":"#VALUE!"},{"$error":"#VALUE!"},{"$f":"SUM(CQ70,System2!CQ70,System3!CQ70)","v":{"$error":"#VALUE!"}},{"$error":"#VALUE!"},{"$error":"#VALUE!"},{"$error":"#VALUE!"},{"$error":"#VALUE!"},{"$error":"#VALUE!"},{"$error":"#VALUE!"},{"$error":"#VALUE!"},{"$error":"#VALUE!"},{"$error":"#VALUE!"},{"$error":"#VALUE!"},{"$error":"#VALUE!"},{"$error":"#VALUE!"},{"$error":"#VALUE!"},{"$error":"#VALUE!"},{"$error":"#VALUE!"},{"$error":"#VALUE!"},{"$error":"#VALUE!"},{"$error":"#VALUE!"},{"$error":"#VALUE!"},{"$error":"#VALUE!"},{"$error":"#VALUE!"},{"$error":"#VALUE!"},{"$error":"#VALUE!"},{"$error":"#VALUE!"},{"$error":"#VALUE!"},{"$error":"#VALUE!"},{"$f":"SUM(DR70,System2!DR70,System3!DR70)","v":{"$error":"#VALUE!"}},{"$f":"DT$42","v":{"$error":"#VALUE!"}},{"$f":"DU$42","v":{"$error":"#VALUE!"}},{"$f":"DV$42","v":0},{"$f":"DW$42","v":{"$error":"#VALUE!"}},{"$error":"#VALUE!"},{"$error":"#VALUE!"},{"$error":"#VALUE!"},0,0,0,0,0,{"$error":"#VALUE!"},{"$f":"SUM(EF70,System2!EF70,System3!EF70)","v":{"$error":"#VALUE!"}},{"$error":"#VALUE!"},{"$error":"#VALUE!"},{"$error":"#VALUE!"},{"$error":"#VALUE!"},{"$error":"#VALUE!"},{"$error":"#VALUE!"},{"$error":"#VALUE!"},{"$error":"#VALUE!"},{"$error":"#VALUE!"},{"$error":"#VALUE!"},{"$error":"#VALUE!"},{"$error":"#VALUE!"},{"$error":"#VALUE!"},{"$error":"#VALUE!"},{"$error":"#VALUE!"},{"$error":"#VALUE!"},{"$error":"#VALUE!"},{"$error":"#VALUE!"},{"$error":"#VALUE!"},{"$error":"#VALUE!"},{"$error":"#VALUE!"},{"$error":"#VALUE!"},{"$error":"#VALUE!"},{"$error":"#VALUE!"},{"$error":"#VALUE!"},{"$error":"#VALUE!"},{"$f":"SUM(FG70,System2!FG70,System3!FG70)","v":{"$error":"#VALUE!"}},0,0,0,0,{"$error":"#VALUE!"},{"$error":"#VALUE!"},{"$error":"#VALUE!"},{"$error":"#VALUE!"},{"$error":"#VALUE!"},{"$error":"#VALUE!"},{"$error":"#VALUE!"},{"$error":"#VALUE!"},{"$error":"#VALUE!"},{"$error":"#VALUE!"},{"$error":"#VALUE!"},{"$error":"#VALUE!"},{"$error":"#VALUE!"},{"$error":"#VALUE!"},{"$error":"#VALUE!"},{"$error":"#VALUE!"},{"$error":"#VALUE!"},{"$error":"#VALUE!"},{"$error":"#VALUE!"},{"$error":"#VALUE!"},{"$f":"$GG$31*WaterFittings!BO45","v":{"$error":"#VALUE!"}},{"$f":"$GH$31*WaterFittings!BP45","v":{"$error":"#VALUE!"}},{"$f":"$GI$31*WaterFittings!BQ45","v":0},{"$f":"GJ$31*AirCond!BD44","v":{"$error":"#VALUE!"}},{"$f":"GK$31*AirCond!BE44","v":{"$error":"#VALUE!"}},{"$f":"GL$31*AirCond!BF44","v":{"$error":"#VALUE!"}},{"$f":"GM$31*AirCond!BG44","v":{"$error":"#VALUE!"}},{"$f":"GN$31*WaterFittings!BS45","v":0},{"$f":"GO$31*WaterFittings!BT45","v":0},{"$f":"GP$31*WaterFittings!BU45","v":0}]
[null,null,40,0,0,{"$error":"#VALUE!"},{"$error":"#VALUE!"},{"$error":"#VALUE!"},{"$error":"#VALUE!"},{"$error":"#VALUE!"},{"$error":"#VALUE!"},{"$error":"#VALUE!"},{"$error":"#VALUE!"},{"$error":"#VALUE!"},{"$error":"#VALUE!"},null,{"$error":"#VALUE!"},{"$error":"#VALUE!"},{"$error":"#VALUE!"},{"$error":"#VALUE!"},{"$error":"#VALUE!"},null,{"$error":"#VALUE!"},{"$error":"#VALUE!"},{"$error":"#VALUE!"},{"$error":"#VALUE!"},{"$error":"#VALUE!"},null,12,{"$f":"SUM(SUMPRODUCT(AF$20:AJ$20,Q71:U71),SUMPRODUCT(AF$20:AJ$20,System2!Q71:U71),SUMPRODUCT(AF$20:AJ$20,System3!Q71:U71))","v":{"$error":"#VALUE!"}},{"$f":"SUM(SUMPRODUCT(AF$21:AJ$21,W71:AA71),SUMPRODUCT(AF$21:AJ$21,System2!W71:AA71),SUMPRODUCT(AF$21:AJ$21,System3!W71:AA71))","v":{"$error":"#VALUE!"}},{"$f":"WaterFittings!BN46","v":{"$error":"#VALUE!"}},{"$error":"#VALUE!"},{"$error":"#VALUE!"},{"$f":"MIN(AirCond!BL45,P$21)","v":0},{"$error":"#VALUE!"},{"$f":"MIN(ROUNDDOWN(AJ71-FH71,0),ROUNDDOWN(P$21*0.3,0),ROUNDDOWN(SUM(SUMPRODUCT(I$4:I$15,L$4:L$15),SUMPRODUCT(System2!I$4:I$15,System2!L$4:L$15),SUMPRODUCT(System3!I$4:I$15,System3!L$4:L$15))*0.3,0))","v":{"$error":"#VALUE!"}},0,{"$error":"#VALUE!"},{"$error":"#VALUE!"},{"$error":"#VALUE!"},0,{"$error":"#VALUE!"},{"$error":"#VALUE!"},{"$error":"#VALUE!"},0,null,null,null,0,0,0,0,null,{"$error":"#VALUE!"},{"$error":"#VALUE!"},{"$error":"#VALUE!"},{"$error":"#VALUE!"},{"$error":"#VALUE!"},{"$error":"#VALUE!"},{"$error":"#VALUE!"},{"$error":"#VALUE!"},{"$error":"#VALUE!"},0,{"$error":"#VALUE!"},{"$error":"#VALUE!"},{"$error":"#VALUE!"},{"$error":"#VALUE!"},{"$error":"#VALUE!"},{"$error":"#VALUE!"},{"$error":"#VALUE!"},{"$error":"#VALUE!"},{"$error":"#VALUE!"},{"$error":"#VALUE!"},{"$error":"#VALUE!"},{"$error":"#VALUE!"},{"$error":"#VALUE!"},{"$error":"#VALUE!"},{"$error":"#VALUE!"},{"$error":"#VALUE!"},{"$error":"#VALUE!"},{"$error":"#VALUE!"},{"$error":"#VALUE!"},{"$error":"#VALUE!"},{"$error":"#VALUE!"},{"$error":"#VALUE!"},{"$error":"#VALUE!"},{"$error":"#VALUE!"},{"$error":"#VALUE!"},{"$error":"#VALUE!"},{"$error":"#VALUE!"},{"$error":"#VALUE!"},{"$error":"#VALUE!"},{"$error":"#VALUE!"},{"$error":"#VALUE!"},{"$f":"SUM(CQ71,System2!CQ71,System3!CQ71)","v":{"$error":"#VALUE!"}},{"$error":"#VALUE!"},{"$error":"#VALUE!"},{"$error":"#VALUE!"},{"$error":"#VALUE!"},{"$error":"#VALUE!"},{"$error":"#VALUE!"},{"$error":"#VALUE!"},{"$error":"#VALUE!"},{"$error":"#VALUE!"},{"$error":"#VALUE!"},{"$error":"#VALUE!"},{"$error":"#VALUE!"},{"$error":"#VALUE!"},{"$error":"#VALUE!"},{"$error":"#VALUE!"},{"$error":"#VALUE!"},{"$error":"#VALUE!"},{"$error":"#VALUE!"},{"$error":"#VALUE!"},{"$error":"#VALUE!"},{"$error":"#VALUE!"},{"$error":"#VALUE!"},{"$error":"#VALUE!"},{"$error":"#VALUE!"},{"$error":"#VALUE!"},{"$error":"#VALUE!"},{"$f":"SUM(DR71,System2!DR71,System3!DR71)","v":{"$error":"#VALUE!"}},{"$f":"DT$43","v":{"$error":"#VALUE!"}},{"$f":"DU$43","v":{"$error":"#VALUE!"}},{"$f":"DV$43","v":0},{"$f":"DW$43","v":{"$error":"#VALUE!"}},{"$error":"#VALUE!"},{"$error":"#VALUE!"},{"$error":"#VALUE!"},0,0,0,0,0,{"$error":"#VALUE!"},{"$f":"SUM(EF71,System2!EF71,System3!EF71)","v":{"$error":"#VALUE!"}},{"$error":"#VALUE!"},{"$error":"#VALUE!"},{"$error":"#VALUE!"},{"$error":"#VALUE!"},{"$error":"#VALUE!"},{"$error":"#VALUE!"},{"$error":"#VALUE!"},{"$error":"#VALUE!"},{"$error":"#VALUE!"},{"$error":"#VALUE!"},{"$error":"#VALUE!"},{"$error":"#VALUE!"},{"$error":"#VALUE!"},{"$error":"#VALUE!"},{"$error":"#VALUE!"},{"$error":"#VALUE!"},{"$error":"#VALUE!"},{"$error":"#VALUE!"},{"$error":"#VALUE!"},{"$error":"#VALUE!"},{"$error":"#VALUE!"},{"$error":"#VALUE!"},{"$error":"#VALUE!"},{"$error":"#VALUE!"},{"$error":"#VALUE!"},{"$error":"#VALUE!"},{"$f":"SUM(FG71,System2!FG71,System3!FG71)","v":{"$error":"#VALUE!"}},0,0,0,0,{"$error":"#VALUE!"},{"$error":"#VALUE!"},{"$error":"#VALUE!"},{"$error":"#VALUE!"},{"$error":"#VALUE!"},{"$error":"#VALUE!"},{"$error":"#VALUE!"},{"$error":"#VALUE!"},{"$error":"#VALUE!"},{"$error":"#VALUE!"},{"$error":"#VALUE!"},{"$error":"#VALUE!"},{"$error":"#VALUE!"},{"$error":"#VALUE!"},{"$error":"#VALUE!"},{"$error":"#VALUE!"},{"$error":"#VALUE!"},{"$error":"#VALUE!"},{"$error":"#VALUE!"},{"$error":"#VALUE!"},{"$f":"$GG$31*WaterFittings!BO46","v":{"$error":"#VALUE!"}},{"$f":"$GH$31*WaterFittings!BP46","v":{"$error":"#VALUE!"}},{"$f":"$GI$31*WaterFittings!BQ46","v":0},{"$f":"GJ$31*AirCond!BD45","v":{"$error":"#VALUE!"}},{"$f":"GK$31*AirCond!BE45","v":{"$error":"#VALUE!"}},{"$f":"GL$31*AirCond!BF45","v":{"$error":"#VALUE!"}},{"$f":"GM$31*AirCond!BG45","v":{"$error":"#VALUE!"}},{"$f":"GN$31*WaterFittings!BS46","v":0},{"$f":"GO$31*WaterFittings!BT46","v":0},{"$f":"GP$31*WaterFittings!BU46","v":0}]
[null,null,41,0,0,{"$error":"#VALUE!"},{"$error":"#VALUE!"},{"$error":"#VALUE!"},{"$error":"#VALUE!"},{"$error":"#VALUE!"},{"$error":"#VALUE!"},{"$error":"#VALUE!"},{"$error":"#VALUE!"},{"$error":"#VALUE!"},{"$error":"#VALUE!"},null,{"$error":"#VALUE!"},{"$error":"#VALUE!"},{"$error":"#VALUE!"},{"$error":"#VALUE!"},{"$error":"#VALUE!"},null,{"$error":"#VALUE!"},{"$error":"#VALUE!"},{"$error":"#VALUE!"},{"$error":"#VALUE!"},{"$error":"#VALUE!"},null,13,{"$f":"SUM(SUMPRODUCT(AF$20:AJ$20,Q72:U72),SUMPRODUCT(AF$20:AJ$20,System2!Q72:U72),SUMPRODUCT(AF$20:AJ$20,System3!Q72:U72))","v":{"$error":"#VALUE!"}},{"$f":"SUM(SUMPRODUCT(AF$21:AJ$21,W72:AA72),SUMPRODUCT(AF$21:AJ$21,System2!W72:AA72),SUMPRODUCT(AF$21:AJ$21,System3!W72:AA72))","v":{"$error":"#VALUE!"}},{"$f":"WaterFittings!BN47","v":{"$error":"#VALUE!"}},{"$error":"#VALUE!"},{"$error":"#VALUE!"},{"$f":"MIN(AirCond!BL46,P$21)","v":0},{"$error":"#VALUE!"},{"$f":"MIN(ROUNDDOWN(AJ72-FH72,0),ROUNDDOWN(P$21*0.3,0),ROUNDDOWN(SUM(SUMPRODUCT(I$4:I$15,L$4:L$15),SUMPRODUCT(System2!I$4:I$15,System2!L$4:L$15),SUMPRODUCT(System3!I$4:I$15,System3!L$4:L$15))*0.3,0))","v":{"$error":"#VALUE!"}},0,{"$error":"#VALUE!"},{"$error":"#VALUE!"},{"$error":"#VALUE!"},0,{"$error":"#VALUE!"},{"$error":"#VALUE!"},{"$error":"#VALUE!"},0,null,null,null,0,0,0,0,null,{"$error":"#VALUE!"},{"$error":"#VALUE!"},{"$error":"#VALUE!"},{"$error":"#VALUE!"},{"$error":"#VALUE!"},{"$error":"#VALUE!"},{"$error":"#VALUE!"},{"$error":"#VALUE!"},{"$error":"#VALUE!"},0,{"$error":"#VALUE!"},{"$error":"#VALUE!"},{"$error":"#VALUE!"},{"$error":"#VALUE!"},{"$error":"#VALUE!"},{"$error":"#VALUE!"},{"$error":"#VALUE!"},{"$error":"#VALUE!"},{"$error":"#VALUE!"},{"$error":"#VALUE!"},{"$error":"#VALUE!"},{"$error":"#VALUE!"},{"$error":"#VALUE!"},{"$error":"#VALUE!"},{"$error":"#VALUE!"},{"$error":"#VALUE!"},{"$error":"#VALUE!"},{"$error":"#VALUE!"},{"$error":"#VALUE!"},{"$error":"#VALUE!"},{"$error":"#VALUE!"},{"$error":"#VALUE!"},{"$error":"#VALUE!"},{"$error":"#VALUE!"},{"$error":"#VALUE!"},{"$error":"#VALUE!"},{"$error":"#VALUE!"},{"$error":"#VALUE!"},{"$error":"#VALUE!"},{"$error":"#VALUE!"},{"$error":"#VALUE!"},{"$f":"SUM(CQ72,System2!CQ72,System3!CQ72)","v":{"$error":"#VALUE!"}},{"$error":"#VALUE!"},{"$error":"#VALUE!"},{"$error":"#VALUE!"},{"$error":"#VALUE!"},{"$error":"#VALUE!"},{"$error":"#VALUE!"},{"$error":"#VALUE!"},{"$error":"#VALUE!"},{"$error":"#VALUE!"},{"$error":"#VALUE!"},{"$error":"#VALUE!"},{"$error":"#VALUE!"},{"$error":"#VALUE!"},{"$error":"#VALUE!"},{"$error":"#VALUE!"},{"$error":"#VALUE!"},{"$error":"#VALUE!"},{"$error":"#VALUE!"},{"$error":"#VALUE!"},{"$error":"#VALUE!"},{"$error":"#VALUE!"},{"$error":"#VALUE!"},{"$error":"#VALUE!"},{"$error":"#VALUE!"},{"$error":"#VALUE!"},{"$error":"#VALUE!"},{"$f":"SUM(DR72,System2!DR72,System3!DR72)","v":{"$error":"#VALUE!"}},{"$f":"DT$44","v":{"$error":"#VALUE!"}},{"$f":"DU$44","v":{"$error":"#VALUE!"}},{"$f":"DV$44","v":0},{"$f":"DW$44","v":{"$error":"#VALUE!"}},{"$error":"#VALUE!"},{"$error":"#VALUE!"},{"$error":"#VALUE!"},0,0,0,0,0,{"$error":"#VALUE!"},{"$f":"SUM(EF72,System2!EF72,System3!EF72)","v":{"$error":"#VALUE!"}},{"$error":"#VALUE!"},{"$error":"#VALUE!"},{"$error":"#VALUE!"},{"$error":"#VALUE!"},{"$error":"#VALUE!"},{"$error":"#VALUE!"},{"$error":"#VALUE!"},{"$error":"#VALUE!"},{"$error":"#VALUE!"},{"$error":"#VALUE!"},{"$error":"#VALUE!"},{"$error":"#VALUE!"},{"$error":"#VALUE!"},{"$error":"#VALUE!"},{"$error":"#VALUE!"},{"$error":"#VALUE!"},{"$error":"#VALUE!"},{"$error":"#VALUE!"},{"$error":"#VALUE!"},{"$error":"#VALUE!"},{"$error":"#VALUE!"},{"$error":"#VALUE!"},{"$error":"#VALUE!"},{"$error":"#VALUE!"},{"$error":"#VALUE!"},{"$error":"#VALUE!"},{"$f":"SUM(FG72,System2!FG72,System3!FG72)","v":{"$error":"#VALUE!"}},0,0,0,0,{"$error":"#VALUE!"},{"$error":"#VALUE!"},{"$error":"#VALUE!"},{"$error":"#VALUE!"},{"$error":"#VALUE!"},{"$error":"#VALUE!"},{"$error":"#VALUE!"},{"$error":"#VALUE!"},{"$error":"#VALUE!"},{"$error":"#VALUE!"},{"$error":"#VALUE!"},{"$error":"#VALUE!"},{"$error":"#VALUE!"},{"$error":"#VALUE!"},{"$error":"#VALUE!"},{"$error":"#VALUE!"},{"$error":"#VALUE!"},{"$error":"#VALUE!"},{"$error":"#VALUE!"},{"$error":"#VALUE!"},{"$f":"$GG$31*WaterFittings!BO47","v":{"$error":"#VALUE!"}},{"$f":"$GH$31*WaterFittings!BP47","v":{"$error":"#VALUE!"}},{"$f":"$GI$31*WaterFittings!BQ47","v":0},{"$f":"GJ$31*AirCond!BD46","v":{"$error":"#VALUE!"}},{"$f":"GK$31*AirCond!BE46","v":{"$error":"#VALUE!"}},{"$f":"GL$31*AirCond!BF46","v":{"$error":"#VALUE!"}},{"$f":"GM$31*AirCond!BG46","v":{"$error":"#VALUE!"}},{"$f":"GN$31*WaterFittings!BS47","v":0},{"$f":"GO$31*WaterFittings!BT47","v":0},{"$f":"GP$31*WaterFittings!BU47","v":0}]
[null,null,42,0,0,{"$error":"#VALUE!"},{"$error":"#VALUE!"},{"$error":"#VALUE!"},{"$error":"#VALUE!"},{"$error":"#VALUE!"},{"$error":"#VALUE!"},{"$error":"#VALUE!"},{"$error":"#VALUE!"},{"$error":"#VALUE!"},{"$error":"#VALUE!"},null,{"$error":"#VALUE!"},{"$error":"#VALUE!"},{"$error":"#VALUE!"},{"$error":"#VALUE!"},{"$error":"#VALUE!"},null,{"$error":"#VALUE!"},{"$error":"#VALUE!"},{"$error":"#VALUE!"},{"$error":"#VALUE!"},{"$error":"#VALUE!"},null,14,{"$f":"SUM(SUMPRODUCT(AF$20:AJ$20,Q73:U73),SUMPRODUCT(AF$20:AJ$20,System2!Q73:U73),SUMPRODUCT(AF$20:AJ$20,System3!Q73:U73))","v":{"$error":"#VALUE!"}},{"$f":"SUM(SUMPRODUCT(AF$21:AJ$21,W73:AA73),SUMPRODUCT(AF$21:AJ$21,System2!W73:AA73),SUMPRODUCT(AF$21:AJ$21,System3!W73:AA73))","v":{"$error":"#VALUE!"}},{"$f":"WaterFittings!BN48","v":{"$error":"#VALUE!"}},{"$error":"#VALUE!"},{"$error":"#VALUE!"},{"$f":"MIN(AirCond!BL47,P$21)","v":0},{"$error":"#VALUE!"},{"$f":"MIN(ROUNDDOWN(AJ73-FH73,0),ROUNDDOWN(P$21*0.3,0),ROUNDDOWN(SUM(SUMPRODUCT(I$4:I$15,L$4:L$15),SUMPRODUCT(System2!I$4:I$15,System2!L$4:L$15),SUMPRODUCT(System3!I$4:I$15,System3!L$4:L$15))*0.3,0))","v":{"$error":"#VALUE!"}},0,{"$error":"#VALUE!"},{"$error":"#VALUE!"},{"$error":"#VALUE!"},0,{"$error":"#VALUE!"},{"$error":"#VALUE!"},{"$error":"#VALUE!"},0,null,null,null,0,0,0,0,null,{"$error":"#VALUE!"},{"$error":"#VALUE!"},{"$error":"#VALUE!"},{"$error":"#VALUE!"},{"$error":"#VALUE!"},{"$error":"#VALUE!"},{"$error":"#VALUE!"},{"$error":"#VALUE!"},{"$error":"#VALUE!"},0,{"$error":"#VALUE!"},{"$error":"#VALUE!"},{"$error":"#VALUE!"},{"$error":"#VALUE!"},{"$error":"#VALUE!"},{"$error":"#VALUE!"},{"$error":"#VALUE!"},{"$error":"#VALUE!"},{"$error":"#VALUE!"},{"$error":"#VALUE!"},{"$error":"#VALUE!"},{"$error":"#VALUE!"},{"$error":"#VALUE!"},{"$error":"#VALUE!"},{"$error":"#VALUE!"},{"$error":"#VALUE!"},{"$error":"#VALUE!"},{"$error":"#VALUE!"},{"$error":"#VALUE!"},{"$error":"#VALUE!"},{"$error":"#VALUE!"},{"$error":"#VALUE!"},{"$error":"#VALUE!"},{"$error":"#VALUE!"},{"$error":"#VALUE!"},{"$error":"#VALUE!"},{"$error":"#VALUE!"},{"$error":"#VALUE!"},{"$error":"#VALUE!"},{"$error":"#VALUE!"},{"$error":"#VALUE!"},{"$f":"SUM(CQ73,System2!CQ73,System3!CQ73)","v":{"$error":"#VALUE!"}},{"$error":"#VALUE!"},{"$error":"#VALUE!"},{"$error":"#VALUE!"},{"$error":"#VALUE!"},{"$error":"#VALUE!"},{"$error":"#VALUE!"},{"$error":"#VALUE!"},{"$error":"#VALUE!"},{"$error":"#VALUE!"},{"$error":"#VALUE!"},{"$error":"#VALUE!"},{"$error":"#VALUE!"},{"$error":"#VALUE!"},{"$error":"#VALUE!"},{"$error":"#VALUE!"},{"$error":"#VALUE!"},{"$error":"#VALUE!"},{"$error":"#VALUE!"},{"$error":"#VALUE!"},{"$error":"#VALUE!"},{"$error":"#VALUE!"},{"$error":"#VALUE!"},{"$error":"#VALUE!"},{"$error":"#VALUE!"},{"$error":"#VALUE!"},{"$error":"#VALUE!"},{"$f":"SUM(DR73,System2!DR73,System3!DR73)","v":{"$error":"#VALUE!"}},{"$f":"DT$45","v":{"$error":"#VALUE!"}},{"$f":"DU$45","v":{"$error":"#VALUE!"}},{"$f":"DV$45","v":0},{"$f":"DW$45","v":{"$error":"#VALUE!"}},{"$error":"#VALUE!"},{"$error":"#VALUE!"},{"$error":"#VALUE!"},0,0,0,0,0,{"$error":"#VALUE!"},{"$f":"SUM(EF73,System2!EF73,System3!EF73)","v":{"$error":"#VALUE!"}},{"$error":"#VALUE!"},{"$error":"#VALUE!"},{"$error":"#VALUE!"},{"$error":"#VALUE!"},{"$error":"#VALUE!"},{"$error":"#VALUE!"},{"$error":"#VALUE!"},{"$error":"#VALUE!"},{"$error":"#VALUE!"},{"$error":"#VALUE!"},{"$error":"#VALUE!"},{"$error":"#VALUE!"},{"$error":"#VALUE!"},{"$error":"#VALUE!"},{"$error":"#VALUE!"},{"$error":"#VALUE!"},{"$error":"#VALUE!"},{"$error":"#VALUE!"},{"$error":"#VALUE!"},{"$error":"#VALUE!"},{"$error":"#VALUE!"},{"$error":"#VALUE!"},{"$error":"#VALUE!"},{"$error":"#VALUE!"},{"$error":"#VALUE!"},{"$error":"#VALUE!"},{"$f":"SUM(FG73,System2!FG73,System3!FG73)","v":{"$error":"#VALUE!"}},0,0,0,0,{"$error":"#VALUE!"},{"$error":"#VALUE!"},{"$error":"#VALUE!"},{"$error":"#VALUE!"},{"$error":"#VALUE!"},{"$error":"#VALUE!"},{"$error":"#VALUE!"},{"$error":"#VALUE!"},{"$error":"#VALUE!"},{"$error":"#VALUE!"},{"$error":"#VALUE!"},{"$error":"#VALUE!"},{"$error":"#VALUE!"},{"$error":"#VALUE!"},{"$error":"#VALUE!"},{"$error":"#VALUE!"},{"$error":"#VALUE!"},{"$error":"#VALUE!"},{"$error":"#VALUE!"},{"$error":"#VALUE!"},{"$f":"$GG$31*WaterFittings!BO48","v":{"$error":"#VALUE!"}},{"$f":"$GH$31*WaterFittings!BP48","v":{"$error":"#VALUE!"}},{"$f":"$GI$31*WaterFittings!BQ48","v":0},{"$f":"GJ$31*AirCond!BD47","v":{"$error":"#VALUE!"}},{"$f":"GK$31*AirCond!BE47","v":{"$error":"#VALUE!"}},{"$f":"GL$31*AirCond!BF47","v":{"$error":"#VALUE!"}},{"$f":"GM$31*AirCond!BG47","v":{"$error":"#VALUE!"}},{"$f":"GN$31*WaterFittings!BS48","v":0},{"$f":"GO$31*WaterFittings!BT48","v":0},{"$f":"GP$31*WaterFittings!BU48","v":0}]
[null,null,43,0,0,{"$error":"#VALUE!"},{"$error":"#VALUE!"},{"$error":"#VALUE!"},{"$error":"#VALUE!"},{"$error":"#VALUE!"},{"$error":"#VALUE!"},{"$error":"#VALUE!"},{"$error":"#VALUE!"},{"$error":"#VALUE!"},{"$error":"#VALUE!"},null,{"$error":"#VALUE!"},{"$error":"#VALUE!"},{"$error":"#VALUE!"},{"$error":"#VALUE!"},{"$error":"#VALUE!"},null,{"$error":"#VALUE!"},{"$error":"#VALUE!"},{"$error":"#VALUE!"},{"$error":"#VALUE!"},{"$f":"ROUNDDOWN(FF74,0)","v":{"$error":"#VALUE!"}},null,15,{"$f":"SUM(SUMPRODUCT(AF$20:AJ$20,Q74:U74),SUMPRODUCT(AF$20:AJ$20,System2!Q74:U74),SUMPRODUCT(AF$20:AJ$20,System3!Q74:U74))","v":{"$error":"#VALUE!"}},{"$f":"SUM(SUMPRODUCT(AF$21:AJ$21,W74:AA74),SUMPRODUCT(AF$21:AJ$21,System2!W74:AA74),SUMPRODUCT(AF$21:AJ$21,System3!W74:AA74))","v":{"$error":"#VALUE!"}},{"$f":"WaterFittings!BN49","v":{"$error":"#VALUE!"}},{"$error":"#VALUE!"},{"$error":"#VALUE!"},{"$f":"MIN(AirCond!BL48,P$21)","v":0},{"$error":"#VALUE!"},{"$f":"MIN(ROUNDDOWN(AJ74-FH74,0),ROUNDDOWN(P$21*0.3,0),ROUNDDOWN(SUM(SUMPRODUCT(I$4:I$15,L$4:L$15),SUMPRODUCT(System2!I$4:I$15,System2!L$4:L$15),SUMPRODUCT(System3!I$4:I$15,System3!L$4:L$15))*0.3,0))","v":{"$error":"#VALUE!"}},0,{"$error":"#VALUE!"},{"$error":"#VALUE!"},{"$error":"#VALUE!"},0,{"$error":"#VALUE!"},{"$error":"#VALUE!"},{"$error":"#VALUE!"},0,null,null,null,0,0,0,0,null,{"$error":"#VALUE!"},{"$error":"#VALUE!"},{"$error":"#VALUE!"},{"$error":"#VALUE!"},{"$error":"#VALUE!"},{"$error":"#VALUE!"},{"$error":"#VALUE!"},{"$error":"#VALUE!"},{"$error":"#VALUE!"},0,{"$error":"#VALUE!"},{"$error":"#VALUE!"},{"$error":"#VALUE!"},{"$error":"#VALUE!"},{"$error":"#VALUE!"},{"$error":"#VALUE!"},{"$error":"#VALUE!"},{"$error":"#VALUE!"},{"$error":"#VALUE!"},{"$error":"#VALUE!"},{"$error":"#VALUE!"},{"$error":"#VALUE!"},{"$error":"#VALUE!"},{"$error":"#VALUE!"},{"$error":"#VALUE!"},{"$error":"#VALUE!"},{"$error":"#VALUE!"},{"$error":"#VALUE!"},{"$error":"#VALUE!"},{"$error":"#VALUE!"},{"$error":"#VALUE!"},{"$error":"#VALUE!"},{"$error":"#VALUE!"},{"$error":"#VALUE!"},{"$error":"#VALUE!"},{"$error":"#VALUE!"},{"$error":"#VALUE!"},{"$error":"#VALUE!"},{"$error":"#VALUE!"},{"$error":"#VALUE!"},{"$error":"#VALUE!"},{"$f":"SUM(CQ74,System2!CQ74,System3!CQ74)","v":{"$error":"#VALUE!"}},{"$error":"#VALUE!"},{"$error":"#VALUE!"},{"$error":"#VALUE!"},{"$error":"#VALUE!"},{"$error":"#VALUE!"},{"$error":"#VALUE!"},{"$error":"#VALUE!"},{"$error":"#VALUE!"},{"$error":"#VALUE!"},{"$error":"#VALUE!"},{"$error":"#VALUE!"},{"$error":"#VALUE!"},{"$error":"#VALUE!"},{"$error":"#VALUE!"},{"$error":"#VALUE!"},{"$error":"#VALUE!"},{"$error":"#VALUE!"},{"$error":"#VALUE!"},{"$error":"#VALUE!"},{"$error":"#VALUE!"},{"$error":"#VALUE!"},{"$error":"#VALUE!"},{"$error":"#VALUE!"},{"$error":"#VALUE!"},{"$error":"#VALUE!"},{"$error":"#VALUE!"},{"$f":"SUM(DR74,System2!DR74,System3!DR74)","v":{"$error":"#VALUE!"}},{"$f":"DT$46","v":{"$error":"#VALUE!"}},{"$f":"DU$46","v":{"$error":"#VALUE!"}},{"$f":"DV$46","v":0},{"$f":"DW$46","v":{"$error":"#VALUE!"}},{"$error":"#VALUE!"},{"$error":"#VALUE!"},{"$error":"#VALUE!"},0,0,0,0,0,{"$error":"#VALUE!"},{"$f":"SUM(EF74,System2!EF74,System3!EF74)","v":{"$error":"#VALUE!"}},{"$error":"#VALUE!"},{"$error":"#VALUE!"},{"$error":"#VALUE!"},{"$error":"#VALUE!"},{"$error":"#VALUE!"},{"$error":"#VALUE!"},{"$error":"#VALUE!"},{"$error":"#VALUE!"},{"$error":"#VALUE!"},{"$error":"#VALUE!"},{"$error":"#VALUE!"},{"$error":"#VALUE!"},{"$error":"#VALUE!"},{"$error":"#VALUE!"},{"$error":"#VALUE!"},{"$error":"#VALUE!"},{"$error":"#VALUE!"},{"$error":"#VALUE!"},{"$error":"#VALUE!"},{"$error":"#VALUE!"},{"$error":"#VALUE!"},{"$error":"#VALUE!"},{"$error":"#VALUE!"},{"$error":"#VALUE!"},{"$error":"#VALUE!"},{"$error":"#VALUE!"},{"$f":"SUM(FG74,System2!FG74,System3!FG74)","v":{"$error":"#VALUE!"}},0,0,0,0,{"$error":"#VALUE!"},{"$error":"#VALUE!"},{"$error":"#VALUE!"},{"$error":"#VALUE!"},{"$error":"#VALUE!"},{"$error":"#VALUE!"},{"$error":"#VALUE!"},{"$error":"#VALUE!"},{"$error":"#VALUE!"},{"$error":"#VALUE!"},{"$error":"#VALUE!"},{"$error":"#VALUE!"},{"$error":"#VALUE!"},{"$error":"#VALUE!"},{"$error":"#VALUE!"},{"$error":"#VALUE!"},{"$error":"#VALUE!"},{"$error":"#VALUE!"},{"$error":"#VALUE!"},{"$error":"#VALUE!"},{"$f":"$GG$31*WaterFittings!BO49","v":{"$error":"#VALUE!"}},{"$f":"$GH$31*WaterFittings!BP49","v":{"$error":"#VALUE!"}},{"$f":"$GI$31*WaterFittings!BQ49","v":0},{"$f":"GJ$31*AirCond!BD48","v":{"$error":"#VALUE!"}},{"$f":"GK$31*AirCond!BE48","v":{"$error":"#VALUE!"}},{"$f":"GL$31*AirCond!BF48","v":{"$error":"#VALUE!"}},{"$f":"GM$31*AirCond!BG48","v":{"$error":"#VALUE!"}},{"$f":"GN$31*WaterFittings!BS49","v":0},{"$f":"GO$31*WaterFittings!BT49","v":0},{"$f":"GP$31*WaterFittings!BU49","v":0}]
[null,null,{"$f":"C74+1","v":44},0,0,{"$error":"#VALUE!"},{"$error":"#VALUE!"},{"$error":"#VALUE!"},{"$error":"#VALUE!"},{"$error":"#VALUE!"},{"$error":"#VALUE!"},{"$error":"#VALUE!"},{"$error":"#VALUE!"},{"$error":"#VALUE!"},{"$error":"#VALUE!"},null,{"$error":"#VALUE!"},{"$error":"#VALUE!"},{"$error":"#VALUE!"},{"$error":"#VALUE!"},{"$error":"#VALUE!"},null,{"$error":"#VALUE!"},{"$error":"#VALUE!"},{"$error":"#VALUE!"},{"$error":"#VALUE!"},{"$error":"#VALUE!"},null,16,{"$f":"SUM(SUMPRODUCT(AF$20:AJ$20,Q75:U75),SUMPRODUCT(AF$20:AJ$20,System2!Q75:U75),SUMPRODUCT(AF$20:AJ$20,System3!Q75:U75))","v":{"$error":"#VALUE!"}},{"$f":"SUM(SUMPRODUCT(AF$21:AJ$21,W75:AA75),SUMPRODUCT(AF$21:AJ$21,System2!W75:AA75),SUMPRODUCT(AF$21:AJ$21,System3!W75:AA75))","v":{"$error":"#VALUE!"}},{"$f":"WaterFittings!BN50","v":{"$error":"#VALUE!"}},{"$error":"#VALUE!"},{"$error":"#VALUE!"},{"$f":"MIN(AirCond!BL49,P$21)","v":0},{"$error":"#VALUE!"},{"$f":"MIN(ROUNDDOWN(AJ75-FH75,0),ROUNDDOWN(P$21*0.3,0),ROUNDDOWN(SUM(SUMPRODUCT(I$4:I$15,L$4:L$15),SUMPRODUCT(System2!I$4:I$15,System2!L$4:L$15),SUMPRODUCT(System3!I$4:I$15,System3!L$4:L$15))*0.3,0))","v":{"$error":"#VALUE!"}},0,{"$error":"#VALUE!"},{"$error":"#VALUE!"},{"$error":"#VALUE!"},0,{"$error":"#VALUE!"},{"$error":"#VALUE!"},{"$error":"#VALUE!"},0,null,null,null,0,0,0,0,null,{"$error":"#VALUE!"},{"$error":"#VALUE!"},{"$error":"#VALUE!"},{"$error":"#VALUE!"},{"$error":"#VALUE!"},{"$error":"#VALUE!"},{"$error":"#VALUE!"},{"$error":"#VALUE!"},{"$error":"#VALUE!"},0,{"$error":"#VALUE!"},{"$error":"#VALUE!"},{"$error":"#VALUE!"},{"$error":"#VALUE!"},{"$error":"#VALUE!"},{"$error":"#VALUE!"},{"$error":"#VALUE!"},{"$error":"#VALUE!"},{"$error":"#VALUE!"},{"$error":"#VALUE!"},{"$error":"#VALUE!"},{"$error":"#VALUE!"},{"$error":"#VALUE!"},{"$error":"#VALUE!"},{"$error":"#VALUE!"},{"$error":"#VALUE!"},{"$error":"#VALUE!"},{"$error":"#VALUE!"},{"$error":"#VALUE!"},{"$error":"#VALUE!"},{"$error":"#VALUE!"},{"$error":"#VALUE!"},{"$error":"#VALUE!"},{"$error":"#VALUE!"},{"$error":"#VALUE!"},{"$error":"#VALUE!"},{"$error":"#VALUE!"},{"$error":"#VALUE!"},{"$error":"#VALUE!"},{"$error":"#VALUE!"},{"$error":"#VALUE!"},{"$f":"SUM(CQ75,System2!CQ75,System3!CQ75)","v":{"$error":"#VALUE!"}},{"$error":"#VALUE!"},{"$error":"#VALUE!"},{"$error":"#VALUE!"},{"$error":"#VALUE!"},{"$error":"#VALUE!"},{"$error":"#VALUE!"},{"$error":"#VALUE!"},{"$error":"#VALUE!"},{"$error":"#VALUE!"},{"$error":"#VALUE!"},{"$error":"#VALUE!"},{"$error":"#VALUE!"},{"$error":"#VALUE!"},{"$error":"#VALUE!"},{"$error":"#VALUE!"},{"$error":"#VALUE!"},{"$error":"#VALUE!"},{"$error":"#VALUE!"},{"$error":"#VALUE!"},{"$error":"#VALUE!"},{"$error":"#VALUE!"},{"$error":"#VALUE!"},{"$error":"#VALUE!"},{"$error":"#VALUE!"},{"$error":"#VALUE!"},{"$error":"#VALUE!"},{"$f":"SUM(DR75,System2!DR75,System3!DR75)","v":{"$error":"#VALUE!"}},{"$f":"DT$47","v":{"$error":"#VALUE!"}},{"$f":"DU$47","v":{"$error":"#VALUE!"}},{"$f":"DV$47","v":0},{"$f":"DW$47","v":{"$error":"#VALUE!"}},{"$error":"#VALUE!"},{"$error":"#VALUE!"},{"$error":"#VALUE!"},0,0,0,0,0,{"$error":"#VALUE!"},{"$f":"SUM(EF75,System2!EF75,System3!EF75)","v":{"$error":"#VALUE!"}},{"$error":"#VALUE!"},{"$error":"#VALUE!"},{"$error":"#VALUE!"},{"$error":"#VALUE!"},{"$error":"#VALUE!"},{"$error":"#VALUE!"},{"$error":"#VALUE!"},{"$error":"#VALUE!"},{"$error":"#VALUE!"},{"$error":"#VALUE!"},{"$error":"#VALUE!"},{"$error":"#VALUE!"},{"$error":"#VALUE!"},{"$error":"#VALUE!"},{"$error":"#VALUE!"},{"$error":"#VALUE!"},{"$error":"#VALUE!"},{"$error":"#VALUE!"},{"$error":"#VALUE!"},{"$error":"#VALUE!"},{"$error":"#VALUE!"},{"$error":"#VALUE!"},{"$error":"#VALUE!"},{"$error":"#VALUE!"},{"$error":"#VALUE!"},{"$error":"#VALUE!"},{"$f":"SUM(FG75,System2!FG75,System3!FG75)","v":{"$error":"#VALUE!"}},0,0,0,0,{"$error":"#VALUE!"},{"$error":"#VALUE!"},{"$error":"#VALUE!"},{"$error":"#VALUE!"},{"$error":"#VALUE!"},{"$error":"#VALUE!"},{"$error":"#VALUE!"},{"$error":"#VALUE!"},{"$error":"#VALUE!"},{"$error":"#VALUE!"},{"$error":"#VALUE!"},{"$error":"#VALUE!"},{"$error":"#VALUE!"},{"$error":"#VALUE!"},{"$error":"#VALUE!"},{"$error":"#VALUE!"},{"$error":"#VALUE!"},{"$error":"#VALUE!"},{"$error":"#VALUE!"},{"$error":"#VALUE!"},{"$f":"$GG$31*WaterFittings!BO50","v":{"$error":"#VALUE!"}},{"$f":"$GH$31*WaterFittings!BP50","v":{"$error":"#VALUE!"}},{"$f":"$GI$31*WaterFittings!BQ50","v":0},{"$f":"GJ$31*AirCond!BD49","v":{"$error":"#VALUE!"}},{"$f":"GK$31*AirCond!BE49","v":{"$error":"#VALUE!"}},{"$f":"GL$31*AirCond!BF49","v":{"$error":"#VALUE!"}},{"$f":"GM$31*AirCond!BG49","v":{"$error":"#VALUE!"}},{"$f":"GN$31*WaterFittings!BS50","v":0},{"$f":"GO$31*WaterFittings!BT50","v":0},{"$f":"GP$31*WaterFittings!BU50","v":0}]
[null,null,45,0,0,{"$error":"#VALUE!"},{"$error":"#VALUE!"},{"$error":"#VALUE!"},{"$error":"#VALUE!"},{"$error":"#VALUE!"},{"$error":"#VALUE!"},{"$error":"#VALUE!"},{"$error":"#VALUE!"},{"$error":"#VALUE!"},{"$error":"#VALUE!"},null,{"$error":"#VALUE!"},{"$error":"#VALUE!"},{"$error":"#VALUE!"},{"$error":"#VALUE!"},{"$error":"#VALUE!"},null,{"$error":"#VALUE!"},{"$error":"#VALUE!"},{"$error":"#VALUE!"},{"$error":"#VALUE!"},{"$error":"#VALUE!"},null,17,{"$f":"SUM(SUMPRODUCT(AF$20:AJ$20,Q76:U76),SUMPRODUCT(AF$20:AJ$20,System2!Q76:U76),SUMPRODUCT(AF$20:AJ$20,System3!Q76:U76))","v":{"$error":"#VALUE!"}},{"$f":"SUM(SUMPRODUCT(AF$21:AJ$21,W76:AA76),SUMPRODUCT(AF$21:AJ$21,System2!W76:AA76),SUMPRODUCT(AF$21:AJ$21,System3!W76:AA76))","v":{"$error":"#VALUE!"}},{"$f":"WaterFittings!BN51","v":{"$error":"#VALUE!"}},{"$error":"#VALUE!"},{"$error":"#VALUE!"},{"$f":"MIN(AirCond!BL50,P$21)","v":0},{"$error":"#VALUE!"},{"$f":"MIN(ROUNDDOWN(AJ76-FH76,0),ROUNDDOWN(P$21*0.3,0),ROUNDDOWN(SUM(SUMPRODUCT(I$4:I$15,L$4:L$15),SUMPRODUCT(System2!I$4:I$15,System2!L$4:L$15),SUMPRODUCT(System3!I$4:I$15,System3!L$4:L$15))*0.3,0))","v":{"$error":"#VALUE!"}},0,{"$error":"#VALUE!"},{"$error":"#VALUE!"},{"$error":"#VALUE!"},0,{"$error":"#VALUE!"},{"$error":"#VALUE!"},{"$error":"#VALUE!"},0,null,null,null,0,0,0,0,null,{"$error":"#VALUE!"},{"$error":"#VALUE!"},{"$error":"#VALUE!"},{"$error":"#VALUE!"},{"$error":"#VALUE!"},{"$error":"#VALUE!"},{"$error":"#VALUE!"},{"$error":"#VALUE!"},{"$error":"#VALUE!"},0,{"$error":"#VALUE!"},{"$error":"#VALUE!"},{"$error":"#VALUE!"},{"$error":"#VALUE!"},{"$error":"#VALUE!"},{"$error":"#VALUE!"},{"$error":"#VALUE!"},{"$error":"#VALUE!"},{"$error":"#VALUE!"},{"$error":"#VALUE!"},{"$error":"#VALUE!"},{"$error":"#VALUE!"},{"$error":"#VALUE!"},{"$error":"#VALUE!"},{"$error":"#VALUE!"},{"$error":"#VALUE!"},{"$error":"#VALUE!"},{"$error":"#VALUE!"},{"$error":"#VALUE!"},{"$error":"#VALUE!"},{"$error":"#VALUE!"},{"$error":"#VALUE!"},{"$error":"#VALUE!"},{"$error":"#VALUE!"},{"$error":"#VALUE!"},{"$error":"#VALUE!"},{"$error":"#VALUE!"},{"$error":"#VALUE!"},{"$error":"#VALUE!"},{"$error":"#VALUE!"},{"$error":"#VALUE!"},{"$f":"SUM(CQ76,System2!CQ76,System3!CQ76)","v":{"$error":"#VALUE!"}},{"$error":"#VALUE!"},{"$error":"#VALUE!"},{"$error":"#VALUE!"},{"$error":"#VALUE!"},{"$error":"#VALUE!"},{"$error":"#VALUE!"},{"$error":"#VALUE!"},{"$error":"#VALUE!"},{"$error":"#VALUE!"},{"$error":"#VALUE!"},{"$error":"#VALUE!"},{"$error":"#VALUE!"},{"$error":"#VALUE!"},{"$error":"#VALUE!"},{"$error":"#VALUE!"},{"$error":"#VALUE!"},{"$error":"#VALUE!"},{"$error":"#VALUE!"},{"$error":"#VALUE!"},{"$error":"#VALUE!"},{"$error":"#VALUE!"},{"$error":"#VALUE!"},{"$error":"#VALUE!"},{"$error":"#VALUE!"},{"$error":"#VALUE!"},{"$error":"#VALUE!"},{"$f":"SUM(DR76,System2!DR76,System3!DR76)","v":{"$error":"#VALUE!"}},{"$f":"DT$48","v":{"$error":"#VALUE!"}},{"$f":"DU$48","v":{"$error":"#VALUE!"}},{"$f":"DV$48","v":0},{"$f":"DW$48","v":{"$error":"#VALUE!"}},{"$error":"#VALUE!"},{"$error":"#VALUE!"},{"$error":"#VALUE!"},0,0,0,0,0,{"$error":"#VALUE!"},{"$f":"SUM(EF76,System2!EF76,System3!EF76)","v":{"$error":"#VALUE!"}},{"$error":"#VALUE!"},{"$error":"#VALUE!"},{"$error":"#VALUE!"},{"$error":"#VALUE!"},{"$error":"#VALUE!"},{"$error":"#VALUE!"},{"$error":"#VALUE!"},{"$error":"#VALUE!"},{"$error":"#VALUE!"},{"$error":"#VALUE!"},{"$error":"#VALUE!"},{"$error":"#VALUE!"},{"$error":"#VALUE!"},{"$error":"#VALUE!"},{"$error":"#VALUE!"},{"$error":"#VALUE!"},{"$error":"#VALUE!"},{"$error":"#VALUE!"},{"$error":"#VALUE!"},{"$error":"#VALUE!"},{"$error":"#VALUE!"},{"$error":"#VALUE!"},{"$error":"#VALUE!"},{"$error":"#VALUE!"},{"$error":"#VALUE!"},{"$error":"#VALUE!"},{"$f":"SUM(FG76,System2!FG76,System3!FG76)","v":{"$error":"#VALUE!"}},0,0,0,0,{"$error":"#VALUE!"},{"$error":"#VALUE!"},{"$error":"#VALUE!"},{"$error":"#VALUE!"},{"$error":"#VALUE!"},{"$error":"#VALUE!"},{"$error":"#VALUE!"},{"$error":"#VALUE!"},{"$error":"#VALUE!"},{"$error":"#VALUE!"},{"$error":"#VALUE!"},{"$error":"#VALUE!"},{"$error":"#VALUE!"},{"$error":"#VALUE!"},{"$error":"#VALUE!"},{"$error":"#VALUE!"},{"$error":"#VALUE!"},{"$error":"#VALUE!"},{"$error":"#VALUE!"},{"$error":"#VALUE!"},{"$f":"$GG$31*WaterFittings!BO51","v":{"$error":"#VALUE!"}},{"$f":"$GH$31*WaterFittings!BP51","v":{"$error":"#VALUE!"}},{"$f":"$GI$31*WaterFittings!BQ51","v":0},{"$f":"GJ$31*AirCond!BD50","v":{"$error":"#VALUE!"}},{"$f":"GK$31*AirCond!BE50","v":{"$error":"#VALUE!"}},{"$f":"GL$31*AirCond!BF50","v":{"$error":"#VALUE!"}},{"$f":"GM$31*AirCond!BG50","v":{"$error":"#VALUE!"}},{"$f":"GN$31*WaterFittings!BS51","v":0},{"$f":"GO$31*WaterFittings!BT51","v":0},{"$f":"GP$31*WaterFittings!BU51","v":0}]
[null,null,46,0,0,{"$error":"#VALUE!"},{"$error":"#VALUE!"},{"$error":"#VALUE!"},{"$error":"#VALUE!"},{"$error":"#VALUE!"},{"$error":"#VALUE!"},{"$error":"#VALUE!"},{"$error":"#VALUE!"},{"$error":"#VALUE!"},{"$error":"#VALUE!"},null,{"$error":"#VALUE!"},{"$error":"#VALUE!"},{"$error":"#VALUE!"},{"$error":"#VALUE!"},{"$error":"#VALUE!"},null,{"$error":"#VALUE!"},{"$error":"#VALUE!"},{"$error":"#VALUE!"},{"$error":"#VALUE!"},{"$error":"#VALUE!"},null,18,{"$f":"SUM(SUMPRODUCT(AF$20:AJ$20,Q77:U77),SUMPRODUCT(AF$20:AJ$20,System2!Q77:U77),SUMPRODUCT(AF$20:AJ$20,System3!Q77:U77))","v":{"$error":"#VALUE!"}},{"$f":"SUM(SUMPRODUCT(AF$21:AJ$21,W77:AA77),SUMPRODUCT(AF$21:AJ$21,System2!W77:AA77),SUMPRODUCT(AF$21:AJ$21,System3!W77:AA77))","v":{"$error":"#VALUE!"}},{"$f":"WaterFittings!BN52","v":{"$error":"#VALUE!"}},{"$error":"#VALUE!"},{"$error":"#VALUE!"},{"$f":"MIN(AirCond!BL51,P$21)","v":0},{"$error":"#VALUE!"},{"$f":"MIN(ROUNDDOWN(AJ77-FH77,0),ROUNDDOWN(P$21*0.3,0),ROUNDDOWN(SUM(SUMPRODUCT(I$4:I$15,L$4:L$15),SUMPRODUCT(System2!I$4:I$15,System2!L$4:L$15),SUMPRODUCT(System3!I$4:I$15,System3!L$4:L$15))*0.3,0))","v":{"$error":"#VALUE!"}},0,{"$error":"#VALUE!"},{"$error":"#VALUE!"},{"$error":"#VALUE!"},0,{"$error":"#VALUE!"},{"$error":"#VALUE!"},{"$error":"#VALUE!"},0,null,null,null,0,0,0,0,null,{"$error":"#VALUE!"},{"$error":"#VALUE!"},{"$error":"#VALUE!"},{"$error":"#VALUE!"},{"$error":"#VALUE!"},{"$error":"#VALUE!"},{"$error":"#VALUE!"},{"$error":"#VALUE!"},{"$error":"#VALUE!"},0,{"$error":"#VALUE!"},{"$error":"#VALUE!"},{"$error":"#VALUE!"},{"$error":"#VALUE!"},{"$error":"#VALUE!"},{"$error":"#VALUE!"},{"$error":"#VALUE!"},{"$error":"#VALUE!"},{"$error":"#VALUE!"},{"$error":"#VALUE!"},{"$error":"#VALUE!"},{"$error":"#VALUE!"},{"$error":"#VALUE!"},{"$error":"#VALUE!"},{"$error":"#VALUE!"},{"$error":"#VALUE!"},{"$error":"#VALUE!"},{"$error":"#VALUE!"},{"$error":"#VALUE!"},{"$error":"#VALUE!"},{"$error":"#VALUE!"},{"$error":"#VALUE!"},{"$error":"#VALUE!"},{"$error":"#VALUE!"},{"$error":"#VALUE!"},{"$error":"#VALUE!"},{"$error":"#VALUE!"},{"$error":"#VALUE!"},{"$error":"#VALUE!"},{"$error":"#VALUE!"},{"$error":"#VALUE!"},{"$f":"SUM(CQ77,System2!CQ77,System3!CQ77)","v":{"$error":"#VALUE!"}},{"$error":"#VALUE!"},{"$error":"#VALUE!"},{"$error":"#VALUE!"},{"$error":"#VALUE!"},{"$error":"#VALUE!"},{"$error":"#VALUE!"},{"$error":"#VALUE!"},{"$error":"#VALUE!"},{"$error":"#VALUE!"},{"$error":"#VALUE!"},{"$error":"#VALUE!"},{"$error":"#VALUE!"},{"$error":"#VALUE!"},{"$error":"#VALUE!"},{"$error":"#VALUE!"},{"$error":"#VALUE!"},{"$error":"#VALUE!"},{"$error":"#VALUE!"},{"$error":"#VALUE!"},{"$error":"#VALUE!"},{"$error":"#VALUE!"},{"$error":"#VALUE!"},{"$error":"#VALUE!"},{"$error":"#VALUE!"},{"$error":"#VALUE!"},{"$error":"#VALUE!"},{"$f":"SUM(DR77,System2!DR77,System3!DR77)","v":{"$error":"#VALUE!"}},{"$f":"DT$49","v":{"$error":"#VALUE!"}},{"$f":"DU$49","v":{"$error":"#VALUE!"}},{"$f":"DV$49","v":0},{"$f":"DW$49","v":{"$error":"#VALUE!"}},{"$error":"#VALUE!"},{"$error":"#VALUE!"},{"$error":"#VALUE!"},0,0,0,0,0,{"$error":"#VALUE!"},{"$f":"SUM(EF77,System2!EF77,System3!EF77)","v":{"$error":"#VALUE!"}},{"$error":"#VALUE!"},{"$error":"#VALUE!"},{"$error":"#VALUE!"},{"$error":"#VALUE!"},{"$error":"#VALUE!"},{"$error":"#VALUE!"},{"$error":"#VALUE!"},{"$error":"#VALUE!"},{"$error":"#VALUE!"},{"$error":"#VALUE!"},{"$error":"#VALUE!"},{"$error":"#VALUE!"},{"$error":"#VALUE!"},{"$error":"#VALUE!"},{"$error":"#VALUE!"},{"$error":"#VALUE!"},{"$error":"#VALUE!"},{"$error":"#VALUE!"},{"$error":"#VALUE!"},{"$error":"#VALUE!"},{"$error":"#VALUE!"},{"$error":"#VALUE!"},{"$error":"#VALUE!"},{"$error":"#VALUE!"},{"$error":"#VALUE!"},{"$error":"#VALUE!"},{"$f":"SUM(FG77,System2!FG77,System3!FG77)","v":{"$error":"#VALUE!"}},0,0,0,0,{"$error":"#VALUE!"},{"$error":"#VALUE!"},{"$error":"#VALUE!"},{"$error":"#VALUE!"},{"$error":"#VALUE!"},{"$error":"#VALUE!"},{"$error":"#VALUE!"},{"$error":"#VALUE!"},{"$error":"#VALUE!"},{"$error":"#VALUE!"},{"$error":"#VALUE!"},{"$error":"#VALUE!"},{"$error":"#VALUE!"},{"$error":"#VALUE!"},{"$error":"#VALUE!"},{"$error":"#VALUE!"},{"$error":"#VALUE!"},{"$error":"#VALUE!"},{"$error":"#VALUE!"},{"$error":"#VALUE!"},{"$f":"$GG$31*WaterFittings!BO52","v":{"$error":"#VALUE!"}},{"$f":"$GH$31*WaterFittings!BP52","v":{"$error":"#VALUE!"}},{"$f":"$GI$31*WaterFittings!BQ52","v":0},{"$f":"GJ$31*AirCond!BD51","v":{"$error":"#VALUE!"}},{"$f":"GK$31*AirCond!BE51","v":{"$error":"#VALUE!"}},{"$f":"GL$31*AirCond!BF51","v":{"$error":"#VALUE!"}},{"$f":"GM$31*AirCond!BG51","v":{"$error":"#VALUE!"}},{"$f":"GN$31*WaterFittings!BS52","v":0},{"$f":"GO$31*WaterFittings!BT52","v":0},{"$f":"GP$31*WaterFittings!BU52","v":0}]
[null,null,47,0,0,{"$error":"#VALUE!"},{"$error":"#VALUE!"},{"$error":"#VALUE!"},{"$error":"#VALUE!"},{"$error":"#VALUE!"},{"$error":"#VALUE!"},{"$error":"#VALUE!"},{"$error":"#VALUE!"},{"$error":"#VALUE!"},{"$error":"#VALUE!"},null,{"$error":"#VALUE!"},{"$error":"#VALUE!"},{"$error":"#VALUE!"},{"$error":"#VALUE!"},{"$error":"#VALUE!"},null,{"$error":"#VALUE!"},{"$error":"#VALUE!"},{"$error":"#VALUE!"},{"$error":"#VALUE!"},{"$error":"#VALUE!"},null,19,{"$f":"SUM(SUMPRODUCT(AF$20:AJ$20,Q78:U78),SUMPRODUCT(AF$20:AJ$20,System2!Q78:U78),SUMPRODUCT(AF$20:AJ$20,System3!Q78:U78))","v":{"$error":"#VALUE!"}},{"$f":"SUM(SUMPRODUCT(AF$21:AJ$21,W78:AA78),SUMPRODUCT(AF$21:AJ$21,System2!W78:AA78),SUMPRODUCT(AF$21:AJ$21,System3!W78:AA78))","v":{"$error":"#VALUE!"}},{"$f":"WaterFittings!BN53","v":{"$error":"#VALUE!"}},{"$error":"#VALUE!"},{"$error":"#VALUE!"},{"$f":"MIN(AirCond!BL52,P$21)","v":0},{"$error":"#VALUE!"},{"$f":"MIN(ROUNDDOWN(AJ78-FH78,0),ROUNDDOWN(P$21*0.3,0),ROUNDDOWN(SUM(SUMPRODUCT(I$4:I$15,L$4:L$15),SUMPRODUCT(System2!I$4:I$15,System2!L$4:L$15),SUMPRODUCT(System3!I$4:I$15,System3!L$4:L$15))*0.3,0))","v":{"$error":"#VALUE!"}},0,{"$error":"#VALUE!"},{"$error":"#VALUE!"},{"$error":"#VALUE!"},0,{"$error":"#VALUE!"},{"$error":"#VALUE!"},{"$error":"#VALUE!"},0,null,null,null,0,0,0,0,null,{"$error":"#VALUE!"},{"$error":"#VALUE!"},{"$error":"#VALUE!"},{"$error":"#VALUE!"},{"$error":"#VALUE!"},{"$error":"#VALUE!"},{"$error":"#VALUE!"},{"$error":"#VALUE!"},{"$error":"#VALUE!"},0,{"$error":"#VALUE!"},{"$error":"#VALUE!"},{"$error":"#VALUE!"},{"$error":"#VALUE!"},{"$error":"#VALUE!"},{"$error":"#VALUE!"},{"$error":"#VALUE!"},{"$error":"#VALUE!"},{"$error":"#VALUE!"},{"$error":"#VALUE!"},{"$error":"#VALUE!"},{"$error":"#VALUE!"},{"$error":"#VALUE!"},{"$error":"#VALUE!"},{"$error":"#VALUE!"},{"$error":"#VALUE!"},{"$error":"#VALUE!"},{"$error":"#VALUE!"},{"$error":"#VALUE!"},{"$error":"#VALUE!"},{"$error":"#VALUE!"},{"$error":"#VALUE!"},{"$error":"#VALUE!"},{"$error":"#VALUE!"},{"$error":"#VALUE!"},{"$error":"#VALUE!"},{"$error":"#VALUE!"},{"$error":"#VALUE!"},{"$error":"#VALUE!"},{"$error":"#VALUE!"},{"$error":"#VALUE!"},{"$f":"SUM(CQ78,System2!CQ78,System3!CQ78)","v":{"$error":"#VALUE!"}},{"$error":"#VALUE!"},{"$error":"#VALUE!"},{"$error":"#VALUE!"},{"$error":"#VALUE!"},{"$error":"#VALUE!"},{"$error":"#VALUE!"},{"$error":"#VALUE!"},{"$error":"#VALUE!"},{"$error":"#VALUE!"},{"$error":"#VALUE!"},{"$error":"#VALUE!"},{"$error":"#VALUE!"},{"$error":"#VALUE!"},{"$error":"#VALUE!"},{"$error":"#VALUE!"},{"$error":"#VALUE!"},{"$error":"#VALUE!"},{"$error":"#VALUE!"},{"$error":"#VALUE!"},{"$error":"#VALUE!"},{"$error":"#VALUE!"},{"$error":"#VALUE!"},{"$error":"#VALUE!"},{"$error":"#VALUE!"},{"$error":"#VALUE!"},{"$error":"#VALUE!"},{"$f":"SUM(DR78,System2!DR78,System3!DR78)","v":{"$error":"#VALUE!"}},{"$f":"DT$50","v":{"$error":"#VALUE!"}},{"$f":"DU$50","v":{"$error":"#VALUE!"}},{"$f":"DV$50","v":0},{"$f":"DW$50","v":{"$error":"#VALUE!"}},{"$error":"#VALUE!"},{"$error":"#VALUE!"},{"$error":"#VALUE!"},0,0,0,0,0,{"$error":"#VALUE!"},{"$f":"SUM(EF78,System2!EF78,System3!EF78)","v":{"$error":"#VALUE!"}},{"$error":"#VALUE!"},{"$error":"#VALUE!"},{"$error":"#VALUE!"},{"$error":"#VALUE!"},{"$error":"#VALUE!"},{"$error":"#VALUE!"},{"$error":"#VALUE!"},{"$error":"#VALUE!"},{"$error":"#VALUE!"},{"$error":"#VALUE!"},{"$error":"#VALUE!"},{"$error":"#VALUE!"},{"$error":"#VALUE!"},{"$error":"#VALUE!"},{"$error":"#VALUE!"},{"$error":"#VALUE!"},{"$error":"#VALUE!"},{"$error":"#VALUE!"},{"$error":"#VALUE!"},{"$error":"#VALUE!"},{"$error":"#VALUE!"},{"$error":"#VALUE!"},{"$error":"#VALUE!"},{"$error":"#VALUE!"},{"$error":"#VALUE!"},{"$error":"#VALUE!"},{"$f":"SUM(FG78,System2!FG78,System3!FG78)","v":{"$error":"#VALUE!"}},0,0,0,0,{"$error":"#VALUE!"},{"$error":"#VALUE!"},{"$error":"#VALUE!"},{"$error":"#VALUE!"},{"$error":"#VALUE!"},{"$error":"#VALUE!"},{"$error":"#VALUE!"},{"$error":"#VALUE!"},{"$error":"#VALUE!"},{"$error":"#VALUE!"},{"$error":"#VALUE!"},{"$error":"#VALUE!"},{"$error":"#VALUE!"},{"$error":"#VALUE!"},{"$error":"#VALUE!"},{"$error":"#VALUE!"},{"$error":"#VALUE!"},{"$error":"#VALUE!"},{"$error":"#VALUE!"},{"$error":"#VALUE!"},{"$f":"$GG$31*WaterFittings!BO53","v":{"$error":"#VALUE!"}},{"$f":"$GH$31*WaterFittings!BP53","v":{"$error":"#VALUE!"}},{"$f":"$GI$31*WaterFittings!BQ53","v":0},{"$f":"GJ$31*AirCond!BD52","v":{"$error":"#VALUE!"}},{"$f":"GK$31*AirCond!BE52","v":{"$error":"#VALUE!"}},{"$f":"GL$31*AirCond!BF52","v":{"$error":"#VALUE!"}},{"$f":"GM$31*AirCond!BG52","v":{"$error":"#VALUE!"}},{"$f":"GN$31*WaterFittings!BS53","v":0},{"$f":"GO$31*WaterFittings!BT53","v":0},{"$f":"GP$31*WaterFittings!BU53","v":0}]
[null,null,48,0,0,{"$error":"#VALUE!"},{"$error":"#VALUE!"},{"$error":"#VALUE!"},{"$error":"#VALUE!"},{"$error":"#VALUE!"},{"$error":"#VALUE!"},{"$error":"#VALUE!"},{"$error":"#VALUE!"},{"$error":"#VALUE!"},{"$error":"#VALUE!"},null,{"$error":"#VALUE!"},{"$error":"#VALUE!"},{"$error":"#VALUE!"},{"$error":"#VALUE!"},{"$error":"#VALUE!"},null,{"$error":"#VALUE!"},{"$error":"#VALUE!"},{"$error":"#VALUE!"},{"$error":"#VALUE!"},{"$error":"#VALUE!"},null,20,{"$f":"SUM(SUMPRODUCT(AF$20:AJ$20,Q79:U79),SUMPRODUCT(AF$20:AJ$20,System2!Q79:U79),SUMPRODUCT(AF$20:AJ$20,System3!Q79:U79))","v":{"$error":"#VALUE!"}},{"$f":"SUM(SUMPRODUCT(AF$21:AJ$21,W79:AA79),SUMPRODUCT(AF$21:AJ$21,System2!W79:AA79),SUMPRODUCT(AF$21:AJ$21,System3!W79:AA79))","v":{"$error":"#VALUE!"}},{"$f":"WaterFittings!BN54","v":{"$error":"#VALUE!"}},{"$error":"#VALUE!"},{"$error":"#VALUE!"},{"$f":"MIN(AirCond!BL53,P$21)","v":0},{"$error":"#VALUE!"},{"$f":"MIN(ROUNDDOWN(AJ79-FH79,0),ROUNDDOWN(P$21*0.3,0),ROUNDDOWN(SUM(SUMPRODUCT(I$4:I$15,L$4:L$15),SUMPRODUCT(System2!I$4:I$15,System2!L$4:L$15),SUMPRODUCT(System3!I$4:I$15,System3!L$4:L$15))*0.3,0))","v":{"$error":"#VALUE!"}},0,{"$error":"#VALUE!"},{"$error":"#VALUE!"},{"$error":"#VALUE!"},0,{"$error":"#VALUE!"},{"$error":"#VALUE!"},{"$error":"#VALUE!"},0,null,null,null,0,0,0,0,null,{"$error":"#VALUE!"},{"$error":"#VALUE!"},{"$error":"#VALUE!"},{"$error":"#VALUE!"},{"$error":"#VALUE!"},{"$error":"#VALUE!"},{"$error":"#VALUE!"},{"$error":"#VALUE!"},{"$error":"#VALUE!"},0,{"$error":"#VALUE!"},{"$error":"#VALUE!"},{"$error":"#VALUE!"},{"$error":"#VALUE!"},{"$error":"#VALUE!"},{"$error":"#VALUE!"},{"$error":"#VALUE!"},{"$error":"#VALUE!"},{"$error":"#VALUE!"},{"$error":"#VALUE!"},{"$error":"#VALUE!"},{"$error":"#VALUE!"},{"$error":"#VALUE!"},{"$error":"#VALUE!"},{"$error":"#VALUE!"},{"$error":"#VALUE!"},{"$error":"#VALUE!"},{"$error":"#VALUE!"},{"$error":"#VALUE!"},{"$error":"#VALUE!"},{"$error":"#VALUE!"},{"$error":"#VALUE!"},{"$error":"#VALUE!"},{"$error":"#VALUE!"},{"$error":"#VALUE!"},{"$error":"#VALUE!"},{"$error":"#VALUE!"},{"$error":"#VALUE!"},{"$error":"#VALUE!"},{"$error":"#VALUE!"},{"$error":"#VALUE!"},{"$f":"SUM(CQ79,System2!CQ79,System3!CQ79)","v":{"$error":"#VALUE!"}},{"$error":"#VALUE!"},{"$error":"#VALUE!"},{"$error":"#VALUE!"},{"$error":"#VALUE!"},{"$error":"#VALUE!"},{"$error":"#VALUE!"},{"$error":"#VALUE!"},{"$error":"#VALUE!"},{"$error":"#VALUE!"},{"$error":"#VALUE!"},{"$error":"#VALUE!"},{"$error":"#VALUE!"},{"$error":"#VALUE!"},{"$error":"#VALUE!"},{"$error":"#VALUE!"},{"$error":"#VALUE!"},{"$error":"#VALUE!"},{"$error":"#VALUE!"},{"$error":"#VALUE!"},{"$error":"#VALUE!"},{"$error":"#VALUE!"},{"$error":"#VALUE!"},{"$error":"#VALUE!"},{"$error":"#VALUE!"},{"$error":"#VALUE!"},{"$error":"#VALUE!"},{"$f":"SUM(DR79,System2!DR79,System3!DR79)","v":{"$error":"#VALUE!"}},{"$f":"DT$51","v":{"$error":"#VALUE!"}},{"$f":"DU$51","v":{"$error":"#VALUE!"}},{"$f":"DV$51","v":0},{"$f":"DW$51","v":{"$error":"#VALUE!"}},{"$error":"#VALUE!"},{"$error":"#VALUE!"},{"$error":"#VALUE!"},0,0,0,0,0,{"$error":"#VALUE!"},{"$f":"SUM(EF79,System2!EF79,System3!EF79)","v":{"$error":"#VALUE!"}},{"$error":"#VALUE!"},{"$error":"#VALUE!"},{"$error":"#VALUE!"},{"$error":"#VALUE!"},{"$error":"#VALUE!"},{"$error":"#VALUE!"},{"$error":"#VALUE!"},{"$error":"#VALUE!"},{"$error":"#VALUE!"},{"$error":"#VALUE!"},{"$error":"#VALUE!"},{"$error":"#VALUE!"},{"$error":"#VALUE!"},{"$error":"#VALUE!"},{"$error":"#VALUE!"},{"$error":"#VALUE!"},{"$error":"#VALUE!"},{"$error":"#VALUE!"},{"$error":"#VALUE!"},{"$error":"#VALUE!"},{"$error":"#VALUE!"},{"$error":"#VALUE!"},{"$error":"#VALUE!"},{"$error":"#VALUE!"},{"$error":"#VALUE!"},{"$error":"#VALUE!"},{"$f":"SUM(FG79,System2!FG79,System3!FG79)","v":{"$error":"#VALUE!"}},0,0,0,0,{"$error":"#VALUE!"},{"$error":"#VALUE!"},{"$error":"#VALUE!"},{"$error":"#VALUE!"},{"$error":"#VALUE!"},{"$error":"#VALUE!"},{"$error":"#VALUE!"},{"$error":"#VALUE!"},{"$error":"#VALUE!"},{"$error":"#VALUE!"},{"$error":"#VALUE!"},{"$error":"#VALUE!"},{"$error":"#VALUE!"},{"$error":"#VALUE!"},{"$error":"#VALUE!"},{"$error":"#VALUE!"},{"$error":"#VALUE!"},{"$error":"#VALUE!"},{"$error":"#VALUE!"},{"$error":"#VALUE!"},{"$f":"$GG$31*WaterFittings!BO54","v":{"$error":"#VALUE!"}},{"$f":"$GH$31*WaterFittings!BP54","v":{"$error":"#VALUE!"}},{"$f":"$GI$31*WaterFittings!BQ54","v":0},{"$f":"GJ$31*AirCond!BD53","v":{"$error":"#VALUE!"}},{"$f":"GK$31*AirCond!BE53","v":{"$error":"#VALUE!"}},{"$f":"GL$31*AirCond!BF53","v":{"$error":"#VALUE!"}},{"$f":"GM$31*AirCond!BG53","v":{"$error":"#VALUE!"}},{"$f":"GN$31*WaterFittings!BS54","v":0},{"$f":"GO$31*WaterFittings!BT54","v":0},{"$f":"GP$31*WaterFittings!BU54","v":0}]
[null,null,49,1.5,0,{"$error":"#VALUE!"},{"$error":"#VALUE!"},{"$error":"#VALUE!"},{"$error":"#VALUE!"},{"$error":"#VALUE!"},{"$error":"#VALUE!"},{"$error":"#VALUE!"},{"$error":"#VALUE!"},{"$error":"#VALUE!"},{"$error":"#VALUE!"},null,{"$error":"#VALUE!"},{"$error":"#VALUE!"},{"$error":"#VALUE!"},{"$error":"#VALUE!"},{"$error":"#VALUE!"},null,{"$error":"#VALUE!"},{"$error":"#VALUE!"},{"$error":"#VALUE!"},{"$error":"#VALUE!"},{"$error":"#VALUE!"},null,21,{"$f":"SUM(SUMPRODUCT(AF$20:AJ$20,Q80:U80),SUMPRODUCT(AF$20:AJ$20,System2!Q80:U80),SUMPRODUCT(AF$20:AJ$20,System3!Q80:U80))","v":{"$error":"#VALUE!"}},{"$f":"SUM(SUMPRODUCT(AF$21:AJ$21,W80:AA80),SUMPRODUCT(AF$21:AJ$21,System2!W80:AA80),SUMPRODUCT(AF$21:AJ$21,System3!W80:AA80))","v":{"$error":"#VALUE!"}},{"$f":"WaterFittings!BN55","v":{"$error":"#VALUE!"}},{"$error":"#VALUE!"},{"$error":"#VALUE!"},{"$f":"MIN(AirCond!BL54,P$21)","v":0},{"$error":"#VALUE!"},{"$f":"MIN(ROUNDDOWN(AJ80-FH80,0),ROUNDDOWN(P$21*0.3,0),ROUNDDOWN(SUM(SUMPRODUCT(I$4:I$15,L$4:L$15),SUMPRODUCT(System2!I$4:I$15,System2!L$4:L$15),SUMPRODUCT(System3!I$4:I$15,System3!L$4:L$15))*0.3,0))","v":{"$error":"#VALUE!"}},0,{"$error":"#VALUE!"},{"$error":"#VALUE!"},{"$error":"#VALUE!"},0,{"$error":"#VALUE!"},{"$error":"#VALUE!"},{"$error":"#VALUE!"},0,null,null,null,0,0,0,0,null,{"$error":"#VALUE!"},{"$error":"#VALUE!"},{"$error":"#VALUE!"},{"$error":"#VALUE!"},{"$error":"#VALUE!"},{"$error":"#VALUE!"},{"$error":"#VALUE!"},{"$error":"#VALUE!"},{"$error":"#VALUE!"},0,{"$error":"#VALUE!"},{"$error":"#VALUE!"},{"$error":"#VALUE!"},{"$error":"#VALUE!"},{"$error":"#VALUE!"},{"$error":"#VALUE!"},{"$error":"#VALUE!"},{"$error":"#VALUE!"},{"$error":"#VALUE!"},{"$error":"#VALUE!"},{"$error":"#VALUE!"},{"$error":"#VALUE!"},{"$error":"#VALUE!"},{"$error":"#VALUE!"},{"$error":"#VALUE!"},{"$error":"#VALUE!"},{"$error":"#VALUE!"},{"$error":"#VALUE!"},{"$error":"#VALUE!"},{"$error":"#VALUE!"},{"$error":"#VALUE!"},{"$error":"#VALUE!"},{"$error":"#VALUE!"},{"$error":"#VALUE!"},{"$error":"#VALUE!"},{"$error":"#VALUE!"},{"$error":"#VALUE!"},{"$error":"#VALUE!"},{"$error":"#VALUE!"},{"$error":"#VALUE!"},{"$error":"#VALUE!"},{"$f":"SUM(CQ80,System2!CQ80,System3!CQ80)","v":{"$error":"#VALUE!"}},{"$error":"#VALUE!"},{"$error":"#VALUE!"},{"$error":"#VALUE!"},{"$error":"#VALUE!"},{"$error":"#VALUE!"},{"$error":"#VALUE!"},{"$error":"#VALUE!"},{"$error":"#VALUE!"},{"$error":"#VALUE!"},{"$error":"#VALUE!"},{"$error":"#VALUE!"},{"$error":"#VALUE!"},{"$error":"#VALUE!"},{"$error":"#VALUE!"},{"$error":"#VALUE!"},{"$error":"#VALUE!"},{"$error":"#VALUE!"},{"$error":"#VALUE!"},{"$error":"#VALUE!"},{"$error":"#VALUE!"},{"$error":"#VALUE!"},{"$error":"#VALUE!"},{"$error":"#VALUE!"},{"$error":"#VALUE!"},{"$error":"#VALUE!"},{"$error":"#VALUE!"},{"$f":"SUM(DR80,System2!DR80,System3!DR80)","v":{"$error":"#VALUE!"}},{"$f":"DT$52","v":{"$error":"#VALUE!"}},{"$f":"DU$52","v":{"$error":"#VALUE!"}},{"$f":"DV$52","v":0},{"$f":"DW$52","v":{"$error":"#VALUE!"}},{"$error":"#VALUE!"},{"$error":"#VALUE!"},{"$error":"#VALUE!"},0,0,0,0,0,{"$error":"#VALUE!"},{"$f":"SUM(EF80,System2!EF80,System3!EF80)","v":{"$error":"#VALUE!"}},{"$error":"#VALUE!"},{"$error":"#VALUE!"},{"$error":"#VALUE!"},{"$error":"#VALUE!"},{"$error":"#VALUE!"},{"$error":"#VALUE!"},{"$error":"#VALUE!"},{"$error":"#VALUE!"},{"$error":"#VALUE!"},{"$error":"#VALUE!"},{"$error":"#VALUE!"},{"$error":"#VALUE!"},{"$error":"#VALUE!"},{"$error":"#VALUE!"},{"$error":"#VALUE!"},{"$error":"#VALUE!"},{"$error":"#VALUE!"},{"$error":"#VALUE!"},{"$error":"#VALUE!"},{"$error":"#VALUE!"},{"$error":"#VALUE!"},{"$error":"#VALUE!"},{"$error":"#VALUE!"},{"$error":"#VALUE!"},{"$error":"#VALUE!"},{"$error":"#VALUE!"},{"$f":"SUM(FG80,System2!FG80,System3!FG80)","v":{"$error":"#VALUE!"}},0,0,0,0,{"$error":"#VALUE!"},{"$error":"#VALUE!"},{"$error":"#VALUE!"},{"$error":"#VALUE!"},{"$error":"#VALUE!"},{"$error":"#VALUE!"},{"$error":"#VALUE!"},{"$error":"#VALUE!"},{"$error":"#VALUE!"},{"$error":"#VALUE!"},{"$error":"#VALUE!"},{"$error":"#VALUE!"},{"$error":"#VALUE!"},{"$error":"#VALUE!"},{"$error":"#VALUE!"},{"$error":"#VALUE!"},{"$error":"#VALUE!"},{"$error":"#VALUE!"},{"$error":"#VALUE!"},{"$error":"#VALUE!"},{"$f":"$GG$31*WaterFittings!BO55","v":{"$error":"#VALUE!"}},{"$f":"$GH$31*WaterFittings!BP55","v":{"$error":"#VALUE!"}},{"$f":"$GI$31*WaterFittings!BQ55","v":0},{"$f":"GJ$31*AirCond!BD54","v":{"$error":"#VALUE!"}},{"$f":"GK$31*AirCond!BE54","v":{"$error":"#VALUE!"}},{"$f":"GL$31*AirCond!BF54","v":{"$error":"#VALUE!"}},{"$f":"GM$31*AirCond!BG54","v":{"$error":"#VALUE!"}},{"$f":"GN$31*WaterFittings!BS55","v":0},{"$f":"GO$31*WaterFittings!BT55","v":0},{"$f":"GP$31*WaterFittings!BU55","v":0}]
[null,null,50,0,0,{"$error":"#VALUE!"},{"$error":"#VALUE!"},{"$error":"#VALUE!"},{"$error":"#VALUE!"},{"$error":"#VALUE!"},{"$error":"#VALUE!"},{"$error":"#VALUE!"},{"$error":"#VALUE!"},{"$error":"#VALUE!"},{"$error":"#VALUE!"},null,{"$error":"#VALUE!"},{"$error":"#VALUE!"},{"$error":"#VALUE!"},{"$error":"#VALUE!"},{"$error":"#VALUE!"},null,{"$error":"#VALUE!"},{"$error":"#VALUE!"},{"$error":"#VALUE!"},{"$error":"#VALUE!"},{"$f":"ROUNDDOWN(FF81,0)","v":{"$error":"#VALUE!"}},null,22,{"$f":"SUM(SUMPRODUCT(AF$20:AJ$20,Q81:U81),SUMPRODUCT(AF$20:AJ$20,System2!Q81:U81),SUMPRODUCT(AF$20:AJ$20,System3!Q81:U81))","v":{"$error":"#VALUE!"}},{"$f":"SUM(SUMPRODUCT(AF$21:AJ$21,W81:AA81),SUMPRODUCT(AF$21:AJ$21,System2!W81:AA81),SUMPRODUCT(AF$21:AJ$21,System3!W81:AA81))","v":{"$error":"#VALUE!"}},{"$f":"WaterFittings!BN56","v":{"$error":"#VALUE!"}},{"$error":"#VALUE!"},{"$error":"#VALUE!"},{"$f":"MIN(AirCond!BL55,P$21)","v":0},{"$error":"#VALUE!"},{"$f":"MIN(ROUNDDOWN(AJ81-FH81,0),ROUNDDOWN(P$21*0.3,0),ROUNDDOWN(SUM(SUMPRODUCT(I$4:I$15,L$4:L$15),SUMPRODUCT(System2!I$4:I$15,System2!L$4:L$15),SUMPRODUCT(System3!I$4:I$15,System3!L$4:L$15))*0.3,0))","v":{"$error":"#VALUE!"}},0,{"$error":"#VALUE!"},{"$error":"#VALUE!"},{"$error":"#VALUE!"},0,{"$error":"#VALUE!"},{"$error":"#VALUE!"},{"$error":"#VALUE!"},0,null,null,null,0,0,0,0,null,{"$error":"#VALUE!"},{"$error":"#VALUE!"},{"$error":"#VALUE!"},{"$error":"#VALUE!"},{"$error":"#VALUE!"},{"$error":"#VALUE!"},{"$error":"#VALUE!"},{"$error":"#VALUE!"},{"$error":"#VALUE!"},0,{"$error":"#VALUE!"},{"$error":"#VALUE!"},{"$error":"#VALUE!"},{"$error":"#VALUE!"},{"$error":"#VALUE!"},{"$error":"#VALUE!"},{"$error":"#VALUE!"},{"$error":"#VALUE!"},{"$error":"#VALUE!"},{"$error":"#VALUE!"},{"$error":"#VALUE!"},{"$error":"#VALUE!"},{"$error":"#VALUE!"},{"$error":"#VALUE!"},{"$error":"#VALUE!"},{"$error":"#VALUE!"},{"$error":"#VALUE!"},{"$error":"#VALUE!"},{"$error":"#VALUE!"},{"$error":"#VALUE!"},{"$error":"#VALUE!"},{"$error":"#VALUE!"},{"$error":"#VALUE!"},{"$error":"#VALUE!"},{"$error":"#VALUE!"},{"$error":"#VALUE!"},{"$error":"#VALUE!"},{"$error":"#VALUE!"},{"$error":"#VALUE!"},{"$error":"#VALUE!"},{"$error":"#VALUE!"},{"$f":"SUM(CQ81,System2!CQ81,System3!CQ81)","v":{"$error":"#VALUE!"}},{"$error":"#VALUE!"},{"$error":"#VALUE!"},{"$error":"#VALUE!"},{"$error":"#VALUE!"},{"$error":"#VALUE!"},{"$error":"#VALUE!"},{"$error":"#VALUE!"},{"$error":"#VALUE!"},{"$error":"#VALUE!"},{"$error":"#VALUE!"},{"$error":"#VALUE!"},{"$error":"#VALUE!"},{"$error":"#VALUE!"},{"$error":"#VALUE!"},{"$error":"#VALUE!"},{"$error":"#VALUE!"},{"$error":"#VALUE!"},{"$error":"#VALUE!"},{"$error":"#VALUE!"},{"$error":"#VALUE!"},{"$error":"#VALUE!"},{"$error":"#VALUE!"},{"$error":"#VALUE!"},{"$error":"#VALUE!"},{"$error":"#VALUE!"},{"$error":"#VALUE!"},{"$f":"SUM(DR81,System2!DR81,System3!DR81)","v":{"$error":"#VALUE!"}},{"$f":"DT$53","v":{"$error":"#VALUE!"}},{"$f":"DU$53","v":{"$error":"#VALUE!"}},{"$f":"DV$53","v":0},{"$f":"DW$53","v":{"$error":"#VALUE!"}},{"$error":"#VALUE!"},{"$error":"#VALUE!"},{"$error":"#VALUE!"},0,0,0,0,0,{"$error":"#VALUE!"},{"$f":"SUM(EF81,System2!EF81,System3!EF81)","v":{"$error":"#VALUE!"}},{"$error":"#VALUE!"},{"$error":"#VALUE!"},{"$error":"#VALUE!"},{"$error":"#VALUE!"},{"$error":"#VALUE!"},{"$error":"#VALUE!"},{"$error":"#VALUE!"},{"$error":"#VALUE!"},{"$error":"#VALUE!"},{"$error":"#VALUE!"},{"$error":"#VALUE!"},{"$error":"#VALUE!"},{"$error":"#VALUE!"},{"$error":"#VALUE!"},{"$error":"#VALUE!"},{"$error":"#VALUE!"},{"$error":"#VALUE!"},{"$error":"#VALUE!"},{"$error":"#VALUE!"},{"$error":"#VALUE!"},{"$error":"#VALUE!"},{"$error":"#VALUE!"},{"$error":"#VALUE!"},{"$error":"#VALUE!"},{"$error":"#VALUE!"},{"$error":"#VALUE!"},{"$f":"SUM(FG81,System2!FG81,System3!FG81)","v":{"$error":"#VALUE!"}},0,0,0,0,{"$error":"#VALUE!"},{"$error":"#VALUE!"},{"$error":"#VALUE!"},{"$error":"#VALUE!"},{"$error":"#VALUE!"},{"$error":"#VALUE!"},{"$error":"#VALUE!"},{"$error":"#VALUE!"},{"$error":"#VALUE!"},{"$error":"#VALUE!"},{"$error":"#VALUE!"},{"$error":"#VALUE!"},{"$error":"#VALUE!"},{"$error":"#VALUE!"},{"$error":"#VALUE!"},{"$error":"#VALUE!"},{"$error":"#VALUE!"},{"$error":"#VALUE!"},{"$error":"#VALUE!"},{"$error":"#VALUE!"},{"$f":"$GG$31*WaterFittings!BO56","v":{"$error":"#VALUE!"}},{"$f":"$GH$31*WaterFittings!BP56","v":{"$error":"#VALUE!"}},{"$f":"$GI$31*WaterFittings!BQ56","v":0},{"$f":"GJ$31*AirCond!BD55","v":{"$error":"#VALUE!"}},{"$f":"GK$31*AirCond!BE55","v":{"$error":"#VALUE!"}},{"$f":"GL$31*AirCond!BF55","v":{"$error":"#VALUE!"}},{"$f":"GM$31*AirCond!BG55","v":{"$error":"#VALUE!"}},{"$f":"GN$31*WaterFittings!BS56","v":0},{"$f":"GO$31*WaterFittings!BT56","v":0},{"$f":"GP$31*WaterFittings!BU56","v":0}]
[null,null,{"$f":"C81+1","v":51},0,0,{"$error":"#VALUE!"},{"$error":"#VALUE!"},{"$error":"#VALUE!"},{"$error":"#VALUE!"},{"$error":"#VALUE!"},{"$error":"#VALUE!"},{"$error":"#VALUE!"},{"$error":"#VALUE!"},{"$error":"#VALUE!"},{"$error":"#VALUE!"},null,{"$error":"#VALUE!"},{"$error":"#VALUE!"},{"$error":"#VALUE!"},{"$error":"#VALUE!"},{"$error":"#VALUE!"},null,{"$error":"#VALUE!"},{"$error":"#VALUE!"},{"$error":"#VALUE!"},{"$error":"#VALUE!"},{"$error":"#VALUE!"},null,23,{"$f":"SUM(SUMPRODUCT(AF$20:AJ$20,Q82:U82),SUMPRODUCT(AF$20:AJ$20,System2!Q82:U82),SUMPRODUCT(AF$20:AJ$20,System3!Q82:U82))","v":{"$error":"#VALUE!"}},{"$f":"SUM(SUMPRODUCT(AF$21:AJ$21,W82:AA82),SUMPRODUCT(AF$21:AJ$21,System2!W82:AA82),SUMPRODUCT(AF$21:AJ$21,System3!W82:AA82))","v":{"$error":"#VALUE!"}},{"$f":"WaterFittings!BN57","v":{"$error":"#VALUE!"}},{"$error":"#VALUE!"},{"$error":"#VALUE!"},{"$f":"MIN(AirCond!BL56,P$21)","v":0},{"$error":"#VALUE!"},{"$f":"MIN(ROUNDDOWN(AJ82-FH82,0),ROUNDDOWN(P$21*0.3,0),ROUNDDOWN(SUM(SUMPRODUCT(I$4:I$15,L$4:L$15),SUMPRODUCT(System2!I$4:I$15,System2!L$4:L$15),SUMPRODUCT(System3!I$4:I$15,System3!L$4:L$15))*0.3,0))","v":{"$error":"#VALUE!"}},0,{"$error":"#VALUE!"},{"$error":"#VALUE!"},{"$error":"#VALUE!"},0,{"$error":"#VALUE!"},{"$error":"#VALUE!"},{"$error":"#VALUE!"},0,null,null,null,0,0,0,0,null,{"$error":"#VALUE!"},{"$error":"#VALUE!"},{"$error":"#VALUE!"},{"$error":"#VALUE!"},{"$error":"#VALUE!"},{"$error":"#VALUE!"},{"$error":"#VALUE!"},{"$error":"#VALUE!"},{"$error":"#VALUE!"},0,{"$error":"#VALUE!"},{"$error":"#VALUE!"},{"$error":"#VALUE!"},{"$error":"#VALUE!"},{"$error":"#VALUE!"},{"$error":"#VALUE!"},{"$error":"#VALUE!"},{"$error":"#VALUE!"},{"$error":"#VALUE!"},{"$error":"#VALUE!"},{"$error":"#VALUE!"},{"$error":"#VALUE!"},{"$error":"#VALUE!"},{"$error":"#VALUE!"},{"$error":"#VALUE!"},{"$error":"#VALUE!"},{"$error":"#VALUE!"},{"$error":"#VALUE!"},{"$error":"#VALUE!"},{"$error":"#VALUE!"},{"$error":"#VALUE!"},{"$error":"#VALUE!"},{"$error":"#VALUE!"},{"$error":"#VALUE!"},{"$error":"#VALUE!"},{"$error":"#VALUE!"},{"$error":"#VALUE!"},{"$error":"#VALUE!"},{"$error":"#VALUE!"},{"$error":"#VALUE!"},{"$error":"#VALUE!"},{"$f":"SUM(CQ82,System2!CQ82,System3!CQ82)","v":{"$error":"#VALUE!"}},{"$error":"#VALUE!"},{"$error":"#VALUE!"},{"$error":"#VALUE!"},{"$error":"#VALUE!"},{"$error":"#VALUE!"},{"$error":"#VALUE!"},{"$error":"#VALUE!"},{"$error":"#VALUE!"},{"$error":"#VALUE!"},{"$error":"#VALUE!"},{"$error":"#VALUE!"},{"$error":"#VALUE!"},{"$error":"#VALUE!"},{"$error":"#VALUE!"},{"$error":"#VALUE!"},{"$error":"#VALUE!"},{"$error":"#VALUE!"},{"$error":"#VALUE!"},{"$error":"#VALUE!"},{"$error":"#VALUE!"},{"$error":"#VALUE!"},{"$error":"#VALUE!"},{"$error":"#VALUE!"},{"$error":"#VALUE!"},{"$error":"#VALUE!"},{"$error":"#VALUE!"},{"$f":"SUM(DR82,System2!DR82,System3!DR82)","v":{"$error":"#VALUE!"}},{"$f":"DT$54","v":{"$error":"#VALUE!"}},{"$f":"DU$54","v":{"$error":"#VALUE!"}},{"$f":"DV$54","v":0},{"$f":"DW$54","v":{"$error":"#VALUE!"}},{"$error":"#VALUE!"},{"$error":"#VALUE!"},{"$error":"#VALUE!"},0,0,0,0,0,{"$error":"#VALUE!"},{"$f":"SUM(EF82,System2!EF82,System3!EF82)","v":{"$error":"#VALUE!"}},{"$error":"#VALUE!"},{"$error":"#VALUE!"},{"$error":"#VALUE!"},{"$error":"#VALUE!"},{"$error":"#VALUE!"},{"$error":"#VALUE!"},{"$error":"#VALUE!"},{"$error":"#VALUE!"},{"$error":"#VALUE!"},{"$error":"#VALUE!"},{"$error":"#VALUE!"},{"$error":"#VALUE!"},{"$error":"#VALUE!"},{"$error":"#VALUE!"},{"$error":"#VALUE!"},{"$error":"#VALUE!"},{"$error":"#VALUE!"},{"$error":"#VALUE!"},{"$error":"#VALUE!"},{"$error":"#VALUE!"},{"$error":"#VALUE!"},{"$error":"#VALUE!"},{"$error":"#VALUE!"},{"$error":"#VALUE!"},{"$error":"#VALUE!"},{"$error":"#VALUE!"},{"$f":"SUM(FG82,System2!FG82,System3!FG82)","v":{"$error":"#VALUE!"}},0,0,0,0,{"$error":"#VALUE!"},{"$error":"#VALUE!"},{"$error":"#VALUE!"},{"$error":"#VALUE!"},{"$error":"#VALUE!"},{"$error":"#VALUE!"},{"$error":"#VALUE!"},{"$error":"#VALUE!"},{"$error":"#VALUE!"},{"$error":"#VALUE!"},{"$error":"#VALUE!"},{"$error":"#VALUE!"},{"$error":"#VALUE!"},{"$error":"#VALUE!"},{"$error":"#VALUE!"},{"$error":"#VALUE!"},{"$error":"#VALUE!"},{"$error":"#VALUE!"},{"$error":"#VALUE!"},{"$error":"#VALUE!"},{"$f":"$GG$31*WaterFittings!BO57","v":{"$error":"#VALUE!"}},{"$f":"$GH$31*WaterFittings!BP57","v":{"$error":"#VALUE!"}},{"$f":"$GI$31*WaterFittings!BQ57","v":0},{"$f":"GJ$31*AirCond!BD56","v":{"$error":"#VALUE!"}},{"$f":"GK$31*AirCond!BE56","v":{"$error":"#VALUE!"}},{"$f":"GL$31*AirCond!BF56","v":{"$error":"#VALUE!"}},{"$f":"GM$31*AirCond!BG56","v":{"$error":"#VALUE!"}},{"$f":"GN$31*WaterFittings!BS57","v":0},{"$f":"GO$31*WaterFittings!BT57","v":0},{"$f":"GP$31*WaterFittings!BU57","v":0}]
[null,null,52,0,0,{"$error":"#VALUE!"},{"$error":"#VALUE!"},{"$error":"#VALUE!"},{"$error":"#VALUE!"},{"$error":"#VALUE!"},{"$error":"#VALUE!"},{"$error":"#VALUE!"},{"$error":"#VALUE!"},{"$error":"#VALUE!"},{"$error":"#VALUE!"},null,{"$error":"#VALUE!"},{"$error":"#VALUE!"},{"$error":"#VALUE!"},{"$error":"#VALUE!"},{"$error":"#VALUE!"},null,{"$error":"#VALUE!"},{"$error":"#VALUE!"},{"$error":"#VALUE!"},{"$error":"#VALUE!"},{"$error":"#VALUE!"},null,24,{"$f":"SUM(SUMPRODUCT(AF$20:AJ$20,Q83:U83),SUMPRODUCT(AF$20:AJ$20,System2!Q83:U83),SUMPRODUCT(AF$20:AJ$20,System3!Q83:U83))","v":{"$error":"#VALUE!"}},{"$f":"SUM(SUMPRODUCT(AF$21:AJ$21,W83:AA83),SUMPRODUCT(AF$21:AJ$21,System2!W83:AA83),SUMPRODUCT(AF$21:AJ$21,System3!W83:AA83))","v":{"$error":"#VALUE!"}},{"$f":"WaterFittings!BN58","v":{"$error":"#VALUE!"}},{"$error":"#VALUE!"},{"$error":"#VALUE!"},{"$f":"MIN(AirCond!BL57,P$21)","v":0},{"$error":"#VALUE!"},{"$f":"MIN(ROUNDDOWN(AJ83-FH83,0),ROUNDDOWN(P$21*0.3,0),ROUNDDOWN(SUM(SUMPRODUCT(I$4:I$15,L$4:L$15),SUMPRODUCT(System2!I$4:I$15,System2!L$4:L$15),SUMPRODUCT(System3!I$4:I$15,System3!L$4:L$15))*0.3,0))","v":{"$error":"#VALUE!"}},0,{"$error":"#VALUE!"},{"$error":"#VALUE!"},{"$error":"#VALUE!"},0,{"$error":"#VALUE!"},{"$error":"#VALUE!"},{"$error":"#VALUE!"},0,null,null,null,0,0,0,0,null,{"$error":"#VALUE!"},{"$error":"#VALUE!"},{"$error":"#VALUE!"},{"$error":"#VALUE!"},{"$error":"#VALUE!"},{"$error":"#VALUE!"},{"$error":"#VALUE!"},{"$error":"#VALUE!"},{"$error":"#VALUE!"},0,{"$error":"#VALUE!"},{"$error":"#VALUE!"},{"$error":"#VALUE!"},{"$error":"#VALUE!"},{"$error":"#VALUE!"},{"$error":"#VALUE!"},{"$error":"#VALUE!"},{"$error":"#VALUE!"},{"$error":"#VALUE!"},{"$error":"#VALUE!"},{"$error":"#VALUE!"},{"$error":"#VALUE!"},{"$error":"#VALUE!"},{"$error":"#VALUE!"},{"$error":"#VALUE!"},{"$error":"#VALUE!"},{"$error":"#VALUE!"},{"$error":"#VALUE!"},{"$error":"#VALUE!"},{"$error":"#VALUE!"},{"$error":"#VALUE!"},{"$error":"#VALUE!"},{"$error":"#VALUE!"},{"$error":"#VALUE!"},{"$error":"#VALUE!"},{"$error":"#VALUE!"},{"$error":"#VALUE!"},{"$error":"#VALUE!"},{"$error":"#VALUE!"},{"$error":"#VALUE!"},{"$error":"#VALUE!"},{"$f":"SUM(CQ83,System2!CQ83,System3!CQ83)","v":{"$error":"#VALUE!"}},{"$error":"#VALUE!"},{"$error":"#VALUE!"},{"$error":"#VALUE!"},{"$error":"#VALUE!"},{"$error":"#VALUE!"},{"$error":"#VALUE!"},{"$error":"#VALUE!"},{"$error":"#VALUE!"},{"$error":"#VALUE!"},{"$error":"#VALUE!"},{"$error":"#VALUE!"},{"$error":"#VALUE!"},{"$error":"#VALUE!"},{"$error":"#VALUE!"},{"$error":"#VALUE!"},{"$error":"#VALUE!"},{"$error":"#VALUE!"},{"$error":"#VALUE!"},{"$error":"#VALUE!"},{"$error":"#VALUE!"},{"$error":"#VALUE!"},{"$error":"#VALUE!"},{"$error":"#VALUE!"},{"$error":"#VALUE!"},{"$error":"#VALUE!"},{"$error":"#VALUE!"},{"$f":"SUM(DR83,System2!DR83,System3!DR83)","v":{"$error":"#VALUE!"}},{"$f":"DT$55","v":{"$error":"#VALUE!"}},{"$f":"DU$55","v":{"$error":"#VALUE!"}},{"$f":"DV$55","v":0},{"$f":"DW$55","v":{"$error":"#VALUE!"}},{"$error":"#VALUE!"},{"$error":"#VALUE!"},{"$error":"#VALUE!"},0,0,0,0,0,{"$error":"#VALUE!"},{"$f":"SUM(EF83,System2!EF83,System3!EF83)","v":{"$error":"#VALUE!"}},{"$error":"#VALUE!"},{"$error":"#VALUE!"},{"$error":"#VALUE!"},{"$error":"#VALUE!"},{"$error":"#VALUE!"},{"$error":"#VALUE!"},{"$error":"#VALUE!"},{"$error":"#VALUE!"},{"$error":"#VALUE!"},{"$error":"#VALUE!"},{"$error":"#VALUE!"},{"$error":"#VALUE!"},{"$error":"#VALUE!"},{"$error":"#VALUE!"},{"$error":"#VALUE!"},{"$error":"#VALUE!"},{"$error":"#VALUE!"},{"$error":"#VALUE!"},{"$error":"#VALUE!"},{"$error":"#VALUE!"},{"$error":"#VALUE!"},{"$error":"#VALUE!"},{"$error":"#VALUE!"},{"$error":"#VALUE!"},{"$error":"#VALUE!"},{"$error":"#VALUE!"},{"$f":"SUM(FG83,System2!FG83,System3!FG83)","v":{"$error":"#VALUE!"}},{"$f":"IF(IF(FI$28>=3,COUNTIF(FI80:FI82,\">0\"),IF(FI$28=2,COUNTIF(FI81:FI82,\">0\"),IF(FI$28=1,COUNTIF(FI82,\">0\")))),0,FI$31)","v":0},0,0,0,{"$error":"#VALUE!"},{"$error":"#VALUE!"},{"$error":"#VALUE!"},{"$error":"#VALUE!"},{"$error":"#VALUE!"},{"$error":"#VALUE!"},{"$error":"#VALUE!"},{"$error":"#VALUE!"},{"$error":"#VALUE!"},{"$error":"#VALUE!"},{"$error":"#VALUE!"},{"$error":"#VALUE!"},{"$error":"#VALUE!"},{"$error":"#VALUE!"},{"$error":"#VALUE!"},{"$error":"#VALUE!"},{"$error":"#VALUE!"},{"$error":"#VALUE!"},{"$error":"#VALUE!"},{"$error":"#VALUE!"},{"$f":"$GG$31*WaterFittings!BO58","v":{"$error":"#VALUE!"}},{"$f":"$GH$31*WaterFittings!BP58","v":{"$error":"#VALUE!"}},{"$f":"$GI$31*WaterFittings!BQ58","v":0},{"$f":"GJ$31*AirCond!BD57","v":{"$error":"#VALUE!"}},{"$f":"GK$31*AirCond!BE57","v":{"$error":"#VALUE!"}},{"$f":"GL$31*AirCond!BF57","v":{"$error":"#VALUE!"}},{"$f":"GM$31*AirCond!BG57","v":{"$error":"#VALUE!"}},{"$f":"GN$31*WaterFittings!BS58","v":0},{"$f":"GO$31*WaterFittings!BT58","v":0},{"$f":"GP$31*WaterFittings!BU58","v":0}]
[null,null,53,0,0,{"$error":"#VALUE!"},{"$error":"#VALUE!"},{"$error":"#VALUE!"},{"$error":"#VALUE!"},{"$error":"#VALUE!"},{"$error":"#VALUE!"},{"$error":"#VALUE!"},{"$error":"#VALUE!"},{"$error":"#VALUE!"},{"$error":"#VALUE!"},null,{"$error":"#VALUE!"},{"$error":"#VALUE!"},{"$error":"#VALUE!"},{"$error":"#VALUE!"},{"$error":"#VALUE!"},null,{"$error":"#VALUE!"},{"$error":"#VALUE!"},{"$error":"#VALUE!"},{"$error":"#VALUE!"},{"$error":"#VALUE!"},null,25,{"$f":"SUM(SUMPRODUCT(AF$20:AJ$20,Q84:U84),SUMPRODUCT(AF$20:AJ$20,System2!Q84:U84),SUMPRODUCT(AF$20:AJ$20,System3!Q84:U84))","v":{"$error":"#VALUE!"}},{"$f":"SUM(SUMPRODUCT(AF$21:AJ$21,W84:AA84),SUMPRODUCT(AF$21:AJ$21,System2!W84:AA84),SUMPRODUCT(AF$21:AJ$21,System3!W84:AA84))","v":{"$error":"#VALUE!"}},{"$f":"WaterFittings!BN59","v":{"$error":"#VALUE!"}},{"$error":"#VALUE!"},{"$error":"#VALUE!"},{"$f":"MIN(AirCond!BL58,P$21)","v":0},{"$error":"#VALUE!"},{"$f":"MIN(ROUNDDOWN(AJ84-FH84,0),ROUNDDOWN(P$21*0.3,0),ROUNDDOWN(SUM(SUMPRODUCT(I$4:I$15,L$4:L$15),SUMPRODUCT(System2!I$4:I$15,System2!L$4:L$15),SUMPRODUCT(System3!I$4:I$15,System3!L$4:L$15))*0.3,0))","v":{"$error":"#VALUE!"}},0,{"$error":"#VALUE!"},{"$error":"#VALUE!"},{"$error":"#VALUE!"},0,{"$error":"#VALUE!"},{"$error":"#VALUE!"},{"$error":"#VALUE!"},0,null,null,null,0,0,0,0,null,{"$error":"#VALUE!"},{"$error":"#VALUE!"},{"$error":"#VALUE!"},{"$error":"#VALUE!"},{"$error":"#VALUE!"},{"$error":"#VALUE!"},{"$error":"#VALUE!"},{"$error":"#VALUE!"},{"$error":"#VALUE!"},0,{"$error":"#VALUE!"},{"$error":"#VALUE!"},{"$error":"#VALUE!"},{"$error":"#VALUE!"},{"$error":"#VALUE!"},{"$error":"#VALUE!"},{"$error":"#VALUE!"},{"$error":"#VALUE!"},{"$error":"#VALUE!"},{"$error":"#VALUE!"},{"$error":"#VALUE!"},{"$error":"#VALUE!"},{"$error":"#VALUE!"},{"$error":"#VALUE!"},{"$error":"#VALUE!"},{"$error":"#VALUE!"},{"$error":"#VALUE!"},{"$error":"#VALUE!"},{"$error":"#VALUE!"},{"$error":"#VALUE!"},{"$error":"#VALUE!"},{"$error":"#VALUE!"},{"$error":"#VALUE!"},{"$error":"#VALUE!"},{"$error":"#VALUE!"},{"$error":"#VALUE!"},{"$error":"#VALUE!"},{"$error":"#VALUE!"},{"$error":"#VALUE!"},{"$error":"#VALUE!"},{"$error":"#VALUE!"},{"$f":"SUM(CQ84,System2!CQ84,System3!CQ84)","v":{"$error":"#VALUE!"}},{"$error":"#VALUE!"},{"$error":"#VALUE!"},{"$error":"#VALUE!"},{"$error":"#VALUE!"},{"$error":"#VALUE!"},{"$error":"#VALUE!"},{"$error":"#VALUE!"},{"$error":"#VALUE!"},{"$error":"#VALUE!"},{"$error":"#VALUE!"},{"$error":"#VALUE!"},{"$error":"#VALUE!"},{"$error":"#VALUE!"},{"$error":"#VALUE!"},{"$error":"#VALUE!"},{"$error":"#VALUE!"},{"$error":"#VALUE!"},{"$error":"#VALUE!"},{"$error":"#VALUE!"},{"$error":"#VALUE!"},{"$error":"#VALUE!"},{"$error":"#VALUE!"},{"$error":"#VALUE!"},{"$error":"#VALUE!"},{"$error":"#VALUE!"},{"$error":"#VALUE!"},{"$f":"SUM(DR84,System2!DR84,System3!DR84)","v":{"$error":"#VALUE!"}},{"$f":"DT$56","v":{"$error":"#VALUE!"}},{"$f":"DU$56","v":{"$error":"#VALUE!"}},{"$f":"DV$56","v":0},{"$f":"DW$56","v":{"$error":"#VALUE!"}},{"$error":"#VALUE!"},{"$error":"#VALUE!"},{"$error":"#VALUE!"},0,0,0,0,0,{"$error":"#VALUE!"},{"$f":"SUM(EF84,System2!EF84,System3!EF84)","v":{"$error":"#VALUE!"}},{"$error":"#VALUE!"},{"$error":"#VALUE!"},{"$error":"#VALUE!"},{"$error":"#VALUE!"},{"$error":"#VALUE!"},{"$error":"#VALUE!"},{"$error":"#VALUE!"},{"$error":"#VALUE!"},{"$error":"#VALUE!"},{"$error":"#VALUE!"},{"$error":"#VALUE!"},{"$error":"#VALUE!"},{"$error":"#VALUE!"},{"$error":"#VALUE!"},{"$error":"#VALUE!"},{"$error":"#VALUE!"},{"$error":"#VALUE!"},{"$error":"#VALUE!"},{"$error":"#VALUE!"},{"$error":"#VALUE!"},{"$error":"#VALUE!"},{"$error":"#VALUE!"},{"$error":"#VALUE!"},{"$error":"#VALUE!"},{"$error":"#VALUE!"},{"$error":"#VALUE!"},{"$f":"SUM(FG84,System2!FG84,System3!FG84)","v":{"$error":"#VALUE!"}},0,0,0,0,{"$error":"#VALUE!"},{"$error":"#VALUE!"},{"$error":"#VALUE!"},{"$error":"#VALUE!"},{"$error":"#VALUE!"},{"$error":"#VALUE!"},{"$error":"#VALUE!"},{"$error":"#VALUE!"},{"$error":"#VALUE!"},{"$error":"#VALUE!"},{"$error":"#VALUE!"},{"$error":"#VALUE!"},{"$error":"#VALUE!"},{"$error":"#VALUE!"},{"$error":"#VALUE!"},{"$error":"#VALUE!"},{"$error":"#VALUE!"},{"$error":"#VALUE!"},{"$error":"#VALUE!"},{"$error":"#VALUE!"},{"$f":"$GG$31*WaterFittings!BO59","v":{"$error":"#VALUE!"}},{"$f":"$GH$31*WaterFittings!BP59","v":{"$error":"#VALUE!"}},{"$f":"$GI$31*WaterFittings!BQ59","v":0},{"$f":"GJ$31*AirCond!BD58","v":{"$error":"#VALUE!"}},{"$f":"GK$31*AirCond!BE58","v":{"$error":"#VALUE!"}},{"$f":"GL$31*AirCond!BF58","v":{"$error":"#VALUE!"}},{"$f":"GM$31*AirCond!BG58","v":{"$error":"#VALUE!"}},{"$f":"GN$31*WaterFittings!BS59","v":0},{"$f":"GO$31*WaterFittings!BT59","v":0},{"$f":"GP$31*WaterFittings!BU59","v":0}]
[null,null,54,0,0,{"$error":"#VALUE!"},{"$error":"#VALUE!"},{"$error":"#VALUE!"},{"$error":"#VALUE!"},{"$error":"#VALUE!"},{"$error":"#VALUE!"},{"$error":"#VALUE!"},{"$error":"#VALUE!"},{"$error":"#VALUE!"},{"$error":"#VALUE!"},null,{"$error":"#VALUE!"},{"$error":"#VALUE!"},{"$error":"#VALUE!"},{"$error":"#VALUE!"},{"$error":"#VALUE!"},null,{"$error":"#VALUE!"},{"$error":"#VALUE!"},{"$error":"#VALUE!"},{"$error":"#VALUE!"},{"$error":"#VALUE!"},null,26,{"$f":"SUM(SUMPRODUCT(AF$20:AJ$20,Q85:U85),SUMPRODUCT(AF$20:AJ$20,System2!Q85:U85),SUMPRODUCT(AF$20:AJ$20,System3!Q85:U85))","v":{"$error":"#VALUE!"}},{"$f":"SUM(SUMPRODUCT(AF$21:AJ$21,W85:AA85),SUMPRODUCT(AF$21:AJ$21,System2!W85:AA85),SUMPRODUCT(AF$21:AJ$21,System3!W85:AA85))","v":{"$error":"#VALUE!"}},{"$f":"WaterFittings!BN60","v":{"$error":"#VALUE!"}},{"$error":"#VALUE!"},{"$error":"#VALUE!"},{"$f":"MIN(AirCond!BL59,P$21)","v":0},{"$error":"#VALUE!"},{"$f":"MIN(ROUNDDOWN(AJ85-FH85,0),ROUNDDOWN(P$21*0.3,0),ROUNDDOWN(SUM(SUMPRODUCT(I$4:I$15,L$4:L$15),SUMPRODUCT(System2!I$4:I$15,System2!L$4:L$15),SUMPRODUCT(System3!I$4:I$15,System3!L$4:L$15))*0.3,0))","v":{"$error":"#VALUE!"}},0,{"$error":"#VALUE!"},{"$error":"#VALUE!"},{"$error":"#VALUE!"},0,{"$error":"#VALUE!"},{"$error":"#VALUE!"},{"$error":"#VALUE!"},0,null,null,null,0,0,0,0,null,{"$error":"#VALUE!"},{"$error":"#VALUE!"},{"$error":"#VALUE!"},{"$error":"#VALUE!"},{"$error":"#VALUE!"},{"$error":"#VALUE!"},{"$error":"#VALUE!"},{"$error":"#VALUE!"},{"$error":"#VALUE!"},0,{"$error":"#VALUE!"},{"$error":"#VALUE!"},{"$error":"#VALUE!"},{"$error":"#VALUE!"},{"$error":"#VALUE!"},{"$error":"#VALUE!"},{"$error":"#VALUE!"},{"$error":"#VALUE!"},{"$error":"#VALUE!"},{"$error":"#VALUE!"},{"$error":"#VALUE!"},{"$error":"#VALUE!"},{"$error":"#VALUE!"},{"$error":"#VALUE!"},{"$error":"#VALUE!"},{"$error":"#VALUE!"},{"$error":"#VALUE!"},{"$error":"#VALUE!"},{"$error":"#VALUE!"},{"$error":"#VALUE!"},{"$error":"#VALUE!"},{"$error":"#VALUE!"},{"$error":"#VALUE!"},{"$error":"#VALUE!"},{"$error":"#VALUE!"},{"$error":"#VALUE!"},{"$error":"#VALUE!"},{"$error":"#VALUE!"},{"$error":"#VALUE!"},{"$error":"#VALUE!"},{"$error":"#VALUE!"},{"$f":"SUM(CQ85,System2!CQ85,System3!CQ85)","v":{"$error":"#VALUE!"}},{"$error":"#VALUE!"},{"$error":"#VALUE!"},{"$error":"#VALUE!"},{"$error":"#VALUE!"},{"$error":"#VALUE!"},{"$error":"#VALUE!"},{"$error":"#VALUE!"},{"$error":"#VALUE!"},{"$error":"#VALUE!"},{"$error":"#VALUE!"},{"$error":"#VALUE!"},{"$error":"#VALUE!"},{"$error":"#VALUE!"},{"$error":"#VALUE!"},{"$error":"#VALUE!"},{"$error":"#VALUE!"},{"$error":"#VALUE!"},{"$error":"#VALUE!"},{"$error":"#VALUE!"},{"$error":"#VALUE!"},{"$error":"#VALUE!"},{"$error":"#VALUE!"},{"$error":"#VALUE!"},{"$error":"#VALUE!"},{"$error":"#VALUE!"},{"$error":"#VALUE!"},{"$f":"SUM(DR85,System2!DR85,System3!DR85)","v":{"$error":"#VALUE!"}},{"$f":"DT$57","v":{"$error":"#VALUE!"}},{"$f":"DU$57","v":{"$error":"#VALUE!"}},{"$f":"DV$57","v":0},{"$f":"DW$57","v":{"$error":"#VALUE!"}},{"$error":"#VALUE!"},{"$error":"#VALUE!"},{"$error":"#VALUE!"},0,0,0,0,0,{"$error":"#VALUE!"},{"$f":"SUM(EF85,System2!EF85,System3!EF85)","v":{"$error":"#VALUE!"}},{"$error":"#VALUE!"},{"$error":"#VALUE!"},{"$error":"#VALUE!"},{"$error":"#VALUE!"},{"$error":"#VALUE!"},{"$error":"#VALUE!"},{"$error":"#VALUE!"},{"$error":"#VALUE!"},{"$error":"#VALUE!"},{"$error":"#VALUE!"},{"$error":"#VALUE!"},{"$error":"#VALUE!"},{"$error":"#VALUE!"},{"$error":"#VALUE!"},{"$error":"#VALUE!"},{"$error":"#VALUE!"},{"$error":"#VALUE!"},{"$error":"#VALUE!"},{"$error":"#VALUE!"},{"$error":"#VALUE!"},{"$error":"#VALUE!"},{"$error":"#VALUE!"},{"$error":"#VALUE!"},{"$error":"#VALUE!"},{"$error":"#VALUE!"},{"$error":"#VALUE!"},{"$f":"SUM(FG85,System2!FG85,System3!FG85)","v":{"$error":"#VALUE!"}},0,0,0,0,{"$error":"#VALUE!"},{"$error":"#VALUE!"},{"$error":"#VALUE!"},{"$error":"#VALUE!"},{"$error":"#VALUE!"},{"$error":"#VALUE!"},{"$error":"#VALUE!"},{"$error":"#VALUE!"},{"$error":"#VALUE!"},{"$error":"#VALUE!"},{"$error":"#VALUE!"},{"$error":"#VALUE!"},{"$error":"#VALUE!"},{"$error":"#VALUE!"},{"$error":"#VALUE!"},{"$error":"#VALUE!"},{"$error":"#VALUE!"},{"$error":"#VALUE!"},{"$error":"#VALUE!"},{"$error":"#VALUE!"},{"$f":"$GG$31*WaterFittings!BO60","v":{"$error":"#VALUE!"}},{"$f":"$GH$31*WaterFittings!BP60","v":{"$error":"#VALUE!"}},{"$f":"$GI$31*WaterFittings!BQ60","v":0},{"$f":"GJ$31*AirCond!BD59","v":{"$error":"#VALUE!"}},{"$f":"GK$31*AirCond!BE59","v":{"$error":"#VALUE!"}},{"$f":"GL$31*AirCond!BF59","v":{"$error":"#VALUE!"}},{"$f":"GM$31*AirCond!BG59","v":{"$error":"#VALUE!"}},{"$f":"GN$31*WaterFittings!BS60","v":0},{"$f":"GO$31*WaterFittings!BT60","v":0},{"$f":"GP$31*WaterFittings!BU60","v":0}]
[null,null,55,0,0,{"$error":"#VALUE!"},{"$error":"#VALUE!"},{"$error":"#VALUE!"},{"$error":"#VALUE!"},{"$error":"#VALUE!"},{"$error":"#VALUE!"},{"$error":"#VALUE!"},{"$error":"#VALUE!"},{"$error":"#VALUE!"},{"$error":"#VALUE!"},null,{"$error":"#VALUE!"},{"$error":"#VALUE!"},{"$error":"#VALUE!"},{"$error":"#VALUE!"},{"$error":"#VALUE!"},null,{"$error":"#VALUE!"},{"$error":"#VALUE!"},{"$error":"#VALUE!"},{"$error":"#VALUE!"},{"$error":"#VALUE!"},null,27,{"$f":"SUM(SUMPRODUCT(AF$20:AJ$20,Q86:U86),SUMPRODUCT(AF$20:AJ$20,System2!Q86:U86),SUMPRODUCT(AF$20:AJ$20,System3!Q86:U86))","v":{"$error":"#VALUE!"}},{"$f":"SUM(SUMPRODUCT(AF$21:AJ$21,W86:AA86),SUMPRODUCT(AF$21:AJ$21,System2!W86:AA86),SUMPRODUCT(AF$21:AJ$21,System3!W86:AA86))","v":{"$error":"#VALUE!"}},{"$f":"WaterFittings!BN61","v":{"$error":"#VALUE!"}},{"$error":"#VALUE!"},{"$error":"#VALUE!"},{"$f":"MIN(AirCond!BL60,P$21)","v":0},{"$error":"#VALUE!"},{"$f":"MIN(ROUNDDOWN(AJ86-FH86,0),ROUNDDOWN(P$21*0.3,0),ROUNDDOWN(SUM(SUMPRODUCT(I$4:I$15,L$4:L$15),SUMPRODUCT(System2!I$4:I$15,System2!L$4:L$15),SUMPRODUCT(System3!I$4:I$15,System3!L$4:L$15))*0.3,0))","v":{"$error":"#VALUE!"}},0,{"$error":"#VALUE!"},{"$error":"#VALUE!"},{"$error":"#VALUE!"},0,{"$error":"#VALUE!"},{"$error":"#VALUE!"},{"$error":"#VALUE!"},0,null,null,null,0,0,0,0,null,{"$error":"#VALUE!"},{"$error":"#VALUE!"},{"$error":"#VALUE!"},{"$error":"#VALUE!"},{"$error":"#VALUE!"},{"$error":"#VALUE!"},{"$error":"#VALUE!"},{"$error":"#VALUE!"},{"$error":"#VALUE!"},0,{"$error":"#VALUE!"},{"$error":"#VALUE!"},{"$error":"#VALUE!"},{"$error":"#VALUE!"},{"$error":"#VALUE!"},{"$error":"#VALUE!"},{"$error":"#VALUE!"},{"$error":"#VALUE!"},{"$error":"#VALUE!"},{"$error":"#VALUE!"},{"$error":"#VALUE!"},{"$error":"#VALUE!"},{"$error":"#VALUE!"},{"$error":"#VALUE!"},{"$error":"#VALUE!"},{"$error":"#VALUE!"},{"$error":"#VALUE!"},{"$error":"#VALUE!"},{"$error":"#VALUE!"},{"$error":"#VALUE!"},{"$error":"#VALUE!"},{"$error":"#VALUE!"},{"$error":"#VALUE!"},{"$error":"#VALUE!"},{"$error":"#VALUE!"},{"$error":"#VALUE!"},{"$error":"#VALUE!"},{"$error":"#VALUE!"},{"$error":"#VALUE!"},{"$error":"#VALUE!"},{"$error":"#VALUE!"},{"$f":"SUM(CQ86,System2!CQ86,System3!CQ86)","v":{"$error":"#VALUE!"}},{"$error":"#VALUE!"},{"$error":"#VALUE!"},{"$error":"#VALUE!"},{"$error":"#VALUE!"},{"$error":"#VALUE!"},{"$error":"#VALUE!"},{"$error":"#VALUE!"},{"$error":"#VALUE!"},{"$error":"#VALUE!"},{"$error":"#VALUE!"},{"$error":"#VALUE!"},{"$error":"#VALUE!"},{"$error":"#VALUE!"},{"$error":"#VALUE!"},{"$error":"#VALUE!"},{"$error":"#VALUE!"},{"$error":"#VALUE!"},{"$error":"#VALUE!"},{"$error":"#VALUE!"},{"$error":"#VALUE!"},{"$error":"#VALUE!"},{"$error":"#VALUE!"},{"$error":"#VALUE!"},{"$error":"#VALUE!"},{"$error":"#VALUE!"},{"$error":"#VALUE!"},{"$f":"SUM(DR86,System2!DR86,System3!DR86)","v":{"$error":"#VALUE!"}},{"$f":"DT$58","v":{"$error":"#VALUE!"}},{"$f":"DU$58","v":{"$error":"#VALUE!"}},{"$f":"DV$58","v":0},{"$f":"DW$58","v":{"$error":"#VALUE!"}},{"$error":"#VALUE!"},{"$error":"#VALUE!"},{"$error":"#VALUE!"},0,0,0,0,0,{"$error":"#VALUE!"},{"$f":"SUM(EF86,System2!EF86,System3!EF86)","v":{"$error":"#VALUE!"}},{"$error":"#VALUE!"},{"$error":"#VALUE!"},{"$error":"#VALUE!"},{"$error":"#VALUE!"},{"$error":"#VALUE!"},{"$error":"#VALUE!"},{"$error":"#VALUE!"},{"$error":"#VALUE!"},{"$error":"#VALUE!"},{"$error":"#VALUE!"},{"$error":"#VALUE!"},{"$error":"#VALUE!"},{"$error":"#VALUE!"},{"$error":"#VALUE!"},{"$error":"#VALUE!"},{"$error":"#VALUE!"},{"$error":"#VALUE!"},{"$error":"#VALUE!"},{"$error":"#VALUE!"},{"$error":"#VALUE!"},{"$error":"#VALUE!"},{"$error":"#VALUE!"},{"$error":"#VALUE!"},{"$error":"#VALUE!"},{"$error":"#VALUE!"},{"$error":"#VALUE!"},{"$f":"SUM(FG86,System2!FG86,System3!FG86)","v":{"$error":"#VALUE!"}},0,0,0,0,{"$error":"#VALUE!"},{"$error":"#VALUE!"},{"$error":"#VALUE!"},{"$error":"#VALUE!"},{"$error":"#VALUE!"},{"$error":"#VALUE!"},{"$error":"#VALUE!"},{"$error":"#VALUE!"},{"$error":"#VALUE!"},{"$error":"#VALUE!"},{"$error":"#VALUE!"},{"$error":"#VALUE!"},{"$error":"#VALUE!"},{"$error":"#VALUE!"},{"$error":"#VALUE!"},{"$error":"#VALUE!"},{"$error":"#VALUE!"},{"$error":"#VALUE!"},{"$error":"#VALUE!"},{"$error":"#VALUE!"},{"$f":"$GG$31*WaterFittings!BO61","v":{"$error":"#VALUE!"}},{"$f":"$GH$31*WaterFittings!BP61","v":{"$error":"#VALUE!"}},{"$f":"$GI$31*WaterFittings!BQ61","v":0},{"$f":"GJ$31*AirCond!BD60","v":{"$error":"#VALUE!"}},{"$f":"GK$31*AirCond!BE60","v":{"$error":"#VALUE!"}},{"$f":"GL$31*AirCond!BF60","v":{"$error":"#VALUE!"}},{"$f":"GM$31*AirCond!BG60","v":{"$error":"#VALUE!"}},{"$f":"GN$31*WaterFittings!BS61","v":0},{"$f":"GO$31*WaterFittings!BT61","v":0},{"$f":"GP$31*WaterFittings!BU61","v":0}]
[null,null,56,4.5,0,{"$error":"#VALUE!"},{"$error":"#VALUE!"},{"$error":"#VALUE!"},{"$error":"#VALUE!"},{"$error":"#VALUE!"},{"$error":"#VALUE!"},{"$error":"#VALUE!"},{"$error":"#VALUE!"},{"$error":"#VALUE!"},{"$error":"#VALUE!"},null,{"$error":"#VALUE!"},{"$error":"#VALUE!"},{"$error":"#VALUE!"},{"$error":"#VALUE!"},{"$error":"#VALUE!"},null,{"$error":"#VALUE!"},{"$error":"#VALUE!"},{"$error":"#VALUE!"},{"$error":"#VALUE!"},{"$error":"#VALUE!"},null,28,{"$f":"SUM(SUMPRODUCT(AF$20:AJ$20,Q87:U87),SUMPRODUCT(AF$20:AJ$20,System2!Q87:U87),SUMPRODUCT(AF$20:AJ$20,System3!Q87:U87))","v":{"$error":"#VALUE!"}},{"$f":"SUM(SUMPRODUCT(AF$21:AJ$21,W87:AA87),SUMPRODUCT(AF$21:AJ$21,System2!W87:AA87),SUMPRODUCT(AF$21:AJ$21,System3!W87:AA87))","v":{"$error":"#VALUE!"}},{"$f":"WaterFittings!BN62","v":{"$error":"#VALUE!"}},{"$error":"#VALUE!"},{"$error":"#VALUE!"},{"$f":"MIN(AirCond!BL61,P$21)","v":0},{"$error":"#VALUE!"},{"$f":"MIN(ROUNDDOWN(AJ87-FH87,0),ROUNDDOWN(P$21*0.3,0),ROUNDDOWN(SUM(SUMPRODUCT(I$4:I$15,L$4:L$15),SUMPRODUCT(System2!I$4:I$15,System2!L$4:L$15),SUMPRODUCT(System3!I$4:I$15,System3!L$4:L$15))*0.3,0))","v":{"$error":"#VALUE!"}},0,{"$error":"#VALUE!"},{"$error":"#VALUE!"},{"$error":"#VALUE!"},0,{"$error":"#VALUE!"},{"$error":"#VALUE!"},{"$error":"#VALUE!"},0,null,null,null,0,0,0,0,null,{"$error":"#VALUE!"},{"$error":"#VALUE!"},{"$error":"#VALUE!"},{"$error":"#VALUE!"},{"$error":"#VALUE!"},{"$error":"#VALUE!"},{"$error":"#VALUE!"},{"$error":"#VALUE!"},{"$error":"#VALUE!"},0,{"$error":"#VALUE!"},{"$error":"#VALUE!"},{"$error":"#VALUE!"},{"$error":"#VALUE!"},{"$error":"#VALUE!"},{"$error":"#VALUE!"},{"$error":"#VALUE!"},{"$error":"#VALUE!"},{"$error":"#VALUE!"},{"$error":"#VALUE!"},{"$error":"#VALUE!"},{"$error":"#VALUE!"},{"$error":"#VALUE!"},{"$error":"#VALUE!"},{"$error":"#VALUE!"},{"$error":"#VALUE!"},{"$error":"#VALUE!"},{"$error":"#VALUE!"},{"$error":"#VALUE!"},{"$error":"#VALUE!"},{"$error":"#VALUE!"},{"$error":"#VALUE!"},{"$error":"#VALUE!"},{"$error":"#VALUE!"},{"$error":"#VALUE!"},{"$error":"#VALUE!"},{"$error":"#VALUE!"},{"$error":"#VALUE!"},{"$error":"#VALUE!"},{"$error":"#VALUE!"},{"$error":"#VALUE!"},{"$f":"SUM(CQ87,System2!CQ87,System3!CQ87)","v":{"$error":"#VALUE!"}},{"$error":"#VALUE!"},{"$error":"#VALUE!"},{"$error":"#VALUE!"},{"$error":"#VALUE!"},{"$error":"#VALUE!"},{"$error":"#VALUE!"},{"$error":"#VALUE!"},{"$error":"#VALUE!"},{"$error":"#VALUE!"},{"$error":"#VALUE!"},{"$error":"#VALUE!"},{"$error":"#VALUE!"},{"$error":"#VALUE!"},{"$error":"#VALUE!"},{"$error":"#VALUE!"},{"$error":"#VALUE!"},{"$error":"#VALUE!"},{"$error":"#VALUE!"},{"$error":"#VALUE!"},{"$error":"#VALUE!"},{"$error":"#VALUE!"},{"$error":"#VALUE!"},{"$error":"#VALUE!"},{"$error":"#VALUE!"},{"$error":"#VALUE!"},{"$error":"#VALUE!"},{"$f":"SUM(DR87,System2!DR87,System3!DR87)","v":{"$error":"#VALUE!"}},{"$f":"DT$59","v":{"$error":"#VALUE!"}},{"$f":"DU$59","v":{"$error":"#VALUE!"}},{"$f":"DV$59","v":0},{"$f":"DW$59","v":{"$error":"#VALUE!"}},{"$error":"#VALUE!"},{"$error":"#VALUE!"},{"$error":"#VALUE!"},0,0,0,0,0,{"$error":"#VALUE!"},{"$f":"SUM(EF87,System2!EF87,System3!EF87)","v":{"$error":"#VALUE!"}},{"$error":"#VALUE!"},{"$error":"#VALUE!"},{"$error":"#VALUE!"},{"$error":"#VALUE!"},{"$error":"#VALUE!"},{"$error":"#VALUE!"},{"$error":"#VALUE!"},{"$error":"#VALUE!"},{"$error":"#VALUE!"},{"$error":"#VALUE!"},{"$error":"#VALUE!"},{"$error":"#VALUE!"},{"$error":"#VALUE!"},{"$error":"#VALUE!"},{"$error":"#VALUE!"},{"$error":"#VALUE!"},{"$error":"#VALUE!"},{"$error":"#VALUE!"},{"$error":"#VALUE!"},{"$error":"#VALUE!"},{"$error":"#VALUE!"},{"$error":"#VALUE!"},{"$error":"#VALUE!"},{"$error":"#VALUE!"},{"$error":"#VALUE!"},{"$error":"#VALUE!"},{"$f":"SUM(FG87,System2!FG87,System3!FG87)","v":{"$error":"#VALUE!"}},0,0,0,0,{"$error":"#VALUE!"},{"$error":"#VALUE!"},{"$error":"#VALUE!"},{"$error":"#VALUE!"},{"$error":"#VALUE!"},{"$error":"#VALUE!"},{"$error":"#VALUE!"},{"$error":"#VALUE!"},{"$error":"#VALUE!"},{"$error":"#VALUE!"},{"$error":"#VALUE!"},{"$error":"#VALUE!"},{"$error":"#VALUE!"},{"$error":"#VALUE!"},{"$error":"#VALUE!"},{"$error":"#VALUE!"},{"$error":"#VALUE!"},{"$error":"#VALUE!"},{"$error":"#VALUE!"},{"$error":"#VALUE!"},{"$f":"$GG$31*WaterFittings!BO62","v":{"$error":"#VALUE!"}},{"$f":"$GH$31*WaterFittings!BP62","v":{"$error":"#VALUE!"}},{"$f":"$GI$31*WaterFittings!BQ62","v":0},{"$f":"GJ$31*AirCond!BD61","v":{"$error":"#VALUE!"}},{"$f":"GK$31*AirCond!BE61","v":{"$error":"#VALUE!"}},{"$f":"GL$31*AirCond!BF61","v":{"$error":"#VALUE!"}},{"$f":"GM$31*AirCond!BG61","v":{"$error":"#VALUE!"}},{"$f":"GN$31*WaterFittings!BS62","v":0},{"$f":"GO$31*WaterFittings!BT62","v":0},{"$f":"GP$31*WaterFittings!BU62","v":0}]
[null,null,57,0.5,0,{"$error":"#VALUE!"},{"$error":"#VALUE!"},{"$error":"#VALUE!"},{"$error":"#VALUE!"},{"$error":"#VALUE!"},{"$error":"#VALUE!"},{"$error":"#VALUE!"},{"$error":"#VALUE!"},{"$error":"#VALUE!"},{"$error":"#VALUE!"},null,{"$error":"#VALUE!"},{"$error":"#VALUE!"},{"$error":"#VALUE!"},{"$error":"#VALUE!"},{"$error":"#VALUE!"},null,{"$error":"#VALUE!"},{"$error":"#VALUE!"},{"$error":"#VALUE!"},{"$error":"#VALUE!"},{"$f":"ROUNDDOWN(FF88,0)","v":{"$error":"#VALUE!"}},null,1,{"$f":"SUM(SUMPRODUCT(AF$20:AJ$20,Q88:U88),SUMPRODUCT(AF$20:AJ$20,System2!Q88:U88),SUMPRODUCT(AF$20:AJ$20,System3!Q88:U88))","v":{"$error":"#VALUE!"}},{"$f":"SUM(SUMPRODUCT(AF$21:AJ$21,W88:AA88),SUMPRODUCT(AF$21:AJ$21,System2!W88:AA88),SUMPRODUCT(AF$21:AJ$21,System3!W88:AA88))","v":{"$error":"#VALUE!"}},{"$f":"WaterFittings!BN63","v":{"$error":"#VALUE!"}},{"$error":"#VALUE!"},{"$error":"#VALUE!"},{"$f":"MIN(AirCond!BL62,P$21)","v":0},{"$error":"#VALUE!"},{"$f":"MIN(ROUNDDOWN(AJ88-FH88,0),ROUNDDOWN(P$21*0.3,0),ROUNDDOWN(SUM(SUMPRODUCT(I$4:I$15,L$4:L$15),SUMPRODUCT(System2!I$4:I$15,System2!L$4:L$15),SUMPRODUCT(System3!I$4:I$15,System3!L$4:L$15))*0.3,0))","v":{"$error":"#VALUE!"}},0,{"$error":"#VALUE!"},{"$error":"#VALUE!"},{"$error":"#VALUE!"},0,{"$error":"#VALUE!"},{"$error":"#VALUE!"},{"$error":"#VALUE!"},0,null,null,null,0,0,0,0,null,{"$error":"#VALUE!"},{"$error":"#VALUE!"},{"$error":"#VALUE!"},{"$error":"#VALUE!"},{"$error":"#VALUE!"},{"$error":"#VALUE!"},{"$error":"#VALUE!"},{"$error":"#VALUE!"},{"$error":"#VALUE!"},0,{"$error":"#VALUE!"},{"$error":"#VALUE!"},{"$error":"#VALUE!"},{"$error":"#VALUE!"},{"$error":"#VALUE!"},{"$error":"#VALUE!"},{"$error":"#VALUE!"},{"$error":"#VALUE!"},{"$error":"#VALUE!"},{"$error":"#VALUE!"},{"$error":"#VALUE!"},{"$error":"#VALUE!"},{"$error":"#VALUE!"},{"$error":"#VALUE!"},{"$error":"#VALUE!"},{"$error":"#VALUE!"},{"$error":"#VALUE!"},{"$error":"#VALUE!"},{"$error":"#VALUE!"},{"$error":"#VALUE!"},{"$error":"#VALUE!"},{"$error":"#VALUE!"},{"$error":"#VALUE!"},{"$error":"#VALUE!"},{"$error":"#VALUE!"},{"$error":"#VALUE!"},{"$error":"#VALUE!"},{"$error":"#VALUE!"},{"$error":"#VALUE!"},{"$error":"#VALUE!"},{"$error":"#VALUE!"},{"$f":"SUM(CQ88,System2!CQ88,System3!CQ88)","v":{"$error":"#VALUE!"}},{"$error":"#VALUE!"},{"$error":"#VALUE!"},{"$error":"#VALUE!"},{"$error":"#VALUE!"},{"$error":"#VALUE!"},{"$error":"#VALUE!"},{"$error":"#VALUE!"},{"$error":"#VALUE!"},{"$error":"#VALUE!"},{"$error":"#VALUE!"},{"$error":"#VALUE!"},{"$error":"#VALUE!"},{"$error":"#VALUE!"},{"$error":"#VALUE!"},{"$error":"#VALUE!"},{"$error":"#VALUE!"},{"$error":"#VALUE!"},{"$error":"#VALUE!"},{"$error":"#VALUE!"},{"$error":"#VALUE!"},{"$error":"#VALUE!"},{"$error":"#VALUE!"},{"$error":"#VALUE!"},{"$error":"#VALUE!"},{"$error":"#VALUE!"},{"$error":"#VALUE!"},{"$f":"SUM(DR88,System2!DR88,System3!DR88)","v":{"$error":"#VALUE!"}},{"$f":"DT$32","v":{"$error":"#VALUE!"}},{"$f":"DU$32","v":{"$error":"#VALUE!"}},{"$f":"DV$32","v":0},{"$f":"DW$32","v":{"$error":"#VALUE!"}},{"$error":"#VALUE!"},{"$error":"#VALUE!"},{"$error":"#VALUE!"},0,0,0,0,0,{"$error":"#VALUE!"},{"$f":"SUM(EF88,System2!EF88,System3!EF88)","v":{"$error":"#VALUE!"}},{"$error":"#VALUE!"},{"$error":"#VALUE!"},{"$error":"#VALUE!"},{"$error":"#VALUE!"},{"$error":"#VALUE!"},{"$error":"#VALUE!"},{"$error":"#VALUE!"},{"$error":"#VALUE!"},{"$error":"#VALUE!"},{"$error":"#VALUE!"},{"$error":"#VALUE!"},{"$error":"#VALUE!"},{"$error":"#VALUE!"},{"$error":"#VALUE!"},{"$error":"#VALUE!"},{"$error":"#VALUE!"},{"$error":"#VALUE!"},{"$error":"#VALUE!"},{"$error":"#VALUE!"},{"$error":"#VALUE!"},{"$error":"#VALUE!"},{"$error":"#VALUE!"},{"$error":"#VALUE!"},{"$error":"#VALUE!"},{"$error":"#VALUE!"},{"$error":"#VALUE!"},{"$f":"SUM(FG88,System2!FG88,System3!FG88)","v":{"$error":"#VALUE!"}},0,0,0,0,{"$error":"#VALUE!"},{"$error":"#VALUE!"},{"$error":"#VALUE!"},{"$error":"#VALUE!"},{"$error":"#VALUE!"},{"$error":"#VALUE!"},{"$error":"#VALUE!"},{"$error":"#VALUE!"},{"$error":"#VALUE!"},{"$error":"#VALUE!"},{"$error":"#VALUE!"},{"$error":"#VALUE!"},{"$error":"#VALUE!"},{"$error":"#VALUE!"},{"$error":"#VALUE!"},{"$error":"#VALUE!"},{"$error":"#VALUE!"},{"$error":"#VALUE!"},{"$error":"#VALUE!"},{"$error":"#VALUE!"},{"$f":"$GG$31*WaterFittings!BO63","v":{"$error":"#VALUE!"}},{"$f":"$GH$31*WaterFittings!BP63","v":{"$error":"#VALUE!"}},{"$f":"$GI$31*WaterFittings!BQ63","v":0},{"$f":"GJ$31*AirCond!BD62","v":{"$error":"#VALUE!"}},{"$f":"GK$31*AirCond!BE62","v":{"$error":"#VALUE!"}},{"$f":"GL$31*AirCond!BF62","v":{"$error":"#VALUE!"}},{"$f":"GM$31*AirCond!BG62","v":{"$error":"#VALUE!"}},{"$f":"GN$31*WaterFittings!BS63","v":0},{"$f":"GO$31*WaterFittings!BT63","v":0},{"$f":"GP$31*WaterFittings!BU63","v":0}]
[null,null,{"$f":"C88+1","v":58},4.5,0,{"$error":"#VALUE!"},{"$error":"#VALUE!"},{"$error":"#VALUE!"},{"$error":"#VALUE!"},{"$error":"#VALUE!"},{"$error":"#VALUE!"},{"$error":"#VALUE!"},{"$error":"#VALUE!"},{"$error":"#VALUE!"},{"$error":"#VALUE!"},null,{"$error":"#VALUE!"},{"$error":"#VALUE!"},{"$error":"#VALUE!"},{"$error":"#VALUE!"},{"$error":"#VALUE!"},null,{"$error":"#VALUE!"},{"$error":"#VALUE!"},{"$error":"#VALUE!"},{"$error":"#VALUE!"},{"$error":"#VALUE!"},null,2,{"$f":"SUM(SUMPRODUCT(AF$20:AJ$20,Q89:U89),SUMPRODUCT(AF$20:AJ$20,System2!Q89:U89),SUMPRODUCT(AF$20:AJ$20,System3!Q89:U89))","v":{"$error":"#VALUE!"}},{"$f":"SUM(SUMPRODUCT(AF$21:AJ$21,W89:AA89),SUMPRODUCT(AF$21:AJ$21,System2!W89:AA89),SUMPRODUCT(AF$21:AJ$21,System3!W89:AA89))","v":{"$error":"#VALUE!"}},{"$f":"WaterFittings!BN64","v":{"$error":"#VALUE!"}},{"$error":"#VALUE!"},{"$error":"#VALUE!"},{"$f":"MIN(AirCond!BL63,P$21)","v":0},{"$error":"#VALUE!"},{"$f":"MIN(ROUNDDOWN(AJ89-FH89,0),ROUNDDOWN(P$21*0.3,0),ROUNDDOWN(SUM(SUMPRODUCT(I$4:I$15,L$4:L$15),SUMPRODUCT(System2!I$4:I$15,System2!L$4:L$15),SUMPRODUCT(System3!I$4:I$15,System3!L$4:L$15))*0.3,0))","v":{"$error":"#VALUE!"}},0,{"$error":"#VALUE!"},{"$error":"#VALUE!"},{"$error":"#VALUE!"},0,{"$error":"#VALUE!"},{"$error":"#VALUE!"},{"$error":"#VALUE!"},0,null,null,null,0,0,0,0,null,{"$error":"#VALUE!"},{"$error":"#VALUE!"},{"$error":"#VALUE!"},{"$error":"#VALUE!"},{"$error":"#VALUE!"},{"$error":"#VALUE!"},{"$error":"#VALUE!"},{"$error":"#VALUE!"},{"$error":"#VALUE!"},0,{"$error":"#VALUE!"},{"$error":"#VALUE!"},{"$error":"#VALUE!"},{"$error":"#VALUE!"},{"$error":"#VALUE!"},{"$error":"#VALUE!"},{"$error":"#VALUE!"},{"$error":"#VALUE!"},{"$error":"#VALUE!"},{"$error":"#VALUE!"},{"$error":"#VALUE!"},{"$error":"#VALUE!"},{"$error":"#VALUE!"},{"$error":"#VALUE!"},{"$error":"#VALUE!"},{"$error":"#VALUE!"},{"$error":"#VALUE!"},{"$error":"#VALUE!"},{"$error":"#VALUE!"},{"$error":"#VALUE!"},{"$error":"#VALUE!"},{"$error":"#VALUE!"},{"$error":"#VALUE!"},{"$error":"#VALUE!"},{"$error":"#VALUE!"},{"$error":"#VALUE!"},{"$error":"#VALUE!"},{"$error":"#VALUE!"},{"$error":"#VALUE!"},{"$error":"#VALUE!"},{"$error":"#VALUE!"},{"$f":"SUM(CQ89,System2!CQ89,System3!CQ89)","v":{"$error":"#VALUE!"}},{"$error":"#VALUE!"},{"$error":"#VALUE!"},{"$error":"#VALUE!"},{"$error":"#VALUE!"},{"$error":"#VALUE!"},{"$error":"#VALUE!"},{"$error":"#VALUE!"},{"$error":"#VALUE!"},{"$error":"#VALUE!"},{"$error":"#VALUE!"},{"$error":"#VALUE!"},{"$error":"#VALUE!"},{"$error":"#VALUE!"},{"$error":"#VALUE!"},{"$error":"#VALUE!"},{"$error":"#VALUE!"},{"$error":"#VALUE!"},{"$error":"#VALUE!"},{"$error":"#VALUE!"},{"$error":"#VALUE!"},{"$error":"#VALUE!"},{"$error":"#VALUE!"},{"$error":"#VALUE!"},{"$error":"#VALUE!"},{"$error":"#VALUE!"},{"$error":"#VALUE!"},{"$f":"SUM(DR89,System2!DR89,System3!DR89)","v":{"$error":"#VALUE!"}},{"$f":"DT$33","v":{"$error":"#VALUE!"}},{"$f":"DU$33","v":{"$error":"#VALUE!"}},{"$f":"DV$33","v":0},{"$f":"DW$33","v":{"$error":"#VALUE!"}},{"$error":"#VALUE!"},{"$error":"#VALUE!"},{"$error":"#VALUE!"},0,0,0,0,0,{"$error":"#VALUE!"},{"$f":"SUM(EF89,System2!EF89,System3!EF89)","v":{"$error":"#VALUE!"}},{"$error":"#VALUE!"},{"$error":"#VALUE!"},{"$error":"#VALUE!"},{"$error":"#VALUE!"},{"$error":"#VALUE!"},{"$error":"#VALUE!"},{"$error":"#VALUE!"},{"$error":"#VALUE!"},{"$error":"#VALUE!"},{"$error":"#VALUE!"},{"$error":"#VALUE!"},{"$error":"#VALUE!"},{"$error":"#VALUE!"},{"$error":"#VALUE!"},{"$error":"#VALUE!"},{"$error":"#VALUE!"},{"$error":"#VALUE!"},{"$error":"#VALUE!"},{"$error":"#VALUE!"},{"$error":"#VALUE!"},{"$error":"#VALUE!"},{"$error":"#VALUE!"},{"$error":"#VALUE!"},{"$error":"#VALUE!"},{"$error":"#VALUE!"},{"$error":"#VALUE!"},{"$f":"SUM(FG89,System2!FG89,System3!FG89)","v":{"$error":"#VALUE!"}},0,0,0,0,{"$error":"#VALUE!"},{"$error":"#VALUE!"},{"$error":"#VALUE!"},{"$error":"#VALUE!"},{"$error":"#VALUE!"},{"$error":"#VALUE!"},{"$error":"#VALUE!"},{"$error":"#VALUE!"},{"$error":"#VALUE!"},{"$error":"#VALUE!"},{"$error":"#VALUE!"},{"$error":"#VALUE!"},{"$error":"#VALUE!"},{"$error":"#VALUE!"},{"$error":"#VALUE!"},{"$error":"#VALUE!"},{"$error":"#VALUE!"},{"$error":"#VALUE!"},{"$error":"#VALUE!"},{"$error":"#VALUE!"},{"$f":"$GG$31*WaterFittings!BO64","v":{"$error":"#VALUE!"}},{"$f":"$GH$31*WaterFittings!BP64","v":{"$error":"#VALUE!"}},{"$f":"$GI$31*WaterFittings!BQ64","v":0},{"$f":"GJ$31*AirCond!BD63","v":{"$error":"#VALUE!"}},{"$f":"GK$31*AirCond!BE63","v":{"$error":"#VALUE!"}},{"$f":"GL$31*AirCond!BF63","v":{"$error":"#VALUE!"}},{"$f":"GM$31*AirCond!BG63","v":{"$error":"#VALUE!"}},{"$f":"GN$31*WaterFittings!BS64","v":0},{"$f":"GO$31*WaterFittings!BT64","v":0},{"$f":"GP$31*WaterFittings!BU64","v":0}]
[null,null,59,0,0,{"$error":"#VALUE!"},{"$error":"#VALUE!"},{"$error":"#VALUE!"},{"$error":"#VALUE!"},{"$error":"#VALUE!"},{"$error":"#VALUE!"},{"$error":"#VALUE!"},{"$error":"#VALUE!"},{"$error":"#VALUE!"},{"$error":"#VALUE!"},null,{"$error":"#VALUE!"},{"$error":"#VALUE!"},{"$error":"#VALUE!"},{"$error":"#VALUE!"},{"$error":"#VALUE!"},null,{"$error":"#VALUE!"},{"$error":"#VALUE!"},{"$error":"#VALUE!"},{"$error":"#VALUE!"},{"$error":"#VALUE!"},null,3,{"$f":"SUM(SUMPRODUCT(AF$20:AJ$20,Q90:U90),SUMPRODUCT(AF$20:AJ$20,System2!Q90:U90),SUMPRODUCT(AF$20:AJ$20,System3!Q90:U90))","v":{"$error":"#VALUE!"}},{"$f":"SUM(SUMPRODUCT(AF$21:AJ$21,W90:AA90),SUMPRODUCT(AF$21:AJ$21,System2!W90:AA90),SUMPRODUCT(AF$21:AJ$21,System3!W90:AA90))","v":{"$error":"#VALUE!"}},{"$f":"WaterFittings!BN65","v":{"$error":"#VALUE!"}},{"$error":"#VALUE!"},{"$error":"#VALUE!"},{"$f":"MIN(AirCond!BL64,P$21)","v":0},{"$error":"#VALUE!"},{"$f":"MIN(ROUNDDOWN(AJ90-FH90,0),ROUNDDOWN(P$21*0.3,0),ROUNDDOWN(SUM(SUMPRODUCT(I$4:I$15,L$4:L$15),SUMPRODUCT(System2!I$4:I$15,System2!L$4:L$15),SUMPRODUCT(System3!I$4:I$15,System3!L$4:L$15))*0.3,0))","v":{"$error":"#VALUE!"}},0,{"$error":"#VALUE!"},{"$error":"#VALUE!"},{"$error":"#VALUE!"},0,{"$error":"#VALUE!"},{"$error":"#VALUE!"},{"$error":"#VALUE!"},0,null,null,null,0,0,0,0,null,{"$error":"#VALUE!"},{"$error":"#VALUE!"},{"$error":"#VALUE!"},{"$error":"#VALUE!"},{"$error":"#VALUE!"},{"$error":"#VALUE!"},{"$error":"#VALUE!"},{"$error":"#VALUE!"},{"$error":"#VALUE!"},0,{"$error":"#VALUE!"},{"$error":"#VALUE!"},{"$error":"#VALUE!"},{"$error":"#VALUE!"},{"$error":"#VALUE!"},{"$error":"#VALUE!"},{"$error":"#VALUE!"},{"$error":"#VALUE!"},{"$error":"#VALUE!"},{"$error":"#VALUE!"},{"$error":"#VALUE!"},{"$error":"#VALUE!"},{"$error":"#VALUE!"},{"$error":"#VALUE!"},{"$error":"#VALUE!"},{"$error":"#VALUE!"},{"$error":"#VALUE!"},{"$error":"#VALUE!"},{"$error":"#VALUE!"},{"$error":"#VALUE!"},{"$error":"#VALUE!"},{"$error":"#VALUE!"},{"$error":"#VALUE!"},{"$error":"#VALUE!"},{"$error":"#VALUE!"},{"$error":"#VALUE!"},{"$error":"#VALUE!"},{"$error":"#VALUE!"},{"$error":"#VALUE!"},{"$error":"#VALUE!"},{"$error":"#VALUE!"},{"$f":"SUM(CQ90,System2!CQ90,System3!CQ90)","v":{"$error":"#VALUE!"}},{"$error":"#VALUE!"},{"$error":"#VALUE!"},{"$error":"#VALUE!"},{"$error":"#VALUE!"},{"$error":"#VALUE!"},{"$error":"#VALUE!"},{"$error":"#VALUE!"},{"$error":"#VALUE!"},{"$error":"#VALUE!"},{"$error":"#VALUE!"},{"$error":"#VALUE!"},{"$error":"#VALUE!"},{"$error":"#VALUE!"},{"$error":"#VALUE!"},{"$error":"#VALUE!"},{"$error":"#VALUE!"},{"$error":"#VALUE!"},{"$error":"#VALUE!"},{"$error":"#VALUE!"},{"$error":"#VALUE!"},{"$error":"#VALUE!"},{"$error":"#VALUE!"},{"$error":"#VALUE!"},{"$error":"#VALUE!"},{"$error":"#VALUE!"},{"$error":"#VALUE!"},{"$f":"SUM(DR90,System2!DR90,System3!DR90)","v":{"$error":"#VALUE!"}},{"$f":"DT$34","v":{"$error":"#VALUE!"}},{"$f":"DU$34","v":{"$error":"#VALUE!"}},{"$f":"DV$34","v":0},{"$f":"DW$34","v":{"$error":"#VALUE!"}},{"$error":"#VALUE!"},{"$error":"#VALUE!"},{"$error":"#VALUE!"},0,0,0,0,0,{"$error":"#VALUE!"},{"$f":"SUM(EF90,System2!EF90,System3!EF90)","v":{"$error":"#VALUE!"}},{"$error":"#VALUE!"},{"$error":"#VALUE!"},{"$error":"#VALUE!"},{"$error":"#VALUE!"},{"$error":"#VALUE!"},{"$error":"#VALUE!"},{"$error":"#VALUE!"},{"$error":"#VALUE!"},{"$error":"#VALUE!"},{"$error":"#VALUE!"},{"$error":"#VALUE!"},{"$error":"#VALUE!"},{"$error":"#VALUE!"},{"$error":"#VALUE!"},{"$error":"#VALUE!"},{"$error":"#VALUE!"},{"$error":"#VALUE!"},{"$error":"#VALUE!"},{"$error":"#VALUE!"},{"$error":"#VALUE!"},{"$error":"#VALUE!"},{"$error":"#VALUE!"},{"$error":"#VALUE!"},{"$error":"#VALUE!"},{"$error":"#VALUE!"},{"$error":"#VALUE!"},{"$f":"SUM(FG90,System2!FG90,System3!FG90)","v":{"$error":"#VALUE!"}},0,0,0,0,{"$error":"#VALUE!"},{"$error":"#VALUE!"},{"$error":"#VALUE!"},{"$error":"#VALUE!"},{"$error":"#VALUE!"},{"$error":"#VALUE!"},{"$error":"#VALUE!"},{"$error":"#VALUE!"},{"$error":"#VALUE!"},{"$error":"#VALUE!"},{"$error":"#VALUE!"},{"$error":"#VALUE!"},{"$error":"#VALUE!"},{"$error":"#VALUE!"},{"$error":"#VALUE!"},{"$error":"#VALUE!"},{"$error":"#VALUE!"},{"$error":"#VALUE!"},{"$error":"#VALUE!"},{"$error":"#VALUE!"},{"$f":"$GG$31*WaterFittings!BO65","v":{"$error":"#VALUE!"}},{"$f":"$GH$31*WaterFittings!BP65","v":{"$error":"#VALUE!"}},{"$f":"$GI$31*WaterFittings!BQ65","v":0},{"$f":"GJ$31*AirCond!BD64","v":{"$error":"#VALUE!"}},{"$f":"GK$31*AirCond!BE64","v":{"$error":"#VALUE!"}},{"$f":"GL$31*AirCond!BF64","v":{"$error":"#VALUE!"}},{"$f":"GM$31*AirCond!BG64","v":{"$error":"#VALUE!"}},{"$f":"GN$31*WaterFittings!BS65","v":0},{"$f":"GO$31*WaterFittings!BT65","v":0},{"$f":"GP$31*WaterFittings!BU65","v":0}]
[null,"March",60,0,0,{"$error":"#VALUE!"},{"$error":"#VALUE!"},{"$error":"#VALUE!"},{"$error":"#VALUE!"},{"$error":"#VALUE!"},{"$error":"#VALUE!"},{"$error":"#VALUE!"},{"$error":"#VALUE!"},{"$error":"#VALUE!"},{"$error":"#VALUE!"},null,{"$error":"#VALUE!"},{"$error":"#VALUE!"},{"$error":"#VALUE!"},{"$error":"#VALUE!"},{"$error":"#VALUE!"},null,{"$error":"#VALUE!"},{"$error":"#VALUE!"},{"$error":"#VALUE!"},{"$error":"#VALUE!"},{"$error":"#VALUE!"},null,4,{"$f":"SUM(SUMPRODUCT(AF$20:AJ$20,Q91:U91),SUMPRODUCT(AF$20:AJ$20,System2!Q91:U91),SUMPRODUCT(AF$20:AJ$20,System3!Q91:U91))","v":{"$error":"#VALUE!"}},{"$f":"SUM(SUMPRODUCT(AF$21:AJ$21,W91:AA91),SUMPRODUCT(AF$21:AJ$21,System2!W91:AA91),SUMPRODUCT(AF$21:AJ$21,System3!W91:AA91))","v":{"$error":"#VALUE!"}},{"$f":"WaterFittings!BN66","v":{"$error":"#VALUE!"}},{"$error":"#VALUE!"},{"$error":"#VALUE!"},{"$f":"MIN(AirCond!BL65,P$21)","v":0},{"$error":"#VALUE!"},{"$f":"MIN(ROUNDDOWN(AJ91-FH91,0),ROUNDDOWN(P$21*0.3,0),ROUNDDOWN(SUM(SUMPRODUCT(I$4:I$15,L$4:L$15),SUMPRODUCT(System2!I$4:I$15,System2!L$4:L$15),SUMPRODUCT(System3!I$4:I$15,System3!L$4:L$15))*0.3,0))","v":{"$error":"#VALUE!"}},0,{"$error":"#VALUE!"},{"$error":"#VALUE!"},{"$error":"#VALUE!"},0,{"$error":"#VALUE!"},{"$error":"#VALUE!"},{"$error":"#VALUE!"},0,null,null,null,0,0,0,0,null,{"$error":"#VALUE!"},{"$error":"#VALUE!"},{"$error":"#VALUE!"},{"$error":"#VALUE!"},{"$error":"#VALUE!"},{"$error":"#VALUE!"},{"$error":"#VALUE!"},{"$error":"#VALUE!"},{"$error":"#VALUE!"},0,{"$error":"#VALUE!"},{"$error":"#VALUE!"},{"$error":"#VALUE!"},{"$error":"#VALUE!"},{"$error":"#VALUE!"},{"$error":"#VALUE!"},{"$error":"#VALUE!"},{"$error":"#VALUE!"},{"$error":"#VALUE!"},{"$error":"#VALUE!"},{"$error":"#VALUE!"},{"$error":"#VALUE!"},{"$error":"#VALUE!"},{"$error":"#VALUE!"},{"$error":"#VALUE!"},{"$error":"#VALUE!"},{"$error":"#VALUE!"},{"$error":"#VALUE!"},{"$error":"#VALUE!"},{"$error":"#VALUE!"},{"$error":"#VALUE!"},{"$error":"#VALUE!"},{"$error":"#VALUE!"},{"$error":"#VALUE!"},{"$error":"#VALUE!"},{"$error":"#VALUE!"},{"$error":"#VALUE!"},{"$error":"#VALUE!"},{"$error":"#VALUE!"},{"$error":"#VALUE!"},{"$error":"#VALUE!"},{"$f":"SUM(CQ91,System2!CQ91,System3!CQ91)","v":{"$error":"#VALUE!"}},{"$error":"#VALUE!"},{"$error":"#VALUE!"},{"$error":"#VALUE!"},{"$error":"#VALUE!"},{"$error":"#VALUE!"},{"$error":"#VALUE!"},{"$error":"#VALUE!"},{"$error":"#VALUE!"},{"$error":"#VALUE!"},{"$error":"#VALUE!"},{"$error":"#VALUE!"},{"$error":"#VALUE!"},{"$error":"#VALUE!"},{"$error":"#VALUE!"},{"$error":"#VALUE!"},{"$error":"#VALUE!"},{"$error":"#VALUE!"},{"$error":"#VALUE!"},{"$error":"#VALUE!"},{"$error":"#VALUE!"},{"$error":"#VALUE!"},{"$error":"#VALUE!"},{"$error":"#VALUE!"},{"$error":"#VALUE!"},{"$error":"#VALUE!"},{"$error":"#VALUE!"},{"$f":"SUM(DR91,System2!DR91,System3!DR91)","v":{"$error":"#VALUE!"}},{"$f":"DT$35","v":{"$error":"#VALUE!"}},{"$f":"DU$35","v":{"$error":"#VALUE!"}},{"$f":"DV$35","v":0},{"$f":"DW$35","v":{"$error":"#VALUE!"}},{"$error":"#VALUE!"},{"$error":"#VALUE!"},{"$error":"#VALUE!"},0,0,0,0,0,{"$error":"#VALUE!"},{"$f":"SUM(EF91,System2!EF91,System3!EF91)","v":{"$error":"#VALUE!"}},{"$error":"#VALUE!"},{"$error":"#VALUE!"},{"$error":"#VALUE!"},{"$error":"#VALUE!"},{"$error":"#VALUE!"},{"$error":"#VALUE!"},{"$error":"#VALUE!"},{"$error":"#VALUE!"},{"$error":"#VALUE!"},{"$error":"#VALUE!"},{"$error":"#VALUE!"},{"$error":"#VALUE!"},{"$error":"#VALUE!"},{"$error":"#VALUE!"},{"$error":"#VALUE!"},{"$error":"#VALUE!"},{"$error":"#VALUE!"},{"$error":"#VALUE!"},{"$error":"#VALUE!"},{"$error":"#VALUE!"},{"$error":"#VALUE!"},{"$error":"#VALUE!"},{"$error":"#VALUE!"},{"$error":"#VALUE!"},{"$error":"#VALUE!"},{"$error":"#VALUE!"},{"$f":"SUM(FG91,System2!FG91,System3!FG91)","v":{"$error":"#VALUE!"}},0,0,0,0,{"$error":"#VALUE!"},{"$error":"#VALUE!"},{"$error":"#VALUE!"},{"$error":"#VALUE!"},{"$error":"#VALUE!"},{"$error":"#VALUE!"},{"$error":"#VALUE!"},{"$error":"#VALUE!"},{"$error":"#VALUE!"},{"$error":"#VALUE!"},{"$error":"#VALUE!"},{"$error":"#VALUE!"},{"$error":"#VALUE!"},{"$error":"#VALUE!"},{"$error":"#VALUE!"},{"$error":"#VALUE!"},{"$error":"#VALUE!"},{"$error":"#VALUE!"},{"$error":"#VALUE!"},{"$error":"#VALUE!"},{"$f":"$GG$31*WaterFittings!BO66","v":{"$error":"#VALUE!"}},{"$f":"$GH$31*WaterFittings!BP66","v":{"$error":"#VALUE!"}},{"$f":"$GI$31*WaterFittings!BQ66","v":0},{"$f":"GJ$31*AirCond!BD65","v":{"$error":"#VALUE!"}},{"$f":"GK$31*AirCond!BE65","v":{"$error":"#VALUE!"}},{"$f":"GL$31*AirCond!BF65","v":{"$error":"#VALUE!"}},{"$f":"GM$31*AirCond!BG65","v":{"$error":"#VALUE!"}},{"$f":"GN$31*WaterFittings!BS66","v":0},{"$f":"GO$31*WaterFittings!BT66","v":0},{"$f":"GP$31*WaterFittings!BU66","v":0}]
[null,null,61,0,0,{"$error":"#VALUE!"},{"$error":"#VALUE!"},{"$error":"#VALUE!"},{"$error":"#VALUE!"},{"$error":"#VALUE!"},{"$error":"#VALUE!"},{"$error":"#VALUE!"},{"$error":"#VALUE!"},{"$error":"#VALUE!"},{"$error":"#VALUE!"},null,{"$error":"#VALUE!"},{"$error":"#VALUE!"},{"$error":"#VALUE!"},{"$error":"#VALUE!"},{"$error":"#VALUE!"},null,{"$error":"#VALUE!"},{"$error":"#VALUE!"},{"$error":"#VALUE!"},{"$error":"#VALUE!"},{"$error":"#VALUE!"},null,5,{"$f":"SUM(SUMPRODUCT(AF$20:AJ$20,Q92:U92),SUMPRODUCT(AF$20:AJ$20,System2!Q92:U92),SUMPRODUCT(AF$20:AJ$20,System3!Q92:U92))","v":{"$error":"#VALUE!"}},{"$f":"SUM(SUMPRODUCT(AF$21:AJ$21,W92:AA92),SUMPRODUCT(AF$21:AJ$21,System2!W92:AA92),SUMPRODUCT(AF$21:AJ$21,System3!W92:AA92))","v":{"$error":"#VALUE!"}},{"$f":"WaterFittings!BN67","v":{"$error":"#VALUE!"}},{"$error":"#VALUE!"},{"$error":"#VALUE!"},{"$f":"MIN(AirCond!BL66,P$21)","v":0},{"$error":"#VALUE!"},{"$f":"MIN(ROUNDDOWN(AJ92-FH92,0),ROUNDDOWN(P$21*0.3,0),ROUNDDOWN(SUM(SUMPRODUCT(I$4:I$15,L$4:L$15),SUMPRODUCT(System2!I$4:I$15,System2!L$4:L$15),SUMPRODUCT(System3!I$4:I$15,System3!L$4:L$15))*0.3,0))","v":{"$error":"#VALUE!"}},0,{"$error":"#VALUE!"},{"$error":"#VALUE!"},{"$error":"#VALUE!"},0,{"$error":"#VALUE!"},{"$error":"#VALUE!"},{"$error":"#VALUE!"},0,null,null,null,0,0,0,0,null,{"$error":"#VALUE!"},{"$error":"#VALUE!"},{"$error":"#VALUE!"},{"$error":"#VALUE!"},{"$error":"#VALUE!"},{"$error":"#VALUE!"},{"$error":"#VALUE!"},{"$error":"#VALUE!"},{"$error":"#VALUE!"},0,{"$error":"#VALUE!"},{"$error":"#VALUE!"},{"$error":"#VALUE!"},{"$error":"#VALUE!"},{"$error":"#VALUE!"},{"$error":"#VALUE!"},{"$error":"#VALUE!"},{"$error":"#VALUE!"},{"$error":"#VALUE!"},{"$error":"#VALUE!"},{"$error":"#VALUE!"},{"$error":"#VALUE!"},{"$error":"#VALUE!"},{"$error":"#VALUE!"},{"$error":"#VALUE!"},{"$error":"#VALUE!"},{"$error":"#VALUE!"},{"$error":"#VALUE!"},{"$error":"#VALUE!"},{"$error":"#VALUE!"},{"$error":"#VALUE!"},{"$error":"#VALUE!"},{"$error":"#VALUE!"},{"$error":"#VALUE!"},{"$error":"#VALUE!"},{"$error":"#VALUE!"},{"$error":"#VALUE!"},{"$error":"#VALUE!"},{"$error":"#VALUE!"},{"$error":"#VALUE!"},{"$error":"#VALUE!"},{"$f":"SUM(CQ92,System2!CQ92,System3!CQ92)","v":{"$error":"#VALUE!"}},{"$error":"#VALUE!"},{"$error":"#VALUE!"},{"$error":"#VALUE!"},{"$error":"#VALUE!"},{"$error":"#VALUE!"},{"$error":"#VALUE!"},{"$error":"#VALUE!"},{"$error":"#VALUE!"},{"$error":"#VALUE!"},{"$error":"#VALUE!"},{"$error":"#VALUE!"},{"$error":"#VALUE!"},{"$error":"#VALUE!"},{"$error":"#VALUE!"},{"$error":"#VALUE!"},{"$error":"#VALUE!"},{"$error":"#VALUE!"},{"$error":"#VALUE!"},{"$error":"#VALUE!"},{"$error":"#VALUE!"},{"$error":"#VALUE!"},{"$error":"#VALUE!"},{"$error":"#VALUE!"},{"$error":"#VALUE!"},{"$error":"#VALUE!"},{"$error":"#VALUE!"},{"$f":"SUM(DR92,System2!DR92,System3!DR92)","v":{"$error":"#VALUE!"}},{"$f":"DT$36","v":{"$error":"#VALUE!"}},{"$f":"DU$36","v":{"$error":"#VALUE!"}},{"$f":"DV$36","v":0},{"$f":"DW$36","v":{"$error":"#VALUE!"}},{"$error":"#VALUE!"},{"$error":"#VALUE!"},{"$error":"#VALUE!"},0,0,0,0,0,{"$error":"#VALUE!"},{"$f":"SUM(EF92,System2!EF92,System3!EF92)","v":{"$error":"#VALUE!"}},{"$error":"#VALUE!"},{"$error":"#VALUE!"},{"$error":"#VALUE!"},{"$error":"#VALUE!"},{"$error":"#VALUE!"},{"$error":"#VALUE!"},{"$error":"#VALUE!"},{"$error":"#VALUE!"},{"$error":"#VALUE!"},{"$error":"#VALUE!"},{"$error":"#VALUE!"},{"$error":"#VALUE!"},{"$error":"#VALUE!"},{"$error":"#VALUE!"},{"$error":"#VALUE!"},{"$error":"#VALUE!"},{"$error":"#VALUE!"},{"$error":"#VALUE!"},{"$error":"#VALUE!"},{"$error":"#VALUE!"},{"$error":"#VALUE!"},{"$error":"#VALUE!"},{"$error":"#VALUE!"},{"$error":"#VALUE!"},{"$error":"#VALUE!"},{"$error":"#VALUE!"},{"$f":"SUM(FG92,System2!FG92,System3!FG92)","v":{"$error":"#VALUE!"}},0,0,0,0,{"$error":"#VALUE!"},{"$error":"#VALUE!"},{"$error":"#VALUE!"},{"$error":"#VALUE!"},{"$error":"#VALUE!"},{"$error":"#VALUE!"},{"$error":"#VALUE!"},{"$error":"#VALUE!"},{"$error":"#VALUE!"},{"$error":"#VALUE!"},{"$error":"#VALUE!"},{"$error":"#VALUE!"},{"$error":"#VALUE!"},{"$error":"#VALUE!"},{"$error":"#VALUE!"},{"$error":"#VALUE!"},{"$error":"#VALUE!"},{"$error":"#VALUE!"},{"$error":"#VALUE!"},{"$error":"#VALUE!"},{"$f":"$GG$31*WaterFittings!BO67","v":{"$error":"#VALUE!"}},{"$f":"$GH$31*WaterFittings!BP67","v":{"$error":"#VALUE!"}},{"$f":"$GI$31*WaterFittings!BQ67","v":0},{"$f":"GJ$31*AirCond!BD66","v":{"$error":"#VALUE!"}},{"$f":"GK$31*AirCond!BE66","v":{"$error":"#VALUE!"}},{"$f":"GL$31*AirCond!BF66","v":{"$error":"#VALUE!"}},{"$f":"GM$31*AirCond!BG66","v":{"$error":"#VALUE!"}},{"$f":"GN$31*WaterFittings!BS67","v":0},{"$f":"GO$31*WaterFittings!BT67","v":0},{"$f":"GP$31*WaterFittings!BU67","v":0}]
[null,null,62,0,0,{"$error":"#VALUE!"},{"$error":"#VALUE!"},{"$error":"#VALUE!"},{"$error":"#VALUE!"},{"$error":"#VALUE!"},{"$error":"#VALUE!"},{"$error":"#VALUE!"},{"$error":"#VALUE!"},{"$error":"#VALUE!"},{"$error":"#VALUE!"},null,{"$error":"#VALUE!"},{"$error":"#VALUE!"},{"$error":"#VALUE!"},{"$error":"#VALUE!"},{"$error":"#VALUE!"},null,{"$error":"#VALUE!"},{"$error":"#VALUE!"},{"$error":"#VALUE!"},{"$error":"#VALUE!"},{"$error":"#VALUE!"},null,6,{"$f":"SUM(SUMPRODUCT(AF$20:AJ$20,Q93:U93),SUMPRODUCT(AF$20:AJ$20,System2!Q93:U93),SUMPRODUCT(AF$20:AJ$20,System3!Q93:U93))","v":{"$error":"#VALUE!"}},{"$f":"SUM(SUMPRODUCT(AF$21:AJ$21,W93:AA93),SUMPRODUCT(AF$21:AJ$21,System2!W93:AA93),SUMPRODUCT(AF$21:AJ$21,System3!W93:AA93))","v":{"$error":"#VALUE!"}},{"$f":"WaterFittings!BN68","v":{"$error":"#VALUE!"}},{"$error":"#VALUE!"},{"$error":"#VALUE!"},{"$f":"MIN(AirCond!BL67,P$21)","v":0},{"$error":"#VALUE!"},{"$f":"MIN(ROUNDDOWN(AJ93-FH93,0),ROUNDDOWN(P$21*0.3,0),ROUNDDOWN(SUM(SUMPRODUCT(I$4:I$15,L$4:L$15),SUMPRODUCT(System2!I$4:I$15,System2!L$4:L$15),SUMPRODUCT(System3!I$4:I$15,System3!L$4:L$15))*0.3,0))","v":{"$error":"#VALUE!"}},0,{"$error":"#VALUE!"},{"$error":"#VALUE!"},{"$error":"#VALUE!"},0,{"$error":"#VALUE!"},{"$error":"#VALUE!"},{"$error":"#VALUE!"},0,null,null,null,0,0,0,0,null,{"$error":"#VALUE!"},{"$error":"#VALUE!"},{"$error":"#VALUE!"},{"$error":"#VALUE!"},{"$error":"#VALUE!"},{"$error":"#VALUE!"},{"$error":"#VALUE!"},{"$error":"#VALUE!"},{"$error":"#VALUE!"},0,{"$error":"#VALUE!"},{"$error":"#VALUE!"},{"$error":"#VALUE!"},{"$error":"#VALUE!"},{"$error":"#VALUE!"},{"$error":"#VALUE!"},{"$error":"#VALUE!"},{"$error":"#VALUE!"},{"$error":"#VALUE!"},{"$error":"#VALUE!"},{"$error":"#VALUE!"},{"$error":"#VALUE!"},{"$error":"#VALUE!"},{"$error":"#VALUE!"},{"$error":"#VALUE!"},{"$error":"#VALUE!"},{"$error":"#VALUE!"},{"$error":"#VALUE!"},{"$error":"#VALUE!"},{"$error":"#VALUE!"},{"$error":"#VALUE!"},{"$error":"#VALUE!"},{"$error":"#VALUE!"},{"$error":"#VALUE!"},{"$error":"#VALUE!"},{"$error":"#VALUE!"},{"$error":"#VALUE!"},{"$error":"#VALUE!"},{"$error":"#VALUE!"},{"$error":"#VALUE!"},{"$error":"#VALUE!"},{"$f":"SUM(CQ93,System2!CQ93,System3!CQ93)","v":{"$error":"#VALUE!"}},{"$error":"#VALUE!"},{"$error":"#VALUE!"},{"$error":"#VALUE!"},{"$error":"#VALUE!"},{"$error":"#VALUE!"},{"$error":"#VALUE!"},{"$error":"#VALUE!"},{"$error":"#VALUE!"},{"$error":"#VALUE!"},{"$error":"#VALUE!"},{"$error":"#VALUE!"},{"$error":"#VALUE!"},{"$error":"#VALUE!"},{"$error":"#VALUE!"},{"$error":"#VALUE!"},{"$error":"#VALUE!"},{"$error":"#VALUE!"},{"$error":"#VALUE!"},{"$error":"#VALUE!"},{"$error":"#VALUE!"},{"$error":"#VALUE!"},{"$error":"#VALUE!"},{"$error":"#VALUE!"},{"$error":"#VALUE!"},{"$error":"#VALUE!"},{"$error":"#VALUE!"},{"$f":"SUM(DR93,System2!DR93,System3!DR93)","v":{"$error":"#VALUE!"}},{"$f":"DT$37","v":{"$error":"#VALUE!"}},{"$f":"DU$37","v":{"$error":"#VALUE!"}},{"$f":"DV$37","v":0},{"$f":"DW$37","v":{"$error":"#VALUE!"}},{"$error":"#VALUE!"},{"$error":"#VALUE!"},{"$error":"#VALUE!"},0,0,0,0,0,{"$error":"#VALUE!"},{"$f":"SUM(EF93,System2!EF93,System3!EF93)","v":{"$error":"#VALUE!"}},{"$error":"#VALUE!"},{"$error":"#VALUE!"},{"$error":"#VALUE!"},{"$error":"#VALUE!"},{"$error":"#VALUE!"},{"$error":"#VALUE!"},{"$error":"#VALUE!"},{"$error":"#VALUE!"},{"$error":"#VALUE!"},{"$error":"#VALUE!"},{"$error":"#VALUE!"},{"$error":"#VALUE!"},{"$error":"#VALUE!"},{"$error":"#VALUE!"},{"$error":"#VALUE!"},{"$error":"#VALUE!"},{"$error":"#VALUE!"},{"$error":"#VALUE!"},{"$error":"#VALUE!"},{"$error":"#VALUE!"},{"$error":"#VALUE!"},{"$error":"#VALUE!"},{"$error":"#VALUE!"},{"$error":"#VALUE!"},{"$error":"#VALUE!"},{"$error":"#VALUE!"},{"$f":"SUM(FG93,System2!FG93,System3!FG93)","v":{"$error":"#VALUE!"}},0,0,0,0,{"$error":"#VALUE!"},{"$error":"#VALUE!"},{"$error":"#VALUE!"},{"$error":"#VALUE!"},{"$error":"#VALUE!"},{"$error":"#VALUE!"},{"$error":"#VALUE!"},{"$error":"#VALUE!"},{"$error":"#VALUE!"},{"$error":"#VALUE!"},{"$error":"#VALUE!"},{"$error":"#VALUE!"},{"$error":"#VALUE!"},{"$error":"#VALUE!"},{"$error":"#VALUE!"},{"$error":"#VALUE!"},{"$error":"#VALUE!"},{"$error":"#VALUE!"},{"$error":"#VALUE!"},{"$error":"#VALUE!"},{"$f":"$GG$31*WaterFittings!BO68","v":{"$error":"#VALUE!"}},{"$f":"$GH$31*WaterFittings!BP68","v":{"$error":"#VALUE!"}},{"$f":"$GI$31*WaterFittings!BQ68","v":0},{"$f":"GJ$31*AirCond!BD67","v":{"$error":"#VALUE!"}},{"$f":"GK$31*AirCond!BE67","v":{"$error":"#VALUE!"}},{"$f":"GL$31*AirCond!BF67","v":{"$error":"#VALUE!"}},{"$f":"GM$31*AirCond!BG67","v":{"$error":"#VALUE!"}},{"$f":"GN$31*WaterFittings!BS68","v":0},{"$f":"GO$31*WaterFittings!BT68","v":0},{"$f":"GP$31*WaterFittings!BU68","v":0}]
[null,null,63,0,0,{"$error":"#VALUE!"},{"$error":"#VALUE!"},{"$error":"#VALUE!"},{"$error":"#VALUE!"},{"$error":"#VALUE!"},{"$error":"#VALUE!"},{"$error":"#VALUE!"},{"$error":"#VALUE!"},{"$error":"#VALUE!"},{"$error":"#VALUE!"},null,{"$error":"#VALUE!"},{"$error":"#VALUE!"},{"$error":"#VALUE!"},{"$error":"#VALUE!"},{"$error":"#VALUE!"},null,{"$error":"#VALUE!"},{"$error":"#VALUE!"},{"$error":"#VALUE!"},{"$error":"#VALUE!"},{"$error":"#VALUE!"},null,7,{"$f":"SUM(SUMPRODUCT(AF$20:AJ$20,Q94:U94),SUMPRODUCT(AF$20:AJ$20,System2!Q94:U94),SUMPRODUCT(AF$20:AJ$20,System3!Q94:U94))","v":{"$error":"#VALUE!"}},{"$f":"SUM(SUMPRODUCT(AF$21:AJ$21,W94:AA94),SUMPRODUCT(AF$21:AJ$21,System2!W94:AA94),SUMPRODUCT(AF$21:AJ$21,System3!W94:AA94))","v":{"$error":"#VALUE!"}},{"$f":"WaterFittings!BN69","v":{"$error":"#VALUE!"}},{"$error":"#VALUE!"},{"$error":"#VALUE!"},{"$f":"MIN(AirCond!BL68,P$21)","v":0},{"$error":"#VALUE!"},{"$f":"MIN(ROUNDDOWN(AJ94-FH94,0),ROUNDDOWN(P$21*0.3,0),ROUNDDOWN(SUM(SUMPRODUCT(I$4:I$15,L$4:L$15),SUMPRODUCT(System2!I$4:I$15,System2!L$4:L$15),SUMPRODUCT(System3!I$4:I$15,System3!L$4:L$15))*0.3,0))","v":{"$error":"#VALUE!"}},0,{"$error":"#VALUE!"},{"$error":"#VALUE!"},{"$error":"#VALUE!"},0,{"$error":"#VALUE!"},{"$error":"#VALUE!"},{"$error":"#VALUE!"},0,null,null,null,0,0,0,0,null,{"$error":"#VALUE!"},{"$error":"#VALUE!"},{"$error":"#VALUE!"},{"$error":"#VALUE!"},{"$error":"#VALUE!"},{"$error":"#VALUE!"},{"$error":"#VALUE!"},{"$error":"#VALUE!"},{"$error":"#VALUE!"},0,{"$error":"#VALUE!"},{"$error":"#VALUE!"},{"$error":"#VALUE!"},{"$error":"#VALUE!"},{"$error":"#VALUE!"},{"$error":"#VALUE!"},{"$error":"#VALUE!"},{"$error":"#VALUE!"},{"$error":"#VALUE!"},{"$error":"#VALUE!"},{"$error":"#VALUE!"},{"$error":"#VALUE!"},{"$error":"#VALUE!"},{"$error":"#VALUE!"},{"$error":"#VALUE!"},{"$error":"#VALUE!"},{"$error":"#VALUE!"},{"$error":"#VALUE!"},{"$error":"#VALUE!"},{"$error":"#VALUE!"},{"$error":"#VALUE!"},{"$error":"#VALUE!"},{"$error":"#VALUE!"},{"$error":"#VALUE!"},{"$error":"#VALUE!"},{"$error":"#VALUE!"},{"$error":"#VALUE!"},{"$error":"#VALUE!"},{"$error":"#VALUE!"},{"$error":"#VALUE!"},{"$error":"#VALUE!"},{"$f":"SUM(CQ94,System2!CQ94,System3!CQ94)","v":{"$error":"#VALUE!"}},{"$error":"#VALUE!"},{"$error":"#VALUE!"},{"$error":"#VALUE!"},{"$error":"#VALUE!"},{"$error":"#VALUE!"},{"$error":"#VALUE!"},{"$error":"#VALUE!"},{"$error":"#VALUE!"},{"$error":"#VALUE!"},{"$error":"#VALUE!"},{"$error":"#VALUE!"},{"$error":"#VALUE!"},{"$error":"#VALUE!"},{"$error":"#VALUE!"},{"$error":"#VALUE!"},{"$error":"#VALUE!"},{"$error":"#VALUE!"},{"$error":"#VALUE!"},{"$error":"#VALUE!"},{"$error":"#VALUE!"},{"$error":"#VALUE!"},{"$error":"#VALUE!"},{"$error":"#VALUE!"},{"$error":"#VALUE!"},{"$error":"#VALUE!"},{"$error":"#VALUE!"},{"$f":"SUM(DR94,System2!DR94,System3!DR94)","v":{"$error":"#VALUE!"}},{"$f":"DT$38","v":{"$error":"#VALUE!"}},{"$f":"DU$38","v":{"$error":"#VALUE!"}},{"$f":"DV$38","v":0},{"$f":"DW$38","v":{"$error":"#VALUE!"}},{"$error":"#VALUE!"},{"$error":"#VALUE!"},{"$error":"#VALUE!"},0,0,0,0,0,{"$error":"#VALUE!"},{"$f":"SUM(EF94,System2!EF94,System3!EF94)","v":{"$error":"#VALUE!"}},{"$error":"#VALUE!"},{"$error":"#VALUE!"},{"$error":"#VALUE!"},{"$error":"#VALUE!"},{"$error":"#VALUE!"},{"$error":"#VALUE!"},{"$error":"#VALUE!"},{"$error":"#VALUE!"},{"$error":"#VALUE!"},{"$error":"#VALUE!"},{"$error":"#VALUE!"},{"$error":"#VALUE!"},{"$error":"#VALUE!"},{"$error":"#VALUE!"},{"$error":"#VALUE!"},{"$error":"#VALUE!"},{"$error":"#VALUE!"},{"$error":"#VALUE!"},{"$error":"#VALUE!"},{"$error":"#VALUE!"},{"$error":"#VALUE!"},{"$error":"#VALUE!"},{"$error":"#VALUE!"},{"$error":"#VALUE!"},{"$error":"#VALUE!"},{"$error":"#VALUE!"},{"$f":"SUM(FG94,System2!FG94,System3!FG94)","v":{"$error":"#VALUE!"}},0,0,0,0,{"$error":"#VALUE!"},{"$error":"#VALUE!"},{"$error":"#VALUE!"},{"$error":"#VALUE!"},{"$error":"#VALUE!"},{"$error":"#VALUE!"},{"$error":"#VALUE!"},{"$error":"#VALUE!"},{"$error":"#VALUE!"},{"$error":"#VALUE!"},{"$error":"#VALUE!"},{"$error":"#VALUE!"},{"$error":"#VALUE!"},{"$error":"#VALUE!"},{"$error":"#VALUE!"},{"$error":"#VALUE!"},{"$error":"#VALUE!"},{"$error":"#VALUE!"},{"$error":"#VALUE!"},{"$error":"#VALUE!"},{"$f":"$GG$31*WaterFittings!BO69","v":{"$error":"#VALUE!"}},{"$f":"$GH$31*WaterFittings!BP69","v":{"$error":"#VALUE!"}},{"$f":"$GI$31*WaterFittings!BQ69","v":0},{"$f":"GJ$31*AirCond!BD68","v":{"$error":"#VALUE!"}},{"$f":"GK$31*AirCond!BE68","v":{"$error":"#VALUE!"}},{"$f":"GL$31*AirCond!BF68","v":{"$error":"#VALUE!"}},{"$f":"GM$31*AirCond!BG68","v":{"$error":"#VALUE!"}},{"$f":"GN$31*WaterFittings!BS69","v":0},{"$f":"GO$31*WaterFittings!BT69","v":0},{"$f":"GP$31*WaterFittings!BU69","v":0}]
[null,null,64,0,0,{"$error":"#VALUE!"},{"$error":"#VALUE!"},{"$error":"#VALUE!"},{"$error":"#VALUE!"},{"$error":"#VALUE!"},{"$error":"#VALUE!"},{"$error":"#VALUE!"},{"$error":"#VALUE!"},{"$error":"#VALUE!"},{"$error":"#VALUE!"},null,{"$error":"#VALUE!"},{"$error":"#VALUE!"},{"$error":"#VALUE!"},{"$error":"#VALUE!"},{"$error":"#VALUE!"},null,{"$error":"#VALUE!"},{"$error":"#VALUE!"},{"$error":"#VALUE!"},{"$error":"#VALUE!"},{"$f":"ROUNDDOWN(FF95,0)","v":{"$error":"#VALUE!"}},null,8,{"$f":"SUM(SUMPRODUCT(AF$20:AJ$20,Q95:U95),SUMPRODUCT(AF$20:AJ$20,System2!Q95:U95),SUMPRODUCT(AF$20:AJ$20,System3!Q95:U95))","v":{"$error":"#VALUE!"}},{"$f":"SUM(SUMPRODUCT(AF$21:AJ$21,W95:AA95),SUMPRODUCT(AF$21:AJ$21,System2!W95:AA95),SUMPRODUCT(AF$21:AJ$21,System3!W95:AA95))","v":{"$error":"#VALUE!"}},{"$f":"WaterFittings!BN70","v":{"$error":"#VALUE!"}},{"$error":"#VALUE!"},{"$error":"#VALUE!"},{"$f":"MIN(AirCond!BL69,P$21)","v":0},{"$error":"#VALUE!"},{"$f":"MIN(ROUNDDOWN(AJ95-FH95,0),ROUNDDOWN(P$21*0.3,0),ROUNDDOWN(SUM(SUMPRODUCT(I$4:I$15,L$4:L$15),SUMPRODUCT(System2!I$4:I$15,System2!L$4:L$15),SUMPRODUCT(System3!I$4:I$15,System3!L$4:L$15))*0.3,0))","v":{"$error":"#VALUE!"}},0,{"$error":"#VALUE!"},{"$error":"#VALUE!"},{"$error":"#VALUE!"},0,{"$error":"#VALUE!"},{"$error":"#VALUE!"},{"$error":"#VALUE!"},0,null,null,null,0,0,0,0,null,{"$error":"#VALUE!"},{"$error":"#VALUE!"},{"$error":"#VALUE!"},{"$error":"#VALUE!"},{"$error":"#VALUE!"},{"$error":"#VALUE!"},{"$error":"#VALUE!"},{"$error":"#VALUE!"},{"$error":"#VALUE!"},0,{"$error":"#VALUE!"},{"$error":"#VALUE!"},{"$error":"#VALUE!"},{"$error":"#VALUE!"},{"$error":"#VALUE!"},{"$error":"#VALUE!"},{"$error":"#VALUE!"},{"$error":"#VALUE!"},{"$error":"#VALUE!"},{"$error":"#VALUE!"},{"$error":"#VALUE!"},{"$error":"#VALUE!"},{"$error":"#VALUE!"},{"$error":"#VALUE!"},{"$error":"#VALUE!"},{"$error":"#VALUE!"},{"$error":"#VALUE!"},{"$error":"#VALUE!"},{"$error":"#VALUE!"},{"$error":"#VALUE!"},{"$error":"#VALUE!"},{"$error":"#VALUE!"},{"$error":"#VALUE!"},{"$error":"#VALUE!"},{"$error":"#VALUE!"},{"$error":"#VALUE!"},{"$error":"#VALUE!"},{"$error":"#VALUE!"},{"$error":"#VALUE!"},{"$error":"#VALUE!"},{"$error":"#VALUE!"},{"$f":"SUM(CQ95,System2!CQ95,System3!CQ95)","v":{"$error":"#VALUE!"}},{"$error":"#VALUE!"},{"$error":"#VALUE!"},{"$error":"#VALUE!"},{"$error":"#VALUE!"},{"$error":"#VALUE!"},{"$error":"#VALUE!"},{"$error":"#VALUE!"},{"$error":"#VALUE!"},{"$error":"#VALUE!"},{"$error":"#VALUE!"},{"$error":"#VALUE!"},{"$error":"#VALUE!"},{"$error":"#VALUE!"},{"$error":"#VALUE!"},{"$error":"#VALUE!"},{"$error":"#VALUE!"},{"$error":"#VALUE!"},{"$error":"#VALUE!"},{"$error":"#VALUE!"},{"$error":"#VALUE!"},{"$error":"#VALUE!"},{"$error":"#VALUE!"},{"$error":"#VALUE!"},{"$error":"#VALUE!"},{"$error":"#VALUE!"},{"$error":"#VALUE!"},{"$f":"SUM(DR95,System2!DR95,System3!DR95)","v":{"$error":"#VALUE!"}},{"$f":"DT$39","v":{"$error":"#VALUE!"}},{"$f":"DU$39","v":{"$error":"#VALUE!"}},{"$f":"DV$39","v":0},{"$f":"DW$39","v":{"$error":"#VALUE!"}},{"$error":"#VALUE!"},{"$error":"#VALUE!"},{"$error":"#VALUE!"},0,0,0,0,0,{"$error":"#VALUE!"},{"$f":"SUM(EF95,System2!EF95,System3!EF95)","v":{"$error":"#VALUE!"}},{"$error":"#VALUE!"},{"$error":"#VALUE!"},{"$error":"#VALUE!"},{"$error":"#VALUE!"},{"$error":"#VALUE!"},{"$error":"#VALUE!"},{"$error":"#VALUE!"},{"$error":"#VALUE!"},{"$error":"#VALUE!"},{"$error":"#VALUE!"},{"$error":"#VALUE!"},{"$error":"#VALUE!"},{"$error":"#VALUE!"},{"$error":"#VALUE!"},{"$error":"#VALUE!"},{"$error":"#VALUE!"},{"$error":"#VALUE!"},{"$error":"#VALUE!"},{"$error":"#VALUE!"},{"$error":"#VALUE!"},{"$error":"#VALUE!"},{"$error":"#VALUE!"},{"$error":"#VALUE!"},{"$error":"#VALUE!"},{"$error":"#VALUE!"},{"$error":"#VALUE!"},{"$f":"SUM(FG95,System2!FG95,System3!FG95)","v":{"$error":"#VALUE!"}},0,0,0,0,{"$error":"#VALUE!"},{"$error":"#VALUE!"},{"$error":"#VALUE!"},{"$error":"#VALUE!"},{"$error":"#VALUE!"},{"$error":"#VALUE!"},{"$error":"#VALUE!"},{"$error":"#VALUE!"},{"$error":"#VALUE!"},{"$error":"#VALUE!"},{"$error":"#VALUE!"},{"$error":"#VALUE!"},{"$error":"#VALUE!"},{"$error":"#VALUE!"},{"$error":"#VALUE!"},{"$error":"#VALUE!"},{"$error":"#VALUE!"},{"$error":"#VALUE!"},{"$error":"#VALUE!"},{"$error":"#VALUE!"},{"$f":"$GG$31*WaterFittings!BO70","v":{"$error":"#VALUE!"}},{"$f":"$GH$31*WaterFittings!BP70","v":{"$error":"#VALUE!"}},{"$f":"$GI$31*WaterFittings!BQ70","v":0},{"$f":"GJ$31*AirCond!BD69","v":{"$error":"#VALUE!"}},{"$f":"GK$31*AirCond!BE69","v":{"$error":"#VALUE!"}},{"$f":"GL$31*AirCond!BF69","v":{"$error":"#VALUE!"}},{"$f":"GM$31*AirCond!BG69","v":{"$error":"#VALUE!"}},{"$f":"GN$31*WaterFittings!BS70","v":0},{"$f":"GO$31*WaterFittings!BT70","v":0},{"$f":"GP$31*WaterFittings!BU70","v":0}]
[null,null,{"$f":"C95+1","v":65},{"$f":"HLOOKUP($D$3,Raindata,C96+6,FALSE)","v":0},{"$f":"IF((D96*E$7*E$8-E$12)>0,ROUND((D96*E$7*E$8-E$12),0),0)","v":0},{"$error":"#VALUE!"},{"$error":"#VALUE!"},{"$f":"F96+G96","v":{"$error":"#VALUE!"}},{"$f":"E96-G96","v":{"$error":"#VALUE!"}},{"$error":"#VALUE!"},{"$error":"#VALUE!"},{"$error":"#VALUE!"},{"$error":"#VALUE!"},{"$error":"#VALUE!"},{"$error":"#VALUE!"},null,{"$error":"#VALUE!"},{"$error":"#VALUE!"},{"$error":"#VALUE!"},{"$error":"#VALUE!"},{"$error":"#VALUE!"},null,{"$error":"#VALUE!"},{"$error":"#VALUE!"},{"$error":"#VALUE!"},{"$error":"#VALUE!"},{"$error":"#VALUE!"},null,9,{"$f":"SUM(SUMPRODUCT(AF$20:AJ$20,Q96:U96),SUMPRODUCT(AF$20:AJ$20,System2!Q96:U96),SUMPRODUCT(AF$20:AJ$20,System3!Q96:U96))","v":{"$error":"#VALUE!"}},{"$f":"SUM(SUMPRODUCT(AF$21:AJ$21,W96:AA96),SUMPRODUCT(AF$21:AJ$21,System2!W96:AA96),SUMPRODUCT(AF$21:AJ$21,System3!W96:AA96))","v":{"$error":"#VALUE!"}},{"$f":"WaterFittings!BN71","v":{"$error":"#VALUE!"}},{"$error":"#VALUE!"},{"$f":"ROUNDDOWN(AG96-DS96,0)","v":{"$error":"#VALUE!"}},{"$f":"MIN(AirCond!BL70,P$21)","v":0},{"$error":"#VALUE!"},{"$f":"MIN(ROUNDDOWN(AJ96-FH96,0),ROUNDDOWN(P$21*0.3,0),ROUNDDOWN(SUM(SUMPRODUCT(I$4:I$15,L$4:L$15),SUMPRODUCT(System2!I$4:I$15,System2!L$4:L$15),SUMPRODUCT(System3!I$4:I$15,System3!L$4:L$15))*0.3,0))","v":{"$error":"#VALUE!"}},0,{"$error":"#VALUE!"},{"$error":"#VALUE!"},{"$error":"#VALUE!"},{"$f":"AP$26+IF(OR(AP$28=0,D96<AP$28),AP$27,0)","v":0},{"$error":"#VALUE!"},{"$error":"#VALUE!"},{"$error":"#VALUE!"},{"$f":"AT$26+IF(OR(AP$28=0,D96<AP$28),AT$27,0)","v":0},null,null,null,0,0,0,0,null,{"$error":"#VALUE!"},{"$f":"FN96*$BD$29","v":{"$error":"#VALUE!"}},{"$f":"FO96*$BE$29","v":{"$error":"#VALUE!"}},{"$error":"#VALUE!"},{"$f":"FQ96*$BG$29","v":{"$error":"#VALUE!"}},{"$f":"FR96*$BH$29","v":{"$error":"#VALUE!"}},{"$error":"#VALUE!"},{"$error":"#VALUE!"},{"$error":"#VALUE!"},0,{"$f":"FT96*BM$29","v":{"$error":"#VALUE!"}},{"$f":"FU96*BN$29","v":{"$error":"#VALUE!"}},{"$f":"FV96*BO$29","v":{"$error":"#VALUE!"}},{"$error":"#VALUE!"},{"$error":"#VALUE!"},{"$f":"BC96/$BP96","v":{"$error":"#VALUE!"}},{"$f":"BD96/$BP96","v":{"$error":"#VALUE!"}},{"$f":"BE96/$BP96","v":{"$error":"#VALUE!"}},{"$f":"BF96/$BP96","v":{"$error":"#VALUE!"}},{"$f":"BG96/$BP96","v":{"$error":"#VALUE!"}},{"$f":"BH96/$BP96","v":{"$error":"#VALUE!"}},{"$f":"BI96/$BP96","v":{"$error":"#VALUE!"}},{"$f":"BJ96/$BP96","v":{"$error":"#VALUE!"}},{"$f":"BK96/$BP96","v":{"$error":"#VALUE!"}},{"$f":"BL96/$BP96","v":{"$error":"#VALUE!"}},{"$f":"BM96/$BP96","v":{"$error":"#VALUE!"}},{"$f":"BN96/$BP96","v":{"$error":"#VALUE!"}},{"$f":"BO96/$BP96","v":{"$error":"#VALUE!"}},{"$f":"FW96*$CE$28","v":{"$error":"#VALUE!"}},{"$f":"FX96*$CF$28","v":{"$error":"#VALUE!"}},{"$f":"FY96*$CG$28","v":{"$error":"#VALUE!"}},{"$f":"FZ96*$CH$28","v":{"$error":"#VALUE!"}},{"$f":"GA96*$CI$28","v":{"$error":"#VALUE!"}},{"$f":"GB96*$CJ$28","v":{"$error":"#VALUE!"}},{"$error":"#VALUE!"},{"$f":"CL$28*GD96","v":{"$error":"#VALUE!"}},{"$f":"CM$28*GE96","v":{"$error":"#VALUE!"}},{"$f":"CN$28*GF96","v":{"$error":"#VALUE!"}},{"$f":"(AL96-FE96)*$CO$28","v":{"$error":"#VALUE!"}},{"$error":"#VALUE!"},{"$error":"#VALUE!"},{"$f":"SUM(CQ96,System2!CQ96,System3!CQ96)","v":{"$error":"#VALUE!"}},{"$f":"MIN(AG96,CR96)","v":{"$error":"#VALUE!"}},{"$error":"#VALUE!"},{"$error":"#VALUE!"},{"$error":"#VALUE!"},{"$error":"#VALUE!"},{"$error":"#VALUE!"},{"$error":"#VALUE!"},{"$error":"#VALUE!"},{"$error":"#VALUE!"},{"$error":"#VALUE!"},{"$error":"#VALUE!"},{"$error":"#VALUE!"},{"$error":"#VALUE!"},{"$error":"#VALUE!"},{"$error":"#VALUE!"},{"$error":"#VALUE!"},{"$error":"#VALUE!"},{"$error":"#VALUE!"},{"$error":"#VALUE!"},{"$error":"#VALUE!"},{"$error":"#VALUE!"},{"$error":"#VALUE!"},{"$error":"#VALUE!"},{"$error":"#VALUE!"},{"$error":"#VALUE!"},{"$error":"#VALUE!"},{"$f":"SUM(DR96,System2!DR96,System3!DR96)","v":{"$error":"#VALUE!"}},{"$f":"DT$40","v":{"$error":"#VALUE!"}},{"$f":"DU$40","v":{"$error":"#VALUE!"}},{"$f":"DV$40","v":0},{"$f":"DW$40","v":{"$error":"#VALUE!"}},{"$error":"#VALUE!"},{"$error":"#VALUE!"},{"$error":"#VALUE!"},{"$f":"EA$28*GN96","v":0},{"$f":"EB$28*GO96","v":0},{"$f":"EC$28*GP96","v":0},{"$f":"AL96*ED$28","v":0},{"$f":"AP96*EE$28","v":0},{"$error":"#VALUE!"},{"$f":"SUM(EF96,System2!EF96,System3!EF96)","v":{"$error":"#VALUE!"}},{"$error":"#VALUE!"},{"$error":"#VALUE!"},{"$error":"#VALUE!"},{"$error":"#VALUE!"},{"$error":"#VALUE!"},{"$error":"#VALUE!"},{"$error":"#VALUE!"},{"$error":"#VALUE!"},{"$error":"#VALUE!"},{"$error":"#VALUE!"},{"$error":"#VALUE!"},{"$error":"#VALUE!"},{"$error":"#VALUE!"},{"$f":"$EH96*EI96","v":{"$error":"#VALUE!"}},{"$f":"$EH96*EJ96","v":{"$error":"#VALUE!"}},{"$f":"$EH96*EK96","v":{"$error":"#VALUE!"}},{"$f":"$EH96*EL96","v":{"$error":"#VALUE!"}},{"$f":"$EH96*EM96","v":{"$error":"#VALUE!"}},{"$f":"$EH96*EN96","v":{"$error":"#VALUE!"}},{"$f":"$EH96*EO96","v":{"$error":"#VALUE!"}},{"$f":"$EH96*EP96","v":{"$error":"#VALUE!"}},{"$f":"$EH96*EQ96","v":{"$error":"#VALUE!"}},{"$f":"$EH96*ER96","v":{"$error":"#VALUE!"}},{"$f":"$EH96*ES96","v":{"$error":"#VALUE!"}},{"$f":"$EH96*ET96","v":{"$error":"#VALUE!"}},{"$error":"#VALUE!"},{"$f":"SUM(FG96,System2!FG96,System3!FG96)","v":{"$error":"#VALUE!"}},0,0,0,0,{"$f":"ROUNDDOWN(FW96-DF96,0)","v":{"$error":"#VALUE!"}},{"$f":"ROUNDDOWN(FX96-DG96,0)","v":{"$error":"#VALUE!"}},{"$f":"ROUNDDOWN(FY96-DH96,0)","v":{"$error":"#VALUE!"}},{"$f":"ROUNDDOWN(FZ96-DI96,0)","v":{"$error":"#VALUE!"}},{"$f":"ROUNDDOWN(GA96-DJ96,0)","v":{"$error":"#VALUE!"}},{"$f":"ROUNDDOWN(GB96-DK96,0)","v":{"$error":"#VALUE!"}},{"$f":"ROUNDDOWN(GC96-DL96,0)","v":{"$error":"#VALUE!"}},{"$f":"ROUNDDOWN(GD96-DM96,0)","v":{"$error":"#VALUE!"}},{"$f":"ROUNDDOWN(GE96-DN96,0)","v":{"$error":"#VALUE!"}},{"$f":"ROUNDDOWN(GF96-DO96,0)","v":{"$error":"#VALUE!"}},{"$error":"#VALUE!"},{"$error":"#VALUE!"},{"$error":"#VALUE!"},{"$error":"#VALUE!"},{"$error":"#VALUE!"},{"$error":"#VALUE!"},{"$error":"#VALUE!"},{"$error":"#VALUE!"},{"$error":"#VALUE!"},{"$error":"#VALUE!"},{"$f":"$GG$31*WaterFittings!BO71","v":{"$error":"#VALUE!"}},{"$f":"$GH$31*WaterFittings!BP71","v":{"$error":"#VALUE!"}},{"$f":"$GI$31*WaterFittings!BQ71","v":0},{"$f":"GJ$31*AirCond!BD70","v":{"$error":"#VALUE!"}},{"$f":"GK$31*AirCond!BE70","v":{"$error":"#VALUE!"}},{"$f":"GL$31*AirCond!BF70","v":{"$error":"#VALUE!"}},{"$f":"GM$31*AirCond!BG70","v":{"$error":"#VALUE!"}},{"$f":"GN$31*WaterFittings!BS71","v":0},{"$f":"GO$31*WaterFittings!BT71","v":0},{"$f":"GP$31*WaterFittings!BU71","v":0}]
[null,null,66,0,0,{"$f":"IF(H96-SUM(J96:O96)>1,H96-SUM(J96:O96),0)","v":{"$error":"#VALUE!"}},{"$f":"IF((E97+F97)<AG$3*1000,E97,AG$3*1000-F97)","v":{"$error":"#VALUE!"}},{"$error":"#VALUE!"},{"$error":"#VALUE!"},{"$error":"#VALUE!"},{"$error":"#VALUE!"},{"$error":"#VALUE!"},{"$f":"ROUNDDOWN(SUM(CB97:CD97)*BQ97,0)","v":{"$error":"#VALUE!"}},{"$error":"#VALUE!"},{"$f":"ROUNDDOWN(SUM(BU97:BX97)*BQ97,0)","v":{"$error":"#VALUE!"}},null,{"$f":"ROUNDDOWN(SUM(DF97:DH97),0)","v":{"$error":"#VALUE!"}},{"$f":"ROUNDDOWN(SUM(DI97:DL97),0)","v":{"$error":"#VALUE!"}},{"$f":"ROUNDDOWN(SUM(DM97:DO97),0)","v":{"$error":"#VALUE!"}},{"$f":"ROUNDDOWN(DP97,0)","v":{"$error":"#VALUE!"}},{"$error":"#VALUE!"},null,{"$f":"ROUNDDOWN(SUM(EU97:EW97),)","v":{"$error":"#VALUE!"}},{"$f":"ROUNDDOWN(SUM(EX97:FA97),0)","v":{"$error":"#VALUE!"}},{"$f":"ROUNDDOWN(SUM(FB97:FD97),0)","v":{"$error":"#VALUE!"}},{"$f":"ROUNDDOWN(FE97,0)","v":{"$error":"#VALUE!"}},{"$error":"#VALUE!"},null,10,{"$f":"SUM(SUMPRODUCT(AF$20:AJ$20,Q97:U97),SUMPRODUCT(AF$20:AJ$20,System2!Q97:U97),SUMPRODUCT(AF$20:AJ$20,System3!Q97:U97))","v":{"$error":"#VALUE!"}},{"$f":"SUM(SUMPRODUCT(AF$21:AJ$21,W97:AA97),SUMPRODUCT(AF$21:AJ$21,System2!W97:AA97),SUMPRODUCT(AF$21:AJ$21,System3!W97:AA97))","v":{"$error":"#VALUE!"}},{"$f":"WaterFittings!BN72","v":{"$error":"#VALUE!"}},{"$f":"MIN($AG$31,AH96+AF97)","v":{"$error":"#VALUE!"}},{"$error":"#VALUE!"},{"$f":"MIN(AirCond!BL71,P$21)","v":0},{"$f":"MIN($AJ$31,AK96+AI97)","v":{"$error":"#VALUE!"}},{"$f":"MIN(ROUNDDOWN(AJ97-FH97,0),ROUNDDOWN(P$21*0.3,0),ROUNDDOWN(SUM(SUMPRODUCT(I$4:I$15,L$4:L$15),SUMPRODUCT(System2!I$4:I$15,System2!L$4:L$15),SUMPRODUCT(System3!I$4:I$15,System3!L$4:L$15))*0.3,0))","v":{"$error":"#VALUE!"}},0,{"$f":"AL97-AN97-AO97","v":{"$error":"#VALUE!"}},{"$error":"#VALUE!"},{"$f":"ROUNDDOWN(DP97,0)","v":{"$error":"#VALUE!"}},0,{"$f":"IF(AP97<SUM(AS97,AR97),AP97,AP97-SUM(AS97,AR97))","v":{"$error":"#VALUE!"}},{"$f":"ROUNDDOWN(FF97,0)","v":{"$error":"#VALUE!"}},{"$f":"ROUNDDOWN(DQ97,0)","v":{"$error":"#VALUE!"}},0,null,null,null,0,0,0,0,null,{"$f":"FM97*$BC$29","v":{"$error":"#VALUE!"}},{"$error":"#VALUE!"},{"$error":"#VALUE!"},{"$f":"FP97*$BF$29","v":{"$error":"#VALUE!"}},{"$error":"#VALUE!"},{"$error":"#VALUE!"},{"$f":"FS97*$BI$29","v":{"$error":"#VALUE!"}},{"$f":"AM97*$BJ$29","v":{"$error":"#VALUE!"}},{"$f":"AQ97*$BK$29","v":{"$error":"#VALUE!"}},{"$f":"BL$29*AT97","v":0},{"$error":"#VALUE!"},{"$error":"#VALUE!"},{"$error":"#VALUE!"},{"$f":"IF(SUM(BC97:BO97)=0,1,SUM(BC97:BO97))","v":{"$error":"#VALUE!"}},{"$f":"MIN(H97,BP97)","v":{"$error":"#VALUE!"}},{"$error":"#VALUE!"},{"$error":"#VALUE!"},{"$error":"#VALUE!"},{"$error":"#VALUE!"},{"$error":"#VALUE!"},{"$error":"#VALUE!"},{"$error":"#VALUE!"},{"$error":"#VALUE!"},{"$error":"#VALUE!"},{"$error":"#VALUE!"},{"$error":"#VALUE!"},{"$error":"#VALUE!"},{"$error":"#VALUE!"},{"$error":"#VALUE!"},{"$error":"#VALUE!"},{"$error":"#VALUE!"},{"$error":"#VALUE!"},{"$error":"#VALUE!"},{"$error":"#VALUE!"},{"$error":"#VALUE!"},{"$error":"#VALUE!"},{"$error":"#VALUE!"},{"$error":"#VALUE!"},{"$error":"#VALUE!"},{"$f":"(AP97-FF97)*$CP$28","v":{"$error":"#VALUE!"}},{"$error":"#VALUE!"},{"$f":"SUM(CQ97,System2!CQ97,System3!CQ97)","v":{"$error":"#VALUE!"}},{"$error":"#VALUE!"},{"$error":"#VALUE!"},{"$error":"#VALUE!"},{"$error":"#VALUE!"},{"$error":"#VALUE!"},{"$error":"#VALUE!"},{"$error":"#VALUE!"},{"$error":"#VALUE!"},{"$error":"#VALUE!"},{"$error":"#VALUE!"},{"$error":"#VALUE!"},{"$error":"#VALUE!"},{"$error":"#VALUE!"},{"$error":"#VALUE!"},{"$error":"#VALUE!"},{"$error":"#VALUE!"},{"$error":"#VALUE!"},{"$error":"#VALUE!"},{"$error":"#VALUE!"},{"$error":"#VALUE!"},{"$error":"#VALUE!"},{"$error":"#VALUE!"},{"$error":"#VALUE!"},{"$error":"#VALUE!"},{"$error":"#VALUE!"},{"$f":"SUM(DF97:DQ97)","v":{"$error":"#VALUE!"}},{"$f":"SUM(DR97,System2!DR97,System3!DR97)","v":{"$error":"#VALUE!"}},{"$f":"DT$41","v":{"$error":"#VALUE!"}},{"$f":"DU$41","v":{"$error":"#VALUE!"}},{"$f":"DV$41","v":0},{"$f":"DW$41","v":{"$error":"#VALUE!"}},{"$error":"#VALUE!"},{"$error":"#VALUE!"},{"$f":"$DZ$28*GM97","v":{"$error":"#VALUE!"}},0,0,0,0,0,{"$f":"SUM(DT97:EE97)","v":{"$error":"#VALUE!"}},{"$f":"SUM(EF97,System2!EF97,System3!EF97)","v":{"$error":"#VALUE!"}},{"$f":"MIN(EG97,AJ97)","v":{"$error":"#VALUE!"}},{"$f":"IF($EH97,DT97/$EG97,0)","v":{"$error":"#VALUE!"}},{"$f":"IF($EH97,DU97/$EG97,0)","v":{"$error":"#VALUE!"}},{"$f":"IF($EH97,DV97/$EG97,0)","v":{"$error":"#VALUE!"}},{"$f":"IF($EH97,DW97/$EG97,0)","v":{"$error":"#VALUE!"}},{"$f":"IF($EH97,DX97/$EG97,0)","v":{"$error":"#VALUE!"}},{"$f":"IF($EH97,DY97/$EG97,0)","v":{"$error":"#VALUE!"}},{"$f":"IF($EH97,DZ97/$EG97,0)","v":{"$error":"#VALUE!"}},{"$f":"IF($EH97,EA97/$EG97,0)","v":{"$error":"#VALUE!"}},{"$f":"IF($EH97,EB97/$EG97,0)","v":{"$error":"#VALUE!"}},{"$f":"IF($EH97,EC97/$EG97,0)","v":{"$error":"#VALUE!"}},{"$f":"IF($EH97,ED97/$EG97,0)","v":{"$error":"#VALUE!"}},{"$f":"IF($EH97,EE97/$EG97,0)","v":{"$error":"#VALUE!"}},{"$error":"#VALUE!"},{"$error":"#VALUE!"},{"$error":"#VALUE!"},{"$error":"#VALUE!"},{"$error":"#VALUE!"},{"$error":"#VALUE!"},{"$error":"#VALUE!"},{"$error":"#VALUE!"},{"$error":"#VALUE!"},{"$error":"#VALUE!"},{"$error":"#VALUE!"},{"$error":"#VALUE!"},{"$error":"#VALUE!"},{"$f":"SUM(FG97,System2!FG97,System3!FG97)","v":{"$error":"#VALUE!"}},0,0,0,0,{"$error":"#VALUE!"},{"$error":"#VALUE!"},{"$error":"#VALUE!"},{"$error":"#VALUE!"},{"$error":"#VALUE!"},{"$error":"#VALUE!"},{"$error":"#VALUE!"},{"$error":"#VALUE!"},{"$error":"#VALUE!"},{"$error":"#VALUE!"},{"$f":"ROUNDDOWN(GG97-EU97,0)","v":{"$error":"#VALUE!"}},{"$f":"ROUNDDOWN(GH97-EV97,0)","v":{"$error":"#VALUE!"}},{"$f":"ROUNDDOWN(GI97-EW97,0)","v":{"$error":"#VALUE!"}},{"$f":"ROUNDDOWN(GJ97-EX97,0)","v":{"$error":"#VALUE!"}},{"$f":"ROUNDDOWN(GK97-EY97,0)","v":{"$error":"#VALUE!"}},{"$f":"ROUNDDOWN(GL97-EZ97,0)","v":{"$error":"#VALUE!"}},{"$f":"ROUNDDOWN(GM97-FA97,0)","v":{"$error":"#VALUE!"}},{"$f":"ROUNDDOWN(GN97-FB97,0)","v":{"$error":"#VALUE!"}},{"$f":"ROUNDDOWN(GO97-FC97,0)","v":{"$error":"#VALUE!"}},{"$f":"ROUNDDOWN(GP97-FD97,0)","v":{"$error":"#VALUE!"}},{"$f":"$GG$31*WaterFittings!BO72","v":{"$error":"#VALUE!"}},{"$f":"$GH$31*WaterFittings!BP72","v":{"$error":"#VALUE!"}},{"$f":"$GI$31*WaterFittings!BQ72","v":0},{"$f":"GJ$31*AirCond!BD71","v":{"$error":"#VALUE!"}},{"$f":"GK$31*AirCond!BE71","v":{"$error":"#VALUE!"}},{"$f":"GL$31*AirCond!BF71","v":{"$error":"#VALUE!"}},{"$f":"GM$31*AirCond!BG71","v":{"$error":"#VALUE!"}},{"$f":"GN$31*WaterFittings!BS72","v":0},{"$f":"GO$31*WaterFittings!BT72","v":0},{"$f":"GP$31*WaterFittings!BU72","v":0}]
[null,null,67,0,0,{"$error":"#VALUE!"},{"$error":"#VALUE!"},{"$error":"#VALUE!"},{"$error":"#VALUE!"},{"$error":"#VALUE!"},{"$error":"#VALUE!"},{"$error":"#VALUE!"},{"$error":"#VALUE!"},{"$error":"#VALUE!"},{"$error":"#VALUE!"},null,{"$error":"#VALUE!"},{"$error":"#VALUE!"},{"$error":"#VALUE!"},{"$error":"#VALUE!"},{"$error":"#VALUE!"},null,{"$error":"#VALUE!"},{"$error":"#VALUE!"},{"$error":"#VALUE!"},{"$error":"#VALUE!"},{"$error":"#VALUE!"},null,11,{"$f":"SUM(SUMPRODUCT(AF$20:AJ$20,Q98:U98),SUMPRODUCT(AF$20:AJ$20,System2!Q98:U98),SUMPRODUCT(AF$20:AJ$20,System3!Q98:U98))","v":{"$error":"#VALUE!"}},{"$f":"SUM(SUMPRODUCT(AF$21:AJ$21,W98:AA98),SUMPRODUCT(AF$21:AJ$21,System2!W98:AA98),SUMPRODUCT(AF$21:AJ$21,System3!W98:AA98))","v":{"$error":"#VALUE!"}},{"$f":"WaterFittings!BN73","v":{"$error":"#VALUE!"}},{"$error":"#VALUE!"},{"$error":"#VALUE!"},{"$f":"MIN(AirCond!BL72,P$21)","v":0},{"$error":"#VALUE!"},{"$f":"MIN(ROUNDDOWN(AJ98-FH98,0),ROUNDDOWN(P$21*0.3,0),ROUNDDOWN(SUM(SUMPRODUCT(I$4:I$15,L$4:L$15),SUMPRODUCT(System2!I$4:I$15,System2!L$4:L$15),SUMPRODUCT(System3!I$4:I$15,System3!L$4:L$15))*0.3,0))","v":{"$error":"#VALUE!"}},0,{"$error":"#VALUE!"},{"$f":"ROUNDDOWN(FE98,0)","v":{"$error":"#VALUE!"}},{"$error":"#VALUE!"},0,{"$error":"#VALUE!"},{"$error":"#VALUE!"},{"$error":"#VALUE!"},0,null,null,null,0,0,0,0,null,{"$error":"#VALUE!"},{"$error":"#VALUE!"},{"$error":"#VALUE!"},{"$error":"#VALUE!"},{"$error":"#VALUE!"},{"$error":"#VALUE!"},{"$error":"#VALUE!"},{"$error":"#VALUE!"},{"$error":"#VALUE!"},0,{"$error":"#VALUE!"},{"$error":"#VALUE!"},{"$error":"#VALUE!"},{"$error":"#VALUE!"},{"$error":"#VALUE!"},{"$error":"#VALUE!"},{"$error":"#VALUE!"},{"$error":"#VALUE!"},{"$error":"#VALUE!"},{"$error":"#VALUE!"},{"$error":"#VALUE!"},{"$error":"#VALUE!"},{"$error":"#VALUE!"},{"$error":"#VALUE!"},{"$error":"#VALUE!"},{"$error":"#VALUE!"},{"$error":"#VALUE!"},{"$error":"#VALUE!"},{"$error":"#VALUE!"},{"$error":"#VALUE!"},{"$error":"#VALUE!"},{"$error":"#VALUE!"},{"$error":"#VALUE!"},{"$error":"#VALUE!"},{"$error":"#VALUE!"},{"$error":"#VALUE!"},{"$error":"#VALUE!"},{"$error":"#VALUE!"},{"$error":"#VALUE!"},{"$error":"#VALUE!"},{"$error":"#VALUE!"},{"$f":"SUM(CQ98,System2!CQ98,System3!CQ98)","v":{"$error":"#VALUE!"}},{"$error":"#VALUE!"},{"$error":"#VALUE!"},{"$error":"#VALUE!"},{"$error":"#VALUE!"},{"$error":"#VALUE!"},{"$error":"#VALUE!"},{"$error":"#VALUE!"},{"$error":"#VALUE!"},{"$error":"#VALUE!"},{"$error":"#VALUE!"},{"$error":"#VALUE!"},{"$error":"#VALUE!"},{"$error":"#VALUE!"},{"$error":"#VALUE!"},{"$error":"#VALUE!"},{"$error":"#VALUE!"},{"$error":"#VALUE!"},{"$error":"#VALUE!"},{"$error":"#VALUE!"},{"$error":"#VALUE!"},{"$error":"#VALUE!"},{"$error":"#VALUE!"},{"$error":"#VALUE!"},{"$error":"#VALUE!"},{"$error":"#VALUE!"},{"$error":"#VALUE!"},{"$f":"SUM(DR98,System2!DR98,System3!DR98)","v":{"$error":"#VALUE!"}},{"$f":"DT$42","v":{"$error":"#VALUE!"}},{"$f":"DU$42","v":{"$error":"#VALUE!"}},{"$f":"DV$42","v":0},{"$f":"DW$42","v":{"$error":"#VALUE!"}},{"$error":"#VALUE!"},{"$error":"#VALUE!"},{"$error":"#VALUE!"},0,0,0,0,0,{"$error":"#VALUE!"},{"$f":"SUM(EF98,System2!EF98,System3!EF98)","v":{"$error":"#VALUE!"}},{"$error":"#VALUE!"},{"$error":"#VALUE!"},{"$error":"#VALUE!"},{"$error":"#VALUE!"},{"$error":"#VALUE!"},{"$error":"#VALUE!"},{"$error":"#VALUE!"},{"$error":"#VALUE!"},{"$error":"#VALUE!"},{"$error":"#VALUE!"},{"$error":"#VALUE!"},{"$error":"#VALUE!"},{"$error":"#VALUE!"},{"$error":"#VALUE!"},{"$error":"#VALUE!"},{"$error":"#VALUE!"},{"$error":"#VALUE!"},{"$error":"#VALUE!"},{"$error":"#VALUE!"},{"$error":"#VALUE!"},{"$error":"#VALUE!"},{"$error":"#VALUE!"},{"$error":"#VALUE!"},{"$error":"#VALUE!"},{"$error":"#VALUE!"},{"$error":"#VALUE!"},{"$f":"SUM(FG98,System2!FG98,System3!FG98)","v":{"$error":"#VALUE!"}},0,0,0,0,{"$error":"#VALUE!"},{"$error":"#VALUE!"},{"$error":"#VALUE!"},{"$error":"#VALUE!"},{"$error":"#VALUE!"},{"$error":"#VALUE!"},{"$error":"#VALUE!"},{"$error":"#VALUE!"},{"$error":"#VALUE!"},{"$error":"#VALUE!"},{"$error":"#VALUE!"},{"$error":"#VALUE!"},{"$error":"#VALUE!"},{"$error":"#VALUE!"},{"$error":"#VALUE!"},{"$error":"#VALUE!"},{"$error":"#VALUE!"},{"$error":"#VALUE!"},{"$error":"#VALUE!"},{"$error":"#VALUE!"},{"$f":"$GG$31*WaterFittings!BO73","v":{"$error":"#VALUE!"}},{"$f":"$GH$31*WaterFittings!BP73","v":{"$error":"#VALUE!"}},{"$f":"$GI$31*WaterFittings!BQ73","v":0},{"$f":"GJ$31*AirCond!BD72","v":{"$error":"#VALUE!"}},{"$f":"GK$31*AirCond!BE72","v":{"$error":"#VALUE!"}},{"$f":"GL$31*AirCond!BF72","v":{"$error":"#VALUE!"}},{"$f":"GM$31*AirCond!BG72","v":{"$error":"#VALUE!"}},{"$f":"GN$31*WaterFittings!BS73","v":0},{"$f":"GO$31*WaterFittings!BT73","v":0},{"$f":"GP$31*WaterFittings!BU73","v":0}]
[null,null,68,0,0,{"$error":"#VALUE!"},{"$error":"#VALUE!"},{"$error":"#VALUE!"},{"$error":"#VALUE!"},{"$f":"ROUNDDOWN(BY99*BQ99,0)","v":{"$error":"#VALUE!"}},{"$f":"ROUNDDOWN(BZ99*BQ99,0)","v":{"$error":"#VALUE!"}},{"$f":"ROUNDDOWN(CA99*BQ99,0)","v":{"$error":"#VALUE!"}},{"$error":"#VALUE!"},{"$f":"ROUNDDOWN(SUM(BR99:BT99)*BQ99,0)","v":{"$error":"#VALUE!"}},{"$error":"#VALUE!"},null,{"$error":"#VALUE!"},{"$error":"#VALUE!"},{"$error":"#VALUE!"},{"$error":"#VALUE!"},{"$error":"#VALUE!"},null,{"$error":"#VALUE!"},{"$error":"#VALUE!"},{"$error":"#VALUE!"},{"$error":"#VALUE!"},{"$error":"#VALUE!"},null,12,{"$f":"SUM(SUMPRODUCT(AF$20:AJ$20,Q99:U99),SUMPRODUCT(AF$20:AJ$20,System2!Q99:U99),SUMPRODUCT(AF$20:AJ$20,System3!Q99:U99))","v":{"$error":"#VALUE!"}},{"$f":"SUM(SUMPRODUCT(AF$21:AJ$21,W99:AA99),SUMPRODUCT(AF$21:AJ$21,System2!W99:AA99),SUMPRODUCT(AF$21:AJ$21,System3!W99:AA99))","v":{"$error":"#VALUE!"}},{"$f":"WaterFittings!BN74","v":{"$error":"#VALUE!"}},{"$error":"#VALUE!"},{"$error":"#VALUE!"},{"$f":"MIN(AirCond!BL73,P$21)","v":0},{"$error":"#VALUE!"},{"$f":"MIN(ROUNDDOWN(AJ99-FH99,0),ROUNDDOWN(P$21*0.3,0),ROUNDDOWN(SUM(SUMPRODUCT(I$4:I$15,L$4:L$15),SUMPRODUCT(System2!I$4:I$15,System2!L$4:L$15),SUMPRODUCT(System3!I$4:I$15,System3!L$4:L$15))*0.3,0))","v":{"$error":"#VALUE!"}},{"$f":"ROUND(SUM(AX99,AY99),0)","v":0},{"$error":"#VALUE!"},{"$error":"#VALUE!"},{"$error":"#VALUE!"},0,{"$error":"#VALUE!"},{"$error":"#VALUE!"},{"$error":"#VALUE!"},0,null,null,null,{"$f":"IF(IF(AX$28>=3,COUNTIF(AX96:AX98,\">0\"),IF(AX$28=2,COUNTIF(AX97:AX98,\">0\"),IF(AX$28=1,COUNTIF(AX98,\">0\")))),0,AX$31)","v":0},{"$f":"IF(OR(D99>AT$28,IF(AY$28>=3,COUNTIF(AY96:AY98,\">0\")+COUNTIF(D96:D98,\">\"&AT$28),IF(AY$28=2,COUNTIF(AY97:AY98,\">0\")+COUNTIF(D97:D98,\">\"&AT$28),IF(AY$28=1,COUNTIF(AY98,\">0\")+COUNTIF(D98,\">\"&AT$28),0)))),0,AY$31)","v":0},{"$f":"IF(IF(AZ$28>=3,COUNTIF(AZ96:AZ98,\">0\"),IF(AZ$28=2,COUNTIF(AZ97:AZ98,\">0\"),IF(AZ$28=1,COUNTIF(AZ98,\">0\")))),0,AZ$31)","v":0},{"$f":"IF(OR(D99>AT$28,IF(BA$28>=3,COUNTIF(BA96:BA98,\">0\")+COUNTIF(D96:D98,\">\"&AT$28),IF(BA$28=2,COUNTIF(BA97:BA98,\">0\")+COUNTIF(D97:D98,\">\"&AT$28),IF(BA$28=1,COUNTIF(BA98,\">0\")+COUNTIF(D98,\">\"&AT$28),0)))),0,BA$31)","v":0},null,{"$error":"#VALUE!"},{"$error":"#VALUE!"},{"$error":"#VALUE!"},{"$error":"#VALUE!"},{"$error":"#VALUE!"},{"$error":"#VALUE!"},{"$error":"#VALUE!"},{"$error":"#VALUE!"},{"$error":"#VALUE!"},0,{"$error":"#VALUE!"},{"$error":"#VALUE!"},{"$error":"#VALUE!"},{"$error":"#VALUE!"},{"$error":"#VALUE!"},{"$error":"#VALUE!"},{"$error":"#VALUE!"},{"$error":"#VALUE!"},{"$error":"#VALUE!"},{"$error":"#VALUE!"},{"$error":"#VALUE!"},{"$error":"#VALUE!"},{"$error":"#VALUE!"},{"$error":"#VALUE!"},{"$error":"#VALUE!"},{"$error":"#VALUE!"},{"$error":"#VALUE!"},{"$error":"#VALUE!"},{"$error":"#VALUE!"},{"$error":"#VALUE!"},{"$error":"#VALUE!"},{"$error":"#VALUE!"},{"$error":"#VALUE!"},{"$error":"#VALUE!"},{"$error":"#VALUE!"},{"$error":"#VALUE!"},{"$error":"#VALUE!"},{"$error":"#VALUE!"},{"$error":"#VALUE!"},{"$error":"#VALUE!"},{"$f":"SUM(CE99:CP99)","v":{"$error":"#VALUE!"}},{"$f":"SUM(CQ99,System2!CQ99,System3!CQ99)","v":{"$error":"#VALUE!"}},{"$error":"#VALUE!"},{"$f":"IF($CS99,CE99/$CR99,0)","v":{"$error":"#VALUE!"}},{"$f":"IF($CS99,CF99/$CR99,0)","v":{"$error":"#VALUE!"}},{"$f":"IF($CS99,CG99/$CR99,0)","v":{"$error":"#VALUE!"}},{"$f":"IF($CS99,CH99/$CR99,0)","v":{"$error":"#VALUE!"}},{"$f":"IF($CS99,CI99/$CR99,0)","v":{"$error":"#VALUE!"}},{"$f":"IF($CS99,CJ99/$CR99,0)","v":{"$error":"#VALUE!"}},{"$error":"#VALUE!"},{"$f":"IF($CS99,CL99/$CR99,0)","v":{"$error":"#VALUE!"}},{"$f":"IF($CS99,CM99/$CR99,0)","v":{"$error":"#VALUE!"}},{"$f":"IF($CS99,CN99/$CR99,0)","v":{"$error":"#VALUE!"}},{"$f":"IF($CS99,CO99/$CR99,0)","v":{"$error":"#VALUE!"}},{"$f":"IF($CS99,CP99/$CR99,0)","v":{"$error":"#VALUE!"}},{"$f":"$CS99*CT99","v":{"$error":"#VALUE!"}},{"$f":"$CS99*CU99","v":{"$error":"#VALUE!"}},{"$f":"$CS99*CV99","v":{"$error":"#VALUE!"}},{"$f":"$CS99*CW99","v":{"$error":"#VALUE!"}},{"$f":"$CS99*CX99","v":{"$error":"#VALUE!"}},{"$f":"$CS99*CY99","v":{"$error":"#VALUE!"}},{"$error":"#VALUE!"},{"$f":"$CS99*DA99","v":{"$error":"#VALUE!"}},{"$f":"$CS99*DB99","v":{"$error":"#VALUE!"}},{"$f":"$CS99*DC99","v":{"$error":"#VALUE!"}},{"$f":"$CS99*DD99","v":{"$error":"#VALUE!"}},{"$f":"$CS99*DE99","v":{"$error":"#VALUE!"}},{"$error":"#VALUE!"},{"$f":"SUM(DR99,System2!DR99,System3!DR99)","v":{"$error":"#VALUE!"}},{"$f":"DT$43","v":{"$error":"#VALUE!"}},{"$f":"DU$43","v":{"$error":"#VALUE!"}},{"$f":"DV$43","v":0},{"$f":"DW$43","v":{"$error":"#VALUE!"}},{"$error":"#VALUE!"},{"$error":"#VALUE!"},{"$error":"#VALUE!"},0,0,0,0,0,{"$error":"#VALUE!"},{"$f":"SUM(EF99,System2!EF99,System3!EF99)","v":{"$error":"#VALUE!"}},{"$error":"#VALUE!"},{"$error":"#VALUE!"},{"$error":"#VALUE!"},{"$error":"#VALUE!"},{"$error":"#VALUE!"},{"$error":"#VALUE!"},{"$error":"#VALUE!"},{"$error":"#VALUE!"},{"$error":"#VALUE!"},{"$error":"#VALUE!"},{"$error":"#VALUE!"},{"$error":"#VALUE!"},{"$error":"#VALUE!"},{"$error":"#VALUE!"},{"$error":"#VALUE!"},{"$error":"#VALUE!"},{"$error":"#VALUE!"},{"$error":"#VALUE!"},{"$error":"#VALUE!"},{"$error":"#VALUE!"},{"$error":"#VALUE!"},{"$error":"#VALUE!"},{"$error":"#VALUE!"},{"$error":"#VALUE!"},{"$error":"#VALUE!"},{"$error":"#VALUE!"},{"$f":"SUM(FG99,System2!FG99,System3!FG99)","v":{"$error":"#VALUE!"}},{"$f":"IF(IF(FI$28>=3,COUNTIF(FI96:FI98,\">0\"),IF(FI$28=2,COUNTIF(FI97:FI98,\">0\"),IF(FI$28=1,COUNTIF(FI98,\">0\")))),0,FI$31)","v":0},{"$f":"IF(OR(D99>AT$28,IF(FJ$28>=3,COUNTIF(FJ96:FJ98,\">0\")+COUNTIF(D96:D98,\">\"&AT$28),IF(FJ$28=2,COUNTIF(FJ97:FJ98,\">0\")+COUNTIF(D97:D98,\">\"&AT$28),IF(FJ$28=1,COUNTIF(FJ98,\">0\")+COUNTIF(D98,\">\"&AT$28),0)))),0,FJ$31)","v":0},0,{"$f":"IF(OR(D99>AT$28,IF(FL$28>=3,COUNTIF(FL96:FL98,\">0\")+COUNTIF(D96:D98,\">\"&AT$28),IF(FL$28=2,COUNTIF(FL97:FL98,\">0\")+COUNTIF(D97:D98,\">\"&AT$28),IF(FL$28=1,COUNTIF(FL98,\">0\")+COUNTIF(D98,\">\"&AT$28),0)))),0,FL$31)","v":0},{"$error":"#VALUE!"},{"$error":"#VALUE!"},{"$error":"#VALUE!"},{"$error":"#VALUE!"},{"$error":"#VALUE!"},{"$error":"#VALUE!"},{"$error":"#VALUE!"},{"$error":"#VALUE!"},{"$error":"#VALUE!"},{"$error":"#VALUE!"},{"$error":"#VALUE!"},{"$error":"#VALUE!"},{"$error":"#VALUE!"},{"$error":"#VALUE!"},{"$error":"#VALUE!"},{"$error":"#VALUE!"},{"$error":"#VALUE!"},{"$error":"#VALUE!"},{"$error":"#VALUE!"},{"$error":"#VALUE!"},{"$f":"$GG$31*WaterFittings!BO74","v":{"$error":"#VALUE!"}},{"$f":"$GH$31*WaterFittings!BP74","v":{"$error":"#VALUE!"}},{"$f":"$GI$31*WaterFittings!BQ74","v":0},{"$f":"GJ$31*AirCond!BD73","v":{"$error":"#VALUE!"}},{"$f":"GK$31*AirCond!BE73","v":{"$error":"#VALUE!"}},{"$f":"GL$31*AirCond!BF73","v":{"$error":"#VALUE!"}},{"$f":"GM$31*AirCond!BG73","v":{"$error":"#VALUE!"}},{"$f":"GN$31*WaterFittings!BS74","v":0},{"$f":"GO$31*WaterFittings!BT74","v":0},{"$f":"GP$31*WaterFittings!BU74","v":0}]
[null,null,69,0,0,{"$error":"#VALUE!"},{"$error":"#VALUE!"},{"$error":"#VALUE!"},{"$error":"#VALUE!"},{"$error":"#VALUE!"},{"$error":"#VALUE!"},{"$error":"#VALUE!"},{"$error":"#VALUE!"},{"$error":"#VALUE!"},{"$error":"#VALUE!"},null,{"$error":"#VALUE!"},{"$error":"#VALUE!"},{"$error":"#VALUE!"},{"$error":"#VALUE!"},{"$error":"#VALUE!"},null,{"$error":"#VALUE!"},{"$error":"#VALUE!"},{"$error":"#VALUE!"},{"$error":"#VALUE!"},{"$error":"#VALUE!"},null,13,{"$f":"SUM(SUMPRODUCT(AF$20:AJ$20,Q100:U100),SUMPRODUCT(AF$20:AJ$20,System2!Q100:U100),SUMPRODUCT(AF$20:AJ$20,System3!Q100:U100))","v":{"$error":"#VALUE!"}},{"$f":"SUM(SUMPRODUCT(AF$21:AJ$21,W100:AA100),SUMPRODUCT(AF$21:AJ$21,System2!W100:AA100),SUMPRODUCT(AF$21:AJ$21,System3!W100:AA100))","v":{"$error":"#VALUE!"}},{"$f":"WaterFittings!BN75","v":{"$error":"#VALUE!"}},{"$error":"#VALUE!"},{"$error":"#VALUE!"},{"$f":"MIN(AirCond!BL74,P$21)","v":0},{"$error":"#VALUE!"},{"$f":"MIN(ROUNDDOWN(AJ100-FH100,0),ROUNDDOWN(P$21*0.3,0),ROUNDDOWN(SUM(SUMPRODUCT(I$4:I$15,L$4:L$15),SUMPRODUCT(System2!I$4:I$15,System2!L$4:L$15),SUMPRODUCT(System3!I$4:I$15,System3!L$4:L$15))*0.3,0))","v":{"$error":"#VALUE!"}},0,{"$error":"#VALUE!"},{"$error":"#VALUE!"},{"$error":"#VALUE!"},0,{"$error":"#VALUE!"},{"$error":"#VALUE!"},{"$error":"#VALUE!"},0,null,null,null,0,0,0,0,null,{"$error":"#VALUE!"},{"$error":"#VALUE!"},{"$error":"#VALUE!"},{"$error":"#VALUE!"},{"$error":"#VALUE!"},{"$error":"#VALUE!"},{"$error":"#VALUE!"},{"$error":"#VALUE!"},{"$error":"#VALUE!"},0,{"$error":"#VALUE!"},{"$error":"#VALUE!"},{"$error":"#VALUE!"},{"$error":"#VALUE!"},{"$error":"#VALUE!"},{"$error":"#VALUE!"},{"$error":"#VALUE!"},{"$error":"#VALUE!"},{"$error":"#VALUE!"},{"$error":"#VALUE!"},{"$error":"#VALUE!"},{"$error":"#VALUE!"},{"$error":"#VALUE!"},{"$error":"#VALUE!"},{"$error":"#VALUE!"},{"$error":"#VALUE!"},{"$error":"#VALUE!"},{"$error":"#VALUE!"},{"$error":"#VALUE!"},{"$error":"#VALUE!"},{"$error":"#VALUE!"},{"$error":"#VALUE!"},{"$error":"#VALUE!"},{"$error":"#VALUE!"},{"$error":"#VALUE!"},{"$error":"#VALUE!"},{"$error":"#VALUE!"},{"$error":"#VALUE!"},{"$error":"#VALUE!"},{"$error":"#VALUE!"},{"$error":"#VALUE!"},{"$f":"SUM(CQ100,System2!CQ100,System3!CQ100)","v":{"$error":"#VALUE!"}},{"$error":"#VALUE!"},{"$error":"#VALUE!"},{"$error":"#VALUE!"},{"$error":"#VALUE!"},{"$error":"#VALUE!"},{"$error":"#VALUE!"},{"$error":"#VALUE!"},{"$error":"#VALUE!"},{"$error":"#VALUE!"},{"$error":"#VALUE!"},{"$error":"#VALUE!"},{"$error":"#VALUE!"},{"$error":"#VALUE!"},{"$error":"#VALUE!"},{"$error":"#VALUE!"},{"$error":"#VALUE!"},{"$error":"#VALUE!"},{"$error":"#VALUE!"},{"$error":"#VALUE!"},{"$error":"#VALUE!"},{"$error":"#VALUE!"},{"$error":"#VALUE!"},{"$error":"#VALUE!"},{"$error":"#VALUE!"},{"$error":"#VALUE!"},{"$error":"#VALUE!"},{"$f":"SUM(DR100,System2!DR100,System3!DR100)","v":{"$error":"#VALUE!"}},{"$f":"DT$44","v":{"$error":"#VALUE!"}},{"$f":"DU$44","v":{"$error":"#VALUE!"}},{"$f":"DV$44","v":0},{"$f":"DW$44","v":{"$error":"#VALUE!"}},{"$error":"#VALUE!"},{"$error":"#VALUE!"},{"$error":"#VALUE!"},0,0,0,0,0,{"$error":"#VALUE!"},{"$f":"SUM(EF100,System2!EF100,System3!EF100)","v":{"$error":"#VALUE!"}},{"$error":"#VALUE!"},{"$error":"#VALUE!"},{"$error":"#VALUE!"},{"$error":"#VALUE!"},{"$error":"#VALUE!"},{"$error":"#VALUE!"},{"$error":"#VALUE!"},{"$error":"#VALUE!"},{"$error":"#VALUE!"},{"$error":"#VALUE!"},{"$error":"#VALUE!"},{"$error":"#VALUE!"},{"$error":"#VALUE!"},{"$error":"#VALUE!"},{"$error":"#VALUE!"},{"$error":"#VALUE!"},{"$error":"#VALUE!"},{"$error":"#VALUE!"},{"$error":"#VALUE!"},{"$error":"#VALUE!"},{"$error":"#VALUE!"},{"$error":"#VALUE!"},{"$error":"#VALUE!"},{"$error":"#VALUE!"},{"$error":"#VALUE!"},{"$error":"#VALUE!"},{"$f":"SUM(FG100,System2!FG100,System3!FG100)","v":{"$error":"#VALUE!"}},0,0,0,0,{"$error":"#VALUE!"},{"$error":"#VALUE!"},{"$error":"#VALUE!"},{"$error":"#VALUE!"},{"$error":"#VALUE!"},{"$error":"#VALUE!"},{"$error":"#VALUE!"},{"$error":"#VALUE!"},{"$error":"#VALUE!"},{"$error":"#VALUE!"},{"$error":"#VALUE!"},{"$error":"#VALUE!"},{"$error":"#VALUE!"},{"$error":"#VALUE!"},{"$error":"#VALUE!"},{"$error":"#VALUE!"},{"$error":"#VALUE!"},{"$error":"#VALUE!"},{"$error":"#VALUE!"},{"$error":"#VALUE!"},{"$f":"$GG$31*WaterFittings!BO75","v":{"$error":"#VALUE!"}},{"$f":"$GH$31*WaterFittings!BP75","v":{"$error":"#VALUE!"}},{"$f":"$GI$31*WaterFittings!BQ75","v":0},{"$f":"GJ$31*AirCond!BD74","v":{"$error":"#VALUE!"}},{"$f":"GK$31*AirCond!BE74","v":{"$error":"#VALUE!"}},{"$f":"GL$31*AirCond!BF74","v":{"$error":"#VALUE!"}},{"$f":"GM$31*AirCond!BG74","v":{"$error":"#VALUE!"}},{"$f":"GN$31*WaterFittings!BS75","v":0},{"$f":"GO$31*WaterFittings!BT75","v":0},{"$f":"GP$31*WaterFittings!BU75","v":0}]
[null,null,70,0,0,{"$error":"#VALUE!"},{"$error":"#VALUE!"},{"$error":"#VALUE!"},{"$error":"#VALUE!"},{"$error":"#VALUE!"},{"$error":"#VALUE!"},{"$error":"#VALUE!"},{"$error":"#VALUE!"},{"$error":"#VALUE!"},{"$error":"#VALUE!"},null,{"$error":"#VALUE!"},{"$error":"#VALUE!"},{"$error":"#VALUE!"},{"$error":"#VALUE!"},{"$error":"#VALUE!"},null,{"$error":"#VALUE!"},{"$error":"#VALUE!"},{"$error":"#VALUE!"},{"$error":"#VALUE!"},{"$error":"#VALUE!"},null,14,{"$f":"SUM(SUMPRODUCT(AF$20:AJ$20,Q101:U101),SUMPRODUCT(AF$20:AJ$20,System2!Q101:U101),SUMPRODUCT(AF$20:AJ$20,System3!Q101:U101))","v":{"$error":"#VALUE!"}},{"$f":"SUM(SUMPRODUCT(AF$21:AJ$21,W101:AA101),SUMPRODUCT(AF$21:AJ$21,System2!W101:AA101),SUMPRODUCT(AF$21:AJ$21,System3!W101:AA101))","v":{"$error":"#VALUE!"}},{"$f":"WaterFittings!BN76","v":{"$error":"#VALUE!"}},{"$error":"#VALUE!"},{"$error":"#VALUE!"},{"$f":"MIN(AirCond!BL75,P$21)","v":0},{"$error":"#VALUE!"},{"$f":"MIN(ROUNDDOWN(AJ101-FH101,0),ROUNDDOWN(P$21*0.3,0),ROUNDDOWN(SUM(SUMPRODUCT(I$4:I$15,L$4:L$15),SUMPRODUCT(System2!I$4:I$15,System2!L$4:L$15),SUMPRODUCT(System3!I$4:I$15,System3!L$4:L$15))*0.3,0))","v":{"$error":"#VALUE!"}},0,{"$error":"#VALUE!"},{"$error":"#VALUE!"},{"$error":"#VALUE!"},0,{"$error":"#VALUE!"},{"$error":"#VALUE!"},{"$error":"#VALUE!"},0,null,null,null,0,0,0,0,null,{"$error":"#VALUE!"},{"$error":"#VALUE!"},{"$error":"#VALUE!"},{"$error":"#VALUE!"},{"$error":"#VALUE!"},{"$error":"#VALUE!"},{"$error":"#VALUE!"},{"$error":"#VALUE!"},{"$error":"#VALUE!"},0,{"$error":"#VALUE!"},{"$error":"#VALUE!"},{"$error":"#VALUE!"},{"$error":"#VALUE!"},{"$error":"#VALUE!"},{"$error":"#VALUE!"},{"$error":"#VALUE!"},{"$error":"#VALUE!"},{"$error":"#VALUE!"},{"$error":"#VALUE!"},{"$error":"#VALUE!"},{"$error":"#VALUE!"},{"$error":"#VALUE!"},{"$error":"#VALUE!"},{"$error":"#VALUE!"},{"$error":"#VALUE!"},{"$error":"#VALUE!"},{"$error":"#VALUE!"},{"$error":"#VALUE!"},{"$error":"#VALUE!"},{"$error":"#VALUE!"},{"$error":"#VALUE!"},{"$error":"#VALUE!"},{"$error":"#VALUE!"},{"$error":"#VALUE!"},{"$error":"#VALUE!"},{"$error":"#VALUE!"},{"$error":"#VALUE!"},{"$error":"#VALUE!"},{"$error":"#VALUE!"},{"$error":"#VALUE!"},{"$f":"SUM(CQ101,System2!CQ101,System3!CQ101)","v":{"$error":"#VALUE!"}},{"$error":"#VALUE!"},{"$error":"#VALUE!"},{"$error":"#VALUE!"},{"$error":"#VALUE!"},{"$error":"#VALUE!"},{"$error":"#VALUE!"},{"$error":"#VALUE!"},{"$error":"#VALUE!"},{"$error":"#VALUE!"},{"$error":"#VALUE!"},{"$error":"#VALUE!"},{"$error":"#VALUE!"},{"$error":"#VALUE!"},{"$error":"#VALUE!"},{"$error":"#VALUE!"},{"$error":"#VALUE!"},{"$error":"#VALUE!"},{"$error":"#VALUE!"},{"$error":"#VALUE!"},{"$error":"#VALUE!"},{"$error":"#VALUE!"},{"$error":"#VALUE!"},{"$error":"#VALUE!"},{"$error":"#VALUE!"},{"$error":"#VALUE!"},{"$error":"#VALUE!"},{"$f":"SUM(DR101,System2!DR101,System3!DR101)","v":{"$error":"#VALUE!"}},{"$f":"DT$45","v":{"$error":"#VALUE!"}},{"$f":"DU$45","v":{"$error":"#VALUE!"}},{"$f":"DV$45","v":0},{"$f":"DW$45","v":{"$error":"#VALUE!"}},{"$error":"#VALUE!"},{"$error":"#VALUE!"},{"$error":"#VALUE!"},0,0,0,0,0,{"$error":"#VALUE!"},{"$f":"SUM(EF101,System2!EF101,System3!EF101)","v":{"$error":"#VALUE!"}},{"$error":"#VALUE!"},{"$error":"#VALUE!"},{"$error":"#VALUE!"},{"$error":"#VALUE!"},{"$error":"#VALUE!"},{"$error":"#VALUE!"},{"$error":"#VALUE!"},{"$error":"#VALUE!"},{"$error":"#VALUE!"},{"$error":"#VALUE!"},{"$error":"#VALUE!"},{"$error":"#VALUE!"},{"$error":"#VALUE!"},{"$error":"#VALUE!"},{"$error":"#VALUE!"},{"$error":"#VALUE!"},{"$error":"#VALUE!"},{"$error":"#VALUE!"},{"$error":"#VALUE!"},{"$error":"#VALUE!"},{"$error":"#VALUE!"},{"$error":"#VALUE!"},{"$error":"#VALUE!"},{"$error":"#VALUE!"},{"$error":"#VALUE!"},{"$error":"#VALUE!"},{"$f":"SUM(FG101,System2!FG101,System3!FG101)","v":{"$error":"#VALUE!"}},0,0,0,0,{"$error":"#VALUE!"},{"$error":"#VALUE!"},{"$error":"#VALUE!"},{"$error":"#VALUE!"},{"$error":"#VALUE!"},{"$error":"#VALUE!"},{"$error":"#VALUE!"},{"$error":"#VALUE!"},{"$error":"#VALUE!"},{"$error":"#VALUE!"},{"$error":"#VALUE!"},{"$error":"#VALUE!"},{"$error":"#VALUE!"},{"$error":"#VALUE!"},{"$error":"#VALUE!"},{"$error":"#VALUE!"},{"$error":"#VALUE!"},{"$error":"#VALUE!"},{"$error":"#VALUE!"},{"$error":"#VALUE!"},{"$f":"$GG$31*WaterFittings!BO76","v":{"$error":"#VALUE!"}},{"$f":"$GH$31*WaterFittings!BP76","v":{"$error":"#VALUE!"}},{"$f":"$GI$31*WaterFittings!BQ76","v":0},{"$f":"GJ$31*AirCond!BD75","v":{"$error":"#VALUE!"}},{"$f":"GK$31*AirCond!BE75","v":{"$error":"#VALUE!"}},{"$f":"GL$31*AirCond!BF75","v":{"$error":"#VALUE!"}},{"$f":"GM$31*AirCond!BG75","v":{"$error":"#VALUE!"}},{"$f":"GN$31*WaterFittings!BS76","v":0},{"$f":"GO$31*WaterFittings!BT76","v":0},{"$f":"GP$31*WaterFittings!BU76","v":0}]
[null,null,71,0,0,{"$error":"#VALUE!"},{"$error":"#VALUE!"},{"$error":"#VALUE!"},{"$error":"#VALUE!"},{"$error":"#VALUE!"},{"$error":"#VALUE!"},{"$error":"#VALUE!"},{"$error":"#VALUE!"},{"$error":"#VALUE!"},{"$error":"#VALUE!"},null,{"$error":"#VALUE!"},{"$error":"#VALUE!"},{"$error":"#VALUE!"},{"$error":"#VALUE!"},{"$error":"#VALUE!"},null,{"$error":"#VALUE!"},{"$error":"#VALUE!"},{"$error":"#VALUE!"},{"$error":"#VALUE!"},{"$f":"ROUNDDOWN(FF102,0)","v":{"$error":"#VALUE!"}},null,15,{"$f":"SUM(SUMPRODUCT(AF$20:AJ$20,Q102:U102),SUMPRODUCT(AF$20:AJ$20,System2!Q102:U102),SUMPRODUCT(AF$20:AJ$20,System3!Q102:U102))","v":{"$error":"#VALUE!"}},{"$f":"SUM(SUMPRODUCT(AF$21:AJ$21,W102:AA102),SUMPRODUCT(AF$21:AJ$21,System2!W102:AA102),SUMPRODUCT(AF$21:AJ$21,System3!W102:AA102))","v":{"$error":"#VALUE!"}},{"$f":"WaterFittings!BN77","v":{"$error":"#VALUE!"}},{"$error":"#VALUE!"},{"$error":"#VALUE!"},{"$f":"MIN(AirCond!BL76,P$21)","v":0},{"$error":"#VALUE!"},{"$f":"MIN(ROUNDDOWN(AJ102-FH102,0),ROUNDDOWN(P$21*0.3,0),ROUNDDOWN(SUM(SUMPRODUCT(I$4:I$15,L$4:L$15),SUMPRODUCT(System2!I$4:I$15,System2!L$4:L$15),SUMPRODUCT(System3!I$4:I$15,System3!L$4:L$15))*0.3,0))","v":{"$error":"#VALUE!"}},0,{"$error":"#VALUE!"},{"$error":"#VALUE!"},{"$error":"#VALUE!"},0,{"$error":"#VALUE!"},{"$error":"#VALUE!"},{"$error":"#VALUE!"},0,null,null,null,0,0,0,0,null,{"$error":"#VALUE!"},{"$error":"#VALUE!"},{"$error":"#VALUE!"},{"$error":"#VALUE!"},{"$error":"#VALUE!"},{"$error":"#VALUE!"},{"$error":"#VALUE!"},{"$error":"#VALUE!"},{"$error":"#VALUE!"},0,{"$error":"#VALUE!"},{"$error":"#VALUE!"},{"$error":"#VALUE!"},{"$error":"#VALUE!"},{"$error":"#VALUE!"},{"$error":"#VALUE!"},{"$error":"#VALUE!"},{"$error":"#VALUE!"},{"$error":"#VALUE!"},{"$error":"#VALUE!"},{"$error":"#VALUE!"},{"$error":"#VALUE!"},{"$error":"#VALUE!"},{"$error":"#VALUE!"},{"$error":"#VALUE!"},{"$error":"#VALUE!"},{"$error":"#VALUE!"},{"$error":"#VALUE!"},{"$error":"#VALUE!"},{"$error":"#VALUE!"},{"$error":"#VALUE!"},{"$error":"#VALUE!"},{"$error":"#VALUE!"},{"$error":"#VALUE!"},{"$error":"#VALUE!"},{"$error":"#VALUE!"},{"$error":"#VALUE!"},{"$error":"#VALUE!"},{"$error":"#VALUE!"},{"$error":"#VALUE!"},{"$error":"#VALUE!"},{"$f":"SUM(CQ102,System2!CQ102,System3!CQ102)","v":{"$error":"#VALUE!"}},{"$error":"#VALUE!"},{"$error":"#VALUE!"},{"$error":"#VALUE!"},{"$error":"#VALUE!"},{"$error":"#VALUE!"},{"$error":"#VALUE!"},{"$error":"#VALUE!"},{"$error":"#VALUE!"},{"$error":"#VALUE!"},{"$error":"#VALUE!"},{"$error":"#VALUE!"},{"$error":"#VALUE!"},{"$error":"#VALUE!"},{"$error":"#VALUE!"},{"$error":"#VALUE!"},{"$error":"#VALUE!"},{"$error":"#VALUE!"},{"$error":"#VALUE!"},{"$error":"#VALUE!"},{"$error":"#VALUE!"},{"$error":"#VALUE!"},{"$error":"#VALUE!"},{"$error":"#VALUE!"},{"$error":"#VALUE!"},{"$error":"#VALUE!"},{"$error":"#VALUE!"},{"$f":"SUM(DR102,System2!DR102,System3!DR102)","v":{"$error":"#VALUE!"}},{"$f":"DT$46","v":{"$error":"#VALUE!"}},{"$f":"DU$46","v":{"$error":"#VALUE!"}},{"$f":"DV$46","v":0},{"$f":"DW$46","v":{"$error":"#VALUE!"}},{"$error":"#VALUE!"},{"$error":"#VALUE!"},{"$error":"#VALUE!"},0,0,0,0,0,{"$error":"#VALUE!"},{"$f":"SUM(EF102,System2!EF102,System3!EF102)","v":{"$error":"#VALUE!"}},{"$error":"#VALUE!"},{"$error":"#VALUE!"},{"$error":"#VALUE!"},{"$error":"#VALUE!"},{"$error":"#VALUE!"},{"$error":"#VALUE!"},{"$error":"#VALUE!"},{"$error":"#VALUE!"},{"$error":"#VALUE!"},{"$error":"#VALUE!"},{"$error":"#VALUE!"},{"$error":"#VALUE!"},{"$error":"#VALUE!"},{"$error":"#VALUE!"},{"$error":"#VALUE!"},{"$error":"#VALUE!"},{"$error":"#VALUE!"},{"$error":"#VALUE!"},{"$error":"#VALUE!"},{"$error":"#VALUE!"},{"$error":"#VALUE!"},{"$error":"#VALUE!"},{"$error":"#VALUE!"},{"$error":"#VALUE!"},{"$error":"#VALUE!"},{"$error":"#VALUE!"},{"$f":"SUM(FG102,System2!FG102,System3!FG102)","v":{"$error":"#VALUE!"}},0,0,0,0,{"$error":"#VALUE!"},{"$error":"#VALUE!"},{"$error":"#VALUE!"},{"$error":"#VALUE!"},{"$error":"#VALUE!"},{"$error":"#VALUE!"},{"$error":"#VALUE!"},{"$error":"#VALUE!"},{"$error":"#VALUE!"},{"$error":"#VALUE!"},{"$error":"#VALUE!"},{"$error":"#VALUE!"},{"$error":"#VALUE!"},{"$error":"#VALUE!"},{"$error":"#VALUE!"},{"$error":"#VALUE!"},{"$error":"#VALUE!"},{"$error":"#VALUE!"},{"$error":"#VALUE!"},{"$error":"#VALUE!"},{"$f":"$GG$31*WaterFittings!BO77","v":{"$error":"#VALUE!"}},{"$f":"$GH$31*WaterFittings!BP77","v":{"$error":"#VALUE!"}},{"$f":"$GI$31*WaterFittings!BQ77","v":0},{"$f":"GJ$31*AirCond!BD76","v":{"$error":"#VALUE!"}},{"$f":"GK$31*AirCond!BE76","v":{"$error":"#VALUE!"}},{"$f":"GL$31*AirCond!BF76","v":{"$error":"#VALUE!"}},{"$f":"GM$31*AirCond!BG76","v":{"$error":"#VALUE!"}},{"$f":"GN$31*WaterFittings!BS77","v":0},{"$f":"GO$31*WaterFittings!BT77","v":0},{"$f":"GP$31*WaterFittings!BU77","v":0}]
[null,null,{"$f":"C102+1","v":72},0,0,{"$error":"#VALUE!"},{"$error":"#VALUE!"},{"$error":"#VALUE!"},{"$error":"#VALUE!"},{"$error":"#VALUE!"},{"$error":"#VALUE!"},{"$error":"#VALUE!"},{"$error":"#VALUE!"},{"$error":"#VALUE!"},{"$error":"#VALUE!"},null,{"$error":"#VALUE!"},{"$error":"#VALUE!"},{"$error":"#VALUE!"},{"$error":"#VALUE!"},{"$error":"#VALUE!"},null,{"$error":"#VALUE!"},{"$error":"#VALUE!"},{"$error":"#VALUE!"},{"$error":"#VALUE!"},{"$error":"#VALUE!"},null,16,{"$f":"SUM(SUMPRODUCT(AF$20:AJ$20,Q103:U103),SUMPRODUCT(AF$20:AJ$20,System2!Q103:U103),SUMPRODUCT(AF$20:AJ$20,System3!Q103:U103))","v":{"$error":"#VALUE!"}},{"$f":"SUM(SUMPRODUCT(AF$21:AJ$21,W103:AA103),SUMPRODUCT(AF$21:AJ$21,System2!W103:AA103),SUMPRODUCT(AF$21:AJ$21,System3!W103:AA103))","v":{"$error":"#VALUE!"}},{"$f":"WaterFittings!BN78","v":{"$error":"#VALUE!"}},{"$error":"#VALUE!"},{"$error":"#VALUE!"},{"$f":"MIN(AirCond!BL77,P$21)","v":0},{"$error":"#VALUE!"},{"$f":"MIN(ROUNDDOWN(AJ103-FH103,0),ROUNDDOWN(P$21*0.3,0),ROUNDDOWN(SUM(SUMPRODUCT(I$4:I$15,L$4:L$15),SUMPRODUCT(System2!I$4:I$15,System2!L$4:L$15),SUMPRODUCT(System3!I$4:I$15,System3!L$4:L$15))*0.3,0))","v":{"$error":"#VALUE!"}},0,{"$error":"#VALUE!"},{"$error":"#VALUE!"},{"$error":"#VALUE!"},0,{"$error":"#VALUE!"},{"$error":"#VALUE!"},{"$error":"#VALUE!"},0,null,null,null,0,0,0,0,null,{"$error":"#VALUE!"},{"$error":"#VALUE!"},{"$error":"#VALUE!"},{"$error":"#VALUE!"},{"$error":"#VALUE!"},{"$error":"#VALUE!"},{"$error":"#VALUE!"},{"$error":"#VALUE!"},{"$error":"#VALUE!"},0,{"$error":"#VALUE!"},{"$error":"#VALUE!"},{"$error":"#VALUE!"},{"$error":"#VALUE!"},{"$error":"#VALUE!"},{"$error":"#VALUE!"},{"$error":"#VALUE!"},{"$error":"#VALUE!"},{"$error":"#VALUE!"},{"$error":"#VALUE!"},{"$error":"#VALUE!"},{"$error":"#VALUE!"},{"$error":"#VALUE!"},{"$error":"#VALUE!"},{"$error":"#VALUE!"},{"$error":"#VALUE!"},{"$error":"#VALUE!"},{"$error":"#VALUE!"},{"$error":"#VALUE!"},{"$error":"#VALUE!"},{"$error":"#VALUE!"},{"$error":"#VALUE!"},{"$error":"#VALUE!"},{"$error":"#VALUE!"},{"$error":"#VALUE!"},{"$error":"#VALUE!"},{"$error":"#VALUE!"},{"$error":"#VALUE!"},{"$error":"#VALUE!"},{"$error":"#VALUE!"},{"$error":"#VALUE!"},{"$f":"SUM(CQ103,System2!CQ103,System3!CQ103)","v":{"$error":"#VALUE!"}},{"$error":"#VALUE!"},{"$error":"#VALUE!"},{"$error":"#VALUE!"},{"$error":"#VALUE!"},{"$error":"#VALUE!"},{"$error":"#VALUE!"},{"$error":"#VALUE!"},{"$error":"#VALUE!"},{"$error":"#VALUE!"},{"$error":"#VALUE!"},{"$error":"#VALUE!"},{"$error":"#VALUE!"},{"$error":"#VALUE!"},{"$error":"#VALUE!"},{"$error":"#VALUE!"},{"$error":"#VALUE!"},{"$error":"#VALUE!"},{"$error":"#VALUE!"},{"$error":"#VALUE!"},{"$error":"#VALUE!"},{"$error":"#VALUE!"},{"$error":"#VALUE!"},{"$error":"#VALUE!"},{"$error":"#VALUE!"},{"$error":"#VALUE!"},{"$error":"#VALUE!"},{"$f":"SUM(DR103,System2!DR103,System3!DR103)","v":{"$error":"#VALUE!"}},{"$f":"DT$47","v":{"$error":"#VALUE!"}},{"$f":"DU$47","v":{"$error":"#VALUE!"}},{"$f":"DV$47","v":0},{"$f":"DW$47","v":{"$error":"#VALUE!"}},{"$error":"#VALUE!"},{"$error":"#VALUE!"},{"$error":"#VALUE!"},0,0,0,0,0,{"$error":"#VALUE!"},{"$f":"SUM(EF103,System2!EF103,System3!EF103)","v":{"$error":"#VALUE!"}},{"$error":"#VALUE!"},{"$error":"#VALUE!"},{"$error":"#VALUE!"},{"$error":"#VALUE!"},{"$error":"#VALUE!"},{"$error":"#VALUE!"},{"$error":"#VALUE!"},{"$error":"#VALUE!"},{"$error":"#VALUE!"},{"$error":"#VALUE!"},{"$error":"#VALUE!"},{"$error":"#VALUE!"},{"$error":"#VALUE!"},{"$error":"#VALUE!"},{"$error":"#VALUE!"},{"$error":"#VALUE!"},{"$error":"#VALUE!"},{"$error":"#VALUE!"},{"$error":"#VALUE!"},{"$error":"#VALUE!"},{"$error":"#VALUE!"},{"$error":"#VALUE!"},{"$error":"#VALUE!"},{"$error":"#VALUE!"},{"$error":"#VALUE!"},{"$error":"#VALUE!"},{"$f":"SUM(FG103,System2!FG103,System3!FG103)","v":{"$error":"#VALUE!"}},0,0,0,0,{"$error":"#VALUE!"},{"$error":"#VALUE!"},{"$error":"#VALUE!"},{"$error":"#VALUE!"},{"$error":"#VALUE!"},{"$error":"#VALUE!"},{"$error":"#VALUE!"},{"$error":"#VALUE!"},{"$error":"#VALUE!"},{"$error":"#VALUE!"},{"$error":"#VALUE!"},{"$error":"#VALUE!"},{"$error":"#VALUE!"},{"$error":"#VALUE!"},{"$error":"#VALUE!"},{"$error":"#VALUE!"},{"$error":"#VALUE!"},{"$error":"#VALUE!"},{"$error":"#VALUE!"},{"$error":"#VALUE!"},{"$f":"$GG$31*WaterFittings!BO78","v":{"$error":"#VALUE!"}},{"$f":"$GH$31*WaterFittings!BP78","v":{"$error":"#VALUE!"}},{"$f":"$GI$31*WaterFittings!BQ78","v":0},{"$f":"GJ$31*AirCond!BD77","v":{"$error":"#VALUE!"}},{"$f":"GK$31*AirCond!BE77","v":{"$error":"#VALUE!"}},{"$f":"GL$31*AirCond!BF77","v":{"$error":"#VALUE!"}},{"$f":"GM$31*AirCond!BG77","v":{"$error":"#VALUE!"}},{"$f":"GN$31*WaterFittings!BS78","v":0},{"$f":"GO$31*WaterFittings!BT78","v":0},{"$f":"GP$31*WaterFittings!BU78","v":0}]
[null,null,73,0,0,{"$error":"#VALUE!"},{"$error":"#VALUE!"},{"$error":"#VALUE!"},{"$error":"#VALUE!"},{"$error":"#VALUE!"},{"$error":"#VALUE!"},{"$error":"#VALUE!"},{"$error":"#VALUE!"},{"$error":"#VALUE!"},{"$error":"#VALUE!"},null,{"$error":"#VALUE!"},{"$error":"#VALUE!"},{"$error":"#VALUE!"},{"$error":"#VALUE!"},{"$error":"#VALUE!"},null,{"$error":"#VALUE!"},{"$error":"#VALUE!"},{"$error":"#VALUE!"},{"$error":"#VALUE!"},{"$error":"#VALUE!"},null,17,{"$f":"SUM(SUMPRODUCT(AF$20:AJ$20,Q104:U104),SUMPRODUCT(AF$20:AJ$20,System2!Q104:U104),SUMPRODUCT(AF$20:AJ$20,System3!Q104:U104))","v":{"$error":"#VALUE!"}},{"$f":"SUM(SUMPRODUCT(AF$21:AJ$21,W104:AA104),SUMPRODUCT(AF$21:AJ$21,System2!W104:AA104),SUMPRODUCT(AF$21:AJ$21,System3!W104:AA104))","v":{"$error":"#VALUE!"}},{"$f":"WaterFittings!BN79","v":{"$error":"#VALUE!"}},{"$error":"#VALUE!"},{"$error":"#VALUE!"},{"$f":"MIN(AirCond!BL78,P$21)","v":0},{"$error":"#VALUE!"},{"$f":"MIN(ROUNDDOWN(AJ104-FH104,0),ROUNDDOWN(P$21*0.3,0),ROUNDDOWN(SUM(SUMPRODUCT(I$4:I$15,L$4:L$15),SUMPRODUCT(System2!I$4:I$15,System2!L$4:L$15),SUMPRODUCT(System3!I$4:I$15,System3!L$4:L$15))*0.3,0))","v":{"$error":"#VALUE!"}},0,{"$error":"#VALUE!"},{"$error":"#VALUE!"},{"$error":"#VALUE!"},0,{"$error":"#VALUE!"},{"$error":"#VALUE!"},{"$error":"#VALUE!"},0,null,null,null,0,0,0,0,null,{"$error":"#VALUE!"},{"$error":"#VALUE!"},{"$error":"#VALUE!"},{"$error":"#VALUE!"},{"$error":"#VALUE!"},{"$error":"#VALUE!"},{"$error":"#VALUE!"},{"$error":"#VALUE!"},{"$error":"#VALUE!"},0,{"$error":"#VALUE!"},{"$error":"#VALUE!"},{"$error":"#VALUE!"},{"$error":"#VALUE!"},{"$error":"#VALUE!"},{"$error":"#VALUE!"},{"$error":"#VALUE!"},{"$error":"#VALUE!"},{"$error":"#VALUE!"},{"$error":"#VALUE!"},{"$error":"#VALUE!"},{"$error":"#VALUE!"},{"$error":"#VALUE!"},{"$error":"#VALUE!"},{"$error":"#VALUE!"},{"$error":"#VALUE!"},{"$error":"#VALUE!"},{"$error":"#VALUE!"},{"$error":"#VALUE!"},{"$error":"#VALUE!"},{"$error":"#VALUE!"},{"$error":"#VALUE!"},{"$error":"#VALUE!"},{"$error":"#VALUE!"},{"$error":"#VALUE!"},{"$error":"#VALUE!"},{"$error":"#VALUE!"},{"$error":"#VALUE!"},{"$error":"#VALUE!"},{"$error":"#VALUE!"},{"$error":"#VALUE!"},{"$f":"SUM(CQ104,System2!CQ104,System3!CQ104)","v":{"$error":"#VALUE!"}},{"$error":"#VALUE!"},{"$error":"#VALUE!"},{"$error":"#VALUE!"},{"$error":"#VALUE!"},{"$error":"#VALUE!"},{"$error":"#VALUE!"},{"$error":"#VALUE!"},{"$error":"#VALUE!"},{"$error":"#VALUE!"},{"$error":"#VALUE!"},{"$error":"#VALUE!"},{"$error":"#VALUE!"},{"$error":"#VALUE!"},{"$error":"#VALUE!"},{"$error":"#VALUE!"},{"$error":"#VALUE!"},{"$error":"#VALUE!"},{"$error":"#VALUE!"},{"$error":"#VALUE!"},{"$error":"#VALUE!"},{"$error":"#VALUE!"},{"$error":"#VALUE!"},{"$error":"#VALUE!"},{"$error":"#VALUE!"},{"$error":"#VALUE!"},{"$error":"#VALUE!"},{"$f":"SUM(DR104,System2!DR104,System3!DR104)","v":{"$error":"#VALUE!"}},{"$f":"DT$48","v":{"$error":"#VALUE!"}},{"$f":"DU$48","v":{"$error":"#VALUE!"}},{"$f":"DV$48","v":0},{"$f":"DW$48","v":{"$error":"#VALUE!"}},{"$error":"#VALUE!"},{"$error":"#VALUE!"},{"$error":"#VALUE!"},0,0,0,0,0,{"$error":"#VALUE!"},{"$f":"SUM(EF104,System2!EF104,System3!EF104)","v":{"$error":"#VALUE!"}},{"$error":"#VALUE!"},{"$error":"#VALUE!"},{"$error":"#VALUE!"},{"$error":"#VALUE!"},{"$error":"#VALUE!"},{"$error":"#VALUE!"},{"$error":"#VALUE!"},{"$error":"#VALUE!"},{"$error":"#VALUE!"},{"$error":"#VALUE!"},{"$error":"#VALUE!"},{"$error":"#VALUE!"},{"$error":"#VALUE!"},{"$error":"#VALUE!"},{"$error":"#VALUE!"},{"$error":"#VALUE!"},{"$error":"#VALUE!"},{"$error":"#VALUE!"},{"$error":"#VALUE!"},{"$error":"#VALUE!"},{"$error":"#VALUE!"},{"$error":"#VALUE!"},{"$error":"#VALUE!"},{"$error":"#VALUE!"},{"$error":"#VALUE!"},{"$error":"#VALUE!"},{"$f":"SUM(FG104,System2!FG104,System3!FG104)","v":{"$error":"#VALUE!"}},0,0,0,0,{"$error":"#VALUE!"},{"$error":"#VALUE!"},{"$error":"#VALUE!"},{"$error":"#VALUE!"},{"$error":"#VALUE!"},{"$error":"#VALUE!"},{"$error":"#VALUE!"},{"$error":"#VALUE!"},{"$error":"#VALUE!"},{"$error":"#VALUE!"},{"$error":"#VALUE!"},{"$error":"#VALUE!"},{"$error":"#VALUE!"},{"$error":"#VALUE!"},{"$error":"#VALUE!"},{"$error":"#VALUE!"},{"$error":"#VALUE!"},{"$error":"#VALUE!"},{"$error":"#VALUE!"},{"$error":"#VALUE!"},{"$f":"$GG$31*WaterFittings!BO79","v":{"$error":"#VALUE!"}},{"$f":"$GH$31*WaterFittings!BP79","v":{"$error":"#VALUE!"}},{"$f":"$GI$31*WaterFittings!BQ79","v":0},{"$f":"GJ$31*AirCond!BD78","v":{"$error":"#VALUE!"}},{"$f":"GK$31*AirCond!BE78","v":{"$error":"#VALUE!"}},{"$f":"GL$31*AirCond!BF78","v":{"$error":"#VALUE!"}},{"$f":"GM$31*AirCond!BG78","v":{"$error":"#VALUE!"}},{"$f":"GN$31*WaterFittings!BS79","v":0},{"$f":"GO$31*WaterFittings!BT79","v":0},{"$f":"GP$31*WaterFittings!BU79","v":0}]
[null,null,74,0,0,{"$error":"#VALUE!"},{"$error":"#VALUE!"},{"$error":"#VALUE!"},{"$error":"#VALUE!"},{"$error":"#VALUE!"},{"$error":"#VALUE!"},{"$error":"#VALUE!"},{"$error":"#VALUE!"},{"$error":"#VALUE!"},{"$error":"#VALUE!"},null,{"$error":"#VALUE!"},{"$error":"#VALUE!"},{"$error":"#VALUE!"},{"$error":"#VALUE!"},{"$error":"#VALUE!"},null,{"$error":"#VALUE!"},{"$error":"#VALUE!"},{"$error":"#VALUE!"},{"$error":"#VALUE!"},{"$error":"#VALUE!"},null,18,{"$f":"SUM(SUMPRODUCT(AF$20:AJ$20,Q105:U105),SUMPRODUCT(AF$20:AJ$20,System2!Q105:U105),SUMPRODUCT(AF$20:AJ$20,System3!Q105:U105))","v":{"$error":"#VALUE!"}},{"$f":"SUM(SUMPRODUCT(AF$21:AJ$21,W105:AA105),SUMPRODUCT(AF$21:AJ$21,System2!W105:AA105),SUMPRODUCT(AF$21:AJ$21,System3!W105:AA105))","v":{"$error":"#VALUE!"}},{"$f":"WaterFittings!BN80","v":{"$error":"#VALUE!"}},{"$error":"#VALUE!"},{"$error":"#VALUE!"},{"$f":"MIN(AirCond!BL79,P$21)","v":0},{"$error":"#VALUE!"},{"$f":"MIN(ROUNDDOWN(AJ105-FH105,0),ROUNDDOWN(P$21*0.3,0),ROUNDDOWN(SUM(SUMPRODUCT(I$4:I$15,L$4:L$15),SUMPRODUCT(System2!I$4:I$15,System2!L$4:L$15),SUMPRODUCT(System3!I$4:I$15,System3!L$4:L$15))*0.3,0))","v":{"$error":"#VALUE!"}},0,{"$error":"#VALUE!"},{"$error":"#VALUE!"},{"$error":"#VALUE!"},0,{"$error":"#VALUE!"},{"$error":"#VALUE!"},{"$error":"#VALUE!"},0,null,null,null,0,0,0,0,null,{"$error":"#VALUE!"},{"$error":"#VALUE!"},{"$error":"#VALUE!"},{"$error":"#VALUE!"},{"$error":"#VALUE!"},{"$error":"#VALUE!"},{"$error":"#VALUE!"},{"$error":"#VALUE!"},{"$error":"#VALUE!"},0,{"$error":"#VALUE!"},{"$error":"#VALUE!"},{"$error":"#VALUE!"},{"$error":"#VALUE!"},{"$error":"#VALUE!"},{"$error":"#VALUE!"},{"$error":"#VALUE!"},{"$error":"#VALUE!"},{"$error":"#VALUE!"},{"$error":"#VALUE!"},{"$error":"#VALUE!"},{"$error":"#VALUE!"},{"$error":"#VALUE!"},{"$error":"#VALUE!"},{"$error":"#VALUE!"},{"$error":"#VALUE!"},{"$error":"#VALUE!"},{"$error":"#VALUE!"},{"$error":"#VALUE!"},{"$error":"#VALUE!"},{"$error":"#VALUE!"},{"$error":"#VALUE!"},{"$error":"#VALUE!"},{"$error":"#VALUE!"},{"$error":"#VALUE!"},{"$error":"#VALUE!"},{"$error":"#VALUE!"},{"$error":"#VALUE!"},{"$error":"#VALUE!"},{"$error":"#VALUE!"},{"$error":"#VALUE!"},{"$f":"SUM(CQ105,System2!CQ105,System3!CQ105)","v":{"$error":"#VALUE!"}},{"$error":"#VALUE!"},{"$error":"#VALUE!"},{"$error":"#VALUE!"},{"$error":"#VALUE!"},{"$error":"#VALUE!"},{"$error":"#VALUE!"},{"$error":"#VALUE!"},{"$error":"#VALUE!"},{"$error":"#VALUE!"},{"$error":"#VALUE!"},{"$error":"#VALUE!"},{"$error":"#VALUE!"},{"$error":"#VALUE!"},{"$error":"#VALUE!"},{"$error":"#VALUE!"},{"$error":"#VALUE!"},{"$error":"#VALUE!"},{"$error":"#VALUE!"},{"$error":"#VALUE!"},{"$error":"#VALUE!"},{"$error":"#VALUE!"},{"$error":"#VALUE!"},{"$error":"#VALUE!"},{"$error":"#VALUE!"},{"$error":"#VALUE!"},{"$error":"#VALUE!"},{"$f":"SUM(DR105,System2!DR105,System3!DR105)","v":{"$error":"#VALUE!"}},{"$f":"DT$49","v":{"$error":"#VALUE!"}},{"$f":"DU$49","v":{"$error":"#VALUE!"}},{"$f":"DV$49","v":0},{"$f":"DW$49","v":{"$error":"#VALUE!"}},{"$error":"#VALUE!"},{"$error":"#VALUE!"},{"$error":"#VALUE!"},0,0,0,0,0,{"$error":"#VALUE!"},{"$f":"SUM(EF105,System2!EF105,System3!EF105)","v":{"$error":"#VALUE!"}},{"$error":"#VALUE!"},{"$error":"#VALUE!"},{"$error":"#VALUE!"},{"$error":"#VALUE!"},{"$error":"#VALUE!"},{"$error":"#VALUE!"},{"$error":"#VALUE!"},{"$error":"#VALUE!"},{"$error":"#VALUE!"},{"$error":"#VALUE!"},{"$error":"#VALUE!"},{"$error":"#VALUE!"},{"$error":"#VALUE!"},{"$error":"#VALUE!"},{"$error":"#VALUE!"},{"$error":"#VALUE!"},{"$error":"#VALUE!"},{"$error":"#VALUE!"},{"$error":"#VALUE!"},{"$error":"#VALUE!"},{"$error":"#VALUE!"},{"$error":"#VALUE!"},{"$error":"#VALUE!"},{"$error":"#VALUE!"},{"$error":"#VALUE!"},{"$error":"#VALUE!"},{"$f":"SUM(FG105,System2!FG105,System3!FG105)","v":{"$error":"#VALUE!"}},0,0,0,0,{"$error":"#VALUE!"},{"$error":"#VALUE!"},{"$error":"#VALUE!"},{"$error":"#VALUE!"},{"$error":"#VALUE!"},{"$error":"#VALUE!"},{"$error":"#VALUE!"},{"$error":"#VALUE!"},{"$error":"#VALUE!"},{"$error":"#VALUE!"},{"$error":"#VALUE!"},{"$error":"#VALUE!"},{"$error":"#VALUE!"},{"$error":"#VALUE!"},{"$error":"#VALUE!"},{"$error":"#VALUE!"},{"$error":"#VALUE!"},{"$error":"#VALUE!"},{"$error":"#VALUE!"},{"$error":"#VALUE!"},{"$f":"$GG$31*WaterFittings!BO80","v":{"$error":"#VALUE!"}},{"$f":"$GH$31*WaterFittings!BP80","v":{"$error":"#VALUE!"}},{"$f":"$GI$31*WaterFittings!BQ80","v":0},{"$f":"GJ$31*AirCond!BD79","v":{"$error":"#VALUE!"}},{"$f":"GK$31*AirCond!BE79","v":{"$error":"#VALUE!"}},{"$f":"GL$31*AirCond!BF79","v":{"$error":"#VALUE!"}},{"$f":"GM$31*AirCond!BG79","v":{"$error":"#VALUE!"}},{"$f":"GN$31*WaterFittings!BS80","v":0},{"$f":"GO$31*WaterFittings!BT80","v":0},{"$f":"GP$31*WaterFittings!BU80","v":0}]
[null,null,75,0,0,{"$error":"#VALUE!"},{"$error":"#VALUE!"},{"$error":"#VALUE!"},{"$error":"#VALUE!"},{"$error":"#VALUE!"},{"$error":"#VALUE!"},{"$error":"#VALUE!"},{"$error":"#VALUE!"},{"$error":"#VALUE!"},{"$error":"#VALUE!"},null,{"$error":"#VALUE!"},{"$error":"#VALUE!"},{"$error":"#VALUE!"},{"$error":"#VALUE!"},{"$error":"#VALUE!"},null,{"$error":"#VALUE!"},{"$error":"#VALUE!"},{"$error":"#VALUE!"},{"$error":"#VALUE!"},{"$error":"#VALUE!"},null,19,{"$f":"SUM(SUMPRODUCT(AF$20:AJ$20,Q106:U106),SUMPRODUCT(AF$20:AJ$20,System2!Q106:U106),SUMPRODUCT(AF$20:AJ$20,System3!Q106:U106))","v":{"$error":"#VALUE!"}},{"$f":"SUM(SUMPRODUCT(AF$21:AJ$21,W106:AA106),SUMPRODUCT(AF$21:AJ$21,System2!W106:AA106),SUMPRODUCT(AF$21:AJ$21,System3!W106:AA106))","v":{"$error":"#VALUE!"}},{"$f":"WaterFittings!BN81","v":{"$error":"#VALUE!"}},{"$error":"#VALUE!"},{"$error":"#VALUE!"},{"$f":"MIN(AirCond!BL80,P$21)","v":0},{"$error":"#VALUE!"},{"$f":"MIN(ROUNDDOWN(AJ106-FH106,0),ROUNDDOWN(P$21*0.3,0),ROUNDDOWN(SUM(SUMPRODUCT(I$4:I$15,L$4:L$15),SUMPRODUCT(System2!I$4:I$15,System2!L$4:L$15),SUMPRODUCT(System3!I$4:I$15,System3!L$4:L$15))*0.3,0))","v":{"$error":"#VALUE!"}},0,{"$error":"#VALUE!"},{"$error":"#VALUE!"},{"$error":"#VALUE!"},0,{"$error":"#VALUE!"},{"$error":"#VALUE!"},{"$error":"#VALUE!"},0,null,null,null,0,0,0,0,null,{"$error":"#VALUE!"},{"$error":"#VALUE!"},{"$error":"#VALUE!"},{"$error":"#VALUE!"},{"$error":"#VALUE!"},{"$error":"#VALUE!"},{"$error":"#VALUE!"},{"$error":"#VALUE!"},{"$error":"#VALUE!"},0,{"$error":"#VALUE!"},{"$error":"#VALUE!"},{"$error":"#VALUE!"},{"$error":"#VALUE!"},{"$error":"#VALUE!"},{"$error":"#VALUE!"},{"$error":"#VALUE!"},{"$error":"#VALUE!"},{"$error":"#VALUE!"},{"$error":"#VALUE!"},{"$error":"#VALUE!"},{"$error":"#VALUE!"},{"$error":"#VALUE!"},{"$error":"#VALUE!"},{"$error":"#VALUE!"},{"$error":"#VALUE!"},{"$error":"#VALUE!"},{"$error":"#VALUE!"},{"$error":"#VALUE!"},{"$error":"#VALUE!"},{"$error":"#VALUE!"},{"$error":"#VALUE!"},{"$error":"#VALUE!"},{"$error":"#VALUE!"},{"$error":"#VALUE!"},{"$error":"#VALUE!"},{"$error":"#VALUE!"},{"$error":"#VALUE!"},{"$error":"#VALUE!"},{"$error":"#VALUE!"},{"$error":"#VALUE!"},{"$f":"SUM(CQ106,System2!CQ106,System3!CQ106)","v":{"$error":"#VALUE!"}},{"$error":"#VALUE!"},{"$error":"#VALUE!"},{"$error":"#VALUE!"},{"$error":"#VALUE!"},{"$error":"#VALUE!"},{"$error":"#VALUE!"},{"$error":"#VALUE!"},{"$error":"#VALUE!"},{"$error":"#VALUE!"},{"$error":"#VALUE!"},{"$error":"#VALUE!"},{"$error":"#VALUE!"},{"$error":"#VALUE!"},{"$error":"#VALUE!"},{"$error":"#VALUE!"},{"$error":"#VALUE!"},{"$error":"#VALUE!"},{"$error":"#VALUE!"},{"$error":"#VALUE!"},{"$error":"#VALUE!"},{"$error":"#VALUE!"},{"$error":"#VALUE!"},{"$error":"#VALUE!"},{"$error":"#VALUE!"},{"$error":"#VALUE!"},{"$error":"#VALUE!"},{"$f":"SUM(DR106,System2!DR106,System3!DR106)","v":{"$error":"#VALUE!"}},{"$f":"DT$50","v":{"$error":"#VALUE!"}},{"$f":"DU$50","v":{"$error":"#VALUE!"}},{"$f":"DV$50","v":0},{"$f":"DW$50","v":{"$error":"#VALUE!"}},{"$error":"#VALUE!"},{"$error":"#VALUE!"},{"$error":"#VALUE!"},0,0,0,0,0,{"$error":"#VALUE!"},{"$f":"SUM(EF106,System2!EF106,System3!EF106)","v":{"$error":"#VALUE!"}},{"$error":"#VALUE!"},{"$error":"#VALUE!"},{"$error":"#VALUE!"},{"$error":"#VALUE!"},{"$error":"#VALUE!"},{"$error":"#VALUE!"},{"$error":"#VALUE!"},{"$error":"#VALUE!"},{"$error":"#VALUE!"},{"$error":"#VALUE!"},{"$error":"#VALUE!"},{"$error":"#VALUE!"},{"$error":"#VALUE!"},{"$error":"#VALUE!"},{"$error":"#VALUE!"},{"$error":"#VALUE!"},{"$error":"#VALUE!"},{"$error":"#VALUE!"},{"$error":"#VALUE!"},{"$error":"#VALUE!"},{"$error":"#VALUE!"},{"$error":"#VALUE!"},{"$error":"#VALUE!"},{"$error":"#VALUE!"},{"$error":"#VALUE!"},{"$f":"SUM(EU106:FF106)","v":{"$error":"#VALUE!"}},{"$f":"SUM(FG106,System2!FG106,System3!FG106)","v":{"$error":"#VALUE!"}},0,0,0,0,{"$error":"#VALUE!"},{"$error":"#VALUE!"},{"$error":"#VALUE!"},{"$error":"#VALUE!"},{"$error":"#VALUE!"},{"$error":"#VALUE!"},{"$error":"#VALUE!"},{"$error":"#VALUE!"},{"$error":"#VALUE!"},{"$error":"#VALUE!"},{"$error":"#VALUE!"},{"$error":"#VALUE!"},{"$error":"#VALUE!"},{"$error":"#VALUE!"},{"$error":"#VALUE!"},{"$error":"#VALUE!"},{"$error":"#VALUE!"},{"$error":"#VALUE!"},{"$error":"#VALUE!"},{"$error":"#VALUE!"},{"$f":"$GG$31*WaterFittings!BO81","v":{"$error":"#VALUE!"}},{"$f":"$GH$31*WaterFittings!BP81","v":{"$error":"#VALUE!"}},{"$f":"$GI$31*WaterFittings!BQ81","v":0},{"$f":"GJ$31*AirCond!BD80","v":{"$error":"#VALUE!"}},{"$f":"GK$31*AirCond!BE80","v":{"$error":"#VALUE!"}},{"$f":"GL$31*AirCond!BF80","v":{"$error":"#VALUE!"}},{"$f":"GM$31*AirCond!BG80","v":{"$error":"#VALUE!"}},{"$f":"GN$31*WaterFittings!BS81","v":0},{"$f":"GO$31*WaterFittings!BT81","v":0},{"$f":"GP$31*WaterFittings!BU81","v":0}]
[null,null,76,0,0,{"$error":"#VALUE!"},{"$error":"#VALUE!"},{"$error":"#VALUE!"},{"$error":"#VALUE!"},{"$error":"#VALUE!"},{"$error":"#VALUE!"},{"$error":"#VALUE!"},{"$error":"#VALUE!"},{"$error":"#VALUE!"},{"$error":"#VALUE!"},null,{"$error":"#VALUE!"},{"$error":"#VALUE!"},{"$error":"#VALUE!"},{"$error":"#VALUE!"},{"$error":"#VALUE!"},null,{"$error":"#VALUE!"},{"$error":"#VALUE!"},{"$error":"#VALUE!"},{"$error":"#VALUE!"},{"$error":"#VALUE!"},null,20,{"$f":"SUM(SUMPRODUCT(AF$20:AJ$20,Q107:U107),SUMPRODUCT(AF$20:AJ$20,System2!Q107:U107),SUMPRODUCT(AF$20:AJ$20,System3!Q107:U107))","v":{"$error":"#VALUE!"}},{"$f":"SUM(SUMPRODUCT(AF$21:AJ$21,W107:AA107),SUMPRODUCT(AF$21:AJ$21,System2!W107:AA107),SUMPRODUCT(AF$21:AJ$21,System3!W107:AA107))","v":{"$error":"#VALUE!"}},{"$f":"WaterFittings!BN82","v":{"$error":"#VALUE!"}},{"$error":"#VALUE!"},{"$error":"#VALUE!"},{"$f":"MIN(AirCond!BL81,P$21)","v":0},{"$error":"#VALUE!"},{"$f":"MIN(ROUNDDOWN(AJ107-FH107,0),ROUNDDOWN(P$21*0.3,0),ROUNDDOWN(SUM(SUMPRODUCT(I$4:I$15,L$4:L$15),SUMPRODUCT(System2!I$4:I$15,System2!L$4:L$15),SUMPRODUCT(System3!I$4:I$15,System3!L$4:L$15))*0.3,0))","v":{"$error":"#VALUE!"}},0,{"$error":"#VALUE!"},{"$error":"#VALUE!"},{"$error":"#VALUE!"},0,{"$error":"#VALUE!"},{"$error":"#VALUE!"},{"$error":"#VALUE!"},0,null,null,null,0,0,0,0,null,{"$error":"#VALUE!"},{"$error":"#VALUE!"},{"$error":"#VALUE!"},{"$error":"#VALUE!"},{"$error":"#VALUE!"},{"$error":"#VALUE!"},{"$error":"#VALUE!"},{"$error":"#VALUE!"},{"$error":"#VALUE!"},0,{"$error":"#VALUE!"},{"$error":"#VALUE!"},{"$error":"#VALUE!"},{"$error":"#VALUE!"},{"$error":"#VALUE!"},{"$error":"#VALUE!"},{"$error":"#VALUE!"},{"$error":"#VALUE!"},{"$error":"#VALUE!"},{"$error":"#VALUE!"},{"$error":"#VALUE!"},{"$error":"#VALUE!"},{"$error":"#VALUE!"},{"$error":"#VALUE!"},{"$error":"#VALUE!"},{"$error":"#VALUE!"},{"$error":"#VALUE!"},{"$error":"#VALUE!"},{"$error":"#VALUE!"},{"$error":"#VALUE!"},{"$error":"#VALUE!"},{"$error":"#VALUE!"},{"$error":"#VALUE!"},{"$error":"#VALUE!"},{"$error":"#VALUE!"},{"$error":"#VALUE!"},{"$error":"#VALUE!"},{"$error":"#VALUE!"},{"$error":"#VALUE!"},{"$error":"#VALUE!"},{"$error":"#VALUE!"},{"$f":"SUM(CQ107,System2!CQ107,System3!CQ107)","v":{"$error":"#VALUE!"}},{"$error":"#VALUE!"},{"$error":"#VALUE!"},{"$error":"#VALUE!"},{"$error":"#VALUE!"},{"$error":"#VALUE!"},{"$error":"#VALUE!"},{"$error":"#VALUE!"},{"$error":"#VALUE!"},{"$error":"#VALUE!"},{"$error":"#VALUE!"},{"$error":"#VALUE!"},{"$error":"#VALUE!"},{"$error":"#VALUE!"},{"$error":"#VALUE!"},{"$error":"#VALUE!"},{"$error":"#VALUE!"},{"$error":"#VALUE!"},{"$error":"#VALUE!"},{"$error":"#VALUE!"},{"$error":"#VALUE!"},{"$error":"#VALUE!"},{"$error":"#VALUE!"},{"$error":"#VALUE!"},{"$error":"#VALUE!"},{"$error":"#VALUE!"},{"$error":"#VALUE!"},{"$f":"SUM(DR107,System2!DR107,System3!DR107)","v":{"$error":"#VALUE!"}},{"$f":"DT$51","v":{"$error":"#VALUE!"}},{"$f":"DU$51","v":{"$error":"#VALUE!"}},{"$f":"DV$51","v":0},{"$f":"DW$51","v":{"$error":"#VALUE!"}},{"$error":"#VALUE!"},{"$error":"#VALUE!"},{"$error":"#VALUE!"},0,0,0,0,0,{"$error":"#VALUE!"},{"$f":"SUM(EF107,System2!EF107,System3!EF107)","v":{"$error":"#VALUE!"}},{"$error":"#VALUE!"},{"$error":"#VALUE!"},{"$error":"#VALUE!"},{"$error":"#VALUE!"},{"$error":"#VALUE!"},{"$error":"#VALUE!"},{"$error":"#VALUE!"},{"$error":"#VALUE!"},{"$error":"#VALUE!"},{"$error":"#VALUE!"},{"$error":"#VALUE!"},{"$error":"#VALUE!"},{"$error":"#VALUE!"},{"$error":"#VALUE!"},{"$error":"#VALUE!"},{"$error":"#VALUE!"},{"$error":"#VALUE!"},{"$error":"#VALUE!"},{"$error":"#VALUE!"},{"$error":"#VALUE!"},{"$error":"#VALUE!"},{"$error":"#VALUE!"},{"$error":"#VALUE!"},{"$error":"#VALUE!"},{"$error":"#VALUE!"},{"$error":"#VALUE!"},{"$f":"SUM(FG107,System2!FG107,System3!FG107)","v":{"$error":"#VALUE!"}},0,0,0,0,{"$error":"#VALUE!"},{"$error":"#VALUE!"},{"$error":"#VALUE!"},{"$error":"#VALUE!"},{"$error":"#VALUE!"},{"$error":"#VALUE!"},{"$error":"#VALUE!"},{"$error":"#VALUE!"},{"$error":"#VALUE!"},{"$error":"#VALUE!"},{"$error":"#VALUE!"},{"$error":"#VALUE!"},{"$error":"#VALUE!"},{"$error":"#VALUE!"},{"$error":"#VALUE!"},{"$error":"#VALUE!"},{"$error":"#VALUE!"},{"$error":"#VALUE!"},{"$error":"#VALUE!"},{"$error":"#VALUE!"},{"$f":"$GG$31*WaterFittings!BO82","v":{"$error":"#VALUE!"}},{"$f":"$GH$31*WaterFittings!BP82","v":{"$error":"#VALUE!"}},{"$f":"$GI$31*WaterFittings!BQ82","v":0},{"$f":"GJ$31*AirCond!BD81","v":{"$error":"#VALUE!"}},{"$f":"GK$31*AirCond!BE81","v":{"$error":"#VALUE!"}},{"$f":"GL$31*AirCond!BF81","v":{"$error":"#VALUE!"}},{"$f":"GM$31*AirCond!BG81","v":{"$error":"#VALUE!"}},{"$f":"GN$31*WaterFittings!BS82","v":0},{"$f":"GO$31*WaterFittings!BT82","v":0},{"$f":"GP$31*WaterFittings!BU82","v":0}]
[null,null,77,5.5,0,{"$error":"#VALUE!"},{"$error":"#VALUE!"},{"$error":"#VALUE!"},{"$error":"#VALUE!"},{"$error":"#VALUE!"},{"$error":"#VALUE!"},{"$error":"#VALUE!"},{"$error":"#VALUE!"},{"$error":"#VALUE!"},{"$error":"#VALUE!"},null,{"$error":"#VALUE!"},{"$error":"#VALUE!"},{"$error":"#VALUE!"},{"$error":"#VALUE!"},{"$error":"#VALUE!"},null,{"$error":"#VALUE!"},{"$error":"#VALUE!"},{"$error":"#VALUE!"},{"$error":"#VALUE!"},{"$error":"#VALUE!"},null,21,{"$f":"SUM(SUMPRODUCT(AF$20:AJ$20,Q108:U108),SUMPRODUCT(AF$20:AJ$20,System2!Q108:U108),SUMPRODUCT(AF$20:AJ$20,System3!Q108:U108))","v":{"$error":"#VALUE!"}},{"$f":"SUM(SUMPRODUCT(AF$21:AJ$21,W108:AA108),SUMPRODUCT(AF$21:AJ$21,System2!W108:AA108),SUMPRODUCT(AF$21:AJ$21,System3!W108:AA108))","v":{"$error":"#VALUE!"}},{"$f":"WaterFittings!BN83","v":{"$error":"#VALUE!"}},{"$error":"#VALUE!"},{"$error":"#VALUE!"},{"$f":"MIN(AirCond!BL82,P$21)","v":0},{"$error":"#VALUE!"},{"$f":"MIN(ROUNDDOWN(AJ108-FH108,0),ROUNDDOWN(P$21*0.3,0),ROUNDDOWN(SUM(SUMPRODUCT(I$4:I$15,L$4:L$15),SUMPRODUCT(System2!I$4:I$15,System2!L$4:L$15),SUMPRODUCT(System3!I$4:I$15,System3!L$4:L$15))*0.3,0))","v":{"$error":"#VALUE!"}},0,{"$error":"#VALUE!"},{"$error":"#VALUE!"},{"$error":"#VALUE!"},0,{"$error":"#VALUE!"},{"$error":"#VALUE!"},{"$error":"#VALUE!"},0,null,null,null,0,0,0,0,null,{"$error":"#VALUE!"},{"$error":"#VALUE!"},{"$error":"#VALUE!"},{"$error":"#VALUE!"},{"$error":"#VALUE!"},{"$error":"#VALUE!"},{"$error":"#VALUE!"},{"$error":"#VALUE!"},{"$error":"#VALUE!"},0,{"$error":"#VALUE!"},{"$error":"#VALUE!"},{"$error":"#VALUE!"},{"$error":"#VALUE!"},{"$error":"#VALUE!"},{"$error":"#VALUE!"},{"$error":"#VALUE!"},{"$error":"#VALUE!"},{"$error":"#VALUE!"},{"$error":"#VALUE!"},{"$error":"#VALUE!"},{"$error":"#VALUE!"},{"$error":"#VALUE!"},{"$error":"#VALUE!"},{"$error":"#VALUE!"},{"$error":"#VALUE!"},{"$error":"#VALUE!"},{"$error":"#VALUE!"},{"$error":"#VALUE!"},{"$error":"#VALUE!"},{"$error":"#VALUE!"},{"$error":"#VALUE!"},{"$error":"#VALUE!"},{"$error":"#VALUE!"},{"$error":"#VALUE!"},{"$error":"#VALUE!"},{"$error":"#VALUE!"},{"$error":"#VALUE!"},{"$error":"#VALUE!"},{"$error":"#VALUE!"},{"$error":"#VALUE!"},{"$f":"SUM(CQ108,System2!CQ108,System3!CQ108)","v":{"$error":"#VALUE!"}},{"$error":"#VALUE!"},{"$error":"#VALUE!"},{"$error":"#VALUE!"},{"$error":"#VALUE!"},{"$error":"#VALUE!"},{"$error":"#VALUE!"},{"$error":"#VALUE!"},{"$error":"#VALUE!"},{"$error":"#VALUE!"},{"$error":"#VALUE!"},{"$error":"#VALUE!"},{"$error":"#VALUE!"},{"$error":"#VALUE!"},{"$error":"#VALUE!"},{"$error":"#VALUE!"},{"$error":"#VALUE!"},{"$error":"#VALUE!"},{"$error":"#VALUE!"},{"$error":"#VALUE!"},{"$error":"#VALUE!"},{"$error":"#VALUE!"},{"$error":"#VALUE!"},{"$error":"#VALUE!"},{"$error":"#VALUE!"},{"$error":"#VALUE!"},{"$error":"#VALUE!"},{"$f":"SUM(DR108,System2!DR108,System3!DR108)","v":{"$error":"#VALUE!"}},{"$f":"DT$52","v":{"$error":"#VALUE!"}},{"$f":"DU$52","v":{"$error":"#VALUE!"}},{"$f":"DV$52","v":0},{"$f":"DW$52","v":{"$error":"#VALUE!"}},{"$error":"#VALUE!"},{"$error":"#VALUE!"},{"$error":"#VALUE!"},0,0,0,0,0,{"$error":"#VALUE!"},{"$f":"SUM(EF108,System2!EF108,System3!EF108)","v":{"$error":"#VALUE!"}},{"$error":"#VALUE!"},{"$error":"#VALUE!"},{"$error":"#VALUE!"},{"$error":"#VALUE!"},{"$error":"#VALUE!"},{"$error":"#VALUE!"},{"$error":"#VALUE!"},{"$error":"#VALUE!"},{"$error":"#VALUE!"},{"$error":"#VALUE!"},{"$error":"#VALUE!"},{"$error":"#VALUE!"},{"$error":"#VALUE!"},{"$error":"#VALUE!"},{"$error":"#VALUE!"},{"$error":"#VALUE!"},{"$error":"#VALUE!"},{"$error":"#VALUE!"},{"$error":"#VALUE!"},{"$error":"#VALUE!"},{"$error":"#VALUE!"},{"$error":"#VALUE!"},{"$error":"#VALUE!"},{"$error":"#VALUE!"},{"$error":"#VALUE!"},{"$error":"#VALUE!"},{"$f":"SUM(FG108,System2!FG108,System3!FG108)","v":{"$error":"#VALUE!"}},0,0,0,0,{"$error":"#VALUE!"},{"$error":"#VALUE!"},{"$error":"#VALUE!"},{"$error":"#VALUE!"},{"$error":"#VALUE!"},{"$error":"#VALUE!"},{"$error":"#VALUE!"},{"$error":"#VALUE!"},{"$error":"#VALUE!"},{"$error":"#VALUE!"},{"$error":"#VALUE!"},{"$error":"#VALUE!"},{"$error":"#VALUE!"},{"$error":"#VALUE!"},{"$error":"#VALUE!"},{"$error":"#VALUE!"},{"$error":"#VALUE!"},{"$error":"#VALUE!"},{"$error":"#VALUE!"},{"$error":"#VALUE!"},{"$f":"$GG$31*WaterFittings!BO83","v":{"$error":"#VALUE!"}},{"$f":"$GH$31*WaterFittings!BP83","v":{"$error":"#VALUE!"}},{"$f":"$GI$31*WaterFittings!BQ83","v":0},{"$f":"GJ$31*AirCond!BD82","v":{"$error":"#VALUE!"}},{"$f":"GK$31*AirCond!BE82","v":{"$error":"#VALUE!"}},{"$f":"GL$31*AirCond!BF82","v":{"$error":"#VALUE!"}},{"$f":"GM$31*AirCond!BG82","v":{"$error":"#VALUE!"}},{"$f":"GN$31*WaterFittings!BS83","v":0},{"$f":"GO$31*WaterFittings!BT83","v":0},{"$f":"GP$31*WaterFittings!BU83","v":0}]
[null,null,78,0,0,{"$error":"#VALUE!"},{"$error":"#VALUE!"},{"$error":"#VALUE!"},{"$error":"#VALUE!"},{"$error":"#VALUE!"},{"$error":"#VALUE!"},{"$error":"#VALUE!"},{"$error":"#VALUE!"},{"$error":"#VALUE!"},{"$error":"#VALUE!"},null,{"$error":"#VALUE!"},{"$error":"#VALUE!"},{"$error":"#VALUE!"},{"$error":"#VALUE!"},{"$error":"#VALUE!"},null,{"$error":"#VALUE!"},{"$error":"#VALUE!"},{"$error":"#VALUE!"},{"$error":"#VALUE!"},{"$f":"ROUNDDOWN(FF109,0)","v":{"$error":"#VALUE!"}},null,22,{"$f":"SUM(SUMPRODUCT(AF$20:AJ$20,Q109:U109),SUMPRODUCT(AF$20:AJ$20,System2!Q109:U109),SUMPRODUCT(AF$20:AJ$20,System3!Q109:U109))","v":{"$error":"#VALUE!"}},{"$f":"SUM(SUMPRODUCT(AF$21:AJ$21,W109:AA109),SUMPRODUCT(AF$21:AJ$21,System2!W109:AA109),SUMPRODUCT(AF$21:AJ$21,System3!W109:AA109))","v":{"$error":"#VALUE!"}},{"$f":"WaterFittings!BN84","v":{"$error":"#VALUE!"}},{"$error":"#VALUE!"},{"$error":"#VALUE!"},{"$f":"MIN(AirCond!BL83,P$21)","v":0},{"$error":"#VALUE!"},{"$f":"MIN(ROUNDDOWN(AJ109-FH109,0),ROUNDDOWN(P$21*0.3,0),ROUNDDOWN(SUM(SUMPRODUCT(I$4:I$15,L$4:L$15),SUMPRODUCT(System2!I$4:I$15,System2!L$4:L$15),SUMPRODUCT(System3!I$4:I$15,System3!L$4:L$15))*0.3,0))","v":{"$error":"#VALUE!"}},0,{"$error":"#VALUE!"},{"$error":"#VALUE!"},{"$error":"#VALUE!"},0,{"$error":"#VALUE!"},{"$error":"#VALUE!"},{"$error":"#VALUE!"},0,null,null,null,0,0,0,0,null,{"$error":"#VALUE!"},{"$error":"#VALUE!"},{"$error":"#VALUE!"},{"$error":"#VALUE!"},{"$error":"#VALUE!"},{"$error":"#VALUE!"},{"$error":"#VALUE!"},{"$error":"#VALUE!"},{"$error":"#VALUE!"},0,{"$error":"#VALUE!"},{"$error":"#VALUE!"},{"$error":"#VALUE!"},{"$error":"#VALUE!"},{"$error":"#VALUE!"},{"$error":"#VALUE!"},{"$error":"#VALUE!"},{"$error":"#VALUE!"},{"$error":"#VALUE!"},{"$error":"#VALUE!"},{"$error":"#VALUE!"},{"$error":"#VALUE!"},{"$error":"#VALUE!"},{"$error":"#VALUE!"},{"$error":"#VALUE!"},{"$error":"#VALUE!"},{"$error":"#VALUE!"},{"$error":"#VALUE!"},{"$error":"#VALUE!"},{"$error":"#VALUE!"},{"$error":"#VALUE!"},{"$error":"#VALUE!"},{"$error":"#VALUE!"},{"$error":"#VALUE!"},{"$error":"#VALUE!"},{"$error":"#VALUE!"},{"$error":"#VALUE!"},{"$error":"#VALUE!"},{"$error":"#VALUE!"},{"$error":"#VALUE!"},{"$error":"#VALUE!"},{"$f":"SUM(CQ109,System2!CQ109,System3!CQ109)","v":{"$error":"#VALUE!"}},{"$error":"#VALUE!"},{"$error":"#VALUE!"},{"$error":"#VALUE!"},{"$error":"#VALUE!"},{"$error":"#VALUE!"},{"$error":"#VALUE!"},{"$error":"#VALUE!"},{"$error":"#VALUE!"},{"$error":"#VALUE!"},{"$error":"#VALUE!"},{"$error":"#VALUE!"},{"$error":"#VALUE!"},{"$error":"#VALUE!"},{"$error":"#VALUE!"},{"$error":"#VALUE!"},{"$error":"#VALUE!"},{"$error":"#VALUE!"},{"$error":"#VALUE!"},{"$error":"#VALUE!"},{"$error":"#VALUE!"},{"$error":"#VALUE!"},{"$error":"#VALUE!"},{"$error":"#VALUE!"},{"$error":"#VALUE!"},{"$error":"#VALUE!"},{"$error":"#VALUE!"},{"$f":"SUM(DR109,System2!DR109,System3!DR109)","v":{"$error":"#VALUE!"}},{"$f":"DT$53","v":{"$error":"#VALUE!"}},{"$f":"DU$53","v":{"$error":"#VALUE!"}},{"$f":"DV$53","v":0},{"$f":"DW$53","v":{"$error":"#VALUE!"}},{"$error":"#VALUE!"},{"$error":"#VALUE!"},{"$error":"#VALUE!"},0,0,0,0,0,{"$error":"#VALUE!"},{"$f":"SUM(EF109,System2!EF109,System3!EF109)","v":{"$error":"#VALUE!"}},{"$error":"#VALUE!"},{"$error":"#VALUE!"},{"$error":"#VALUE!"},{"$error":"#VALUE!"},{"$error":"#VALUE!"},{"$error":"#VALUE!"},{"$error":"#VALUE!"},{"$error":"#VALUE!"},{"$error":"#VALUE!"},{"$error":"#VALUE!"},{"$error":"#VALUE!"},{"$error":"#VALUE!"},{"$error":"#VALUE!"},{"$error":"#VALUE!"},{"$error":"#VALUE!"},{"$error":"#VALUE!"},{"$error":"#VALUE!"},{"$error":"#VALUE!"},{"$error":"#VALUE!"},{"$error":"#VALUE!"},{"$error":"#VALUE!"},{"$error":"#VALUE!"},{"$error":"#VALUE!"},{"$error":"#VALUE!"},{"$error":"#VALUE!"},{"$error":"#VALUE!"},{"$f":"SUM(FG109,System2!FG109,System3!FG109)","v":{"$error":"#VALUE!"}},0,0,0,0,{"$error":"#VALUE!"},{"$error":"#VALUE!"},{"$error":"#VALUE!"},{"$error":"#VALUE!"},{"$error":"#VALUE!"},{"$error":"#VALUE!"},{"$error":"#VALUE!"},{"$error":"#VALUE!"},{"$error":"#VALUE!"},{"$error":"#VALUE!"},{"$error":"#VALUE!"},{"$error":"#VALUE!"},{"$error":"#VALUE!"},{"$error":"#VALUE!"},{"$error":"#VALUE!"},{"$error":"#VALUE!"},{"$error":"#VALUE!"},{"$error":"#VALUE!"},{"$error":"#VALUE!"},{"$error":"#VALUE!"},{"$f":"$GG$31*WaterFittings!BO84","v":{"$error":"#VALUE!"}},{"$f":"$GH$31*WaterFittings!BP84","v":{"$error":"#VALUE!"}},{"$f":"$GI$31*WaterFittings!BQ84","v":0},{"$f":"GJ$31*AirCond!BD83","v":{"$error":"#VALUE!"}},{"$f":"GK$31*AirCond!BE83","v":{"$error":"#VALUE!"}},{"$f":"GL$31*AirCond!BF83","v":{"$error":"#VALUE!"}},{"$f":"GM$31*AirCond!BG83","v":{"$error":"#VALUE!"}},{"$f":"GN$31*WaterFittings!BS84","v":0},{"$f":"GO$31*WaterFittings!BT84","v":0},{"$f":"GP$31*WaterFittings!BU84","v":0}]
[null,null,{"$f":"C109+1","v":79},2.5,0,{"$error":"#VALUE!"},{"$error":"#VALUE!"},{"$error":"#VALUE!"},{"$error":"#VALUE!"},{"$error":"#VALUE!"},{"$error":"#VALUE!"},{"$error":"#VALUE!"},{"$error":"#VALUE!"},{"$error":"#VALUE!"},{"$error":"#VALUE!"},null,{"$error":"#VALUE!"},{"$error":"#VALUE!"},{"$error":"#VALUE!"},{"$error":"#VALUE!"},{"$error":"#VALUE!"},null,{"$error":"#VALUE!"},{"$error":"#VALUE!"},{"$error":"#VALUE!"},{"$error":"#VALUE!"},{"$error":"#VALUE!"},null,23,{"$f":"SUM(SUMPRODUCT(AF$20:AJ$20,Q110:U110),SUMPRODUCT(AF$20:AJ$20,System2!Q110:U110),SUMPRODUCT(AF$20:AJ$20,System3!Q110:U110))","v":{"$error":"#VALUE!"}},{"$f":"SUM(SUMPRODUCT(AF$21:AJ$21,W110:AA110),SUMPRODUCT(AF$21:AJ$21,System2!W110:AA110),SUMPRODUCT(AF$21:AJ$21,System3!W110:AA110))","v":{"$error":"#VALUE!"}},{"$f":"WaterFittings!BN85","v":{"$error":"#VALUE!"}},{"$error":"#VALUE!"},{"$error":"#VALUE!"},{"$f":"MIN(AirCond!BL84,P$21)","v":0},{"$error":"#VALUE!"},{"$f":"MIN(ROUNDDOWN(AJ110-FH110,0),ROUNDDOWN(P$21*0.3,0),ROUNDDOWN(SUM(SUMPRODUCT(I$4:I$15,L$4:L$15),SUMPRODUCT(System2!I$4:I$15,System2!L$4:L$15),SUMPRODUCT(System3!I$4:I$15,System3!L$4:L$15))*0.3,0))","v":{"$error":"#VALUE!"}},0,{"$error":"#VALUE!"},{"$error":"#VALUE!"},{"$error":"#VALUE!"},0,{"$error":"#VALUE!"},{"$error":"#VALUE!"},{"$error":"#VALUE!"},0,null,null,null,0,0,0,0,null,{"$error":"#VALUE!"},{"$error":"#VALUE!"},{"$error":"#VALUE!"},{"$error":"#VALUE!"},{"$error":"#VALUE!"},{"$error":"#VALUE!"},{"$error":"#VALUE!"},{"$error":"#VALUE!"},{"$error":"#VALUE!"},0,{"$error":"#VALUE!"},{"$error":"#VALUE!"},{"$error":"#VALUE!"},{"$error":"#VALUE!"},{"$error":"#VALUE!"},{"$error":"#VALUE!"},{"$error":"#VALUE!"},{"$error":"#VALUE!"},{"$error":"#VALUE!"},{"$error":"#VALUE!"},{"$error":"#VALUE!"},{"$error":"#VALUE!"},{"$error":"#VALUE!"},{"$error":"#VALUE!"},{"$error":"#VALUE!"},{"$error":"#VALUE!"},{"$error":"#VALUE!"},{"$error":"#VALUE!"},{"$error":"#VALUE!"},{"$error":"#VALUE!"},{"$error":"#VALUE!"},{"$error":"#VALUE!"},{"$error":"#VALUE!"},{"$error":"#VALUE!"},{"$error":"#VALUE!"},{"$error":"#VALUE!"},{"$error":"#VALUE!"},{"$error":"#VALUE!"},{"$error":"#VALUE!"},{"$error":"#VALUE!"},{"$error":"#VALUE!"},{"$f":"SUM(CQ110,System2!CQ110,System3!CQ110)","v":{"$error":"#VALUE!"}},{"$error":"#VALUE!"},{"$error":"#VALUE!"},{"$error":"#VALUE!"},{"$error":"#VALUE!"},{"$error":"#VALUE!"},{"$error":"#VALUE!"},{"$error":"#VALUE!"},{"$error":"#VALUE!"},{"$error":"#VALUE!"},{"$error":"#VALUE!"},{"$error":"#VALUE!"},{"$error":"#VALUE!"},{"$error":"#VALUE!"},{"$error":"#VALUE!"},{"$error":"#VALUE!"},{"$error":"#VALUE!"},{"$error":"#VALUE!"},{"$error":"#VALUE!"},{"$error":"#VALUE!"},{"$error":"#VALUE!"},{"$error":"#VALUE!"},{"$error":"#VALUE!"},{"$error":"#VALUE!"},{"$error":"#VALUE!"},{"$error":"#VALUE!"},{"$error":"#VALUE!"},{"$f":"SUM(DR110,System2!DR110,System3!DR110)","v":{"$error":"#VALUE!"}},{"$f":"DT$54","v":{"$error":"#VALUE!"}},{"$f":"DU$54","v":{"$error":"#VALUE!"}},{"$f":"DV$54","v":0},{"$f":"DW$54","v":{"$error":"#VALUE!"}},{"$error":"#VALUE!"},{"$error":"#VALUE!"},{"$error":"#VALUE!"},0,0,0,0,0,{"$error":"#VALUE!"},{"$f":"SUM(EF110,System2!EF110,System3!EF110)","v":{"$error":"#VALUE!"}},{"$error":"#VALUE!"},{"$error":"#VALUE!"},{"$error":"#VALUE!"},{"$error":"#VALUE!"},{"$error":"#VALUE!"},{"$error":"#VALUE!"},{"$error":"#VALUE!"},{"$error":"#VALUE!"},{"$error":"#VALUE!"},{"$error":"#VALUE!"},{"$error":"#VALUE!"},{"$error":"#VALUE!"},{"$error":"#VALUE!"},{"$error":"#VALUE!"},{"$error":"#VALUE!"},{"$error":"#VALUE!"},{"$error":"#VALUE!"},{"$error":"#VALUE!"},{"$error":"#VALUE!"},{"$error":"#VALUE!"},{"$error":"#VALUE!"},{"$error":"#VALUE!"},{"$error":"#VALUE!"},{"$error":"#VALUE!"},{"$error":"#VALUE!"},{"$error":"#VALUE!"},{"$f":"SUM(FG110,System2!FG110,System3!FG110)","v":{"$error":"#VALUE!"}},0,0,0,0,{"$error":"#VALUE!"},{"$error":"#VALUE!"},{"$error":"#VALUE!"},{"$error":"#VALUE!"},{"$error":"#VALUE!"},{"$error":"#VALUE!"},{"$error":"#VALUE!"},{"$error":"#VALUE!"},{"$error":"#VALUE!"},{"$error":"#VALUE!"},{"$error":"#VALUE!"},{"$error":"#VALUE!"},{"$error":"#VALUE!"},{"$error":"#VALUE!"},{"$error":"#VALUE!"},{"$error":"#VALUE!"},{"$error":"#VALUE!"},{"$error":"#VALUE!"},{"$error":"#VALUE!"},{"$error":"#VALUE!"},{"$f":"$GG$31*WaterFittings!BO85","v":{"$error":"#VALUE!"}},{"$f":"$GH$31*WaterFittings!BP85","v":{"$error":"#VALUE!"}},{"$f":"$GI$31*WaterFittings!BQ85","v":0},{"$f":"GJ$31*AirCond!BD84","v":{"$error":"#VALUE!"}},{"$f":"GK$31*AirCond!BE84","v":{"$error":"#VALUE!"}},{"$f":"GL$31*AirCond!BF84","v":{"$error":"#VALUE!"}},{"$f":"GM$31*AirCond!BG84","v":{"$error":"#VALUE!"}},{"$f":"GN$31*WaterFittings!BS85","v":0},{"$f":"GO$31*WaterFittings!BT85","v":0},{"$f":"GP$31*WaterFittings!BU85","v":0}]
[null,null,80,0,0,{"$error":"#VALUE!"},{"$error":"#VALUE!"},{"$error":"#VALUE!"},{"$error":"#VALUE!"},{"$error":"#VALUE!"},{"$error":"#VALUE!"},{"$error":"#VALUE!"},{"$error":"#VALUE!"},{"$error":"#VALUE!"},{"$error":"#VALUE!"},null,{"$error":"#VALUE!"},{"$error":"#VALUE!"},{"$error":"#VALUE!"},{"$error":"#VALUE!"},{"$error":"#VALUE!"},null,{"$error":"#VALUE!"},{"$error":"#VALUE!"},{"$error":"#VALUE!"},{"$error":"#VALUE!"},{"$error":"#VALUE!"},null,24,{"$f":"SUM(SUMPRODUCT(AF$20:AJ$20,Q111:U111),SUMPRODUCT(AF$20:AJ$20,System2!Q111:U111),SUMPRODUCT(AF$20:AJ$20,System3!Q111:U111))","v":{"$error":"#VALUE!"}},{"$f":"SUM(SUMPRODUCT(AF$21:AJ$21,W111:AA111),SUMPRODUCT(AF$21:AJ$21,System2!W111:AA111),SUMPRODUCT(AF$21:AJ$21,System3!W111:AA111))","v":{"$error":"#VALUE!"}},{"$f":"WaterFittings!BN86","v":{"$error":"#VALUE!"}},{"$error":"#VALUE!"},{"$error":"#VALUE!"},{"$f":"MIN(AirCond!BL85,P$21)","v":0},{"$error":"#VALUE!"},{"$f":"MIN(ROUNDDOWN(AJ111-FH111,0),ROUNDDOWN(P$21*0.3,0),ROUNDDOWN(SUM(SUMPRODUCT(I$4:I$15,L$4:L$15),SUMPRODUCT(System2!I$4:I$15,System2!L$4:L$15),SUMPRODUCT(System3!I$4:I$15,System3!L$4:L$15))*0.3,0))","v":{"$error":"#VALUE!"}},0,{"$error":"#VALUE!"},{"$error":"#VALUE!"},{"$error":"#VALUE!"},0,{"$error":"#VALUE!"},{"$error":"#VALUE!"},{"$error":"#VALUE!"},0,null,null,null,0,0,0,0,null,{"$error":"#VALUE!"},{"$error":"#VALUE!"},{"$error":"#VALUE!"},{"$error":"#VALUE!"},{"$error":"#VALUE!"},{"$error":"#VALUE!"},{"$error":"#VALUE!"},{"$error":"#VALUE!"},{"$error":"#VALUE!"},0,{"$error":"#VALUE!"},{"$error":"#VALUE!"},{"$error":"#VALUE!"},{"$error":"#VALUE!"},{"$error":"#VALUE!"},{"$error":"#VALUE!"},{"$error":"#VALUE!"},{"$error":"#VALUE!"},{"$error":"#VALUE!"},{"$error":"#VALUE!"},{"$error":"#VALUE!"},{"$error":"#VALUE!"},{"$error":"#VALUE!"},{"$error":"#VALUE!"},{"$error":"#VALUE!"},{"$error":"#VALUE!"},{"$error":"#VALUE!"},{"$error":"#VALUE!"},{"$error":"#VALUE!"},{"$error":"#VALUE!"},{"$error":"#VALUE!"},{"$error":"#VALUE!"},{"$error":"#VALUE!"},{"$error":"#VALUE!"},{"$error":"#VALUE!"},{"$error":"#VALUE!"},{"$error":"#VALUE!"},{"$error":"#VALUE!"},{"$error":"#VALUE!"},{"$error":"#VALUE!"},{"$error":"#VALUE!"},{"$f":"SUM(CQ111,System2!CQ111,System3!CQ111)","v":{"$error":"#VALUE!"}},{"$error":"#VALUE!"},{"$error":"#VALUE!"},{"$error":"#VALUE!"},{"$error":"#VALUE!"},{"$error":"#VALUE!"},{"$error":"#VALUE!"},{"$error":"#VALUE!"},{"$error":"#VALUE!"},{"$error":"#VALUE!"},{"$error":"#VALUE!"},{"$error":"#VALUE!"},{"$error":"#VALUE!"},{"$error":"#VALUE!"},{"$error":"#VALUE!"},{"$error":"#VALUE!"},{"$error":"#VALUE!"},{"$error":"#VALUE!"},{"$error":"#VALUE!"},{"$error":"#VALUE!"},{"$error":"#VALUE!"},{"$error":"#VALUE!"},{"$error":"#VALUE!"},{"$error":"#VALUE!"},{"$error":"#VALUE!"},{"$error":"#VALUE!"},{"$error":"#VALUE!"},{"$f":"SUM(DR111,System2!DR111,System3!DR111)","v":{"$error":"#VALUE!"}},{"$f":"DT$55","v":{"$error":"#VALUE!"}},{"$f":"DU$55","v":{"$error":"#VALUE!"}},{"$f":"DV$55","v":0},{"$f":"DW$55","v":{"$error":"#VALUE!"}},{"$error":"#VALUE!"},{"$error":"#VALUE!"},{"$error":"#VALUE!"},0,0,0,0,0,{"$error":"#VALUE!"},{"$f":"SUM(EF111,System2!EF111,System3!EF111)","v":{"$error":"#VALUE!"}},{"$error":"#VALUE!"},{"$error":"#VALUE!"},{"$error":"#VALUE!"},{"$error":"#VALUE!"},{"$error":"#VALUE!"},{"$error":"#VALUE!"},{"$error":"#VALUE!"},{"$error":"#VALUE!"},{"$error":"#VALUE!"},{"$error":"#VALUE!"},{"$error":"#VALUE!"},{"$error":"#VALUE!"},{"$error":"#VALUE!"},{"$error":"#VALUE!"},{"$error":"#VALUE!"},{"$error":"#VALUE!"},{"$error":"#VALUE!"},{"$error":"#VALUE!"},{"$error":"#VALUE!"},{"$error":"#VALUE!"},{"$error":"#VALUE!"},{"$error":"#VALUE!"},{"$error":"#VALUE!"},{"$error":"#VALUE!"},{"$error":"#VALUE!"},{"$error":"#VALUE!"},{"$f":"SUM(FG111,System2!FG111,System3!FG111)","v":{"$error":"#VALUE!"}},0,0,0,0,{"$error":"#VALUE!"},{"$error":"#VALUE!"},{"$error":"#VALUE!"},{"$error":"#VALUE!"},{"$error":"#VALUE!"},{"$error":"#VALUE!"},{"$error":"#VALUE!"},{"$error":"#VALUE!"},{"$error":"#VALUE!"},{"$error":"#VALUE!"},{"$error":"#VALUE!"},{"$error":"#VALUE!"},{"$error":"#VALUE!"},{"$error":"#VALUE!"},{"$error":"#VALUE!"},{"$error":"#VALUE!"},{"$error":"#VALUE!"},{"$error":"#VALUE!"},{"$error":"#VALUE!"},{"$error":"#VALUE!"},{"$f":"$GG$31*WaterFittings!BO86","v":{"$error":"#VALUE!"}},{"$f":"$GH$31*WaterFittings!BP86","v":{"$error":"#VALUE!"}},{"$f":"$GI$31*WaterFittings!BQ86","v":0},{"$f":"GJ$31*AirCond!BD85","v":{"$error":"#VALUE!"}},{"$f":"GK$31*AirCond!BE85","v":{"$error":"#VALUE!"}},{"$f":"GL$31*AirCond!BF85","v":{"$error":"#VALUE!"}},{"$f":"GM$31*AirCond!BG85","v":{"$error":"#VALUE!"}},{"$f":"GN$31*WaterFittings!BS86","v":0},{"$f":"GO$31*WaterFittings!BT86","v":0},{"$f":"GP$31*WaterFittings!BU86","v":0}]
[null,null,81,0,0,{"$error":"#VALUE!"},{"$error":"#VALUE!"},{"$error":"#VALUE!"},{"$error":"#VALUE!"},{"$error":"#VALUE!"},{"$error":"#VALUE!"},{"$error":"#VALUE!"},{"$error":"#VALUE!"},{"$error":"#VALUE!"},{"$error":"#VALUE!"},null,{"$error":"#VALUE!"},{"$error":"#VALUE!"},{"$error":"#VALUE!"},{"$error":"#VALUE!"},{"$error":"#VALUE!"},null,{"$error":"#VALUE!"},{"$error":"#VALUE!"},{"$error":"#VALUE!"},{"$error":"#VALUE!"},{"$error":"#VALUE!"},null,25,{"$f":"SUM(SUMPRODUCT(AF$20:AJ$20,Q112:U112),SUMPRODUCT(AF$20:AJ$20,System2!Q112:U112),SUMPRODUCT(AF$20:AJ$20,System3!Q112:U112))","v":{"$error":"#VALUE!"}},{"$f":"SUM(SUMPRODUCT(AF$21:AJ$21,W112:AA112),SUMPRODUCT(AF$21:AJ$21,System2!W112:AA112),SUMPRODUCT(AF$21:AJ$21,System3!W112:AA112))","v":{"$error":"#VALUE!"}},{"$f":"WaterFittings!BN87","v":{"$error":"#VALUE!"}},{"$error":"#VALUE!"},{"$error":"#VALUE!"},{"$f":"MIN(AirCond!BL86,P$21)","v":0},{"$error":"#VALUE!"},{"$f":"MIN(ROUNDDOWN(AJ112-FH112,0),ROUNDDOWN(P$21*0.3,0),ROUNDDOWN(SUM(SUMPRODUCT(I$4:I$15,L$4:L$15),SUMPRODUCT(System2!I$4:I$15,System2!L$4:L$15),SUMPRODUCT(System3!I$4:I$15,System3!L$4:L$15))*0.3,0))","v":{"$error":"#VALUE!"}},0,{"$error":"#VALUE!"},{"$error":"#VALUE!"},{"$error":"#VALUE!"},0,{"$error":"#VALUE!"},{"$error":"#VALUE!"},{"$error":"#VALUE!"},0,null,null,null,0,0,0,0,null,{"$error":"#VALUE!"},{"$error":"#VALUE!"},{"$error":"#VALUE!"},{"$error":"#VALUE!"},{"$error":"#VALUE!"},{"$error":"#VALUE!"},{"$error":"#VALUE!"},{"$error":"#VALUE!"},{"$error":"#VALUE!"},0,{"$error":"#VALUE!"},{"$error":"#VALUE!"},{"$error":"#VALUE!"},{"$error":"#VALUE!"},{"$error":"#VALUE!"},{"$error":"#VALUE!"},{"$error":"#VALUE!"},{"$error":"#VALUE!"},{"$error":"#VALUE!"},{"$error":"#VALUE!"},{"$error":"#VALUE!"},{"$error":"#VALUE!"},{"$error":"#VALUE!"},{"$error":"#VALUE!"},{"$error":"#VALUE!"},{"$error":"#VALUE!"},{"$error":"#VALUE!"},{"$error":"#VALUE!"},{"$error":"#VALUE!"},{"$error":"#VALUE!"},{"$error":"#VALUE!"},{"$error":"#VALUE!"},{"$error":"#VALUE!"},{"$error":"#VALUE!"},{"$error":"#VALUE!"},{"$error":"#VALUE!"},{"$error":"#VALUE!"},{"$error":"#VALUE!"},{"$error":"#VALUE!"},{"$error":"#VALUE!"},{"$error":"#VALUE!"},{"$f":"SUM(CQ112,System2!CQ112,System3!CQ112)","v":{"$error":"#VALUE!"}},{"$error":"#VALUE!"},{"$error":"#VALUE!"},{"$error":"#VALUE!"},{"$error":"#VALUE!"},{"$error":"#VALUE!"},{"$error":"#VALUE!"},{"$error":"#VALUE!"},{"$error":"#VALUE!"},{"$error":"#VALUE!"},{"$error":"#VALUE!"},{"$error":"#VALUE!"},{"$error":"#VALUE!"},{"$error":"#VALUE!"},{"$error":"#VALUE!"},{"$error":"#VALUE!"},{"$error":"#VALUE!"},{"$error":"#VALUE!"},{"$error":"#VALUE!"},{"$error":"#VALUE!"},{"$error":"#VALUE!"},{"$error":"#VALUE!"},{"$error":"#VALUE!"},{"$error":"#VALUE!"},{"$error":"#VALUE!"},{"$error":"#VALUE!"},{"$error":"#VALUE!"},{"$f":"SUM(DR112,System2!DR112,System3!DR112)","v":{"$error":"#VALUE!"}},{"$f":"DT$56","v":{"$error":"#VALUE!"}},{"$f":"DU$56","v":{"$error":"#VALUE!"}},{"$f":"DV$56","v":0},{"$f":"DW$56","v":{"$error":"#VALUE!"}},{"$error":"#VALUE!"},{"$error":"#VALUE!"},{"$error":"#VALUE!"},0,0,0,0,0,{"$error":"#VALUE!"},{"$f":"SUM(EF112,System2!EF112,System3!EF112)","v":{"$error":"#VALUE!"}},{"$error":"#VALUE!"},{"$error":"#VALUE!"},{"$error":"#VALUE!"},{"$error":"#VALUE!"},{"$error":"#VALUE!"},{"$error":"#VALUE!"},{"$error":"#VALUE!"},{"$error":"#VALUE!"},{"$error":"#VALUE!"},{"$error":"#VALUE!"},{"$error":"#VALUE!"},{"$error":"#VALUE!"},{"$error":"#VALUE!"},{"$error":"#VALUE!"},{"$error":"#VALUE!"},{"$error":"#VALUE!"},{"$error":"#VALUE!"},{"$error":"#VALUE!"},{"$error":"#VALUE!"},{"$error":"#VALUE!"},{"$error":"#VALUE!"},{"$error":"#VALUE!"},{"$error":"#VALUE!"},{"$error":"#VALUE!"},{"$error":"#VALUE!"},{"$error":"#VALUE!"},{"$f":"SUM(FG112,System2!FG112,System3!FG112)","v":{"$error":"#VALUE!"}},0,0,0,0,{"$error":"#VALUE!"},{"$error":"#VALUE!"},{"$error":"#VALUE!"},{"$error":"#VALUE!"},{"$error":"#VALUE!"},{"$error":"#VALUE!"},{"$error":"#VALUE!"},{"$error":"#VALUE!"},{"$error":"#VALUE!"},{"$error":"#VALUE!"},{"$error":"#VALUE!"},{"$error":"#VALUE!"},{"$error":"#VALUE!"},{"$error":"#VALUE!"},{"$error":"#VALUE!"},{"$error":"#VALUE!"},{"$error":"#VALUE!"},{"$error":"#VALUE!"},{"$error":"#VALUE!"},{"$error":"#VALUE!"},{"$f":"$GG$31*WaterFittings!BO87","v":{"$error":"#VALUE!"}},{"$f":"$GH$31*WaterFittings!BP87","v":{"$error":"#VALUE!"}},{"$f":"$GI$31*WaterFittings!BQ87","v":0},{"$f":"GJ$31*AirCond!BD86","v":{"$error":"#VALUE!"}},{"$f":"GK$31*AirCond!BE86","v":{"$error":"#VALUE!"}},{"$f":"GL$31*AirCond!BF86","v":{"$error":"#VALUE!"}},{"$f":"GM$31*AirCond!BG86","v":{"$error":"#VALUE!"}},{"$f":"GN$31*WaterFittings!BS87","v":0},{"$f":"GO$31*WaterFittings!BT87","v":0},{"$f":"GP$31*WaterFittings!BU87","v":0}]
[null,null,82,0,0,{"$error":"#VALUE!"},{"$error":"#VALUE!"},{"$error":"#VALUE!"},{"$error":"#VALUE!"},{"$error":"#VALUE!"},{"$error":"#VALUE!"},{"$error":"#VALUE!"},{"$error":"#VALUE!"},{"$error":"#VALUE!"},{"$error":"#VALUE!"},null,{"$error":"#VALUE!"},{"$error":"#VALUE!"},{"$error":"#VALUE!"},{"$error":"#VALUE!"},{"$error":"#VALUE!"},null,{"$error":"#VALUE!"},{"$error":"#VALUE!"},{"$error":"#VALUE!"},{"$error":"#VALUE!"},{"$error":"#VALUE!"},null,26,{"$f":"SUM(SUMPRODUCT(AF$20:AJ$20,Q113:U113),SUMPRODUCT(AF$20:AJ$20,System2!Q113:U113),SUMPRODUCT(AF$20:AJ$20,System3!Q113:U113))","v":{"$error":"#VALUE!"}},{"$f":"SUM(SUMPRODUCT(AF$21:AJ$21,W113:AA113),SUMPRODUCT(AF$21:AJ$21,System2!W113:AA113),SUMPRODUCT(AF$21:AJ$21,System3!W113:AA113))","v":{"$error":"#VALUE!"}},{"$f":"WaterFittings!BN88","v":{"$error":"#VALUE!"}},{"$error":"#VALUE!"},{"$error":"#VALUE!"},{"$f":"MIN(AirCond!BL87,P$21)","v":0},{"$error":"#VALUE!"},{"$f":"MIN(ROUNDDOWN(AJ113-FH113,0),ROUNDDOWN(P$21*0.3,0),ROUNDDOWN(SUM(SUMPRODUCT(I$4:I$15,L$4:L$15),SUMPRODUCT(System2!I$4:I$15,System2!L$4:L$15),SUMPRODUCT(System3!I$4:I$15,System3!L$4:L$15))*0.3,0))","v":{"$error":"#VALUE!"}},0,{"$error":"#VALUE!"},{"$error":"#VALUE!"},{"$error":"#VALUE!"},0,{"$error":"#VALUE!"},{"$error":"#VALUE!"},{"$error":"#VALUE!"},0,null,null,null,0,0,0,0,null,{"$error":"#VALUE!"},{"$error":"#VALUE!"},{"$error":"#VALUE!"},{"$error":"#VALUE!"},{"$error":"#VALUE!"},{"$error":"#VALUE!"},{"$error":"#VALUE!"},{"$error":"#VALUE!"},{"$error":"#VALUE!"},0,{"$error":"#VALUE!"},{"$error":"#VALUE!"},{"$error":"#VALUE!"},{"$error":"#VALUE!"},{"$error":"#VALUE!"},{"$error":"#VALUE!"},{"$error":"#VALUE!"},{"$error":"#VALUE!"},{"$error":"#VALUE!"},{"$error":"#VALUE!"},{"$error":"#VALUE!"},{"$error":"#VALUE!"},{"$error":"#VALUE!"},{"$error":"#VALUE!"},{"$error":"#VALUE!"},{"$error":"#VALUE!"},{"$error":"#VALUE!"},{"$error":"#VALUE!"},{"$error":"#VALUE!"},{"$error":"#VALUE!"},{"$error":"#VALUE!"},{"$error":"#VALUE!"},{"$error":"#VALUE!"},{"$error":"#VALUE!"},{"$error":"#VALUE!"},{"$error":"#VALUE!"},{"$error":"#VALUE!"},{"$error":"#VALUE!"},{"$error":"#VALUE!"},{"$error":"#VALUE!"},{"$error":"#VALUE!"},{"$f":"SUM(CQ113,System2!CQ113,System3!CQ113)","v":{"$error":"#VALUE!"}},{"$error":"#VALUE!"},{"$error":"#VALUE!"},{"$error":"#VALUE!"},{"$error":"#VALUE!"},{"$error":"#VALUE!"},{"$error":"#VALUE!"},{"$error":"#VALUE!"},{"$error":"#VALUE!"},{"$error":"#VALUE!"},{"$error":"#VALUE!"},{"$error":"#VALUE!"},{"$error":"#VALUE!"},{"$error":"#VALUE!"},{"$error":"#VALUE!"},{"$error":"#VALUE!"},{"$error":"#VALUE!"},{"$error":"#VALUE!"},{"$error":"#VALUE!"},{"$error":"#VALUE!"},{"$error":"#VALUE!"},{"$error":"#VALUE!"},{"$error":"#VALUE!"},{"$error":"#VALUE!"},{"$error":"#VALUE!"},{"$error":"#VALUE!"},{"$error":"#VALUE!"},{"$f":"SUM(DR113,System2!DR113,System3!DR113)","v":{"$error":"#VALUE!"}},{"$f":"DT$57","v":{"$error":"#VALUE!"}},{"$f":"DU$57","v":{"$error":"#VALUE!"}},{"$f":"DV$57","v":0},{"$f":"DW$57","v":{"$error":"#VALUE!"}},{"$error":"#VALUE!"},{"$error":"#VALUE!"},{"$error":"#VALUE!"},0,0,0,0,0,{"$error":"#VALUE!"},{"$f":"SUM(EF113,System2!EF113,System3!EF113)","v":{"$error":"#VALUE!"}},{"$error":"#VALUE!"},{"$error":"#VALUE!"},{"$error":"#VALUE!"},{"$error":"#VALUE!"},{"$error":"#VALUE!"},{"$error":"#VALUE!"},{"$error":"#VALUE!"},{"$error":"#VALUE!"},{"$error":"#VALUE!"},{"$error":"#VALUE!"},{"$error":"#VALUE!"},{"$error":"#VALUE!"},{"$error":"#VALUE!"},{"$error":"#VALUE!"},{"$error":"#VALUE!"},{"$error":"#VALUE!"},{"$error":"#VALUE!"},{"$error":"#VALUE!"},{"$error":"#VALUE!"},{"$error":"#VALUE!"},{"$error":"#VALUE!"},{"$error":"#VALUE!"},{"$error":"#VALUE!"},{"$error":"#VALUE!"},{"$error":"#VALUE!"},{"$error":"#VALUE!"},{"$f":"SUM(FG113,System2!FG113,System3!FG113)","v":{"$error":"#VALUE!"}},0,0,0,0,{"$error":"#VALUE!"},{"$error":"#VALUE!"},{"$error":"#VALUE!"},{"$error":"#VALUE!"},{"$error":"#VALUE!"},{"$error":"#VALUE!"},{"$error":"#VALUE!"},{"$error":"#VALUE!"},{"$error":"#VALUE!"},{"$error":"#VALUE!"},{"$error":"#VALUE!"},{"$error":"#VALUE!"},{"$error":"#VALUE!"},{"$error":"#VALUE!"},{"$error":"#VALUE!"},{"$error":"#VALUE!"},{"$error":"#VALUE!"},{"$error":"#VALUE!"},{"$error":"#VALUE!"},{"$error":"#VALUE!"},{"$f":"$GG$31*WaterFittings!BO88","v":{"$error":"#VALUE!"}},{"$f":"$GH$31*WaterFittings!BP88","v":{"$error":"#VALUE!"}},{"$f":"$GI$31*WaterFittings!BQ88","v":0},{"$f":"GJ$31*AirCond!BD87","v":{"$error":"#VALUE!"}},{"$f":"GK$31*AirCond!BE87","v":{"$error":"#VALUE!"}},{"$f":"GL$31*AirCond!BF87","v":{"$error":"#VALUE!"}},{"$f":"GM$31*AirCond!BG87","v":{"$error":"#VALUE!"}},{"$f":"GN$31*WaterFittings!BS88","v":0},{"$f":"GO$31*WaterFittings!BT88","v":0},{"$f":"GP$31*WaterFittings!BU88","v":0}]
[null,null,83,18,0,{"$error":"#VALUE!"},{"$error":"#VALUE!"},{"$error":"#VALUE!"},{"$error":"#VALUE!"},{"$error":"#VALUE!"},{"$error":"#VALUE!"},{"$error":"#VALUE!"},{"$error":"#VALUE!"},{"$error":"#VALUE!"},{"$error":"#VALUE!"},null,{"$error":"#VALUE!"},{"$error":"#VALUE!"},{"$error":"#VALUE!"},{"$error":"#VALUE!"},{"$error":"#VALUE!"},null,{"$error":"#VALUE!"},{"$error":"#VALUE!"},{"$error":"#VALUE!"},{"$error":"#VALUE!"},{"$error":"#VALUE!"},null,27,{"$f":"SUM(SUMPRODUCT(AF$20:AJ$20,Q114:U114),SUMPRODUCT(AF$20:AJ$20,System2!Q114:U114),SUMPRODUCT(AF$20:AJ$20,System3!Q114:U114))","v":{"$error":"#VALUE!"}},{"$f":"SUM(SUMPRODUCT(AF$21:AJ$21,W114:AA114),SUMPRODUCT(AF$21:AJ$21,System2!W114:AA114),SUMPRODUCT(AF$21:AJ$21,System3!W114:AA114))","v":{"$error":"#VALUE!"}},{"$f":"WaterFittings!BN89","v":{"$error":"#VALUE!"}},{"$error":"#VALUE!"},{"$error":"#VALUE!"},{"$f":"MIN(AirCond!BL88,P$21)","v":0},{"$error":"#VALUE!"},{"$f":"MIN(ROUNDDOWN(AJ114-FH114,0),ROUNDDOWN(P$21*0.3,0),ROUNDDOWN(SUM(SUMPRODUCT(I$4:I$15,L$4:L$15),SUMPRODUCT(System2!I$4:I$15,System2!L$4:L$15),SUMPRODUCT(System3!I$4:I$15,System3!L$4:L$15))*0.3,0))","v":{"$error":"#VALUE!"}},0,{"$error":"#VALUE!"},{"$error":"#VALUE!"},{"$error":"#VALUE!"},0,{"$error":"#VALUE!"},{"$error":"#VALUE!"},{"$error":"#VALUE!"},0,null,null,null,0,0,0,0,null,{"$error":"#VALUE!"},{"$error":"#VALUE!"},{"$error":"#VALUE!"},{"$error":"#VALUE!"},{"$error":"#VALUE!"},{"$error":"#VALUE!"},{"$error":"#VALUE!"},{"$error":"#VALUE!"},{"$error":"#VALUE!"},0,{"$error":"#VALUE!"},{"$error":"#VALUE!"},{"$error":"#VALUE!"},{"$error":"#VALUE!"},{"$error":"#VALUE!"},{"$error":"#VALUE!"},{"$error":"#VALUE!"},{"$error":"#VALUE!"},{"$error":"#VALUE!"},{"$error":"#VALUE!"},{"$error":"#VALUE!"},{"$error":"#VALUE!"},{"$error":"#VALUE!"},{"$error":"#VALUE!"},{"$error":"#VALUE!"},{"$error":"#VALUE!"},{"$error":"#VALUE!"},{"$error":"#VALUE!"},{"$error":"#VALUE!"},{"$error":"#VALUE!"},{"$error":"#VALUE!"},{"$error":"#VALUE!"},{"$error":"#VALUE!"},{"$error":"#VALUE!"},{"$error":"#VALUE!"},{"$error":"#VALUE!"},{"$error":"#VALUE!"},{"$error":"#VALUE!"},{"$error":"#VALUE!"},{"$error":"#VALUE!"},{"$error":"#VALUE!"},{"$f":"SUM(CQ114,System2!CQ114,System3!CQ114)","v":{"$error":"#VALUE!"}},{"$error":"#VALUE!"},{"$error":"#VALUE!"},{"$error":"#VALUE!"},{"$error":"#VALUE!"},{"$error":"#VALUE!"},{"$error":"#VALUE!"},{"$error":"#VALUE!"},{"$error":"#VALUE!"},{"$error":"#VALUE!"},{"$error":"#VALUE!"},{"$error":"#VALUE!"},{"$error":"#VALUE!"},{"$error":"#VALUE!"},{"$error":"#VALUE!"},{"$error":"#VALUE!"},{"$error":"#VALUE!"},{"$error":"#VALUE!"},{"$error":"#VALUE!"},{"$error":"#VALUE!"},{"$error":"#VALUE!"},{"$error":"#VALUE!"},{"$error":"#VALUE!"},{"$error":"#VALUE!"},{"$error":"#VALUE!"},{"$error":"#VALUE!"},{"$error":"#VALUE!"},{"$f":"SUM(DR114,System2!DR114,System3!DR114)","v":{"$error":"#VALUE!"}},{"$f":"DT$58","v":{"$error":"#VALUE!"}},{"$f":"DU$58","v":{"$error":"#VALUE!"}},{"$f":"DV$58","v":0},{"$f":"DW$58","v":{"$error":"#VALUE!"}},{"$error":"#VALUE!"},{"$error":"#VALUE!"},{"$error":"#VALUE!"},0,0,0,0,0,{"$error":"#VALUE!"},{"$f":"SUM(EF114,System2!EF114,System3!EF114)","v":{"$error":"#VALUE!"}},{"$error":"#VALUE!"},{"$error":"#VALUE!"},{"$error":"#VALUE!"},{"$error":"#VALUE!"},{"$error":"#VALUE!"},{"$error":"#VALUE!"},{"$error":"#VALUE!"},{"$error":"#VALUE!"},{"$error":"#VALUE!"},{"$error":"#VALUE!"},{"$error":"#VALUE!"},{"$error":"#VALUE!"},{"$error":"#VALUE!"},{"$error":"#VALUE!"},{"$error":"#VALUE!"},{"$error":"#VALUE!"},{"$error":"#VALUE!"},{"$error":"#VALUE!"},{"$error":"#VALUE!"},{"$error":"#VALUE!"},{"$error":"#VALUE!"},{"$error":"#VALUE!"},{"$error":"#VALUE!"},{"$error":"#VALUE!"},{"$error":"#VALUE!"},{"$error":"#VALUE!"},{"$f":"SUM(FG114,System2!FG114,System3!FG114)","v":{"$error":"#VALUE!"}},0,0,0,0,{"$error":"#VALUE!"},{"$error":"#VALUE!"},{"$error":"#VALUE!"},{"$error":"#VALUE!"},{"$error":"#VALUE!"},{"$error":"#VALUE!"},{"$error":"#VALUE!"},{"$error":"#VALUE!"},{"$error":"#VALUE!"},{"$error":"#VALUE!"},{"$error":"#VALUE!"},{"$error":"#VALUE!"},{"$error":"#VALUE!"},{"$error":"#VALUE!"},{"$error":"#VALUE!"},{"$error":"#VALUE!"},{"$error":"#VALUE!"},{"$error":"#VALUE!"},{"$error":"#VALUE!"},{"$error":"#VALUE!"},{"$f":"$GG$31*WaterFittings!BO89","v":{"$error":"#VALUE!"}},{"$f":"$GH$31*WaterFittings!BP89","v":{"$error":"#VALUE!"}},{"$f":"$GI$31*WaterFittings!BQ89","v":0},{"$f":"GJ$31*AirCond!BD88","v":{"$error":"#VALUE!"}},{"$f":"GK$31*AirCond!BE88","v":{"$error":"#VALUE!"}},{"$f":"GL$31*AirCond!BF88","v":{"$error":"#VALUE!"}},{"$f":"GM$31*AirCond!BG88","v":{"$error":"#VALUE!"}},{"$f":"GN$31*WaterFittings!BS89","v":0},{"$f":"GO$31*WaterFittings!BT89","v":0},{"$f":"GP$31*WaterFittings!BU89","v":0}]
[null,null,84,0,0,{"$error":"#VALUE!"},{"$error":"#VALUE!"},{"$error":"#VALUE!"},{"$error":"#VALUE!"},{"$error":"#VALUE!"},{"$error":"#VALUE!"},{"$error":"#VALUE!"},{"$error":"#VALUE!"},{"$error":"#VALUE!"},{"$error":"#VALUE!"},null,{"$error":"#VALUE!"},{"$error":"#VALUE!"},{"$error":"#VALUE!"},{"$error":"#VALUE!"},{"$error":"#VALUE!"},null,{"$error":"#VALUE!"},{"$error":"#VALUE!"},{"$error":"#VALUE!"},{"$error":"#VALUE!"},{"$error":"#VALUE!"},null,28,{"$f":"SUM(SUMPRODUCT(AF$20:AJ$20,Q115:U115),SUMPRODUCT(AF$20:AJ$20,System2!Q115:U115),SUMPRODUCT(AF$20:AJ$20,System3!Q115:U115))","v":{"$error":"#VALUE!"}},{"$f":"SUM(SUMPRODUCT(AF$21:AJ$21,W115:AA115),SUMPRODUCT(AF$21:AJ$21,System2!W115:AA115),SUMPRODUCT(AF$21:AJ$21,System3!W115:AA115))","v":{"$error":"#VALUE!"}},{"$f":"WaterFittings!BN90","v":{"$error":"#VALUE!"}},{"$error":"#VALUE!"},{"$error":"#VALUE!"},{"$f":"MIN(AirCond!BL89,P$21)","v":0},{"$error":"#VALUE!"},{"$f":"MIN(ROUNDDOWN(AJ115-FH115,0),ROUNDDOWN(P$21*0.3,0),ROUNDDOWN(SUM(SUMPRODUCT(I$4:I$15,L$4:L$15),SUMPRODUCT(System2!I$4:I$15,System2!L$4:L$15),SUMPRODUCT(System3!I$4:I$15,System3!L$4:L$15))*0.3,0))","v":{"$error":"#VALUE!"}},0,{"$error":"#VALUE!"},{"$error":"#VALUE!"},{"$error":"#VALUE!"},0,{"$error":"#VALUE!"},{"$error":"#VALUE!"},{"$error":"#VALUE!"},0,null,null,null,0,0,0,0,null,{"$error":"#VALUE!"},{"$error":"#VALUE!"},{"$error":"#VALUE!"},{"$error":"#VALUE!"},{"$error":"#VALUE!"},{"$error":"#VALUE!"},{"$error":"#VALUE!"},{"$error":"#VALUE!"},{"$error":"#VALUE!"},0,{"$error":"#VALUE!"},{"$error":"#VALUE!"},{"$error":"#VALUE!"},{"$error":"#VALUE!"},{"$error":"#VALUE!"},{"$error":"#VALUE!"},{"$error":"#VALUE!"},{"$error":"#VALUE!"},{"$error":"#VALUE!"},{"$error":"#VALUE!"},{"$error":"#VALUE!"},{"$error":"#VALUE!"},{"$error":"#VALUE!"},{"$error":"#VALUE!"},{"$error":"#VALUE!"},{"$error":"#VALUE!"},{"$error":"#VALUE!"},{"$error":"#VALUE!"},{"$error":"#VALUE!"},{"$error":"#VALUE!"},{"$error":"#VALUE!"},{"$error":"#VALUE!"},{"$error":"#VALUE!"},{"$error":"#VALUE!"},{"$error":"#VALUE!"},{"$error":"#VALUE!"},{"$error":"#VALUE!"},{"$error":"#VALUE!"},{"$error":"#VALUE!"},{"$error":"#VALUE!"},{"$error":"#VALUE!"},{"$f":"SUM(CQ115,System2!CQ115,System3!CQ115)","v":{"$error":"#VALUE!"}},{"$error":"#VALUE!"},{"$error":"#VALUE!"},{"$error":"#VALUE!"},{"$error":"#VALUE!"},{"$error":"#VALUE!"},{"$error":"#VALUE!"},{"$error":"#VALUE!"},{"$error":"#VALUE!"},{"$error":"#VALUE!"},{"$error":"#VALUE!"},{"$error":"#VALUE!"},{"$error":"#VALUE!"},{"$error":"#VALUE!"},{"$error":"#VALUE!"},{"$error":"#VALUE!"},{"$error":"#VALUE!"},{"$error":"#VALUE!"},{"$error":"#VALUE!"},{"$error":"#VALUE!"},{"$error":"#VALUE!"},{"$error":"#VALUE!"},{"$error":"#VALUE!"},{"$error":"#VALUE!"},{"$error":"#VALUE!"},{"$error":"#VALUE!"},{"$error":"#VALUE!"},{"$f":"SUM(DR115,System2!DR115,System3!DR115)","v":{"$error":"#VALUE!"}},{"$f":"DT$59","v":{"$error":"#VALUE!"}},{"$f":"DU$59","v":{"$error":"#VALUE!"}},{"$f":"DV$59","v":0},{"$f":"DW$59","v":{"$error":"#VALUE!"}},{"$error":"#VALUE!"},{"$error":"#VALUE!"},{"$error":"#VALUE!"},0,0,0,0,0,{"$error":"#VALUE!"},{"$f":"SUM(EF115,System2!EF115,System3!EF115)","v":{"$error":"#VALUE!"}},{"$error":"#VALUE!"},{"$error":"#VALUE!"},{"$error":"#VALUE!"},{"$error":"#VALUE!"},{"$error":"#VALUE!"},{"$error":"#VALUE!"},{"$error":"#VALUE!"},{"$error":"#VALUE!"},{"$error":"#VALUE!"},{"$error":"#VALUE!"},{"$error":"#VALUE!"},{"$error":"#VALUE!"},{"$error":"#VALUE!"},{"$error":"#VALUE!"},{"$error":"#VALUE!"},{"$error":"#VALUE!"},{"$error":"#VALUE!"},{"$error":"#VALUE!"},{"$error":"#VALUE!"},{"$error":"#VALUE!"},{"$error":"#VALUE!"},{"$error":"#VALUE!"},{"$error":"#VALUE!"},{"$error":"#VALUE!"},{"$error":"#VALUE!"},{"$error":"#VALUE!"},{"$f":"SUM(FG115,System2!FG115,System3!FG115)","v":{"$error":"#VALUE!"}},0,0,{"$f":"IF(IF(FK$28>=3,COUNTIF(FK112:FK114,\">0\"),IF(FK$28=2,COUNTIF(FK113:FK114,\">0\"),IF(FK$28=1,COUNTIF(FK114,\">0\")))),0,FK$31)","v":0},0,{"$error":"#VALUE!"},{"$error":"#VALUE!"},{"$error":"#VALUE!"},{"$error":"#VALUE!"},{"$error":"#VALUE!"},{"$error":"#VALUE!"},{"$error":"#VALUE!"},{"$error":"#VALUE!"},{"$error":"#VALUE!"},{"$error":"#VALUE!"},{"$error":"#VALUE!"},{"$error":"#VALUE!"},{"$error":"#VALUE!"},{"$error":"#VALUE!"},{"$error":"#VALUE!"},{"$error":"#VALUE!"},{"$error":"#VALUE!"},{"$error":"#VALUE!"},{"$error":"#VALUE!"},{"$error":"#VALUE!"},{"$f":"$GG$31*WaterFittings!BO90","v":{"$error":"#VALUE!"}},{"$f":"$GH$31*WaterFittings!BP90","v":{"$error":"#VALUE!"}},{"$f":"$GI$31*WaterFittings!BQ90","v":0},{"$f":"GJ$31*AirCond!BD89","v":{"$error":"#VALUE!"}},{"$f":"GK$31*AirCond!BE89","v":{"$error":"#VALUE!"}},{"$f":"GL$31*AirCond!BF89","v":{"$error":"#VALUE!"}},{"$f":"GM$31*AirCond!BG89","v":{"$error":"#VALUE!"}},{"$f":"GN$31*WaterFittings!BS90","v":0},{"$f":"GO$31*WaterFittings!BT90","v":0},{"$f":"GP$31*WaterFittings!BU90","v":0}]
[null,null,85,0,0,{"$error":"#VALUE!"},{"$error":"#VALUE!"},{"$error":"#VALUE!"},{"$error":"#VALUE!"},{"$error":"#VALUE!"},{"$error":"#VALUE!"},{"$error":"#VALUE!"},{"$error":"#VALUE!"},{"$error":"#VALUE!"},{"$error":"#VALUE!"},null,{"$error":"#VALUE!"},{"$error":"#VALUE!"},{"$error":"#VALUE!"},{"$error":"#VALUE!"},{"$error":"#VALUE!"},null,{"$error":"#VALUE!"},{"$error":"#VALUE!"},{"$error":"#VALUE!"},{"$error":"#VALUE!"},{"$f":"ROUNDDOWN(FF116,0)","v":{"$error":"#VALUE!"}},null,1,{"$f":"SUM(SUMPRODUCT(AF$20:AJ$20,Q116:U116),SUMPRODUCT(AF$20:AJ$20,System2!Q116:U116),SUMPRODUCT(AF$20:AJ$20,System3!Q116:U116))","v":{"$error":"#VALUE!"}},{"$f":"SUM(SUMPRODUCT(AF$21:AJ$21,W116:AA116),SUMPRODUCT(AF$21:AJ$21,System2!W116:AA116),SUMPRODUCT(AF$21:AJ$21,System3!W116:AA116))","v":{"$error":"#VALUE!"}},{"$f":"WaterFittings!BN91","v":{"$error":"#VALUE!"}},{"$error":"#VALUE!"},{"$error":"#VALUE!"},{"$f":"MIN(AirCond!BL90,P$21)","v":0},{"$error":"#VALUE!"},{"$f":"MIN(ROUNDDOWN(AJ116-FH116,0),ROUNDDOWN(P$21*0.3,0),ROUNDDOWN(SUM(SUMPRODUCT(I$4:I$15,L$4:L$15),SUMPRODUCT(System2!I$4:I$15,System2!L$4:L$15),SUMPRODUCT(System3!I$4:I$15,System3!L$4:L$15))*0.3,0))","v":{"$error":"#VALUE!"}},0,{"$error":"#VALUE!"},{"$error":"#VALUE!"},{"$error":"#VALUE!"},0,{"$error":"#VALUE!"},{"$error":"#VALUE!"},{"$error":"#VALUE!"},0,null,null,null,0,0,0,0,null,{"$error":"#VALUE!"},{"$error":"#VALUE!"},{"$error":"#VALUE!"},{"$error":"#VALUE!"},{"$error":"#VALUE!"},{"$error":"#VALUE!"},{"$error":"#VALUE!"},{"$error":"#VALUE!"},{"$error":"#VALUE!"},0,{"$error":"#VALUE!"},{"$error":"#VALUE!"},{"$error":"#VALUE!"},{"$error":"#VALUE!"},{"$error":"#VALUE!"},{"$error":"#VALUE!"},{"$error":"#VALUE!"},{"$error":"#VALUE!"},{"$error":"#VALUE!"},{"$error":"#VALUE!"},{"$error":"#VALUE!"},{"$error":"#VALUE!"},{"$error":"#VALUE!"},{"$error":"#VALUE!"},{"$error":"#VALUE!"},{"$error":"#VALUE!"},{"$error":"#VALUE!"},{"$error":"#VALUE!"},{"$error":"#VALUE!"},{"$error":"#VALUE!"},{"$error":"#VALUE!"},{"$error":"#VALUE!"},{"$error":"#VALUE!"},{"$error":"#VALUE!"},{"$error":"#VALUE!"},{"$error":"#VALUE!"},{"$error":"#VALUE!"},{"$error":"#VALUE!"},{"$error":"#VALUE!"},{"$error":"#VALUE!"},{"$error":"#VALUE!"},{"$f":"SUM(CQ116,System2!CQ116,System3!CQ116)","v":{"$error":"#VALUE!"}},{"$error":"#VALUE!"},{"$error":"#VALUE!"},{"$error":"#VALUE!"},{"$error":"#VALUE!"},{"$error":"#VALUE!"},{"$error":"#VALUE!"},{"$error":"#VALUE!"},{"$error":"#VALUE!"},{"$error":"#VALUE!"},{"$error":"#VALUE!"},{"$error":"#VALUE!"},{"$error":"#VALUE!"},{"$error":"#VALUE!"},{"$error":"#VALUE!"},{"$error":"#VALUE!"},{"$error":"#VALUE!"},{"$error":"#VALUE!"},{"$error":"#VALUE!"},{"$error":"#VALUE!"},{"$error":"#VALUE!"},{"$error":"#VALUE!"},{"$error":"#VALUE!"},{"$error":"#VALUE!"},{"$error":"#VALUE!"},{"$error":"#VALUE!"},{"$error":"#VALUE!"},{"$f":"SUM(DR116,System2!DR116,System3!DR116)","v":{"$error":"#VALUE!"}},{"$f":"DT$32","v":{"$error":"#VALUE!"}},{"$f":"DU$32","v":{"$error":"#VALUE!"}},{"$f":"DV$32","v":0},{"$f":"DW$32","v":{"$error":"#VALUE!"}},{"$error":"#VALUE!"},{"$error":"#VALUE!"},{"$error":"#VALUE!"},0,0,0,0,0,{"$error":"#VALUE!"},{"$f":"SUM(EF116,System2!EF116,System3!EF116)","v":{"$error":"#VALUE!"}},{"$error":"#VALUE!"},{"$error":"#VALUE!"},{"$error":"#VALUE!"},{"$error":"#VALUE!"},{"$error":"#VALUE!"},{"$error":"#VALUE!"},{"$error":"#VALUE!"},{"$error":"#VALUE!"},{"$error":"#VALUE!"},{"$error":"#VALUE!"},{"$error":"#VALUE!"},{"$error":"#VALUE!"},{"$error":"#VALUE!"},{"$error":"#VALUE!"},{"$error":"#VALUE!"},{"$error":"#VALUE!"},{"$error":"#VALUE!"},{"$error":"#VALUE!"},{"$error":"#VALUE!"},{"$error":"#VALUE!"},{"$error":"#VALUE!"},{"$error":"#VALUE!"},{"$error":"#VALUE!"},{"$error":"#VALUE!"},{"$error":"#VALUE!"},{"$error":"#VALUE!"},{"$f":"SUM(FG116,System2!FG116,System3!FG116)","v":{"$error":"#VALUE!"}},0,0,0,0,{"$error":"#VALUE!"},{"$error":"#VALUE!"},{"$error":"#VALUE!"},{"$error":"#VALUE!"},{"$error":"#VALUE!"},{"$error":"#VALUE!"},{"$error":"#VALUE!"},{"$error":"#VALUE!"},{"$error":"#VALUE!"},{"$error":"#VALUE!"},{"$error":"#VALUE!"},{"$error":"#VALUE!"},{"$error":"#VALUE!"},{"$error":"#VALUE!"},{"$error":"#VALUE!"},{"$error":"#VALUE!"},{"$error":"#VALUE!"},{"$error":"#VALUE!"},{"$error":"#VALUE!"},{"$error":"#VALUE!"},{"$f":"$GG$31*WaterFittings!BO91","v":{"$error":"#VALUE!"}},{"$f":"$GH$31*WaterFittings!BP91","v":{"$error":"#VALUE!"}},{"$f":"$GI$31*WaterFittings!BQ91","v":0},{"$f":"GJ$31*AirCond!BD90","v":{"$error":"#VALUE!"}},{"$f":"GK$31*AirCond!BE90","v":{"$error":"#VALUE!"}},{"$f":"GL$31*AirCond!BF90","v":{"$error":"#VALUE!"}},{"$f":"GM$31*AirCond!BG90","v":{"$error":"#VALUE!"}},{"$f":"GN$31*WaterFittings!BS91","v":0},{"$f":"GO$31*WaterFittings!BT91","v":0},{"$f":"GP$31*WaterFittings!BU91","v":0}]
[null,null,86,10.5,0,{"$error":"#VALUE!"},{"$error":"#VALUE!"},{"$error":"#VALUE!"},{"$error":"#VALUE!"},{"$error":"#VALUE!"},{"$error":"#VALUE!"},{"$error":"#VALUE!"},{"$error":"#VALUE!"},{"$error":"#VALUE!"},{"$error":"#VALUE!"},null,{"$error":"#VALUE!"},{"$error":"#VALUE!"},{"$f":"ROUNDDOWN(SUM(DM117:DO117),0)","v":{"$error":"#VALUE!"}},{"$error":"#VALUE!"},{"$error":"#VALUE!"},null,{"$error":"#VALUE!"},{"$error":"#VALUE!"},{"$error":"#VALUE!"},{"$error":"#VALUE!"},{"$error":"#VALUE!"},null,2,{"$f":"SUM(SUMPRODUCT(AF$20:AJ$20,Q117:U117),SUMPRODUCT(AF$20:AJ$20,System2!Q117:U117),SUMPRODUCT(AF$20:AJ$20,System3!Q117:U117))","v":{"$error":"#VALUE!"}},{"$f":"SUM(SUMPRODUCT(AF$21:AJ$21,W117:AA117),SUMPRODUCT(AF$21:AJ$21,System2!W117:AA117),SUMPRODUCT(AF$21:AJ$21,System3!W117:AA117))","v":{"$error":"#VALUE!"}},{"$f":"WaterFittings!BN92","v":{"$error":"#VALUE!"}},{"$error":"#VALUE!"},{"$error":"#VALUE!"},{"$f":"MIN(AirCond!BL91,P$21)","v":0},{"$error":"#VALUE!"},{"$f":"MIN(ROUNDDOWN(AJ117-FH117,0),ROUNDDOWN(P$21*0.3,0),ROUNDDOWN(SUM(SUMPRODUCT(I$4:I$15,L$4:L$15),SUMPRODUCT(System2!I$4:I$15,System2!L$4:L$15),SUMPRODUCT(System3!I$4:I$15,System3!L$4:L$15))*0.3,0))","v":{"$error":"#VALUE!"}},0,{"$error":"#VALUE!"},{"$error":"#VALUE!"},{"$error":"#VALUE!"},0,{"$error":"#VALUE!"},{"$error":"#VALUE!"},{"$error":"#VALUE!"},0,null,null,null,0,0,0,0,null,{"$error":"#VALUE!"},{"$error":"#VALUE!"},{"$error":"#VALUE!"},{"$error":"#VALUE!"},{"$error":"#VALUE!"},{"$error":"#VALUE!"},{"$error":"#VALUE!"},{"$error":"#VALUE!"},{"$error":"#VALUE!"},0,{"$error":"#VALUE!"},{"$error":"#VALUE!"},{"$error":"#VALUE!"},{"$error":"#VALUE!"},{"$error":"#VALUE!"},{"$error":"#VALUE!"},{"$error":"#VALUE!"},{"$error":"#VALUE!"},{"$error":"#VALUE!"},{"$error":"#VALUE!"},{"$error":"#VALUE!"},{"$error":"#VALUE!"},{"$error":"#VALUE!"},{"$error":"#VALUE!"},{"$error":"#VALUE!"},{"$error":"#VALUE!"},{"$error":"#VALUE!"},{"$error":"#VALUE!"},{"$error":"#VALUE!"},{"$error":"#VALUE!"},{"$error":"#VALUE!"},{"$error":"#VALUE!"},{"$error":"#VALUE!"},{"$error":"#VALUE!"},{"$error":"#VALUE!"},{"$error":"#VALUE!"},{"$error":"#VALUE!"},{"$error":"#VALUE!"},{"$error":"#VALUE!"},{"$error":"#VALUE!"},{"$error":"#VALUE!"},{"$f":"SUM(CQ117,System2!CQ117,System3!CQ117)","v":{"$error":"#VALUE!"}},{"$error":"#VALUE!"},{"$error":"#VALUE!"},{"$error":"#VALUE!"},{"$error":"#VALUE!"},{"$error":"#VALUE!"},{"$error":"#VALUE!"},{"$error":"#VALUE!"},{"$error":"#VALUE!"},{"$error":"#VALUE!"},{"$error":"#VALUE!"},{"$error":"#VALUE!"},{"$error":"#VALUE!"},{"$error":"#VALUE!"},{"$error":"#VALUE!"},{"$error":"#VALUE!"},{"$error":"#VALUE!"},{"$error":"#VALUE!"},{"$error":"#VALUE!"},{"$error":"#VALUE!"},{"$error":"#VALUE!"},{"$error":"#VALUE!"},{"$error":"#VALUE!"},{"$error":"#VALUE!"},{"$error":"#VALUE!"},{"$error":"#VALUE!"},{"$error":"#VALUE!"},{"$f":"SUM(DR117,System2!DR117,System3!DR117)","v":{"$error":"#VALUE!"}},{"$f":"DT$33","v":{"$error":"#VALUE!"}},{"$f":"DU$33","v":{"$error":"#VALUE!"}},{"$f":"DV$33","v":0},{"$f":"DW$33","v":{"$error":"#VALUE!"}},{"$error":"#VALUE!"},{"$error":"#VALUE!"},{"$error":"#VALUE!"},0,0,0,0,0,{"$error":"#VALUE!"},{"$f":"SUM(EF117,System2!EF117,System3!EF117)","v":{"$error":"#VALUE!"}},{"$error":"#VALUE!"},{"$error":"#VALUE!"},{"$error":"#VALUE!"},{"$error":"#VALUE!"},{"$error":"#VALUE!"},{"$error":"#VALUE!"},{"$error":"#VALUE!"},{"$error":"#VALUE!"},{"$error":"#VALUE!"},{"$error":"#VALUE!"},{"$error":"#VALUE!"},{"$error":"#VALUE!"},{"$error":"#VALUE!"},{"$error":"#VALUE!"},{"$error":"#VALUE!"},{"$error":"#VALUE!"},{"$error":"#VALUE!"},{"$error":"#VALUE!"},{"$error":"#VALUE!"},{"$error":"#VALUE!"},{"$error":"#VALUE!"},{"$error":"#VALUE!"},{"$error":"#VALUE!"},{"$error":"#VALUE!"},{"$error":"#VALUE!"},{"$error":"#VALUE!"},{"$f":"SUM(FG117,System2!FG117,System3!FG117)","v":{"$error":"#VALUE!"}},0,0,0,0,{"$error":"#VALUE!"},{"$error":"#VALUE!"},{"$error":"#VALUE!"},{"$error":"#VALUE!"},{"$error":"#VALUE!"},{"$error":"#VALUE!"},{"$error":"#VALUE!"},{"$error":"#VALUE!"},{"$error":"#VALUE!"},{"$error":"#VALUE!"},{"$error":"#VALUE!"},{"$error":"#VALUE!"},{"$error":"#VALUE!"},{"$error":"#VALUE!"},{"$error":"#VALUE!"},{"$error":"#VALUE!"},{"$error":"#VALUE!"},{"$error":"#VALUE!"},{"$error":"#VALUE!"},{"$error":"#VALUE!"},{"$f":"$GG$31*WaterFittings!BO92","v":{"$error":"#VALUE!"}},{"$f":"$GH$31*WaterFittings!BP92","v":{"$error":"#VALUE!"}},{"$f":"$GI$31*WaterFittings!BQ92","v":0},{"$f":"GJ$31*AirCond!BD91","v":{"$error":"#VALUE!"}},{"$f":"GK$31*AirCond!BE91","v":{"$error":"#VALUE!"}},{"$f":"GL$31*AirCond!BF91","v":{"$error":"#VALUE!"}},{"$f":"GM$31*AirCond!BG91","v":{"$error":"#VALUE!"}},{"$f":"GN$31*WaterFittings!BS92","v":0},{"$f":"GO$31*WaterFittings!BT92","v":0},{"$f":"GP$31*WaterFittings!BU92","v":0}]
[null,null,87,24,0,{"$error":"#VALUE!"},{"$error":"#VALUE!"},{"$error":"#VALUE!"},{"$error":"#VALUE!"},{"$error":"#VALUE!"},{"$error":"#VALUE!"},{"$error":"#VALUE!"},{"$error":"#VALUE!"},{"$error":"#VALUE!"},{"$error":"#VALUE!"},null,{"$error":"#VALUE!"},{"$error":"#VALUE!"},{"$error":"#VALUE!"},{"$error":"#VALUE!"},{"$error":"#VALUE!"},null,{"$error":"#VALUE!"},{"$error":"#VALUE!"},{"$error":"#VALUE!"},{"$error":"#VALUE!"},{"$error":"#VALUE!"},null,3,{"$f":"SUM(SUMPRODUCT(AF$20:AJ$20,Q118:U118),SUMPRODUCT(AF$20:AJ$20,System2!Q118:U118),SUMPRODUCT(AF$20:AJ$20,System3!Q118:U118))","v":{"$error":"#VALUE!"}},{"$f":"SUM(SUMPRODUCT(AF$21:AJ$21,W118:AA118),SUMPRODUCT(AF$21:AJ$21,System2!W118:AA118),SUMPRODUCT(AF$21:AJ$21,System3!W118:AA118))","v":{"$error":"#VALUE!"}},{"$f":"WaterFittings!BN93","v":{"$error":"#VALUE!"}},{"$error":"#VALUE!"},{"$error":"#VALUE!"},{"$f":"MIN(AirCond!BL92,P$21)","v":0},{"$error":"#VALUE!"},{"$f":"MIN(ROUNDDOWN(AJ118-FH118,0),ROUNDDOWN(P$21*0.3,0),ROUNDDOWN(SUM(SUMPRODUCT(I$4:I$15,L$4:L$15),SUMPRODUCT(System2!I$4:I$15,System2!L$4:L$15),SUMPRODUCT(System3!I$4:I$15,System3!L$4:L$15))*0.3,0))","v":{"$error":"#VALUE!"}},0,{"$error":"#VALUE!"},{"$error":"#VALUE!"},{"$error":"#VALUE!"},0,{"$error":"#VALUE!"},{"$error":"#VALUE!"},{"$error":"#VALUE!"},0,null,null,null,0,0,0,0,null,{"$error":"#VALUE!"},{"$error":"#VALUE!"},{"$error":"#VALUE!"},{"$error":"#VALUE!"},{"$error":"#VALUE!"},{"$error":"#VALUE!"},{"$error":"#VALUE!"},{"$error":"#VALUE!"},{"$error":"#VALUE!"},0,{"$error":"#VALUE!"},{"$error":"#VALUE!"},{"$error":"#VALUE!"},{"$error":"#VALUE!"},{"$error":"#VALUE!"},{"$error":"#VALUE!"},{"$error":"#VALUE!"},{"$error":"#VALUE!"},{"$error":"#VALUE!"},{"$error":"#VALUE!"},{"$error":"#VALUE!"},{"$error":"#VALUE!"},{"$error":"#VALUE!"},{"$error":"#VALUE!"},{"$error":"#VALUE!"},{"$error":"#VALUE!"},{"$error":"#VALUE!"},{"$error":"#VALUE!"},{"$error":"#VALUE!"},{"$error":"#VALUE!"},{"$error":"#VALUE!"},{"$error":"#VALUE!"},{"$error":"#VALUE!"},{"$error":"#VALUE!"},{"$error":"#VALUE!"},{"$error":"#VALUE!"},{"$error":"#VALUE!"},{"$error":"#VALUE!"},{"$error":"#VALUE!"},{"$error":"#VALUE!"},{"$error":"#VALUE!"},{"$f":"SUM(CQ118,System2!CQ118,System3!CQ118)","v":{"$error":"#VALUE!"}},{"$error":"#VALUE!"},{"$error":"#VALUE!"},{"$error":"#VALUE!"},{"$error":"#VALUE!"},{"$error":"#VALUE!"},{"$error":"#VALUE!"},{"$error":"#VALUE!"},{"$error":"#VALUE!"},{"$error":"#VALUE!"},{"$error":"#VALUE!"},{"$error":"#VALUE!"},{"$error":"#VALUE!"},{"$error":"#VALUE!"},{"$error":"#VALUE!"},{"$error":"#VALUE!"},{"$error":"#VALUE!"},{"$error":"#VALUE!"},{"$error":"#VALUE!"},{"$error":"#VALUE!"},{"$error":"#VALUE!"},{"$error":"#VALUE!"},{"$error":"#VALUE!"},{"$error":"#VALUE!"},{"$error":"#VALUE!"},{"$error":"#VALUE!"},{"$error":"#VALUE!"},{"$f":"SUM(DR118,System2!DR118,System3!DR118)","v":{"$error":"#VALUE!"}},{"$f":"DT$34","v":{"$error":"#VALUE!"}},{"$f":"DU$34","v":{"$error":"#VALUE!"}},{"$f":"DV$34","v":0},{"$f":"DW$34","v":{"$error":"#VALUE!"}},{"$error":"#VALUE!"},{"$error":"#VALUE!"},{"$error":"#VALUE!"},0,0,0,0,0,{"$error":"#VALUE!"},{"$f":"SUM(EF118,System2!EF118,System3!EF118)","v":{"$error":"#VALUE!"}},{"$error":"#VALUE!"},{"$error":"#VALUE!"},{"$error":"#VALUE!"},{"$error":"#VALUE!"},{"$error":"#VALUE!"},{"$error":"#VALUE!"},{"$error":"#VALUE!"},{"$error":"#VALUE!"},{"$error":"#VALUE!"},{"$error":"#VALUE!"},{"$error":"#VALUE!"},{"$error":"#VALUE!"},{"$error":"#VALUE!"},{"$error":"#VALUE!"},{"$error":"#VALUE!"},{"$error":"#VALUE!"},{"$error":"#VALUE!"},{"$error":"#VALUE!"},{"$error":"#VALUE!"},{"$error":"#VALUE!"},{"$error":"#VALUE!"},{"$error":"#VALUE!"},{"$error":"#VALUE!"},{"$error":"#VALUE!"},{"$error":"#VALUE!"},{"$error":"#VALUE!"},{"$f":"SUM(FG118,System2!FG118,System3!FG118)","v":{"$error":"#VALUE!"}},0,0,0,0,{"$error":"#VALUE!"},{"$error":"#VALUE!"},{"$error":"#VALUE!"},{"$error":"#VALUE!"},{"$error":"#VALUE!"},{"$error":"#VALUE!"},{"$error":"#VALUE!"},{"$error":"#VALUE!"},{"$error":"#VALUE!"},{"$error":"#VALUE!"},{"$error":"#VALUE!"},{"$error":"#VALUE!"},{"$error":"#VALUE!"},{"$error":"#VALUE!"},{"$error":"#VALUE!"},{"$error":"#VALUE!"},{"$error":"#VALUE!"},{"$error":"#VALUE!"},{"$error":"#VALUE!"},{"$error":"#VALUE!"},{"$f":"$GG$31*WaterFittings!BO93","v":{"$error":"#VALUE!"}},{"$f":"$GH$31*WaterFittings!BP93","v":{"$error":"#VALUE!"}},{"$f":"$GI$31*WaterFittings!BQ93","v":0},{"$f":"GJ$31*AirCond!BD92","v":{"$error":"#VALUE!"}},{"$f":"GK$31*AirCond!BE92","v":{"$error":"#VALUE!"}},{"$f":"GL$31*AirCond!BF92","v":{"$error":"#VALUE!"}},{"$f":"GM$31*AirCond!BG92","v":{"$error":"#VALUE!"}},{"$f":"GN$31*WaterFittings!BS93","v":0},{"$f":"GO$31*WaterFittings!BT93","v":0},{"$f":"GP$31*WaterFittings!BU93","v":0}]
[null,null,88,5.5,0,{"$error":"#VALUE!"},{"$error":"#VALUE!"},{"$error":"#VALUE!"},{"$error":"#VALUE!"},{"$error":"#VALUE!"},{"$error":"#VALUE!"},{"$error":"#VALUE!"},{"$error":"#VALUE!"},{"$error":"#VALUE!"},{"$error":"#VALUE!"},null,{"$error":"#VALUE!"},{"$error":"#VALUE!"},{"$error":"#VALUE!"},{"$error":"#VALUE!"},{"$error":"#VALUE!"},null,{"$error":"#VALUE!"},{"$error":"#VALUE!"},{"$error":"#VALUE!"},{"$error":"#VALUE!"},{"$error":"#VALUE!"},null,4,{"$f":"SUM(SUMPRODUCT(AF$20:AJ$20,Q119:U119),SUMPRODUCT(AF$20:AJ$20,System2!Q119:U119),SUMPRODUCT(AF$20:AJ$20,System3!Q119:U119))","v":{"$error":"#VALUE!"}},{"$f":"SUM(SUMPRODUCT(AF$21:AJ$21,W119:AA119),SUMPRODUCT(AF$21:AJ$21,System2!W119:AA119),SUMPRODUCT(AF$21:AJ$21,System3!W119:AA119))","v":{"$error":"#VALUE!"}},{"$f":"WaterFittings!BN94","v":{"$error":"#VALUE!"}},{"$error":"#VALUE!"},{"$error":"#VALUE!"},{"$f":"MIN(AirCond!BL93,P$21)","v":0},{"$error":"#VALUE!"},{"$f":"MIN(ROUNDDOWN(AJ119-FH119,0),ROUNDDOWN(P$21*0.3,0),ROUNDDOWN(SUM(SUMPRODUCT(I$4:I$15,L$4:L$15),SUMPRODUCT(System2!I$4:I$15,System2!L$4:L$15),SUMPRODUCT(System3!I$4:I$15,System3!L$4:L$15))*0.3,0))","v":{"$error":"#VALUE!"}},0,{"$error":"#VALUE!"},{"$error":"#VALUE!"},{"$error":"#VALUE!"},0,{"$error":"#VALUE!"},{"$error":"#VALUE!"},{"$error":"#VALUE!"},0,null,null,null,0,0,0,0,null,{"$error":"#VALUE!"},{"$error":"#VALUE!"},{"$error":"#VALUE!"},{"$error":"#VALUE!"},{"$error":"#VALUE!"},{"$error":"#VALUE!"},{"$error":"#VALUE!"},{"$error":"#VALUE!"},{"$error":"#VALUE!"},0,{"$error":"#VALUE!"},{"$error":"#VALUE!"},{"$error":"#VALUE!"},{"$error":"#VALUE!"},{"$error":"#VALUE!"},{"$error":"#VALUE!"},{"$error":"#VALUE!"},{"$error":"#VALUE!"},{"$error":"#VALUE!"},{"$error":"#VALUE!"},{"$error":"#VALUE!"},{"$error":"#VALUE!"},{"$error":"#VALUE!"},{"$error":"#VALUE!"},{"$error":"#VALUE!"},{"$error":"#VALUE!"},{"$error":"#VALUE!"},{"$error":"#VALUE!"},{"$error":"#VALUE!"},{"$error":"#VALUE!"},{"$error":"#VALUE!"},{"$error":"#VALUE!"},{"$error":"#VALUE!"},{"$error":"#VALUE!"},{"$error":"#VALUE!"},{"$error":"#VALUE!"},{"$error":"#VALUE!"},{"$error":"#VALUE!"},{"$error":"#VALUE!"},{"$error":"#VALUE!"},{"$error":"#VALUE!"},{"$f":"SUM(CQ119,System2!CQ119,System3!CQ119)","v":{"$error":"#VALUE!"}},{"$error":"#VALUE!"},{"$error":"#VALUE!"},{"$error":"#VALUE!"},{"$error":"#VALUE!"},{"$error":"#VALUE!"},{"$error":"#VALUE!"},{"$error":"#VALUE!"},{"$error":"#VALUE!"},{"$error":"#VALUE!"},{"$error":"#VALUE!"},{"$error":"#VALUE!"},{"$error":"#VALUE!"},{"$error":"#VALUE!"},{"$error":"#VALUE!"},{"$error":"#VALUE!"},{"$error":"#VALUE!"},{"$error":"#VALUE!"},{"$error":"#VALUE!"},{"$error":"#VALUE!"},{"$error":"#VALUE!"},{"$error":"#VALUE!"},{"$error":"#VALUE!"},{"$error":"#VALUE!"},{"$error":"#VALUE!"},{"$error":"#VALUE!"},{"$error":"#VALUE!"},{"$f":"SUM(DR119,System2!DR119,System3!DR119)","v":{"$error":"#VALUE!"}},{"$f":"DT$35","v":{"$error":"#VALUE!"}},{"$f":"DU$35","v":{"$error":"#VALUE!"}},{"$f":"DV$35","v":0},{"$f":"DW$35","v":{"$error":"#VALUE!"}},{"$error":"#VALUE!"},{"$error":"#VALUE!"},{"$error":"#VALUE!"},0,0,0,0,0,{"$error":"#VALUE!"},{"$f":"SUM(EF119,System2!EF119,System3!EF119)","v":{"$error":"#VALUE!"}},{"$error":"#VALUE!"},{"$error":"#VALUE!"},{"$error":"#VALUE!"},{"$error":"#VALUE!"},{"$error":"#VALUE!"},{"$error":"#VALUE!"},{"$error":"#VALUE!"},{"$error":"#VALUE!"},{"$error":"#VALUE!"},{"$error":"#VALUE!"},{"$error":"#VALUE!"},{"$error":"#VALUE!"},{"$error":"#VALUE!"},{"$error":"#VALUE!"},{"$error":"#VALUE!"},{"$error":"#VALUE!"},{"$error":"#VALUE!"},{"$error":"#VALUE!"},{"$error":"#VALUE!"},{"$error":"#VALUE!"},{"$error":"#VALUE!"},{"$error":"#VALUE!"},{"$error":"#VALUE!"},{"$error":"#VALUE!"},{"$error":"#VALUE!"},{"$error":"#VALUE!"},{"$f":"SUM(FG119,System2!FG119,System3!FG119)","v":{"$error":"#VALUE!"}},0,0,0,0,{"$error":"#VALUE!"},{"$error":"#VALUE!"},{"$error":"#VALUE!"},{"$error":"#VALUE!"},{"$error":"#VALUE!"},{"$error":"#VALUE!"},{"$error":"#VALUE!"},{"$error":"#VALUE!"},{"$error":"#VALUE!"},{"$error":"#VALUE!"},{"$error":"#VALUE!"},{"$error":"#VALUE!"},{"$error":"#VALUE!"},{"$error":"#VALUE!"},{"$error":"#VALUE!"},{"$error":"#VALUE!"},{"$error":"#VALUE!"},{"$error":"#VALUE!"},{"$error":"#VALUE!"},{"$error":"#VALUE!"},{"$f":"$GG$31*WaterFittings!BO94","v":{"$error":"#VALUE!"}},{"$f":"$GH$31*WaterFittings!BP94","v":{"$error":"#VALUE!"}},{"$f":"$GI$31*WaterFittings!BQ94","v":0},{"$f":"GJ$31*AirCond!BD93","v":{"$error":"#VALUE!"}},{"$f":"GK$31*AirCond!BE93","v":{"$error":"#VALUE!"}},{"$f":"GL$31*AirCond!BF93","v":{"$error":"#VALUE!"}},{"$f":"GM$31*AirCond!BG93","v":{"$error":"#VALUE!"}},{"$f":"GN$31*WaterFittings!BS94","v":0},{"$f":"GO$31*WaterFittings!BT94","v":0},{"$f":"GP$31*WaterFittings!BU94","v":0}]
[null,null,89,21,0,{"$error":"#VALUE!"},{"$error":"#VALUE!"},{"$error":"#VALUE!"},{"$error":"#VALUE!"},{"$error":"#VALUE!"},{"$error":"#VALUE!"},{"$error":"#VALUE!"},{"$error":"#VALUE!"},{"$error":"#VALUE!"},{"$error":"#VALUE!"},null,{"$error":"#VALUE!"},{"$error":"#VALUE!"},{"$error":"#VALUE!"},{"$error":"#VALUE!"},{"$error":"#VALUE!"},null,{"$error":"#VALUE!"},{"$error":"#VALUE!"},{"$error":"#VALUE!"},{"$error":"#VALUE!"},{"$error":"#VALUE!"},null,5,{"$f":"SUM(SUMPRODUCT(AF$20:AJ$20,Q120:U120),SUMPRODUCT(AF$20:AJ$20,System2!Q120:U120),SUMPRODUCT(AF$20:AJ$20,System3!Q120:U120))","v":{"$error":"#VALUE!"}},{"$f":"SUM(SUMPRODUCT(AF$21:AJ$21,W120:AA120),SUMPRODUCT(AF$21:AJ$21,System2!W120:AA120),SUMPRODUCT(AF$21:AJ$21,System3!W120:AA120))","v":{"$error":"#VALUE!"}},{"$f":"WaterFittings!BN95","v":{"$error":"#VALUE!"}},{"$error":"#VALUE!"},{"$error":"#VALUE!"},{"$f":"MIN(AirCond!BL94,P$21)","v":0},{"$error":"#VALUE!"},{"$f":"MIN(ROUNDDOWN(AJ120-FH120,0),ROUNDDOWN(P$21*0.3,0),ROUNDDOWN(SUM(SUMPRODUCT(I$4:I$15,L$4:L$15),SUMPRODUCT(System2!I$4:I$15,System2!L$4:L$15),SUMPRODUCT(System3!I$4:I$15,System3!L$4:L$15))*0.3,0))","v":{"$error":"#VALUE!"}},0,{"$error":"#VALUE!"},{"$error":"#VALUE!"},{"$error":"#VALUE!"},0,{"$error":"#VALUE!"},{"$error":"#VALUE!"},{"$error":"#VALUE!"},0,null,null,null,0,0,0,0,null,{"$error":"#VALUE!"},{"$error":"#VALUE!"},{"$error":"#VALUE!"},{"$error":"#VALUE!"},{"$error":"#VALUE!"},{"$error":"#VALUE!"},{"$error":"#VALUE!"},{"$error":"#VALUE!"},{"$error":"#VALUE!"},0,{"$error":"#VALUE!"},{"$error":"#VALUE!"},{"$error":"#VALUE!"},{"$error":"#VALUE!"},{"$error":"#VALUE!"},{"$error":"#VALUE!"},{"$error":"#VALUE!"},{"$error":"#VALUE!"},{"$error":"#VALUE!"},{"$error":"#VALUE!"},{"$error":"#VALUE!"},{"$error":"#VALUE!"},{"$error":"#VALUE!"},{"$error":"#VALUE!"},{"$error":"#VALUE!"},{"$error":"#VALUE!"},{"$error":"#VALUE!"},{"$error":"#VALUE!"},{"$error":"#VALUE!"},{"$error":"#VALUE!"},{"$error":"#VALUE!"},{"$error":"#VALUE!"},{"$error":"#VALUE!"},{"$error":"#VALUE!"},{"$error":"#VALUE!"},{"$error":"#VALUE!"},{"$error":"#VALUE!"},{"$error":"#VALUE!"},{"$error":"#VALUE!"},{"$error":"#VALUE!"},{"$error":"#VALUE!"},{"$f":"SUM(CQ120,System2!CQ120,System3!CQ120)","v":{"$error":"#VALUE!"}},{"$error":"#VALUE!"},{"$error":"#VALUE!"},{"$error":"#VALUE!"},{"$error":"#VALUE!"},{"$error":"#VALUE!"},{"$error":"#VALUE!"},{"$error":"#VALUE!"},{"$error":"#VALUE!"},{"$error":"#VALUE!"},{"$error":"#VALUE!"},{"$error":"#VALUE!"},{"$error":"#VALUE!"},{"$error":"#VALUE!"},{"$error":"#VALUE!"},{"$error":"#VALUE!"},{"$error":"#VALUE!"},{"$error":"#VALUE!"},{"$error":"#VALUE!"},{"$error":"#VALUE!"},{"$error":"#VALUE!"},{"$error":"#VALUE!"},{"$error":"#VALUE!"},{"$error":"#VALUE!"},{"$error":"#VALUE!"},{"$error":"#VALUE!"},{"$error":"#VALUE!"},{"$f":"SUM(DR120,System2!DR120,System3!DR120)","v":{"$error":"#VALUE!"}},{"$f":"DT$36","v":{"$error":"#VALUE!"}},{"$f":"DU$36","v":{"$error":"#VALUE!"}},{"$f":"DV$36","v":0},{"$f":"DW$36","v":{"$error":"#VALUE!"}},{"$error":"#VALUE!"},{"$error":"#VALUE!"},{"$error":"#VALUE!"},0,0,0,0,0,{"$error":"#VALUE!"},{"$f":"SUM(EF120,System2!EF120,System3!EF120)","v":{"$error":"#VALUE!"}},{"$error":"#VALUE!"},{"$error":"#VALUE!"},{"$error":"#VALUE!"},{"$error":"#VALUE!"},{"$error":"#VALUE!"},{"$error":"#VALUE!"},{"$error":"#VALUE!"},{"$error":"#VALUE!"},{"$error":"#VALUE!"},{"$error":"#VALUE!"},{"$error":"#VALUE!"},{"$error":"#VALUE!"},{"$error":"#VALUE!"},{"$error":"#VALUE!"},{"$error":"#VALUE!"},{"$error":"#VALUE!"},{"$error":"#VALUE!"},{"$error":"#VALUE!"},{"$error":"#VALUE!"},{"$error":"#VALUE!"},{"$error":"#VALUE!"},{"$error":"#VALUE!"},{"$error":"#VALUE!"},{"$error":"#VALUE!"},{"$error":"#VALUE!"},{"$error":"#VALUE!"},{"$f":"SUM(FG120,System2!FG120,System3!FG120)","v":{"$error":"#VALUE!"}},0,0,0,0,{"$error":"#VALUE!"},{"$error":"#VALUE!"},{"$error":"#VALUE!"},{"$error":"#VALUE!"},{"$error":"#VALUE!"},{"$error":"#VALUE!"},{"$error":"#VALUE!"},{"$error":"#VALUE!"},{"$error":"#VALUE!"},{"$error":"#VALUE!"},{"$error":"#VALUE!"},{"$error":"#VALUE!"},{"$error":"#VALUE!"},{"$error":"#VALUE!"},{"$error":"#VALUE!"},{"$error":"#VALUE!"},{"$error":"#VALUE!"},{"$error":"#VALUE!"},{"$error":"#VALUE!"},{"$error":"#VALUE!"},{"$f":"$GG$31*WaterFittings!BO95","v":{"$error":"#VALUE!"}},{"$f":"$GH$31*WaterFittings!BP95","v":{"$error":"#VALUE!"}},{"$f":"$GI$31*WaterFittings!BQ95","v":0},{"$f":"GJ$31*AirCond!BD94","v":{"$error":"#VALUE!"}},{"$f":"GK$31*AirCond!BE94","v":{"$error":"#VALUE!"}},{"$f":"GL$31*AirCond!BF94","v":{"$error":"#VALUE!"}},{"$f":"GM$31*AirCond!BG94","v":{"$error":"#VALUE!"}},{"$f":"GN$31*WaterFittings!BS95","v":0},{"$f":"GO$31*WaterFittings!BT95","v":0},{"$f":"GP$31*WaterFittings!BU95","v":0}]
[null,null,90,10,0,{"$error":"#VALUE!"},{"$error":"#VALUE!"},{"$error":"#VALUE!"},{"$error":"#VALUE!"},{"$error":"#VALUE!"},{"$error":"#VALUE!"},{"$error":"#VALUE!"},{"$error":"#VALUE!"},{"$error":"#VALUE!"},{"$error":"#VALUE!"},null,{"$error":"#VALUE!"},{"$error":"#VALUE!"},{"$error":"#VALUE!"},{"$error":"#VALUE!"},{"$error":"#VALUE!"},null,{"$error":"#VALUE!"},{"$error":"#VALUE!"},{"$error":"#VALUE!"},{"$error":"#VALUE!"},{"$error":"#VALUE!"},null,6,{"$f":"SUM(SUMPRODUCT(AF$20:AJ$20,Q121:U121),SUMPRODUCT(AF$20:AJ$20,System2!Q121:U121),SUMPRODUCT(AF$20:AJ$20,System3!Q121:U121))","v":{"$error":"#VALUE!"}},{"$f":"SUM(SUMPRODUCT(AF$21:AJ$21,W121:AA121),SUMPRODUCT(AF$21:AJ$21,System2!W121:AA121),SUMPRODUCT(AF$21:AJ$21,System3!W121:AA121))","v":{"$error":"#VALUE!"}},{"$f":"WaterFittings!BN96","v":{"$error":"#VALUE!"}},{"$error":"#VALUE!"},{"$error":"#VALUE!"},{"$f":"MIN(AirCond!BL95,P$21)","v":0},{"$error":"#VALUE!"},{"$f":"MIN(ROUNDDOWN(AJ121-FH121,0),ROUNDDOWN(P$21*0.3,0),ROUNDDOWN(SUM(SUMPRODUCT(I$4:I$15,L$4:L$15),SUMPRODUCT(System2!I$4:I$15,System2!L$4:L$15),SUMPRODUCT(System3!I$4:I$15,System3!L$4:L$15))*0.3,0))","v":{"$error":"#VALUE!"}},0,{"$error":"#VALUE!"},{"$error":"#VALUE!"},{"$error":"#VALUE!"},0,{"$error":"#VALUE!"},{"$error":"#VALUE!"},{"$error":"#VALUE!"},0,null,null,null,0,0,0,0,null,{"$error":"#VALUE!"},{"$error":"#VALUE!"},{"$error":"#VALUE!"},{"$error":"#VALUE!"},{"$error":"#VALUE!"},{"$error":"#VALUE!"},{"$error":"#VALUE!"},{"$error":"#VALUE!"},{"$error":"#VALUE!"},0,{"$error":"#VALUE!"},{"$error":"#VALUE!"},{"$error":"#VALUE!"},{"$error":"#VALUE!"},{"$error":"#VALUE!"},{"$error":"#VALUE!"},{"$error":"#VALUE!"},{"$error":"#VALUE!"},{"$error":"#VALUE!"},{"$error":"#VALUE!"},{"$error":"#VALUE!"},{"$error":"#VALUE!"},{"$error":"#VALUE!"},{"$error":"#VALUE!"},{"$error":"#VALUE!"},{"$error":"#VALUE!"},{"$error":"#VALUE!"},{"$error":"#VALUE!"},{"$error":"#VALUE!"},{"$error":"#VALUE!"},{"$error":"#VALUE!"},{"$error":"#VALUE!"},{"$error":"#VALUE!"},{"$error":"#VALUE!"},{"$error":"#VALUE!"},{"$error":"#VALUE!"},{"$error":"#VALUE!"},{"$error":"#VALUE!"},{"$error":"#VALUE!"},{"$error":"#VALUE!"},{"$error":"#VALUE!"},{"$f":"SUM(CQ121,System2!CQ121,System3!CQ121)","v":{"$error":"#VALUE!"}},{"$error":"#VALUE!"},{"$error":"#VALUE!"},{"$error":"#VALUE!"},{"$error":"#VALUE!"},{"$error":"#VALUE!"},{"$error":"#VALUE!"},{"$error":"#VALUE!"},{"$error":"#VALUE!"},{"$error":"#VALUE!"},{"$error":"#VALUE!"},{"$error":"#VALUE!"},{"$error":"#VALUE!"},{"$error":"#VALUE!"},{"$error":"#VALUE!"},{"$error":"#VALUE!"},{"$error":"#VALUE!"},{"$error":"#VALUE!"},{"$error":"#VALUE!"},{"$error":"#VALUE!"},{"$error":"#VALUE!"},{"$error":"#VALUE!"},{"$error":"#VALUE!"},{"$error":"#VALUE!"},{"$error":"#VALUE!"},{"$error":"#VALUE!"},{"$error":"#VALUE!"},{"$f":"SUM(DR121,System2!DR121,System3!DR121)","v":{"$error":"#VALUE!"}},{"$f":"DT$37","v":{"$error":"#VALUE!"}},{"$f":"DU$37","v":{"$error":"#VALUE!"}},{"$f":"DV$37","v":0},{"$f":"DW$37","v":{"$error":"#VALUE!"}},{"$error":"#VALUE!"},{"$error":"#VALUE!"},{"$error":"#VALUE!"},0,0,0,0,0,{"$error":"#VALUE!"},{"$f":"SUM(EF121,System2!EF121,System3!EF121)","v":{"$error":"#VALUE!"}},{"$error":"#VALUE!"},{"$error":"#VALUE!"},{"$error":"#VALUE!"},{"$error":"#VALUE!"},{"$error":"#VALUE!"},{"$error":"#VALUE!"},{"$error":"#VALUE!"},{"$error":"#VALUE!"},{"$error":"#VALUE!"},{"$error":"#VALUE!"},{"$error":"#VALUE!"},{"$error":"#VALUE!"},{"$error":"#VALUE!"},{"$error":"#VALUE!"},{"$error":"#VALUE!"},{"$error":"#VALUE!"},{"$error":"#VALUE!"},{"$error":"#VALUE!"},{"$error":"#VALUE!"},{"$error":"#VALUE!"},{"$error":"#VALUE!"},{"$error":"#VALUE!"},{"$error":"#VALUE!"},{"$error":"#VALUE!"},{"$error":"#VALUE!"},{"$error":"#VALUE!"},{"$f":"SUM(FG121,System2!FG121,System3!FG121)","v":{"$error":"#VALUE!"}},0,0,0,0,{"$error":"#VALUE!"},{"$error":"#VALUE!"},{"$error":"#VALUE!"},{"$error":"#VALUE!"},{"$error":"#VALUE!"},{"$error":"#VALUE!"},{"$error":"#VALUE!"},{"$error":"#VALUE!"},{"$error":"#VALUE!"},{"$error":"#VALUE!"},{"$error":"#VALUE!"},{"$error":"#VALUE!"},{"$error":"#VALUE!"},{"$error":"#VALUE!"},{"$error":"#VALUE!"},{"$error":"#VALUE!"},{"$error":"#VALUE!"},{"$error":"#VALUE!"},{"$error":"#VALUE!"},{"$error":"#VALUE!"},{"$f":"$GG$31*WaterFittings!BO96","v":{"$error":"#VALUE!"}},{"$f":"$GH$31*WaterFittings!BP96","v":{"$error":"#VALUE!"}},{"$f":"$GI$31*WaterFittings!BQ96","v":0},{"$f":"GJ$31*AirCond!BD95","v":{"$error":"#VALUE!"}},{"$f":"GK$31*AirCond!BE95","v":{"$error":"#VALUE!"}},{"$f":"GL$31*AirCond!BF95","v":{"$error":"#VALUE!"}},{"$f":"GM$31*AirCond!BG95","v":{"$error":"#VALUE!"}},{"$f":"GN$31*WaterFittings!BS96","v":0},{"$f":"GO$31*WaterFittings!BT96","v":0},{"$f":"GP$31*WaterFittings!BU96","v":0}]
[null,"April",91,4.5,0,{"$error":"#VALUE!"},{"$error":"#VALUE!"},{"$error":"#VALUE!"},{"$error":"#VALUE!"},{"$error":"#VALUE!"},{"$error":"#VALUE!"},{"$error":"#VALUE!"},{"$error":"#VALUE!"},{"$error":"#VALUE!"},{"$error":"#VALUE!"},null,{"$error":"#VALUE!"},{"$error":"#VALUE!"},{"$error":"#VALUE!"},{"$error":"#VALUE!"},{"$error":"#VALUE!"},null,{"$error":"#VALUE!"},{"$error":"#VALUE!"},{"$error":"#VALUE!"},{"$error":"#VALUE!"},{"$error":"#VALUE!"},null,7,{"$f":"SUM(SUMPRODUCT(AF$20:AJ$20,Q122:U122),SUMPRODUCT(AF$20:AJ$20,System2!Q122:U122),SUMPRODUCT(AF$20:AJ$20,System3!Q122:U122))","v":{"$error":"#VALUE!"}},{"$f":"SUM(SUMPRODUCT(AF$21:AJ$21,W122:AA122),SUMPRODUCT(AF$21:AJ$21,System2!W122:AA122),SUMPRODUCT(AF$21:AJ$21,System3!W122:AA122))","v":{"$error":"#VALUE!"}},{"$f":"WaterFittings!BN97","v":{"$error":"#VALUE!"}},{"$error":"#VALUE!"},{"$error":"#VALUE!"},{"$f":"MIN(AirCond!BL96,P$21)","v":0},{"$error":"#VALUE!"},{"$f":"MIN(ROUNDDOWN(AJ122-FH122,0),ROUNDDOWN(P$21*0.3,0),ROUNDDOWN(SUM(SUMPRODUCT(I$4:I$15,L$4:L$15),SUMPRODUCT(System2!I$4:I$15,System2!L$4:L$15),SUMPRODUCT(System3!I$4:I$15,System3!L$4:L$15))*0.3,0))","v":{"$error":"#VALUE!"}},0,{"$error":"#VALUE!"},{"$error":"#VALUE!"},{"$error":"#VALUE!"},0,{"$error":"#VALUE!"},{"$error":"#VALUE!"},{"$error":"#VALUE!"},0,null,null,null,0,0,0,0,null,{"$error":"#VALUE!"},{"$error":"#VALUE!"},{"$error":"#VALUE!"},{"$error":"#VALUE!"},{"$error":"#VALUE!"},{"$error":"#VALUE!"},{"$error":"#VALUE!"},{"$error":"#VALUE!"},{"$error":"#VALUE!"},0,{"$error":"#VALUE!"},{"$error":"#VALUE!"},{"$error":"#VALUE!"},{"$error":"#VALUE!"},{"$error":"#VALUE!"},{"$error":"#VALUE!"},{"$error":"#VALUE!"},{"$error":"#VALUE!"},{"$error":"#VALUE!"},{"$error":"#VALUE!"},{"$error":"#VALUE!"},{"$error":"#VALUE!"},{"$error":"#VALUE!"},{"$error":"#VALUE!"},{"$error":"#VALUE!"},{"$error":"#VALUE!"},{"$error":"#VALUE!"},{"$error":"#VALUE!"},{"$error":"#VALUE!"},{"$error":"#VALUE!"},{"$error":"#VALUE!"},{"$error":"#VALUE!"},{"$error":"#VALUE!"},{"$error":"#VALUE!"},{"$error":"#VALUE!"},{"$error":"#VALUE!"},{"$error":"#VALUE!"},{"$error":"#VALUE!"},{"$error":"#VALUE!"},{"$error":"#VALUE!"},{"$error":"#VALUE!"},{"$f":"SUM(CQ122,System2!CQ122,System3!CQ122)","v":{"$error":"#VALUE!"}},{"$error":"#VALUE!"},{"$error":"#VALUE!"},{"$error":"#VALUE!"},{"$error":"#VALUE!"},{"$error":"#VALUE!"},{"$error":"#VALUE!"},{"$error":"#VALUE!"},{"$error":"#VALUE!"},{"$error":"#VALUE!"},{"$error":"#VALUE!"},{"$error":"#VALUE!"},{"$error":"#VALUE!"},{"$error":"#VALUE!"},{"$error":"#VALUE!"},{"$error":"#VALUE!"},{"$error":"#VALUE!"},{"$error":"#VALUE!"},{"$error":"#VALUE!"},{"$error":"#VALUE!"},{"$error":"#VALUE!"},{"$error":"#VALUE!"},{"$error":"#VALUE!"},{"$error":"#VALUE!"},{"$error":"#VALUE!"},{"$error":"#VALUE!"},{"$error":"#VALUE!"},{"$f":"SUM(DR122,System2!DR122,System3!DR122)","v":{"$error":"#VALUE!"}},{"$f":"DT$38","v":{"$error":"#VALUE!"}},{"$f":"DU$38","v":{"$error":"#VALUE!"}},{"$f":"DV$38","v":0},{"$f":"DW$38","v":{"$error":"#VALUE!"}},{"$error":"#VALUE!"},{"$error":"#VALUE!"},{"$error":"#VALUE!"},0,0,0,0,0,{"$error":"#VALUE!"},{"$f":"SUM(EF122,System2!EF122,System3!EF122)","v":{"$error":"#VALUE!"}},{"$error":"#VALUE!"},{"$error":"#VALUE!"},{"$error":"#VALUE!"},{"$error":"#VALUE!"},{"$error":"#VALUE!"},{"$error":"#VALUE!"},{"$error":"#VALUE!"},{"$error":"#VALUE!"},{"$error":"#VALUE!"},{"$error":"#VALUE!"},{"$error":"#VALUE!"},{"$error":"#VALUE!"},{"$error":"#VALUE!"},{"$error":"#VALUE!"},{"$error":"#VALUE!"},{"$error":"#VALUE!"},{"$error":"#VALUE!"},{"$error":"#VALUE!"},{"$error":"#VALUE!"},{"$error":"#VALUE!"},{"$error":"#VALUE!"},{"$error":"#VALUE!"},{"$error":"#VALUE!"},{"$error":"#VALUE!"},{"$error":"#VALUE!"},{"$error":"#VALUE!"},{"$f":"SUM(FG122,System2!FG122,System3!FG122)","v":{"$error":"#VALUE!"}},0,0,0,0,{"$error":"#VALUE!"},{"$error":"#VALUE!"},{"$error":"#VALUE!"},{"$error":"#VALUE!"},{"$error":"#VALUE!"},{"$error":"#VALUE!"},{"$error":"#VALUE!"},{"$error":"#VALUE!"},{"$error":"#VALUE!"},{"$error":"#VALUE!"},{"$error":"#VALUE!"},{"$error":"#VALUE!"},{"$error":"#VALUE!"},{"$error":"#VALUE!"},{"$error":"#VALUE!"},{"$error":"#VALUE!"},{"$error":"#VALUE!"},{"$error":"#VALUE!"},{"$error":"#VALUE!"},{"$error":"#VALUE!"},{"$f":"$GG$31*WaterFittings!BO97","v":{"$error":"#VALUE!"}},{"$f":"$GH$31*WaterFittings!BP97","v":{"$error":"#VALUE!"}},{"$f":"$GI$31*WaterFittings!BQ97","v":0},{"$f":"GJ$31*AirCond!BD96","v":{"$error":"#VALUE!"}},{"$f":"GK$31*AirCond!BE96","v":{"$error":"#VALUE!"}},{"$f":"GL$31*AirCond!BF96","v":{"$error":"#VALUE!"}},{"$f":"GM$31*AirCond!BG96","v":{"$error":"#VALUE!"}},{"$f":"GN$31*WaterFittings!BS97","v":0},{"$f":"GO$31*WaterFittings!BT97","v":0},{"$f":"GP$31*WaterFittings!BU97","v":0}]
[null,null,92,4,0,{"$error":"#VALUE!"},{"$error":"#VALUE!"},{"$error":"#VALUE!"},{"$error":"#VALUE!"},{"$error":"#VALUE!"},{"$error":"#VALUE!"},{"$error":"#VALUE!"},{"$error":"#VALUE!"},{"$error":"#VALUE!"},{"$error":"#VALUE!"},null,{"$error":"#VALUE!"},{"$error":"#VALUE!"},{"$error":"#VALUE!"},{"$error":"#VALUE!"},{"$error":"#VALUE!"},null,{"$error":"#VALUE!"},{"$error":"#VALUE!"},{"$error":"#VALUE!"},{"$error":"#VALUE!"},{"$f":"ROUNDDOWN(FF123,0)","v":{"$error":"#VALUE!"}},null,8,{"$f":"SUM(SUMPRODUCT(AF$20:AJ$20,Q123:U123),SUMPRODUCT(AF$20:AJ$20,System2!Q123:U123),SUMPRODUCT(AF$20:AJ$20,System3!Q123:U123))","v":{"$error":"#VALUE!"}},{"$f":"SUM(SUMPRODUCT(AF$21:AJ$21,W123:AA123),SUMPRODUCT(AF$21:AJ$21,System2!W123:AA123),SUMPRODUCT(AF$21:AJ$21,System3!W123:AA123))","v":{"$error":"#VALUE!"}},{"$f":"WaterFittings!BN98","v":{"$error":"#VALUE!"}},{"$error":"#VALUE!"},{"$error":"#VALUE!"},{"$f":"MIN(AirCond!BL97,P$21)","v":0},{"$error":"#VALUE!"},{"$f":"MIN(ROUNDDOWN(AJ123-FH123,0),ROUNDDOWN(P$21*0.3,0),ROUNDDOWN(SUM(SUMPRODUCT(I$4:I$15,L$4:L$15),SUMPRODUCT(System2!I$4:I$15,System2!L$4:L$15),SUMPRODUCT(System3!I$4:I$15,System3!L$4:L$15))*0.3,0))","v":{"$error":"#VALUE!"}},0,{"$error":"#VALUE!"},{"$error":"#VALUE!"},{"$error":"#VALUE!"},0,{"$error":"#VALUE!"},{"$error":"#VALUE!"},{"$error":"#VALUE!"},0,null,null,null,0,0,0,0,null,{"$error":"#VALUE!"},{"$error":"#VALUE!"},{"$error":"#VALUE!"},{"$error":"#VALUE!"},{"$error":"#VALUE!"},{"$error":"#VALUE!"},{"$error":"#VALUE!"},{"$error":"#VALUE!"},{"$error":"#VALUE!"},0,{"$error":"#VALUE!"},{"$error":"#VALUE!"},{"$error":"#VALUE!"},{"$error":"#VALUE!"},{"$error":"#VALUE!"},{"$error":"#VALUE!"},{"$error":"#VALUE!"},{"$error":"#VALUE!"},{"$error":"#VALUE!"},{"$error":"#VALUE!"},{"$error":"#VALUE!"},{"$error":"#VALUE!"},{"$error":"#VALUE!"},{"$error":"#VALUE!"},{"$error":"#VALUE!"},{"$error":"#VALUE!"},{"$error":"#VALUE!"},{"$error":"#VALUE!"},{"$error":"#VALUE!"},{"$error":"#VALUE!"},{"$error":"#VALUE!"},{"$error":"#VALUE!"},{"$error":"#VALUE!"},{"$error":"#VALUE!"},{"$error":"#VALUE!"},{"$error":"#VALUE!"},{"$error":"#VALUE!"},{"$error":"#VALUE!"},{"$error":"#VALUE!"},{"$error":"#VALUE!"},{"$error":"#VALUE!"},{"$f":"SUM(CQ123,System2!CQ123,System3!CQ123)","v":{"$error":"#VALUE!"}},{"$error":"#VALUE!"},{"$error":"#VALUE!"},{"$error":"#VALUE!"},{"$error":"#VALUE!"},{"$error":"#VALUE!"},{"$error":"#VALUE!"},{"$error":"#VALUE!"},{"$error":"#VALUE!"},{"$error":"#VALUE!"},{"$error":"#VALUE!"},{"$error":"#VALUE!"},{"$error":"#VALUE!"},{"$error":"#VALUE!"},{"$error":"#VALUE!"},{"$error":"#VALUE!"},{"$error":"#VALUE!"},{"$error":"#VALUE!"},{"$error":"#VALUE!"},{"$error":"#VALUE!"},{"$error":"#VALUE!"},{"$error":"#VALUE!"},{"$error":"#VALUE!"},{"$error":"#VALUE!"},{"$error":"#VALUE!"},{"$error":"#VALUE!"},{"$error":"#VALUE!"},{"$f":"SUM(DR123,System2!DR123,System3!DR123)","v":{"$error":"#VALUE!"}},{"$f":"DT$39","v":{"$error":"#VALUE!"}},{"$f":"DU$39","v":{"$error":"#VALUE!"}},{"$f":"DV$39","v":0},{"$f":"DW$39","v":{"$error":"#VALUE!"}},{"$error":"#VALUE!"},{"$error":"#VALUE!"},{"$error":"#VALUE!"},0,0,0,0,0,{"$error":"#VALUE!"},{"$f":"SUM(EF123,System2!EF123,System3!EF123)","v":{"$error":"#VALUE!"}},{"$error":"#VALUE!"},{"$error":"#VALUE!"},{"$error":"#VALUE!"},{"$error":"#VALUE!"},{"$error":"#VALUE!"},{"$error":"#VALUE!"},{"$error":"#VALUE!"},{"$error":"#VALUE!"},{"$error":"#VALUE!"},{"$error":"#VALUE!"},{"$error":"#VALUE!"},{"$error":"#VALUE!"},{"$error":"#VALUE!"},{"$error":"#VALUE!"},{"$error":"#VALUE!"},{"$error":"#VALUE!"},{"$error":"#VALUE!"},{"$error":"#VALUE!"},{"$error":"#VALUE!"},{"$error":"#VALUE!"},{"$error":"#VALUE!"},{"$error":"#VALUE!"},{"$error":"#VALUE!"},{"$error":"#VALUE!"},{"$error":"#VALUE!"},{"$error":"#VALUE!"},{"$f":"SUM(FG123,System2!FG123,System3!FG123)","v":{"$error":"#VALUE!"}},0,0,0,0,{"$error":"#VALUE!"},{"$error":"#VALUE!"},{"$error":"#VALUE!"},{"$error":"#VALUE!"},{"$error":"#VALUE!"},{"$error":"#VALUE!"},{"$error":"#VALUE!"},{"$error":"#VALUE!"},{"$error":"#VALUE!"},{"$error":"#VALUE!"},{"$error":"#VALUE!"},{"$error":"#VALUE!"},{"$error":"#VALUE!"},{"$error":"#VALUE!"},{"$error":"#VALUE!"},{"$error":"#VALUE!"},{"$error":"#VALUE!"},{"$error":"#VALUE!"},{"$error":"#VALUE!"},{"$error":"#VALUE!"},{"$f":"$GG$31*WaterFittings!BO98","v":{"$error":"#VALUE!"}},{"$f":"$GH$31*WaterFittings!BP98","v":{"$error":"#VALUE!"}},{"$f":"$GI$31*WaterFittings!BQ98","v":0},{"$f":"GJ$31*AirCond!BD97","v":{"$error":"#VALUE!"}},{"$f":"GK$31*AirCond!BE97","v":{"$error":"#VALUE!"}},{"$f":"GL$31*AirCond!BF97","v":{"$error":"#VALUE!"}},{"$f":"GM$31*AirCond!BG97","v":{"$error":"#VALUE!"}},{"$f":"GN$31*WaterFittings!BS98","v":0},{"$f":"GO$31*WaterFittings!BT98","v":0},{"$f":"GP$31*WaterFittings!BU98","v":0}]
[null,null,93,0,0,{"$error":"#VALUE!"},{"$error":"#VALUE!"},{"$error":"#VALUE!"},{"$error":"#VALUE!"},{"$error":"#VALUE!"},{"$error":"#VALUE!"},{"$error":"#VALUE!"},{"$error":"#VALUE!"},{"$error":"#VALUE!"},{"$error":"#VALUE!"},null,{"$error":"#VALUE!"},{"$error":"#VALUE!"},{"$error":"#VALUE!"},{"$error":"#VALUE!"},{"$error":"#VALUE!"},null,{"$error":"#VALUE!"},{"$error":"#VALUE!"},{"$error":"#VALUE!"},{"$error":"#VALUE!"},{"$error":"#VALUE!"},null,9,{"$f":"SUM(SUMPRODUCT(AF$20:AJ$20,Q124:U124),SUMPRODUCT(AF$20:AJ$20,System2!Q124:U124),SUMPRODUCT(AF$20:AJ$20,System3!Q124:U124))","v":{"$error":"#VALUE!"}},{"$f":"SUM(SUMPRODUCT(AF$21:AJ$21,W124:AA124),SUMPRODUCT(AF$21:AJ$21,System2!W124:AA124),SUMPRODUCT(AF$21:AJ$21,System3!W124:AA124))","v":{"$error":"#VALUE!"}},{"$f":"WaterFittings!BN99","v":{"$error":"#VALUE!"}},{"$error":"#VALUE!"},{"$error":"#VALUE!"},{"$f":"MIN(AirCond!BL98,P$21)","v":0},{"$error":"#VALUE!"},{"$f":"MIN(ROUNDDOWN(AJ124-FH124,0),ROUNDDOWN(P$21*0.3,0),ROUNDDOWN(SUM(SUMPRODUCT(I$4:I$15,L$4:L$15),SUMPRODUCT(System2!I$4:I$15,System2!L$4:L$15),SUMPRODUCT(System3!I$4:I$15,System3!L$4:L$15))*0.3,0))","v":{"$error":"#VALUE!"}},0,{"$error":"#VALUE!"},{"$error":"#VALUE!"},{"$error":"#VALUE!"},0,{"$error":"#VALUE!"},{"$error":"#VALUE!"},{"$error":"#VALUE!"},0,null,null,null,0,0,0,0,null,{"$error":"#VALUE!"},{"$error":"#VALUE!"},{"$error":"#VALUE!"},{"$error":"#VALUE!"},{"$error":"#VALUE!"},{"$error":"#VALUE!"},{"$error":"#VALUE!"},{"$error":"#VALUE!"},{"$error":"#VALUE!"},0,{"$error":"#VALUE!"},{"$error":"#VALUE!"},{"$error":"#VALUE!"},{"$error":"#VALUE!"},{"$error":"#VALUE!"},{"$error":"#VALUE!"},{"$error":"#VALUE!"},{"$error":"#VALUE!"},{"$error":"#VALUE!"},{"$error":"#VALUE!"},{"$error":"#VALUE!"},{"$error":"#VALUE!"},{"$error":"#VALUE!"},{"$error":"#VALUE!"},{"$error":"#VALUE!"},{"$error":"#VALUE!"},{"$error":"#VALUE!"},{"$error":"#VALUE!"},{"$error":"#VALUE!"},{"$error":"#VALUE!"},{"$error":"#VALUE!"},{"$error":"#VALUE!"},{"$error":"#VALUE!"},{"$error":"#VALUE!"},{"$error":"#VALUE!"},{"$error":"#VALUE!"},{"$error":"#VALUE!"},{"$error":"#VALUE!"},{"$error":"#VALUE!"},{"$error":"#VALUE!"},{"$error":"#VALUE!"},{"$f":"SUM(CQ124,System2!CQ124,System3!CQ124)","v":{"$error":"#VALUE!"}},{"$error":"#VALUE!"},{"$error":"#VALUE!"},{"$error":"#VALUE!"},{"$error":"#VALUE!"},{"$error":"#VALUE!"},{"$error":"#VALUE!"},{"$error":"#VALUE!"},{"$error":"#VALUE!"},{"$error":"#VALUE!"},{"$error":"#VALUE!"},{"$error":"#VALUE!"},{"$error":"#VALUE!"},{"$error":"#VALUE!"},{"$error":"#VALUE!"},{"$error":"#VALUE!"},{"$error":"#VALUE!"},{"$error":"#VALUE!"},{"$error":"#VALUE!"},{"$error":"#VALUE!"},{"$error":"#VALUE!"},{"$error":"#VALUE!"},{"$error":"#VALUE!"},{"$error":"#VALUE!"},{"$error":"#VALUE!"},{"$error":"#VALUE!"},{"$error":"#VALUE!"},{"$f":"SUM(DR124,System2!DR124,System3!DR124)","v":{"$error":"#VALUE!"}},{"$f":"DT$40","v":{"$error":"#VALUE!"}},{"$f":"DU$40","v":{"$error":"#VALUE!"}},{"$f":"DV$40","v":0},{"$f":"DW$40","v":{"$error":"#VALUE!"}},{"$error":"#VALUE!"},{"$error":"#VALUE!"},{"$error":"#VALUE!"},0,0,0,0,0,{"$error":"#VALUE!"},{"$f":"SUM(EF124,System2!EF124,System3!EF124)","v":{"$error":"#VALUE!"}},{"$error":"#VALUE!"},{"$error":"#VALUE!"},{"$error":"#VALUE!"},{"$error":"#VALUE!"},{"$error":"#VALUE!"},{"$error":"#VALUE!"},{"$error":"#VALUE!"},{"$error":"#VALUE!"},{"$error":"#VALUE!"},{"$error":"#VALUE!"},{"$error":"#VALUE!"},{"$error":"#VALUE!"},{"$error":"#VALUE!"},{"$error":"#VALUE!"},{"$error":"#VALUE!"},{"$error":"#VALUE!"},{"$error":"#VALUE!"},{"$error":"#VALUE!"},{"$error":"#VALUE!"},{"$error":"#VALUE!"},{"$error":"#VALUE!"},{"$error":"#VALUE!"},{"$error":"#VALUE!"},{"$error":"#VALUE!"},{"$error":"#VALUE!"},{"$error":"#VALUE!"},{"$f":"SUM(FG124,System2!FG124,System3!FG124)","v":{"$error":"#VALUE!"}},0,0,0,0,{"$error":"#VALUE!"},{"$error":"#VALUE!"},{"$error":"#VALUE!"},{"$error":"#VALUE!"},{"$error":"#VALUE!"},{"$error":"#VALUE!"},{"$error":"#VALUE!"},{"$error":"#VALUE!"},{"$error":"#VALUE!"},{"$error":"#VALUE!"},{"$error":"#VALUE!"},{"$error":"#VALUE!"},{"$error":"#VALUE!"},{"$error":"#VALUE!"},{"$error":"#VALUE!"},{"$error":"#VALUE!"},{"$error":"#VALUE!"},{"$error":"#VALUE!"},{"$error":"#VALUE!"},{"$error":"#VALUE!"},{"$f":"$GG$31*WaterFittings!BO99","v":{"$error":"#VALUE!"}},{"$f":"$GH$31*WaterFittings!BP99","v":{"$error":"#VALUE!"}},{"$f":"$GI$31*WaterFittings!BQ99","v":0},{"$f":"GJ$31*AirCond!BD98","v":{"$error":"#VALUE!"}},{"$f":"GK$31*AirCond!BE98","v":{"$error":"#VALUE!"}},{"$f":"GL$31*AirCond!BF98","v":{"$error":"#VALUE!"}},{"$f":"GM$31*AirCond!BG98","v":{"$error":"#VALUE!"}},{"$f":"GN$31*WaterFittings!BS99","v":0},{"$f":"GO$31*WaterFittings!BT99","v":0},{"$f":"GP$31*WaterFittings!BU99","v":0}]
[null,null,94,0,0,{"$error":"#VALUE!"},{"$error":"#VALUE!"},{"$error":"#VALUE!"},{"$error":"#VALUE!"},{"$error":"#VALUE!"},{"$error":"#VALUE!"},{"$error":"#VALUE!"},{"$error":"#VALUE!"},{"$error":"#VALUE!"},{"$error":"#VALUE!"},null,{"$error":"#VALUE!"},{"$error":"#VALUE!"},{"$error":"#VALUE!"},{"$error":"#VALUE!"},{"$error":"#VALUE!"},null,{"$error":"#VALUE!"},{"$error":"#VALUE!"},{"$error":"#VALUE!"},{"$error":"#VALUE!"},{"$error":"#VALUE!"},null,10,{"$f":"SUM(SUMPRODUCT(AF$20:AJ$20,Q125:U125),SUMPRODUCT(AF$20:AJ$20,System2!Q125:U125),SUMPRODUCT(AF$20:AJ$20,System3!Q125:U125))","v":{"$error":"#VALUE!"}},{"$f":"SUM(SUMPRODUCT(AF$21:AJ$21,W125:AA125),SUMPRODUCT(AF$21:AJ$21,System2!W125:AA125),SUMPRODUCT(AF$21:AJ$21,System3!W125:AA125))","v":{"$error":"#VALUE!"}},{"$f":"WaterFittings!BN100","v":{"$error":"#VALUE!"}},{"$error":"#VALUE!"},{"$error":"#VALUE!"},{"$f":"MIN(AirCond!BL99,P$21)","v":0},{"$error":"#VALUE!"},{"$f":"MIN(ROUNDDOWN(AJ125-FH125,0),ROUNDDOWN(P$21*0.3,0),ROUNDDOWN(SUM(SUMPRODUCT(I$4:I$15,L$4:L$15),SUMPRODUCT(System2!I$4:I$15,System2!L$4:L$15),SUMPRODUCT(System3!I$4:I$15,System3!L$4:L$15))*0.3,0))","v":{"$error":"#VALUE!"}},0,{"$error":"#VALUE!"},{"$error":"#VALUE!"},{"$error":"#VALUE!"},0,{"$error":"#VALUE!"},{"$error":"#VALUE!"},{"$error":"#VALUE!"},0,null,null,null,0,0,0,0,null,{"$error":"#VALUE!"},{"$error":"#VALUE!"},{"$error":"#VALUE!"},{"$error":"#VALUE!"},{"$error":"#VALUE!"},{"$error":"#VALUE!"},{"$error":"#VALUE!"},{"$error":"#VALUE!"},{"$error":"#VALUE!"},0,{"$error":"#VALUE!"},{"$error":"#VALUE!"},{"$error":"#VALUE!"},{"$error":"#VALUE!"},{"$error":"#VALUE!"},{"$error":"#VALUE!"},{"$error":"#VALUE!"},{"$error":"#VALUE!"},{"$error":"#VALUE!"},{"$error":"#VALUE!"},{"$error":"#VALUE!"},{"$error":"#VALUE!"},{"$error":"#VALUE!"},{"$error":"#VALUE!"},{"$error":"#VALUE!"},{"$error":"#VALUE!"},{"$error":"#VALUE!"},{"$error":"#VALUE!"},{"$error":"#VALUE!"},{"$error":"#VALUE!"},{"$error":"#VALUE!"},{"$error":"#VALUE!"},{"$error":"#VALUE!"},{"$error":"#VALUE!"},{"$error":"#VALUE!"},{"$error":"#VALUE!"},{"$error":"#VALUE!"},{"$error":"#VALUE!"},{"$error":"#VALUE!"},{"$error":"#VALUE!"},{"$error":"#VALUE!"},{"$f":"SUM(CQ125,System2!CQ125,System3!CQ125)","v":{"$error":"#VALUE!"}},{"$error":"#VALUE!"},{"$error":"#VALUE!"},{"$error":"#VALUE!"},{"$error":"#VALUE!"},{"$error":"#VALUE!"},{"$error":"#VALUE!"},{"$error":"#VALUE!"},{"$error":"#VALUE!"},{"$error":"#VALUE!"},{"$error":"#VALUE!"},{"$error":"#VALUE!"},{"$error":"#VALUE!"},{"$error":"#VALUE!"},{"$error":"#VALUE!"},{"$error":"#VALUE!"},{"$error":"#VALUE!"},{"$error":"#VALUE!"},{"$error":"#VALUE!"},{"$error":"#VALUE!"},{"$error":"#VALUE!"},{"$error":"#VALUE!"},{"$error":"#VALUE!"},{"$error":"#VALUE!"},{"$error":"#VALUE!"},{"$error":"#VALUE!"},{"$error":"#VALUE!"},{"$f":"SUM(DR125,System2!DR125,System3!DR125)","v":{"$error":"#VALUE!"}},{"$f":"DT$41","v":{"$error":"#VALUE!"}},{"$f":"DU$41","v":{"$error":"#VALUE!"}},{"$f":"DV$41","v":0},{"$f":"DW$41","v":{"$error":"#VALUE!"}},{"$error":"#VALUE!"},{"$error":"#VALUE!"},{"$error":"#VALUE!"},0,0,0,0,0,{"$error":"#VALUE!"},{"$f":"SUM(EF125,System2!EF125,System3!EF125)","v":{"$error":"#VALUE!"}},{"$error":"#VALUE!"},{"$error":"#VALUE!"},{"$error":"#VALUE!"},{"$error":"#VALUE!"},{"$error":"#VALUE!"},{"$error":"#VALUE!"},{"$error":"#VALUE!"},{"$error":"#VALUE!"},{"$error":"#VALUE!"},{"$error":"#VALUE!"},{"$error":"#VALUE!"},{"$error":"#VALUE!"},{"$error":"#VALUE!"},{"$error":"#VALUE!"},{"$error":"#VALUE!"},{"$error":"#VALUE!"},{"$error":"#VALUE!"},{"$error":"#VALUE!"},{"$error":"#VALUE!"},{"$error":"#VALUE!"},{"$error":"#VALUE!"},{"$error":"#VALUE!"},{"$error":"#VALUE!"},{"$error":"#VALUE!"},{"$error":"#VALUE!"},{"$error":"#VALUE!"},{"$f":"SUM(FG125,System2!FG125,System3!FG125)","v":{"$error":"#VALUE!"}},0,0,0,0,{"$error":"#VALUE!"},{"$error":"#VALUE!"},{"$error":"#VALUE!"},{"$error":"#VALUE!"},{"$error":"#VALUE!"},{"$error":"#VALUE!"},{"$error":"#VALUE!"},{"$error":"#VALUE!"},{"$error":"#VALUE!"},{"$error":"#VALUE!"},{"$error":"#VALUE!"},{"$error":"#VALUE!"},{"$error":"#VALUE!"},{"$error":"#VALUE!"},{"$error":"#VALUE!"},{"$error":"#VALUE!"},{"$error":"#VALUE!"},{"$error":"#VALUE!"},{"$error":"#VALUE!"},{"$error":"#VALUE!"},{"$f":"$GG$31*WaterFittings!BO100","v":{"$error":"#VALUE!"}},{"$f":"$GH$31*WaterFittings!BP100","v":{"$error":"#VALUE!"}},{"$f":"$GI$31*WaterFittings!BQ100","v":0},{"$f":"GJ$31*AirCond!BD99","v":{"$error":"#VALUE!"}},{"$f":"GK$31*AirCond!BE99","v":{"$error":"#VALUE!"}},{"$f":"GL$31*AirCond!BF99","v":{"$error":"#VALUE!"}},{"$f":"GM$31*AirCond!BG99","v":{"$error":"#VALUE!"}},{"$f":"GN$31*WaterFittings!BS100","v":0},{"$f":"GO$31*WaterFittings!BT100","v":0},{"$f":"GP$31*WaterFittings!BU100","v":0}]
[null,null,95,0,0,{"$error":"#VALUE!"},{"$error":"#VALUE!"},{"$error":"#VALUE!"},{"$error":"#VALUE!"},{"$error":"#VALUE!"},{"$error":"#VALUE!"},{"$error":"#VALUE!"},{"$error":"#VALUE!"},{"$error":"#VALUE!"},{"$error":"#VALUE!"},null,{"$error":"#VALUE!"},{"$error":"#VALUE!"},{"$error":"#VALUE!"},{"$error":"#VALUE!"},{"$error":"#VALUE!"},null,{"$error":"#VALUE!"},{"$error":"#VALUE!"},{"$error":"#VALUE!"},{"$error":"#VALUE!"},{"$error":"#VALUE!"},null,11,{"$f":"SUM(SUMPRODUCT(AF$20:AJ$20,Q126:U126),SUMPRODUCT(AF$20:AJ$20,System2!Q126:U126),SUMPRODUCT(AF$20:AJ$20,System3!Q126:U126))","v":{"$error":"#VALUE!"}},{"$f":"SUM(SUMPRODUCT(AF$21:AJ$21,W126:AA126),SUMPRODUCT(AF$21:AJ$21,System2!W126:AA126),SUMPRODUCT(AF$21:AJ$21,System3!W126:AA126))","v":{"$error":"#VALUE!"}},{"$f":"WaterFittings!BN101","v":{"$error":"#VALUE!"}},{"$error":"#VALUE!"},{"$error":"#VALUE!"},{"$f":"MIN(AirCond!BL100,P$21)","v":0},{"$error":"#VALUE!"},{"$f":"MIN(ROUNDDOWN(AJ126-FH126,0),ROUNDDOWN(P$21*0.3,0),ROUNDDOWN(SUM(SUMPRODUCT(I$4:I$15,L$4:L$15),SUMPRODUCT(System2!I$4:I$15,System2!L$4:L$15),SUMPRODUCT(System3!I$4:I$15,System3!L$4:L$15))*0.3,0))","v":{"$error":"#VALUE!"}},0,{"$error":"#VALUE!"},{"$error":"#VALUE!"},{"$error":"#VALUE!"},0,{"$error":"#VALUE!"},{"$error":"#VALUE!"},{"$error":"#VALUE!"},0,null,null,null,0,0,0,0,null,{"$error":"#VALUE!"},{"$error":"#VALUE!"},{"$error":"#VALUE!"},{"$error":"#VALUE!"},{"$error":"#VALUE!"},{"$error":"#VALUE!"},{"$error":"#VALUE!"},{"$error":"#VALUE!"},{"$error":"#VALUE!"},0,{"$error":"#VALUE!"},{"$error":"#VALUE!"},{"$error":"#VALUE!"},{"$error":"#VALUE!"},{"$error":"#VALUE!"},{"$error":"#VALUE!"},{"$error":"#VALUE!"},{"$error":"#VALUE!"},{"$error":"#VALUE!"},{"$error":"#VALUE!"},{"$error":"#VALUE!"},{"$error":"#VALUE!"},{"$error":"#VALUE!"},{"$error":"#VALUE!"},{"$error":"#VALUE!"},{"$error":"#VALUE!"},{"$error":"#VALUE!"},{"$error":"#VALUE!"},{"$error":"#VALUE!"},{"$error":"#VALUE!"},{"$error":"#VALUE!"},{"$error":"#VALUE!"},{"$error":"#VALUE!"},{"$error":"#VALUE!"},{"$error":"#VALUE!"},{"$error":"#VALUE!"},{"$error":"#VALUE!"},{"$error":"#VALUE!"},{"$error":"#VALUE!"},{"$error":"#VALUE!"},{"$error":"#VALUE!"},{"$f":"SUM(CQ126,System2!CQ126,System3!CQ126)","v":{"$error":"#VALUE!"}},{"$error":"#VALUE!"},{"$error":"#VALUE!"},{"$error":"#VALUE!"},{"$error":"#VALUE!"},{"$error":"#VALUE!"},{"$error":"#VALUE!"},{"$error":"#VALUE!"},{"$error":"#VALUE!"},{"$error":"#VALUE!"},{"$error":"#VALUE!"},{"$error":"#VALUE!"},{"$error":"#VALUE!"},{"$error":"#VALUE!"},{"$error":"#VALUE!"},{"$error":"#VALUE!"},{"$error":"#VALUE!"},{"$error":"#VALUE!"},{"$error":"#VALUE!"},{"$error":"#VALUE!"},{"$error":"#VALUE!"},{"$error":"#VALUE!"},{"$error":"#VALUE!"},{"$error":"#VALUE!"},{"$error":"#VALUE!"},{"$error":"#VALUE!"},{"$error":"#VALUE!"},{"$f":"SUM(DR126,System2!DR126,System3!DR126)","v":{"$error":"#VALUE!"}},{"$f":"DT$42","v":{"$error":"#VALUE!"}},{"$f":"DU$42","v":{"$error":"#VALUE!"}},{"$f":"DV$42","v":0},{"$f":"DW$42","v":{"$error":"#VALUE!"}},{"$error":"#VALUE!"},{"$error":"#VALUE!"},{"$error":"#VALUE!"},0,0,0,0,0,{"$error":"#VALUE!"},{"$f":"SUM(EF126,System2!EF126,System3!EF126)","v":{"$error":"#VALUE!"}},{"$error":"#VALUE!"},{"$error":"#VALUE!"},{"$error":"#VALUE!"},{"$error":"#VALUE!"},{"$error":"#VALUE!"},{"$error":"#VALUE!"},{"$error":"#VALUE!"},{"$error":"#VALUE!"},{"$error":"#VALUE!"},{"$error":"#VALUE!"},{"$error":"#VALUE!"},{"$error":"#VALUE!"},{"$error":"#VALUE!"},{"$error":"#VALUE!"},{"$error":"#VALUE!"},{"$error":"#VALUE!"},{"$error":"#VALUE!"},{"$error":"#VALUE!"},{"$error":"#VALUE!"},{"$error":"#VALUE!"},{"$error":"#VALUE!"},{"$error":"#VALUE!"},{"$error":"#VALUE!"},{"$error":"#VALUE!"},{"$error":"#VALUE!"},{"$error":"#VALUE!"},{"$f":"SUM(FG126,System2!FG126,System3!FG126)","v":{"$error":"#VALUE!"}},0,0,0,0,{"$error":"#VALUE!"},{"$error":"#VALUE!"},{"$error":"#VALUE!"},{"$error":"#VALUE!"},{"$error":"#VALUE!"},{"$error":"#VALUE!"},{"$error":"#VALUE!"},{"$error":"#VALUE!"},{"$error":"#VALUE!"},{"$error":"#VALUE!"},{"$error":"#VALUE!"},{"$error":"#VALUE!"},{"$error":"#VALUE!"},{"$error":"#VALUE!"},{"$error":"#VALUE!"},{"$error":"#VALUE!"},{"$error":"#VALUE!"},{"$error":"#VALUE!"},{"$error":"#VALUE!"},{"$error":"#VALUE!"},{"$f":"$GG$31*WaterFittings!BO101","v":{"$error":"#VALUE!"}},{"$f":"$GH$31*WaterFittings!BP101","v":{"$error":"#VALUE!"}},{"$f":"$GI$31*WaterFittings!BQ101","v":0},{"$f":"GJ$31*AirCond!BD100","v":{"$error":"#VALUE!"}},{"$f":"GK$31*AirCond!BE100","v":{"$error":"#VALUE!"}},{"$f":"GL$31*AirCond!BF100","v":{"$error":"#VALUE!"}},{"$f":"GM$31*AirCond!BG100","v":{"$error":"#VALUE!"}},{"$f":"GN$31*WaterFittings!BS101","v":0},{"$f":"GO$31*WaterFittings!BT101","v":0},{"$f":"GP$31*WaterFittings!BU101","v":0}]
[null,null,96,0,0,{"$error":"#VALUE!"},{"$error":"#VALUE!"},{"$error":"#VALUE!"},{"$error":"#VALUE!"},{"$error":"#VALUE!"},{"$error":"#VALUE!"},{"$error":"#VALUE!"},{"$error":"#VALUE!"},{"$error":"#VALUE!"},{"$error":"#VALUE!"},null,{"$error":"#VALUE!"},{"$error":"#VALUE!"},{"$error":"#VALUE!"},{"$error":"#VALUE!"},{"$error":"#VALUE!"},null,{"$error":"#VALUE!"},{"$error":"#VALUE!"},{"$error":"#VALUE!"},{"$error":"#VALUE!"},{"$error":"#VALUE!"},null,12,{"$f":"SUM(SUMPRODUCT(AF$20:AJ$20,Q127:U127),SUMPRODUCT(AF$20:AJ$20,System2!Q127:U127),SUMPRODUCT(AF$20:AJ$20,System3!Q127:U127))","v":{"$error":"#VALUE!"}},{"$f":"SUM(SUMPRODUCT(AF$21:AJ$21,W127:AA127),SUMPRODUCT(AF$21:AJ$21,System2!W127:AA127),SUMPRODUCT(AF$21:AJ$21,System3!W127:AA127))","v":{"$error":"#VALUE!"}},{"$f":"WaterFittings!BN102","v":{"$error":"#VALUE!"}},{"$error":"#VALUE!"},{"$error":"#VALUE!"},{"$f":"MIN(AirCond!BL101,P$21)","v":0},{"$error":"#VALUE!"},{"$f":"MIN(ROUNDDOWN(AJ127-FH127,0),ROUNDDOWN(P$21*0.3,0),ROUNDDOWN(SUM(SUMPRODUCT(I$4:I$15,L$4:L$15),SUMPRODUCT(System2!I$4:I$15,System2!L$4:L$15),SUMPRODUCT(System3!I$4:I$15,System3!L$4:L$15))*0.3,0))","v":{"$error":"#VALUE!"}},{"$f":"ROUND(SUM(AX127,AY127),0)","v":0},{"$error":"#VALUE!"},{"$error":"#VALUE!"},{"$error":"#VALUE!"},0,{"$error":"#VALUE!"},{"$error":"#VALUE!"},{"$error":"#VALUE!"},0,null,null,null,0,0,0,0,null,{"$error":"#VALUE!"},{"$error":"#VALUE!"},{"$error":"#VALUE!"},{"$error":"#VALUE!"},{"$error":"#VALUE!"},{"$error":"#VALUE!"},{"$error":"#VALUE!"},{"$error":"#VALUE!"},{"$error":"#VALUE!"},0,{"$error":"#VALUE!"},{"$error":"#VALUE!"},{"$error":"#VALUE!"},{"$error":"#VALUE!"},{"$error":"#VALUE!"},{"$error":"#VALUE!"},{"$error":"#VALUE!"},{"$error":"#VALUE!"},{"$error":"#VALUE!"},{"$error":"#VALUE!"},{"$error":"#VALUE!"},{"$error":"#VALUE!"},{"$error":"#VALUE!"},{"$error":"#VALUE!"},{"$error":"#VALUE!"},{"$error":"#VALUE!"},{"$error":"#VALUE!"},{"$error":"#VALUE!"},{"$error":"#VALUE!"},{"$error":"#VALUE!"},{"$error":"#VALUE!"},{"$error":"#VALUE!"},{"$error":"#VALUE!"},{"$error":"#VALUE!"},{"$error":"#VALUE!"},{"$error":"#VALUE!"},{"$error":"#VALUE!"},{"$error":"#VALUE!"},{"$error":"#VALUE!"},{"$error":"#VALUE!"},{"$error":"#VALUE!"},{"$f":"SUM(CQ127,System2!CQ127,System3!CQ127)","v":{"$error":"#VALUE!"}},{"$error":"#VALUE!"},{"$error":"#VALUE!"},{"$error":"#VALUE!"},{"$error":"#VALUE!"},{"$error":"#VALUE!"},{"$error":"#VALUE!"},{"$error":"#VALUE!"},{"$error":"#VALUE!"},{"$error":"#VALUE!"},{"$error":"#VALUE!"},{"$error":"#VALUE!"},{"$error":"#VALUE!"},{"$error":"#VALUE!"},{"$error":"#VALUE!"},{"$error":"#VALUE!"},{"$error":"#VALUE!"},{"$error":"#VALUE!"},{"$error":"#VALUE!"},{"$error":"#VALUE!"},{"$error":"#VALUE!"},{"$error":"#VALUE!"},{"$error":"#VALUE!"},{"$error":"#VALUE!"},{"$error":"#VALUE!"},{"$error":"#VALUE!"},{"$error":"#VALUE!"},{"$f":"SUM(DR127,System2!DR127,System3!DR127)","v":{"$error":"#VALUE!"}},{"$f":"DT$43","v":{"$error":"#VALUE!"}},{"$f":"DU$43","v":{"$error":"#VALUE!"}},{"$f":"DV$43","v":0},{"$f":"DW$43","v":{"$error":"#VALUE!"}},{"$error":"#VALUE!"},{"$error":"#VALUE!"},{"$error":"#VALUE!"},0,0,0,0,0,{"$error":"#VALUE!"},{"$f":"SUM(EF127,System2!EF127,System3!EF127)","v":{"$error":"#VALUE!"}},{"$error":"#VALUE!"},{"$error":"#VALUE!"},{"$error":"#VALUE!"},{"$error":"#VALUE!"},{"$error":"#VALUE!"},{"$error":"#VALUE!"},{"$error":"#VALUE!"},{"$error":"#VALUE!"},{"$error":"#VALUE!"},{"$error":"#VALUE!"},{"$error":"#VALUE!"},{"$error":"#VALUE!"},{"$error":"#VALUE!"},{"$error":"#VALUE!"},{"$error":"#VALUE!"},{"$error":"#VALUE!"},{"$error":"#VALUE!"},{"$error":"#VALUE!"},{"$error":"#VALUE!"},{"$error":"#VALUE!"},{"$error":"#VALUE!"},{"$error":"#VALUE!"},{"$error":"#VALUE!"},{"$error":"#VALUE!"},{"$error":"#VALUE!"},{"$error":"#VALUE!"},{"$f":"SUM(FG127,System2!FG127,System3!FG127)","v":{"$error":"#VALUE!"}},0,0,0,0,{"$error":"#VALUE!"},{"$error":"#VALUE!"},{"$error":"#VALUE!"},{"$error":"#VALUE!"},{"$error":"#VALUE!"},{"$error":"#VALUE!"},{"$error":"#VALUE!"},{"$error":"#VALUE!"},{"$error":"#VALUE!"},{"$error":"#VALUE!"},{"$error":"#VALUE!"},{"$error":"#VALUE!"},{"$error":"#VALUE!"},{"$error":"#VALUE!"},{"$error":"#VALUE!"},{"$error":"#VALUE!"},{"$error":"#VALUE!"},{"$error":"#VALUE!"},{"$error":"#VALUE!"},{"$error":"#VALUE!"},{"$f":"$GG$31*WaterFittings!BO102","v":{"$error":"#VALUE!"}},{"$f":"$GH$31*WaterFittings!BP102","v":{"$error":"#VALUE!"}},{"$f":"$GI$31*WaterFittings!BQ102","v":0},{"$f":"GJ$31*AirCond!BD101","v":{"$error":"#VALUE!"}},{"$f":"GK$31*AirCond!BE101","v":{"$error":"#VALUE!"}},{"$f":"GL$31*AirCond!BF101","v":{"$error":"#VALUE!"}},{"$f":"GM$31*AirCond!BG101","v":{"$error":"#VALUE!"}},{"$f":"GN$31*WaterFittings!BS102","v":0},{"$f":"GO$31*WaterFittings!BT102","v":0},{"$f":"GP$31*WaterFittings!BU102","v":0}]
[null,null,97,19.5,0,{"$error":"#VALUE!"},{"$error":"#VALUE!"},{"$error":"#VALUE!"},{"$error":"#VALUE!"},{"$error":"#VALUE!"},{"$error":"#VALUE!"},{"$error":"#VALUE!"},{"$error":"#VALUE!"},{"$error":"#VALUE!"},{"$error":"#VALUE!"},null,{"$error":"#VALUE!"},{"$error":"#VALUE!"},{"$error":"#VALUE!"},{"$error":"#VALUE!"},{"$error":"#VALUE!"},null,{"$error":"#VALUE!"},{"$error":"#VALUE!"},{"$error":"#VALUE!"},{"$error":"#VALUE!"},{"$error":"#VALUE!"},null,13,{"$f":"SUM(SUMPRODUCT(AF$20:AJ$20,Q128:U128),SUMPRODUCT(AF$20:AJ$20,System2!Q128:U128),SUMPRODUCT(AF$20:AJ$20,System3!Q128:U128))","v":{"$error":"#VALUE!"}},{"$f":"SUM(SUMPRODUCT(AF$21:AJ$21,W128:AA128),SUMPRODUCT(AF$21:AJ$21,System2!W128:AA128),SUMPRODUCT(AF$21:AJ$21,System3!W128:AA128))","v":{"$error":"#VALUE!"}},{"$f":"WaterFittings!BN103","v":{"$error":"#VALUE!"}},{"$error":"#VALUE!"},{"$error":"#VALUE!"},{"$f":"MIN(AirCond!BL102,P$21)","v":0},{"$error":"#VALUE!"},{"$f":"MIN(ROUNDDOWN(AJ128-FH128,0),ROUNDDOWN(P$21*0.3,0),ROUNDDOWN(SUM(SUMPRODUCT(I$4:I$15,L$4:L$15),SUMPRODUCT(System2!I$4:I$15,System2!L$4:L$15),SUMPRODUCT(System3!I$4:I$15,System3!L$4:L$15))*0.3,0))","v":{"$error":"#VALUE!"}},0,{"$error":"#VALUE!"},{"$error":"#VALUE!"},{"$error":"#VALUE!"},0,{"$error":"#VALUE!"},{"$error":"#VALUE!"},{"$error":"#VALUE!"},0,null,null,null,0,0,0,0,null,{"$error":"#VALUE!"},{"$error":"#VALUE!"},{"$error":"#VALUE!"},{"$error":"#VALUE!"},{"$error":"#VALUE!"},{"$error":"#VALUE!"},{"$error":"#VALUE!"},{"$error":"#VALUE!"},{"$error":"#VALUE!"},0,{"$error":"#VALUE!"},{"$error":"#VALUE!"},{"$error":"#VALUE!"},{"$error":"#VALUE!"},{"$error":"#VALUE!"},{"$error":"#VALUE!"},{"$error":"#VALUE!"},{"$error":"#VALUE!"},{"$error":"#VALUE!"},{"$error":"#VALUE!"},{"$error":"#VALUE!"},{"$error":"#VALUE!"},{"$error":"#VALUE!"},{"$error":"#VALUE!"},{"$error":"#VALUE!"},{"$error":"#VALUE!"},{"$error":"#VALUE!"},{"$error":"#VALUE!"},{"$error":"#VALUE!"},{"$error":"#VALUE!"},{"$error":"#VALUE!"},{"$error":"#VALUE!"},{"$error":"#VALUE!"},{"$error":"#VALUE!"},{"$error":"#VALUE!"},{"$error":"#VALUE!"},{"$error":"#VALUE!"},{"$error":"#VALUE!"},{"$error":"#VALUE!"},{"$error":"#VALUE!"},{"$error":"#VALUE!"},{"$f":"SUM(CQ128,System2!CQ128,System3!CQ128)","v":{"$error":"#VALUE!"}},{"$error":"#VALUE!"},{"$error":"#VALUE!"},{"$error":"#VALUE!"},{"$error":"#VALUE!"},{"$error":"#VALUE!"},{"$error":"#VALUE!"},{"$error":"#VALUE!"},{"$error":"#VALUE!"},{"$error":"#VALUE!"},{"$error":"#VALUE!"},{"$error":"#VALUE!"},{"$error":"#VALUE!"},{"$error":"#VALUE!"},{"$error":"#VALUE!"},{"$error":"#VALUE!"},{"$error":"#VALUE!"},{"$error":"#VALUE!"},{"$error":"#VALUE!"},{"$error":"#VALUE!"},{"$error":"#VALUE!"},{"$error":"#VALUE!"},{"$error":"#VALUE!"},{"$error":"#VALUE!"},{"$error":"#VALUE!"},{"$error":"#VALUE!"},{"$error":"#VALUE!"},{"$f":"SUM(DR128,System2!DR128,System3!DR128)","v":{"$error":"#VALUE!"}},{"$f":"DT$44","v":{"$error":"#VALUE!"}},{"$f":"DU$44","v":{"$error":"#VALUE!"}},{"$f":"DV$44","v":0},{"$f":"DW$44","v":{"$error":"#VALUE!"}},{"$error":"#VALUE!"},{"$error":"#VALUE!"},{"$error":"#VALUE!"},0,0,0,0,0,{"$error":"#VALUE!"},{"$f":"SUM(EF128,System2!EF128,System3!EF128)","v":{"$error":"#VALUE!"}},{"$error":"#VALUE!"},{"$error":"#VALUE!"},{"$error":"#VALUE!"},{"$error":"#VALUE!"},{"$error":"#VALUE!"},{"$error":"#VALUE!"},{"$error":"#VALUE!"},{"$error":"#VALUE!"},{"$error":"#VALUE!"},{"$error":"#VALUE!"},{"$error":"#VALUE!"},{"$error":"#VALUE!"},{"$error":"#VALUE!"},{"$error":"#VALUE!"},{"$error":"#VALUE!"},{"$error":"#VALUE!"},{"$error":"#VALUE!"},{"$error":"#VALUE!"},{"$error":"#VALUE!"},{"$error":"#VALUE!"},{"$error":"#VALUE!"},{"$error":"#VALUE!"},{"$error":"#VALUE!"},{"$error":"#VALUE!"},{"$error":"#VALUE!"},{"$error":"#VALUE!"},{"$f":"SUM(FG128,System2!FG128,System3!FG128)","v":{"$error":"#VALUE!"}},0,0,0,0,{"$error":"#VALUE!"},{"$error":"#VALUE!"},{"$error":"#VALUE!"},{"$error":"#VALUE!"},{"$error":"#VALUE!"},{"$error":"#VALUE!"},{"$error":"#VALUE!"},{"$error":"#VALUE!"},{"$error":"#VALUE!"},{"$error":"#VALUE!"},{"$error":"#VALUE!"},{"$error":"#VALUE!"},{"$error":"#VALUE!"},{"$error":"#VALUE!"},{"$error":"#VALUE!"},{"$error":"#VALUE!"},{"$error":"#VALUE!"},{"$error":"#VALUE!"},{"$error":"#VALUE!"},{"$error":"#VALUE!"},{"$f":"$GG$31*WaterFittings!BO103","v":{"$error":"#VALUE!"}},{"$f":"$GH$31*WaterFittings!BP103","v":{"$error":"#VALUE!"}},{"$f":"$GI$31*WaterFittings!BQ103","v":0},{"$f":"GJ$31*AirCond!BD102","v":{"$error":"#VALUE!"}},{"$f":"GK$31*AirCond!BE102","v":{"$error":"#VALUE!"}},{"$f":"GL$31*AirCond!BF102","v":{"$error":"#VALUE!"}},{"$f":"GM$31*AirCond!BG102","v":{"$error":"#VALUE!"}},{"$f":"GN$31*WaterFittings!BS103","v":0},{"$f":"GO$31*WaterFittings!BT103","v":0},{"$f":"GP$31*WaterFittings!BU103","v":0}]
[null,null,98,3,0,{"$error":"#VALUE!"},{"$error":"#VALUE!"},{"$error":"#VALUE!"},{"$error":"#VALUE!"},{"$error":"#VALUE!"},{"$error":"#VALUE!"},{"$error":"#VALUE!"},{"$error":"#VALUE!"},{"$error":"#VALUE!"},{"$error":"#VALUE!"},null,{"$error":"#VALUE!"},{"$error":"#VALUE!"},{"$error":"#VALUE!"},{"$error":"#VALUE!"},{"$error":"#VALUE!"},null,{"$error":"#VALUE!"},{"$error":"#VALUE!"},{"$error":"#VALUE!"},{"$error":"#VALUE!"},{"$error":"#VALUE!"},null,14,{"$f":"SUM(SUMPRODUCT(AF$20:AJ$20,Q129:U129),SUMPRODUCT(AF$20:AJ$20,System2!Q129:U129),SUMPRODUCT(AF$20:AJ$20,System3!Q129:U129))","v":{"$error":"#VALUE!"}},{"$f":"SUM(SUMPRODUCT(AF$21:AJ$21,W129:AA129),SUMPRODUCT(AF$21:AJ$21,System2!W129:AA129),SUMPRODUCT(AF$21:AJ$21,System3!W129:AA129))","v":{"$error":"#VALUE!"}},{"$f":"WaterFittings!BN104","v":{"$error":"#VALUE!"}},{"$error":"#VALUE!"},{"$error":"#VALUE!"},{"$f":"MIN(AirCond!BL103,P$21)","v":0},{"$error":"#VALUE!"},{"$f":"MIN(ROUNDDOWN(AJ129-FH129,0),ROUNDDOWN(P$21*0.3,0),ROUNDDOWN(SUM(SUMPRODUCT(I$4:I$15,L$4:L$15),SUMPRODUCT(System2!I$4:I$15,System2!L$4:L$15),SUMPRODUCT(System3!I$4:I$15,System3!L$4:L$15))*0.3,0))","v":{"$error":"#VALUE!"}},0,{"$error":"#VALUE!"},{"$error":"#VALUE!"},{"$error":"#VALUE!"},0,{"$error":"#VALUE!"},{"$error":"#VALUE!"},{"$error":"#VALUE!"},0,null,null,null,0,0,0,0,null,{"$error":"#VALUE!"},{"$error":"#VALUE!"},{"$error":"#VALUE!"},{"$error":"#VALUE!"},{"$error":"#VALUE!"},{"$error":"#VALUE!"},{"$error":"#VALUE!"},{"$error":"#VALUE!"},{"$error":"#VALUE!"},0,{"$error":"#VALUE!"},{"$error":"#VALUE!"},{"$error":"#VALUE!"},{"$error":"#VALUE!"},{"$error":"#VALUE!"},{"$error":"#VALUE!"},{"$error":"#VALUE!"},{"$error":"#VALUE!"},{"$error":"#VALUE!"},{"$error":"#VALUE!"},{"$error":"#VALUE!"},{"$error":"#VALUE!"},{"$error":"#VALUE!"},{"$error":"#VALUE!"},{"$error":"#VALUE!"},{"$error":"#VALUE!"},{"$error":"#VALUE!"},{"$error":"#VALUE!"},{"$error":"#VALUE!"},{"$error":"#VALUE!"},{"$error":"#VALUE!"},{"$error":"#VALUE!"},{"$error":"#VALUE!"},{"$error":"#VALUE!"},{"$error":"#VALUE!"},{"$error":"#VALUE!"},{"$error":"#VALUE!"},{"$error":"#VALUE!"},{"$error":"#VALUE!"},{"$error":"#VALUE!"},{"$error":"#VALUE!"},{"$f":"SUM(CQ129,System2!CQ129,System3!CQ129)","v":{"$error":"#VALUE!"}},{"$error":"#VALUE!"},{"$error":"#VALUE!"},{"$error":"#VALUE!"},{"$error":"#VALUE!"},{"$error":"#VALUE!"},{"$error":"#VALUE!"},{"$error":"#VALUE!"},{"$error":"#VALUE!"},{"$error":"#VALUE!"},{"$error":"#VALUE!"},{"$error":"#VALUE!"},{"$error":"#VALUE!"},{"$error":"#VALUE!"},{"$error":"#VALUE!"},{"$error":"#VALUE!"},{"$error":"#VALUE!"},{"$error":"#VALUE!"},{"$error":"#VALUE!"},{"$error":"#VALUE!"},{"$error":"#VALUE!"},{"$error":"#VALUE!"},{"$error":"#VALUE!"},{"$error":"#VALUE!"},{"$error":"#VALUE!"},{"$error":"#VALUE!"},{"$error":"#VALUE!"},{"$f":"SUM(DR129,System2!DR129,System3!DR129)","v":{"$error":"#VALUE!"}},{"$f":"DT$45","v":{"$error":"#VALUE!"}},{"$f":"DU$45","v":{"$error":"#VALUE!"}},{"$f":"DV$45","v":0},{"$f":"DW$45","v":{"$error":"#VALUE!"}},{"$error":"#VALUE!"},{"$error":"#VALUE!"},{"$error":"#VALUE!"},0,0,0,0,0,{"$error":"#VALUE!"},{"$f":"SUM(EF129,System2!EF129,System3!EF129)","v":{"$error":"#VALUE!"}},{"$error":"#VALUE!"},{"$error":"#VALUE!"},{"$error":"#VALUE!"},{"$error":"#VALUE!"},{"$error":"#VALUE!"},{"$error":"#VALUE!"},{"$error":"#VALUE!"},{"$error":"#VALUE!"},{"$error":"#VALUE!"},{"$error":"#VALUE!"},{"$error":"#VALUE!"},{"$error":"#VALUE!"},{"$error":"#VALUE!"},{"$error":"#VALUE!"},{"$error":"#VALUE!"},{"$error":"#VALUE!"},{"$error":"#VALUE!"},{"$error":"#VALUE!"},{"$error":"#VALUE!"},{"$error":"#VALUE!"},{"$error":"#VALUE!"},{"$error":"#VALUE!"},{"$error":"#VALUE!"},{"$error":"#VALUE!"},{"$error":"#VALUE!"},{"$error":"#VALUE!"},{"$f":"SUM(FG129,System2!FG129,System3!FG129)","v":{"$error":"#VALUE!"}},0,0,0,0,{"$error":"#VALUE!"},{"$error":"#VALUE!"},{"$error":"#VALUE!"},{"$error":"#VALUE!"},{"$error":"#VALUE!"},{"$error":"#VALUE!"},{"$error":"#VALUE!"},{"$error":"#VALUE!"},{"$error":"#VALUE!"},{"$error":"#VALUE!"},{"$error":"#VALUE!"},{"$error":"#VALUE!"},{"$error":"#VALUE!"},{"$error":"#VALUE!"},{"$error":"#VALUE!"},{"$error":"#VALUE!"},{"$error":"#VALUE!"},{"$error":"#VALUE!"},{"$error":"#VALUE!"},{"$error":"#VALUE!"},{"$f":"$GG$31*WaterFittings!BO104","v":{"$error":"#VALUE!"}},{"$f":"$GH$31*WaterFittings!BP104","v":{"$error":"#VALUE!"}},{"$f":"$GI$31*WaterFittings!BQ104","v":0},{"$f":"GJ$31*AirCond!BD103","v":{"$error":"#VALUE!"}},{"$f":"GK$31*AirCond!BE103","v":{"$error":"#VALUE!"}},{"$f":"GL$31*AirCond!BF103","v":{"$error":"#VALUE!"}},{"$f":"GM$31*AirCond!BG103","v":{"$error":"#VALUE!"}},{"$f":"GN$31*WaterFittings!BS104","v":0},{"$f":"GO$31*WaterFittings!BT104","v":0},{"$f":"GP$31*WaterFittings!BU104","v":0}]
[null,null,99,51,0,{"$error":"#VALUE!"},{"$error":"#VALUE!"},{"$error":"#VALUE!"},{"$error":"#VALUE!"},{"$error":"#VALUE!"},{"$error":"#VALUE!"},{"$error":"#VALUE!"},{"$error":"#VALUE!"},{"$error":"#VALUE!"},{"$error":"#VALUE!"},null,{"$error":"#VALUE!"},{"$error":"#VALUE!"},{"$error":"#VALUE!"},{"$error":"#VALUE!"},{"$error":"#VALUE!"},null,{"$error":"#VALUE!"},{"$error":"#VALUE!"},{"$error":"#VALUE!"},{"$error":"#VALUE!"},{"$f":"ROUNDDOWN(FF130,0)","v":{"$error":"#VALUE!"}},null,15,{"$f":"SUM(SUMPRODUCT(AF$20:AJ$20,Q130:U130),SUMPRODUCT(AF$20:AJ$20,System2!Q130:U130),SUMPRODUCT(AF$20:AJ$20,System3!Q130:U130))","v":{"$error":"#VALUE!"}},{"$f":"SUM(SUMPRODUCT(AF$21:AJ$21,W130:AA130),SUMPRODUCT(AF$21:AJ$21,System2!W130:AA130),SUMPRODUCT(AF$21:AJ$21,System3!W130:AA130))","v":{"$error":"#VALUE!"}},{"$f":"WaterFittings!BN105","v":{"$error":"#VALUE!"}},{"$error":"#VALUE!"},{"$error":"#VALUE!"},{"$f":"MIN(AirCond!BL104,P$21)","v":0},{"$error":"#VALUE!"},{"$f":"MIN(ROUNDDOWN(AJ130-FH130,0),ROUNDDOWN(P$21*0.3,0),ROUNDDOWN(SUM(SUMPRODUCT(I$4:I$15,L$4:L$15),SUMPRODUCT(System2!I$4:I$15,System2!L$4:L$15),SUMPRODUCT(System3!I$4:I$15,System3!L$4:L$15))*0.3,0))","v":{"$error":"#VALUE!"}},0,{"$error":"#VALUE!"},{"$error":"#VALUE!"},{"$error":"#VALUE!"},0,{"$error":"#VALUE!"},{"$error":"#VALUE!"},{"$error":"#VALUE!"},0,null,null,null,0,0,0,0,null,{"$error":"#VALUE!"},{"$error":"#VALUE!"},{"$error":"#VALUE!"},{"$error":"#VALUE!"},{"$error":"#VALUE!"},{"$error":"#VALUE!"},{"$error":"#VALUE!"},{"$error":"#VALUE!"},{"$error":"#VALUE!"},0,{"$error":"#VALUE!"},{"$error":"#VALUE!"},{"$error":"#VALUE!"},{"$error":"#VALUE!"},{"$error":"#VALUE!"},{"$error":"#VALUE!"},{"$error":"#VALUE!"},{"$error":"#VALUE!"},{"$error":"#VALUE!"},{"$error":"#VALUE!"},{"$error":"#VALUE!"},{"$error":"#VALUE!"},{"$error":"#VALUE!"},{"$error":"#VALUE!"},{"$error":"#VALUE!"},{"$error":"#VALUE!"},{"$error":"#VALUE!"},{"$error":"#VALUE!"},{"$error":"#VALUE!"},{"$error":"#VALUE!"},{"$error":"#VALUE!"},{"$error":"#VALUE!"},{"$error":"#VALUE!"},{"$error":"#VALUE!"},{"$error":"#VALUE!"},{"$error":"#VALUE!"},{"$error":"#VALUE!"},{"$error":"#VALUE!"},{"$error":"#VALUE!"},{"$error":"#VALUE!"},{"$error":"#VALUE!"},{"$f":"SUM(CQ130,System2!CQ130,System3!CQ130)","v":{"$error":"#VALUE!"}},{"$error":"#VALUE!"},{"$error":"#VALUE!"},{"$error":"#VALUE!"},{"$error":"#VALUE!"},{"$error":"#VALUE!"},{"$error":"#VALUE!"},{"$error":"#VALUE!"},{"$error":"#VALUE!"},{"$error":"#VALUE!"},{"$error":"#VALUE!"},{"$error":"#VALUE!"},{"$error":"#VALUE!"},{"$error":"#VALUE!"},{"$error":"#VALUE!"},{"$error":"#VALUE!"},{"$error":"#VALUE!"},{"$error":"#VALUE!"},{"$error":"#VALUE!"},{"$error":"#VALUE!"},{"$error":"#VALUE!"},{"$error":"#VALUE!"},{"$error":"#VALUE!"},{"$error":"#VALUE!"},{"$error":"#VALUE!"},{"$error":"#VALUE!"},{"$error":"#VALUE!"},{"$f":"SUM(DR130,System2!DR130,System3!DR130)","v":{"$error":"#VALUE!"}},{"$f":"DT$46","v":{"$error":"#VALUE!"}},{"$f":"DU$46","v":{"$error":"#VALUE!"}},{"$f":"DV$46","v":0},{"$f":"DW$46","v":{"$error":"#VALUE!"}},{"$error":"#VALUE!"},{"$error":"#VALUE!"},{"$error":"#VALUE!"},0,0,0,0,0,{"$error":"#VALUE!"},{"$f":"SUM(EF130,System2!EF130,System3!EF130)","v":{"$error":"#VALUE!"}},{"$error":"#VALUE!"},{"$error":"#VALUE!"},{"$error":"#VALUE!"},{"$error":"#VALUE!"},{"$error":"#VALUE!"},{"$error":"#VALUE!"},{"$error":"#VALUE!"},{"$error":"#VALUE!"},{"$error":"#VALUE!"},{"$error":"#VALUE!"},{"$error":"#VALUE!"},{"$error":"#VALUE!"},{"$error":"#VALUE!"},{"$error":"#VALUE!"},{"$error":"#VALUE!"},{"$error":"#VALUE!"},{"$error":"#VALUE!"},{"$error":"#VALUE!"},{"$error":"#VALUE!"},{"$error":"#VALUE!"},{"$error":"#VALUE!"},{"$error":"#VALUE!"},{"$error":"#VALUE!"},{"$error":"#VALUE!"},{"$error":"#VALUE!"},{"$error":"#VALUE!"},{"$f":"SUM(FG130,System2!FG130,System3!FG130)","v":{"$error":"#VALUE!"}},0,0,0,0,{"$error":"#VALUE!"},{"$error":"#VALUE!"},{"$error":"#VALUE!"},{"$error":"#VALUE!"},{"$error":"#VALUE!"},{"$error":"#VALUE!"},{"$error":"#VALUE!"},{"$error":"#VALUE!"},{"$error":"#VALUE!"},{"$error":"#VALUE!"},{"$error":"#VALUE!"},{"$error":"#VALUE!"},{"$error":"#VALUE!"},{"$error":"#VALUE!"},{"$error":"#VALUE!"},{"$error":"#VALUE!"},{"$error":"#VALUE!"},{"$error":"#VALUE!"},{"$error":"#VALUE!"},{"$error":"#VALUE!"},{"$f":"$GG$31*WaterFittings!BO105","v":{"$error":"#VALUE!"}},{"$f":"$GH$31*WaterFittings!BP105","v":{"$error":"#VALUE!"}},{"$f":"$GI$31*WaterFittings!BQ105","v":0},{"$f":"GJ$31*AirCond!BD104","v":{"$error":"#VALUE!"}},{"$f":"GK$31*AirCond!BE104","v":{"$error":"#VALUE!"}},{"$f":"GL$31*AirCond!BF104","v":{"$error":"#VALUE!"}},{"$f":"GM$31*AirCond!BG104","v":{"$error":"#VALUE!"}},{"$f":"GN$31*WaterFittings!BS105","v":0},{"$f":"GO$31*WaterFittings!BT105","v":0},{"$f":"GP$31*WaterFittings!BU105","v":0}]
[null,null,{"$f":"C130+1","v":100},7.5,0,{"$error":"#VALUE!"},{"$error":"#VALUE!"},{"$error":"#VALUE!"},{"$error":"#VALUE!"},{"$error":"#VALUE!"},{"$error":"#VALUE!"},{"$error":"#VALUE!"},{"$error":"#VALUE!"},{"$error":"#VALUE!"},{"$error":"#VALUE!"},null,{"$error":"#VALUE!"},{"$error":"#VALUE!"},{"$error":"#VALUE!"},{"$error":"#VALUE!"},{"$error":"#VALUE!"},null,{"$error":"#VALUE!"},{"$error":"#VALUE!"},{"$error":"#VALUE!"},{"$error":"#VALUE!"},{"$error":"#VALUE!"},null,16,{"$f":"SUM(SUMPRODUCT(AF$20:AJ$20,Q131:U131),SUMPRODUCT(AF$20:AJ$20,System2!Q131:U131),SUMPRODUCT(AF$20:AJ$20,System3!Q131:U131))","v":{"$error":"#VALUE!"}},{"$f":"SUM(SUMPRODUCT(AF$21:AJ$21,W131:AA131),SUMPRODUCT(AF$21:AJ$21,System2!W131:AA131),SUMPRODUCT(AF$21:AJ$21,System3!W131:AA131))","v":{"$error":"#VALUE!"}},{"$f":"WaterFittings!BN106","v":{"$error":"#VALUE!"}},{"$error":"#VALUE!"},{"$error":"#VALUE!"},{"$f":"MIN(AirCond!BL105,P$21)","v":0},{"$error":"#VALUE!"},{"$f":"MIN(ROUNDDOWN(AJ131-FH131,0),ROUNDDOWN(P$21*0.3,0),ROUNDDOWN(SUM(SUMPRODUCT(I$4:I$15,L$4:L$15),SUMPRODUCT(System2!I$4:I$15,System2!L$4:L$15),SUMPRODUCT(System3!I$4:I$15,System3!L$4:L$15))*0.3,0))","v":{"$error":"#VALUE!"}},0,{"$error":"#VALUE!"},{"$error":"#VALUE!"},{"$error":"#VALUE!"},0,{"$error":"#VALUE!"},{"$error":"#VALUE!"},{"$error":"#VALUE!"},0,null,null,null,0,0,0,0,null,{"$error":"#VALUE!"},{"$error":"#VALUE!"},{"$error":"#VALUE!"},{"$error":"#VALUE!"},{"$error":"#VALUE!"},{"$error":"#VALUE!"},{"$error":"#VALUE!"},{"$error":"#VALUE!"},{"$error":"#VALUE!"},0,{"$error":"#VALUE!"},{"$error":"#VALUE!"},{"$error":"#VALUE!"},{"$error":"#VALUE!"},{"$error":"#VALUE!"},{"$error":"#VALUE!"},{"$error":"#VALUE!"},{"$error":"#VALUE!"},{"$error":"#VALUE!"},{"$error":"#VALUE!"},{"$error":"#VALUE!"},{"$error":"#VALUE!"},{"$error":"#VALUE!"},{"$error":"#VALUE!"},{"$error":"#VALUE!"},{"$error":"#VALUE!"},{"$error":"#VALUE!"},{"$error":"#VALUE!"},{"$error":"#VALUE!"},{"$error":"#VALUE!"},{"$error":"#VALUE!"},{"$error":"#VALUE!"},{"$error":"#VALUE!"},{"$error":"#VALUE!"},{"$error":"#VALUE!"},{"$error":"#VALUE!"},{"$error":"#VALUE!"},{"$error":"#VALUE!"},{"$error":"#VALUE!"},{"$error":"#VALUE!"},{"$error":"#VALUE!"},{"$f":"SUM(CQ131,System2!CQ131,System3!CQ131)","v":{"$error":"#VALUE!"}},{"$error":"#VALUE!"},{"$error":"#VALUE!"},{"$error":"#VALUE!"},{"$error":"#VALUE!"},{"$error":"#VALUE!"},{"$error":"#VALUE!"},{"$error":"#VALUE!"},{"$error":"#VALUE!"},{"$error":"#VALUE!"},{"$error":"#VALUE!"},{"$error":"#VALUE!"},{"$error":"#VALUE!"},{"$error":"#VALUE!"},{"$error":"#VALUE!"},{"$error":"#VALUE!"},{"$error":"#VALUE!"},{"$error":"#VALUE!"},{"$error":"#VALUE!"},{"$error":"#VALUE!"},{"$error":"#VALUE!"},{"$error":"#VALUE!"},{"$error":"#VALUE!"},{"$error":"#VALUE!"},{"$error":"#VALUE!"},{"$error":"#VALUE!"},{"$error":"#VALUE!"},{"$f":"SUM(DR131,System2!DR131,System3!DR131)","v":{"$error":"#VALUE!"}},{"$f":"DT$47","v":{"$error":"#VALUE!"}},{"$f":"DU$47","v":{"$error":"#VALUE!"}},{"$f":"DV$47","v":0},{"$f":"DW$47","v":{"$error":"#VALUE!"}},{"$error":"#VALUE!"},{"$error":"#VALUE!"},{"$error":"#VALUE!"},0,0,0,0,0,{"$error":"#VALUE!"},{"$f":"SUM(EF131,System2!EF131,System3!EF131)","v":{"$error":"#VALUE!"}},{"$error":"#VALUE!"},{"$error":"#VALUE!"},{"$error":"#VALUE!"},{"$error":"#VALUE!"},{"$error":"#VALUE!"},{"$error":"#VALUE!"},{"$error":"#VALUE!"},{"$error":"#VALUE!"},{"$error":"#VALUE!"},{"$error":"#VALUE!"},{"$error":"#VALUE!"},{"$error":"#VALUE!"},{"$error":"#VALUE!"},{"$error":"#VALUE!"},{"$error":"#VALUE!"},{"$error":"#VALUE!"},{"$error":"#VALUE!"},{"$error":"#VALUE!"},{"$error":"#VALUE!"},{"$error":"#VALUE!"},{"$error":"#VALUE!"},{"$error":"#VALUE!"},{"$error":"#VALUE!"},{"$error":"#VALUE!"},{"$error":"#VALUE!"},{"$error":"#VALUE!"},{"$f":"SUM(FG131,System2!FG131,System3!FG131)","v":{"$error":"#VALUE!"}},0,0,0,0,{"$error":"#VALUE!"},{"$error":"#VALUE!"},{"$error":"#VALUE!"},{"$error":"#VALUE!"},{"$error":"#VALUE!"},{"$error":"#VALUE!"},{"$error":"#VALUE!"},{"$error":"#VALUE!"},{"$error":"#VALUE!"},{"$error":"#VALUE!"},{"$error":"#VALUE!"},{"$error":"#VALUE!"},{"$error":"#VALUE!"},{"$error":"#VALUE!"},{"$error":"#VALUE!"},{"$error":"#VALUE!"},{"$error":"#VALUE!"},{"$error":"#VALUE!"},{"$error":"#VALUE!"},{"$error":"#VALUE!"},{"$f":"$GG$31*WaterFittings!BO106","v":{"$error":"#VALUE!"}},{"$f":"$GH$31*WaterFittings!BP106","v":{"$error":"#VALUE!"}},{"$f":"$GI$31*WaterFittings!BQ106","v":0},{"$f":"GJ$31*AirCond!BD105","v":{"$error":"#VALUE!"}},{"$f":"GK$31*AirCond!BE105","v":{"$error":"#VALUE!"}},{"$f":"GL$31*AirCond!BF105","v":{"$error":"#VALUE!"}},{"$f":"GM$31*AirCond!BG105","v":{"$error":"#VALUE!"}},{"$f":"GN$31*WaterFittings!BS106","v":0},{"$f":"GO$31*WaterFittings!BT106","v":0},{"$f":"GP$31*WaterFittings!BU106","v":0}]
[null,null,101,0,0,{"$error":"#VALUE!"},{"$error":"#VALUE!"},{"$error":"#VALUE!"},{"$error":"#VALUE!"},{"$error":"#VALUE!"},{"$error":"#VALUE!"},{"$error":"#VALUE!"},{"$error":"#VALUE!"},{"$error":"#VALUE!"},{"$error":"#VALUE!"},null,{"$error":"#VALUE!"},{"$error":"#VALUE!"},{"$error":"#VALUE!"},{"$error":"#VALUE!"},{"$error":"#VALUE!"},null,{"$error":"#VALUE!"},{"$error":"#VALUE!"},{"$error":"#VALUE!"},{"$error":"#VALUE!"},{"$error":"#VALUE!"},null,17,{"$f":"SUM(SUMPRODUCT(AF$20:AJ$20,Q132:U132),SUMPRODUCT(AF$20:AJ$20,System2!Q132:U132),SUMPRODUCT(AF$20:AJ$20,System3!Q132:U132))","v":{"$error":"#VALUE!"}},{"$f":"SUM(SUMPRODUCT(AF$21:AJ$21,W132:AA132),SUMPRODUCT(AF$21:AJ$21,System2!W132:AA132),SUMPRODUCT(AF$21:AJ$21,System3!W132:AA132))","v":{"$error":"#VALUE!"}},{"$f":"WaterFittings!BN107","v":{"$error":"#VALUE!"}},{"$error":"#VALUE!"},{"$error":"#VALUE!"},{"$f":"MIN(AirCond!BL106,P$21)","v":0},{"$error":"#VALUE!"},{"$f":"MIN(ROUNDDOWN(AJ132-FH132,0),ROUNDDOWN(P$21*0.3,0),ROUNDDOWN(SUM(SUMPRODUCT(I$4:I$15,L$4:L$15),SUMPRODUCT(System2!I$4:I$15,System2!L$4:L$15),SUMPRODUCT(System3!I$4:I$15,System3!L$4:L$15))*0.3,0))","v":{"$error":"#VALUE!"}},0,{"$error":"#VALUE!"},{"$error":"#VALUE!"},{"$error":"#VALUE!"},0,{"$error":"#VALUE!"},{"$error":"#VALUE!"},{"$error":"#VALUE!"},0,null,null,null,0,0,0,0,null,{"$error":"#VALUE!"},{"$error":"#VALUE!"},{"$error":"#VALUE!"},{"$error":"#VALUE!"},{"$error":"#VALUE!"},{"$error":"#VALUE!"},{"$error":"#VALUE!"},{"$error":"#VALUE!"},{"$error":"#VALUE!"},0,{"$error":"#VALUE!"},{"$error":"#VALUE!"},{"$error":"#VALUE!"},{"$error":"#VALUE!"},{"$error":"#VALUE!"},{"$error":"#VALUE!"},{"$error":"#VALUE!"},{"$error":"#VALUE!"},{"$error":"#VALUE!"},{"$error":"#VALUE!"},{"$error":"#VALUE!"},{"$error":"#VALUE!"},{"$error":"#VALUE!"},{"$error":"#VALUE!"},{"$error":"#VALUE!"},{"$error":"#VALUE!"},{"$error":"#VALUE!"},{"$error":"#VALUE!"},{"$error":"#VALUE!"},{"$error":"#VALUE!"},{"$error":"#VALUE!"},{"$error":"#VALUE!"},{"$error":"#VALUE!"},{"$error":"#VALUE!"},{"$error":"#VALUE!"},{"$error":"#VALUE!"},{"$error":"#VALUE!"},{"$error":"#VALUE!"},{"$error":"#VALUE!"},{"$error":"#VALUE!"},{"$error":"#VALUE!"},{"$f":"SUM(CQ132,System2!CQ132,System3!CQ132)","v":{"$error":"#VALUE!"}},{"$error":"#VALUE!"},{"$error":"#VALUE!"},{"$error":"#VALUE!"},{"$error":"#VALUE!"},{"$error":"#VALUE!"},{"$error":"#VALUE!"},{"$error":"#VALUE!"},{"$error":"#VALUE!"},{"$error":"#VALUE!"},{"$error":"#VALUE!"},{"$error":"#VALUE!"},{"$error":"#VALUE!"},{"$error":"#VALUE!"},{"$error":"#VALUE!"},{"$error":"#VALUE!"},{"$error":"#VALUE!"},{"$error":"#VALUE!"},{"$error":"#VALUE!"},{"$error":"#VALUE!"},{"$error":"#VALUE!"},{"$error":"#VALUE!"},{"$error":"#VALUE!"},{"$error":"#VALUE!"},{"$error":"#VALUE!"},{"$error":"#VALUE!"},{"$error":"#VALUE!"},{"$f":"SUM(DR132,System2!DR132,System3!DR132)","v":{"$error":"#VALUE!"}},{"$f":"DT$48","v":{"$error":"#VALUE!"}},{"$f":"DU$48","v":{"$error":"#VALUE!"}},{"$f":"DV$48","v":0},{"$f":"DW$48","v":{"$error":"#VALUE!"}},{"$error":"#VALUE!"},{"$error":"#VALUE!"},{"$error":"#VALUE!"},0,0,0,0,0,{"$error":"#VALUE!"},{"$f":"SUM(EF132,System2!EF132,System3!EF132)","v":{"$error":"#VALUE!"}},{"$error":"#VALUE!"},{"$error":"#VALUE!"},{"$error":"#VALUE!"},{"$error":"#VALUE!"},{"$error":"#VALUE!"},{"$error":"#VALUE!"},{"$error":"#VALUE!"},{"$error":"#VALUE!"},{"$error":"#VALUE!"},{"$error":"#VALUE!"},{"$error":"#VALUE!"},{"$error":"#VALUE!"},{"$error":"#VALUE!"},{"$error":"#VALUE!"},{"$error":"#VALUE!"},{"$error":"#VALUE!"},{"$error":"#VALUE!"},{"$error":"#VALUE!"},{"$error":"#VALUE!"},{"$error":"#VALUE!"},{"$error":"#VALUE!"},{"$error":"#VALUE!"},{"$error":"#VALUE!"},{"$error":"#VALUE!"},{"$error":"#VALUE!"},{"$error":"#VALUE!"},{"$f":"SUM(FG132,System2!FG132,System3!FG132)","v":{"$error":"#VALUE!"}},0,0,0,0,{"$error":"#VALUE!"},{"$error":"#VALUE!"},{"$error":"#VALUE!"},{"$error":"#VALUE!"},{"$error":"#VALUE!"},{"$error":"#VALUE!"},{"$error":"#VALUE!"},{"$error":"#VALUE!"},{"$error":"#VALUE!"},{"$error":"#VALUE!"},{"$error":"#VALUE!"},{"$error":"#VALUE!"},{"$error":"#VALUE!"},{"$error":"#VALUE!"},{"$error":"#VALUE!"},{"$error":"#VALUE!"},{"$error":"#VALUE!"},{"$error":"#VALUE!"},{"$error":"#VALUE!"},{"$error":"#VALUE!"},{"$f":"$GG$31*WaterFittings!BO107","v":{"$error":"#VALUE!"}},{"$f":"$GH$31*WaterFittings!BP107","v":{"$error":"#VALUE!"}},{"$f":"$GI$31*WaterFittings!BQ107","v":0},{"$f":"GJ$31*AirCond!BD106","v":{"$error":"#VALUE!"}},{"$f":"GK$31*AirCond!BE106","v":{"$error":"#VALUE!"}},{"$f":"GL$31*AirCond!BF106","v":{"$error":"#VALUE!"}},{"$f":"GM$31*AirCond!BG106","v":{"$error":"#VALUE!"}},{"$f":"GN$31*WaterFittings!BS107","v":0},{"$f":"GO$31*WaterFittings!BT107","v":0},{"$f":"GP$31*WaterFittings!BU107","v":0}]
[null,null,102,0,0,{"$error":"#VALUE!"},{"$error":"#VALUE!"},{"$error":"#VALUE!"},{"$error":"#VALUE!"},{"$error":"#VALUE!"},{"$error":"#VALUE!"},{"$error":"#VALUE!"},{"$error":"#VALUE!"},{"$error":"#VALUE!"},{"$error":"#VALUE!"},null,{"$error":"#VALUE!"},{"$error":"#VALUE!"},{"$error":"#VALUE!"},{"$error":"#VALUE!"},{"$error":"#VALUE!"},null,{"$error":"#VALUE!"},{"$error":"#VALUE!"},{"$error":"#VALUE!"},{"$error":"#VALUE!"},{"$error":"#VALUE!"},null,18,{"$f":"SUM(SUMPRODUCT(AF$20:AJ$20,Q133:U133),SUMPRODUCT(AF$20:AJ$20,System2!Q133:U133),SUMPRODUCT(AF$20:AJ$20,System3!Q133:U133))","v":{"$error":"#VALUE!"}},{"$f":"SUM(SUMPRODUCT(AF$21:AJ$21,W133:AA133),SUMPRODUCT(AF$21:AJ$21,System2!W133:AA133),SUMPRODUCT(AF$21:AJ$21,System3!W133:AA133))","v":{"$error":"#VALUE!"}},{"$f":"WaterFittings!BN108","v":{"$error":"#VALUE!"}},{"$error":"#VALUE!"},{"$error":"#VALUE!"},{"$f":"MIN(AirCond!BL107,P$21)","v":0},{"$error":"#VALUE!"},{"$f":"MIN(ROUNDDOWN(AJ133-FH133,0),ROUNDDOWN(P$21*0.3,0),ROUNDDOWN(SUM(SUMPRODUCT(I$4:I$15,L$4:L$15),SUMPRODUCT(System2!I$4:I$15,System2!L$4:L$15),SUMPRODUCT(System3!I$4:I$15,System3!L$4:L$15))*0.3,0))","v":{"$error":"#VALUE!"}},0,{"$error":"#VALUE!"},{"$error":"#VALUE!"},{"$error":"#VALUE!"},0,{"$error":"#VALUE!"},{"$error":"#VALUE!"},{"$error":"#VALUE!"},0,null,null,null,0,0,0,0,null,{"$error":"#VALUE!"},{"$error":"#VALUE!"},{"$error":"#VALUE!"},{"$error":"#VALUE!"},{"$error":"#VALUE!"},{"$error":"#VALUE!"},{"$error":"#VALUE!"},{"$error":"#VALUE!"},{"$error":"#VALUE!"},0,{"$error":"#VALUE!"},{"$error":"#VALUE!"},{"$error":"#VALUE!"},{"$error":"#VALUE!"},{"$error":"#VALUE!"},{"$error":"#VALUE!"},{"$error":"#VALUE!"},{"$error":"#VALUE!"},{"$error":"#VALUE!"},{"$error":"#VALUE!"},{"$error":"#VALUE!"},{"$error":"#VALUE!"},{"$error":"#VALUE!"},{"$error":"#VALUE!"},{"$error":"#VALUE!"},{"$error":"#VALUE!"},{"$error":"#VALUE!"},{"$error":"#VALUE!"},{"$error":"#VALUE!"},{"$error":"#VALUE!"},{"$error":"#VALUE!"},{"$error":"#VALUE!"},{"$error":"#VALUE!"},{"$error":"#VALUE!"},{"$error":"#VALUE!"},{"$error":"#VALUE!"},{"$error":"#VALUE!"},{"$error":"#VALUE!"},{"$error":"#VALUE!"},{"$error":"#VALUE!"},{"$error":"#VALUE!"},{"$f":"SUM(CQ133,System2!CQ133,System3!CQ133)","v":{"$error":"#VALUE!"}},{"$error":"#VALUE!"},{"$error":"#VALUE!"},{"$error":"#VALUE!"},{"$error":"#VALUE!"},{"$error":"#VALUE!"},{"$error":"#VALUE!"},{"$error":"#VALUE!"},{"$error":"#VALUE!"},{"$error":"#VALUE!"},{"$error":"#VALUE!"},{"$error":"#VALUE!"},{"$error":"#VALUE!"},{"$error":"#VALUE!"},{"$error":"#VALUE!"},{"$error":"#VALUE!"},{"$error":"#VALUE!"},{"$error":"#VALUE!"},{"$error":"#VALUE!"},{"$error":"#VALUE!"},{"$error":"#VALUE!"},{"$error":"#VALUE!"},{"$error":"#VALUE!"},{"$error":"#VALUE!"},{"$error":"#VALUE!"},{"$error":"#VALUE!"},{"$error":"#VALUE!"},{"$f":"SUM(DR133,System2!DR133,System3!DR133)","v":{"$error":"#VALUE!"}},{"$f":"DT$49","v":{"$error":"#VALUE!"}},{"$f":"DU$49","v":{"$error":"#VALUE!"}},{"$f":"DV$49","v":0},{"$f":"DW$49","v":{"$error":"#VALUE!"}},{"$error":"#VALUE!"},{"$error":"#VALUE!"},{"$error":"#VALUE!"},0,0,0,0,0,{"$error":"#VALUE!"},{"$f":"SUM(EF133,System2!EF133,System3!EF133)","v":{"$error":"#VALUE!"}},{"$error":"#VALUE!"},{"$error":"#VALUE!"},{"$error":"#VALUE!"},{"$error":"#VALUE!"},{"$error":"#VALUE!"},{"$error":"#VALUE!"},{"$error":"#VALUE!"},{"$error":"#VALUE!"},{"$error":"#VALUE!"},{"$error":"#VALUE!"},{"$error":"#VALUE!"},{"$error":"#VALUE!"},{"$error":"#VALUE!"},{"$error":"#VALUE!"},{"$error":"#VALUE!"},{"$error":"#VALUE!"},{"$error":"#VALUE!"},{"$error":"#VALUE!"},{"$error":"#VALUE!"},{"$error":"#VALUE!"},{"$error":"#VALUE!"},{"$error":"#VALUE!"},{"$error":"#VALUE!"},{"$error":"#VALUE!"},{"$error":"#VALUE!"},{"$error":"#VALUE!"},{"$f":"SUM(FG133,System2!FG133,System3!FG133)","v":{"$error":"#VALUE!"}},0,0,0,0,{"$error":"#VALUE!"},{"$error":"#VALUE!"},{"$error":"#VALUE!"},{"$error":"#VALUE!"},{"$error":"#VALUE!"},{"$error":"#VALUE!"},{"$error":"#VALUE!"},{"$error":"#VALUE!"},{"$error":"#VALUE!"},{"$error":"#VALUE!"},{"$error":"#VALUE!"},{"$error":"#VALUE!"},{"$error":"#VALUE!"},{"$error":"#VALUE!"},{"$error":"#VALUE!"},{"$error":"#VALUE!"},{"$error":"#VALUE!"},{"$error":"#VALUE!"},{"$error":"#VALUE!"},{"$error":"#VALUE!"},{"$f":"$GG$31*WaterFittings!BO108","v":{"$error":"#VALUE!"}},{"$f":"$GH$31*WaterFittings!BP108","v":{"$error":"#VALUE!"}},{"$f":"$GI$31*WaterFittings!BQ108","v":0},{"$f":"GJ$31*AirCond!BD107","v":{"$error":"#VALUE!"}},{"$f":"GK$31*AirCond!BE107","v":{"$error":"#VALUE!"}},{"$f":"GL$31*AirCond!BF107","v":{"$error":"#VALUE!"}},{"$f":"GM$31*AirCond!BG107","v":{"$error":"#VALUE!"}},{"$f":"GN$31*WaterFittings!BS108","v":0},{"$f":"GO$31*WaterFittings!BT108","v":0},{"$f":"GP$31*WaterFittings!BU108","v":0}]
[null,null,103,31.5,0,{"$error":"#VALUE!"},{"$error":"#VALUE!"},{"$error":"#VALUE!"},{"$error":"#VALUE!"},{"$error":"#VALUE!"},{"$error":"#VALUE!"},{"$error":"#VALUE!"},{"$error":"#VALUE!"},{"$error":"#VALUE!"},{"$error":"#VALUE!"},null,{"$error":"#VALUE!"},{"$error":"#VALUE!"},{"$error":"#VALUE!"},{"$error":"#VALUE!"},{"$error":"#VALUE!"},null,{"$error":"#VALUE!"},{"$error":"#VALUE!"},{"$error":"#VALUE!"},{"$error":"#VALUE!"},{"$error":"#VALUE!"},null,19,{"$f":"SUM(SUMPRODUCT(AF$20:AJ$20,Q134:U134),SUMPRODUCT(AF$20:AJ$20,System2!Q134:U134),SUMPRODUCT(AF$20:AJ$20,System3!Q134:U134))","v":{"$error":"#VALUE!"}},{"$f":"SUM(SUMPRODUCT(AF$21:AJ$21,W134:AA134),SUMPRODUCT(AF$21:AJ$21,System2!W134:AA134),SUMPRODUCT(AF$21:AJ$21,System3!W134:AA134))","v":{"$error":"#VALUE!"}},{"$f":"WaterFittings!BN109","v":{"$error":"#VALUE!"}},{"$error":"#VALUE!"},{"$error":"#VALUE!"},{"$f":"MIN(AirCond!BL108,P$21)","v":0},{"$error":"#VALUE!"},{"$f":"MIN(ROUNDDOWN(AJ134-FH134,0),ROUNDDOWN(P$21*0.3,0),ROUNDDOWN(SUM(SUMPRODUCT(I$4:I$15,L$4:L$15),SUMPRODUCT(System2!I$4:I$15,System2!L$4:L$15),SUMPRODUCT(System3!I$4:I$15,System3!L$4:L$15))*0.3,0))","v":{"$error":"#VALUE!"}},0,{"$error":"#VALUE!"},{"$error":"#VALUE!"},{"$error":"#VALUE!"},0,{"$error":"#VALUE!"},{"$error":"#VALUE!"},{"$error":"#VALUE!"},0,null,null,null,0,0,0,0,null,{"$error":"#VALUE!"},{"$error":"#VALUE!"},{"$error":"#VALUE!"},{"$error":"#VALUE!"},{"$error":"#VALUE!"},{"$error":"#VALUE!"},{"$error":"#VALUE!"},{"$error":"#VALUE!"},{"$error":"#VALUE!"},0,{"$error":"#VALUE!"},{"$error":"#VALUE!"},{"$error":"#VALUE!"},{"$error":"#VALUE!"},{"$error":"#VALUE!"},{"$error":"#VALUE!"},{"$error":"#VALUE!"},{"$error":"#VALUE!"},{"$error":"#VALUE!"},{"$error":"#VALUE!"},{"$error":"#VALUE!"},{"$error":"#VALUE!"},{"$error":"#VALUE!"},{"$error":"#VALUE!"},{"$error":"#VALUE!"},{"$error":"#VALUE!"},{"$error":"#VALUE!"},{"$error":"#VALUE!"},{"$error":"#VALUE!"},{"$error":"#VALUE!"},{"$error":"#VALUE!"},{"$error":"#VALUE!"},{"$error":"#VALUE!"},{"$error":"#VALUE!"},{"$error":"#VALUE!"},{"$error":"#VALUE!"},{"$error":"#VALUE!"},{"$error":"#VALUE!"},{"$error":"#VALUE!"},{"$error":"#VALUE!"},{"$error":"#VALUE!"},{"$f":"SUM(CQ134,System2!CQ134,System3!CQ134)","v":{"$error":"#VALUE!"}},{"$error":"#VALUE!"},{"$error":"#VALUE!"},{"$error":"#VALUE!"},{"$error":"#VALUE!"},{"$error":"#VALUE!"},{"$error":"#VALUE!"},{"$error":"#VALUE!"},{"$error":"#VALUE!"},{"$error":"#VALUE!"},{"$error":"#VALUE!"},{"$error":"#VALUE!"},{"$error":"#VALUE!"},{"$error":"#VALUE!"},{"$error":"#VALUE!"},{"$error":"#VALUE!"},{"$error":"#VALUE!"},{"$error":"#VALUE!"},{"$error":"#VALUE!"},{"$error":"#VALUE!"},{"$error":"#VALUE!"},{"$error":"#VALUE!"},{"$error":"#VALUE!"},{"$error":"#VALUE!"},{"$error":"#VALUE!"},{"$error":"#VALUE!"},{"$error":"#VALUE!"},{"$f":"SUM(DR134,System2!DR134,System3!DR134)","v":{"$error":"#VALUE!"}},{"$f":"DT$50","v":{"$error":"#VALUE!"}},{"$f":"DU$50","v":{"$error":"#VALUE!"}},{"$f":"DV$50","v":0},{"$f":"DW$50","v":{"$error":"#VALUE!"}},{"$error":"#VALUE!"},{"$error":"#VALUE!"},{"$error":"#VALUE!"},0,0,0,0,0,{"$error":"#VALUE!"},{"$f":"SUM(EF134,System2!EF134,System3!EF134)","v":{"$error":"#VALUE!"}},{"$error":"#VALUE!"},{"$error":"#VALUE!"},{"$error":"#VALUE!"},{"$error":"#VALUE!"},{"$error":"#VALUE!"},{"$error":"#VALUE!"},{"$error":"#VALUE!"},{"$error":"#VALUE!"},{"$error":"#VALUE!"},{"$error":"#VALUE!"},{"$error":"#VALUE!"},{"$error":"#VALUE!"},{"$error":"#VALUE!"},{"$error":"#VALUE!"},{"$error":"#VALUE!"},{"$error":"#VALUE!"},{"$error":"#VALUE!"},{"$error":"#VALUE!"},{"$error":"#VALUE!"},{"$error":"#VALUE!"},{"$error":"#VALUE!"},{"$error":"#VALUE!"},{"$error":"#VALUE!"},{"$error":"#VALUE!"},{"$error":"#VALUE!"},{"$error":"#VALUE!"},{"$f":"SUM(FG134,System2!FG134,System3!FG134)","v":{"$error":"#VALUE!"}},0,0,0,0,{"$error":"#VALUE!"},{"$error":"#VALUE!"},{"$error":"#VALUE!"},{"$error":"#VALUE!"},{"$error":"#VALUE!"},{"$error":"#VALUE!"},{"$error":"#VALUE!"},{"$error":"#VALUE!"},{"$error":"#VALUE!"},{"$error":"#VALUE!"},{"$error":"#VALUE!"},{"$error":"#VALUE!"},{"$error":"#VALUE!"},{"$error":"#VALUE!"},{"$error":"#VALUE!"},{"$error":"#VALUE!"},{"$error":"#VALUE!"},{"$error":"#VALUE!"},{"$error":"#VALUE!"},{"$error":"#VALUE!"},{"$f":"$GG$31*WaterFittings!BO109","v":{"$error":"#VALUE!"}},{"$f":"$GH$31*WaterFittings!BP109","v":{"$error":"#VALUE!"}},{"$f":"$GI$31*WaterFittings!BQ109","v":0},{"$f":"GJ$31*AirCond!BD108","v":{"$error":"#VALUE!"}},{"$f":"GK$31*AirCond!BE108","v":{"$error":"#VALUE!"}},{"$f":"GL$31*AirCond!BF108","v":{"$error":"#VALUE!"}},{"$f":"GM$31*AirCond!BG108","v":{"$error":"#VALUE!"}},{"$f":"GN$31*WaterFittings!BS109","v":0},{"$f":"GO$31*WaterFittings!BT109","v":0},{"$f":"GP$31*WaterFittings!BU109","v":0}]
[null,null,104,0,0,{"$error":"#VALUE!"},{"$error":"#VALUE!"},{"$error":"#VALUE!"},{"$error":"#VALUE!"},{"$error":"#VALUE!"},{"$error":"#VALUE!"},{"$error":"#VALUE!"},{"$error":"#VALUE!"},{"$error":"#VALUE!"},{"$error":"#VALUE!"},null,{"$error":"#VALUE!"},{"$error":"#VALUE!"},{"$error":"#VALUE!"},{"$error":"#VALUE!"},{"$error":"#VALUE!"},null,{"$error":"#VALUE!"},{"$error":"#VALUE!"},{"$error":"#VALUE!"},{"$error":"#VALUE!"},{"$error":"#VALUE!"},null,20,{"$f":"SUM(SUMPRODUCT(AF$20:AJ$20,Q135:U135),SUMPRODUCT(AF$20:AJ$20,System2!Q135:U135),SUMPRODUCT(AF$20:AJ$20,System3!Q135:U135))","v":{"$error":"#VALUE!"}},{"$f":"SUM(SUMPRODUCT(AF$21:AJ$21,W135:AA135),SUMPRODUCT(AF$21:AJ$21,System2!W135:AA135),SUMPRODUCT(AF$21:AJ$21,System3!W135:AA135))","v":{"$error":"#VALUE!"}},{"$f":"WaterFittings!BN110","v":{"$error":"#VALUE!"}},{"$error":"#VALUE!"},{"$error":"#VALUE!"},{"$f":"MIN(AirCond!BL109,P$21)","v":0},{"$error":"#VALUE!"},{"$f":"MIN(ROUNDDOWN(AJ135-FH135,0),ROUNDDOWN(P$21*0.3,0),ROUNDDOWN(SUM(SUMPRODUCT(I$4:I$15,L$4:L$15),SUMPRODUCT(System2!I$4:I$15,System2!L$4:L$15),SUMPRODUCT(System3!I$4:I$15,System3!L$4:L$15))*0.3,0))","v":{"$error":"#VALUE!"}},0,{"$error":"#VALUE!"},{"$error":"#VALUE!"},{"$error":"#VALUE!"},0,{"$error":"#VALUE!"},{"$error":"#VALUE!"},{"$error":"#VALUE!"},0,null,null,null,0,0,0,0,null,{"$error":"#VALUE!"},{"$error":"#VALUE!"},{"$error":"#VALUE!"},{"$error":"#VALUE!"},{"$error":"#VALUE!"},{"$error":"#VALUE!"},{"$error":"#VALUE!"},{"$error":"#VALUE!"},{"$error":"#VALUE!"},0,{"$error":"#VALUE!"},{"$error":"#VALUE!"},{"$error":"#VALUE!"},{"$error":"#VALUE!"},{"$error":"#VALUE!"},{"$error":"#VALUE!"},{"$error":"#VALUE!"},{"$error":"#VALUE!"},{"$error":"#VALUE!"},{"$error":"#VALUE!"},{"$error":"#VALUE!"},{"$error":"#VALUE!"},{"$error":"#VALUE!"},{"$error":"#VALUE!"},{"$error":"#VALUE!"},{"$error":"#VALUE!"},{"$error":"#VALUE!"},{"$error":"#VALUE!"},{"$error":"#VALUE!"},{"$error":"#VALUE!"},{"$error":"#VALUE!"},{"$error":"#VALUE!"},{"$error":"#VALUE!"},{"$error":"#VALUE!"},{"$error":"#VALUE!"},{"$error":"#VALUE!"},{"$error":"#VALUE!"},{"$error":"#VALUE!"},{"$error":"#VALUE!"},{"$error":"#VALUE!"},{"$error":"#VALUE!"},{"$f":"SUM(CQ135,System2!CQ135,System3!CQ135)","v":{"$error":"#VALUE!"}},{"$error":"#VALUE!"},{"$error":"#VALUE!"},{"$error":"#VALUE!"},{"$error":"#VALUE!"},{"$error":"#VALUE!"},{"$error":"#VALUE!"},{"$error":"#VALUE!"},{"$error":"#VALUE!"},{"$error":"#VALUE!"},{"$error":"#VALUE!"},{"$error":"#VALUE!"},{"$error":"#VALUE!"},{"$error":"#VALUE!"},{"$error":"#VALUE!"},{"$error":"#VALUE!"},{"$error":"#VALUE!"},{"$error":"#VALUE!"},{"$error":"#VALUE!"},{"$error":"#VALUE!"},{"$error":"#VALUE!"},{"$error":"#VALUE!"},{"$error":"#VALUE!"},{"$error":"#VALUE!"},{"$error":"#VALUE!"},{"$error":"#VALUE!"},{"$error":"#VALUE!"},{"$f":"SUM(DR135,System2!DR135,System3!DR135)","v":{"$error":"#VALUE!"}},{"$f":"DT$51","v":{"$error":"#VALUE!"}},{"$f":"DU$51","v":{"$error":"#VALUE!"}},{"$f":"DV$51","v":0},{"$f":"DW$51","v":{"$error":"#VALUE!"}},{"$error":"#VALUE!"},{"$error":"#VALUE!"},{"$error":"#VALUE!"},0,0,0,0,0,{"$error":"#VALUE!"},{"$f":"SUM(EF135,System2!EF135,System3!EF135)","v":{"$error":"#VALUE!"}},{"$error":"#VALUE!"},{"$error":"#VALUE!"},{"$error":"#VALUE!"},{"$error":"#VALUE!"},{"$error":"#VALUE!"},{"$error":"#VALUE!"},{"$error":"#VALUE!"},{"$error":"#VALUE!"},{"$error":"#VALUE!"},{"$error":"#VALUE!"},{"$error":"#VALUE!"},{"$error":"#VALUE!"},{"$error":"#VALUE!"},{"$error":"#VALUE!"},{"$error":"#VALUE!"},{"$error":"#VALUE!"},{"$error":"#VALUE!"},{"$error":"#VALUE!"},{"$error":"#VALUE!"},{"$error":"#VALUE!"},{"$error":"#VALUE!"},{"$error":"#VALUE!"},{"$error":"#VALUE!"},{"$error":"#VALUE!"},{"$error":"#VALUE!"},{"$error":"#VALUE!"},{"$f":"SUM(FG135,System2!FG135,System3!FG135)","v":{"$error":"#VALUE!"}},0,0,0,0,{"$error":"#VALUE!"},{"$error":"#VALUE!"},{"$error":"#VALUE!"},{"$error":"#VALUE!"},{"$error":"#VALUE!"},{"$error":"#VALUE!"},{"$error":"#VALUE!"},{"$error":"#VALUE!"},{"$error":"#VALUE!"},{"$error":"#VALUE!"},{"$error":"#VALUE!"},{"$error":"#VALUE!"},{"$error":"#VALUE!"},{"$error":"#VALUE!"},{"$error":"#VALUE!"},{"$error":"#VALUE!"},{"$error":"#VALUE!"},{"$error":"#VALUE!"},{"$error":"#VALUE!"},{"$error":"#VALUE!"},{"$f":"$GG$31*WaterFittings!BO110","v":{"$error":"#VALUE!"}},{"$f":"$GH$31*WaterFittings!BP110","v":{"$error":"#VALUE!"}},{"$f":"$GI$31*WaterFittings!BQ110","v":0},{"$f":"GJ$31*AirCond!BD109","v":{"$error":"#VALUE!"}},{"$f":"GK$31*AirCond!BE109","v":{"$error":"#VALUE!"}},{"$f":"GL$31*AirCond!BF109","v":{"$error":"#VALUE!"}},{"$f":"GM$31*AirCond!BG109","v":{"$error":"#VALUE!"}},{"$f":"GN$31*WaterFittings!BS110","v":0},{"$f":"GO$31*WaterFittings!BT110","v":0},{"$f":"GP$31*WaterFittings!BU110","v":0}]
[null,null,105,0,0,{"$error":"#VALUE!"},{"$error":"#VALUE!"},{"$error":"#VALUE!"},{"$error":"#VALUE!"},{"$error":"#VALUE!"},{"$error":"#VALUE!"},{"$error":"#VALUE!"},{"$error":"#VALUE!"},{"$error":"#VALUE!"},{"$error":"#VALUE!"},null,{"$error":"#VALUE!"},{"$error":"#VALUE!"},{"$error":"#VALUE!"},{"$error":"#VALUE!"},{"$error":"#VALUE!"},null,{"$error":"#VALUE!"},{"$error":"#VALUE!"},{"$error":"#VALUE!"},{"$error":"#VALUE!"},{"$error":"#VALUE!"},null,21,{"$f":"SUM(SUMPRODUCT(AF$20:AJ$20,Q136:U136),SUMPRODUCT(AF$20:AJ$20,System2!Q136:U136),SUMPRODUCT(AF$20:AJ$20,System3!Q136:U136))","v":{"$error":"#VALUE!"}},{"$f":"SUM(SUMPRODUCT(AF$21:AJ$21,W136:AA136),SUMPRODUCT(AF$21:AJ$21,System2!W136:AA136),SUMPRODUCT(AF$21:AJ$21,System3!W136:AA136))","v":{"$error":"#VALUE!"}},{"$f":"WaterFittings!BN111","v":{"$error":"#VALUE!"}},{"$error":"#VALUE!"},{"$error":"#VALUE!"},{"$f":"MIN(AirCond!BL110,P$21)","v":0},{"$error":"#VALUE!"},{"$f":"MIN(ROUNDDOWN(AJ136-FH136,0),ROUNDDOWN(P$21*0.3,0),ROUNDDOWN(SUM(SUMPRODUCT(I$4:I$15,L$4:L$15),SUMPRODUCT(System2!I$4:I$15,System2!L$4:L$15),SUMPRODUCT(System3!I$4:I$15,System3!L$4:L$15))*0.3,0))","v":{"$error":"#VALUE!"}},0,{"$error":"#VALUE!"},{"$error":"#VALUE!"},{"$error":"#VALUE!"},0,{"$error":"#VALUE!"},{"$error":"#VALUE!"},{"$error":"#VALUE!"},0,null,null,null,0,0,0,0,null,{"$error":"#VALUE!"},{"$error":"#VALUE!"},{"$error":"#VALUE!"},{"$error":"#VALUE!"},{"$error":"#VALUE!"},{"$error":"#VALUE!"},{"$error":"#VALUE!"},{"$error":"#VALUE!"},{"$error":"#VALUE!"},0,{"$error":"#VALUE!"},{"$error":"#VALUE!"},{"$error":"#VALUE!"},{"$error":"#VALUE!"},{"$error":"#VALUE!"},{"$error":"#VALUE!"},{"$error":"#VALUE!"},{"$error":"#VALUE!"},{"$error":"#VALUE!"},{"$error":"#VALUE!"},{"$error":"#VALUE!"},{"$error":"#VALUE!"},{"$error":"#VALUE!"},{"$error":"#VALUE!"},{"$error":"#VALUE!"},{"$error":"#VALUE!"},{"$error":"#VALUE!"},{"$error":"#VALUE!"},{"$error":"#VALUE!"},{"$error":"#VALUE!"},{"$error":"#VALUE!"},{"$error":"#VALUE!"},{"$error":"#VALUE!"},{"$error":"#VALUE!"},{"$error":"#VALUE!"},{"$error":"#VALUE!"},{"$error":"#VALUE!"},{"$error":"#VALUE!"},{"$error":"#VALUE!"},{"$error":"#VALUE!"},{"$error":"#VALUE!"},{"$f":"SUM(CQ136,System2!CQ136,System3!CQ136)","v":{"$error":"#VALUE!"}},{"$error":"#VALUE!"},{"$error":"#VALUE!"},{"$error":"#VALUE!"},{"$error":"#VALUE!"},{"$error":"#VALUE!"},{"$error":"#VALUE!"},{"$error":"#VALUE!"},{"$error":"#VALUE!"},{"$error":"#VALUE!"},{"$error":"#VALUE!"},{"$error":"#VALUE!"},{"$error":"#VALUE!"},{"$error":"#VALUE!"},{"$error":"#VALUE!"},{"$error":"#VALUE!"},{"$error":"#VALUE!"},{"$error":"#VALUE!"},{"$error":"#VALUE!"},{"$error":"#VALUE!"},{"$error":"#VALUE!"},{"$error":"#VALUE!"},{"$error":"#VALUE!"},{"$error":"#VALUE!"},{"$error":"#VALUE!"},{"$error":"#VALUE!"},{"$error":"#VALUE!"},{"$f":"SUM(DR136,System2!DR136,System3!DR136)","v":{"$error":"#VALUE!"}},{"$f":"DT$52","v":{"$error":"#VALUE!"}},{"$f":"DU$52","v":{"$error":"#VALUE!"}},{"$f":"DV$52","v":0},{"$f":"DW$52","v":{"$error":"#VALUE!"}},{"$error":"#VALUE!"},{"$error":"#VALUE!"},{"$error":"#VALUE!"},0,0,0,0,0,{"$error":"#VALUE!"},{"$f":"SUM(EF136,System2!EF136,System3!EF136)","v":{"$error":"#VALUE!"}},{"$error":"#VALUE!"},{"$error":"#VALUE!"},{"$error":"#VALUE!"},{"$error":"#VALUE!"},{"$error":"#VALUE!"},{"$error":"#VALUE!"},{"$error":"#VALUE!"},{"$error":"#VALUE!"},{"$error":"#VALUE!"},{"$error":"#VALUE!"},{"$error":"#VALUE!"},{"$error":"#VALUE!"},{"$error":"#VALUE!"},{"$error":"#VALUE!"},{"$error":"#VALUE!"},{"$error":"#VALUE!"},{"$error":"#VALUE!"},{"$error":"#VALUE!"},{"$error":"#VALUE!"},{"$error":"#VALUE!"},{"$error":"#VALUE!"},{"$error":"#VALUE!"},{"$error":"#VALUE!"},{"$error":"#VALUE!"},{"$error":"#VALUE!"},{"$error":"#VALUE!"},{"$f":"SUM(FG136,System2!FG136,System3!FG136)","v":{"$error":"#VALUE!"}},0,0,0,0,{"$error":"#VALUE!"},{"$error":"#VALUE!"},{"$error":"#VALUE!"},{"$error":"#VALUE!"},{"$error":"#VALUE!"},{"$error":"#VALUE!"},{"$error":"#VALUE!"},{"$error":"#VALUE!"},{"$error":"#VALUE!"},{"$error":"#VALUE!"},{"$error":"#VALUE!"},{"$error":"#VALUE!"},{"$error":"#VALUE!"},{"$error":"#VALUE!"},{"$error":"#VALUE!"},{"$error":"#VALUE!"},{"$error":"#VALUE!"},{"$error":"#VALUE!"},{"$error":"#VALUE!"},{"$error":"#VALUE!"},{"$f":"$GG$31*WaterFittings!BO111","v":{"$error":"#VALUE!"}},{"$f":"$GH$31*WaterFittings!BP111","v":{"$error":"#VALUE!"}},{"$f":"$GI$31*WaterFittings!BQ111","v":0},{"$f":"GJ$31*AirCond!BD110","v":{"$error":"#VALUE!"}},{"$f":"GK$31*AirCond!BE110","v":{"$error":"#VALUE!"}},{"$f":"GL$31*AirCond!BF110","v":{"$error":"#VALUE!"}},{"$f":"GM$31*AirCond!BG110","v":{"$error":"#VALUE!"}},{"$f":"GN$31*WaterFittings!BS111","v":0},{"$f":"GO$31*WaterFittings!BT111","v":0},{"$f":"GP$31*WaterFittings!BU111","v":0}]
[null,null,106,0,0,{"$error":"#VALUE!"},{"$error":"#VALUE!"},{"$error":"#VALUE!"},{"$error":"#VALUE!"},{"$error":"#VALUE!"},{"$error":"#VALUE!"},{"$error":"#VALUE!"},{"$error":"#VALUE!"},{"$error":"#VALUE!"},{"$error":"#VALUE!"},null,{"$error":"#VALUE!"},{"$error":"#VALUE!"},{"$error":"#VALUE!"},{"$error":"#VALUE!"},{"$error":"#VALUE!"},null,{"$error":"#VALUE!"},{"$error":"#VALUE!"},{"$error":"#VALUE!"},{"$error":"#VALUE!"},{"$f":"ROUNDDOWN(FF137,0)","v":{"$error":"#VALUE!"}},null,22,{"$f":"SUM(SUMPRODUCT(AF$20:AJ$20,Q137:U137),SUMPRODUCT(AF$20:AJ$20,System2!Q137:U137),SUMPRODUCT(AF$20:AJ$20,System3!Q137:U137))","v":{"$error":"#VALUE!"}},{"$f":"SUM(SUMPRODUCT(AF$21:AJ$21,W137:AA137),SUMPRODUCT(AF$21:AJ$21,System2!W137:AA137),SUMPRODUCT(AF$21:AJ$21,System3!W137:AA137))","v":{"$error":"#VALUE!"}},{"$f":"WaterFittings!BN112","v":{"$error":"#VALUE!"}},{"$error":"#VALUE!"},{"$error":"#VALUE!"},{"$f":"MIN(AirCond!BL111,P$21)","v":0},{"$error":"#VALUE!"},{"$f":"MIN(ROUNDDOWN(AJ137-FH137,0),ROUNDDOWN(P$21*0.3,0),ROUNDDOWN(SUM(SUMPRODUCT(I$4:I$15,L$4:L$15),SUMPRODUCT(System2!I$4:I$15,System2!L$4:L$15),SUMPRODUCT(System3!I$4:I$15,System3!L$4:L$15))*0.3,0))","v":{"$error":"#VALUE!"}},0,{"$error":"#VALUE!"},{"$error":"#VALUE!"},{"$error":"#VALUE!"},0,{"$error":"#VALUE!"},{"$error":"#VALUE!"},{"$error":"#VALUE!"},0,null,null,null,0,0,0,0,null,{"$error":"#VALUE!"},{"$error":"#VALUE!"},{"$error":"#VALUE!"},{"$error":"#VALUE!"},{"$error":"#VALUE!"},{"$error":"#VALUE!"},{"$error":"#VALUE!"},{"$error":"#VALUE!"},{"$error":"#VALUE!"},0,{"$error":"#VALUE!"},{"$error":"#VALUE!"},{"$error":"#VALUE!"},{"$error":"#VALUE!"},{"$error":"#VALUE!"},{"$error":"#VALUE!"},{"$error":"#VALUE!"},{"$error":"#VALUE!"},{"$error":"#VALUE!"},{"$error":"#VALUE!"},{"$error":"#VALUE!"},{"$error":"#VALUE!"},{"$error":"#VALUE!"},{"$error":"#VALUE!"},{"$error":"#VALUE!"},{"$error":"#VALUE!"},{"$error":"#VALUE!"},{"$error":"#VALUE!"},{"$error":"#VALUE!"},{"$error":"#VALUE!"},{"$error":"#VALUE!"},{"$error":"#VALUE!"},{"$error":"#VALUE!"},{"$error":"#VALUE!"},{"$error":"#VALUE!"},{"$error":"#VALUE!"},{"$error":"#VALUE!"},{"$error":"#VALUE!"},{"$error":"#VALUE!"},{"$error":"#VALUE!"},{"$error":"#VALUE!"},{"$f":"SUM(CQ137,System2!CQ137,System3!CQ137)","v":{"$error":"#VALUE!"}},{"$error":"#VALUE!"},{"$error":"#VALUE!"},{"$error":"#VALUE!"},{"$error":"#VALUE!"},{"$error":"#VALUE!"},{"$error":"#VALUE!"},{"$error":"#VALUE!"},{"$error":"#VALUE!"},{"$error":"#VALUE!"},{"$error":"#VALUE!"},{"$error":"#VALUE!"},{"$error":"#VALUE!"},{"$error":"#VALUE!"},{"$error":"#VALUE!"},{"$error":"#VALUE!"},{"$error":"#VALUE!"},{"$error":"#VALUE!"},{"$error":"#VALUE!"},{"$error":"#VALUE!"},{"$error":"#VALUE!"},{"$error":"#VALUE!"},{"$error":"#VALUE!"},{"$error":"#VALUE!"},{"$error":"#VALUE!"},{"$error":"#VALUE!"},{"$error":"#VALUE!"},{"$f":"SUM(DR137,System2!DR137,System3!DR137)","v":{"$error":"#VALUE!"}},{"$f":"DT$53","v":{"$error":"#VALUE!"}},{"$f":"DU$53","v":{"$error":"#VALUE!"}},{"$f":"DV$53","v":0},{"$f":"DW$53","v":{"$error":"#VALUE!"}},{"$error":"#VALUE!"},{"$error":"#VALUE!"},{"$error":"#VALUE!"},0,0,0,0,0,{"$error":"#VALUE!"},{"$f":"SUM(EF137,System2!EF137,System3!EF137)","v":{"$error":"#VALUE!"}},{"$error":"#VALUE!"},{"$error":"#VALUE!"},{"$error":"#VALUE!"},{"$error":"#VALUE!"},{"$error":"#VALUE!"},{"$error":"#VALUE!"},{"$error":"#VALUE!"},{"$error":"#VALUE!"},{"$error":"#VALUE!"},{"$error":"#VALUE!"},{"$error":"#VALUE!"},{"$error":"#VALUE!"},{"$error":"#VALUE!"},{"$error":"#VALUE!"},{"$error":"#VALUE!"},{"$error":"#VALUE!"},{"$error":"#VALUE!"},{"$error":"#VALUE!"},{"$error":"#VALUE!"},{"$error":"#VALUE!"},{"$error":"#VALUE!"},{"$error":"#VALUE!"},{"$error":"#VALUE!"},{"$error":"#VALUE!"},{"$error":"#VALUE!"},{"$error":"#VALUE!"},{"$f":"SUM(FG137,System2!FG137,System3!FG137)","v":{"$error":"#VALUE!"}},0,0,0,0,{"$error":"#VALUE!"},{"$error":"#VALUE!"},{"$error":"#VALUE!"},{"$error":"#VALUE!"},{"$error":"#VALUE!"},{"$error":"#VALUE!"},{"$error":"#VALUE!"},{"$error":"#VALUE!"},{"$error":"#VALUE!"},{"$error":"#VALUE!"},{"$error":"#VALUE!"},{"$error":"#VALUE!"},{"$error":"#VALUE!"},{"$error":"#VALUE!"},{"$error":"#VALUE!"},{"$error":"#VALUE!"},{"$error":"#VALUE!"},{"$error":"#VALUE!"},{"$error":"#VALUE!"},{"$error":"#VALUE!"},{"$f":"$GG$31*WaterFittings!BO112","v":{"$error":"#VALUE!"}},{"$f":"$GH$31*WaterFittings!BP112","v":{"$error":"#VALUE!"}},{"$f":"$GI$31*WaterFittings!BQ112","v":0},{"$f":"GJ$31*AirCond!BD111","v":{"$error":"#VALUE!"}},{"$f":"GK$31*AirCond!BE111","v":{"$error":"#VALUE!"}},{"$f":"GL$31*AirCond!BF111","v":{"$error":"#VALUE!"}},{"$f":"GM$31*AirCond!BG111","v":{"$error":"#VALUE!"}},{"$f":"GN$31*WaterFittings!BS112","v":0},{"$f":"GO$31*WaterFittings!BT112","v":0},{"$f":"GP$31*WaterFittings!BU112","v":0}]
[null,null,{"$f":"C137+1","v":107},0,0,{"$error":"#VALUE!"},{"$error":"#VALUE!"},{"$error":"#VALUE!"},{"$error":"#VALUE!"},{"$error":"#VALUE!"},{"$error":"#VALUE!"},{"$error":"#VALUE!"},{"$error":"#VALUE!"},{"$error":"#VALUE!"},{"$error":"#VALUE!"},null,{"$error":"#VALUE!"},{"$error":"#VALUE!"},{"$error":"#VALUE!"},{"$error":"#VALUE!"},{"$error":"#VALUE!"},null,{"$error":"#VALUE!"},{"$error":"#VALUE!"},{"$error":"#VALUE!"},{"$error":"#VALUE!"},{"$error":"#VALUE!"},null,23,{"$f":"SUM(SUMPRODUCT(AF$20:AJ$20,Q138:U138),SUMPRODUCT(AF$20:AJ$20,System2!Q138:U138),SUMPRODUCT(AF$20:AJ$20,System3!Q138:U138))","v":{"$error":"#VALUE!"}},{"$f":"SUM(SUMPRODUCT(AF$21:AJ$21,W138:AA138),SUMPRODUCT(AF$21:AJ$21,System2!W138:AA138),SUMPRODUCT(AF$21:AJ$21,System3!W138:AA138))","v":{"$error":"#VALUE!"}},{"$f":"WaterFittings!BN113","v":{"$error":"#VALUE!"}},{"$error":"#VALUE!"},{"$error":"#VALUE!"},{"$f":"MIN(AirCond!BL112,P$21)","v":0},{"$error":"#VALUE!"},{"$f":"MIN(ROUNDDOWN(AJ138-FH138,0),ROUNDDOWN(P$21*0.3,0),ROUNDDOWN(SUM(SUMPRODUCT(I$4:I$15,L$4:L$15),SUMPRODUCT(System2!I$4:I$15,System2!L$4:L$15),SUMPRODUCT(System3!I$4:I$15,System3!L$4:L$15))*0.3,0))","v":{"$error":"#VALUE!"}},0,{"$error":"#VALUE!"},{"$error":"#VALUE!"},{"$error":"#VALUE!"},0,{"$error":"#VALUE!"},{"$error":"#VALUE!"},{"$error":"#VALUE!"},0,null,null,null,0,0,0,0,null,{"$error":"#VALUE!"},{"$error":"#VALUE!"},{"$error":"#VALUE!"},{"$error":"#VALUE!"},{"$error":"#VALUE!"},{"$error":"#VALUE!"},{"$error":"#VALUE!"},{"$error":"#VALUE!"},{"$error":"#VALUE!"},0,{"$error":"#VALUE!"},{"$error":"#VALUE!"},{"$error":"#VALUE!"},{"$error":"#VALUE!"},{"$error":"#VALUE!"},{"$error":"#VALUE!"},{"$error":"#VALUE!"},{"$error":"#VALUE!"},{"$error":"#VALUE!"},{"$error":"#VALUE!"},{"$error":"#VALUE!"},{"$error":"#VALUE!"},{"$error":"#VALUE!"},{"$error":"#VALUE!"},{"$error":"#VALUE!"},{"$error":"#VALUE!"},{"$error":"#VALUE!"},{"$error":"#VALUE!"},{"$error":"#VALUE!"},{"$error":"#VALUE!"},{"$error":"#VALUE!"},{"$error":"#VALUE!"},{"$error":"#VALUE!"},{"$error":"#VALUE!"},{"$error":"#VALUE!"},{"$error":"#VALUE!"},{"$error":"#VALUE!"},{"$error":"#VALUE!"},{"$error":"#VALUE!"},{"$error":"#VALUE!"},{"$error":"#VALUE!"},{"$f":"SUM(CQ138,System2!CQ138,System3!CQ138)","v":{"$error":"#VALUE!"}},{"$error":"#VALUE!"},{"$error":"#VALUE!"},{"$error":"#VALUE!"},{"$error":"#VALUE!"},{"$error":"#VALUE!"},{"$error":"#VALUE!"},{"$error":"#VALUE!"},{"$error":"#VALUE!"},{"$error":"#VALUE!"},{"$error":"#VALUE!"},{"$error":"#VALUE!"},{"$error":"#VALUE!"},{"$error":"#VALUE!"},{"$error":"#VALUE!"},{"$error":"#VALUE!"},{"$error":"#VALUE!"},{"$error":"#VALUE!"},{"$error":"#VALUE!"},{"$error":"#VALUE!"},{"$error":"#VALUE!"},{"$error":"#VALUE!"},{"$error":"#VALUE!"},{"$error":"#VALUE!"},{"$error":"#VALUE!"},{"$error":"#VALUE!"},{"$error":"#VALUE!"},{"$f":"SUM(DR138,System2!DR138,System3!DR138)","v":{"$error":"#VALUE!"}},{"$f":"DT$54","v":{"$error":"#VALUE!"}},{"$f":"DU$54","v":{"$error":"#VALUE!"}},{"$f":"DV$54","v":0},{"$f":"DW$54","v":{"$error":"#VALUE!"}},{"$error":"#VALUE!"},{"$error":"#VALUE!"},{"$error":"#VALUE!"},0,0,0,0,0,{"$error":"#VALUE!"},{"$f":"SUM(EF138,System2!EF138,System3!EF138)","v":{"$error":"#VALUE!"}},{"$error":"#VALUE!"},{"$error":"#VALUE!"},{"$error":"#VALUE!"},{"$error":"#VALUE!"},{"$error":"#VALUE!"},{"$error":"#VALUE!"},{"$error":"#VALUE!"},{"$error":"#VALUE!"},{"$error":"#VALUE!"},{"$error":"#VALUE!"},{"$error":"#VALUE!"},{"$error":"#VALUE!"},{"$error":"#VALUE!"},{"$error":"#VALUE!"},{"$error":"#VALUE!"},{"$error":"#VALUE!"},{"$error":"#VALUE!"},{"$error":"#VALUE!"},{"$error":"#VALUE!"},{"$error":"#VALUE!"},{"$error":"#VALUE!"},{"$error":"#VALUE!"},{"$error":"#VALUE!"},{"$error":"#VALUE!"},{"$error":"#VALUE!"},{"$error":"#VALUE!"},{"$f":"SUM(FG138,System2!FG138,System3!FG138)","v":{"$error":"#VALUE!"}},0,0,0,0,{"$error":"#VALUE!"},{"$error":"#VALUE!"},{"$error":"#VALUE!"},{"$error":"#VALUE!"},{"$error":"#VALUE!"},{"$error":"#VALUE!"},{"$error":"#VALUE!"},{"$error":"#VALUE!"},{"$error":"#VALUE!"},{"$error":"#VALUE!"},{"$error":"#VALUE!"},{"$error":"#VALUE!"},{"$error":"#VALUE!"},{"$error":"#VALUE!"},{"$error":"#VALUE!"},{"$error":"#VALUE!"},{"$error":"#VALUE!"},{"$error":"#VALUE!"},{"$error":"#VALUE!"},{"$error":"#VALUE!"},{"$f":"$GG$31*WaterFittings!BO113","v":{"$error":"#VALUE!"}},{"$f":"$GH$31*WaterFittings!BP113","v":{"$error":"#VALUE!"}},{"$f":"$GI$31*WaterFittings!BQ113","v":0},{"$f":"GJ$31*AirCond!BD112","v":{"$error":"#VALUE!"}},{"$f":"GK$31*AirCond!BE112","v":{"$error":"#VALUE!"}},{"$f":"GL$31*AirCond!BF112","v":{"$error":"#VALUE!"}},{"$f":"GM$31*AirCond!BG112","v":{"$error":"#VALUE!"}},{"$f":"GN$31*WaterFittings!BS113","v":0},{"$f":"GO$31*WaterFittings!BT113","v":0},{"$f":"GP$31*WaterFittings!BU113","v":0}]
[null,null,108,0,0,{"$error":"#VALUE!"},{"$error":"#VALUE!"},{"$error":"#VALUE!"},{"$error":"#VALUE!"},{"$error":"#VALUE!"},{"$error":"#VALUE!"},{"$error":"#VALUE!"},{"$error":"#VALUE!"},{"$error":"#VALUE!"},{"$error":"#VALUE!"},null,{"$error":"#VALUE!"},{"$error":"#VALUE!"},{"$error":"#VALUE!"},{"$error":"#VALUE!"},{"$error":"#VALUE!"},null,{"$error":"#VALUE!"},{"$error":"#VALUE!"},{"$error":"#VALUE!"},{"$error":"#VALUE!"},{"$error":"#VALUE!"},null,24,{"$f":"SUM(SUMPRODUCT(AF$20:AJ$20,Q139:U139),SUMPRODUCT(AF$20:AJ$20,System2!Q139:U139),SUMPRODUCT(AF$20:AJ$20,System3!Q139:U139))","v":{"$error":"#VALUE!"}},{"$f":"SUM(SUMPRODUCT(AF$21:AJ$21,W139:AA139),SUMPRODUCT(AF$21:AJ$21,System2!W139:AA139),SUMPRODUCT(AF$21:AJ$21,System3!W139:AA139))","v":{"$error":"#VALUE!"}},{"$f":"WaterFittings!BN114","v":{"$error":"#VALUE!"}},{"$error":"#VALUE!"},{"$error":"#VALUE!"},{"$f":"MIN(AirCond!BL113,P$21)","v":0},{"$error":"#VALUE!"},{"$f":"MIN(ROUNDDOWN(AJ139-FH139,0),ROUNDDOWN(P$21*0.3,0),ROUNDDOWN(SUM(SUMPRODUCT(I$4:I$15,L$4:L$15),SUMPRODUCT(System2!I$4:I$15,System2!L$4:L$15),SUMPRODUCT(System3!I$4:I$15,System3!L$4:L$15))*0.3,0))","v":{"$error":"#VALUE!"}},0,{"$error":"#VALUE!"},{"$error":"#VALUE!"},{"$error":"#VALUE!"},0,{"$error":"#VALUE!"},{"$error":"#VALUE!"},{"$error":"#VALUE!"},0,null,null,null,0,0,0,0,null,{"$error":"#VALUE!"},{"$error":"#VALUE!"},{"$error":"#VALUE!"},{"$error":"#VALUE!"},{"$error":"#VALUE!"},{"$error":"#VALUE!"},{"$error":"#VALUE!"},{"$error":"#VALUE!"},{"$error":"#VALUE!"},0,{"$error":"#VALUE!"},{"$error":"#VALUE!"},{"$error":"#VALUE!"},{"$error":"#VALUE!"},{"$error":"#VALUE!"},{"$error":"#VALUE!"},{"$error":"#VALUE!"},{"$error":"#VALUE!"},{"$error":"#VALUE!"},{"$error":"#VALUE!"},{"$error":"#VALUE!"},{"$error":"#VALUE!"},{"$error":"#VALUE!"},{"$error":"#VALUE!"},{"$error":"#VALUE!"},{"$error":"#VALUE!"},{"$error":"#VALUE!"},{"$error":"#VALUE!"},{"$error":"#VALUE!"},{"$error":"#VALUE!"},{"$error":"#VALUE!"},{"$error":"#VALUE!"},{"$error":"#VALUE!"},{"$error":"#VALUE!"},{"$error":"#VALUE!"},{"$error":"#VALUE!"},{"$error":"#VALUE!"},{"$error":"#VALUE!"},{"$error":"#VALUE!"},{"$error":"#VALUE!"},{"$error":"#VALUE!"},{"$f":"SUM(CQ139,System2!CQ139,System3!CQ139)","v":{"$error":"#VALUE!"}},{"$error":"#VALUE!"},{"$error":"#VALUE!"},{"$error":"#VALUE!"},{"$error":"#VALUE!"},{"$error":"#VALUE!"},{"$error":"#VALUE!"},{"$error":"#VALUE!"},{"$error":"#VALUE!"},{"$error":"#VALUE!"},{"$error":"#VALUE!"},{"$error":"#VALUE!"},{"$error":"#VALUE!"},{"$error":"#VALUE!"},{"$error":"#VALUE!"},{"$error":"#VALUE!"},{"$error":"#VALUE!"},{"$error":"#VALUE!"},{"$error":"#VALUE!"},{"$error":"#VALUE!"},{"$error":"#VALUE!"},{"$error":"#VALUE!"},{"$error":"#VALUE!"},{"$error":"#VALUE!"},{"$error":"#VALUE!"},{"$error":"#VALUE!"},{"$error":"#VALUE!"},{"$f":"SUM(DR139,System2!DR139,System3!DR139)","v":{"$error":"#VALUE!"}},{"$f":"DT$55","v":{"$error":"#VALUE!"}},{"$f":"DU$55","v":{"$error":"#VALUE!"}},{"$f":"DV$55","v":0},{"$f":"DW$55","v":{"$error":"#VALUE!"}},{"$error":"#VALUE!"},{"$error":"#VALUE!"},{"$error":"#VALUE!"},0,0,0,0,0,{"$error":"#VALUE!"},{"$f":"SUM(EF139,System2!EF139,System3!EF139)","v":{"$error":"#VALUE!"}},{"$error":"#VALUE!"},{"$error":"#VALUE!"},{"$error":"#VALUE!"},{"$error":"#VALUE!"},{"$error":"#VALUE!"},{"$error":"#VALUE!"},{"$error":"#VALUE!"},{"$error":"#VALUE!"},{"$error":"#VALUE!"},{"$error":"#VALUE!"},{"$error":"#VALUE!"},{"$error":"#VALUE!"},{"$error":"#VALUE!"},{"$error":"#VALUE!"},{"$error":"#VALUE!"},{"$error":"#VALUE!"},{"$error":"#VALUE!"},{"$error":"#VALUE!"},{"$error":"#VALUE!"},{"$error":"#VALUE!"},{"$error":"#VALUE!"},{"$error":"#VALUE!"},{"$error":"#VALUE!"},{"$error":"#VALUE!"},{"$error":"#VALUE!"},{"$error":"#VALUE!"},{"$f":"SUM(FG139,System2!FG139,System3!FG139)","v":{"$error":"#VALUE!"}},0,0,0,0,{"$error":"#VALUE!"},{"$error":"#VALUE!"},{"$error":"#VALUE!"},{"$error":"#VALUE!"},{"$error":"#VALUE!"},{"$error":"#VALUE!"},{"$error":"#VALUE!"},{"$error":"#VALUE!"},{"$error":"#VALUE!"},{"$error":"#VALUE!"},{"$error":"#VALUE!"},{"$error":"#VALUE!"},{"$error":"#VALUE!"},{"$error":"#VALUE!"},{"$error":"#VALUE!"},{"$error":"#VALUE!"},{"$error":"#VALUE!"},{"$error":"#VALUE!"},{"$error":"#VALUE!"},{"$error":"#VALUE!"},{"$f":"$GG$31*WaterFittings!BO114","v":{"$error":"#VALUE!"}},{"$f":"$GH$31*WaterFittings!BP114","v":{"$error":"#VALUE!"}},{"$f":"$GI$31*WaterFittings!BQ114","v":0},{"$f":"GJ$31*AirCond!BD113","v":{"$error":"#VALUE!"}},{"$f":"GK$31*AirCond!BE113","v":{"$error":"#VALUE!"}},{"$f":"GL$31*AirCond!BF113","v":{"$error":"#VALUE!"}},{"$f":"GM$31*AirCond!BG113","v":{"$error":"#VALUE!"}},{"$f":"GN$31*WaterFittings!BS114","v":0},{"$f":"GO$31*WaterFittings!BT114","v":0},{"$f":"GP$31*WaterFittings!BU114","v":0}]
[null,null,109,30,0,{"$error":"#VALUE!"},{"$error":"#VALUE!"},{"$error":"#VALUE!"},{"$error":"#VALUE!"},{"$error":"#VALUE!"},{"$error":"#VALUE!"},{"$error":"#VALUE!"},{"$error":"#VALUE!"},{"$error":"#VALUE!"},{"$error":"#VALUE!"},null,{"$error":"#VALUE!"},{"$error":"#VALUE!"},{"$error":"#VALUE!"},{"$error":"#VALUE!"},{"$error":"#VALUE!"},null,{"$error":"#VALUE!"},{"$error":"#VALUE!"},{"$error":"#VALUE!"},{"$error":"#VALUE!"},{"$error":"#VALUE!"},null,25,{"$f":"SUM(SUMPRODUCT(AF$20:AJ$20,Q140:U140),SUMPRODUCT(AF$20:AJ$20,System2!Q140:U140),SUMPRODUCT(AF$20:AJ$20,System3!Q140:U140))","v":{"$error":"#VALUE!"}},{"$f":"SUM(SUMPRODUCT(AF$21:AJ$21,W140:AA140),SUMPRODUCT(AF$21:AJ$21,System2!W140:AA140),SUMPRODUCT(AF$21:AJ$21,System3!W140:AA140))","v":{"$error":"#VALUE!"}},{"$f":"WaterFittings!BN115","v":{"$error":"#VALUE!"}},{"$error":"#VALUE!"},{"$error":"#VALUE!"},{"$f":"MIN(AirCond!BL114,P$21)","v":0},{"$error":"#VALUE!"},{"$f":"MIN(ROUNDDOWN(AJ140-FH140,0),ROUNDDOWN(P$21*0.3,0),ROUNDDOWN(SUM(SUMPRODUCT(I$4:I$15,L$4:L$15),SUMPRODUCT(System2!I$4:I$15,System2!L$4:L$15),SUMPRODUCT(System3!I$4:I$15,System3!L$4:L$15))*0.3,0))","v":{"$error":"#VALUE!"}},0,{"$error":"#VALUE!"},{"$error":"#VALUE!"},{"$error":"#VALUE!"},0,{"$error":"#VALUE!"},{"$error":"#VALUE!"},{"$error":"#VALUE!"},0,null,null,null,0,0,0,0,null,{"$error":"#VALUE!"},{"$error":"#VALUE!"},{"$error":"#VALUE!"},{"$error":"#VALUE!"},{"$error":"#VALUE!"},{"$error":"#VALUE!"},{"$error":"#VALUE!"},{"$error":"#VALUE!"},{"$error":"#VALUE!"},0,{"$error":"#VALUE!"},{"$error":"#VALUE!"},{"$error":"#VALUE!"},{"$error":"#VALUE!"},{"$error":"#VALUE!"},{"$error":"#VALUE!"},{"$error":"#VALUE!"},{"$error":"#VALUE!"},{"$error":"#VALUE!"},{"$error":"#VALUE!"},{"$error":"#VALUE!"},{"$error":"#VALUE!"},{"$error":"#VALUE!"},{"$error":"#VALUE!"},{"$error":"#VALUE!"},{"$error":"#VALUE!"},{"$error":"#VALUE!"},{"$error":"#VALUE!"},{"$error":"#VALUE!"},{"$error":"#VALUE!"},{"$error":"#VALUE!"},{"$error":"#VALUE!"},{"$error":"#VALUE!"},{"$error":"#VALUE!"},{"$error":"#VALUE!"},{"$error":"#VALUE!"},{"$error":"#VALUE!"},{"$error":"#VALUE!"},{"$error":"#VALUE!"},{"$error":"#VALUE!"},{"$error":"#VALUE!"},{"$f":"SUM(CQ140,System2!CQ140,System3!CQ140)","v":{"$error":"#VALUE!"}},{"$error":"#VALUE!"},{"$error":"#VALUE!"},{"$error":"#VALUE!"},{"$error":"#VALUE!"},{"$error":"#VALUE!"},{"$error":"#VALUE!"},{"$error":"#VALUE!"},{"$error":"#VALUE!"},{"$error":"#VALUE!"},{"$error":"#VALUE!"},{"$error":"#VALUE!"},{"$error":"#VALUE!"},{"$error":"#VALUE!"},{"$error":"#VALUE!"},{"$error":"#VALUE!"},{"$error":"#VALUE!"},{"$error":"#VALUE!"},{"$error":"#VALUE!"},{"$error":"#VALUE!"},{"$error":"#VALUE!"},{"$error":"#VALUE!"},{"$error":"#VALUE!"},{"$error":"#VALUE!"},{"$error":"#VALUE!"},{"$error":"#VALUE!"},{"$error":"#VALUE!"},{"$f":"SUM(DR140,System2!DR140,System3!DR140)","v":{"$error":"#VALUE!"}},{"$f":"DT$56","v":{"$error":"#VALUE!"}},{"$f":"DU$56","v":{"$error":"#VALUE!"}},{"$f":"DV$56","v":0},{"$f":"DW$56","v":{"$error":"#VALUE!"}},{"$error":"#VALUE!"},{"$error":"#VALUE!"},{"$error":"#VALUE!"},0,0,0,0,0,{"$error":"#VALUE!"},{"$f":"SUM(EF140,System2!EF140,System3!EF140)","v":{"$error":"#VALUE!"}},{"$error":"#VALUE!"},{"$error":"#VALUE!"},{"$error":"#VALUE!"},{"$error":"#VALUE!"},{"$error":"#VALUE!"},{"$error":"#VALUE!"},{"$error":"#VALUE!"},{"$error":"#VALUE!"},{"$error":"#VALUE!"},{"$error":"#VALUE!"},{"$error":"#VALUE!"},{"$error":"#VALUE!"},{"$error":"#VALUE!"},{"$error":"#VALUE!"},{"$error":"#VALUE!"},{"$error":"#VALUE!"},{"$error":"#VALUE!"},{"$error":"#VALUE!"},{"$error":"#VALUE!"},{"$error":"#VALUE!"},{"$error":"#VALUE!"},{"$error":"#VALUE!"},{"$error":"#VALUE!"},{"$error":"#VALUE!"},{"$error":"#VALUE!"},{"$error":"#VALUE!"},{"$f":"SUM(FG140,System2!FG140,System3!FG140)","v":{"$error":"#VALUE!"}},0,0,0,0,{"$error":"#VALUE!"},{"$error":"#VALUE!"},{"$error":"#VALUE!"},{"$error":"#VALUE!"},{"$error":"#VALUE!"},{"$error":"#VALUE!"},{"$error":"#VALUE!"},{"$error":"#VALUE!"},{"$error":"#VALUE!"},{"$error":"#VALUE!"},{"$error":"#VALUE!"},{"$error":"#VALUE!"},{"$error":"#VALUE!"},{"$error":"#VALUE!"},{"$error":"#VALUE!"},{"$error":"#VALUE!"},{"$error":"#VALUE!"},{"$error":"#VALUE!"},{"$error":"#VALUE!"},{"$error":"#VALUE!"},{"$f":"$GG$31*WaterFittings!BO115","v":{"$error":"#VALUE!"}},{"$f":"$GH$31*WaterFittings!BP115","v":{"$error":"#VALUE!"}},{"$f":"$GI$31*WaterFittings!BQ115","v":0},{"$f":"GJ$31*AirCond!BD114","v":{"$error":"#VALUE!"}},{"$f":"GK$31*AirCond!BE114","v":{"$error":"#VALUE!"}},{"$f":"GL$31*AirCond!BF114","v":{"$error":"#VALUE!"}},{"$f":"GM$31*AirCond!BG114","v":{"$error":"#VALUE!"}},{"$f":"GN$31*WaterFittings!BS115","v":0},{"$f":"GO$31*WaterFittings!BT115","v":0},{"$f":"GP$31*WaterFittings!BU115","v":0}]
[null,null,110,19,0,{"$error":"#VALUE!"},{"$error":"#VALUE!"},{"$error":"#VALUE!"},{"$error":"#VALUE!"},{"$error":"#VALUE!"},{"$error":"#VALUE!"},{"$error":"#VALUE!"},{"$error":"#VALUE!"},{"$error":"#VALUE!"},{"$error":"#VALUE!"},null,{"$error":"#VALUE!"},{"$error":"#VALUE!"},{"$error":"#VALUE!"},{"$error":"#VALUE!"},{"$error":"#VALUE!"},null,{"$error":"#VALUE!"},{"$error":"#VALUE!"},{"$error":"#VALUE!"},{"$error":"#VALUE!"},{"$error":"#VALUE!"},null,26,{"$f":"SUM(SUMPRODUCT(AF$20:AJ$20,Q141:U141),SUMPRODUCT(AF$20:AJ$20,System2!Q141:U141),SUMPRODUCT(AF$20:AJ$20,System3!Q141:U141))","v":{"$error":"#VALUE!"}},{"$f":"SUM(SUMPRODUCT(AF$21:AJ$21,W141:AA141),SUMPRODUCT(AF$21:AJ$21,System2!W141:AA141),SUMPRODUCT(AF$21:AJ$21,System3!W141:AA141))","v":{"$error":"#VALUE!"}},{"$f":"WaterFittings!BN116","v":{"$error":"#VALUE!"}},{"$error":"#VALUE!"},{"$error":"#VALUE!"},{"$f":"MIN(AirCond!BL115,P$21)","v":0},{"$error":"#VALUE!"},{"$f":"MIN(ROUNDDOWN(AJ141-FH141,0),ROUNDDOWN(P$21*0.3,0),ROUNDDOWN(SUM(SUMPRODUCT(I$4:I$15,L$4:L$15),SUMPRODUCT(System2!I$4:I$15,System2!L$4:L$15),SUMPRODUCT(System3!I$4:I$15,System3!L$4:L$15))*0.3,0))","v":{"$error":"#VALUE!"}},0,{"$error":"#VALUE!"},{"$error":"#VALUE!"},{"$error":"#VALUE!"},0,{"$error":"#VALUE!"},{"$error":"#VALUE!"},{"$error":"#VALUE!"},0,null,null,null,0,0,0,0,null,{"$error":"#VALUE!"},{"$error":"#VALUE!"},{"$error":"#VALUE!"},{"$error":"#VALUE!"},{"$error":"#VALUE!"},{"$error":"#VALUE!"},{"$error":"#VALUE!"},{"$error":"#VALUE!"},{"$error":"#VALUE!"},0,{"$error":"#VALUE!"},{"$error":"#VALUE!"},{"$error":"#VALUE!"},{"$error":"#VALUE!"},{"$error":"#VALUE!"},{"$error":"#VALUE!"},{"$error":"#VALUE!"},{"$error":"#VALUE!"},{"$error":"#VALUE!"},{"$error":"#VALUE!"},{"$error":"#VALUE!"},{"$error":"#VALUE!"},{"$error":"#VALUE!"},{"$error":"#VALUE!"},{"$error":"#VALUE!"},{"$error":"#VALUE!"},{"$error":"#VALUE!"},{"$error":"#VALUE!"},{"$error":"#VALUE!"},{"$error":"#VALUE!"},{"$error":"#VALUE!"},{"$error":"#VALUE!"},{"$error":"#VALUE!"},{"$error":"#VALUE!"},{"$error":"#VALUE!"},{"$error":"#VALUE!"},{"$error":"#VALUE!"},{"$error":"#VALUE!"},{"$error":"#VALUE!"},{"$error":"#VALUE!"},{"$error":"#VALUE!"},{"$f":"SUM(CQ141,System2!CQ141,System3!CQ141)","v":{"$error":"#VALUE!"}},{"$error":"#VALUE!"},{"$error":"#VALUE!"},{"$error":"#VALUE!"},{"$error":"#VALUE!"},{"$error":"#VALUE!"},{"$error":"#VALUE!"},{"$error":"#VALUE!"},{"$error":"#VALUE!"},{"$error":"#VALUE!"},{"$error":"#VALUE!"},{"$error":"#VALUE!"},{"$error":"#VALUE!"},{"$error":"#VALUE!"},{"$error":"#VALUE!"},{"$error":"#VALUE!"},{"$error":"#VALUE!"},{"$error":"#VALUE!"},{"$error":"#VALUE!"},{"$error":"#VALUE!"},{"$error":"#VALUE!"},{"$error":"#VALUE!"},{"$error":"#VALUE!"},{"$error":"#VALUE!"},{"$error":"#VALUE!"},{"$error":"#VALUE!"},{"$error":"#VALUE!"},{"$f":"SUM(DR141,System2!DR141,System3!DR141)","v":{"$error":"#VALUE!"}},{"$f":"DT$57","v":{"$error":"#VALUE!"}},{"$f":"DU$57","v":{"$error":"#VALUE!"}},{"$f":"DV$57","v":0},{"$f":"DW$57","v":{"$error":"#VALUE!"}},{"$error":"#VALUE!"},{"$error":"#VALUE!"},{"$error":"#VALUE!"},0,0,0,0,0,{"$error":"#VALUE!"},{"$f":"SUM(EF141,System2!EF141,System3!EF141)","v":{"$error":"#VALUE!"}},{"$error":"#VALUE!"},{"$error":"#VALUE!"},{"$error":"#VALUE!"},{"$error":"#VALUE!"},{"$error":"#VALUE!"},{"$error":"#VALUE!"},{"$error":"#VALUE!"},{"$error":"#VALUE!"},{"$error":"#VALUE!"},{"$error":"#VALUE!"},{"$error":"#VALUE!"},{"$error":"#VALUE!"},{"$error":"#VALUE!"},{"$error":"#VALUE!"},{"$error":"#VALUE!"},{"$error":"#VALUE!"},{"$error":"#VALUE!"},{"$error":"#VALUE!"},{"$error":"#VALUE!"},{"$error":"#VALUE!"},{"$error":"#VALUE!"},{"$error":"#VALUE!"},{"$error":"#VALUE!"},{"$error":"#VALUE!"},{"$error":"#VALUE!"},{"$error":"#VALUE!"},{"$f":"SUM(FG141,System2!FG141,System3!FG141)","v":{"$error":"#VALUE!"}},0,0,0,0,{"$error":"#VALUE!"},{"$error":"#VALUE!"},{"$error":"#VALUE!"},{"$error":"#VALUE!"},{"$error":"#VALUE!"},{"$error":"#VALUE!"},{"$error":"#VALUE!"},{"$error":"#VALUE!"},{"$error":"#VALUE!"},{"$error":"#VALUE!"},{"$error":"#VALUE!"},{"$error":"#VALUE!"},{"$error":"#VALUE!"},{"$error":"#VALUE!"},{"$error":"#VALUE!"},{"$error":"#VALUE!"},{"$error":"#VALUE!"},{"$error":"#VALUE!"},{"$error":"#VALUE!"},{"$error":"#VALUE!"},{"$f":"$GG$31*WaterFittings!BO116","v":{"$error":"#VALUE!"}},{"$f":"$GH$31*WaterFittings!BP116","v":{"$error":"#VALUE!"}},{"$f":"$GI$31*WaterFittings!BQ116","v":0},{"$f":"GJ$31*AirCond!BD115","v":{"$error":"#VALUE!"}},{"$f":"GK$31*AirCond!BE115","v":{"$error":"#VALUE!"}},{"$f":"GL$31*AirCond!BF115","v":{"$error":"#VALUE!"}},{"$f":"GM$31*AirCond!BG115","v":{"$error":"#VALUE!"}},{"$f":"GN$31*WaterFittings!BS116","v":0},{"$f":"GO$31*WaterFittings!BT116","v":0},{"$f":"GP$31*WaterFittings!BU116","v":0}]
[null,null,111,1,0,{"$error":"#VALUE!"},{"$error":"#VALUE!"},{"$error":"#VALUE!"},{"$error":"#VALUE!"},{"$error":"#VALUE!"},{"$error":"#VALUE!"},{"$error":"#VALUE!"},{"$error":"#VALUE!"},{"$error":"#VALUE!"},{"$error":"#VALUE!"},null,{"$error":"#VALUE!"},{"$error":"#VALUE!"},{"$error":"#VALUE!"},{"$error":"#VALUE!"},{"$error":"#VALUE!"},null,{"$error":"#VALUE!"},{"$error":"#VALUE!"},{"$error":"#VALUE!"},{"$error":"#VALUE!"},{"$error":"#VALUE!"},null,27,{"$f":"SUM(SUMPRODUCT(AF$20:AJ$20,Q142:U142),SUMPRODUCT(AF$20:AJ$20,System2!Q142:U142),SUMPRODUCT(AF$20:AJ$20,System3!Q142:U142))","v":{"$error":"#VALUE!"}},{"$f":"SUM(SUMPRODUCT(AF$21:AJ$21,W142:AA142),SUMPRODUCT(AF$21:AJ$21,System2!W142:AA142),SUMPRODUCT(AF$21:AJ$21,System3!W142:AA142))","v":{"$error":"#VALUE!"}},{"$f":"WaterFittings!BN117","v":{"$error":"#VALUE!"}},{"$error":"#VALUE!"},{"$error":"#VALUE!"},{"$f":"MIN(AirCond!BL116,P$21)","v":0},{"$error":"#VALUE!"},{"$f":"MIN(ROUNDDOWN(AJ142-FH142,0),ROUNDDOWN(P$21*0.3,0),ROUNDDOWN(SUM(SUMPRODUCT(I$4:I$15,L$4:L$15),SUMPRODUCT(System2!I$4:I$15,System2!L$4:L$15),SUMPRODUCT(System3!I$4:I$15,System3!L$4:L$15))*0.3,0))","v":{"$error":"#VALUE!"}},0,{"$error":"#VALUE!"},{"$error":"#VALUE!"},{"$error":"#VALUE!"},0,{"$error":"#VALUE!"},{"$error":"#VALUE!"},{"$error":"#VALUE!"},0,null,null,null,0,0,0,0,null,{"$error":"#VALUE!"},{"$error":"#VALUE!"},{"$error":"#VALUE!"},{"$error":"#VALUE!"},{"$error":"#VALUE!"},{"$error":"#VALUE!"},{"$error":"#VALUE!"},{"$error":"#VALUE!"},{"$error":"#VALUE!"},0,{"$error":"#VALUE!"},{"$error":"#VALUE!"},{"$error":"#VALUE!"},{"$error":"#VALUE!"},{"$error":"#VALUE!"},{"$error":"#VALUE!"},{"$error":"#VALUE!"},{"$error":"#VALUE!"},{"$error":"#VALUE!"},{"$error":"#VALUE!"},{"$error":"#VALUE!"},{"$error":"#VALUE!"},{"$error":"#VALUE!"},{"$error":"#VALUE!"},{"$error":"#VALUE!"},{"$error":"#VALUE!"},{"$error":"#VALUE!"},{"$error":"#VALUE!"},{"$error":"#VALUE!"},{"$error":"#VALUE!"},{"$error":"#VALUE!"},{"$error":"#VALUE!"},{"$error":"#VALUE!"},{"$error":"#VALUE!"},{"$error":"#VALUE!"},{"$error":"#VALUE!"},{"$error":"#VALUE!"},{"$error":"#VALUE!"},{"$error":"#VALUE!"},{"$error":"#VALUE!"},{"$error":"#VALUE!"},{"$f":"SUM(CQ142,System2!CQ142,System3!CQ142)","v":{"$error":"#VALUE!"}},{"$error":"#VALUE!"},{"$error":"#VALUE!"},{"$error":"#VALUE!"},{"$error":"#VALUE!"},{"$error":"#VALUE!"},{"$error":"#VALUE!"},{"$f":"IF($CS142,CJ142/$CR142,0)","v":{"$error":"#VALUE!"}},{"$f":"IF($CS142,CK142/$CR142,0)","v":{"$error":"#VALUE!"}},{"$error":"#VALUE!"},{"$error":"#VALUE!"},{"$error":"#VALUE!"},{"$error":"#VALUE!"},{"$error":"#VALUE!"},{"$error":"#VALUE!"},{"$error":"#VALUE!"},{"$error":"#VALUE!"},{"$error":"#VALUE!"},{"$error":"#VALUE!"},{"$f":"$CS142*CY142","v":{"$error":"#VALUE!"}},{"$f":"$CS142*CZ142","v":{"$error":"#VALUE!"}},{"$error":"#VALUE!"},{"$error":"#VALUE!"},{"$error":"#VALUE!"},{"$error":"#VALUE!"},{"$error":"#VALUE!"},{"$error":"#VALUE!"},{"$f":"SUM(DR142,System2!DR142,System3!DR142)","v":{"$error":"#VALUE!"}},{"$f":"DT$58","v":{"$error":"#VALUE!"}},{"$f":"DU$58","v":{"$error":"#VALUE!"}},{"$f":"DV$58","v":0},{"$f":"DW$58","v":{"$error":"#VALUE!"}},{"$error":"#VALUE!"},{"$error":"#VALUE!"},{"$error":"#VALUE!"},0,0,0,0,0,{"$error":"#VALUE!"},{"$f":"SUM(EF142,System2!EF142,System3!EF142)","v":{"$error":"#VALUE!"}},{"$error":"#VALUE!"},{"$error":"#VALUE!"},{"$error":"#VALUE!"},{"$error":"#VALUE!"},{"$error":"#VALUE!"},{"$error":"#VALUE!"},{"$error":"#VALUE!"},{"$error":"#VALUE!"},{"$error":"#VALUE!"},{"$error":"#VALUE!"},{"$error":"#VALUE!"},{"$error":"#VALUE!"},{"$error":"#VALUE!"},{"$error":"#VALUE!"},{"$error":"#VALUE!"},{"$error":"#VALUE!"},{"$error":"#VALUE!"},{"$error":"#VALUE!"},{"$error":"#VALUE!"},{"$error":"#VALUE!"},{"$error":"#VALUE!"},{"$error":"#VALUE!"},{"$error":"#VALUE!"},{"$error":"#VALUE!"},{"$error":"#VALUE!"},{"$error":"#VALUE!"},{"$f":"SUM(FG142,System2!FG142,System3!FG142)","v":{"$error":"#VALUE!"}},0,0,0,0,{"$error":"#VALUE!"},{"$error":"#VALUE!"},{"$error":"#VALUE!"},{"$error":"#VALUE!"},{"$error":"#VALUE!"},{"$error":"#VALUE!"},{"$error":"#VALUE!"},{"$error":"#VALUE!"},{"$error":"#VALUE!"},{"$error":"#VALUE!"},{"$error":"#VALUE!"},{"$error":"#VALUE!"},{"$error":"#VALUE!"},{"$error":"#VALUE!"},{"$error":"#VALUE!"},{"$error":"#VALUE!"},{"$error":"#VALUE!"},{"$error":"#VALUE!"},{"$error":"#VALUE!"},{"$error":"#VALUE!"},{"$f":"$GG$31*WaterFittings!BO117","v":{"$error":"#VALUE!"}},{"$f":"$GH$31*WaterFittings!BP117","v":{"$error":"#VALUE!"}},{"$f":"$GI$31*WaterFittings!BQ117","v":0},{"$f":"GJ$31*AirCond!BD116","v":{"$error":"#VALUE!"}},{"$f":"GK$31*AirCond!BE116","v":{"$error":"#VALUE!"}},{"$f":"GL$31*AirCond!BF116","v":{"$error":"#VALUE!"}},{"$f":"GM$31*AirCond!BG116","v":{"$error":"#VALUE!"}},{"$f":"GN$31*WaterFittings!BS117","v":0},{"$f":"GO$31*WaterFittings!BT117","v":0},{"$f":"GP$31*WaterFittings!BU117","v":0}]
[null,null,112,2.5,0,{"$error":"#VALUE!"},{"$error":"#VALUE!"},{"$error":"#VALUE!"},{"$error":"#VALUE!"},{"$error":"#VALUE!"},{"$error":"#VALUE!"},{"$error":"#VALUE!"},{"$error":"#VALUE!"},{"$error":"#VALUE!"},{"$error":"#VALUE!"},null,{"$error":"#VALUE!"},{"$error":"#VALUE!"},{"$error":"#VALUE!"},{"$error":"#VALUE!"},{"$error":"#VALUE!"},null,{"$error":"#VALUE!"},{"$error":"#VALUE!"},{"$error":"#VALUE!"},{"$error":"#VALUE!"},{"$error":"#VALUE!"},null,28,{"$f":"SUM(SUMPRODUCT(AF$20:AJ$20,Q143:U143),SUMPRODUCT(AF$20:AJ$20,System2!Q143:U143),SUMPRODUCT(AF$20:AJ$20,System3!Q143:U143))","v":{"$error":"#VALUE!"}},{"$f":"SUM(SUMPRODUCT(AF$21:AJ$21,W143:AA143),SUMPRODUCT(AF$21:AJ$21,System2!W143:AA143),SUMPRODUCT(AF$21:AJ$21,System3!W143:AA143))","v":{"$error":"#VALUE!"}},{"$f":"WaterFittings!BN118","v":{"$error":"#VALUE!"}},{"$error":"#VALUE!"},{"$error":"#VALUE!"},{"$f":"MIN(AirCond!BL117,P$21)","v":0},{"$error":"#VALUE!"},{"$f":"MIN(ROUNDDOWN(AJ143-FH143,0),ROUNDDOWN(P$21*0.3,0),ROUNDDOWN(SUM(SUMPRODUCT(I$4:I$15,L$4:L$15),SUMPRODUCT(System2!I$4:I$15,System2!L$4:L$15),SUMPRODUCT(System3!I$4:I$15,System3!L$4:L$15))*0.3,0))","v":{"$error":"#VALUE!"}},0,{"$error":"#VALUE!"},{"$error":"#VALUE!"},{"$error":"#VALUE!"},0,{"$error":"#VALUE!"},{"$error":"#VALUE!"},{"$error":"#VALUE!"},0,null,null,null,0,0,0,0,null,{"$error":"#VALUE!"},{"$error":"#VALUE!"},{"$error":"#VALUE!"},{"$error":"#VALUE!"},{"$error":"#VALUE!"},{"$error":"#VALUE!"},{"$error":"#VALUE!"},{"$error":"#VALUE!"},{"$error":"#VALUE!"},0,{"$error":"#VALUE!"},{"$error":"#VALUE!"},{"$error":"#VALUE!"},{"$error":"#VALUE!"},{"$error":"#VALUE!"},{"$error":"#VALUE!"},{"$error":"#VALUE!"},{"$error":"#VALUE!"},{"$error":"#VALUE!"},{"$error":"#VALUE!"},{"$error":"#VALUE!"},{"$error":"#VALUE!"},{"$error":"#VALUE!"},{"$error":"#VALUE!"},{"$error":"#VALUE!"},{"$error":"#VALUE!"},{"$error":"#VALUE!"},{"$error":"#VALUE!"},{"$error":"#VALUE!"},{"$error":"#VALUE!"},{"$error":"#VALUE!"},{"$error":"#VALUE!"},{"$error":"#VALUE!"},{"$error":"#VALUE!"},{"$error":"#VALUE!"},{"$error":"#VALUE!"},{"$error":"#VALUE!"},{"$error":"#VALUE!"},{"$error":"#VALUE!"},{"$error":"#VALUE!"},{"$error":"#VALUE!"},{"$f":"SUM(CQ143,System2!CQ143,System3!CQ143)","v":{"$error":"#VALUE!"}},{"$error":"#VALUE!"},{"$error":"#VALUE!"},{"$error":"#VALUE!"},{"$error":"#VALUE!"},{"$error":"#VALUE!"},{"$error":"#VALUE!"},{"$error":"#VALUE!"},{"$error":"#VALUE!"},{"$error":"#VALUE!"},{"$error":"#VALUE!"},{"$error":"#VALUE!"},{"$error":"#VALUE!"},{"$error":"#VALUE!"},{"$error":"#VALUE!"},{"$error":"#VALUE!"},{"$error":"#VALUE!"},{"$error":"#VALUE!"},{"$error":"#VALUE!"},{"$error":"#VALUE!"},{"$error":"#VALUE!"},{"$error":"#VALUE!"},{"$error":"#VALUE!"},{"$error":"#VALUE!"},{"$error":"#VALUE!"},{"$error":"#VALUE!"},{"$error":"#VALUE!"},{"$f":"SUM(DR143,System2!DR143,System3!DR143)","v":{"$error":"#VALUE!"}},{"$f":"DT$59","v":{"$error":"#VALUE!"}},{"$f":"DU$59","v":{"$error":"#VALUE!"}},{"$f":"DV$59","v":0},{"$f":"DW$59","v":{"$error":"#VALUE!"}},{"$error":"#VALUE!"},{"$error":"#VALUE!"},{"$error":"#VALUE!"},0,0,0,0,0,{"$error":"#VALUE!"},{"$f":"SUM(EF143,System2!EF143,System3!EF143)","v":{"$error":"#VALUE!"}},{"$error":"#VALUE!"},{"$error":"#VALUE!"},{"$error":"#VALUE!"},{"$error":"#VALUE!"},{"$error":"#VALUE!"},{"$error":"#VALUE!"},{"$error":"#VALUE!"},{"$error":"#VALUE!"},{"$error":"#VALUE!"},{"$error":"#VALUE!"},{"$error":"#VALUE!"},{"$error":"#VALUE!"},{"$error":"#VALUE!"},{"$error":"#VALUE!"},{"$error":"#VALUE!"},{"$error":"#VALUE!"},{"$error":"#VALUE!"},{"$error":"#VALUE!"},{"$error":"#VALUE!"},{"$error":"#VALUE!"},{"$error":"#VALUE!"},{"$error":"#VALUE!"},{"$error":"#VALUE!"},{"$error":"#VALUE!"},{"$error":"#VALUE!"},{"$error":"#VALUE!"},{"$f":"SUM(FG143,System2!FG143,System3!FG143)","v":{"$error":"#VALUE!"}},0,0,0,0,{"$error":"#VALUE!"},{"$error":"#VALUE!"},{"$error":"#VALUE!"},{"$error":"#VALUE!"},{"$error":"#VALUE!"},{"$error":"#VALUE!"},{"$error":"#VALUE!"},{"$error":"#VALUE!"},{"$error":"#VALUE!"},{"$error":"#VALUE!"},{"$error":"#VALUE!"},{"$error":"#VALUE!"},{"$error":"#VALUE!"},{"$error":"#VALUE!"},{"$error":"#VALUE!"},{"$error":"#VALUE!"},{"$error":"#VALUE!"},{"$error":"#VALUE!"},{"$error":"#VALUE!"},{"$error":"#VALUE!"},{"$f":"$GG$31*WaterFittings!BO118","v":{"$error":"#VALUE!"}},{"$f":"$GH$31*WaterFittings!BP118","v":{"$error":"#VALUE!"}},{"$f":"$GI$31*WaterFittings!BQ118","v":0},{"$f":"GJ$31*AirCond!BD117","v":{"$error":"#VALUE!"}},{"$f":"GK$31*AirCond!BE117","v":{"$error":"#VALUE!"}},{"$f":"GL$31*AirCond!BF117","v":{"$error":"#VALUE!"}},{"$f":"GM$31*AirCond!BG117","v":{"$error":"#VALUE!"}},{"$f":"GN$31*WaterFittings!BS118","v":0},{"$f":"GO$31*WaterFittings!BT118","v":0},{"$f":"GP$31*WaterFittings!BU118","v":0}]
[null,null,113,0,0,{"$error":"#VALUE!"},{"$error":"#VALUE!"},{"$error":"#VALUE!"},{"$error":"#VALUE!"},{"$error":"#VALUE!"},{"$error":"#VALUE!"},{"$error":"#VALUE!"},{"$error":"#VALUE!"},{"$error":"#VALUE!"},{"$error":"#VALUE!"},null,{"$error":"#VALUE!"},{"$error":"#VALUE!"},{"$error":"#VALUE!"},{"$error":"#VALUE!"},{"$error":"#VALUE!"},null,{"$error":"#VALUE!"},{"$error":"#VALUE!"},{"$error":"#VALUE!"},{"$error":"#VALUE!"},{"$f":"ROUNDDOWN(FF144,0)","v":{"$error":"#VALUE!"}},null,1,{"$f":"SUM(SUMPRODUCT(AF$20:AJ$20,Q144:U144),SUMPRODUCT(AF$20:AJ$20,System2!Q144:U144),SUMPRODUCT(AF$20:AJ$20,System3!Q144:U144))","v":{"$error":"#VALUE!"}},{"$f":"SUM(SUMPRODUCT(AF$21:AJ$21,W144:AA144),SUMPRODUCT(AF$21:AJ$21,System2!W144:AA144),SUMPRODUCT(AF$21:AJ$21,System3!W144:AA144))","v":{"$error":"#VALUE!"}},{"$f":"WaterFittings!BN119","v":{"$error":"#VALUE!"}},{"$error":"#VALUE!"},{"$error":"#VALUE!"},{"$f":"MIN(AirCond!BL118,P$21)","v":0},{"$error":"#VALUE!"},{"$f":"MIN(ROUNDDOWN(AJ144-FH144,0),ROUNDDOWN(P$21*0.3,0),ROUNDDOWN(SUM(SUMPRODUCT(I$4:I$15,L$4:L$15),SUMPRODUCT(System2!I$4:I$15,System2!L$4:L$15),SUMPRODUCT(System3!I$4:I$15,System3!L$4:L$15))*0.3,0))","v":{"$error":"#VALUE!"}},0,{"$error":"#VALUE!"},{"$error":"#VALUE!"},{"$error":"#VALUE!"},0,{"$error":"#VALUE!"},{"$error":"#VALUE!"},{"$error":"#VALUE!"},0,null,null,null,0,0,0,0,null,{"$error":"#VALUE!"},{"$error":"#VALUE!"},{"$error":"#VALUE!"},{"$error":"#VALUE!"},{"$error":"#VALUE!"},{"$error":"#VALUE!"},{"$error":"#VALUE!"},{"$error":"#VALUE!"},{"$error":"#VALUE!"},0,{"$error":"#VALUE!"},{"$error":"#VALUE!"},{"$error":"#VALUE!"},{"$error":"#VALUE!"},{"$error":"#VALUE!"},{"$error":"#VALUE!"},{"$error":"#VALUE!"},{"$error":"#VALUE!"},{"$error":"#VALUE!"},{"$error":"#VALUE!"},{"$error":"#VALUE!"},{"$error":"#VALUE!"},{"$error":"#VALUE!"},{"$error":"#VALUE!"},{"$error":"#VALUE!"},{"$error":"#VALUE!"},{"$error":"#VALUE!"},{"$error":"#VALUE!"},{"$error":"#VALUE!"},{"$error":"#VALUE!"},{"$error":"#VALUE!"},{"$error":"#VALUE!"},{"$error":"#VALUE!"},{"$error":"#VALUE!"},{"$error":"#VALUE!"},{"$error":"#VALUE!"},{"$error":"#VALUE!"},{"$error":"#VALUE!"},{"$error":"#VALUE!"},{"$error":"#VALUE!"},{"$error":"#VALUE!"},{"$f":"SUM(CQ144,System2!CQ144,System3!CQ144)","v":{"$error":"#VALUE!"}},{"$error":"#VALUE!"},{"$error":"#VALUE!"},{"$error":"#VALUE!"},{"$error":"#VALUE!"},{"$error":"#VALUE!"},{"$error":"#VALUE!"},{"$error":"#VALUE!"},{"$error":"#VALUE!"},{"$error":"#VALUE!"},{"$error":"#VALUE!"},{"$error":"#VALUE!"},{"$error":"#VALUE!"},{"$error":"#VALUE!"},{"$error":"#VALUE!"},{"$error":"#VALUE!"},{"$error":"#VALUE!"},{"$error":"#VALUE!"},{"$error":"#VALUE!"},{"$error":"#VALUE!"},{"$error":"#VALUE!"},{"$error":"#VALUE!"},{"$error":"#VALUE!"},{"$error":"#VALUE!"},{"$error":"#VALUE!"},{"$error":"#VALUE!"},{"$error":"#VALUE!"},{"$f":"SUM(DR144,System2!DR144,System3!DR144)","v":{"$error":"#VALUE!"}},{"$f":"DT$32","v":{"$error":"#VALUE!"}},{"$f":"DU$32","v":{"$error":"#VALUE!"}},{"$f":"DV$32","v":0},{"$f":"DW$32","v":{"$error":"#VALUE!"}},{"$error":"#VALUE!"},{"$error":"#VALUE!"},{"$error":"#VALUE!"},0,0,0,0,0,{"$error":"#VALUE!"},{"$f":"SUM(EF144,System2!EF144,System3!EF144)","v":{"$error":"#VALUE!"}},{"$error":"#VALUE!"},{"$error":"#VALUE!"},{"$error":"#VALUE!"},{"$error":"#VALUE!"},{"$error":"#VALUE!"},{"$error":"#VALUE!"},{"$error":"#VALUE!"},{"$error":"#VALUE!"},{"$error":"#VALUE!"},{"$error":"#VALUE!"},{"$error":"#VALUE!"},{"$error":"#VALUE!"},{"$error":"#VALUE!"},{"$error":"#VALUE!"},{"$error":"#VALUE!"},{"$error":"#VALUE!"},{"$error":"#VALUE!"},{"$error":"#VALUE!"},{"$error":"#VALUE!"},{"$error":"#VALUE!"},{"$error":"#VALUE!"},{"$error":"#VALUE!"},{"$error":"#VALUE!"},{"$error":"#VALUE!"},{"$error":"#VALUE!"},{"$error":"#VALUE!"},{"$f":"SUM(FG144,System2!FG144,System3!FG144)","v":{"$error":"#VALUE!"}},0,0,0,0,{"$error":"#VALUE!"},{"$error":"#VALUE!"},{"$error":"#VALUE!"},{"$error":"#VALUE!"},{"$error":"#VALUE!"},{"$error":"#VALUE!"},{"$error":"#VALUE!"},{"$error":"#VALUE!"},{"$error":"#VALUE!"},{"$error":"#VALUE!"},{"$error":"#VALUE!"},{"$error":"#VALUE!"},{"$error":"#VALUE!"},{"$error":"#VALUE!"},{"$error":"#VALUE!"},{"$error":"#VALUE!"},{"$error":"#VALUE!"},{"$error":"#VALUE!"},{"$error":"#VALUE!"},{"$error":"#VALUE!"},{"$f":"$GG$31*WaterFittings!BO119","v":{"$error":"#VALUE!"}},{"$f":"$GH$31*WaterFittings!BP119","v":{"$error":"#VALUE!"}},{"$f":"$GI$31*WaterFittings!BQ119","v":0},{"$f":"GJ$31*AirCond!BD118","v":{"$error":"#VALUE!"}},{"$f":"GK$31*AirCond!BE118","v":{"$error":"#VALUE!"}},{"$f":"GL$31*AirCond!BF118","v":{"$error":"#VALUE!"}},{"$f":"GM$31*AirCond!BG118","v":{"$error":"#VALUE!"}},{"$f":"GN$31*WaterFittings!BS119","v":0},{"$f":"GO$31*WaterFittings!BT119","v":0},{"$f":"GP$31*WaterFittings!BU119","v":0}]
[null,null,{"$f":"C144+1","v":114},0.5,0,{"$error":"#VALUE!"},{"$error":"#VALUE!"},{"$error":"#VALUE!"},{"$error":"#VALUE!"},{"$error":"#VALUE!"},{"$error":"#VALUE!"},{"$error":"#VALUE!"},{"$f":"ROUNDDOWN(SUM(CB145:CD145)*BQ145,0)","v":{"$error":"#VALUE!"}},{"$error":"#VALUE!"},{"$error":"#VALUE!"},null,{"$error":"#VALUE!"},{"$error":"#VALUE!"},{"$error":"#VALUE!"},{"$error":"#VALUE!"},{"$error":"#VALUE!"},null,{"$error":"#VALUE!"},{"$error":"#VALUE!"},{"$f":"ROUNDDOWN(SUM(FB145:FD145),0)","v":{"$error":"#VALUE!"}},{"$error":"#VALUE!"},{"$error":"#VALUE!"},null,2,{"$f":"SUM(SUMPRODUCT(AF$20:AJ$20,Q145:U145),SUMPRODUCT(AF$20:AJ$20,System2!Q145:U145),SUMPRODUCT(AF$20:AJ$20,System3!Q145:U145))","v":{"$error":"#VALUE!"}},{"$f":"SUM(SUMPRODUCT(AF$21:AJ$21,W145:AA145),SUMPRODUCT(AF$21:AJ$21,System2!W145:AA145),SUMPRODUCT(AF$21:AJ$21,System3!W145:AA145))","v":{"$error":"#VALUE!"}},{"$f":"WaterFittings!BN120","v":{"$error":"#VALUE!"}},{"$error":"#VALUE!"},{"$error":"#VALUE!"},{"$f":"MIN(AirCond!BL119,P$21)","v":0},{"$error":"#VALUE!"},{"$f":"MIN(ROUNDDOWN(AJ145-FH145,0),ROUNDDOWN(P$21*0.3,0),ROUNDDOWN(SUM(SUMPRODUCT(I$4:I$15,L$4:L$15),SUMPRODUCT(System2!I$4:I$15,System2!L$4:L$15),SUMPRODUCT(System3!I$4:I$15,System3!L$4:L$15))*0.3,0))","v":{"$error":"#VALUE!"}},0,{"$error":"#VALUE!"},{"$error":"#VALUE!"},{"$error":"#VALUE!"},0,{"$error":"#VALUE!"},{"$error":"#VALUE!"},{"$error":"#VALUE!"},0,null,null,null,0,0,0,0,null,{"$error":"#VALUE!"},{"$error":"#VALUE!"},{"$error":"#VALUE!"},{"$error":"#VALUE!"},{"$error":"#VALUE!"},{"$error":"#VALUE!"},{"$error":"#VALUE!"},{"$error":"#VALUE!"},{"$error":"#VALUE!"},0,{"$error":"#VALUE!"},{"$error":"#VALUE!"},{"$error":"#VALUE!"},{"$error":"#VALUE!"},{"$error":"#VALUE!"},{"$error":"#VALUE!"},{"$error":"#VALUE!"},{"$error":"#VALUE!"},{"$error":"#VALUE!"},{"$error":"#VALUE!"},{"$error":"#VALUE!"},{"$error":"#VALUE!"},{"$error":"#VALUE!"},{"$error":"#VALUE!"},{"$error":"#VALUE!"},{"$error":"#VALUE!"},{"$error":"#VALUE!"},{"$error":"#VALUE!"},{"$error":"#VALUE!"},{"$error":"#VALUE!"},{"$error":"#VALUE!"},{"$error":"#VALUE!"},{"$error":"#VALUE!"},{"$error":"#VALUE!"},{"$error":"#VALUE!"},{"$error":"#VALUE!"},{"$error":"#VALUE!"},{"$error":"#VALUE!"},{"$error":"#VALUE!"},{"$error":"#VALUE!"},{"$error":"#VALUE!"},{"$f":"SUM(CQ145,System2!CQ145,System3!CQ145)","v":{"$error":"#VALUE!"}},{"$error":"#VALUE!"},{"$error":"#VALUE!"},{"$error":"#VALUE!"},{"$error":"#VALUE!"},{"$error":"#VALUE!"},{"$error":"#VALUE!"},{"$error":"#VALUE!"},{"$error":"#VALUE!"},{"$error":"#VALUE!"},{"$error":"#VALUE!"},{"$error":"#VALUE!"},{"$error":"#VALUE!"},{"$error":"#VALUE!"},{"$error":"#VALUE!"},{"$error":"#VALUE!"},{"$error":"#VALUE!"},{"$error":"#VALUE!"},{"$error":"#VALUE!"},{"$error":"#VALUE!"},{"$error":"#VALUE!"},{"$error":"#VALUE!"},{"$error":"#VALUE!"},{"$error":"#VALUE!"},{"$error":"#VALUE!"},{"$error":"#VALUE!"},{"$error":"#VALUE!"},{"$f":"SUM(DR145,System2!DR145,System3!DR145)","v":{"$error":"#VALUE!"}},{"$f":"DT$33","v":{"$error":"#VALUE!"}},{"$f":"DU$33","v":{"$error":"#VALUE!"}},{"$f":"DV$33","v":0},{"$f":"DW$33","v":{"$error":"#VALUE!"}},{"$error":"#VALUE!"},{"$error":"#VALUE!"},{"$error":"#VALUE!"},0,0,0,0,0,{"$error":"#VALUE!"},{"$f":"SUM(EF145,System2!EF145,System3!EF145)","v":{"$error":"#VALUE!"}},{"$error":"#VALUE!"},{"$error":"#VALUE!"},{"$error":"#VALUE!"},{"$error":"#VALUE!"},{"$error":"#VALUE!"},{"$error":"#VALUE!"},{"$error":"#VALUE!"},{"$error":"#VALUE!"},{"$error":"#VALUE!"},{"$error":"#VALUE!"},{"$error":"#VALUE!"},{"$error":"#VALUE!"},{"$error":"#VALUE!"},{"$error":"#VALUE!"},{"$error":"#VALUE!"},{"$error":"#VALUE!"},{"$error":"#VALUE!"},{"$error":"#VALUE!"},{"$error":"#VALUE!"},{"$error":"#VALUE!"},{"$error":"#VALUE!"},{"$error":"#VALUE!"},{"$error":"#VALUE!"},{"$error":"#VALUE!"},{"$error":"#VALUE!"},{"$error":"#VALUE!"},{"$f":"SUM(FG145,System2!FG145,System3!FG145)","v":{"$error":"#VALUE!"}},0,0,0,0,{"$error":"#VALUE!"},{"$error":"#VALUE!"},{"$error":"#VALUE!"},{"$error":"#VALUE!"},{"$error":"#VALUE!"},{"$error":"#VALUE!"},{"$error":"#VALUE!"},{"$error":"#VALUE!"},{"$error":"#VALUE!"},{"$error":"#VALUE!"},{"$error":"#VALUE!"},{"$error":"#VALUE!"},{"$error":"#VALUE!"},{"$error":"#VALUE!"},{"$error":"#VALUE!"},{"$error":"#VALUE!"},{"$error":"#VALUE!"},{"$error":"#VALUE!"},{"$error":"#VALUE!"},{"$error":"#VALUE!"},{"$f":"$GG$31*WaterFittings!BO120","v":{"$error":"#VALUE!"}},{"$f":"$GH$31*WaterFittings!BP120","v":{"$error":"#VALUE!"}},{"$f":"$GI$31*WaterFittings!BQ120","v":0},{"$f":"GJ$31*AirCond!BD119","v":{"$error":"#VALUE!"}},{"$f":"GK$31*AirCond!BE119","v":{"$error":"#VALUE!"}},{"$f":"GL$31*AirCond!BF119","v":{"$error":"#VALUE!"}},{"$f":"GM$31*AirCond!BG119","v":{"$error":"#VALUE!"}},{"$f":"GN$31*WaterFittings!BS120","v":0},{"$f":"GO$31*WaterFittings!BT120","v":0},{"$f":"GP$31*WaterFittings!BU120","v":0}]
[null,null,115,0,0,{"$error":"#VALUE!"},{"$error":"#VALUE!"},{"$error":"#VALUE!"},{"$error":"#VALUE!"},{"$error":"#VALUE!"},{"$error":"#VALUE!"},{"$error":"#VALUE!"},{"$error":"#VALUE!"},{"$error":"#VALUE!"},{"$error":"#VALUE!"},null,{"$error":"#VALUE!"},{"$error":"#VALUE!"},{"$error":"#VALUE!"},{"$error":"#VALUE!"},{"$error":"#VALUE!"},null,{"$error":"#VALUE!"},{"$error":"#VALUE!"},{"$error":"#VALUE!"},{"$error":"#VALUE!"},{"$error":"#VALUE!"},null,3,{"$f":"SUM(SUMPRODUCT(AF$20:AJ$20,Q146:U146),SUMPRODUCT(AF$20:AJ$20,System2!Q146:U146),SUMPRODUCT(AF$20:AJ$20,System3!Q146:U146))","v":{"$error":"#VALUE!"}},{"$f":"SUM(SUMPRODUCT(AF$21:AJ$21,W146:AA146),SUMPRODUCT(AF$21:AJ$21,System2!W146:AA146),SUMPRODUCT(AF$21:AJ$21,System3!W146:AA146))","v":{"$error":"#VALUE!"}},{"$f":"WaterFittings!BN121","v":{"$error":"#VALUE!"}},{"$error":"#VALUE!"},{"$error":"#VALUE!"},{"$f":"MIN(AirCond!BL120,P$21)","v":0},{"$error":"#VALUE!"},{"$f":"MIN(ROUNDDOWN(AJ146-FH146,0),ROUNDDOWN(P$21*0.3,0),ROUNDDOWN(SUM(SUMPRODUCT(I$4:I$15,L$4:L$15),SUMPRODUCT(System2!I$4:I$15,System2!L$4:L$15),SUMPRODUCT(System3!I$4:I$15,System3!L$4:L$15))*0.3,0))","v":{"$error":"#VALUE!"}},{"$f":"ROUND(SUM(AX146,AY146),0)","v":0},{"$error":"#VALUE!"},{"$error":"#VALUE!"},{"$error":"#VALUE!"},0,{"$error":"#VALUE!"},{"$error":"#VALUE!"},{"$error":"#VALUE!"},0,null,null,null,0,0,0,0,null,{"$error":"#VALUE!"},{"$error":"#VALUE!"},{"$error":"#VALUE!"},{"$error":"#VALUE!"},{"$error":"#VALUE!"},{"$error":"#VALUE!"},{"$error":"#VALUE!"},{"$error":"#VALUE!"},{"$error":"#VALUE!"},0,{"$error":"#VALUE!"},{"$error":"#VALUE!"},{"$error":"#VALUE!"},{"$error":"#VALUE!"},{"$error":"#VALUE!"},{"$error":"#VALUE!"},{"$error":"#VALUE!"},{"$error":"#VALUE!"},{"$error":"#VALUE!"},{"$error":"#VALUE!"},{"$error":"#VALUE!"},{"$error":"#VALUE!"},{"$error":"#VALUE!"},{"$error":"#VALUE!"},{"$error":"#VALUE!"},{"$error":"#VALUE!"},{"$error":"#VALUE!"},{"$error":"#VALUE!"},{"$error":"#VALUE!"},{"$error":"#VALUE!"},{"$error":"#VALUE!"},{"$error":"#VALUE!"},{"$error":"#VALUE!"},{"$error":"#VALUE!"},{"$error":"#VALUE!"},{"$error":"#VALUE!"},{"$error":"#VALUE!"},{"$error":"#VALUE!"},{"$error":"#VALUE!"},{"$error":"#VALUE!"},{"$error":"#VALUE!"},{"$f":"SUM(CQ146,System2!CQ146,System3!CQ146)","v":{"$error":"#VALUE!"}},{"$error":"#VALUE!"},{"$error":"#VALUE!"},{"$error":"#VALUE!"},{"$error":"#VALUE!"},{"$error":"#VALUE!"},{"$error":"#VALUE!"},{"$error":"#VALUE!"},{"$error":"#VALUE!"},{"$error":"#VALUE!"},{"$error":"#VALUE!"},{"$error":"#VALUE!"},{"$error":"#VALUE!"},{"$error":"#VALUE!"},{"$error":"#VALUE!"},{"$error":"#VALUE!"},{"$error":"#VALUE!"},{"$error":"#VALUE!"},{"$error":"#VALUE!"},{"$error":"#VALUE!"},{"$error":"#VALUE!"},{"$error":"#VALUE!"},{"$error":"#VALUE!"},{"$error":"#VALUE!"},{"$error":"#VALUE!"},{"$error":"#VALUE!"},{"$error":"#VALUE!"},{"$f":"SUM(DR146,System2!DR146,System3!DR146)","v":{"$error":"#VALUE!"}},{"$f":"DT$34","v":{"$error":"#VALUE!"}},{"$f":"DU$34","v":{"$error":"#VALUE!"}},{"$f":"DV$34","v":0},{"$f":"DW$34","v":{"$error":"#VALUE!"}},{"$error":"#VALUE!"},{"$error":"#VALUE!"},{"$error":"#VALUE!"},0,0,0,0,0,{"$error":"#VALUE!"},{"$f":"SUM(EF146,System2!EF146,System3!EF146)","v":{"$error":"#VALUE!"}},{"$error":"#VALUE!"},{"$error":"#VALUE!"},{"$error":"#VALUE!"},{"$error":"#VALUE!"},{"$error":"#VALUE!"},{"$error":"#VALUE!"},{"$error":"#VALUE!"},{"$error":"#VALUE!"},{"$error":"#VALUE!"},{"$error":"#VALUE!"},{"$error":"#VALUE!"},{"$error":"#VALUE!"},{"$error":"#VALUE!"},{"$error":"#VALUE!"},{"$error":"#VALUE!"},{"$error":"#VALUE!"},{"$error":"#VALUE!"},{"$error":"#VALUE!"},{"$error":"#VALUE!"},{"$error":"#VALUE!"},{"$error":"#VALUE!"},{"$error":"#VALUE!"},{"$error":"#VALUE!"},{"$error":"#VALUE!"},{"$error":"#VALUE!"},{"$error":"#VALUE!"},{"$f":"SUM(FG146,System2!FG146,System3!FG146)","v":{"$error":"#VALUE!"}},0,0,0,0,{"$error":"#VALUE!"},{"$error":"#VALUE!"},{"$error":"#VALUE!"},{"$error":"#VALUE!"},{"$error":"#VALUE!"},{"$error":"#VALUE!"},{"$error":"#VALUE!"},{"$error":"#VALUE!"},{"$error":"#VALUE!"},{"$error":"#VALUE!"},{"$error":"#VALUE!"},{"$error":"#VALUE!"},{"$error":"#VALUE!"},{"$error":"#VALUE!"},{"$error":"#VALUE!"},{"$error":"#VALUE!"},{"$error":"#VALUE!"},{"$error":"#VALUE!"},{"$error":"#VALUE!"},{"$error":"#VALUE!"},{"$f":"$GG$31*WaterFittings!BO121","v":{"$error":"#VALUE!"}},{"$f":"$GH$31*WaterFittings!BP121","v":{"$error":"#VALUE!"}},{"$f":"$GI$31*WaterFittings!BQ121","v":0},{"$f":"GJ$31*AirCond!BD120","v":{"$error":"#VALUE!"}},{"$f":"GK$31*AirCond!BE120","v":{"$error":"#VALUE!"}},{"$f":"GL$31*AirCond!BF120","v":{"$error":"#VALUE!"}},{"$f":"GM$31*AirCond!BG120","v":{"$error":"#VALUE!"}},{"$f":"GN$31*WaterFittings!BS121","v":0},{"$f":"GO$31*WaterFittings!BT121","v":0},{"$f":"GP$31*WaterFittings!BU121","v":0}]
[null,null,116,0,0,{"$error":"#VALUE!"},{"$error":"#VALUE!"},{"$error":"#VALUE!"},{"$error":"#VALUE!"},{"$error":"#VALUE!"},{"$error":"#VALUE!"},{"$error":"#VALUE!"},{"$error":"#VALUE!"},{"$error":"#VALUE!"},{"$error":"#VALUE!"},null,{"$error":"#VALUE!"},{"$error":"#VALUE!"},{"$error":"#VALUE!"},{"$error":"#VALUE!"},{"$error":"#VALUE!"},null,{"$error":"#VALUE!"},{"$error":"#VALUE!"},{"$error":"#VALUE!"},{"$error":"#VALUE!"},{"$error":"#VALUE!"},null,4,{"$f":"SUM(SUMPRODUCT(AF$20:AJ$20,Q147:U147),SUMPRODUCT(AF$20:AJ$20,System2!Q147:U147),SUMPRODUCT(AF$20:AJ$20,System3!Q147:U147))","v":{"$error":"#VALUE!"}},{"$f":"SUM(SUMPRODUCT(AF$21:AJ$21,W147:AA147),SUMPRODUCT(AF$21:AJ$21,System2!W147:AA147),SUMPRODUCT(AF$21:AJ$21,System3!W147:AA147))","v":{"$error":"#VALUE!"}},{"$f":"WaterFittings!BN122","v":{"$error":"#VALUE!"}},{"$error":"#VALUE!"},{"$error":"#VALUE!"},{"$f":"MIN(AirCond!BL121,P$21)","v":0},{"$error":"#VALUE!"},{"$f":"MIN(ROUNDDOWN(AJ147-FH147,0),ROUNDDOWN(P$21*0.3,0),ROUNDDOWN(SUM(SUMPRODUCT(I$4:I$15,L$4:L$15),SUMPRODUCT(System2!I$4:I$15,System2!L$4:L$15),SUMPRODUCT(System3!I$4:I$15,System3!L$4:L$15))*0.3,0))","v":{"$error":"#VALUE!"}},0,{"$error":"#VALUE!"},{"$error":"#VALUE!"},{"$error":"#VALUE!"},0,{"$error":"#VALUE!"},{"$error":"#VALUE!"},{"$error":"#VALUE!"},0,null,null,null,0,0,0,0,null,{"$error":"#VALUE!"},{"$error":"#VALUE!"},{"$error":"#VALUE!"},{"$error":"#VALUE!"},{"$error":"#VALUE!"},{"$error":"#VALUE!"},{"$error":"#VALUE!"},{"$error":"#VALUE!"},{"$error":"#VALUE!"},0,{"$error":"#VALUE!"},{"$error":"#VALUE!"},{"$error":"#VALUE!"},{"$error":"#VALUE!"},{"$error":"#VALUE!"},{"$error":"#VALUE!"},{"$error":"#VALUE!"},{"$error":"#VALUE!"},{"$error":"#VALUE!"},{"$error":"#VALUE!"},{"$error":"#VALUE!"},{"$error":"#VALUE!"},{"$error":"#VALUE!"},{"$error":"#VALUE!"},{"$error":"#VALUE!"},{"$error":"#VALUE!"},{"$error":"#VALUE!"},{"$error":"#VALUE!"},{"$error":"#VALUE!"},{"$error":"#VALUE!"},{"$error":"#VALUE!"},{"$error":"#VALUE!"},{"$error":"#VALUE!"},{"$error":"#VALUE!"},{"$error":"#VALUE!"},{"$error":"#VALUE!"},{"$error":"#VALUE!"},{"$error":"#VALUE!"},{"$error":"#VALUE!"},{"$error":"#VALUE!"},{"$error":"#VALUE!"},{"$f":"SUM(CQ147,System2!CQ147,System3!CQ147)","v":{"$error":"#VALUE!"}},{"$error":"#VALUE!"},{"$error":"#VALUE!"},{"$error":"#VALUE!"},{"$error":"#VALUE!"},{"$error":"#VALUE!"},{"$error":"#VALUE!"},{"$error":"#VALUE!"},{"$error":"#VALUE!"},{"$error":"#VALUE!"},{"$error":"#VALUE!"},{"$error":"#VALUE!"},{"$error":"#VALUE!"},{"$error":"#VALUE!"},{"$error":"#VALUE!"},{"$error":"#VALUE!"},{"$error":"#VALUE!"},{"$error":"#VALUE!"},{"$error":"#VALUE!"},{"$error":"#VALUE!"},{"$error":"#VALUE!"},{"$error":"#VALUE!"},{"$error":"#VALUE!"},{"$error":"#VALUE!"},{"$error":"#VALUE!"},{"$error":"#VALUE!"},{"$error":"#VALUE!"},{"$f":"SUM(DR147,System2!DR147,System3!DR147)","v":{"$error":"#VALUE!"}},{"$f":"DT$35","v":{"$error":"#VALUE!"}},{"$f":"DU$35","v":{"$error":"#VALUE!"}},{"$f":"DV$35","v":0},{"$f":"DW$35","v":{"$error":"#VALUE!"}},{"$error":"#VALUE!"},{"$error":"#VALUE!"},{"$error":"#VALUE!"},0,0,0,0,0,{"$error":"#VALUE!"},{"$f":"SUM(EF147,System2!EF147,System3!EF147)","v":{"$error":"#VALUE!"}},{"$error":"#VALUE!"},{"$error":"#VALUE!"},{"$error":"#VALUE!"},{"$error":"#VALUE!"},{"$error":"#VALUE!"},{"$error":"#VALUE!"},{"$error":"#VALUE!"},{"$error":"#VALUE!"},{"$error":"#VALUE!"},{"$error":"#VALUE!"},{"$error":"#VALUE!"},{"$error":"#VALUE!"},{"$error":"#VALUE!"},{"$error":"#VALUE!"},{"$error":"#VALUE!"},{"$error":"#VALUE!"},{"$error":"#VALUE!"},{"$error":"#VALUE!"},{"$error":"#VALUE!"},{"$error":"#VALUE!"},{"$error":"#VALUE!"},{"$error":"#VALUE!"},{"$error":"#VALUE!"},{"$error":"#VALUE!"},{"$error":"#VALUE!"},{"$error":"#VALUE!"},{"$f":"SUM(FG147,System2!FG147,System3!FG147)","v":{"$error":"#VALUE!"}},0,0,0,0,{"$error":"#VALUE!"},{"$error":"#VALUE!"},{"$error":"#VALUE!"},{"$error":"#VALUE!"},{"$error":"#VALUE!"},{"$error":"#VALUE!"},{"$error":"#VALUE!"},{"$error":"#VALUE!"},{"$error":"#VALUE!"},{"$error":"#VALUE!"},{"$error":"#VALUE!"},{"$error":"#VALUE!"},{"$error":"#VALUE!"},{"$error":"#VALUE!"},{"$error":"#VALUE!"},{"$error":"#VALUE!"},{"$error":"#VALUE!"},{"$error":"#VALUE!"},{"$error":"#VALUE!"},{"$error":"#VALUE!"},{"$f":"$GG$31*WaterFittings!BO122","v":{"$error":"#VALUE!"}},{"$f":"$GH$31*WaterFittings!BP122","v":{"$error":"#VALUE!"}},{"$f":"$GI$31*WaterFittings!BQ122","v":0},{"$f":"GJ$31*AirCond!BD121","v":{"$error":"#VALUE!"}},{"$f":"GK$31*AirCond!BE121","v":{"$error":"#VALUE!"}},{"$f":"GL$31*AirCond!BF121","v":{"$error":"#VALUE!"}},{"$f":"GM$31*AirCond!BG121","v":{"$error":"#VALUE!"}},{"$f":"GN$31*WaterFittings!BS122","v":0},{"$f":"GO$31*WaterFittings!BT122","v":0},{"$f":"GP$31*WaterFittings!BU122","v":0}]
[null,null,117,0,0,{"$error":"#VALUE!"},{"$error":"#VALUE!"},{"$error":"#VALUE!"},{"$error":"#VALUE!"},{"$error":"#VALUE!"},{"$error":"#VALUE!"},{"$error":"#VALUE!"},{"$error":"#VALUE!"},{"$error":"#VALUE!"},{"$error":"#VALUE!"},null,{"$error":"#VALUE!"},{"$error":"#VALUE!"},{"$error":"#VALUE!"},{"$error":"#VALUE!"},{"$error":"#VALUE!"},null,{"$error":"#VALUE!"},{"$error":"#VALUE!"},{"$error":"#VALUE!"},{"$error":"#VALUE!"},{"$error":"#VALUE!"},null,5,{"$f":"SUM(SUMPRODUCT(AF$20:AJ$20,Q148:U148),SUMPRODUCT(AF$20:AJ$20,System2!Q148:U148),SUMPRODUCT(AF$20:AJ$20,System3!Q148:U148))","v":{"$error":"#VALUE!"}},{"$f":"SUM(SUMPRODUCT(AF$21:AJ$21,W148:AA148),SUMPRODUCT(AF$21:AJ$21,System2!W148:AA148),SUMPRODUCT(AF$21:AJ$21,System3!W148:AA148))","v":{"$error":"#VALUE!"}},{"$f":"WaterFittings!BN123","v":{"$error":"#VALUE!"}},{"$error":"#VALUE!"},{"$error":"#VALUE!"},{"$f":"MIN(AirCond!BL122,P$21)","v":0},{"$error":"#VALUE!"},{"$f":"MIN(ROUNDDOWN(AJ148-FH148,0),ROUNDDOWN(P$21*0.3,0),ROUNDDOWN(SUM(SUMPRODUCT(I$4:I$15,L$4:L$15),SUMPRODUCT(System2!I$4:I$15,System2!L$4:L$15),SUMPRODUCT(System3!I$4:I$15,System3!L$4:L$15))*0.3,0))","v":{"$error":"#VALUE!"}},0,{"$error":"#VALUE!"},{"$error":"#VALUE!"},{"$error":"#VALUE!"},0,{"$error":"#VALUE!"},{"$error":"#VALUE!"},{"$error":"#VALUE!"},0,null,null,null,0,0,0,0,null,{"$error":"#VALUE!"},{"$error":"#VALUE!"},{"$error":"#VALUE!"},{"$error":"#VALUE!"},{"$error":"#VALUE!"},{"$error":"#VALUE!"},{"$error":"#VALUE!"},{"$error":"#VALUE!"},{"$error":"#VALUE!"},0,{"$error":"#VALUE!"},{"$error":"#VALUE!"},{"$error":"#VALUE!"},{"$error":"#VALUE!"},{"$error":"#VALUE!"},{"$error":"#VALUE!"},{"$error":"#VALUE!"},{"$error":"#VALUE!"},{"$error":"#VALUE!"},{"$error":"#VALUE!"},{"$error":"#VALUE!"},{"$error":"#VALUE!"},{"$error":"#VALUE!"},{"$error":"#VALUE!"},{"$error":"#VALUE!"},{"$error":"#VALUE!"},{"$error":"#VALUE!"},{"$error":"#VALUE!"},{"$error":"#VALUE!"},{"$error":"#VALUE!"},{"$error":"#VALUE!"},{"$error":"#VALUE!"},{"$error":"#VALUE!"},{"$error":"#VALUE!"},{"$error":"#VALUE!"},{"$error":"#VALUE!"},{"$error":"#VALUE!"},{"$error":"#VALUE!"},{"$error":"#VALUE!"},{"$error":"#VALUE!"},{"$error":"#VALUE!"},{"$f":"SUM(CQ148,System2!CQ148,System3!CQ148)","v":{"$error":"#VALUE!"}},{"$error":"#VALUE!"},{"$error":"#VALUE!"},{"$error":"#VALUE!"},{"$error":"#VALUE!"},{"$error":"#VALUE!"},{"$error":"#VALUE!"},{"$error":"#VALUE!"},{"$error":"#VALUE!"},{"$error":"#VALUE!"},{"$error":"#VALUE!"},{"$error":"#VALUE!"},{"$error":"#VALUE!"},{"$error":"#VALUE!"},{"$error":"#VALUE!"},{"$error":"#VALUE!"},{"$error":"#VALUE!"},{"$error":"#VALUE!"},{"$error":"#VALUE!"},{"$error":"#VALUE!"},{"$error":"#VALUE!"},{"$error":"#VALUE!"},{"$error":"#VALUE!"},{"$error":"#VALUE!"},{"$error":"#VALUE!"},{"$error":"#VALUE!"},{"$error":"#VALUE!"},{"$f":"SUM(DR148,System2!DR148,System3!DR148)","v":{"$error":"#VALUE!"}},{"$f":"DT$36","v":{"$error":"#VALUE!"}},{"$f":"DU$36","v":{"$error":"#VALUE!"}},{"$f":"DV$36","v":0},{"$f":"DW$36","v":{"$error":"#VALUE!"}},{"$error":"#VALUE!"},{"$error":"#VALUE!"},{"$error":"#VALUE!"},0,0,0,0,0,{"$error":"#VALUE!"},{"$f":"SUM(EF148,System2!EF148,System3!EF148)","v":{"$error":"#VALUE!"}},{"$error":"#VALUE!"},{"$error":"#VALUE!"},{"$error":"#VALUE!"},{"$error":"#VALUE!"},{"$error":"#VALUE!"},{"$error":"#VALUE!"},{"$error":"#VALUE!"},{"$error":"#VALUE!"},{"$error":"#VALUE!"},{"$error":"#VALUE!"},{"$error":"#VALUE!"},{"$error":"#VALUE!"},{"$error":"#VALUE!"},{"$error":"#VALUE!"},{"$error":"#VALUE!"},{"$error":"#VALUE!"},{"$error":"#VALUE!"},{"$error":"#VALUE!"},{"$error":"#VALUE!"},{"$error":"#VALUE!"},{"$error":"#VALUE!"},{"$error":"#VALUE!"},{"$error":"#VALUE!"},{"$error":"#VALUE!"},{"$error":"#VALUE!"},{"$error":"#VALUE!"},{"$f":"SUM(FG148,System2!FG148,System3!FG148)","v":{"$error":"#VALUE!"}},0,0,0,0,{"$error":"#VALUE!"},{"$error":"#VALUE!"},{"$error":"#VALUE!"},{"$error":"#VALUE!"},{"$error":"#VALUE!"},{"$error":"#VALUE!"},{"$error":"#VALUE!"},{"$error":"#VALUE!"},{"$error":"#VALUE!"},{"$error":"#VALUE!"},{"$error":"#VALUE!"},{"$error":"#VALUE!"},{"$error":"#VALUE!"},{"$error":"#VALUE!"},{"$error":"#VALUE!"},{"$error":"#VALUE!"},{"$error":"#VALUE!"},{"$error":"#VALUE!"},{"$error":"#VALUE!"},{"$error":"#VALUE!"},{"$f":"$GG$31*WaterFittings!BO123","v":{"$error":"#VALUE!"}},{"$f":"$GH$31*WaterFittings!BP123","v":{"$error":"#VALUE!"}},{"$f":"$GI$31*WaterFittings!BQ123","v":0},{"$f":"GJ$31*AirCond!BD122","v":{"$error":"#VALUE!"}},{"$f":"GK$31*AirCond!BE122","v":{"$error":"#VALUE!"}},{"$f":"GL$31*AirCond!BF122","v":{"$error":"#VALUE!"}},{"$f":"GM$31*AirCond!BG122","v":{"$error":"#VALUE!"}},{"$f":"GN$31*WaterFittings!BS123","v":0},{"$f":"GO$31*WaterFittings!BT123","v":0},{"$f":"GP$31*WaterFittings!BU123","v":0}]
[null,null,118,0,0,{"$error":"#VALUE!"},{"$error":"#VALUE!"},{"$error":"#VALUE!"},{"$error":"#VALUE!"},{"$error":"#VALUE!"},{"$error":"#VALUE!"},{"$error":"#VALUE!"},{"$error":"#VALUE!"},{"$error":"#VALUE!"},{"$error":"#VALUE!"},null,{"$error":"#VALUE!"},{"$error":"#VALUE!"},{"$error":"#VALUE!"},{"$error":"#VALUE!"},{"$error":"#VALUE!"},null,{"$error":"#VALUE!"},{"$error":"#VALUE!"},{"$error":"#VALUE!"},{"$error":"#VALUE!"},{"$error":"#VALUE!"},null,6,{"$f":"SUM(SUMPRODUCT(AF$20:AJ$20,Q149:U149),SUMPRODUCT(AF$20:AJ$20,System2!Q149:U149),SUMPRODUCT(AF$20:AJ$20,System3!Q149:U149))","v":{"$error":"#VALUE!"}},{"$f":"SUM(SUMPRODUCT(AF$21:AJ$21,W149:AA149),SUMPRODUCT(AF$21:AJ$21,System2!W149:AA149),SUMPRODUCT(AF$21:AJ$21,System3!W149:AA149))","v":{"$error":"#VALUE!"}},{"$f":"WaterFittings!BN124","v":{"$error":"#VALUE!"}},{"$error":"#VALUE!"},{"$error":"#VALUE!"},{"$f":"MIN(AirCond!BL123,P$21)","v":0},{"$error":"#VALUE!"},{"$f":"MIN(ROUNDDOWN(AJ149-FH149,0),ROUNDDOWN(P$21*0.3,0),ROUNDDOWN(SUM(SUMPRODUCT(I$4:I$15,L$4:L$15),SUMPRODUCT(System2!I$4:I$15,System2!L$4:L$15),SUMPRODUCT(System3!I$4:I$15,System3!L$4:L$15))*0.3,0))","v":{"$error":"#VALUE!"}},0,{"$error":"#VALUE!"},{"$error":"#VALUE!"},{"$error":"#VALUE!"},0,{"$error":"#VALUE!"},{"$error":"#VALUE!"},{"$error":"#VALUE!"},0,null,null,null,0,0,0,0,null,{"$error":"#VALUE!"},{"$error":"#VALUE!"},{"$error":"#VALUE!"},{"$error":"#VALUE!"},{"$error":"#VALUE!"},{"$error":"#VALUE!"},{"$error":"#VALUE!"},{"$error":"#VALUE!"},{"$error":"#VALUE!"},0,{"$error":"#VALUE!"},{"$error":"#VALUE!"},{"$error":"#VALUE!"},{"$error":"#VALUE!"},{"$error":"#VALUE!"},{"$error":"#VALUE!"},{"$error":"#VALUE!"},{"$error":"#VALUE!"},{"$error":"#VALUE!"},{"$error":"#VALUE!"},{"$error":"#VALUE!"},{"$error":"#VALUE!"},{"$error":"#VALUE!"},{"$error":"#VALUE!"},{"$error":"#VALUE!"},{"$error":"#VALUE!"},{"$error":"#VALUE!"},{"$error":"#VALUE!"},{"$error":"#VALUE!"},{"$error":"#VALUE!"},{"$error":"#VALUE!"},{"$error":"#VALUE!"},{"$error":"#VALUE!"},{"$error":"#VALUE!"},{"$error":"#VALUE!"},{"$error":"#VALUE!"},{"$error":"#VALUE!"},{"$error":"#VALUE!"},{"$error":"#VALUE!"},{"$error":"#VALUE!"},{"$error":"#VALUE!"},{"$f":"SUM(CQ149,System2!CQ149,System3!CQ149)","v":{"$error":"#VALUE!"}},{"$error":"#VALUE!"},{"$error":"#VALUE!"},{"$error":"#VALUE!"},{"$error":"#VALUE!"},{"$error":"#VALUE!"},{"$error":"#VALUE!"},{"$error":"#VALUE!"},{"$error":"#VALUE!"},{"$error":"#VALUE!"},{"$error":"#VALUE!"},{"$error":"#VALUE!"},{"$error":"#VALUE!"},{"$error":"#VALUE!"},{"$error":"#VALUE!"},{"$error":"#VALUE!"},{"$error":"#VALUE!"},{"$error":"#VALUE!"},{"$error":"#VALUE!"},{"$error":"#VALUE!"},{"$error":"#VALUE!"},{"$error":"#VALUE!"},{"$error":"#VALUE!"},{"$error":"#VALUE!"},{"$error":"#VALUE!"},{"$error":"#VALUE!"},{"$error":"#VALUE!"},{"$f":"SUM(DR149,System2!DR149,System3!DR149)","v":{"$error":"#VALUE!"}},{"$f":"DT$37","v":{"$error":"#VALUE!"}},{"$f":"DU$37","v":{"$error":"#VALUE!"}},{"$f":"DV$37","v":0},{"$f":"DW$37","v":{"$error":"#VALUE!"}},{"$error":"#VALUE!"},{"$error":"#VALUE!"},{"$error":"#VALUE!"},0,0,0,0,0,{"$error":"#VALUE!"},{"$f":"SUM(EF149,System2!EF149,System3!EF149)","v":{"$error":"#VALUE!"}},{"$error":"#VALUE!"},{"$error":"#VALUE!"},{"$error":"#VALUE!"},{"$error":"#VALUE!"},{"$error":"#VALUE!"},{"$error":"#VALUE!"},{"$error":"#VALUE!"},{"$error":"#VALUE!"},{"$error":"#VALUE!"},{"$error":"#VALUE!"},{"$error":"#VALUE!"},{"$error":"#VALUE!"},{"$error":"#VALUE!"},{"$error":"#VALUE!"},{"$error":"#VALUE!"},{"$error":"#VALUE!"},{"$error":"#VALUE!"},{"$error":"#VALUE!"},{"$error":"#VALUE!"},{"$error":"#VALUE!"},{"$error":"#VALUE!"},{"$error":"#VALUE!"},{"$error":"#VALUE!"},{"$error":"#VALUE!"},{"$error":"#VALUE!"},{"$error":"#VALUE!"},{"$f":"SUM(FG149,System2!FG149,System3!FG149)","v":{"$error":"#VALUE!"}},0,0,0,0,{"$error":"#VALUE!"},{"$error":"#VALUE!"},{"$error":"#VALUE!"},{"$error":"#VALUE!"},{"$error":"#VALUE!"},{"$error":"#VALUE!"},{"$error":"#VALUE!"},{"$error":"#VALUE!"},{"$error":"#VALUE!"},{"$error":"#VALUE!"},{"$error":"#VALUE!"},{"$error":"#VALUE!"},{"$error":"#VALUE!"},{"$error":"#VALUE!"},{"$error":"#VALUE!"},{"$error":"#VALUE!"},{"$error":"#VALUE!"},{"$error":"#VALUE!"},{"$error":"#VALUE!"},{"$error":"#VALUE!"},{"$f":"$GG$31*WaterFittings!BO124","v":{"$error":"#VALUE!"}},{"$f":"$GH$31*WaterFittings!BP124","v":{"$error":"#VALUE!"}},{"$f":"$GI$31*WaterFittings!BQ124","v":0},{"$f":"GJ$31*AirCond!BD123","v":{"$error":"#VALUE!"}},{"$f":"GK$31*AirCond!BE123","v":{"$error":"#VALUE!"}},{"$f":"GL$31*AirCond!BF123","v":{"$error":"#VALUE!"}},{"$f":"GM$31*AirCond!BG123","v":{"$error":"#VALUE!"}},{"$f":"GN$31*WaterFittings!BS124","v":0},{"$f":"GO$31*WaterFittings!BT124","v":0},{"$f":"GP$31*WaterFittings!BU124","v":0}]
[null,null,119,23,0,{"$error":"#VALUE!"},{"$error":"#VALUE!"},{"$error":"#VALUE!"},{"$error":"#VALUE!"},{"$error":"#VALUE!"},{"$error":"#VALUE!"},{"$error":"#VALUE!"},{"$error":"#VALUE!"},{"$error":"#VALUE!"},{"$error":"#VALUE!"},null,{"$error":"#VALUE!"},{"$error":"#VALUE!"},{"$error":"#VALUE!"},{"$error":"#VALUE!"},{"$error":"#VALUE!"},null,{"$error":"#VALUE!"},{"$error":"#VALUE!"},{"$error":"#VALUE!"},{"$error":"#VALUE!"},{"$error":"#VALUE!"},null,7,{"$f":"SUM(SUMPRODUCT(AF$20:AJ$20,Q150:U150),SUMPRODUCT(AF$20:AJ$20,System2!Q150:U150),SUMPRODUCT(AF$20:AJ$20,System3!Q150:U150))","v":{"$error":"#VALUE!"}},{"$f":"SUM(SUMPRODUCT(AF$21:AJ$21,W150:AA150),SUMPRODUCT(AF$21:AJ$21,System2!W150:AA150),SUMPRODUCT(AF$21:AJ$21,System3!W150:AA150))","v":{"$error":"#VALUE!"}},{"$f":"WaterFittings!BN125","v":{"$error":"#VALUE!"}},{"$error":"#VALUE!"},{"$error":"#VALUE!"},{"$f":"MIN(AirCond!BL124,P$21)","v":0},{"$error":"#VALUE!"},{"$f":"MIN(ROUNDDOWN(AJ150-FH150,0),ROUNDDOWN(P$21*0.3,0),ROUNDDOWN(SUM(SUMPRODUCT(I$4:I$15,L$4:L$15),SUMPRODUCT(System2!I$4:I$15,System2!L$4:L$15),SUMPRODUCT(System3!I$4:I$15,System3!L$4:L$15))*0.3,0))","v":{"$error":"#VALUE!"}},0,{"$error":"#VALUE!"},{"$error":"#VALUE!"},{"$error":"#VALUE!"},0,{"$error":"#VALUE!"},{"$error":"#VALUE!"},{"$error":"#VALUE!"},0,null,null,null,0,0,0,0,null,{"$error":"#VALUE!"},{"$error":"#VALUE!"},{"$error":"#VALUE!"},{"$error":"#VALUE!"},{"$error":"#VALUE!"},{"$error":"#VALUE!"},{"$error":"#VALUE!"},{"$error":"#VALUE!"},{"$error":"#VALUE!"},0,{"$error":"#VALUE!"},{"$error":"#VALUE!"},{"$error":"#VALUE!"},{"$error":"#VALUE!"},{"$error":"#VALUE!"},{"$error":"#VALUE!"},{"$error":"#VALUE!"},{"$error":"#VALUE!"},{"$error":"#VALUE!"},{"$error":"#VALUE!"},{"$error":"#VALUE!"},{"$error":"#VALUE!"},{"$error":"#VALUE!"},{"$error":"#VALUE!"},{"$error":"#VALUE!"},{"$error":"#VALUE!"},{"$error":"#VALUE!"},{"$error":"#VALUE!"},{"$error":"#VALUE!"},{"$error":"#VALUE!"},{"$error":"#VALUE!"},{"$error":"#VALUE!"},{"$error":"#VALUE!"},{"$error":"#VALUE!"},{"$error":"#VALUE!"},{"$error":"#VALUE!"},{"$error":"#VALUE!"},{"$error":"#VALUE!"},{"$error":"#VALUE!"},{"$error":"#VALUE!"},{"$error":"#VALUE!"},{"$f":"SUM(CQ150,System2!CQ150,System3!CQ150)","v":{"$error":"#VALUE!"}},{"$error":"#VALUE!"},{"$error":"#VALUE!"},{"$error":"#VALUE!"},{"$error":"#VALUE!"},{"$error":"#VALUE!"},{"$error":"#VALUE!"},{"$error":"#VALUE!"},{"$error":"#VALUE!"},{"$error":"#VALUE!"},{"$error":"#VALUE!"},{"$error":"#VALUE!"},{"$error":"#VALUE!"},{"$error":"#VALUE!"},{"$error":"#VALUE!"},{"$error":"#VALUE!"},{"$error":"#VALUE!"},{"$error":"#VALUE!"},{"$error":"#VALUE!"},{"$error":"#VALUE!"},{"$error":"#VALUE!"},{"$error":"#VALUE!"},{"$error":"#VALUE!"},{"$error":"#VALUE!"},{"$error":"#VALUE!"},{"$error":"#VALUE!"},{"$error":"#VALUE!"},{"$f":"SUM(DR150,System2!DR150,System3!DR150)","v":{"$error":"#VALUE!"}},{"$f":"DT$38","v":{"$error":"#VALUE!"}},{"$f":"DU$38","v":{"$error":"#VALUE!"}},{"$f":"DV$38","v":0},{"$f":"DW$38","v":{"$error":"#VALUE!"}},{"$error":"#VALUE!"},{"$error":"#VALUE!"},{"$error":"#VALUE!"},0,0,0,0,0,{"$error":"#VALUE!"},{"$f":"SUM(EF150,System2!EF150,System3!EF150)","v":{"$error":"#VALUE!"}},{"$error":"#VALUE!"},{"$error":"#VALUE!"},{"$error":"#VALUE!"},{"$error":"#VALUE!"},{"$error":"#VALUE!"},{"$error":"#VALUE!"},{"$error":"#VALUE!"},{"$error":"#VALUE!"},{"$error":"#VALUE!"},{"$error":"#VALUE!"},{"$error":"#VALUE!"},{"$error":"#VALUE!"},{"$error":"#VALUE!"},{"$error":"#VALUE!"},{"$error":"#VALUE!"},{"$error":"#VALUE!"},{"$error":"#VALUE!"},{"$error":"#VALUE!"},{"$error":"#VALUE!"},{"$error":"#VALUE!"},{"$error":"#VALUE!"},{"$error":"#VALUE!"},{"$error":"#VALUE!"},{"$error":"#VALUE!"},{"$error":"#VALUE!"},{"$error":"#VALUE!"},{"$f":"SUM(FG150,System2!FG150,System3!FG150)","v":{"$error":"#VALUE!"}},0,0,0,0,{"$error":"#VALUE!"},{"$error":"#VALUE!"},{"$error":"#VALUE!"},{"$error":"#VALUE!"},{"$error":"#VALUE!"},{"$error":"#VALUE!"},{"$error":"#VALUE!"},{"$error":"#VALUE!"},{"$error":"#VALUE!"},{"$error":"#VALUE!"},{"$error":"#VALUE!"},{"$error":"#VALUE!"},{"$error":"#VALUE!"},{"$error":"#VALUE!"},{"$error":"#VALUE!"},{"$error":"#VALUE!"},{"$error":"#VALUE!"},{"$error":"#VALUE!"},{"$error":"#VALUE!"},{"$error":"#VALUE!"},{"$f":"$GG$31*WaterFittings!BO125","v":{"$error":"#VALUE!"}},{"$f":"$GH$31*WaterFittings!BP125","v":{"$error":"#VALUE!"}},{"$f":"$GI$31*WaterFittings!BQ125","v":0},{"$f":"GJ$31*AirCond!BD124","v":{"$error":"#VALUE!"}},{"$f":"GK$31*AirCond!BE124","v":{"$error":"#VALUE!"}},{"$f":"GL$31*AirCond!BF124","v":{"$error":"#VALUE!"}},{"$f":"GM$31*AirCond!BG124","v":{"$error":"#VALUE!"}},{"$f":"GN$31*WaterFittings!BS125","v":0},{"$f":"GO$31*WaterFittings!BT125","v":0},{"$f":"GP$31*WaterFittings!BU125","v":0}]
[null,null,120,27.5,0,{"$error":"#VALUE!"},{"$error":"#VALUE!"},{"$error":"#VALUE!"},{"$error":"#VALUE!"},{"$error":"#VALUE!"},{"$error":"#VALUE!"},{"$error":"#VALUE!"},{"$error":"#VALUE!"},{"$error":"#VALUE!"},{"$error":"#VALUE!"},null,{"$error":"#VALUE!"},{"$error":"#VALUE!"},{"$error":"#VALUE!"},{"$error":"#VALUE!"},{"$error":"#VALUE!"},null,{"$error":"#VALUE!"},{"$error":"#VALUE!"},{"$error":"#VALUE!"},{"$error":"#VALUE!"},{"$f":"ROUNDDOWN(FF151,0)","v":{"$error":"#VALUE!"}},null,8,{"$f":"SUM(SUMPRODUCT(AF$20:AJ$20,Q151:U151),SUMPRODUCT(AF$20:AJ$20,System2!Q151:U151),SUMPRODUCT(AF$20:AJ$20,System3!Q151:U151))","v":{"$error":"#VALUE!"}},{"$f":"SUM(SUMPRODUCT(AF$21:AJ$21,W151:AA151),SUMPRODUCT(AF$21:AJ$21,System2!W151:AA151),SUMPRODUCT(AF$21:AJ$21,System3!W151:AA151))","v":{"$error":"#VALUE!"}},{"$f":"WaterFittings!BN126","v":{"$error":"#VALUE!"}},{"$error":"#VALUE!"},{"$error":"#VALUE!"},{"$f":"MIN(AirCond!BL125,P$21)","v":0},{"$error":"#VALUE!"},{"$f":"MIN(ROUNDDOWN(AJ151-FH151,0),ROUNDDOWN(P$21*0.3,0),ROUNDDOWN(SUM(SUMPRODUCT(I$4:I$15,L$4:L$15),SUMPRODUCT(System2!I$4:I$15,System2!L$4:L$15),SUMPRODUCT(System3!I$4:I$15,System3!L$4:L$15))*0.3,0))","v":{"$error":"#VALUE!"}},0,{"$error":"#VALUE!"},{"$error":"#VALUE!"},{"$error":"#VALUE!"},0,{"$error":"#VALUE!"},{"$error":"#VALUE!"},{"$error":"#VALUE!"},0,null,null,null,0,0,0,0,null,{"$error":"#VALUE!"},{"$error":"#VALUE!"},{"$error":"#VALUE!"},{"$error":"#VALUE!"},{"$error":"#VALUE!"},{"$error":"#VALUE!"},{"$error":"#VALUE!"},{"$error":"#VALUE!"},{"$error":"#VALUE!"},0,{"$error":"#VALUE!"},{"$error":"#VALUE!"},{"$error":"#VALUE!"},{"$error":"#VALUE!"},{"$error":"#VALUE!"},{"$error":"#VALUE!"},{"$error":"#VALUE!"},{"$error":"#VALUE!"},{"$error":"#VALUE!"},{"$error":"#VALUE!"},{"$error":"#VALUE!"},{"$error":"#VALUE!"},{"$error":"#VALUE!"},{"$error":"#VALUE!"},{"$error":"#VALUE!"},{"$error":"#VALUE!"},{"$error":"#VALUE!"},{"$error":"#VALUE!"},{"$error":"#VALUE!"},{"$error":"#VALUE!"},{"$error":"#VALUE!"},{"$error":"#VALUE!"},{"$error":"#VALUE!"},{"$error":"#VALUE!"},{"$error":"#VALUE!"},{"$error":"#VALUE!"},{"$error":"#VALUE!"},{"$error":"#VALUE!"},{"$error":"#VALUE!"},{"$error":"#VALUE!"},{"$error":"#VALUE!"},{"$f":"SUM(CQ151,System2!CQ151,System3!CQ151)","v":{"$error":"#VALUE!"}},{"$error":"#VALUE!"},{"$error":"#VALUE!"},{"$error":"#VALUE!"},{"$error":"#VALUE!"},{"$error":"#VALUE!"},{"$error":"#VALUE!"},{"$error":"#VALUE!"},{"$error":"#VALUE!"},{"$error":"#VALUE!"},{"$error":"#VALUE!"},{"$error":"#VALUE!"},{"$error":"#VALUE!"},{"$error":"#VALUE!"},{"$error":"#VALUE!"},{"$error":"#VALUE!"},{"$error":"#VALUE!"},{"$error":"#VALUE!"},{"$error":"#VALUE!"},{"$error":"#VALUE!"},{"$error":"#VALUE!"},{"$error":"#VALUE!"},{"$error":"#VALUE!"},{"$error":"#VALUE!"},{"$error":"#VALUE!"},{"$error":"#VALUE!"},{"$error":"#VALUE!"},{"$f":"SUM(DR151,System2!DR151,System3!DR151)","v":{"$error":"#VALUE!"}},{"$f":"DT$39","v":{"$error":"#VALUE!"}},{"$f":"DU$39","v":{"$error":"#VALUE!"}},{"$f":"DV$39","v":0},{"$f":"DW$39","v":{"$error":"#VALUE!"}},{"$error":"#VALUE!"},{"$error":"#VALUE!"},{"$error":"#VALUE!"},0,0,0,0,0,{"$error":"#VALUE!"},{"$f":"SUM(EF151,System2!EF151,System3!EF151)","v":{"$error":"#VALUE!"}},{"$error":"#VALUE!"},{"$error":"#VALUE!"},{"$error":"#VALUE!"},{"$error":"#VALUE!"},{"$error":"#VALUE!"},{"$error":"#VALUE!"},{"$error":"#VALUE!"},{"$error":"#VALUE!"},{"$error":"#VALUE!"},{"$error":"#VALUE!"},{"$error":"#VALUE!"},{"$error":"#VALUE!"},{"$error":"#VALUE!"},{"$error":"#VALUE!"},{"$error":"#VALUE!"},{"$error":"#VALUE!"},{"$error":"#VALUE!"},{"$error":"#VALUE!"},{"$error":"#VALUE!"},{"$error":"#VALUE!"},{"$error":"#VALUE!"},{"$error":"#VALUE!"},{"$error":"#VALUE!"},{"$error":"#VALUE!"},{"$error":"#VALUE!"},{"$error":"#VALUE!"},{"$f":"SUM(FG151,System2!FG151,System3!FG151)","v":{"$error":"#VALUE!"}},0,0,0,0,{"$error":"#VALUE!"},{"$error":"#VALUE!"},{"$error":"#VALUE!"},{"$error":"#VALUE!"},{"$error":"#VALUE!"},{"$error":"#VALUE!"},{"$error":"#VALUE!"},{"$error":"#VALUE!"},{"$error":"#VALUE!"},{"$error":"#VALUE!"},{"$error":"#VALUE!"},{"$error":"#VALUE!"},{"$error":"#VALUE!"},{"$error":"#VALUE!"},{"$error":"#VALUE!"},{"$error":"#VALUE!"},{"$error":"#VALUE!"},{"$error":"#VALUE!"},{"$error":"#VALUE!"},{"$error":"#VALUE!"},{"$f":"$GG$31*WaterFittings!BO126","v":{"$error":"#VALUE!"}},{"$f":"$GH$31*WaterFittings!BP126","v":{"$error":"#VALUE!"}},{"$f":"$GI$31*WaterFittings!BQ126","v":0},{"$f":"GJ$31*AirCond!BD125","v":{"$error":"#VALUE!"}},{"$f":"GK$31*AirCond!BE125","v":{"$error":"#VALUE!"}},{"$f":"GL$31*AirCond!BF125","v":{"$error":"#VALUE!"}},{"$f":"GM$31*AirCond!BG125","v":{"$error":"#VALUE!"}},{"$f":"GN$31*WaterFittings!BS126","v":0},{"$f":"GO$31*WaterFittings!BT126","v":0},{"$f":"GP$31*WaterFittings!BU126","v":0}]
[null,"May",121,19.5,0,{"$error":"#VALUE!"},{"$error":"#VALUE!"},{"$error":"#VALUE!"},{"$error":"#VALUE!"},{"$error":"#VALUE!"},{"$error":"#VALUE!"},{"$error":"#VALUE!"},{"$error":"#VALUE!"},{"$error":"#VALUE!"},{"$error":"#VALUE!"},null,{"$error":"#VALUE!"},{"$error":"#VALUE!"},{"$error":"#VALUE!"},{"$error":"#VALUE!"},{"$error":"#VALUE!"},null,{"$error":"#VALUE!"},{"$error":"#VALUE!"},{"$error":"#VALUE!"},{"$error":"#VALUE!"},{"$error":"#VALUE!"},null,9,{"$f":"SUM(SUMPRODUCT(AF$20:AJ$20,Q152:U152),SUMPRODUCT(AF$20:AJ$20,System2!Q152:U152),SUMPRODUCT(AF$20:AJ$20,System3!Q152:U152))","v":{"$error":"#VALUE!"}},{"$f":"SUM(SUMPRODUCT(AF$21:AJ$21,W152:AA152),SUMPRODUCT(AF$21:AJ$21,System2!W152:AA152),SUMPRODUCT(AF$21:AJ$21,System3!W152:AA152))","v":{"$error":"#VALUE!"}},{"$f":"WaterFittings!BN127","v":{"$error":"#VALUE!"}},{"$error":"#VALUE!"},{"$error":"#VALUE!"},{"$f":"MIN(AirCond!BL126,P$21)","v":0},{"$error":"#VALUE!"},{"$f":"MIN(ROUNDDOWN(AJ152-FH152,0),ROUNDDOWN(P$21*0.3,0),ROUNDDOWN(SUM(SUMPRODUCT(I$4:I$15,L$4:L$15),SUMPRODUCT(System2!I$4:I$15,System2!L$4:L$15),SUMPRODUCT(System3!I$4:I$15,System3!L$4:L$15))*0.3,0))","v":{"$error":"#VALUE!"}},0,{"$error":"#VALUE!"},{"$error":"#VALUE!"},{"$error":"#VALUE!"},0,{"$error":"#VALUE!"},{"$error":"#VALUE!"},{"$error":"#VALUE!"},0,null,null,null,0,0,0,0,null,{"$error":"#VALUE!"},{"$error":"#VALUE!"},{"$error":"#VALUE!"},{"$error":"#VALUE!"},{"$error":"#VALUE!"},{"$error":"#VALUE!"},{"$error":"#VALUE!"},{"$error":"#VALUE!"},{"$error":"#VALUE!"},0,{"$error":"#VALUE!"},{"$error":"#VALUE!"},{"$error":"#VALUE!"},{"$error":"#VALUE!"},{"$error":"#VALUE!"},{"$error":"#VALUE!"},{"$error":"#VALUE!"},{"$error":"#VALUE!"},{"$error":"#VALUE!"},{"$error":"#VALUE!"},{"$error":"#VALUE!"},{"$error":"#VALUE!"},{"$error":"#VALUE!"},{"$error":"#VALUE!"},{"$error":"#VALUE!"},{"$error":"#VALUE!"},{"$error":"#VALUE!"},{"$error":"#VALUE!"},{"$error":"#VALUE!"},{"$error":"#VALUE!"},{"$error":"#VALUE!"},{"$error":"#VALUE!"},{"$error":"#VALUE!"},{"$error":"#VALUE!"},{"$error":"#VALUE!"},{"$error":"#VALUE!"},{"$error":"#VALUE!"},{"$error":"#VALUE!"},{"$error":"#VALUE!"},{"$error":"#VALUE!"},{"$error":"#VALUE!"},{"$f":"SUM(CQ152,System2!CQ152,System3!CQ152)","v":{"$error":"#VALUE!"}},{"$error":"#VALUE!"},{"$error":"#VALUE!"},{"$error":"#VALUE!"},{"$error":"#VALUE!"},{"$error":"#VALUE!"},{"$error":"#VALUE!"},{"$error":"#VALUE!"},{"$error":"#VALUE!"},{"$error":"#VALUE!"},{"$error":"#VALUE!"},{"$error":"#VALUE!"},{"$error":"#VALUE!"},{"$error":"#VALUE!"},{"$error":"#VALUE!"},{"$error":"#VALUE!"},{"$error":"#VALUE!"},{"$error":"#VALUE!"},{"$error":"#VALUE!"},{"$error":"#VALUE!"},{"$error":"#VALUE!"},{"$error":"#VALUE!"},{"$error":"#VALUE!"},{"$error":"#VALUE!"},{"$error":"#VALUE!"},{"$error":"#VALUE!"},{"$error":"#VALUE!"},{"$f":"SUM(DR152,System2!DR152,System3!DR152)","v":{"$error":"#VALUE!"}},{"$f":"DT$40","v":{"$error":"#VALUE!"}},{"$f":"DU$40","v":{"$error":"#VALUE!"}},{"$f":"DV$40","v":0},{"$f":"DW$40","v":{"$error":"#VALUE!"}},{"$error":"#VALUE!"},{"$error":"#VALUE!"},{"$error":"#VALUE!"},0,0,0,0,0,{"$error":"#VALUE!"},{"$f":"SUM(EF152,System2!EF152,System3!EF152)","v":{"$error":"#VALUE!"}},{"$error":"#VALUE!"},{"$error":"#VALUE!"},{"$error":"#VALUE!"},{"$error":"#VALUE!"},{"$error":"#VALUE!"},{"$error":"#VALUE!"},{"$error":"#VALUE!"},{"$error":"#VALUE!"},{"$error":"#VALUE!"},{"$error":"#VALUE!"},{"$error":"#VALUE!"},{"$error":"#VALUE!"},{"$error":"#VALUE!"},{"$error":"#VALUE!"},{"$error":"#VALUE!"},{"$error":"#VALUE!"},{"$error":"#VALUE!"},{"$error":"#VALUE!"},{"$error":"#VALUE!"},{"$error":"#VALUE!"},{"$error":"#VALUE!"},{"$error":"#VALUE!"},{"$error":"#VALUE!"},{"$error":"#VALUE!"},{"$error":"#VALUE!"},{"$error":"#VALUE!"},{"$f":"SUM(FG152,System2!FG152,System3!FG152)","v":{"$error":"#VALUE!"}},0,0,0,0,{"$error":"#VALUE!"},{"$error":"#VALUE!"},{"$error":"#VALUE!"},{"$error":"#VALUE!"},{"$error":"#VALUE!"},{"$error":"#VALUE!"},{"$error":"#VALUE!"},{"$error":"#VALUE!"},{"$error":"#VALUE!"},{"$error":"#VALUE!"},{"$error":"#VALUE!"},{"$error":"#VALUE!"},{"$error":"#VALUE!"},{"$error":"#VALUE!"},{"$error":"#VALUE!"},{"$error":"#VALUE!"},{"$error":"#VALUE!"},{"$error":"#VALUE!"},{"$error":"#VALUE!"},{"$error":"#VALUE!"},{"$f":"$GG$31*WaterFittings!BO127","v":{"$error":"#VALUE!"}},{"$f":"$GH$31*WaterFittings!BP127","v":{"$error":"#VALUE!"}},{"$f":"$GI$31*WaterFittings!BQ127","v":0},{"$f":"GJ$31*AirCond!BD126","v":{"$error":"#VALUE!"}},{"$f":"GK$31*AirCond!BE126","v":{"$error":"#VALUE!"}},{"$f":"GL$31*AirCond!BF126","v":{"$error":"#VALUE!"}},{"$f":"GM$31*AirCond!BG126","v":{"$error":"#VALUE!"}},{"$f":"GN$31*WaterFittings!BS127","v":0},{"$f":"GO$31*WaterFittings!BT127","v":0},{"$f":"GP$31*WaterFittings!BU127","v":0}]
[null,null,122,2,0,{"$error":"#VALUE!"},{"$error":"#VALUE!"},{"$error":"#VALUE!"},{"$error":"#VALUE!"},{"$error":"#VALUE!"},{"$error":"#VALUE!"},{"$error":"#VALUE!"},{"$error":"#VALUE!"},{"$error":"#VALUE!"},{"$error":"#VALUE!"},null,{"$error":"#VALUE!"},{"$error":"#VALUE!"},{"$error":"#VALUE!"},{"$error":"#VALUE!"},{"$error":"#VALUE!"},null,{"$error":"#VALUE!"},{"$error":"#VALUE!"},{"$error":"#VALUE!"},{"$error":"#VALUE!"},{"$error":"#VALUE!"},null,10,{"$f":"SUM(SUMPRODUCT(AF$20:AJ$20,Q153:U153),SUMPRODUCT(AF$20:AJ$20,System2!Q153:U153),SUMPRODUCT(AF$20:AJ$20,System3!Q153:U153))","v":{"$error":"#VALUE!"}},{"$f":"SUM(SUMPRODUCT(AF$21:AJ$21,W153:AA153),SUMPRODUCT(AF$21:AJ$21,System2!W153:AA153),SUMPRODUCT(AF$21:AJ$21,System3!W153:AA153))","v":{"$error":"#VALUE!"}},{"$f":"WaterFittings!BN128","v":{"$error":"#VALUE!"}},{"$error":"#VALUE!"},{"$error":"#VALUE!"},{"$f":"MIN(AirCond!BL127,P$21)","v":0},{"$error":"#VALUE!"},{"$f":"MIN(ROUNDDOWN(AJ153-FH153,0),ROUNDDOWN(P$21*0.3,0),ROUNDDOWN(SUM(SUMPRODUCT(I$4:I$15,L$4:L$15),SUMPRODUCT(System2!I$4:I$15,System2!L$4:L$15),SUMPRODUCT(System3!I$4:I$15,System3!L$4:L$15))*0.3,0))","v":{"$error":"#VALUE!"}},0,{"$error":"#VALUE!"},{"$error":"#VALUE!"},{"$error":"#VALUE!"},0,{"$error":"#VALUE!"},{"$error":"#VALUE!"},{"$error":"#VALUE!"},0,null,null,null,0,0,0,0,null,{"$error":"#VALUE!"},{"$error":"#VALUE!"},{"$error":"#VALUE!"},{"$error":"#VALUE!"},{"$error":"#VALUE!"},{"$error":"#VALUE!"},{"$error":"#VALUE!"},{"$error":"#VALUE!"},{"$error":"#VALUE!"},0,{"$error":"#VALUE!"},{"$error":"#VALUE!"},{"$error":"#VALUE!"},{"$error":"#VALUE!"},{"$error":"#VALUE!"},{"$error":"#VALUE!"},{"$error":"#VALUE!"},{"$error":"#VALUE!"},{"$error":"#VALUE!"},{"$error":"#VALUE!"},{"$error":"#VALUE!"},{"$error":"#VALUE!"},{"$error":"#VALUE!"},{"$error":"#VALUE!"},{"$error":"#VALUE!"},{"$error":"#VALUE!"},{"$error":"#VALUE!"},{"$error":"#VALUE!"},{"$error":"#VALUE!"},{"$error":"#VALUE!"},{"$error":"#VALUE!"},{"$error":"#VALUE!"},{"$error":"#VALUE!"},{"$error":"#VALUE!"},{"$error":"#VALUE!"},{"$error":"#VALUE!"},{"$error":"#VALUE!"},{"$error":"#VALUE!"},{"$error":"#VALUE!"},{"$error":"#VALUE!"},{"$error":"#VALUE!"},{"$f":"SUM(CQ153,System2!CQ153,System3!CQ153)","v":{"$error":"#VALUE!"}},{"$error":"#VALUE!"},{"$error":"#VALUE!"},{"$error":"#VALUE!"},{"$error":"#VALUE!"},{"$error":"#VALUE!"},{"$error":"#VALUE!"},{"$error":"#VALUE!"},{"$error":"#VALUE!"},{"$error":"#VALUE!"},{"$error":"#VALUE!"},{"$error":"#VALUE!"},{"$error":"#VALUE!"},{"$error":"#VALUE!"},{"$error":"#VALUE!"},{"$error":"#VALUE!"},{"$error":"#VALUE!"},{"$error":"#VALUE!"},{"$error":"#VALUE!"},{"$error":"#VALUE!"},{"$error":"#VALUE!"},{"$error":"#VALUE!"},{"$error":"#VALUE!"},{"$error":"#VALUE!"},{"$error":"#VALUE!"},{"$error":"#VALUE!"},{"$error":"#VALUE!"},{"$f":"SUM(DR153,System2!DR153,System3!DR153)","v":{"$error":"#VALUE!"}},{"$f":"DT$41","v":{"$error":"#VALUE!"}},{"$f":"DU$41","v":{"$error":"#VALUE!"}},{"$f":"DV$41","v":0},{"$f":"DW$41","v":{"$error":"#VALUE!"}},{"$error":"#VALUE!"},{"$error":"#VALUE!"},{"$error":"#VALUE!"},0,0,0,0,0,{"$error":"#VALUE!"},{"$f":"SUM(EF153,System2!EF153,System3!EF153)","v":{"$error":"#VALUE!"}},{"$error":"#VALUE!"},{"$error":"#VALUE!"},{"$error":"#VALUE!"},{"$error":"#VALUE!"},{"$error":"#VALUE!"},{"$error":"#VALUE!"},{"$error":"#VALUE!"},{"$error":"#VALUE!"},{"$error":"#VALUE!"},{"$error":"#VALUE!"},{"$error":"#VALUE!"},{"$error":"#VALUE!"},{"$error":"#VALUE!"},{"$error":"#VALUE!"},{"$error":"#VALUE!"},{"$error":"#VALUE!"},{"$error":"#VALUE!"},{"$error":"#VALUE!"},{"$error":"#VALUE!"},{"$error":"#VALUE!"},{"$error":"#VALUE!"},{"$error":"#VALUE!"},{"$error":"#VALUE!"},{"$error":"#VALUE!"},{"$error":"#VALUE!"},{"$error":"#VALUE!"},{"$f":"SUM(FG153,System2!FG153,System3!FG153)","v":{"$error":"#VALUE!"}},0,0,0,0,{"$error":"#VALUE!"},{"$error":"#VALUE!"},{"$error":"#VALUE!"},{"$error":"#VALUE!"},{"$error":"#VALUE!"},{"$error":"#VALUE!"},{"$error":"#VALUE!"},{"$error":"#VALUE!"},{"$error":"#VALUE!"},{"$error":"#VALUE!"},{"$error":"#VALUE!"},{"$error":"#VALUE!"},{"$error":"#VALUE!"},{"$error":"#VALUE!"},{"$error":"#VALUE!"},{"$error":"#VALUE!"},{"$error":"#VALUE!"},{"$error":"#VALUE!"},{"$error":"#VALUE!"},{"$error":"#VALUE!"},{"$f":"$GG$31*WaterFittings!BO128","v":{"$error":"#VALUE!"}},{"$f":"$GH$31*WaterFittings!BP128","v":{"$error":"#VALUE!"}},{"$f":"$GI$31*WaterFittings!BQ128","v":0},{"$f":"GJ$31*AirCond!BD127","v":{"$error":"#VALUE!"}},{"$f":"GK$31*AirCond!BE127","v":{"$error":"#VALUE!"}},{"$f":"GL$31*AirCond!BF127","v":{"$error":"#VALUE!"}},{"$f":"GM$31*AirCond!BG127","v":{"$error":"#VALUE!"}},{"$f":"GN$31*WaterFittings!BS128","v":0},{"$f":"GO$31*WaterFittings!BT128","v":0},{"$f":"GP$31*WaterFittings!BU128","v":0}]
[null,null,123,0,0,{"$error":"#VALUE!"},{"$error":"#VALUE!"},{"$error":"#VALUE!"},{"$error":"#VALUE!"},{"$error":"#VALUE!"},{"$error":"#VALUE!"},{"$error":"#VALUE!"},{"$error":"#VALUE!"},{"$error":"#VALUE!"},{"$error":"#VALUE!"},null,{"$error":"#VALUE!"},{"$error":"#VALUE!"},{"$error":"#VALUE!"},{"$error":"#VALUE!"},{"$error":"#VALUE!"},null,{"$error":"#VALUE!"},{"$error":"#VALUE!"},{"$error":"#VALUE!"},{"$error":"#VALUE!"},{"$error":"#VALUE!"},null,11,{"$f":"SUM(SUMPRODUCT(AF$20:AJ$20,Q154:U154),SUMPRODUCT(AF$20:AJ$20,System2!Q154:U154),SUMPRODUCT(AF$20:AJ$20,System3!Q154:U154))","v":{"$error":"#VALUE!"}},{"$f":"SUM(SUMPRODUCT(AF$21:AJ$21,W154:AA154),SUMPRODUCT(AF$21:AJ$21,System2!W154:AA154),SUMPRODUCT(AF$21:AJ$21,System3!W154:AA154))","v":{"$error":"#VALUE!"}},{"$f":"WaterFittings!BN129","v":{"$error":"#VALUE!"}},{"$error":"#VALUE!"},{"$error":"#VALUE!"},{"$f":"MIN(AirCond!BL128,P$21)","v":0},{"$error":"#VALUE!"},{"$f":"MIN(ROUNDDOWN(AJ154-FH154,0),ROUNDDOWN(P$21*0.3,0),ROUNDDOWN(SUM(SUMPRODUCT(I$4:I$15,L$4:L$15),SUMPRODUCT(System2!I$4:I$15,System2!L$4:L$15),SUMPRODUCT(System3!I$4:I$15,System3!L$4:L$15))*0.3,0))","v":{"$error":"#VALUE!"}},0,{"$error":"#VALUE!"},{"$error":"#VALUE!"},{"$error":"#VALUE!"},0,{"$error":"#VALUE!"},{"$error":"#VALUE!"},{"$error":"#VALUE!"},0,null,null,null,0,0,0,0,null,{"$error":"#VALUE!"},{"$error":"#VALUE!"},{"$error":"#VALUE!"},{"$error":"#VALUE!"},{"$error":"#VALUE!"},{"$error":"#VALUE!"},{"$error":"#VALUE!"},{"$error":"#VALUE!"},{"$error":"#VALUE!"},0,{"$error":"#VALUE!"},{"$error":"#VALUE!"},{"$error":"#VALUE!"},{"$error":"#VALUE!"},{"$error":"#VALUE!"},{"$error":"#VALUE!"},{"$error":"#VALUE!"},{"$error":"#VALUE!"},{"$error":"#VALUE!"},{"$error":"#VALUE!"},{"$error":"#VALUE!"},{"$error":"#VALUE!"},{"$error":"#VALUE!"},{"$error":"#VALUE!"},{"$error":"#VALUE!"},{"$error":"#VALUE!"},{"$error":"#VALUE!"},{"$error":"#VALUE!"},{"$error":"#VALUE!"},{"$error":"#VALUE!"},{"$error":"#VALUE!"},{"$error":"#VALUE!"},{"$error":"#VALUE!"},{"$error":"#VALUE!"},{"$error":"#VALUE!"},{"$error":"#VALUE!"},{"$error":"#VALUE!"},{"$error":"#VALUE!"},{"$error":"#VALUE!"},{"$error":"#VALUE!"},{"$error":"#VALUE!"},{"$f":"SUM(CQ154,System2!CQ154,System3!CQ154)","v":{"$error":"#VALUE!"}},{"$error":"#VALUE!"},{"$error":"#VALUE!"},{"$error":"#VALUE!"},{"$error":"#VALUE!"},{"$error":"#VALUE!"},{"$error":"#VALUE!"},{"$error":"#VALUE!"},{"$error":"#VALUE!"},{"$error":"#VALUE!"},{"$error":"#VALUE!"},{"$error":"#VALUE!"},{"$error":"#VALUE!"},{"$error":"#VALUE!"},{"$error":"#VALUE!"},{"$error":"#VALUE!"},{"$error":"#VALUE!"},{"$error":"#VALUE!"},{"$error":"#VALUE!"},{"$error":"#VALUE!"},{"$error":"#VALUE!"},{"$error":"#VALUE!"},{"$error":"#VALUE!"},{"$error":"#VALUE!"},{"$error":"#VALUE!"},{"$error":"#VALUE!"},{"$error":"#VALUE!"},{"$f":"SUM(DR154,System2!DR154,System3!DR154)","v":{"$error":"#VALUE!"}},{"$f":"DT$42","v":{"$error":"#VALUE!"}},{"$f":"DU$42","v":{"$error":"#VALUE!"}},{"$f":"DV$42","v":0},{"$f":"DW$42","v":{"$error":"#VALUE!"}},{"$error":"#VALUE!"},{"$error":"#VALUE!"},{"$error":"#VALUE!"},0,0,0,0,0,{"$error":"#VALUE!"},{"$f":"SUM(EF154,System2!EF154,System3!EF154)","v":{"$error":"#VALUE!"}},{"$error":"#VALUE!"},{"$error":"#VALUE!"},{"$error":"#VALUE!"},{"$error":"#VALUE!"},{"$error":"#VALUE!"},{"$error":"#VALUE!"},{"$error":"#VALUE!"},{"$error":"#VALUE!"},{"$error":"#VALUE!"},{"$error":"#VALUE!"},{"$error":"#VALUE!"},{"$error":"#VALUE!"},{"$error":"#VALUE!"},{"$error":"#VALUE!"},{"$error":"#VALUE!"},{"$error":"#VALUE!"},{"$error":"#VALUE!"},{"$error":"#VALUE!"},{"$error":"#VALUE!"},{"$error":"#VALUE!"},{"$error":"#VALUE!"},{"$error":"#VALUE!"},{"$error":"#VALUE!"},{"$error":"#VALUE!"},{"$error":"#VALUE!"},{"$error":"#VALUE!"},{"$f":"SUM(FG154,System2!FG154,System3!FG154)","v":{"$error":"#VALUE!"}},0,0,0,0,{"$error":"#VALUE!"},{"$error":"#VALUE!"},{"$error":"#VALUE!"},{"$error":"#VALUE!"},{"$error":"#VALUE!"},{"$error":"#VALUE!"},{"$error":"#VALUE!"},{"$error":"#VALUE!"},{"$error":"#VALUE!"},{"$error":"#VALUE!"},{"$error":"#VALUE!"},{"$error":"#VALUE!"},{"$error":"#VALUE!"},{"$error":"#VALUE!"},{"$error":"#VALUE!"},{"$error":"#VALUE!"},{"$error":"#VALUE!"},{"$error":"#VALUE!"},{"$error":"#VALUE!"},{"$error":"#VALUE!"},{"$f":"$GG$31*WaterFittings!BO129","v":{"$error":"#VALUE!"}},{"$f":"$GH$31*WaterFittings!BP129","v":{"$error":"#VALUE!"}},{"$f":"$GI$31*WaterFittings!BQ129","v":0},{"$f":"GJ$31*AirCond!BD128","v":{"$error":"#VALUE!"}},{"$f":"GK$31*AirCond!BE128","v":{"$error":"#VALUE!"}},{"$f":"GL$31*AirCond!BF128","v":{"$error":"#VALUE!"}},{"$f":"GM$31*AirCond!BG128","v":{"$error":"#VALUE!"}},{"$f":"GN$31*WaterFittings!BS129","v":0},{"$f":"GO$31*WaterFittings!BT129","v":0},{"$f":"GP$31*WaterFittings!BU129","v":0}]
[null,null,124,0,0,{"$error":"#VALUE!"},{"$error":"#VALUE!"},{"$error":"#VALUE!"},{"$error":"#VALUE!"},{"$error":"#VALUE!"},{"$error":"#VALUE!"},{"$error":"#VALUE!"},{"$error":"#VALUE!"},{"$error":"#VALUE!"},{"$error":"#VALUE!"},null,{"$error":"#VALUE!"},{"$error":"#VALUE!"},{"$error":"#VALUE!"},{"$error":"#VALUE!"},{"$error":"#VALUE!"},null,{"$error":"#VALUE!"},{"$error":"#VALUE!"},{"$error":"#VALUE!"},{"$error":"#VALUE!"},{"$error":"#VALUE!"},null,12,{"$f":"SUM(SUMPRODUCT(AF$20:AJ$20,Q155:U155),SUMPRODUCT(AF$20:AJ$20,System2!Q155:U155),SUMPRODUCT(AF$20:AJ$20,System3!Q155:U155))","v":{"$error":"#VALUE!"}},{"$f":"SUM(SUMPRODUCT(AF$21:AJ$21,W155:AA155),SUMPRODUCT(AF$21:AJ$21,System2!W155:AA155),SUMPRODUCT(AF$21:AJ$21,System3!W155:AA155))","v":{"$error":"#VALUE!"}},{"$f":"WaterFittings!BN130","v":{"$error":"#VALUE!"}},{"$error":"#VALUE!"},{"$error":"#VALUE!"},{"$f":"MIN(AirCond!BL129,P$21)","v":0},{"$error":"#VALUE!"},{"$f":"MIN(ROUNDDOWN(AJ155-FH155,0),ROUNDDOWN(P$21*0.3,0),ROUNDDOWN(SUM(SUMPRODUCT(I$4:I$15,L$4:L$15),SUMPRODUCT(System2!I$4:I$15,System2!L$4:L$15),SUMPRODUCT(System3!I$4:I$15,System3!L$4:L$15))*0.3,0))","v":{"$error":"#VALUE!"}},0,{"$error":"#VALUE!"},{"$error":"#VALUE!"},{"$error":"#VALUE!"},0,{"$error":"#VALUE!"},{"$error":"#VALUE!"},{"$error":"#VALUE!"},0,null,null,null,0,0,0,0,null,{"$error":"#VALUE!"},{"$error":"#VALUE!"},{"$error":"#VALUE!"},{"$error":"#VALUE!"},{"$error":"#VALUE!"},{"$error":"#VALUE!"},{"$error":"#VALUE!"},{"$error":"#VALUE!"},{"$error":"#VALUE!"},0,{"$error":"#VALUE!"},{"$error":"#VALUE!"},{"$error":"#VALUE!"},{"$error":"#VALUE!"},{"$error":"#VALUE!"},{"$error":"#VALUE!"},{"$error":"#VALUE!"},{"$error":"#VALUE!"},{"$error":"#VALUE!"},{"$error":"#VALUE!"},{"$error":"#VALUE!"},{"$error":"#VALUE!"},{"$error":"#VALUE!"},{"$error":"#VALUE!"},{"$error":"#VALUE!"},{"$error":"#VALUE!"},{"$error":"#VALUE!"},{"$error":"#VALUE!"},{"$error":"#VALUE!"},{"$error":"#VALUE!"},{"$error":"#VALUE!"},{"$error":"#VALUE!"},{"$error":"#VALUE!"},{"$error":"#VALUE!"},{"$error":"#VALUE!"},{"$error":"#VALUE!"},{"$error":"#VALUE!"},{"$error":"#VALUE!"},{"$error":"#VALUE!"},{"$error":"#VALUE!"},{"$error":"#VALUE!"},{"$f":"SUM(CQ155,System2!CQ155,System3!CQ155)","v":{"$error":"#VALUE!"}},{"$error":"#VALUE!"},{"$error":"#VALUE!"},{"$error":"#VALUE!"},{"$error":"#VALUE!"},{"$error":"#VALUE!"},{"$error":"#VALUE!"},{"$error":"#VALUE!"},{"$error":"#VALUE!"},{"$error":"#VALUE!"},{"$error":"#VALUE!"},{"$error":"#VALUE!"},{"$error":"#VALUE!"},{"$error":"#VALUE!"},{"$error":"#VALUE!"},{"$error":"#VALUE!"},{"$error":"#VALUE!"},{"$error":"#VALUE!"},{"$error":"#VALUE!"},{"$error":"#VALUE!"},{"$error":"#VALUE!"},{"$error":"#VALUE!"},{"$error":"#VALUE!"},{"$error":"#VALUE!"},{"$error":"#VALUE!"},{"$error":"#VALUE!"},{"$error":"#VALUE!"},{"$f":"SUM(DR155,System2!DR155,System3!DR155)","v":{"$error":"#VALUE!"}},{"$f":"DT$43","v":{"$error":"#VALUE!"}},{"$f":"DU$43","v":{"$error":"#VALUE!"}},{"$f":"DV$43","v":0},{"$f":"DW$43","v":{"$error":"#VALUE!"}},{"$error":"#VALUE!"},{"$error":"#VALUE!"},{"$error":"#VALUE!"},0,0,0,0,0,{"$error":"#VALUE!"},{"$f":"SUM(EF155,System2!EF155,System3!EF155)","v":{"$error":"#VALUE!"}},{"$error":"#VALUE!"},{"$error":"#VALUE!"},{"$error":"#VALUE!"},{"$error":"#VALUE!"},{"$error":"#VALUE!"},{"$error":"#VALUE!"},{"$error":"#VALUE!"},{"$error":"#VALUE!"},{"$error":"#VALUE!"},{"$error":"#VALUE!"},{"$error":"#VALUE!"},{"$error":"#VALUE!"},{"$error":"#VALUE!"},{"$error":"#VALUE!"},{"$error":"#VALUE!"},{"$error":"#VALUE!"},{"$error":"#VALUE!"},{"$error":"#VALUE!"},{"$error":"#VALUE!"},{"$error":"#VALUE!"},{"$error":"#VALUE!"},{"$error":"#VALUE!"},{"$error":"#VALUE!"},{"$error":"#VALUE!"},{"$error":"#VALUE!"},{"$error":"#VALUE!"},{"$f":"SUM(FG155,System2!FG155,System3!FG155)","v":{"$error":"#VALUE!"}},0,0,0,0,{"$error":"#VALUE!"},{"$error":"#VALUE!"},{"$error":"#VALUE!"},{"$error":"#VALUE!"},{"$error":"#VALUE!"},{"$error":"#VALUE!"},{"$error":"#VALUE!"},{"$error":"#VALUE!"},{"$error":"#VALUE!"},{"$error":"#VALUE!"},{"$error":"#VALUE!"},{"$error":"#VALUE!"},{"$error":"#VALUE!"},{"$error":"#VALUE!"},{"$error":"#VALUE!"},{"$error":"#VALUE!"},{"$error":"#VALUE!"},{"$error":"#VALUE!"},{"$error":"#VALUE!"},{"$error":"#VALUE!"},{"$f":"$GG$31*WaterFittings!BO130","v":{"$error":"#VALUE!"}},{"$f":"$GH$31*WaterFittings!BP130","v":{"$error":"#VALUE!"}},{"$f":"$GI$31*WaterFittings!BQ130","v":0},{"$f":"GJ$31*AirCond!BD129","v":{"$error":"#VALUE!"}},{"$f":"GK$31*AirCond!BE129","v":{"$error":"#VALUE!"}},{"$f":"GL$31*AirCond!BF129","v":{"$error":"#VALUE!"}},{"$f":"GM$31*AirCond!BG129","v":{"$error":"#VALUE!"}},{"$f":"GN$31*WaterFittings!BS130","v":0},{"$f":"GO$31*WaterFittings!BT130","v":0},{"$f":"GP$31*WaterFittings!BU130","v":0}]
[null,null,125,2.5,0,{"$error":"#VALUE!"},{"$error":"#VALUE!"},{"$error":"#VALUE!"},{"$error":"#VALUE!"},{"$error":"#VALUE!"},{"$error":"#VALUE!"},{"$error":"#VALUE!"},{"$error":"#VALUE!"},{"$error":"#VALUE!"},{"$error":"#VALUE!"},null,{"$error":"#VALUE!"},{"$error":"#VALUE!"},{"$error":"#VALUE!"},{"$error":"#VALUE!"},{"$error":"#VALUE!"},null,{"$error":"#VALUE!"},{"$error":"#VALUE!"},{"$error":"#VALUE!"},{"$error":"#VALUE!"},{"$error":"#VALUE!"},null,13,{"$f":"SUM(SUMPRODUCT(AF$20:AJ$20,Q156:U156),SUMPRODUCT(AF$20:AJ$20,System2!Q156:U156),SUMPRODUCT(AF$20:AJ$20,System3!Q156:U156))","v":{"$error":"#VALUE!"}},{"$f":"SUM(SUMPRODUCT(AF$21:AJ$21,W156:AA156),SUMPRODUCT(AF$21:AJ$21,System2!W156:AA156),SUMPRODUCT(AF$21:AJ$21,System3!W156:AA156))","v":{"$error":"#VALUE!"}},{"$f":"WaterFittings!BN131","v":{"$error":"#VALUE!"}},{"$error":"#VALUE!"},{"$error":"#VALUE!"},{"$f":"MIN(AirCond!BL130,P$21)","v":0},{"$error":"#VALUE!"},{"$f":"MIN(ROUNDDOWN(AJ156-FH156,0),ROUNDDOWN(P$21*0.3,0),ROUNDDOWN(SUM(SUMPRODUCT(I$4:I$15,L$4:L$15),SUMPRODUCT(System2!I$4:I$15,System2!L$4:L$15),SUMPRODUCT(System3!I$4:I$15,System3!L$4:L$15))*0.3,0))","v":{"$error":"#VALUE!"}},0,{"$error":"#VALUE!"},{"$error":"#VALUE!"},{"$error":"#VALUE!"},0,{"$error":"#VALUE!"},{"$error":"#VALUE!"},{"$error":"#VALUE!"},0,null,null,null,0,0,0,0,null,{"$error":"#VALUE!"},{"$error":"#VALUE!"},{"$error":"#VALUE!"},{"$error":"#VALUE!"},{"$error":"#VALUE!"},{"$error":"#VALUE!"},{"$error":"#VALUE!"},{"$error":"#VALUE!"},{"$error":"#VALUE!"},0,{"$error":"#VALUE!"},{"$error":"#VALUE!"},{"$error":"#VALUE!"},{"$error":"#VALUE!"},{"$error":"#VALUE!"},{"$error":"#VALUE!"},{"$error":"#VALUE!"},{"$error":"#VALUE!"},{"$error":"#VALUE!"},{"$error":"#VALUE!"},{"$error":"#VALUE!"},{"$error":"#VALUE!"},{"$error":"#VALUE!"},{"$error":"#VALUE!"},{"$error":"#VALUE!"},{"$error":"#VALUE!"},{"$error":"#VALUE!"},{"$error":"#VALUE!"},{"$error":"#VALUE!"},{"$error":"#VALUE!"},{"$error":"#VALUE!"},{"$error":"#VALUE!"},{"$error":"#VALUE!"},{"$error":"#VALUE!"},{"$error":"#VALUE!"},{"$error":"#VALUE!"},{"$error":"#VALUE!"},{"$error":"#VALUE!"},{"$error":"#VALUE!"},{"$error":"#VALUE!"},{"$error":"#VALUE!"},{"$f":"SUM(CQ156,System2!CQ156,System3!CQ156)","v":{"$error":"#VALUE!"}},{"$error":"#VALUE!"},{"$error":"#VALUE!"},{"$error":"#VALUE!"},{"$error":"#VALUE!"},{"$error":"#VALUE!"},{"$error":"#VALUE!"},{"$error":"#VALUE!"},{"$error":"#VALUE!"},{"$error":"#VALUE!"},{"$error":"#VALUE!"},{"$error":"#VALUE!"},{"$error":"#VALUE!"},{"$error":"#VALUE!"},{"$error":"#VALUE!"},{"$error":"#VALUE!"},{"$error":"#VALUE!"},{"$error":"#VALUE!"},{"$error":"#VALUE!"},{"$error":"#VALUE!"},{"$error":"#VALUE!"},{"$error":"#VALUE!"},{"$error":"#VALUE!"},{"$error":"#VALUE!"},{"$error":"#VALUE!"},{"$error":"#VALUE!"},{"$error":"#VALUE!"},{"$f":"SUM(DR156,System2!DR156,System3!DR156)","v":{"$error":"#VALUE!"}},{"$f":"DT$44","v":{"$error":"#VALUE!"}},{"$f":"DU$44","v":{"$error":"#VALUE!"}},{"$f":"DV$44","v":0},{"$f":"DW$44","v":{"$error":"#VALUE!"}},{"$error":"#VALUE!"},{"$error":"#VALUE!"},{"$error":"#VALUE!"},0,0,0,0,0,{"$error":"#VALUE!"},{"$f":"SUM(EF156,System2!EF156,System3!EF156)","v":{"$error":"#VALUE!"}},{"$error":"#VALUE!"},{"$error":"#VALUE!"},{"$error":"#VALUE!"},{"$error":"#VALUE!"},{"$error":"#VALUE!"},{"$error":"#VALUE!"},{"$error":"#VALUE!"},{"$error":"#VALUE!"},{"$error":"#VALUE!"},{"$error":"#VALUE!"},{"$error":"#VALUE!"},{"$error":"#VALUE!"},{"$error":"#VALUE!"},{"$error":"#VALUE!"},{"$error":"#VALUE!"},{"$error":"#VALUE!"},{"$error":"#VALUE!"},{"$error":"#VALUE!"},{"$error":"#VALUE!"},{"$error":"#VALUE!"},{"$error":"#VALUE!"},{"$error":"#VALUE!"},{"$error":"#VALUE!"},{"$error":"#VALUE!"},{"$error":"#VALUE!"},{"$error":"#VALUE!"},{"$f":"SUM(FG156,System2!FG156,System3!FG156)","v":{"$error":"#VALUE!"}},0,0,0,0,{"$error":"#VALUE!"},{"$error":"#VALUE!"},{"$error":"#VALUE!"},{"$error":"#VALUE!"},{"$error":"#VALUE!"},{"$error":"#VALUE!"},{"$error":"#VALUE!"},{"$error":"#VALUE!"},{"$error":"#VALUE!"},{"$error":"#VALUE!"},{"$error":"#VALUE!"},{"$error":"#VALUE!"},{"$error":"#VALUE!"},{"$error":"#VALUE!"},{"$error":"#VALUE!"},{"$error":"#VALUE!"},{"$error":"#VALUE!"},{"$error":"#VALUE!"},{"$error":"#VALUE!"},{"$error":"#VALUE!"},{"$f":"$GG$31*WaterFittings!BO131","v":{"$error":"#VALUE!"}},{"$f":"$GH$31*WaterFittings!BP131","v":{"$error":"#VALUE!"}},{"$f":"$GI$31*WaterFittings!BQ131","v":0},{"$f":"GJ$31*AirCond!BD130","v":{"$error":"#VALUE!"}},{"$f":"GK$31*AirCond!BE130","v":{"$error":"#VALUE!"}},{"$f":"GL$31*AirCond!BF130","v":{"$error":"#VALUE!"}},{"$f":"GM$31*AirCond!BG130","v":{"$error":"#VALUE!"}},{"$f":"GN$31*WaterFittings!BS131","v":0},{"$f":"GO$31*WaterFittings!BT131","v":0},{"$f":"GP$31*WaterFittings!BU131","v":0}]
[null,null,126,0.5,0,{"$error":"#VALUE!"},{"$error":"#VALUE!"},{"$error":"#VALUE!"},{"$error":"#VALUE!"},{"$error":"#VALUE!"},{"$error":"#VALUE!"},{"$error":"#VALUE!"},{"$error":"#VALUE!"},{"$error":"#VALUE!"},{"$error":"#VALUE!"},null,{"$error":"#VALUE!"},{"$error":"#VALUE!"},{"$error":"#VALUE!"},{"$error":"#VALUE!"},{"$error":"#VALUE!"},null,{"$error":"#VALUE!"},{"$error":"#VALUE!"},{"$error":"#VALUE!"},{"$error":"#VALUE!"},{"$error":"#VALUE!"},null,14,{"$f":"SUM(SUMPRODUCT(AF$20:AJ$20,Q157:U157),SUMPRODUCT(AF$20:AJ$20,System2!Q157:U157),SUMPRODUCT(AF$20:AJ$20,System3!Q157:U157))","v":{"$error":"#VALUE!"}},{"$f":"SUM(SUMPRODUCT(AF$21:AJ$21,W157:AA157),SUMPRODUCT(AF$21:AJ$21,System2!W157:AA157),SUMPRODUCT(AF$21:AJ$21,System3!W157:AA157))","v":{"$error":"#VALUE!"}},{"$f":"WaterFittings!BN132","v":{"$error":"#VALUE!"}},{"$error":"#VALUE!"},{"$error":"#VALUE!"},{"$f":"MIN(AirCond!BL131,P$21)","v":0},{"$error":"#VALUE!"},{"$f":"MIN(ROUNDDOWN(AJ157-FH157,0),ROUNDDOWN(P$21*0.3,0),ROUNDDOWN(SUM(SUMPRODUCT(I$4:I$15,L$4:L$15),SUMPRODUCT(System2!I$4:I$15,System2!L$4:L$15),SUMPRODUCT(System3!I$4:I$15,System3!L$4:L$15))*0.3,0))","v":{"$error":"#VALUE!"}},0,{"$error":"#VALUE!"},{"$error":"#VALUE!"},{"$error":"#VALUE!"},0,{"$error":"#VALUE!"},{"$error":"#VALUE!"},{"$error":"#VALUE!"},0,null,null,null,0,0,0,0,null,{"$error":"#VALUE!"},{"$error":"#VALUE!"},{"$error":"#VALUE!"},{"$error":"#VALUE!"},{"$error":"#VALUE!"},{"$error":"#VALUE!"},{"$error":"#VALUE!"},{"$error":"#VALUE!"},{"$error":"#VALUE!"},0,{"$error":"#VALUE!"},{"$error":"#VALUE!"},{"$error":"#VALUE!"},{"$error":"#VALUE!"},{"$error":"#VALUE!"},{"$error":"#VALUE!"},{"$error":"#VALUE!"},{"$error":"#VALUE!"},{"$error":"#VALUE!"},{"$error":"#VALUE!"},{"$error":"#VALUE!"},{"$error":"#VALUE!"},{"$error":"#VALUE!"},{"$error":"#VALUE!"},{"$error":"#VALUE!"},{"$error":"#VALUE!"},{"$error":"#VALUE!"},{"$error":"#VALUE!"},{"$error":"#VALUE!"},{"$error":"#VALUE!"},{"$error":"#VALUE!"},{"$error":"#VALUE!"},{"$error":"#VALUE!"},{"$error":"#VALUE!"},{"$error":"#VALUE!"},{"$error":"#VALUE!"},{"$error":"#VALUE!"},{"$error":"#VALUE!"},{"$error":"#VALUE!"},{"$error":"#VALUE!"},{"$error":"#VALUE!"},{"$f":"SUM(CQ157,System2!CQ157,System3!CQ157)","v":{"$error":"#VALUE!"}},{"$error":"#VALUE!"},{"$error":"#VALUE!"},{"$error":"#VALUE!"},{"$error":"#VALUE!"},{"$error":"#VALUE!"},{"$error":"#VALUE!"},{"$error":"#VALUE!"},{"$error":"#VALUE!"},{"$error":"#VALUE!"},{"$error":"#VALUE!"},{"$error":"#VALUE!"},{"$error":"#VALUE!"},{"$error":"#VALUE!"},{"$error":"#VALUE!"},{"$error":"#VALUE!"},{"$error":"#VALUE!"},{"$error":"#VALUE!"},{"$error":"#VALUE!"},{"$error":"#VALUE!"},{"$error":"#VALUE!"},{"$error":"#VALUE!"},{"$error":"#VALUE!"},{"$error":"#VALUE!"},{"$error":"#VALUE!"},{"$error":"#VALUE!"},{"$error":"#VALUE!"},{"$f":"SUM(DR157,System2!DR157,System3!DR157)","v":{"$error":"#VALUE!"}},{"$f":"DT$45","v":{"$error":"#VALUE!"}},{"$f":"DU$45","v":{"$error":"#VALUE!"}},{"$f":"DV$45","v":0},{"$f":"DW$45","v":{"$error":"#VALUE!"}},{"$error":"#VALUE!"},{"$error":"#VALUE!"},{"$error":"#VALUE!"},0,0,0,0,0,{"$error":"#VALUE!"},{"$f":"SUM(EF157,System2!EF157,System3!EF157)","v":{"$error":"#VALUE!"}},{"$error":"#VALUE!"},{"$error":"#VALUE!"},{"$error":"#VALUE!"},{"$error":"#VALUE!"},{"$error":"#VALUE!"},{"$error":"#VALUE!"},{"$error":"#VALUE!"},{"$error":"#VALUE!"},{"$error":"#VALUE!"},{"$error":"#VALUE!"},{"$error":"#VALUE!"},{"$error":"#VALUE!"},{"$error":"#VALUE!"},{"$error":"#VALUE!"},{"$error":"#VALUE!"},{"$error":"#VALUE!"},{"$error":"#VALUE!"},{"$error":"#VALUE!"},{"$error":"#VALUE!"},{"$error":"#VALUE!"},{"$error":"#VALUE!"},{"$error":"#VALUE!"},{"$error":"#VALUE!"},{"$error":"#VALUE!"},{"$error":"#VALUE!"},{"$error":"#VALUE!"},{"$f":"SUM(FG157,System2!FG157,System3!FG157)","v":{"$error":"#VALUE!"}},0,0,0,0,{"$error":"#VALUE!"},{"$error":"#VALUE!"},{"$error":"#VALUE!"},{"$error":"#VALUE!"},{"$error":"#VALUE!"},{"$error":"#VALUE!"},{"$error":"#VALUE!"},{"$error":"#VALUE!"},{"$error":"#VALUE!"},{"$error":"#VALUE!"},{"$error":"#VALUE!"},{"$error":"#VALUE!"},{"$error":"#VALUE!"},{"$error":"#VALUE!"},{"$error":"#VALUE!"},{"$error":"#VALUE!"},{"$error":"#VALUE!"},{"$error":"#VALUE!"},{"$error":"#VALUE!"},{"$error":"#VALUE!"},{"$f":"$GG$31*WaterFittings!BO132","v":{"$error":"#VALUE!"}},{"$f":"$GH$31*WaterFittings!BP132","v":{"$error":"#VALUE!"}},{"$f":"$GI$31*WaterFittings!BQ132","v":0},{"$f":"GJ$31*AirCond!BD131","v":{"$error":"#VALUE!"}},{"$f":"GK$31*AirCond!BE131","v":{"$error":"#VALUE!"}},{"$f":"GL$31*AirCond!BF131","v":{"$error":"#VALUE!"}},{"$f":"GM$31*AirCond!BG131","v":{"$error":"#VALUE!"}},{"$f":"GN$31*WaterFittings!BS132","v":0},{"$f":"GO$31*WaterFittings!BT132","v":0},{"$f":"GP$31*WaterFittings!BU132","v":0}]
[null,null,127,0,0,{"$error":"#VALUE!"},{"$error":"#VALUE!"},{"$error":"#VALUE!"},{"$error":"#VALUE!"},{"$error":"#VALUE!"},{"$error":"#VALUE!"},{"$error":"#VALUE!"},{"$error":"#VALUE!"},{"$error":"#VALUE!"},{"$error":"#VALUE!"},null,{"$error":"#VALUE!"},{"$error":"#VALUE!"},{"$error":"#VALUE!"},{"$error":"#VALUE!"},{"$error":"#VALUE!"},null,{"$error":"#VALUE!"},{"$error":"#VALUE!"},{"$error":"#VALUE!"},{"$error":"#VALUE!"},{"$f":"ROUNDDOWN(FF158,0)","v":{"$error":"#VALUE!"}},null,15,{"$f":"SUM(SUMPRODUCT(AF$20:AJ$20,Q158:U158),SUMPRODUCT(AF$20:AJ$20,System2!Q158:U158),SUMPRODUCT(AF$20:AJ$20,System3!Q158:U158))","v":{"$error":"#VALUE!"}},{"$f":"SUM(SUMPRODUCT(AF$21:AJ$21,W158:AA158),SUMPRODUCT(AF$21:AJ$21,System2!W158:AA158),SUMPRODUCT(AF$21:AJ$21,System3!W158:AA158))","v":{"$error":"#VALUE!"}},{"$f":"WaterFittings!BN133","v":{"$error":"#VALUE!"}},{"$error":"#VALUE!"},{"$error":"#VALUE!"},{"$f":"MIN(AirCond!BL132,P$21)","v":0},{"$error":"#VALUE!"},{"$f":"MIN(ROUNDDOWN(AJ158-FH158,0),ROUNDDOWN(P$21*0.3,0),ROUNDDOWN(SUM(SUMPRODUCT(I$4:I$15,L$4:L$15),SUMPRODUCT(System2!I$4:I$15,System2!L$4:L$15),SUMPRODUCT(System3!I$4:I$15,System3!L$4:L$15))*0.3,0))","v":{"$error":"#VALUE!"}},0,{"$error":"#VALUE!"},{"$error":"#VALUE!"},{"$error":"#VALUE!"},0,{"$error":"#VALUE!"},{"$error":"#VALUE!"},{"$error":"#VALUE!"},0,null,null,null,0,0,0,0,null,{"$error":"#VALUE!"},{"$error":"#VALUE!"},{"$error":"#VALUE!"},{"$error":"#VALUE!"},{"$error":"#VALUE!"},{"$error":"#VALUE!"},{"$error":"#VALUE!"},{"$error":"#VALUE!"},{"$error":"#VALUE!"},0,{"$error":"#VALUE!"},{"$error":"#VALUE!"},{"$error":"#VALUE!"},{"$error":"#VALUE!"},{"$error":"#VALUE!"},{"$error":"#VALUE!"},{"$error":"#VALUE!"},{"$error":"#VALUE!"},{"$error":"#VALUE!"},{"$error":"#VALUE!"},{"$error":"#VALUE!"},{"$error":"#VALUE!"},{"$error":"#VALUE!"},{"$error":"#VALUE!"},{"$error":"#VALUE!"},{"$error":"#VALUE!"},{"$error":"#VALUE!"},{"$error":"#VALUE!"},{"$error":"#VALUE!"},{"$error":"#VALUE!"},{"$error":"#VALUE!"},{"$error":"#VALUE!"},{"$error":"#VALUE!"},{"$error":"#VALUE!"},{"$error":"#VALUE!"},{"$error":"#VALUE!"},{"$error":"#VALUE!"},{"$error":"#VALUE!"},{"$error":"#VALUE!"},{"$error":"#VALUE!"},{"$error":"#VALUE!"},{"$f":"SUM(CQ158,System2!CQ158,System3!CQ158)","v":{"$error":"#VALUE!"}},{"$error":"#VALUE!"},{"$error":"#VALUE!"},{"$error":"#VALUE!"},{"$error":"#VALUE!"},{"$error":"#VALUE!"},{"$error":"#VALUE!"},{"$error":"#VALUE!"},{"$error":"#VALUE!"},{"$error":"#VALUE!"},{"$error":"#VALUE!"},{"$error":"#VALUE!"},{"$error":"#VALUE!"},{"$error":"#VALUE!"},{"$error":"#VALUE!"},{"$error":"#VALUE!"},{"$error":"#VALUE!"},{"$error":"#VALUE!"},{"$error":"#VALUE!"},{"$error":"#VALUE!"},{"$error":"#VALUE!"},{"$error":"#VALUE!"},{"$error":"#VALUE!"},{"$error":"#VALUE!"},{"$error":"#VALUE!"},{"$error":"#VALUE!"},{"$error":"#VALUE!"},{"$f":"SUM(DR158,System2!DR158,System3!DR158)","v":{"$error":"#VALUE!"}},{"$f":"DT$46","v":{"$error":"#VALUE!"}},{"$f":"DU$46","v":{"$error":"#VALUE!"}},{"$f":"DV$46","v":0},{"$f":"DW$46","v":{"$error":"#VALUE!"}},{"$error":"#VALUE!"},{"$error":"#VALUE!"},{"$error":"#VALUE!"},0,0,0,0,0,{"$error":"#VALUE!"},{"$f":"SUM(EF158,System2!EF158,System3!EF158)","v":{"$error":"#VALUE!"}},{"$error":"#VALUE!"},{"$error":"#VALUE!"},{"$error":"#VALUE!"},{"$error":"#VALUE!"},{"$error":"#VALUE!"},{"$error":"#VALUE!"},{"$error":"#VALUE!"},{"$error":"#VALUE!"},{"$error":"#VALUE!"},{"$error":"#VALUE!"},{"$error":"#VALUE!"},{"$error":"#VALUE!"},{"$error":"#VALUE!"},{"$error":"#VALUE!"},{"$error":"#VALUE!"},{"$error":"#VALUE!"},{"$error":"#VALUE!"},{"$error":"#VALUE!"},{"$error":"#VALUE!"},{"$error":"#VALUE!"},{"$error":"#VALUE!"},{"$error":"#VALUE!"},{"$error":"#VALUE!"},{"$error":"#VALUE!"},{"$error":"#VALUE!"},{"$error":"#VALUE!"},{"$f":"SUM(FG158,System2!FG158,System3!FG158)","v":{"$error":"#VALUE!"}},0,0,0,0,{"$error":"#VALUE!"},{"$error":"#VALUE!"},{"$error":"#VALUE!"},{"$error":"#VALUE!"},{"$error":"#VALUE!"},{"$error":"#VALUE!"},{"$error":"#VALUE!"},{"$error":"#VALUE!"},{"$error":"#VALUE!"},{"$error":"#VALUE!"},{"$error":"#VALUE!"},{"$error":"#VALUE!"},{"$error":"#VALUE!"},{"$error":"#VALUE!"},{"$error":"#VALUE!"},{"$error":"#VALUE!"},{"$error":"#VALUE!"},{"$error":"#VALUE!"},{"$error":"#VALUE!"},{"$error":"#VALUE!"},{"$f":"$GG$31*WaterFittings!BO133","v":{"$error":"#VALUE!"}},{"$f":"$GH$31*WaterFittings!BP133","v":{"$error":"#VALUE!"}},{"$f":"$GI$31*WaterFittings!BQ133","v":0},{"$f":"GJ$31*AirCond!BD132","v":{"$error":"#VALUE!"}},{"$f":"GK$31*AirCond!BE132","v":{"$error":"#VALUE!"}},{"$f":"GL$31*AirCond!BF132","v":{"$error":"#VALUE!"}},{"$f":"GM$31*AirCond!BG132","v":{"$error":"#VALUE!"}},{"$f":"GN$31*WaterFittings!BS133","v":0},{"$f":"GO$31*WaterFittings!BT133","v":0},{"$f":"GP$31*WaterFittings!BU133","v":0}]
[null,null,128,0.5,0,{"$error":"#VALUE!"},{"$error":"#VALUE!"},{"$error":"#VALUE!"},{"$error":"#VALUE!"},{"$error":"#VALUE!"},{"$error":"#VALUE!"},{"$error":"#VALUE!"},{"$error":"#VALUE!"},{"$error":"#VALUE!"},{"$error":"#VALUE!"},null,{"$error":"#VALUE!"},{"$error":"#VALUE!"},{"$f":"ROUNDDOWN(SUM(DM159:DO159),0)","v":{"$error":"#VALUE!"}},{"$error":"#VALUE!"},{"$error":"#VALUE!"},null,{"$error":"#VALUE!"},{"$error":"#VALUE!"},{"$error":"#VALUE!"},{"$error":"#VALUE!"},{"$error":"#VALUE!"},null,16,{"$f":"SUM(SUMPRODUCT(AF$20:AJ$20,Q159:U159),SUMPRODUCT(AF$20:AJ$20,System2!Q159:U159),SUMPRODUCT(AF$20:AJ$20,System3!Q159:U159))","v":{"$error":"#VALUE!"}},{"$f":"SUM(SUMPRODUCT(AF$21:AJ$21,W159:AA159),SUMPRODUCT(AF$21:AJ$21,System2!W159:AA159),SUMPRODUCT(AF$21:AJ$21,System3!W159:AA159))","v":{"$error":"#VALUE!"}},{"$f":"WaterFittings!BN134","v":{"$error":"#VALUE!"}},{"$error":"#VALUE!"},{"$error":"#VALUE!"},{"$f":"MIN(AirCond!BL133,P$21)","v":0},{"$error":"#VALUE!"},{"$f":"MIN(ROUNDDOWN(AJ159-FH159,0),ROUNDDOWN(P$21*0.3,0),ROUNDDOWN(SUM(SUMPRODUCT(I$4:I$15,L$4:L$15),SUMPRODUCT(System2!I$4:I$15,System2!L$4:L$15),SUMPRODUCT(System3!I$4:I$15,System3!L$4:L$15))*0.3,0))","v":{"$error":"#VALUE!"}},0,{"$error":"#VALUE!"},{"$error":"#VALUE!"},{"$error":"#VALUE!"},0,{"$error":"#VALUE!"},{"$error":"#VALUE!"},{"$error":"#VALUE!"},0,null,null,null,0,0,0,0,null,{"$error":"#VALUE!"},{"$error":"#VALUE!"},{"$error":"#VALUE!"},{"$error":"#VALUE!"},{"$error":"#VALUE!"},{"$error":"#VALUE!"},{"$error":"#VALUE!"},{"$error":"#VALUE!"},{"$error":"#VALUE!"},0,{"$error":"#VALUE!"},{"$error":"#VALUE!"},{"$error":"#VALUE!"},{"$error":"#VALUE!"},{"$error":"#VALUE!"},{"$error":"#VALUE!"},{"$error":"#VALUE!"},{"$error":"#VALUE!"},{"$error":"#VALUE!"},{"$error":"#VALUE!"},{"$error":"#VALUE!"},{"$error":"#VALUE!"},{"$error":"#VALUE!"},{"$error":"#VALUE!"},{"$error":"#VALUE!"},{"$error":"#VALUE!"},{"$error":"#VALUE!"},{"$error":"#VALUE!"},{"$error":"#VALUE!"},{"$error":"#VALUE!"},{"$error":"#VALUE!"},{"$error":"#VALUE!"},{"$error":"#VALUE!"},{"$error":"#VALUE!"},{"$error":"#VALUE!"},{"$error":"#VALUE!"},{"$error":"#VALUE!"},{"$error":"#VALUE!"},{"$error":"#VALUE!"},{"$error":"#VALUE!"},{"$error":"#VALUE!"},{"$f":"SUM(CQ159,System2!CQ159,System3!CQ159)","v":{"$error":"#VALUE!"}},{"$error":"#VALUE!"},{"$error":"#VALUE!"},{"$error":"#VALUE!"},{"$error":"#VALUE!"},{"$error":"#VALUE!"},{"$error":"#VALUE!"},{"$error":"#VALUE!"},{"$error":"#VALUE!"},{"$error":"#VALUE!"},{"$error":"#VALUE!"},{"$error":"#VALUE!"},{"$error":"#VALUE!"},{"$error":"#VALUE!"},{"$error":"#VALUE!"},{"$error":"#VALUE!"},{"$error":"#VALUE!"},{"$error":"#VALUE!"},{"$error":"#VALUE!"},{"$error":"#VALUE!"},{"$error":"#VALUE!"},{"$error":"#VALUE!"},{"$error":"#VALUE!"},{"$error":"#VALUE!"},{"$error":"#VALUE!"},{"$error":"#VALUE!"},{"$error":"#VALUE!"},{"$f":"SUM(DR159,System2!DR159,System3!DR159)","v":{"$error":"#VALUE!"}},{"$f":"DT$47","v":{"$error":"#VALUE!"}},{"$f":"DU$47","v":{"$error":"#VALUE!"}},{"$f":"DV$47","v":0},{"$f":"DW$47","v":{"$error":"#VALUE!"}},{"$error":"#VALUE!"},{"$error":"#VALUE!"},{"$error":"#VALUE!"},0,0,0,0,0,{"$error":"#VALUE!"},{"$f":"SUM(EF159,System2!EF159,System3!EF159)","v":{"$error":"#VALUE!"}},{"$error":"#VALUE!"},{"$error":"#VALUE!"},{"$error":"#VALUE!"},{"$error":"#VALUE!"},{"$error":"#VALUE!"},{"$error":"#VALUE!"},{"$error":"#VALUE!"},{"$error":"#VALUE!"},{"$error":"#VALUE!"},{"$error":"#VALUE!"},{"$error":"#VALUE!"},{"$error":"#VALUE!"},{"$error":"#VALUE!"},{"$error":"#VALUE!"},{"$error":"#VALUE!"},{"$error":"#VALUE!"},{"$error":"#VALUE!"},{"$error":"#VALUE!"},{"$error":"#VALUE!"},{"$error":"#VALUE!"},{"$error":"#VALUE!"},{"$error":"#VALUE!"},{"$error":"#VALUE!"},{"$error":"#VALUE!"},{"$error":"#VALUE!"},{"$error":"#VALUE!"},{"$f":"SUM(FG159,System2!FG159,System3!FG159)","v":{"$error":"#VALUE!"}},0,0,0,0,{"$error":"#VALUE!"},{"$error":"#VALUE!"},{"$error":"#VALUE!"},{"$error":"#VALUE!"},{"$error":"#VALUE!"},{"$error":"#VALUE!"},{"$error":"#VALUE!"},{"$error":"#VALUE!"},{"$error":"#VALUE!"},{"$error":"#VALUE!"},{"$error":"#VALUE!"},{"$error":"#VALUE!"},{"$error":"#VALUE!"},{"$error":"#VALUE!"},{"$error":"#VALUE!"},{"$error":"#VALUE!"},{"$error":"#VALUE!"},{"$error":"#VALUE!"},{"$error":"#VALUE!"},{"$error":"#VALUE!"},{"$f":"$GG$31*WaterFittings!BO134","v":{"$error":"#VALUE!"}},{"$f":"$GH$31*WaterFittings!BP134","v":{"$error":"#VALUE!"}},{"$f":"$GI$31*WaterFittings!BQ134","v":0},{"$f":"GJ$31*AirCond!BD133","v":{"$error":"#VALUE!"}},{"$f":"GK$31*AirCond!BE133","v":{"$error":"#VALUE!"}},{"$f":"GL$31*AirCond!BF133","v":{"$error":"#VALUE!"}},{"$f":"GM$31*AirCond!BG133","v":{"$error":"#VALUE!"}},{"$f":"GN$31*WaterFittings!BS134","v":0},{"$f":"GO$31*WaterFittings!BT134","v":0},{"$f":"GP$31*WaterFittings!BU134","v":0}]
[null,null,129,{"$f":"HLOOKUP($D$3,Raindata,C160+6,FALSE)","v":3},{"$f":"IF((D160*E$7*E$8-E$12)>0,ROUND((D160*E$7*E$8-E$12),0),0)","v":0},{"$error":"#VALUE!"},{"$error":"#VALUE!"},{"$f":"F160+G160","v":{"$error":"#VALUE!"}},{"$f":"E160-G160","v":{"$error":"#VALUE!"}},{"$error":"#VALUE!"},{"$error":"#VALUE!"},{"$error":"#VALUE!"},{"$error":"#VALUE!"},{"$error":"#VALUE!"},{"$error":"#VALUE!"},null,{"$error":"#VALUE!"},{"$error":"#VALUE!"},{"$error":"#VALUE!"},{"$error":"#VALUE!"},{"$error":"#VALUE!"},null,{"$error":"#VALUE!"},{"$error":"#VALUE!"},{"$error":"#VALUE!"},{"$error":"#VALUE!"},{"$error":"#VALUE!"},null,17,{"$f":"SUM(SUMPRODUCT(AF$20:AJ$20,Q160:U160),SUMPRODUCT(AF$20:AJ$20,System2!Q160:U160),SUMPRODUCT(AF$20:AJ$20,System3!Q160:U160))","v":{"$error":"#VALUE!"}},{"$f":"SUM(SUMPRODUCT(AF$21:AJ$21,W160:AA160),SUMPRODUCT(AF$21:AJ$21,System2!W160:AA160),SUMPRODUCT(AF$21:AJ$21,System3!W160:AA160))","v":{"$error":"#VALUE!"}},{"$f":"WaterFittings!BN135","v":{"$error":"#VALUE!"}},{"$error":"#VALUE!"},{"$f":"ROUNDDOWN(AG160-DS160,0)","v":{"$error":"#VALUE!"}},{"$f":"MIN(AirCond!BL134,P$21)","v":0},{"$error":"#VALUE!"},{"$f":"MIN(ROUNDDOWN(AJ160-FH160,0),ROUNDDOWN(P$21*0.3,0),ROUNDDOWN(SUM(SUMPRODUCT(I$4:I$15,L$4:L$15),SUMPRODUCT(System2!I$4:I$15,System2!L$4:L$15),SUMPRODUCT(System3!I$4:I$15,System3!L$4:L$15))*0.3,0))","v":{"$error":"#VALUE!"}},0,{"$error":"#VALUE!"},{"$error":"#VALUE!"},{"$error":"#VALUE!"},{"$f":"AP$26+IF(OR(AP$28=0,D160<AP$28),AP$27,0)","v":0},{"$error":"#VALUE!"},{"$error":"#VALUE!"},{"$error":"#VALUE!"},{"$f":"AT$26+IF(OR(AP$28=0,D160<AP$28),AT$27,0)","v":0},null,null,null,0,0,0,0,null,{"$error":"#VALUE!"},{"$f":"FN160*$BD$29","v":{"$error":"#VALUE!"}},{"$f":"FO160*$BE$29","v":{"$error":"#VALUE!"}},{"$error":"#VALUE!"},{"$f":"FQ160*$BG$29","v":{"$error":"#VALUE!"}},{"$f":"FR160*$BH$29","v":{"$error":"#VALUE!"}},{"$error":"#VALUE!"},{"$error":"#VALUE!"},{"$error":"#VALUE!"},0,{"$f":"FT160*BM$29","v":{"$error":"#VALUE!"}},{"$f":"FU160*BN$29","v":{"$error":"#VALUE!"}},{"$f":"FV160*BO$29","v":{"$error":"#VALUE!"}},{"$error":"#VALUE!"},{"$error":"#VALUE!"},{"$f":"BC160/$BP160","v":{"$error":"#VALUE!"}},{"$f":"BD160/$BP160","v":{"$error":"#VALUE!"}},{"$f":"BE160/$BP160","v":{"$error":"#VALUE!"}},{"$f":"BF160/$BP160","v":{"$error":"#VALUE!"}},{"$f":"BG160/$BP160","v":{"$error":"#VALUE!"}},{"$f":"BH160/$BP160","v":{"$error":"#VALUE!"}},{"$f":"BI160/$BP160","v":{"$error":"#VALUE!"}},{"$f":"BJ160/$BP160","v":{"$error":"#VALUE!"}},{"$f":"BK160/$BP160","v":{"$error":"#VALUE!"}},{"$f":"BL160/$BP160","v":{"$error":"#VALUE!"}},{"$f":"BM160/$BP160","v":{"$error":"#VALUE!"}},{"$f":"BN160/$BP160","v":{"$error":"#VALUE!"}},{"$f":"BO160/$BP160","v":{"$error":"#VALUE!"}},{"$f":"FW160*$CE$28","v":{"$error":"#VALUE!"}},{"$f":"FX160*$CF$28","v":{"$error":"#VALUE!"}},{"$f":"FY160*$CG$28","v":{"$error":"#VALUE!"}},{"$f":"FZ160*$CH$28","v":{"$error":"#VALUE!"}},{"$f":"GA160*$CI$28","v":{"$error":"#VALUE!"}},{"$f":"GB160*$CJ$28","v":{"$error":"#VALUE!"}},{"$error":"#VALUE!"},{"$f":"CL$28*GD160","v":{"$error":"#VALUE!"}},{"$f":"CM$28*GE160","v":{"$error":"#VALUE!"}},{"$f":"CN$28*GF160","v":{"$error":"#VALUE!"}},{"$f":"(AL160-FE160)*$CO$28","v":{"$error":"#VALUE!"}},{"$error":"#VALUE!"},{"$error":"#VALUE!"},{"$f":"SUM(CQ160,System2!CQ160,System3!CQ160)","v":{"$error":"#VALUE!"}},{"$f":"MIN(AG160,CR160)","v":{"$error":"#VALUE!"}},{"$error":"#VALUE!"},{"$error":"#VALUE!"},{"$error":"#VALUE!"},{"$error":"#VALUE!"},{"$error":"#VALUE!"},{"$error":"#VALUE!"},{"$error":"#VALUE!"},{"$error":"#VALUE!"},{"$error":"#VALUE!"},{"$error":"#VALUE!"},{"$error":"#VALUE!"},{"$error":"#VALUE!"},{"$error":"#VALUE!"},{"$error":"#VALUE!"},{"$error":"#VALUE!"},{"$error":"#VALUE!"},{"$error":"#VALUE!"},{"$error":"#VALUE!"},{"$error":"#VALUE!"},{"$error":"#VALUE!"},{"$error":"#VALUE!"},{"$error":"#VALUE!"},{"$error":"#VALUE!"},{"$error":"#VALUE!"},{"$error":"#VALUE!"},{"$f":"SUM(DR160,System2!DR160,System3!DR160)","v":{"$error":"#VALUE!"}},{"$f":"DT$48","v":{"$error":"#VALUE!"}},{"$f":"DU$48","v":{"$error":"#VALUE!"}},{"$f":"DV$48","v":0},{"$f":"DW$48","v":{"$error":"#VALUE!"}},{"$error":"#VALUE!"},{"$error":"#VALUE!"},{"$error":"#VALUE!"},{"$f":"EA$28*GN160","v":0},{"$f":"EB$28*GO160","v":0},{"$f":"EC$28*GP160","v":0},{"$f":"AL160*ED$28","v":0},{"$f":"AP160*EE$28","v":0},{"$error":"#VALUE!"},{"$f":"SUM(EF160,System2!EF160,System3!EF160)","v":{"$error":"#VALUE!"}},{"$error":"#VALUE!"},{"$error":"#VALUE!"},{"$error":"#VALUE!"},{"$error":"#VALUE!"},{"$error":"#VALUE!"},{"$error":"#VALUE!"},{"$error":"#VALUE!"},{"$error":"#VALUE!"},{"$error":"#VALUE!"},{"$error":"#VALUE!"},{"$error":"#VALUE!"},{"$error":"#VALUE!"},{"$error":"#VALUE!"},{"$f":"$EH160*EI160","v":{"$error":"#VALUE!"}},{"$f":"$EH160*EJ160","v":{"$error":"#VALUE!"}},{"$f":"$EH160*EK160","v":{"$error":"#VALUE!"}},{"$f":"$EH160*EL160","v":{"$error":"#VALUE!"}},{"$f":"$EH160*EM160","v":{"$error":"#VALUE!"}},{"$f":"$EH160*EN160","v":{"$error":"#VALUE!"}},{"$f":"$EH160*EO160","v":{"$error":"#VALUE!"}},{"$f":"$EH160*EP160","v":{"$error":"#VALUE!"}},{"$f":"$EH160*EQ160","v":{"$error":"#VALUE!"}},{"$f":"$EH160*ER160","v":{"$error":"#VALUE!"}},{"$f":"$EH160*ES160","v":{"$error":"#VALUE!"}},{"$f":"$EH160*ET160","v":{"$error":"#VALUE!"}},{"$error":"#VALUE!"},{"$f":"SUM(FG160,System2!FG160,System3!FG160)","v":{"$error":"#VALUE!"}},0,0,0,0,{"$f":"ROUNDDOWN(FW160-DF160,0)","v":{"$error":"#VALUE!"}},{"$f":"ROUNDDOWN(FX160-DG160,0)","v":{"$error":"#VALUE!"}},{"$f":"ROUNDDOWN(FY160-DH160,0)","v":{"$error":"#VALUE!"}},{"$f":"ROUNDDOWN(FZ160-DI160,0)","v":{"$error":"#VALUE!"}},{"$f":"ROUNDDOWN(GA160-DJ160,0)","v":{"$error":"#VALUE!"}},{"$f":"ROUNDDOWN(GB160-DK160,0)","v":{"$error":"#VALUE!"}},{"$f":"ROUNDDOWN(GC160-DL160,0)","v":{"$error":"#VALUE!"}},{"$f":"ROUNDDOWN(GD160-DM160,0)","v":{"$error":"#VALUE!"}},{"$f":"ROUNDDOWN(GE160-DN160,0)","v":{"$error":"#VALUE!"}},{"$f":"ROUNDDOWN(GF160-DO160,0)","v":{"$error":"#VALUE!"}},{"$error":"#VALUE!"},{"$error":"#VALUE!"},{"$error":"#VALUE!"},{"$error":"#VALUE!"},{"$error":"#VALUE!"},{"$error":"#VALUE!"},{"$error":"#VALUE!"},{"$error":"#VALUE!"},{"$error":"#VALUE!"},{"$error":"#VALUE!"},{"$f":"$GG$31*WaterFittings!BO135","v":{"$error":"#VALUE!"}},{"$f":"$GH$31*WaterFittings!BP135","v":{"$error":"#VALUE!"}},{"$f":"$GI$31*WaterFittings!BQ135","v":0},{"$f":"GJ$31*AirCond!BD134","v":{"$error":"#VALUE!"}},{"$f":"GK$31*AirCond!BE134","v":{"$error":"#VALUE!"}},{"$f":"GL$31*AirCond!BF134","v":{"$error":"#VALUE!"}},{"$f":"GM$31*AirCond!BG134","v":{"$error":"#VALUE!"}},{"$f":"GN$31*WaterFittings!BS135","v":0},{"$f":"GO$31*WaterFittings!BT135","v":0},{"$f":"GP$31*WaterFittings!BU135","v":0}]
[null,null,130,11.5,0,{"$f":"IF(H160-SUM(J160:O160)>1,H160-SUM(J160:O160),0)","v":{"$error":"#VALUE!"}},{"$f":"IF((E161+F161)<AG$3*1000,E161,AG$3*1000-F161)","v":{"$error":"#VALUE!"}},{"$error":"#VALUE!"},{"$error":"#VALUE!"},{"$error":"#VALUE!"},{"$error":"#VALUE!"},{"$error":"#VALUE!"},{"$error":"#VALUE!"},{"$error":"#VALUE!"},{"$f":"ROUNDDOWN(SUM(BU161:BX161)*BQ161,0)","v":{"$error":"#VALUE!"}},null,{"$f":"ROUNDDOWN(SUM(DF161:DH161),0)","v":{"$error":"#VALUE!"}},{"$f":"ROUNDDOWN(SUM(DI161:DL161),0)","v":{"$error":"#VALUE!"}},{"$error":"#VALUE!"},{"$f":"ROUNDDOWN(DP161,0)","v":{"$error":"#VALUE!"}},{"$error":"#VALUE!"},null,{"$f":"ROUNDDOWN(SUM(EU161:EW161),)","v":{"$error":"#VALUE!"}},{"$f":"ROUNDDOWN(SUM(EX161:FA161),0)","v":{"$error":"#VALUE!"}},{"$error":"#VALUE!"},{"$f":"ROUNDDOWN(FE161,0)","v":{"$error":"#VALUE!"}},{"$error":"#VALUE!"},null,18,{"$f":"SUM(SUMPRODUCT(AF$20:AJ$20,Q161:U161),SUMPRODUCT(AF$20:AJ$20,System2!Q161:U161),SUMPRODUCT(AF$20:AJ$20,System3!Q161:U161))","v":{"$error":"#VALUE!"}},{"$f":"SUM(SUMPRODUCT(AF$21:AJ$21,W161:AA161),SUMPRODUCT(AF$21:AJ$21,System2!W161:AA161),SUMPRODUCT(AF$21:AJ$21,System3!W161:AA161))","v":{"$error":"#VALUE!"}},{"$f":"WaterFittings!BN136","v":{"$error":"#VALUE!"}},{"$f":"MIN($AG$31,AH160+AF161)","v":{"$error":"#VALUE!"}},{"$error":"#VALUE!"},{"$f":"MIN(AirCond!BL135,P$21)","v":0},{"$f":"MIN($AJ$31,AK160+AI161)","v":{"$error":"#VALUE!"}},{"$f":"MIN(ROUNDDOWN(AJ161-FH161,0),ROUNDDOWN(P$21*0.3,0),ROUNDDOWN(SUM(SUMPRODUCT(I$4:I$15,L$4:L$15),SUMPRODUCT(System2!I$4:I$15,System2!L$4:L$15),SUMPRODUCT(System3!I$4:I$15,System3!L$4:L$15))*0.3,0))","v":{"$error":"#VALUE!"}},0,{"$f":"AL161-AN161-AO161","v":{"$error":"#VALUE!"}},{"$error":"#VALUE!"},{"$f":"ROUNDDOWN(DP161,0)","v":{"$error":"#VALUE!"}},0,{"$f":"IF(AP161<SUM(AS161,AR161),AP161,AP161-SUM(AS161,AR161))","v":{"$error":"#VALUE!"}},{"$f":"ROUNDDOWN(FF161,0)","v":{"$error":"#VALUE!"}},{"$f":"ROUNDDOWN(DQ161,0)","v":{"$error":"#VALUE!"}},0,null,null,null,0,0,0,0,null,{"$f":"FM161*$BC$29","v":{"$error":"#VALUE!"}},{"$error":"#VALUE!"},{"$error":"#VALUE!"},{"$f":"FP161*$BF$29","v":{"$error":"#VALUE!"}},{"$error":"#VALUE!"},{"$error":"#VALUE!"},{"$f":"FS161*$BI$29","v":{"$error":"#VALUE!"}},{"$f":"AM161*$BJ$29","v":{"$error":"#VALUE!"}},{"$f":"AQ161*$BK$29","v":{"$error":"#VALUE!"}},{"$f":"BL$29*AT161","v":0},{"$error":"#VALUE!"},{"$error":"#VALUE!"},{"$error":"#VALUE!"},{"$f":"IF(SUM(BC161:BO161)=0,1,SUM(BC161:BO161))","v":{"$error":"#VALUE!"}},{"$f":"MIN(H161,BP161)","v":{"$error":"#VALUE!"}},{"$error":"#VALUE!"},{"$error":"#VALUE!"},{"$error":"#VALUE!"},{"$error":"#VALUE!"},{"$error":"#VALUE!"},{"$error":"#VALUE!"},{"$error":"#VALUE!"},{"$error":"#VALUE!"},{"$error":"#VALUE!"},{"$error":"#VALUE!"},{"$error":"#VALUE!"},{"$error":"#VALUE!"},{"$error":"#VALUE!"},{"$error":"#VALUE!"},{"$error":"#VALUE!"},{"$error":"#VALUE!"},{"$error":"#VALUE!"},{"$error":"#VALUE!"},{"$error":"#VALUE!"},{"$error":"#VALUE!"},{"$error":"#VALUE!"},{"$error":"#VALUE!"},{"$error":"#VALUE!"},{"$error":"#VALUE!"},{"$f":"(AP161-FF161)*$CP$28","v":{"$error":"#VALUE!"}},{"$error":"#VALUE!"},{"$f":"SUM(CQ161,System2!CQ161,System3!CQ161)","v":{"$error":"#VALUE!"}},{"$error":"#VALUE!"},{"$error":"#VALUE!"},{"$error":"#VALUE!"},{"$error":"#VALUE!"},{"$error":"#VALUE!"},{"$error":"#VALUE!"},{"$error":"#VALUE!"},{"$error":"#VALUE!"},{"$error":"#VALUE!"},{"$error":"#VALUE!"},{"$error":"#VALUE!"},{"$error":"#VALUE!"},{"$error":"#VALUE!"},{"$error":"#VALUE!"},{"$error":"#VALUE!"},{"$error":"#VALUE!"},{"$error":"#VALUE!"},{"$error":"#VALUE!"},{"$error":"#VALUE!"},{"$error":"#VALUE!"},{"$error":"#VALUE!"},{"$error":"#VALUE!"},{"$error":"#VALUE!"},{"$error":"#VALUE!"},{"$error":"#VALUE!"},{"$f":"SUM(DF161:DQ161)","v":{"$error":"#VALUE!"}},{"$f":"SUM(DR161,System2!DR161,System3!DR161)","v":{"$error":"#VALUE!"}},{"$f":"DT$49","v":{"$error":"#VALUE!"}},{"$f":"DU$49","v":{"$error":"#VALUE!"}},{"$f":"DV$49","v":0},{"$f":"DW$49","v":{"$error":"#VALUE!"}},{"$error":"#VALUE!"},{"$error":"#VALUE!"},{"$f":"$DZ$28*GM161","v":{"$error":"#VALUE!"}},0,0,0,0,0,{"$f":"SUM(DT161:EE161)","v":{"$error":"#VALUE!"}},{"$f":"SUM(EF161,System2!EF161,System3!EF161)","v":{"$error":"#VALUE!"}},{"$f":"MIN(EG161,AJ161)","v":{"$error":"#VALUE!"}},{"$f":"IF($EH161,DT161/$EG161,0)","v":{"$error":"#VALUE!"}},{"$f":"IF($EH161,DU161/$EG161,0)","v":{"$error":"#VALUE!"}},{"$f":"IF($EH161,DV161/$EG161,0)","v":{"$error":"#VALUE!"}},{"$f":"IF($EH161,DW161/$EG161,0)","v":{"$error":"#VALUE!"}},{"$f":"IF($EH161,DX161/$EG161,0)","v":{"$error":"#VALUE!"}},{"$f":"IF($EH161,DY161/$EG161,0)","v":{"$error":"#VALUE!"}},{"$f":"IF($EH161,DZ161/$EG161,0)","v":{"$error":"#VALUE!"}},{"$f":"IF($EH161,EA161/$EG161,0)","v":{"$error":"#VALUE!"}},{"$f":"IF($EH161,EB161/$EG161,0)","v":{"$error":"#VALUE!"}},{"$f":"IF($EH161,EC161/$EG161,0)","v":{"$error":"#VALUE!"}},{"$f":"IF($EH161,ED161/$EG161,0)","v":{"$error":"#VALUE!"}},{"$f":"IF($EH161,EE161/$EG161,0)","v":{"$error":"#VALUE!"}},{"$error":"#VALUE!"},{"$error":"#VALUE!"},{"$error":"#VALUE!"},{"$error":"#VALUE!"},{"$error":"#VALUE!"},{"$error":"#VALUE!"},{"$error":"#VALUE!"},{"$error":"#VALUE!"},{"$error":"#VALUE!"},{"$error":"#VALUE!"},{"$error":"#VALUE!"},{"$error":"#VALUE!"},{"$error":"#VALUE!"},{"$f":"SUM(FG161,System2!FG161,System3!FG161)","v":{"$error":"#VALUE!"}},0,0,0,0,{"$error":"#VALUE!"},{"$error":"#VALUE!"},{"$error":"#VALUE!"},{"$error":"#VALUE!"},{"$error":"#VALUE!"},{"$error":"#VALUE!"},{"$error":"#VALUE!"},{"$error":"#VALUE!"},{"$error":"#VALUE!"},{"$error":"#VALUE!"},{"$f":"ROUNDDOWN(GG161-EU161,0)","v":{"$error":"#VALUE!"}},{"$f":"ROUNDDOWN(GH161-EV161,0)","v":{"$error":"#VALUE!"}},{"$f":"ROUNDDOWN(GI161-EW161,0)","v":{"$error":"#VALUE!"}},{"$f":"ROUNDDOWN(GJ161-EX161,0)","v":{"$error":"#VALUE!"}},{"$f":"ROUNDDOWN(GK161-EY161,0)","v":{"$error":"#VALUE!"}},{"$f":"ROUNDDOWN(GL161-EZ161,0)","v":{"$error":"#VALUE!"}},{"$f":"ROUNDDOWN(GM161-FA161,0)","v":{"$error":"#VALUE!"}},{"$f":"ROUNDDOWN(GN161-FB161,0)","v":{"$error":"#VALUE!"}},{"$f":"ROUNDDOWN(GO161-FC161,0)","v":{"$error":"#VALUE!"}},{"$f":"ROUNDDOWN(GP161-FD161,0)","v":{"$error":"#VALUE!"}},{"$f":"$GG$31*WaterFittings!BO136","v":{"$error":"#VALUE!"}},{"$f":"$GH$31*WaterFittings!BP136","v":{"$error":"#VALUE!"}},{"$f":"$GI$31*WaterFittings!BQ136","v":0},{"$f":"GJ$31*AirCond!BD135","v":{"$error":"#VALUE!"}},{"$f":"GK$31*AirCond!BE135","v":{"$error":"#VALUE!"}},{"$f":"GL$31*AirCond!BF135","v":{"$error":"#VALUE!"}},{"$f":"GM$31*AirCond!BG135","v":{"$error":"#VALUE!"}},{"$f":"GN$31*WaterFittings!BS136","v":0},{"$f":"GO$31*WaterFittings!BT136","v":0},{"$f":"GP$31*WaterFittings!BU136","v":0}]
[null,null,131,10,0,{"$error":"#VALUE!"},{"$error":"#VALUE!"},{"$error":"#VALUE!"},{"$error":"#VALUE!"},{"$error":"#VALUE!"},{"$error":"#VALUE!"},{"$error":"#VALUE!"},{"$error":"#VALUE!"},{"$error":"#VALUE!"},{"$error":"#VALUE!"},null,{"$error":"#VALUE!"},{"$error":"#VALUE!"},{"$error":"#VALUE!"},{"$error":"#VALUE!"},{"$error":"#VALUE!"},null,{"$error":"#VALUE!"},{"$error":"#VALUE!"},{"$error":"#VALUE!"},{"$error":"#VALUE!"},{"$error":"#VALUE!"},null,19,{"$f":"SUM(SUMPRODUCT(AF$20:AJ$20,Q162:U162),SUMPRODUCT(AF$20:AJ$20,System2!Q162:U162),SUMPRODUCT(AF$20:AJ$20,System3!Q162:U162))","v":{"$error":"#VALUE!"}},{"$f":"SUM(SUMPRODUCT(AF$21:AJ$21,W162:AA162),SUMPRODUCT(AF$21:AJ$21,System2!W162:AA162),SUMPRODUCT(AF$21:AJ$21,System3!W162:AA162))","v":{"$error":"#VALUE!"}},{"$f":"WaterFittings!BN137","v":{"$error":"#VALUE!"}},{"$error":"#VALUE!"},{"$error":"#VALUE!"},{"$f":"MIN(AirCond!BL136,P$21)","v":0},{"$error":"#VALUE!"},{"$f":"MIN(ROUNDDOWN(AJ162-FH162,0),ROUNDDOWN(P$21*0.3,0),ROUNDDOWN(SUM(SUMPRODUCT(I$4:I$15,L$4:L$15),SUMPRODUCT(System2!I$4:I$15,System2!L$4:L$15),SUMPRODUCT(System3!I$4:I$15,System3!L$4:L$15))*0.3,0))","v":{"$error":"#VALUE!"}},0,{"$error":"#VALUE!"},{"$f":"ROUNDDOWN(FE162,0)","v":{"$error":"#VALUE!"}},{"$error":"#VALUE!"},0,{"$error":"#VALUE!"},{"$error":"#VALUE!"},{"$error":"#VALUE!"},0,null,null,null,0,0,0,0,null,{"$error":"#VALUE!"},{"$error":"#VALUE!"},{"$error":"#VALUE!"},{"$error":"#VALUE!"},{"$error":"#VALUE!"},{"$error":"#VALUE!"},{"$error":"#VALUE!"},{"$error":"#VALUE!"},{"$error":"#VALUE!"},0,{"$error":"#VALUE!"},{"$error":"#VALUE!"},{"$error":"#VALUE!"},{"$error":"#VALUE!"},{"$error":"#VALUE!"},{"$error":"#VALUE!"},{"$error":"#VALUE!"},{"$error":"#VALUE!"},{"$error":"#VALUE!"},{"$error":"#VALUE!"},{"$error":"#VALUE!"},{"$error":"#VALUE!"},{"$error":"#VALUE!"},{"$error":"#VALUE!"},{"$error":"#VALUE!"},{"$error":"#VALUE!"},{"$error":"#VALUE!"},{"$error":"#VALUE!"},{"$error":"#VALUE!"},{"$error":"#VALUE!"},{"$error":"#VALUE!"},{"$error":"#VALUE!"},{"$error":"#VALUE!"},{"$error":"#VALUE!"},{"$error":"#VALUE!"},{"$error":"#VALUE!"},{"$error":"#VALUE!"},{"$error":"#VALUE!"},{"$error":"#VALUE!"},{"$error":"#VALUE!"},{"$error":"#VALUE!"},{"$f":"SUM(CQ162,System2!CQ162,System3!CQ162)","v":{"$error":"#VALUE!"}},{"$error":"#VALUE!"},{"$error":"#VALUE!"},{"$error":"#VALUE!"},{"$error":"#VALUE!"},{"$error":"#VALUE!"},{"$error":"#VALUE!"},{"$error":"#VALUE!"},{"$error":"#VALUE!"},{"$error":"#VALUE!"},{"$error":"#VALUE!"},{"$error":"#VALUE!"},{"$error":"#VALUE!"},{"$error":"#VALUE!"},{"$error":"#VALUE!"},{"$error":"#VALUE!"},{"$error":"#VALUE!"},{"$error":"#VALUE!"},{"$error":"#VALUE!"},{"$error":"#VALUE!"},{"$error":"#VALUE!"},{"$error":"#VALUE!"},{"$error":"#VALUE!"},{"$error":"#VALUE!"},{"$error":"#VALUE!"},{"$error":"#VALUE!"},{"$error":"#VALUE!"},{"$f":"SUM(DR162,System2!DR162,System3!DR162)","v":{"$error":"#VALUE!"}},{"$f":"DT$50","v":{"$error":"#VALUE!"}},{"$f":"DU$50","v":{"$error":"#VALUE!"}},{"$f":"DV$50","v":0},{"$f":"DW$50","v":{"$error":"#VALUE!"}},{"$error":"#VALUE!"},{"$error":"#VALUE!"},{"$error":"#VALUE!"},0,0,0,0,0,{"$error":"#VALUE!"},{"$f":"SUM(EF162,System2!EF162,System3!EF162)","v":{"$error":"#VALUE!"}},{"$error":"#VALUE!"},{"$error":"#VALUE!"},{"$error":"#VALUE!"},{"$error":"#VALUE!"},{"$error":"#VALUE!"},{"$error":"#VALUE!"},{"$error":"#VALUE!"},{"$error":"#VALUE!"},{"$error":"#VALUE!"},{"$error":"#VALUE!"},{"$error":"#VALUE!"},{"$error":"#VALUE!"},{"$error":"#VALUE!"},{"$error":"#VALUE!"},{"$error":"#VALUE!"},{"$error":"#VALUE!"},{"$error":"#VALUE!"},{"$error":"#VALUE!"},{"$error":"#VALUE!"},{"$error":"#VALUE!"},{"$error":"#VALUE!"},{"$error":"#VALUE!"},{"$error":"#VALUE!"},{"$error":"#VALUE!"},{"$error":"#VALUE!"},{"$error":"#VALUE!"},{"$f":"SUM(FG162,System2!FG162,System3!FG162)","v":{"$error":"#VALUE!"}},0,0,0,0,{"$error":"#VALUE!"},{"$error":"#VALUE!"},{"$error":"#VALUE!"},{"$error":"#VALUE!"},{"$error":"#VALUE!"},{"$error":"#VALUE!"},{"$error":"#VALUE!"},{"$error":"#VALUE!"},{"$error":"#VALUE!"},{"$error":"#VALUE!"},{"$error":"#VALUE!"},{"$error":"#VALUE!"},{"$error":"#VALUE!"},{"$error":"#VALUE!"},{"$error":"#VALUE!"},{"$error":"#VALUE!"},{"$error":"#VALUE!"},{"$error":"#VALUE!"},{"$error":"#VALUE!"},{"$error":"#VALUE!"},{"$f":"$GG$31*WaterFittings!BO137","v":{"$error":"#VALUE!"}},{"$f":"$GH$31*WaterFittings!BP137","v":{"$error":"#VALUE!"}},{"$f":"$GI$31*WaterFittings!BQ137","v":0},{"$f":"GJ$31*AirCond!BD136","v":{"$error":"#VALUE!"}},{"$f":"GK$31*AirCond!BE136","v":{"$error":"#VALUE!"}},{"$f":"GL$31*AirCond!BF136","v":{"$error":"#VALUE!"}},{"$f":"GM$31*AirCond!BG136","v":{"$error":"#VALUE!"}},{"$f":"GN$31*WaterFittings!BS137","v":0},{"$f":"GO$31*WaterFittings!BT137","v":0},{"$f":"GP$31*WaterFittings!BU137","v":0}]
[null,null,132,4,0,{"$error":"#VALUE!"},{"$error":"#VALUE!"},{"$error":"#VALUE!"},{"$error":"#VALUE!"},{"$f":"ROUNDDOWN(BY163*BQ163,0)","v":{"$error":"#VALUE!"}},{"$f":"ROUNDDOWN(BZ163*BQ163,0)","v":{"$error":"#VALUE!"}},{"$f":"ROUNDDOWN(CA163*BQ163,0)","v":{"$error":"#VALUE!"}},{"$error":"#VALUE!"},{"$f":"ROUNDDOWN(SUM(BR163:BT163)*BQ163,0)","v":{"$error":"#VALUE!"}},{"$error":"#VALUE!"},null,{"$error":"#VALUE!"},{"$error":"#VALUE!"},{"$error":"#VALUE!"},{"$error":"#VALUE!"},{"$error":"#VALUE!"},null,{"$error":"#VALUE!"},{"$error":"#VALUE!"},{"$error":"#VALUE!"},{"$error":"#VALUE!"},{"$error":"#VALUE!"},null,20,{"$f":"SUM(SUMPRODUCT(AF$20:AJ$20,Q163:U163),SUMPRODUCT(AF$20:AJ$20,System2!Q163:U163),SUMPRODUCT(AF$20:AJ$20,System3!Q163:U163))","v":{"$error":"#VALUE!"}},{"$f":"SUM(SUMPRODUCT(AF$21:AJ$21,W163:AA163),SUMPRODUCT(AF$21:AJ$21,System2!W163:AA163),SUMPRODUCT(AF$21:AJ$21,System3!W163:AA163))","v":{"$error":"#VALUE!"}},{"$f":"WaterFittings!BN138","v":{"$error":"#VALUE!"}},{"$error":"#VALUE!"},{"$error":"#VALUE!"},{"$f":"MIN(AirCond!BL137,P$21)","v":0},{"$error":"#VALUE!"},{"$f":"MIN(ROUNDDOWN(AJ163-FH163,0),ROUNDDOWN(P$21*0.3,0),ROUNDDOWN(SUM(SUMPRODUCT(I$4:I$15,L$4:L$15),SUMPRODUCT(System2!I$4:I$15,System2!L$4:L$15),SUMPRODUCT(System3!I$4:I$15,System3!L$4:L$15))*0.3,0))","v":{"$error":"#VALUE!"}},0,{"$error":"#VALUE!"},{"$error":"#VALUE!"},{"$error":"#VALUE!"},0,{"$error":"#VALUE!"},{"$error":"#VALUE!"},{"$error":"#VALUE!"},0,null,null,null,{"$f":"IF(IF(AX$28>=3,COUNTIF(AX160:AX162,\">0\"),IF(AX$28=2,COUNTIF(AX161:AX162,\">0\"),IF(AX$28=1,COUNTIF(AX162,\">0\")))),0,AX$31)","v":0},{"$f":"IF(OR(D163>AT$28,IF(AY$28>=3,COUNTIF(AY160:AY162,\">0\")+COUNTIF(D160:D162,\">\"&AT$28),IF(AY$28=2,COUNTIF(AY161:AY162,\">0\")+COUNTIF(D161:D162,\">\"&AT$28),IF(AY$28=1,COUNTIF(AY162,\">0\")+COUNTIF(D162,\">\"&AT$28),0)))),0,AY$31)","v":0},{"$f":"IF(IF(AZ$28>=3,COUNTIF(AZ160:AZ162,\">0\"),IF(AZ$28=2,COUNTIF(AZ161:AZ162,\">0\"),IF(AZ$28=1,COUNTIF(AZ162,\">0\")))),0,AZ$31)","v":0},{"$f":"IF(OR(D163>AT$28,IF(BA$28>=3,COUNTIF(BA160:BA162,\">0\")+COUNTIF(D160:D162,\">\"&AT$28),IF(BA$28=2,COUNTIF(BA161:BA162,\">0\")+COUNTIF(D161:D162,\">\"&AT$28),IF(BA$28=1,COUNTIF(BA162,\">0\")+COUNTIF(D162,\">\"&AT$28),0)))),0,BA$31)","v":0},null,{"$error":"#VALUE!"},{"$error":"#VALUE!"},{"$error":"#VALUE!"},{"$error":"#VALUE!"},{"$error":"#VALUE!"},{"$error":"#VALUE!"},{"$error":"#VALUE!"},{"$error":"#VALUE!"},{"$error":"#VALUE!"},0,{"$error":"#VALUE!"},{"$error":"#VALUE!"},{"$error":"#VALUE!"},{"$error":"#VALUE!"},{"$error":"#VALUE!"},{"$error":"#VALUE!"},{"$error":"#VALUE!"},{"$error":"#VALUE!"},{"$error":"#VALUE!"},{"$error":"#VALUE!"},{"$error":"#VALUE!"},{"$error":"#VALUE!"},{"$error":"#VALUE!"},{"$error":"#VALUE!"},{"$error":"#VALUE!"},{"$error":"#VALUE!"},{"$error":"#VALUE!"},{"$error":"#VALUE!"},{"$error":"#VALUE!"},{"$error":"#VALUE!"},{"$error":"#VALUE!"},{"$error":"#VALUE!"},{"$error":"#VALUE!"},{"$error":"#VALUE!"},{"$error":"#VALUE!"},{"$error":"#VALUE!"},{"$error":"#VALUE!"},{"$error":"#VALUE!"},{"$error":"#VALUE!"},{"$error":"#VALUE!"},{"$f":"SUM(CE163:CP163)","v":{"$error":"#VALUE!"}},{"$f":"SUM(CQ163,System2!CQ163,System3!CQ163)","v":{"$error":"#VALUE!"}},{"$error":"#VALUE!"},{"$f":"IF($CS163,CE163/$CR163,0)","v":{"$error":"#VALUE!"}},{"$f":"IF($CS163,CF163/$CR163,0)","v":{"$error":"#VALUE!"}},{"$f":"IF($CS163,CG163/$CR163,0)","v":{"$error":"#VALUE!"}},{"$f":"IF($CS163,CH163/$CR163,0)","v":{"$error":"#VALUE!"}},{"$f":"IF($CS163,CI163/$CR163,0)","v":{"$error":"#VALUE!"}},{"$error":"#VALUE!"},{"$error":"#VALUE!"},{"$f":"IF($CS163,CL163/$CR163,0)","v":{"$error":"#VALUE!"}},{"$f":"IF($CS163,CM163/$CR163,0)","v":{"$error":"#VALUE!"}},{"$f":"IF($CS163,CN163/$CR163,0)","v":{"$error":"#VALUE!"}},{"$f":"IF($CS163,CO163/$CR163,0)","v":{"$error":"#VALUE!"}},{"$f":"IF($CS163,CP163/$CR163,0)","v":{"$error":"#VALUE!"}},{"$f":"$CS163*CT163","v":{"$error":"#VALUE!"}},{"$f":"$CS163*CU163","v":{"$error":"#VALUE!"}},{"$f":"$CS163*CV163","v":{"$error":"#VALUE!"}},{"$f":"$CS163*CW163","v":{"$error":"#VALUE!"}},{"$f":"$CS163*CX163","v":{"$error":"#VALUE!"}},{"$error":"#VALUE!"},{"$error":"#VALUE!"},{"$f":"$CS163*DA163","v":{"$error":"#VALUE!"}},{"$f":"$CS163*DB163","v":{"$error":"#VALUE!"}},{"$f":"$CS163*DC163","v":{"$error":"#VALUE!"}},{"$f":"$CS163*DD163","v":{"$error":"#VALUE!"}},{"$f":"$CS163*DE163","v":{"$error":"#VALUE!"}},{"$error":"#VALUE!"},{"$f":"SUM(DR163,System2!DR163,System3!DR163)","v":{"$error":"#VALUE!"}},{"$f":"DT$51","v":{"$error":"#VALUE!"}},{"$f":"DU$51","v":{"$error":"#VALUE!"}},{"$f":"DV$51","v":0},{"$f":"DW$51","v":{"$error":"#VALUE!"}},{"$error":"#VALUE!"},{"$error":"#VALUE!"},{"$error":"#VALUE!"},0,0,0,0,0,{"$error":"#VALUE!"},{"$f":"SUM(EF163,System2!EF163,System3!EF163)","v":{"$error":"#VALUE!"}},{"$error":"#VALUE!"},{"$error":"#VALUE!"},{"$error":"#VALUE!"},{"$error":"#VALUE!"},{"$error":"#VALUE!"},{"$error":"#VALUE!"},{"$error":"#VALUE!"},{"$error":"#VALUE!"},{"$error":"#VALUE!"},{"$error":"#VALUE!"},{"$error":"#VALUE!"},{"$error":"#VALUE!"},{"$error":"#VALUE!"},{"$error":"#VALUE!"},{"$error":"#VALUE!"},{"$error":"#VALUE!"},{"$error":"#VALUE!"},{"$error":"#VALUE!"},{"$error":"#VALUE!"},{"$error":"#VALUE!"},{"$error":"#VALUE!"},{"$error":"#VALUE!"},{"$error":"#VALUE!"},{"$error":"#VALUE!"},{"$error":"#VALUE!"},{"$error":"#VALUE!"},{"$f":"SUM(FG163,System2!FG163,System3!FG163)","v":{"$error":"#VALUE!"}},{"$f":"IF(IF(FI$28>=3,COUNTIF(FI160:FI162,\">0\"),IF(FI$28=2,COUNTIF(FI161:FI162,\">0\"),IF(FI$28=1,COUNTIF(FI162,\">0\")))),0,FI$31)","v":0},{"$f":"IF(OR(D163>AT$28,IF(FJ$28>=3,COUNTIF(FJ160:FJ162,\">0\")+COUNTIF(D160:D162,\">\"&AT$28),IF(FJ$28=2,COUNTIF(FJ161:FJ162,\">0\")+COUNTIF(D161:D162,\">\"&AT$28),IF(FJ$28=1,COUNTIF(FJ162,\">0\")+COUNTIF(D162,\">\"&AT$28),0)))),0,FJ$31)","v":0},0,{"$f":"IF(OR(D163>AT$28,IF(FL$28>=3,COUNTIF(FL160:FL162,\">0\")+COUNTIF(D160:D162,\">\"&AT$28),IF(FL$28=2,COUNTIF(FL161:FL162,\">0\")+COUNTIF(D161:D162,\">\"&AT$28),IF(FL$28=1,COUNTIF(FL162,\">0\")+COUNTIF(D162,\">\"&AT$28),0)))),0,FL$31)","v":0},{"$error":"#VALUE!"},{"$error":"#VALUE!"},{"$error":"#VALUE!"},{"$error":"#VALUE!"},{"$error":"#VALUE!"},{"$error":"#VALUE!"},{"$error":"#VALUE!"},{"$error":"#VALUE!"},{"$error":"#VALUE!"},{"$error":"#VALUE!"},{"$error":"#VALUE!"},{"$error":"#VALUE!"},{"$error":"#VALUE!"},{"$error":"#VALUE!"},{"$error":"#VALUE!"},{"$error":"#VALUE!"},{"$error":"#VALUE!"},{"$error":"#VALUE!"},{"$error":"#VALUE!"},{"$error":"#VALUE!"},{"$f":"$GG$31*WaterFittings!BO138","v":{"$error":"#VALUE!"}},{"$f":"$GH$31*WaterFittings!BP138","v":{"$error":"#VALUE!"}},{"$f":"$GI$31*WaterFittings!BQ138","v":0},{"$f":"GJ$31*AirCond!BD137","v":{"$error":"#VALUE!"}},{"$f":"GK$31*AirCond!BE137","v":{"$error":"#VALUE!"}},{"$f":"GL$31*AirCond!BF137","v":{"$error":"#VALUE!"}},{"$f":"GM$31*AirCond!BG137","v":{"$error":"#VALUE!"}},{"$f":"GN$31*WaterFittings!BS138","v":0},{"$f":"GO$31*WaterFittings!BT138","v":0},{"$f":"GP$31*WaterFittings!BU138","v":0}]
[null,null,133,0,0,{"$error":"#VALUE!"},{"$error":"#VALUE!"},{"$error":"#VALUE!"},{"$error":"#VALUE!"},{"$error":"#VALUE!"},{"$error":"#VALUE!"},{"$error":"#VALUE!"},{"$error":"#VALUE!"},{"$error":"#VALUE!"},{"$error":"#VALUE!"},null,{"$error":"#VALUE!"},{"$error":"#VALUE!"},{"$error":"#VALUE!"},{"$error":"#VALUE!"},{"$error":"#VALUE!"},null,{"$error":"#VALUE!"},{"$error":"#VALUE!"},{"$error":"#VALUE!"},{"$error":"#VALUE!"},{"$error":"#VALUE!"},null,21,{"$f":"SUM(SUMPRODUCT(AF$20:AJ$20,Q164:U164),SUMPRODUCT(AF$20:AJ$20,System2!Q164:U164),SUMPRODUCT(AF$20:AJ$20,System3!Q164:U164))","v":{"$error":"#VALUE!"}},{"$f":"SUM(SUMPRODUCT(AF$21:AJ$21,W164:AA164),SUMPRODUCT(AF$21:AJ$21,System2!W164:AA164),SUMPRODUCT(AF$21:AJ$21,System3!W164:AA164))","v":{"$error":"#VALUE!"}},{"$f":"WaterFittings!BN139","v":{"$error":"#VALUE!"}},{"$error":"#VALUE!"},{"$error":"#VALUE!"},{"$f":"MIN(AirCond!BL138,P$21)","v":0},{"$error":"#VALUE!"},{"$f":"MIN(ROUNDDOWN(AJ164-FH164,0),ROUNDDOWN(P$21*0.3,0),ROUNDDOWN(SUM(SUMPRODUCT(I$4:I$15,L$4:L$15),SUMPRODUCT(System2!I$4:I$15,System2!L$4:L$15),SUMPRODUCT(System3!I$4:I$15,System3!L$4:L$15))*0.3,0))","v":{"$error":"#VALUE!"}},0,{"$error":"#VALUE!"},{"$error":"#VALUE!"},{"$error":"#VALUE!"},0,{"$error":"#VALUE!"},{"$error":"#VALUE!"},{"$error":"#VALUE!"},0,null,null,null,0,0,0,0,null,{"$error":"#VALUE!"},{"$error":"#VALUE!"},{"$error":"#VALUE!"},{"$error":"#VALUE!"},{"$error":"#VALUE!"},{"$error":"#VALUE!"},{"$error":"#VALUE!"},{"$error":"#VALUE!"},{"$error":"#VALUE!"},0,{"$error":"#VALUE!"},{"$error":"#VALUE!"},{"$error":"#VALUE!"},{"$error":"#VALUE!"},{"$error":"#VALUE!"},{"$error":"#VALUE!"},{"$error":"#VALUE!"},{"$error":"#VALUE!"},{"$error":"#VALUE!"},{"$error":"#VALUE!"},{"$error":"#VALUE!"},{"$error":"#VALUE!"},{"$error":"#VALUE!"},{"$error":"#VALUE!"},{"$error":"#VALUE!"},{"$error":"#VALUE!"},{"$error":"#VALUE!"},{"$error":"#VALUE!"},{"$error":"#VALUE!"},{"$error":"#VALUE!"},{"$error":"#VALUE!"},{"$error":"#VALUE!"},{"$error":"#VALUE!"},{"$error":"#VALUE!"},{"$error":"#VALUE!"},{"$error":"#VALUE!"},{"$error":"#VALUE!"},{"$error":"#VALUE!"},{"$error":"#VALUE!"},{"$error":"#VALUE!"},{"$error":"#VALUE!"},{"$f":"SUM(CQ164,System2!CQ164,System3!CQ164)","v":{"$error":"#VALUE!"}},{"$error":"#VALUE!"},{"$error":"#VALUE!"},{"$error":"#VALUE!"},{"$error":"#VALUE!"},{"$error":"#VALUE!"},{"$error":"#VALUE!"},{"$error":"#VALUE!"},{"$error":"#VALUE!"},{"$error":"#VALUE!"},{"$error":"#VALUE!"},{"$error":"#VALUE!"},{"$error":"#VALUE!"},{"$error":"#VALUE!"},{"$error":"#VALUE!"},{"$error":"#VALUE!"},{"$error":"#VALUE!"},{"$error":"#VALUE!"},{"$error":"#VALUE!"},{"$error":"#VALUE!"},{"$error":"#VALUE!"},{"$error":"#VALUE!"},{"$error":"#VALUE!"},{"$error":"#VALUE!"},{"$error":"#VALUE!"},{"$error":"#VALUE!"},{"$error":"#VALUE!"},{"$f":"SUM(DR164,System2!DR164,System3!DR164)","v":{"$error":"#VALUE!"}},{"$f":"DT$52","v":{"$error":"#VALUE!"}},{"$f":"DU$52","v":{"$error":"#VALUE!"}},{"$f":"DV$52","v":0},{"$f":"DW$52","v":{"$error":"#VALUE!"}},{"$error":"#VALUE!"},{"$error":"#VALUE!"},{"$error":"#VALUE!"},0,0,0,0,0,{"$error":"#VALUE!"},{"$f":"SUM(EF164,System2!EF164,System3!EF164)","v":{"$error":"#VALUE!"}},{"$error":"#VALUE!"},{"$error":"#VALUE!"},{"$error":"#VALUE!"},{"$error":"#VALUE!"},{"$error":"#VALUE!"},{"$error":"#VALUE!"},{"$error":"#VALUE!"},{"$error":"#VALUE!"},{"$error":"#VALUE!"},{"$error":"#VALUE!"},{"$error":"#VALUE!"},{"$error":"#VALUE!"},{"$error":"#VALUE!"},{"$error":"#VALUE!"},{"$error":"#VALUE!"},{"$error":"#VALUE!"},{"$error":"#VALUE!"},{"$error":"#VALUE!"},{"$error":"#VALUE!"},{"$error":"#VALUE!"},{"$error":"#VALUE!"},{"$error":"#VALUE!"},{"$error":"#VALUE!"},{"$error":"#VALUE!"},{"$error":"#VALUE!"},{"$error":"#VALUE!"},{"$f":"SUM(FG164,System2!FG164,System3!FG164)","v":{"$error":"#VALUE!"}},0,0,0,0,{"$error":"#VALUE!"},{"$error":"#VALUE!"},{"$error":"#VALUE!"},{"$error":"#VALUE!"},{"$error":"#VALUE!"},{"$error":"#VALUE!"},{"$error":"#VALUE!"},{"$error":"#VALUE!"},{"$error":"#VALUE!"},{"$error":"#VALUE!"},{"$error":"#VALUE!"},{"$error":"#VALUE!"},{"$error":"#VALUE!"},{"$error":"#VALUE!"},{"$error":"#VALUE!"},{"$error":"#VALUE!"},{"$error":"#VALUE!"},{"$error":"#VALUE!"},{"$error":"#VALUE!"},{"$error":"#VALUE!"},{"$f":"$GG$31*WaterFittings!BO139","v":{"$error":"#VALUE!"}},{"$f":"$GH$31*WaterFittings!BP139","v":{"$error":"#VALUE!"}},{"$f":"$GI$31*WaterFittings!BQ139","v":0},{"$f":"GJ$31*AirCond!BD138","v":{"$error":"#VALUE!"}},{"$f":"GK$31*AirCond!BE138","v":{"$error":"#VALUE!"}},{"$f":"GL$31*AirCond!BF138","v":{"$error":"#VALUE!"}},{"$f":"GM$31*AirCond!BG138","v":{"$error":"#VALUE!"}},{"$f":"GN$31*WaterFittings!BS139","v":0},{"$f":"GO$31*WaterFittings!BT139","v":0},{"$f":"GP$31*WaterFittings!BU139","v":0}]
[null,null,134,0,0,{"$error":"#VALUE!"},{"$error":"#VALUE!"},{"$error":"#VALUE!"},{"$error":"#VALUE!"},{"$error":"#VALUE!"},{"$error":"#VALUE!"},{"$error":"#VALUE!"},{"$error":"#VALUE!"},{"$error":"#VALUE!"},{"$error":"#VALUE!"},null,{"$error":"#VALUE!"},{"$error":"#VALUE!"},{"$error":"#VALUE!"},{"$error":"#VALUE!"},{"$error":"#VALUE!"},null,{"$error":"#VALUE!"},{"$error":"#VALUE!"},{"$error":"#VALUE!"},{"$error":"#VALUE!"},{"$f":"ROUNDDOWN(FF165,0)","v":{"$error":"#VALUE!"}},null,22,{"$f":"SUM(SUMPRODUCT(AF$20:AJ$20,Q165:U165),SUMPRODUCT(AF$20:AJ$20,System2!Q165:U165),SUMPRODUCT(AF$20:AJ$20,System3!Q165:U165))","v":{"$error":"#VALUE!"}},{"$f":"SUM(SUMPRODUCT(AF$21:AJ$21,W165:AA165),SUMPRODUCT(AF$21:AJ$21,System2!W165:AA165),SUMPRODUCT(AF$21:AJ$21,System3!W165:AA165))","v":{"$error":"#VALUE!"}},{"$f":"WaterFittings!BN140","v":{"$error":"#VALUE!"}},{"$error":"#VALUE!"},{"$error":"#VALUE!"},{"$f":"MIN(AirCond!BL139,P$21)","v":0},{"$error":"#VALUE!"},{"$f":"MIN(ROUNDDOWN(AJ165-FH165,0),ROUNDDOWN(P$21*0.3,0),ROUNDDOWN(SUM(SUMPRODUCT(I$4:I$15,L$4:L$15),SUMPRODUCT(System2!I$4:I$15,System2!L$4:L$15),SUMPRODUCT(System3!I$4:I$15,System3!L$4:L$15))*0.3,0))","v":{"$error":"#VALUE!"}},0,{"$error":"#VALUE!"},{"$error":"#VALUE!"},{"$error":"#VALUE!"},0,{"$error":"#VALUE!"},{"$error":"#VALUE!"},{"$error":"#VALUE!"},0,null,null,null,0,0,0,0,null,{"$error":"#VALUE!"},{"$error":"#VALUE!"},{"$error":"#VALUE!"},{"$error":"#VALUE!"},{"$error":"#VALUE!"},{"$error":"#VALUE!"},{"$error":"#VALUE!"},{"$error":"#VALUE!"},{"$error":"#VALUE!"},0,{"$error":"#VALUE!"},{"$error":"#VALUE!"},{"$error":"#VALUE!"},{"$error":"#VALUE!"},{"$error":"#VALUE!"},{"$error":"#VALUE!"},{"$error":"#VALUE!"},{"$error":"#VALUE!"},{"$error":"#VALUE!"},{"$error":"#VALUE!"},{"$error":"#VALUE!"},{"$error":"#VALUE!"},{"$error":"#VALUE!"},{"$error":"#VALUE!"},{"$error":"#VALUE!"},{"$error":"#VALUE!"},{"$error":"#VALUE!"},{"$error":"#VALUE!"},{"$error":"#VALUE!"},{"$error":"#VALUE!"},{"$error":"#VALUE!"},{"$error":"#VALUE!"},{"$error":"#VALUE!"},{"$error":"#VALUE!"},{"$error":"#VALUE!"},{"$error":"#VALUE!"},{"$error":"#VALUE!"},{"$error":"#VALUE!"},{"$error":"#VALUE!"},{"$error":"#VALUE!"},{"$error":"#VALUE!"},{"$f":"SUM(CQ165,System2!CQ165,System3!CQ165)","v":{"$error":"#VALUE!"}},{"$error":"#VALUE!"},{"$error":"#VALUE!"},{"$error":"#VALUE!"},{"$error":"#VALUE!"},{"$error":"#VALUE!"},{"$error":"#VALUE!"},{"$error":"#VALUE!"},{"$error":"#VALUE!"},{"$error":"#VALUE!"},{"$error":"#VALUE!"},{"$error":"#VALUE!"},{"$error":"#VALUE!"},{"$error":"#VALUE!"},{"$error":"#VALUE!"},{"$error":"#VALUE!"},{"$error":"#VALUE!"},{"$error":"#VALUE!"},{"$error":"#VALUE!"},{"$error":"#VALUE!"},{"$error":"#VALUE!"},{"$error":"#VALUE!"},{"$error":"#VALUE!"},{"$error":"#VALUE!"},{"$error":"#VALUE!"},{"$error":"#VALUE!"},{"$error":"#VALUE!"},{"$f":"SUM(DR165,System2!DR165,System3!DR165)","v":{"$error":"#VALUE!"}},{"$f":"DT$53","v":{"$error":"#VALUE!"}},{"$f":"DU$53","v":{"$error":"#VALUE!"}},{"$f":"DV$53","v":0},{"$f":"DW$53","v":{"$error":"#VALUE!"}},{"$error":"#VALUE!"},{"$error":"#VALUE!"},{"$error":"#VALUE!"},0,0,0,0,0,{"$error":"#VALUE!"},{"$f":"SUM(EF165,System2!EF165,System3!EF165)","v":{"$error":"#VALUE!"}},{"$error":"#VALUE!"},{"$error":"#VALUE!"},{"$error":"#VALUE!"},{"$error":"#VALUE!"},{"$error":"#VALUE!"},{"$error":"#VALUE!"},{"$error":"#VALUE!"},{"$error":"#VALUE!"},{"$error":"#VALUE!"},{"$error":"#VALUE!"},{"$error":"#VALUE!"},{"$error":"#VALUE!"},{"$error":"#VALUE!"},{"$error":"#VALUE!"},{"$error":"#VALUE!"},{"$error":"#VALUE!"},{"$error":"#VALUE!"},{"$error":"#VALUE!"},{"$error":"#VALUE!"},{"$error":"#VALUE!"},{"$error":"#VALUE!"},{"$error":"#VALUE!"},{"$error":"#VALUE!"},{"$error":"#VALUE!"},{"$error":"#VALUE!"},{"$error":"#VALUE!"},{"$f":"SUM(FG165,System2!FG165,System3!FG165)","v":{"$error":"#VALUE!"}},0,0,0,0,{"$error":"#VALUE!"},{"$error":"#VALUE!"},{"$error":"#VALUE!"},{"$error":"#VALUE!"},{"$error":"#VALUE!"},{"$error":"#VALUE!"},{"$error":"#VALUE!"},{"$error":"#VALUE!"},{"$error":"#VALUE!"},{"$error":"#VALUE!"},{"$error":"#VALUE!"},{"$error":"#VALUE!"},{"$error":"#VALUE!"},{"$error":"#VALUE!"},{"$error":"#VALUE!"},{"$error":"#VALUE!"},{"$error":"#VALUE!"},{"$error":"#VALUE!"},{"$error":"#VALUE!"},{"$error":"#VALUE!"},{"$f":"$GG$31*WaterFittings!BO140","v":{"$error":"#VALUE!"}},{"$f":"$GH$31*WaterFittings!BP140","v":{"$error":"#VALUE!"}},{"$f":"$GI$31*WaterFittings!BQ140","v":0},{"$f":"GJ$31*AirCond!BD139","v":{"$error":"#VALUE!"}},{"$f":"GK$31*AirCond!BE139","v":{"$error":"#VALUE!"}},{"$f":"GL$31*AirCond!BF139","v":{"$error":"#VALUE!"}},{"$f":"GM$31*AirCond!BG139","v":{"$error":"#VALUE!"}},{"$f":"GN$31*WaterFittings!BS140","v":0},{"$f":"GO$31*WaterFittings!BT140","v":0},{"$f":"GP$31*WaterFittings!BU140","v":0}]
[null,null,{"$f":"C165+1","v":135},1.5,0,{"$error":"#VALUE!"},{"$error":"#VALUE!"},{"$error":"#VALUE!"},{"$error":"#VALUE!"},{"$error":"#VALUE!"},{"$error":"#VALUE!"},{"$error":"#VALUE!"},{"$error":"#VALUE!"},{"$error":"#VALUE!"},{"$error":"#VALUE!"},null,{"$error":"#VALUE!"},{"$error":"#VALUE!"},{"$error":"#VALUE!"},{"$error":"#VALUE!"},{"$error":"#VALUE!"},null,{"$error":"#VALUE!"},{"$error":"#VALUE!"},{"$error":"#VALUE!"},{"$error":"#VALUE!"},{"$error":"#VALUE!"},null,23,{"$f":"SUM(SUMPRODUCT(AF$20:AJ$20,Q166:U166),SUMPRODUCT(AF$20:AJ$20,System2!Q166:U166),SUMPRODUCT(AF$20:AJ$20,System3!Q166:U166))","v":{"$error":"#VALUE!"}},{"$f":"SUM(SUMPRODUCT(AF$21:AJ$21,W166:AA166),SUMPRODUCT(AF$21:AJ$21,System2!W166:AA166),SUMPRODUCT(AF$21:AJ$21,System3!W166:AA166))","v":{"$error":"#VALUE!"}},{"$f":"WaterFittings!BN141","v":{"$error":"#VALUE!"}},{"$error":"#VALUE!"},{"$error":"#VALUE!"},{"$f":"MIN(AirCond!BL140,P$21)","v":0},{"$error":"#VALUE!"},{"$f":"MIN(ROUNDDOWN(AJ166-FH166,0),ROUNDDOWN(P$21*0.3,0),ROUNDDOWN(SUM(SUMPRODUCT(I$4:I$15,L$4:L$15),SUMPRODUCT(System2!I$4:I$15,System2!L$4:L$15),SUMPRODUCT(System3!I$4:I$15,System3!L$4:L$15))*0.3,0))","v":{"$error":"#VALUE!"}},{"$f":"ROUND(SUM(AX166,AY166),0)","v":0},{"$error":"#VALUE!"},{"$error":"#VALUE!"},{"$error":"#VALUE!"},0,{"$error":"#VALUE!"},{"$error":"#VALUE!"},{"$error":"#VALUE!"},0,null,null,null,0,0,0,0,null,{"$error":"#VALUE!"},{"$error":"#VALUE!"},{"$error":"#VALUE!"},{"$error":"#VALUE!"},{"$error":"#VALUE!"},{"$error":"#VALUE!"},{"$error":"#VALUE!"},{"$error":"#VALUE!"},{"$error":"#VALUE!"},0,{"$error":"#VALUE!"},{"$error":"#VALUE!"},{"$error":"#VALUE!"},{"$error":"#VALUE!"},{"$error":"#VALUE!"},{"$error":"#VALUE!"},{"$error":"#VALUE!"},{"$error":"#VALUE!"},{"$error":"#VALUE!"},{"$error":"#VALUE!"},{"$error":"#VALUE!"},{"$error":"#VALUE!"},{"$error":"#VALUE!"},{"$error":"#VALUE!"},{"$error":"#VALUE!"},{"$error":"#VALUE!"},{"$error":"#VALUE!"},{"$error":"#VALUE!"},{"$error":"#VALUE!"},{"$error":"#VALUE!"},{"$error":"#VALUE!"},{"$error":"#VALUE!"},{"$error":"#VALUE!"},{"$error":"#VALUE!"},{"$error":"#VALUE!"},{"$error":"#VALUE!"},{"$error":"#VALUE!"},{"$error":"#VALUE!"},{"$error":"#VALUE!"},{"$error":"#VALUE!"},{"$error":"#VALUE!"},{"$f":"SUM(CQ166,System2!CQ166,System3!CQ166)","v":{"$error":"#VALUE!"}},{"$error":"#VALUE!"},{"$error":"#VALUE!"},{"$error":"#VALUE!"},{"$error":"#VALUE!"},{"$error":"#VALUE!"},{"$error":"#VALUE!"},{"$error":"#VALUE!"},{"$error":"#VALUE!"},{"$error":"#VALUE!"},{"$error":"#VALUE!"},{"$error":"#VALUE!"},{"$error":"#VALUE!"},{"$error":"#VALUE!"},{"$error":"#VALUE!"},{"$error":"#VALUE!"},{"$error":"#VALUE!"},{"$error":"#VALUE!"},{"$error":"#VALUE!"},{"$error":"#VALUE!"},{"$error":"#VALUE!"},{"$error":"#VALUE!"},{"$error":"#VALUE!"},{"$error":"#VALUE!"},{"$error":"#VALUE!"},{"$error":"#VALUE!"},{"$error":"#VALUE!"},{"$f":"SUM(DR166,System2!DR166,System3!DR166)","v":{"$error":"#VALUE!"}},{"$f":"DT$54","v":{"$error":"#VALUE!"}},{"$f":"DU$54","v":{"$error":"#VALUE!"}},{"$f":"DV$54","v":0},{"$f":"DW$54","v":{"$error":"#VALUE!"}},{"$error":"#VALUE!"},{"$error":"#VALUE!"},{"$error":"#VALUE!"},0,0,0,0,0,{"$error":"#VALUE!"},{"$f":"SUM(EF166,System2!EF166,System3!EF166)","v":{"$error":"#VALUE!"}},{"$error":"#VALUE!"},{"$error":"#VALUE!"},{"$error":"#VALUE!"},{"$error":"#VALUE!"},{"$error":"#VALUE!"},{"$error":"#VALUE!"},{"$error":"#VALUE!"},{"$error":"#VALUE!"},{"$error":"#VALUE!"},{"$error":"#VALUE!"},{"$error":"#VALUE!"},{"$error":"#VALUE!"},{"$error":"#VALUE!"},{"$error":"#VALUE!"},{"$error":"#VALUE!"},{"$error":"#VALUE!"},{"$error":"#VALUE!"},{"$error":"#VALUE!"},{"$error":"#VALUE!"},{"$error":"#VALUE!"},{"$error":"#VALUE!"},{"$error":"#VALUE!"},{"$error":"#VALUE!"},{"$error":"#VALUE!"},{"$error":"#VALUE!"},{"$error":"#VALUE!"},{"$f":"SUM(FG166,System2!FG166,System3!FG166)","v":{"$error":"#VALUE!"}},0,0,0,0,{"$error":"#VALUE!"},{"$error":"#VALUE!"},{"$error":"#VALUE!"},{"$error":"#VALUE!"},{"$error":"#VALUE!"},{"$error":"#VALUE!"},{"$error":"#VALUE!"},{"$error":"#VALUE!"},{"$error":"#VALUE!"},{"$error":"#VALUE!"},{"$error":"#VALUE!"},{"$error":"#VALUE!"},{"$error":"#VALUE!"},{"$error":"#VALUE!"},{"$error":"#VALUE!"},{"$error":"#VALUE!"},{"$error":"#VALUE!"},{"$error":"#VALUE!"},{"$error":"#VALUE!"},{"$error":"#VALUE!"},{"$f":"$GG$31*WaterFittings!BO141","v":{"$error":"#VALUE!"}},{"$f":"$GH$31*WaterFittings!BP141","v":{"$error":"#VALUE!"}},{"$f":"$GI$31*WaterFittings!BQ141","v":0},{"$f":"GJ$31*AirCond!BD140","v":{"$error":"#VALUE!"}},{"$f":"GK$31*AirCond!BE140","v":{"$error":"#VALUE!"}},{"$f":"GL$31*AirCond!BF140","v":{"$error":"#VALUE!"}},{"$f":"GM$31*AirCond!BG140","v":{"$error":"#VALUE!"}},{"$f":"GN$31*WaterFittings!BS141","v":0},{"$f":"GO$31*WaterFittings!BT141","v":0},{"$f":"GP$31*WaterFittings!BU141","v":0}]
[null,null,136,0,0,{"$error":"#VALUE!"},{"$error":"#VALUE!"},{"$error":"#VALUE!"},{"$error":"#VALUE!"},{"$error":"#VALUE!"},{"$error":"#VALUE!"},{"$error":"#VALUE!"},{"$error":"#VALUE!"},{"$error":"#VALUE!"},{"$error":"#VALUE!"},null,{"$error":"#VALUE!"},{"$error":"#VALUE!"},{"$error":"#VALUE!"},{"$error":"#VALUE!"},{"$error":"#VALUE!"},null,{"$error":"#VALUE!"},{"$error":"#VALUE!"},{"$error":"#VALUE!"},{"$error":"#VALUE!"},{"$error":"#VALUE!"},null,24,{"$f":"SUM(SUMPRODUCT(AF$20:AJ$20,Q167:U167),SUMPRODUCT(AF$20:AJ$20,System2!Q167:U167),SUMPRODUCT(AF$20:AJ$20,System3!Q167:U167))","v":{"$error":"#VALUE!"}},{"$f":"SUM(SUMPRODUCT(AF$21:AJ$21,W167:AA167),SUMPRODUCT(AF$21:AJ$21,System2!W167:AA167),SUMPRODUCT(AF$21:AJ$21,System3!W167:AA167))","v":{"$error":"#VALUE!"}},{"$f":"WaterFittings!BN142","v":{"$error":"#VALUE!"}},{"$error":"#VALUE!"},{"$error":"#VALUE!"},{"$f":"MIN(AirCond!BL141,P$21)","v":0},{"$error":"#VALUE!"},{"$f":"MIN(ROUNDDOWN(AJ167-FH167,0),ROUNDDOWN(P$21*0.3,0),ROUNDDOWN(SUM(SUMPRODUCT(I$4:I$15,L$4:L$15),SUMPRODUCT(System2!I$4:I$15,System2!L$4:L$15),SUMPRODUCT(System3!I$4:I$15,System3!L$4:L$15))*0.3,0))","v":{"$error":"#VALUE!"}},0,{"$error":"#VALUE!"},{"$error":"#VALUE!"},{"$error":"#VALUE!"},0,{"$error":"#VALUE!"},{"$error":"#VALUE!"},{"$error":"#VALUE!"},0,null,null,null,0,0,0,0,null,{"$error":"#VALUE!"},{"$error":"#VALUE!"},{"$error":"#VALUE!"},{"$error":"#VALUE!"},{"$error":"#VALUE!"},{"$error":"#VALUE!"},{"$error":"#VALUE!"},{"$error":"#VALUE!"},{"$error":"#VALUE!"},0,{"$error":"#VALUE!"},{"$error":"#VALUE!"},{"$error":"#VALUE!"},{"$error":"#VALUE!"},{"$error":"#VALUE!"},{"$error":"#VALUE!"},{"$error":"#VALUE!"},{"$error":"#VALUE!"},{"$error":"#VALUE!"},{"$error":"#VALUE!"},{"$error":"#VALUE!"},{"$error":"#VALUE!"},{"$error":"#VALUE!"},{"$error":"#VALUE!"},{"$error":"#VALUE!"},{"$error":"#VALUE!"},{"$error":"#VALUE!"},{"$error":"#VALUE!"},{"$error":"#VALUE!"},{"$error":"#VALUE!"},{"$error":"#VALUE!"},{"$error":"#VALUE!"},{"$error":"#VALUE!"},{"$error":"#VALUE!"},{"$error":"#VALUE!"},{"$error":"#VALUE!"},{"$error":"#VALUE!"},{"$error":"#VALUE!"},{"$error":"#VALUE!"},{"$error":"#VALUE!"},{"$error":"#VALUE!"},{"$f":"SUM(CQ167,System2!CQ167,System3!CQ167)","v":{"$error":"#VALUE!"}},{"$error":"#VALUE!"},{"$error":"#VALUE!"},{"$error":"#VALUE!"},{"$error":"#VALUE!"},{"$error":"#VALUE!"},{"$error":"#VALUE!"},{"$error":"#VALUE!"},{"$error":"#VALUE!"},{"$error":"#VALUE!"},{"$error":"#VALUE!"},{"$error":"#VALUE!"},{"$error":"#VALUE!"},{"$error":"#VALUE!"},{"$error":"#VALUE!"},{"$error":"#VALUE!"},{"$error":"#VALUE!"},{"$error":"#VALUE!"},{"$error":"#VALUE!"},{"$error":"#VALUE!"},{"$error":"#VALUE!"},{"$error":"#VALUE!"},{"$error":"#VALUE!"},{"$error":"#VALUE!"},{"$error":"#VALUE!"},{"$error":"#VALUE!"},{"$error":"#VALUE!"},{"$f":"SUM(DR167,System2!DR167,System3!DR167)","v":{"$error":"#VALUE!"}},{"$f":"DT$55","v":{"$error":"#VALUE!"}},{"$f":"DU$55","v":{"$error":"#VALUE!"}},{"$f":"DV$55","v":0},{"$f":"DW$55","v":{"$error":"#VALUE!"}},{"$error":"#VALUE!"},{"$error":"#VALUE!"},{"$error":"#VALUE!"},0,0,0,0,0,{"$error":"#VALUE!"},{"$f":"SUM(EF167,System2!EF167,System3!EF167)","v":{"$error":"#VALUE!"}},{"$error":"#VALUE!"},{"$error":"#VALUE!"},{"$error":"#VALUE!"},{"$error":"#VALUE!"},{"$error":"#VALUE!"},{"$error":"#VALUE!"},{"$error":"#VALUE!"},{"$error":"#VALUE!"},{"$error":"#VALUE!"},{"$error":"#VALUE!"},{"$error":"#VALUE!"},{"$error":"#VALUE!"},{"$error":"#VALUE!"},{"$error":"#VALUE!"},{"$error":"#VALUE!"},{"$error":"#VALUE!"},{"$error":"#VALUE!"},{"$error":"#VALUE!"},{"$error":"#VALUE!"},{"$error":"#VALUE!"},{"$error":"#VALUE!"},{"$error":"#VALUE!"},{"$error":"#VALUE!"},{"$error":"#VALUE!"},{"$error":"#VALUE!"},{"$error":"#VALUE!"},{"$f":"SUM(FG167,System2!FG167,System3!FG167)","v":{"$error":"#VALUE!"}},0,0,0,0,{"$error":"#VALUE!"},{"$error":"#VALUE!"},{"$error":"#VALUE!"},{"$error":"#VALUE!"},{"$error":"#VALUE!"},{"$error":"#VALUE!"},{"$error":"#VALUE!"},{"$error":"#VALUE!"},{"$error":"#VALUE!"},{"$error":"#VALUE!"},{"$error":"#VALUE!"},{"$error":"#VALUE!"},{"$error":"#VALUE!"},{"$error":"#VALUE!"},{"$error":"#VALUE!"},{"$error":"#VALUE!"},{"$error":"#VALUE!"},{"$error":"#VALUE!"},{"$error":"#VALUE!"},{"$error":"#VALUE!"},{"$f":"$GG$31*WaterFittings!BO142","v":{"$error":"#VALUE!"}},{"$f":"$GH$31*WaterFittings!BP142","v":{"$error":"#VALUE!"}},{"$f":"$GI$31*WaterFittings!BQ142","v":0},{"$f":"GJ$31*AirCond!BD141","v":{"$error":"#VALUE!"}},{"$f":"GK$31*AirCond!BE141","v":{"$error":"#VALUE!"}},{"$f":"GL$31*AirCond!BF141","v":{"$error":"#VALUE!"}},{"$f":"GM$31*AirCond!BG141","v":{"$error":"#VALUE!"}},{"$f":"GN$31*WaterFittings!BS142","v":0},{"$f":"GO$31*WaterFittings!BT142","v":0},{"$f":"GP$31*WaterFittings!BU142","v":0}]
[null,null,137,0,0,{"$error":"#VALUE!"},{"$error":"#VALUE!"},{"$error":"#VALUE!"},{"$error":"#VALUE!"},{"$error":"#VALUE!"},{"$error":"#VALUE!"},{"$error":"#VALUE!"},{"$error":"#VALUE!"},{"$error":"#VALUE!"},{"$error":"#VALUE!"},null,{"$error":"#VALUE!"},{"$error":"#VALUE!"},{"$error":"#VALUE!"},{"$error":"#VALUE!"},{"$error":"#VALUE!"},null,{"$error":"#VALUE!"},{"$error":"#VALUE!"},{"$error":"#VALUE!"},{"$error":"#VALUE!"},{"$error":"#VALUE!"},null,25,{"$f":"SUM(SUMPRODUCT(AF$20:AJ$20,Q168:U168),SUMPRODUCT(AF$20:AJ$20,System2!Q168:U168),SUMPRODUCT(AF$20:AJ$20,System3!Q168:U168))","v":{"$error":"#VALUE!"}},{"$f":"SUM(SUMPRODUCT(AF$21:AJ$21,W168:AA168),SUMPRODUCT(AF$21:AJ$21,System2!W168:AA168),SUMPRODUCT(AF$21:AJ$21,System3!W168:AA168))","v":{"$error":"#VALUE!"}},{"$f":"WaterFittings!BN143","v":{"$error":"#VALUE!"}},{"$error":"#VALUE!"},{"$error":"#VALUE!"},{"$f":"MIN(AirCond!BL142,P$21)","v":0},{"$error":"#VALUE!"},{"$f":"MIN(ROUNDDOWN(AJ168-FH168,0),ROUNDDOWN(P$21*0.3,0),ROUNDDOWN(SUM(SUMPRODUCT(I$4:I$15,L$4:L$15),SUMPRODUCT(System2!I$4:I$15,System2!L$4:L$15),SUMPRODUCT(System3!I$4:I$15,System3!L$4:L$15))*0.3,0))","v":{"$error":"#VALUE!"}},0,{"$error":"#VALUE!"},{"$error":"#VALUE!"},{"$error":"#VALUE!"},0,{"$error":"#VALUE!"},{"$error":"#VALUE!"},{"$error":"#VALUE!"},0,null,null,null,0,0,0,0,null,{"$error":"#VALUE!"},{"$error":"#VALUE!"},{"$error":"#VALUE!"},{"$error":"#VALUE!"},{"$error":"#VALUE!"},{"$error":"#VALUE!"},{"$error":"#VALUE!"},{"$error":"#VALUE!"},{"$error":"#VALUE!"},0,{"$error":"#VALUE!"},{"$error":"#VALUE!"},{"$error":"#VALUE!"},{"$error":"#VALUE!"},{"$error":"#VALUE!"},{"$error":"#VALUE!"},{"$error":"#VALUE!"},{"$error":"#VALUE!"},{"$error":"#VALUE!"},{"$error":"#VALUE!"},{"$error":"#VALUE!"},{"$error":"#VALUE!"},{"$error":"#VALUE!"},{"$error":"#VALUE!"},{"$error":"#VALUE!"},{"$error":"#VALUE!"},{"$error":"#VALUE!"},{"$error":"#VALUE!"},{"$error":"#VALUE!"},{"$error":"#VALUE!"},{"$error":"#VALUE!"},{"$error":"#VALUE!"},{"$error":"#VALUE!"},{"$error":"#VALUE!"},{"$error":"#VALUE!"},{"$error":"#VALUE!"},{"$error":"#VALUE!"},{"$error":"#VALUE!"},{"$error":"#VALUE!"},{"$error":"#VALUE!"},{"$error":"#VALUE!"},{"$f":"SUM(CQ168,System2!CQ168,System3!CQ168)","v":{"$error":"#VALUE!"}},{"$error":"#VALUE!"},{"$error":"#VALUE!"},{"$error":"#VALUE!"},{"$error":"#VALUE!"},{"$error":"#VALUE!"},{"$error":"#VALUE!"},{"$error":"#VALUE!"},{"$error":"#VALUE!"},{"$error":"#VALUE!"},{"$error":"#VALUE!"},{"$error":"#VALUE!"},{"$error":"#VALUE!"},{"$error":"#VALUE!"},{"$error":"#VALUE!"},{"$error":"#VALUE!"},{"$error":"#VALUE!"},{"$error":"#VALUE!"},{"$error":"#VALUE!"},{"$error":"#VALUE!"},{"$error":"#VALUE!"},{"$error":"#VALUE!"},{"$error":"#VALUE!"},{"$error":"#VALUE!"},{"$error":"#VALUE!"},{"$error":"#VALUE!"},{"$error":"#VALUE!"},{"$f":"SUM(DR168,System2!DR168,System3!DR168)","v":{"$error":"#VALUE!"}},{"$f":"DT$56","v":{"$error":"#VALUE!"}},{"$f":"DU$56","v":{"$error":"#VALUE!"}},{"$f":"DV$56","v":0},{"$f":"DW$56","v":{"$error":"#VALUE!"}},{"$error":"#VALUE!"},{"$error":"#VALUE!"},{"$error":"#VALUE!"},0,0,0,0,0,{"$error":"#VALUE!"},{"$f":"SUM(EF168,System2!EF168,System3!EF168)","v":{"$error":"#VALUE!"}},{"$error":"#VALUE!"},{"$error":"#VALUE!"},{"$error":"#VALUE!"},{"$error":"#VALUE!"},{"$error":"#VALUE!"},{"$error":"#VALUE!"},{"$error":"#VALUE!"},{"$error":"#VALUE!"},{"$error":"#VALUE!"},{"$error":"#VALUE!"},{"$error":"#VALUE!"},{"$error":"#VALUE!"},{"$error":"#VALUE!"},{"$error":"#VALUE!"},{"$error":"#VALUE!"},{"$error":"#VALUE!"},{"$error":"#VALUE!"},{"$error":"#VALUE!"},{"$error":"#VALUE!"},{"$error":"#VALUE!"},{"$error":"#VALUE!"},{"$error":"#VALUE!"},{"$error":"#VALUE!"},{"$error":"#VALUE!"},{"$error":"#VALUE!"},{"$error":"#VALUE!"},{"$f":"SUM(FG168,System2!FG168,System3!FG168)","v":{"$error":"#VALUE!"}},0,0,0,0,{"$error":"#VALUE!"},{"$error":"#VALUE!"},{"$error":"#VALUE!"},{"$error":"#VALUE!"},{"$error":"#VALUE!"},{"$error":"#VALUE!"},{"$error":"#VALUE!"},{"$error":"#VALUE!"},{"$error":"#VALUE!"},{"$error":"#VALUE!"},{"$error":"#VALUE!"},{"$error":"#VALUE!"},{"$error":"#VALUE!"},{"$error":"#VALUE!"},{"$error":"#VALUE!"},{"$error":"#VALUE!"},{"$error":"#VALUE!"},{"$error":"#VALUE!"},{"$error":"#VALUE!"},{"$error":"#VALUE!"},{"$f":"$GG$31*WaterFittings!BO143","v":{"$error":"#VALUE!"}},{"$f":"$GH$31*WaterFittings!BP143","v":{"$error":"#VALUE!"}},{"$f":"$GI$31*WaterFittings!BQ143","v":0},{"$f":"GJ$31*AirCond!BD142","v":{"$error":"#VALUE!"}},{"$f":"GK$31*AirCond!BE142","v":{"$error":"#VALUE!"}},{"$f":"GL$31*AirCond!BF142","v":{"$error":"#VALUE!"}},{"$f":"GM$31*AirCond!BG142","v":{"$error":"#VALUE!"}},{"$f":"GN$31*WaterFittings!BS143","v":0},{"$f":"GO$31*WaterFittings!BT143","v":0},{"$f":"GP$31*WaterFittings!BU143","v":0}]
[null,null,138,0,0,{"$error":"#VALUE!"},{"$error":"#VALUE!"},{"$error":"#VALUE!"},{"$error":"#VALUE!"},{"$error":"#VALUE!"},{"$error":"#VALUE!"},{"$error":"#VALUE!"},{"$error":"#VALUE!"},{"$error":"#VALUE!"},{"$error":"#VALUE!"},null,{"$error":"#VALUE!"},{"$error":"#VALUE!"},{"$error":"#VALUE!"},{"$error":"#VALUE!"},{"$error":"#VALUE!"},null,{"$error":"#VALUE!"},{"$error":"#VALUE!"},{"$error":"#VALUE!"},{"$error":"#VALUE!"},{"$error":"#VALUE!"},null,26,{"$f":"SUM(SUMPRODUCT(AF$20:AJ$20,Q169:U169),SUMPRODUCT(AF$20:AJ$20,System2!Q169:U169),SUMPRODUCT(AF$20:AJ$20,System3!Q169:U169))","v":{"$error":"#VALUE!"}},{"$f":"SUM(SUMPRODUCT(AF$21:AJ$21,W169:AA169),SUMPRODUCT(AF$21:AJ$21,System2!W169:AA169),SUMPRODUCT(AF$21:AJ$21,System3!W169:AA169))","v":{"$error":"#VALUE!"}},{"$f":"WaterFittings!BN144","v":{"$error":"#VALUE!"}},{"$error":"#VALUE!"},{"$error":"#VALUE!"},{"$f":"MIN(AirCond!BL143,P$21)","v":0},{"$error":"#VALUE!"},{"$f":"MIN(ROUNDDOWN(AJ169-FH169,0),ROUNDDOWN(P$21*0.3,0),ROUNDDOWN(SUM(SUMPRODUCT(I$4:I$15,L$4:L$15),SUMPRODUCT(System2!I$4:I$15,System2!L$4:L$15),SUMPRODUCT(System3!I$4:I$15,System3!L$4:L$15))*0.3,0))","v":{"$error":"#VALUE!"}},0,{"$error":"#VALUE!"},{"$error":"#VALUE!"},{"$error":"#VALUE!"},0,{"$error":"#VALUE!"},{"$error":"#VALUE!"},{"$error":"#VALUE!"},0,null,null,null,0,0,0,0,null,{"$error":"#VALUE!"},{"$error":"#VALUE!"},{"$error":"#VALUE!"},{"$error":"#VALUE!"},{"$error":"#VALUE!"},{"$error":"#VALUE!"},{"$error":"#VALUE!"},{"$error":"#VALUE!"},{"$error":"#VALUE!"},0,{"$error":"#VALUE!"},{"$error":"#VALUE!"},{"$error":"#VALUE!"},{"$error":"#VALUE!"},{"$error":"#VALUE!"},{"$error":"#VALUE!"},{"$error":"#VALUE!"},{"$error":"#VALUE!"},{"$error":"#VALUE!"},{"$error":"#VALUE!"},{"$error":"#VALUE!"},{"$error":"#VALUE!"},{"$error":"#VALUE!"},{"$error":"#VALUE!"},{"$error":"#VALUE!"},{"$error":"#VALUE!"},{"$error":"#VALUE!"},{"$error":"#VALUE!"},{"$error":"#VALUE!"},{"$error":"#VALUE!"},{"$error":"#VALUE!"},{"$error":"#VALUE!"},{"$error":"#VALUE!"},{"$error":"#VALUE!"},{"$error":"#VALUE!"},{"$error":"#VALUE!"},{"$error":"#VALUE!"},{"$error":"#VALUE!"},{"$error":"#VALUE!"},{"$error":"#VALUE!"},{"$error":"#VALUE!"},{"$f":"SUM(CQ169,System2!CQ169,System3!CQ169)","v":{"$error":"#VALUE!"}},{"$error":"#VALUE!"},{"$error":"#VALUE!"},{"$error":"#VALUE!"},{"$error":"#VALUE!"},{"$error":"#VALUE!"},{"$error":"#VALUE!"},{"$error":"#VALUE!"},{"$error":"#VALUE!"},{"$error":"#VALUE!"},{"$error":"#VALUE!"},{"$error":"#VALUE!"},{"$error":"#VALUE!"},{"$error":"#VALUE!"},{"$error":"#VALUE!"},{"$error":"#VALUE!"},{"$error":"#VALUE!"},{"$error":"#VALUE!"},{"$error":"#VALUE!"},{"$error":"#VALUE!"},{"$error":"#VALUE!"},{"$error":"#VALUE!"},{"$error":"#VALUE!"},{"$error":"#VALUE!"},{"$error":"#VALUE!"},{"$error":"#VALUE!"},{"$error":"#VALUE!"},{"$f":"SUM(DR169,System2!DR169,System3!DR169)","v":{"$error":"#VALUE!"}},{"$f":"DT$57","v":{"$error":"#VALUE!"}},{"$f":"DU$57","v":{"$error":"#VALUE!"}},{"$f":"DV$57","v":0},{"$f":"DW$57","v":{"$error":"#VALUE!"}},{"$error":"#VALUE!"},{"$error":"#VALUE!"},{"$error":"#VALUE!"},0,0,0,0,0,{"$error":"#VALUE!"},{"$f":"SUM(EF169,System2!EF169,System3!EF169)","v":{"$error":"#VALUE!"}},{"$error":"#VALUE!"},{"$error":"#VALUE!"},{"$error":"#VALUE!"},{"$error":"#VALUE!"},{"$error":"#VALUE!"},{"$error":"#VALUE!"},{"$error":"#VALUE!"},{"$error":"#VALUE!"},{"$error":"#VALUE!"},{"$error":"#VALUE!"},{"$error":"#VALUE!"},{"$error":"#VALUE!"},{"$error":"#VALUE!"},{"$error":"#VALUE!"},{"$error":"#VALUE!"},{"$error":"#VALUE!"},{"$error":"#VALUE!"},{"$error":"#VALUE!"},{"$error":"#VALUE!"},{"$error":"#VALUE!"},{"$error":"#VALUE!"},{"$error":"#VALUE!"},{"$error":"#VALUE!"},{"$error":"#VALUE!"},{"$error":"#VALUE!"},{"$error":"#VALUE!"},{"$f":"SUM(FG169,System2!FG169,System3!FG169)","v":{"$error":"#VALUE!"}},0,0,0,0,{"$error":"#VALUE!"},{"$error":"#VALUE!"},{"$error":"#VALUE!"},{"$error":"#VALUE!"},{"$error":"#VALUE!"},{"$error":"#VALUE!"},{"$error":"#VALUE!"},{"$error":"#VALUE!"},{"$error":"#VALUE!"},{"$error":"#VALUE!"},{"$error":"#VALUE!"},{"$error":"#VALUE!"},{"$error":"#VALUE!"},{"$error":"#VALUE!"},{"$error":"#VALUE!"},{"$error":"#VALUE!"},{"$error":"#VALUE!"},{"$error":"#VALUE!"},{"$error":"#VALUE!"},{"$error":"#VALUE!"},{"$f":"$GG$31*WaterFittings!BO144","v":{"$error":"#VALUE!"}},{"$f":"$GH$31*WaterFittings!BP144","v":{"$error":"#VALUE!"}},{"$f":"$GI$31*WaterFittings!BQ144","v":0},{"$f":"GJ$31*AirCond!BD143","v":{"$error":"#VALUE!"}},{"$f":"GK$31*AirCond!BE143","v":{"$error":"#VALUE!"}},{"$f":"GL$31*AirCond!BF143","v":{"$error":"#VALUE!"}},{"$f":"GM$31*AirCond!BG143","v":{"$error":"#VALUE!"}},{"$f":"GN$31*WaterFittings!BS144","v":0},{"$f":"GO$31*WaterFittings!BT144","v":0},{"$f":"GP$31*WaterFittings!BU144","v":0}]
[null,null,139,0,0,{"$error":"#VALUE!"},{"$error":"#VALUE!"},{"$error":"#VALUE!"},{"$error":"#VALUE!"},{"$error":"#VALUE!"},{"$error":"#VALUE!"},{"$error":"#VALUE!"},{"$error":"#VALUE!"},{"$error":"#VALUE!"},{"$error":"#VALUE!"},null,{"$error":"#VALUE!"},{"$error":"#VALUE!"},{"$error":"#VALUE!"},{"$error":"#VALUE!"},{"$error":"#VALUE!"},null,{"$error":"#VALUE!"},{"$error":"#VALUE!"},{"$error":"#VALUE!"},{"$error":"#VALUE!"},{"$error":"#VALUE!"},null,27,{"$f":"SUM(SUMPRODUCT(AF$20:AJ$20,Q170:U170),SUMPRODUCT(AF$20:AJ$20,System2!Q170:U170),SUMPRODUCT(AF$20:AJ$20,System3!Q170:U170))","v":{"$error":"#VALUE!"}},{"$f":"SUM(SUMPRODUCT(AF$21:AJ$21,W170:AA170),SUMPRODUCT(AF$21:AJ$21,System2!W170:AA170),SUMPRODUCT(AF$21:AJ$21,System3!W170:AA170))","v":{"$error":"#VALUE!"}},{"$f":"WaterFittings!BN145","v":{"$error":"#VALUE!"}},{"$error":"#VALUE!"},{"$error":"#VALUE!"},{"$f":"MIN(AirCond!BL144,P$21)","v":0},{"$error":"#VALUE!"},{"$f":"MIN(ROUNDDOWN(AJ170-FH170,0),ROUNDDOWN(P$21*0.3,0),ROUNDDOWN(SUM(SUMPRODUCT(I$4:I$15,L$4:L$15),SUMPRODUCT(System2!I$4:I$15,System2!L$4:L$15),SUMPRODUCT(System3!I$4:I$15,System3!L$4:L$15))*0.3,0))","v":{"$error":"#VALUE!"}},0,{"$error":"#VALUE!"},{"$error":"#VALUE!"},{"$error":"#VALUE!"},0,{"$error":"#VALUE!"},{"$error":"#VALUE!"},{"$error":"#VALUE!"},0,null,null,null,0,0,0,0,null,{"$error":"#VALUE!"},{"$error":"#VALUE!"},{"$error":"#VALUE!"},{"$error":"#VALUE!"},{"$error":"#VALUE!"},{"$error":"#VALUE!"},{"$error":"#VALUE!"},{"$error":"#VALUE!"},{"$error":"#VALUE!"},0,{"$error":"#VALUE!"},{"$error":"#VALUE!"},{"$error":"#VALUE!"},{"$error":"#VALUE!"},{"$error":"#VALUE!"},{"$error":"#VALUE!"},{"$error":"#VALUE!"},{"$error":"#VALUE!"},{"$error":"#VALUE!"},{"$error":"#VALUE!"},{"$error":"#VALUE!"},{"$error":"#VALUE!"},{"$error":"#VALUE!"},{"$error":"#VALUE!"},{"$error":"#VALUE!"},{"$error":"#VALUE!"},{"$error":"#VALUE!"},{"$error":"#VALUE!"},{"$error":"#VALUE!"},{"$error":"#VALUE!"},{"$error":"#VALUE!"},{"$error":"#VALUE!"},{"$error":"#VALUE!"},{"$error":"#VALUE!"},{"$error":"#VALUE!"},{"$error":"#VALUE!"},{"$error":"#VALUE!"},{"$error":"#VALUE!"},{"$error":"#VALUE!"},{"$error":"#VALUE!"},{"$error":"#VALUE!"},{"$f":"SUM(CQ170,System2!CQ170,System3!CQ170)","v":{"$error":"#VALUE!"}},{"$error":"#VALUE!"},{"$error":"#VALUE!"},{"$error":"#VALUE!"},{"$error":"#VALUE!"},{"$error":"#VALUE!"},{"$error":"#VALUE!"},{"$error":"#VALUE!"},{"$error":"#VALUE!"},{"$error":"#VALUE!"},{"$error":"#VALUE!"},{"$error":"#VALUE!"},{"$error":"#VALUE!"},{"$error":"#VALUE!"},{"$error":"#VALUE!"},{"$error":"#VALUE!"},{"$error":"#VALUE!"},{"$error":"#VALUE!"},{"$error":"#VALUE!"},{"$error":"#VALUE!"},{"$error":"#VALUE!"},{"$error":"#VALUE!"},{"$error":"#VALUE!"},{"$error":"#VALUE!"},{"$error":"#VALUE!"},{"$error":"#VALUE!"},{"$error":"#VALUE!"},{"$f":"SUM(DR170,System2!DR170,System3!DR170)","v":{"$error":"#VALUE!"}},{"$f":"DT$58","v":{"$error":"#VALUE!"}},{"$f":"DU$58","v":{"$error":"#VALUE!"}},{"$f":"DV$58","v":0},{"$f":"DW$58","v":{"$error":"#VALUE!"}},{"$error":"#VALUE!"},{"$error":"#VALUE!"},{"$error":"#VALUE!"},0,0,0,0,0,{"$error":"#VALUE!"},{"$f":"SUM(EF170,System2!EF170,System3!EF170)","v":{"$error":"#VALUE!"}},{"$error":"#VALUE!"},{"$error":"#VALUE!"},{"$error":"#VALUE!"},{"$error":"#VALUE!"},{"$error":"#VALUE!"},{"$error":"#VALUE!"},{"$error":"#VALUE!"},{"$error":"#VALUE!"},{"$error":"#VALUE!"},{"$error":"#VALUE!"},{"$error":"#VALUE!"},{"$error":"#VALUE!"},{"$error":"#VALUE!"},{"$error":"#VALUE!"},{"$error":"#VALUE!"},{"$error":"#VALUE!"},{"$error":"#VALUE!"},{"$error":"#VALUE!"},{"$error":"#VALUE!"},{"$error":"#VALUE!"},{"$error":"#VALUE!"},{"$error":"#VALUE!"},{"$error":"#VALUE!"},{"$error":"#VALUE!"},{"$error":"#VALUE!"},{"$f":"SUM(EU170:FF170)","v":{"$error":"#VALUE!"}},{"$f":"SUM(FG170,System2!FG170,System3!FG170)","v":{"$error":"#VALUE!"}},0,0,0,0,{"$error":"#VALUE!"},{"$error":"#VALUE!"},{"$error":"#VALUE!"},{"$error":"#VALUE!"},{"$error":"#VALUE!"},{"$error":"#VALUE!"},{"$error":"#VALUE!"},{"$error":"#VALUE!"},{"$error":"#VALUE!"},{"$error":"#VALUE!"},{"$error":"#VALUE!"},{"$error":"#VALUE!"},{"$error":"#VALUE!"},{"$error":"#VALUE!"},{"$error":"#VALUE!"},{"$error":"#VALUE!"},{"$error":"#VALUE!"},{"$error":"#VALUE!"},{"$error":"#VALUE!"},{"$error":"#VALUE!"},{"$f":"$GG$31*WaterFittings!BO145","v":{"$error":"#VALUE!"}},{"$f":"$GH$31*WaterFittings!BP145","v":{"$error":"#VALUE!"}},{"$f":"$GI$31*WaterFittings!BQ145","v":0},{"$f":"GJ$31*AirCond!BD144","v":{"$error":"#VALUE!"}},{"$f":"GK$31*AirCond!BE144","v":{"$error":"#VALUE!"}},{"$f":"GL$31*AirCond!BF144","v":{"$error":"#VALUE!"}},{"$f":"GM$31*AirCond!BG144","v":{"$error":"#VALUE!"}},{"$f":"GN$31*WaterFittings!BS145","v":0},{"$f":"GO$31*WaterFittings!BT145","v":0},{"$f":"GP$31*WaterFittings!BU145","v":0}]
[null,null,140,1.5,0,{"$error":"#VALUE!"},{"$error":"#VALUE!"},{"$error":"#VALUE!"},{"$error":"#VALUE!"},{"$error":"#VALUE!"},{"$error":"#VALUE!"},{"$error":"#VALUE!"},{"$error":"#VALUE!"},{"$error":"#VALUE!"},{"$error":"#VALUE!"},null,{"$error":"#VALUE!"},{"$error":"#VALUE!"},{"$error":"#VALUE!"},{"$error":"#VALUE!"},{"$error":"#VALUE!"},null,{"$error":"#VALUE!"},{"$error":"#VALUE!"},{"$error":"#VALUE!"},{"$error":"#VALUE!"},{"$error":"#VALUE!"},null,28,{"$f":"SUM(SUMPRODUCT(AF$20:AJ$20,Q171:U171),SUMPRODUCT(AF$20:AJ$20,System2!Q171:U171),SUMPRODUCT(AF$20:AJ$20,System3!Q171:U171))","v":{"$error":"#VALUE!"}},{"$f":"SUM(SUMPRODUCT(AF$21:AJ$21,W171:AA171),SUMPRODUCT(AF$21:AJ$21,System2!W171:AA171),SUMPRODUCT(AF$21:AJ$21,System3!W171:AA171))","v":{"$error":"#VALUE!"}},{"$f":"WaterFittings!BN146","v":{"$error":"#VALUE!"}},{"$error":"#VALUE!"},{"$error":"#VALUE!"},{"$f":"MIN(AirCond!BL145,P$21)","v":0},{"$error":"#VALUE!"},{"$f":"MIN(ROUNDDOWN(AJ171-FH171,0),ROUNDDOWN(P$21*0.3,0),ROUNDDOWN(SUM(SUMPRODUCT(I$4:I$15,L$4:L$15),SUMPRODUCT(System2!I$4:I$15,System2!L$4:L$15),SUMPRODUCT(System3!I$4:I$15,System3!L$4:L$15))*0.3,0))","v":{"$error":"#VALUE!"}},0,{"$error":"#VALUE!"},{"$error":"#VALUE!"},{"$error":"#VALUE!"},0,{"$error":"#VALUE!"},{"$error":"#VALUE!"},{"$error":"#VALUE!"},0,null,null,null,0,0,0,0,null,{"$error":"#VALUE!"},{"$error":"#VALUE!"},{"$error":"#VALUE!"},{"$error":"#VALUE!"},{"$error":"#VALUE!"},{"$error":"#VALUE!"},{"$error":"#VALUE!"},{"$error":"#VALUE!"},{"$error":"#VALUE!"},0,{"$error":"#VALUE!"},{"$error":"#VALUE!"},{"$error":"#VALUE!"},{"$error":"#VALUE!"},{"$error":"#VALUE!"},{"$error":"#VALUE!"},{"$error":"#VALUE!"},{"$error":"#VALUE!"},{"$error":"#VALUE!"},{"$error":"#VALUE!"},{"$error":"#VALUE!"},{"$error":"#VALUE!"},{"$error":"#VALUE!"},{"$error":"#VALUE!"},{"$error":"#VALUE!"},{"$error":"#VALUE!"},{"$error":"#VALUE!"},{"$error":"#VALUE!"},{"$error":"#VALUE!"},{"$error":"#VALUE!"},{"$error":"#VALUE!"},{"$error":"#VALUE!"},{"$error":"#VALUE!"},{"$error":"#VALUE!"},{"$error":"#VALUE!"},{"$error":"#VALUE!"},{"$error":"#VALUE!"},{"$error":"#VALUE!"},{"$error":"#VALUE!"},{"$error":"#VALUE!"},{"$error":"#VALUE!"},{"$f":"SUM(CQ171,System2!CQ171,System3!CQ171)","v":{"$error":"#VALUE!"}},{"$error":"#VALUE!"},{"$error":"#VALUE!"},{"$error":"#VALUE!"},{"$error":"#VALUE!"},{"$error":"#VALUE!"},{"$error":"#VALUE!"},{"$error":"#VALUE!"},{"$error":"#VALUE!"},{"$error":"#VALUE!"},{"$error":"#VALUE!"},{"$error":"#VALUE!"},{"$error":"#VALUE!"},{"$error":"#VALUE!"},{"$error":"#VALUE!"},{"$error":"#VALUE!"},{"$error":"#VALUE!"},{"$error":"#VALUE!"},{"$error":"#VALUE!"},{"$error":"#VALUE!"},{"$error":"#VALUE!"},{"$error":"#VALUE!"},{"$error":"#VALUE!"},{"$error":"#VALUE!"},{"$error":"#VALUE!"},{"$error":"#VALUE!"},{"$error":"#VALUE!"},{"$f":"SUM(DR171,System2!DR171,System3!DR171)","v":{"$error":"#VALUE!"}},{"$f":"DT$59","v":{"$error":"#VALUE!"}},{"$f":"DU$59","v":{"$error":"#VALUE!"}},{"$f":"DV$59","v":0},{"$f":"DW$59","v":{"$error":"#VALUE!"}},{"$error":"#VALUE!"},{"$error":"#VALUE!"},{"$error":"#VALUE!"},0,0,0,0,0,{"$error":"#VALUE!"},{"$f":"SUM(EF171,System2!EF171,System3!EF171)","v":{"$error":"#VALUE!"}},{"$error":"#VALUE!"},{"$error":"#VALUE!"},{"$error":"#VALUE!"},{"$error":"#VALUE!"},{"$error":"#VALUE!"},{"$error":"#VALUE!"},{"$error":"#VALUE!"},{"$error":"#VALUE!"},{"$error":"#VALUE!"},{"$error":"#VALUE!"},{"$error":"#VALUE!"},{"$error":"#VALUE!"},{"$error":"#VALUE!"},{"$error":"#VALUE!"},{"$error":"#VALUE!"},{"$error":"#VALUE!"},{"$error":"#VALUE!"},{"$error":"#VALUE!"},{"$error":"#VALUE!"},{"$error":"#VALUE!"},{"$error":"#VALUE!"},{"$error":"#VALUE!"},{"$error":"#VALUE!"},{"$error":"#VALUE!"},{"$error":"#VALUE!"},{"$error":"#VALUE!"},{"$f":"SUM(FG171,System2!FG171,System3!FG171)","v":{"$error":"#VALUE!"}},0,0,0,0,{"$error":"#VALUE!"},{"$error":"#VALUE!"},{"$error":"#VALUE!"},{"$error":"#VALUE!"},{"$error":"#VALUE!"},{"$error":"#VALUE!"},{"$error":"#VALUE!"},{"$error":"#VALUE!"},{"$error":"#VALUE!"},{"$error":"#VALUE!"},{"$error":"#VALUE!"},{"$error":"#VALUE!"},{"$error":"#VALUE!"},{"$error":"#VALUE!"},{"$error":"#VALUE!"},{"$error":"#VALUE!"},{"$error":"#VALUE!"},{"$error":"#VALUE!"},{"$error":"#VALUE!"},{"$error":"#VALUE!"},{"$f":"$GG$31*WaterFittings!BO146","v":{"$error":"#VALUE!"}},{"$f":"$GH$31*WaterFittings!BP146","v":{"$error":"#VALUE!"}},{"$f":"$GI$31*WaterFittings!BQ146","v":0},{"$f":"GJ$31*AirCond!BD145","v":{"$error":"#VALUE!"}},{"$f":"GK$31*AirCond!BE145","v":{"$error":"#VALUE!"}},{"$f":"GL$31*AirCond!BF145","v":{"$error":"#VALUE!"}},{"$f":"GM$31*AirCond!BG145","v":{"$error":"#VALUE!"}},{"$f":"GN$31*WaterFittings!BS146","v":0},{"$f":"GO$31*WaterFittings!BT146","v":0},{"$f":"GP$31*WaterFittings!BU146","v":0}]
[null,null,141,10,0,{"$error":"#VALUE!"},{"$error":"#VALUE!"},{"$error":"#VALUE!"},{"$error":"#VALUE!"},{"$error":"#VALUE!"},{"$error":"#VALUE!"},{"$error":"#VALUE!"},{"$error":"#VALUE!"},{"$error":"#VALUE!"},{"$error":"#VALUE!"},null,{"$error":"#VALUE!"},{"$error":"#VALUE!"},{"$error":"#VALUE!"},{"$error":"#VALUE!"},{"$error":"#VALUE!"},null,{"$error":"#VALUE!"},{"$error":"#VALUE!"},{"$error":"#VALUE!"},{"$error":"#VALUE!"},{"$f":"ROUNDDOWN(FF172,0)","v":{"$error":"#VALUE!"}},null,1,{"$f":"SUM(SUMPRODUCT(AF$20:AJ$20,Q172:U172),SUMPRODUCT(AF$20:AJ$20,System2!Q172:U172),SUMPRODUCT(AF$20:AJ$20,System3!Q172:U172))","v":{"$error":"#VALUE!"}},{"$f":"SUM(SUMPRODUCT(AF$21:AJ$21,W172:AA172),SUMPRODUCT(AF$21:AJ$21,System2!W172:AA172),SUMPRODUCT(AF$21:AJ$21,System3!W172:AA172))","v":{"$error":"#VALUE!"}},{"$f":"WaterFittings!BN147","v":{"$error":"#VALUE!"}},{"$error":"#VALUE!"},{"$error":"#VALUE!"},{"$f":"MIN(AirCond!BL146,P$21)","v":0},{"$error":"#VALUE!"},{"$f":"MIN(ROUNDDOWN(AJ172-FH172,0),ROUNDDOWN(P$21*0.3,0),ROUNDDOWN(SUM(SUMPRODUCT(I$4:I$15,L$4:L$15),SUMPRODUCT(System2!I$4:I$15,System2!L$4:L$15),SUMPRODUCT(System3!I$4:I$15,System3!L$4:L$15))*0.3,0))","v":{"$error":"#VALUE!"}},0,{"$error":"#VALUE!"},{"$error":"#VALUE!"},{"$error":"#VALUE!"},0,{"$error":"#VALUE!"},{"$error":"#VALUE!"},{"$error":"#VALUE!"},0,null,null,null,0,0,0,0,null,{"$error":"#VALUE!"},{"$error":"#VALUE!"},{"$error":"#VALUE!"},{"$error":"#VALUE!"},{"$error":"#VALUE!"},{"$error":"#VALUE!"},{"$error":"#VALUE!"},{"$error":"#VALUE!"},{"$error":"#VALUE!"},0,{"$error":"#VALUE!"},{"$error":"#VALUE!"},{"$error":"#VALUE!"},{"$error":"#VALUE!"},{"$error":"#VALUE!"},{"$error":"#VALUE!"},{"$error":"#VALUE!"},{"$error":"#VALUE!"},{"$error":"#VALUE!"},{"$error":"#VALUE!"},{"$error":"#VALUE!"},{"$error":"#VALUE!"},{"$error":"#VALUE!"},{"$error":"#VALUE!"},{"$error":"#VALUE!"},{"$error":"#VALUE!"},{"$error":"#VALUE!"},{"$error":"#VALUE!"},{"$error":"#VALUE!"},{"$error":"#VALUE!"},{"$error":"#VALUE!"},{"$error":"#VALUE!"},{"$error":"#VALUE!"},{"$error":"#VALUE!"},{"$error":"#VALUE!"},{"$error":"#VALUE!"},{"$error":"#VALUE!"},{"$error":"#VALUE!"},{"$error":"#VALUE!"},{"$error":"#VALUE!"},{"$error":"#VALUE!"},{"$f":"SUM(CQ172,System2!CQ172,System3!CQ172)","v":{"$error":"#VALUE!"}},{"$error":"#VALUE!"},{"$error":"#VALUE!"},{"$error":"#VALUE!"},{"$error":"#VALUE!"},{"$error":"#VALUE!"},{"$error":"#VALUE!"},{"$error":"#VALUE!"},{"$error":"#VALUE!"},{"$error":"#VALUE!"},{"$error":"#VALUE!"},{"$error":"#VALUE!"},{"$error":"#VALUE!"},{"$error":"#VALUE!"},{"$error":"#VALUE!"},{"$error":"#VALUE!"},{"$error":"#VALUE!"},{"$error":"#VALUE!"},{"$error":"#VALUE!"},{"$error":"#VALUE!"},{"$error":"#VALUE!"},{"$error":"#VALUE!"},{"$error":"#VALUE!"},{"$error":"#VALUE!"},{"$error":"#VALUE!"},{"$error":"#VALUE!"},{"$error":"#VALUE!"},{"$f":"SUM(DR172,System2!DR172,System3!DR172)","v":{"$error":"#VALUE!"}},{"$f":"DT$32","v":{"$error":"#VALUE!"}},{"$f":"DU$32","v":{"$error":"#VALUE!"}},{"$f":"DV$32","v":0},{"$f":"DW$32","v":{"$error":"#VALUE!"}},{"$error":"#VALUE!"},{"$error":"#VALUE!"},{"$error":"#VALUE!"},0,0,0,0,0,{"$error":"#VALUE!"},{"$f":"SUM(EF172,System2!EF172,System3!EF172)","v":{"$error":"#VALUE!"}},{"$error":"#VALUE!"},{"$error":"#VALUE!"},{"$error":"#VALUE!"},{"$error":"#VALUE!"},{"$error":"#VALUE!"},{"$error":"#VALUE!"},{"$error":"#VALUE!"},{"$error":"#VALUE!"},{"$error":"#VALUE!"},{"$error":"#VALUE!"},{"$error":"#VALUE!"},{"$error":"#VALUE!"},{"$error":"#VALUE!"},{"$error":"#VALUE!"},{"$error":"#VALUE!"},{"$error":"#VALUE!"},{"$error":"#VALUE!"},{"$error":"#VALUE!"},{"$error":"#VALUE!"},{"$error":"#VALUE!"},{"$error":"#VALUE!"},{"$error":"#VALUE!"},{"$error":"#VALUE!"},{"$error":"#VALUE!"},{"$error":"#VALUE!"},{"$error":"#VALUE!"},{"$f":"SUM(FG172,System2!FG172,System3!FG172)","v":{"$error":"#VALUE!"}},0,0,0,0,{"$error":"#VALUE!"},{"$error":"#VALUE!"},{"$error":"#VALUE!"},{"$error":"#VALUE!"},{"$error":"#VALUE!"},{"$error":"#VALUE!"},{"$error":"#VALUE!"},{"$error":"#VALUE!"},{"$error":"#VALUE!"},{"$error":"#VALUE!"},{"$error":"#VALUE!"},{"$error":"#VALUE!"},{"$error":"#VALUE!"},{"$error":"#VALUE!"},{"$error":"#VALUE!"},{"$error":"#VALUE!"},{"$error":"#VALUE!"},{"$error":"#VALUE!"},{"$error":"#VALUE!"},{"$error":"#VALUE!"},{"$f":"$GG$31*WaterFittings!BO147","v":{"$error":"#VALUE!"}},{"$f":"$GH$31*WaterFittings!BP147","v":{"$error":"#VALUE!"}},{"$f":"$GI$31*WaterFittings!BQ147","v":0},{"$f":"GJ$31*AirCond!BD146","v":{"$error":"#VALUE!"}},{"$f":"GK$31*AirCond!BE146","v":{"$error":"#VALUE!"}},{"$f":"GL$31*AirCond!BF146","v":{"$error":"#VALUE!"}},{"$f":"GM$31*AirCond!BG146","v":{"$error":"#VALUE!"}},{"$f":"GN$31*WaterFittings!BS147","v":0},{"$f":"GO$31*WaterFittings!BT147","v":0},{"$f":"GP$31*WaterFittings!BU147","v":0}]
[null,null,{"$f":"C172+1","v":142},60,0,{"$error":"#VALUE!"},{"$error":"#VALUE!"},{"$error":"#VALUE!"},{"$error":"#VALUE!"},{"$error":"#VALUE!"},{"$error":"#VALUE!"},{"$error":"#VALUE!"},{"$error":"#VALUE!"},{"$error":"#VALUE!"},{"$error":"#VALUE!"},null,{"$error":"#VALUE!"},{"$error":"#VALUE!"},{"$error":"#VALUE!"},{"$error":"#VALUE!"},{"$error":"#VALUE!"},null,{"$error":"#VALUE!"},{"$error":"#VALUE!"},{"$error":"#VALUE!"},{"$error":"#VALUE!"},{"$error":"#VALUE!"},null,2,{"$f":"SUM(SUMPRODUCT(AF$20:AJ$20,Q173:U173),SUMPRODUCT(AF$20:AJ$20,System2!Q173:U173),SUMPRODUCT(AF$20:AJ$20,System3!Q173:U173))","v":{"$error":"#VALUE!"}},{"$f":"SUM(SUMPRODUCT(AF$21:AJ$21,W173:AA173),SUMPRODUCT(AF$21:AJ$21,System2!W173:AA173),SUMPRODUCT(AF$21:AJ$21,System3!W173:AA173))","v":{"$error":"#VALUE!"}},{"$f":"WaterFittings!BN148","v":{"$error":"#VALUE!"}},{"$error":"#VALUE!"},{"$error":"#VALUE!"},{"$f":"MIN(AirCond!BL147,P$21)","v":0},{"$error":"#VALUE!"},{"$f":"MIN(ROUNDDOWN(AJ173-FH173,0),ROUNDDOWN(P$21*0.3,0),ROUNDDOWN(SUM(SUMPRODUCT(I$4:I$15,L$4:L$15),SUMPRODUCT(System2!I$4:I$15,System2!L$4:L$15),SUMPRODUCT(System3!I$4:I$15,System3!L$4:L$15))*0.3,0))","v":{"$error":"#VALUE!"}},0,{"$error":"#VALUE!"},{"$error":"#VALUE!"},{"$error":"#VALUE!"},0,{"$error":"#VALUE!"},{"$error":"#VALUE!"},{"$error":"#VALUE!"},0,null,null,null,0,0,0,0,null,{"$error":"#VALUE!"},{"$error":"#VALUE!"},{"$error":"#VALUE!"},{"$error":"#VALUE!"},{"$error":"#VALUE!"},{"$error":"#VALUE!"},{"$error":"#VALUE!"},{"$error":"#VALUE!"},{"$error":"#VALUE!"},0,{"$error":"#VALUE!"},{"$error":"#VALUE!"},{"$error":"#VALUE!"},{"$error":"#VALUE!"},{"$error":"#VALUE!"},{"$error":"#VALUE!"},{"$error":"#VALUE!"},{"$error":"#VALUE!"},{"$error":"#VALUE!"},{"$error":"#VALUE!"},{"$error":"#VALUE!"},{"$error":"#VALUE!"},{"$error":"#VALUE!"},{"$error":"#VALUE!"},{"$error":"#VALUE!"},{"$error":"#VALUE!"},{"$error":"#VALUE!"},{"$error":"#VALUE!"},{"$error":"#VALUE!"},{"$error":"#VALUE!"},{"$error":"#VALUE!"},{"$error":"#VALUE!"},{"$error":"#VALUE!"},{"$error":"#VALUE!"},{"$error":"#VALUE!"},{"$error":"#VALUE!"},{"$error":"#VALUE!"},{"$error":"#VALUE!"},{"$error":"#VALUE!"},{"$error":"#VALUE!"},{"$error":"#VALUE!"},{"$f":"SUM(CQ173,System2!CQ173,System3!CQ173)","v":{"$error":"#VALUE!"}},{"$error":"#VALUE!"},{"$error":"#VALUE!"},{"$error":"#VALUE!"},{"$error":"#VALUE!"},{"$error":"#VALUE!"},{"$error":"#VALUE!"},{"$error":"#VALUE!"},{"$error":"#VALUE!"},{"$error":"#VALUE!"},{"$error":"#VALUE!"},{"$error":"#VALUE!"},{"$error":"#VALUE!"},{"$error":"#VALUE!"},{"$error":"#VALUE!"},{"$error":"#VALUE!"},{"$error":"#VALUE!"},{"$error":"#VALUE!"},{"$error":"#VALUE!"},{"$error":"#VALUE!"},{"$error":"#VALUE!"},{"$error":"#VALUE!"},{"$error":"#VALUE!"},{"$error":"#VALUE!"},{"$error":"#VALUE!"},{"$error":"#VALUE!"},{"$error":"#VALUE!"},{"$f":"SUM(DR173,System2!DR173,System3!DR173)","v":{"$error":"#VALUE!"}},{"$f":"DT$33","v":{"$error":"#VALUE!"}},{"$f":"DU$33","v":{"$error":"#VALUE!"}},{"$f":"DV$33","v":0},{"$f":"DW$33","v":{"$error":"#VALUE!"}},{"$error":"#VALUE!"},{"$error":"#VALUE!"},{"$error":"#VALUE!"},0,0,0,0,0,{"$error":"#VALUE!"},{"$f":"SUM(EF173,System2!EF173,System3!EF173)","v":{"$error":"#VALUE!"}},{"$error":"#VALUE!"},{"$error":"#VALUE!"},{"$error":"#VALUE!"},{"$error":"#VALUE!"},{"$error":"#VALUE!"},{"$error":"#VALUE!"},{"$error":"#VALUE!"},{"$error":"#VALUE!"},{"$error":"#VALUE!"},{"$error":"#VALUE!"},{"$error":"#VALUE!"},{"$error":"#VALUE!"},{"$error":"#VALUE!"},{"$error":"#VALUE!"},{"$error":"#VALUE!"},{"$error":"#VALUE!"},{"$error":"#VALUE!"},{"$error":"#VALUE!"},{"$error":"#VALUE!"},{"$error":"#VALUE!"},{"$error":"#VALUE!"},{"$error":"#VALUE!"},{"$error":"#VALUE!"},{"$error":"#VALUE!"},{"$error":"#VALUE!"},{"$error":"#VALUE!"},{"$f":"SUM(FG173,System2!FG173,System3!FG173)","v":{"$error":"#VALUE!"}},0,0,0,0,{"$error":"#VALUE!"},{"$error":"#VALUE!"},{"$error":"#VALUE!"},{"$error":"#VALUE!"},{"$error":"#VALUE!"},{"$error":"#VALUE!"},{"$error":"#VALUE!"},{"$error":"#VALUE!"},{"$error":"#VALUE!"},{"$error":"#VALUE!"},{"$error":"#VALUE!"},{"$error":"#VALUE!"},{"$error":"#VALUE!"},{"$error":"#VALUE!"},{"$error":"#VALUE!"},{"$error":"#VALUE!"},{"$error":"#VALUE!"},{"$error":"#VALUE!"},{"$error":"#VALUE!"},{"$error":"#VALUE!"},{"$f":"$GG$31*WaterFittings!BO148","v":{"$error":"#VALUE!"}},{"$f":"$GH$31*WaterFittings!BP148","v":{"$error":"#VALUE!"}},{"$f":"$GI$31*WaterFittings!BQ148","v":0},{"$f":"GJ$31*AirCond!BD147","v":{"$error":"#VALUE!"}},{"$f":"GK$31*AirCond!BE147","v":{"$error":"#VALUE!"}},{"$f":"GL$31*AirCond!BF147","v":{"$error":"#VALUE!"}},{"$f":"GM$31*AirCond!BG147","v":{"$error":"#VALUE!"}},{"$f":"GN$31*WaterFittings!BS148","v":0},{"$f":"GO$31*WaterFittings!BT148","v":0},{"$f":"GP$31*WaterFittings!BU148","v":0}]
[null,null,143,0.5,0,{"$error":"#VALUE!"},{"$error":"#VALUE!"},{"$error":"#VALUE!"},{"$error":"#VALUE!"},{"$error":"#VALUE!"},{"$error":"#VALUE!"},{"$error":"#VALUE!"},{"$error":"#VALUE!"},{"$error":"#VALUE!"},{"$error":"#VALUE!"},null,{"$error":"#VALUE!"},{"$error":"#VALUE!"},{"$error":"#VALUE!"},{"$error":"#VALUE!"},{"$error":"#VALUE!"},null,{"$error":"#VALUE!"},{"$error":"#VALUE!"},{"$error":"#VALUE!"},{"$error":"#VALUE!"},{"$error":"#VALUE!"},null,3,{"$f":"SUM(SUMPRODUCT(AF$20:AJ$20,Q174:U174),SUMPRODUCT(AF$20:AJ$20,System2!Q174:U174),SUMPRODUCT(AF$20:AJ$20,System3!Q174:U174))","v":{"$error":"#VALUE!"}},{"$f":"SUM(SUMPRODUCT(AF$21:AJ$21,W174:AA174),SUMPRODUCT(AF$21:AJ$21,System2!W174:AA174),SUMPRODUCT(AF$21:AJ$21,System3!W174:AA174))","v":{"$error":"#VALUE!"}},{"$f":"WaterFittings!BN149","v":{"$error":"#VALUE!"}},{"$error":"#VALUE!"},{"$error":"#VALUE!"},{"$f":"MIN(AirCond!BL148,P$21)","v":0},{"$error":"#VALUE!"},{"$f":"MIN(ROUNDDOWN(AJ174-FH174,0),ROUNDDOWN(P$21*0.3,0),ROUNDDOWN(SUM(SUMPRODUCT(I$4:I$15,L$4:L$15),SUMPRODUCT(System2!I$4:I$15,System2!L$4:L$15),SUMPRODUCT(System3!I$4:I$15,System3!L$4:L$15))*0.3,0))","v":{"$error":"#VALUE!"}},0,{"$error":"#VALUE!"},{"$error":"#VALUE!"},{"$error":"#VALUE!"},0,{"$error":"#VALUE!"},{"$error":"#VALUE!"},{"$error":"#VALUE!"},0,null,null,null,0,0,0,0,null,{"$error":"#VALUE!"},{"$error":"#VALUE!"},{"$error":"#VALUE!"},{"$error":"#VALUE!"},{"$error":"#VALUE!"},{"$error":"#VALUE!"},{"$error":"#VALUE!"},{"$error":"#VALUE!"},{"$error":"#VALUE!"},0,{"$error":"#VALUE!"},{"$error":"#VALUE!"},{"$error":"#VALUE!"},{"$error":"#VALUE!"},{"$error":"#VALUE!"},{"$error":"#VALUE!"},{"$error":"#VALUE!"},{"$error":"#VALUE!"},{"$error":"#VALUE!"},{"$error":"#VALUE!"},{"$error":"#VALUE!"},{"$error":"#VALUE!"},{"$error":"#VALUE!"},{"$error":"#VALUE!"},{"$error":"#VALUE!"},{"$error":"#VALUE!"},{"$error":"#VALUE!"},{"$error":"#VALUE!"},{"$error":"#VALUE!"},{"$error":"#VALUE!"},{"$error":"#VALUE!"},{"$error":"#VALUE!"},{"$error":"#VALUE!"},{"$error":"#VALUE!"},{"$error":"#VALUE!"},{"$error":"#VALUE!"},{"$error":"#VALUE!"},{"$error":"#VALUE!"},{"$error":"#VALUE!"},{"$error":"#VALUE!"},{"$error":"#VALUE!"},{"$f":"SUM(CQ174,System2!CQ174,System3!CQ174)","v":{"$error":"#VALUE!"}},{"$error":"#VALUE!"},{"$error":"#VALUE!"},{"$error":"#VALUE!"},{"$error":"#VALUE!"},{"$error":"#VALUE!"},{"$error":"#VALUE!"},{"$f":"IF($CS174,CJ174/$CR174,0)","v":{"$error":"#VALUE!"}},{"$f":"IF($CS174,CK174/$CR174,0)","v":{"$error":"#VALUE!"}},{"$error":"#VALUE!"},{"$error":"#VALUE!"},{"$error":"#VALUE!"},{"$error":"#VALUE!"},{"$error":"#VALUE!"},{"$error":"#VALUE!"},{"$error":"#VALUE!"},{"$error":"#VALUE!"},{"$error":"#VALUE!"},{"$error":"#VALUE!"},{"$f":"$CS174*CY174","v":{"$error":"#VALUE!"}},{"$f":"$CS174*CZ174","v":{"$error":"#VALUE!"}},{"$error":"#VALUE!"},{"$error":"#VALUE!"},{"$error":"#VALUE!"},{"$error":"#VALUE!"},{"$error":"#VALUE!"},{"$error":"#VALUE!"},{"$f":"SUM(DR174,System2!DR174,System3!DR174)","v":{"$error":"#VALUE!"}},{"$f":"DT$34","v":{"$error":"#VALUE!"}},{"$f":"DU$34","v":{"$error":"#VALUE!"}},{"$f":"DV$34","v":0},{"$f":"DW$34","v":{"$error":"#VALUE!"}},{"$error":"#VALUE!"},{"$error":"#VALUE!"},{"$error":"#VALUE!"},0,0,0,0,0,{"$error":"#VALUE!"},{"$f":"SUM(EF174,System2!EF174,System3!EF174)","v":{"$error":"#VALUE!"}},{"$error":"#VALUE!"},{"$error":"#VALUE!"},{"$error":"#VALUE!"},{"$error":"#VALUE!"},{"$error":"#VALUE!"},{"$error":"#VALUE!"},{"$error":"#VALUE!"},{"$error":"#VALUE!"},{"$error":"#VALUE!"},{"$error":"#VALUE!"},{"$error":"#VALUE!"},{"$error":"#VALUE!"},{"$error":"#VALUE!"},{"$error":"#VALUE!"},{"$error":"#VALUE!"},{"$error":"#VALUE!"},{"$error":"#VALUE!"},{"$error":"#VALUE!"},{"$error":"#VALUE!"},{"$error":"#VALUE!"},{"$error":"#VALUE!"},{"$error":"#VALUE!"},{"$error":"#VALUE!"},{"$error":"#VALUE!"},{"$error":"#VALUE!"},{"$error":"#VALUE!"},{"$f":"SUM(FG174,System2!FG174,System3!FG174)","v":{"$error":"#VALUE!"}},0,0,0,0,{"$error":"#VALUE!"},{"$error":"#VALUE!"},{"$error":"#VALUE!"},{"$error":"#VALUE!"},{"$error":"#VALUE!"},{"$error":"#VALUE!"},{"$error":"#VALUE!"},{"$error":"#VALUE!"},{"$error":"#VALUE!"},{"$error":"#VALUE!"},{"$error":"#VALUE!"},{"$error":"#VALUE!"},{"$error":"#VALUE!"},{"$error":"#VALUE!"},{"$error":"#VALUE!"},{"$error":"#VALUE!"},{"$error":"#VALUE!"},{"$error":"#VALUE!"},{"$error":"#VALUE!"},{"$error":"#VALUE!"},{"$f":"$GG$31*WaterFittings!BO149","v":{"$error":"#VALUE!"}},{"$f":"$GH$31*WaterFittings!BP149","v":{"$error":"#VALUE!"}},{"$f":"$GI$31*WaterFittings!BQ149","v":0},{"$f":"GJ$31*AirCond!BD148","v":{"$error":"#VALUE!"}},{"$f":"GK$31*AirCond!BE148","v":{"$error":"#VALUE!"}},{"$f":"GL$31*AirCond!BF148","v":{"$error":"#VALUE!"}},{"$f":"GM$31*AirCond!BG148","v":{"$error":"#VALUE!"}},{"$f":"GN$31*WaterFittings!BS149","v":0},{"$f":"GO$31*WaterFittings!BT149","v":0},{"$f":"GP$31*WaterFittings!BU149","v":0}]
[null,null,144,0,0,{"$error":"#VALUE!"},{"$error":"#VALUE!"},{"$error":"#VALUE!"},{"$error":"#VALUE!"},{"$error":"#VALUE!"},{"$error":"#VALUE!"},{"$error":"#VALUE!"},{"$error":"#VALUE!"},{"$error":"#VALUE!"},{"$error":"#VALUE!"},null,{"$error":"#VALUE!"},{"$error":"#VALUE!"},{"$error":"#VALUE!"},{"$error":"#VALUE!"},{"$error":"#VALUE!"},null,{"$error":"#VALUE!"},{"$error":"#VALUE!"},{"$error":"#VALUE!"},{"$error":"#VALUE!"},{"$error":"#VALUE!"},null,4,{"$f":"SUM(SUMPRODUCT(AF$20:AJ$20,Q175:U175),SUMPRODUCT(AF$20:AJ$20,System2!Q175:U175),SUMPRODUCT(AF$20:AJ$20,System3!Q175:U175))","v":{"$error":"#VALUE!"}},{"$f":"SUM(SUMPRODUCT(AF$21:AJ$21,W175:AA175),SUMPRODUCT(AF$21:AJ$21,System2!W175:AA175),SUMPRODUCT(AF$21:AJ$21,System3!W175:AA175))","v":{"$error":"#VALUE!"}},{"$f":"WaterFittings!BN150","v":{"$error":"#VALUE!"}},{"$error":"#VALUE!"},{"$error":"#VALUE!"},{"$f":"MIN(AirCond!BL149,P$21)","v":0},{"$error":"#VALUE!"},{"$f":"MIN(ROUNDDOWN(AJ175-FH175,0),ROUNDDOWN(P$21*0.3,0),ROUNDDOWN(SUM(SUMPRODUCT(I$4:I$15,L$4:L$15),SUMPRODUCT(System2!I$4:I$15,System2!L$4:L$15),SUMPRODUCT(System3!I$4:I$15,System3!L$4:L$15))*0.3,0))","v":{"$error":"#VALUE!"}},0,{"$error":"#VALUE!"},{"$error":"#VALUE!"},{"$error":"#VALUE!"},0,{"$error":"#VALUE!"},{"$error":"#VALUE!"},{"$error":"#VALUE!"},0,null,null,null,0,0,0,0,null,{"$error":"#VALUE!"},{"$error":"#VALUE!"},{"$error":"#VALUE!"},{"$error":"#VALUE!"},{"$error":"#VALUE!"},{"$error":"#VALUE!"},{"$error":"#VALUE!"},{"$error":"#VALUE!"},{"$error":"#VALUE!"},0,{"$error":"#VALUE!"},{"$error":"#VALUE!"},{"$error":"#VALUE!"},{"$error":"#VALUE!"},{"$error":"#VALUE!"},{"$error":"#VALUE!"},{"$error":"#VALUE!"},{"$error":"#VALUE!"},{"$error":"#VALUE!"},{"$error":"#VALUE!"},{"$error":"#VALUE!"},{"$error":"#VALUE!"},{"$error":"#VALUE!"},{"$error":"#VALUE!"},{"$error":"#VALUE!"},{"$error":"#VALUE!"},{"$error":"#VALUE!"},{"$error":"#VALUE!"},{"$error":"#VALUE!"},{"$error":"#VALUE!"},{"$error":"#VALUE!"},{"$error":"#VALUE!"},{"$error":"#VALUE!"},{"$error":"#VALUE!"},{"$error":"#VALUE!"},{"$error":"#VALUE!"},{"$error":"#VALUE!"},{"$error":"#VALUE!"},{"$error":"#VALUE!"},{"$error":"#VALUE!"},{"$error":"#VALUE!"},{"$f":"SUM(CQ175,System2!CQ175,System3!CQ175)","v":{"$error":"#VALUE!"}},{"$error":"#VALUE!"},{"$error":"#VALUE!"},{"$error":"#VALUE!"},{"$error":"#VALUE!"},{"$error":"#VALUE!"},{"$error":"#VALUE!"},{"$error":"#VALUE!"},{"$error":"#VALUE!"},{"$error":"#VALUE!"},{"$error":"#VALUE!"},{"$error":"#VALUE!"},{"$error":"#VALUE!"},{"$error":"#VALUE!"},{"$error":"#VALUE!"},{"$error":"#VALUE!"},{"$error":"#VALUE!"},{"$error":"#VALUE!"},{"$error":"#VALUE!"},{"$error":"#VALUE!"},{"$error":"#VALUE!"},{"$error":"#VALUE!"},{"$error":"#VALUE!"},{"$error":"#VALUE!"},{"$error":"#VALUE!"},{"$error":"#VALUE!"},{"$error":"#VALUE!"},{"$f":"SUM(DR175,System2!DR175,System3!DR175)","v":{"$error":"#VALUE!"}},{"$f":"DT$35","v":{"$error":"#VALUE!"}},{"$f":"DU$35","v":{"$error":"#VALUE!"}},{"$f":"DV$35","v":0},{"$f":"DW$35","v":{"$error":"#VALUE!"}},{"$error":"#VALUE!"},{"$error":"#VALUE!"},{"$error":"#VALUE!"},0,0,0,0,0,{"$error":"#VALUE!"},{"$f":"SUM(EF175,System2!EF175,System3!EF175)","v":{"$error":"#VALUE!"}},{"$error":"#VALUE!"},{"$error":"#VALUE!"},{"$error":"#VALUE!"},{"$error":"#VALUE!"},{"$error":"#VALUE!"},{"$error":"#VALUE!"},{"$error":"#VALUE!"},{"$error":"#VALUE!"},{"$error":"#VALUE!"},{"$error":"#VALUE!"},{"$error":"#VALUE!"},{"$error":"#VALUE!"},{"$error":"#VALUE!"},{"$error":"#VALUE!"},{"$error":"#VALUE!"},{"$error":"#VALUE!"},{"$error":"#VALUE!"},{"$error":"#VALUE!"},{"$error":"#VALUE!"},{"$error":"#VALUE!"},{"$error":"#VALUE!"},{"$error":"#VALUE!"},{"$error":"#VALUE!"},{"$error":"#VALUE!"},{"$error":"#VALUE!"},{"$error":"#VALUE!"},{"$f":"SUM(FG175,System2!FG175,System3!FG175)","v":{"$error":"#VALUE!"}},0,0,0,0,{"$error":"#VALUE!"},{"$error":"#VALUE!"},{"$error":"#VALUE!"},{"$error":"#VALUE!"},{"$error":"#VALUE!"},{"$error":"#VALUE!"},{"$error":"#VALUE!"},{"$error":"#VALUE!"},{"$error":"#VALUE!"},{"$error":"#VALUE!"},{"$error":"#VALUE!"},{"$error":"#VALUE!"},{"$error":"#VALUE!"},{"$error":"#VALUE!"},{"$error":"#VALUE!"},{"$error":"#VALUE!"},{"$error":"#VALUE!"},{"$error":"#VALUE!"},{"$error":"#VALUE!"},{"$error":"#VALUE!"},{"$f":"$GG$31*WaterFittings!BO150","v":{"$error":"#VALUE!"}},{"$f":"$GH$31*WaterFittings!BP150","v":{"$error":"#VALUE!"}},{"$f":"$GI$31*WaterFittings!BQ150","v":0},{"$f":"GJ$31*AirCond!BD149","v":{"$error":"#VALUE!"}},{"$f":"GK$31*AirCond!BE149","v":{"$error":"#VALUE!"}},{"$f":"GL$31*AirCond!BF149","v":{"$error":"#VALUE!"}},{"$f":"GM$31*AirCond!BG149","v":{"$error":"#VALUE!"}},{"$f":"GN$31*WaterFittings!BS150","v":0},{"$f":"GO$31*WaterFittings!BT150","v":0},{"$f":"GP$31*WaterFittings!BU150","v":0}]
[null,null,145,0,0,{"$error":"#VALUE!"},{"$error":"#VALUE!"},{"$error":"#VALUE!"},{"$error":"#VALUE!"},{"$error":"#VALUE!"},{"$error":"#VALUE!"},{"$error":"#VALUE!"},{"$error":"#VALUE!"},{"$error":"#VALUE!"},{"$error":"#VALUE!"},null,{"$error":"#VALUE!"},{"$error":"#VALUE!"},{"$error":"#VALUE!"},{"$error":"#VALUE!"},{"$error":"#VALUE!"},null,{"$error":"#VALUE!"},{"$error":"#VALUE!"},{"$error":"#VALUE!"},{"$error":"#VALUE!"},{"$error":"#VALUE!"},null,5,{"$f":"SUM(SUMPRODUCT(AF$20:AJ$20,Q176:U176),SUMPRODUCT(AF$20:AJ$20,System2!Q176:U176),SUMPRODUCT(AF$20:AJ$20,System3!Q176:U176))","v":{"$error":"#VALUE!"}},{"$f":"SUM(SUMPRODUCT(AF$21:AJ$21,W176:AA176),SUMPRODUCT(AF$21:AJ$21,System2!W176:AA176),SUMPRODUCT(AF$21:AJ$21,System3!W176:AA176))","v":{"$error":"#VALUE!"}},{"$f":"WaterFittings!BN151","v":{"$error":"#VALUE!"}},{"$error":"#VALUE!"},{"$error":"#VALUE!"},{"$f":"MIN(AirCond!BL150,P$21)","v":0},{"$error":"#VALUE!"},{"$f":"MIN(ROUNDDOWN(AJ176-FH176,0),ROUNDDOWN(P$21*0.3,0),ROUNDDOWN(SUM(SUMPRODUCT(I$4:I$15,L$4:L$15),SUMPRODUCT(System2!I$4:I$15,System2!L$4:L$15),SUMPRODUCT(System3!I$4:I$15,System3!L$4:L$15))*0.3,0))","v":{"$error":"#VALUE!"}},0,{"$error":"#VALUE!"},{"$error":"#VALUE!"},{"$error":"#VALUE!"},0,{"$error":"#VALUE!"},{"$error":"#VALUE!"},{"$error":"#VALUE!"},0,null,null,null,0,0,0,0,null,{"$error":"#VALUE!"},{"$error":"#VALUE!"},{"$error":"#VALUE!"},{"$error":"#VALUE!"},{"$error":"#VALUE!"},{"$error":"#VALUE!"},{"$error":"#VALUE!"},{"$error":"#VALUE!"},{"$error":"#VALUE!"},0,{"$error":"#VALUE!"},{"$error":"#VALUE!"},{"$error":"#VALUE!"},{"$error":"#VALUE!"},{"$error":"#VALUE!"},{"$error":"#VALUE!"},{"$error":"#VALUE!"},{"$error":"#VALUE!"},{"$error":"#VALUE!"},{"$error":"#VALUE!"},{"$error":"#VALUE!"},{"$error":"#VALUE!"},{"$error":"#VALUE!"},{"$error":"#VALUE!"},{"$error":"#VALUE!"},{"$error":"#VALUE!"},{"$error":"#VALUE!"},{"$error":"#VALUE!"},{"$error":"#VALUE!"},{"$error":"#VALUE!"},{"$error":"#VALUE!"},{"$error":"#VALUE!"},{"$error":"#VALUE!"},{"$error":"#VALUE!"},{"$error":"#VALUE!"},{"$error":"#VALUE!"},{"$error":"#VALUE!"},{"$error":"#VALUE!"},{"$error":"#VALUE!"},{"$error":"#VALUE!"},{"$error":"#VALUE!"},{"$f":"SUM(CQ176,System2!CQ176,System3!CQ176)","v":{"$error":"#VALUE!"}},{"$error":"#VALUE!"},{"$error":"#VALUE!"},{"$error":"#VALUE!"},{"$error":"#VALUE!"},{"$error":"#VALUE!"},{"$error":"#VALUE!"},{"$error":"#VALUE!"},{"$error":"#VALUE!"},{"$error":"#VALUE!"},{"$error":"#VALUE!"},{"$error":"#VALUE!"},{"$error":"#VALUE!"},{"$error":"#VALUE!"},{"$error":"#VALUE!"},{"$error":"#VALUE!"},{"$error":"#VALUE!"},{"$error":"#VALUE!"},{"$error":"#VALUE!"},{"$error":"#VALUE!"},{"$error":"#VALUE!"},{"$error":"#VALUE!"},{"$error":"#VALUE!"},{"$error":"#VALUE!"},{"$error":"#VALUE!"},{"$error":"#VALUE!"},{"$error":"#VALUE!"},{"$f":"SUM(DR176,System2!DR176,System3!DR176)","v":{"$error":"#VALUE!"}},{"$f":"DT$36","v":{"$error":"#VALUE!"}},{"$f":"DU$36","v":{"$error":"#VALUE!"}},{"$f":"DV$36","v":0},{"$f":"DW$36","v":{"$error":"#VALUE!"}},{"$error":"#VALUE!"},{"$error":"#VALUE!"},{"$error":"#VALUE!"},0,0,0,0,0,{"$error":"#VALUE!"},{"$f":"SUM(EF176,System2!EF176,System3!EF176)","v":{"$error":"#VALUE!"}},{"$error":"#VALUE!"},{"$error":"#VALUE!"},{"$error":"#VALUE!"},{"$error":"#VALUE!"},{"$error":"#VALUE!"},{"$error":"#VALUE!"},{"$error":"#VALUE!"},{"$error":"#VALUE!"},{"$error":"#VALUE!"},{"$error":"#VALUE!"},{"$error":"#VALUE!"},{"$error":"#VALUE!"},{"$error":"#VALUE!"},{"$error":"#VALUE!"},{"$error":"#VALUE!"},{"$error":"#VALUE!"},{"$error":"#VALUE!"},{"$error":"#VALUE!"},{"$error":"#VALUE!"},{"$error":"#VALUE!"},{"$error":"#VALUE!"},{"$error":"#VALUE!"},{"$error":"#VALUE!"},{"$error":"#VALUE!"},{"$error":"#VALUE!"},{"$error":"#VALUE!"},{"$f":"SUM(FG176,System2!FG176,System3!FG176)","v":{"$error":"#VALUE!"}},0,0,0,0,{"$error":"#VALUE!"},{"$error":"#VALUE!"},{"$error":"#VALUE!"},{"$error":"#VALUE!"},{"$error":"#VALUE!"},{"$error":"#VALUE!"},{"$error":"#VALUE!"},{"$error":"#VALUE!"},{"$error":"#VALUE!"},{"$error":"#VALUE!"},{"$error":"#VALUE!"},{"$error":"#VALUE!"},{"$error":"#VALUE!"},{"$error":"#VALUE!"},{"$error":"#VALUE!"},{"$error":"#VALUE!"},{"$error":"#VALUE!"},{"$error":"#VALUE!"},{"$error":"#VALUE!"},{"$error":"#VALUE!"},{"$f":"$GG$31*WaterFittings!BO151","v":{"$error":"#VALUE!"}},{"$f":"$GH$31*WaterFittings!BP151","v":{"$error":"#VALUE!"}},{"$f":"$GI$31*WaterFittings!BQ151","v":0},{"$f":"GJ$31*AirCond!BD150","v":{"$error":"#VALUE!"}},{"$f":"GK$31*AirCond!BE150","v":{"$error":"#VALUE!"}},{"$f":"GL$31*AirCond!BF150","v":{"$error":"#VALUE!"}},{"$f":"GM$31*AirCond!BG150","v":{"$error":"#VALUE!"}},{"$f":"GN$31*WaterFittings!BS151","v":0},{"$f":"GO$31*WaterFittings!BT151","v":0},{"$f":"GP$31*WaterFittings!BU151","v":0}]
[null,null,146,1,0,{"$error":"#VALUE!"},{"$error":"#VALUE!"},{"$error":"#VALUE!"},{"$error":"#VALUE!"},{"$error":"#VALUE!"},{"$error":"#VALUE!"},{"$error":"#VALUE!"},{"$error":"#VALUE!"},{"$error":"#VALUE!"},{"$error":"#VALUE!"},null,{"$error":"#VALUE!"},{"$error":"#VALUE!"},{"$error":"#VALUE!"},{"$error":"#VALUE!"},{"$error":"#VALUE!"},null,{"$error":"#VALUE!"},{"$error":"#VALUE!"},{"$error":"#VALUE!"},{"$error":"#VALUE!"},{"$error":"#VALUE!"},null,6,{"$f":"SUM(SUMPRODUCT(AF$20:AJ$20,Q177:U177),SUMPRODUCT(AF$20:AJ$20,System2!Q177:U177),SUMPRODUCT(AF$20:AJ$20,System3!Q177:U177))","v":{"$error":"#VALUE!"}},{"$f":"SUM(SUMPRODUCT(AF$21:AJ$21,W177:AA177),SUMPRODUCT(AF$21:AJ$21,System2!W177:AA177),SUMPRODUCT(AF$21:AJ$21,System3!W177:AA177))","v":{"$error":"#VALUE!"}},{"$f":"WaterFittings!BN152","v":{"$error":"#VALUE!"}},{"$error":"#VALUE!"},{"$error":"#VALUE!"},{"$f":"MIN(AirCond!BL151,P$21)","v":0},{"$error":"#VALUE!"},{"$f":"MIN(ROUNDDOWN(AJ177-FH177,0),ROUNDDOWN(P$21*0.3,0),ROUNDDOWN(SUM(SUMPRODUCT(I$4:I$15,L$4:L$15),SUMPRODUCT(System2!I$4:I$15,System2!L$4:L$15),SUMPRODUCT(System3!I$4:I$15,System3!L$4:L$15))*0.3,0))","v":{"$error":"#VALUE!"}},0,{"$error":"#VALUE!"},{"$error":"#VALUE!"},{"$error":"#VALUE!"},0,{"$error":"#VALUE!"},{"$error":"#VALUE!"},{"$error":"#VALUE!"},0,null,null,null,0,0,0,0,null,{"$error":"#VALUE!"},{"$error":"#VALUE!"},{"$error":"#VALUE!"},{"$error":"#VALUE!"},{"$error":"#VALUE!"},{"$error":"#VALUE!"},{"$error":"#VALUE!"},{"$error":"#VALUE!"},{"$error":"#VALUE!"},0,{"$error":"#VALUE!"},{"$error":"#VALUE!"},{"$error":"#VALUE!"},{"$error":"#VALUE!"},{"$error":"#VALUE!"},{"$error":"#VALUE!"},{"$error":"#VALUE!"},{"$error":"#VALUE!"},{"$error":"#VALUE!"},{"$error":"#VALUE!"},{"$error":"#VALUE!"},{"$error":"#VALUE!"},{"$error":"#VALUE!"},{"$error":"#VALUE!"},{"$error":"#VALUE!"},{"$error":"#VALUE!"},{"$error":"#VALUE!"},{"$error":"#VALUE!"},{"$error":"#VALUE!"},{"$error":"#VALUE!"},{"$error":"#VALUE!"},{"$error":"#VALUE!"},{"$error":"#VALUE!"},{"$error":"#VALUE!"},{"$error":"#VALUE!"},{"$error":"#VALUE!"},{"$error":"#VALUE!"},{"$error":"#VALUE!"},{"$error":"#VALUE!"},{"$error":"#VALUE!"},{"$error":"#VALUE!"},{"$f":"SUM(CQ177,System2!CQ177,System3!CQ177)","v":{"$error":"#VALUE!"}},{"$error":"#VALUE!"},{"$error":"#VALUE!"},{"$error":"#VALUE!"},{"$error":"#VALUE!"},{"$error":"#VALUE!"},{"$error":"#VALUE!"},{"$error":"#VALUE!"},{"$error":"#VALUE!"},{"$error":"#VALUE!"},{"$error":"#VALUE!"},{"$error":"#VALUE!"},{"$error":"#VALUE!"},{"$error":"#VALUE!"},{"$error":"#VALUE!"},{"$error":"#VALUE!"},{"$error":"#VALUE!"},{"$error":"#VALUE!"},{"$error":"#VALUE!"},{"$error":"#VALUE!"},{"$error":"#VALUE!"},{"$error":"#VALUE!"},{"$error":"#VALUE!"},{"$error":"#VALUE!"},{"$error":"#VALUE!"},{"$error":"#VALUE!"},{"$error":"#VALUE!"},{"$f":"SUM(DR177,System2!DR177,System3!DR177)","v":{"$error":"#VALUE!"}},{"$f":"DT$37","v":{"$error":"#VALUE!"}},{"$f":"DU$37","v":{"$error":"#VALUE!"}},{"$f":"DV$37","v":0},{"$f":"DW$37","v":{"$error":"#VALUE!"}},{"$error":"#VALUE!"},{"$error":"#VALUE!"},{"$error":"#VALUE!"},0,0,0,0,0,{"$error":"#VALUE!"},{"$f":"SUM(EF177,System2!EF177,System3!EF177)","v":{"$error":"#VALUE!"}},{"$error":"#VALUE!"},{"$error":"#VALUE!"},{"$error":"#VALUE!"},{"$error":"#VALUE!"},{"$error":"#VALUE!"},{"$error":"#VALUE!"},{"$error":"#VALUE!"},{"$error":"#VALUE!"},{"$error":"#VALUE!"},{"$error":"#VALUE!"},{"$error":"#VALUE!"},{"$error":"#VALUE!"},{"$error":"#VALUE!"},{"$error":"#VALUE!"},{"$error":"#VALUE!"},{"$error":"#VALUE!"},{"$error":"#VALUE!"},{"$error":"#VALUE!"},{"$error":"#VALUE!"},{"$error":"#VALUE!"},{"$error":"#VALUE!"},{"$error":"#VALUE!"},{"$error":"#VALUE!"},{"$error":"#VALUE!"},{"$error":"#VALUE!"},{"$error":"#VALUE!"},{"$f":"SUM(FG177,System2!FG177,System3!FG177)","v":{"$error":"#VALUE!"}},0,0,0,0,{"$error":"#VALUE!"},{"$error":"#VALUE!"},{"$error":"#VALUE!"},{"$error":"#VALUE!"},{"$error":"#VALUE!"},{"$error":"#VALUE!"},{"$error":"#VALUE!"},{"$error":"#VALUE!"},{"$error":"#VALUE!"},{"$error":"#VALUE!"},{"$error":"#VALUE!"},{"$error":"#VALUE!"},{"$error":"#VALUE!"},{"$error":"#VALUE!"},{"$error":"#VALUE!"},{"$error":"#VALUE!"},{"$error":"#VALUE!"},{"$error":"#VALUE!"},{"$error":"#VALUE!"},{"$error":"#VALUE!"},{"$f":"$GG$31*WaterFittings!BO152","v":{"$error":"#VALUE!"}},{"$f":"$GH$31*WaterFittings!BP152","v":{"$error":"#VALUE!"}},{"$f":"$GI$31*WaterFittings!BQ152","v":0},{"$f":"GJ$31*AirCond!BD151","v":{"$error":"#VALUE!"}},{"$f":"GK$31*AirCond!BE151","v":{"$error":"#VALUE!"}},{"$f":"GL$31*AirCond!BF151","v":{"$error":"#VALUE!"}},{"$f":"GM$31*AirCond!BG151","v":{"$error":"#VALUE!"}},{"$f":"GN$31*WaterFittings!BS152","v":0},{"$f":"GO$31*WaterFittings!BT152","v":0},{"$f":"GP$31*WaterFittings!BU152","v":0}]
[null,null,147,1.5,0,{"$error":"#VALUE!"},{"$error":"#VALUE!"},{"$error":"#VALUE!"},{"$error":"#VALUE!"},{"$error":"#VALUE!"},{"$error":"#VALUE!"},{"$error":"#VALUE!"},{"$error":"#VALUE!"},{"$error":"#VALUE!"},{"$error":"#VALUE!"},null,{"$error":"#VALUE!"},{"$error":"#VALUE!"},{"$error":"#VALUE!"},{"$error":"#VALUE!"},{"$error":"#VALUE!"},null,{"$error":"#VALUE!"},{"$error":"#VALUE!"},{"$error":"#VALUE!"},{"$error":"#VALUE!"},{"$error":"#VALUE!"},null,7,{"$f":"SUM(SUMPRODUCT(AF$20:AJ$20,Q178:U178),SUMPRODUCT(AF$20:AJ$20,System2!Q178:U178),SUMPRODUCT(AF$20:AJ$20,System3!Q178:U178))","v":{"$error":"#VALUE!"}},{"$f":"SUM(SUMPRODUCT(AF$21:AJ$21,W178:AA178),SUMPRODUCT(AF$21:AJ$21,System2!W178:AA178),SUMPRODUCT(AF$21:AJ$21,System3!W178:AA178))","v":{"$error":"#VALUE!"}},{"$f":"WaterFittings!BN153","v":{"$error":"#VALUE!"}},{"$error":"#VALUE!"},{"$error":"#VALUE!"},{"$f":"MIN(AirCond!BL152,P$21)","v":0},{"$error":"#VALUE!"},{"$f":"MIN(ROUNDDOWN(AJ178-FH178,0),ROUNDDOWN(P$21*0.3,0),ROUNDDOWN(SUM(SUMPRODUCT(I$4:I$15,L$4:L$15),SUMPRODUCT(System2!I$4:I$15,System2!L$4:L$15),SUMPRODUCT(System3!I$4:I$15,System3!L$4:L$15))*0.3,0))","v":{"$error":"#VALUE!"}},0,{"$error":"#VALUE!"},{"$error":"#VALUE!"},{"$error":"#VALUE!"},0,{"$error":"#VALUE!"},{"$error":"#VALUE!"},{"$error":"#VALUE!"},0,null,null,null,0,0,0,0,null,{"$error":"#VALUE!"},{"$error":"#VALUE!"},{"$error":"#VALUE!"},{"$error":"#VALUE!"},{"$error":"#VALUE!"},{"$error":"#VALUE!"},{"$error":"#VALUE!"},{"$error":"#VALUE!"},{"$error":"#VALUE!"},0,{"$error":"#VALUE!"},{"$error":"#VALUE!"},{"$error":"#VALUE!"},{"$error":"#VALUE!"},{"$error":"#VALUE!"},{"$error":"#VALUE!"},{"$error":"#VALUE!"},{"$error":"#VALUE!"},{"$error":"#VALUE!"},{"$error":"#VALUE!"},{"$error":"#VALUE!"},{"$error":"#VALUE!"},{"$error":"#VALUE!"},{"$error":"#VALUE!"},{"$error":"#VALUE!"},{"$error":"#VALUE!"},{"$error":"#VALUE!"},{"$error":"#VALUE!"},{"$error":"#VALUE!"},{"$error":"#VALUE!"},{"$error":"#VALUE!"},{"$error":"#VALUE!"},{"$error":"#VALUE!"},{"$error":"#VALUE!"},{"$error":"#VALUE!"},{"$error":"#VALUE!"},{"$error":"#VALUE!"},{"$error":"#VALUE!"},{"$error":"#VALUE!"},{"$error":"#VALUE!"},{"$error":"#VALUE!"},{"$f":"SUM(CQ178,System2!CQ178,System3!CQ178)","v":{"$error":"#VALUE!"}},{"$error":"#VALUE!"},{"$error":"#VALUE!"},{"$error":"#VALUE!"},{"$error":"#VALUE!"},{"$error":"#VALUE!"},{"$error":"#VALUE!"},{"$error":"#VALUE!"},{"$error":"#VALUE!"},{"$error":"#VALUE!"},{"$error":"#VALUE!"},{"$error":"#VALUE!"},{"$error":"#VALUE!"},{"$error":"#VALUE!"},{"$error":"#VALUE!"},{"$error":"#VALUE!"},{"$error":"#VALUE!"},{"$error":"#VALUE!"},{"$error":"#VALUE!"},{"$error":"#VALUE!"},{"$error":"#VALUE!"},{"$error":"#VALUE!"},{"$error":"#VALUE!"},{"$error":"#VALUE!"},{"$error":"#VALUE!"},{"$error":"#VALUE!"},{"$error":"#VALUE!"},{"$f":"SUM(DR178,System2!DR178,System3!DR178)","v":{"$error":"#VALUE!"}},{"$f":"DT$38","v":{"$error":"#VALUE!"}},{"$f":"DU$38","v":{"$error":"#VALUE!"}},{"$f":"DV$38","v":0},{"$f":"DW$38","v":{"$error":"#VALUE!"}},{"$error":"#VALUE!"},{"$error":"#VALUE!"},{"$error":"#VALUE!"},0,0,0,0,0,{"$error":"#VALUE!"},{"$f":"SUM(EF178,System2!EF178,System3!EF178)","v":{"$error":"#VALUE!"}},{"$error":"#VALUE!"},{"$error":"#VALUE!"},{"$error":"#VALUE!"},{"$error":"#VALUE!"},{"$error":"#VALUE!"},{"$error":"#VALUE!"},{"$error":"#VALUE!"},{"$error":"#VALUE!"},{"$error":"#VALUE!"},{"$error":"#VALUE!"},{"$error":"#VALUE!"},{"$error":"#VALUE!"},{"$error":"#VALUE!"},{"$error":"#VALUE!"},{"$error":"#VALUE!"},{"$error":"#VALUE!"},{"$error":"#VALUE!"},{"$error":"#VALUE!"},{"$error":"#VALUE!"},{"$error":"#VALUE!"},{"$error":"#VALUE!"},{"$error":"#VALUE!"},{"$error":"#VALUE!"},{"$error":"#VALUE!"},{"$error":"#VALUE!"},{"$error":"#VALUE!"},{"$f":"SUM(FG178,System2!FG178,System3!FG178)","v":{"$error":"#VALUE!"}},0,0,0,0,{"$error":"#VALUE!"},{"$error":"#VALUE!"},{"$error":"#VALUE!"},{"$error":"#VALUE!"},{"$error":"#VALUE!"},{"$error":"#VALUE!"},{"$error":"#VALUE!"},{"$error":"#VALUE!"},{"$error":"#VALUE!"},{"$error":"#VALUE!"},{"$error":"#VALUE!"},{"$error":"#VALUE!"},{"$error":"#VALUE!"},{"$error":"#VALUE!"},{"$error":"#VALUE!"},{"$error":"#VALUE!"},{"$error":"#VALUE!"},{"$error":"#VALUE!"},{"$error":"#VALUE!"},{"$error":"#VALUE!"},{"$f":"$GG$31*WaterFittings!BO153","v":{"$error":"#VALUE!"}},{"$f":"$GH$31*WaterFittings!BP153","v":{"$error":"#VALUE!"}},{"$f":"$GI$31*WaterFittings!BQ153","v":0},{"$f":"GJ$31*AirCond!BD152","v":{"$error":"#VALUE!"}},{"$f":"GK$31*AirCond!BE152","v":{"$error":"#VALUE!"}},{"$f":"GL$31*AirCond!BF152","v":{"$error":"#VALUE!"}},{"$f":"GM$31*AirCond!BG152","v":{"$error":"#VALUE!"}},{"$f":"GN$31*WaterFittings!BS153","v":0},{"$f":"GO$31*WaterFittings!BT153","v":0},{"$f":"GP$31*WaterFittings!BU153","v":0}]
[null,null,148,0,0,{"$error":"#VALUE!"},{"$error":"#VALUE!"},{"$error":"#VALUE!"},{"$error":"#VALUE!"},{"$error":"#VALUE!"},{"$error":"#VALUE!"},{"$error":"#VALUE!"},{"$error":"#VALUE!"},{"$error":"#VALUE!"},{"$error":"#VALUE!"},null,{"$error":"#VALUE!"},{"$error":"#VALUE!"},{"$error":"#VALUE!"},{"$error":"#VALUE!"},{"$error":"#VALUE!"},null,{"$error":"#VALUE!"},{"$error":"#VALUE!"},{"$error":"#VALUE!"},{"$error":"#VALUE!"},{"$f":"ROUNDDOWN(FF179,0)","v":{"$error":"#VALUE!"}},null,8,{"$f":"SUM(SUMPRODUCT(AF$20:AJ$20,Q179:U179),SUMPRODUCT(AF$20:AJ$20,System2!Q179:U179),SUMPRODUCT(AF$20:AJ$20,System3!Q179:U179))","v":{"$error":"#VALUE!"}},{"$f":"SUM(SUMPRODUCT(AF$21:AJ$21,W179:AA179),SUMPRODUCT(AF$21:AJ$21,System2!W179:AA179),SUMPRODUCT(AF$21:AJ$21,System3!W179:AA179))","v":{"$error":"#VALUE!"}},{"$f":"WaterFittings!BN154","v":{"$error":"#VALUE!"}},{"$error":"#VALUE!"},{"$error":"#VALUE!"},{"$f":"MIN(AirCond!BL153,P$21)","v":0},{"$error":"#VALUE!"},{"$f":"MIN(ROUNDDOWN(AJ179-FH179,0),ROUNDDOWN(P$21*0.3,0),ROUNDDOWN(SUM(SUMPRODUCT(I$4:I$15,L$4:L$15),SUMPRODUCT(System2!I$4:I$15,System2!L$4:L$15),SUMPRODUCT(System3!I$4:I$15,System3!L$4:L$15))*0.3,0))","v":{"$error":"#VALUE!"}},0,{"$error":"#VALUE!"},{"$error":"#VALUE!"},{"$error":"#VALUE!"},0,{"$error":"#VALUE!"},{"$error":"#VALUE!"},{"$error":"#VALUE!"},0,null,null,null,0,0,0,0,null,{"$error":"#VALUE!"},{"$error":"#VALUE!"},{"$error":"#VALUE!"},{"$error":"#VALUE!"},{"$error":"#VALUE!"},{"$error":"#VALUE!"},{"$error":"#VALUE!"},{"$error":"#VALUE!"},{"$error":"#VALUE!"},0,{"$error":"#VALUE!"},{"$error":"#VALUE!"},{"$error":"#VALUE!"},{"$error":"#VALUE!"},{"$error":"#VALUE!"},{"$error":"#VALUE!"},{"$error":"#VALUE!"},{"$error":"#VALUE!"},{"$error":"#VALUE!"},{"$error":"#VALUE!"},{"$error":"#VALUE!"},{"$error":"#VALUE!"},{"$error":"#VALUE!"},{"$error":"#VALUE!"},{"$error":"#VALUE!"},{"$error":"#VALUE!"},{"$error":"#VALUE!"},{"$error":"#VALUE!"},{"$error":"#VALUE!"},{"$error":"#VALUE!"},{"$error":"#VALUE!"},{"$error":"#VALUE!"},{"$error":"#VALUE!"},{"$error":"#VALUE!"},{"$error":"#VALUE!"},{"$error":"#VALUE!"},{"$error":"#VALUE!"},{"$error":"#VALUE!"},{"$error":"#VALUE!"},{"$error":"#VALUE!"},{"$error":"#VALUE!"},{"$f":"SUM(CQ179,System2!CQ179,System3!CQ179)","v":{"$error":"#VALUE!"}},{"$error":"#VALUE!"},{"$error":"#VALUE!"},{"$error":"#VALUE!"},{"$error":"#VALUE!"},{"$error":"#VALUE!"},{"$error":"#VALUE!"},{"$error":"#VALUE!"},{"$error":"#VALUE!"},{"$error":"#VALUE!"},{"$error":"#VALUE!"},{"$error":"#VALUE!"},{"$error":"#VALUE!"},{"$error":"#VALUE!"},{"$error":"#VALUE!"},{"$error":"#VALUE!"},{"$error":"#VALUE!"},{"$error":"#VALUE!"},{"$error":"#VALUE!"},{"$error":"#VALUE!"},{"$error":"#VALUE!"},{"$error":"#VALUE!"},{"$error":"#VALUE!"},{"$error":"#VALUE!"},{"$error":"#VALUE!"},{"$error":"#VALUE!"},{"$error":"#VALUE!"},{"$f":"SUM(DR179,System2!DR179,System3!DR179)","v":{"$error":"#VALUE!"}},{"$f":"DT$39","v":{"$error":"#VALUE!"}},{"$f":"DU$39","v":{"$error":"#VALUE!"}},{"$f":"DV$39","v":0},{"$f":"DW$39","v":{"$error":"#VALUE!"}},{"$error":"#VALUE!"},{"$error":"#VALUE!"},{"$error":"#VALUE!"},0,0,0,0,0,{"$error":"#VALUE!"},{"$f":"SUM(EF179,System2!EF179,System3!EF179)","v":{"$error":"#VALUE!"}},{"$error":"#VALUE!"},{"$error":"#VALUE!"},{"$error":"#VALUE!"},{"$error":"#VALUE!"},{"$error":"#VALUE!"},{"$error":"#VALUE!"},{"$error":"#VALUE!"},{"$error":"#VALUE!"},{"$error":"#VALUE!"},{"$error":"#VALUE!"},{"$error":"#VALUE!"},{"$error":"#VALUE!"},{"$error":"#VALUE!"},{"$error":"#VALUE!"},{"$error":"#VALUE!"},{"$error":"#VALUE!"},{"$error":"#VALUE!"},{"$error":"#VALUE!"},{"$error":"#VALUE!"},{"$error":"#VALUE!"},{"$error":"#VALUE!"},{"$error":"#VALUE!"},{"$error":"#VALUE!"},{"$error":"#VALUE!"},{"$error":"#VALUE!"},{"$error":"#VALUE!"},{"$f":"SUM(FG179,System2!FG179,System3!FG179)","v":{"$error":"#VALUE!"}},0,0,{"$f":"IF(IF(FK$28>=3,COUNTIF(FK176:FK178,\">0\"),IF(FK$28=2,COUNTIF(FK177:FK178,\">0\"),IF(FK$28=1,COUNTIF(FK178,\">0\")))),0,FK$31)","v":0},0,{"$error":"#VALUE!"},{"$error":"#VALUE!"},{"$error":"#VALUE!"},{"$error":"#VALUE!"},{"$error":"#VALUE!"},{"$error":"#VALUE!"},{"$error":"#VALUE!"},{"$error":"#VALUE!"},{"$error":"#VALUE!"},{"$error":"#VALUE!"},{"$error":"#VALUE!"},{"$error":"#VALUE!"},{"$error":"#VALUE!"},{"$error":"#VALUE!"},{"$error":"#VALUE!"},{"$error":"#VALUE!"},{"$error":"#VALUE!"},{"$error":"#VALUE!"},{"$error":"#VALUE!"},{"$error":"#VALUE!"},{"$f":"$GG$31*WaterFittings!BO154","v":{"$error":"#VALUE!"}},{"$f":"$GH$31*WaterFittings!BP154","v":{"$error":"#VALUE!"}},{"$f":"$GI$31*WaterFittings!BQ154","v":0},{"$f":"GJ$31*AirCond!BD153","v":{"$error":"#VALUE!"}},{"$f":"GK$31*AirCond!BE153","v":{"$error":"#VALUE!"}},{"$f":"GL$31*AirCond!BF153","v":{"$error":"#VALUE!"}},{"$f":"GM$31*AirCond!BG153","v":{"$error":"#VALUE!"}},{"$f":"GN$31*WaterFittings!BS154","v":0},{"$f":"GO$31*WaterFittings!BT154","v":0},{"$f":"GP$31*WaterFittings!BU154","v":0}]
[null,null,{"$f":"C179+1","v":149},24,0,{"$error":"#VALUE!"},{"$error":"#VALUE!"},{"$error":"#VALUE!"},{"$error":"#VALUE!"},{"$error":"#VALUE!"},{"$error":"#VALUE!"},{"$error":"#VALUE!"},{"$error":"#VALUE!"},{"$error":"#VALUE!"},{"$error":"#VALUE!"},null,{"$error":"#VALUE!"},{"$error":"#VALUE!"},{"$error":"#VALUE!"},{"$error":"#VALUE!"},{"$error":"#VALUE!"},null,{"$error":"#VALUE!"},{"$error":"#VALUE!"},{"$error":"#VALUE!"},{"$error":"#VALUE!"},{"$error":"#VALUE!"},null,9,{"$f":"SUM(SUMPRODUCT(AF$20:AJ$20,Q180:U180),SUMPRODUCT(AF$20:AJ$20,System2!Q180:U180),SUMPRODUCT(AF$20:AJ$20,System3!Q180:U180))","v":{"$error":"#VALUE!"}},{"$f":"SUM(SUMPRODUCT(AF$21:AJ$21,W180:AA180),SUMPRODUCT(AF$21:AJ$21,System2!W180:AA180),SUMPRODUCT(AF$21:AJ$21,System3!W180:AA180))","v":{"$error":"#VALUE!"}},{"$f":"WaterFittings!BN155","v":{"$error":"#VALUE!"}},{"$error":"#VALUE!"},{"$error":"#VALUE!"},{"$f":"MIN(AirCond!BL154,P$21)","v":0},{"$error":"#VALUE!"},{"$f":"MIN(ROUNDDOWN(AJ180-FH180,0),ROUNDDOWN(P$21*0.3,0),ROUNDDOWN(SUM(SUMPRODUCT(I$4:I$15,L$4:L$15),SUMPRODUCT(System2!I$4:I$15,System2!L$4:L$15),SUMPRODUCT(System3!I$4:I$15,System3!L$4:L$15))*0.3,0))","v":{"$error":"#VALUE!"}},0,{"$error":"#VALUE!"},{"$error":"#VALUE!"},{"$error":"#VALUE!"},0,{"$error":"#VALUE!"},{"$error":"#VALUE!"},{"$error":"#VALUE!"},0,null,null,null,0,0,0,0,null,{"$error":"#VALUE!"},{"$error":"#VALUE!"},{"$error":"#VALUE!"},{"$error":"#VALUE!"},{"$error":"#VALUE!"},{"$error":"#VALUE!"},{"$error":"#VALUE!"},{"$error":"#VALUE!"},{"$error":"#VALUE!"},0,{"$error":"#VALUE!"},{"$error":"#VALUE!"},{"$error":"#VALUE!"},{"$error":"#VALUE!"},{"$error":"#VALUE!"},{"$error":"#VALUE!"},{"$error":"#VALUE!"},{"$error":"#VALUE!"},{"$error":"#VALUE!"},{"$error":"#VALUE!"},{"$error":"#VALUE!"},{"$error":"#VALUE!"},{"$error":"#VALUE!"},{"$error":"#VALUE!"},{"$error":"#VALUE!"},{"$error":"#VALUE!"},{"$error":"#VALUE!"},{"$error":"#VALUE!"},{"$error":"#VALUE!"},{"$error":"#VALUE!"},{"$error":"#VALUE!"},{"$error":"#VALUE!"},{"$error":"#VALUE!"},{"$error":"#VALUE!"},{"$error":"#VALUE!"},{"$error":"#VALUE!"},{"$error":"#VALUE!"},{"$error":"#VALUE!"},{"$error":"#VALUE!"},{"$error":"#VALUE!"},{"$error":"#VALUE!"},{"$f":"SUM(CQ180,System2!CQ180,System3!CQ180)","v":{"$error":"#VALUE!"}},{"$error":"#VALUE!"},{"$error":"#VALUE!"},{"$error":"#VALUE!"},{"$error":"#VALUE!"},{"$error":"#VALUE!"},{"$error":"#VALUE!"},{"$error":"#VALUE!"},{"$error":"#VALUE!"},{"$error":"#VALUE!"},{"$error":"#VALUE!"},{"$error":"#VALUE!"},{"$error":"#VALUE!"},{"$error":"#VALUE!"},{"$error":"#VALUE!"},{"$error":"#VALUE!"},{"$error":"#VALUE!"},{"$error":"#VALUE!"},{"$error":"#VALUE!"},{"$error":"#VALUE!"},{"$error":"#VALUE!"},{"$error":"#VALUE!"},{"$error":"#VALUE!"},{"$error":"#VALUE!"},{"$error":"#VALUE!"},{"$error":"#VALUE!"},{"$error":"#VALUE!"},{"$f":"SUM(DR180,System2!DR180,System3!DR180)","v":{"$error":"#VALUE!"}},{"$f":"DT$40","v":{"$error":"#VALUE!"}},{"$f":"DU$40","v":{"$error":"#VALUE!"}},{"$f":"DV$40","v":0},{"$f":"DW$40","v":{"$error":"#VALUE!"}},{"$error":"#VALUE!"},{"$error":"#VALUE!"},{"$error":"#VALUE!"},0,0,0,0,0,{"$error":"#VALUE!"},{"$f":"SUM(EF180,System2!EF180,System3!EF180)","v":{"$error":"#VALUE!"}},{"$error":"#VALUE!"},{"$error":"#VALUE!"},{"$error":"#VALUE!"},{"$error":"#VALUE!"},{"$error":"#VALUE!"},{"$error":"#VALUE!"},{"$error":"#VALUE!"},{"$error":"#VALUE!"},{"$error":"#VALUE!"},{"$error":"#VALUE!"},{"$error":"#VALUE!"},{"$error":"#VALUE!"},{"$error":"#VALUE!"},{"$error":"#VALUE!"},{"$error":"#VALUE!"},{"$error":"#VALUE!"},{"$error":"#VALUE!"},{"$error":"#VALUE!"},{"$error":"#VALUE!"},{"$error":"#VALUE!"},{"$error":"#VALUE!"},{"$error":"#VALUE!"},{"$error":"#VALUE!"},{"$error":"#VALUE!"},{"$error":"#VALUE!"},{"$error":"#VALUE!"},{"$f":"SUM(FG180,System2!FG180,System3!FG180)","v":{"$error":"#VALUE!"}},0,0,0,0,{"$error":"#VALUE!"},{"$error":"#VALUE!"},{"$error":"#VALUE!"},{"$error":"#VALUE!"},{"$error":"#VALUE!"},{"$error":"#VALUE!"},{"$error":"#VALUE!"},{"$error":"#VALUE!"},{"$error":"#VALUE!"},{"$error":"#VALUE!"},{"$error":"#VALUE!"},{"$error":"#VALUE!"},{"$error":"#VALUE!"},{"$error":"#VALUE!"},{"$error":"#VALUE!"},{"$error":"#VALUE!"},{"$error":"#VALUE!"},{"$error":"#VALUE!"},{"$error":"#VALUE!"},{"$error":"#VALUE!"},{"$f":"$GG$31*WaterFittings!BO155","v":{"$error":"#VALUE!"}},{"$f":"$GH$31*WaterFittings!BP155","v":{"$error":"#VALUE!"}},{"$f":"$GI$31*WaterFittings!BQ155","v":0},{"$f":"GJ$31*AirCond!BD154","v":{"$error":"#VALUE!"}},{"$f":"GK$31*AirCond!BE154","v":{"$error":"#VALUE!"}},{"$f":"GL$31*AirCond!BF154","v":{"$error":"#VALUE!"}},{"$f":"GM$31*AirCond!BG154","v":{"$error":"#VALUE!"}},{"$f":"GN$31*WaterFittings!BS155","v":0},{"$f":"GO$31*WaterFittings!BT155","v":0},{"$f":"GP$31*WaterFittings!BU155","v":0}]
[null,null,150,11,0,{"$error":"#VALUE!"},{"$error":"#VALUE!"},{"$error":"#VALUE!"},{"$error":"#VALUE!"},{"$error":"#VALUE!"},{"$error":"#VALUE!"},{"$error":"#VALUE!"},{"$error":"#VALUE!"},{"$error":"#VALUE!"},{"$error":"#VALUE!"},null,{"$error":"#VALUE!"},{"$error":"#VALUE!"},{"$error":"#VALUE!"},{"$error":"#VALUE!"},{"$error":"#VALUE!"},null,{"$error":"#VALUE!"},{"$error":"#VALUE!"},{"$error":"#VALUE!"},{"$error":"#VALUE!"},{"$error":"#VALUE!"},null,10,{"$f":"SUM(SUMPRODUCT(AF$20:AJ$20,Q181:U181),SUMPRODUCT(AF$20:AJ$20,System2!Q181:U181),SUMPRODUCT(AF$20:AJ$20,System3!Q181:U181))","v":{"$error":"#VALUE!"}},{"$f":"SUM(SUMPRODUCT(AF$21:AJ$21,W181:AA181),SUMPRODUCT(AF$21:AJ$21,System2!W181:AA181),SUMPRODUCT(AF$21:AJ$21,System3!W181:AA181))","v":{"$error":"#VALUE!"}},{"$f":"WaterFittings!BN156","v":{"$error":"#VALUE!"}},{"$error":"#VALUE!"},{"$error":"#VALUE!"},{"$f":"MIN(AirCond!BL155,P$21)","v":0},{"$error":"#VALUE!"},{"$f":"MIN(ROUNDDOWN(AJ181-FH181,0),ROUNDDOWN(P$21*0.3,0),ROUNDDOWN(SUM(SUMPRODUCT(I$4:I$15,L$4:L$15),SUMPRODUCT(System2!I$4:I$15,System2!L$4:L$15),SUMPRODUCT(System3!I$4:I$15,System3!L$4:L$15))*0.3,0))","v":{"$error":"#VALUE!"}},0,{"$error":"#VALUE!"},{"$error":"#VALUE!"},{"$error":"#VALUE!"},0,{"$error":"#VALUE!"},{"$error":"#VALUE!"},{"$error":"#VALUE!"},0,null,null,null,0,0,0,0,null,{"$error":"#VALUE!"},{"$error":"#VALUE!"},{"$error":"#VALUE!"},{"$error":"#VALUE!"},{"$error":"#VALUE!"},{"$error":"#VALUE!"},{"$error":"#VALUE!"},{"$error":"#VALUE!"},{"$error":"#VALUE!"},0,{"$error":"#VALUE!"},{"$error":"#VALUE!"},{"$error":"#VALUE!"},{"$error":"#VALUE!"},{"$error":"#VALUE!"},{"$error":"#VALUE!"},{"$error":"#VALUE!"},{"$error":"#VALUE!"},{"$error":"#VALUE!"},{"$error":"#VALUE!"},{"$error":"#VALUE!"},{"$error":"#VALUE!"},{"$error":"#VALUE!"},{"$error":"#VALUE!"},{"$error":"#VALUE!"},{"$error":"#VALUE!"},{"$error":"#VALUE!"},{"$error":"#VALUE!"},{"$error":"#VALUE!"},{"$error":"#VALUE!"},{"$error":"#VALUE!"},{"$error":"#VALUE!"},{"$error":"#VALUE!"},{"$error":"#VALUE!"},{"$error":"#VALUE!"},{"$error":"#VALUE!"},{"$error":"#VALUE!"},{"$error":"#VALUE!"},{"$error":"#VALUE!"},{"$error":"#VALUE!"},{"$error":"#VALUE!"},{"$f":"SUM(CQ181,System2!CQ181,System3!CQ181)","v":{"$error":"#VALUE!"}},{"$error":"#VALUE!"},{"$error":"#VALUE!"},{"$error":"#VALUE!"},{"$error":"#VALUE!"},{"$error":"#VALUE!"},{"$error":"#VALUE!"},{"$error":"#VALUE!"},{"$error":"#VALUE!"},{"$error":"#VALUE!"},{"$error":"#VALUE!"},{"$error":"#VALUE!"},{"$error":"#VALUE!"},{"$error":"#VALUE!"},{"$error":"#VALUE!"},{"$error":"#VALUE!"},{"$error":"#VALUE!"},{"$error":"#VALUE!"},{"$error":"#VALUE!"},{"$error":"#VALUE!"},{"$error":"#VALUE!"},{"$error":"#VALUE!"},{"$error":"#VALUE!"},{"$error":"#VALUE!"},{"$error":"#VALUE!"},{"$error":"#VALUE!"},{"$error":"#VALUE!"},{"$f":"SUM(DR181,System2!DR181,System3!DR181)","v":{"$error":"#VALUE!"}},{"$f":"DT$41","v":{"$error":"#VALUE!"}},{"$f":"DU$41","v":{"$error":"#VALUE!"}},{"$f":"DV$41","v":0},{"$f":"DW$41","v":{"$error":"#VALUE!"}},{"$error":"#VALUE!"},{"$error":"#VALUE!"},{"$error":"#VALUE!"},0,0,0,0,0,{"$error":"#VALUE!"},{"$f":"SUM(EF181,System2!EF181,System3!EF181)","v":{"$error":"#VALUE!"}},{"$error":"#VALUE!"},{"$error":"#VALUE!"},{"$error":"#VALUE!"},{"$error":"#VALUE!"},{"$error":"#VALUE!"},{"$error":"#VALUE!"},{"$error":"#VALUE!"},{"$error":"#VALUE!"},{"$error":"#VALUE!"},{"$error":"#VALUE!"},{"$error":"#VALUE!"},{"$error":"#VALUE!"},{"$error":"#VALUE!"},{"$error":"#VALUE!"},{"$error":"#VALUE!"},{"$error":"#VALUE!"},{"$error":"#VALUE!"},{"$error":"#VALUE!"},{"$error":"#VALUE!"},{"$error":"#VALUE!"},{"$error":"#VALUE!"},{"$error":"#VALUE!"},{"$error":"#VALUE!"},{"$error":"#VALUE!"},{"$error":"#VALUE!"},{"$error":"#VALUE!"},{"$f":"SUM(FG181,System2!FG181,System3!FG181)","v":{"$error":"#VALUE!"}},0,0,0,0,{"$error":"#VALUE!"},{"$error":"#VALUE!"},{"$error":"#VALUE!"},{"$error":"#VALUE!"},{"$error":"#VALUE!"},{"$error":"#VALUE!"},{"$error":"#VALUE!"},{"$error":"#VALUE!"},{"$error":"#VALUE!"},{"$error":"#VALUE!"},{"$error":"#VALUE!"},{"$error":"#VALUE!"},{"$error":"#VALUE!"},{"$error":"#VALUE!"},{"$error":"#VALUE!"},{"$error":"#VALUE!"},{"$error":"#VALUE!"},{"$error":"#VALUE!"},{"$error":"#VALUE!"},{"$error":"#VALUE!"},{"$f":"$GG$31*WaterFittings!BO156","v":{"$error":"#VALUE!"}},{"$f":"$GH$31*WaterFittings!BP156","v":{"$error":"#VALUE!"}},{"$f":"$GI$31*WaterFittings!BQ156","v":0},{"$f":"GJ$31*AirCond!BD155","v":{"$error":"#VALUE!"}},{"$f":"GK$31*AirCond!BE155","v":{"$error":"#VALUE!"}},{"$f":"GL$31*AirCond!BF155","v":{"$error":"#VALUE!"}},{"$f":"GM$31*AirCond!BG155","v":{"$error":"#VALUE!"}},{"$f":"GN$31*WaterFittings!BS156","v":0},{"$f":"GO$31*WaterFittings!BT156","v":0},{"$f":"GP$31*WaterFittings!BU156","v":0}]
[null,null,151,1,0,{"$error":"#VALUE!"},{"$error":"#VALUE!"},{"$error":"#VALUE!"},{"$error":"#VALUE!"},{"$error":"#VALUE!"},{"$error":"#VALUE!"},{"$error":"#VALUE!"},{"$error":"#VALUE!"},{"$error":"#VALUE!"},{"$error":"#VALUE!"},null,{"$error":"#VALUE!"},{"$error":"#VALUE!"},{"$error":"#VALUE!"},{"$error":"#VALUE!"},{"$error":"#VALUE!"},null,{"$error":"#VALUE!"},{"$error":"#VALUE!"},{"$error":"#VALUE!"},{"$error":"#VALUE!"},{"$error":"#VALUE!"},null,11,{"$f":"SUM(SUMPRODUCT(AF$20:AJ$20,Q182:U182),SUMPRODUCT(AF$20:AJ$20,System2!Q182:U182),SUMPRODUCT(AF$20:AJ$20,System3!Q182:U182))","v":{"$error":"#VALUE!"}},{"$f":"SUM(SUMPRODUCT(AF$21:AJ$21,W182:AA182),SUMPRODUCT(AF$21:AJ$21,System2!W182:AA182),SUMPRODUCT(AF$21:AJ$21,System3!W182:AA182))","v":{"$error":"#VALUE!"}},{"$f":"WaterFittings!BN157","v":{"$error":"#VALUE!"}},{"$error":"#VALUE!"},{"$error":"#VALUE!"},{"$f":"MIN(AirCond!BL156,P$21)","v":0},{"$error":"#VALUE!"},{"$f":"MIN(ROUNDDOWN(AJ182-FH182,0),ROUNDDOWN(P$21*0.3,0),ROUNDDOWN(SUM(SUMPRODUCT(I$4:I$15,L$4:L$15),SUMPRODUCT(System2!I$4:I$15,System2!L$4:L$15),SUMPRODUCT(System3!I$4:I$15,System3!L$4:L$15))*0.3,0))","v":{"$error":"#VALUE!"}},0,{"$error":"#VALUE!"},{"$error":"#VALUE!"},{"$error":"#VALUE!"},0,{"$error":"#VALUE!"},{"$error":"#VALUE!"},{"$error":"#VALUE!"},0,null,null,null,0,0,0,0,null,{"$error":"#VALUE!"},{"$error":"#VALUE!"},{"$error":"#VALUE!"},{"$error":"#VALUE!"},{"$error":"#VALUE!"},{"$error":"#VALUE!"},{"$error":"#VALUE!"},{"$error":"#VALUE!"},{"$error":"#VALUE!"},0,{"$error":"#VALUE!"},{"$error":"#VALUE!"},{"$error":"#VALUE!"},{"$error":"#VALUE!"},{"$error":"#VALUE!"},{"$error":"#VALUE!"},{"$error":"#VALUE!"},{"$error":"#VALUE!"},{"$error":"#VALUE!"},{"$error":"#VALUE!"},{"$error":"#VALUE!"},{"$error":"#VALUE!"},{"$error":"#VALUE!"},{"$error":"#VALUE!"},{"$error":"#VALUE!"},{"$error":"#VALUE!"},{"$error":"#VALUE!"},{"$error":"#VALUE!"},{"$error":"#VALUE!"},{"$error":"#VALUE!"},{"$error":"#VALUE!"},{"$error":"#VALUE!"},{"$error":"#VALUE!"},{"$error":"#VALUE!"},{"$error":"#VALUE!"},{"$error":"#VALUE!"},{"$error":"#VALUE!"},{"$error":"#VALUE!"},{"$error":"#VALUE!"},{"$error":"#VALUE!"},{"$error":"#VALUE!"},{"$f":"SUM(CQ182,System2!CQ182,System3!CQ182)","v":{"$error":"#VALUE!"}},{"$error":"#VALUE!"},{"$error":"#VALUE!"},{"$error":"#VALUE!"},{"$error":"#VALUE!"},{"$error":"#VALUE!"},{"$error":"#VALUE!"},{"$error":"#VALUE!"},{"$error":"#VALUE!"},{"$error":"#VALUE!"},{"$error":"#VALUE!"},{"$error":"#VALUE!"},{"$error":"#VALUE!"},{"$error":"#VALUE!"},{"$error":"#VALUE!"},{"$error":"#VALUE!"},{"$error":"#VALUE!"},{"$error":"#VALUE!"},{"$error":"#VALUE!"},{"$error":"#VALUE!"},{"$error":"#VALUE!"},{"$error":"#VALUE!"},{"$error":"#VALUE!"},{"$error":"#VALUE!"},{"$error":"#VALUE!"},{"$error":"#VALUE!"},{"$error":"#VALUE!"},{"$f":"SUM(DR182,System2!DR182,System3!DR182)","v":{"$error":"#VALUE!"}},{"$f":"DT$42","v":{"$error":"#VALUE!"}},{"$f":"DU$42","v":{"$error":"#VALUE!"}},{"$f":"DV$42","v":0},{"$f":"DW$42","v":{"$error":"#VALUE!"}},{"$error":"#VALUE!"},{"$error":"#VALUE!"},{"$error":"#VALUE!"},0,0,0,0,0,{"$error":"#VALUE!"},{"$f":"SUM(EF182,System2!EF182,System3!EF182)","v":{"$error":"#VALUE!"}},{"$error":"#VALUE!"},{"$error":"#VALUE!"},{"$error":"#VALUE!"},{"$error":"#VALUE!"},{"$error":"#VALUE!"},{"$error":"#VALUE!"},{"$error":"#VALUE!"},{"$error":"#VALUE!"},{"$error":"#VALUE!"},{"$error":"#VALUE!"},{"$error":"#VALUE!"},{"$error":"#VALUE!"},{"$error":"#VALUE!"},{"$error":"#VALUE!"},{"$error":"#VALUE!"},{"$error":"#VALUE!"},{"$error":"#VALUE!"},{"$error":"#VALUE!"},{"$error":"#VALUE!"},{"$error":"#VALUE!"},{"$error":"#VALUE!"},{"$error":"#VALUE!"},{"$error":"#VALUE!"},{"$error":"#VALUE!"},{"$error":"#VALUE!"},{"$error":"#VALUE!"},{"$f":"SUM(FG182,System2!FG182,System3!FG182)","v":{"$error":"#VALUE!"}},0,0,0,0,{"$error":"#VALUE!"},{"$error":"#VALUE!"},{"$error":"#VALUE!"},{"$error":"#VALUE!"},{"$error":"#VALUE!"},{"$error":"#VALUE!"},{"$error":"#VALUE!"},{"$error":"#VALUE!"},{"$error":"#VALUE!"},{"$error":"#VALUE!"},{"$error":"#VALUE!"},{"$error":"#VALUE!"},{"$error":"#VALUE!"},{"$error":"#VALUE!"},{"$error":"#VALUE!"},{"$error":"#VALUE!"},{"$error":"#VALUE!"},{"$error":"#VALUE!"},{"$error":"#VALUE!"},{"$error":"#VALUE!"},{"$f":"$GG$31*WaterFittings!BO157","v":{"$error":"#VALUE!"}},{"$f":"$GH$31*WaterFittings!BP157","v":{"$error":"#VALUE!"}},{"$f":"$GI$31*WaterFittings!BQ157","v":0},{"$f":"GJ$31*AirCond!BD156","v":{"$error":"#VALUE!"}},{"$f":"GK$31*AirCond!BE156","v":{"$error":"#VALUE!"}},{"$f":"GL$31*AirCond!BF156","v":{"$error":"#VALUE!"}},{"$f":"GM$31*AirCond!BG156","v":{"$error":"#VALUE!"}},{"$f":"GN$31*WaterFittings!BS157","v":0},{"$f":"GO$31*WaterFittings!BT157","v":0},{"$f":"GP$31*WaterFittings!BU157","v":0}]
[null,"June",152,0,0,{"$error":"#VALUE!"},{"$error":"#VALUE!"},{"$error":"#VALUE!"},{"$error":"#VALUE!"},{"$error":"#VALUE!"},{"$error":"#VALUE!"},{"$error":"#VALUE!"},{"$error":"#VALUE!"},{"$error":"#VALUE!"},{"$error":"#VALUE!"},null,{"$error":"#VALUE!"},{"$error":"#VALUE!"},{"$error":"#VALUE!"},{"$error":"#VALUE!"},{"$error":"#VALUE!"},null,{"$error":"#VALUE!"},{"$error":"#VALUE!"},{"$error":"#VALUE!"},{"$error":"#VALUE!"},{"$error":"#VALUE!"},null,12,{"$f":"SUM(SUMPRODUCT(AF$20:AJ$20,Q183:U183),SUMPRODUCT(AF$20:AJ$20,System2!Q183:U183),SUMPRODUCT(AF$20:AJ$20,System3!Q183:U183))","v":{"$error":"#VALUE!"}},{"$f":"SUM(SUMPRODUCT(AF$21:AJ$21,W183:AA183),SUMPRODUCT(AF$21:AJ$21,System2!W183:AA183),SUMPRODUCT(AF$21:AJ$21,System3!W183:AA183))","v":{"$error":"#VALUE!"}},{"$f":"WaterFittings!BN158","v":{"$error":"#VALUE!"}},{"$error":"#VALUE!"},{"$error":"#VALUE!"},{"$f":"MIN(AirCond!BL157,P$21)","v":0},{"$error":"#VALUE!"},{"$f":"MIN(ROUNDDOWN(AJ183-FH183,0),ROUNDDOWN(P$21*0.3,0),ROUNDDOWN(SUM(SUMPRODUCT(I$4:I$15,L$4:L$15),SUMPRODUCT(System2!I$4:I$15,System2!L$4:L$15),SUMPRODUCT(System3!I$4:I$15,System3!L$4:L$15))*0.3,0))","v":{"$error":"#VALUE!"}},0,{"$error":"#VALUE!"},{"$error":"#VALUE!"},{"$error":"#VALUE!"},0,{"$error":"#VALUE!"},{"$error":"#VALUE!"},{"$error":"#VALUE!"},0,null,null,null,0,0,0,0,null,{"$error":"#VALUE!"},{"$error":"#VALUE!"},{"$error":"#VALUE!"},{"$error":"#VALUE!"},{"$error":"#VALUE!"},{"$error":"#VALUE!"},{"$error":"#VALUE!"},{"$error":"#VALUE!"},{"$error":"#VALUE!"},0,{"$error":"#VALUE!"},{"$error":"#VALUE!"},{"$error":"#VALUE!"},{"$error":"#VALUE!"},{"$error":"#VALUE!"},{"$error":"#VALUE!"},{"$error":"#VALUE!"},{"$error":"#VALUE!"},{"$error":"#VALUE!"},{"$error":"#VALUE!"},{"$error":"#VALUE!"},{"$error":"#VALUE!"},{"$error":"#VALUE!"},{"$error":"#VALUE!"},{"$error":"#VALUE!"},{"$error":"#VALUE!"},{"$error":"#VALUE!"},{"$error":"#VALUE!"},{"$error":"#VALUE!"},{"$error":"#VALUE!"},{"$error":"#VALUE!"},{"$error":"#VALUE!"},{"$error":"#VALUE!"},{"$error":"#VALUE!"},{"$error":"#VALUE!"},{"$error":"#VALUE!"},{"$error":"#VALUE!"},{"$error":"#VALUE!"},{"$error":"#VALUE!"},{"$error":"#VALUE!"},{"$error":"#VALUE!"},{"$f":"SUM(CQ183,System2!CQ183,System3!CQ183)","v":{"$error":"#VALUE!"}},{"$error":"#VALUE!"},{"$error":"#VALUE!"},{"$error":"#VALUE!"},{"$error":"#VALUE!"},{"$error":"#VALUE!"},{"$error":"#VALUE!"},{"$error":"#VALUE!"},{"$error":"#VALUE!"},{"$error":"#VALUE!"},{"$error":"#VALUE!"},{"$error":"#VALUE!"},{"$error":"#VALUE!"},{"$error":"#VALUE!"},{"$error":"#VALUE!"},{"$error":"#VALUE!"},{"$error":"#VALUE!"},{"$error":"#VALUE!"},{"$error":"#VALUE!"},{"$error":"#VALUE!"},{"$error":"#VALUE!"},{"$error":"#VALUE!"},{"$error":"#VALUE!"},{"$error":"#VALUE!"},{"$error":"#VALUE!"},{"$error":"#VALUE!"},{"$error":"#VALUE!"},{"$f":"SUM(DR183,System2!DR183,System3!DR183)","v":{"$error":"#VALUE!"}},{"$f":"DT$43","v":{"$error":"#VALUE!"}},{"$f":"DU$43","v":{"$error":"#VALUE!"}},{"$f":"DV$43","v":0},{"$f":"DW$43","v":{"$error":"#VALUE!"}},{"$error":"#VALUE!"},{"$error":"#VALUE!"},{"$error":"#VALUE!"},0,0,0,0,0,{"$error":"#VALUE!"},{"$f":"SUM(EF183,System2!EF183,System3!EF183)","v":{"$error":"#VALUE!"}},{"$error":"#VALUE!"},{"$error":"#VALUE!"},{"$error":"#VALUE!"},{"$error":"#VALUE!"},{"$error":"#VALUE!"},{"$error":"#VALUE!"},{"$error":"#VALUE!"},{"$error":"#VALUE!"},{"$error":"#VALUE!"},{"$error":"#VALUE!"},{"$error":"#VALUE!"},{"$error":"#VALUE!"},{"$error":"#VALUE!"},{"$error":"#VALUE!"},{"$error":"#VALUE!"},{"$error":"#VALUE!"},{"$error":"#VALUE!"},{"$error":"#VALUE!"},{"$error":"#VALUE!"},{"$error":"#VALUE!"},{"$error":"#VALUE!"},{"$error":"#VALUE!"},{"$error":"#VALUE!"},{"$error":"#VALUE!"},{"$error":"#VALUE!"},{"$error":"#VALUE!"},{"$f":"SUM(FG183,System2!FG183,System3!FG183)","v":{"$error":"#VALUE!"}},0,0,0,0,{"$error":"#VALUE!"},{"$error":"#VALUE!"},{"$error":"#VALUE!"},{"$error":"#VALUE!"},{"$error":"#VALUE!"},{"$error":"#VALUE!"},{"$error":"#VALUE!"},{"$error":"#VALUE!"},{"$error":"#VALUE!"},{"$error":"#VALUE!"},{"$error":"#VALUE!"},{"$error":"#VALUE!"},{"$error":"#VALUE!"},{"$error":"#VALUE!"},{"$error":"#VALUE!"},{"$error":"#VALUE!"},{"$error":"#VALUE!"},{"$error":"#VALUE!"},{"$error":"#VALUE!"},{"$error":"#VALUE!"},{"$f":"$GG$31*WaterFittings!BO158","v":{"$error":"#VALUE!"}},{"$f":"$GH$31*WaterFittings!BP158","v":{"$error":"#VALUE!"}},{"$f":"$GI$31*WaterFittings!BQ158","v":0},{"$f":"GJ$31*AirCond!BD157","v":{"$error":"#VALUE!"}},{"$f":"GK$31*AirCond!BE157","v":{"$error":"#VALUE!"}},{"$f":"GL$31*AirCond!BF157","v":{"$error":"#VALUE!"}},{"$f":"GM$31*AirCond!BG157","v":{"$error":"#VALUE!"}},{"$f":"GN$31*WaterFittings!BS158","v":0},{"$f":"GO$31*WaterFittings!BT158","v":0},{"$f":"GP$31*WaterFittings!BU158","v":0}]
[null,null,153,2.5,0,{"$error":"#VALUE!"},{"$error":"#VALUE!"},{"$error":"#VALUE!"},{"$error":"#VALUE!"},{"$error":"#VALUE!"},{"$error":"#VALUE!"},{"$error":"#VALUE!"},{"$error":"#VALUE!"},{"$error":"#VALUE!"},{"$error":"#VALUE!"},null,{"$error":"#VALUE!"},{"$error":"#VALUE!"},{"$error":"#VALUE!"},{"$error":"#VALUE!"},{"$error":"#VALUE!"},null,{"$error":"#VALUE!"},{"$error":"#VALUE!"},{"$error":"#VALUE!"},{"$error":"#VALUE!"},{"$error":"#VALUE!"},null,13,{"$f":"SUM(SUMPRODUCT(AF$20:AJ$20,Q184:U184),SUMPRODUCT(AF$20:AJ$20,System2!Q184:U184),SUMPRODUCT(AF$20:AJ$20,System3!Q184:U184))","v":{"$error":"#VALUE!"}},{"$f":"SUM(SUMPRODUCT(AF$21:AJ$21,W184:AA184),SUMPRODUCT(AF$21:AJ$21,System2!W184:AA184),SUMPRODUCT(AF$21:AJ$21,System3!W184:AA184))","v":{"$error":"#VALUE!"}},{"$f":"WaterFittings!BN159","v":{"$error":"#VALUE!"}},{"$error":"#VALUE!"},{"$error":"#VALUE!"},{"$f":"MIN(AirCond!BL158,P$21)","v":0},{"$error":"#VALUE!"},{"$f":"MIN(ROUNDDOWN(AJ184-FH184,0),ROUNDDOWN(P$21*0.3,0),ROUNDDOWN(SUM(SUMPRODUCT(I$4:I$15,L$4:L$15),SUMPRODUCT(System2!I$4:I$15,System2!L$4:L$15),SUMPRODUCT(System3!I$4:I$15,System3!L$4:L$15))*0.3,0))","v":{"$error":"#VALUE!"}},{"$f":"ROUND(SUM(AX184,AY184),0)","v":0},{"$error":"#VALUE!"},{"$error":"#VALUE!"},{"$error":"#VALUE!"},0,{"$error":"#VALUE!"},{"$error":"#VALUE!"},{"$error":"#VALUE!"},0,null,null,null,0,0,0,0,null,{"$error":"#VALUE!"},{"$error":"#VALUE!"},{"$error":"#VALUE!"},{"$error":"#VALUE!"},{"$error":"#VALUE!"},{"$error":"#VALUE!"},{"$error":"#VALUE!"},{"$error":"#VALUE!"},{"$error":"#VALUE!"},0,{"$error":"#VALUE!"},{"$error":"#VALUE!"},{"$error":"#VALUE!"},{"$error":"#VALUE!"},{"$error":"#VALUE!"},{"$error":"#VALUE!"},{"$error":"#VALUE!"},{"$error":"#VALUE!"},{"$error":"#VALUE!"},{"$error":"#VALUE!"},{"$error":"#VALUE!"},{"$error":"#VALUE!"},{"$error":"#VALUE!"},{"$error":"#VALUE!"},{"$error":"#VALUE!"},{"$error":"#VALUE!"},{"$error":"#VALUE!"},{"$error":"#VALUE!"},{"$error":"#VALUE!"},{"$error":"#VALUE!"},{"$error":"#VALUE!"},{"$error":"#VALUE!"},{"$error":"#VALUE!"},{"$error":"#VALUE!"},{"$error":"#VALUE!"},{"$error":"#VALUE!"},{"$error":"#VALUE!"},{"$error":"#VALUE!"},{"$error":"#VALUE!"},{"$error":"#VALUE!"},{"$error":"#VALUE!"},{"$f":"SUM(CQ184,System2!CQ184,System3!CQ184)","v":{"$error":"#VALUE!"}},{"$error":"#VALUE!"},{"$error":"#VALUE!"},{"$error":"#VALUE!"},{"$error":"#VALUE!"},{"$error":"#VALUE!"},{"$error":"#VALUE!"},{"$error":"#VALUE!"},{"$error":"#VALUE!"},{"$error":"#VALUE!"},{"$error":"#VALUE!"},{"$error":"#VALUE!"},{"$error":"#VALUE!"},{"$error":"#VALUE!"},{"$error":"#VALUE!"},{"$error":"#VALUE!"},{"$error":"#VALUE!"},{"$error":"#VALUE!"},{"$error":"#VALUE!"},{"$error":"#VALUE!"},{"$error":"#VALUE!"},{"$error":"#VALUE!"},{"$error":"#VALUE!"},{"$error":"#VALUE!"},{"$error":"#VALUE!"},{"$error":"#VALUE!"},{"$error":"#VALUE!"},{"$f":"SUM(DR184,System2!DR184,System3!DR184)","v":{"$error":"#VALUE!"}},{"$f":"DT$44","v":{"$error":"#VALUE!"}},{"$f":"DU$44","v":{"$error":"#VALUE!"}},{"$f":"DV$44","v":0},{"$f":"DW$44","v":{"$error":"#VALUE!"}},{"$error":"#VALUE!"},{"$error":"#VALUE!"},{"$error":"#VALUE!"},0,0,0,0,0,{"$error":"#VALUE!"},{"$f":"SUM(EF184,System2!EF184,System3!EF184)","v":{"$error":"#VALUE!"}},{"$error":"#VALUE!"},{"$error":"#VALUE!"},{"$error":"#VALUE!"},{"$error":"#VALUE!"},{"$error":"#VALUE!"},{"$error":"#VALUE!"},{"$error":"#VALUE!"},{"$error":"#VALUE!"},{"$error":"#VALUE!"},{"$error":"#VALUE!"},{"$error":"#VALUE!"},{"$error":"#VALUE!"},{"$error":"#VALUE!"},{"$error":"#VALUE!"},{"$error":"#VALUE!"},{"$error":"#VALUE!"},{"$error":"#VALUE!"},{"$error":"#VALUE!"},{"$error":"#VALUE!"},{"$error":"#VALUE!"},{"$error":"#VALUE!"},{"$error":"#VALUE!"},{"$error":"#VALUE!"},{"$error":"#VALUE!"},{"$error":"#VALUE!"},{"$error":"#VALUE!"},{"$f":"SUM(FG184,System2!FG184,System3!FG184)","v":{"$error":"#VALUE!"}},0,0,0,0,{"$error":"#VALUE!"},{"$error":"#VALUE!"},{"$error":"#VALUE!"},{"$error":"#VALUE!"},{"$error":"#VALUE!"},{"$error":"#VALUE!"},{"$error":"#VALUE!"},{"$error":"#VALUE!"},{"$error":"#VALUE!"},{"$error":"#VALUE!"},{"$error":"#VALUE!"},{"$error":"#VALUE!"},{"$error":"#VALUE!"},{"$error":"#VALUE!"},{"$error":"#VALUE!"},{"$error":"#VALUE!"},{"$error":"#VALUE!"},{"$error":"#VALUE!"},{"$error":"#VALUE!"},{"$error":"#VALUE!"},{"$f":"$GG$31*WaterFittings!BO159","v":{"$error":"#VALUE!"}},{"$f":"$GH$31*WaterFittings!BP159","v":{"$error":"#VALUE!"}},{"$f":"$GI$31*WaterFittings!BQ159","v":0},{"$f":"GJ$31*AirCond!BD158","v":{"$error":"#VALUE!"}},{"$f":"GK$31*AirCond!BE158","v":{"$error":"#VALUE!"}},{"$f":"GL$31*AirCond!BF158","v":{"$error":"#VALUE!"}},{"$f":"GM$31*AirCond!BG158","v":{"$error":"#VALUE!"}},{"$f":"GN$31*WaterFittings!BS159","v":0},{"$f":"GO$31*WaterFittings!BT159","v":0},{"$f":"GP$31*WaterFittings!BU159","v":0}]
[null,null,154,45.5,0,{"$error":"#VALUE!"},{"$error":"#VALUE!"},{"$error":"#VALUE!"},{"$error":"#VALUE!"},{"$error":"#VALUE!"},{"$error":"#VALUE!"},{"$error":"#VALUE!"},{"$error":"#VALUE!"},{"$error":"#VALUE!"},{"$error":"#VALUE!"},null,{"$error":"#VALUE!"},{"$error":"#VALUE!"},{"$error":"#VALUE!"},{"$error":"#VALUE!"},{"$error":"#VALUE!"},null,{"$error":"#VALUE!"},{"$error":"#VALUE!"},{"$error":"#VALUE!"},{"$error":"#VALUE!"},{"$error":"#VALUE!"},null,14,{"$f":"SUM(SUMPRODUCT(AF$20:AJ$20,Q185:U185),SUMPRODUCT(AF$20:AJ$20,System2!Q185:U185),SUMPRODUCT(AF$20:AJ$20,System3!Q185:U185))","v":{"$error":"#VALUE!"}},{"$f":"SUM(SUMPRODUCT(AF$21:AJ$21,W185:AA185),SUMPRODUCT(AF$21:AJ$21,System2!W185:AA185),SUMPRODUCT(AF$21:AJ$21,System3!W185:AA185))","v":{"$error":"#VALUE!"}},{"$f":"WaterFittings!BN160","v":{"$error":"#VALUE!"}},{"$error":"#VALUE!"},{"$error":"#VALUE!"},{"$f":"MIN(AirCond!BL159,P$21)","v":0},{"$error":"#VALUE!"},{"$f":"MIN(ROUNDDOWN(AJ185-FH185,0),ROUNDDOWN(P$21*0.3,0),ROUNDDOWN(SUM(SUMPRODUCT(I$4:I$15,L$4:L$15),SUMPRODUCT(System2!I$4:I$15,System2!L$4:L$15),SUMPRODUCT(System3!I$4:I$15,System3!L$4:L$15))*0.3,0))","v":{"$error":"#VALUE!"}},0,{"$error":"#VALUE!"},{"$error":"#VALUE!"},{"$error":"#VALUE!"},0,{"$error":"#VALUE!"},{"$error":"#VALUE!"},{"$error":"#VALUE!"},0,null,null,null,0,0,0,0,null,{"$error":"#VALUE!"},{"$error":"#VALUE!"},{"$error":"#VALUE!"},{"$error":"#VALUE!"},{"$error":"#VALUE!"},{"$error":"#VALUE!"},{"$error":"#VALUE!"},{"$error":"#VALUE!"},{"$error":"#VALUE!"},0,{"$error":"#VALUE!"},{"$error":"#VALUE!"},{"$error":"#VALUE!"},{"$error":"#VALUE!"},{"$error":"#VALUE!"},{"$error":"#VALUE!"},{"$error":"#VALUE!"},{"$error":"#VALUE!"},{"$error":"#VALUE!"},{"$error":"#VALUE!"},{"$error":"#VALUE!"},{"$error":"#VALUE!"},{"$error":"#VALUE!"},{"$error":"#VALUE!"},{"$error":"#VALUE!"},{"$error":"#VALUE!"},{"$error":"#VALUE!"},{"$error":"#VALUE!"},{"$error":"#VALUE!"},{"$error":"#VALUE!"},{"$error":"#VALUE!"},{"$error":"#VALUE!"},{"$error":"#VALUE!"},{"$error":"#VALUE!"},{"$error":"#VALUE!"},{"$error":"#VALUE!"},{"$error":"#VALUE!"},{"$error":"#VALUE!"},{"$error":"#VALUE!"},{"$error":"#VALUE!"},{"$error":"#VALUE!"},{"$f":"SUM(CQ185,System2!CQ185,System3!CQ185)","v":{"$error":"#VALUE!"}},{"$error":"#VALUE!"},{"$error":"#VALUE!"},{"$error":"#VALUE!"},{"$error":"#VALUE!"},{"$error":"#VALUE!"},{"$error":"#VALUE!"},{"$error":"#VALUE!"},{"$error":"#VALUE!"},{"$error":"#VALUE!"},{"$error":"#VALUE!"},{"$error":"#VALUE!"},{"$error":"#VALUE!"},{"$error":"#VALUE!"},{"$error":"#VALUE!"},{"$error":"#VALUE!"},{"$error":"#VALUE!"},{"$error":"#VALUE!"},{"$error":"#VALUE!"},{"$error":"#VALUE!"},{"$error":"#VALUE!"},{"$error":"#VALUE!"},{"$error":"#VALUE!"},{"$error":"#VALUE!"},{"$error":"#VALUE!"},{"$error":"#VALUE!"},{"$error":"#VALUE!"},{"$f":"SUM(DR185,System2!DR185,System3!DR185)","v":{"$error":"#VALUE!"}},{"$f":"DT$45","v":{"$error":"#VALUE!"}},{"$f":"DU$45","v":{"$error":"#VALUE!"}},{"$f":"DV$45","v":0},{"$f":"DW$45","v":{"$error":"#VALUE!"}},{"$error":"#VALUE!"},{"$error":"#VALUE!"},{"$error":"#VALUE!"},0,0,0,0,0,{"$error":"#VALUE!"},{"$f":"SUM(EF185,System2!EF185,System3!EF185)","v":{"$error":"#VALUE!"}},{"$error":"#VALUE!"},{"$error":"#VALUE!"},{"$error":"#VALUE!"},{"$error":"#VALUE!"},{"$error":"#VALUE!"},{"$error":"#VALUE!"},{"$error":"#VALUE!"},{"$error":"#VALUE!"},{"$error":"#VALUE!"},{"$error":"#VALUE!"},{"$error":"#VALUE!"},{"$error":"#VALUE!"},{"$error":"#VALUE!"},{"$error":"#VALUE!"},{"$error":"#VALUE!"},{"$error":"#VALUE!"},{"$error":"#VALUE!"},{"$error":"#VALUE!"},{"$error":"#VALUE!"},{"$error":"#VALUE!"},{"$error":"#VALUE!"},{"$error":"#VALUE!"},{"$error":"#VALUE!"},{"$error":"#VALUE!"},{"$error":"#VALUE!"},{"$error":"#VALUE!"},{"$f":"SUM(FG185,System2!FG185,System3!FG185)","v":{"$error":"#VALUE!"}},0,0,0,0,{"$error":"#VALUE!"},{"$error":"#VALUE!"},{"$error":"#VALUE!"},{"$error":"#VALUE!"},{"$error":"#VALUE!"},{"$error":"#VALUE!"},{"$error":"#VALUE!"},{"$error":"#VALUE!"},{"$error":"#VALUE!"},{"$error":"#VALUE!"},{"$error":"#VALUE!"},{"$error":"#VALUE!"},{"$error":"#VALUE!"},{"$error":"#VALUE!"},{"$error":"#VALUE!"},{"$error":"#VALUE!"},{"$error":"#VALUE!"},{"$error":"#VALUE!"},{"$error":"#VALUE!"},{"$error":"#VALUE!"},{"$f":"$GG$31*WaterFittings!BO160","v":{"$error":"#VALUE!"}},{"$f":"$GH$31*WaterFittings!BP160","v":{"$error":"#VALUE!"}},{"$f":"$GI$31*WaterFittings!BQ160","v":0},{"$f":"GJ$31*AirCond!BD159","v":{"$error":"#VALUE!"}},{"$f":"GK$31*AirCond!BE159","v":{"$error":"#VALUE!"}},{"$f":"GL$31*AirCond!BF159","v":{"$error":"#VALUE!"}},{"$f":"GM$31*AirCond!BG159","v":{"$error":"#VALUE!"}},{"$f":"GN$31*WaterFittings!BS160","v":0},{"$f":"GO$31*WaterFittings!BT160","v":0},{"$f":"GP$31*WaterFittings!BU160","v":0}]
[null,null,155,3.5,0,{"$error":"#VALUE!"},{"$error":"#VALUE!"},{"$error":"#VALUE!"},{"$error":"#VALUE!"},{"$error":"#VALUE!"},{"$error":"#VALUE!"},{"$error":"#VALUE!"},{"$error":"#VALUE!"},{"$error":"#VALUE!"},{"$error":"#VALUE!"},null,{"$error":"#VALUE!"},{"$error":"#VALUE!"},{"$error":"#VALUE!"},{"$error":"#VALUE!"},{"$error":"#VALUE!"},null,{"$error":"#VALUE!"},{"$error":"#VALUE!"},{"$error":"#VALUE!"},{"$error":"#VALUE!"},{"$f":"ROUNDDOWN(FF186,0)","v":{"$error":"#VALUE!"}},null,15,{"$f":"SUM(SUMPRODUCT(AF$20:AJ$20,Q186:U186),SUMPRODUCT(AF$20:AJ$20,System2!Q186:U186),SUMPRODUCT(AF$20:AJ$20,System3!Q186:U186))","v":{"$error":"#VALUE!"}},{"$f":"SUM(SUMPRODUCT(AF$21:AJ$21,W186:AA186),SUMPRODUCT(AF$21:AJ$21,System2!W186:AA186),SUMPRODUCT(AF$21:AJ$21,System3!W186:AA186))","v":{"$error":"#VALUE!"}},{"$f":"WaterFittings!BN161","v":{"$error":"#VALUE!"}},{"$error":"#VALUE!"},{"$error":"#VALUE!"},{"$f":"MIN(AirCond!BL160,P$21)","v":0},{"$error":"#VALUE!"},{"$f":"MIN(ROUNDDOWN(AJ186-FH186,0),ROUNDDOWN(P$21*0.3,0),ROUNDDOWN(SUM(SUMPRODUCT(I$4:I$15,L$4:L$15),SUMPRODUCT(System2!I$4:I$15,System2!L$4:L$15),SUMPRODUCT(System3!I$4:I$15,System3!L$4:L$15))*0.3,0))","v":{"$error":"#VALUE!"}},0,{"$error":"#VALUE!"},{"$error":"#VALUE!"},{"$error":"#VALUE!"},0,{"$error":"#VALUE!"},{"$error":"#VALUE!"},{"$error":"#VALUE!"},0,null,null,null,0,0,0,0,null,{"$error":"#VALUE!"},{"$error":"#VALUE!"},{"$error":"#VALUE!"},{"$error":"#VALUE!"},{"$error":"#VALUE!"},{"$error":"#VALUE!"},{"$error":"#VALUE!"},{"$error":"#VALUE!"},{"$error":"#VALUE!"},0,{"$error":"#VALUE!"},{"$error":"#VALUE!"},{"$error":"#VALUE!"},{"$error":"#VALUE!"},{"$error":"#VALUE!"},{"$error":"#VALUE!"},{"$error":"#VALUE!"},{"$error":"#VALUE!"},{"$error":"#VALUE!"},{"$error":"#VALUE!"},{"$error":"#VALUE!"},{"$error":"#VALUE!"},{"$error":"#VALUE!"},{"$error":"#VALUE!"},{"$error":"#VALUE!"},{"$error":"#VALUE!"},{"$error":"#VALUE!"},{"$error":"#VALUE!"},{"$error":"#VALUE!"},{"$error":"#VALUE!"},{"$error":"#VALUE!"},{"$error":"#VALUE!"},{"$error":"#VALUE!"},{"$error":"#VALUE!"},{"$error":"#VALUE!"},{"$error":"#VALUE!"},{"$error":"#VALUE!"},{"$error":"#VALUE!"},{"$error":"#VALUE!"},{"$error":"#VALUE!"},{"$error":"#VALUE!"},{"$f":"SUM(CQ186,System2!CQ186,System3!CQ186)","v":{"$error":"#VALUE!"}},{"$error":"#VALUE!"},{"$error":"#VALUE!"},{"$error":"#VALUE!"},{"$error":"#VALUE!"},{"$error":"#VALUE!"},{"$error":"#VALUE!"},{"$error":"#VALUE!"},{"$error":"#VALUE!"},{"$error":"#VALUE!"},{"$error":"#VALUE!"},{"$error":"#VALUE!"},{"$error":"#VALUE!"},{"$error":"#VALUE!"},{"$error":"#VALUE!"},{"$error":"#VALUE!"},{"$error":"#VALUE!"},{"$error":"#VALUE!"},{"$error":"#VALUE!"},{"$error":"#VALUE!"},{"$error":"#VALUE!"},{"$error":"#VALUE!"},{"$error":"#VALUE!"},{"$error":"#VALUE!"},{"$error":"#VALUE!"},{"$error":"#VALUE!"},{"$error":"#VALUE!"},{"$f":"SUM(DR186,System2!DR186,System3!DR186)","v":{"$error":"#VALUE!"}},{"$f":"DT$46","v":{"$error":"#VALUE!"}},{"$f":"DU$46","v":{"$error":"#VALUE!"}},{"$f":"DV$46","v":0},{"$f":"DW$46","v":{"$error":"#VALUE!"}},{"$error":"#VALUE!"},{"$error":"#VALUE!"},{"$error":"#VALUE!"},0,0,0,0,0,{"$error":"#VALUE!"},{"$f":"SUM(EF186,System2!EF186,System3!EF186)","v":{"$error":"#VALUE!"}},{"$error":"#VALUE!"},{"$error":"#VALUE!"},{"$error":"#VALUE!"},{"$error":"#VALUE!"},{"$error":"#VALUE!"},{"$error":"#VALUE!"},{"$error":"#VALUE!"},{"$error":"#VALUE!"},{"$error":"#VALUE!"},{"$error":"#VALUE!"},{"$error":"#VALUE!"},{"$error":"#VALUE!"},{"$error":"#VALUE!"},{"$error":"#VALUE!"},{"$error":"#VALUE!"},{"$error":"#VALUE!"},{"$error":"#VALUE!"},{"$error":"#VALUE!"},{"$error":"#VALUE!"},{"$error":"#VALUE!"},{"$error":"#VALUE!"},{"$error":"#VALUE!"},{"$error":"#VALUE!"},{"$error":"#VALUE!"},{"$error":"#VALUE!"},{"$error":"#VALUE!"},{"$f":"SUM(FG186,System2!FG186,System3!FG186)","v":{"$error":"#VALUE!"}},0,0,0,0,{"$error":"#VALUE!"},{"$error":"#VALUE!"},{"$error":"#VALUE!"},{"$error":"#VALUE!"},{"$error":"#VALUE!"},{"$error":"#VALUE!"},{"$error":"#VALUE!"},{"$error":"#VALUE!"},{"$error":"#VALUE!"},{"$error":"#VALUE!"},{"$error":"#VALUE!"},{"$error":"#VALUE!"},{"$error":"#VALUE!"},{"$error":"#VALUE!"},{"$error":"#VALUE!"},{"$error":"#VALUE!"},{"$error":"#VALUE!"},{"$error":"#VALUE!"},{"$error":"#VALUE!"},{"$error":"#VALUE!"},{"$f":"$GG$31*WaterFittings!BO161","v":{"$error":"#VALUE!"}},{"$f":"$GH$31*WaterFittings!BP161","v":{"$error":"#VALUE!"}},{"$f":"$GI$31*WaterFittings!BQ161","v":0},{"$f":"GJ$31*AirCond!BD160","v":{"$error":"#VALUE!"}},{"$f":"GK$31*AirCond!BE160","v":{"$error":"#VALUE!"}},{"$f":"GL$31*AirCond!BF160","v":{"$error":"#VALUE!"}},{"$f":"GM$31*AirCond!BG160","v":{"$error":"#VALUE!"}},{"$f":"GN$31*WaterFittings!BS161","v":0},{"$f":"GO$31*WaterFittings!BT161","v":0},{"$f":"GP$31*WaterFittings!BU161","v":0}]
[null,null,{"$f":"C186+1","v":156},0,0,{"$error":"#VALUE!"},{"$error":"#VALUE!"},{"$error":"#VALUE!"},{"$error":"#VALUE!"},{"$error":"#VALUE!"},{"$error":"#VALUE!"},{"$error":"#VALUE!"},{"$error":"#VALUE!"},{"$error":"#VALUE!"},{"$error":"#VALUE!"},null,{"$error":"#VALUE!"},{"$error":"#VALUE!"},{"$error":"#VALUE!"},{"$error":"#VALUE!"},{"$error":"#VALUE!"},null,{"$error":"#VALUE!"},{"$error":"#VALUE!"},{"$error":"#VALUE!"},{"$error":"#VALUE!"},{"$error":"#VALUE!"},null,16,{"$f":"SUM(SUMPRODUCT(AF$20:AJ$20,Q187:U187),SUMPRODUCT(AF$20:AJ$20,System2!Q187:U187),SUMPRODUCT(AF$20:AJ$20,System3!Q187:U187))","v":{"$error":"#VALUE!"}},{"$f":"SUM(SUMPRODUCT(AF$21:AJ$21,W187:AA187),SUMPRODUCT(AF$21:AJ$21,System2!W187:AA187),SUMPRODUCT(AF$21:AJ$21,System3!W187:AA187))","v":{"$error":"#VALUE!"}},{"$f":"WaterFittings!BN162","v":{"$error":"#VALUE!"}},{"$error":"#VALUE!"},{"$error":"#VALUE!"},{"$f":"MIN(AirCond!BL161,P$21)","v":0},{"$error":"#VALUE!"},{"$f":"MIN(ROUNDDOWN(AJ187-FH187,0),ROUNDDOWN(P$21*0.3,0),ROUNDDOWN(SUM(SUMPRODUCT(I$4:I$15,L$4:L$15),SUMPRODUCT(System2!I$4:I$15,System2!L$4:L$15),SUMPRODUCT(System3!I$4:I$15,System3!L$4:L$15))*0.3,0))","v":{"$error":"#VALUE!"}},0,{"$error":"#VALUE!"},{"$error":"#VALUE!"},{"$error":"#VALUE!"},0,{"$error":"#VALUE!"},{"$error":"#VALUE!"},{"$error":"#VALUE!"},0,null,null,null,0,0,0,0,null,{"$error":"#VALUE!"},{"$error":"#VALUE!"},{"$error":"#VALUE!"},{"$error":"#VALUE!"},{"$error":"#VALUE!"},{"$error":"#VALUE!"},{"$error":"#VALUE!"},{"$error":"#VALUE!"},{"$error":"#VALUE!"},0,{"$error":"#VALUE!"},{"$error":"#VALUE!"},{"$error":"#VALUE!"},{"$error":"#VALUE!"},{"$error":"#VALUE!"},{"$error":"#VALUE!"},{"$error":"#VALUE!"},{"$error":"#VALUE!"},{"$error":"#VALUE!"},{"$error":"#VALUE!"},{"$error":"#VALUE!"},{"$error":"#VALUE!"},{"$error":"#VALUE!"},{"$error":"#VALUE!"},{"$error":"#VALUE!"},{"$error":"#VALUE!"},{"$error":"#VALUE!"},{"$error":"#VALUE!"},{"$error":"#VALUE!"},{"$error":"#VALUE!"},{"$error":"#VALUE!"},{"$error":"#VALUE!"},{"$error":"#VALUE!"},{"$error":"#VALUE!"},{"$error":"#VALUE!"},{"$error":"#VALUE!"},{"$error":"#VALUE!"},{"$error":"#VALUE!"},{"$error":"#VALUE!"},{"$error":"#VALUE!"},{"$error":"#VALUE!"},{"$f":"SUM(CQ187,System2!CQ187,System3!CQ187)","v":{"$error":"#VALUE!"}},{"$error":"#VALUE!"},{"$error":"#VALUE!"},{"$error":"#VALUE!"},{"$error":"#VALUE!"},{"$error":"#VALUE!"},{"$error":"#VALUE!"},{"$error":"#VALUE!"},{"$error":"#VALUE!"},{"$error":"#VALUE!"},{"$error":"#VALUE!"},{"$error":"#VALUE!"},{"$error":"#VALUE!"},{"$error":"#VALUE!"},{"$error":"#VALUE!"},{"$error":"#VALUE!"},{"$error":"#VALUE!"},{"$error":"#VALUE!"},{"$error":"#VALUE!"},{"$error":"#VALUE!"},{"$error":"#VALUE!"},{"$error":"#VALUE!"},{"$error":"#VALUE!"},{"$error":"#VALUE!"},{"$error":"#VALUE!"},{"$error":"#VALUE!"},{"$error":"#VALUE!"},{"$f":"SUM(DR187,System2!DR187,System3!DR187)","v":{"$error":"#VALUE!"}},{"$f":"DT$47","v":{"$error":"#VALUE!"}},{"$f":"DU$47","v":{"$error":"#VALUE!"}},{"$f":"DV$47","v":0},{"$f":"DW$47","v":{"$error":"#VALUE!"}},{"$error":"#VALUE!"},{"$error":"#VALUE!"},{"$error":"#VALUE!"},0,0,0,0,0,{"$error":"#VALUE!"},{"$f":"SUM(EF187,System2!EF187,System3!EF187)","v":{"$error":"#VALUE!"}},{"$error":"#VALUE!"},{"$error":"#VALUE!"},{"$error":"#VALUE!"},{"$error":"#VALUE!"},{"$error":"#VALUE!"},{"$error":"#VALUE!"},{"$error":"#VALUE!"},{"$error":"#VALUE!"},{"$error":"#VALUE!"},{"$error":"#VALUE!"},{"$error":"#VALUE!"},{"$error":"#VALUE!"},{"$error":"#VALUE!"},{"$error":"#VALUE!"},{"$error":"#VALUE!"},{"$error":"#VALUE!"},{"$error":"#VALUE!"},{"$error":"#VALUE!"},{"$error":"#VALUE!"},{"$error":"#VALUE!"},{"$error":"#VALUE!"},{"$error":"#VALUE!"},{"$error":"#VALUE!"},{"$error":"#VALUE!"},{"$error":"#VALUE!"},{"$error":"#VALUE!"},{"$f":"SUM(FG187,System2!FG187,System3!FG187)","v":{"$error":"#VALUE!"}},0,0,0,0,{"$error":"#VALUE!"},{"$error":"#VALUE!"},{"$error":"#VALUE!"},{"$error":"#VALUE!"},{"$error":"#VALUE!"},{"$error":"#VALUE!"},{"$error":"#VALUE!"},{"$error":"#VALUE!"},{"$error":"#VALUE!"},{"$error":"#VALUE!"},{"$error":"#VALUE!"},{"$error":"#VALUE!"},{"$error":"#VALUE!"},{"$error":"#VALUE!"},{"$error":"#VALUE!"},{"$error":"#VALUE!"},{"$error":"#VALUE!"},{"$error":"#VALUE!"},{"$error":"#VALUE!"},{"$error":"#VALUE!"},{"$f":"$GG$31*WaterFittings!BO162","v":{"$error":"#VALUE!"}},{"$f":"$GH$31*WaterFittings!BP162","v":{"$error":"#VALUE!"}},{"$f":"$GI$31*WaterFittings!BQ162","v":0},{"$f":"GJ$31*AirCond!BD161","v":{"$error":"#VALUE!"}},{"$f":"GK$31*AirCond!BE161","v":{"$error":"#VALUE!"}},{"$f":"GL$31*AirCond!BF161","v":{"$error":"#VALUE!"}},{"$f":"GM$31*AirCond!BG161","v":{"$error":"#VALUE!"}},{"$f":"GN$31*WaterFittings!BS162","v":0},{"$f":"GO$31*WaterFittings!BT162","v":0},{"$f":"GP$31*WaterFittings!BU162","v":0}]
[null,null,157,0,0,{"$error":"#VALUE!"},{"$error":"#VALUE!"},{"$error":"#VALUE!"},{"$error":"#VALUE!"},{"$error":"#VALUE!"},{"$error":"#VALUE!"},{"$error":"#VALUE!"},{"$error":"#VALUE!"},{"$error":"#VALUE!"},{"$error":"#VALUE!"},null,{"$error":"#VALUE!"},{"$error":"#VALUE!"},{"$error":"#VALUE!"},{"$error":"#VALUE!"},{"$error":"#VALUE!"},null,{"$error":"#VALUE!"},{"$error":"#VALUE!"},{"$error":"#VALUE!"},{"$error":"#VALUE!"},{"$error":"#VALUE!"},null,17,{"$f":"SUM(SUMPRODUCT(AF$20:AJ$20,Q188:U188),SUMPRODUCT(AF$20:AJ$20,System2!Q188:U188),SUMPRODUCT(AF$20:AJ$20,System3!Q188:U188))","v":{"$error":"#VALUE!"}},{"$f":"SUM(SUMPRODUCT(AF$21:AJ$21,W188:AA188),SUMPRODUCT(AF$21:AJ$21,System2!W188:AA188),SUMPRODUCT(AF$21:AJ$21,System3!W188:AA188))","v":{"$error":"#VALUE!"}},{"$f":"WaterFittings!BN163","v":{"$error":"#VALUE!"}},{"$error":"#VALUE!"},{"$error":"#VALUE!"},{"$f":"MIN(AirCond!BL162,P$21)","v":0},{"$error":"#VALUE!"},{"$f":"MIN(ROUNDDOWN(AJ188-FH188,0),ROUNDDOWN(P$21*0.3,0),ROUNDDOWN(SUM(SUMPRODUCT(I$4:I$15,L$4:L$15),SUMPRODUCT(System2!I$4:I$15,System2!L$4:L$15),SUMPRODUCT(System3!I$4:I$15,System3!L$4:L$15))*0.3,0))","v":{"$error":"#VALUE!"}},0,{"$error":"#VALUE!"},{"$error":"#VALUE!"},{"$error":"#VALUE!"},0,{"$error":"#VALUE!"},{"$error":"#VALUE!"},{"$error":"#VALUE!"},0,null,null,null,0,0,0,0,null,{"$error":"#VALUE!"},{"$error":"#VALUE!"},{"$error":"#VALUE!"},{"$error":"#VALUE!"},{"$error":"#VALUE!"},{"$error":"#VALUE!"},{"$error":"#VALUE!"},{"$error":"#VALUE!"},{"$error":"#VALUE!"},0,{"$error":"#VALUE!"},{"$error":"#VALUE!"},{"$error":"#VALUE!"},{"$error":"#VALUE!"},{"$error":"#VALUE!"},{"$error":"#VALUE!"},{"$error":"#VALUE!"},{"$error":"#VALUE!"},{"$error":"#VALUE!"},{"$error":"#VALUE!"},{"$error":"#VALUE!"},{"$error":"#VALUE!"},{"$error":"#VALUE!"},{"$error":"#VALUE!"},{"$error":"#VALUE!"},{"$error":"#VALUE!"},{"$error":"#VALUE!"},{"$error":"#VALUE!"},{"$error":"#VALUE!"},{"$error":"#VALUE!"},{"$error":"#VALUE!"},{"$error":"#VALUE!"},{"$error":"#VALUE!"},{"$error":"#VALUE!"},{"$error":"#VALUE!"},{"$error":"#VALUE!"},{"$error":"#VALUE!"},{"$error":"#VALUE!"},{"$error":"#VALUE!"},{"$error":"#VALUE!"},{"$error":"#VALUE!"},{"$f":"SUM(CQ188,System2!CQ188,System3!CQ188)","v":{"$error":"#VALUE!"}},{"$error":"#VALUE!"},{"$error":"#VALUE!"},{"$error":"#VALUE!"},{"$error":"#VALUE!"},{"$error":"#VALUE!"},{"$error":"#VALUE!"},{"$error":"#VALUE!"},{"$error":"#VALUE!"},{"$error":"#VALUE!"},{"$error":"#VALUE!"},{"$error":"#VALUE!"},{"$error":"#VALUE!"},{"$error":"#VALUE!"},{"$error":"#VALUE!"},{"$error":"#VALUE!"},{"$error":"#VALUE!"},{"$error":"#VALUE!"},{"$error":"#VALUE!"},{"$error":"#VALUE!"},{"$error":"#VALUE!"},{"$error":"#VALUE!"},{"$error":"#VALUE!"},{"$error":"#VALUE!"},{"$error":"#VALUE!"},{"$error":"#VALUE!"},{"$error":"#VALUE!"},{"$f":"SUM(DR188,System2!DR188,System3!DR188)","v":{"$error":"#VALUE!"}},{"$f":"DT$48","v":{"$error":"#VALUE!"}},{"$f":"DU$48","v":{"$error":"#VALUE!"}},{"$f":"DV$48","v":0},{"$f":"DW$48","v":{"$error":"#VALUE!"}},{"$error":"#VALUE!"},{"$error":"#VALUE!"},{"$error":"#VALUE!"},0,0,0,0,0,{"$error":"#VALUE!"},{"$f":"SUM(EF188,System2!EF188,System3!EF188)","v":{"$error":"#VALUE!"}},{"$error":"#VALUE!"},{"$error":"#VALUE!"},{"$error":"#VALUE!"},{"$error":"#VALUE!"},{"$error":"#VALUE!"},{"$error":"#VALUE!"},{"$error":"#VALUE!"},{"$error":"#VALUE!"},{"$error":"#VALUE!"},{"$error":"#VALUE!"},{"$error":"#VALUE!"},{"$error":"#VALUE!"},{"$error":"#VALUE!"},{"$error":"#VALUE!"},{"$error":"#VALUE!"},{"$error":"#VALUE!"},{"$error":"#VALUE!"},{"$error":"#VALUE!"},{"$error":"#VALUE!"},{"$error":"#VALUE!"},{"$error":"#VALUE!"},{"$error":"#VALUE!"},{"$error":"#VALUE!"},{"$error":"#VALUE!"},{"$error":"#VALUE!"},{"$error":"#VALUE!"},{"$f":"SUM(FG188,System2!FG188,System3!FG188)","v":{"$error":"#VALUE!"}},0,0,0,0,{"$error":"#VALUE!"},{"$error":"#VALUE!"},{"$error":"#VALUE!"},{"$error":"#VALUE!"},{"$error":"#VALUE!"},{"$error":"#VALUE!"},{"$error":"#VALUE!"},{"$error":"#VALUE!"},{"$error":"#VALUE!"},{"$error":"#VALUE!"},{"$error":"#VALUE!"},{"$error":"#VALUE!"},{"$error":"#VALUE!"},{"$error":"#VALUE!"},{"$error":"#VALUE!"},{"$error":"#VALUE!"},{"$error":"#VALUE!"},{"$error":"#VALUE!"},{"$error":"#VALUE!"},{"$error":"#VALUE!"},{"$f":"$GG$31*WaterFittings!BO163","v":{"$error":"#VALUE!"}},{"$f":"$GH$31*WaterFittings!BP163","v":{"$error":"#VALUE!"}},{"$f":"$GI$31*WaterFittings!BQ163","v":0},{"$f":"GJ$31*AirCond!BD162","v":{"$error":"#VALUE!"}},{"$f":"GK$31*AirCond!BE162","v":{"$error":"#VALUE!"}},{"$f":"GL$31*AirCond!BF162","v":{"$error":"#VALUE!"}},{"$f":"GM$31*AirCond!BG162","v":{"$error":"#VALUE!"}},{"$f":"GN$31*WaterFittings!BS163","v":0},{"$f":"GO$31*WaterFittings!BT163","v":0},{"$f":"GP$31*WaterFittings!BU163","v":0}]
[null,null,158,0,0,{"$error":"#VALUE!"},{"$error":"#VALUE!"},{"$error":"#VALUE!"},{"$error":"#VALUE!"},{"$error":"#VALUE!"},{"$error":"#VALUE!"},{"$error":"#VALUE!"},{"$error":"#VALUE!"},{"$error":"#VALUE!"},{"$error":"#VALUE!"},null,{"$error":"#VALUE!"},{"$error":"#VALUE!"},{"$error":"#VALUE!"},{"$error":"#VALUE!"},{"$error":"#VALUE!"},null,{"$error":"#VALUE!"},{"$error":"#VALUE!"},{"$error":"#VALUE!"},{"$error":"#VALUE!"},{"$error":"#VALUE!"},null,18,{"$f":"SUM(SUMPRODUCT(AF$20:AJ$20,Q189:U189),SUMPRODUCT(AF$20:AJ$20,System2!Q189:U189),SUMPRODUCT(AF$20:AJ$20,System3!Q189:U189))","v":{"$error":"#VALUE!"}},{"$f":"SUM(SUMPRODUCT(AF$21:AJ$21,W189:AA189),SUMPRODUCT(AF$21:AJ$21,System2!W189:AA189),SUMPRODUCT(AF$21:AJ$21,System3!W189:AA189))","v":{"$error":"#VALUE!"}},{"$f":"WaterFittings!BN164","v":{"$error":"#VALUE!"}},{"$error":"#VALUE!"},{"$error":"#VALUE!"},{"$f":"MIN(AirCond!BL163,P$21)","v":0},{"$error":"#VALUE!"},{"$f":"MIN(ROUNDDOWN(AJ189-FH189,0),ROUNDDOWN(P$21*0.3,0),ROUNDDOWN(SUM(SUMPRODUCT(I$4:I$15,L$4:L$15),SUMPRODUCT(System2!I$4:I$15,System2!L$4:L$15),SUMPRODUCT(System3!I$4:I$15,System3!L$4:L$15))*0.3,0))","v":{"$error":"#VALUE!"}},0,{"$error":"#VALUE!"},{"$error":"#VALUE!"},{"$error":"#VALUE!"},0,{"$error":"#VALUE!"},{"$error":"#VALUE!"},{"$error":"#VALUE!"},0,null,null,null,0,0,0,0,null,{"$error":"#VALUE!"},{"$error":"#VALUE!"},{"$error":"#VALUE!"},{"$error":"#VALUE!"},{"$error":"#VALUE!"},{"$error":"#VALUE!"},{"$error":"#VALUE!"},{"$error":"#VALUE!"},{"$error":"#VALUE!"},0,{"$error":"#VALUE!"},{"$error":"#VALUE!"},{"$error":"#VALUE!"},{"$error":"#VALUE!"},{"$error":"#VALUE!"},{"$error":"#VALUE!"},{"$error":"#VALUE!"},{"$error":"#VALUE!"},{"$error":"#VALUE!"},{"$error":"#VALUE!"},{"$error":"#VALUE!"},{"$error":"#VALUE!"},{"$error":"#VALUE!"},{"$error":"#VALUE!"},{"$error":"#VALUE!"},{"$error":"#VALUE!"},{"$error":"#VALUE!"},{"$error":"#VALUE!"},{"$error":"#VALUE!"},{"$error":"#VALUE!"},{"$error":"#VALUE!"},{"$error":"#VALUE!"},{"$error":"#VALUE!"},{"$error":"#VALUE!"},{"$error":"#VALUE!"},{"$error":"#VALUE!"},{"$error":"#VALUE!"},{"$error":"#VALUE!"},{"$error":"#VALUE!"},{"$error":"#VALUE!"},{"$error":"#VALUE!"},{"$f":"SUM(CQ189,System2!CQ189,System3!CQ189)","v":{"$error":"#VALUE!"}},{"$error":"#VALUE!"},{"$error":"#VALUE!"},{"$error":"#VALUE!"},{"$error":"#VALUE!"},{"$error":"#VALUE!"},{"$error":"#VALUE!"},{"$error":"#VALUE!"},{"$error":"#VALUE!"},{"$error":"#VALUE!"},{"$error":"#VALUE!"},{"$error":"#VALUE!"},{"$error":"#VALUE!"},{"$error":"#VALUE!"},{"$error":"#VALUE!"},{"$error":"#VALUE!"},{"$error":"#VALUE!"},{"$error":"#VALUE!"},{"$error":"#VALUE!"},{"$error":"#VALUE!"},{"$error":"#VALUE!"},{"$error":"#VALUE!"},{"$error":"#VALUE!"},{"$error":"#VALUE!"},{"$error":"#VALUE!"},{"$error":"#VALUE!"},{"$error":"#VALUE!"},{"$f":"SUM(DR189,System2!DR189,System3!DR189)","v":{"$error":"#VALUE!"}},{"$f":"DT$49","v":{"$error":"#VALUE!"}},{"$f":"DU$49","v":{"$error":"#VALUE!"}},{"$f":"DV$49","v":0},{"$f":"DW$49","v":{"$error":"#VALUE!"}},{"$error":"#VALUE!"},{"$error":"#VALUE!"},{"$error":"#VALUE!"},0,0,0,0,0,{"$error":"#VALUE!"},{"$f":"SUM(EF189,System2!EF189,System3!EF189)","v":{"$error":"#VALUE!"}},{"$error":"#VALUE!"},{"$error":"#VALUE!"},{"$error":"#VALUE!"},{"$error":"#VALUE!"},{"$error":"#VALUE!"},{"$error":"#VALUE!"},{"$error":"#VALUE!"},{"$error":"#VALUE!"},{"$error":"#VALUE!"},{"$error":"#VALUE!"},{"$error":"#VALUE!"},{"$error":"#VALUE!"},{"$error":"#VALUE!"},{"$error":"#VALUE!"},{"$error":"#VALUE!"},{"$error":"#VALUE!"},{"$error":"#VALUE!"},{"$error":"#VALUE!"},{"$error":"#VALUE!"},{"$error":"#VALUE!"},{"$error":"#VALUE!"},{"$error":"#VALUE!"},{"$error":"#VALUE!"},{"$error":"#VALUE!"},{"$error":"#VALUE!"},{"$error":"#VALUE!"},{"$f":"SUM(FG189,System2!FG189,System3!FG189)","v":{"$error":"#VALUE!"}},0,0,0,0,{"$error":"#VALUE!"},{"$error":"#VALUE!"},{"$error":"#VALUE!"},{"$error":"#VALUE!"},{"$error":"#VALUE!"},{"$error":"#VALUE!"},{"$error":"#VALUE!"},{"$error":"#VALUE!"},{"$error":"#VALUE!"},{"$error":"#VALUE!"},{"$error":"#VALUE!"},{"$error":"#VALUE!"},{"$error":"#VALUE!"},{"$error":"#VALUE!"},{"$error":"#VALUE!"},{"$error":"#VALUE!"},{"$error":"#VALUE!"},{"$error":"#VALUE!"},{"$error":"#VALUE!"},{"$error":"#VALUE!"},{"$f":"$GG$31*WaterFittings!BO164","v":{"$error":"#VALUE!"}},{"$f":"$GH$31*WaterFittings!BP164","v":{"$error":"#VALUE!"}},{"$f":"$GI$31*WaterFittings!BQ164","v":0},{"$f":"GJ$31*AirCond!BD163","v":{"$error":"#VALUE!"}},{"$f":"GK$31*AirCond!BE163","v":{"$error":"#VALUE!"}},{"$f":"GL$31*AirCond!BF163","v":{"$error":"#VALUE!"}},{"$f":"GM$31*AirCond!BG163","v":{"$error":"#VALUE!"}},{"$f":"GN$31*WaterFittings!BS164","v":0},{"$f":"GO$31*WaterFittings!BT164","v":0},{"$f":"GP$31*WaterFittings!BU164","v":0}]
[null,null,159,7,0,{"$error":"#VALUE!"},{"$error":"#VALUE!"},{"$error":"#VALUE!"},{"$error":"#VALUE!"},{"$error":"#VALUE!"},{"$error":"#VALUE!"},{"$error":"#VALUE!"},{"$error":"#VALUE!"},{"$error":"#VALUE!"},{"$error":"#VALUE!"},null,{"$error":"#VALUE!"},{"$error":"#VALUE!"},{"$error":"#VALUE!"},{"$error":"#VALUE!"},{"$error":"#VALUE!"},null,{"$error":"#VALUE!"},{"$error":"#VALUE!"},{"$error":"#VALUE!"},{"$error":"#VALUE!"},{"$error":"#VALUE!"},null,19,{"$f":"SUM(SUMPRODUCT(AF$20:AJ$20,Q190:U190),SUMPRODUCT(AF$20:AJ$20,System2!Q190:U190),SUMPRODUCT(AF$20:AJ$20,System3!Q190:U190))","v":{"$error":"#VALUE!"}},{"$f":"SUM(SUMPRODUCT(AF$21:AJ$21,W190:AA190),SUMPRODUCT(AF$21:AJ$21,System2!W190:AA190),SUMPRODUCT(AF$21:AJ$21,System3!W190:AA190))","v":{"$error":"#VALUE!"}},{"$f":"WaterFittings!BN165","v":{"$error":"#VALUE!"}},{"$error":"#VALUE!"},{"$error":"#VALUE!"},{"$f":"MIN(AirCond!BL164,P$21)","v":0},{"$error":"#VALUE!"},{"$f":"MIN(ROUNDDOWN(AJ190-FH190,0),ROUNDDOWN(P$21*0.3,0),ROUNDDOWN(SUM(SUMPRODUCT(I$4:I$15,L$4:L$15),SUMPRODUCT(System2!I$4:I$15,System2!L$4:L$15),SUMPRODUCT(System3!I$4:I$15,System3!L$4:L$15))*0.3,0))","v":{"$error":"#VALUE!"}},0,{"$error":"#VALUE!"},{"$error":"#VALUE!"},{"$error":"#VALUE!"},0,{"$error":"#VALUE!"},{"$error":"#VALUE!"},{"$error":"#VALUE!"},0,null,null,null,0,0,0,0,null,{"$error":"#VALUE!"},{"$error":"#VALUE!"},{"$error":"#VALUE!"},{"$error":"#VALUE!"},{"$error":"#VALUE!"},{"$error":"#VALUE!"},{"$error":"#VALUE!"},{"$error":"#VALUE!"},{"$error":"#VALUE!"},0,{"$error":"#VALUE!"},{"$error":"#VALUE!"},{"$error":"#VALUE!"},{"$error":"#VALUE!"},{"$error":"#VALUE!"},{"$error":"#VALUE!"},{"$error":"#VALUE!"},{"$error":"#VALUE!"},{"$error":"#VALUE!"},{"$error":"#VALUE!"},{"$error":"#VALUE!"},{"$error":"#VALUE!"},{"$error":"#VALUE!"},{"$error":"#VALUE!"},{"$error":"#VALUE!"},{"$error":"#VALUE!"},{"$error":"#VALUE!"},{"$error":"#VALUE!"},{"$error":"#VALUE!"},{"$error":"#VALUE!"},{"$error":"#VALUE!"},{"$error":"#VALUE!"},{"$error":"#VALUE!"},{"$error":"#VALUE!"},{"$error":"#VALUE!"},{"$error":"#VALUE!"},{"$error":"#VALUE!"},{"$error":"#VALUE!"},{"$error":"#VALUE!"},{"$error":"#VALUE!"},{"$error":"#VALUE!"},{"$f":"SUM(CQ190,System2!CQ190,System3!CQ190)","v":{"$error":"#VALUE!"}},{"$error":"#VALUE!"},{"$error":"#VALUE!"},{"$error":"#VALUE!"},{"$error":"#VALUE!"},{"$error":"#VALUE!"},{"$error":"#VALUE!"},{"$error":"#VALUE!"},{"$error":"#VALUE!"},{"$error":"#VALUE!"},{"$error":"#VALUE!"},{"$error":"#VALUE!"},{"$error":"#VALUE!"},{"$error":"#VALUE!"},{"$error":"#VALUE!"},{"$error":"#VALUE!"},{"$error":"#VALUE!"},{"$error":"#VALUE!"},{"$error":"#VALUE!"},{"$error":"#VALUE!"},{"$error":"#VALUE!"},{"$error":"#VALUE!"},{"$error":"#VALUE!"},{"$error":"#VALUE!"},{"$error":"#VALUE!"},{"$error":"#VALUE!"},{"$error":"#VALUE!"},{"$f":"SUM(DR190,System2!DR190,System3!DR190)","v":{"$error":"#VALUE!"}},{"$f":"DT$50","v":{"$error":"#VALUE!"}},{"$f":"DU$50","v":{"$error":"#VALUE!"}},{"$f":"DV$50","v":0},{"$f":"DW$50","v":{"$error":"#VALUE!"}},{"$error":"#VALUE!"},{"$error":"#VALUE!"},{"$error":"#VALUE!"},0,0,0,0,0,{"$error":"#VALUE!"},{"$f":"SUM(EF190,System2!EF190,System3!EF190)","v":{"$error":"#VALUE!"}},{"$error":"#VALUE!"},{"$error":"#VALUE!"},{"$error":"#VALUE!"},{"$error":"#VALUE!"},{"$error":"#VALUE!"},{"$error":"#VALUE!"},{"$error":"#VALUE!"},{"$error":"#VALUE!"},{"$error":"#VALUE!"},{"$error":"#VALUE!"},{"$error":"#VALUE!"},{"$error":"#VALUE!"},{"$error":"#VALUE!"},{"$error":"#VALUE!"},{"$error":"#VALUE!"},{"$error":"#VALUE!"},{"$error":"#VALUE!"},{"$error":"#VALUE!"},{"$error":"#VALUE!"},{"$error":"#VALUE!"},{"$error":"#VALUE!"},{"$error":"#VALUE!"},{"$error":"#VALUE!"},{"$error":"#VALUE!"},{"$error":"#VALUE!"},{"$error":"#VALUE!"},{"$f":"SUM(FG190,System2!FG190,System3!FG190)","v":{"$error":"#VALUE!"}},0,0,0,0,{"$error":"#VALUE!"},{"$error":"#VALUE!"},{"$error":"#VALUE!"},{"$error":"#VALUE!"},{"$error":"#VALUE!"},{"$error":"#VALUE!"},{"$error":"#VALUE!"},{"$error":"#VALUE!"},{"$error":"#VALUE!"},{"$error":"#VALUE!"},{"$error":"#VALUE!"},{"$error":"#VALUE!"},{"$error":"#VALUE!"},{"$error":"#VALUE!"},{"$error":"#VALUE!"},{"$error":"#VALUE!"},{"$error":"#VALUE!"},{"$error":"#VALUE!"},{"$error":"#VALUE!"},{"$error":"#VALUE!"},{"$f":"$GG$31*WaterFittings!BO165","v":{"$error":"#VALUE!"}},{"$f":"$GH$31*WaterFittings!BP165","v":{"$error":"#VALUE!"}},{"$f":"$GI$31*WaterFittings!BQ165","v":0},{"$f":"GJ$31*AirCond!BD164","v":{"$error":"#VALUE!"}},{"$f":"GK$31*AirCond!BE164","v":{"$error":"#VALUE!"}},{"$f":"GL$31*AirCond!BF164","v":{"$error":"#VALUE!"}},{"$f":"GM$31*AirCond!BG164","v":{"$error":"#VALUE!"}},{"$f":"GN$31*WaterFittings!BS165","v":0},{"$f":"GO$31*WaterFittings!BT165","v":0},{"$f":"GP$31*WaterFittings!BU165","v":0}]
[null,null,160,0,0,{"$error":"#VALUE!"},{"$error":"#VALUE!"},{"$error":"#VALUE!"},{"$error":"#VALUE!"},{"$error":"#VALUE!"},{"$error":"#VALUE!"},{"$error":"#VALUE!"},{"$error":"#VALUE!"},{"$error":"#VALUE!"},{"$error":"#VALUE!"},null,{"$error":"#VALUE!"},{"$error":"#VALUE!"},{"$error":"#VALUE!"},{"$error":"#VALUE!"},{"$error":"#VALUE!"},null,{"$error":"#VALUE!"},{"$error":"#VALUE!"},{"$error":"#VALUE!"},{"$error":"#VALUE!"},{"$error":"#VALUE!"},null,20,{"$f":"SUM(SUMPRODUCT(AF$20:AJ$20,Q191:U191),SUMPRODUCT(AF$20:AJ$20,System2!Q191:U191),SUMPRODUCT(AF$20:AJ$20,System3!Q191:U191))","v":{"$error":"#VALUE!"}},{"$f":"SUM(SUMPRODUCT(AF$21:AJ$21,W191:AA191),SUMPRODUCT(AF$21:AJ$21,System2!W191:AA191),SUMPRODUCT(AF$21:AJ$21,System3!W191:AA191))","v":{"$error":"#VALUE!"}},{"$f":"WaterFittings!BN166","v":{"$error":"#VALUE!"}},{"$error":"#VALUE!"},{"$error":"#VALUE!"},{"$f":"MIN(AirCond!BL165,P$21)","v":0},{"$error":"#VALUE!"},{"$f":"MIN(ROUNDDOWN(AJ191-FH191,0),ROUNDDOWN(P$21*0.3,0),ROUNDDOWN(SUM(SUMPRODUCT(I$4:I$15,L$4:L$15),SUMPRODUCT(System2!I$4:I$15,System2!L$4:L$15),SUMPRODUCT(System3!I$4:I$15,System3!L$4:L$15))*0.3,0))","v":{"$error":"#VALUE!"}},0,{"$error":"#VALUE!"},{"$error":"#VALUE!"},{"$error":"#VALUE!"},0,{"$error":"#VALUE!"},{"$error":"#VALUE!"},{"$error":"#VALUE!"},0,null,null,null,0,0,0,0,null,{"$error":"#VALUE!"},{"$error":"#VALUE!"},{"$error":"#VALUE!"},{"$error":"#VALUE!"},{"$error":"#VALUE!"},{"$error":"#VALUE!"},{"$error":"#VALUE!"},{"$error":"#VALUE!"},{"$error":"#VALUE!"},0,{"$error":"#VALUE!"},{"$error":"#VALUE!"},{"$error":"#VALUE!"},{"$error":"#VALUE!"},{"$error":"#VALUE!"},{"$error":"#VALUE!"},{"$error":"#VALUE!"},{"$error":"#VALUE!"},{"$error":"#VALUE!"},{"$error":"#VALUE!"},{"$error":"#VALUE!"},{"$error":"#VALUE!"},{"$error":"#VALUE!"},{"$error":"#VALUE!"},{"$error":"#VALUE!"},{"$error":"#VALUE!"},{"$error":"#VALUE!"},{"$error":"#VALUE!"},{"$error":"#VALUE!"},{"$error":"#VALUE!"},{"$error":"#VALUE!"},{"$error":"#VALUE!"},{"$error":"#VALUE!"},{"$error":"#VALUE!"},{"$error":"#VALUE!"},{"$error":"#VALUE!"},{"$error":"#VALUE!"},{"$error":"#VALUE!"},{"$error":"#VALUE!"},{"$error":"#VALUE!"},{"$error":"#VALUE!"},{"$f":"SUM(CQ191,System2!CQ191,System3!CQ191)","v":{"$error":"#VALUE!"}},{"$error":"#VALUE!"},{"$error":"#VALUE!"},{"$error":"#VALUE!"},{"$error":"#VALUE!"},{"$error":"#VALUE!"},{"$error":"#VALUE!"},{"$error":"#VALUE!"},{"$error":"#VALUE!"},{"$error":"#VALUE!"},{"$error":"#VALUE!"},{"$error":"#VALUE!"},{"$error":"#VALUE!"},{"$error":"#VALUE!"},{"$error":"#VALUE!"},{"$error":"#VALUE!"},{"$error":"#VALUE!"},{"$error":"#VALUE!"},{"$error":"#VALUE!"},{"$error":"#VALUE!"},{"$error":"#VALUE!"},{"$error":"#VALUE!"},{"$error":"#VALUE!"},{"$error":"#VALUE!"},{"$error":"#VALUE!"},{"$error":"#VALUE!"},{"$error":"#VALUE!"},{"$f":"SUM(DR191,System2!DR191,System3!DR191)","v":{"$error":"#VALUE!"}},{"$f":"DT$51","v":{"$error":"#VALUE!"}},{"$f":"DU$51","v":{"$error":"#VALUE!"}},{"$f":"DV$51","v":0},{"$f":"DW$51","v":{"$error":"#VALUE!"}},{"$error":"#VALUE!"},{"$error":"#VALUE!"},{"$error":"#VALUE!"},0,0,0,0,0,{"$error":"#VALUE!"},{"$f":"SUM(EF191,System2!EF191,System3!EF191)","v":{"$error":"#VALUE!"}},{"$error":"#VALUE!"},{"$error":"#VALUE!"},{"$error":"#VALUE!"},{"$error":"#VALUE!"},{"$error":"#VALUE!"},{"$error":"#VALUE!"},{"$error":"#VALUE!"},{"$error":"#VALUE!"},{"$error":"#VALUE!"},{"$error":"#VALUE!"},{"$error":"#VALUE!"},{"$error":"#VALUE!"},{"$error":"#VALUE!"},{"$error":"#VALUE!"},{"$error":"#VALUE!"},{"$error":"#VALUE!"},{"$error":"#VALUE!"},{"$error":"#VALUE!"},{"$error":"#VALUE!"},{"$error":"#VALUE!"},{"$error":"#VALUE!"},{"$error":"#VALUE!"},{"$error":"#VALUE!"},{"$error":"#VALUE!"},{"$error":"#VALUE!"},{"$error":"#VALUE!"},{"$f":"SUM(FG191,System2!FG191,System3!FG191)","v":{"$error":"#VALUE!"}},0,0,0,0,{"$error":"#VALUE!"},{"$error":"#VALUE!"},{"$error":"#VALUE!"},{"$error":"#VALUE!"},{"$error":"#VALUE!"},{"$error":"#VALUE!"},{"$error":"#VALUE!"},{"$error":"#VALUE!"},{"$error":"#VALUE!"},{"$error":"#VALUE!"},{"$error":"#VALUE!"},{"$error":"#VALUE!"},{"$error":"#VALUE!"},{"$error":"#VALUE!"},{"$error":"#VALUE!"},{"$error":"#VALUE!"},{"$error":"#VALUE!"},{"$error":"#VALUE!"},{"$error":"#VALUE!"},{"$error":"#VALUE!"},{"$f":"$GG$31*WaterFittings!BO166","v":{"$error":"#VALUE!"}},{"$f":"$GH$31*WaterFittings!BP166","v":{"$error":"#VALUE!"}},{"$f":"$GI$31*WaterFittings!BQ166","v":0},{"$f":"GJ$31*AirCond!BD165","v":{"$error":"#VALUE!"}},{"$f":"GK$31*AirCond!BE165","v":{"$error":"#VALUE!"}},{"$f":"GL$31*AirCond!BF165","v":{"$error":"#VALUE!"}},{"$f":"GM$31*AirCond!BG165","v":{"$error":"#VALUE!"}},{"$f":"GN$31*WaterFittings!BS166","v":0},{"$f":"GO$31*WaterFittings!BT166","v":0},{"$f":"GP$31*WaterFittings!BU166","v":0}]
[null,null,161,5.5,0,{"$error":"#VALUE!"},{"$error":"#VALUE!"},{"$error":"#VALUE!"},{"$error":"#VALUE!"},{"$error":"#VALUE!"},{"$error":"#VALUE!"},{"$error":"#VALUE!"},{"$error":"#VALUE!"},{"$error":"#VALUE!"},{"$error":"#VALUE!"},null,{"$error":"#VALUE!"},{"$error":"#VALUE!"},{"$error":"#VALUE!"},{"$error":"#VALUE!"},{"$error":"#VALUE!"},null,{"$error":"#VALUE!"},{"$error":"#VALUE!"},{"$error":"#VALUE!"},{"$error":"#VALUE!"},{"$error":"#VALUE!"},null,21,{"$f":"SUM(SUMPRODUCT(AF$20:AJ$20,Q192:U192),SUMPRODUCT(AF$20:AJ$20,System2!Q192:U192),SUMPRODUCT(AF$20:AJ$20,System3!Q192:U192))","v":{"$error":"#VALUE!"}},{"$f":"SUM(SUMPRODUCT(AF$21:AJ$21,W192:AA192),SUMPRODUCT(AF$21:AJ$21,System2!W192:AA192),SUMPRODUCT(AF$21:AJ$21,System3!W192:AA192))","v":{"$error":"#VALUE!"}},{"$f":"WaterFittings!BN167","v":{"$error":"#VALUE!"}},{"$error":"#VALUE!"},{"$error":"#VALUE!"},{"$f":"MIN(AirCond!BL166,P$21)","v":0},{"$error":"#VALUE!"},{"$f":"MIN(ROUNDDOWN(AJ192-FH192,0),ROUNDDOWN(P$21*0.3,0),ROUNDDOWN(SUM(SUMPRODUCT(I$4:I$15,L$4:L$15),SUMPRODUCT(System2!I$4:I$15,System2!L$4:L$15),SUMPRODUCT(System3!I$4:I$15,System3!L$4:L$15))*0.3,0))","v":{"$error":"#VALUE!"}},0,{"$error":"#VALUE!"},{"$error":"#VALUE!"},{"$error":"#VALUE!"},0,{"$error":"#VALUE!"},{"$error":"#VALUE!"},{"$error":"#VALUE!"},0,null,null,null,0,0,0,0,null,{"$error":"#VALUE!"},{"$error":"#VALUE!"},{"$error":"#VALUE!"},{"$error":"#VALUE!"},{"$error":"#VALUE!"},{"$error":"#VALUE!"},{"$error":"#VALUE!"},{"$error":"#VALUE!"},{"$error":"#VALUE!"},0,{"$error":"#VALUE!"},{"$error":"#VALUE!"},{"$error":"#VALUE!"},{"$error":"#VALUE!"},{"$error":"#VALUE!"},{"$error":"#VALUE!"},{"$error":"#VALUE!"},{"$error":"#VALUE!"},{"$error":"#VALUE!"},{"$error":"#VALUE!"},{"$error":"#VALUE!"},{"$error":"#VALUE!"},{"$error":"#VALUE!"},{"$error":"#VALUE!"},{"$error":"#VALUE!"},{"$error":"#VALUE!"},{"$error":"#VALUE!"},{"$error":"#VALUE!"},{"$error":"#VALUE!"},{"$error":"#VALUE!"},{"$error":"#VALUE!"},{"$error":"#VALUE!"},{"$error":"#VALUE!"},{"$error":"#VALUE!"},{"$error":"#VALUE!"},{"$error":"#VALUE!"},{"$error":"#VALUE!"},{"$error":"#VALUE!"},{"$error":"#VALUE!"},{"$error":"#VALUE!"},{"$error":"#VALUE!"},{"$f":"SUM(CQ192,System2!CQ192,System3!CQ192)","v":{"$error":"#VALUE!"}},{"$error":"#VALUE!"},{"$error":"#VALUE!"},{"$error":"#VALUE!"},{"$error":"#VALUE!"},{"$error":"#VALUE!"},{"$error":"#VALUE!"},{"$error":"#VALUE!"},{"$error":"#VALUE!"},{"$error":"#VALUE!"},{"$error":"#VALUE!"},{"$error":"#VALUE!"},{"$error":"#VALUE!"},{"$error":"#VALUE!"},{"$error":"#VALUE!"},{"$error":"#VALUE!"},{"$error":"#VALUE!"},{"$error":"#VALUE!"},{"$error":"#VALUE!"},{"$error":"#VALUE!"},{"$error":"#VALUE!"},{"$error":"#VALUE!"},{"$error":"#VALUE!"},{"$error":"#VALUE!"},{"$error":"#VALUE!"},{"$error":"#VALUE!"},{"$error":"#VALUE!"},{"$f":"SUM(DR192,System2!DR192,System3!DR192)","v":{"$error":"#VALUE!"}},{"$f":"DT$52","v":{"$error":"#VALUE!"}},{"$f":"DU$52","v":{"$error":"#VALUE!"}},{"$f":"DV$52","v":0},{"$f":"DW$52","v":{"$error":"#VALUE!"}},{"$error":"#VALUE!"},{"$error":"#VALUE!"},{"$error":"#VALUE!"},0,0,0,0,0,{"$error":"#VALUE!"},{"$f":"SUM(EF192,System2!EF192,System3!EF192)","v":{"$error":"#VALUE!"}},{"$error":"#VALUE!"},{"$error":"#VALUE!"},{"$error":"#VALUE!"},{"$error":"#VALUE!"},{"$error":"#VALUE!"},{"$error":"#VALUE!"},{"$error":"#VALUE!"},{"$error":"#VALUE!"},{"$error":"#VALUE!"},{"$error":"#VALUE!"},{"$error":"#VALUE!"},{"$error":"#VALUE!"},{"$error":"#VALUE!"},{"$error":"#VALUE!"},{"$error":"#VALUE!"},{"$error":"#VALUE!"},{"$error":"#VALUE!"},{"$error":"#VALUE!"},{"$error":"#VALUE!"},{"$error":"#VALUE!"},{"$error":"#VALUE!"},{"$error":"#VALUE!"},{"$error":"#VALUE!"},{"$error":"#VALUE!"},{"$error":"#VALUE!"},{"$error":"#VALUE!"},{"$f":"SUM(FG192,System2!FG192,System3!FG192)","v":{"$error":"#VALUE!"}},0,0,0,0,{"$error":"#VALUE!"},{"$error":"#VALUE!"},{"$error":"#VALUE!"},{"$error":"#VALUE!"},{"$error":"#VALUE!"},{"$error":"#VALUE!"},{"$error":"#VALUE!"},{"$error":"#VALUE!"},{"$error":"#VALUE!"},{"$error":"#VALUE!"},{"$error":"#VALUE!"},{"$error":"#VALUE!"},{"$error":"#VALUE!"},{"$error":"#VALUE!"},{"$error":"#VALUE!"},{"$error":"#VALUE!"},{"$error":"#VALUE!"},{"$error":"#VALUE!"},{"$error":"#VALUE!"},{"$error":"#VALUE!"},{"$f":"$GG$31*WaterFittings!BO167","v":{"$error":"#VALUE!"}},{"$f":"$GH$31*WaterFittings!BP167","v":{"$error":"#VALUE!"}},{"$f":"$GI$31*WaterFittings!BQ167","v":0},{"$f":"GJ$31*AirCond!BD166","v":{"$error":"#VALUE!"}},{"$f":"GK$31*AirCond!BE166","v":{"$error":"#VALUE!"}},{"$f":"GL$31*AirCond!BF166","v":{"$error":"#VALUE!"}},{"$f":"GM$31*AirCond!BG166","v":{"$error":"#VALUE!"}},{"$f":"GN$31*WaterFittings!BS167","v":0},{"$f":"GO$31*WaterFittings!BT167","v":0},{"$f":"GP$31*WaterFittings!BU167","v":0}]
[null,null,162,0,0,{"$error":"#VALUE!"},{"$error":"#VALUE!"},{"$error":"#VALUE!"},{"$error":"#VALUE!"},{"$error":"#VALUE!"},{"$error":"#VALUE!"},{"$error":"#VALUE!"},{"$error":"#VALUE!"},{"$error":"#VALUE!"},{"$error":"#VALUE!"},null,{"$error":"#VALUE!"},{"$error":"#VALUE!"},{"$error":"#VALUE!"},{"$error":"#VALUE!"},{"$error":"#VALUE!"},null,{"$error":"#VALUE!"},{"$error":"#VALUE!"},{"$error":"#VALUE!"},{"$error":"#VALUE!"},{"$f":"ROUNDDOWN(FF193,0)","v":{"$error":"#VALUE!"}},null,22,{"$f":"SUM(SUMPRODUCT(AF$20:AJ$20,Q193:U193),SUMPRODUCT(AF$20:AJ$20,System2!Q193:U193),SUMPRODUCT(AF$20:AJ$20,System3!Q193:U193))","v":{"$error":"#VALUE!"}},{"$f":"SUM(SUMPRODUCT(AF$21:AJ$21,W193:AA193),SUMPRODUCT(AF$21:AJ$21,System2!W193:AA193),SUMPRODUCT(AF$21:AJ$21,System3!W193:AA193))","v":{"$error":"#VALUE!"}},{"$f":"WaterFittings!BN168","v":{"$error":"#VALUE!"}},{"$error":"#VALUE!"},{"$error":"#VALUE!"},{"$f":"MIN(AirCond!BL167,P$21)","v":0},{"$error":"#VALUE!"},{"$f":"MIN(ROUNDDOWN(AJ193-FH193,0),ROUNDDOWN(P$21*0.3,0),ROUNDDOWN(SUM(SUMPRODUCT(I$4:I$15,L$4:L$15),SUMPRODUCT(System2!I$4:I$15,System2!L$4:L$15),SUMPRODUCT(System3!I$4:I$15,System3!L$4:L$15))*0.3,0))","v":{"$error":"#VALUE!"}},0,{"$error":"#VALUE!"},{"$error":"#VALUE!"},{"$error":"#VALUE!"},0,{"$error":"#VALUE!"},{"$error":"#VALUE!"},{"$error":"#VALUE!"},0,null,null,null,0,0,0,0,null,{"$error":"#VALUE!"},{"$error":"#VALUE!"},{"$error":"#VALUE!"},{"$error":"#VALUE!"},{"$error":"#VALUE!"},{"$error":"#VALUE!"},{"$error":"#VALUE!"},{"$error":"#VALUE!"},{"$error":"#VALUE!"},0,{"$error":"#VALUE!"},{"$error":"#VALUE!"},{"$error":"#VALUE!"},{"$error":"#VALUE!"},{"$error":"#VALUE!"},{"$error":"#VALUE!"},{"$error":"#VALUE!"},{"$error":"#VALUE!"},{"$error":"#VALUE!"},{"$error":"#VALUE!"},{"$error":"#VALUE!"},{"$error":"#VALUE!"},{"$error":"#VALUE!"},{"$error":"#VALUE!"},{"$error":"#VALUE!"},{"$error":"#VALUE!"},{"$error":"#VALUE!"},{"$error":"#VALUE!"},{"$error":"#VALUE!"},{"$error":"#VALUE!"},{"$error":"#VALUE!"},{"$error":"#VALUE!"},{"$error":"#VALUE!"},{"$error":"#VALUE!"},{"$error":"#VALUE!"},{"$error":"#VALUE!"},{"$error":"#VALUE!"},{"$error":"#VALUE!"},{"$error":"#VALUE!"},{"$error":"#VALUE!"},{"$error":"#VALUE!"},{"$f":"SUM(CQ193,System2!CQ193,System3!CQ193)","v":{"$error":"#VALUE!"}},{"$error":"#VALUE!"},{"$error":"#VALUE!"},{"$error":"#VALUE!"},{"$error":"#VALUE!"},{"$error":"#VALUE!"},{"$error":"#VALUE!"},{"$error":"#VALUE!"},{"$error":"#VALUE!"},{"$error":"#VALUE!"},{"$error":"#VALUE!"},{"$error":"#VALUE!"},{"$error":"#VALUE!"},{"$error":"#VALUE!"},{"$error":"#VALUE!"},{"$error":"#VALUE!"},{"$error":"#VALUE!"},{"$error":"#VALUE!"},{"$error":"#VALUE!"},{"$error":"#VALUE!"},{"$error":"#VALUE!"},{"$error":"#VALUE!"},{"$error":"#VALUE!"},{"$error":"#VALUE!"},{"$error":"#VALUE!"},{"$error":"#VALUE!"},{"$error":"#VALUE!"},{"$f":"SUM(DR193,System2!DR193,System3!DR193)","v":{"$error":"#VALUE!"}},{"$f":"DT$53","v":{"$error":"#VALUE!"}},{"$f":"DU$53","v":{"$error":"#VALUE!"}},{"$f":"DV$53","v":0},{"$f":"DW$53","v":{"$error":"#VALUE!"}},{"$error":"#VALUE!"},{"$error":"#VALUE!"},{"$error":"#VALUE!"},0,0,0,0,0,{"$error":"#VALUE!"},{"$f":"SUM(EF193,System2!EF193,System3!EF193)","v":{"$error":"#VALUE!"}},{"$error":"#VALUE!"},{"$error":"#VALUE!"},{"$error":"#VALUE!"},{"$error":"#VALUE!"},{"$error":"#VALUE!"},{"$error":"#VALUE!"},{"$error":"#VALUE!"},{"$error":"#VALUE!"},{"$error":"#VALUE!"},{"$error":"#VALUE!"},{"$error":"#VALUE!"},{"$error":"#VALUE!"},{"$error":"#VALUE!"},{"$error":"#VALUE!"},{"$error":"#VALUE!"},{"$error":"#VALUE!"},{"$error":"#VALUE!"},{"$error":"#VALUE!"},{"$error":"#VALUE!"},{"$error":"#VALUE!"},{"$error":"#VALUE!"},{"$error":"#VALUE!"},{"$error":"#VALUE!"},{"$error":"#VALUE!"},{"$error":"#VALUE!"},{"$error":"#VALUE!"},{"$f":"SUM(FG193,System2!FG193,System3!FG193)","v":{"$error":"#VALUE!"}},0,0,0,0,{"$error":"#VALUE!"},{"$error":"#VALUE!"},{"$error":"#VALUE!"},{"$error":"#VALUE!"},{"$error":"#VALUE!"},{"$error":"#VALUE!"},{"$error":"#VALUE!"},{"$error":"#VALUE!"},{"$error":"#VALUE!"},{"$error":"#VALUE!"},{"$error":"#VALUE!"},{"$error":"#VALUE!"},{"$error":"#VALUE!"},{"$error":"#VALUE!"},{"$error":"#VALUE!"},{"$error":"#VALUE!"},{"$error":"#VALUE!"},{"$error":"#VALUE!"},{"$error":"#VALUE!"},{"$error":"#VALUE!"},{"$f":"$GG$31*WaterFittings!BO168","v":{"$error":"#VALUE!"}},{"$f":"$GH$31*WaterFittings!BP168","v":{"$error":"#VALUE!"}},{"$f":"$GI$31*WaterFittings!BQ168","v":0},{"$f":"GJ$31*AirCond!BD167","v":{"$error":"#VALUE!"}},{"$f":"GK$31*AirCond!BE167","v":{"$error":"#VALUE!"}},{"$f":"GL$31*AirCond!BF167","v":{"$error":"#VALUE!"}},{"$f":"GM$31*AirCond!BG167","v":{"$error":"#VALUE!"}},{"$f":"GN$31*WaterFittings!BS168","v":0},{"$f":"GO$31*WaterFittings!BT168","v":0},{"$f":"GP$31*WaterFittings!BU168","v":0}]
[null,null,{"$f":"C193+1","v":163},0,0,{"$error":"#VALUE!"},{"$error":"#VALUE!"},{"$error":"#VALUE!"},{"$error":"#VALUE!"},{"$error":"#VALUE!"},{"$error":"#VALUE!"},{"$error":"#VALUE!"},{"$error":"#VALUE!"},{"$error":"#VALUE!"},{"$error":"#VALUE!"},null,{"$error":"#VALUE!"},{"$error":"#VALUE!"},{"$error":"#VALUE!"},{"$error":"#VALUE!"},{"$error":"#VALUE!"},null,{"$error":"#VALUE!"},{"$error":"#VALUE!"},{"$error":"#VALUE!"},{"$error":"#VALUE!"},{"$error":"#VALUE!"},null,23,{"$f":"SUM(SUMPRODUCT(AF$20:AJ$20,Q194:U194),SUMPRODUCT(AF$20:AJ$20,System2!Q194:U194),SUMPRODUCT(AF$20:AJ$20,System3!Q194:U194))","v":{"$error":"#VALUE!"}},{"$f":"SUM(SUMPRODUCT(AF$21:AJ$21,W194:AA194),SUMPRODUCT(AF$21:AJ$21,System2!W194:AA194),SUMPRODUCT(AF$21:AJ$21,System3!W194:AA194))","v":{"$error":"#VALUE!"}},{"$f":"WaterFittings!BN169","v":{"$error":"#VALUE!"}},{"$error":"#VALUE!"},{"$error":"#VALUE!"},{"$f":"MIN(AirCond!BL168,P$21)","v":0},{"$error":"#VALUE!"},{"$f":"MIN(ROUNDDOWN(AJ194-FH194,0),ROUNDDOWN(P$21*0.3,0),ROUNDDOWN(SUM(SUMPRODUCT(I$4:I$15,L$4:L$15),SUMPRODUCT(System2!I$4:I$15,System2!L$4:L$15),SUMPRODUCT(System3!I$4:I$15,System3!L$4:L$15))*0.3,0))","v":{"$error":"#VALUE!"}},0,{"$error":"#VALUE!"},{"$error":"#VALUE!"},{"$error":"#VALUE!"},0,{"$error":"#VALUE!"},{"$error":"#VALUE!"},{"$error":"#VALUE!"},0,null,null,null,0,0,0,0,null,{"$error":"#VALUE!"},{"$error":"#VALUE!"},{"$error":"#VALUE!"},{"$error":"#VALUE!"},{"$error":"#VALUE!"},{"$error":"#VALUE!"},{"$error":"#VALUE!"},{"$error":"#VALUE!"},{"$error":"#VALUE!"},0,{"$error":"#VALUE!"},{"$error":"#VALUE!"},{"$error":"#VALUE!"},{"$error":"#VALUE!"},{"$error":"#VALUE!"},{"$error":"#VALUE!"},{"$error":"#VALUE!"},{"$error":"#VALUE!"},{"$error":"#VALUE!"},{"$error":"#VALUE!"},{"$error":"#VALUE!"},{"$error":"#VALUE!"},{"$error":"#VALUE!"},{"$error":"#VALUE!"},{"$error":"#VALUE!"},{"$error":"#VALUE!"},{"$error":"#VALUE!"},{"$error":"#VALUE!"},{"$error":"#VALUE!"},{"$error":"#VALUE!"},{"$error":"#VALUE!"},{"$error":"#VALUE!"},{"$error":"#VALUE!"},{"$error":"#VALUE!"},{"$error":"#VALUE!"},{"$error":"#VALUE!"},{"$error":"#VALUE!"},{"$error":"#VALUE!"},{"$error":"#VALUE!"},{"$error":"#VALUE!"},{"$error":"#VALUE!"},{"$f":"SUM(CQ194,System2!CQ194,System3!CQ194)","v":{"$error":"#VALUE!"}},{"$error":"#VALUE!"},{"$error":"#VALUE!"},{"$error":"#VALUE!"},{"$error":"#VALUE!"},{"$error":"#VALUE!"},{"$error":"#VALUE!"},{"$error":"#VALUE!"},{"$error":"#VALUE!"},{"$error":"#VALUE!"},{"$error":"#VALUE!"},{"$error":"#VALUE!"},{"$error":"#VALUE!"},{"$error":"#VALUE!"},{"$error":"#VALUE!"},{"$error":"#VALUE!"},{"$error":"#VALUE!"},{"$error":"#VALUE!"},{"$error":"#VALUE!"},{"$error":"#VALUE!"},{"$error":"#VALUE!"},{"$error":"#VALUE!"},{"$error":"#VALUE!"},{"$error":"#VALUE!"},{"$error":"#VALUE!"},{"$error":"#VALUE!"},{"$error":"#VALUE!"},{"$f":"SUM(DR194,System2!DR194,System3!DR194)","v":{"$error":"#VALUE!"}},{"$f":"DT$54","v":{"$error":"#VALUE!"}},{"$f":"DU$54","v":{"$error":"#VALUE!"}},{"$f":"DV$54","v":0},{"$f":"DW$54","v":{"$error":"#VALUE!"}},{"$error":"#VALUE!"},{"$error":"#VALUE!"},{"$error":"#VALUE!"},0,0,0,0,0,{"$error":"#VALUE!"},{"$f":"SUM(EF194,System2!EF194,System3!EF194)","v":{"$error":"#VALUE!"}},{"$error":"#VALUE!"},{"$error":"#VALUE!"},{"$error":"#VALUE!"},{"$error":"#VALUE!"},{"$error":"#VALUE!"},{"$error":"#VALUE!"},{"$error":"#VALUE!"},{"$error":"#VALUE!"},{"$error":"#VALUE!"},{"$error":"#VALUE!"},{"$error":"#VALUE!"},{"$error":"#VALUE!"},{"$error":"#VALUE!"},{"$error":"#VALUE!"},{"$error":"#VALUE!"},{"$error":"#VALUE!"},{"$error":"#VALUE!"},{"$error":"#VALUE!"},{"$error":"#VALUE!"},{"$error":"#VALUE!"},{"$error":"#VALUE!"},{"$error":"#VALUE!"},{"$error":"#VALUE!"},{"$error":"#VALUE!"},{"$error":"#VALUE!"},{"$error":"#VALUE!"},{"$f":"SUM(FG194,System2!FG194,System3!FG194)","v":{"$error":"#VALUE!"}},0,0,0,0,{"$error":"#VALUE!"},{"$error":"#VALUE!"},{"$error":"#VALUE!"},{"$error":"#VALUE!"},{"$error":"#VALUE!"},{"$error":"#VALUE!"},{"$error":"#VALUE!"},{"$error":"#VALUE!"},{"$error":"#VALUE!"},{"$error":"#VALUE!"},{"$error":"#VALUE!"},{"$error":"#VALUE!"},{"$error":"#VALUE!"},{"$error":"#VALUE!"},{"$error":"#VALUE!"},{"$error":"#VALUE!"},{"$error":"#VALUE!"},{"$error":"#VALUE!"},{"$error":"#VALUE!"},{"$error":"#VALUE!"},{"$f":"$GG$31*WaterFittings!BO169","v":{"$error":"#VALUE!"}},{"$f":"$GH$31*WaterFittings!BP169","v":{"$error":"#VALUE!"}},{"$f":"$GI$31*WaterFittings!BQ169","v":0},{"$f":"GJ$31*AirCond!BD168","v":{"$error":"#VALUE!"}},{"$f":"GK$31*AirCond!BE168","v":{"$error":"#VALUE!"}},{"$f":"GL$31*AirCond!BF168","v":{"$error":"#VALUE!"}},{"$f":"GM$31*AirCond!BG168","v":{"$error":"#VALUE!"}},{"$f":"GN$31*WaterFittings!BS169","v":0},{"$f":"GO$31*WaterFittings!BT169","v":0},{"$f":"GP$31*WaterFittings!BU169","v":0}]
[null,null,164,0.5,0,{"$error":"#VALUE!"},{"$error":"#VALUE!"},{"$error":"#VALUE!"},{"$error":"#VALUE!"},{"$error":"#VALUE!"},{"$error":"#VALUE!"},{"$error":"#VALUE!"},{"$error":"#VALUE!"},{"$error":"#VALUE!"},{"$error":"#VALUE!"},null,{"$error":"#VALUE!"},{"$error":"#VALUE!"},{"$error":"#VALUE!"},{"$error":"#VALUE!"},{"$error":"#VALUE!"},null,{"$error":"#VALUE!"},{"$error":"#VALUE!"},{"$error":"#VALUE!"},{"$error":"#VALUE!"},{"$error":"#VALUE!"},null,24,{"$f":"SUM(SUMPRODUCT(AF$20:AJ$20,Q195:U195),SUMPRODUCT(AF$20:AJ$20,System2!Q195:U195),SUMPRODUCT(AF$20:AJ$20,System3!Q195:U195))","v":{"$error":"#VALUE!"}},{"$f":"SUM(SUMPRODUCT(AF$21:AJ$21,W195:AA195),SUMPRODUCT(AF$21:AJ$21,System2!W195:AA195),SUMPRODUCT(AF$21:AJ$21,System3!W195:AA195))","v":{"$error":"#VALUE!"}},{"$f":"WaterFittings!BN170","v":{"$error":"#VALUE!"}},{"$error":"#VALUE!"},{"$error":"#VALUE!"},{"$f":"MIN(AirCond!BL169,P$21)","v":0},{"$error":"#VALUE!"},{"$f":"MIN(ROUNDDOWN(AJ195-FH195,0),ROUNDDOWN(P$21*0.3,0),ROUNDDOWN(SUM(SUMPRODUCT(I$4:I$15,L$4:L$15),SUMPRODUCT(System2!I$4:I$15,System2!L$4:L$15),SUMPRODUCT(System3!I$4:I$15,System3!L$4:L$15))*0.3,0))","v":{"$error":"#VALUE!"}},0,{"$error":"#VALUE!"},{"$error":"#VALUE!"},{"$error":"#VALUE!"},0,{"$error":"#VALUE!"},{"$error":"#VALUE!"},{"$error":"#VALUE!"},0,null,null,null,0,0,0,0,null,{"$error":"#VALUE!"},{"$error":"#VALUE!"},{"$error":"#VALUE!"},{"$error":"#VALUE!"},{"$error":"#VALUE!"},{"$error":"#VALUE!"},{"$error":"#VALUE!"},{"$error":"#VALUE!"},{"$error":"#VALUE!"},0,{"$error":"#VALUE!"},{"$error":"#VALUE!"},{"$error":"#VALUE!"},{"$error":"#VALUE!"},{"$error":"#VALUE!"},{"$error":"#VALUE!"},{"$error":"#VALUE!"},{"$error":"#VALUE!"},{"$error":"#VALUE!"},{"$error":"#VALUE!"},{"$error":"#VALUE!"},{"$error":"#VALUE!"},{"$error":"#VALUE!"},{"$error":"#VALUE!"},{"$error":"#VALUE!"},{"$error":"#VALUE!"},{"$error":"#VALUE!"},{"$error":"#VALUE!"},{"$error":"#VALUE!"},{"$error":"#VALUE!"},{"$error":"#VALUE!"},{"$error":"#VALUE!"},{"$error":"#VALUE!"},{"$error":"#VALUE!"},{"$error":"#VALUE!"},{"$error":"#VALUE!"},{"$error":"#VALUE!"},{"$error":"#VALUE!"},{"$error":"#VALUE!"},{"$error":"#VALUE!"},{"$error":"#VALUE!"},{"$f":"SUM(CQ195,System2!CQ195,System3!CQ195)","v":{"$error":"#VALUE!"}},{"$error":"#VALUE!"},{"$error":"#VALUE!"},{"$error":"#VALUE!"},{"$error":"#VALUE!"},{"$error":"#VALUE!"},{"$error":"#VALUE!"},{"$error":"#VALUE!"},{"$error":"#VALUE!"},{"$error":"#VALUE!"},{"$error":"#VALUE!"},{"$error":"#VALUE!"},{"$error":"#VALUE!"},{"$error":"#VALUE!"},{"$error":"#VALUE!"},{"$error":"#VALUE!"},{"$error":"#VALUE!"},{"$error":"#VALUE!"},{"$error":"#VALUE!"},{"$error":"#VALUE!"},{"$error":"#VALUE!"},{"$error":"#VALUE!"},{"$error":"#VALUE!"},{"$error":"#VALUE!"},{"$error":"#VALUE!"},{"$error":"#VALUE!"},{"$error":"#VALUE!"},{"$f":"SUM(DR195,System2!DR195,System3!DR195)","v":{"$error":"#VALUE!"}},{"$f":"DT$55","v":{"$error":"#VALUE!"}},{"$f":"DU$55","v":{"$error":"#VALUE!"}},{"$f":"DV$55","v":0},{"$f":"DW$55","v":{"$error":"#VALUE!"}},{"$error":"#VALUE!"},{"$error":"#VALUE!"},{"$error":"#VALUE!"},0,0,0,0,0,{"$error":"#VALUE!"},{"$f":"SUM(EF195,System2!EF195,System3!EF195)","v":{"$error":"#VALUE!"}},{"$error":"#VALUE!"},{"$error":"#VALUE!"},{"$error":"#VALUE!"},{"$error":"#VALUE!"},{"$error":"#VALUE!"},{"$error":"#VALUE!"},{"$error":"#VALUE!"},{"$error":"#VALUE!"},{"$error":"#VALUE!"},{"$error":"#VALUE!"},{"$error":"#VALUE!"},{"$error":"#VALUE!"},{"$error":"#VALUE!"},{"$error":"#VALUE!"},{"$error":"#VALUE!"},{"$error":"#VALUE!"},{"$error":"#VALUE!"},{"$error":"#VALUE!"},{"$error":"#VALUE!"},{"$error":"#VALUE!"},{"$error":"#VALUE!"},{"$error":"#VALUE!"},{"$error":"#VALUE!"},{"$error":"#VALUE!"},{"$error":"#VALUE!"},{"$error":"#VALUE!"},{"$f":"SUM(FG195,System2!FG195,System3!FG195)","v":{"$error":"#VALUE!"}},0,0,0,0,{"$error":"#VALUE!"},{"$error":"#VALUE!"},{"$error":"#VALUE!"},{"$error":"#VALUE!"},{"$error":"#VALUE!"},{"$error":"#VALUE!"},{"$error":"#VALUE!"},{"$error":"#VALUE!"},{"$error":"#VALUE!"},{"$error":"#VALUE!"},{"$error":"#VALUE!"},{"$error":"#VALUE!"},{"$error":"#VALUE!"},{"$error":"#VALUE!"},{"$error":"#VALUE!"},{"$error":"#VALUE!"},{"$error":"#VALUE!"},{"$error":"#VALUE!"},{"$error":"#VALUE!"},{"$error":"#VALUE!"},{"$f":"$GG$31*WaterFittings!BO170","v":{"$error":"#VALUE!"}},{"$f":"$GH$31*WaterFittings!BP170","v":{"$error":"#VALUE!"}},{"$f":"$GI$31*WaterFittings!BQ170","v":0},{"$f":"GJ$31*AirCond!BD169","v":{"$error":"#VALUE!"}},{"$f":"GK$31*AirCond!BE169","v":{"$error":"#VALUE!"}},{"$f":"GL$31*AirCond!BF169","v":{"$error":"#VALUE!"}},{"$f":"GM$31*AirCond!BG169","v":{"$error":"#VALUE!"}},{"$f":"GN$31*WaterFittings!BS170","v":0},{"$f":"GO$31*WaterFittings!BT170","v":0},{"$f":"GP$31*WaterFittings!BU170","v":0}]
[null,null,165,0,0,{"$error":"#VALUE!"},{"$error":"#VALUE!"},{"$error":"#VALUE!"},{"$error":"#VALUE!"},{"$error":"#VALUE!"},{"$error":"#VALUE!"},{"$error":"#VALUE!"},{"$error":"#VALUE!"},{"$error":"#VALUE!"},{"$error":"#VALUE!"},null,{"$error":"#VALUE!"},{"$error":"#VALUE!"},{"$error":"#VALUE!"},{"$error":"#VALUE!"},{"$error":"#VALUE!"},null,{"$error":"#VALUE!"},{"$error":"#VALUE!"},{"$error":"#VALUE!"},{"$error":"#VALUE!"},{"$error":"#VALUE!"},null,25,{"$f":"SUM(SUMPRODUCT(AF$20:AJ$20,Q196:U196),SUMPRODUCT(AF$20:AJ$20,System2!Q196:U196),SUMPRODUCT(AF$20:AJ$20,System3!Q196:U196))","v":{"$error":"#VALUE!"}},{"$f":"SUM(SUMPRODUCT(AF$21:AJ$21,W196:AA196),SUMPRODUCT(AF$21:AJ$21,System2!W196:AA196),SUMPRODUCT(AF$21:AJ$21,System3!W196:AA196))","v":{"$error":"#VALUE!"}},{"$f":"WaterFittings!BN171","v":{"$error":"#VALUE!"}},{"$error":"#VALUE!"},{"$error":"#VALUE!"},{"$f":"MIN(AirCond!BL170,P$21)","v":0},{"$error":"#VALUE!"},{"$f":"MIN(ROUNDDOWN(AJ196-FH196,0),ROUNDDOWN(P$21*0.3,0),ROUNDDOWN(SUM(SUMPRODUCT(I$4:I$15,L$4:L$15),SUMPRODUCT(System2!I$4:I$15,System2!L$4:L$15),SUMPRODUCT(System3!I$4:I$15,System3!L$4:L$15))*0.3,0))","v":{"$error":"#VALUE!"}},0,{"$error":"#VALUE!"},{"$error":"#VALUE!"},{"$error":"#VALUE!"},0,{"$error":"#VALUE!"},{"$error":"#VALUE!"},{"$error":"#VALUE!"},0,null,null,null,0,0,0,0,null,{"$error":"#VALUE!"},{"$error":"#VALUE!"},{"$error":"#VALUE!"},{"$error":"#VALUE!"},{"$error":"#VALUE!"},{"$error":"#VALUE!"},{"$error":"#VALUE!"},{"$error":"#VALUE!"},{"$error":"#VALUE!"},0,{"$error":"#VALUE!"},{"$error":"#VALUE!"},{"$error":"#VALUE!"},{"$error":"#VALUE!"},{"$error":"#VALUE!"},{"$error":"#VALUE!"},{"$error":"#VALUE!"},{"$error":"#VALUE!"},{"$error":"#VALUE!"},{"$error":"#VALUE!"},{"$error":"#VALUE!"},{"$error":"#VALUE!"},{"$error":"#VALUE!"},{"$error":"#VALUE!"},{"$error":"#VALUE!"},{"$error":"#VALUE!"},{"$error":"#VALUE!"},{"$error":"#VALUE!"},{"$error":"#VALUE!"},{"$error":"#VALUE!"},{"$error":"#VALUE!"},{"$error":"#VALUE!"},{"$error":"#VALUE!"},{"$error":"#VALUE!"},{"$error":"#VALUE!"},{"$error":"#VALUE!"},{"$error":"#VALUE!"},{"$error":"#VALUE!"},{"$error":"#VALUE!"},{"$error":"#VALUE!"},{"$error":"#VALUE!"},{"$f":"SUM(CQ196,System2!CQ196,System3!CQ196)","v":{"$error":"#VALUE!"}},{"$error":"#VALUE!"},{"$error":"#VALUE!"},{"$error":"#VALUE!"},{"$error":"#VALUE!"},{"$error":"#VALUE!"},{"$error":"#VALUE!"},{"$error":"#VALUE!"},{"$error":"#VALUE!"},{"$error":"#VALUE!"},{"$error":"#VALUE!"},{"$error":"#VALUE!"},{"$error":"#VALUE!"},{"$error":"#VALUE!"},{"$error":"#VALUE!"},{"$error":"#VALUE!"},{"$error":"#VALUE!"},{"$error":"#VALUE!"},{"$error":"#VALUE!"},{"$error":"#VALUE!"},{"$error":"#VALUE!"},{"$error":"#VALUE!"},{"$error":"#VALUE!"},{"$error":"#VALUE!"},{"$error":"#VALUE!"},{"$error":"#VALUE!"},{"$error":"#VALUE!"},{"$f":"SUM(DR196,System2!DR196,System3!DR196)","v":{"$error":"#VALUE!"}},{"$f":"DT$56","v":{"$error":"#VALUE!"}},{"$f":"DU$56","v":{"$error":"#VALUE!"}},{"$f":"DV$56","v":0},{"$f":"DW$56","v":{"$error":"#VALUE!"}},{"$error":"#VALUE!"},{"$error":"#VALUE!"},{"$error":"#VALUE!"},0,0,0,0,0,{"$error":"#VALUE!"},{"$f":"SUM(EF196,System2!EF196,System3!EF196)","v":{"$error":"#VALUE!"}},{"$error":"#VALUE!"},{"$error":"#VALUE!"},{"$error":"#VALUE!"},{"$error":"#VALUE!"},{"$error":"#VALUE!"},{"$error":"#VALUE!"},{"$error":"#VALUE!"},{"$error":"#VALUE!"},{"$error":"#VALUE!"},{"$error":"#VALUE!"},{"$error":"#VALUE!"},{"$error":"#VALUE!"},{"$error":"#VALUE!"},{"$error":"#VALUE!"},{"$error":"#VALUE!"},{"$error":"#VALUE!"},{"$error":"#VALUE!"},{"$error":"#VALUE!"},{"$error":"#VALUE!"},{"$error":"#VALUE!"},{"$error":"#VALUE!"},{"$error":"#VALUE!"},{"$error":"#VALUE!"},{"$error":"#VALUE!"},{"$error":"#VALUE!"},{"$error":"#VALUE!"},{"$f":"SUM(FG196,System2!FG196,System3!FG196)","v":{"$error":"#VALUE!"}},0,0,0,0,{"$error":"#VALUE!"},{"$error":"#VALUE!"},{"$error":"#VALUE!"},{"$error":"#VALUE!"},{"$error":"#VALUE!"},{"$error":"#VALUE!"},{"$error":"#VALUE!"},{"$error":"#VALUE!"},{"$error":"#VALUE!"},{"$error":"#VALUE!"},{"$error":"#VALUE!"},{"$error":"#VALUE!"},{"$error":"#VALUE!"},{"$error":"#VALUE!"},{"$error":"#VALUE!"},{"$error":"#VALUE!"},{"$error":"#VALUE!"},{"$error":"#VALUE!"},{"$error":"#VALUE!"},{"$error":"#VALUE!"},{"$f":"$GG$31*WaterFittings!BO171","v":{"$error":"#VALUE!"}},{"$f":"$GH$31*WaterFittings!BP171","v":{"$error":"#VALUE!"}},{"$f":"$GI$31*WaterFittings!BQ171","v":0},{"$f":"GJ$31*AirCond!BD170","v":{"$error":"#VALUE!"}},{"$f":"GK$31*AirCond!BE170","v":{"$error":"#VALUE!"}},{"$f":"GL$31*AirCond!BF170","v":{"$error":"#VALUE!"}},{"$f":"GM$31*AirCond!BG170","v":{"$error":"#VALUE!"}},{"$f":"GN$31*WaterFittings!BS171","v":0},{"$f":"GO$31*WaterFittings!BT171","v":0},{"$f":"GP$31*WaterFittings!BU171","v":0}]
[null,null,166,0,0,{"$error":"#VALUE!"},{"$error":"#VALUE!"},{"$error":"#VALUE!"},{"$error":"#VALUE!"},{"$error":"#VALUE!"},{"$error":"#VALUE!"},{"$error":"#VALUE!"},{"$error":"#VALUE!"},{"$error":"#VALUE!"},{"$error":"#VALUE!"},null,{"$error":"#VALUE!"},{"$error":"#VALUE!"},{"$error":"#VALUE!"},{"$error":"#VALUE!"},{"$error":"#VALUE!"},null,{"$error":"#VALUE!"},{"$error":"#VALUE!"},{"$error":"#VALUE!"},{"$error":"#VALUE!"},{"$error":"#VALUE!"},null,26,{"$f":"SUM(SUMPRODUCT(AF$20:AJ$20,Q197:U197),SUMPRODUCT(AF$20:AJ$20,System2!Q197:U197),SUMPRODUCT(AF$20:AJ$20,System3!Q197:U197))","v":{"$error":"#VALUE!"}},{"$f":"SUM(SUMPRODUCT(AF$21:AJ$21,W197:AA197),SUMPRODUCT(AF$21:AJ$21,System2!W197:AA197),SUMPRODUCT(AF$21:AJ$21,System3!W197:AA197))","v":{"$error":"#VALUE!"}},{"$f":"WaterFittings!BN172","v":{"$error":"#VALUE!"}},{"$error":"#VALUE!"},{"$error":"#VALUE!"},{"$f":"MIN(AirCond!BL171,P$21)","v":0},{"$error":"#VALUE!"},{"$f":"MIN(ROUNDDOWN(AJ197-FH197,0),ROUNDDOWN(P$21*0.3,0),ROUNDDOWN(SUM(SUMPRODUCT(I$4:I$15,L$4:L$15),SUMPRODUCT(System2!I$4:I$15,System2!L$4:L$15),SUMPRODUCT(System3!I$4:I$15,System3!L$4:L$15))*0.3,0))","v":{"$error":"#VALUE!"}},0,{"$error":"#VALUE!"},{"$error":"#VALUE!"},{"$error":"#VALUE!"},0,{"$error":"#VALUE!"},{"$error":"#VALUE!"},{"$error":"#VALUE!"},0,null,null,null,0,0,0,0,null,{"$error":"#VALUE!"},{"$error":"#VALUE!"},{"$error":"#VALUE!"},{"$error":"#VALUE!"},{"$error":"#VALUE!"},{"$error":"#VALUE!"},{"$error":"#VALUE!"},{"$error":"#VALUE!"},{"$error":"#VALUE!"},0,{"$error":"#VALUE!"},{"$error":"#VALUE!"},{"$error":"#VALUE!"},{"$error":"#VALUE!"},{"$error":"#VALUE!"},{"$error":"#VALUE!"},{"$error":"#VALUE!"},{"$error":"#VALUE!"},{"$error":"#VALUE!"},{"$error":"#VALUE!"},{"$error":"#VALUE!"},{"$error":"#VALUE!"},{"$error":"#VALUE!"},{"$error":"#VALUE!"},{"$error":"#VALUE!"},{"$error":"#VALUE!"},{"$error":"#VALUE!"},{"$error":"#VALUE!"},{"$error":"#VALUE!"},{"$error":"#VALUE!"},{"$error":"#VALUE!"},{"$error":"#VALUE!"},{"$error":"#VALUE!"},{"$error":"#VALUE!"},{"$error":"#VALUE!"},{"$error":"#VALUE!"},{"$error":"#VALUE!"},{"$error":"#VALUE!"},{"$error":"#VALUE!"},{"$error":"#VALUE!"},{"$error":"#VALUE!"},{"$f":"SUM(CQ197,System2!CQ197,System3!CQ197)","v":{"$error":"#VALUE!"}},{"$error":"#VALUE!"},{"$error":"#VALUE!"},{"$error":"#VALUE!"},{"$error":"#VALUE!"},{"$error":"#VALUE!"},{"$error":"#VALUE!"},{"$error":"#VALUE!"},{"$error":"#VALUE!"},{"$error":"#VALUE!"},{"$error":"#VALUE!"},{"$error":"#VALUE!"},{"$error":"#VALUE!"},{"$error":"#VALUE!"},{"$error":"#VALUE!"},{"$error":"#VALUE!"},{"$error":"#VALUE!"},{"$error":"#VALUE!"},{"$error":"#VALUE!"},{"$error":"#VALUE!"},{"$error":"#VALUE!"},{"$error":"#VALUE!"},{"$error":"#VALUE!"},{"$error":"#VALUE!"},{"$error":"#VALUE!"},{"$error":"#VALUE!"},{"$error":"#VALUE!"},{"$f":"SUM(DR197,System2!DR197,System3!DR197)","v":{"$error":"#VALUE!"}},{"$f":"DT$57","v":{"$error":"#VALUE!"}},{"$f":"DU$57","v":{"$error":"#VALUE!"}},{"$f":"DV$57","v":0},{"$f":"DW$57","v":{"$error":"#VALUE!"}},{"$error":"#VALUE!"},{"$error":"#VALUE!"},{"$error":"#VALUE!"},0,0,0,0,0,{"$error":"#VALUE!"},{"$f":"SUM(EF197,System2!EF197,System3!EF197)","v":{"$error":"#VALUE!"}},{"$error":"#VALUE!"},{"$error":"#VALUE!"},{"$error":"#VALUE!"},{"$error":"#VALUE!"},{"$error":"#VALUE!"},{"$error":"#VALUE!"},{"$error":"#VALUE!"},{"$error":"#VALUE!"},{"$error":"#VALUE!"},{"$error":"#VALUE!"},{"$error":"#VALUE!"},{"$error":"#VALUE!"},{"$error":"#VALUE!"},{"$error":"#VALUE!"},{"$error":"#VALUE!"},{"$error":"#VALUE!"},{"$error":"#VALUE!"},{"$error":"#VALUE!"},{"$error":"#VALUE!"},{"$error":"#VALUE!"},{"$error":"#VALUE!"},{"$error":"#VALUE!"},{"$error":"#VALUE!"},{"$error":"#VALUE!"},{"$error":"#VALUE!"},{"$error":"#VALUE!"},{"$f":"SUM(FG197,System2!FG197,System3!FG197)","v":{"$error":"#VALUE!"}},0,0,0,0,{"$error":"#VALUE!"},{"$error":"#VALUE!"},{"$error":"#VALUE!"},{"$error":"#VALUE!"},{"$error":"#VALUE!"},{"$error":"#VALUE!"},{"$error":"#VALUE!"},{"$error":"#VALUE!"},{"$error":"#VALUE!"},{"$error":"#VALUE!"},{"$error":"#VALUE!"},{"$error":"#VALUE!"},{"$error":"#VALUE!"},{"$error":"#VALUE!"},{"$error":"#VALUE!"},{"$error":"#VALUE!"},{"$error":"#VALUE!"},{"$error":"#VALUE!"},{"$error":"#VALUE!"},{"$error":"#VALUE!"},{"$f":"$GG$31*WaterFittings!BO172","v":{"$error":"#VALUE!"}},{"$f":"$GH$31*WaterFittings!BP172","v":{"$error":"#VALUE!"}},{"$f":"$GI$31*WaterFittings!BQ172","v":0},{"$f":"GJ$31*AirCond!BD171","v":{"$error":"#VALUE!"}},{"$f":"GK$31*AirCond!BE171","v":{"$error":"#VALUE!"}},{"$f":"GL$31*AirCond!BF171","v":{"$error":"#VALUE!"}},{"$f":"GM$31*AirCond!BG171","v":{"$error":"#VALUE!"}},{"$f":"GN$31*WaterFittings!BS172","v":0},{"$f":"GO$31*WaterFittings!BT172","v":0},{"$f":"GP$31*WaterFittings!BU172","v":0}]
[null,null,167,6.5,0,{"$error":"#VALUE!"},{"$error":"#VALUE!"},{"$error":"#VALUE!"},{"$error":"#VALUE!"},{"$error":"#VALUE!"},{"$error":"#VALUE!"},{"$error":"#VALUE!"},{"$error":"#VALUE!"},{"$error":"#VALUE!"},{"$error":"#VALUE!"},null,{"$error":"#VALUE!"},{"$error":"#VALUE!"},{"$error":"#VALUE!"},{"$error":"#VALUE!"},{"$error":"#VALUE!"},null,{"$error":"#VALUE!"},{"$error":"#VALUE!"},{"$error":"#VALUE!"},{"$error":"#VALUE!"},{"$error":"#VALUE!"},null,27,{"$f":"SUM(SUMPRODUCT(AF$20:AJ$20,Q198:U198),SUMPRODUCT(AF$20:AJ$20,System2!Q198:U198),SUMPRODUCT(AF$20:AJ$20,System3!Q198:U198))","v":{"$error":"#VALUE!"}},{"$f":"SUM(SUMPRODUCT(AF$21:AJ$21,W198:AA198),SUMPRODUCT(AF$21:AJ$21,System2!W198:AA198),SUMPRODUCT(AF$21:AJ$21,System3!W198:AA198))","v":{"$error":"#VALUE!"}},{"$f":"WaterFittings!BN173","v":{"$error":"#VALUE!"}},{"$error":"#VALUE!"},{"$error":"#VALUE!"},{"$f":"MIN(AirCond!BL172,P$21)","v":0},{"$error":"#VALUE!"},{"$f":"MIN(ROUNDDOWN(AJ198-FH198,0),ROUNDDOWN(P$21*0.3,0),ROUNDDOWN(SUM(SUMPRODUCT(I$4:I$15,L$4:L$15),SUMPRODUCT(System2!I$4:I$15,System2!L$4:L$15),SUMPRODUCT(System3!I$4:I$15,System3!L$4:L$15))*0.3,0))","v":{"$error":"#VALUE!"}},0,{"$error":"#VALUE!"},{"$error":"#VALUE!"},{"$error":"#VALUE!"},0,{"$error":"#VALUE!"},{"$error":"#VALUE!"},{"$error":"#VALUE!"},0,null,null,null,0,0,0,0,null,{"$error":"#VALUE!"},{"$error":"#VALUE!"},{"$error":"#VALUE!"},{"$error":"#VALUE!"},{"$error":"#VALUE!"},{"$error":"#VALUE!"},{"$error":"#VALUE!"},{"$error":"#VALUE!"},{"$error":"#VALUE!"},0,{"$error":"#VALUE!"},{"$error":"#VALUE!"},{"$error":"#VALUE!"},{"$error":"#VALUE!"},{"$error":"#VALUE!"},{"$error":"#VALUE!"},{"$error":"#VALUE!"},{"$error":"#VALUE!"},{"$error":"#VALUE!"},{"$error":"#VALUE!"},{"$error":"#VALUE!"},{"$error":"#VALUE!"},{"$error":"#VALUE!"},{"$error":"#VALUE!"},{"$error":"#VALUE!"},{"$error":"#VALUE!"},{"$error":"#VALUE!"},{"$error":"#VALUE!"},{"$error":"#VALUE!"},{"$error":"#VALUE!"},{"$error":"#VALUE!"},{"$error":"#VALUE!"},{"$error":"#VALUE!"},{"$error":"#VALUE!"},{"$error":"#VALUE!"},{"$error":"#VALUE!"},{"$error":"#VALUE!"},{"$error":"#VALUE!"},{"$error":"#VALUE!"},{"$error":"#VALUE!"},{"$error":"#VALUE!"},{"$f":"SUM(CQ198,System2!CQ198,System3!CQ198)","v":{"$error":"#VALUE!"}},{"$error":"#VALUE!"},{"$error":"#VALUE!"},{"$error":"#VALUE!"},{"$error":"#VALUE!"},{"$error":"#VALUE!"},{"$error":"#VALUE!"},{"$error":"#VALUE!"},{"$error":"#VALUE!"},{"$error":"#VALUE!"},{"$error":"#VALUE!"},{"$error":"#VALUE!"},{"$error":"#VALUE!"},{"$error":"#VALUE!"},{"$error":"#VALUE!"},{"$error":"#VALUE!"},{"$error":"#VALUE!"},{"$error":"#VALUE!"},{"$error":"#VALUE!"},{"$error":"#VALUE!"},{"$error":"#VALUE!"},{"$error":"#VALUE!"},{"$error":"#VALUE!"},{"$error":"#VALUE!"},{"$error":"#VALUE!"},{"$error":"#VALUE!"},{"$error":"#VALUE!"},{"$f":"SUM(DR198,System2!DR198,System3!DR198)","v":{"$error":"#VALUE!"}},{"$f":"DT$58","v":{"$error":"#VALUE!"}},{"$f":"DU$58","v":{"$error":"#VALUE!"}},{"$f":"DV$58","v":0},{"$f":"DW$58","v":{"$error":"#VALUE!"}},{"$error":"#VALUE!"},{"$error":"#VALUE!"},{"$error":"#VALUE!"},0,0,0,0,0,{"$error":"#VALUE!"},{"$f":"SUM(EF198,System2!EF198,System3!EF198)","v":{"$error":"#VALUE!"}},{"$error":"#VALUE!"},{"$error":"#VALUE!"},{"$error":"#VALUE!"},{"$error":"#VALUE!"},{"$error":"#VALUE!"},{"$error":"#VALUE!"},{"$error":"#VALUE!"},{"$error":"#VALUE!"},{"$error":"#VALUE!"},{"$error":"#VALUE!"},{"$error":"#VALUE!"},{"$error":"#VALUE!"},{"$error":"#VALUE!"},{"$error":"#VALUE!"},{"$error":"#VALUE!"},{"$error":"#VALUE!"},{"$error":"#VALUE!"},{"$error":"#VALUE!"},{"$error":"#VALUE!"},{"$error":"#VALUE!"},{"$error":"#VALUE!"},{"$error":"#VALUE!"},{"$error":"#VALUE!"},{"$error":"#VALUE!"},{"$error":"#VALUE!"},{"$error":"#VALUE!"},{"$f":"SUM(FG198,System2!FG198,System3!FG198)","v":{"$error":"#VALUE!"}},0,0,0,0,{"$error":"#VALUE!"},{"$error":"#VALUE!"},{"$error":"#VALUE!"},{"$error":"#VALUE!"},{"$error":"#VALUE!"},{"$error":"#VALUE!"},{"$error":"#VALUE!"},{"$error":"#VALUE!"},{"$error":"#VALUE!"},{"$error":"#VALUE!"},{"$error":"#VALUE!"},{"$error":"#VALUE!"},{"$error":"#VALUE!"},{"$error":"#VALUE!"},{"$error":"#VALUE!"},{"$error":"#VALUE!"},{"$error":"#VALUE!"},{"$error":"#VALUE!"},{"$error":"#VALUE!"},{"$error":"#VALUE!"},{"$f":"$GG$31*WaterFittings!BO173","v":{"$error":"#VALUE!"}},{"$f":"$GH$31*WaterFittings!BP173","v":{"$error":"#VALUE!"}},{"$f":"$GI$31*WaterFittings!BQ173","v":0},{"$f":"GJ$31*AirCond!BD172","v":{"$error":"#VALUE!"}},{"$f":"GK$31*AirCond!BE172","v":{"$error":"#VALUE!"}},{"$f":"GL$31*AirCond!BF172","v":{"$error":"#VALUE!"}},{"$f":"GM$31*AirCond!BG172","v":{"$error":"#VALUE!"}},{"$f":"GN$31*WaterFittings!BS173","v":0},{"$f":"GO$31*WaterFittings!BT173","v":0},{"$f":"GP$31*WaterFittings!BU173","v":0}]
[null,null,168,10,0,{"$error":"#VALUE!"},{"$error":"#VALUE!"},{"$error":"#VALUE!"},{"$error":"#VALUE!"},{"$error":"#VALUE!"},{"$error":"#VALUE!"},{"$error":"#VALUE!"},{"$error":"#VALUE!"},{"$error":"#VALUE!"},{"$error":"#VALUE!"},null,{"$error":"#VALUE!"},{"$error":"#VALUE!"},{"$error":"#VALUE!"},{"$error":"#VALUE!"},{"$error":"#VALUE!"},null,{"$error":"#VALUE!"},{"$error":"#VALUE!"},{"$error":"#VALUE!"},{"$error":"#VALUE!"},{"$error":"#VALUE!"},null,28,{"$f":"SUM(SUMPRODUCT(AF$20:AJ$20,Q199:U199),SUMPRODUCT(AF$20:AJ$20,System2!Q199:U199),SUMPRODUCT(AF$20:AJ$20,System3!Q199:U199))","v":{"$error":"#VALUE!"}},{"$f":"SUM(SUMPRODUCT(AF$21:AJ$21,W199:AA199),SUMPRODUCT(AF$21:AJ$21,System2!W199:AA199),SUMPRODUCT(AF$21:AJ$21,System3!W199:AA199))","v":{"$error":"#VALUE!"}},{"$f":"WaterFittings!BN174","v":{"$error":"#VALUE!"}},{"$error":"#VALUE!"},{"$error":"#VALUE!"},{"$f":"MIN(AirCond!BL173,P$21)","v":0},{"$error":"#VALUE!"},{"$f":"MIN(ROUNDDOWN(AJ199-FH199,0),ROUNDDOWN(P$21*0.3,0),ROUNDDOWN(SUM(SUMPRODUCT(I$4:I$15,L$4:L$15),SUMPRODUCT(System2!I$4:I$15,System2!L$4:L$15),SUMPRODUCT(System3!I$4:I$15,System3!L$4:L$15))*0.3,0))","v":{"$error":"#VALUE!"}},0,{"$error":"#VALUE!"},{"$error":"#VALUE!"},{"$error":"#VALUE!"},0,{"$error":"#VALUE!"},{"$error":"#VALUE!"},{"$error":"#VALUE!"},0,null,null,null,0,0,0,0,null,{"$error":"#VALUE!"},{"$error":"#VALUE!"},{"$error":"#VALUE!"},{"$error":"#VALUE!"},{"$error":"#VALUE!"},{"$error":"#VALUE!"},{"$error":"#VALUE!"},{"$error":"#VALUE!"},{"$error":"#VALUE!"},0,{"$error":"#VALUE!"},{"$error":"#VALUE!"},{"$error":"#VALUE!"},{"$error":"#VALUE!"},{"$error":"#VALUE!"},{"$error":"#VALUE!"},{"$error":"#VALUE!"},{"$error":"#VALUE!"},{"$error":"#VALUE!"},{"$error":"#VALUE!"},{"$error":"#VALUE!"},{"$error":"#VALUE!"},{"$error":"#VALUE!"},{"$error":"#VALUE!"},{"$error":"#VALUE!"},{"$error":"#VALUE!"},{"$error":"#VALUE!"},{"$error":"#VALUE!"},{"$error":"#VALUE!"},{"$error":"#VALUE!"},{"$error":"#VALUE!"},{"$error":"#VALUE!"},{"$error":"#VALUE!"},{"$error":"#VALUE!"},{"$error":"#VALUE!"},{"$error":"#VALUE!"},{"$error":"#VALUE!"},{"$error":"#VALUE!"},{"$error":"#VALUE!"},{"$error":"#VALUE!"},{"$error":"#VALUE!"},{"$f":"SUM(CQ199,System2!CQ199,System3!CQ199)","v":{"$error":"#VALUE!"}},{"$error":"#VALUE!"},{"$error":"#VALUE!"},{"$error":"#VALUE!"},{"$error":"#VALUE!"},{"$error":"#VALUE!"},{"$error":"#VALUE!"},{"$error":"#VALUE!"},{"$error":"#VALUE!"},{"$error":"#VALUE!"},{"$error":"#VALUE!"},{"$error":"#VALUE!"},{"$error":"#VALUE!"},{"$error":"#VALUE!"},{"$error":"#VALUE!"},{"$error":"#VALUE!"},{"$error":"#VALUE!"},{"$error":"#VALUE!"},{"$error":"#VALUE!"},{"$error":"#VALUE!"},{"$error":"#VALUE!"},{"$error":"#VALUE!"},{"$error":"#VALUE!"},{"$error":"#VALUE!"},{"$error":"#VALUE!"},{"$error":"#VALUE!"},{"$error":"#VALUE!"},{"$f":"SUM(DR199,System2!DR199,System3!DR199)","v":{"$error":"#VALUE!"}},{"$f":"DT$59","v":{"$error":"#VALUE!"}},{"$f":"DU$59","v":{"$error":"#VALUE!"}},{"$f":"DV$59","v":0},{"$f":"DW$59","v":{"$error":"#VALUE!"}},{"$error":"#VALUE!"},{"$error":"#VALUE!"},{"$error":"#VALUE!"},0,0,0,0,0,{"$error":"#VALUE!"},{"$f":"SUM(EF199,System2!EF199,System3!EF199)","v":{"$error":"#VALUE!"}},{"$error":"#VALUE!"},{"$error":"#VALUE!"},{"$error":"#VALUE!"},{"$error":"#VALUE!"},{"$error":"#VALUE!"},{"$error":"#VALUE!"},{"$error":"#VALUE!"},{"$error":"#VALUE!"},{"$error":"#VALUE!"},{"$error":"#VALUE!"},{"$error":"#VALUE!"},{"$error":"#VALUE!"},{"$error":"#VALUE!"},{"$error":"#VALUE!"},{"$error":"#VALUE!"},{"$error":"#VALUE!"},{"$error":"#VALUE!"},{"$error":"#VALUE!"},{"$error":"#VALUE!"},{"$error":"#VALUE!"},{"$error":"#VALUE!"},{"$error":"#VALUE!"},{"$error":"#VALUE!"},{"$error":"#VALUE!"},{"$error":"#VALUE!"},{"$error":"#VALUE!"},{"$f":"SUM(FG199,System2!FG199,System3!FG199)","v":{"$error":"#VALUE!"}},0,0,0,0,{"$error":"#VALUE!"},{"$error":"#VALUE!"},{"$error":"#VALUE!"},{"$error":"#VALUE!"},{"$error":"#VALUE!"},{"$error":"#VALUE!"},{"$error":"#VALUE!"},{"$error":"#VALUE!"},{"$error":"#VALUE!"},{"$error":"#VALUE!"},{"$error":"#VALUE!"},{"$error":"#VALUE!"},{"$error":"#VALUE!"},{"$error":"#VALUE!"},{"$error":"#VALUE!"},{"$error":"#VALUE!"},{"$error":"#VALUE!"},{"$error":"#VALUE!"},{"$error":"#VALUE!"},{"$error":"#VALUE!"},{"$f":"$GG$31*WaterFittings!BO174","v":{"$error":"#VALUE!"}},{"$f":"$GH$31*WaterFittings!BP174","v":{"$error":"#VALUE!"}},{"$f":"$GI$31*WaterFittings!BQ174","v":0},{"$f":"GJ$31*AirCond!BD173","v":{"$error":"#VALUE!"}},{"$f":"GK$31*AirCond!BE173","v":{"$error":"#VALUE!"}},{"$f":"GL$31*AirCond!BF173","v":{"$error":"#VALUE!"}},{"$f":"GM$31*AirCond!BG173","v":{"$error":"#VALUE!"}},{"$f":"GN$31*WaterFittings!BS174","v":0},{"$f":"GO$31*WaterFittings!BT174","v":0},{"$f":"GP$31*WaterFittings!BU174","v":0}]
[null,null,169,0,0,{"$error":"#VALUE!"},{"$error":"#VALUE!"},{"$error":"#VALUE!"},{"$error":"#VALUE!"},{"$error":"#VALUE!"},{"$error":"#VALUE!"},{"$error":"#VALUE!"},{"$error":"#VALUE!"},{"$error":"#VALUE!"},{"$error":"#VALUE!"},null,{"$error":"#VALUE!"},{"$error":"#VALUE!"},{"$error":"#VALUE!"},{"$error":"#VALUE!"},{"$error":"#VALUE!"},null,{"$error":"#VALUE!"},{"$error":"#VALUE!"},{"$error":"#VALUE!"},{"$error":"#VALUE!"},{"$f":"ROUNDDOWN(FF200,0)","v":{"$error":"#VALUE!"}},null,1,{"$f":"SUM(SUMPRODUCT(AF$20:AJ$20,Q200:U200),SUMPRODUCT(AF$20:AJ$20,System2!Q200:U200),SUMPRODUCT(AF$20:AJ$20,System3!Q200:U200))","v":{"$error":"#VALUE!"}},{"$f":"SUM(SUMPRODUCT(AF$21:AJ$21,W200:AA200),SUMPRODUCT(AF$21:AJ$21,System2!W200:AA200),SUMPRODUCT(AF$21:AJ$21,System3!W200:AA200))","v":{"$error":"#VALUE!"}},{"$f":"WaterFittings!BN175","v":{"$error":"#VALUE!"}},{"$error":"#VALUE!"},{"$error":"#VALUE!"},{"$f":"MIN(AirCond!BL174,P$21)","v":0},{"$error":"#VALUE!"},{"$f":"MIN(ROUNDDOWN(AJ200-FH200,0),ROUNDDOWN(P$21*0.3,0),ROUNDDOWN(SUM(SUMPRODUCT(I$4:I$15,L$4:L$15),SUMPRODUCT(System2!I$4:I$15,System2!L$4:L$15),SUMPRODUCT(System3!I$4:I$15,System3!L$4:L$15))*0.3,0))","v":{"$error":"#VALUE!"}},0,{"$error":"#VALUE!"},{"$error":"#VALUE!"},{"$error":"#VALUE!"},0,{"$error":"#VALUE!"},{"$error":"#VALUE!"},{"$error":"#VALUE!"},0,null,null,null,0,0,0,0,null,{"$error":"#VALUE!"},{"$error":"#VALUE!"},{"$error":"#VALUE!"},{"$error":"#VALUE!"},{"$error":"#VALUE!"},{"$error":"#VALUE!"},{"$error":"#VALUE!"},{"$error":"#VALUE!"},{"$error":"#VALUE!"},0,{"$error":"#VALUE!"},{"$error":"#VALUE!"},{"$error":"#VALUE!"},{"$error":"#VALUE!"},{"$error":"#VALUE!"},{"$error":"#VALUE!"},{"$error":"#VALUE!"},{"$error":"#VALUE!"},{"$error":"#VALUE!"},{"$error":"#VALUE!"},{"$error":"#VALUE!"},{"$error":"#VALUE!"},{"$error":"#VALUE!"},{"$error":"#VALUE!"},{"$error":"#VALUE!"},{"$error":"#VALUE!"},{"$error":"#VALUE!"},{"$error":"#VALUE!"},{"$error":"#VALUE!"},{"$error":"#VALUE!"},{"$error":"#VALUE!"},{"$error":"#VALUE!"},{"$error":"#VALUE!"},{"$error":"#VALUE!"},{"$error":"#VALUE!"},{"$error":"#VALUE!"},{"$error":"#VALUE!"},{"$error":"#VALUE!"},{"$error":"#VALUE!"},{"$error":"#VALUE!"},{"$error":"#VALUE!"},{"$f":"SUM(CQ200,System2!CQ200,System3!CQ200)","v":{"$error":"#VALUE!"}},{"$error":"#VALUE!"},{"$error":"#VALUE!"},{"$error":"#VALUE!"},{"$error":"#VALUE!"},{"$error":"#VALUE!"},{"$error":"#VALUE!"},{"$error":"#VALUE!"},{"$error":"#VALUE!"},{"$error":"#VALUE!"},{"$error":"#VALUE!"},{"$error":"#VALUE!"},{"$error":"#VALUE!"},{"$error":"#VALUE!"},{"$error":"#VALUE!"},{"$error":"#VALUE!"},{"$error":"#VALUE!"},{"$error":"#VALUE!"},{"$error":"#VALUE!"},{"$error":"#VALUE!"},{"$error":"#VALUE!"},{"$error":"#VALUE!"},{"$error":"#VALUE!"},{"$error":"#VALUE!"},{"$error":"#VALUE!"},{"$error":"#VALUE!"},{"$error":"#VALUE!"},{"$f":"SUM(DR200,System2!DR200,System3!DR200)","v":{"$error":"#VALUE!"}},{"$f":"DT$32","v":{"$error":"#VALUE!"}},{"$f":"DU$32","v":{"$error":"#VALUE!"}},{"$f":"DV$32","v":0},{"$f":"DW$32","v":{"$error":"#VALUE!"}},{"$error":"#VALUE!"},{"$error":"#VALUE!"},{"$error":"#VALUE!"},0,0,0,0,0,{"$error":"#VALUE!"},{"$f":"SUM(EF200,System2!EF200,System3!EF200)","v":{"$error":"#VALUE!"}},{"$error":"#VALUE!"},{"$error":"#VALUE!"},{"$error":"#VALUE!"},{"$error":"#VALUE!"},{"$error":"#VALUE!"},{"$error":"#VALUE!"},{"$error":"#VALUE!"},{"$error":"#VALUE!"},{"$error":"#VALUE!"},{"$error":"#VALUE!"},{"$error":"#VALUE!"},{"$error":"#VALUE!"},{"$error":"#VALUE!"},{"$error":"#VALUE!"},{"$error":"#VALUE!"},{"$error":"#VALUE!"},{"$error":"#VALUE!"},{"$error":"#VALUE!"},{"$error":"#VALUE!"},{"$error":"#VALUE!"},{"$error":"#VALUE!"},{"$error":"#VALUE!"},{"$error":"#VALUE!"},{"$error":"#VALUE!"},{"$error":"#VALUE!"},{"$error":"#VALUE!"},{"$f":"SUM(FG200,System2!FG200,System3!FG200)","v":{"$error":"#VALUE!"}},0,0,0,0,{"$error":"#VALUE!"},{"$error":"#VALUE!"},{"$error":"#VALUE!"},{"$error":"#VALUE!"},{"$error":"#VALUE!"},{"$error":"#VALUE!"},{"$error":"#VALUE!"},{"$error":"#VALUE!"},{"$error":"#VALUE!"},{"$error":"#VALUE!"},{"$error":"#VALUE!"},{"$error":"#VALUE!"},{"$error":"#VALUE!"},{"$error":"#VALUE!"},{"$error":"#VALUE!"},{"$error":"#VALUE!"},{"$error":"#VALUE!"},{"$error":"#VALUE!"},{"$error":"#VALUE!"},{"$error":"#VALUE!"},{"$f":"$GG$31*WaterFittings!BO175","v":{"$error":"#VALUE!"}},{"$f":"$GH$31*WaterFittings!BP175","v":{"$error":"#VALUE!"}},{"$f":"$GI$31*WaterFittings!BQ175","v":0},{"$f":"GJ$31*AirCond!BD174","v":{"$error":"#VALUE!"}},{"$f":"GK$31*AirCond!BE174","v":{"$error":"#VALUE!"}},{"$f":"GL$31*AirCond!BF174","v":{"$error":"#VALUE!"}},{"$f":"GM$31*AirCond!BG174","v":{"$error":"#VALUE!"}},{"$f":"GN$31*WaterFittings!BS175","v":0},{"$f":"GO$31*WaterFittings!BT175","v":0},{"$f":"GP$31*WaterFittings!BU175","v":0}]
[null,null,{"$f":"C200+1","v":170},0,0,{"$error":"#VALUE!"},{"$error":"#VALUE!"},{"$error":"#VALUE!"},{"$error":"#VALUE!"},{"$error":"#VALUE!"},{"$error":"#VALUE!"},{"$error":"#VALUE!"},{"$f":"ROUNDDOWN(SUM(CB201:CD201)*BQ201,0)","v":{"$error":"#VALUE!"}},{"$error":"#VALUE!"},{"$error":"#VALUE!"},null,{"$error":"#VALUE!"},{"$error":"#VALUE!"},{"$f":"ROUNDDOWN(SUM(DM201:DO201),0)","v":{"$error":"#VALUE!"}},{"$error":"#VALUE!"},{"$error":"#VALUE!"},null,{"$error":"#VALUE!"},{"$error":"#VALUE!"},{"$f":"ROUNDDOWN(SUM(FB201:FD201),0)","v":{"$error":"#VALUE!"}},{"$error":"#VALUE!"},{"$error":"#VALUE!"},null,2,{"$f":"SUM(SUMPRODUCT(AF$20:AJ$20,Q201:U201),SUMPRODUCT(AF$20:AJ$20,System2!Q201:U201),SUMPRODUCT(AF$20:AJ$20,System3!Q201:U201))","v":{"$error":"#VALUE!"}},{"$f":"SUM(SUMPRODUCT(AF$21:AJ$21,W201:AA201),SUMPRODUCT(AF$21:AJ$21,System2!W201:AA201),SUMPRODUCT(AF$21:AJ$21,System3!W201:AA201))","v":{"$error":"#VALUE!"}},{"$f":"WaterFittings!BN176","v":{"$error":"#VALUE!"}},{"$error":"#VALUE!"},{"$error":"#VALUE!"},{"$f":"MIN(AirCond!BL175,P$21)","v":0},{"$error":"#VALUE!"},{"$f":"MIN(ROUNDDOWN(AJ201-FH201,0),ROUNDDOWN(P$21*0.3,0),ROUNDDOWN(SUM(SUMPRODUCT(I$4:I$15,L$4:L$15),SUMPRODUCT(System2!I$4:I$15,System2!L$4:L$15),SUMPRODUCT(System3!I$4:I$15,System3!L$4:L$15))*0.3,0))","v":{"$error":"#VALUE!"}},0,{"$error":"#VALUE!"},{"$error":"#VALUE!"},{"$error":"#VALUE!"},0,{"$error":"#VALUE!"},{"$error":"#VALUE!"},{"$error":"#VALUE!"},0,null,null,null,0,0,0,0,null,{"$error":"#VALUE!"},{"$error":"#VALUE!"},{"$error":"#VALUE!"},{"$error":"#VALUE!"},{"$error":"#VALUE!"},{"$error":"#VALUE!"},{"$error":"#VALUE!"},{"$error":"#VALUE!"},{"$error":"#VALUE!"},0,{"$error":"#VALUE!"},{"$error":"#VALUE!"},{"$error":"#VALUE!"},{"$error":"#VALUE!"},{"$error":"#VALUE!"},{"$error":"#VALUE!"},{"$error":"#VALUE!"},{"$error":"#VALUE!"},{"$error":"#VALUE!"},{"$error":"#VALUE!"},{"$error":"#VALUE!"},{"$error":"#VALUE!"},{"$error":"#VALUE!"},{"$error":"#VALUE!"},{"$error":"#VALUE!"},{"$error":"#VALUE!"},{"$error":"#VALUE!"},{"$error":"#VALUE!"},{"$error":"#VALUE!"},{"$error":"#VALUE!"},{"$error":"#VALUE!"},{"$error":"#VALUE!"},{"$error":"#VALUE!"},{"$error":"#VALUE!"},{"$error":"#VALUE!"},{"$error":"#VALUE!"},{"$error":"#VALUE!"},{"$error":"#VALUE!"},{"$error":"#VALUE!"},{"$error":"#VALUE!"},{"$error":"#VALUE!"},{"$f":"SUM(CQ201,System2!CQ201,System3!CQ201)","v":{"$error":"#VALUE!"}},{"$error":"#VALUE!"},{"$error":"#VALUE!"},{"$error":"#VALUE!"},{"$error":"#VALUE!"},{"$error":"#VALUE!"},{"$error":"#VALUE!"},{"$error":"#VALUE!"},{"$error":"#VALUE!"},{"$error":"#VALUE!"},{"$error":"#VALUE!"},{"$error":"#VALUE!"},{"$error":"#VALUE!"},{"$error":"#VALUE!"},{"$error":"#VALUE!"},{"$error":"#VALUE!"},{"$error":"#VALUE!"},{"$error":"#VALUE!"},{"$error":"#VALUE!"},{"$error":"#VALUE!"},{"$error":"#VALUE!"},{"$error":"#VALUE!"},{"$error":"#VALUE!"},{"$error":"#VALUE!"},{"$error":"#VALUE!"},{"$error":"#VALUE!"},{"$error":"#VALUE!"},{"$f":"SUM(DR201,System2!DR201,System3!DR201)","v":{"$error":"#VALUE!"}},{"$f":"DT$33","v":{"$error":"#VALUE!"}},{"$f":"DU$33","v":{"$error":"#VALUE!"}},{"$f":"DV$33","v":0},{"$f":"DW$33","v":{"$error":"#VALUE!"}},{"$error":"#VALUE!"},{"$error":"#VALUE!"},{"$error":"#VALUE!"},0,0,0,0,0,{"$error":"#VALUE!"},{"$f":"SUM(EF201,System2!EF201,System3!EF201)","v":{"$error":"#VALUE!"}},{"$error":"#VALUE!"},{"$error":"#VALUE!"},{"$error":"#VALUE!"},{"$error":"#VALUE!"},{"$error":"#VALUE!"},{"$error":"#VALUE!"},{"$error":"#VALUE!"},{"$error":"#VALUE!"},{"$error":"#VALUE!"},{"$error":"#VALUE!"},{"$error":"#VALUE!"},{"$error":"#VALUE!"},{"$error":"#VALUE!"},{"$error":"#VALUE!"},{"$error":"#VALUE!"},{"$error":"#VALUE!"},{"$error":"#VALUE!"},{"$error":"#VALUE!"},{"$error":"#VALUE!"},{"$error":"#VALUE!"},{"$error":"#VALUE!"},{"$error":"#VALUE!"},{"$error":"#VALUE!"},{"$error":"#VALUE!"},{"$error":"#VALUE!"},{"$error":"#VALUE!"},{"$f":"SUM(FG201,System2!FG201,System3!FG201)","v":{"$error":"#VALUE!"}},0,0,0,0,{"$error":"#VALUE!"},{"$error":"#VALUE!"},{"$error":"#VALUE!"},{"$error":"#VALUE!"},{"$error":"#VALUE!"},{"$error":"#VALUE!"},{"$error":"#VALUE!"},{"$error":"#VALUE!"},{"$error":"#VALUE!"},{"$error":"#VALUE!"},{"$error":"#VALUE!"},{"$error":"#VALUE!"},{"$error":"#VALUE!"},{"$error":"#VALUE!"},{"$error":"#VALUE!"},{"$error":"#VALUE!"},{"$error":"#VALUE!"},{"$error":"#VALUE!"},{"$error":"#VALUE!"},{"$error":"#VALUE!"},{"$f":"$GG$31*WaterFittings!BO176","v":{"$error":"#VALUE!"}},{"$f":"$GH$31*WaterFittings!BP176","v":{"$error":"#VALUE!"}},{"$f":"$GI$31*WaterFittings!BQ176","v":0},{"$f":"GJ$31*AirCond!BD175","v":{"$error":"#VALUE!"}},{"$f":"GK$31*AirCond!BE175","v":{"$error":"#VALUE!"}},{"$f":"GL$31*AirCond!BF175","v":{"$error":"#VALUE!"}},{"$f":"GM$31*AirCond!BG175","v":{"$error":"#VALUE!"}},{"$f":"GN$31*WaterFittings!BS176","v":0},{"$f":"GO$31*WaterFittings!BT176","v":0},{"$f":"GP$31*WaterFittings!BU176","v":0}]
[null,null,171,0,0,{"$error":"#VALUE!"},{"$error":"#VALUE!"},{"$error":"#VALUE!"},{"$error":"#VALUE!"},{"$error":"#VALUE!"},{"$error":"#VALUE!"},{"$error":"#VALUE!"},{"$error":"#VALUE!"},{"$error":"#VALUE!"},{"$error":"#VALUE!"},null,{"$error":"#VALUE!"},{"$error":"#VALUE!"},{"$error":"#VALUE!"},{"$error":"#VALUE!"},{"$error":"#VALUE!"},null,{"$error":"#VALUE!"},{"$error":"#VALUE!"},{"$error":"#VALUE!"},{"$error":"#VALUE!"},{"$error":"#VALUE!"},null,3,{"$f":"SUM(SUMPRODUCT(AF$20:AJ$20,Q202:U202),SUMPRODUCT(AF$20:AJ$20,System2!Q202:U202),SUMPRODUCT(AF$20:AJ$20,System3!Q202:U202))","v":{"$error":"#VALUE!"}},{"$f":"SUM(SUMPRODUCT(AF$21:AJ$21,W202:AA202),SUMPRODUCT(AF$21:AJ$21,System2!W202:AA202),SUMPRODUCT(AF$21:AJ$21,System3!W202:AA202))","v":{"$error":"#VALUE!"}},{"$f":"WaterFittings!BN177","v":{"$error":"#VALUE!"}},{"$error":"#VALUE!"},{"$error":"#VALUE!"},{"$f":"MIN(AirCond!BL176,P$21)","v":0},{"$error":"#VALUE!"},{"$f":"MIN(ROUNDDOWN(AJ202-FH202,0),ROUNDDOWN(P$21*0.3,0),ROUNDDOWN(SUM(SUMPRODUCT(I$4:I$15,L$4:L$15),SUMPRODUCT(System2!I$4:I$15,System2!L$4:L$15),SUMPRODUCT(System3!I$4:I$15,System3!L$4:L$15))*0.3,0))","v":{"$error":"#VALUE!"}},{"$f":"ROUND(SUM(AX202,AY202),0)","v":0},{"$error":"#VALUE!"},{"$error":"#VALUE!"},{"$error":"#VALUE!"},0,{"$error":"#VALUE!"},{"$error":"#VALUE!"},{"$error":"#VALUE!"},0,null,null,null,0,0,0,0,null,{"$error":"#VALUE!"},{"$error":"#VALUE!"},{"$error":"#VALUE!"},{"$error":"#VALUE!"},{"$error":"#VALUE!"},{"$error":"#VALUE!"},{"$error":"#VALUE!"},{"$error":"#VALUE!"},{"$error":"#VALUE!"},0,{"$error":"#VALUE!"},{"$error":"#VALUE!"},{"$error":"#VALUE!"},{"$error":"#VALUE!"},{"$error":"#VALUE!"},{"$error":"#VALUE!"},{"$error":"#VALUE!"},{"$error":"#VALUE!"},{"$error":"#VALUE!"},{"$error":"#VALUE!"},{"$error":"#VALUE!"},{"$error":"#VALUE!"},{"$error":"#VALUE!"},{"$error":"#VALUE!"},{"$error":"#VALUE!"},{"$error":"#VALUE!"},{"$error":"#VALUE!"},{"$error":"#VALUE!"},{"$error":"#VALUE!"},{"$error":"#VALUE!"},{"$error":"#VALUE!"},{"$error":"#VALUE!"},{"$error":"#VALUE!"},{"$error":"#VALUE!"},{"$error":"#VALUE!"},{"$error":"#VALUE!"},{"$error":"#VALUE!"},{"$error":"#VALUE!"},{"$error":"#VALUE!"},{"$error":"#VALUE!"},{"$error":"#VALUE!"},{"$f":"SUM(CQ202,System2!CQ202,System3!CQ202)","v":{"$error":"#VALUE!"}},{"$error":"#VALUE!"},{"$error":"#VALUE!"},{"$error":"#VALUE!"},{"$error":"#VALUE!"},{"$error":"#VALUE!"},{"$error":"#VALUE!"},{"$error":"#VALUE!"},{"$error":"#VALUE!"},{"$error":"#VALUE!"},{"$error":"#VALUE!"},{"$error":"#VALUE!"},{"$error":"#VALUE!"},{"$error":"#VALUE!"},{"$error":"#VALUE!"},{"$error":"#VALUE!"},{"$error":"#VALUE!"},{"$error":"#VALUE!"},{"$error":"#VALUE!"},{"$error":"#VALUE!"},{"$error":"#VALUE!"},{"$error":"#VALUE!"},{"$error":"#VALUE!"},{"$error":"#VALUE!"},{"$error":"#VALUE!"},{"$error":"#VALUE!"},{"$error":"#VALUE!"},{"$f":"SUM(DR202,System2!DR202,System3!DR202)","v":{"$error":"#VALUE!"}},{"$f":"DT$34","v":{"$error":"#VALUE!"}},{"$f":"DU$34","v":{"$error":"#VALUE!"}},{"$f":"DV$34","v":0},{"$f":"DW$34","v":{"$error":"#VALUE!"}},{"$error":"#VALUE!"},{"$error":"#VALUE!"},{"$error":"#VALUE!"},0,0,0,0,0,{"$error":"#VALUE!"},{"$f":"SUM(EF202,System2!EF202,System3!EF202)","v":{"$error":"#VALUE!"}},{"$error":"#VALUE!"},{"$error":"#VALUE!"},{"$error":"#VALUE!"},{"$error":"#VALUE!"},{"$error":"#VALUE!"},{"$error":"#VALUE!"},{"$error":"#VALUE!"},{"$error":"#VALUE!"},{"$error":"#VALUE!"},{"$error":"#VALUE!"},{"$error":"#VALUE!"},{"$error":"#VALUE!"},{"$error":"#VALUE!"},{"$error":"#VALUE!"},{"$error":"#VALUE!"},{"$error":"#VALUE!"},{"$error":"#VALUE!"},{"$error":"#VALUE!"},{"$error":"#VALUE!"},{"$error":"#VALUE!"},{"$error":"#VALUE!"},{"$error":"#VALUE!"},{"$error":"#VALUE!"},{"$error":"#VALUE!"},{"$error":"#VALUE!"},{"$error":"#VALUE!"},{"$f":"SUM(FG202,System2!FG202,System3!FG202)","v":{"$error":"#VALUE!"}},0,0,0,0,{"$error":"#VALUE!"},{"$error":"#VALUE!"},{"$error":"#VALUE!"},{"$error":"#VALUE!"},{"$error":"#VALUE!"},{"$error":"#VALUE!"},{"$error":"#VALUE!"},{"$error":"#VALUE!"},{"$error":"#VALUE!"},{"$error":"#VALUE!"},{"$error":"#VALUE!"},{"$error":"#VALUE!"},{"$error":"#VALUE!"},{"$error":"#VALUE!"},{"$error":"#VALUE!"},{"$error":"#VALUE!"},{"$error":"#VALUE!"},{"$error":"#VALUE!"},{"$error":"#VALUE!"},{"$error":"#VALUE!"},{"$f":"$GG$31*WaterFittings!BO177","v":{"$error":"#VALUE!"}},{"$f":"$GH$31*WaterFittings!BP177","v":{"$error":"#VALUE!"}},{"$f":"$GI$31*WaterFittings!BQ177","v":0},{"$f":"GJ$31*AirCond!BD176","v":{"$error":"#VALUE!"}},{"$f":"GK$31*AirCond!BE176","v":{"$error":"#VALUE!"}},{"$f":"GL$31*AirCond!BF176","v":{"$error":"#VALUE!"}},{"$f":"GM$31*AirCond!BG176","v":{"$error":"#VALUE!"}},{"$f":"GN$31*WaterFittings!BS177","v":0},{"$f":"GO$31*WaterFittings!BT177","v":0},{"$f":"GP$31*WaterFittings!BU177","v":0}]
[null,null,172,0,0,{"$error":"#VALUE!"},{"$error":"#VALUE!"},{"$error":"#VALUE!"},{"$error":"#VALUE!"},{"$error":"#VALUE!"},{"$error":"#VALUE!"},{"$error":"#VALUE!"},{"$error":"#VALUE!"},{"$error":"#VALUE!"},{"$error":"#VALUE!"},null,{"$error":"#VALUE!"},{"$error":"#VALUE!"},{"$error":"#VALUE!"},{"$error":"#VALUE!"},{"$error":"#VALUE!"},null,{"$error":"#VALUE!"},{"$error":"#VALUE!"},{"$error":"#VALUE!"},{"$error":"#VALUE!"},{"$error":"#VALUE!"},null,4,{"$f":"SUM(SUMPRODUCT(AF$20:AJ$20,Q203:U203),SUMPRODUCT(AF$20:AJ$20,System2!Q203:U203),SUMPRODUCT(AF$20:AJ$20,System3!Q203:U203))","v":{"$error":"#VALUE!"}},{"$f":"SUM(SUMPRODUCT(AF$21:AJ$21,W203:AA203),SUMPRODUCT(AF$21:AJ$21,System2!W203:AA203),SUMPRODUCT(AF$21:AJ$21,System3!W203:AA203))","v":{"$error":"#VALUE!"}},{"$f":"WaterFittings!BN178","v":{"$error":"#VALUE!"}},{"$error":"#VALUE!"},{"$error":"#VALUE!"},{"$f":"MIN(AirCond!BL177,P$21)","v":0},{"$error":"#VALUE!"},{"$f":"MIN(ROUNDDOWN(AJ203-FH203,0),ROUNDDOWN(P$21*0.3,0),ROUNDDOWN(SUM(SUMPRODUCT(I$4:I$15,L$4:L$15),SUMPRODUCT(System2!I$4:I$15,System2!L$4:L$15),SUMPRODUCT(System3!I$4:I$15,System3!L$4:L$15))*0.3,0))","v":{"$error":"#VALUE!"}},0,{"$error":"#VALUE!"},{"$error":"#VALUE!"},{"$error":"#VALUE!"},0,{"$error":"#VALUE!"},{"$error":"#VALUE!"},{"$error":"#VALUE!"},0,null,null,null,0,0,0,0,null,{"$error":"#VALUE!"},{"$error":"#VALUE!"},{"$error":"#VALUE!"},{"$error":"#VALUE!"},{"$error":"#VALUE!"},{"$error":"#VALUE!"},{"$error":"#VALUE!"},{"$error":"#VALUE!"},{"$error":"#VALUE!"},0,{"$error":"#VALUE!"},{"$error":"#VALUE!"},{"$error":"#VALUE!"},{"$error":"#VALUE!"},{"$error":"#VALUE!"},{"$error":"#VALUE!"},{"$error":"#VALUE!"},{"$error":"#VALUE!"},{"$error":"#VALUE!"},{"$error":"#VALUE!"},{"$error":"#VALUE!"},{"$error":"#VALUE!"},{"$error":"#VALUE!"},{"$error":"#VALUE!"},{"$error":"#VALUE!"},{"$error":"#VALUE!"},{"$error":"#VALUE!"},{"$error":"#VALUE!"},{"$error":"#VALUE!"},{"$error":"#VALUE!"},{"$error":"#VALUE!"},{"$error":"#VALUE!"},{"$error":"#VALUE!"},{"$error":"#VALUE!"},{"$error":"#VALUE!"},{"$error":"#VALUE!"},{"$error":"#VALUE!"},{"$error":"#VALUE!"},{"$error":"#VALUE!"},{"$error":"#VALUE!"},{"$error":"#VALUE!"},{"$f":"SUM(CQ203,System2!CQ203,System3!CQ203)","v":{"$error":"#VALUE!"}},{"$error":"#VALUE!"},{"$error":"#VALUE!"},{"$error":"#VALUE!"},{"$error":"#VALUE!"},{"$error":"#VALUE!"},{"$error":"#VALUE!"},{"$error":"#VALUE!"},{"$error":"#VALUE!"},{"$error":"#VALUE!"},{"$error":"#VALUE!"},{"$error":"#VALUE!"},{"$error":"#VALUE!"},{"$error":"#VALUE!"},{"$error":"#VALUE!"},{"$error":"#VALUE!"},{"$error":"#VALUE!"},{"$error":"#VALUE!"},{"$error":"#VALUE!"},{"$error":"#VALUE!"},{"$error":"#VALUE!"},{"$error":"#VALUE!"},{"$error":"#VALUE!"},{"$error":"#VALUE!"},{"$error":"#VALUE!"},{"$error":"#VALUE!"},{"$error":"#VALUE!"},{"$f":"SUM(DR203,System2!DR203,System3!DR203)","v":{"$error":"#VALUE!"}},{"$f":"DT$35","v":{"$error":"#VALUE!"}},{"$f":"DU$35","v":{"$error":"#VALUE!"}},{"$f":"DV$35","v":0},{"$f":"DW$35","v":{"$error":"#VALUE!"}},{"$error":"#VALUE!"},{"$error":"#VALUE!"},{"$error":"#VALUE!"},0,0,0,0,0,{"$error":"#VALUE!"},{"$f":"SUM(EF203,System2!EF203,System3!EF203)","v":{"$error":"#VALUE!"}},{"$error":"#VALUE!"},{"$error":"#VALUE!"},{"$error":"#VALUE!"},{"$error":"#VALUE!"},{"$error":"#VALUE!"},{"$error":"#VALUE!"},{"$error":"#VALUE!"},{"$error":"#VALUE!"},{"$error":"#VALUE!"},{"$error":"#VALUE!"},{"$error":"#VALUE!"},{"$error":"#VALUE!"},{"$error":"#VALUE!"},{"$error":"#VALUE!"},{"$error":"#VALUE!"},{"$error":"#VALUE!"},{"$error":"#VALUE!"},{"$error":"#VALUE!"},{"$error":"#VALUE!"},{"$error":"#VALUE!"},{"$error":"#VALUE!"},{"$error":"#VALUE!"},{"$error":"#VALUE!"},{"$error":"#VALUE!"},{"$error":"#VALUE!"},{"$error":"#VALUE!"},{"$f":"SUM(FG203,System2!FG203,System3!FG203)","v":{"$error":"#VALUE!"}},0,0,0,0,{"$error":"#VALUE!"},{"$error":"#VALUE!"},{"$error":"#VALUE!"},{"$error":"#VALUE!"},{"$error":"#VALUE!"},{"$error":"#VALUE!"},{"$error":"#VALUE!"},{"$error":"#VALUE!"},{"$error":"#VALUE!"},{"$error":"#VALUE!"},{"$error":"#VALUE!"},{"$error":"#VALUE!"},{"$error":"#VALUE!"},{"$error":"#VALUE!"},{"$error":"#VALUE!"},{"$error":"#VALUE!"},{"$error":"#VALUE!"},{"$error":"#VALUE!"},{"$error":"#VALUE!"},{"$error":"#VALUE!"},{"$f":"$GG$31*WaterFittings!BO178","v":{"$error":"#VALUE!"}},{"$f":"$GH$31*WaterFittings!BP178","v":{"$error":"#VALUE!"}},{"$f":"$GI$31*WaterFittings!BQ178","v":0},{"$f":"GJ$31*AirCond!BD177","v":{"$error":"#VALUE!"}},{"$f":"GK$31*AirCond!BE177","v":{"$error":"#VALUE!"}},{"$f":"GL$31*AirCond!BF177","v":{"$error":"#VALUE!"}},{"$f":"GM$31*AirCond!BG177","v":{"$error":"#VALUE!"}},{"$f":"GN$31*WaterFittings!BS178","v":0},{"$f":"GO$31*WaterFittings!BT178","v":0},{"$f":"GP$31*WaterFittings!BU178","v":0}]
[null,null,173,24,0,{"$error":"#VALUE!"},{"$error":"#VALUE!"},{"$error":"#VALUE!"},{"$error":"#VALUE!"},{"$error":"#VALUE!"},{"$error":"#VALUE!"},{"$error":"#VALUE!"},{"$error":"#VALUE!"},{"$error":"#VALUE!"},{"$error":"#VALUE!"},null,{"$error":"#VALUE!"},{"$error":"#VALUE!"},{"$error":"#VALUE!"},{"$error":"#VALUE!"},{"$error":"#VALUE!"},null,{"$error":"#VALUE!"},{"$error":"#VALUE!"},{"$error":"#VALUE!"},{"$error":"#VALUE!"},{"$error":"#VALUE!"},null,5,{"$f":"SUM(SUMPRODUCT(AF$20:AJ$20,Q204:U204),SUMPRODUCT(AF$20:AJ$20,System2!Q204:U204),SUMPRODUCT(AF$20:AJ$20,System3!Q204:U204))","v":{"$error":"#VALUE!"}},{"$f":"SUM(SUMPRODUCT(AF$21:AJ$21,W204:AA204),SUMPRODUCT(AF$21:AJ$21,System2!W204:AA204),SUMPRODUCT(AF$21:AJ$21,System3!W204:AA204))","v":{"$error":"#VALUE!"}},{"$f":"WaterFittings!BN179","v":{"$error":"#VALUE!"}},{"$error":"#VALUE!"},{"$error":"#VALUE!"},{"$f":"MIN(AirCond!BL178,P$21)","v":0},{"$error":"#VALUE!"},{"$f":"MIN(ROUNDDOWN(AJ204-FH204,0),ROUNDDOWN(P$21*0.3,0),ROUNDDOWN(SUM(SUMPRODUCT(I$4:I$15,L$4:L$15),SUMPRODUCT(System2!I$4:I$15,System2!L$4:L$15),SUMPRODUCT(System3!I$4:I$15,System3!L$4:L$15))*0.3,0))","v":{"$error":"#VALUE!"}},0,{"$error":"#VALUE!"},{"$error":"#VALUE!"},{"$error":"#VALUE!"},0,{"$error":"#VALUE!"},{"$error":"#VALUE!"},{"$error":"#VALUE!"},0,null,null,null,0,0,0,0,null,{"$error":"#VALUE!"},{"$error":"#VALUE!"},{"$error":"#VALUE!"},{"$error":"#VALUE!"},{"$error":"#VALUE!"},{"$error":"#VALUE!"},{"$error":"#VALUE!"},{"$error":"#VALUE!"},{"$error":"#VALUE!"},0,{"$error":"#VALUE!"},{"$error":"#VALUE!"},{"$error":"#VALUE!"},{"$error":"#VALUE!"},{"$error":"#VALUE!"},{"$error":"#VALUE!"},{"$error":"#VALUE!"},{"$error":"#VALUE!"},{"$error":"#VALUE!"},{"$error":"#VALUE!"},{"$error":"#VALUE!"},{"$error":"#VALUE!"},{"$error":"#VALUE!"},{"$error":"#VALUE!"},{"$error":"#VALUE!"},{"$error":"#VALUE!"},{"$error":"#VALUE!"},{"$error":"#VALUE!"},{"$error":"#VALUE!"},{"$error":"#VALUE!"},{"$error":"#VALUE!"},{"$error":"#VALUE!"},{"$error":"#VALUE!"},{"$error":"#VALUE!"},{"$error":"#VALUE!"},{"$error":"#VALUE!"},{"$error":"#VALUE!"},{"$error":"#VALUE!"},{"$error":"#VALUE!"},{"$error":"#VALUE!"},{"$error":"#VALUE!"},{"$f":"SUM(CQ204,System2!CQ204,System3!CQ204)","v":{"$error":"#VALUE!"}},{"$error":"#VALUE!"},{"$error":"#VALUE!"},{"$error":"#VALUE!"},{"$error":"#VALUE!"},{"$error":"#VALUE!"},{"$error":"#VALUE!"},{"$error":"#VALUE!"},{"$error":"#VALUE!"},{"$error":"#VALUE!"},{"$error":"#VALUE!"},{"$error":"#VALUE!"},{"$error":"#VALUE!"},{"$error":"#VALUE!"},{"$error":"#VALUE!"},{"$error":"#VALUE!"},{"$error":"#VALUE!"},{"$error":"#VALUE!"},{"$error":"#VALUE!"},{"$error":"#VALUE!"},{"$error":"#VALUE!"},{"$error":"#VALUE!"},{"$error":"#VALUE!"},{"$error":"#VALUE!"},{"$error":"#VALUE!"},{"$error":"#VALUE!"},{"$error":"#VALUE!"},{"$f":"SUM(DR204,System2!DR204,System3!DR204)","v":{"$error":"#VALUE!"}},{"$f":"DT$36","v":{"$error":"#VALUE!"}},{"$f":"DU$36","v":{"$error":"#VALUE!"}},{"$f":"DV$36","v":0},{"$f":"DW$36","v":{"$error":"#VALUE!"}},{"$error":"#VALUE!"},{"$error":"#VALUE!"},{"$error":"#VALUE!"},0,0,0,0,0,{"$error":"#VALUE!"},{"$f":"SUM(EF204,System2!EF204,System3!EF204)","v":{"$error":"#VALUE!"}},{"$error":"#VALUE!"},{"$error":"#VALUE!"},{"$error":"#VALUE!"},{"$error":"#VALUE!"},{"$error":"#VALUE!"},{"$error":"#VALUE!"},{"$error":"#VALUE!"},{"$error":"#VALUE!"},{"$error":"#VALUE!"},{"$error":"#VALUE!"},{"$error":"#VALUE!"},{"$error":"#VALUE!"},{"$error":"#VALUE!"},{"$error":"#VALUE!"},{"$error":"#VALUE!"},{"$error":"#VALUE!"},{"$error":"#VALUE!"},{"$error":"#VALUE!"},{"$error":"#VALUE!"},{"$error":"#VALUE!"},{"$error":"#VALUE!"},{"$error":"#VALUE!"},{"$error":"#VALUE!"},{"$error":"#VALUE!"},{"$error":"#VALUE!"},{"$error":"#VALUE!"},{"$f":"SUM(FG204,System2!FG204,System3!FG204)","v":{"$error":"#VALUE!"}},0,0,0,0,{"$error":"#VALUE!"},{"$error":"#VALUE!"},{"$error":"#VALUE!"},{"$error":"#VALUE!"},{"$error":"#VALUE!"},{"$error":"#VALUE!"},{"$error":"#VALUE!"},{"$error":"#VALUE!"},{"$error":"#VALUE!"},{"$error":"#VALUE!"},{"$error":"#VALUE!"},{"$error":"#VALUE!"},{"$error":"#VALUE!"},{"$error":"#VALUE!"},{"$error":"#VALUE!"},{"$error":"#VALUE!"},{"$error":"#VALUE!"},{"$error":"#VALUE!"},{"$error":"#VALUE!"},{"$error":"#VALUE!"},{"$f":"$GG$31*WaterFittings!BO179","v":{"$error":"#VALUE!"}},{"$f":"$GH$31*WaterFittings!BP179","v":{"$error":"#VALUE!"}},{"$f":"$GI$31*WaterFittings!BQ179","v":0},{"$f":"GJ$31*AirCond!BD178","v":{"$error":"#VALUE!"}},{"$f":"GK$31*AirCond!BE178","v":{"$error":"#VALUE!"}},{"$f":"GL$31*AirCond!BF178","v":{"$error":"#VALUE!"}},{"$f":"GM$31*AirCond!BG178","v":{"$error":"#VALUE!"}},{"$f":"GN$31*WaterFittings!BS179","v":0},{"$f":"GO$31*WaterFittings!BT179","v":0},{"$f":"GP$31*WaterFittings!BU179","v":0}]
[null,null,174,3,0,{"$error":"#VALUE!"},{"$error":"#VALUE!"},{"$error":"#VALUE!"},{"$error":"#VALUE!"},{"$error":"#VALUE!"},{"$error":"#VALUE!"},{"$error":"#VALUE!"},{"$error":"#VALUE!"},{"$error":"#VALUE!"},{"$error":"#VALUE!"},null,{"$error":"#VALUE!"},{"$error":"#VALUE!"},{"$error":"#VALUE!"},{"$error":"#VALUE!"},{"$error":"#VALUE!"},null,{"$error":"#VALUE!"},{"$error":"#VALUE!"},{"$error":"#VALUE!"},{"$error":"#VALUE!"},{"$error":"#VALUE!"},null,6,{"$f":"SUM(SUMPRODUCT(AF$20:AJ$20,Q205:U205),SUMPRODUCT(AF$20:AJ$20,System2!Q205:U205),SUMPRODUCT(AF$20:AJ$20,System3!Q205:U205))","v":{"$error":"#VALUE!"}},{"$f":"SUM(SUMPRODUCT(AF$21:AJ$21,W205:AA205),SUMPRODUCT(AF$21:AJ$21,System2!W205:AA205),SUMPRODUCT(AF$21:AJ$21,System3!W205:AA205))","v":{"$error":"#VALUE!"}},{"$f":"WaterFittings!BN180","v":{"$error":"#VALUE!"}},{"$error":"#VALUE!"},{"$error":"#VALUE!"},{"$f":"MIN(AirCond!BL179,P$21)","v":0},{"$error":"#VALUE!"},{"$f":"MIN(ROUNDDOWN(AJ205-FH205,0),ROUNDDOWN(P$21*0.3,0),ROUNDDOWN(SUM(SUMPRODUCT(I$4:I$15,L$4:L$15),SUMPRODUCT(System2!I$4:I$15,System2!L$4:L$15),SUMPRODUCT(System3!I$4:I$15,System3!L$4:L$15))*0.3,0))","v":{"$error":"#VALUE!"}},0,{"$error":"#VALUE!"},{"$error":"#VALUE!"},{"$error":"#VALUE!"},0,{"$error":"#VALUE!"},{"$error":"#VALUE!"},{"$error":"#VALUE!"},0,null,null,null,0,0,0,0,null,{"$error":"#VALUE!"},{"$error":"#VALUE!"},{"$error":"#VALUE!"},{"$error":"#VALUE!"},{"$error":"#VALUE!"},{"$error":"#VALUE!"},{"$error":"#VALUE!"},{"$error":"#VALUE!"},{"$error":"#VALUE!"},0,{"$error":"#VALUE!"},{"$error":"#VALUE!"},{"$error":"#VALUE!"},{"$error":"#VALUE!"},{"$error":"#VALUE!"},{"$error":"#VALUE!"},{"$error":"#VALUE!"},{"$error":"#VALUE!"},{"$error":"#VALUE!"},{"$error":"#VALUE!"},{"$error":"#VALUE!"},{"$error":"#VALUE!"},{"$error":"#VALUE!"},{"$error":"#VALUE!"},{"$error":"#VALUE!"},{"$error":"#VALUE!"},{"$error":"#VALUE!"},{"$error":"#VALUE!"},{"$error":"#VALUE!"},{"$error":"#VALUE!"},{"$error":"#VALUE!"},{"$error":"#VALUE!"},{"$error":"#VALUE!"},{"$error":"#VALUE!"},{"$error":"#VALUE!"},{"$error":"#VALUE!"},{"$error":"#VALUE!"},{"$error":"#VALUE!"},{"$error":"#VALUE!"},{"$error":"#VALUE!"},{"$error":"#VALUE!"},{"$f":"SUM(CQ205,System2!CQ205,System3!CQ205)","v":{"$error":"#VALUE!"}},{"$error":"#VALUE!"},{"$error":"#VALUE!"},{"$error":"#VALUE!"},{"$error":"#VALUE!"},{"$error":"#VALUE!"},{"$error":"#VALUE!"},{"$error":"#VALUE!"},{"$error":"#VALUE!"},{"$error":"#VALUE!"},{"$error":"#VALUE!"},{"$error":"#VALUE!"},{"$error":"#VALUE!"},{"$error":"#VALUE!"},{"$error":"#VALUE!"},{"$error":"#VALUE!"},{"$error":"#VALUE!"},{"$error":"#VALUE!"},{"$error":"#VALUE!"},{"$error":"#VALUE!"},{"$error":"#VALUE!"},{"$error":"#VALUE!"},{"$error":"#VALUE!"},{"$error":"#VALUE!"},{"$error":"#VALUE!"},{"$error":"#VALUE!"},{"$error":"#VALUE!"},{"$f":"SUM(DR205,System2!DR205,System3!DR205)","v":{"$error":"#VALUE!"}},{"$f":"DT$37","v":{"$error":"#VALUE!"}},{"$f":"DU$37","v":{"$error":"#VALUE!"}},{"$f":"DV$37","v":0},{"$f":"DW$37","v":{"$error":"#VALUE!"}},{"$error":"#VALUE!"},{"$error":"#VALUE!"},{"$error":"#VALUE!"},0,0,0,0,0,{"$error":"#VALUE!"},{"$f":"SUM(EF205,System2!EF205,System3!EF205)","v":{"$error":"#VALUE!"}},{"$error":"#VALUE!"},{"$error":"#VALUE!"},{"$error":"#VALUE!"},{"$error":"#VALUE!"},{"$error":"#VALUE!"},{"$error":"#VALUE!"},{"$error":"#VALUE!"},{"$error":"#VALUE!"},{"$error":"#VALUE!"},{"$error":"#VALUE!"},{"$error":"#VALUE!"},{"$error":"#VALUE!"},{"$error":"#VALUE!"},{"$error":"#VALUE!"},{"$error":"#VALUE!"},{"$error":"#VALUE!"},{"$error":"#VALUE!"},{"$error":"#VALUE!"},{"$error":"#VALUE!"},{"$error":"#VALUE!"},{"$error":"#VALUE!"},{"$error":"#VALUE!"},{"$error":"#VALUE!"},{"$error":"#VALUE!"},{"$error":"#VALUE!"},{"$error":"#VALUE!"},{"$f":"SUM(FG205,System2!FG205,System3!FG205)","v":{"$error":"#VALUE!"}},0,0,0,0,{"$error":"#VALUE!"},{"$error":"#VALUE!"},{"$error":"#VALUE!"},{"$error":"#VALUE!"},{"$error":"#VALUE!"},{"$error":"#VALUE!"},{"$error":"#VALUE!"},{"$error":"#VALUE!"},{"$error":"#VALUE!"},{"$error":"#VALUE!"},{"$error":"#VALUE!"},{"$error":"#VALUE!"},{"$error":"#VALUE!"},{"$error":"#VALUE!"},{"$error":"#VALUE!"},{"$error":"#VALUE!"},{"$error":"#VALUE!"},{"$error":"#VALUE!"},{"$error":"#VALUE!"},{"$error":"#VALUE!"},{"$f":"$GG$31*WaterFittings!BO180","v":{"$error":"#VALUE!"}},{"$f":"$GH$31*WaterFittings!BP180","v":{"$error":"#VALUE!"}},{"$f":"$GI$31*WaterFittings!BQ180","v":0},{"$f":"GJ$31*AirCond!BD179","v":{"$error":"#VALUE!"}},{"$f":"GK$31*AirCond!BE179","v":{"$error":"#VALUE!"}},{"$f":"GL$31*AirCond!BF179","v":{"$error":"#VALUE!"}},{"$f":"GM$31*AirCond!BG179","v":{"$error":"#VALUE!"}},{"$f":"GN$31*WaterFittings!BS180","v":0},{"$f":"GO$31*WaterFittings!BT180","v":0},{"$f":"GP$31*WaterFittings!BU180","v":0}]
[null,null,175,1,0,{"$error":"#VALUE!"},{"$error":"#VALUE!"},{"$error":"#VALUE!"},{"$error":"#VALUE!"},{"$error":"#VALUE!"},{"$error":"#VALUE!"},{"$error":"#VALUE!"},{"$error":"#VALUE!"},{"$error":"#VALUE!"},{"$error":"#VALUE!"},null,{"$error":"#VALUE!"},{"$error":"#VALUE!"},{"$error":"#VALUE!"},{"$error":"#VALUE!"},{"$error":"#VALUE!"},null,{"$error":"#VALUE!"},{"$error":"#VALUE!"},{"$error":"#VALUE!"},{"$error":"#VALUE!"},{"$error":"#VALUE!"},null,7,{"$f":"SUM(SUMPRODUCT(AF$20:AJ$20,Q206:U206),SUMPRODUCT(AF$20:AJ$20,System2!Q206:U206),SUMPRODUCT(AF$20:AJ$20,System3!Q206:U206))","v":{"$error":"#VALUE!"}},{"$f":"SUM(SUMPRODUCT(AF$21:AJ$21,W206:AA206),SUMPRODUCT(AF$21:AJ$21,System2!W206:AA206),SUMPRODUCT(AF$21:AJ$21,System3!W206:AA206))","v":{"$error":"#VALUE!"}},{"$f":"WaterFittings!BN181","v":{"$error":"#VALUE!"}},{"$error":"#VALUE!"},{"$error":"#VALUE!"},{"$f":"MIN(AirCond!BL180,P$21)","v":0},{"$error":"#VALUE!"},{"$f":"MIN(ROUNDDOWN(AJ206-FH206,0),ROUNDDOWN(P$21*0.3,0),ROUNDDOWN(SUM(SUMPRODUCT(I$4:I$15,L$4:L$15),SUMPRODUCT(System2!I$4:I$15,System2!L$4:L$15),SUMPRODUCT(System3!I$4:I$15,System3!L$4:L$15))*0.3,0))","v":{"$error":"#VALUE!"}},0,{"$error":"#VALUE!"},{"$error":"#VALUE!"},{"$error":"#VALUE!"},0,{"$error":"#VALUE!"},{"$error":"#VALUE!"},{"$error":"#VALUE!"},0,null,null,null,0,0,0,0,null,{"$error":"#VALUE!"},{"$error":"#VALUE!"},{"$error":"#VALUE!"},{"$error":"#VALUE!"},{"$error":"#VALUE!"},{"$error":"#VALUE!"},{"$error":"#VALUE!"},{"$error":"#VALUE!"},{"$error":"#VALUE!"},0,{"$error":"#VALUE!"},{"$error":"#VALUE!"},{"$error":"#VALUE!"},{"$error":"#VALUE!"},{"$error":"#VALUE!"},{"$error":"#VALUE!"},{"$error":"#VALUE!"},{"$error":"#VALUE!"},{"$error":"#VALUE!"},{"$error":"#VALUE!"},{"$error":"#VALUE!"},{"$error":"#VALUE!"},{"$error":"#VALUE!"},{"$error":"#VALUE!"},{"$error":"#VALUE!"},{"$error":"#VALUE!"},{"$error":"#VALUE!"},{"$error":"#VALUE!"},{"$error":"#VALUE!"},{"$error":"#VALUE!"},{"$error":"#VALUE!"},{"$error":"#VALUE!"},{"$error":"#VALUE!"},{"$error":"#VALUE!"},{"$error":"#VALUE!"},{"$error":"#VALUE!"},{"$error":"#VALUE!"},{"$error":"#VALUE!"},{"$error":"#VALUE!"},{"$error":"#VALUE!"},{"$error":"#VALUE!"},{"$f":"SUM(CQ206,System2!CQ206,System3!CQ206)","v":{"$error":"#VALUE!"}},{"$error":"#VALUE!"},{"$error":"#VALUE!"},{"$error":"#VALUE!"},{"$error":"#VALUE!"},{"$error":"#VALUE!"},{"$error":"#VALUE!"},{"$f":"IF($CS206,CJ206/$CR206,0)","v":{"$error":"#VALUE!"}},{"$f":"IF($CS206,CK206/$CR206,0)","v":{"$error":"#VALUE!"}},{"$error":"#VALUE!"},{"$error":"#VALUE!"},{"$error":"#VALUE!"},{"$error":"#VALUE!"},{"$error":"#VALUE!"},{"$error":"#VALUE!"},{"$error":"#VALUE!"},{"$error":"#VALUE!"},{"$error":"#VALUE!"},{"$error":"#VALUE!"},{"$f":"$CS206*CY206","v":{"$error":"#VALUE!"}},{"$f":"$CS206*CZ206","v":{"$error":"#VALUE!"}},{"$error":"#VALUE!"},{"$error":"#VALUE!"},{"$error":"#VALUE!"},{"$error":"#VALUE!"},{"$error":"#VALUE!"},{"$error":"#VALUE!"},{"$f":"SUM(DR206,System2!DR206,System3!DR206)","v":{"$error":"#VALUE!"}},{"$f":"DT$38","v":{"$error":"#VALUE!"}},{"$f":"DU$38","v":{"$error":"#VALUE!"}},{"$f":"DV$38","v":0},{"$f":"DW$38","v":{"$error":"#VALUE!"}},{"$error":"#VALUE!"},{"$error":"#VALUE!"},{"$error":"#VALUE!"},0,0,0,0,0,{"$error":"#VALUE!"},{"$f":"SUM(EF206,System2!EF206,System3!EF206)","v":{"$error":"#VALUE!"}},{"$error":"#VALUE!"},{"$error":"#VALUE!"},{"$error":"#VALUE!"},{"$error":"#VALUE!"},{"$error":"#VALUE!"},{"$error":"#VALUE!"},{"$error":"#VALUE!"},{"$error":"#VALUE!"},{"$error":"#VALUE!"},{"$error":"#VALUE!"},{"$error":"#VALUE!"},{"$error":"#VALUE!"},{"$error":"#VALUE!"},{"$error":"#VALUE!"},{"$error":"#VALUE!"},{"$error":"#VALUE!"},{"$error":"#VALUE!"},{"$error":"#VALUE!"},{"$error":"#VALUE!"},{"$error":"#VALUE!"},{"$error":"#VALUE!"},{"$error":"#VALUE!"},{"$error":"#VALUE!"},{"$error":"#VALUE!"},{"$error":"#VALUE!"},{"$error":"#VALUE!"},{"$f":"SUM(FG206,System2!FG206,System3!FG206)","v":{"$error":"#VALUE!"}},0,0,0,0,{"$error":"#VALUE!"},{"$error":"#VALUE!"},{"$error":"#VALUE!"},{"$error":"#VALUE!"},{"$error":"#VALUE!"},{"$error":"#VALUE!"},{"$error":"#VALUE!"},{"$error":"#VALUE!"},{"$error":"#VALUE!"},{"$error":"#VALUE!"},{"$error":"#VALUE!"},{"$error":"#VALUE!"},{"$error":"#VALUE!"},{"$error":"#VALUE!"},{"$error":"#VALUE!"},{"$error":"#VALUE!"},{"$error":"#VALUE!"},{"$error":"#VALUE!"},{"$error":"#VALUE!"},{"$error":"#VALUE!"},{"$f":"$GG$31*WaterFittings!BO181","v":{"$error":"#VALUE!"}},{"$f":"$GH$31*WaterFittings!BP181","v":{"$error":"#VALUE!"}},{"$f":"$GI$31*WaterFittings!BQ181","v":0},{"$f":"GJ$31*AirCond!BD180","v":{"$error":"#VALUE!"}},{"$f":"GK$31*AirCond!BE180","v":{"$error":"#VALUE!"}},{"$f":"GL$31*AirCond!BF180","v":{"$error":"#VALUE!"}},{"$f":"GM$31*AirCond!BG180","v":{"$error":"#VALUE!"}},{"$f":"GN$31*WaterFittings!BS181","v":0},{"$f":"GO$31*WaterFittings!BT181","v":0},{"$f":"GP$31*WaterFittings!BU181","v":0}]
[null,null,176,0,0,{"$error":"#VALUE!"},{"$error":"#VALUE!"},{"$error":"#VALUE!"},{"$error":"#VALUE!"},{"$error":"#VALUE!"},{"$error":"#VALUE!"},{"$error":"#VALUE!"},{"$error":"#VALUE!"},{"$error":"#VALUE!"},{"$error":"#VALUE!"},null,{"$error":"#VALUE!"},{"$error":"#VALUE!"},{"$error":"#VALUE!"},{"$error":"#VALUE!"},{"$error":"#VALUE!"},null,{"$error":"#VALUE!"},{"$error":"#VALUE!"},{"$error":"#VALUE!"},{"$error":"#VALUE!"},{"$f":"ROUNDDOWN(FF207,0)","v":{"$error":"#VALUE!"}},null,8,{"$f":"SUM(SUMPRODUCT(AF$20:AJ$20,Q207:U207),SUMPRODUCT(AF$20:AJ$20,System2!Q207:U207),SUMPRODUCT(AF$20:AJ$20,System3!Q207:U207))","v":{"$error":"#VALUE!"}},{"$f":"SUM(SUMPRODUCT(AF$21:AJ$21,W207:AA207),SUMPRODUCT(AF$21:AJ$21,System2!W207:AA207),SUMPRODUCT(AF$21:AJ$21,System3!W207:AA207))","v":{"$error":"#VALUE!"}},{"$f":"WaterFittings!BN182","v":{"$error":"#VALUE!"}},{"$error":"#VALUE!"},{"$error":"#VALUE!"},{"$f":"MIN(AirCond!BL181,P$21)","v":0},{"$error":"#VALUE!"},{"$f":"MIN(ROUNDDOWN(AJ207-FH207,0),ROUNDDOWN(P$21*0.3,0),ROUNDDOWN(SUM(SUMPRODUCT(I$4:I$15,L$4:L$15),SUMPRODUCT(System2!I$4:I$15,System2!L$4:L$15),SUMPRODUCT(System3!I$4:I$15,System3!L$4:L$15))*0.3,0))","v":{"$error":"#VALUE!"}},0,{"$error":"#VALUE!"},{"$error":"#VALUE!"},{"$error":"#VALUE!"},0,{"$error":"#VALUE!"},{"$error":"#VALUE!"},{"$error":"#VALUE!"},0,null,null,null,0,0,0,0,null,{"$error":"#VALUE!"},{"$error":"#VALUE!"},{"$error":"#VALUE!"},{"$error":"#VALUE!"},{"$error":"#VALUE!"},{"$error":"#VALUE!"},{"$error":"#VALUE!"},{"$error":"#VALUE!"},{"$error":"#VALUE!"},0,{"$error":"#VALUE!"},{"$error":"#VALUE!"},{"$error":"#VALUE!"},{"$error":"#VALUE!"},{"$error":"#VALUE!"},{"$error":"#VALUE!"},{"$error":"#VALUE!"},{"$error":"#VALUE!"},{"$error":"#VALUE!"},{"$error":"#VALUE!"},{"$error":"#VALUE!"},{"$error":"#VALUE!"},{"$error":"#VALUE!"},{"$error":"#VALUE!"},{"$error":"#VALUE!"},{"$error":"#VALUE!"},{"$error":"#VALUE!"},{"$error":"#VALUE!"},{"$error":"#VALUE!"},{"$error":"#VALUE!"},{"$error":"#VALUE!"},{"$error":"#VALUE!"},{"$error":"#VALUE!"},{"$error":"#VALUE!"},{"$error":"#VALUE!"},{"$error":"#VALUE!"},{"$error":"#VALUE!"},{"$error":"#VALUE!"},{"$error":"#VALUE!"},{"$error":"#VALUE!"},{"$error":"#VALUE!"},{"$f":"SUM(CQ207,System2!CQ207,System3!CQ207)","v":{"$error":"#VALUE!"}},{"$error":"#VALUE!"},{"$error":"#VALUE!"},{"$error":"#VALUE!"},{"$error":"#VALUE!"},{"$error":"#VALUE!"},{"$error":"#VALUE!"},{"$error":"#VALUE!"},{"$error":"#VALUE!"},{"$error":"#VALUE!"},{"$error":"#VALUE!"},{"$error":"#VALUE!"},{"$error":"#VALUE!"},{"$error":"#VALUE!"},{"$error":"#VALUE!"},{"$error":"#VALUE!"},{"$error":"#VALUE!"},{"$error":"#VALUE!"},{"$error":"#VALUE!"},{"$error":"#VALUE!"},{"$error":"#VALUE!"},{"$error":"#VALUE!"},{"$error":"#VALUE!"},{"$error":"#VALUE!"},{"$error":"#VALUE!"},{"$error":"#VALUE!"},{"$error":"#VALUE!"},{"$f":"SUM(DR207,System2!DR207,System3!DR207)","v":{"$error":"#VALUE!"}},{"$f":"DT$39","v":{"$error":"#VALUE!"}},{"$f":"DU$39","v":{"$error":"#VALUE!"}},{"$f":"DV$39","v":0},{"$f":"DW$39","v":{"$error":"#VALUE!"}},{"$error":"#VALUE!"},{"$error":"#VALUE!"},{"$error":"#VALUE!"},0,0,0,0,0,{"$error":"#VALUE!"},{"$f":"SUM(EF207,System2!EF207,System3!EF207)","v":{"$error":"#VALUE!"}},{"$error":"#VALUE!"},{"$error":"#VALUE!"},{"$error":"#VALUE!"},{"$error":"#VALUE!"},{"$error":"#VALUE!"},{"$error":"#VALUE!"},{"$error":"#VALUE!"},{"$error":"#VALUE!"},{"$error":"#VALUE!"},{"$error":"#VALUE!"},{"$error":"#VALUE!"},{"$error":"#VALUE!"},{"$error":"#VALUE!"},{"$error":"#VALUE!"},{"$error":"#VALUE!"},{"$error":"#VALUE!"},{"$error":"#VALUE!"},{"$error":"#VALUE!"},{"$error":"#VALUE!"},{"$error":"#VALUE!"},{"$error":"#VALUE!"},{"$error":"#VALUE!"},{"$error":"#VALUE!"},{"$error":"#VALUE!"},{"$error":"#VALUE!"},{"$error":"#VALUE!"},{"$f":"SUM(FG207,System2!FG207,System3!FG207)","v":{"$error":"#VALUE!"}},0,0,0,0,{"$error":"#VALUE!"},{"$error":"#VALUE!"},{"$error":"#VALUE!"},{"$error":"#VALUE!"},{"$error":"#VALUE!"},{"$error":"#VALUE!"},{"$error":"#VALUE!"},{"$error":"#VALUE!"},{"$error":"#VALUE!"},{"$error":"#VALUE!"},{"$error":"#VALUE!"},{"$error":"#VALUE!"},{"$error":"#VALUE!"},{"$error":"#VALUE!"},{"$error":"#VALUE!"},{"$error":"#VALUE!"},{"$error":"#VALUE!"},{"$error":"#VALUE!"},{"$error":"#VALUE!"},{"$error":"#VALUE!"},{"$f":"$GG$31*WaterFittings!BO182","v":{"$error":"#VALUE!"}},{"$f":"$GH$31*WaterFittings!BP182","v":{"$error":"#VALUE!"}},{"$f":"$GI$31*WaterFittings!BQ182","v":0},{"$f":"GJ$31*AirCond!BD181","v":{"$error":"#VALUE!"}},{"$f":"GK$31*AirCond!BE181","v":{"$error":"#VALUE!"}},{"$f":"GL$31*AirCond!BF181","v":{"$error":"#VALUE!"}},{"$f":"GM$31*AirCond!BG181","v":{"$error":"#VALUE!"}},{"$f":"GN$31*WaterFittings!BS182","v":0},{"$f":"GO$31*WaterFittings!BT182","v":0},{"$f":"GP$31*WaterFittings!BU182","v":0}]
[null,null,177,0,0,{"$error":"#VALUE!"},{"$error":"#VALUE!"},{"$error":"#VALUE!"},{"$error":"#VALUE!"},{"$error":"#VALUE!"},{"$error":"#VALUE!"},{"$error":"#VALUE!"},{"$error":"#VALUE!"},{"$error":"#VALUE!"},{"$error":"#VALUE!"},null,{"$error":"#VALUE!"},{"$error":"#VALUE!"},{"$error":"#VALUE!"},{"$error":"#VALUE!"},{"$error":"#VALUE!"},null,{"$error":"#VALUE!"},{"$error":"#VALUE!"},{"$error":"#VALUE!"},{"$error":"#VALUE!"},{"$error":"#VALUE!"},null,9,{"$f":"SUM(SUMPRODUCT(AF$20:AJ$20,Q208:U208),SUMPRODUCT(AF$20:AJ$20,System2!Q208:U208),SUMPRODUCT(AF$20:AJ$20,System3!Q208:U208))","v":{"$error":"#VALUE!"}},{"$f":"SUM(SUMPRODUCT(AF$21:AJ$21,W208:AA208),SUMPRODUCT(AF$21:AJ$21,System2!W208:AA208),SUMPRODUCT(AF$21:AJ$21,System3!W208:AA208))","v":{"$error":"#VALUE!"}},{"$f":"WaterFittings!BN183","v":{"$error":"#VALUE!"}},{"$error":"#VALUE!"},{"$error":"#VALUE!"},{"$f":"MIN(AirCond!BL182,P$21)","v":0},{"$error":"#VALUE!"},{"$f":"MIN(ROUNDDOWN(AJ208-FH208,0),ROUNDDOWN(P$21*0.3,0),ROUNDDOWN(SUM(SUMPRODUCT(I$4:I$15,L$4:L$15),SUMPRODUCT(System2!I$4:I$15,System2!L$4:L$15),SUMPRODUCT(System3!I$4:I$15,System3!L$4:L$15))*0.3,0))","v":{"$error":"#VALUE!"}},0,{"$error":"#VALUE!"},{"$error":"#VALUE!"},{"$error":"#VALUE!"},0,{"$error":"#VALUE!"},{"$error":"#VALUE!"},{"$error":"#VALUE!"},0,null,null,null,0,0,0,0,null,{"$error":"#VALUE!"},{"$error":"#VALUE!"},{"$error":"#VALUE!"},{"$error":"#VALUE!"},{"$error":"#VALUE!"},{"$error":"#VALUE!"},{"$error":"#VALUE!"},{"$error":"#VALUE!"},{"$error":"#VALUE!"},0,{"$error":"#VALUE!"},{"$error":"#VALUE!"},{"$error":"#VALUE!"},{"$error":"#VALUE!"},{"$error":"#VALUE!"},{"$error":"#VALUE!"},{"$error":"#VALUE!"},{"$error":"#VALUE!"},{"$error":"#VALUE!"},{"$error":"#VALUE!"},{"$error":"#VALUE!"},{"$error":"#VALUE!"},{"$error":"#VALUE!"},{"$error":"#VALUE!"},{"$error":"#VALUE!"},{"$error":"#VALUE!"},{"$error":"#VALUE!"},{"$error":"#VALUE!"},{"$error":"#VALUE!"},{"$error":"#VALUE!"},{"$error":"#VALUE!"},{"$error":"#VALUE!"},{"$error":"#VALUE!"},{"$error":"#VALUE!"},{"$error":"#VALUE!"},{"$error":"#VALUE!"},{"$error":"#VALUE!"},{"$error":"#VALUE!"},{"$error":"#VALUE!"},{"$error":"#VALUE!"},{"$error":"#VALUE!"},{"$f":"SUM(CQ208,System2!CQ208,System3!CQ208)","v":{"$error":"#VALUE!"}},{"$error":"#VALUE!"},{"$error":"#VALUE!"},{"$error":"#VALUE!"},{"$error":"#VALUE!"},{"$error":"#VALUE!"},{"$error":"#VALUE!"},{"$error":"#VALUE!"},{"$error":"#VALUE!"},{"$error":"#VALUE!"},{"$error":"#VALUE!"},{"$error":"#VALUE!"},{"$error":"#VALUE!"},{"$error":"#VALUE!"},{"$error":"#VALUE!"},{"$error":"#VALUE!"},{"$error":"#VALUE!"},{"$error":"#VALUE!"},{"$error":"#VALUE!"},{"$error":"#VALUE!"},{"$error":"#VALUE!"},{"$error":"#VALUE!"},{"$error":"#VALUE!"},{"$error":"#VALUE!"},{"$error":"#VALUE!"},{"$error":"#VALUE!"},{"$error":"#VALUE!"},{"$f":"SUM(DR208,System2!DR208,System3!DR208)","v":{"$error":"#VALUE!"}},{"$f":"DT$40","v":{"$error":"#VALUE!"}},{"$f":"DU$40","v":{"$error":"#VALUE!"}},{"$f":"DV$40","v":0},{"$f":"DW$40","v":{"$error":"#VALUE!"}},{"$error":"#VALUE!"},{"$error":"#VALUE!"},{"$error":"#VALUE!"},0,0,0,0,0,{"$error":"#VALUE!"},{"$f":"SUM(EF208,System2!EF208,System3!EF208)","v":{"$error":"#VALUE!"}},{"$error":"#VALUE!"},{"$error":"#VALUE!"},{"$error":"#VALUE!"},{"$error":"#VALUE!"},{"$error":"#VALUE!"},{"$error":"#VALUE!"},{"$error":"#VALUE!"},{"$error":"#VALUE!"},{"$error":"#VALUE!"},{"$error":"#VALUE!"},{"$error":"#VALUE!"},{"$error":"#VALUE!"},{"$error":"#VALUE!"},{"$error":"#VALUE!"},{"$error":"#VALUE!"},{"$error":"#VALUE!"},{"$error":"#VALUE!"},{"$error":"#VALUE!"},{"$error":"#VALUE!"},{"$error":"#VALUE!"},{"$error":"#VALUE!"},{"$error":"#VALUE!"},{"$error":"#VALUE!"},{"$error":"#VALUE!"},{"$error":"#VALUE!"},{"$error":"#VALUE!"},{"$f":"SUM(FG208,System2!FG208,System3!FG208)","v":{"$error":"#VALUE!"}},0,0,0,0,{"$error":"#VALUE!"},{"$error":"#VALUE!"},{"$error":"#VALUE!"},{"$error":"#VALUE!"},{"$error":"#VALUE!"},{"$error":"#VALUE!"},{"$error":"#VALUE!"},{"$error":"#VALUE!"},{"$error":"#VALUE!"},{"$error":"#VALUE!"},{"$error":"#VALUE!"},{"$error":"#VALUE!"},{"$error":"#VALUE!"},{"$error":"#VALUE!"},{"$error":"#VALUE!"},{"$error":"#VALUE!"},{"$error":"#VALUE!"},{"$error":"#VALUE!"},{"$error":"#VALUE!"},{"$error":"#VALUE!"},{"$f":"$GG$31*WaterFittings!BO183","v":{"$error":"#VALUE!"}},{"$f":"$GH$31*WaterFittings!BP183","v":{"$error":"#VALUE!"}},{"$f":"$GI$31*WaterFittings!BQ183","v":0},{"$f":"GJ$31*AirCond!BD182","v":{"$error":"#VALUE!"}},{"$f":"GK$31*AirCond!BE182","v":{"$error":"#VALUE!"}},{"$f":"GL$31*AirCond!BF182","v":{"$error":"#VALUE!"}},{"$f":"GM$31*AirCond!BG182","v":{"$error":"#VALUE!"}},{"$f":"GN$31*WaterFittings!BS183","v":0},{"$f":"GO$31*WaterFittings!BT183","v":0},{"$f":"GP$31*WaterFittings!BU183","v":0}]
[null,null,178,17,0,{"$error":"#VALUE!"},{"$error":"#VALUE!"},{"$error":"#VALUE!"},{"$error":"#VALUE!"},{"$error":"#VALUE!"},{"$error":"#VALUE!"},{"$error":"#VALUE!"},{"$error":"#VALUE!"},{"$error":"#VALUE!"},{"$error":"#VALUE!"},null,{"$error":"#VALUE!"},{"$error":"#VALUE!"},{"$error":"#VALUE!"},{"$error":"#VALUE!"},{"$error":"#VALUE!"},null,{"$error":"#VALUE!"},{"$error":"#VALUE!"},{"$error":"#VALUE!"},{"$error":"#VALUE!"},{"$error":"#VALUE!"},null,10,{"$f":"SUM(SUMPRODUCT(AF$20:AJ$20,Q209:U209),SUMPRODUCT(AF$20:AJ$20,System2!Q209:U209),SUMPRODUCT(AF$20:AJ$20,System3!Q209:U209))","v":{"$error":"#VALUE!"}},{"$f":"SUM(SUMPRODUCT(AF$21:AJ$21,W209:AA209),SUMPRODUCT(AF$21:AJ$21,System2!W209:AA209),SUMPRODUCT(AF$21:AJ$21,System3!W209:AA209))","v":{"$error":"#VALUE!"}},{"$f":"WaterFittings!BN184","v":{"$error":"#VALUE!"}},{"$error":"#VALUE!"},{"$error":"#VALUE!"},{"$f":"MIN(AirCond!BL183,P$21)","v":0},{"$error":"#VALUE!"},{"$f":"MIN(ROUNDDOWN(AJ209-FH209,0),ROUNDDOWN(P$21*0.3,0),ROUNDDOWN(SUM(SUMPRODUCT(I$4:I$15,L$4:L$15),SUMPRODUCT(System2!I$4:I$15,System2!L$4:L$15),SUMPRODUCT(System3!I$4:I$15,System3!L$4:L$15))*0.3,0))","v":{"$error":"#VALUE!"}},0,{"$error":"#VALUE!"},{"$error":"#VALUE!"},{"$error":"#VALUE!"},0,{"$error":"#VALUE!"},{"$error":"#VALUE!"},{"$error":"#VALUE!"},0,null,null,null,0,0,0,0,null,{"$error":"#VALUE!"},{"$error":"#VALUE!"},{"$error":"#VALUE!"},{"$error":"#VALUE!"},{"$error":"#VALUE!"},{"$error":"#VALUE!"},{"$error":"#VALUE!"},{"$error":"#VALUE!"},{"$error":"#VALUE!"},0,{"$error":"#VALUE!"},{"$error":"#VALUE!"},{"$error":"#VALUE!"},{"$error":"#VALUE!"},{"$error":"#VALUE!"},{"$error":"#VALUE!"},{"$error":"#VALUE!"},{"$error":"#VALUE!"},{"$error":"#VALUE!"},{"$error":"#VALUE!"},{"$error":"#VALUE!"},{"$error":"#VALUE!"},{"$error":"#VALUE!"},{"$error":"#VALUE!"},{"$error":"#VALUE!"},{"$error":"#VALUE!"},{"$error":"#VALUE!"},{"$error":"#VALUE!"},{"$error":"#VALUE!"},{"$error":"#VALUE!"},{"$error":"#VALUE!"},{"$error":"#VALUE!"},{"$error":"#VALUE!"},{"$error":"#VALUE!"},{"$error":"#VALUE!"},{"$error":"#VALUE!"},{"$error":"#VALUE!"},{"$error":"#VALUE!"},{"$error":"#VALUE!"},{"$error":"#VALUE!"},{"$error":"#VALUE!"},{"$f":"SUM(CQ209,System2!CQ209,System3!CQ209)","v":{"$error":"#VALUE!"}},{"$error":"#VALUE!"},{"$error":"#VALUE!"},{"$error":"#VALUE!"},{"$error":"#VALUE!"},{"$error":"#VALUE!"},{"$error":"#VALUE!"},{"$error":"#VALUE!"},{"$error":"#VALUE!"},{"$error":"#VALUE!"},{"$error":"#VALUE!"},{"$error":"#VALUE!"},{"$error":"#VALUE!"},{"$error":"#VALUE!"},{"$error":"#VALUE!"},{"$error":"#VALUE!"},{"$error":"#VALUE!"},{"$error":"#VALUE!"},{"$error":"#VALUE!"},{"$error":"#VALUE!"},{"$error":"#VALUE!"},{"$error":"#VALUE!"},{"$error":"#VALUE!"},{"$error":"#VALUE!"},{"$error":"#VALUE!"},{"$error":"#VALUE!"},{"$error":"#VALUE!"},{"$f":"SUM(DR209,System2!DR209,System3!DR209)","v":{"$error":"#VALUE!"}},{"$f":"DT$41","v":{"$error":"#VALUE!"}},{"$f":"DU$41","v":{"$error":"#VALUE!"}},{"$f":"DV$41","v":0},{"$f":"DW$41","v":{"$error":"#VALUE!"}},{"$error":"#VALUE!"},{"$error":"#VALUE!"},{"$error":"#VALUE!"},0,0,0,0,0,{"$error":"#VALUE!"},{"$f":"SUM(EF209,System2!EF209,System3!EF209)","v":{"$error":"#VALUE!"}},{"$error":"#VALUE!"},{"$error":"#VALUE!"},{"$error":"#VALUE!"},{"$error":"#VALUE!"},{"$error":"#VALUE!"},{"$error":"#VALUE!"},{"$error":"#VALUE!"},{"$error":"#VALUE!"},{"$error":"#VALUE!"},{"$error":"#VALUE!"},{"$error":"#VALUE!"},{"$error":"#VALUE!"},{"$error":"#VALUE!"},{"$error":"#VALUE!"},{"$error":"#VALUE!"},{"$error":"#VALUE!"},{"$error":"#VALUE!"},{"$error":"#VALUE!"},{"$error":"#VALUE!"},{"$error":"#VALUE!"},{"$error":"#VALUE!"},{"$error":"#VALUE!"},{"$error":"#VALUE!"},{"$error":"#VALUE!"},{"$error":"#VALUE!"},{"$error":"#VALUE!"},{"$f":"SUM(FG209,System2!FG209,System3!FG209)","v":{"$error":"#VALUE!"}},0,0,0,0,{"$error":"#VALUE!"},{"$error":"#VALUE!"},{"$error":"#VALUE!"},{"$error":"#VALUE!"},{"$error":"#VALUE!"},{"$error":"#VALUE!"},{"$error":"#VALUE!"},{"$error":"#VALUE!"},{"$error":"#VALUE!"},{"$error":"#VALUE!"},{"$error":"#VALUE!"},{"$error":"#VALUE!"},{"$error":"#VALUE!"},{"$error":"#VALUE!"},{"$error":"#VALUE!"},{"$error":"#VALUE!"},{"$error":"#VALUE!"},{"$error":"#VALUE!"},{"$error":"#VALUE!"},{"$error":"#VALUE!"},{"$f":"$GG$31*WaterFittings!BO184","v":{"$error":"#VALUE!"}},{"$f":"$GH$31*WaterFittings!BP184","v":{"$error":"#VALUE!"}},{"$f":"$GI$31*WaterFittings!BQ184","v":0},{"$f":"GJ$31*AirCond!BD183","v":{"$error":"#VALUE!"}},{"$f":"GK$31*AirCond!BE183","v":{"$error":"#VALUE!"}},{"$f":"GL$31*AirCond!BF183","v":{"$error":"#VALUE!"}},{"$f":"GM$31*AirCond!BG183","v":{"$error":"#VALUE!"}},{"$f":"GN$31*WaterFittings!BS184","v":0},{"$f":"GO$31*WaterFittings!BT184","v":0},{"$f":"GP$31*WaterFittings!BU184","v":0}]
[null,null,179,1.5,0,{"$error":"#VALUE!"},{"$error":"#VALUE!"},{"$error":"#VALUE!"},{"$error":"#VALUE!"},{"$error":"#VALUE!"},{"$error":"#VALUE!"},{"$error":"#VALUE!"},{"$error":"#VALUE!"},{"$error":"#VALUE!"},{"$error":"#VALUE!"},null,{"$error":"#VALUE!"},{"$error":"#VALUE!"},{"$error":"#VALUE!"},{"$error":"#VALUE!"},{"$error":"#VALUE!"},null,{"$error":"#VALUE!"},{"$error":"#VALUE!"},{"$error":"#VALUE!"},{"$error":"#VALUE!"},{"$error":"#VALUE!"},null,11,{"$f":"SUM(SUMPRODUCT(AF$20:AJ$20,Q210:U210),SUMPRODUCT(AF$20:AJ$20,System2!Q210:U210),SUMPRODUCT(AF$20:AJ$20,System3!Q210:U210))","v":{"$error":"#VALUE!"}},{"$f":"SUM(SUMPRODUCT(AF$21:AJ$21,W210:AA210),SUMPRODUCT(AF$21:AJ$21,System2!W210:AA210),SUMPRODUCT(AF$21:AJ$21,System3!W210:AA210))","v":{"$error":"#VALUE!"}},{"$f":"WaterFittings!BN185","v":{"$error":"#VALUE!"}},{"$error":"#VALUE!"},{"$error":"#VALUE!"},{"$f":"MIN(AirCond!BL184,P$21)","v":0},{"$error":"#VALUE!"},{"$f":"MIN(ROUNDDOWN(AJ210-FH210,0),ROUNDDOWN(P$21*0.3,0),ROUNDDOWN(SUM(SUMPRODUCT(I$4:I$15,L$4:L$15),SUMPRODUCT(System2!I$4:I$15,System2!L$4:L$15),SUMPRODUCT(System3!I$4:I$15,System3!L$4:L$15))*0.3,0))","v":{"$error":"#VALUE!"}},0,{"$error":"#VALUE!"},{"$error":"#VALUE!"},{"$error":"#VALUE!"},0,{"$error":"#VALUE!"},{"$error":"#VALUE!"},{"$error":"#VALUE!"},0,null,null,null,0,0,0,0,null,{"$error":"#VALUE!"},{"$error":"#VALUE!"},{"$error":"#VALUE!"},{"$error":"#VALUE!"},{"$error":"#VALUE!"},{"$error":"#VALUE!"},{"$error":"#VALUE!"},{"$error":"#VALUE!"},{"$error":"#VALUE!"},0,{"$error":"#VALUE!"},{"$error":"#VALUE!"},{"$error":"#VALUE!"},{"$error":"#VALUE!"},{"$error":"#VALUE!"},{"$error":"#VALUE!"},{"$error":"#VALUE!"},{"$error":"#VALUE!"},{"$error":"#VALUE!"},{"$error":"#VALUE!"},{"$error":"#VALUE!"},{"$error":"#VALUE!"},{"$error":"#VALUE!"},{"$error":"#VALUE!"},{"$error":"#VALUE!"},{"$error":"#VALUE!"},{"$error":"#VALUE!"},{"$error":"#VALUE!"},{"$error":"#VALUE!"},{"$error":"#VALUE!"},{"$error":"#VALUE!"},{"$error":"#VALUE!"},{"$error":"#VALUE!"},{"$error":"#VALUE!"},{"$error":"#VALUE!"},{"$error":"#VALUE!"},{"$error":"#VALUE!"},{"$error":"#VALUE!"},{"$error":"#VALUE!"},{"$error":"#VALUE!"},{"$error":"#VALUE!"},{"$f":"SUM(CQ210,System2!CQ210,System3!CQ210)","v":{"$error":"#VALUE!"}},{"$error":"#VALUE!"},{"$error":"#VALUE!"},{"$error":"#VALUE!"},{"$error":"#VALUE!"},{"$error":"#VALUE!"},{"$error":"#VALUE!"},{"$error":"#VALUE!"},{"$error":"#VALUE!"},{"$error":"#VALUE!"},{"$error":"#VALUE!"},{"$error":"#VALUE!"},{"$error":"#VALUE!"},{"$error":"#VALUE!"},{"$error":"#VALUE!"},{"$error":"#VALUE!"},{"$error":"#VALUE!"},{"$error":"#VALUE!"},{"$error":"#VALUE!"},{"$error":"#VALUE!"},{"$error":"#VALUE!"},{"$error":"#VALUE!"},{"$error":"#VALUE!"},{"$error":"#VALUE!"},{"$error":"#VALUE!"},{"$error":"#VALUE!"},{"$error":"#VALUE!"},{"$f":"SUM(DR210,System2!DR210,System3!DR210)","v":{"$error":"#VALUE!"}},{"$f":"DT$42","v":{"$error":"#VALUE!"}},{"$f":"DU$42","v":{"$error":"#VALUE!"}},{"$f":"DV$42","v":0},{"$f":"DW$42","v":{"$error":"#VALUE!"}},{"$error":"#VALUE!"},{"$error":"#VALUE!"},{"$error":"#VALUE!"},0,0,0,0,0,{"$error":"#VALUE!"},{"$f":"SUM(EF210,System2!EF210,System3!EF210)","v":{"$error":"#VALUE!"}},{"$error":"#VALUE!"},{"$error":"#VALUE!"},{"$error":"#VALUE!"},{"$error":"#VALUE!"},{"$error":"#VALUE!"},{"$error":"#VALUE!"},{"$error":"#VALUE!"},{"$error":"#VALUE!"},{"$error":"#VALUE!"},{"$error":"#VALUE!"},{"$error":"#VALUE!"},{"$error":"#VALUE!"},{"$error":"#VALUE!"},{"$error":"#VALUE!"},{"$error":"#VALUE!"},{"$error":"#VALUE!"},{"$error":"#VALUE!"},{"$error":"#VALUE!"},{"$error":"#VALUE!"},{"$error":"#VALUE!"},{"$error":"#VALUE!"},{"$error":"#VALUE!"},{"$error":"#VALUE!"},{"$error":"#VALUE!"},{"$error":"#VALUE!"},{"$error":"#VALUE!"},{"$f":"SUM(FG210,System2!FG210,System3!FG210)","v":{"$error":"#VALUE!"}},0,0,0,0,{"$error":"#VALUE!"},{"$error":"#VALUE!"},{"$error":"#VALUE!"},{"$error":"#VALUE!"},{"$error":"#VALUE!"},{"$error":"#VALUE!"},{"$error":"#VALUE!"},{"$error":"#VALUE!"},{"$error":"#VALUE!"},{"$error":"#VALUE!"},{"$error":"#VALUE!"},{"$error":"#VALUE!"},{"$error":"#VALUE!"},{"$error":"#VALUE!"},{"$error":"#VALUE!"},{"$error":"#VALUE!"},{"$error":"#VALUE!"},{"$error":"#VALUE!"},{"$error":"#VALUE!"},{"$error":"#VALUE!"},{"$f":"$GG$31*WaterFittings!BO185","v":{"$error":"#VALUE!"}},{"$f":"$GH$31*WaterFittings!BP185","v":{"$error":"#VALUE!"}},{"$f":"$GI$31*WaterFittings!BQ185","v":0},{"$f":"GJ$31*AirCond!BD184","v":{"$error":"#VALUE!"}},{"$f":"GK$31*AirCond!BE184","v":{"$error":"#VALUE!"}},{"$f":"GL$31*AirCond!BF184","v":{"$error":"#VALUE!"}},{"$f":"GM$31*AirCond!BG184","v":{"$error":"#VALUE!"}},{"$f":"GN$31*WaterFittings!BS185","v":0},{"$f":"GO$31*WaterFittings!BT185","v":0},{"$f":"GP$31*WaterFittings!BU185","v":0}]
[null,null,180,1,0,{"$error":"#VALUE!"},{"$error":"#VALUE!"},{"$error":"#VALUE!"},{"$error":"#VALUE!"},{"$error":"#VALUE!"},{"$error":"#VALUE!"},{"$error":"#VALUE!"},{"$error":"#VALUE!"},{"$error":"#VALUE!"},{"$error":"#VALUE!"},null,{"$error":"#VALUE!"},{"$error":"#VALUE!"},{"$error":"#VALUE!"},{"$error":"#VALUE!"},{"$error":"#VALUE!"},null,{"$error":"#VALUE!"},{"$error":"#VALUE!"},{"$error":"#VALUE!"},{"$error":"#VALUE!"},{"$error":"#VALUE!"},null,12,{"$f":"SUM(SUMPRODUCT(AF$20:AJ$20,Q211:U211),SUMPRODUCT(AF$20:AJ$20,System2!Q211:U211),SUMPRODUCT(AF$20:AJ$20,System3!Q211:U211))","v":{"$error":"#VALUE!"}},{"$f":"SUM(SUMPRODUCT(AF$21:AJ$21,W211:AA211),SUMPRODUCT(AF$21:AJ$21,System2!W211:AA211),SUMPRODUCT(AF$21:AJ$21,System3!W211:AA211))","v":{"$error":"#VALUE!"}},{"$f":"WaterFittings!BN186","v":{"$error":"#VALUE!"}},{"$error":"#VALUE!"},{"$error":"#VALUE!"},{"$f":"MIN(AirCond!BL185,P$21)","v":0},{"$error":"#VALUE!"},{"$f":"MIN(ROUNDDOWN(AJ211-FH211,0),ROUNDDOWN(P$21*0.3,0),ROUNDDOWN(SUM(SUMPRODUCT(I$4:I$15,L$4:L$15),SUMPRODUCT(System2!I$4:I$15,System2!L$4:L$15),SUMPRODUCT(System3!I$4:I$15,System3!L$4:L$15))*0.3,0))","v":{"$error":"#VALUE!"}},0,{"$error":"#VALUE!"},{"$error":"#VALUE!"},{"$error":"#VALUE!"},0,{"$error":"#VALUE!"},{"$error":"#VALUE!"},{"$error":"#VALUE!"},0,null,null,null,0,0,0,0,null,{"$error":"#VALUE!"},{"$error":"#VALUE!"},{"$error":"#VALUE!"},{"$error":"#VALUE!"},{"$error":"#VALUE!"},{"$error":"#VALUE!"},{"$error":"#VALUE!"},{"$error":"#VALUE!"},{"$error":"#VALUE!"},0,{"$error":"#VALUE!"},{"$error":"#VALUE!"},{"$error":"#VALUE!"},{"$error":"#VALUE!"},{"$error":"#VALUE!"},{"$error":"#VALUE!"},{"$error":"#VALUE!"},{"$error":"#VALUE!"},{"$error":"#VALUE!"},{"$error":"#VALUE!"},{"$error":"#VALUE!"},{"$error":"#VALUE!"},{"$error":"#VALUE!"},{"$error":"#VALUE!"},{"$error":"#VALUE!"},{"$error":"#VALUE!"},{"$error":"#VALUE!"},{"$error":"#VALUE!"},{"$error":"#VALUE!"},{"$error":"#VALUE!"},{"$error":"#VALUE!"},{"$error":"#VALUE!"},{"$error":"#VALUE!"},{"$error":"#VALUE!"},{"$error":"#VALUE!"},{"$error":"#VALUE!"},{"$error":"#VALUE!"},{"$error":"#VALUE!"},{"$error":"#VALUE!"},{"$error":"#VALUE!"},{"$error":"#VALUE!"},{"$f":"SUM(CQ211,System2!CQ211,System3!CQ211)","v":{"$error":"#VALUE!"}},{"$error":"#VALUE!"},{"$error":"#VALUE!"},{"$error":"#VALUE!"},{"$error":"#VALUE!"},{"$error":"#VALUE!"},{"$error":"#VALUE!"},{"$error":"#VALUE!"},{"$error":"#VALUE!"},{"$error":"#VALUE!"},{"$error":"#VALUE!"},{"$error":"#VALUE!"},{"$error":"#VALUE!"},{"$error":"#VALUE!"},{"$error":"#VALUE!"},{"$error":"#VALUE!"},{"$error":"#VALUE!"},{"$error":"#VALUE!"},{"$error":"#VALUE!"},{"$error":"#VALUE!"},{"$error":"#VALUE!"},{"$error":"#VALUE!"},{"$error":"#VALUE!"},{"$error":"#VALUE!"},{"$error":"#VALUE!"},{"$error":"#VALUE!"},{"$error":"#VALUE!"},{"$f":"SUM(DR211,System2!DR211,System3!DR211)","v":{"$error":"#VALUE!"}},{"$f":"DT$43","v":{"$error":"#VALUE!"}},{"$f":"DU$43","v":{"$error":"#VALUE!"}},{"$f":"DV$43","v":0},{"$f":"DW$43","v":{"$error":"#VALUE!"}},{"$error":"#VALUE!"},{"$error":"#VALUE!"},{"$error":"#VALUE!"},0,0,0,0,0,{"$error":"#VALUE!"},{"$f":"SUM(EF211,System2!EF211,System3!EF211)","v":{"$error":"#VALUE!"}},{"$error":"#VALUE!"},{"$error":"#VALUE!"},{"$error":"#VALUE!"},{"$error":"#VALUE!"},{"$error":"#VALUE!"},{"$error":"#VALUE!"},{"$error":"#VALUE!"},{"$error":"#VALUE!"},{"$error":"#VALUE!"},{"$error":"#VALUE!"},{"$error":"#VALUE!"},{"$error":"#VALUE!"},{"$error":"#VALUE!"},{"$error":"#VALUE!"},{"$error":"#VALUE!"},{"$error":"#VALUE!"},{"$error":"#VALUE!"},{"$error":"#VALUE!"},{"$error":"#VALUE!"},{"$error":"#VALUE!"},{"$error":"#VALUE!"},{"$error":"#VALUE!"},{"$error":"#VALUE!"},{"$error":"#VALUE!"},{"$error":"#VALUE!"},{"$error":"#VALUE!"},{"$f":"SUM(FG211,System2!FG211,System3!FG211)","v":{"$error":"#VALUE!"}},0,0,0,0,{"$error":"#VALUE!"},{"$error":"#VALUE!"},{"$error":"#VALUE!"},{"$error":"#VALUE!"},{"$error":"#VALUE!"},{"$error":"#VALUE!"},{"$error":"#VALUE!"},{"$error":"#VALUE!"},{"$error":"#VALUE!"},{"$error":"#VALUE!"},{"$error":"#VALUE!"},{"$error":"#VALUE!"},{"$error":"#VALUE!"},{"$error":"#VALUE!"},{"$error":"#VALUE!"},{"$error":"#VALUE!"},{"$error":"#VALUE!"},{"$error":"#VALUE!"},{"$error":"#VALUE!"},{"$error":"#VALUE!"},{"$f":"$GG$31*WaterFittings!BO186","v":{"$error":"#VALUE!"}},{"$f":"$GH$31*WaterFittings!BP186","v":{"$error":"#VALUE!"}},{"$f":"$GI$31*WaterFittings!BQ186","v":0},{"$f":"GJ$31*AirCond!BD185","v":{"$error":"#VALUE!"}},{"$f":"GK$31*AirCond!BE185","v":{"$error":"#VALUE!"}},{"$f":"GL$31*AirCond!BF185","v":{"$error":"#VALUE!"}},{"$f":"GM$31*AirCond!BG185","v":{"$error":"#VALUE!"}},{"$f":"GN$31*WaterFittings!BS186","v":0},{"$f":"GO$31*WaterFittings!BT186","v":0},{"$f":"GP$31*WaterFittings!BU186","v":0}]
[null,null,181,0,0,{"$error":"#VALUE!"},{"$error":"#VALUE!"},{"$error":"#VALUE!"},{"$error":"#VALUE!"},{"$error":"#VALUE!"},{"$error":"#VALUE!"},{"$error":"#VALUE!"},{"$error":"#VALUE!"},{"$error":"#VALUE!"},{"$error":"#VALUE!"},null,{"$error":"#VALUE!"},{"$error":"#VALUE!"},{"$error":"#VALUE!"},{"$error":"#VALUE!"},{"$error":"#VALUE!"},null,{"$error":"#VALUE!"},{"$error":"#VALUE!"},{"$error":"#VALUE!"},{"$error":"#VALUE!"},{"$error":"#VALUE!"},null,13,{"$f":"SUM(SUMPRODUCT(AF$20:AJ$20,Q212:U212),SUMPRODUCT(AF$20:AJ$20,System2!Q212:U212),SUMPRODUCT(AF$20:AJ$20,System3!Q212:U212))","v":{"$error":"#VALUE!"}},{"$f":"SUM(SUMPRODUCT(AF$21:AJ$21,W212:AA212),SUMPRODUCT(AF$21:AJ$21,System2!W212:AA212),SUMPRODUCT(AF$21:AJ$21,System3!W212:AA212))","v":{"$error":"#VALUE!"}},{"$f":"WaterFittings!BN187","v":{"$error":"#VALUE!"}},{"$error":"#VALUE!"},{"$error":"#VALUE!"},{"$f":"MIN(AirCond!BL186,P$21)","v":0},{"$error":"#VALUE!"},{"$f":"MIN(ROUNDDOWN(AJ212-FH212,0),ROUNDDOWN(P$21*0.3,0),ROUNDDOWN(SUM(SUMPRODUCT(I$4:I$15,L$4:L$15),SUMPRODUCT(System2!I$4:I$15,System2!L$4:L$15),SUMPRODUCT(System3!I$4:I$15,System3!L$4:L$15))*0.3,0))","v":{"$error":"#VALUE!"}},0,{"$error":"#VALUE!"},{"$error":"#VALUE!"},{"$error":"#VALUE!"},0,{"$error":"#VALUE!"},{"$error":"#VALUE!"},{"$error":"#VALUE!"},0,null,null,null,0,0,0,0,null,{"$error":"#VALUE!"},{"$error":"#VALUE!"},{"$error":"#VALUE!"},{"$error":"#VALUE!"},{"$error":"#VALUE!"},{"$error":"#VALUE!"},{"$error":"#VALUE!"},{"$error":"#VALUE!"},{"$error":"#VALUE!"},0,{"$error":"#VALUE!"},{"$error":"#VALUE!"},{"$error":"#VALUE!"},{"$error":"#VALUE!"},{"$error":"#VALUE!"},{"$error":"#VALUE!"},{"$error":"#VALUE!"},{"$error":"#VALUE!"},{"$error":"#VALUE!"},{"$error":"#VALUE!"},{"$error":"#VALUE!"},{"$error":"#VALUE!"},{"$error":"#VALUE!"},{"$error":"#VALUE!"},{"$error":"#VALUE!"},{"$error":"#VALUE!"},{"$error":"#VALUE!"},{"$error":"#VALUE!"},{"$error":"#VALUE!"},{"$error":"#VALUE!"},{"$error":"#VALUE!"},{"$error":"#VALUE!"},{"$error":"#VALUE!"},{"$error":"#VALUE!"},{"$error":"#VALUE!"},{"$error":"#VALUE!"},{"$error":"#VALUE!"},{"$error":"#VALUE!"},{"$error":"#VALUE!"},{"$error":"#VALUE!"},{"$error":"#VALUE!"},{"$f":"SUM(CQ212,System2!CQ212,System3!CQ212)","v":{"$error":"#VALUE!"}},{"$error":"#VALUE!"},{"$error":"#VALUE!"},{"$error":"#VALUE!"},{"$error":"#VALUE!"},{"$error":"#VALUE!"},{"$error":"#VALUE!"},{"$error":"#VALUE!"},{"$error":"#VALUE!"},{"$error":"#VALUE!"},{"$error":"#VALUE!"},{"$error":"#VALUE!"},{"$error":"#VALUE!"},{"$error":"#VALUE!"},{"$error":"#VALUE!"},{"$error":"#VALUE!"},{"$error":"#VALUE!"},{"$error":"#VALUE!"},{"$error":"#VALUE!"},{"$error":"#VALUE!"},{"$error":"#VALUE!"},{"$error":"#VALUE!"},{"$error":"#VALUE!"},{"$error":"#VALUE!"},{"$error":"#VALUE!"},{"$error":"#VALUE!"},{"$error":"#VALUE!"},{"$f":"SUM(DR212,System2!DR212,System3!DR212)","v":{"$error":"#VALUE!"}},{"$f":"DT$44","v":{"$error":"#VALUE!"}},{"$f":"DU$44","v":{"$error":"#VALUE!"}},{"$f":"DV$44","v":0},{"$f":"DW$44","v":{"$error":"#VALUE!"}},{"$error":"#VALUE!"},{"$error":"#VALUE!"},{"$error":"#VALUE!"},0,0,0,0,0,{"$error":"#VALUE!"},{"$f":"SUM(EF212,System2!EF212,System3!EF212)","v":{"$error":"#VALUE!"}},{"$error":"#VALUE!"},{"$error":"#VALUE!"},{"$error":"#VALUE!"},{"$error":"#VALUE!"},{"$error":"#VALUE!"},{"$error":"#VALUE!"},{"$error":"#VALUE!"},{"$error":"#VALUE!"},{"$error":"#VALUE!"},{"$error":"#VALUE!"},{"$error":"#VALUE!"},{"$error":"#VALUE!"},{"$error":"#VALUE!"},{"$error":"#VALUE!"},{"$error":"#VALUE!"},{"$error":"#VALUE!"},{"$error":"#VALUE!"},{"$error":"#VALUE!"},{"$error":"#VALUE!"},{"$error":"#VALUE!"},{"$error":"#VALUE!"},{"$error":"#VALUE!"},{"$error":"#VALUE!"},{"$error":"#VALUE!"},{"$error":"#VALUE!"},{"$error":"#VALUE!"},{"$f":"SUM(FG212,System2!FG212,System3!FG212)","v":{"$error":"#VALUE!"}},0,0,0,0,{"$error":"#VALUE!"},{"$error":"#VALUE!"},{"$error":"#VALUE!"},{"$error":"#VALUE!"},{"$error":"#VALUE!"},{"$error":"#VALUE!"},{"$error":"#VALUE!"},{"$error":"#VALUE!"},{"$error":"#VALUE!"},{"$error":"#VALUE!"},{"$error":"#VALUE!"},{"$error":"#VALUE!"},{"$error":"#VALUE!"},{"$error":"#VALUE!"},{"$error":"#VALUE!"},{"$error":"#VALUE!"},{"$error":"#VALUE!"},{"$error":"#VALUE!"},{"$error":"#VALUE!"},{"$error":"#VALUE!"},{"$f":"$GG$31*WaterFittings!BO187","v":{"$error":"#VALUE!"}},{"$f":"$GH$31*WaterFittings!BP187","v":{"$error":"#VALUE!"}},{"$f":"$GI$31*WaterFittings!BQ187","v":0},{"$f":"GJ$31*AirCond!BD186","v":{"$error":"#VALUE!"}},{"$f":"GK$31*AirCond!BE186","v":{"$error":"#VALUE!"}},{"$f":"GL$31*AirCond!BF186","v":{"$error":"#VALUE!"}},{"$f":"GM$31*AirCond!BG186","v":{"$error":"#VALUE!"}},{"$f":"GN$31*WaterFittings!BS187","v":0},{"$f":"GO$31*WaterFittings!BT187","v":0},{"$f":"GP$31*WaterFittings!BU187","v":0}]
[null,"July",182,33.5,0,{"$error":"#VALUE!"},{"$error":"#VALUE!"},{"$error":"#VALUE!"},{"$error":"#VALUE!"},{"$error":"#VALUE!"},{"$error":"#VALUE!"},{"$error":"#VALUE!"},{"$error":"#VALUE!"},{"$error":"#VALUE!"},{"$error":"#VALUE!"},null,{"$error":"#VALUE!"},{"$error":"#VALUE!"},{"$error":"#VALUE!"},{"$error":"#VALUE!"},{"$error":"#VALUE!"},null,{"$error":"#VALUE!"},{"$error":"#VALUE!"},{"$error":"#VALUE!"},{"$error":"#VALUE!"},{"$error":"#VALUE!"},null,14,{"$f":"SUM(SUMPRODUCT(AF$20:AJ$20,Q213:U213),SUMPRODUCT(AF$20:AJ$20,System2!Q213:U213),SUMPRODUCT(AF$20:AJ$20,System3!Q213:U213))","v":{"$error":"#VALUE!"}},{"$f":"SUM(SUMPRODUCT(AF$21:AJ$21,W213:AA213),SUMPRODUCT(AF$21:AJ$21,System2!W213:AA213),SUMPRODUCT(AF$21:AJ$21,System3!W213:AA213))","v":{"$error":"#VALUE!"}},{"$f":"WaterFittings!BN188","v":{"$error":"#VALUE!"}},{"$error":"#VALUE!"},{"$error":"#VALUE!"},{"$f":"MIN(AirCond!BL187,P$21)","v":0},{"$error":"#VALUE!"},{"$f":"MIN(ROUNDDOWN(AJ213-FH213,0),ROUNDDOWN(P$21*0.3,0),ROUNDDOWN(SUM(SUMPRODUCT(I$4:I$15,L$4:L$15),SUMPRODUCT(System2!I$4:I$15,System2!L$4:L$15),SUMPRODUCT(System3!I$4:I$15,System3!L$4:L$15))*0.3,0))","v":{"$error":"#VALUE!"}},0,{"$error":"#VALUE!"},{"$error":"#VALUE!"},{"$error":"#VALUE!"},0,{"$error":"#VALUE!"},{"$error":"#VALUE!"},{"$error":"#VALUE!"},0,null,null,null,0,0,0,0,null,{"$error":"#VALUE!"},{"$error":"#VALUE!"},{"$error":"#VALUE!"},{"$error":"#VALUE!"},{"$error":"#VALUE!"},{"$error":"#VALUE!"},{"$error":"#VALUE!"},{"$error":"#VALUE!"},{"$error":"#VALUE!"},0,{"$error":"#VALUE!"},{"$error":"#VALUE!"},{"$error":"#VALUE!"},{"$error":"#VALUE!"},{"$error":"#VALUE!"},{"$error":"#VALUE!"},{"$error":"#VALUE!"},{"$error":"#VALUE!"},{"$error":"#VALUE!"},{"$error":"#VALUE!"},{"$error":"#VALUE!"},{"$error":"#VALUE!"},{"$error":"#VALUE!"},{"$error":"#VALUE!"},{"$error":"#VALUE!"},{"$error":"#VALUE!"},{"$error":"#VALUE!"},{"$error":"#VALUE!"},{"$error":"#VALUE!"},{"$error":"#VALUE!"},{"$error":"#VALUE!"},{"$error":"#VALUE!"},{"$error":"#VALUE!"},{"$error":"#VALUE!"},{"$error":"#VALUE!"},{"$error":"#VALUE!"},{"$error":"#VALUE!"},{"$error":"#VALUE!"},{"$error":"#VALUE!"},{"$error":"#VALUE!"},{"$error":"#VALUE!"},{"$f":"SUM(CQ213,System2!CQ213,System3!CQ213)","v":{"$error":"#VALUE!"}},{"$error":"#VALUE!"},{"$error":"#VALUE!"},{"$error":"#VALUE!"},{"$error":"#VALUE!"},{"$error":"#VALUE!"},{"$error":"#VALUE!"},{"$error":"#VALUE!"},{"$error":"#VALUE!"},{"$error":"#VALUE!"},{"$error":"#VALUE!"},{"$error":"#VALUE!"},{"$error":"#VALUE!"},{"$error":"#VALUE!"},{"$error":"#VALUE!"},{"$error":"#VALUE!"},{"$error":"#VALUE!"},{"$error":"#VALUE!"},{"$error":"#VALUE!"},{"$error":"#VALUE!"},{"$error":"#VALUE!"},{"$error":"#VALUE!"},{"$error":"#VALUE!"},{"$error":"#VALUE!"},{"$error":"#VALUE!"},{"$error":"#VALUE!"},{"$error":"#VALUE!"},{"$f":"SUM(DR213,System2!DR213,System3!DR213)","v":{"$error":"#VALUE!"}},{"$f":"DT$45","v":{"$error":"#VALUE!"}},{"$f":"DU$45","v":{"$error":"#VALUE!"}},{"$f":"DV$45","v":0},{"$f":"DW$45","v":{"$error":"#VALUE!"}},{"$error":"#VALUE!"},{"$error":"#VALUE!"},{"$error":"#VALUE!"},0,0,0,0,0,{"$error":"#VALUE!"},{"$f":"SUM(EF213,System2!EF213,System3!EF213)","v":{"$error":"#VALUE!"}},{"$error":"#VALUE!"},{"$error":"#VALUE!"},{"$error":"#VALUE!"},{"$error":"#VALUE!"},{"$error":"#VALUE!"},{"$error":"#VALUE!"},{"$error":"#VALUE!"},{"$error":"#VALUE!"},{"$error":"#VALUE!"},{"$error":"#VALUE!"},{"$error":"#VALUE!"},{"$error":"#VALUE!"},{"$error":"#VALUE!"},{"$error":"#VALUE!"},{"$error":"#VALUE!"},{"$error":"#VALUE!"},{"$error":"#VALUE!"},{"$error":"#VALUE!"},{"$error":"#VALUE!"},{"$error":"#VALUE!"},{"$error":"#VALUE!"},{"$error":"#VALUE!"},{"$error":"#VALUE!"},{"$error":"#VALUE!"},{"$error":"#VALUE!"},{"$error":"#VALUE!"},{"$f":"SUM(FG213,System2!FG213,System3!FG213)","v":{"$error":"#VALUE!"}},0,0,0,0,{"$error":"#VALUE!"},{"$error":"#VALUE!"},{"$error":"#VALUE!"},{"$error":"#VALUE!"},{"$error":"#VALUE!"},{"$error":"#VALUE!"},{"$error":"#VALUE!"},{"$error":"#VALUE!"},{"$error":"#VALUE!"},{"$error":"#VALUE!"},{"$error":"#VALUE!"},{"$error":"#VALUE!"},{"$error":"#VALUE!"},{"$error":"#VALUE!"},{"$error":"#VALUE!"},{"$error":"#VALUE!"},{"$error":"#VALUE!"},{"$error":"#VALUE!"},{"$error":"#VALUE!"},{"$error":"#VALUE!"},{"$f":"$GG$31*WaterFittings!BO188","v":{"$error":"#VALUE!"}},{"$f":"$GH$31*WaterFittings!BP188","v":{"$error":"#VALUE!"}},{"$f":"$GI$31*WaterFittings!BQ188","v":0},{"$f":"GJ$31*AirCond!BD187","v":{"$error":"#VALUE!"}},{"$f":"GK$31*AirCond!BE187","v":{"$error":"#VALUE!"}},{"$f":"GL$31*AirCond!BF187","v":{"$error":"#VALUE!"}},{"$f":"GM$31*AirCond!BG187","v":{"$error":"#VALUE!"}},{"$f":"GN$31*WaterFittings!BS188","v":0},{"$f":"GO$31*WaterFittings!BT188","v":0},{"$f":"GP$31*WaterFittings!BU188","v":0}]
[null,null,183,2,0,{"$error":"#VALUE!"},{"$error":"#VALUE!"},{"$error":"#VALUE!"},{"$error":"#VALUE!"},{"$error":"#VALUE!"},{"$error":"#VALUE!"},{"$error":"#VALUE!"},{"$error":"#VALUE!"},{"$error":"#VALUE!"},{"$error":"#VALUE!"},null,{"$error":"#VALUE!"},{"$error":"#VALUE!"},{"$error":"#VALUE!"},{"$error":"#VALUE!"},{"$error":"#VALUE!"},null,{"$error":"#VALUE!"},{"$error":"#VALUE!"},{"$error":"#VALUE!"},{"$error":"#VALUE!"},{"$f":"ROUNDDOWN(FF214,0)","v":{"$error":"#VALUE!"}},null,15,{"$f":"SUM(SUMPRODUCT(AF$20:AJ$20,Q214:U214),SUMPRODUCT(AF$20:AJ$20,System2!Q214:U214),SUMPRODUCT(AF$20:AJ$20,System3!Q214:U214))","v":{"$error":"#VALUE!"}},{"$f":"SUM(SUMPRODUCT(AF$21:AJ$21,W214:AA214),SUMPRODUCT(AF$21:AJ$21,System2!W214:AA214),SUMPRODUCT(AF$21:AJ$21,System3!W214:AA214))","v":{"$error":"#VALUE!"}},{"$f":"WaterFittings!BN189","v":{"$error":"#VALUE!"}},{"$error":"#VALUE!"},{"$error":"#VALUE!"},{"$f":"MIN(AirCond!BL188,P$21)","v":0},{"$error":"#VALUE!"},{"$f":"MIN(ROUNDDOWN(AJ214-FH214,0),ROUNDDOWN(P$21*0.3,0),ROUNDDOWN(SUM(SUMPRODUCT(I$4:I$15,L$4:L$15),SUMPRODUCT(System2!I$4:I$15,System2!L$4:L$15),SUMPRODUCT(System3!I$4:I$15,System3!L$4:L$15))*0.3,0))","v":{"$error":"#VALUE!"}},0,{"$error":"#VALUE!"},{"$error":"#VALUE!"},{"$error":"#VALUE!"},0,{"$error":"#VALUE!"},{"$error":"#VALUE!"},{"$error":"#VALUE!"},0,null,null,null,0,0,0,0,null,{"$error":"#VALUE!"},{"$error":"#VALUE!"},{"$error":"#VALUE!"},{"$error":"#VALUE!"},{"$error":"#VALUE!"},{"$error":"#VALUE!"},{"$error":"#VALUE!"},{"$error":"#VALUE!"},{"$error":"#VALUE!"},0,{"$error":"#VALUE!"},{"$error":"#VALUE!"},{"$error":"#VALUE!"},{"$error":"#VALUE!"},{"$error":"#VALUE!"},{"$error":"#VALUE!"},{"$error":"#VALUE!"},{"$error":"#VALUE!"},{"$error":"#VALUE!"},{"$error":"#VALUE!"},{"$error":"#VALUE!"},{"$error":"#VALUE!"},{"$error":"#VALUE!"},{"$error":"#VALUE!"},{"$error":"#VALUE!"},{"$error":"#VALUE!"},{"$error":"#VALUE!"},{"$error":"#VALUE!"},{"$error":"#VALUE!"},{"$error":"#VALUE!"},{"$error":"#VALUE!"},{"$error":"#VALUE!"},{"$error":"#VALUE!"},{"$error":"#VALUE!"},{"$error":"#VALUE!"},{"$error":"#VALUE!"},{"$error":"#VALUE!"},{"$error":"#VALUE!"},{"$error":"#VALUE!"},{"$error":"#VALUE!"},{"$error":"#VALUE!"},{"$f":"SUM(CQ214,System2!CQ214,System3!CQ214)","v":{"$error":"#VALUE!"}},{"$error":"#VALUE!"},{"$error":"#VALUE!"},{"$error":"#VALUE!"},{"$error":"#VALUE!"},{"$error":"#VALUE!"},{"$error":"#VALUE!"},{"$error":"#VALUE!"},{"$error":"#VALUE!"},{"$error":"#VALUE!"},{"$error":"#VALUE!"},{"$error":"#VALUE!"},{"$error":"#VALUE!"},{"$error":"#VALUE!"},{"$error":"#VALUE!"},{"$error":"#VALUE!"},{"$error":"#VALUE!"},{"$error":"#VALUE!"},{"$error":"#VALUE!"},{"$error":"#VALUE!"},{"$error":"#VALUE!"},{"$error":"#VALUE!"},{"$error":"#VALUE!"},{"$error":"#VALUE!"},{"$error":"#VALUE!"},{"$error":"#VALUE!"},{"$error":"#VALUE!"},{"$f":"SUM(DR214,System2!DR214,System3!DR214)","v":{"$error":"#VALUE!"}},{"$f":"DT$46","v":{"$error":"#VALUE!"}},{"$f":"DU$46","v":{"$error":"#VALUE!"}},{"$f":"DV$46","v":0},{"$f":"DW$46","v":{"$error":"#VALUE!"}},{"$error":"#VALUE!"},{"$error":"#VALUE!"},{"$error":"#VALUE!"},0,0,0,0,0,{"$error":"#VALUE!"},{"$f":"SUM(EF214,System2!EF214,System3!EF214)","v":{"$error":"#VALUE!"}},{"$error":"#VALUE!"},{"$error":"#VALUE!"},{"$error":"#VALUE!"},{"$error":"#VALUE!"},{"$error":"#VALUE!"},{"$error":"#VALUE!"},{"$error":"#VALUE!"},{"$error":"#VALUE!"},{"$error":"#VALUE!"},{"$error":"#VALUE!"},{"$error":"#VALUE!"},{"$error":"#VALUE!"},{"$error":"#VALUE!"},{"$error":"#VALUE!"},{"$error":"#VALUE!"},{"$error":"#VALUE!"},{"$error":"#VALUE!"},{"$error":"#VALUE!"},{"$error":"#VALUE!"},{"$error":"#VALUE!"},{"$error":"#VALUE!"},{"$error":"#VALUE!"},{"$error":"#VALUE!"},{"$error":"#VALUE!"},{"$error":"#VALUE!"},{"$error":"#VALUE!"},{"$f":"SUM(FG214,System2!FG214,System3!FG214)","v":{"$error":"#VALUE!"}},0,0,0,0,{"$error":"#VALUE!"},{"$error":"#VALUE!"},{"$error":"#VALUE!"},{"$error":"#VALUE!"},{"$error":"#VALUE!"},{"$error":"#VALUE!"},{"$error":"#VALUE!"},{"$error":"#VALUE!"},{"$error":"#VALUE!"},{"$error":"#VALUE!"},{"$error":"#VALUE!"},{"$error":"#VALUE!"},{"$error":"#VALUE!"},{"$error":"#VALUE!"},{"$error":"#VALUE!"},{"$error":"#VALUE!"},{"$error":"#VALUE!"},{"$error":"#VALUE!"},{"$error":"#VALUE!"},{"$error":"#VALUE!"},{"$f":"$GG$31*WaterFittings!BO189","v":{"$error":"#VALUE!"}},{"$f":"$GH$31*WaterFittings!BP189","v":{"$error":"#VALUE!"}},{"$f":"$GI$31*WaterFittings!BQ189","v":0},{"$f":"GJ$31*AirCond!BD188","v":{"$error":"#VALUE!"}},{"$f":"GK$31*AirCond!BE188","v":{"$error":"#VALUE!"}},{"$f":"GL$31*AirCond!BF188","v":{"$error":"#VALUE!"}},{"$f":"GM$31*AirCond!BG188","v":{"$error":"#VALUE!"}},{"$f":"GN$31*WaterFittings!BS189","v":0},{"$f":"GO$31*WaterFittings!BT189","v":0},{"$f":"GP$31*WaterFittings!BU189","v":0}]
[null,null,184,0,0,{"$error":"#VALUE!"},{"$error":"#VALUE!"},{"$error":"#VALUE!"},{"$error":"#VALUE!"},{"$error":"#VALUE!"},{"$error":"#VALUE!"},{"$error":"#VALUE!"},{"$error":"#VALUE!"},{"$error":"#VALUE!"},{"$error":"#VALUE!"},null,{"$error":"#VALUE!"},{"$error":"#VALUE!"},{"$error":"#VALUE!"},{"$error":"#VALUE!"},{"$error":"#VALUE!"},null,{"$error":"#VALUE!"},{"$error":"#VALUE!"},{"$error":"#VALUE!"},{"$error":"#VALUE!"},{"$error":"#VALUE!"},null,16,{"$f":"SUM(SUMPRODUCT(AF$20:AJ$20,Q215:U215),SUMPRODUCT(AF$20:AJ$20,System2!Q215:U215),SUMPRODUCT(AF$20:AJ$20,System3!Q215:U215))","v":{"$error":"#VALUE!"}},{"$f":"SUM(SUMPRODUCT(AF$21:AJ$21,W215:AA215),SUMPRODUCT(AF$21:AJ$21,System2!W215:AA215),SUMPRODUCT(AF$21:AJ$21,System3!W215:AA215))","v":{"$error":"#VALUE!"}},{"$f":"WaterFittings!BN190","v":{"$error":"#VALUE!"}},{"$error":"#VALUE!"},{"$error":"#VALUE!"},{"$f":"MIN(AirCond!BL189,P$21)","v":0},{"$error":"#VALUE!"},{"$f":"MIN(ROUNDDOWN(AJ215-FH215,0),ROUNDDOWN(P$21*0.3,0),ROUNDDOWN(SUM(SUMPRODUCT(I$4:I$15,L$4:L$15),SUMPRODUCT(System2!I$4:I$15,System2!L$4:L$15),SUMPRODUCT(System3!I$4:I$15,System3!L$4:L$15))*0.3,0))","v":{"$error":"#VALUE!"}},0,{"$error":"#VALUE!"},{"$error":"#VALUE!"},{"$error":"#VALUE!"},0,{"$error":"#VALUE!"},{"$error":"#VALUE!"},{"$error":"#VALUE!"},0,null,null,null,0,0,0,0,null,{"$error":"#VALUE!"},{"$error":"#VALUE!"},{"$error":"#VALUE!"},{"$error":"#VALUE!"},{"$error":"#VALUE!"},{"$error":"#VALUE!"},{"$error":"#VALUE!"},{"$error":"#VALUE!"},{"$error":"#VALUE!"},0,{"$error":"#VALUE!"},{"$error":"#VALUE!"},{"$error":"#VALUE!"},{"$error":"#VALUE!"},{"$error":"#VALUE!"},{"$error":"#VALUE!"},{"$error":"#VALUE!"},{"$error":"#VALUE!"},{"$error":"#VALUE!"},{"$error":"#VALUE!"},{"$error":"#VALUE!"},{"$error":"#VALUE!"},{"$error":"#VALUE!"},{"$error":"#VALUE!"},{"$error":"#VALUE!"},{"$error":"#VALUE!"},{"$error":"#VALUE!"},{"$error":"#VALUE!"},{"$error":"#VALUE!"},{"$error":"#VALUE!"},{"$error":"#VALUE!"},{"$error":"#VALUE!"},{"$error":"#VALUE!"},{"$error":"#VALUE!"},{"$error":"#VALUE!"},{"$error":"#VALUE!"},{"$error":"#VALUE!"},{"$error":"#VALUE!"},{"$error":"#VALUE!"},{"$error":"#VALUE!"},{"$error":"#VALUE!"},{"$f":"SUM(CQ215,System2!CQ215,System3!CQ215)","v":{"$error":"#VALUE!"}},{"$error":"#VALUE!"},{"$error":"#VALUE!"},{"$error":"#VALUE!"},{"$error":"#VALUE!"},{"$error":"#VALUE!"},{"$error":"#VALUE!"},{"$error":"#VALUE!"},{"$error":"#VALUE!"},{"$error":"#VALUE!"},{"$error":"#VALUE!"},{"$error":"#VALUE!"},{"$error":"#VALUE!"},{"$error":"#VALUE!"},{"$error":"#VALUE!"},{"$error":"#VALUE!"},{"$error":"#VALUE!"},{"$error":"#VALUE!"},{"$error":"#VALUE!"},{"$error":"#VALUE!"},{"$error":"#VALUE!"},{"$error":"#VALUE!"},{"$error":"#VALUE!"},{"$error":"#VALUE!"},{"$error":"#VALUE!"},{"$error":"#VALUE!"},{"$error":"#VALUE!"},{"$f":"SUM(DR215,System2!DR215,System3!DR215)","v":{"$error":"#VALUE!"}},{"$f":"DT$47","v":{"$error":"#VALUE!"}},{"$f":"DU$47","v":{"$error":"#VALUE!"}},{"$f":"DV$47","v":0},{"$f":"DW$47","v":{"$error":"#VALUE!"}},{"$error":"#VALUE!"},{"$error":"#VALUE!"},{"$error":"#VALUE!"},0,0,0,0,0,{"$error":"#VALUE!"},{"$f":"SUM(EF215,System2!EF215,System3!EF215)","v":{"$error":"#VALUE!"}},{"$error":"#VALUE!"},{"$error":"#VALUE!"},{"$error":"#VALUE!"},{"$error":"#VALUE!"},{"$error":"#VALUE!"},{"$error":"#VALUE!"},{"$error":"#VALUE!"},{"$error":"#VALUE!"},{"$error":"#VALUE!"},{"$error":"#VALUE!"},{"$error":"#VALUE!"},{"$error":"#VALUE!"},{"$error":"#VALUE!"},{"$error":"#VALUE!"},{"$error":"#VALUE!"},{"$error":"#VALUE!"},{"$error":"#VALUE!"},{"$error":"#VALUE!"},{"$error":"#VALUE!"},{"$error":"#VALUE!"},{"$error":"#VALUE!"},{"$error":"#VALUE!"},{"$error":"#VALUE!"},{"$error":"#VALUE!"},{"$error":"#VALUE!"},{"$error":"#VALUE!"},{"$f":"SUM(FG215,System2!FG215,System3!FG215)","v":{"$error":"#VALUE!"}},0,0,0,0,{"$error":"#VALUE!"},{"$error":"#VALUE!"},{"$error":"#VALUE!"},{"$error":"#VALUE!"},{"$error":"#VALUE!"},{"$error":"#VALUE!"},{"$error":"#VALUE!"},{"$error":"#VALUE!"},{"$error":"#VALUE!"},{"$error":"#VALUE!"},{"$error":"#VALUE!"},{"$error":"#VALUE!"},{"$error":"#VALUE!"},{"$error":"#VALUE!"},{"$error":"#VALUE!"},{"$error":"#VALUE!"},{"$error":"#VALUE!"},{"$error":"#VALUE!"},{"$error":"#VALUE!"},{"$error":"#VALUE!"},{"$f":"$GG$31*WaterFittings!BO190","v":{"$error":"#VALUE!"}},{"$f":"$GH$31*WaterFittings!BP190","v":{"$error":"#VALUE!"}},{"$f":"$GI$31*WaterFittings!BQ190","v":0},{"$f":"GJ$31*AirCond!BD189","v":{"$error":"#VALUE!"}},{"$f":"GK$31*AirCond!BE189","v":{"$error":"#VALUE!"}},{"$f":"GL$31*AirCond!BF189","v":{"$error":"#VALUE!"}},{"$f":"GM$31*AirCond!BG189","v":{"$error":"#VALUE!"}},{"$f":"GN$31*WaterFittings!BS190","v":0},{"$f":"GO$31*WaterFittings!BT190","v":0},{"$f":"GP$31*WaterFittings!BU190","v":0}]
[null,null,185,19.5,0,{"$error":"#VALUE!"},{"$error":"#VALUE!"},{"$error":"#VALUE!"},{"$error":"#VALUE!"},{"$error":"#VALUE!"},{"$error":"#VALUE!"},{"$error":"#VALUE!"},{"$error":"#VALUE!"},{"$error":"#VALUE!"},{"$error":"#VALUE!"},null,{"$error":"#VALUE!"},{"$error":"#VALUE!"},{"$error":"#VALUE!"},{"$error":"#VALUE!"},{"$error":"#VALUE!"},null,{"$error":"#VALUE!"},{"$error":"#VALUE!"},{"$error":"#VALUE!"},{"$error":"#VALUE!"},{"$error":"#VALUE!"},null,17,{"$f":"SUM(SUMPRODUCT(AF$20:AJ$20,Q216:U216),SUMPRODUCT(AF$20:AJ$20,System2!Q216:U216),SUMPRODUCT(AF$20:AJ$20,System3!Q216:U216))","v":{"$error":"#VALUE!"}},{"$f":"SUM(SUMPRODUCT(AF$21:AJ$21,W216:AA216),SUMPRODUCT(AF$21:AJ$21,System2!W216:AA216),SUMPRODUCT(AF$21:AJ$21,System3!W216:AA216))","v":{"$error":"#VALUE!"}},{"$f":"WaterFittings!BN191","v":{"$error":"#VALUE!"}},{"$error":"#VALUE!"},{"$error":"#VALUE!"},{"$f":"MIN(AirCond!BL190,P$21)","v":0},{"$error":"#VALUE!"},{"$f":"MIN(ROUNDDOWN(AJ216-FH216,0),ROUNDDOWN(P$21*0.3,0),ROUNDDOWN(SUM(SUMPRODUCT(I$4:I$15,L$4:L$15),SUMPRODUCT(System2!I$4:I$15,System2!L$4:L$15),SUMPRODUCT(System3!I$4:I$15,System3!L$4:L$15))*0.3,0))","v":{"$error":"#VALUE!"}},0,{"$error":"#VALUE!"},{"$error":"#VALUE!"},{"$error":"#VALUE!"},0,{"$error":"#VALUE!"},{"$error":"#VALUE!"},{"$error":"#VALUE!"},0,null,null,null,0,0,0,0,null,{"$error":"#VALUE!"},{"$error":"#VALUE!"},{"$error":"#VALUE!"},{"$error":"#VALUE!"},{"$error":"#VALUE!"},{"$error":"#VALUE!"},{"$error":"#VALUE!"},{"$error":"#VALUE!"},{"$error":"#VALUE!"},0,{"$error":"#VALUE!"},{"$error":"#VALUE!"},{"$error":"#VALUE!"},{"$error":"#VALUE!"},{"$error":"#VALUE!"},{"$error":"#VALUE!"},{"$error":"#VALUE!"},{"$error":"#VALUE!"},{"$error":"#VALUE!"},{"$error":"#VALUE!"},{"$error":"#VALUE!"},{"$error":"#VALUE!"},{"$error":"#VALUE!"},{"$error":"#VALUE!"},{"$error":"#VALUE!"},{"$error":"#VALUE!"},{"$error":"#VALUE!"},{"$error":"#VALUE!"},{"$error":"#VALUE!"},{"$error":"#VALUE!"},{"$error":"#VALUE!"},{"$error":"#VALUE!"},{"$error":"#VALUE!"},{"$error":"#VALUE!"},{"$error":"#VALUE!"},{"$error":"#VALUE!"},{"$error":"#VALUE!"},{"$error":"#VALUE!"},{"$error":"#VALUE!"},{"$error":"#VALUE!"},{"$error":"#VALUE!"},{"$f":"SUM(CQ216,System2!CQ216,System3!CQ216)","v":{"$error":"#VALUE!"}},{"$error":"#VALUE!"},{"$error":"#VALUE!"},{"$error":"#VALUE!"},{"$error":"#VALUE!"},{"$error":"#VALUE!"},{"$error":"#VALUE!"},{"$error":"#VALUE!"},{"$error":"#VALUE!"},{"$error":"#VALUE!"},{"$error":"#VALUE!"},{"$error":"#VALUE!"},{"$error":"#VALUE!"},{"$error":"#VALUE!"},{"$error":"#VALUE!"},{"$error":"#VALUE!"},{"$error":"#VALUE!"},{"$error":"#VALUE!"},{"$error":"#VALUE!"},{"$error":"#VALUE!"},{"$error":"#VALUE!"},{"$error":"#VALUE!"},{"$error":"#VALUE!"},{"$error":"#VALUE!"},{"$error":"#VALUE!"},{"$error":"#VALUE!"},{"$error":"#VALUE!"},{"$f":"SUM(DR216,System2!DR216,System3!DR216)","v":{"$error":"#VALUE!"}},{"$f":"DT$48","v":{"$error":"#VALUE!"}},{"$f":"DU$48","v":{"$error":"#VALUE!"}},{"$f":"DV$48","v":0},{"$f":"DW$48","v":{"$error":"#VALUE!"}},{"$error":"#VALUE!"},{"$error":"#VALUE!"},{"$error":"#VALUE!"},0,0,0,0,0,{"$error":"#VALUE!"},{"$f":"SUM(EF216,System2!EF216,System3!EF216)","v":{"$error":"#VALUE!"}},{"$error":"#VALUE!"},{"$error":"#VALUE!"},{"$error":"#VALUE!"},{"$error":"#VALUE!"},{"$error":"#VALUE!"},{"$error":"#VALUE!"},{"$error":"#VALUE!"},{"$error":"#VALUE!"},{"$error":"#VALUE!"},{"$error":"#VALUE!"},{"$error":"#VALUE!"},{"$error":"#VALUE!"},{"$error":"#VALUE!"},{"$error":"#VALUE!"},{"$error":"#VALUE!"},{"$error":"#VALUE!"},{"$error":"#VALUE!"},{"$error":"#VALUE!"},{"$error":"#VALUE!"},{"$error":"#VALUE!"},{"$error":"#VALUE!"},{"$error":"#VALUE!"},{"$error":"#VALUE!"},{"$error":"#VALUE!"},{"$error":"#VALUE!"},{"$error":"#VALUE!"},{"$f":"SUM(FG216,System2!FG216,System3!FG216)","v":{"$error":"#VALUE!"}},0,0,0,0,{"$error":"#VALUE!"},{"$error":"#VALUE!"},{"$error":"#VALUE!"},{"$error":"#VALUE!"},{"$error":"#VALUE!"},{"$error":"#VALUE!"},{"$error":"#VALUE!"},{"$error":"#VALUE!"},{"$error":"#VALUE!"},{"$error":"#VALUE!"},{"$error":"#VALUE!"},{"$error":"#VALUE!"},{"$error":"#VALUE!"},{"$error":"#VALUE!"},{"$error":"#VALUE!"},{"$error":"#VALUE!"},{"$error":"#VALUE!"},{"$error":"#VALUE!"},{"$error":"#VALUE!"},{"$error":"#VALUE!"},{"$f":"$GG$31*WaterFittings!BO191","v":{"$error":"#VALUE!"}},{"$f":"$GH$31*WaterFittings!BP191","v":{"$error":"#VALUE!"}},{"$f":"$GI$31*WaterFittings!BQ191","v":0},{"$f":"GJ$31*AirCond!BD190","v":{"$error":"#VALUE!"}},{"$f":"GK$31*AirCond!BE190","v":{"$error":"#VALUE!"}},{"$f":"GL$31*AirCond!BF190","v":{"$error":"#VALUE!"}},{"$f":"GM$31*AirCond!BG190","v":{"$error":"#VALUE!"}},{"$f":"GN$31*WaterFittings!BS191","v":0},{"$f":"GO$31*WaterFittings!BT191","v":0},{"$f":"GP$31*WaterFittings!BU191","v":0}]
[null,null,186,0.5,0,{"$error":"#VALUE!"},{"$error":"#VALUE!"},{"$error":"#VALUE!"},{"$error":"#VALUE!"},{"$error":"#VALUE!"},{"$error":"#VALUE!"},{"$error":"#VALUE!"},{"$error":"#VALUE!"},{"$error":"#VALUE!"},{"$error":"#VALUE!"},null,{"$error":"#VALUE!"},{"$error":"#VALUE!"},{"$error":"#VALUE!"},{"$error":"#VALUE!"},{"$error":"#VALUE!"},null,{"$error":"#VALUE!"},{"$error":"#VALUE!"},{"$error":"#VALUE!"},{"$error":"#VALUE!"},{"$error":"#VALUE!"},null,18,{"$f":"SUM(SUMPRODUCT(AF$20:AJ$20,Q217:U217),SUMPRODUCT(AF$20:AJ$20,System2!Q217:U217),SUMPRODUCT(AF$20:AJ$20,System3!Q217:U217))","v":{"$error":"#VALUE!"}},{"$f":"SUM(SUMPRODUCT(AF$21:AJ$21,W217:AA217),SUMPRODUCT(AF$21:AJ$21,System2!W217:AA217),SUMPRODUCT(AF$21:AJ$21,System3!W217:AA217))","v":{"$error":"#VALUE!"}},{"$f":"WaterFittings!BN192","v":{"$error":"#VALUE!"}},{"$error":"#VALUE!"},{"$error":"#VALUE!"},{"$f":"MIN(AirCond!BL191,P$21)","v":0},{"$error":"#VALUE!"},{"$f":"MIN(ROUNDDOWN(AJ217-FH217,0),ROUNDDOWN(P$21*0.3,0),ROUNDDOWN(SUM(SUMPRODUCT(I$4:I$15,L$4:L$15),SUMPRODUCT(System2!I$4:I$15,System2!L$4:L$15),SUMPRODUCT(System3!I$4:I$15,System3!L$4:L$15))*0.3,0))","v":{"$error":"#VALUE!"}},0,{"$error":"#VALUE!"},{"$error":"#VALUE!"},{"$error":"#VALUE!"},0,{"$error":"#VALUE!"},{"$error":"#VALUE!"},{"$error":"#VALUE!"},0,null,null,null,0,0,0,0,null,{"$error":"#VALUE!"},{"$error":"#VALUE!"},{"$error":"#VALUE!"},{"$error":"#VALUE!"},{"$error":"#VALUE!"},{"$error":"#VALUE!"},{"$error":"#VALUE!"},{"$error":"#VALUE!"},{"$error":"#VALUE!"},0,{"$error":"#VALUE!"},{"$error":"#VALUE!"},{"$error":"#VALUE!"},{"$error":"#VALUE!"},{"$error":"#VALUE!"},{"$error":"#VALUE!"},{"$error":"#VALUE!"},{"$error":"#VALUE!"},{"$error":"#VALUE!"},{"$error":"#VALUE!"},{"$error":"#VALUE!"},{"$error":"#VALUE!"},{"$error":"#VALUE!"},{"$error":"#VALUE!"},{"$error":"#VALUE!"},{"$error":"#VALUE!"},{"$error":"#VALUE!"},{"$error":"#VALUE!"},{"$error":"#VALUE!"},{"$error":"#VALUE!"},{"$error":"#VALUE!"},{"$error":"#VALUE!"},{"$error":"#VALUE!"},{"$error":"#VALUE!"},{"$error":"#VALUE!"},{"$error":"#VALUE!"},{"$error":"#VALUE!"},{"$error":"#VALUE!"},{"$error":"#VALUE!"},{"$error":"#VALUE!"},{"$error":"#VALUE!"},{"$f":"SUM(CQ217,System2!CQ217,System3!CQ217)","v":{"$error":"#VALUE!"}},{"$error":"#VALUE!"},{"$error":"#VALUE!"},{"$error":"#VALUE!"},{"$error":"#VALUE!"},{"$error":"#VALUE!"},{"$error":"#VALUE!"},{"$error":"#VALUE!"},{"$error":"#VALUE!"},{"$error":"#VALUE!"},{"$error":"#VALUE!"},{"$error":"#VALUE!"},{"$error":"#VALUE!"},{"$error":"#VALUE!"},{"$error":"#VALUE!"},{"$error":"#VALUE!"},{"$error":"#VALUE!"},{"$error":"#VALUE!"},{"$error":"#VALUE!"},{"$error":"#VALUE!"},{"$error":"#VALUE!"},{"$error":"#VALUE!"},{"$error":"#VALUE!"},{"$error":"#VALUE!"},{"$error":"#VALUE!"},{"$error":"#VALUE!"},{"$error":"#VALUE!"},{"$f":"SUM(DR217,System2!DR217,System3!DR217)","v":{"$error":"#VALUE!"}},{"$f":"DT$49","v":{"$error":"#VALUE!"}},{"$f":"DU$49","v":{"$error":"#VALUE!"}},{"$f":"DV$49","v":0},{"$f":"DW$49","v":{"$error":"#VALUE!"}},{"$error":"#VALUE!"},{"$error":"#VALUE!"},{"$error":"#VALUE!"},0,0,0,0,0,{"$error":"#VALUE!"},{"$f":"SUM(EF217,System2!EF217,System3!EF217)","v":{"$error":"#VALUE!"}},{"$error":"#VALUE!"},{"$error":"#VALUE!"},{"$error":"#VALUE!"},{"$error":"#VALUE!"},{"$error":"#VALUE!"},{"$error":"#VALUE!"},{"$error":"#VALUE!"},{"$error":"#VALUE!"},{"$error":"#VALUE!"},{"$error":"#VALUE!"},{"$error":"#VALUE!"},{"$error":"#VALUE!"},{"$error":"#VALUE!"},{"$error":"#VALUE!"},{"$error":"#VALUE!"},{"$error":"#VALUE!"},{"$error":"#VALUE!"},{"$error":"#VALUE!"},{"$error":"#VALUE!"},{"$error":"#VALUE!"},{"$error":"#VALUE!"},{"$error":"#VALUE!"},{"$error":"#VALUE!"},{"$error":"#VALUE!"},{"$error":"#VALUE!"},{"$error":"#VALUE!"},{"$f":"SUM(FG217,System2!FG217,System3!FG217)","v":{"$error":"#VALUE!"}},0,0,0,0,{"$error":"#VALUE!"},{"$error":"#VALUE!"},{"$error":"#VALUE!"},{"$error":"#VALUE!"},{"$error":"#VALUE!"},{"$error":"#VALUE!"},{"$error":"#VALUE!"},{"$error":"#VALUE!"},{"$error":"#VALUE!"},{"$error":"#VALUE!"},{"$error":"#VALUE!"},{"$error":"#VALUE!"},{"$error":"#VALUE!"},{"$error":"#VALUE!"},{"$error":"#VALUE!"},{"$error":"#VALUE!"},{"$error":"#VALUE!"},{"$error":"#VALUE!"},{"$error":"#VALUE!"},{"$error":"#VALUE!"},{"$f":"$GG$31*WaterFittings!BO192","v":{"$error":"#VALUE!"}},{"$f":"$GH$31*WaterFittings!BP192","v":{"$error":"#VALUE!"}},{"$f":"$GI$31*WaterFittings!BQ192","v":0},{"$f":"GJ$31*AirCond!BD191","v":{"$error":"#VALUE!"}},{"$f":"GK$31*AirCond!BE191","v":{"$error":"#VALUE!"}},{"$f":"GL$31*AirCond!BF191","v":{"$error":"#VALUE!"}},{"$f":"GM$31*AirCond!BG191","v":{"$error":"#VALUE!"}},{"$f":"GN$31*WaterFittings!BS192","v":0},{"$f":"GO$31*WaterFittings!BT192","v":0},{"$f":"GP$31*WaterFittings!BU192","v":0}]
[null,null,187,24.5,0,{"$error":"#VALUE!"},{"$error":"#VALUE!"},{"$error":"#VALUE!"},{"$error":"#VALUE!"},{"$error":"#VALUE!"},{"$error":"#VALUE!"},{"$error":"#VALUE!"},{"$error":"#VALUE!"},{"$error":"#VALUE!"},{"$error":"#VALUE!"},null,{"$error":"#VALUE!"},{"$error":"#VALUE!"},{"$error":"#VALUE!"},{"$error":"#VALUE!"},{"$error":"#VALUE!"},null,{"$error":"#VALUE!"},{"$error":"#VALUE!"},{"$error":"#VALUE!"},{"$error":"#VALUE!"},{"$error":"#VALUE!"},null,19,{"$f":"SUM(SUMPRODUCT(AF$20:AJ$20,Q218:U218),SUMPRODUCT(AF$20:AJ$20,System2!Q218:U218),SUMPRODUCT(AF$20:AJ$20,System3!Q218:U218))","v":{"$error":"#VALUE!"}},{"$f":"SUM(SUMPRODUCT(AF$21:AJ$21,W218:AA218),SUMPRODUCT(AF$21:AJ$21,System2!W218:AA218),SUMPRODUCT(AF$21:AJ$21,System3!W218:AA218))","v":{"$error":"#VALUE!"}},{"$f":"WaterFittings!BN193","v":{"$error":"#VALUE!"}},{"$error":"#VALUE!"},{"$error":"#VALUE!"},{"$f":"MIN(AirCond!BL192,P$21)","v":0},{"$error":"#VALUE!"},{"$f":"MIN(ROUNDDOWN(AJ218-FH218,0),ROUNDDOWN(P$21*0.3,0),ROUNDDOWN(SUM(SUMPRODUCT(I$4:I$15,L$4:L$15),SUMPRODUCT(System2!I$4:I$15,System2!L$4:L$15),SUMPRODUCT(System3!I$4:I$15,System3!L$4:L$15))*0.3,0))","v":{"$error":"#VALUE!"}},0,{"$error":"#VALUE!"},{"$error":"#VALUE!"},{"$error":"#VALUE!"},0,{"$error":"#VALUE!"},{"$error":"#VALUE!"},{"$error":"#VALUE!"},0,null,null,null,0,0,0,0,null,{"$error":"#VALUE!"},{"$error":"#VALUE!"},{"$error":"#VALUE!"},{"$error":"#VALUE!"},{"$error":"#VALUE!"},{"$error":"#VALUE!"},{"$error":"#VALUE!"},{"$error":"#VALUE!"},{"$error":"#VALUE!"},0,{"$error":"#VALUE!"},{"$error":"#VALUE!"},{"$error":"#VALUE!"},{"$error":"#VALUE!"},{"$error":"#VALUE!"},{"$error":"#VALUE!"},{"$error":"#VALUE!"},{"$error":"#VALUE!"},{"$error":"#VALUE!"},{"$error":"#VALUE!"},{"$error":"#VALUE!"},{"$error":"#VALUE!"},{"$error":"#VALUE!"},{"$error":"#VALUE!"},{"$error":"#VALUE!"},{"$error":"#VALUE!"},{"$error":"#VALUE!"},{"$error":"#VALUE!"},{"$error":"#VALUE!"},{"$error":"#VALUE!"},{"$error":"#VALUE!"},{"$error":"#VALUE!"},{"$error":"#VALUE!"},{"$error":"#VALUE!"},{"$error":"#VALUE!"},{"$error":"#VALUE!"},{"$error":"#VALUE!"},{"$error":"#VALUE!"},{"$error":"#VALUE!"},{"$error":"#VALUE!"},{"$error":"#VALUE!"},{"$f":"SUM(CQ218,System2!CQ218,System3!CQ218)","v":{"$error":"#VALUE!"}},{"$error":"#VALUE!"},{"$error":"#VALUE!"},{"$error":"#VALUE!"},{"$error":"#VALUE!"},{"$error":"#VALUE!"},{"$error":"#VALUE!"},{"$error":"#VALUE!"},{"$error":"#VALUE!"},{"$error":"#VALUE!"},{"$error":"#VALUE!"},{"$error":"#VALUE!"},{"$error":"#VALUE!"},{"$error":"#VALUE!"},{"$error":"#VALUE!"},{"$error":"#VALUE!"},{"$error":"#VALUE!"},{"$error":"#VALUE!"},{"$error":"#VALUE!"},{"$error":"#VALUE!"},{"$error":"#VALUE!"},{"$error":"#VALUE!"},{"$error":"#VALUE!"},{"$error":"#VALUE!"},{"$error":"#VALUE!"},{"$error":"#VALUE!"},{"$error":"#VALUE!"},{"$f":"SUM(DR218,System2!DR218,System3!DR218)","v":{"$error":"#VALUE!"}},{"$f":"DT$50","v":{"$error":"#VALUE!"}},{"$f":"DU$50","v":{"$error":"#VALUE!"}},{"$f":"DV$50","v":0},{"$f":"DW$50","v":{"$error":"#VALUE!"}},{"$error":"#VALUE!"},{"$error":"#VALUE!"},{"$error":"#VALUE!"},0,0,0,0,0,{"$error":"#VALUE!"},{"$f":"SUM(EF218,System2!EF218,System3!EF218)","v":{"$error":"#VALUE!"}},{"$error":"#VALUE!"},{"$error":"#VALUE!"},{"$error":"#VALUE!"},{"$error":"#VALUE!"},{"$error":"#VALUE!"},{"$error":"#VALUE!"},{"$error":"#VALUE!"},{"$error":"#VALUE!"},{"$error":"#VALUE!"},{"$error":"#VALUE!"},{"$error":"#VALUE!"},{"$error":"#VALUE!"},{"$error":"#VALUE!"},{"$error":"#VALUE!"},{"$error":"#VALUE!"},{"$error":"#VALUE!"},{"$error":"#VALUE!"},{"$error":"#VALUE!"},{"$error":"#VALUE!"},{"$error":"#VALUE!"},{"$error":"#VALUE!"},{"$error":"#VALUE!"},{"$error":"#VALUE!"},{"$error":"#VALUE!"},{"$error":"#VALUE!"},{"$error":"#VALUE!"},{"$f":"SUM(FG218,System2!FG218,System3!FG218)","v":{"$error":"#VALUE!"}},0,0,0,0,{"$error":"#VALUE!"},{"$error":"#VALUE!"},{"$error":"#VALUE!"},{"$error":"#VALUE!"},{"$error":"#VALUE!"},{"$error":"#VALUE!"},{"$error":"#VALUE!"},{"$error":"#VALUE!"},{"$error":"#VALUE!"},{"$error":"#VALUE!"},{"$error":"#VALUE!"},{"$error":"#VALUE!"},{"$error":"#VALUE!"},{"$error":"#VALUE!"},{"$error":"#VALUE!"},{"$error":"#VALUE!"},{"$error":"#VALUE!"},{"$error":"#VALUE!"},{"$error":"#VALUE!"},{"$error":"#VALUE!"},{"$f":"$GG$31*WaterFittings!BO193","v":{"$error":"#VALUE!"}},{"$f":"$GH$31*WaterFittings!BP193","v":{"$error":"#VALUE!"}},{"$f":"$GI$31*WaterFittings!BQ193","v":0},{"$f":"GJ$31*AirCond!BD192","v":{"$error":"#VALUE!"}},{"$f":"GK$31*AirCond!BE192","v":{"$error":"#VALUE!"}},{"$f":"GL$31*AirCond!BF192","v":{"$error":"#VALUE!"}},{"$f":"GM$31*AirCond!BG192","v":{"$error":"#VALUE!"}},{"$f":"GN$31*WaterFittings!BS193","v":0},{"$f":"GO$31*WaterFittings!BT193","v":0},{"$f":"GP$31*WaterFittings!BU193","v":0}]
[null,null,188,0,0,{"$error":"#VALUE!"},{"$error":"#VALUE!"},{"$error":"#VALUE!"},{"$error":"#VALUE!"},{"$error":"#VALUE!"},{"$error":"#VALUE!"},{"$error":"#VALUE!"},{"$error":"#VALUE!"},{"$error":"#VALUE!"},{"$error":"#VALUE!"},null,{"$error":"#VALUE!"},{"$error":"#VALUE!"},{"$error":"#VALUE!"},{"$error":"#VALUE!"},{"$error":"#VALUE!"},null,{"$error":"#VALUE!"},{"$error":"#VALUE!"},{"$error":"#VALUE!"},{"$error":"#VALUE!"},{"$error":"#VALUE!"},null,20,{"$f":"SUM(SUMPRODUCT(AF$20:AJ$20,Q219:U219),SUMPRODUCT(AF$20:AJ$20,System2!Q219:U219),SUMPRODUCT(AF$20:AJ$20,System3!Q219:U219))","v":{"$error":"#VALUE!"}},{"$f":"SUM(SUMPRODUCT(AF$21:AJ$21,W219:AA219),SUMPRODUCT(AF$21:AJ$21,System2!W219:AA219),SUMPRODUCT(AF$21:AJ$21,System3!W219:AA219))","v":{"$error":"#VALUE!"}},{"$f":"WaterFittings!BN194","v":{"$error":"#VALUE!"}},{"$error":"#VALUE!"},{"$error":"#VALUE!"},{"$f":"MIN(AirCond!BL193,P$21)","v":0},{"$error":"#VALUE!"},{"$f":"MIN(ROUNDDOWN(AJ219-FH219,0),ROUNDDOWN(P$21*0.3,0),ROUNDDOWN(SUM(SUMPRODUCT(I$4:I$15,L$4:L$15),SUMPRODUCT(System2!I$4:I$15,System2!L$4:L$15),SUMPRODUCT(System3!I$4:I$15,System3!L$4:L$15))*0.3,0))","v":{"$error":"#VALUE!"}},0,{"$error":"#VALUE!"},{"$error":"#VALUE!"},{"$error":"#VALUE!"},0,{"$error":"#VALUE!"},{"$error":"#VALUE!"},{"$error":"#VALUE!"},0,null,null,null,0,0,0,0,null,{"$error":"#VALUE!"},{"$error":"#VALUE!"},{"$error":"#VALUE!"},{"$error":"#VALUE!"},{"$error":"#VALUE!"},{"$error":"#VALUE!"},{"$error":"#VALUE!"},{"$error":"#VALUE!"},{"$error":"#VALUE!"},0,{"$error":"#VALUE!"},{"$error":"#VALUE!"},{"$error":"#VALUE!"},{"$error":"#VALUE!"},{"$error":"#VALUE!"},{"$error":"#VALUE!"},{"$error":"#VALUE!"},{"$error":"#VALUE!"},{"$error":"#VALUE!"},{"$error":"#VALUE!"},{"$error":"#VALUE!"},{"$error":"#VALUE!"},{"$error":"#VALUE!"},{"$error":"#VALUE!"},{"$error":"#VALUE!"},{"$error":"#VALUE!"},{"$error":"#VALUE!"},{"$error":"#VALUE!"},{"$error":"#VALUE!"},{"$error":"#VALUE!"},{"$error":"#VALUE!"},{"$error":"#VALUE!"},{"$error":"#VALUE!"},{"$error":"#VALUE!"},{"$error":"#VALUE!"},{"$error":"#VALUE!"},{"$error":"#VALUE!"},{"$error":"#VALUE!"},{"$error":"#VALUE!"},{"$error":"#VALUE!"},{"$error":"#VALUE!"},{"$f":"SUM(CQ219,System2!CQ219,System3!CQ219)","v":{"$error":"#VALUE!"}},{"$error":"#VALUE!"},{"$error":"#VALUE!"},{"$error":"#VALUE!"},{"$error":"#VALUE!"},{"$error":"#VALUE!"},{"$error":"#VALUE!"},{"$error":"#VALUE!"},{"$error":"#VALUE!"},{"$error":"#VALUE!"},{"$error":"#VALUE!"},{"$error":"#VALUE!"},{"$error":"#VALUE!"},{"$error":"#VALUE!"},{"$error":"#VALUE!"},{"$error":"#VALUE!"},{"$error":"#VALUE!"},{"$error":"#VALUE!"},{"$error":"#VALUE!"},{"$error":"#VALUE!"},{"$error":"#VALUE!"},{"$error":"#VALUE!"},{"$error":"#VALUE!"},{"$error":"#VALUE!"},{"$error":"#VALUE!"},{"$error":"#VALUE!"},{"$error":"#VALUE!"},{"$f":"SUM(DR219,System2!DR219,System3!DR219)","v":{"$error":"#VALUE!"}},{"$f":"DT$51","v":{"$error":"#VALUE!"}},{"$f":"DU$51","v":{"$error":"#VALUE!"}},{"$f":"DV$51","v":0},{"$f":"DW$51","v":{"$error":"#VALUE!"}},{"$error":"#VALUE!"},{"$error":"#VALUE!"},{"$error":"#VALUE!"},0,0,0,0,0,{"$error":"#VALUE!"},{"$f":"SUM(EF219,System2!EF219,System3!EF219)","v":{"$error":"#VALUE!"}},{"$error":"#VALUE!"},{"$error":"#VALUE!"},{"$error":"#VALUE!"},{"$error":"#VALUE!"},{"$error":"#VALUE!"},{"$error":"#VALUE!"},{"$error":"#VALUE!"},{"$error":"#VALUE!"},{"$error":"#VALUE!"},{"$error":"#VALUE!"},{"$error":"#VALUE!"},{"$error":"#VALUE!"},{"$error":"#VALUE!"},{"$error":"#VALUE!"},{"$error":"#VALUE!"},{"$error":"#VALUE!"},{"$error":"#VALUE!"},{"$error":"#VALUE!"},{"$error":"#VALUE!"},{"$error":"#VALUE!"},{"$error":"#VALUE!"},{"$error":"#VALUE!"},{"$error":"#VALUE!"},{"$error":"#VALUE!"},{"$error":"#VALUE!"},{"$error":"#VALUE!"},{"$f":"SUM(FG219,System2!FG219,System3!FG219)","v":{"$error":"#VALUE!"}},0,0,0,0,{"$error":"#VALUE!"},{"$error":"#VALUE!"},{"$error":"#VALUE!"},{"$error":"#VALUE!"},{"$error":"#VALUE!"},{"$error":"#VALUE!"},{"$error":"#VALUE!"},{"$error":"#VALUE!"},{"$error":"#VALUE!"},{"$error":"#VALUE!"},{"$error":"#VALUE!"},{"$error":"#VALUE!"},{"$error":"#VALUE!"},{"$error":"#VALUE!"},{"$error":"#VALUE!"},{"$error":"#VALUE!"},{"$error":"#VALUE!"},{"$error":"#VALUE!"},{"$error":"#VALUE!"},{"$error":"#VALUE!"},{"$f":"$GG$31*WaterFittings!BO194","v":{"$error":"#VALUE!"}},{"$f":"$GH$31*WaterFittings!BP194","v":{"$error":"#VALUE!"}},{"$f":"$GI$31*WaterFittings!BQ194","v":0},{"$f":"GJ$31*AirCond!BD193","v":{"$error":"#VALUE!"}},{"$f":"GK$31*AirCond!BE193","v":{"$error":"#VALUE!"}},{"$f":"GL$31*AirCond!BF193","v":{"$error":"#VALUE!"}},{"$f":"GM$31*AirCond!BG193","v":{"$error":"#VALUE!"}},{"$f":"GN$31*WaterFittings!BS194","v":0},{"$f":"GO$31*WaterFittings!BT194","v":0},{"$f":"GP$31*WaterFittings!BU194","v":0}]
[null,null,189,13.5,0,{"$error":"#VALUE!"},{"$error":"#VALUE!"},{"$error":"#VALUE!"},{"$error":"#VALUE!"},{"$error":"#VALUE!"},{"$error":"#VALUE!"},{"$error":"#VALUE!"},{"$error":"#VALUE!"},{"$error":"#VALUE!"},{"$error":"#VALUE!"},null,{"$error":"#VALUE!"},{"$error":"#VALUE!"},{"$error":"#VALUE!"},{"$error":"#VALUE!"},{"$error":"#VALUE!"},null,{"$error":"#VALUE!"},{"$error":"#VALUE!"},{"$error":"#VALUE!"},{"$error":"#VALUE!"},{"$error":"#VALUE!"},null,21,{"$f":"SUM(SUMPRODUCT(AF$20:AJ$20,Q220:U220),SUMPRODUCT(AF$20:AJ$20,System2!Q220:U220),SUMPRODUCT(AF$20:AJ$20,System3!Q220:U220))","v":{"$error":"#VALUE!"}},{"$f":"SUM(SUMPRODUCT(AF$21:AJ$21,W220:AA220),SUMPRODUCT(AF$21:AJ$21,System2!W220:AA220),SUMPRODUCT(AF$21:AJ$21,System3!W220:AA220))","v":{"$error":"#VALUE!"}},{"$f":"WaterFittings!BN195","v":{"$error":"#VALUE!"}},{"$error":"#VALUE!"},{"$error":"#VALUE!"},{"$f":"MIN(AirCond!BL194,P$21)","v":0},{"$error":"#VALUE!"},{"$f":"MIN(ROUNDDOWN(AJ220-FH220,0),ROUNDDOWN(P$21*0.3,0),ROUNDDOWN(SUM(SUMPRODUCT(I$4:I$15,L$4:L$15),SUMPRODUCT(System2!I$4:I$15,System2!L$4:L$15),SUMPRODUCT(System3!I$4:I$15,System3!L$4:L$15))*0.3,0))","v":{"$error":"#VALUE!"}},0,{"$error":"#VALUE!"},{"$error":"#VALUE!"},{"$error":"#VALUE!"},0,{"$error":"#VALUE!"},{"$error":"#VALUE!"},{"$error":"#VALUE!"},0,null,null,null,0,0,0,0,null,{"$error":"#VALUE!"},{"$error":"#VALUE!"},{"$error":"#VALUE!"},{"$error":"#VALUE!"},{"$error":"#VALUE!"},{"$error":"#VALUE!"},{"$error":"#VALUE!"},{"$error":"#VALUE!"},{"$error":"#VALUE!"},0,{"$error":"#VALUE!"},{"$error":"#VALUE!"},{"$error":"#VALUE!"},{"$error":"#VALUE!"},{"$error":"#VALUE!"},{"$error":"#VALUE!"},{"$error":"#VALUE!"},{"$error":"#VALUE!"},{"$error":"#VALUE!"},{"$error":"#VALUE!"},{"$error":"#VALUE!"},{"$error":"#VALUE!"},{"$error":"#VALUE!"},{"$error":"#VALUE!"},{"$error":"#VALUE!"},{"$error":"#VALUE!"},{"$error":"#VALUE!"},{"$error":"#VALUE!"},{"$error":"#VALUE!"},{"$error":"#VALUE!"},{"$error":"#VALUE!"},{"$error":"#VALUE!"},{"$error":"#VALUE!"},{"$error":"#VALUE!"},{"$error":"#VALUE!"},{"$error":"#VALUE!"},{"$error":"#VALUE!"},{"$error":"#VALUE!"},{"$error":"#VALUE!"},{"$error":"#VALUE!"},{"$error":"#VALUE!"},{"$f":"SUM(CQ220,System2!CQ220,System3!CQ220)","v":{"$error":"#VALUE!"}},{"$error":"#VALUE!"},{"$error":"#VALUE!"},{"$error":"#VALUE!"},{"$error":"#VALUE!"},{"$error":"#VALUE!"},{"$error":"#VALUE!"},{"$error":"#VALUE!"},{"$error":"#VALUE!"},{"$error":"#VALUE!"},{"$error":"#VALUE!"},{"$error":"#VALUE!"},{"$error":"#VALUE!"},{"$error":"#VALUE!"},{"$error":"#VALUE!"},{"$error":"#VALUE!"},{"$error":"#VALUE!"},{"$error":"#VALUE!"},{"$error":"#VALUE!"},{"$error":"#VALUE!"},{"$error":"#VALUE!"},{"$error":"#VALUE!"},{"$error":"#VALUE!"},{"$error":"#VALUE!"},{"$error":"#VALUE!"},{"$error":"#VALUE!"},{"$error":"#VALUE!"},{"$f":"SUM(DR220,System2!DR220,System3!DR220)","v":{"$error":"#VALUE!"}},{"$f":"DT$52","v":{"$error":"#VALUE!"}},{"$f":"DU$52","v":{"$error":"#VALUE!"}},{"$f":"DV$52","v":0},{"$f":"DW$52","v":{"$error":"#VALUE!"}},{"$error":"#VALUE!"},{"$error":"#VALUE!"},{"$error":"#VALUE!"},0,0,0,0,0,{"$error":"#VALUE!"},{"$f":"SUM(EF220,System2!EF220,System3!EF220)","v":{"$error":"#VALUE!"}},{"$error":"#VALUE!"},{"$error":"#VALUE!"},{"$error":"#VALUE!"},{"$error":"#VALUE!"},{"$error":"#VALUE!"},{"$error":"#VALUE!"},{"$error":"#VALUE!"},{"$error":"#VALUE!"},{"$error":"#VALUE!"},{"$error":"#VALUE!"},{"$error":"#VALUE!"},{"$error":"#VALUE!"},{"$error":"#VALUE!"},{"$error":"#VALUE!"},{"$error":"#VALUE!"},{"$error":"#VALUE!"},{"$error":"#VALUE!"},{"$error":"#VALUE!"},{"$error":"#VALUE!"},{"$error":"#VALUE!"},{"$error":"#VALUE!"},{"$error":"#VALUE!"},{"$error":"#VALUE!"},{"$error":"#VALUE!"},{"$error":"#VALUE!"},{"$error":"#VALUE!"},{"$f":"SUM(FG220,System2!FG220,System3!FG220)","v":{"$error":"#VALUE!"}},0,0,0,0,{"$error":"#VALUE!"},{"$error":"#VALUE!"},{"$error":"#VALUE!"},{"$error":"#VALUE!"},{"$error":"#VALUE!"},{"$error":"#VALUE!"},{"$error":"#VALUE!"},{"$error":"#VALUE!"},{"$error":"#VALUE!"},{"$error":"#VALUE!"},{"$error":"#VALUE!"},{"$error":"#VALUE!"},{"$error":"#VALUE!"},{"$error":"#VALUE!"},{"$error":"#VALUE!"},{"$error":"#VALUE!"},{"$error":"#VALUE!"},{"$error":"#VALUE!"},{"$error":"#VALUE!"},{"$error":"#VALUE!"},{"$f":"$GG$31*WaterFittings!BO195","v":{"$error":"#VALUE!"}},{"$f":"$GH$31*WaterFittings!BP195","v":{"$error":"#VALUE!"}},{"$f":"$GI$31*WaterFittings!BQ195","v":0},{"$f":"GJ$31*AirCond!BD194","v":{"$error":"#VALUE!"}},{"$f":"GK$31*AirCond!BE194","v":{"$error":"#VALUE!"}},{"$f":"GL$31*AirCond!BF194","v":{"$error":"#VALUE!"}},{"$f":"GM$31*AirCond!BG194","v":{"$error":"#VALUE!"}},{"$f":"GN$31*WaterFittings!BS195","v":0},{"$f":"GO$31*WaterFittings!BT195","v":0},{"$f":"GP$31*WaterFittings!BU195","v":0}]
[null,null,190,0,0,{"$error":"#VALUE!"},{"$error":"#VALUE!"},{"$error":"#VALUE!"},{"$error":"#VALUE!"},{"$error":"#VALUE!"},{"$error":"#VALUE!"},{"$error":"#VALUE!"},{"$error":"#VALUE!"},{"$error":"#VALUE!"},{"$error":"#VALUE!"},null,{"$error":"#VALUE!"},{"$error":"#VALUE!"},{"$error":"#VALUE!"},{"$error":"#VALUE!"},{"$error":"#VALUE!"},null,{"$error":"#VALUE!"},{"$error":"#VALUE!"},{"$error":"#VALUE!"},{"$error":"#VALUE!"},{"$f":"ROUNDDOWN(FF221,0)","v":{"$error":"#VALUE!"}},null,22,{"$f":"SUM(SUMPRODUCT(AF$20:AJ$20,Q221:U221),SUMPRODUCT(AF$20:AJ$20,System2!Q221:U221),SUMPRODUCT(AF$20:AJ$20,System3!Q221:U221))","v":{"$error":"#VALUE!"}},{"$f":"SUM(SUMPRODUCT(AF$21:AJ$21,W221:AA221),SUMPRODUCT(AF$21:AJ$21,System2!W221:AA221),SUMPRODUCT(AF$21:AJ$21,System3!W221:AA221))","v":{"$error":"#VALUE!"}},{"$f":"WaterFittings!BN196","v":{"$error":"#VALUE!"}},{"$error":"#VALUE!"},{"$error":"#VALUE!"},{"$f":"MIN(AirCond!BL195,P$21)","v":0},{"$error":"#VALUE!"},{"$f":"MIN(ROUNDDOWN(AJ221-FH221,0),ROUNDDOWN(P$21*0.3,0),ROUNDDOWN(SUM(SUMPRODUCT(I$4:I$15,L$4:L$15),SUMPRODUCT(System2!I$4:I$15,System2!L$4:L$15),SUMPRODUCT(System3!I$4:I$15,System3!L$4:L$15))*0.3,0))","v":{"$error":"#VALUE!"}},0,{"$error":"#VALUE!"},{"$error":"#VALUE!"},{"$error":"#VALUE!"},0,{"$error":"#VALUE!"},{"$error":"#VALUE!"},{"$error":"#VALUE!"},0,null,null,null,0,0,0,0,null,{"$error":"#VALUE!"},{"$error":"#VALUE!"},{"$error":"#VALUE!"},{"$error":"#VALUE!"},{"$error":"#VALUE!"},{"$error":"#VALUE!"},{"$error":"#VALUE!"},{"$error":"#VALUE!"},{"$error":"#VALUE!"},0,{"$error":"#VALUE!"},{"$error":"#VALUE!"},{"$error":"#VALUE!"},{"$error":"#VALUE!"},{"$error":"#VALUE!"},{"$error":"#VALUE!"},{"$error":"#VALUE!"},{"$error":"#VALUE!"},{"$error":"#VALUE!"},{"$error":"#VALUE!"},{"$error":"#VALUE!"},{"$error":"#VALUE!"},{"$error":"#VALUE!"},{"$error":"#VALUE!"},{"$error":"#VALUE!"},{"$error":"#VALUE!"},{"$error":"#VALUE!"},{"$error":"#VALUE!"},{"$error":"#VALUE!"},{"$error":"#VALUE!"},{"$error":"#VALUE!"},{"$error":"#VALUE!"},{"$error":"#VALUE!"},{"$error":"#VALUE!"},{"$error":"#VALUE!"},{"$error":"#VALUE!"},{"$error":"#VALUE!"},{"$error":"#VALUE!"},{"$error":"#VALUE!"},{"$error":"#VALUE!"},{"$error":"#VALUE!"},{"$f":"SUM(CQ221,System2!CQ221,System3!CQ221)","v":{"$error":"#VALUE!"}},{"$error":"#VALUE!"},{"$error":"#VALUE!"},{"$error":"#VALUE!"},{"$error":"#VALUE!"},{"$error":"#VALUE!"},{"$error":"#VALUE!"},{"$error":"#VALUE!"},{"$error":"#VALUE!"},{"$error":"#VALUE!"},{"$error":"#VALUE!"},{"$error":"#VALUE!"},{"$error":"#VALUE!"},{"$error":"#VALUE!"},{"$error":"#VALUE!"},{"$error":"#VALUE!"},{"$error":"#VALUE!"},{"$error":"#VALUE!"},{"$error":"#VALUE!"},{"$error":"#VALUE!"},{"$error":"#VALUE!"},{"$error":"#VALUE!"},{"$error":"#VALUE!"},{"$error":"#VALUE!"},{"$error":"#VALUE!"},{"$error":"#VALUE!"},{"$error":"#VALUE!"},{"$f":"SUM(DR221,System2!DR221,System3!DR221)","v":{"$error":"#VALUE!"}},{"$f":"DT$53","v":{"$error":"#VALUE!"}},{"$f":"DU$53","v":{"$error":"#VALUE!"}},{"$f":"DV$53","v":0},{"$f":"DW$53","v":{"$error":"#VALUE!"}},{"$error":"#VALUE!"},{"$error":"#VALUE!"},{"$error":"#VALUE!"},0,0,0,0,0,{"$error":"#VALUE!"},{"$f":"SUM(EF221,System2!EF221,System3!EF221)","v":{"$error":"#VALUE!"}},{"$error":"#VALUE!"},{"$error":"#VALUE!"},{"$error":"#VALUE!"},{"$error":"#VALUE!"},{"$error":"#VALUE!"},{"$error":"#VALUE!"},{"$error":"#VALUE!"},{"$error":"#VALUE!"},{"$error":"#VALUE!"},{"$error":"#VALUE!"},{"$error":"#VALUE!"},{"$error":"#VALUE!"},{"$error":"#VALUE!"},{"$error":"#VALUE!"},{"$error":"#VALUE!"},{"$error":"#VALUE!"},{"$error":"#VALUE!"},{"$error":"#VALUE!"},{"$error":"#VALUE!"},{"$error":"#VALUE!"},{"$error":"#VALUE!"},{"$error":"#VALUE!"},{"$error":"#VALUE!"},{"$error":"#VALUE!"},{"$error":"#VALUE!"},{"$error":"#VALUE!"},{"$f":"SUM(FG221,System2!FG221,System3!FG221)","v":{"$error":"#VALUE!"}},0,0,0,0,{"$error":"#VALUE!"},{"$error":"#VALUE!"},{"$error":"#VALUE!"},{"$error":"#VALUE!"},{"$error":"#VALUE!"},{"$error":"#VALUE!"},{"$error":"#VALUE!"},{"$error":"#VALUE!"},{"$error":"#VALUE!"},{"$error":"#VALUE!"},{"$error":"#VALUE!"},{"$error":"#VALUE!"},{"$error":"#VALUE!"},{"$error":"#VALUE!"},{"$error":"#VALUE!"},{"$error":"#VALUE!"},{"$error":"#VALUE!"},{"$error":"#VALUE!"},{"$error":"#VALUE!"},{"$error":"#VALUE!"},{"$f":"$GG$31*WaterFittings!BO196","v":{"$error":"#VALUE!"}},{"$f":"$GH$31*WaterFittings!BP196","v":{"$error":"#VALUE!"}},{"$f":"$GI$31*WaterFittings!BQ196","v":0},{"$f":"GJ$31*AirCond!BD195","v":{"$error":"#VALUE!"}},{"$f":"GK$31*AirCond!BE195","v":{"$error":"#VALUE!"}},{"$f":"GL$31*AirCond!BF195","v":{"$error":"#VALUE!"}},{"$f":"GM$31*AirCond!BG195","v":{"$error":"#VALUE!"}},{"$f":"GN$31*WaterFittings!BS196","v":0},{"$f":"GO$31*WaterFittings!BT196","v":0},{"$f":"GP$31*WaterFittings!BU196","v":0}]
[null,null,{"$f":"C221+1","v":191},0,0,{"$error":"#VALUE!"},{"$error":"#VALUE!"},{"$error":"#VALUE!"},{"$error":"#VALUE!"},{"$error":"#VALUE!"},{"$error":"#VALUE!"},{"$error":"#VALUE!"},{"$error":"#VALUE!"},{"$error":"#VALUE!"},{"$error":"#VALUE!"},null,{"$error":"#VALUE!"},{"$error":"#VALUE!"},{"$error":"#VALUE!"},{"$error":"#VALUE!"},{"$error":"#VALUE!"},null,{"$error":"#VALUE!"},{"$error":"#VALUE!"},{"$error":"#VALUE!"},{"$error":"#VALUE!"},{"$error":"#VALUE!"},null,23,{"$f":"SUM(SUMPRODUCT(AF$20:AJ$20,Q222:U222),SUMPRODUCT(AF$20:AJ$20,System2!Q222:U222),SUMPRODUCT(AF$20:AJ$20,System3!Q222:U222))","v":{"$error":"#VALUE!"}},{"$f":"SUM(SUMPRODUCT(AF$21:AJ$21,W222:AA222),SUMPRODUCT(AF$21:AJ$21,System2!W222:AA222),SUMPRODUCT(AF$21:AJ$21,System3!W222:AA222))","v":{"$error":"#VALUE!"}},{"$f":"WaterFittings!BN197","v":{"$error":"#VALUE!"}},{"$error":"#VALUE!"},{"$error":"#VALUE!"},{"$f":"MIN(AirCond!BL196,P$21)","v":0},{"$error":"#VALUE!"},{"$f":"MIN(ROUNDDOWN(AJ222-FH222,0),ROUNDDOWN(P$21*0.3,0),ROUNDDOWN(SUM(SUMPRODUCT(I$4:I$15,L$4:L$15),SUMPRODUCT(System2!I$4:I$15,System2!L$4:L$15),SUMPRODUCT(System3!I$4:I$15,System3!L$4:L$15))*0.3,0))","v":{"$error":"#VALUE!"}},0,{"$error":"#VALUE!"},{"$error":"#VALUE!"},{"$error":"#VALUE!"},0,{"$error":"#VALUE!"},{"$error":"#VALUE!"},{"$error":"#VALUE!"},0,null,null,null,0,0,0,0,null,{"$error":"#VALUE!"},{"$error":"#VALUE!"},{"$error":"#VALUE!"},{"$error":"#VALUE!"},{"$error":"#VALUE!"},{"$error":"#VALUE!"},{"$error":"#VALUE!"},{"$error":"#VALUE!"},{"$error":"#VALUE!"},0,{"$error":"#VALUE!"},{"$error":"#VALUE!"},{"$error":"#VALUE!"},{"$error":"#VALUE!"},{"$error":"#VALUE!"},{"$error":"#VALUE!"},{"$error":"#VALUE!"},{"$error":"#VALUE!"},{"$error":"#VALUE!"},{"$error":"#VALUE!"},{"$error":"#VALUE!"},{"$error":"#VALUE!"},{"$error":"#VALUE!"},{"$error":"#VALUE!"},{"$error":"#VALUE!"},{"$error":"#VALUE!"},{"$error":"#VALUE!"},{"$error":"#VALUE!"},{"$error":"#VALUE!"},{"$error":"#VALUE!"},{"$error":"#VALUE!"},{"$error":"#VALUE!"},{"$error":"#VALUE!"},{"$error":"#VALUE!"},{"$error":"#VALUE!"},{"$error":"#VALUE!"},{"$error":"#VALUE!"},{"$error":"#VALUE!"},{"$error":"#VALUE!"},{"$error":"#VALUE!"},{"$error":"#VALUE!"},{"$f":"SUM(CQ222,System2!CQ222,System3!CQ222)","v":{"$error":"#VALUE!"}},{"$error":"#VALUE!"},{"$error":"#VALUE!"},{"$error":"#VALUE!"},{"$error":"#VALUE!"},{"$error":"#VALUE!"},{"$error":"#VALUE!"},{"$error":"#VALUE!"},{"$error":"#VALUE!"},{"$error":"#VALUE!"},{"$error":"#VALUE!"},{"$error":"#VALUE!"},{"$error":"#VALUE!"},{"$error":"#VALUE!"},{"$error":"#VALUE!"},{"$error":"#VALUE!"},{"$error":"#VALUE!"},{"$error":"#VALUE!"},{"$error":"#VALUE!"},{"$error":"#VALUE!"},{"$error":"#VALUE!"},{"$error":"#VALUE!"},{"$error":"#VALUE!"},{"$error":"#VALUE!"},{"$error":"#VALUE!"},{"$error":"#VALUE!"},{"$error":"#VALUE!"},{"$f":"SUM(DR222,System2!DR222,System3!DR222)","v":{"$error":"#VALUE!"}},{"$f":"DT$54","v":{"$error":"#VALUE!"}},{"$f":"DU$54","v":{"$error":"#VALUE!"}},{"$f":"DV$54","v":0},{"$f":"DW$54","v":{"$error":"#VALUE!"}},{"$error":"#VALUE!"},{"$error":"#VALUE!"},{"$error":"#VALUE!"},0,0,0,0,0,{"$error":"#VALUE!"},{"$f":"SUM(EF222,System2!EF222,System3!EF222)","v":{"$error":"#VALUE!"}},{"$error":"#VALUE!"},{"$error":"#VALUE!"},{"$error":"#VALUE!"},{"$error":"#VALUE!"},{"$error":"#VALUE!"},{"$error":"#VALUE!"},{"$error":"#VALUE!"},{"$error":"#VALUE!"},{"$error":"#VALUE!"},{"$error":"#VALUE!"},{"$error":"#VALUE!"},{"$error":"#VALUE!"},{"$error":"#VALUE!"},{"$error":"#VALUE!"},{"$error":"#VALUE!"},{"$error":"#VALUE!"},{"$error":"#VALUE!"},{"$error":"#VALUE!"},{"$error":"#VALUE!"},{"$error":"#VALUE!"},{"$error":"#VALUE!"},{"$error":"#VALUE!"},{"$error":"#VALUE!"},{"$error":"#VALUE!"},{"$error":"#VALUE!"},{"$error":"#VALUE!"},{"$f":"SUM(FG222,System2!FG222,System3!FG222)","v":{"$error":"#VALUE!"}},0,0,0,0,{"$error":"#VALUE!"},{"$error":"#VALUE!"},{"$error":"#VALUE!"},{"$error":"#VALUE!"},{"$error":"#VALUE!"},{"$error":"#VALUE!"},{"$error":"#VALUE!"},{"$error":"#VALUE!"},{"$error":"#VALUE!"},{"$error":"#VALUE!"},{"$error":"#VALUE!"},{"$error":"#VALUE!"},{"$error":"#VALUE!"},{"$error":"#VALUE!"},{"$error":"#VALUE!"},{"$error":"#VALUE!"},{"$error":"#VALUE!"},{"$error":"#VALUE!"},{"$error":"#VALUE!"},{"$error":"#VALUE!"},{"$f":"$GG$31*WaterFittings!BO197","v":{"$error":"#VALUE!"}},{"$f":"$GH$31*WaterFittings!BP197","v":{"$error":"#VALUE!"}},{"$f":"$GI$31*WaterFittings!BQ197","v":0},{"$f":"GJ$31*AirCond!BD196","v":{"$error":"#VALUE!"}},{"$f":"GK$31*AirCond!BE196","v":{"$error":"#VALUE!"}},{"$f":"GL$31*AirCond!BF196","v":{"$error":"#VALUE!"}},{"$f":"GM$31*AirCond!BG196","v":{"$error":"#VALUE!"}},{"$f":"GN$31*WaterFittings!BS197","v":0},{"$f":"GO$31*WaterFittings!BT197","v":0},{"$f":"GP$31*WaterFittings!BU197","v":0}]
[null,null,192,23.5,0,{"$error":"#VALUE!"},{"$error":"#VALUE!"},{"$error":"#VALUE!"},{"$error":"#VALUE!"},{"$error":"#VALUE!"},{"$error":"#VALUE!"},{"$error":"#VALUE!"},{"$error":"#VALUE!"},{"$error":"#VALUE!"},{"$error":"#VALUE!"},null,{"$error":"#VALUE!"},{"$error":"#VALUE!"},{"$error":"#VALUE!"},{"$error":"#VALUE!"},{"$error":"#VALUE!"},null,{"$error":"#VALUE!"},{"$error":"#VALUE!"},{"$error":"#VALUE!"},{"$error":"#VALUE!"},{"$error":"#VALUE!"},null,24,{"$f":"SUM(SUMPRODUCT(AF$20:AJ$20,Q223:U223),SUMPRODUCT(AF$20:AJ$20,System2!Q223:U223),SUMPRODUCT(AF$20:AJ$20,System3!Q223:U223))","v":{"$error":"#VALUE!"}},{"$f":"SUM(SUMPRODUCT(AF$21:AJ$21,W223:AA223),SUMPRODUCT(AF$21:AJ$21,System2!W223:AA223),SUMPRODUCT(AF$21:AJ$21,System3!W223:AA223))","v":{"$error":"#VALUE!"}},{"$f":"WaterFittings!BN198","v":{"$error":"#VALUE!"}},{"$error":"#VALUE!"},{"$error":"#VALUE!"},{"$f":"MIN(AirCond!BL197,P$21)","v":0},{"$error":"#VALUE!"},{"$f":"MIN(ROUNDDOWN(AJ223-FH223,0),ROUNDDOWN(P$21*0.3,0),ROUNDDOWN(SUM(SUMPRODUCT(I$4:I$15,L$4:L$15),SUMPRODUCT(System2!I$4:I$15,System2!L$4:L$15),SUMPRODUCT(System3!I$4:I$15,System3!L$4:L$15))*0.3,0))","v":{"$error":"#VALUE!"}},0,{"$error":"#VALUE!"},{"$error":"#VALUE!"},{"$error":"#VALUE!"},0,{"$error":"#VALUE!"},{"$error":"#VALUE!"},{"$error":"#VALUE!"},0,null,null,null,0,0,0,0,null,{"$error":"#VALUE!"},{"$error":"#VALUE!"},{"$error":"#VALUE!"},{"$error":"#VALUE!"},{"$error":"#VALUE!"},{"$error":"#VALUE!"},{"$error":"#VALUE!"},{"$error":"#VALUE!"},{"$error":"#VALUE!"},0,{"$error":"#VALUE!"},{"$error":"#VALUE!"},{"$error":"#VALUE!"},{"$error":"#VALUE!"},{"$error":"#VALUE!"},{"$error":"#VALUE!"},{"$error":"#VALUE!"},{"$error":"#VALUE!"},{"$error":"#VALUE!"},{"$error":"#VALUE!"},{"$error":"#VALUE!"},{"$error":"#VALUE!"},{"$error":"#VALUE!"},{"$error":"#VALUE!"},{"$error":"#VALUE!"},{"$error":"#VALUE!"},{"$error":"#VALUE!"},{"$error":"#VALUE!"},{"$error":"#VALUE!"},{"$error":"#VALUE!"},{"$error":"#VALUE!"},{"$error":"#VALUE!"},{"$error":"#VALUE!"},{"$error":"#VALUE!"},{"$error":"#VALUE!"},{"$error":"#VALUE!"},{"$error":"#VALUE!"},{"$error":"#VALUE!"},{"$error":"#VALUE!"},{"$error":"#VALUE!"},{"$error":"#VALUE!"},{"$f":"SUM(CQ223,System2!CQ223,System3!CQ223)","v":{"$error":"#VALUE!"}},{"$error":"#VALUE!"},{"$error":"#VALUE!"},{"$error":"#VALUE!"},{"$error":"#VALUE!"},{"$error":"#VALUE!"},{"$error":"#VALUE!"},{"$error":"#VALUE!"},{"$error":"#VALUE!"},{"$error":"#VALUE!"},{"$error":"#VALUE!"},{"$error":"#VALUE!"},{"$error":"#VALUE!"},{"$error":"#VALUE!"},{"$error":"#VALUE!"},{"$error":"#VALUE!"},{"$error":"#VALUE!"},{"$error":"#VALUE!"},{"$error":"#VALUE!"},{"$error":"#VALUE!"},{"$error":"#VALUE!"},{"$error":"#VALUE!"},{"$error":"#VALUE!"},{"$error":"#VALUE!"},{"$error":"#VALUE!"},{"$error":"#VALUE!"},{"$error":"#VALUE!"},{"$f":"SUM(DR223,System2!DR223,System3!DR223)","v":{"$error":"#VALUE!"}},{"$f":"DT$55","v":{"$error":"#VALUE!"}},{"$f":"DU$55","v":{"$error":"#VALUE!"}},{"$f":"DV$55","v":0},{"$f":"DW$55","v":{"$error":"#VALUE!"}},{"$error":"#VALUE!"},{"$error":"#VALUE!"},{"$error":"#VALUE!"},0,0,0,0,0,{"$error":"#VALUE!"},{"$f":"SUM(EF223,System2!EF223,System3!EF223)","v":{"$error":"#VALUE!"}},{"$error":"#VALUE!"},{"$error":"#VALUE!"},{"$error":"#VALUE!"},{"$error":"#VALUE!"},{"$error":"#VALUE!"},{"$error":"#VALUE!"},{"$error":"#VALUE!"},{"$error":"#VALUE!"},{"$error":"#VALUE!"},{"$error":"#VALUE!"},{"$error":"#VALUE!"},{"$error":"#VALUE!"},{"$error":"#VALUE!"},{"$error":"#VALUE!"},{"$error":"#VALUE!"},{"$error":"#VALUE!"},{"$error":"#VALUE!"},{"$error":"#VALUE!"},{"$error":"#VALUE!"},{"$error":"#VALUE!"},{"$error":"#VALUE!"},{"$error":"#VALUE!"},{"$error":"#VALUE!"},{"$error":"#VALUE!"},{"$error":"#VALUE!"},{"$error":"#VALUE!"},{"$f":"SUM(FG223,System2!FG223,System3!FG223)","v":{"$error":"#VALUE!"}},0,0,0,0,{"$error":"#VALUE!"},{"$error":"#VALUE!"},{"$error":"#VALUE!"},{"$error":"#VALUE!"},{"$error":"#VALUE!"},{"$error":"#VALUE!"},{"$error":"#VALUE!"},{"$error":"#VALUE!"},{"$error":"#VALUE!"},{"$error":"#VALUE!"},{"$error":"#VALUE!"},{"$error":"#VALUE!"},{"$error":"#VALUE!"},{"$error":"#VALUE!"},{"$error":"#VALUE!"},{"$error":"#VALUE!"},{"$error":"#VALUE!"},{"$error":"#VALUE!"},{"$error":"#VALUE!"},{"$error":"#VALUE!"},{"$f":"$GG$31*WaterFittings!BO198","v":{"$error":"#VALUE!"}},{"$f":"$GH$31*WaterFittings!BP198","v":{"$error":"#VALUE!"}},{"$f":"$GI$31*WaterFittings!BQ198","v":0},{"$f":"GJ$31*AirCond!BD197","v":{"$error":"#VALUE!"}},{"$f":"GK$31*AirCond!BE197","v":{"$error":"#VALUE!"}},{"$f":"GL$31*AirCond!BF197","v":{"$error":"#VALUE!"}},{"$f":"GM$31*AirCond!BG197","v":{"$error":"#VALUE!"}},{"$f":"GN$31*WaterFittings!BS198","v":0},{"$f":"GO$31*WaterFittings!BT198","v":0},{"$f":"GP$31*WaterFittings!BU198","v":0}]
[null,null,193,{"$f":"HLOOKUP($D$3,Raindata,C224+6,FALSE)","v":16},{"$f":"IF((D224*E$7*E$8-E$12)>0,ROUND((D224*E$7*E$8-E$12),0),0)","v":0},{"$error":"#VALUE!"},{"$error":"#VALUE!"},{"$f":"F224+G224","v":{"$error":"#VALUE!"}},{"$f":"E224-G224","v":{"$error":"#VALUE!"}},{"$error":"#VALUE!"},{"$error":"#VALUE!"},{"$error":"#VALUE!"},{"$error":"#VALUE!"},{"$error":"#VALUE!"},{"$error":"#VALUE!"},null,{"$error":"#VALUE!"},{"$error":"#VALUE!"},{"$error":"#VALUE!"},{"$error":"#VALUE!"},{"$error":"#VALUE!"},null,{"$error":"#VALUE!"},{"$error":"#VALUE!"},{"$error":"#VALUE!"},{"$error":"#VALUE!"},{"$error":"#VALUE!"},null,25,{"$f":"SUM(SUMPRODUCT(AF$20:AJ$20,Q224:U224),SUMPRODUCT(AF$20:AJ$20,System2!Q224:U224),SUMPRODUCT(AF$20:AJ$20,System3!Q224:U224))","v":{"$error":"#VALUE!"}},{"$f":"SUM(SUMPRODUCT(AF$21:AJ$21,W224:AA224),SUMPRODUCT(AF$21:AJ$21,System2!W224:AA224),SUMPRODUCT(AF$21:AJ$21,System3!W224:AA224))","v":{"$error":"#VALUE!"}},{"$f":"WaterFittings!BN199","v":{"$error":"#VALUE!"}},{"$error":"#VALUE!"},{"$f":"ROUNDDOWN(AG224-DS224,0)","v":{"$error":"#VALUE!"}},{"$f":"MIN(AirCond!BL198,P$21)","v":0},{"$error":"#VALUE!"},{"$f":"MIN(ROUNDDOWN(AJ224-FH224,0),ROUNDDOWN(P$21*0.3,0),ROUNDDOWN(SUM(SUMPRODUCT(I$4:I$15,L$4:L$15),SUMPRODUCT(System2!I$4:I$15,System2!L$4:L$15),SUMPRODUCT(System3!I$4:I$15,System3!L$4:L$15))*0.3,0))","v":{"$error":"#VALUE!"}},0,{"$error":"#VALUE!"},{"$error":"#VALUE!"},{"$error":"#VALUE!"},{"$f":"AP$26+IF(OR(AP$28=0,D224<AP$28),AP$27,0)","v":0},{"$error":"#VALUE!"},{"$error":"#VALUE!"},{"$error":"#VALUE!"},{"$f":"AT$26+IF(OR(AP$28=0,D224<AP$28),AT$27,0)","v":0},null,null,null,0,0,0,0,null,{"$error":"#VALUE!"},{"$f":"FN224*$BD$29","v":{"$error":"#VALUE!"}},{"$f":"FO224*$BE$29","v":{"$error":"#VALUE!"}},{"$error":"#VALUE!"},{"$f":"FQ224*$BG$29","v":{"$error":"#VALUE!"}},{"$f":"FR224*$BH$29","v":{"$error":"#VALUE!"}},{"$error":"#VALUE!"},{"$error":"#VALUE!"},{"$error":"#VALUE!"},0,{"$f":"FT224*BM$29","v":{"$error":"#VALUE!"}},{"$f":"FU224*BN$29","v":{"$error":"#VALUE!"}},{"$f":"FV224*BO$29","v":{"$error":"#VALUE!"}},{"$error":"#VALUE!"},{"$error":"#VALUE!"},{"$f":"BC224/$BP224","v":{"$error":"#VALUE!"}},{"$f":"BD224/$BP224","v":{"$error":"#VALUE!"}},{"$f":"BE224/$BP224","v":{"$error":"#VALUE!"}},{"$f":"BF224/$BP224","v":{"$error":"#VALUE!"}},{"$f":"BG224/$BP224","v":{"$error":"#VALUE!"}},{"$f":"BH224/$BP224","v":{"$error":"#VALUE!"}},{"$f":"BI224/$BP224","v":{"$error":"#VALUE!"}},{"$f":"BJ224/$BP224","v":{"$error":"#VALUE!"}},{"$f":"BK224/$BP224","v":{"$error":"#VALUE!"}},{"$f":"BL224/$BP224","v":{"$error":"#VALUE!"}},{"$f":"BM224/$BP224","v":{"$error":"#VALUE!"}},{"$f":"BN224/$BP224","v":{"$error":"#VALUE!"}},{"$f":"BO224/$BP224","v":{"$error":"#VALUE!"}},{"$f":"FW224*$CE$28","v":{"$error":"#VALUE!"}},{"$f":"FX224*$CF$28","v":{"$error":"#VALUE!"}},{"$f":"FY224*$CG$28","v":{"$error":"#VALUE!"}},{"$f":"FZ224*$CH$28","v":{"$error":"#VALUE!"}},{"$f":"GA224*$CI$28","v":{"$error":"#VALUE!"}},{"$f":"GB224*$CJ$28","v":{"$error":"#VALUE!"}},{"$error":"#VALUE!"},{"$f":"CL$28*GD224","v":{"$error":"#VALUE!"}},{"$f":"CM$28*GE224","v":{"$error":"#VALUE!"}},{"$f":"CN$28*GF224","v":{"$error":"#VALUE!"}},{"$f":"(AL224-FE224)*$CO$28","v":{"$error":"#VALUE!"}},{"$error":"#VALUE!"},{"$error":"#VALUE!"},{"$f":"SUM(CQ224,System2!CQ224,System3!CQ224)","v":{"$error":"#VALUE!"}},{"$f":"MIN(AG224,CR224)","v":{"$error":"#VALUE!"}},{"$error":"#VALUE!"},{"$error":"#VALUE!"},{"$error":"#VALUE!"},{"$error":"#VALUE!"},{"$error":"#VALUE!"},{"$error":"#VALUE!"},{"$error":"#VALUE!"},{"$error":"#VALUE!"},{"$error":"#VALUE!"},{"$error":"#VALUE!"},{"$error":"#VALUE!"},{"$error":"#VALUE!"},{"$error":"#VALUE!"},{"$error":"#VALUE!"},{"$error":"#VALUE!"},{"$error":"#VALUE!"},{"$error":"#VALUE!"},{"$error":"#VALUE!"},{"$error":"#VALUE!"},{"$error":"#VALUE!"},{"$error":"#VALUE!"},{"$error":"#VALUE!"},{"$error":"#VALUE!"},{"$error":"#VALUE!"},{"$error":"#VALUE!"},{"$f":"SUM(DR224,System2!DR224,System3!DR224)","v":{"$error":"#VALUE!"}},{"$f":"DT$56","v":{"$error":"#VALUE!"}},{"$f":"DU$56","v":{"$error":"#VALUE!"}},{"$f":"DV$56","v":0},{"$f":"DW$56","v":{"$error":"#VALUE!"}},{"$error":"#VALUE!"},{"$error":"#VALUE!"},{"$error":"#VALUE!"},{"$f":"EA$28*GN224","v":0},{"$f":"EB$28*GO224","v":0},{"$f":"EC$28*GP224","v":0},{"$f":"AL224*ED$28","v":0},{"$f":"AP224*EE$28","v":0},{"$error":"#VALUE!"},{"$f":"SUM(EF224,System2!EF224,System3!EF224)","v":{"$error":"#VALUE!"}},{"$error":"#VALUE!"},{"$error":"#VALUE!"},{"$error":"#VALUE!"},{"$error":"#VALUE!"},{"$error":"#VALUE!"},{"$error":"#VALUE!"},{"$error":"#VALUE!"},{"$error":"#VALUE!"},{"$error":"#VALUE!"},{"$error":"#VALUE!"},{"$error":"#VALUE!"},{"$error":"#VALUE!"},{"$error":"#VALUE!"},{"$f":"$EH224*EI224","v":{"$error":"#VALUE!"}},{"$f":"$EH224*EJ224","v":{"$error":"#VALUE!"}},{"$f":"$EH224*EK224","v":{"$error":"#VALUE!"}},{"$f":"$EH224*EL224","v":{"$error":"#VALUE!"}},{"$f":"$EH224*EM224","v":{"$error":"#VALUE!"}},{"$f":"$EH224*EN224","v":{"$error":"#VALUE!"}},{"$f":"$EH224*EO224","v":{"$error":"#VALUE!"}},{"$f":"$EH224*EP224","v":{"$error":"#VALUE!"}},{"$f":"$EH224*EQ224","v":{"$error":"#VALUE!"}},{"$f":"$EH224*ER224","v":{"$error":"#VALUE!"}},{"$f":"$EH224*ES224","v":{"$error":"#VALUE!"}},{"$f":"$EH224*ET224","v":{"$error":"#VALUE!"}},{"$error":"#VALUE!"},{"$f":"SUM(FG224,System2!FG224,System3!FG224)","v":{"$error":"#VALUE!"}},0,0,0,0,{"$f":"ROUNDDOWN(FW224-DF224,0)","v":{"$error":"#VALUE!"}},{"$f":"ROUNDDOWN(FX224-DG224,0)","v":{"$error":"#VALUE!"}},{"$f":"ROUNDDOWN(FY224-DH224,0)","v":{"$error":"#VALUE!"}},{"$f":"ROUNDDOWN(FZ224-DI224,0)","v":{"$error":"#VALUE!"}},{"$f":"ROUNDDOWN(GA224-DJ224,0)","v":{"$error":"#VALUE!"}},{"$f":"ROUNDDOWN(GB224-DK224,0)","v":{"$error":"#VALUE!"}},{"$f":"ROUNDDOWN(GC224-DL224,0)","v":{"$error":"#VALUE!"}},{"$f":"ROUNDDOWN(GD224-DM224,0)","v":{"$error":"#VALUE!"}},{"$f":"ROUNDDOWN(GE224-DN224,0)","v":{"$error":"#VALUE!"}},{"$f":"ROUNDDOWN(GF224-DO224,0)","v":{"$error":"#VALUE!"}},{"$error":"#VALUE!"},{"$error":"#VALUE!"},{"$error":"#VALUE!"},{"$error":"#VALUE!"},{"$error":"#VALUE!"},{"$error":"#VALUE!"},{"$error":"#VALUE!"},{"$error":"#VALUE!"},{"$error":"#VALUE!"},{"$error":"#VALUE!"},{"$f":"$GG$31*WaterFittings!BO199","v":{"$error":"#VALUE!"}},{"$f":"$GH$31*WaterFittings!BP199","v":{"$error":"#VALUE!"}},{"$f":"$GI$31*WaterFittings!BQ199","v":0},{"$f":"GJ$31*AirCond!BD198","v":{"$error":"#VALUE!"}},{"$f":"GK$31*AirCond!BE198","v":{"$error":"#VALUE!"}},{"$f":"GL$31*AirCond!BF198","v":{"$error":"#VALUE!"}},{"$f":"GM$31*AirCond!BG198","v":{"$error":"#VALUE!"}},{"$f":"GN$31*WaterFittings!BS199","v":0},{"$f":"GO$31*WaterFittings!BT199","v":0},{"$f":"GP$31*WaterFittings!BU199","v":0}]
[null,null,194,1,0,{"$f":"IF(H224-SUM(J224:O224)>1,H224-SUM(J224:O224),0)","v":{"$error":"#VALUE!"}},{"$f":"IF((E225+F225)<AG$3*1000,E225,AG$3*1000-F225)","v":{"$error":"#VALUE!"}},{"$error":"#VALUE!"},{"$error":"#VALUE!"},{"$error":"#VALUE!"},{"$error":"#VALUE!"},{"$error":"#VALUE!"},{"$error":"#VALUE!"},{"$error":"#VALUE!"},{"$f":"ROUNDDOWN(SUM(BU225:BX225)*BQ225,0)","v":{"$error":"#VALUE!"}},null,{"$f":"ROUNDDOWN(SUM(DF225:DH225),0)","v":{"$error":"#VALUE!"}},{"$f":"ROUNDDOWN(SUM(DI225:DL225),0)","v":{"$error":"#VALUE!"}},{"$error":"#VALUE!"},{"$f":"ROUNDDOWN(DP225,0)","v":{"$error":"#VALUE!"}},{"$error":"#VALUE!"},null,{"$f":"ROUNDDOWN(SUM(EU225:EW225),)","v":{"$error":"#VALUE!"}},{"$f":"ROUNDDOWN(SUM(EX225:FA225),0)","v":{"$error":"#VALUE!"}},{"$error":"#VALUE!"},{"$f":"ROUNDDOWN(FE225,0)","v":{"$error":"#VALUE!"}},{"$error":"#VALUE!"},null,26,{"$f":"SUM(SUMPRODUCT(AF$20:AJ$20,Q225:U225),SUMPRODUCT(AF$20:AJ$20,System2!Q225:U225),SUMPRODUCT(AF$20:AJ$20,System3!Q225:U225))","v":{"$error":"#VALUE!"}},{"$f":"SUM(SUMPRODUCT(AF$21:AJ$21,W225:AA225),SUMPRODUCT(AF$21:AJ$21,System2!W225:AA225),SUMPRODUCT(AF$21:AJ$21,System3!W225:AA225))","v":{"$error":"#VALUE!"}},{"$f":"WaterFittings!BN200","v":{"$error":"#VALUE!"}},{"$f":"MIN($AG$31,AH224+AF225)","v":{"$error":"#VALUE!"}},{"$error":"#VALUE!"},{"$f":"MIN(AirCond!BL199,P$21)","v":0},{"$f":"MIN($AJ$31,AK224+AI225)","v":{"$error":"#VALUE!"}},{"$f":"MIN(ROUNDDOWN(AJ225-FH225,0),ROUNDDOWN(P$21*0.3,0),ROUNDDOWN(SUM(SUMPRODUCT(I$4:I$15,L$4:L$15),SUMPRODUCT(System2!I$4:I$15,System2!L$4:L$15),SUMPRODUCT(System3!I$4:I$15,System3!L$4:L$15))*0.3,0))","v":{"$error":"#VALUE!"}},0,{"$f":"AL225-AN225-AO225","v":{"$error":"#VALUE!"}},{"$error":"#VALUE!"},{"$f":"ROUNDDOWN(DP225,0)","v":{"$error":"#VALUE!"}},0,{"$f":"IF(AP225<SUM(AS225,AR225),AP225,AP225-SUM(AS225,AR225))","v":{"$error":"#VALUE!"}},{"$f":"ROUNDDOWN(FF225,0)","v":{"$error":"#VALUE!"}},{"$f":"ROUNDDOWN(DQ225,0)","v":{"$error":"#VALUE!"}},0,null,null,null,0,0,0,0,null,{"$f":"FM225*$BC$29","v":{"$error":"#VALUE!"}},{"$error":"#VALUE!"},{"$error":"#VALUE!"},{"$f":"FP225*$BF$29","v":{"$error":"#VALUE!"}},{"$error":"#VALUE!"},{"$error":"#VALUE!"},{"$f":"FS225*$BI$29","v":{"$error":"#VALUE!"}},{"$f":"AM225*$BJ$29","v":{"$error":"#VALUE!"}},{"$f":"AQ225*$BK$29","v":{"$error":"#VALUE!"}},{"$f":"BL$29*AT225","v":0},{"$error":"#VALUE!"},{"$error":"#VALUE!"},{"$error":"#VALUE!"},{"$f":"IF(SUM(BC225:BO225)=0,1,SUM(BC225:BO225))","v":{"$error":"#VALUE!"}},{"$f":"MIN(H225,BP225)","v":{"$error":"#VALUE!"}},{"$error":"#VALUE!"},{"$error":"#VALUE!"},{"$error":"#VALUE!"},{"$error":"#VALUE!"},{"$error":"#VALUE!"},{"$error":"#VALUE!"},{"$error":"#VALUE!"},{"$error":"#VALUE!"},{"$error":"#VALUE!"},{"$error":"#VALUE!"},{"$error":"#VALUE!"},{"$error":"#VALUE!"},{"$error":"#VALUE!"},{"$error":"#VALUE!"},{"$error":"#VALUE!"},{"$error":"#VALUE!"},{"$error":"#VALUE!"},{"$error":"#VALUE!"},{"$error":"#VALUE!"},{"$error":"#VALUE!"},{"$error":"#VALUE!"},{"$error":"#VALUE!"},{"$error":"#VALUE!"},{"$error":"#VALUE!"},{"$f":"(AP225-FF225)*$CP$28","v":{"$error":"#VALUE!"}},{"$error":"#VALUE!"},{"$f":"SUM(CQ225,System2!CQ225,System3!CQ225)","v":{"$error":"#VALUE!"}},{"$error":"#VALUE!"},{"$error":"#VALUE!"},{"$error":"#VALUE!"},{"$error":"#VALUE!"},{"$error":"#VALUE!"},{"$error":"#VALUE!"},{"$error":"#VALUE!"},{"$error":"#VALUE!"},{"$error":"#VALUE!"},{"$error":"#VALUE!"},{"$error":"#VALUE!"},{"$error":"#VALUE!"},{"$error":"#VALUE!"},{"$error":"#VALUE!"},{"$error":"#VALUE!"},{"$error":"#VALUE!"},{"$error":"#VALUE!"},{"$error":"#VALUE!"},{"$error":"#VALUE!"},{"$error":"#VALUE!"},{"$error":"#VALUE!"},{"$error":"#VALUE!"},{"$error":"#VALUE!"},{"$error":"#VALUE!"},{"$error":"#VALUE!"},{"$f":"SUM(DF225:DQ225)","v":{"$error":"#VALUE!"}},{"$f":"SUM(DR225,System2!DR225,System3!DR225)","v":{"$error":"#VALUE!"}},{"$f":"DT$57","v":{"$error":"#VALUE!"}},{"$f":"DU$57","v":{"$error":"#VALUE!"}},{"$f":"DV$57","v":0},{"$f":"DW$57","v":{"$error":"#VALUE!"}},{"$error":"#VALUE!"},{"$error":"#VALUE!"},{"$f":"$DZ$28*GM225","v":{"$error":"#VALUE!"}},0,0,0,0,0,{"$f":"SUM(DT225:EE225)","v":{"$error":"#VALUE!"}},{"$f":"SUM(EF225,System2!EF225,System3!EF225)","v":{"$error":"#VALUE!"}},{"$f":"MIN(EG225,AJ225)","v":{"$error":"#VALUE!"}},{"$f":"IF($EH225,DT225/$EG225,0)","v":{"$error":"#VALUE!"}},{"$f":"IF($EH225,DU225/$EG225,0)","v":{"$error":"#VALUE!"}},{"$f":"IF($EH225,DV225/$EG225,0)","v":{"$error":"#VALUE!"}},{"$f":"IF($EH225,DW225/$EG225,0)","v":{"$error":"#VALUE!"}},{"$f":"IF($EH225,DX225/$EG225,0)","v":{"$error":"#VALUE!"}},{"$f":"IF($EH225,DY225/$EG225,0)","v":{"$error":"#VALUE!"}},{"$f":"IF($EH225,DZ225/$EG225,0)","v":{"$error":"#VALUE!"}},{"$f":"IF($EH225,EA225/$EG225,0)","v":{"$error":"#VALUE!"}},{"$f":"IF($EH225,EB225/$EG225,0)","v":{"$error":"#VALUE!"}},{"$f":"IF($EH225,EC225/$EG225,0)","v":{"$error":"#VALUE!"}},{"$f":"IF($EH225,ED225/$EG225,0)","v":{"$error":"#VALUE!"}},{"$f":"IF($EH225,EE225/$EG225,0)","v":{"$error":"#VALUE!"}},{"$error":"#VALUE!"},{"$error":"#VALUE!"},{"$error":"#VALUE!"},{"$error":"#VALUE!"},{"$error":"#VALUE!"},{"$error":"#VALUE!"},{"$error":"#VALUE!"},{"$error":"#VALUE!"},{"$error":"#VALUE!"},{"$error":"#VALUE!"},{"$error":"#VALUE!"},{"$error":"#VALUE!"},{"$error":"#VALUE!"},{"$f":"SUM(FG225,System2!FG225,System3!FG225)","v":{"$error":"#VALUE!"}},0,0,0,0,{"$error":"#VALUE!"},{"$error":"#VALUE!"},{"$error":"#VALUE!"},{"$error":"#VALUE!"},{"$error":"#VALUE!"},{"$error":"#VALUE!"},{"$error":"#VALUE!"},{"$error":"#VALUE!"},{"$error":"#VALUE!"},{"$error":"#VALUE!"},{"$f":"ROUNDDOWN(GG225-EU225,0)","v":{"$error":"#VALUE!"}},{"$f":"ROUNDDOWN(GH225-EV225,0)","v":{"$error":"#VALUE!"}},{"$f":"ROUNDDOWN(GI225-EW225,0)","v":{"$error":"#VALUE!"}},{"$f":"ROUNDDOWN(GJ225-EX225,0)","v":{"$error":"#VALUE!"}},{"$f":"ROUNDDOWN(GK225-EY225,0)","v":{"$error":"#VALUE!"}},{"$f":"ROUNDDOWN(GL225-EZ225,0)","v":{"$error":"#VALUE!"}},{"$f":"ROUNDDOWN(GM225-FA225,0)","v":{"$error":"#VALUE!"}},{"$f":"ROUNDDOWN(GN225-FB225,0)","v":{"$error":"#VALUE!"}},{"$f":"ROUNDDOWN(GO225-FC225,0)","v":{"$error":"#VALUE!"}},{"$f":"ROUNDDOWN(GP225-FD225,0)","v":{"$error":"#VALUE!"}},{"$f":"$GG$31*WaterFittings!BO200","v":{"$error":"#VALUE!"}},{"$f":"$GH$31*WaterFittings!BP200","v":{"$error":"#VALUE!"}},{"$f":"$GI$31*WaterFittings!BQ200","v":0},{"$f":"GJ$31*AirCond!BD199","v":{"$error":"#VALUE!"}},{"$f":"GK$31*AirCond!BE199","v":{"$error":"#VALUE!"}},{"$f":"GL$31*AirCond!BF199","v":{"$error":"#VALUE!"}},{"$f":"GM$31*AirCond!BG199","v":{"$error":"#VALUE!"}},{"$f":"GN$31*WaterFittings!BS200","v":0},{"$f":"GO$31*WaterFittings!BT200","v":0},{"$f":"GP$31*WaterFittings!BU200","v":0}]
[null,null,195,0,0,{"$error":"#VALUE!"},{"$error":"#VALUE!"},{"$error":"#VALUE!"},{"$error":"#VALUE!"},{"$error":"#VALUE!"},{"$error":"#VALUE!"},{"$error":"#VALUE!"},{"$error":"#VALUE!"},{"$error":"#VALUE!"},{"$error":"#VALUE!"},null,{"$error":"#VALUE!"},{"$error":"#VALUE!"},{"$error":"#VALUE!"},{"$error":"#VALUE!"},{"$error":"#VALUE!"},null,{"$error":"#VALUE!"},{"$error":"#VALUE!"},{"$error":"#VALUE!"},{"$error":"#VALUE!"},{"$error":"#VALUE!"},null,27,{"$f":"SUM(SUMPRODUCT(AF$20:AJ$20,Q226:U226),SUMPRODUCT(AF$20:AJ$20,System2!Q226:U226),SUMPRODUCT(AF$20:AJ$20,System3!Q226:U226))","v":{"$error":"#VALUE!"}},{"$f":"SUM(SUMPRODUCT(AF$21:AJ$21,W226:AA226),SUMPRODUCT(AF$21:AJ$21,System2!W226:AA226),SUMPRODUCT(AF$21:AJ$21,System3!W226:AA226))","v":{"$error":"#VALUE!"}},{"$f":"WaterFittings!BN201","v":{"$error":"#VALUE!"}},{"$error":"#VALUE!"},{"$error":"#VALUE!"},{"$f":"MIN(AirCond!BL200,P$21)","v":0},{"$error":"#VALUE!"},{"$f":"MIN(ROUNDDOWN(AJ226-FH226,0),ROUNDDOWN(P$21*0.3,0),ROUNDDOWN(SUM(SUMPRODUCT(I$4:I$15,L$4:L$15),SUMPRODUCT(System2!I$4:I$15,System2!L$4:L$15),SUMPRODUCT(System3!I$4:I$15,System3!L$4:L$15))*0.3,0))","v":{"$error":"#VALUE!"}},0,{"$error":"#VALUE!"},{"$f":"ROUNDDOWN(FE226,0)","v":{"$error":"#VALUE!"}},{"$error":"#VALUE!"},0,{"$error":"#VALUE!"},{"$error":"#VALUE!"},{"$error":"#VALUE!"},0,null,null,null,0,0,0,0,null,{"$error":"#VALUE!"},{"$error":"#VALUE!"},{"$error":"#VALUE!"},{"$error":"#VALUE!"},{"$error":"#VALUE!"},{"$error":"#VALUE!"},{"$error":"#VALUE!"},{"$error":"#VALUE!"},{"$error":"#VALUE!"},0,{"$error":"#VALUE!"},{"$error":"#VALUE!"},{"$error":"#VALUE!"},{"$error":"#VALUE!"},{"$error":"#VALUE!"},{"$error":"#VALUE!"},{"$error":"#VALUE!"},{"$error":"#VALUE!"},{"$error":"#VALUE!"},{"$error":"#VALUE!"},{"$error":"#VALUE!"},{"$error":"#VALUE!"},{"$error":"#VALUE!"},{"$error":"#VALUE!"},{"$error":"#VALUE!"},{"$error":"#VALUE!"},{"$error":"#VALUE!"},{"$error":"#VALUE!"},{"$error":"#VALUE!"},{"$error":"#VALUE!"},{"$error":"#VALUE!"},{"$error":"#VALUE!"},{"$error":"#VALUE!"},{"$error":"#VALUE!"},{"$error":"#VALUE!"},{"$error":"#VALUE!"},{"$error":"#VALUE!"},{"$error":"#VALUE!"},{"$error":"#VALUE!"},{"$error":"#VALUE!"},{"$error":"#VALUE!"},{"$f":"SUM(CQ226,System2!CQ226,System3!CQ226)","v":{"$error":"#VALUE!"}},{"$error":"#VALUE!"},{"$error":"#VALUE!"},{"$error":"#VALUE!"},{"$error":"#VALUE!"},{"$error":"#VALUE!"},{"$error":"#VALUE!"},{"$error":"#VALUE!"},{"$error":"#VALUE!"},{"$error":"#VALUE!"},{"$error":"#VALUE!"},{"$error":"#VALUE!"},{"$error":"#VALUE!"},{"$error":"#VALUE!"},{"$error":"#VALUE!"},{"$error":"#VALUE!"},{"$error":"#VALUE!"},{"$error":"#VALUE!"},{"$error":"#VALUE!"},{"$error":"#VALUE!"},{"$error":"#VALUE!"},{"$error":"#VALUE!"},{"$error":"#VALUE!"},{"$error":"#VALUE!"},{"$error":"#VALUE!"},{"$error":"#VALUE!"},{"$error":"#VALUE!"},{"$f":"SUM(DR226,System2!DR226,System3!DR226)","v":{"$error":"#VALUE!"}},{"$f":"DT$58","v":{"$error":"#VALUE!"}},{"$f":"DU$58","v":{"$error":"#VALUE!"}},{"$f":"DV$58","v":0},{"$f":"DW$58","v":{"$error":"#VALUE!"}},{"$error":"#VALUE!"},{"$error":"#VALUE!"},{"$error":"#VALUE!"},0,0,0,0,0,{"$error":"#VALUE!"},{"$f":"SUM(EF226,System2!EF226,System3!EF226)","v":{"$error":"#VALUE!"}},{"$error":"#VALUE!"},{"$error":"#VALUE!"},{"$error":"#VALUE!"},{"$error":"#VALUE!"},{"$error":"#VALUE!"},{"$error":"#VALUE!"},{"$error":"#VALUE!"},{"$error":"#VALUE!"},{"$error":"#VALUE!"},{"$error":"#VALUE!"},{"$error":"#VALUE!"},{"$error":"#VALUE!"},{"$error":"#VALUE!"},{"$error":"#VALUE!"},{"$error":"#VALUE!"},{"$error":"#VALUE!"},{"$error":"#VALUE!"},{"$error":"#VALUE!"},{"$error":"#VALUE!"},{"$error":"#VALUE!"},{"$error":"#VALUE!"},{"$error":"#VALUE!"},{"$error":"#VALUE!"},{"$error":"#VALUE!"},{"$error":"#VALUE!"},{"$error":"#VALUE!"},{"$f":"SUM(FG226,System2!FG226,System3!FG226)","v":{"$error":"#VALUE!"}},0,0,0,0,{"$error":"#VALUE!"},{"$error":"#VALUE!"},{"$error":"#VALUE!"},{"$error":"#VALUE!"},{"$error":"#VALUE!"},{"$error":"#VALUE!"},{"$error":"#VALUE!"},{"$error":"#VALUE!"},{"$error":"#VALUE!"},{"$error":"#VALUE!"},{"$error":"#VALUE!"},{"$error":"#VALUE!"},{"$error":"#VALUE!"},{"$error":"#VALUE!"},{"$error":"#VALUE!"},{"$error":"#VALUE!"},{"$error":"#VALUE!"},{"$error":"#VALUE!"},{"$error":"#VALUE!"},{"$error":"#VALUE!"},{"$f":"$GG$31*WaterFittings!BO201","v":{"$error":"#VALUE!"}},{"$f":"$GH$31*WaterFittings!BP201","v":{"$error":"#VALUE!"}},{"$f":"$GI$31*WaterFittings!BQ201","v":0},{"$f":"GJ$31*AirCond!BD200","v":{"$error":"#VALUE!"}},{"$f":"GK$31*AirCond!BE200","v":{"$error":"#VALUE!"}},{"$f":"GL$31*AirCond!BF200","v":{"$error":"#VALUE!"}},{"$f":"GM$31*AirCond!BG200","v":{"$error":"#VALUE!"}},{"$f":"GN$31*WaterFittings!BS201","v":0},{"$f":"GO$31*WaterFittings!BT201","v":0},{"$f":"GP$31*WaterFittings!BU201","v":0}]
[null,null,196,0,0,{"$error":"#VALUE!"},{"$error":"#VALUE!"},{"$error":"#VALUE!"},{"$error":"#VALUE!"},{"$f":"ROUNDDOWN(BY227*BQ227,0)","v":{"$error":"#VALUE!"}},{"$f":"ROUNDDOWN(BZ227*BQ227,0)","v":{"$error":"#VALUE!"}},{"$f":"ROUNDDOWN(CA227*BQ227,0)","v":{"$error":"#VALUE!"}},{"$error":"#VALUE!"},{"$f":"ROUNDDOWN(SUM(BR227:BT227)*BQ227,0)","v":{"$error":"#VALUE!"}},{"$error":"#VALUE!"},null,{"$error":"#VALUE!"},{"$error":"#VALUE!"},{"$error":"#VALUE!"},{"$error":"#VALUE!"},{"$error":"#VALUE!"},null,{"$error":"#VALUE!"},{"$error":"#VALUE!"},{"$error":"#VALUE!"},{"$error":"#VALUE!"},{"$error":"#VALUE!"},null,28,{"$f":"SUM(SUMPRODUCT(AF$20:AJ$20,Q227:U227),SUMPRODUCT(AF$20:AJ$20,System2!Q227:U227),SUMPRODUCT(AF$20:AJ$20,System3!Q227:U227))","v":{"$error":"#VALUE!"}},{"$f":"SUM(SUMPRODUCT(AF$21:AJ$21,W227:AA227),SUMPRODUCT(AF$21:AJ$21,System2!W227:AA227),SUMPRODUCT(AF$21:AJ$21,System3!W227:AA227))","v":{"$error":"#VALUE!"}},{"$f":"WaterFittings!BN202","v":{"$error":"#VALUE!"}},{"$error":"#VALUE!"},{"$error":"#VALUE!"},{"$f":"MIN(AirCond!BL201,P$21)","v":0},{"$error":"#VALUE!"},{"$f":"MIN(ROUNDDOWN(AJ227-FH227,0),ROUNDDOWN(P$21*0.3,0),ROUNDDOWN(SUM(SUMPRODUCT(I$4:I$15,L$4:L$15),SUMPRODUCT(System2!I$4:I$15,System2!L$4:L$15),SUMPRODUCT(System3!I$4:I$15,System3!L$4:L$15))*0.3,0))","v":{"$error":"#VALUE!"}},0,{"$error":"#VALUE!"},{"$error":"#VALUE!"},{"$error":"#VALUE!"},0,{"$error":"#VALUE!"},{"$error":"#VALUE!"},{"$error":"#VALUE!"},0,null,null,null,{"$f":"IF(IF(AX$28>=3,COUNTIF(AX224:AX226,\">0\"),IF(AX$28=2,COUNTIF(AX225:AX226,\">0\"),IF(AX$28=1,COUNTIF(AX226,\">0\")))),0,AX$31)","v":0},{"$f":"IF(OR(D227>AT$28,IF(AY$28>=3,COUNTIF(AY224:AY226,\">0\")+COUNTIF(D224:D226,\">\"&AT$28),IF(AY$28=2,COUNTIF(AY225:AY226,\">0\")+COUNTIF(D225:D226,\">\"&AT$28),IF(AY$28=1,COUNTIF(AY226,\">0\")+COUNTIF(D226,\">\"&AT$28),0)))),0,AY$31)","v":0},{"$f":"IF(IF(AZ$28>=3,COUNTIF(AZ224:AZ226,\">0\"),IF(AZ$28=2,COUNTIF(AZ225:AZ226,\">0\"),IF(AZ$28=1,COUNTIF(AZ226,\">0\")))),0,AZ$31)","v":0},{"$f":"IF(OR(D227>AT$28,IF(BA$28>=3,COUNTIF(BA224:BA226,\">0\")+COUNTIF(D224:D226,\">\"&AT$28),IF(BA$28=2,COUNTIF(BA225:BA226,\">0\")+COUNTIF(D225:D226,\">\"&AT$28),IF(BA$28=1,COUNTIF(BA226,\">0\")+COUNTIF(D226,\">\"&AT$28),0)))),0,BA$31)","v":0},null,{"$error":"#VALUE!"},{"$error":"#VALUE!"},{"$error":"#VALUE!"},{"$error":"#VALUE!"},{"$error":"#VALUE!"},{"$error":"#VALUE!"},{"$error":"#VALUE!"},{"$error":"#VALUE!"},{"$error":"#VALUE!"},0,{"$error":"#VALUE!"},{"$error":"#VALUE!"},{"$error":"#VALUE!"},{"$error":"#VALUE!"},{"$error":"#VALUE!"},{"$error":"#VALUE!"},{"$error":"#VALUE!"},{"$error":"#VALUE!"},{"$error":"#VALUE!"},{"$error":"#VALUE!"},{"$error":"#VALUE!"},{"$error":"#VALUE!"},{"$error":"#VALUE!"},{"$error":"#VALUE!"},{"$error":"#VALUE!"},{"$error":"#VALUE!"},{"$error":"#VALUE!"},{"$error":"#VALUE!"},{"$error":"#VALUE!"},{"$error":"#VALUE!"},{"$error":"#VALUE!"},{"$error":"#VALUE!"},{"$error":"#VALUE!"},{"$error":"#VALUE!"},{"$error":"#VALUE!"},{"$error":"#VALUE!"},{"$error":"#VALUE!"},{"$error":"#VALUE!"},{"$error":"#VALUE!"},{"$error":"#VALUE!"},{"$f":"SUM(CE227:CP227)","v":{"$error":"#VALUE!"}},{"$f":"SUM(CQ227,System2!CQ227,System3!CQ227)","v":{"$error":"#VALUE!"}},{"$error":"#VALUE!"},{"$f":"IF($CS227,CE227/$CR227,0)","v":{"$error":"#VALUE!"}},{"$f":"IF($CS227,CF227/$CR227,0)","v":{"$error":"#VALUE!"}},{"$f":"IF($CS227,CG227/$CR227,0)","v":{"$error":"#VALUE!"}},{"$f":"IF($CS227,CH227/$CR227,0)","v":{"$error":"#VALUE!"}},{"$f":"IF($CS227,CI227/$CR227,0)","v":{"$error":"#VALUE!"}},{"$error":"#VALUE!"},{"$error":"#VALUE!"},{"$f":"IF($CS227,CL227/$CR227,0)","v":{"$error":"#VALUE!"}},{"$f":"IF($CS227,CM227/$CR227,0)","v":{"$error":"#VALUE!"}},{"$f":"IF($CS227,CN227/$CR227,0)","v":{"$error":"#VALUE!"}},{"$f":"IF($CS227,CO227/$CR227,0)","v":{"$error":"#VALUE!"}},{"$f":"IF($CS227,CP227/$CR227,0)","v":{"$error":"#VALUE!"}},{"$f":"$CS227*CT227","v":{"$error":"#VALUE!"}},{"$f":"$CS227*CU227","v":{"$error":"#VALUE!"}},{"$f":"$CS227*CV227","v":{"$error":"#VALUE!"}},{"$f":"$CS227*CW227","v":{"$error":"#VALUE!"}},{"$f":"$CS227*CX227","v":{"$error":"#VALUE!"}},{"$error":"#VALUE!"},{"$error":"#VALUE!"},{"$f":"$CS227*DA227","v":{"$error":"#VALUE!"}},{"$f":"$CS227*DB227","v":{"$error":"#VALUE!"}},{"$f":"$CS227*DC227","v":{"$error":"#VALUE!"}},{"$f":"$CS227*DD227","v":{"$error":"#VALUE!"}},{"$f":"$CS227*DE227","v":{"$error":"#VALUE!"}},{"$error":"#VALUE!"},{"$f":"SUM(DR227,System2!DR227,System3!DR227)","v":{"$error":"#VALUE!"}},{"$f":"DT$59","v":{"$error":"#VALUE!"}},{"$f":"DU$59","v":{"$error":"#VALUE!"}},{"$f":"DV$59","v":0},{"$f":"DW$59","v":{"$error":"#VALUE!"}},{"$error":"#VALUE!"},{"$error":"#VALUE!"},{"$error":"#VALUE!"},0,0,0,0,0,{"$error":"#VALUE!"},{"$f":"SUM(EF227,System2!EF227,System3!EF227)","v":{"$error":"#VALUE!"}},{"$error":"#VALUE!"},{"$error":"#VALUE!"},{"$error":"#VALUE!"},{"$error":"#VALUE!"},{"$error":"#VALUE!"},{"$error":"#VALUE!"},{"$error":"#VALUE!"},{"$error":"#VALUE!"},{"$error":"#VALUE!"},{"$error":"#VALUE!"},{"$error":"#VALUE!"},{"$error":"#VALUE!"},{"$error":"#VALUE!"},{"$error":"#VALUE!"},{"$error":"#VALUE!"},{"$error":"#VALUE!"},{"$error":"#VALUE!"},{"$error":"#VALUE!"},{"$error":"#VALUE!"},{"$error":"#VALUE!"},{"$error":"#VALUE!"},{"$error":"#VALUE!"},{"$error":"#VALUE!"},{"$error":"#VALUE!"},{"$error":"#VALUE!"},{"$error":"#VALUE!"},{"$f":"SUM(FG227,System2!FG227,System3!FG227)","v":{"$error":"#VALUE!"}},{"$f":"IF(IF(FI$28>=3,COUNTIF(FI224:FI226,\">0\"),IF(FI$28=2,COUNTIF(FI225:FI226,\">0\"),IF(FI$28=1,COUNTIF(FI226,\">0\")))),0,FI$31)","v":0},{"$f":"IF(OR(D227>AT$28,IF(FJ$28>=3,COUNTIF(FJ224:FJ226,\">0\")+COUNTIF(D224:D226,\">\"&AT$28),IF(FJ$28=2,COUNTIF(FJ225:FJ226,\">0\")+COUNTIF(D225:D226,\">\"&AT$28),IF(FJ$28=1,COUNTIF(FJ226,\">0\")+COUNTIF(D226,\">\"&AT$28),0)))),0,FJ$31)","v":0},0,{"$f":"IF(OR(D227>AT$28,IF(FL$28>=3,COUNTIF(FL224:FL226,\">0\")+COUNTIF(D224:D226,\">\"&AT$28),IF(FL$28=2,COUNTIF(FL225:FL226,\">0\")+COUNTIF(D225:D226,\">\"&AT$28),IF(FL$28=1,COUNTIF(FL226,\">0\")+COUNTIF(D226,\">\"&AT$28),0)))),0,FL$31)","v":0},{"$error":"#VALUE!"},{"$error":"#VALUE!"},{"$error":"#VALUE!"},{"$error":"#VALUE!"},{"$error":"#VALUE!"},{"$error":"#VALUE!"},{"$error":"#VALUE!"},{"$error":"#VALUE!"},{"$error":"#VALUE!"},{"$error":"#VALUE!"},{"$error":"#VALUE!"},{"$error":"#VALUE!"},{"$error":"#VALUE!"},{"$error":"#VALUE!"},{"$error":"#VALUE!"},{"$error":"#VALUE!"},{"$error":"#VALUE!"},{"$error":"#VALUE!"},{"$error":"#VALUE!"},{"$error":"#VALUE!"},{"$f":"$GG$31*WaterFittings!BO202","v":{"$error":"#VALUE!"}},{"$f":"$GH$31*WaterFittings!BP202","v":{"$error":"#VALUE!"}},{"$f":"$GI$31*WaterFittings!BQ202","v":0},{"$f":"GJ$31*AirCond!BD201","v":{"$error":"#VALUE!"}},{"$f":"GK$31*AirCond!BE201","v":{"$error":"#VALUE!"}},{"$f":"GL$31*AirCond!BF201","v":{"$error":"#VALUE!"}},{"$f":"GM$31*AirCond!BG201","v":{"$error":"#VALUE!"}},{"$f":"GN$31*WaterFittings!BS202","v":0},{"$f":"GO$31*WaterFittings!BT202","v":0},{"$f":"GP$31*WaterFittings!BU202","v":0}]
[null,null,197,0,0,{"$error":"#VALUE!"},{"$error":"#VALUE!"},{"$error":"#VALUE!"},{"$error":"#VALUE!"},{"$error":"#VALUE!"},{"$error":"#VALUE!"},{"$error":"#VALUE!"},{"$error":"#VALUE!"},{"$error":"#VALUE!"},{"$error":"#VALUE!"},null,{"$error":"#VALUE!"},{"$error":"#VALUE!"},{"$error":"#VALUE!"},{"$error":"#VALUE!"},{"$error":"#VALUE!"},null,{"$error":"#VALUE!"},{"$error":"#VALUE!"},{"$error":"#VALUE!"},{"$error":"#VALUE!"},{"$f":"ROUNDDOWN(FF228,0)","v":{"$error":"#VALUE!"}},null,1,{"$f":"SUM(SUMPRODUCT(AF$20:AJ$20,Q228:U228),SUMPRODUCT(AF$20:AJ$20,System2!Q228:U228),SUMPRODUCT(AF$20:AJ$20,System3!Q228:U228))","v":{"$error":"#VALUE!"}},{"$f":"SUM(SUMPRODUCT(AF$21:AJ$21,W228:AA228),SUMPRODUCT(AF$21:AJ$21,System2!W228:AA228),SUMPRODUCT(AF$21:AJ$21,System3!W228:AA228))","v":{"$error":"#VALUE!"}},{"$f":"WaterFittings!BN203","v":{"$error":"#VALUE!"}},{"$error":"#VALUE!"},{"$error":"#VALUE!"},{"$f":"MIN(AirCond!BL202,P$21)","v":0},{"$error":"#VALUE!"},{"$f":"MIN(ROUNDDOWN(AJ228-FH228,0),ROUNDDOWN(P$21*0.3,0),ROUNDDOWN(SUM(SUMPRODUCT(I$4:I$15,L$4:L$15),SUMPRODUCT(System2!I$4:I$15,System2!L$4:L$15),SUMPRODUCT(System3!I$4:I$15,System3!L$4:L$15))*0.3,0))","v":{"$error":"#VALUE!"}},0,{"$error":"#VALUE!"},{"$error":"#VALUE!"},{"$error":"#VALUE!"},0,{"$error":"#VALUE!"},{"$error":"#VALUE!"},{"$error":"#VALUE!"},0,null,null,null,0,0,0,0,null,{"$error":"#VALUE!"},{"$error":"#VALUE!"},{"$error":"#VALUE!"},{"$error":"#VALUE!"},{"$error":"#VALUE!"},{"$error":"#VALUE!"},{"$error":"#VALUE!"},{"$error":"#VALUE!"},{"$error":"#VALUE!"},0,{"$error":"#VALUE!"},{"$error":"#VALUE!"},{"$error":"#VALUE!"},{"$error":"#VALUE!"},{"$error":"#VALUE!"},{"$error":"#VALUE!"},{"$error":"#VALUE!"},{"$error":"#VALUE!"},{"$error":"#VALUE!"},{"$error":"#VALUE!"},{"$error":"#VALUE!"},{"$error":"#VALUE!"},{"$error":"#VALUE!"},{"$error":"#VALUE!"},{"$error":"#VALUE!"},{"$error":"#VALUE!"},{"$error":"#VALUE!"},{"$error":"#VALUE!"},{"$error":"#VALUE!"},{"$error":"#VALUE!"},{"$error":"#VALUE!"},{"$error":"#VALUE!"},{"$error":"#VALUE!"},{"$error":"#VALUE!"},{"$error":"#VALUE!"},{"$error":"#VALUE!"},{"$error":"#VALUE!"},{"$error":"#VALUE!"},{"$error":"#VALUE!"},{"$error":"#VALUE!"},{"$error":"#VALUE!"},{"$f":"SUM(CQ228,System2!CQ228,System3!CQ228)","v":{"$error":"#VALUE!"}},{"$error":"#VALUE!"},{"$error":"#VALUE!"},{"$error":"#VALUE!"},{"$error":"#VALUE!"},{"$error":"#VALUE!"},{"$error":"#VALUE!"},{"$error":"#VALUE!"},{"$error":"#VALUE!"},{"$error":"#VALUE!"},{"$error":"#VALUE!"},{"$error":"#VALUE!"},{"$error":"#VALUE!"},{"$error":"#VALUE!"},{"$error":"#VALUE!"},{"$error":"#VALUE!"},{"$error":"#VALUE!"},{"$error":"#VALUE!"},{"$error":"#VALUE!"},{"$error":"#VALUE!"},{"$error":"#VALUE!"},{"$error":"#VALUE!"},{"$error":"#VALUE!"},{"$error":"#VALUE!"},{"$error":"#VALUE!"},{"$error":"#VALUE!"},{"$error":"#VALUE!"},{"$f":"SUM(DR228,System2!DR228,System3!DR228)","v":{"$error":"#VALUE!"}},{"$f":"DT$32","v":{"$error":"#VALUE!"}},{"$f":"DU$32","v":{"$error":"#VALUE!"}},{"$f":"DV$32","v":0},{"$f":"DW$32","v":{"$error":"#VALUE!"}},{"$error":"#VALUE!"},{"$error":"#VALUE!"},{"$error":"#VALUE!"},0,0,0,0,0,{"$error":"#VALUE!"},{"$f":"SUM(EF228,System2!EF228,System3!EF228)","v":{"$error":"#VALUE!"}},{"$error":"#VALUE!"},{"$error":"#VALUE!"},{"$error":"#VALUE!"},{"$error":"#VALUE!"},{"$error":"#VALUE!"},{"$error":"#VALUE!"},{"$error":"#VALUE!"},{"$error":"#VALUE!"},{"$error":"#VALUE!"},{"$error":"#VALUE!"},{"$error":"#VALUE!"},{"$error":"#VALUE!"},{"$error":"#VALUE!"},{"$error":"#VALUE!"},{"$error":"#VALUE!"},{"$error":"#VALUE!"},{"$error":"#VALUE!"},{"$error":"#VALUE!"},{"$error":"#VALUE!"},{"$error":"#VALUE!"},{"$error":"#VALUE!"},{"$error":"#VALUE!"},{"$error":"#VALUE!"},{"$error":"#VALUE!"},{"$error":"#VALUE!"},{"$error":"#VALUE!"},{"$f":"SUM(FG228,System2!FG228,System3!FG228)","v":{"$error":"#VALUE!"}},0,0,0,0,{"$error":"#VALUE!"},{"$error":"#VALUE!"},{"$error":"#VALUE!"},{"$error":"#VALUE!"},{"$error":"#VALUE!"},{"$error":"#VALUE!"},{"$error":"#VALUE!"},{"$error":"#VALUE!"},{"$error":"#VALUE!"},{"$error":"#VALUE!"},{"$error":"#VALUE!"},{"$error":"#VALUE!"},{"$error":"#VALUE!"},{"$error":"#VALUE!"},{"$error":"#VALUE!"},{"$error":"#VALUE!"},{"$error":"#VALUE!"},{"$error":"#VALUE!"},{"$error":"#VALUE!"},{"$error":"#VALUE!"},{"$f":"$GG$31*WaterFittings!BO203","v":{"$error":"#VALUE!"}},{"$f":"$GH$31*WaterFittings!BP203","v":{"$error":"#VALUE!"}},{"$f":"$GI$31*WaterFittings!BQ203","v":0},{"$f":"GJ$31*AirCond!BD202","v":{"$error":"#VALUE!"}},{"$f":"GK$31*AirCond!BE202","v":{"$error":"#VALUE!"}},{"$f":"GL$31*AirCond!BF202","v":{"$error":"#VALUE!"}},{"$f":"GM$31*AirCond!BG202","v":{"$error":"#VALUE!"}},{"$f":"GN$31*WaterFittings!BS203","v":0},{"$f":"GO$31*WaterFittings!BT203","v":0},{"$f":"GP$31*WaterFittings!BU203","v":0}]
[null,null,{"$f":"C228+1","v":198},0,0,{"$error":"#VALUE!"},{"$error":"#VALUE!"},{"$error":"#VALUE!"},{"$error":"#VALUE!"},{"$error":"#VALUE!"},{"$error":"#VALUE!"},{"$error":"#VALUE!"},{"$error":"#VALUE!"},{"$error":"#VALUE!"},{"$error":"#VALUE!"},null,{"$error":"#VALUE!"},{"$error":"#VALUE!"},{"$error":"#VALUE!"},{"$error":"#VALUE!"},{"$error":"#VALUE!"},null,{"$error":"#VALUE!"},{"$error":"#VALUE!"},{"$error":"#VALUE!"},{"$error":"#VALUE!"},{"$error":"#VALUE!"},null,2,{"$f":"SUM(SUMPRODUCT(AF$20:AJ$20,Q229:U229),SUMPRODUCT(AF$20:AJ$20,System2!Q229:U229),SUMPRODUCT(AF$20:AJ$20,System3!Q229:U229))","v":{"$error":"#VALUE!"}},{"$f":"SUM(SUMPRODUCT(AF$21:AJ$21,W229:AA229),SUMPRODUCT(AF$21:AJ$21,System2!W229:AA229),SUMPRODUCT(AF$21:AJ$21,System3!W229:AA229))","v":{"$error":"#VALUE!"}},{"$f":"WaterFittings!BN204","v":{"$error":"#VALUE!"}},{"$error":"#VALUE!"},{"$error":"#VALUE!"},{"$f":"MIN(AirCond!BL203,P$21)","v":0},{"$error":"#VALUE!"},{"$f":"MIN(ROUNDDOWN(AJ229-FH229,0),ROUNDDOWN(P$21*0.3,0),ROUNDDOWN(SUM(SUMPRODUCT(I$4:I$15,L$4:L$15),SUMPRODUCT(System2!I$4:I$15,System2!L$4:L$15),SUMPRODUCT(System3!I$4:I$15,System3!L$4:L$15))*0.3,0))","v":{"$error":"#VALUE!"}},{"$f":"ROUND(SUM(AX229,AY229),0)","v":0},{"$error":"#VALUE!"},{"$error":"#VALUE!"},{"$error":"#VALUE!"},0,{"$error":"#VALUE!"},{"$error":"#VALUE!"},{"$error":"#VALUE!"},0,null,null,null,0,0,0,0,null,{"$error":"#VALUE!"},{"$error":"#VALUE!"},{"$error":"#VALUE!"},{"$error":"#VALUE!"},{"$error":"#VALUE!"},{"$error":"#VALUE!"},{"$error":"#VALUE!"},{"$error":"#VALUE!"},{"$error":"#VALUE!"},0,{"$error":"#VALUE!"},{"$error":"#VALUE!"},{"$error":"#VALUE!"},{"$error":"#VALUE!"},{"$error":"#VALUE!"},{"$error":"#VALUE!"},{"$error":"#VALUE!"},{"$error":"#VALUE!"},{"$error":"#VALUE!"},{"$error":"#VALUE!"},{"$error":"#VALUE!"},{"$error":"#VALUE!"},{"$error":"#VALUE!"},{"$error":"#VALUE!"},{"$error":"#VALUE!"},{"$error":"#VALUE!"},{"$error":"#VALUE!"},{"$error":"#VALUE!"},{"$error":"#VALUE!"},{"$error":"#VALUE!"},{"$error":"#VALUE!"},{"$error":"#VALUE!"},{"$error":"#VALUE!"},{"$error":"#VALUE!"},{"$error":"#VALUE!"},{"$error":"#VALUE!"},{"$error":"#VALUE!"},{"$error":"#VALUE!"},{"$error":"#VALUE!"},{"$error":"#VALUE!"},{"$error":"#VALUE!"},{"$f":"SUM(CQ229,System2!CQ229,System3!CQ229)","v":{"$error":"#VALUE!"}},{"$error":"#VALUE!"},{"$error":"#VALUE!"},{"$error":"#VALUE!"},{"$error":"#VALUE!"},{"$error":"#VALUE!"},{"$error":"#VALUE!"},{"$error":"#VALUE!"},{"$error":"#VALUE!"},{"$error":"#VALUE!"},{"$error":"#VALUE!"},{"$error":"#VALUE!"},{"$error":"#VALUE!"},{"$error":"#VALUE!"},{"$error":"#VALUE!"},{"$error":"#VALUE!"},{"$error":"#VALUE!"},{"$error":"#VALUE!"},{"$error":"#VALUE!"},{"$error":"#VALUE!"},{"$error":"#VALUE!"},{"$error":"#VALUE!"},{"$error":"#VALUE!"},{"$error":"#VALUE!"},{"$error":"#VALUE!"},{"$error":"#VALUE!"},{"$error":"#VALUE!"},{"$f":"SUM(DR229,System2!DR229,System3!DR229)","v":{"$error":"#VALUE!"}},{"$f":"DT$33","v":{"$error":"#VALUE!"}},{"$f":"DU$33","v":{"$error":"#VALUE!"}},{"$f":"DV$33","v":0},{"$f":"DW$33","v":{"$error":"#VALUE!"}},{"$error":"#VALUE!"},{"$error":"#VALUE!"},{"$error":"#VALUE!"},0,0,0,0,0,{"$error":"#VALUE!"},{"$f":"SUM(EF229,System2!EF229,System3!EF229)","v":{"$error":"#VALUE!"}},{"$error":"#VALUE!"},{"$error":"#VALUE!"},{"$error":"#VALUE!"},{"$error":"#VALUE!"},{"$error":"#VALUE!"},{"$error":"#VALUE!"},{"$error":"#VALUE!"},{"$error":"#VALUE!"},{"$error":"#VALUE!"},{"$error":"#VALUE!"},{"$error":"#VALUE!"},{"$error":"#VALUE!"},{"$error":"#VALUE!"},{"$error":"#VALUE!"},{"$error":"#VALUE!"},{"$error":"#VALUE!"},{"$error":"#VALUE!"},{"$error":"#VALUE!"},{"$error":"#VALUE!"},{"$error":"#VALUE!"},{"$error":"#VALUE!"},{"$error":"#VALUE!"},{"$error":"#VALUE!"},{"$error":"#VALUE!"},{"$error":"#VALUE!"},{"$error":"#VALUE!"},{"$f":"SUM(FG229,System2!FG229,System3!FG229)","v":{"$error":"#VALUE!"}},0,0,0,0,{"$error":"#VALUE!"},{"$error":"#VALUE!"},{"$error":"#VALUE!"},{"$error":"#VALUE!"},{"$error":"#VALUE!"},{"$error":"#VALUE!"},{"$error":"#VALUE!"},{"$error":"#VALUE!"},{"$error":"#VALUE!"},{"$error":"#VALUE!"},{"$error":"#VALUE!"},{"$error":"#VALUE!"},{"$error":"#VALUE!"},{"$error":"#VALUE!"},{"$error":"#VALUE!"},{"$error":"#VALUE!"},{"$error":"#VALUE!"},{"$error":"#VALUE!"},{"$error":"#VALUE!"},{"$error":"#VALUE!"},{"$f":"$GG$31*WaterFittings!BO204","v":{"$error":"#VALUE!"}},{"$f":"$GH$31*WaterFittings!BP204","v":{"$error":"#VALUE!"}},{"$f":"$GI$31*WaterFittings!BQ204","v":0},{"$f":"GJ$31*AirCond!BD203","v":{"$error":"#VALUE!"}},{"$f":"GK$31*AirCond!BE203","v":{"$error":"#VALUE!"}},{"$f":"GL$31*AirCond!BF203","v":{"$error":"#VALUE!"}},{"$f":"GM$31*AirCond!BG203","v":{"$error":"#VALUE!"}},{"$f":"GN$31*WaterFittings!BS204","v":0},{"$f":"GO$31*WaterFittings!BT204","v":0},{"$f":"GP$31*WaterFittings!BU204","v":0}]
[null,null,199,0,0,{"$error":"#VALUE!"},{"$error":"#VALUE!"},{"$error":"#VALUE!"},{"$error":"#VALUE!"},{"$error":"#VALUE!"},{"$error":"#VALUE!"},{"$error":"#VALUE!"},{"$error":"#VALUE!"},{"$error":"#VALUE!"},{"$error":"#VALUE!"},null,{"$error":"#VALUE!"},{"$error":"#VALUE!"},{"$error":"#VALUE!"},{"$error":"#VALUE!"},{"$error":"#VALUE!"},null,{"$error":"#VALUE!"},{"$error":"#VALUE!"},{"$error":"#VALUE!"},{"$error":"#VALUE!"},{"$error":"#VALUE!"},null,3,{"$f":"SUM(SUMPRODUCT(AF$20:AJ$20,Q230:U230),SUMPRODUCT(AF$20:AJ$20,System2!Q230:U230),SUMPRODUCT(AF$20:AJ$20,System3!Q230:U230))","v":{"$error":"#VALUE!"}},{"$f":"SUM(SUMPRODUCT(AF$21:AJ$21,W230:AA230),SUMPRODUCT(AF$21:AJ$21,System2!W230:AA230),SUMPRODUCT(AF$21:AJ$21,System3!W230:AA230))","v":{"$error":"#VALUE!"}},{"$f":"WaterFittings!BN205","v":{"$error":"#VALUE!"}},{"$error":"#VALUE!"},{"$error":"#VALUE!"},{"$f":"MIN(AirCond!BL204,P$21)","v":0},{"$error":"#VALUE!"},{"$f":"MIN(ROUNDDOWN(AJ230-FH230,0),ROUNDDOWN(P$21*0.3,0),ROUNDDOWN(SUM(SUMPRODUCT(I$4:I$15,L$4:L$15),SUMPRODUCT(System2!I$4:I$15,System2!L$4:L$15),SUMPRODUCT(System3!I$4:I$15,System3!L$4:L$15))*0.3,0))","v":{"$error":"#VALUE!"}},0,{"$error":"#VALUE!"},{"$error":"#VALUE!"},{"$error":"#VALUE!"},0,{"$error":"#VALUE!"},{"$error":"#VALUE!"},{"$error":"#VALUE!"},0,null,null,null,0,0,0,0,null,{"$error":"#VALUE!"},{"$error":"#VALUE!"},{"$error":"#VALUE!"},{"$error":"#VALUE!"},{"$error":"#VALUE!"},{"$error":"#VALUE!"},{"$error":"#VALUE!"},{"$error":"#VALUE!"},{"$error":"#VALUE!"},0,{"$error":"#VALUE!"},{"$error":"#VALUE!"},{"$error":"#VALUE!"},{"$error":"#VALUE!"},{"$error":"#VALUE!"},{"$error":"#VALUE!"},{"$error":"#VALUE!"},{"$error":"#VALUE!"},{"$error":"#VALUE!"},{"$error":"#VALUE!"},{"$error":"#VALUE!"},{"$error":"#VALUE!"},{"$error":"#VALUE!"},{"$error":"#VALUE!"},{"$error":"#VALUE!"},{"$error":"#VALUE!"},{"$error":"#VALUE!"},{"$error":"#VALUE!"},{"$error":"#VALUE!"},{"$error":"#VALUE!"},{"$error":"#VALUE!"},{"$error":"#VALUE!"},{"$error":"#VALUE!"},{"$error":"#VALUE!"},{"$error":"#VALUE!"},{"$error":"#VALUE!"},{"$error":"#VALUE!"},{"$error":"#VALUE!"},{"$error":"#VALUE!"},{"$error":"#VALUE!"},{"$error":"#VALUE!"},{"$f":"SUM(CQ230,System2!CQ230,System3!CQ230)","v":{"$error":"#VALUE!"}},{"$error":"#VALUE!"},{"$error":"#VALUE!"},{"$error":"#VALUE!"},{"$error":"#VALUE!"},{"$error":"#VALUE!"},{"$error":"#VALUE!"},{"$error":"#VALUE!"},{"$error":"#VALUE!"},{"$error":"#VALUE!"},{"$error":"#VALUE!"},{"$error":"#VALUE!"},{"$error":"#VALUE!"},{"$error":"#VALUE!"},{"$error":"#VALUE!"},{"$error":"#VALUE!"},{"$error":"#VALUE!"},{"$error":"#VALUE!"},{"$error":"#VALUE!"},{"$error":"#VALUE!"},{"$error":"#VALUE!"},{"$error":"#VALUE!"},{"$error":"#VALUE!"},{"$error":"#VALUE!"},{"$error":"#VALUE!"},{"$error":"#VALUE!"},{"$error":"#VALUE!"},{"$f":"SUM(DR230,System2!DR230,System3!DR230)","v":{"$error":"#VALUE!"}},{"$f":"DT$34","v":{"$error":"#VALUE!"}},{"$f":"DU$34","v":{"$error":"#VALUE!"}},{"$f":"DV$34","v":0},{"$f":"DW$34","v":{"$error":"#VALUE!"}},{"$error":"#VALUE!"},{"$error":"#VALUE!"},{"$error":"#VALUE!"},0,0,0,0,0,{"$error":"#VALUE!"},{"$f":"SUM(EF230,System2!EF230,System3!EF230)","v":{"$error":"#VALUE!"}},{"$error":"#VALUE!"},{"$error":"#VALUE!"},{"$error":"#VALUE!"},{"$error":"#VALUE!"},{"$error":"#VALUE!"},{"$error":"#VALUE!"},{"$error":"#VALUE!"},{"$error":"#VALUE!"},{"$error":"#VALUE!"},{"$error":"#VALUE!"},{"$error":"#VALUE!"},{"$error":"#VALUE!"},{"$error":"#VALUE!"},{"$error":"#VALUE!"},{"$error":"#VALUE!"},{"$error":"#VALUE!"},{"$error":"#VALUE!"},{"$error":"#VALUE!"},{"$error":"#VALUE!"},{"$error":"#VALUE!"},{"$error":"#VALUE!"},{"$error":"#VALUE!"},{"$error":"#VALUE!"},{"$error":"#VALUE!"},{"$error":"#VALUE!"},{"$error":"#VALUE!"},{"$f":"SUM(FG230,System2!FG230,System3!FG230)","v":{"$error":"#VALUE!"}},0,0,0,0,{"$error":"#VALUE!"},{"$error":"#VALUE!"},{"$error":"#VALUE!"},{"$error":"#VALUE!"},{"$error":"#VALUE!"},{"$error":"#VALUE!"},{"$error":"#VALUE!"},{"$error":"#VALUE!"},{"$error":"#VALUE!"},{"$error":"#VALUE!"},{"$error":"#VALUE!"},{"$error":"#VALUE!"},{"$error":"#VALUE!"},{"$error":"#VALUE!"},{"$error":"#VALUE!"},{"$error":"#VALUE!"},{"$error":"#VALUE!"},{"$error":"#VALUE!"},{"$error":"#VALUE!"},{"$error":"#VALUE!"},{"$f":"$GG$31*WaterFittings!BO205","v":{"$error":"#VALUE!"}},{"$f":"$GH$31*WaterFittings!BP205","v":{"$error":"#VALUE!"}},{"$f":"$GI$31*WaterFittings!BQ205","v":0},{"$f":"GJ$31*AirCond!BD204","v":{"$error":"#VALUE!"}},{"$f":"GK$31*AirCond!BE204","v":{"$error":"#VALUE!"}},{"$f":"GL$31*AirCond!BF204","v":{"$error":"#VALUE!"}},{"$f":"GM$31*AirCond!BG204","v":{"$error":"#VALUE!"}},{"$f":"GN$31*WaterFittings!BS205","v":0},{"$f":"GO$31*WaterFittings!BT205","v":0},{"$f":"GP$31*WaterFittings!BU205","v":0}]
[null,null,200,0,0,{"$error":"#VALUE!"},{"$error":"#VALUE!"},{"$error":"#VALUE!"},{"$error":"#VALUE!"},{"$error":"#VALUE!"},{"$error":"#VALUE!"},{"$error":"#VALUE!"},{"$error":"#VALUE!"},{"$error":"#VALUE!"},{"$error":"#VALUE!"},null,{"$error":"#VALUE!"},{"$error":"#VALUE!"},{"$error":"#VALUE!"},{"$error":"#VALUE!"},{"$error":"#VALUE!"},null,{"$error":"#VALUE!"},{"$error":"#VALUE!"},{"$error":"#VALUE!"},{"$error":"#VALUE!"},{"$error":"#VALUE!"},null,4,{"$f":"SUM(SUMPRODUCT(AF$20:AJ$20,Q231:U231),SUMPRODUCT(AF$20:AJ$20,System2!Q231:U231),SUMPRODUCT(AF$20:AJ$20,System3!Q231:U231))","v":{"$error":"#VALUE!"}},{"$f":"SUM(SUMPRODUCT(AF$21:AJ$21,W231:AA231),SUMPRODUCT(AF$21:AJ$21,System2!W231:AA231),SUMPRODUCT(AF$21:AJ$21,System3!W231:AA231))","v":{"$error":"#VALUE!"}},{"$f":"WaterFittings!BN206","v":{"$error":"#VALUE!"}},{"$error":"#VALUE!"},{"$error":"#VALUE!"},{"$f":"MIN(AirCond!BL205,P$21)","v":0},{"$error":"#VALUE!"},{"$f":"MIN(ROUNDDOWN(AJ231-FH231,0),ROUNDDOWN(P$21*0.3,0),ROUNDDOWN(SUM(SUMPRODUCT(I$4:I$15,L$4:L$15),SUMPRODUCT(System2!I$4:I$15,System2!L$4:L$15),SUMPRODUCT(System3!I$4:I$15,System3!L$4:L$15))*0.3,0))","v":{"$error":"#VALUE!"}},0,{"$error":"#VALUE!"},{"$error":"#VALUE!"},{"$error":"#VALUE!"},0,{"$error":"#VALUE!"},{"$error":"#VALUE!"},{"$error":"#VALUE!"},0,null,null,null,0,0,0,0,null,{"$error":"#VALUE!"},{"$error":"#VALUE!"},{"$error":"#VALUE!"},{"$error":"#VALUE!"},{"$error":"#VALUE!"},{"$error":"#VALUE!"},{"$error":"#VALUE!"},{"$error":"#VALUE!"},{"$error":"#VALUE!"},0,{"$error":"#VALUE!"},{"$error":"#VALUE!"},{"$error":"#VALUE!"},{"$error":"#VALUE!"},{"$error":"#VALUE!"},{"$error":"#VALUE!"},{"$error":"#VALUE!"},{"$error":"#VALUE!"},{"$error":"#VALUE!"},{"$error":"#VALUE!"},{"$error":"#VALUE!"},{"$error":"#VALUE!"},{"$error":"#VALUE!"},{"$error":"#VALUE!"},{"$error":"#VALUE!"},{"$error":"#VALUE!"},{"$error":"#VALUE!"},{"$error":"#VALUE!"},{"$error":"#VALUE!"},{"$error":"#VALUE!"},{"$error":"#VALUE!"},{"$error":"#VALUE!"},{"$error":"#VALUE!"},{"$error":"#VALUE!"},{"$error":"#VALUE!"},{"$error":"#VALUE!"},{"$error":"#VALUE!"},{"$error":"#VALUE!"},{"$error":"#VALUE!"},{"$error":"#VALUE!"},{"$error":"#VALUE!"},{"$f":"SUM(CQ231,System2!CQ231,System3!CQ231)","v":{"$error":"#VALUE!"}},{"$error":"#VALUE!"},{"$error":"#VALUE!"},{"$error":"#VALUE!"},{"$error":"#VALUE!"},{"$error":"#VALUE!"},{"$error":"#VALUE!"},{"$error":"#VALUE!"},{"$error":"#VALUE!"},{"$error":"#VALUE!"},{"$error":"#VALUE!"},{"$error":"#VALUE!"},{"$error":"#VALUE!"},{"$error":"#VALUE!"},{"$error":"#VALUE!"},{"$error":"#VALUE!"},{"$error":"#VALUE!"},{"$error":"#VALUE!"},{"$error":"#VALUE!"},{"$error":"#VALUE!"},{"$error":"#VALUE!"},{"$error":"#VALUE!"},{"$error":"#VALUE!"},{"$error":"#VALUE!"},{"$error":"#VALUE!"},{"$error":"#VALUE!"},{"$error":"#VALUE!"},{"$f":"SUM(DR231,System2!DR231,System3!DR231)","v":{"$error":"#VALUE!"}},{"$f":"DT$35","v":{"$error":"#VALUE!"}},{"$f":"DU$35","v":{"$error":"#VALUE!"}},{"$f":"DV$35","v":0},{"$f":"DW$35","v":{"$error":"#VALUE!"}},{"$error":"#VALUE!"},{"$error":"#VALUE!"},{"$error":"#VALUE!"},0,0,0,0,0,{"$error":"#VALUE!"},{"$f":"SUM(EF231,System2!EF231,System3!EF231)","v":{"$error":"#VALUE!"}},{"$error":"#VALUE!"},{"$error":"#VALUE!"},{"$error":"#VALUE!"},{"$error":"#VALUE!"},{"$error":"#VALUE!"},{"$error":"#VALUE!"},{"$error":"#VALUE!"},{"$error":"#VALUE!"},{"$error":"#VALUE!"},{"$error":"#VALUE!"},{"$error":"#VALUE!"},{"$error":"#VALUE!"},{"$error":"#VALUE!"},{"$error":"#VALUE!"},{"$error":"#VALUE!"},{"$error":"#VALUE!"},{"$error":"#VALUE!"},{"$error":"#VALUE!"},{"$error":"#VALUE!"},{"$error":"#VALUE!"},{"$error":"#VALUE!"},{"$error":"#VALUE!"},{"$error":"#VALUE!"},{"$error":"#VALUE!"},{"$error":"#VALUE!"},{"$error":"#VALUE!"},{"$f":"SUM(FG231,System2!FG231,System3!FG231)","v":{"$error":"#VALUE!"}},0,0,0,0,{"$error":"#VALUE!"},{"$error":"#VALUE!"},{"$error":"#VALUE!"},{"$error":"#VALUE!"},{"$error":"#VALUE!"},{"$error":"#VALUE!"},{"$error":"#VALUE!"},{"$error":"#VALUE!"},{"$error":"#VALUE!"},{"$error":"#VALUE!"},{"$error":"#VALUE!"},{"$error":"#VALUE!"},{"$error":"#VALUE!"},{"$error":"#VALUE!"},{"$error":"#VALUE!"},{"$error":"#VALUE!"},{"$error":"#VALUE!"},{"$error":"#VALUE!"},{"$error":"#VALUE!"},{"$error":"#VALUE!"},{"$f":"$GG$31*WaterFittings!BO206","v":{"$error":"#VALUE!"}},{"$f":"$GH$31*WaterFittings!BP206","v":{"$error":"#VALUE!"}},{"$f":"$GI$31*WaterFittings!BQ206","v":0},{"$f":"GJ$31*AirCond!BD205","v":{"$error":"#VALUE!"}},{"$f":"GK$31*AirCond!BE205","v":{"$error":"#VALUE!"}},{"$f":"GL$31*AirCond!BF205","v":{"$error":"#VALUE!"}},{"$f":"GM$31*AirCond!BG205","v":{"$error":"#VALUE!"}},{"$f":"GN$31*WaterFittings!BS206","v":0},{"$f":"GO$31*WaterFittings!BT206","v":0},{"$f":"GP$31*WaterFittings!BU206","v":0}]
[null,null,201,2.5,0,{"$error":"#VALUE!"},{"$error":"#VALUE!"},{"$error":"#VALUE!"},{"$error":"#VALUE!"},{"$error":"#VALUE!"},{"$error":"#VALUE!"},{"$error":"#VALUE!"},{"$error":"#VALUE!"},{"$error":"#VALUE!"},{"$error":"#VALUE!"},null,{"$error":"#VALUE!"},{"$error":"#VALUE!"},{"$error":"#VALUE!"},{"$error":"#VALUE!"},{"$error":"#VALUE!"},null,{"$error":"#VALUE!"},{"$error":"#VALUE!"},{"$error":"#VALUE!"},{"$error":"#VALUE!"},{"$error":"#VALUE!"},null,5,{"$f":"SUM(SUMPRODUCT(AF$20:AJ$20,Q232:U232),SUMPRODUCT(AF$20:AJ$20,System2!Q232:U232),SUMPRODUCT(AF$20:AJ$20,System3!Q232:U232))","v":{"$error":"#VALUE!"}},{"$f":"SUM(SUMPRODUCT(AF$21:AJ$21,W232:AA232),SUMPRODUCT(AF$21:AJ$21,System2!W232:AA232),SUMPRODUCT(AF$21:AJ$21,System3!W232:AA232))","v":{"$error":"#VALUE!"}},{"$f":"WaterFittings!BN207","v":{"$error":"#VALUE!"}},{"$error":"#VALUE!"},{"$error":"#VALUE!"},{"$f":"MIN(AirCond!BL206,P$21)","v":0},{"$error":"#VALUE!"},{"$f":"MIN(ROUNDDOWN(AJ232-FH232,0),ROUNDDOWN(P$21*0.3,0),ROUNDDOWN(SUM(SUMPRODUCT(I$4:I$15,L$4:L$15),SUMPRODUCT(System2!I$4:I$15,System2!L$4:L$15),SUMPRODUCT(System3!I$4:I$15,System3!L$4:L$15))*0.3,0))","v":{"$error":"#VALUE!"}},0,{"$error":"#VALUE!"},{"$error":"#VALUE!"},{"$error":"#VALUE!"},0,{"$error":"#VALUE!"},{"$error":"#VALUE!"},{"$error":"#VALUE!"},0,null,null,null,0,0,0,0,null,{"$error":"#VALUE!"},{"$error":"#VALUE!"},{"$error":"#VALUE!"},{"$error":"#VALUE!"},{"$error":"#VALUE!"},{"$error":"#VALUE!"},{"$error":"#VALUE!"},{"$error":"#VALUE!"},{"$error":"#VALUE!"},0,{"$error":"#VALUE!"},{"$error":"#VALUE!"},{"$error":"#VALUE!"},{"$error":"#VALUE!"},{"$error":"#VALUE!"},{"$error":"#VALUE!"},{"$error":"#VALUE!"},{"$error":"#VALUE!"},{"$error":"#VALUE!"},{"$error":"#VALUE!"},{"$error":"#VALUE!"},{"$error":"#VALUE!"},{"$error":"#VALUE!"},{"$error":"#VALUE!"},{"$error":"#VALUE!"},{"$error":"#VALUE!"},{"$error":"#VALUE!"},{"$error":"#VALUE!"},{"$error":"#VALUE!"},{"$error":"#VALUE!"},{"$error":"#VALUE!"},{"$error":"#VALUE!"},{"$error":"#VALUE!"},{"$error":"#VALUE!"},{"$error":"#VALUE!"},{"$error":"#VALUE!"},{"$error":"#VALUE!"},{"$error":"#VALUE!"},{"$error":"#VALUE!"},{"$error":"#VALUE!"},{"$error":"#VALUE!"},{"$f":"SUM(CQ232,System2!CQ232,System3!CQ232)","v":{"$error":"#VALUE!"}},{"$error":"#VALUE!"},{"$error":"#VALUE!"},{"$error":"#VALUE!"},{"$error":"#VALUE!"},{"$error":"#VALUE!"},{"$error":"#VALUE!"},{"$error":"#VALUE!"},{"$error":"#VALUE!"},{"$error":"#VALUE!"},{"$error":"#VALUE!"},{"$error":"#VALUE!"},{"$error":"#VALUE!"},{"$error":"#VALUE!"},{"$error":"#VALUE!"},{"$error":"#VALUE!"},{"$error":"#VALUE!"},{"$error":"#VALUE!"},{"$error":"#VALUE!"},{"$error":"#VALUE!"},{"$error":"#VALUE!"},{"$error":"#VALUE!"},{"$error":"#VALUE!"},{"$error":"#VALUE!"},{"$error":"#VALUE!"},{"$error":"#VALUE!"},{"$error":"#VALUE!"},{"$f":"SUM(DR232,System2!DR232,System3!DR232)","v":{"$error":"#VALUE!"}},{"$f":"DT$36","v":{"$error":"#VALUE!"}},{"$f":"DU$36","v":{"$error":"#VALUE!"}},{"$f":"DV$36","v":0},{"$f":"DW$36","v":{"$error":"#VALUE!"}},{"$error":"#VALUE!"},{"$error":"#VALUE!"},{"$error":"#VALUE!"},0,0,0,0,0,{"$error":"#VALUE!"},{"$f":"SUM(EF232,System2!EF232,System3!EF232)","v":{"$error":"#VALUE!"}},{"$error":"#VALUE!"},{"$error":"#VALUE!"},{"$error":"#VALUE!"},{"$error":"#VALUE!"},{"$error":"#VALUE!"},{"$error":"#VALUE!"},{"$error":"#VALUE!"},{"$error":"#VALUE!"},{"$error":"#VALUE!"},{"$error":"#VALUE!"},{"$error":"#VALUE!"},{"$error":"#VALUE!"},{"$error":"#VALUE!"},{"$error":"#VALUE!"},{"$error":"#VALUE!"},{"$error":"#VALUE!"},{"$error":"#VALUE!"},{"$error":"#VALUE!"},{"$error":"#VALUE!"},{"$error":"#VALUE!"},{"$error":"#VALUE!"},{"$error":"#VALUE!"},{"$error":"#VALUE!"},{"$error":"#VALUE!"},{"$error":"#VALUE!"},{"$error":"#VALUE!"},{"$f":"SUM(FG232,System2!FG232,System3!FG232)","v":{"$error":"#VALUE!"}},0,0,0,0,{"$error":"#VALUE!"},{"$error":"#VALUE!"},{"$error":"#VALUE!"},{"$error":"#VALUE!"},{"$error":"#VALUE!"},{"$error":"#VALUE!"},{"$error":"#VALUE!"},{"$error":"#VALUE!"},{"$error":"#VALUE!"},{"$error":"#VALUE!"},{"$error":"#VALUE!"},{"$error":"#VALUE!"},{"$error":"#VALUE!"},{"$error":"#VALUE!"},{"$error":"#VALUE!"},{"$error":"#VALUE!"},{"$error":"#VALUE!"},{"$error":"#VALUE!"},{"$error":"#VALUE!"},{"$error":"#VALUE!"},{"$f":"$GG$31*WaterFittings!BO207","v":{"$error":"#VALUE!"}},{"$f":"$GH$31*WaterFittings!BP207","v":{"$error":"#VALUE!"}},{"$f":"$GI$31*WaterFittings!BQ207","v":0},{"$f":"GJ$31*AirCond!BD206","v":{"$error":"#VALUE!"}},{"$f":"GK$31*AirCond!BE206","v":{"$error":"#VALUE!"}},{"$f":"GL$31*AirCond!BF206","v":{"$error":"#VALUE!"}},{"$f":"GM$31*AirCond!BG206","v":{"$error":"#VALUE!"}},{"$f":"GN$31*WaterFittings!BS207","v":0},{"$f":"GO$31*WaterFittings!BT207","v":0},{"$f":"GP$31*WaterFittings!BU207","v":0}]
[null,null,202,0,0,{"$error":"#VALUE!"},{"$error":"#VALUE!"},{"$error":"#VALUE!"},{"$error":"#VALUE!"},{"$error":"#VALUE!"},{"$error":"#VALUE!"},{"$error":"#VALUE!"},{"$error":"#VALUE!"},{"$error":"#VALUE!"},{"$error":"#VALUE!"},null,{"$error":"#VALUE!"},{"$error":"#VALUE!"},{"$error":"#VALUE!"},{"$error":"#VALUE!"},{"$error":"#VALUE!"},null,{"$error":"#VALUE!"},{"$error":"#VALUE!"},{"$error":"#VALUE!"},{"$error":"#VALUE!"},{"$error":"#VALUE!"},null,6,{"$f":"SUM(SUMPRODUCT(AF$20:AJ$20,Q233:U233),SUMPRODUCT(AF$20:AJ$20,System2!Q233:U233),SUMPRODUCT(AF$20:AJ$20,System3!Q233:U233))","v":{"$error":"#VALUE!"}},{"$f":"SUM(SUMPRODUCT(AF$21:AJ$21,W233:AA233),SUMPRODUCT(AF$21:AJ$21,System2!W233:AA233),SUMPRODUCT(AF$21:AJ$21,System3!W233:AA233))","v":{"$error":"#VALUE!"}},{"$f":"WaterFittings!BN208","v":{"$error":"#VALUE!"}},{"$error":"#VALUE!"},{"$error":"#VALUE!"},{"$f":"MIN(AirCond!BL207,P$21)","v":0},{"$error":"#VALUE!"},{"$f":"MIN(ROUNDDOWN(AJ233-FH233,0),ROUNDDOWN(P$21*0.3,0),ROUNDDOWN(SUM(SUMPRODUCT(I$4:I$15,L$4:L$15),SUMPRODUCT(System2!I$4:I$15,System2!L$4:L$15),SUMPRODUCT(System3!I$4:I$15,System3!L$4:L$15))*0.3,0))","v":{"$error":"#VALUE!"}},0,{"$error":"#VALUE!"},{"$error":"#VALUE!"},{"$error":"#VALUE!"},0,{"$error":"#VALUE!"},{"$error":"#VALUE!"},{"$error":"#VALUE!"},0,null,null,null,0,0,0,0,null,{"$error":"#VALUE!"},{"$error":"#VALUE!"},{"$error":"#VALUE!"},{"$error":"#VALUE!"},{"$error":"#VALUE!"},{"$error":"#VALUE!"},{"$error":"#VALUE!"},{"$error":"#VALUE!"},{"$error":"#VALUE!"},0,{"$error":"#VALUE!"},{"$error":"#VALUE!"},{"$error":"#VALUE!"},{"$error":"#VALUE!"},{"$error":"#VALUE!"},{"$error":"#VALUE!"},{"$error":"#VALUE!"},{"$error":"#VALUE!"},{"$error":"#VALUE!"},{"$error":"#VALUE!"},{"$error":"#VALUE!"},{"$error":"#VALUE!"},{"$error":"#VALUE!"},{"$error":"#VALUE!"},{"$error":"#VALUE!"},{"$error":"#VALUE!"},{"$error":"#VALUE!"},{"$error":"#VALUE!"},{"$error":"#VALUE!"},{"$error":"#VALUE!"},{"$error":"#VALUE!"},{"$error":"#VALUE!"},{"$error":"#VALUE!"},{"$error":"#VALUE!"},{"$error":"#VALUE!"},{"$error":"#VALUE!"},{"$error":"#VALUE!"},{"$error":"#VALUE!"},{"$error":"#VALUE!"},{"$error":"#VALUE!"},{"$error":"#VALUE!"},{"$f":"SUM(CQ233,System2!CQ233,System3!CQ233)","v":{"$error":"#VALUE!"}},{"$error":"#VALUE!"},{"$error":"#VALUE!"},{"$error":"#VALUE!"},{"$error":"#VALUE!"},{"$error":"#VALUE!"},{"$error":"#VALUE!"},{"$error":"#VALUE!"},{"$error":"#VALUE!"},{"$error":"#VALUE!"},{"$error":"#VALUE!"},{"$error":"#VALUE!"},{"$error":"#VALUE!"},{"$error":"#VALUE!"},{"$error":"#VALUE!"},{"$error":"#VALUE!"},{"$error":"#VALUE!"},{"$error":"#VALUE!"},{"$error":"#VALUE!"},{"$error":"#VALUE!"},{"$error":"#VALUE!"},{"$error":"#VALUE!"},{"$error":"#VALUE!"},{"$error":"#VALUE!"},{"$error":"#VALUE!"},{"$error":"#VALUE!"},{"$error":"#VALUE!"},{"$f":"SUM(DR233,System2!DR233,System3!DR233)","v":{"$error":"#VALUE!"}},{"$f":"DT$37","v":{"$error":"#VALUE!"}},{"$f":"DU$37","v":{"$error":"#VALUE!"}},{"$f":"DV$37","v":0},{"$f":"DW$37","v":{"$error":"#VALUE!"}},{"$error":"#VALUE!"},{"$error":"#VALUE!"},{"$error":"#VALUE!"},0,0,0,0,0,{"$error":"#VALUE!"},{"$f":"SUM(EF233,System2!EF233,System3!EF233)","v":{"$error":"#VALUE!"}},{"$error":"#VALUE!"},{"$error":"#VALUE!"},{"$error":"#VALUE!"},{"$error":"#VALUE!"},{"$error":"#VALUE!"},{"$error":"#VALUE!"},{"$error":"#VALUE!"},{"$error":"#VALUE!"},{"$error":"#VALUE!"},{"$error":"#VALUE!"},{"$error":"#VALUE!"},{"$error":"#VALUE!"},{"$error":"#VALUE!"},{"$error":"#VALUE!"},{"$error":"#VALUE!"},{"$error":"#VALUE!"},{"$error":"#VALUE!"},{"$error":"#VALUE!"},{"$error":"#VALUE!"},{"$error":"#VALUE!"},{"$error":"#VALUE!"},{"$error":"#VALUE!"},{"$error":"#VALUE!"},{"$error":"#VALUE!"},{"$error":"#VALUE!"},{"$error":"#VALUE!"},{"$f":"SUM(FG233,System2!FG233,System3!FG233)","v":{"$error":"#VALUE!"}},0,0,0,0,{"$error":"#VALUE!"},{"$error":"#VALUE!"},{"$error":"#VALUE!"},{"$error":"#VALUE!"},{"$error":"#VALUE!"},{"$error":"#VALUE!"},{"$error":"#VALUE!"},{"$error":"#VALUE!"},{"$error":"#VALUE!"},{"$error":"#VALUE!"},{"$error":"#VALUE!"},{"$error":"#VALUE!"},{"$error":"#VALUE!"},{"$error":"#VALUE!"},{"$error":"#VALUE!"},{"$error":"#VALUE!"},{"$error":"#VALUE!"},{"$error":"#VALUE!"},{"$error":"#VALUE!"},{"$error":"#VALUE!"},{"$f":"$GG$31*WaterFittings!BO208","v":{"$error":"#VALUE!"}},{"$f":"$GH$31*WaterFittings!BP208","v":{"$error":"#VALUE!"}},{"$f":"$GI$31*WaterFittings!BQ208","v":0},{"$f":"GJ$31*AirCond!BD207","v":{"$error":"#VALUE!"}},{"$f":"GK$31*AirCond!BE207","v":{"$error":"#VALUE!"}},{"$f":"GL$31*AirCond!BF207","v":{"$error":"#VALUE!"}},{"$f":"GM$31*AirCond!BG207","v":{"$error":"#VALUE!"}},{"$f":"GN$31*WaterFittings!BS208","v":0},{"$f":"GO$31*WaterFittings!BT208","v":0},{"$f":"GP$31*WaterFittings!BU208","v":0}]
[null,null,203,0,0,{"$error":"#VALUE!"},{"$error":"#VALUE!"},{"$error":"#VALUE!"},{"$error":"#VALUE!"},{"$error":"#VALUE!"},{"$error":"#VALUE!"},{"$error":"#VALUE!"},{"$error":"#VALUE!"},{"$error":"#VALUE!"},{"$error":"#VALUE!"},null,{"$error":"#VALUE!"},{"$error":"#VALUE!"},{"$error":"#VALUE!"},{"$error":"#VALUE!"},{"$error":"#VALUE!"},null,{"$error":"#VALUE!"},{"$error":"#VALUE!"},{"$error":"#VALUE!"},{"$error":"#VALUE!"},{"$error":"#VALUE!"},null,7,{"$f":"SUM(SUMPRODUCT(AF$20:AJ$20,Q234:U234),SUMPRODUCT(AF$20:AJ$20,System2!Q234:U234),SUMPRODUCT(AF$20:AJ$20,System3!Q234:U234))","v":{"$error":"#VALUE!"}},{"$f":"SUM(SUMPRODUCT(AF$21:AJ$21,W234:AA234),SUMPRODUCT(AF$21:AJ$21,System2!W234:AA234),SUMPRODUCT(AF$21:AJ$21,System3!W234:AA234))","v":{"$error":"#VALUE!"}},{"$f":"WaterFittings!BN209","v":{"$error":"#VALUE!"}},{"$error":"#VALUE!"},{"$error":"#VALUE!"},{"$f":"MIN(AirCond!BL208,P$21)","v":0},{"$error":"#VALUE!"},{"$f":"MIN(ROUNDDOWN(AJ234-FH234,0),ROUNDDOWN(P$21*0.3,0),ROUNDDOWN(SUM(SUMPRODUCT(I$4:I$15,L$4:L$15),SUMPRODUCT(System2!I$4:I$15,System2!L$4:L$15),SUMPRODUCT(System3!I$4:I$15,System3!L$4:L$15))*0.3,0))","v":{"$error":"#VALUE!"}},0,{"$error":"#VALUE!"},{"$error":"#VALUE!"},{"$error":"#VALUE!"},0,{"$error":"#VALUE!"},{"$error":"#VALUE!"},{"$error":"#VALUE!"},0,null,null,null,0,0,0,0,null,{"$error":"#VALUE!"},{"$error":"#VALUE!"},{"$error":"#VALUE!"},{"$error":"#VALUE!"},{"$error":"#VALUE!"},{"$error":"#VALUE!"},{"$error":"#VALUE!"},{"$error":"#VALUE!"},{"$error":"#VALUE!"},0,{"$error":"#VALUE!"},{"$error":"#VALUE!"},{"$error":"#VALUE!"},{"$error":"#VALUE!"},{"$error":"#VALUE!"},{"$error":"#VALUE!"},{"$error":"#VALUE!"},{"$error":"#VALUE!"},{"$error":"#VALUE!"},{"$error":"#VALUE!"},{"$error":"#VALUE!"},{"$error":"#VALUE!"},{"$error":"#VALUE!"},{"$error":"#VALUE!"},{"$error":"#VALUE!"},{"$error":"#VALUE!"},{"$error":"#VALUE!"},{"$error":"#VALUE!"},{"$error":"#VALUE!"},{"$error":"#VALUE!"},{"$error":"#VALUE!"},{"$error":"#VALUE!"},{"$error":"#VALUE!"},{"$error":"#VALUE!"},{"$error":"#VALUE!"},{"$error":"#VALUE!"},{"$error":"#VALUE!"},{"$error":"#VALUE!"},{"$error":"#VALUE!"},{"$error":"#VALUE!"},{"$error":"#VALUE!"},{"$f":"SUM(CQ234,System2!CQ234,System3!CQ234)","v":{"$error":"#VALUE!"}},{"$error":"#VALUE!"},{"$error":"#VALUE!"},{"$error":"#VALUE!"},{"$error":"#VALUE!"},{"$error":"#VALUE!"},{"$error":"#VALUE!"},{"$error":"#VALUE!"},{"$error":"#VALUE!"},{"$error":"#VALUE!"},{"$error":"#VALUE!"},{"$error":"#VALUE!"},{"$error":"#VALUE!"},{"$error":"#VALUE!"},{"$error":"#VALUE!"},{"$error":"#VALUE!"},{"$error":"#VALUE!"},{"$error":"#VALUE!"},{"$error":"#VALUE!"},{"$error":"#VALUE!"},{"$error":"#VALUE!"},{"$error":"#VALUE!"},{"$error":"#VALUE!"},{"$error":"#VALUE!"},{"$error":"#VALUE!"},{"$error":"#VALUE!"},{"$error":"#VALUE!"},{"$f":"SUM(DR234,System2!DR234,System3!DR234)","v":{"$error":"#VALUE!"}},{"$f":"DT$38","v":{"$error":"#VALUE!"}},{"$f":"DU$38","v":{"$error":"#VALUE!"}},{"$f":"DV$38","v":0},{"$f":"DW$38","v":{"$error":"#VALUE!"}},{"$error":"#VALUE!"},{"$error":"#VALUE!"},{"$error":"#VALUE!"},0,0,0,0,0,{"$error":"#VALUE!"},{"$f":"SUM(EF234,System2!EF234,System3!EF234)","v":{"$error":"#VALUE!"}},{"$error":"#VALUE!"},{"$error":"#VALUE!"},{"$error":"#VALUE!"},{"$error":"#VALUE!"},{"$error":"#VALUE!"},{"$error":"#VALUE!"},{"$error":"#VALUE!"},{"$error":"#VALUE!"},{"$error":"#VALUE!"},{"$error":"#VALUE!"},{"$error":"#VALUE!"},{"$error":"#VALUE!"},{"$error":"#VALUE!"},{"$error":"#VALUE!"},{"$error":"#VALUE!"},{"$error":"#VALUE!"},{"$error":"#VALUE!"},{"$error":"#VALUE!"},{"$error":"#VALUE!"},{"$error":"#VALUE!"},{"$error":"#VALUE!"},{"$error":"#VALUE!"},{"$error":"#VALUE!"},{"$error":"#VALUE!"},{"$error":"#VALUE!"},{"$f":"SUM(EU234:FF234)","v":{"$error":"#VALUE!"}},{"$f":"SUM(FG234,System2!FG234,System3!FG234)","v":{"$error":"#VALUE!"}},0,0,0,0,{"$error":"#VALUE!"},{"$error":"#VALUE!"},{"$error":"#VALUE!"},{"$error":"#VALUE!"},{"$error":"#VALUE!"},{"$error":"#VALUE!"},{"$error":"#VALUE!"},{"$error":"#VALUE!"},{"$error":"#VALUE!"},{"$error":"#VALUE!"},{"$error":"#VALUE!"},{"$error":"#VALUE!"},{"$error":"#VALUE!"},{"$error":"#VALUE!"},{"$error":"#VALUE!"},{"$error":"#VALUE!"},{"$error":"#VALUE!"},{"$error":"#VALUE!"},{"$error":"#VALUE!"},{"$error":"#VALUE!"},{"$f":"$GG$31*WaterFittings!BO209","v":{"$error":"#VALUE!"}},{"$f":"$GH$31*WaterFittings!BP209","v":{"$error":"#VALUE!"}},{"$f":"$GI$31*WaterFittings!BQ209","v":0},{"$f":"GJ$31*AirCond!BD208","v":{"$error":"#VALUE!"}},{"$f":"GK$31*AirCond!BE208","v":{"$error":"#VALUE!"}},{"$f":"GL$31*AirCond!BF208","v":{"$error":"#VALUE!"}},{"$f":"GM$31*AirCond!BG208","v":{"$error":"#VALUE!"}},{"$f":"GN$31*WaterFittings!BS209","v":0},{"$f":"GO$31*WaterFittings!BT209","v":0},{"$f":"GP$31*WaterFittings!BU209","v":0}]
[null,null,204,0,0,{"$error":"#VALUE!"},{"$error":"#VALUE!"},{"$error":"#VALUE!"},{"$error":"#VALUE!"},{"$error":"#VALUE!"},{"$error":"#VALUE!"},{"$error":"#VALUE!"},{"$error":"#VALUE!"},{"$error":"#VALUE!"},{"$error":"#VALUE!"},null,{"$error":"#VALUE!"},{"$error":"#VALUE!"},{"$error":"#VALUE!"},{"$error":"#VALUE!"},{"$error":"#VALUE!"},null,{"$error":"#VALUE!"},{"$error":"#VALUE!"},{"$error":"#VALUE!"},{"$error":"#VALUE!"},{"$f":"ROUNDDOWN(FF235,0)","v":{"$error":"#VALUE!"}},null,8,{"$f":"SUM(SUMPRODUCT(AF$20:AJ$20,Q235:U235),SUMPRODUCT(AF$20:AJ$20,System2!Q235:U235),SUMPRODUCT(AF$20:AJ$20,System3!Q235:U235))","v":{"$error":"#VALUE!"}},{"$f":"SUM(SUMPRODUCT(AF$21:AJ$21,W235:AA235),SUMPRODUCT(AF$21:AJ$21,System2!W235:AA235),SUMPRODUCT(AF$21:AJ$21,System3!W235:AA235))","v":{"$error":"#VALUE!"}},{"$f":"WaterFittings!BN210","v":{"$error":"#VALUE!"}},{"$error":"#VALUE!"},{"$error":"#VALUE!"},{"$f":"MIN(AirCond!BL209,P$21)","v":0},{"$error":"#VALUE!"},{"$f":"MIN(ROUNDDOWN(AJ235-FH235,0),ROUNDDOWN(P$21*0.3,0),ROUNDDOWN(SUM(SUMPRODUCT(I$4:I$15,L$4:L$15),SUMPRODUCT(System2!I$4:I$15,System2!L$4:L$15),SUMPRODUCT(System3!I$4:I$15,System3!L$4:L$15))*0.3,0))","v":{"$error":"#VALUE!"}},0,{"$error":"#VALUE!"},{"$error":"#VALUE!"},{"$error":"#VALUE!"},0,{"$error":"#VALUE!"},{"$error":"#VALUE!"},{"$error":"#VALUE!"},0,null,null,null,0,0,0,0,null,{"$error":"#VALUE!"},{"$error":"#VALUE!"},{"$error":"#VALUE!"},{"$error":"#VALUE!"},{"$error":"#VALUE!"},{"$error":"#VALUE!"},{"$error":"#VALUE!"},{"$error":"#VALUE!"},{"$error":"#VALUE!"},0,{"$error":"#VALUE!"},{"$error":"#VALUE!"},{"$error":"#VALUE!"},{"$error":"#VALUE!"},{"$error":"#VALUE!"},{"$error":"#VALUE!"},{"$error":"#VALUE!"},{"$error":"#VALUE!"},{"$error":"#VALUE!"},{"$error":"#VALUE!"},{"$error":"#VALUE!"},{"$error":"#VALUE!"},{"$error":"#VALUE!"},{"$error":"#VALUE!"},{"$error":"#VALUE!"},{"$error":"#VALUE!"},{"$error":"#VALUE!"},{"$error":"#VALUE!"},{"$error":"#VALUE!"},{"$error":"#VALUE!"},{"$error":"#VALUE!"},{"$error":"#VALUE!"},{"$error":"#VALUE!"},{"$error":"#VALUE!"},{"$error":"#VALUE!"},{"$error":"#VALUE!"},{"$error":"#VALUE!"},{"$error":"#VALUE!"},{"$error":"#VALUE!"},{"$error":"#VALUE!"},{"$error":"#VALUE!"},{"$f":"SUM(CQ235,System2!CQ235,System3!CQ235)","v":{"$error":"#VALUE!"}},{"$error":"#VALUE!"},{"$error":"#VALUE!"},{"$error":"#VALUE!"},{"$error":"#VALUE!"},{"$error":"#VALUE!"},{"$error":"#VALUE!"},{"$error":"#VALUE!"},{"$error":"#VALUE!"},{"$error":"#VALUE!"},{"$error":"#VALUE!"},{"$error":"#VALUE!"},{"$error":"#VALUE!"},{"$error":"#VALUE!"},{"$error":"#VALUE!"},{"$error":"#VALUE!"},{"$error":"#VALUE!"},{"$error":"#VALUE!"},{"$error":"#VALUE!"},{"$error":"#VALUE!"},{"$error":"#VALUE!"},{"$error":"#VALUE!"},{"$error":"#VALUE!"},{"$error":"#VALUE!"},{"$error":"#VALUE!"},{"$error":"#VALUE!"},{"$error":"#VALUE!"},{"$f":"SUM(DR235,System2!DR235,System3!DR235)","v":{"$error":"#VALUE!"}},{"$f":"DT$39","v":{"$error":"#VALUE!"}},{"$f":"DU$39","v":{"$error":"#VALUE!"}},{"$f":"DV$39","v":0},{"$f":"DW$39","v":{"$error":"#VALUE!"}},{"$error":"#VALUE!"},{"$error":"#VALUE!"},{"$error":"#VALUE!"},0,0,0,0,0,{"$error":"#VALUE!"},{"$f":"SUM(EF235,System2!EF235,System3!EF235)","v":{"$error":"#VALUE!"}},{"$error":"#VALUE!"},{"$error":"#VALUE!"},{"$error":"#VALUE!"},{"$error":"#VALUE!"},{"$error":"#VALUE!"},{"$error":"#VALUE!"},{"$error":"#VALUE!"},{"$error":"#VALUE!"},{"$error":"#VALUE!"},{"$error":"#VALUE!"},{"$error":"#VALUE!"},{"$error":"#VALUE!"},{"$error":"#VALUE!"},{"$error":"#VALUE!"},{"$error":"#VALUE!"},{"$error":"#VALUE!"},{"$error":"#VALUE!"},{"$error":"#VALUE!"},{"$error":"#VALUE!"},{"$error":"#VALUE!"},{"$error":"#VALUE!"},{"$error":"#VALUE!"},{"$error":"#VALUE!"},{"$error":"#VALUE!"},{"$error":"#VALUE!"},{"$error":"#VALUE!"},{"$f":"SUM(FG235,System2!FG235,System3!FG235)","v":{"$error":"#VALUE!"}},0,0,0,0,{"$error":"#VALUE!"},{"$error":"#VALUE!"},{"$error":"#VALUE!"},{"$error":"#VALUE!"},{"$error":"#VALUE!"},{"$error":"#VALUE!"},{"$error":"#VALUE!"},{"$error":"#VALUE!"},{"$error":"#VALUE!"},{"$error":"#VALUE!"},{"$error":"#VALUE!"},{"$error":"#VALUE!"},{"$error":"#VALUE!"},{"$error":"#VALUE!"},{"$error":"#VALUE!"},{"$error":"#VALUE!"},{"$error":"#VALUE!"},{"$error":"#VALUE!"},{"$error":"#VALUE!"},{"$error":"#VALUE!"},{"$f":"$GG$31*WaterFittings!BO210","v":{"$error":"#VALUE!"}},{"$f":"$GH$31*WaterFittings!BP210","v":{"$error":"#VALUE!"}},{"$f":"$GI$31*WaterFittings!BQ210","v":0},{"$f":"GJ$31*AirCond!BD209","v":{"$error":"#VALUE!"}},{"$f":"GK$31*AirCond!BE209","v":{"$error":"#VALUE!"}},{"$f":"GL$31*AirCond!BF209","v":{"$error":"#VALUE!"}},{"$f":"GM$31*AirCond!BG209","v":{"$error":"#VALUE!"}},{"$f":"GN$31*WaterFittings!BS210","v":0},{"$f":"GO$31*WaterFittings!BT210","v":0},{"$f":"GP$31*WaterFittings!BU210","v":0}]
[null,null,{"$f":"C235+1","v":205},0,0,{"$error":"#VALUE!"},{"$error":"#VALUE!"},{"$error":"#VALUE!"},{"$error":"#VALUE!"},{"$error":"#VALUE!"},{"$error":"#VALUE!"},{"$error":"#VALUE!"},{"$error":"#VALUE!"},{"$error":"#VALUE!"},{"$error":"#VALUE!"},null,{"$error":"#VALUE!"},{"$error":"#VALUE!"},{"$error":"#VALUE!"},{"$error":"#VALUE!"},{"$error":"#VALUE!"},null,{"$error":"#VALUE!"},{"$error":"#VALUE!"},{"$error":"#VALUE!"},{"$error":"#VALUE!"},{"$error":"#VALUE!"},null,9,{"$f":"SUM(SUMPRODUCT(AF$20:AJ$20,Q236:U236),SUMPRODUCT(AF$20:AJ$20,System2!Q236:U236),SUMPRODUCT(AF$20:AJ$20,System3!Q236:U236))","v":{"$error":"#VALUE!"}},{"$f":"SUM(SUMPRODUCT(AF$21:AJ$21,W236:AA236),SUMPRODUCT(AF$21:AJ$21,System2!W236:AA236),SUMPRODUCT(AF$21:AJ$21,System3!W236:AA236))","v":{"$error":"#VALUE!"}},{"$f":"WaterFittings!BN211","v":{"$error":"#VALUE!"}},{"$error":"#VALUE!"},{"$error":"#VALUE!"},{"$f":"MIN(AirCond!BL210,P$21)","v":0},{"$error":"#VALUE!"},{"$f":"MIN(ROUNDDOWN(AJ236-FH236,0),ROUNDDOWN(P$21*0.3,0),ROUNDDOWN(SUM(SUMPRODUCT(I$4:I$15,L$4:L$15),SUMPRODUCT(System2!I$4:I$15,System2!L$4:L$15),SUMPRODUCT(System3!I$4:I$15,System3!L$4:L$15))*0.3,0))","v":{"$error":"#VALUE!"}},0,{"$error":"#VALUE!"},{"$error":"#VALUE!"},{"$error":"#VALUE!"},0,{"$error":"#VALUE!"},{"$error":"#VALUE!"},{"$error":"#VALUE!"},0,null,null,null,0,0,0,0,null,{"$error":"#VALUE!"},{"$error":"#VALUE!"},{"$error":"#VALUE!"},{"$error":"#VALUE!"},{"$error":"#VALUE!"},{"$error":"#VALUE!"},{"$error":"#VALUE!"},{"$error":"#VALUE!"},{"$error":"#VALUE!"},0,{"$error":"#VALUE!"},{"$error":"#VALUE!"},{"$error":"#VALUE!"},{"$error":"#VALUE!"},{"$error":"#VALUE!"},{"$error":"#VALUE!"},{"$error":"#VALUE!"},{"$error":"#VALUE!"},{"$error":"#VALUE!"},{"$error":"#VALUE!"},{"$error":"#VALUE!"},{"$error":"#VALUE!"},{"$error":"#VALUE!"},{"$error":"#VALUE!"},{"$error":"#VALUE!"},{"$error":"#VALUE!"},{"$error":"#VALUE!"},{"$error":"#VALUE!"},{"$error":"#VALUE!"},{"$error":"#VALUE!"},{"$error":"#VALUE!"},{"$error":"#VALUE!"},{"$error":"#VALUE!"},{"$error":"#VALUE!"},{"$error":"#VALUE!"},{"$error":"#VALUE!"},{"$error":"#VALUE!"},{"$error":"#VALUE!"},{"$error":"#VALUE!"},{"$error":"#VALUE!"},{"$error":"#VALUE!"},{"$f":"SUM(CQ236,System2!CQ236,System3!CQ236)","v":{"$error":"#VALUE!"}},{"$error":"#VALUE!"},{"$error":"#VALUE!"},{"$error":"#VALUE!"},{"$error":"#VALUE!"},{"$error":"#VALUE!"},{"$error":"#VALUE!"},{"$error":"#VALUE!"},{"$error":"#VALUE!"},{"$error":"#VALUE!"},{"$error":"#VALUE!"},{"$error":"#VALUE!"},{"$error":"#VALUE!"},{"$error":"#VALUE!"},{"$error":"#VALUE!"},{"$error":"#VALUE!"},{"$error":"#VALUE!"},{"$error":"#VALUE!"},{"$error":"#VALUE!"},{"$error":"#VALUE!"},{"$error":"#VALUE!"},{"$error":"#VALUE!"},{"$error":"#VALUE!"},{"$error":"#VALUE!"},{"$error":"#VALUE!"},{"$error":"#VALUE!"},{"$error":"#VALUE!"},{"$f":"SUM(DR236,System2!DR236,System3!DR236)","v":{"$error":"#VALUE!"}},{"$f":"DT$40","v":{"$error":"#VALUE!"}},{"$f":"DU$40","v":{"$error":"#VALUE!"}},{"$f":"DV$40","v":0},{"$f":"DW$40","v":{"$error":"#VALUE!"}},{"$error":"#VALUE!"},{"$error":"#VALUE!"},{"$error":"#VALUE!"},0,0,0,0,0,{"$error":"#VALUE!"},{"$f":"SUM(EF236,System2!EF236,System3!EF236)","v":{"$error":"#VALUE!"}},{"$error":"#VALUE!"},{"$error":"#VALUE!"},{"$error":"#VALUE!"},{"$error":"#VALUE!"},{"$error":"#VALUE!"},{"$error":"#VALUE!"},{"$error":"#VALUE!"},{"$error":"#VALUE!"},{"$error":"#VALUE!"},{"$error":"#VALUE!"},{"$error":"#VALUE!"},{"$error":"#VALUE!"},{"$error":"#VALUE!"},{"$error":"#VALUE!"},{"$error":"#VALUE!"},{"$error":"#VALUE!"},{"$error":"#VALUE!"},{"$error":"#VALUE!"},{"$error":"#VALUE!"},{"$error":"#VALUE!"},{"$error":"#VALUE!"},{"$error":"#VALUE!"},{"$error":"#VALUE!"},{"$error":"#VALUE!"},{"$error":"#VALUE!"},{"$error":"#VALUE!"},{"$f":"SUM(FG236,System2!FG236,System3!FG236)","v":{"$error":"#VALUE!"}},0,0,0,0,{"$error":"#VALUE!"},{"$error":"#VALUE!"},{"$error":"#VALUE!"},{"$error":"#VALUE!"},{"$error":"#VALUE!"},{"$error":"#VALUE!"},{"$error":"#VALUE!"},{"$error":"#VALUE!"},{"$error":"#VALUE!"},{"$error":"#VALUE!"},{"$error":"#VALUE!"},{"$error":"#VALUE!"},{"$error":"#VALUE!"},{"$error":"#VALUE!"},{"$error":"#VALUE!"},{"$error":"#VALUE!"},{"$error":"#VALUE!"},{"$error":"#VALUE!"},{"$error":"#VALUE!"},{"$error":"#VALUE!"},{"$f":"$GG$31*WaterFittings!BO211","v":{"$error":"#VALUE!"}},{"$f":"$GH$31*WaterFittings!BP211","v":{"$error":"#VALUE!"}},{"$f":"$GI$31*WaterFittings!BQ211","v":0},{"$f":"GJ$31*AirCond!BD210","v":{"$error":"#VALUE!"}},{"$f":"GK$31*AirCond!BE210","v":{"$error":"#VALUE!"}},{"$f":"GL$31*AirCond!BF210","v":{"$error":"#VALUE!"}},{"$f":"GM$31*AirCond!BG210","v":{"$error":"#VALUE!"}},{"$f":"GN$31*WaterFittings!BS211","v":0},{"$f":"GO$31*WaterFittings!BT211","v":0},{"$f":"GP$31*WaterFittings!BU211","v":0}]
[null,null,206,1.5,0,{"$error":"#VALUE!"},{"$error":"#VALUE!"},{"$error":"#VALUE!"},{"$error":"#VALUE!"},{"$error":"#VALUE!"},{"$error":"#VALUE!"},{"$error":"#VALUE!"},{"$error":"#VALUE!"},{"$error":"#VALUE!"},{"$error":"#VALUE!"},null,{"$error":"#VALUE!"},{"$error":"#VALUE!"},{"$error":"#VALUE!"},{"$error":"#VALUE!"},{"$error":"#VALUE!"},null,{"$error":"#VALUE!"},{"$error":"#VALUE!"},{"$error":"#VALUE!"},{"$error":"#VALUE!"},{"$error":"#VALUE!"},null,10,{"$f":"SUM(SUMPRODUCT(AF$20:AJ$20,Q237:U237),SUMPRODUCT(AF$20:AJ$20,System2!Q237:U237),SUMPRODUCT(AF$20:AJ$20,System3!Q237:U237))","v":{"$error":"#VALUE!"}},{"$f":"SUM(SUMPRODUCT(AF$21:AJ$21,W237:AA237),SUMPRODUCT(AF$21:AJ$21,System2!W237:AA237),SUMPRODUCT(AF$21:AJ$21,System3!W237:AA237))","v":{"$error":"#VALUE!"}},{"$f":"WaterFittings!BN212","v":{"$error":"#VALUE!"}},{"$error":"#VALUE!"},{"$error":"#VALUE!"},{"$f":"MIN(AirCond!BL211,P$21)","v":0},{"$error":"#VALUE!"},{"$f":"MIN(ROUNDDOWN(AJ237-FH237,0),ROUNDDOWN(P$21*0.3,0),ROUNDDOWN(SUM(SUMPRODUCT(I$4:I$15,L$4:L$15),SUMPRODUCT(System2!I$4:I$15,System2!L$4:L$15),SUMPRODUCT(System3!I$4:I$15,System3!L$4:L$15))*0.3,0))","v":{"$error":"#VALUE!"}},0,{"$error":"#VALUE!"},{"$error":"#VALUE!"},{"$error":"#VALUE!"},0,{"$error":"#VALUE!"},{"$error":"#VALUE!"},{"$error":"#VALUE!"},0,null,null,null,0,0,0,0,null,{"$error":"#VALUE!"},{"$error":"#VALUE!"},{"$error":"#VALUE!"},{"$error":"#VALUE!"},{"$error":"#VALUE!"},{"$error":"#VALUE!"},{"$error":"#VALUE!"},{"$error":"#VALUE!"},{"$error":"#VALUE!"},0,{"$error":"#VALUE!"},{"$error":"#VALUE!"},{"$error":"#VALUE!"},{"$error":"#VALUE!"},{"$error":"#VALUE!"},{"$error":"#VALUE!"},{"$error":"#VALUE!"},{"$error":"#VALUE!"},{"$error":"#VALUE!"},{"$error":"#VALUE!"},{"$error":"#VALUE!"},{"$error":"#VALUE!"},{"$error":"#VALUE!"},{"$error":"#VALUE!"},{"$error":"#VALUE!"},{"$error":"#VALUE!"},{"$error":"#VALUE!"},{"$error":"#VALUE!"},{"$error":"#VALUE!"},{"$error":"#VALUE!"},{"$error":"#VALUE!"},{"$error":"#VALUE!"},{"$error":"#VALUE!"},{"$error":"#VALUE!"},{"$error":"#VALUE!"},{"$error":"#VALUE!"},{"$error":"#VALUE!"},{"$error":"#VALUE!"},{"$error":"#VALUE!"},{"$error":"#VALUE!"},{"$error":"#VALUE!"},{"$f":"SUM(CQ237,System2!CQ237,System3!CQ237)","v":{"$error":"#VALUE!"}},{"$error":"#VALUE!"},{"$error":"#VALUE!"},{"$error":"#VALUE!"},{"$error":"#VALUE!"},{"$error":"#VALUE!"},{"$error":"#VALUE!"},{"$error":"#VALUE!"},{"$error":"#VALUE!"},{"$error":"#VALUE!"},{"$error":"#VALUE!"},{"$error":"#VALUE!"},{"$error":"#VALUE!"},{"$error":"#VALUE!"},{"$error":"#VALUE!"},{"$error":"#VALUE!"},{"$error":"#VALUE!"},{"$error":"#VALUE!"},{"$error":"#VALUE!"},{"$error":"#VALUE!"},{"$error":"#VALUE!"},{"$error":"#VALUE!"},{"$error":"#VALUE!"},{"$error":"#VALUE!"},{"$error":"#VALUE!"},{"$error":"#VALUE!"},{"$error":"#VALUE!"},{"$f":"SUM(DR237,System2!DR237,System3!DR237)","v":{"$error":"#VALUE!"}},{"$f":"DT$41","v":{"$error":"#VALUE!"}},{"$f":"DU$41","v":{"$error":"#VALUE!"}},{"$f":"DV$41","v":0},{"$f":"DW$41","v":{"$error":"#VALUE!"}},{"$error":"#VALUE!"},{"$error":"#VALUE!"},{"$error":"#VALUE!"},0,0,0,0,0,{"$error":"#VALUE!"},{"$f":"SUM(EF237,System2!EF237,System3!EF237)","v":{"$error":"#VALUE!"}},{"$error":"#VALUE!"},{"$error":"#VALUE!"},{"$error":"#VALUE!"},{"$error":"#VALUE!"},{"$error":"#VALUE!"},{"$error":"#VALUE!"},{"$error":"#VALUE!"},{"$error":"#VALUE!"},{"$error":"#VALUE!"},{"$error":"#VALUE!"},{"$error":"#VALUE!"},{"$error":"#VALUE!"},{"$error":"#VALUE!"},{"$error":"#VALUE!"},{"$error":"#VALUE!"},{"$error":"#VALUE!"},{"$error":"#VALUE!"},{"$error":"#VALUE!"},{"$error":"#VALUE!"},{"$error":"#VALUE!"},{"$error":"#VALUE!"},{"$error":"#VALUE!"},{"$error":"#VALUE!"},{"$error":"#VALUE!"},{"$error":"#VALUE!"},{"$error":"#VALUE!"},{"$f":"SUM(FG237,System2!FG237,System3!FG237)","v":{"$error":"#VALUE!"}},0,0,0,0,{"$error":"#VALUE!"},{"$error":"#VALUE!"},{"$error":"#VALUE!"},{"$error":"#VALUE!"},{"$error":"#VALUE!"},{"$error":"#VALUE!"},{"$error":"#VALUE!"},{"$error":"#VALUE!"},{"$error":"#VALUE!"},{"$error":"#VALUE!"},{"$error":"#VALUE!"},{"$error":"#VALUE!"},{"$error":"#VALUE!"},{"$error":"#VALUE!"},{"$error":"#VALUE!"},{"$error":"#VALUE!"},{"$error":"#VALUE!"},{"$error":"#VALUE!"},{"$error":"#VALUE!"},{"$error":"#VALUE!"},{"$f":"$GG$31*WaterFittings!BO212","v":{"$error":"#VALUE!"}},{"$f":"$GH$31*WaterFittings!BP212","v":{"$error":"#VALUE!"}},{"$f":"$GI$31*WaterFittings!BQ212","v":0},{"$f":"GJ$31*AirCond!BD211","v":{"$error":"#VALUE!"}},{"$f":"GK$31*AirCond!BE211","v":{"$error":"#VALUE!"}},{"$f":"GL$31*AirCond!BF211","v":{"$error":"#VALUE!"}},{"$f":"GM$31*AirCond!BG211","v":{"$error":"#VALUE!"}},{"$f":"GN$31*WaterFittings!BS212","v":0},{"$f":"GO$31*WaterFittings!BT212","v":0},{"$f":"GP$31*WaterFittings!BU212","v":0}]
[null,null,207,0,0,{"$error":"#VALUE!"},{"$error":"#VALUE!"},{"$error":"#VALUE!"},{"$error":"#VALUE!"},{"$error":"#VALUE!"},{"$error":"#VALUE!"},{"$error":"#VALUE!"},{"$error":"#VALUE!"},{"$error":"#VALUE!"},{"$error":"#VALUE!"},null,{"$error":"#VALUE!"},{"$error":"#VALUE!"},{"$error":"#VALUE!"},{"$error":"#VALUE!"},{"$error":"#VALUE!"},null,{"$error":"#VALUE!"},{"$error":"#VALUE!"},{"$error":"#VALUE!"},{"$error":"#VALUE!"},{"$error":"#VALUE!"},null,11,{"$f":"SUM(SUMPRODUCT(AF$20:AJ$20,Q238:U238),SUMPRODUCT(AF$20:AJ$20,System2!Q238:U238),SUMPRODUCT(AF$20:AJ$20,System3!Q238:U238))","v":{"$error":"#VALUE!"}},{"$f":"SUM(SUMPRODUCT(AF$21:AJ$21,W238:AA238),SUMPRODUCT(AF$21:AJ$21,System2!W238:AA238),SUMPRODUCT(AF$21:AJ$21,System3!W238:AA238))","v":{"$error":"#VALUE!"}},{"$f":"WaterFittings!BN213","v":{"$error":"#VALUE!"}},{"$error":"#VALUE!"},{"$error":"#VALUE!"},{"$f":"MIN(AirCond!BL212,P$21)","v":0},{"$error":"#VALUE!"},{"$f":"MIN(ROUNDDOWN(AJ238-FH238,0),ROUNDDOWN(P$21*0.3,0),ROUNDDOWN(SUM(SUMPRODUCT(I$4:I$15,L$4:L$15),SUMPRODUCT(System2!I$4:I$15,System2!L$4:L$15),SUMPRODUCT(System3!I$4:I$15,System3!L$4:L$15))*0.3,0))","v":{"$error":"#VALUE!"}},0,{"$error":"#VALUE!"},{"$error":"#VALUE!"},{"$error":"#VALUE!"},0,{"$error":"#VALUE!"},{"$error":"#VALUE!"},{"$error":"#VALUE!"},0,null,null,null,0,0,0,0,null,{"$error":"#VALUE!"},{"$error":"#VALUE!"},{"$error":"#VALUE!"},{"$error":"#VALUE!"},{"$error":"#VALUE!"},{"$error":"#VALUE!"},{"$error":"#VALUE!"},{"$error":"#VALUE!"},{"$error":"#VALUE!"},0,{"$error":"#VALUE!"},{"$error":"#VALUE!"},{"$error":"#VALUE!"},{"$error":"#VALUE!"},{"$error":"#VALUE!"},{"$error":"#VALUE!"},{"$error":"#VALUE!"},{"$error":"#VALUE!"},{"$error":"#VALUE!"},{"$error":"#VALUE!"},{"$error":"#VALUE!"},{"$error":"#VALUE!"},{"$error":"#VALUE!"},{"$error":"#VALUE!"},{"$error":"#VALUE!"},{"$error":"#VALUE!"},{"$error":"#VALUE!"},{"$error":"#VALUE!"},{"$error":"#VALUE!"},{"$error":"#VALUE!"},{"$error":"#VALUE!"},{"$error":"#VALUE!"},{"$error":"#VALUE!"},{"$error":"#VALUE!"},{"$error":"#VALUE!"},{"$error":"#VALUE!"},{"$error":"#VALUE!"},{"$error":"#VALUE!"},{"$error":"#VALUE!"},{"$error":"#VALUE!"},{"$error":"#VALUE!"},{"$f":"SUM(CQ238,System2!CQ238,System3!CQ238)","v":{"$error":"#VALUE!"}},{"$error":"#VALUE!"},{"$error":"#VALUE!"},{"$error":"#VALUE!"},{"$error":"#VALUE!"},{"$error":"#VALUE!"},{"$error":"#VALUE!"},{"$f":"IF($CS238,CJ238/$CR238,0)","v":{"$error":"#VALUE!"}},{"$f":"IF($CS238,CK238/$CR238,0)","v":{"$error":"#VALUE!"}},{"$error":"#VALUE!"},{"$error":"#VALUE!"},{"$error":"#VALUE!"},{"$error":"#VALUE!"},{"$error":"#VALUE!"},{"$error":"#VALUE!"},{"$error":"#VALUE!"},{"$error":"#VALUE!"},{"$error":"#VALUE!"},{"$error":"#VALUE!"},{"$f":"$CS238*CY238","v":{"$error":"#VALUE!"}},{"$f":"$CS238*CZ238","v":{"$error":"#VALUE!"}},{"$error":"#VALUE!"},{"$error":"#VALUE!"},{"$error":"#VALUE!"},{"$error":"#VALUE!"},{"$error":"#VALUE!"},{"$error":"#VALUE!"},{"$f":"SUM(DR238,System2!DR238,System3!DR238)","v":{"$error":"#VALUE!"}},{"$f":"DT$42","v":{"$error":"#VALUE!"}},{"$f":"DU$42","v":{"$error":"#VALUE!"}},{"$f":"DV$42","v":0},{"$f":"DW$42","v":{"$error":"#VALUE!"}},{"$error":"#VALUE!"},{"$error":"#VALUE!"},{"$error":"#VALUE!"},0,0,0,0,0,{"$error":"#VALUE!"},{"$f":"SUM(EF238,System2!EF238,System3!EF238)","v":{"$error":"#VALUE!"}},{"$error":"#VALUE!"},{"$error":"#VALUE!"},{"$error":"#VALUE!"},{"$error":"#VALUE!"},{"$error":"#VALUE!"},{"$error":"#VALUE!"},{"$error":"#VALUE!"},{"$error":"#VALUE!"},{"$error":"#VALUE!"},{"$error":"#VALUE!"},{"$error":"#VALUE!"},{"$error":"#VALUE!"},{"$error":"#VALUE!"},{"$error":"#VALUE!"},{"$error":"#VALUE!"},{"$error":"#VALUE!"},{"$error":"#VALUE!"},{"$error":"#VALUE!"},{"$error":"#VALUE!"},{"$error":"#VALUE!"},{"$error":"#VALUE!"},{"$error":"#VALUE!"},{"$error":"#VALUE!"},{"$error":"#VALUE!"},{"$error":"#VALUE!"},{"$error":"#VALUE!"},{"$f":"SUM(FG238,System2!FG238,System3!FG238)","v":{"$error":"#VALUE!"}},0,0,0,0,{"$error":"#VALUE!"},{"$error":"#VALUE!"},{"$error":"#VALUE!"},{"$error":"#VALUE!"},{"$error":"#VALUE!"},{"$error":"#VALUE!"},{"$error":"#VALUE!"},{"$error":"#VALUE!"},{"$error":"#VALUE!"},{"$error":"#VALUE!"},{"$error":"#VALUE!"},{"$error":"#VALUE!"},{"$error":"#VALUE!"},{"$error":"#VALUE!"},{"$error":"#VALUE!"},{"$error":"#VALUE!"},{"$error":"#VALUE!"},{"$error":"#VALUE!"},{"$error":"#VALUE!"},{"$error":"#VALUE!"},{"$f":"$GG$31*WaterFittings!BO213","v":{"$error":"#VALUE!"}},{"$f":"$GH$31*WaterFittings!BP213","v":{"$error":"#VALUE!"}},{"$f":"$GI$31*WaterFittings!BQ213","v":0},{"$f":"GJ$31*AirCond!BD212","v":{"$error":"#VALUE!"}},{"$f":"GK$31*AirCond!BE212","v":{"$error":"#VALUE!"}},{"$f":"GL$31*AirCond!BF212","v":{"$error":"#VALUE!"}},{"$f":"GM$31*AirCond!BG212","v":{"$error":"#VALUE!"}},{"$f":"GN$31*WaterFittings!BS213","v":0},{"$f":"GO$31*WaterFittings!BT213","v":0},{"$f":"GP$31*WaterFittings!BU213","v":0}]
[null,null,208,23,0,{"$error":"#VALUE!"},{"$error":"#VALUE!"},{"$error":"#VALUE!"},{"$error":"#VALUE!"},{"$error":"#VALUE!"},{"$error":"#VALUE!"},{"$error":"#VALUE!"},{"$error":"#VALUE!"},{"$error":"#VALUE!"},{"$error":"#VALUE!"},null,{"$error":"#VALUE!"},{"$error":"#VALUE!"},{"$error":"#VALUE!"},{"$error":"#VALUE!"},{"$error":"#VALUE!"},null,{"$error":"#VALUE!"},{"$error":"#VALUE!"},{"$error":"#VALUE!"},{"$error":"#VALUE!"},{"$error":"#VALUE!"},null,12,{"$f":"SUM(SUMPRODUCT(AF$20:AJ$20,Q239:U239),SUMPRODUCT(AF$20:AJ$20,System2!Q239:U239),SUMPRODUCT(AF$20:AJ$20,System3!Q239:U239))","v":{"$error":"#VALUE!"}},{"$f":"SUM(SUMPRODUCT(AF$21:AJ$21,W239:AA239),SUMPRODUCT(AF$21:AJ$21,System2!W239:AA239),SUMPRODUCT(AF$21:AJ$21,System3!W239:AA239))","v":{"$error":"#VALUE!"}},{"$f":"WaterFittings!BN214","v":{"$error":"#VALUE!"}},{"$error":"#VALUE!"},{"$error":"#VALUE!"},{"$f":"MIN(AirCond!BL213,P$21)","v":0},{"$error":"#VALUE!"},{"$f":"MIN(ROUNDDOWN(AJ239-FH239,0),ROUNDDOWN(P$21*0.3,0),ROUNDDOWN(SUM(SUMPRODUCT(I$4:I$15,L$4:L$15),SUMPRODUCT(System2!I$4:I$15,System2!L$4:L$15),SUMPRODUCT(System3!I$4:I$15,System3!L$4:L$15))*0.3,0))","v":{"$error":"#VALUE!"}},0,{"$error":"#VALUE!"},{"$error":"#VALUE!"},{"$error":"#VALUE!"},0,{"$error":"#VALUE!"},{"$error":"#VALUE!"},{"$error":"#VALUE!"},0,null,null,null,0,0,0,0,null,{"$error":"#VALUE!"},{"$error":"#VALUE!"},{"$error":"#VALUE!"},{"$error":"#VALUE!"},{"$error":"#VALUE!"},{"$error":"#VALUE!"},{"$error":"#VALUE!"},{"$error":"#VALUE!"},{"$error":"#VALUE!"},0,{"$error":"#VALUE!"},{"$error":"#VALUE!"},{"$error":"#VALUE!"},{"$error":"#VALUE!"},{"$error":"#VALUE!"},{"$error":"#VALUE!"},{"$error":"#VALUE!"},{"$error":"#VALUE!"},{"$error":"#VALUE!"},{"$error":"#VALUE!"},{"$error":"#VALUE!"},{"$error":"#VALUE!"},{"$error":"#VALUE!"},{"$error":"#VALUE!"},{"$error":"#VALUE!"},{"$error":"#VALUE!"},{"$error":"#VALUE!"},{"$error":"#VALUE!"},{"$error":"#VALUE!"},{"$error":"#VALUE!"},{"$error":"#VALUE!"},{"$error":"#VALUE!"},{"$error":"#VALUE!"},{"$error":"#VALUE!"},{"$error":"#VALUE!"},{"$error":"#VALUE!"},{"$error":"#VALUE!"},{"$error":"#VALUE!"},{"$error":"#VALUE!"},{"$error":"#VALUE!"},{"$error":"#VALUE!"},{"$f":"SUM(CQ239,System2!CQ239,System3!CQ239)","v":{"$error":"#VALUE!"}},{"$error":"#VALUE!"},{"$error":"#VALUE!"},{"$error":"#VALUE!"},{"$error":"#VALUE!"},{"$error":"#VALUE!"},{"$error":"#VALUE!"},{"$error":"#VALUE!"},{"$error":"#VALUE!"},{"$error":"#VALUE!"},{"$error":"#VALUE!"},{"$error":"#VALUE!"},{"$error":"#VALUE!"},{"$error":"#VALUE!"},{"$error":"#VALUE!"},{"$error":"#VALUE!"},{"$error":"#VALUE!"},{"$error":"#VALUE!"},{"$error":"#VALUE!"},{"$error":"#VALUE!"},{"$error":"#VALUE!"},{"$error":"#VALUE!"},{"$error":"#VALUE!"},{"$error":"#VALUE!"},{"$error":"#VALUE!"},{"$error":"#VALUE!"},{"$error":"#VALUE!"},{"$f":"SUM(DR239,System2!DR239,System3!DR239)","v":{"$error":"#VALUE!"}},{"$f":"DT$43","v":{"$error":"#VALUE!"}},{"$f":"DU$43","v":{"$error":"#VALUE!"}},{"$f":"DV$43","v":0},{"$f":"DW$43","v":{"$error":"#VALUE!"}},{"$error":"#VALUE!"},{"$error":"#VALUE!"},{"$error":"#VALUE!"},0,0,0,0,0,{"$error":"#VALUE!"},{"$f":"SUM(EF239,System2!EF239,System3!EF239)","v":{"$error":"#VALUE!"}},{"$error":"#VALUE!"},{"$error":"#VALUE!"},{"$error":"#VALUE!"},{"$error":"#VALUE!"},{"$error":"#VALUE!"},{"$error":"#VALUE!"},{"$error":"#VALUE!"},{"$error":"#VALUE!"},{"$error":"#VALUE!"},{"$error":"#VALUE!"},{"$error":"#VALUE!"},{"$error":"#VALUE!"},{"$error":"#VALUE!"},{"$error":"#VALUE!"},{"$error":"#VALUE!"},{"$error":"#VALUE!"},{"$error":"#VALUE!"},{"$error":"#VALUE!"},{"$error":"#VALUE!"},{"$error":"#VALUE!"},{"$error":"#VALUE!"},{"$error":"#VALUE!"},{"$error":"#VALUE!"},{"$error":"#VALUE!"},{"$error":"#VALUE!"},{"$error":"#VALUE!"},{"$f":"SUM(FG239,System2!FG239,System3!FG239)","v":{"$error":"#VALUE!"}},0,0,0,0,{"$error":"#VALUE!"},{"$error":"#VALUE!"},{"$error":"#VALUE!"},{"$error":"#VALUE!"},{"$error":"#VALUE!"},{"$error":"#VALUE!"},{"$error":"#VALUE!"},{"$error":"#VALUE!"},{"$error":"#VALUE!"},{"$error":"#VALUE!"},{"$error":"#VALUE!"},{"$error":"#VALUE!"},{"$error":"#VALUE!"},{"$error":"#VALUE!"},{"$error":"#VALUE!"},{"$error":"#VALUE!"},{"$error":"#VALUE!"},{"$error":"#VALUE!"},{"$error":"#VALUE!"},{"$error":"#VALUE!"},{"$f":"$GG$31*WaterFittings!BO214","v":{"$error":"#VALUE!"}},{"$f":"$GH$31*WaterFittings!BP214","v":{"$error":"#VALUE!"}},{"$f":"$GI$31*WaterFittings!BQ214","v":0},{"$f":"GJ$31*AirCond!BD213","v":{"$error":"#VALUE!"}},{"$f":"GK$31*AirCond!BE213","v":{"$error":"#VALUE!"}},{"$f":"GL$31*AirCond!BF213","v":{"$error":"#VALUE!"}},{"$f":"GM$31*AirCond!BG213","v":{"$error":"#VALUE!"}},{"$f":"GN$31*WaterFittings!BS214","v":0},{"$f":"GO$31*WaterFittings!BT214","v":0},{"$f":"GP$31*WaterFittings!BU214","v":0}]
[null,null,209,21.5,0,{"$error":"#VALUE!"},{"$error":"#VALUE!"},{"$error":"#VALUE!"},{"$error":"#VALUE!"},{"$error":"#VALUE!"},{"$error":"#VALUE!"},{"$error":"#VALUE!"},{"$error":"#VALUE!"},{"$error":"#VALUE!"},{"$error":"#VALUE!"},null,{"$error":"#VALUE!"},{"$error":"#VALUE!"},{"$error":"#VALUE!"},{"$error":"#VALUE!"},{"$error":"#VALUE!"},null,{"$error":"#VALUE!"},{"$error":"#VALUE!"},{"$error":"#VALUE!"},{"$error":"#VALUE!"},{"$error":"#VALUE!"},null,13,{"$f":"SUM(SUMPRODUCT(AF$20:AJ$20,Q240:U240),SUMPRODUCT(AF$20:AJ$20,System2!Q240:U240),SUMPRODUCT(AF$20:AJ$20,System3!Q240:U240))","v":{"$error":"#VALUE!"}},{"$f":"SUM(SUMPRODUCT(AF$21:AJ$21,W240:AA240),SUMPRODUCT(AF$21:AJ$21,System2!W240:AA240),SUMPRODUCT(AF$21:AJ$21,System3!W240:AA240))","v":{"$error":"#VALUE!"}},{"$f":"WaterFittings!BN215","v":{"$error":"#VALUE!"}},{"$error":"#VALUE!"},{"$error":"#VALUE!"},{"$f":"MIN(AirCond!BL214,P$21)","v":0},{"$error":"#VALUE!"},{"$f":"MIN(ROUNDDOWN(AJ240-FH240,0),ROUNDDOWN(P$21*0.3,0),ROUNDDOWN(SUM(SUMPRODUCT(I$4:I$15,L$4:L$15),SUMPRODUCT(System2!I$4:I$15,System2!L$4:L$15),SUMPRODUCT(System3!I$4:I$15,System3!L$4:L$15))*0.3,0))","v":{"$error":"#VALUE!"}},0,{"$error":"#VALUE!"},{"$error":"#VALUE!"},{"$error":"#VALUE!"},0,{"$error":"#VALUE!"},{"$error":"#VALUE!"},{"$error":"#VALUE!"},0,null,null,null,0,0,0,0,null,{"$error":"#VALUE!"},{"$error":"#VALUE!"},{"$error":"#VALUE!"},{"$error":"#VALUE!"},{"$error":"#VALUE!"},{"$error":"#VALUE!"},{"$error":"#VALUE!"},{"$error":"#VALUE!"},{"$error":"#VALUE!"},0,{"$error":"#VALUE!"},{"$error":"#VALUE!"},{"$error":"#VALUE!"},{"$error":"#VALUE!"},{"$error":"#VALUE!"},{"$error":"#VALUE!"},{"$error":"#VALUE!"},{"$error":"#VALUE!"},{"$error":"#VALUE!"},{"$error":"#VALUE!"},{"$error":"#VALUE!"},{"$error":"#VALUE!"},{"$error":"#VALUE!"},{"$error":"#VALUE!"},{"$error":"#VALUE!"},{"$error":"#VALUE!"},{"$error":"#VALUE!"},{"$error":"#VALUE!"},{"$error":"#VALUE!"},{"$error":"#VALUE!"},{"$error":"#VALUE!"},{"$error":"#VALUE!"},{"$error":"#VALUE!"},{"$error":"#VALUE!"},{"$error":"#VALUE!"},{"$error":"#VALUE!"},{"$error":"#VALUE!"},{"$error":"#VALUE!"},{"$error":"#VALUE!"},{"$error":"#VALUE!"},{"$error":"#VALUE!"},{"$f":"SUM(CQ240,System2!CQ240,System3!CQ240)","v":{"$error":"#VALUE!"}},{"$error":"#VALUE!"},{"$error":"#VALUE!"},{"$error":"#VALUE!"},{"$error":"#VALUE!"},{"$error":"#VALUE!"},{"$error":"#VALUE!"},{"$error":"#VALUE!"},{"$error":"#VALUE!"},{"$error":"#VALUE!"},{"$error":"#VALUE!"},{"$error":"#VALUE!"},{"$error":"#VALUE!"},{"$error":"#VALUE!"},{"$error":"#VALUE!"},{"$error":"#VALUE!"},{"$error":"#VALUE!"},{"$error":"#VALUE!"},{"$error":"#VALUE!"},{"$error":"#VALUE!"},{"$error":"#VALUE!"},{"$error":"#VALUE!"},{"$error":"#VALUE!"},{"$error":"#VALUE!"},{"$error":"#VALUE!"},{"$error":"#VALUE!"},{"$error":"#VALUE!"},{"$f":"SUM(DR240,System2!DR240,System3!DR240)","v":{"$error":"#VALUE!"}},{"$f":"DT$44","v":{"$error":"#VALUE!"}},{"$f":"DU$44","v":{"$error":"#VALUE!"}},{"$f":"DV$44","v":0},{"$f":"DW$44","v":{"$error":"#VALUE!"}},{"$error":"#VALUE!"},{"$error":"#VALUE!"},{"$error":"#VALUE!"},0,0,0,0,0,{"$error":"#VALUE!"},{"$f":"SUM(EF240,System2!EF240,System3!EF240)","v":{"$error":"#VALUE!"}},{"$error":"#VALUE!"},{"$error":"#VALUE!"},{"$error":"#VALUE!"},{"$error":"#VALUE!"},{"$error":"#VALUE!"},{"$error":"#VALUE!"},{"$error":"#VALUE!"},{"$error":"#VALUE!"},{"$error":"#VALUE!"},{"$error":"#VALUE!"},{"$error":"#VALUE!"},{"$error":"#VALUE!"},{"$error":"#VALUE!"},{"$error":"#VALUE!"},{"$error":"#VALUE!"},{"$error":"#VALUE!"},{"$error":"#VALUE!"},{"$error":"#VALUE!"},{"$error":"#VALUE!"},{"$error":"#VALUE!"},{"$error":"#VALUE!"},{"$error":"#VALUE!"},{"$error":"#VALUE!"},{"$error":"#VALUE!"},{"$error":"#VALUE!"},{"$error":"#VALUE!"},{"$f":"SUM(FG240,System2!FG240,System3!FG240)","v":{"$error":"#VALUE!"}},0,0,0,0,{"$error":"#VALUE!"},{"$error":"#VALUE!"},{"$error":"#VALUE!"},{"$error":"#VALUE!"},{"$error":"#VALUE!"},{"$error":"#VALUE!"},{"$error":"#VALUE!"},{"$error":"#VALUE!"},{"$error":"#VALUE!"},{"$error":"#VALUE!"},{"$error":"#VALUE!"},{"$error":"#VALUE!"},{"$error":"#VALUE!"},{"$error":"#VALUE!"},{"$error":"#VALUE!"},{"$error":"#VALUE!"},{"$error":"#VALUE!"},{"$error":"#VALUE!"},{"$error":"#VALUE!"},{"$error":"#VALUE!"},{"$f":"$GG$31*WaterFittings!BO215","v":{"$error":"#VALUE!"}},{"$f":"$GH$31*WaterFittings!BP215","v":{"$error":"#VALUE!"}},{"$f":"$GI$31*WaterFittings!BQ215","v":0},{"$f":"GJ$31*AirCond!BD214","v":{"$error":"#VALUE!"}},{"$f":"GK$31*AirCond!BE214","v":{"$error":"#VALUE!"}},{"$f":"GL$31*AirCond!BF214","v":{"$error":"#VALUE!"}},{"$f":"GM$31*AirCond!BG214","v":{"$error":"#VALUE!"}},{"$f":"GN$31*WaterFittings!BS215","v":0},{"$f":"GO$31*WaterFittings!BT215","v":0},{"$f":"GP$31*WaterFittings!BU215","v":0}]
[null,null,210,1.5,0,{"$error":"#VALUE!"},{"$error":"#VALUE!"},{"$error":"#VALUE!"},{"$error":"#VALUE!"},{"$error":"#VALUE!"},{"$error":"#VALUE!"},{"$error":"#VALUE!"},{"$error":"#VALUE!"},{"$error":"#VALUE!"},{"$error":"#VALUE!"},null,{"$error":"#VALUE!"},{"$error":"#VALUE!"},{"$error":"#VALUE!"},{"$error":"#VALUE!"},{"$error":"#VALUE!"},null,{"$error":"#VALUE!"},{"$error":"#VALUE!"},{"$error":"#VALUE!"},{"$error":"#VALUE!"},{"$error":"#VALUE!"},null,14,{"$f":"SUM(SUMPRODUCT(AF$20:AJ$20,Q241:U241),SUMPRODUCT(AF$20:AJ$20,System2!Q241:U241),SUMPRODUCT(AF$20:AJ$20,System3!Q241:U241))","v":{"$error":"#VALUE!"}},{"$f":"SUM(SUMPRODUCT(AF$21:AJ$21,W241:AA241),SUMPRODUCT(AF$21:AJ$21,System2!W241:AA241),SUMPRODUCT(AF$21:AJ$21,System3!W241:AA241))","v":{"$error":"#VALUE!"}},{"$f":"WaterFittings!BN216","v":{"$error":"#VALUE!"}},{"$error":"#VALUE!"},{"$error":"#VALUE!"},{"$f":"MIN(AirCond!BL215,P$21)","v":0},{"$error":"#VALUE!"},{"$f":"MIN(ROUNDDOWN(AJ241-FH241,0),ROUNDDOWN(P$21*0.3,0),ROUNDDOWN(SUM(SUMPRODUCT(I$4:I$15,L$4:L$15),SUMPRODUCT(System2!I$4:I$15,System2!L$4:L$15),SUMPRODUCT(System3!I$4:I$15,System3!L$4:L$15))*0.3,0))","v":{"$error":"#VALUE!"}},0,{"$error":"#VALUE!"},{"$error":"#VALUE!"},{"$error":"#VALUE!"},0,{"$error":"#VALUE!"},{"$error":"#VALUE!"},{"$error":"#VALUE!"},0,null,null,null,0,0,0,0,null,{"$error":"#VALUE!"},{"$error":"#VALUE!"},{"$error":"#VALUE!"},{"$error":"#VALUE!"},{"$error":"#VALUE!"},{"$error":"#VALUE!"},{"$error":"#VALUE!"},{"$error":"#VALUE!"},{"$error":"#VALUE!"},0,{"$error":"#VALUE!"},{"$error":"#VALUE!"},{"$error":"#VALUE!"},{"$error":"#VALUE!"},{"$error":"#VALUE!"},{"$error":"#VALUE!"},{"$error":"#VALUE!"},{"$error":"#VALUE!"},{"$error":"#VALUE!"},{"$error":"#VALUE!"},{"$error":"#VALUE!"},{"$error":"#VALUE!"},{"$error":"#VALUE!"},{"$error":"#VALUE!"},{"$error":"#VALUE!"},{"$error":"#VALUE!"},{"$error":"#VALUE!"},{"$error":"#VALUE!"},{"$error":"#VALUE!"},{"$error":"#VALUE!"},{"$error":"#VALUE!"},{"$error":"#VALUE!"},{"$error":"#VALUE!"},{"$error":"#VALUE!"},{"$error":"#VALUE!"},{"$error":"#VALUE!"},{"$error":"#VALUE!"},{"$error":"#VALUE!"},{"$error":"#VALUE!"},{"$error":"#VALUE!"},{"$error":"#VALUE!"},{"$f":"SUM(CQ241,System2!CQ241,System3!CQ241)","v":{"$error":"#VALUE!"}},{"$error":"#VALUE!"},{"$error":"#VALUE!"},{"$error":"#VALUE!"},{"$error":"#VALUE!"},{"$error":"#VALUE!"},{"$error":"#VALUE!"},{"$error":"#VALUE!"},{"$error":"#VALUE!"},{"$error":"#VALUE!"},{"$error":"#VALUE!"},{"$error":"#VALUE!"},{"$error":"#VALUE!"},{"$error":"#VALUE!"},{"$error":"#VALUE!"},{"$error":"#VALUE!"},{"$error":"#VALUE!"},{"$error":"#VALUE!"},{"$error":"#VALUE!"},{"$error":"#VALUE!"},{"$error":"#VALUE!"},{"$error":"#VALUE!"},{"$error":"#VALUE!"},{"$error":"#VALUE!"},{"$error":"#VALUE!"},{"$error":"#VALUE!"},{"$error":"#VALUE!"},{"$f":"SUM(DR241,System2!DR241,System3!DR241)","v":{"$error":"#VALUE!"}},{"$f":"DT$45","v":{"$error":"#VALUE!"}},{"$f":"DU$45","v":{"$error":"#VALUE!"}},{"$f":"DV$45","v":0},{"$f":"DW$45","v":{"$error":"#VALUE!"}},{"$error":"#VALUE!"},{"$error":"#VALUE!"},{"$error":"#VALUE!"},0,0,0,0,0,{"$error":"#VALUE!"},{"$f":"SUM(EF241,System2!EF241,System3!EF241)","v":{"$error":"#VALUE!"}},{"$error":"#VALUE!"},{"$error":"#VALUE!"},{"$error":"#VALUE!"},{"$error":"#VALUE!"},{"$error":"#VALUE!"},{"$error":"#VALUE!"},{"$error":"#VALUE!"},{"$error":"#VALUE!"},{"$error":"#VALUE!"},{"$error":"#VALUE!"},{"$error":"#VALUE!"},{"$error":"#VALUE!"},{"$error":"#VALUE!"},{"$error":"#VALUE!"},{"$error":"#VALUE!"},{"$error":"#VALUE!"},{"$error":"#VALUE!"},{"$error":"#VALUE!"},{"$error":"#VALUE!"},{"$error":"#VALUE!"},{"$error":"#VALUE!"},{"$error":"#VALUE!"},{"$error":"#VALUE!"},{"$error":"#VALUE!"},{"$error":"#VALUE!"},{"$error":"#VALUE!"},{"$f":"SUM(FG241,System2!FG241,System3!FG241)","v":{"$error":"#VALUE!"}},0,0,0,0,{"$error":"#VALUE!"},{"$error":"#VALUE!"},{"$error":"#VALUE!"},{"$error":"#VALUE!"},{"$error":"#VALUE!"},{"$error":"#VALUE!"},{"$error":"#VALUE!"},{"$error":"#VALUE!"},{"$error":"#VALUE!"},{"$error":"#VALUE!"},{"$error":"#VALUE!"},{"$error":"#VALUE!"},{"$error":"#VALUE!"},{"$error":"#VALUE!"},{"$error":"#VALUE!"},{"$error":"#VALUE!"},{"$error":"#VALUE!"},{"$error":"#VALUE!"},{"$error":"#VALUE!"},{"$error":"#VALUE!"},{"$f":"$GG$31*WaterFittings!BO216","v":{"$error":"#VALUE!"}},{"$f":"$GH$31*WaterFittings!BP216","v":{"$error":"#VALUE!"}},{"$f":"$GI$31*WaterFittings!BQ216","v":0},{"$f":"GJ$31*AirCond!BD215","v":{"$error":"#VALUE!"}},{"$f":"GK$31*AirCond!BE215","v":{"$error":"#VALUE!"}},{"$f":"GL$31*AirCond!BF215","v":{"$error":"#VALUE!"}},{"$f":"GM$31*AirCond!BG215","v":{"$error":"#VALUE!"}},{"$f":"GN$31*WaterFittings!BS216","v":0},{"$f":"GO$31*WaterFittings!BT216","v":0},{"$f":"GP$31*WaterFittings!BU216","v":0}]
[null,null,211,7,0,{"$error":"#VALUE!"},{"$error":"#VALUE!"},{"$error":"#VALUE!"},{"$error":"#VALUE!"},{"$error":"#VALUE!"},{"$error":"#VALUE!"},{"$error":"#VALUE!"},{"$error":"#VALUE!"},{"$error":"#VALUE!"},{"$error":"#VALUE!"},null,{"$error":"#VALUE!"},{"$error":"#VALUE!"},{"$error":"#VALUE!"},{"$error":"#VALUE!"},{"$error":"#VALUE!"},null,{"$error":"#VALUE!"},{"$error":"#VALUE!"},{"$error":"#VALUE!"},{"$error":"#VALUE!"},{"$f":"ROUNDDOWN(FF242,0)","v":{"$error":"#VALUE!"}},null,15,{"$f":"SUM(SUMPRODUCT(AF$20:AJ$20,Q242:U242),SUMPRODUCT(AF$20:AJ$20,System2!Q242:U242),SUMPRODUCT(AF$20:AJ$20,System3!Q242:U242))","v":{"$error":"#VALUE!"}},{"$f":"SUM(SUMPRODUCT(AF$21:AJ$21,W242:AA242),SUMPRODUCT(AF$21:AJ$21,System2!W242:AA242),SUMPRODUCT(AF$21:AJ$21,System3!W242:AA242))","v":{"$error":"#VALUE!"}},{"$f":"WaterFittings!BN217","v":{"$error":"#VALUE!"}},{"$error":"#VALUE!"},{"$error":"#VALUE!"},{"$f":"MIN(AirCond!BL216,P$21)","v":0},{"$error":"#VALUE!"},{"$f":"MIN(ROUNDDOWN(AJ242-FH242,0),ROUNDDOWN(P$21*0.3,0),ROUNDDOWN(SUM(SUMPRODUCT(I$4:I$15,L$4:L$15),SUMPRODUCT(System2!I$4:I$15,System2!L$4:L$15),SUMPRODUCT(System3!I$4:I$15,System3!L$4:L$15))*0.3,0))","v":{"$error":"#VALUE!"}},0,{"$error":"#VALUE!"},{"$error":"#VALUE!"},{"$error":"#VALUE!"},0,{"$error":"#VALUE!"},{"$error":"#VALUE!"},{"$error":"#VALUE!"},0,null,null,null,0,0,0,0,null,{"$error":"#VALUE!"},{"$error":"#VALUE!"},{"$error":"#VALUE!"},{"$error":"#VALUE!"},{"$error":"#VALUE!"},{"$error":"#VALUE!"},{"$error":"#VALUE!"},{"$error":"#VALUE!"},{"$error":"#VALUE!"},0,{"$error":"#VALUE!"},{"$error":"#VALUE!"},{"$error":"#VALUE!"},{"$error":"#VALUE!"},{"$error":"#VALUE!"},{"$error":"#VALUE!"},{"$error":"#VALUE!"},{"$error":"#VALUE!"},{"$error":"#VALUE!"},{"$error":"#VALUE!"},{"$error":"#VALUE!"},{"$error":"#VALUE!"},{"$error":"#VALUE!"},{"$error":"#VALUE!"},{"$error":"#VALUE!"},{"$error":"#VALUE!"},{"$error":"#VALUE!"},{"$error":"#VALUE!"},{"$error":"#VALUE!"},{"$error":"#VALUE!"},{"$error":"#VALUE!"},{"$error":"#VALUE!"},{"$error":"#VALUE!"},{"$error":"#VALUE!"},{"$error":"#VALUE!"},{"$error":"#VALUE!"},{"$error":"#VALUE!"},{"$error":"#VALUE!"},{"$error":"#VALUE!"},{"$error":"#VALUE!"},{"$error":"#VALUE!"},{"$f":"SUM(CQ242,System2!CQ242,System3!CQ242)","v":{"$error":"#VALUE!"}},{"$error":"#VALUE!"},{"$error":"#VALUE!"},{"$error":"#VALUE!"},{"$error":"#VALUE!"},{"$error":"#VALUE!"},{"$error":"#VALUE!"},{"$error":"#VALUE!"},{"$error":"#VALUE!"},{"$error":"#VALUE!"},{"$error":"#VALUE!"},{"$error":"#VALUE!"},{"$error":"#VALUE!"},{"$error":"#VALUE!"},{"$error":"#VALUE!"},{"$error":"#VALUE!"},{"$error":"#VALUE!"},{"$error":"#VALUE!"},{"$error":"#VALUE!"},{"$error":"#VALUE!"},{"$error":"#VALUE!"},{"$error":"#VALUE!"},{"$error":"#VALUE!"},{"$error":"#VALUE!"},{"$error":"#VALUE!"},{"$error":"#VALUE!"},{"$error":"#VALUE!"},{"$f":"SUM(DR242,System2!DR242,System3!DR242)","v":{"$error":"#VALUE!"}},{"$f":"DT$46","v":{"$error":"#VALUE!"}},{"$f":"DU$46","v":{"$error":"#VALUE!"}},{"$f":"DV$46","v":0},{"$f":"DW$46","v":{"$error":"#VALUE!"}},{"$error":"#VALUE!"},{"$error":"#VALUE!"},{"$error":"#VALUE!"},0,0,0,0,0,{"$error":"#VALUE!"},{"$f":"SUM(EF242,System2!EF242,System3!EF242)","v":{"$error":"#VALUE!"}},{"$error":"#VALUE!"},{"$error":"#VALUE!"},{"$error":"#VALUE!"},{"$error":"#VALUE!"},{"$error":"#VALUE!"},{"$error":"#VALUE!"},{"$error":"#VALUE!"},{"$error":"#VALUE!"},{"$error":"#VALUE!"},{"$error":"#VALUE!"},{"$error":"#VALUE!"},{"$error":"#VALUE!"},{"$error":"#VALUE!"},{"$error":"#VALUE!"},{"$error":"#VALUE!"},{"$error":"#VALUE!"},{"$error":"#VALUE!"},{"$error":"#VALUE!"},{"$error":"#VALUE!"},{"$error":"#VALUE!"},{"$error":"#VALUE!"},{"$error":"#VALUE!"},{"$error":"#VALUE!"},{"$error":"#VALUE!"},{"$error":"#VALUE!"},{"$error":"#VALUE!"},{"$f":"SUM(FG242,System2!FG242,System3!FG242)","v":{"$error":"#VALUE!"}},0,0,0,0,{"$error":"#VALUE!"},{"$error":"#VALUE!"},{"$error":"#VALUE!"},{"$error":"#VALUE!"},{"$error":"#VALUE!"},{"$error":"#VALUE!"},{"$error":"#VALUE!"},{"$error":"#VALUE!"},{"$error":"#VALUE!"},{"$error":"#VALUE!"},{"$error":"#VALUE!"},{"$error":"#VALUE!"},{"$error":"#VALUE!"},{"$error":"#VALUE!"},{"$error":"#VALUE!"},{"$error":"#VALUE!"},{"$error":"#VALUE!"},{"$error":"#VALUE!"},{"$error":"#VALUE!"},{"$error":"#VALUE!"},{"$f":"$GG$31*WaterFittings!BO217","v":{"$error":"#VALUE!"}},{"$f":"$GH$31*WaterFittings!BP217","v":{"$error":"#VALUE!"}},{"$f":"$GI$31*WaterFittings!BQ217","v":0},{"$f":"GJ$31*AirCond!BD216","v":{"$error":"#VALUE!"}},{"$f":"GK$31*AirCond!BE216","v":{"$error":"#VALUE!"}},{"$f":"GL$31*AirCond!BF216","v":{"$error":"#VALUE!"}},{"$f":"GM$31*AirCond!BG216","v":{"$error":"#VALUE!"}},{"$f":"GN$31*WaterFittings!BS217","v":0},{"$f":"GO$31*WaterFittings!BT217","v":0},{"$f":"GP$31*WaterFittings!BU217","v":0}]
[null,null,{"$f":"C242+1","v":212},11.5,0,{"$error":"#VALUE!"},{"$error":"#VALUE!"},{"$error":"#VALUE!"},{"$error":"#VALUE!"},{"$error":"#VALUE!"},{"$error":"#VALUE!"},{"$error":"#VALUE!"},{"$error":"#VALUE!"},{"$error":"#VALUE!"},{"$error":"#VALUE!"},null,{"$error":"#VALUE!"},{"$error":"#VALUE!"},{"$f":"ROUNDDOWN(SUM(DM243:DO243),0)","v":{"$error":"#VALUE!"}},{"$error":"#VALUE!"},{"$error":"#VALUE!"},null,{"$error":"#VALUE!"},{"$error":"#VALUE!"},{"$error":"#VALUE!"},{"$error":"#VALUE!"},{"$error":"#VALUE!"},null,16,{"$f":"SUM(SUMPRODUCT(AF$20:AJ$20,Q243:U243),SUMPRODUCT(AF$20:AJ$20,System2!Q243:U243),SUMPRODUCT(AF$20:AJ$20,System3!Q243:U243))","v":{"$error":"#VALUE!"}},{"$f":"SUM(SUMPRODUCT(AF$21:AJ$21,W243:AA243),SUMPRODUCT(AF$21:AJ$21,System2!W243:AA243),SUMPRODUCT(AF$21:AJ$21,System3!W243:AA243))","v":{"$error":"#VALUE!"}},{"$f":"WaterFittings!BN218","v":{"$error":"#VALUE!"}},{"$error":"#VALUE!"},{"$error":"#VALUE!"},{"$f":"MIN(AirCond!BL217,P$21)","v":0},{"$error":"#VALUE!"},{"$f":"MIN(ROUNDDOWN(AJ243-FH243,0),ROUNDDOWN(P$21*0.3,0),ROUNDDOWN(SUM(SUMPRODUCT(I$4:I$15,L$4:L$15),SUMPRODUCT(System2!I$4:I$15,System2!L$4:L$15),SUMPRODUCT(System3!I$4:I$15,System3!L$4:L$15))*0.3,0))","v":{"$error":"#VALUE!"}},0,{"$error":"#VALUE!"},{"$error":"#VALUE!"},{"$error":"#VALUE!"},0,{"$error":"#VALUE!"},{"$error":"#VALUE!"},{"$error":"#VALUE!"},0,null,null,null,0,0,0,0,null,{"$error":"#VALUE!"},{"$error":"#VALUE!"},{"$error":"#VALUE!"},{"$error":"#VALUE!"},{"$error":"#VALUE!"},{"$error":"#VALUE!"},{"$error":"#VALUE!"},{"$error":"#VALUE!"},{"$error":"#VALUE!"},0,{"$error":"#VALUE!"},{"$error":"#VALUE!"},{"$error":"#VALUE!"},{"$error":"#VALUE!"},{"$error":"#VALUE!"},{"$error":"#VALUE!"},{"$error":"#VALUE!"},{"$error":"#VALUE!"},{"$error":"#VALUE!"},{"$error":"#VALUE!"},{"$error":"#VALUE!"},{"$error":"#VALUE!"},{"$error":"#VALUE!"},{"$error":"#VALUE!"},{"$error":"#VALUE!"},{"$error":"#VALUE!"},{"$error":"#VALUE!"},{"$error":"#VALUE!"},{"$error":"#VALUE!"},{"$error":"#VALUE!"},{"$error":"#VALUE!"},{"$error":"#VALUE!"},{"$error":"#VALUE!"},{"$error":"#VALUE!"},{"$error":"#VALUE!"},{"$error":"#VALUE!"},{"$error":"#VALUE!"},{"$error":"#VALUE!"},{"$error":"#VALUE!"},{"$error":"#VALUE!"},{"$error":"#VALUE!"},{"$f":"SUM(CQ243,System2!CQ243,System3!CQ243)","v":{"$error":"#VALUE!"}},{"$error":"#VALUE!"},{"$error":"#VALUE!"},{"$error":"#VALUE!"},{"$error":"#VALUE!"},{"$error":"#VALUE!"},{"$error":"#VALUE!"},{"$error":"#VALUE!"},{"$error":"#VALUE!"},{"$error":"#VALUE!"},{"$error":"#VALUE!"},{"$error":"#VALUE!"},{"$error":"#VALUE!"},{"$error":"#VALUE!"},{"$error":"#VALUE!"},{"$error":"#VALUE!"},{"$error":"#VALUE!"},{"$error":"#VALUE!"},{"$error":"#VALUE!"},{"$error":"#VALUE!"},{"$error":"#VALUE!"},{"$error":"#VALUE!"},{"$error":"#VALUE!"},{"$error":"#VALUE!"},{"$error":"#VALUE!"},{"$error":"#VALUE!"},{"$error":"#VALUE!"},{"$f":"SUM(DR243,System2!DR243,System3!DR243)","v":{"$error":"#VALUE!"}},{"$f":"DT$47","v":{"$error":"#VALUE!"}},{"$f":"DU$47","v":{"$error":"#VALUE!"}},{"$f":"DV$47","v":0},{"$f":"DW$47","v":{"$error":"#VALUE!"}},{"$error":"#VALUE!"},{"$error":"#VALUE!"},{"$error":"#VALUE!"},0,0,0,0,0,{"$error":"#VALUE!"},{"$f":"SUM(EF243,System2!EF243,System3!EF243)","v":{"$error":"#VALUE!"}},{"$error":"#VALUE!"},{"$error":"#VALUE!"},{"$error":"#VALUE!"},{"$error":"#VALUE!"},{"$error":"#VALUE!"},{"$error":"#VALUE!"},{"$error":"#VALUE!"},{"$error":"#VALUE!"},{"$error":"#VALUE!"},{"$error":"#VALUE!"},{"$error":"#VALUE!"},{"$error":"#VALUE!"},{"$error":"#VALUE!"},{"$error":"#VALUE!"},{"$error":"#VALUE!"},{"$error":"#VALUE!"},{"$error":"#VALUE!"},{"$error":"#VALUE!"},{"$error":"#VALUE!"},{"$error":"#VALUE!"},{"$error":"#VALUE!"},{"$error":"#VALUE!"},{"$error":"#VALUE!"},{"$error":"#VALUE!"},{"$error":"#VALUE!"},{"$error":"#VALUE!"},{"$f":"SUM(FG243,System2!FG243,System3!FG243)","v":{"$error":"#VALUE!"}},0,0,{"$f":"IF(IF(FK$28>=3,COUNTIF(FK240:FK242,\">0\"),IF(FK$28=2,COUNTIF(FK241:FK242,\">0\"),IF(FK$28=1,COUNTIF(FK242,\">0\")))),0,FK$31)","v":0},0,{"$error":"#VALUE!"},{"$error":"#VALUE!"},{"$error":"#VALUE!"},{"$error":"#VALUE!"},{"$error":"#VALUE!"},{"$error":"#VALUE!"},{"$error":"#VALUE!"},{"$error":"#VALUE!"},{"$error":"#VALUE!"},{"$error":"#VALUE!"},{"$error":"#VALUE!"},{"$error":"#VALUE!"},{"$error":"#VALUE!"},{"$error":"#VALUE!"},{"$error":"#VALUE!"},{"$error":"#VALUE!"},{"$error":"#VALUE!"},{"$error":"#VALUE!"},{"$error":"#VALUE!"},{"$error":"#VALUE!"},{"$f":"$GG$31*WaterFittings!BO218","v":{"$error":"#VALUE!"}},{"$f":"$GH$31*WaterFittings!BP218","v":{"$error":"#VALUE!"}},{"$f":"$GI$31*WaterFittings!BQ218","v":0},{"$f":"GJ$31*AirCond!BD217","v":{"$error":"#VALUE!"}},{"$f":"GK$31*AirCond!BE217","v":{"$error":"#VALUE!"}},{"$f":"GL$31*AirCond!BF217","v":{"$error":"#VALUE!"}},{"$f":"GM$31*AirCond!BG217","v":{"$error":"#VALUE!"}},{"$f":"GN$31*WaterFittings!BS218","v":0},{"$f":"GO$31*WaterFittings!BT218","v":0},{"$f":"GP$31*WaterFittings!BU218","v":0}]
[null,"August",213,16.600000000000001,0,{"$error":"#VALUE!"},{"$error":"#VALUE!"},{"$error":"#VALUE!"},{"$error":"#VALUE!"},{"$error":"#VALUE!"},{"$error":"#VALUE!"},{"$error":"#VALUE!"},{"$error":"#VALUE!"},{"$error":"#VALUE!"},{"$error":"#VALUE!"},null,{"$error":"#VALUE!"},{"$error":"#VALUE!"},{"$error":"#VALUE!"},{"$error":"#VALUE!"},{"$error":"#VALUE!"},null,{"$error":"#VALUE!"},{"$error":"#VALUE!"},{"$error":"#VALUE!"},{"$error":"#VALUE!"},{"$error":"#VALUE!"},null,17,{"$f":"SUM(SUMPRODUCT(AF$20:AJ$20,Q244:U244),SUMPRODUCT(AF$20:AJ$20,System2!Q244:U244),SUMPRODUCT(AF$20:AJ$20,System3!Q244:U244))","v":{"$error":"#VALUE!"}},{"$f":"SUM(SUMPRODUCT(AF$21:AJ$21,W244:AA244),SUMPRODUCT(AF$21:AJ$21,System2!W244:AA244),SUMPRODUCT(AF$21:AJ$21,System3!W244:AA244))","v":{"$error":"#VALUE!"}},{"$f":"WaterFittings!BN219","v":{"$error":"#VALUE!"}},{"$error":"#VALUE!"},{"$error":"#VALUE!"},{"$f":"MIN(AirCond!BL218,P$21)","v":0},{"$error":"#VALUE!"},{"$f":"MIN(ROUNDDOWN(AJ244-FH244,0),ROUNDDOWN(P$21*0.3,0),ROUNDDOWN(SUM(SUMPRODUCT(I$4:I$15,L$4:L$15),SUMPRODUCT(System2!I$4:I$15,System2!L$4:L$15),SUMPRODUCT(System3!I$4:I$15,System3!L$4:L$15))*0.3,0))","v":{"$error":"#VALUE!"}},0,{"$error":"#VALUE!"},{"$error":"#VALUE!"},{"$error":"#VALUE!"},0,{"$error":"#VALUE!"},{"$error":"#VALUE!"},{"$error":"#VALUE!"},0,null,null,null,0,0,0,0,null,{"$error":"#VALUE!"},{"$error":"#VALUE!"},{"$error":"#VALUE!"},{"$error":"#VALUE!"},{"$error":"#VALUE!"},{"$error":"#VALUE!"},{"$error":"#VALUE!"},{"$error":"#VALUE!"},{"$error":"#VALUE!"},0,{"$error":"#VALUE!"},{"$error":"#VALUE!"},{"$error":"#VALUE!"},{"$error":"#VALUE!"},{"$error":"#VALUE!"},{"$error":"#VALUE!"},{"$error":"#VALUE!"},{"$error":"#VALUE!"},{"$error":"#VALUE!"},{"$error":"#VALUE!"},{"$error":"#VALUE!"},{"$error":"#VALUE!"},{"$error":"#VALUE!"},{"$error":"#VALUE!"},{"$error":"#VALUE!"},{"$error":"#VALUE!"},{"$error":"#VALUE!"},{"$error":"#VALUE!"},{"$error":"#VALUE!"},{"$error":"#VALUE!"},{"$error":"#VALUE!"},{"$error":"#VALUE!"},{"$error":"#VALUE!"},{"$error":"#VALUE!"},{"$error":"#VALUE!"},{"$error":"#VALUE!"},{"$error":"#VALUE!"},{"$error":"#VALUE!"},{"$error":"#VALUE!"},{"$error":"#VALUE!"},{"$error":"#VALUE!"},{"$f":"SUM(CQ244,System2!CQ244,System3!CQ244)","v":{"$error":"#VALUE!"}},{"$error":"#VALUE!"},{"$error":"#VALUE!"},{"$error":"#VALUE!"},{"$error":"#VALUE!"},{"$error":"#VALUE!"},{"$error":"#VALUE!"},{"$error":"#VALUE!"},{"$error":"#VALUE!"},{"$error":"#VALUE!"},{"$error":"#VALUE!"},{"$error":"#VALUE!"},{"$error":"#VALUE!"},{"$error":"#VALUE!"},{"$error":"#VALUE!"},{"$error":"#VALUE!"},{"$error":"#VALUE!"},{"$error":"#VALUE!"},{"$error":"#VALUE!"},{"$error":"#VALUE!"},{"$error":"#VALUE!"},{"$error":"#VALUE!"},{"$error":"#VALUE!"},{"$error":"#VALUE!"},{"$error":"#VALUE!"},{"$error":"#VALUE!"},{"$error":"#VALUE!"},{"$f":"SUM(DR244,System2!DR244,System3!DR244)","v":{"$error":"#VALUE!"}},{"$f":"DT$48","v":{"$error":"#VALUE!"}},{"$f":"DU$48","v":{"$error":"#VALUE!"}},{"$f":"DV$48","v":0},{"$f":"DW$48","v":{"$error":"#VALUE!"}},{"$error":"#VALUE!"},{"$error":"#VALUE!"},{"$error":"#VALUE!"},0,0,0,0,0,{"$error":"#VALUE!"},{"$f":"SUM(EF244,System2!EF244,System3!EF244)","v":{"$error":"#VALUE!"}},{"$error":"#VALUE!"},{"$error":"#VALUE!"},{"$error":"#VALUE!"},{"$error":"#VALUE!"},{"$error":"#VALUE!"},{"$error":"#VALUE!"},{"$error":"#VALUE!"},{"$error":"#VALUE!"},{"$error":"#VALUE!"},{"$error":"#VALUE!"},{"$error":"#VALUE!"},{"$error":"#VALUE!"},{"$error":"#VALUE!"},{"$error":"#VALUE!"},{"$error":"#VALUE!"},{"$error":"#VALUE!"},{"$error":"#VALUE!"},{"$error":"#VALUE!"},{"$error":"#VALUE!"},{"$error":"#VALUE!"},{"$error":"#VALUE!"},{"$error":"#VALUE!"},{"$error":"#VALUE!"},{"$error":"#VALUE!"},{"$error":"#VALUE!"},{"$error":"#VALUE!"},{"$f":"SUM(FG244,System2!FG244,System3!FG244)","v":{"$error":"#VALUE!"}},0,0,0,0,{"$error":"#VALUE!"},{"$error":"#VALUE!"},{"$error":"#VALUE!"},{"$error":"#VALUE!"},{"$error":"#VALUE!"},{"$error":"#VALUE!"},{"$error":"#VALUE!"},{"$error":"#VALUE!"},{"$error":"#VALUE!"},{"$error":"#VALUE!"},{"$error":"#VALUE!"},{"$error":"#VALUE!"},{"$error":"#VALUE!"},{"$error":"#VALUE!"},{"$error":"#VALUE!"},{"$error":"#VALUE!"},{"$error":"#VALUE!"},{"$error":"#VALUE!"},{"$error":"#VALUE!"},{"$error":"#VALUE!"},{"$f":"$GG$31*WaterFittings!BO219","v":{"$error":"#VALUE!"}},{"$f":"$GH$31*WaterFittings!BP219","v":{"$error":"#VALUE!"}},{"$f":"$GI$31*WaterFittings!BQ219","v":0},{"$f":"GJ$31*AirCond!BD218","v":{"$error":"#VALUE!"}},{"$f":"GK$31*AirCond!BE218","v":{"$error":"#VALUE!"}},{"$f":"GL$31*AirCond!BF218","v":{"$error":"#VALUE!"}},{"$f":"GM$31*AirCond!BG218","v":{"$error":"#VALUE!"}},{"$f":"GN$31*WaterFittings!BS219","v":0},{"$f":"GO$31*WaterFittings!BT219","v":0},{"$f":"GP$31*WaterFittings!BU219","v":0}]
[null,null,214,1.4,0,{"$error":"#VALUE!"},{"$error":"#VALUE!"},{"$error":"#VALUE!"},{"$error":"#VALUE!"},{"$error":"#VALUE!"},{"$error":"#VALUE!"},{"$error":"#VALUE!"},{"$error":"#VALUE!"},{"$error":"#VALUE!"},{"$error":"#VALUE!"},null,{"$error":"#VALUE!"},{"$error":"#VALUE!"},{"$error":"#VALUE!"},{"$error":"#VALUE!"},{"$error":"#VALUE!"},null,{"$error":"#VALUE!"},{"$error":"#VALUE!"},{"$error":"#VALUE!"},{"$error":"#VALUE!"},{"$error":"#VALUE!"},null,18,{"$f":"SUM(SUMPRODUCT(AF$20:AJ$20,Q245:U245),SUMPRODUCT(AF$20:AJ$20,System2!Q245:U245),SUMPRODUCT(AF$20:AJ$20,System3!Q245:U245))","v":{"$error":"#VALUE!"}},{"$f":"SUM(SUMPRODUCT(AF$21:AJ$21,W245:AA245),SUMPRODUCT(AF$21:AJ$21,System2!W245:AA245),SUMPRODUCT(AF$21:AJ$21,System3!W245:AA245))","v":{"$error":"#VALUE!"}},{"$f":"WaterFittings!BN220","v":{"$error":"#VALUE!"}},{"$error":"#VALUE!"},{"$error":"#VALUE!"},{"$f":"MIN(AirCond!BL219,P$21)","v":0},{"$error":"#VALUE!"},{"$f":"MIN(ROUNDDOWN(AJ245-FH245,0),ROUNDDOWN(P$21*0.3,0),ROUNDDOWN(SUM(SUMPRODUCT(I$4:I$15,L$4:L$15),SUMPRODUCT(System2!I$4:I$15,System2!L$4:L$15),SUMPRODUCT(System3!I$4:I$15,System3!L$4:L$15))*0.3,0))","v":{"$error":"#VALUE!"}},0,{"$error":"#VALUE!"},{"$error":"#VALUE!"},{"$error":"#VALUE!"},0,{"$error":"#VALUE!"},{"$error":"#VALUE!"},{"$error":"#VALUE!"},0,null,null,null,0,0,0,0,null,{"$error":"#VALUE!"},{"$error":"#VALUE!"},{"$error":"#VALUE!"},{"$error":"#VALUE!"},{"$error":"#VALUE!"},{"$error":"#VALUE!"},{"$error":"#VALUE!"},{"$error":"#VALUE!"},{"$error":"#VALUE!"},0,{"$error":"#VALUE!"},{"$error":"#VALUE!"},{"$error":"#VALUE!"},{"$error":"#VALUE!"},{"$error":"#VALUE!"},{"$error":"#VALUE!"},{"$error":"#VALUE!"},{"$error":"#VALUE!"},{"$error":"#VALUE!"},{"$error":"#VALUE!"},{"$error":"#VALUE!"},{"$error":"#VALUE!"},{"$error":"#VALUE!"},{"$error":"#VALUE!"},{"$error":"#VALUE!"},{"$error":"#VALUE!"},{"$error":"#VALUE!"},{"$error":"#VALUE!"},{"$error":"#VALUE!"},{"$error":"#VALUE!"},{"$error":"#VALUE!"},{"$error":"#VALUE!"},{"$error":"#VALUE!"},{"$error":"#VALUE!"},{"$error":"#VALUE!"},{"$error":"#VALUE!"},{"$error":"#VALUE!"},{"$error":"#VALUE!"},{"$error":"#VALUE!"},{"$error":"#VALUE!"},{"$error":"#VALUE!"},{"$f":"SUM(CQ245,System2!CQ245,System3!CQ245)","v":{"$error":"#VALUE!"}},{"$error":"#VALUE!"},{"$error":"#VALUE!"},{"$error":"#VALUE!"},{"$error":"#VALUE!"},{"$error":"#VALUE!"},{"$error":"#VALUE!"},{"$error":"#VALUE!"},{"$error":"#VALUE!"},{"$error":"#VALUE!"},{"$error":"#VALUE!"},{"$error":"#VALUE!"},{"$error":"#VALUE!"},{"$error":"#VALUE!"},{"$error":"#VALUE!"},{"$error":"#VALUE!"},{"$error":"#VALUE!"},{"$error":"#VALUE!"},{"$error":"#VALUE!"},{"$error":"#VALUE!"},{"$error":"#VALUE!"},{"$error":"#VALUE!"},{"$error":"#VALUE!"},{"$error":"#VALUE!"},{"$error":"#VALUE!"},{"$error":"#VALUE!"},{"$error":"#VALUE!"},{"$f":"SUM(DR245,System2!DR245,System3!DR245)","v":{"$error":"#VALUE!"}},{"$f":"DT$49","v":{"$error":"#VALUE!"}},{"$f":"DU$49","v":{"$error":"#VALUE!"}},{"$f":"DV$49","v":0},{"$f":"DW$49","v":{"$error":"#VALUE!"}},{"$error":"#VALUE!"},{"$error":"#VALUE!"},{"$error":"#VALUE!"},0,0,0,0,0,{"$error":"#VALUE!"},{"$f":"SUM(EF245,System2!EF245,System3!EF245)","v":{"$error":"#VALUE!"}},{"$error":"#VALUE!"},{"$error":"#VALUE!"},{"$error":"#VALUE!"},{"$error":"#VALUE!"},{"$error":"#VALUE!"},{"$error":"#VALUE!"},{"$error":"#VALUE!"},{"$error":"#VALUE!"},{"$error":"#VALUE!"},{"$error":"#VALUE!"},{"$error":"#VALUE!"},{"$error":"#VALUE!"},{"$error":"#VALUE!"},{"$error":"#VALUE!"},{"$error":"#VALUE!"},{"$error":"#VALUE!"},{"$error":"#VALUE!"},{"$error":"#VALUE!"},{"$error":"#VALUE!"},{"$error":"#VALUE!"},{"$error":"#VALUE!"},{"$error":"#VALUE!"},{"$error":"#VALUE!"},{"$error":"#VALUE!"},{"$error":"#VALUE!"},{"$error":"#VALUE!"},{"$f":"SUM(FG245,System2!FG245,System3!FG245)","v":{"$error":"#VALUE!"}},0,0,0,0,{"$error":"#VALUE!"},{"$error":"#VALUE!"},{"$error":"#VALUE!"},{"$error":"#VALUE!"},{"$error":"#VALUE!"},{"$error":"#VALUE!"},{"$error":"#VALUE!"},{"$error":"#VALUE!"},{"$error":"#VALUE!"},{"$error":"#VALUE!"},{"$error":"#VALUE!"},{"$error":"#VALUE!"},{"$error":"#VALUE!"},{"$error":"#VALUE!"},{"$error":"#VALUE!"},{"$error":"#VALUE!"},{"$error":"#VALUE!"},{"$error":"#VALUE!"},{"$error":"#VALUE!"},{"$error":"#VALUE!"},{"$f":"$GG$31*WaterFittings!BO220","v":{"$error":"#VALUE!"}},{"$f":"$GH$31*WaterFittings!BP220","v":{"$error":"#VALUE!"}},{"$f":"$GI$31*WaterFittings!BQ220","v":0},{"$f":"GJ$31*AirCond!BD219","v":{"$error":"#VALUE!"}},{"$f":"GK$31*AirCond!BE219","v":{"$error":"#VALUE!"}},{"$f":"GL$31*AirCond!BF219","v":{"$error":"#VALUE!"}},{"$f":"GM$31*AirCond!BG219","v":{"$error":"#VALUE!"}},{"$f":"GN$31*WaterFittings!BS220","v":0},{"$f":"GO$31*WaterFittings!BT220","v":0},{"$f":"GP$31*WaterFittings!BU220","v":0}]
[null,null,215,9.5,0,{"$error":"#VALUE!"},{"$error":"#VALUE!"},{"$error":"#VALUE!"},{"$error":"#VALUE!"},{"$error":"#VALUE!"},{"$error":"#VALUE!"},{"$error":"#VALUE!"},{"$error":"#VALUE!"},{"$error":"#VALUE!"},{"$error":"#VALUE!"},null,{"$error":"#VALUE!"},{"$error":"#VALUE!"},{"$error":"#VALUE!"},{"$error":"#VALUE!"},{"$error":"#VALUE!"},null,{"$error":"#VALUE!"},{"$error":"#VALUE!"},{"$error":"#VALUE!"},{"$error":"#VALUE!"},{"$error":"#VALUE!"},null,19,{"$f":"SUM(SUMPRODUCT(AF$20:AJ$20,Q246:U246),SUMPRODUCT(AF$20:AJ$20,System2!Q246:U246),SUMPRODUCT(AF$20:AJ$20,System3!Q246:U246))","v":{"$error":"#VALUE!"}},{"$f":"SUM(SUMPRODUCT(AF$21:AJ$21,W246:AA246),SUMPRODUCT(AF$21:AJ$21,System2!W246:AA246),SUMPRODUCT(AF$21:AJ$21,System3!W246:AA246))","v":{"$error":"#VALUE!"}},{"$f":"WaterFittings!BN221","v":{"$error":"#VALUE!"}},{"$error":"#VALUE!"},{"$error":"#VALUE!"},{"$f":"MIN(AirCond!BL220,P$21)","v":0},{"$error":"#VALUE!"},{"$f":"MIN(ROUNDDOWN(AJ246-FH246,0),ROUNDDOWN(P$21*0.3,0),ROUNDDOWN(SUM(SUMPRODUCT(I$4:I$15,L$4:L$15),SUMPRODUCT(System2!I$4:I$15,System2!L$4:L$15),SUMPRODUCT(System3!I$4:I$15,System3!L$4:L$15))*0.3,0))","v":{"$error":"#VALUE!"}},0,{"$error":"#VALUE!"},{"$error":"#VALUE!"},{"$error":"#VALUE!"},0,{"$error":"#VALUE!"},{"$error":"#VALUE!"},{"$error":"#VALUE!"},0,null,null,null,0,0,0,0,null,{"$error":"#VALUE!"},{"$error":"#VALUE!"},{"$error":"#VALUE!"},{"$error":"#VALUE!"},{"$error":"#VALUE!"},{"$error":"#VALUE!"},{"$error":"#VALUE!"},{"$error":"#VALUE!"},{"$error":"#VALUE!"},0,{"$error":"#VALUE!"},{"$error":"#VALUE!"},{"$error":"#VALUE!"},{"$error":"#VALUE!"},{"$error":"#VALUE!"},{"$error":"#VALUE!"},{"$error":"#VALUE!"},{"$error":"#VALUE!"},{"$error":"#VALUE!"},{"$error":"#VALUE!"},{"$error":"#VALUE!"},{"$error":"#VALUE!"},{"$error":"#VALUE!"},{"$error":"#VALUE!"},{"$error":"#VALUE!"},{"$error":"#VALUE!"},{"$error":"#VALUE!"},{"$error":"#VALUE!"},{"$error":"#VALUE!"},{"$error":"#VALUE!"},{"$error":"#VALUE!"},{"$error":"#VALUE!"},{"$error":"#VALUE!"},{"$error":"#VALUE!"},{"$error":"#VALUE!"},{"$error":"#VALUE!"},{"$error":"#VALUE!"},{"$error":"#VALUE!"},{"$error":"#VALUE!"},{"$error":"#VALUE!"},{"$error":"#VALUE!"},{"$f":"SUM(CQ246,System2!CQ246,System3!CQ246)","v":{"$error":"#VALUE!"}},{"$error":"#VALUE!"},{"$error":"#VALUE!"},{"$error":"#VALUE!"},{"$error":"#VALUE!"},{"$error":"#VALUE!"},{"$error":"#VALUE!"},{"$error":"#VALUE!"},{"$error":"#VALUE!"},{"$error":"#VALUE!"},{"$error":"#VALUE!"},{"$error":"#VALUE!"},{"$error":"#VALUE!"},{"$error":"#VALUE!"},{"$error":"#VALUE!"},{"$error":"#VALUE!"},{"$error":"#VALUE!"},{"$error":"#VALUE!"},{"$error":"#VALUE!"},{"$error":"#VALUE!"},{"$error":"#VALUE!"},{"$error":"#VALUE!"},{"$error":"#VALUE!"},{"$error":"#VALUE!"},{"$error":"#VALUE!"},{"$error":"#VALUE!"},{"$error":"#VALUE!"},{"$f":"SUM(DR246,System2!DR246,System3!DR246)","v":{"$error":"#VALUE!"}},{"$f":"DT$50","v":{"$error":"#VALUE!"}},{"$f":"DU$50","v":{"$error":"#VALUE!"}},{"$f":"DV$50","v":0},{"$f":"DW$50","v":{"$error":"#VALUE!"}},{"$error":"#VALUE!"},{"$error":"#VALUE!"},{"$error":"#VALUE!"},0,0,0,0,0,{"$error":"#VALUE!"},{"$f":"SUM(EF246,System2!EF246,System3!EF246)","v":{"$error":"#VALUE!"}},{"$error":"#VALUE!"},{"$error":"#VALUE!"},{"$error":"#VALUE!"},{"$error":"#VALUE!"},{"$error":"#VALUE!"},{"$error":"#VALUE!"},{"$error":"#VALUE!"},{"$error":"#VALUE!"},{"$error":"#VALUE!"},{"$error":"#VALUE!"},{"$error":"#VALUE!"},{"$error":"#VALUE!"},{"$error":"#VALUE!"},{"$error":"#VALUE!"},{"$error":"#VALUE!"},{"$error":"#VALUE!"},{"$error":"#VALUE!"},{"$error":"#VALUE!"},{"$error":"#VALUE!"},{"$error":"#VALUE!"},{"$error":"#VALUE!"},{"$error":"#VALUE!"},{"$error":"#VALUE!"},{"$error":"#VALUE!"},{"$error":"#VALUE!"},{"$error":"#VALUE!"},{"$f":"SUM(FG246,System2!FG246,System3!FG246)","v":{"$error":"#VALUE!"}},0,0,0,0,{"$error":"#VALUE!"},{"$error":"#VALUE!"},{"$error":"#VALUE!"},{"$error":"#VALUE!"},{"$error":"#VALUE!"},{"$error":"#VALUE!"},{"$error":"#VALUE!"},{"$error":"#VALUE!"},{"$error":"#VALUE!"},{"$error":"#VALUE!"},{"$error":"#VALUE!"},{"$error":"#VALUE!"},{"$error":"#VALUE!"},{"$error":"#VALUE!"},{"$error":"#VALUE!"},{"$error":"#VALUE!"},{"$error":"#VALUE!"},{"$error":"#VALUE!"},{"$error":"#VALUE!"},{"$error":"#VALUE!"},{"$f":"$GG$31*WaterFittings!BO221","v":{"$error":"#VALUE!"}},{"$f":"$GH$31*WaterFittings!BP221","v":{"$error":"#VALUE!"}},{"$f":"$GI$31*WaterFittings!BQ221","v":0},{"$f":"GJ$31*AirCond!BD220","v":{"$error":"#VALUE!"}},{"$f":"GK$31*AirCond!BE220","v":{"$error":"#VALUE!"}},{"$f":"GL$31*AirCond!BF220","v":{"$error":"#VALUE!"}},{"$f":"GM$31*AirCond!BG220","v":{"$error":"#VALUE!"}},{"$f":"GN$31*WaterFittings!BS221","v":0},{"$f":"GO$31*WaterFittings!BT221","v":0},{"$f":"GP$31*WaterFittings!BU221","v":0}]
[null,null,216,54.5,0,{"$error":"#VALUE!"},{"$error":"#VALUE!"},{"$error":"#VALUE!"},{"$error":"#VALUE!"},{"$error":"#VALUE!"},{"$error":"#VALUE!"},{"$error":"#VALUE!"},{"$error":"#VALUE!"},{"$error":"#VALUE!"},{"$error":"#VALUE!"},null,{"$error":"#VALUE!"},{"$error":"#VALUE!"},{"$error":"#VALUE!"},{"$error":"#VALUE!"},{"$error":"#VALUE!"},null,{"$error":"#VALUE!"},{"$error":"#VALUE!"},{"$error":"#VALUE!"},{"$error":"#VALUE!"},{"$error":"#VALUE!"},null,20,{"$f":"SUM(SUMPRODUCT(AF$20:AJ$20,Q247:U247),SUMPRODUCT(AF$20:AJ$20,System2!Q247:U247),SUMPRODUCT(AF$20:AJ$20,System3!Q247:U247))","v":{"$error":"#VALUE!"}},{"$f":"SUM(SUMPRODUCT(AF$21:AJ$21,W247:AA247),SUMPRODUCT(AF$21:AJ$21,System2!W247:AA247),SUMPRODUCT(AF$21:AJ$21,System3!W247:AA247))","v":{"$error":"#VALUE!"}},{"$f":"WaterFittings!BN222","v":{"$error":"#VALUE!"}},{"$error":"#VALUE!"},{"$error":"#VALUE!"},{"$f":"MIN(AirCond!BL221,P$21)","v":0},{"$error":"#VALUE!"},{"$f":"MIN(ROUNDDOWN(AJ247-FH247,0),ROUNDDOWN(P$21*0.3,0),ROUNDDOWN(SUM(SUMPRODUCT(I$4:I$15,L$4:L$15),SUMPRODUCT(System2!I$4:I$15,System2!L$4:L$15),SUMPRODUCT(System3!I$4:I$15,System3!L$4:L$15))*0.3,0))","v":{"$error":"#VALUE!"}},0,{"$error":"#VALUE!"},{"$error":"#VALUE!"},{"$error":"#VALUE!"},0,{"$error":"#VALUE!"},{"$error":"#VALUE!"},{"$error":"#VALUE!"},0,null,null,null,0,0,0,0,null,{"$error":"#VALUE!"},{"$error":"#VALUE!"},{"$error":"#VALUE!"},{"$error":"#VALUE!"},{"$error":"#VALUE!"},{"$error":"#VALUE!"},{"$error":"#VALUE!"},{"$error":"#VALUE!"},{"$error":"#VALUE!"},0,{"$error":"#VALUE!"},{"$error":"#VALUE!"},{"$error":"#VALUE!"},{"$error":"#VALUE!"},{"$error":"#VALUE!"},{"$error":"#VALUE!"},{"$error":"#VALUE!"},{"$error":"#VALUE!"},{"$error":"#VALUE!"},{"$error":"#VALUE!"},{"$error":"#VALUE!"},{"$error":"#VALUE!"},{"$error":"#VALUE!"},{"$error":"#VALUE!"},{"$error":"#VALUE!"},{"$error":"#VALUE!"},{"$error":"#VALUE!"},{"$error":"#VALUE!"},{"$error":"#VALUE!"},{"$error":"#VALUE!"},{"$error":"#VALUE!"},{"$error":"#VALUE!"},{"$error":"#VALUE!"},{"$error":"#VALUE!"},{"$error":"#VALUE!"},{"$error":"#VALUE!"},{"$error":"#VALUE!"},{"$error":"#VALUE!"},{"$error":"#VALUE!"},{"$error":"#VALUE!"},{"$error":"#VALUE!"},{"$f":"SUM(CQ247,System2!CQ247,System3!CQ247)","v":{"$error":"#VALUE!"}},{"$error":"#VALUE!"},{"$error":"#VALUE!"},{"$error":"#VALUE!"},{"$error":"#VALUE!"},{"$error":"#VALUE!"},{"$error":"#VALUE!"},{"$error":"#VALUE!"},{"$error":"#VALUE!"},{"$error":"#VALUE!"},{"$error":"#VALUE!"},{"$error":"#VALUE!"},{"$error":"#VALUE!"},{"$error":"#VALUE!"},{"$error":"#VALUE!"},{"$error":"#VALUE!"},{"$error":"#VALUE!"},{"$error":"#VALUE!"},{"$error":"#VALUE!"},{"$error":"#VALUE!"},{"$error":"#VALUE!"},{"$error":"#VALUE!"},{"$error":"#VALUE!"},{"$error":"#VALUE!"},{"$error":"#VALUE!"},{"$error":"#VALUE!"},{"$error":"#VALUE!"},{"$f":"SUM(DR247,System2!DR247,System3!DR247)","v":{"$error":"#VALUE!"}},{"$f":"DT$51","v":{"$error":"#VALUE!"}},{"$f":"DU$51","v":{"$error":"#VALUE!"}},{"$f":"DV$51","v":0},{"$f":"DW$51","v":{"$error":"#VALUE!"}},{"$error":"#VALUE!"},{"$error":"#VALUE!"},{"$error":"#VALUE!"},0,0,0,0,0,{"$error":"#VALUE!"},{"$f":"SUM(EF247,System2!EF247,System3!EF247)","v":{"$error":"#VALUE!"}},{"$error":"#VALUE!"},{"$error":"#VALUE!"},{"$error":"#VALUE!"},{"$error":"#VALUE!"},{"$error":"#VALUE!"},{"$error":"#VALUE!"},{"$error":"#VALUE!"},{"$error":"#VALUE!"},{"$error":"#VALUE!"},{"$error":"#VALUE!"},{"$error":"#VALUE!"},{"$error":"#VALUE!"},{"$error":"#VALUE!"},{"$error":"#VALUE!"},{"$error":"#VALUE!"},{"$error":"#VALUE!"},{"$error":"#VALUE!"},{"$error":"#VALUE!"},{"$error":"#VALUE!"},{"$error":"#VALUE!"},{"$error":"#VALUE!"},{"$error":"#VALUE!"},{"$error":"#VALUE!"},{"$error":"#VALUE!"},{"$error":"#VALUE!"},{"$error":"#VALUE!"},{"$f":"SUM(FG247,System2!FG247,System3!FG247)","v":{"$error":"#VALUE!"}},0,0,0,0,{"$error":"#VALUE!"},{"$error":"#VALUE!"},{"$error":"#VALUE!"},{"$error":"#VALUE!"},{"$error":"#VALUE!"},{"$error":"#VALUE!"},{"$error":"#VALUE!"},{"$error":"#VALUE!"},{"$error":"#VALUE!"},{"$error":"#VALUE!"},{"$error":"#VALUE!"},{"$error":"#VALUE!"},{"$error":"#VALUE!"},{"$error":"#VALUE!"},{"$error":"#VALUE!"},{"$error":"#VALUE!"},{"$error":"#VALUE!"},{"$error":"#VALUE!"},{"$error":"#VALUE!"},{"$error":"#VALUE!"},{"$f":"$GG$31*WaterFittings!BO222","v":{"$error":"#VALUE!"}},{"$f":"$GH$31*WaterFittings!BP222","v":{"$error":"#VALUE!"}},{"$f":"$GI$31*WaterFittings!BQ222","v":0},{"$f":"GJ$31*AirCond!BD221","v":{"$error":"#VALUE!"}},{"$f":"GK$31*AirCond!BE221","v":{"$error":"#VALUE!"}},{"$f":"GL$31*AirCond!BF221","v":{"$error":"#VALUE!"}},{"$f":"GM$31*AirCond!BG221","v":{"$error":"#VALUE!"}},{"$f":"GN$31*WaterFittings!BS222","v":0},{"$f":"GO$31*WaterFittings!BT222","v":0},{"$f":"GP$31*WaterFittings!BU222","v":0}]
[null,null,217,0,0,{"$error":"#VALUE!"},{"$error":"#VALUE!"},{"$error":"#VALUE!"},{"$error":"#VALUE!"},{"$error":"#VALUE!"},{"$error":"#VALUE!"},{"$error":"#VALUE!"},{"$error":"#VALUE!"},{"$error":"#VALUE!"},{"$error":"#VALUE!"},null,{"$error":"#VALUE!"},{"$error":"#VALUE!"},{"$error":"#VALUE!"},{"$error":"#VALUE!"},{"$error":"#VALUE!"},null,{"$error":"#VALUE!"},{"$error":"#VALUE!"},{"$error":"#VALUE!"},{"$error":"#VALUE!"},{"$error":"#VALUE!"},null,21,{"$f":"SUM(SUMPRODUCT(AF$20:AJ$20,Q248:U248),SUMPRODUCT(AF$20:AJ$20,System2!Q248:U248),SUMPRODUCT(AF$20:AJ$20,System3!Q248:U248))","v":{"$error":"#VALUE!"}},{"$f":"SUM(SUMPRODUCT(AF$21:AJ$21,W248:AA248),SUMPRODUCT(AF$21:AJ$21,System2!W248:AA248),SUMPRODUCT(AF$21:AJ$21,System3!W248:AA248))","v":{"$error":"#VALUE!"}},{"$f":"WaterFittings!BN223","v":{"$error":"#VALUE!"}},{"$error":"#VALUE!"},{"$error":"#VALUE!"},{"$f":"MIN(AirCond!BL222,P$21)","v":0},{"$error":"#VALUE!"},{"$f":"MIN(ROUNDDOWN(AJ248-FH248,0),ROUNDDOWN(P$21*0.3,0),ROUNDDOWN(SUM(SUMPRODUCT(I$4:I$15,L$4:L$15),SUMPRODUCT(System2!I$4:I$15,System2!L$4:L$15),SUMPRODUCT(System3!I$4:I$15,System3!L$4:L$15))*0.3,0))","v":{"$error":"#VALUE!"}},0,{"$error":"#VALUE!"},{"$error":"#VALUE!"},{"$error":"#VALUE!"},0,{"$error":"#VALUE!"},{"$error":"#VALUE!"},{"$error":"#VALUE!"},0,null,null,null,0,0,0,0,null,{"$error":"#VALUE!"},{"$error":"#VALUE!"},{"$error":"#VALUE!"},{"$error":"#VALUE!"},{"$error":"#VALUE!"},{"$error":"#VALUE!"},{"$error":"#VALUE!"},{"$error":"#VALUE!"},{"$error":"#VALUE!"},0,{"$error":"#VALUE!"},{"$error":"#VALUE!"},{"$error":"#VALUE!"},{"$error":"#VALUE!"},{"$error":"#VALUE!"},{"$error":"#VALUE!"},{"$error":"#VALUE!"},{"$error":"#VALUE!"},{"$error":"#VALUE!"},{"$error":"#VALUE!"},{"$error":"#VALUE!"},{"$error":"#VALUE!"},{"$error":"#VALUE!"},{"$error":"#VALUE!"},{"$error":"#VALUE!"},{"$error":"#VALUE!"},{"$error":"#VALUE!"},{"$error":"#VALUE!"},{"$error":"#VALUE!"},{"$error":"#VALUE!"},{"$error":"#VALUE!"},{"$error":"#VALUE!"},{"$error":"#VALUE!"},{"$error":"#VALUE!"},{"$error":"#VALUE!"},{"$error":"#VALUE!"},{"$error":"#VALUE!"},{"$error":"#VALUE!"},{"$error":"#VALUE!"},{"$error":"#VALUE!"},{"$error":"#VALUE!"},{"$f":"SUM(CQ248,System2!CQ248,System3!CQ248)","v":{"$error":"#VALUE!"}},{"$error":"#VALUE!"},{"$error":"#VALUE!"},{"$error":"#VALUE!"},{"$error":"#VALUE!"},{"$error":"#VALUE!"},{"$error":"#VALUE!"},{"$error":"#VALUE!"},{"$error":"#VALUE!"},{"$error":"#VALUE!"},{"$error":"#VALUE!"},{"$error":"#VALUE!"},{"$error":"#VALUE!"},{"$error":"#VALUE!"},{"$error":"#VALUE!"},{"$error":"#VALUE!"},{"$error":"#VALUE!"},{"$error":"#VALUE!"},{"$error":"#VALUE!"},{"$error":"#VALUE!"},{"$error":"#VALUE!"},{"$error":"#VALUE!"},{"$error":"#VALUE!"},{"$error":"#VALUE!"},{"$error":"#VALUE!"},{"$error":"#VALUE!"},{"$error":"#VALUE!"},{"$f":"SUM(DR248,System2!DR248,System3!DR248)","v":{"$error":"#VALUE!"}},{"$f":"DT$52","v":{"$error":"#VALUE!"}},{"$f":"DU$52","v":{"$error":"#VALUE!"}},{"$f":"DV$52","v":0},{"$f":"DW$52","v":{"$error":"#VALUE!"}},{"$error":"#VALUE!"},{"$error":"#VALUE!"},{"$error":"#VALUE!"},0,0,0,0,0,{"$error":"#VALUE!"},{"$f":"SUM(EF248,System2!EF248,System3!EF248)","v":{"$error":"#VALUE!"}},{"$error":"#VALUE!"},{"$error":"#VALUE!"},{"$error":"#VALUE!"},{"$error":"#VALUE!"},{"$error":"#VALUE!"},{"$error":"#VALUE!"},{"$error":"#VALUE!"},{"$error":"#VALUE!"},{"$error":"#VALUE!"},{"$error":"#VALUE!"},{"$error":"#VALUE!"},{"$error":"#VALUE!"},{"$error":"#VALUE!"},{"$error":"#VALUE!"},{"$error":"#VALUE!"},{"$error":"#VALUE!"},{"$error":"#VALUE!"},{"$error":"#VALUE!"},{"$error":"#VALUE!"},{"$error":"#VALUE!"},{"$error":"#VALUE!"},{"$error":"#VALUE!"},{"$error":"#VALUE!"},{"$error":"#VALUE!"},{"$error":"#VALUE!"},{"$error":"#VALUE!"},{"$f":"SUM(FG248,System2!FG248,System3!FG248)","v":{"$error":"#VALUE!"}},0,0,0,0,{"$error":"#VALUE!"},{"$error":"#VALUE!"},{"$error":"#VALUE!"},{"$error":"#VALUE!"},{"$error":"#VALUE!"},{"$error":"#VALUE!"},{"$error":"#VALUE!"},{"$error":"#VALUE!"},{"$error":"#VALUE!"},{"$error":"#VALUE!"},{"$error":"#VALUE!"},{"$error":"#VALUE!"},{"$error":"#VALUE!"},{"$error":"#VALUE!"},{"$error":"#VALUE!"},{"$error":"#VALUE!"},{"$error":"#VALUE!"},{"$error":"#VALUE!"},{"$error":"#VALUE!"},{"$error":"#VALUE!"},{"$f":"$GG$31*WaterFittings!BO223","v":{"$error":"#VALUE!"}},{"$f":"$GH$31*WaterFittings!BP223","v":{"$error":"#VALUE!"}},{"$f":"$GI$31*WaterFittings!BQ223","v":0},{"$f":"GJ$31*AirCond!BD222","v":{"$error":"#VALUE!"}},{"$f":"GK$31*AirCond!BE222","v":{"$error":"#VALUE!"}},{"$f":"GL$31*AirCond!BF222","v":{"$error":"#VALUE!"}},{"$f":"GM$31*AirCond!BG222","v":{"$error":"#VALUE!"}},{"$f":"GN$31*WaterFittings!BS223","v":0},{"$f":"GO$31*WaterFittings!BT223","v":0},{"$f":"GP$31*WaterFittings!BU223","v":0}]
[null,null,218,9,0,{"$error":"#VALUE!"},{"$error":"#VALUE!"},{"$error":"#VALUE!"},{"$error":"#VALUE!"},{"$error":"#VALUE!"},{"$error":"#VALUE!"},{"$error":"#VALUE!"},{"$error":"#VALUE!"},{"$error":"#VALUE!"},{"$error":"#VALUE!"},null,{"$error":"#VALUE!"},{"$error":"#VALUE!"},{"$error":"#VALUE!"},{"$error":"#VALUE!"},{"$error":"#VALUE!"},null,{"$error":"#VALUE!"},{"$error":"#VALUE!"},{"$error":"#VALUE!"},{"$error":"#VALUE!"},{"$f":"ROUNDDOWN(FF249,0)","v":{"$error":"#VALUE!"}},null,22,{"$f":"SUM(SUMPRODUCT(AF$20:AJ$20,Q249:U249),SUMPRODUCT(AF$20:AJ$20,System2!Q249:U249),SUMPRODUCT(AF$20:AJ$20,System3!Q249:U249))","v":{"$error":"#VALUE!"}},{"$f":"SUM(SUMPRODUCT(AF$21:AJ$21,W249:AA249),SUMPRODUCT(AF$21:AJ$21,System2!W249:AA249),SUMPRODUCT(AF$21:AJ$21,System3!W249:AA249))","v":{"$error":"#VALUE!"}},{"$f":"WaterFittings!BN224","v":{"$error":"#VALUE!"}},{"$error":"#VALUE!"},{"$error":"#VALUE!"},{"$f":"MIN(AirCond!BL223,P$21)","v":0},{"$error":"#VALUE!"},{"$f":"MIN(ROUNDDOWN(AJ249-FH249,0),ROUNDDOWN(P$21*0.3,0),ROUNDDOWN(SUM(SUMPRODUCT(I$4:I$15,L$4:L$15),SUMPRODUCT(System2!I$4:I$15,System2!L$4:L$15),SUMPRODUCT(System3!I$4:I$15,System3!L$4:L$15))*0.3,0))","v":{"$error":"#VALUE!"}},0,{"$error":"#VALUE!"},{"$error":"#VALUE!"},{"$error":"#VALUE!"},0,{"$error":"#VALUE!"},{"$error":"#VALUE!"},{"$error":"#VALUE!"},0,null,null,null,0,0,0,0,null,{"$error":"#VALUE!"},{"$error":"#VALUE!"},{"$error":"#VALUE!"},{"$error":"#VALUE!"},{"$error":"#VALUE!"},{"$error":"#VALUE!"},{"$error":"#VALUE!"},{"$error":"#VALUE!"},{"$error":"#VALUE!"},0,{"$error":"#VALUE!"},{"$error":"#VALUE!"},{"$error":"#VALUE!"},{"$error":"#VALUE!"},{"$error":"#VALUE!"},{"$error":"#VALUE!"},{"$error":"#VALUE!"},{"$error":"#VALUE!"},{"$error":"#VALUE!"},{"$error":"#VALUE!"},{"$error":"#VALUE!"},{"$error":"#VALUE!"},{"$error":"#VALUE!"},{"$error":"#VALUE!"},{"$error":"#VALUE!"},{"$error":"#VALUE!"},{"$error":"#VALUE!"},{"$error":"#VALUE!"},{"$error":"#VALUE!"},{"$error":"#VALUE!"},{"$error":"#VALUE!"},{"$error":"#VALUE!"},{"$error":"#VALUE!"},{"$error":"#VALUE!"},{"$error":"#VALUE!"},{"$error":"#VALUE!"},{"$error":"#VALUE!"},{"$error":"#VALUE!"},{"$error":"#VALUE!"},{"$error":"#VALUE!"},{"$error":"#VALUE!"},{"$f":"SUM(CQ249,System2!CQ249,System3!CQ249)","v":{"$error":"#VALUE!"}},{"$error":"#VALUE!"},{"$error":"#VALUE!"},{"$error":"#VALUE!"},{"$error":"#VALUE!"},{"$error":"#VALUE!"},{"$error":"#VALUE!"},{"$error":"#VALUE!"},{"$error":"#VALUE!"},{"$error":"#VALUE!"},{"$error":"#VALUE!"},{"$error":"#VALUE!"},{"$error":"#VALUE!"},{"$error":"#VALUE!"},{"$error":"#VALUE!"},{"$error":"#VALUE!"},{"$error":"#VALUE!"},{"$error":"#VALUE!"},{"$error":"#VALUE!"},{"$error":"#VALUE!"},{"$error":"#VALUE!"},{"$error":"#VALUE!"},{"$error":"#VALUE!"},{"$error":"#VALUE!"},{"$error":"#VALUE!"},{"$error":"#VALUE!"},{"$error":"#VALUE!"},{"$f":"SUM(DR249,System2!DR249,System3!DR249)","v":{"$error":"#VALUE!"}},{"$f":"DT$53","v":{"$error":"#VALUE!"}},{"$f":"DU$53","v":{"$error":"#VALUE!"}},{"$f":"DV$53","v":0},{"$f":"DW$53","v":{"$error":"#VALUE!"}},{"$error":"#VALUE!"},{"$error":"#VALUE!"},{"$error":"#VALUE!"},0,0,0,0,0,{"$error":"#VALUE!"},{"$f":"SUM(EF249,System2!EF249,System3!EF249)","v":{"$error":"#VALUE!"}},{"$error":"#VALUE!"},{"$error":"#VALUE!"},{"$error":"#VALUE!"},{"$error":"#VALUE!"},{"$error":"#VALUE!"},{"$error":"#VALUE!"},{"$error":"#VALUE!"},{"$error":"#VALUE!"},{"$error":"#VALUE!"},{"$error":"#VALUE!"},{"$error":"#VALUE!"},{"$error":"#VALUE!"},{"$error":"#VALUE!"},{"$error":"#VALUE!"},{"$error":"#VALUE!"},{"$error":"#VALUE!"},{"$error":"#VALUE!"},{"$error":"#VALUE!"},{"$error":"#VALUE!"},{"$error":"#VALUE!"},{"$error":"#VALUE!"},{"$error":"#VALUE!"},{"$error":"#VALUE!"},{"$error":"#VALUE!"},{"$error":"#VALUE!"},{"$error":"#VALUE!"},{"$f":"SUM(FG249,System2!FG249,System3!FG249)","v":{"$error":"#VALUE!"}},0,0,0,0,{"$error":"#VALUE!"},{"$error":"#VALUE!"},{"$error":"#VALUE!"},{"$error":"#VALUE!"},{"$error":"#VALUE!"},{"$error":"#VALUE!"},{"$error":"#VALUE!"},{"$error":"#VALUE!"},{"$error":"#VALUE!"},{"$error":"#VALUE!"},{"$error":"#VALUE!"},{"$error":"#VALUE!"},{"$error":"#VALUE!"},{"$error":"#VALUE!"},{"$error":"#VALUE!"},{"$error":"#VALUE!"},{"$error":"#VALUE!"},{"$error":"#VALUE!"},{"$error":"#VALUE!"},{"$error":"#VALUE!"},{"$f":"$GG$31*WaterFittings!BO224","v":{"$error":"#VALUE!"}},{"$f":"$GH$31*WaterFittings!BP224","v":{"$error":"#VALUE!"}},{"$f":"$GI$31*WaterFittings!BQ224","v":0},{"$f":"GJ$31*AirCond!BD223","v":{"$error":"#VALUE!"}},{"$f":"GK$31*AirCond!BE223","v":{"$error":"#VALUE!"}},{"$f":"GL$31*AirCond!BF223","v":{"$error":"#VALUE!"}},{"$f":"GM$31*AirCond!BG223","v":{"$error":"#VALUE!"}},{"$f":"GN$31*WaterFittings!BS224","v":0},{"$f":"GO$31*WaterFittings!BT224","v":0},{"$f":"GP$31*WaterFittings!BU224","v":0}]
[null,null,{"$f":"C249+1","v":219},0,0,{"$error":"#VALUE!"},{"$error":"#VALUE!"},{"$error":"#VALUE!"},{"$error":"#VALUE!"},{"$error":"#VALUE!"},{"$error":"#VALUE!"},{"$error":"#VALUE!"},{"$error":"#VALUE!"},{"$error":"#VALUE!"},{"$error":"#VALUE!"},null,{"$error":"#VALUE!"},{"$error":"#VALUE!"},{"$error":"#VALUE!"},{"$error":"#VALUE!"},{"$error":"#VALUE!"},null,{"$error":"#VALUE!"},{"$error":"#VALUE!"},{"$error":"#VALUE!"},{"$error":"#VALUE!"},{"$error":"#VALUE!"},null,23,{"$f":"SUM(SUMPRODUCT(AF$20:AJ$20,Q250:U250),SUMPRODUCT(AF$20:AJ$20,System2!Q250:U250),SUMPRODUCT(AF$20:AJ$20,System3!Q250:U250))","v":{"$error":"#VALUE!"}},{"$f":"SUM(SUMPRODUCT(AF$21:AJ$21,W250:AA250),SUMPRODUCT(AF$21:AJ$21,System2!W250:AA250),SUMPRODUCT(AF$21:AJ$21,System3!W250:AA250))","v":{"$error":"#VALUE!"}},{"$f":"WaterFittings!BN225","v":{"$error":"#VALUE!"}},{"$error":"#VALUE!"},{"$error":"#VALUE!"},{"$f":"MIN(AirCond!BL224,P$21)","v":0},{"$error":"#VALUE!"},{"$f":"MIN(ROUNDDOWN(AJ250-FH250,0),ROUNDDOWN(P$21*0.3,0),ROUNDDOWN(SUM(SUMPRODUCT(I$4:I$15,L$4:L$15),SUMPRODUCT(System2!I$4:I$15,System2!L$4:L$15),SUMPRODUCT(System3!I$4:I$15,System3!L$4:L$15))*0.3,0))","v":{"$error":"#VALUE!"}},0,{"$error":"#VALUE!"},{"$error":"#VALUE!"},{"$error":"#VALUE!"},0,{"$error":"#VALUE!"},{"$error":"#VALUE!"},{"$error":"#VALUE!"},0,null,null,null,0,0,0,0,null,{"$error":"#VALUE!"},{"$error":"#VALUE!"},{"$error":"#VALUE!"},{"$error":"#VALUE!"},{"$error":"#VALUE!"},{"$error":"#VALUE!"},{"$error":"#VALUE!"},{"$error":"#VALUE!"},{"$error":"#VALUE!"},0,{"$error":"#VALUE!"},{"$error":"#VALUE!"},{"$error":"#VALUE!"},{"$error":"#VALUE!"},{"$error":"#VALUE!"},{"$error":"#VALUE!"},{"$error":"#VALUE!"},{"$error":"#VALUE!"},{"$error":"#VALUE!"},{"$error":"#VALUE!"},{"$error":"#VALUE!"},{"$error":"#VALUE!"},{"$error":"#VALUE!"},{"$error":"#VALUE!"},{"$error":"#VALUE!"},{"$error":"#VALUE!"},{"$error":"#VALUE!"},{"$error":"#VALUE!"},{"$error":"#VALUE!"},{"$error":"#VALUE!"},{"$error":"#VALUE!"},{"$error":"#VALUE!"},{"$error":"#VALUE!"},{"$error":"#VALUE!"},{"$error":"#VALUE!"},{"$error":"#VALUE!"},{"$error":"#VALUE!"},{"$error":"#VALUE!"},{"$error":"#VALUE!"},{"$error":"#VALUE!"},{"$error":"#VALUE!"},{"$f":"SUM(CQ250,System2!CQ250,System3!CQ250)","v":{"$error":"#VALUE!"}},{"$error":"#VALUE!"},{"$error":"#VALUE!"},{"$error":"#VALUE!"},{"$error":"#VALUE!"},{"$error":"#VALUE!"},{"$error":"#VALUE!"},{"$error":"#VALUE!"},{"$error":"#VALUE!"},{"$error":"#VALUE!"},{"$error":"#VALUE!"},{"$error":"#VALUE!"},{"$error":"#VALUE!"},{"$error":"#VALUE!"},{"$error":"#VALUE!"},{"$error":"#VALUE!"},{"$error":"#VALUE!"},{"$error":"#VALUE!"},{"$error":"#VALUE!"},{"$error":"#VALUE!"},{"$error":"#VALUE!"},{"$error":"#VALUE!"},{"$error":"#VALUE!"},{"$error":"#VALUE!"},{"$error":"#VALUE!"},{"$error":"#VALUE!"},{"$error":"#VALUE!"},{"$f":"SUM(DR250,System2!DR250,System3!DR250)","v":{"$error":"#VALUE!"}},{"$f":"DT$54","v":{"$error":"#VALUE!"}},{"$f":"DU$54","v":{"$error":"#VALUE!"}},{"$f":"DV$54","v":0},{"$f":"DW$54","v":{"$error":"#VALUE!"}},{"$error":"#VALUE!"},{"$error":"#VALUE!"},{"$error":"#VALUE!"},0,0,0,0,0,{"$error":"#VALUE!"},{"$f":"SUM(EF250,System2!EF250,System3!EF250)","v":{"$error":"#VALUE!"}},{"$error":"#VALUE!"},{"$error":"#VALUE!"},{"$error":"#VALUE!"},{"$error":"#VALUE!"},{"$error":"#VALUE!"},{"$error":"#VALUE!"},{"$error":"#VALUE!"},{"$error":"#VALUE!"},{"$error":"#VALUE!"},{"$error":"#VALUE!"},{"$error":"#VALUE!"},{"$error":"#VALUE!"},{"$error":"#VALUE!"},{"$error":"#VALUE!"},{"$error":"#VALUE!"},{"$error":"#VALUE!"},{"$error":"#VALUE!"},{"$error":"#VALUE!"},{"$error":"#VALUE!"},{"$error":"#VALUE!"},{"$error":"#VALUE!"},{"$error":"#VALUE!"},{"$error":"#VALUE!"},{"$error":"#VALUE!"},{"$error":"#VALUE!"},{"$error":"#VALUE!"},{"$f":"SUM(FG250,System2!FG250,System3!FG250)","v":{"$error":"#VALUE!"}},0,0,0,0,{"$error":"#VALUE!"},{"$error":"#VALUE!"},{"$error":"#VALUE!"},{"$error":"#VALUE!"},{"$error":"#VALUE!"},{"$error":"#VALUE!"},{"$error":"#VALUE!"},{"$error":"#VALUE!"},{"$error":"#VALUE!"},{"$error":"#VALUE!"},{"$error":"#VALUE!"},{"$error":"#VALUE!"},{"$error":"#VALUE!"},{"$error":"#VALUE!"},{"$error":"#VALUE!"},{"$error":"#VALUE!"},{"$error":"#VALUE!"},{"$error":"#VALUE!"},{"$error":"#VALUE!"},{"$error":"#VALUE!"},{"$f":"$GG$31*WaterFittings!BO225","v":{"$error":"#VALUE!"}},{"$f":"$GH$31*WaterFittings!BP225","v":{"$error":"#VALUE!"}},{"$f":"$GI$31*WaterFittings!BQ225","v":0},{"$f":"GJ$31*AirCond!BD224","v":{"$error":"#VALUE!"}},{"$f":"GK$31*AirCond!BE224","v":{"$error":"#VALUE!"}},{"$f":"GL$31*AirCond!BF224","v":{"$error":"#VALUE!"}},{"$f":"GM$31*AirCond!BG224","v":{"$error":"#VALUE!"}},{"$f":"GN$31*WaterFittings!BS225","v":0},{"$f":"GO$31*WaterFittings!BT225","v":0},{"$f":"GP$31*WaterFittings!BU225","v":0}]
[null,null,220,3.5,0,{"$error":"#VALUE!"},{"$error":"#VALUE!"},{"$error":"#VALUE!"},{"$error":"#VALUE!"},{"$error":"#VALUE!"},{"$error":"#VALUE!"},{"$error":"#VALUE!"},{"$error":"#VALUE!"},{"$error":"#VALUE!"},{"$error":"#VALUE!"},null,{"$error":"#VALUE!"},{"$error":"#VALUE!"},{"$error":"#VALUE!"},{"$error":"#VALUE!"},{"$error":"#VALUE!"},null,{"$error":"#VALUE!"},{"$error":"#VALUE!"},{"$error":"#VALUE!"},{"$error":"#VALUE!"},{"$error":"#VALUE!"},null,24,{"$f":"SUM(SUMPRODUCT(AF$20:AJ$20,Q251:U251),SUMPRODUCT(AF$20:AJ$20,System2!Q251:U251),SUMPRODUCT(AF$20:AJ$20,System3!Q251:U251))","v":{"$error":"#VALUE!"}},{"$f":"SUM(SUMPRODUCT(AF$21:AJ$21,W251:AA251),SUMPRODUCT(AF$21:AJ$21,System2!W251:AA251),SUMPRODUCT(AF$21:AJ$21,System3!W251:AA251))","v":{"$error":"#VALUE!"}},{"$f":"WaterFittings!BN226","v":{"$error":"#VALUE!"}},{"$error":"#VALUE!"},{"$error":"#VALUE!"},{"$f":"MIN(AirCond!BL225,P$21)","v":0},{"$error":"#VALUE!"},{"$f":"MIN(ROUNDDOWN(AJ251-FH251,0),ROUNDDOWN(P$21*0.3,0),ROUNDDOWN(SUM(SUMPRODUCT(I$4:I$15,L$4:L$15),SUMPRODUCT(System2!I$4:I$15,System2!L$4:L$15),SUMPRODUCT(System3!I$4:I$15,System3!L$4:L$15))*0.3,0))","v":{"$error":"#VALUE!"}},0,{"$error":"#VALUE!"},{"$error":"#VALUE!"},{"$error":"#VALUE!"},0,{"$error":"#VALUE!"},{"$error":"#VALUE!"},{"$error":"#VALUE!"},0,null,null,null,0,0,0,0,null,{"$error":"#VALUE!"},{"$error":"#VALUE!"},{"$error":"#VALUE!"},{"$error":"#VALUE!"},{"$error":"#VALUE!"},{"$error":"#VALUE!"},{"$error":"#VALUE!"},{"$error":"#VALUE!"},{"$error":"#VALUE!"},0,{"$error":"#VALUE!"},{"$error":"#VALUE!"},{"$error":"#VALUE!"},{"$error":"#VALUE!"},{"$error":"#VALUE!"},{"$error":"#VALUE!"},{"$error":"#VALUE!"},{"$error":"#VALUE!"},{"$error":"#VALUE!"},{"$error":"#VALUE!"},{"$error":"#VALUE!"},{"$error":"#VALUE!"},{"$error":"#VALUE!"},{"$error":"#VALUE!"},{"$error":"#VALUE!"},{"$error":"#VALUE!"},{"$error":"#VALUE!"},{"$error":"#VALUE!"},{"$error":"#VALUE!"},{"$error":"#VALUE!"},{"$error":"#VALUE!"},{"$error":"#VALUE!"},{"$error":"#VALUE!"},{"$error":"#VALUE!"},{"$error":"#VALUE!"},{"$error":"#VALUE!"},{"$error":"#VALUE!"},{"$error":"#VALUE!"},{"$error":"#VALUE!"},{"$error":"#VALUE!"},{"$error":"#VALUE!"},{"$f":"SUM(CQ251,System2!CQ251,System3!CQ251)","v":{"$error":"#VALUE!"}},{"$error":"#VALUE!"},{"$error":"#VALUE!"},{"$error":"#VALUE!"},{"$error":"#VALUE!"},{"$error":"#VALUE!"},{"$error":"#VALUE!"},{"$error":"#VALUE!"},{"$error":"#VALUE!"},{"$error":"#VALUE!"},{"$error":"#VALUE!"},{"$error":"#VALUE!"},{"$error":"#VALUE!"},{"$error":"#VALUE!"},{"$error":"#VALUE!"},{"$error":"#VALUE!"},{"$error":"#VALUE!"},{"$error":"#VALUE!"},{"$error":"#VALUE!"},{"$error":"#VALUE!"},{"$error":"#VALUE!"},{"$error":"#VALUE!"},{"$error":"#VALUE!"},{"$error":"#VALUE!"},{"$error":"#VALUE!"},{"$error":"#VALUE!"},{"$error":"#VALUE!"},{"$f":"SUM(DR251,System2!DR251,System3!DR251)","v":{"$error":"#VALUE!"}},{"$f":"DT$55","v":{"$error":"#VALUE!"}},{"$f":"DU$55","v":{"$error":"#VALUE!"}},{"$f":"DV$55","v":0},{"$f":"DW$55","v":{"$error":"#VALUE!"}},{"$error":"#VALUE!"},{"$error":"#VALUE!"},{"$error":"#VALUE!"},0,0,0,0,0,{"$error":"#VALUE!"},{"$f":"SUM(EF251,System2!EF251,System3!EF251)","v":{"$error":"#VALUE!"}},{"$error":"#VALUE!"},{"$error":"#VALUE!"},{"$error":"#VALUE!"},{"$error":"#VALUE!"},{"$error":"#VALUE!"},{"$error":"#VALUE!"},{"$error":"#VALUE!"},{"$error":"#VALUE!"},{"$error":"#VALUE!"},{"$error":"#VALUE!"},{"$error":"#VALUE!"},{"$error":"#VALUE!"},{"$error":"#VALUE!"},{"$error":"#VALUE!"},{"$error":"#VALUE!"},{"$error":"#VALUE!"},{"$error":"#VALUE!"},{"$error":"#VALUE!"},{"$error":"#VALUE!"},{"$error":"#VALUE!"},{"$error":"#VALUE!"},{"$error":"#VALUE!"},{"$error":"#VALUE!"},{"$error":"#VALUE!"},{"$error":"#VALUE!"},{"$error":"#VALUE!"},{"$f":"SUM(FG251,System2!FG251,System3!FG251)","v":{"$error":"#VALUE!"}},0,0,0,0,{"$error":"#VALUE!"},{"$error":"#VALUE!"},{"$error":"#VALUE!"},{"$error":"#VALUE!"},{"$error":"#VALUE!"},{"$error":"#VALUE!"},{"$error":"#VALUE!"},{"$error":"#VALUE!"},{"$error":"#VALUE!"},{"$error":"#VALUE!"},{"$error":"#VALUE!"},{"$error":"#VALUE!"},{"$error":"#VALUE!"},{"$error":"#VALUE!"},{"$error":"#VALUE!"},{"$error":"#VALUE!"},{"$error":"#VALUE!"},{"$error":"#VALUE!"},{"$error":"#VALUE!"},{"$error":"#VALUE!"},{"$f":"$GG$31*WaterFittings!BO226","v":{"$error":"#VALUE!"}},{"$f":"$GH$31*WaterFittings!BP226","v":{"$error":"#VALUE!"}},{"$f":"$GI$31*WaterFittings!BQ226","v":0},{"$f":"GJ$31*AirCond!BD225","v":{"$error":"#VALUE!"}},{"$f":"GK$31*AirCond!BE225","v":{"$error":"#VALUE!"}},{"$f":"GL$31*AirCond!BF225","v":{"$error":"#VALUE!"}},{"$f":"GM$31*AirCond!BG225","v":{"$error":"#VALUE!"}},{"$f":"GN$31*WaterFittings!BS226","v":0},{"$f":"GO$31*WaterFittings!BT226","v":0},{"$f":"GP$31*WaterFittings!BU226","v":0}]
[null,null,221,1,0,{"$error":"#VALUE!"},{"$error":"#VALUE!"},{"$error":"#VALUE!"},{"$error":"#VALUE!"},{"$error":"#VALUE!"},{"$error":"#VALUE!"},{"$error":"#VALUE!"},{"$error":"#VALUE!"},{"$error":"#VALUE!"},{"$error":"#VALUE!"},null,{"$error":"#VALUE!"},{"$error":"#VALUE!"},{"$error":"#VALUE!"},{"$error":"#VALUE!"},{"$error":"#VALUE!"},null,{"$error":"#VALUE!"},{"$error":"#VALUE!"},{"$error":"#VALUE!"},{"$error":"#VALUE!"},{"$error":"#VALUE!"},null,25,{"$f":"SUM(SUMPRODUCT(AF$20:AJ$20,Q252:U252),SUMPRODUCT(AF$20:AJ$20,System2!Q252:U252),SUMPRODUCT(AF$20:AJ$20,System3!Q252:U252))","v":{"$error":"#VALUE!"}},{"$f":"SUM(SUMPRODUCT(AF$21:AJ$21,W252:AA252),SUMPRODUCT(AF$21:AJ$21,System2!W252:AA252),SUMPRODUCT(AF$21:AJ$21,System3!W252:AA252))","v":{"$error":"#VALUE!"}},{"$f":"WaterFittings!BN227","v":{"$error":"#VALUE!"}},{"$error":"#VALUE!"},{"$error":"#VALUE!"},{"$f":"MIN(AirCond!BL226,P$21)","v":0},{"$error":"#VALUE!"},{"$f":"MIN(ROUNDDOWN(AJ252-FH252,0),ROUNDDOWN(P$21*0.3,0),ROUNDDOWN(SUM(SUMPRODUCT(I$4:I$15,L$4:L$15),SUMPRODUCT(System2!I$4:I$15,System2!L$4:L$15),SUMPRODUCT(System3!I$4:I$15,System3!L$4:L$15))*0.3,0))","v":{"$error":"#VALUE!"}},0,{"$error":"#VALUE!"},{"$error":"#VALUE!"},{"$error":"#VALUE!"},0,{"$error":"#VALUE!"},{"$error":"#VALUE!"},{"$error":"#VALUE!"},0,null,null,null,0,0,0,0,null,{"$error":"#VALUE!"},{"$error":"#VALUE!"},{"$error":"#VALUE!"},{"$error":"#VALUE!"},{"$error":"#VALUE!"},{"$error":"#VALUE!"},{"$error":"#VALUE!"},{"$error":"#VALUE!"},{"$error":"#VALUE!"},0,{"$error":"#VALUE!"},{"$error":"#VALUE!"},{"$error":"#VALUE!"},{"$error":"#VALUE!"},{"$error":"#VALUE!"},{"$error":"#VALUE!"},{"$error":"#VALUE!"},{"$error":"#VALUE!"},{"$error":"#VALUE!"},{"$error":"#VALUE!"},{"$error":"#VALUE!"},{"$error":"#VALUE!"},{"$error":"#VALUE!"},{"$error":"#VALUE!"},{"$error":"#VALUE!"},{"$error":"#VALUE!"},{"$error":"#VALUE!"},{"$error":"#VALUE!"},{"$error":"#VALUE!"},{"$error":"#VALUE!"},{"$error":"#VALUE!"},{"$error":"#VALUE!"},{"$error":"#VALUE!"},{"$error":"#VALUE!"},{"$error":"#VALUE!"},{"$error":"#VALUE!"},{"$error":"#VALUE!"},{"$error":"#VALUE!"},{"$error":"#VALUE!"},{"$error":"#VALUE!"},{"$error":"#VALUE!"},{"$f":"SUM(CQ252,System2!CQ252,System3!CQ252)","v":{"$error":"#VALUE!"}},{"$error":"#VALUE!"},{"$error":"#VALUE!"},{"$error":"#VALUE!"},{"$error":"#VALUE!"},{"$error":"#VALUE!"},{"$error":"#VALUE!"},{"$error":"#VALUE!"},{"$error":"#VALUE!"},{"$error":"#VALUE!"},{"$error":"#VALUE!"},{"$error":"#VALUE!"},{"$error":"#VALUE!"},{"$error":"#VALUE!"},{"$error":"#VALUE!"},{"$error":"#VALUE!"},{"$error":"#VALUE!"},{"$error":"#VALUE!"},{"$error":"#VALUE!"},{"$error":"#VALUE!"},{"$error":"#VALUE!"},{"$error":"#VALUE!"},{"$error":"#VALUE!"},{"$error":"#VALUE!"},{"$error":"#VALUE!"},{"$error":"#VALUE!"},{"$error":"#VALUE!"},{"$f":"SUM(DR252,System2!DR252,System3!DR252)","v":{"$error":"#VALUE!"}},{"$f":"DT$56","v":{"$error":"#VALUE!"}},{"$f":"DU$56","v":{"$error":"#VALUE!"}},{"$f":"DV$56","v":0},{"$f":"DW$56","v":{"$error":"#VALUE!"}},{"$error":"#VALUE!"},{"$error":"#VALUE!"},{"$error":"#VALUE!"},0,0,0,0,0,{"$error":"#VALUE!"},{"$f":"SUM(EF252,System2!EF252,System3!EF252)","v":{"$error":"#VALUE!"}},{"$error":"#VALUE!"},{"$error":"#VALUE!"},{"$error":"#VALUE!"},{"$error":"#VALUE!"},{"$error":"#VALUE!"},{"$error":"#VALUE!"},{"$error":"#VALUE!"},{"$error":"#VALUE!"},{"$error":"#VALUE!"},{"$error":"#VALUE!"},{"$error":"#VALUE!"},{"$error":"#VALUE!"},{"$error":"#VALUE!"},{"$error":"#VALUE!"},{"$error":"#VALUE!"},{"$error":"#VALUE!"},{"$error":"#VALUE!"},{"$error":"#VALUE!"},{"$error":"#VALUE!"},{"$error":"#VALUE!"},{"$error":"#VALUE!"},{"$error":"#VALUE!"},{"$error":"#VALUE!"},{"$error":"#VALUE!"},{"$error":"#VALUE!"},{"$error":"#VALUE!"},{"$f":"SUM(FG252,System2!FG252,System3!FG252)","v":{"$error":"#VALUE!"}},0,0,0,0,{"$error":"#VALUE!"},{"$error":"#VALUE!"},{"$error":"#VALUE!"},{"$error":"#VALUE!"},{"$error":"#VALUE!"},{"$error":"#VALUE!"},{"$error":"#VALUE!"},{"$error":"#VALUE!"},{"$error":"#VALUE!"},{"$error":"#VALUE!"},{"$error":"#VALUE!"},{"$error":"#VALUE!"},{"$error":"#VALUE!"},{"$error":"#VALUE!"},{"$error":"#VALUE!"},{"$error":"#VALUE!"},{"$error":"#VALUE!"},{"$error":"#VALUE!"},{"$error":"#VALUE!"},{"$error":"#VALUE!"},{"$f":"$GG$31*WaterFittings!BO227","v":{"$error":"#VALUE!"}},{"$f":"$GH$31*WaterFittings!BP227","v":{"$error":"#VALUE!"}},{"$f":"$GI$31*WaterFittings!BQ227","v":0},{"$f":"GJ$31*AirCond!BD226","v":{"$error":"#VALUE!"}},{"$f":"GK$31*AirCond!BE226","v":{"$error":"#VALUE!"}},{"$f":"GL$31*AirCond!BF226","v":{"$error":"#VALUE!"}},{"$f":"GM$31*AirCond!BG226","v":{"$error":"#VALUE!"}},{"$f":"GN$31*WaterFittings!BS227","v":0},{"$f":"GO$31*WaterFittings!BT227","v":0},{"$f":"GP$31*WaterFittings!BU227","v":0}]
[null,null,222,0.5,0,{"$error":"#VALUE!"},{"$error":"#VALUE!"},{"$error":"#VALUE!"},{"$error":"#VALUE!"},{"$error":"#VALUE!"},{"$error":"#VALUE!"},{"$error":"#VALUE!"},{"$error":"#VALUE!"},{"$error":"#VALUE!"},{"$error":"#VALUE!"},null,{"$error":"#VALUE!"},{"$error":"#VALUE!"},{"$error":"#VALUE!"},{"$error":"#VALUE!"},{"$error":"#VALUE!"},null,{"$error":"#VALUE!"},{"$error":"#VALUE!"},{"$error":"#VALUE!"},{"$error":"#VALUE!"},{"$error":"#VALUE!"},null,26,{"$f":"SUM(SUMPRODUCT(AF$20:AJ$20,Q253:U253),SUMPRODUCT(AF$20:AJ$20,System2!Q253:U253),SUMPRODUCT(AF$20:AJ$20,System3!Q253:U253))","v":{"$error":"#VALUE!"}},{"$f":"SUM(SUMPRODUCT(AF$21:AJ$21,W253:AA253),SUMPRODUCT(AF$21:AJ$21,System2!W253:AA253),SUMPRODUCT(AF$21:AJ$21,System3!W253:AA253))","v":{"$error":"#VALUE!"}},{"$f":"WaterFittings!BN228","v":{"$error":"#VALUE!"}},{"$error":"#VALUE!"},{"$error":"#VALUE!"},{"$f":"MIN(AirCond!BL227,P$21)","v":0},{"$error":"#VALUE!"},{"$f":"MIN(ROUNDDOWN(AJ253-FH253,0),ROUNDDOWN(P$21*0.3,0),ROUNDDOWN(SUM(SUMPRODUCT(I$4:I$15,L$4:L$15),SUMPRODUCT(System2!I$4:I$15,System2!L$4:L$15),SUMPRODUCT(System3!I$4:I$15,System3!L$4:L$15))*0.3,0))","v":{"$error":"#VALUE!"}},0,{"$error":"#VALUE!"},{"$error":"#VALUE!"},{"$error":"#VALUE!"},0,{"$error":"#VALUE!"},{"$error":"#VALUE!"},{"$error":"#VALUE!"},0,null,null,null,0,0,0,0,null,{"$error":"#VALUE!"},{"$error":"#VALUE!"},{"$error":"#VALUE!"},{"$error":"#VALUE!"},{"$error":"#VALUE!"},{"$error":"#VALUE!"},{"$error":"#VALUE!"},{"$error":"#VALUE!"},{"$error":"#VALUE!"},0,{"$error":"#VALUE!"},{"$error":"#VALUE!"},{"$error":"#VALUE!"},{"$error":"#VALUE!"},{"$error":"#VALUE!"},{"$error":"#VALUE!"},{"$error":"#VALUE!"},{"$error":"#VALUE!"},{"$error":"#VALUE!"},{"$error":"#VALUE!"},{"$error":"#VALUE!"},{"$error":"#VALUE!"},{"$error":"#VALUE!"},{"$error":"#VALUE!"},{"$error":"#VALUE!"},{"$error":"#VALUE!"},{"$error":"#VALUE!"},{"$error":"#VALUE!"},{"$error":"#VALUE!"},{"$error":"#VALUE!"},{"$error":"#VALUE!"},{"$error":"#VALUE!"},{"$error":"#VALUE!"},{"$error":"#VALUE!"},{"$error":"#VALUE!"},{"$error":"#VALUE!"},{"$error":"#VALUE!"},{"$error":"#VALUE!"},{"$error":"#VALUE!"},{"$error":"#VALUE!"},{"$error":"#VALUE!"},{"$f":"SUM(CQ253,System2!CQ253,System3!CQ253)","v":{"$error":"#VALUE!"}},{"$error":"#VALUE!"},{"$error":"#VALUE!"},{"$error":"#VALUE!"},{"$error":"#VALUE!"},{"$error":"#VALUE!"},{"$error":"#VALUE!"},{"$error":"#VALUE!"},{"$error":"#VALUE!"},{"$error":"#VALUE!"},{"$error":"#VALUE!"},{"$error":"#VALUE!"},{"$error":"#VALUE!"},{"$error":"#VALUE!"},{"$error":"#VALUE!"},{"$error":"#VALUE!"},{"$error":"#VALUE!"},{"$error":"#VALUE!"},{"$error":"#VALUE!"},{"$error":"#VALUE!"},{"$error":"#VALUE!"},{"$error":"#VALUE!"},{"$error":"#VALUE!"},{"$error":"#VALUE!"},{"$error":"#VALUE!"},{"$error":"#VALUE!"},{"$error":"#VALUE!"},{"$f":"SUM(DR253,System2!DR253,System3!DR253)","v":{"$error":"#VALUE!"}},{"$f":"DT$57","v":{"$error":"#VALUE!"}},{"$f":"DU$57","v":{"$error":"#VALUE!"}},{"$f":"DV$57","v":0},{"$f":"DW$57","v":{"$error":"#VALUE!"}},{"$error":"#VALUE!"},{"$error":"#VALUE!"},{"$error":"#VALUE!"},0,0,0,0,0,{"$error":"#VALUE!"},{"$f":"SUM(EF253,System2!EF253,System3!EF253)","v":{"$error":"#VALUE!"}},{"$error":"#VALUE!"},{"$error":"#VALUE!"},{"$error":"#VALUE!"},{"$error":"#VALUE!"},{"$error":"#VALUE!"},{"$error":"#VALUE!"},{"$error":"#VALUE!"},{"$error":"#VALUE!"},{"$error":"#VALUE!"},{"$error":"#VALUE!"},{"$error":"#VALUE!"},{"$error":"#VALUE!"},{"$error":"#VALUE!"},{"$error":"#VALUE!"},{"$error":"#VALUE!"},{"$error":"#VALUE!"},{"$error":"#VALUE!"},{"$error":"#VALUE!"},{"$error":"#VALUE!"},{"$error":"#VALUE!"},{"$error":"#VALUE!"},{"$error":"#VALUE!"},{"$error":"#VALUE!"},{"$error":"#VALUE!"},{"$error":"#VALUE!"},{"$error":"#VALUE!"},{"$f":"SUM(FG253,System2!FG253,System3!FG253)","v":{"$error":"#VALUE!"}},0,0,0,0,{"$error":"#VALUE!"},{"$error":"#VALUE!"},{"$error":"#VALUE!"},{"$error":"#VALUE!"},{"$error":"#VALUE!"},{"$error":"#VALUE!"},{"$error":"#VALUE!"},{"$error":"#VALUE!"},{"$error":"#VALUE!"},{"$error":"#VALUE!"},{"$error":"#VALUE!"},{"$error":"#VALUE!"},{"$error":"#VALUE!"},{"$error":"#VALUE!"},{"$error":"#VALUE!"},{"$error":"#VALUE!"},{"$error":"#VALUE!"},{"$error":"#VALUE!"},{"$error":"#VALUE!"},{"$error":"#VALUE!"},{"$f":"$GG$31*WaterFittings!BO228","v":{"$error":"#VALUE!"}},{"$f":"$GH$31*WaterFittings!BP228","v":{"$error":"#VALUE!"}},{"$f":"$GI$31*WaterFittings!BQ228","v":0},{"$f":"GJ$31*AirCond!BD227","v":{"$error":"#VALUE!"}},{"$f":"GK$31*AirCond!BE227","v":{"$error":"#VALUE!"}},{"$f":"GL$31*AirCond!BF227","v":{"$error":"#VALUE!"}},{"$f":"GM$31*AirCond!BG227","v":{"$error":"#VALUE!"}},{"$f":"GN$31*WaterFittings!BS228","v":0},{"$f":"GO$31*WaterFittings!BT228","v":0},{"$f":"GP$31*WaterFittings!BU228","v":0}]
[null,null,223,9,0,{"$error":"#VALUE!"},{"$error":"#VALUE!"},{"$error":"#VALUE!"},{"$error":"#VALUE!"},{"$error":"#VALUE!"},{"$error":"#VALUE!"},{"$error":"#VALUE!"},{"$error":"#VALUE!"},{"$error":"#VALUE!"},{"$error":"#VALUE!"},null,{"$error":"#VALUE!"},{"$error":"#VALUE!"},{"$error":"#VALUE!"},{"$error":"#VALUE!"},{"$error":"#VALUE!"},null,{"$error":"#VALUE!"},{"$error":"#VALUE!"},{"$error":"#VALUE!"},{"$error":"#VALUE!"},{"$error":"#VALUE!"},null,27,{"$f":"SUM(SUMPRODUCT(AF$20:AJ$20,Q254:U254),SUMPRODUCT(AF$20:AJ$20,System2!Q254:U254),SUMPRODUCT(AF$20:AJ$20,System3!Q254:U254))","v":{"$error":"#VALUE!"}},{"$f":"SUM(SUMPRODUCT(AF$21:AJ$21,W254:AA254),SUMPRODUCT(AF$21:AJ$21,System2!W254:AA254),SUMPRODUCT(AF$21:AJ$21,System3!W254:AA254))","v":{"$error":"#VALUE!"}},{"$f":"WaterFittings!BN229","v":{"$error":"#VALUE!"}},{"$error":"#VALUE!"},{"$error":"#VALUE!"},{"$f":"MIN(AirCond!BL228,P$21)","v":0},{"$error":"#VALUE!"},{"$f":"MIN(ROUNDDOWN(AJ254-FH254,0),ROUNDDOWN(P$21*0.3,0),ROUNDDOWN(SUM(SUMPRODUCT(I$4:I$15,L$4:L$15),SUMPRODUCT(System2!I$4:I$15,System2!L$4:L$15),SUMPRODUCT(System3!I$4:I$15,System3!L$4:L$15))*0.3,0))","v":{"$error":"#VALUE!"}},0,{"$error":"#VALUE!"},{"$error":"#VALUE!"},{"$error":"#VALUE!"},0,{"$error":"#VALUE!"},{"$error":"#VALUE!"},{"$error":"#VALUE!"},0,null,null,null,0,0,0,0,null,{"$error":"#VALUE!"},{"$error":"#VALUE!"},{"$error":"#VALUE!"},{"$error":"#VALUE!"},{"$error":"#VALUE!"},{"$error":"#VALUE!"},{"$error":"#VALUE!"},{"$error":"#VALUE!"},{"$error":"#VALUE!"},0,{"$error":"#VALUE!"},{"$error":"#VALUE!"},{"$error":"#VALUE!"},{"$error":"#VALUE!"},{"$error":"#VALUE!"},{"$error":"#VALUE!"},{"$error":"#VALUE!"},{"$error":"#VALUE!"},{"$error":"#VALUE!"},{"$error":"#VALUE!"},{"$error":"#VALUE!"},{"$error":"#VALUE!"},{"$error":"#VALUE!"},{"$error":"#VALUE!"},{"$error":"#VALUE!"},{"$error":"#VALUE!"},{"$error":"#VALUE!"},{"$error":"#VALUE!"},{"$error":"#VALUE!"},{"$error":"#VALUE!"},{"$error":"#VALUE!"},{"$error":"#VALUE!"},{"$error":"#VALUE!"},{"$error":"#VALUE!"},{"$error":"#VALUE!"},{"$error":"#VALUE!"},{"$error":"#VALUE!"},{"$error":"#VALUE!"},{"$error":"#VALUE!"},{"$error":"#VALUE!"},{"$error":"#VALUE!"},{"$f":"SUM(CQ254,System2!CQ254,System3!CQ254)","v":{"$error":"#VALUE!"}},{"$error":"#VALUE!"},{"$error":"#VALUE!"},{"$error":"#VALUE!"},{"$error":"#VALUE!"},{"$error":"#VALUE!"},{"$error":"#VALUE!"},{"$error":"#VALUE!"},{"$error":"#VALUE!"},{"$error":"#VALUE!"},{"$error":"#VALUE!"},{"$error":"#VALUE!"},{"$error":"#VALUE!"},{"$error":"#VALUE!"},{"$error":"#VALUE!"},{"$error":"#VALUE!"},{"$error":"#VALUE!"},{"$error":"#VALUE!"},{"$error":"#VALUE!"},{"$error":"#VALUE!"},{"$error":"#VALUE!"},{"$error":"#VALUE!"},{"$error":"#VALUE!"},{"$error":"#VALUE!"},{"$error":"#VALUE!"},{"$error":"#VALUE!"},{"$error":"#VALUE!"},{"$f":"SUM(DR254,System2!DR254,System3!DR254)","v":{"$error":"#VALUE!"}},{"$f":"DT$58","v":{"$error":"#VALUE!"}},{"$f":"DU$58","v":{"$error":"#VALUE!"}},{"$f":"DV$58","v":0},{"$f":"DW$58","v":{"$error":"#VALUE!"}},{"$error":"#VALUE!"},{"$error":"#VALUE!"},{"$error":"#VALUE!"},0,0,0,0,0,{"$error":"#VALUE!"},{"$f":"SUM(EF254,System2!EF254,System3!EF254)","v":{"$error":"#VALUE!"}},{"$error":"#VALUE!"},{"$error":"#VALUE!"},{"$error":"#VALUE!"},{"$error":"#VALUE!"},{"$error":"#VALUE!"},{"$error":"#VALUE!"},{"$error":"#VALUE!"},{"$error":"#VALUE!"},{"$error":"#VALUE!"},{"$error":"#VALUE!"},{"$error":"#VALUE!"},{"$error":"#VALUE!"},{"$error":"#VALUE!"},{"$error":"#VALUE!"},{"$error":"#VALUE!"},{"$error":"#VALUE!"},{"$error":"#VALUE!"},{"$error":"#VALUE!"},{"$error":"#VALUE!"},{"$error":"#VALUE!"},{"$error":"#VALUE!"},{"$error":"#VALUE!"},{"$error":"#VALUE!"},{"$error":"#VALUE!"},{"$error":"#VALUE!"},{"$error":"#VALUE!"},{"$f":"SUM(FG254,System2!FG254,System3!FG254)","v":{"$error":"#VALUE!"}},0,0,0,0,{"$error":"#VALUE!"},{"$error":"#VALUE!"},{"$error":"#VALUE!"},{"$error":"#VALUE!"},{"$error":"#VALUE!"},{"$error":"#VALUE!"},{"$error":"#VALUE!"},{"$error":"#VALUE!"},{"$error":"#VALUE!"},{"$error":"#VALUE!"},{"$error":"#VALUE!"},{"$error":"#VALUE!"},{"$error":"#VALUE!"},{"$error":"#VALUE!"},{"$error":"#VALUE!"},{"$error":"#VALUE!"},{"$error":"#VALUE!"},{"$error":"#VALUE!"},{"$error":"#VALUE!"},{"$error":"#VALUE!"},{"$f":"$GG$31*WaterFittings!BO229","v":{"$error":"#VALUE!"}},{"$f":"$GH$31*WaterFittings!BP229","v":{"$error":"#VALUE!"}},{"$f":"$GI$31*WaterFittings!BQ229","v":0},{"$f":"GJ$31*AirCond!BD228","v":{"$error":"#VALUE!"}},{"$f":"GK$31*AirCond!BE228","v":{"$error":"#VALUE!"}},{"$f":"GL$31*AirCond!BF228","v":{"$error":"#VALUE!"}},{"$f":"GM$31*AirCond!BG228","v":{"$error":"#VALUE!"}},{"$f":"GN$31*WaterFittings!BS229","v":0},{"$f":"GO$31*WaterFittings!BT229","v":0},{"$f":"GP$31*WaterFittings!BU229","v":0}]
[null,null,224,46,0,{"$error":"#VALUE!"},{"$error":"#VALUE!"},{"$error":"#VALUE!"},{"$error":"#VALUE!"},{"$error":"#VALUE!"},{"$error":"#VALUE!"},{"$error":"#VALUE!"},{"$error":"#VALUE!"},{"$error":"#VALUE!"},{"$error":"#VALUE!"},null,{"$error":"#VALUE!"},{"$error":"#VALUE!"},{"$error":"#VALUE!"},{"$error":"#VALUE!"},{"$error":"#VALUE!"},null,{"$error":"#VALUE!"},{"$error":"#VALUE!"},{"$error":"#VALUE!"},{"$error":"#VALUE!"},{"$error":"#VALUE!"},null,28,{"$f":"SUM(SUMPRODUCT(AF$20:AJ$20,Q255:U255),SUMPRODUCT(AF$20:AJ$20,System2!Q255:U255),SUMPRODUCT(AF$20:AJ$20,System3!Q255:U255))","v":{"$error":"#VALUE!"}},{"$f":"SUM(SUMPRODUCT(AF$21:AJ$21,W255:AA255),SUMPRODUCT(AF$21:AJ$21,System2!W255:AA255),SUMPRODUCT(AF$21:AJ$21,System3!W255:AA255))","v":{"$error":"#VALUE!"}},{"$f":"WaterFittings!BN230","v":{"$error":"#VALUE!"}},{"$error":"#VALUE!"},{"$error":"#VALUE!"},{"$f":"MIN(AirCond!BL229,P$21)","v":0},{"$error":"#VALUE!"},{"$f":"MIN(ROUNDDOWN(AJ255-FH255,0),ROUNDDOWN(P$21*0.3,0),ROUNDDOWN(SUM(SUMPRODUCT(I$4:I$15,L$4:L$15),SUMPRODUCT(System2!I$4:I$15,System2!L$4:L$15),SUMPRODUCT(System3!I$4:I$15,System3!L$4:L$15))*0.3,0))","v":{"$error":"#VALUE!"}},0,{"$error":"#VALUE!"},{"$error":"#VALUE!"},{"$error":"#VALUE!"},0,{"$error":"#VALUE!"},{"$error":"#VALUE!"},{"$error":"#VALUE!"},0,null,null,null,0,0,0,0,null,{"$error":"#VALUE!"},{"$error":"#VALUE!"},{"$error":"#VALUE!"},{"$error":"#VALUE!"},{"$error":"#VALUE!"},{"$error":"#VALUE!"},{"$error":"#VALUE!"},{"$error":"#VALUE!"},{"$error":"#VALUE!"},0,{"$error":"#VALUE!"},{"$error":"#VALUE!"},{"$error":"#VALUE!"},{"$error":"#VALUE!"},{"$error":"#VALUE!"},{"$error":"#VALUE!"},{"$error":"#VALUE!"},{"$error":"#VALUE!"},{"$error":"#VALUE!"},{"$error":"#VALUE!"},{"$error":"#VALUE!"},{"$error":"#VALUE!"},{"$error":"#VALUE!"},{"$error":"#VALUE!"},{"$error":"#VALUE!"},{"$error":"#VALUE!"},{"$error":"#VALUE!"},{"$error":"#VALUE!"},{"$error":"#VALUE!"},{"$error":"#VALUE!"},{"$error":"#VALUE!"},{"$error":"#VALUE!"},{"$error":"#VALUE!"},{"$error":"#VALUE!"},{"$error":"#VALUE!"},{"$error":"#VALUE!"},{"$error":"#VALUE!"},{"$error":"#VALUE!"},{"$error":"#VALUE!"},{"$error":"#VALUE!"},{"$error":"#VALUE!"},{"$f":"SUM(CQ255,System2!CQ255,System3!CQ255)","v":{"$error":"#VALUE!"}},{"$error":"#VALUE!"},{"$error":"#VALUE!"},{"$error":"#VALUE!"},{"$error":"#VALUE!"},{"$error":"#VALUE!"},{"$error":"#VALUE!"},{"$error":"#VALUE!"},{"$error":"#VALUE!"},{"$error":"#VALUE!"},{"$error":"#VALUE!"},{"$error":"#VALUE!"},{"$error":"#VALUE!"},{"$error":"#VALUE!"},{"$error":"#VALUE!"},{"$error":"#VALUE!"},{"$error":"#VALUE!"},{"$error":"#VALUE!"},{"$error":"#VALUE!"},{"$error":"#VALUE!"},{"$error":"#VALUE!"},{"$error":"#VALUE!"},{"$error":"#VALUE!"},{"$error":"#VALUE!"},{"$error":"#VALUE!"},{"$error":"#VALUE!"},{"$error":"#VALUE!"},{"$f":"SUM(DR255,System2!DR255,System3!DR255)","v":{"$error":"#VALUE!"}},{"$f":"DT$59","v":{"$error":"#VALUE!"}},{"$f":"DU$59","v":{"$error":"#VALUE!"}},{"$f":"DV$59","v":0},{"$f":"DW$59","v":{"$error":"#VALUE!"}},{"$error":"#VALUE!"},{"$error":"#VALUE!"},{"$error":"#VALUE!"},0,0,0,0,0,{"$error":"#VALUE!"},{"$f":"SUM(EF255,System2!EF255,System3!EF255)","v":{"$error":"#VALUE!"}},{"$error":"#VALUE!"},{"$error":"#VALUE!"},{"$error":"#VALUE!"},{"$error":"#VALUE!"},{"$error":"#VALUE!"},{"$error":"#VALUE!"},{"$error":"#VALUE!"},{"$error":"#VALUE!"},{"$error":"#VALUE!"},{"$error":"#VALUE!"},{"$error":"#VALUE!"},{"$error":"#VALUE!"},{"$error":"#VALUE!"},{"$error":"#VALUE!"},{"$error":"#VALUE!"},{"$error":"#VALUE!"},{"$error":"#VALUE!"},{"$error":"#VALUE!"},{"$error":"#VALUE!"},{"$error":"#VALUE!"},{"$error":"#VALUE!"},{"$error":"#VALUE!"},{"$error":"#VALUE!"},{"$error":"#VALUE!"},{"$error":"#VALUE!"},{"$error":"#VALUE!"},{"$f":"SUM(FG255,System2!FG255,System3!FG255)","v":{"$error":"#VALUE!"}},0,0,0,0,{"$error":"#VALUE!"},{"$error":"#VALUE!"},{"$error":"#VALUE!"},{"$error":"#VALUE!"},{"$error":"#VALUE!"},{"$error":"#VALUE!"},{"$error":"#VALUE!"},{"$error":"#VALUE!"},{"$error":"#VALUE!"},{"$error":"#VALUE!"},{"$error":"#VALUE!"},{"$error":"#VALUE!"},{"$error":"#VALUE!"},{"$error":"#VALUE!"},{"$error":"#VALUE!"},{"$error":"#VALUE!"},{"$error":"#VALUE!"},{"$error":"#VALUE!"},{"$error":"#VALUE!"},{"$error":"#VALUE!"},{"$f":"$GG$31*WaterFittings!BO230","v":{"$error":"#VALUE!"}},{"$f":"$GH$31*WaterFittings!BP230","v":{"$error":"#VALUE!"}},{"$f":"$GI$31*WaterFittings!BQ230","v":0},{"$f":"GJ$31*AirCond!BD229","v":{"$error":"#VALUE!"}},{"$f":"GK$31*AirCond!BE229","v":{"$error":"#VALUE!"}},{"$f":"GL$31*AirCond!BF229","v":{"$error":"#VALUE!"}},{"$f":"GM$31*AirCond!BG229","v":{"$error":"#VALUE!"}},{"$f":"GN$31*WaterFittings!BS230","v":0},{"$f":"GO$31*WaterFittings!BT230","v":0},{"$f":"GP$31*WaterFittings!BU230","v":0}]
[null,null,225,1,0,{"$error":"#VALUE!"},{"$error":"#VALUE!"},{"$error":"#VALUE!"},{"$error":"#VALUE!"},{"$error":"#VALUE!"},{"$error":"#VALUE!"},{"$error":"#VALUE!"},{"$error":"#VALUE!"},{"$error":"#VALUE!"},{"$error":"#VALUE!"},null,{"$error":"#VALUE!"},{"$error":"#VALUE!"},{"$error":"#VALUE!"},{"$error":"#VALUE!"},{"$error":"#VALUE!"},null,{"$error":"#VALUE!"},{"$error":"#VALUE!"},{"$error":"#VALUE!"},{"$error":"#VALUE!"},{"$f":"ROUNDDOWN(FF256,0)","v":{"$error":"#VALUE!"}},null,1,{"$f":"SUM(SUMPRODUCT(AF$20:AJ$20,Q256:U256),SUMPRODUCT(AF$20:AJ$20,System2!Q256:U256),SUMPRODUCT(AF$20:AJ$20,System3!Q256:U256))","v":{"$error":"#VALUE!"}},{"$f":"SUM(SUMPRODUCT(AF$21:AJ$21,W256:AA256),SUMPRODUCT(AF$21:AJ$21,System2!W256:AA256),SUMPRODUCT(AF$21:AJ$21,System3!W256:AA256))","v":{"$error":"#VALUE!"}},{"$f":"WaterFittings!BN231","v":{"$error":"#VALUE!"}},{"$error":"#VALUE!"},{"$error":"#VALUE!"},{"$f":"MIN(AirCond!BL230,P$21)","v":0},{"$error":"#VALUE!"},{"$f":"MIN(ROUNDDOWN(AJ256-FH256,0),ROUNDDOWN(P$21*0.3,0),ROUNDDOWN(SUM(SUMPRODUCT(I$4:I$15,L$4:L$15),SUMPRODUCT(System2!I$4:I$15,System2!L$4:L$15),SUMPRODUCT(System3!I$4:I$15,System3!L$4:L$15))*0.3,0))","v":{"$error":"#VALUE!"}},0,{"$error":"#VALUE!"},{"$error":"#VALUE!"},{"$error":"#VALUE!"},0,{"$error":"#VALUE!"},{"$error":"#VALUE!"},{"$error":"#VALUE!"},0,null,null,null,0,0,0,0,null,{"$error":"#VALUE!"},{"$error":"#VALUE!"},{"$error":"#VALUE!"},{"$error":"#VALUE!"},{"$error":"#VALUE!"},{"$error":"#VALUE!"},{"$error":"#VALUE!"},{"$error":"#VALUE!"},{"$error":"#VALUE!"},0,{"$error":"#VALUE!"},{"$error":"#VALUE!"},{"$error":"#VALUE!"},{"$error":"#VALUE!"},{"$error":"#VALUE!"},{"$error":"#VALUE!"},{"$error":"#VALUE!"},{"$error":"#VALUE!"},{"$error":"#VALUE!"},{"$error":"#VALUE!"},{"$error":"#VALUE!"},{"$error":"#VALUE!"},{"$error":"#VALUE!"},{"$error":"#VALUE!"},{"$error":"#VALUE!"},{"$error":"#VALUE!"},{"$error":"#VALUE!"},{"$error":"#VALUE!"},{"$error":"#VALUE!"},{"$error":"#VALUE!"},{"$error":"#VALUE!"},{"$error":"#VALUE!"},{"$error":"#VALUE!"},{"$error":"#VALUE!"},{"$error":"#VALUE!"},{"$error":"#VALUE!"},{"$error":"#VALUE!"},{"$error":"#VALUE!"},{"$error":"#VALUE!"},{"$error":"#VALUE!"},{"$error":"#VALUE!"},{"$f":"SUM(CQ256,System2!CQ256,System3!CQ256)","v":{"$error":"#VALUE!"}},{"$error":"#VALUE!"},{"$error":"#VALUE!"},{"$error":"#VALUE!"},{"$error":"#VALUE!"},{"$error":"#VALUE!"},{"$error":"#VALUE!"},{"$error":"#VALUE!"},{"$error":"#VALUE!"},{"$error":"#VALUE!"},{"$error":"#VALUE!"},{"$error":"#VALUE!"},{"$error":"#VALUE!"},{"$error":"#VALUE!"},{"$error":"#VALUE!"},{"$error":"#VALUE!"},{"$error":"#VALUE!"},{"$error":"#VALUE!"},{"$error":"#VALUE!"},{"$error":"#VALUE!"},{"$error":"#VALUE!"},{"$error":"#VALUE!"},{"$error":"#VALUE!"},{"$error":"#VALUE!"},{"$error":"#VALUE!"},{"$error":"#VALUE!"},{"$error":"#VALUE!"},{"$f":"SUM(DR256,System2!DR256,System3!DR256)","v":{"$error":"#VALUE!"}},{"$f":"DT$32","v":{"$error":"#VALUE!"}},{"$f":"DU$32","v":{"$error":"#VALUE!"}},{"$f":"DV$32","v":0},{"$f":"DW$32","v":{"$error":"#VALUE!"}},{"$error":"#VALUE!"},{"$error":"#VALUE!"},{"$error":"#VALUE!"},0,0,0,0,0,{"$error":"#VALUE!"},{"$f":"SUM(EF256,System2!EF256,System3!EF256)","v":{"$error":"#VALUE!"}},{"$error":"#VALUE!"},{"$error":"#VALUE!"},{"$error":"#VALUE!"},{"$error":"#VALUE!"},{"$error":"#VALUE!"},{"$error":"#VALUE!"},{"$error":"#VALUE!"},{"$error":"#VALUE!"},{"$error":"#VALUE!"},{"$error":"#VALUE!"},{"$error":"#VALUE!"},{"$error":"#VALUE!"},{"$error":"#VALUE!"},{"$error":"#VALUE!"},{"$error":"#VALUE!"},{"$error":"#VALUE!"},{"$error":"#VALUE!"},{"$error":"#VALUE!"},{"$error":"#VALUE!"},{"$error":"#VALUE!"},{"$error":"#VALUE!"},{"$error":"#VALUE!"},{"$error":"#VALUE!"},{"$error":"#VALUE!"},{"$error":"#VALUE!"},{"$error":"#VALUE!"},{"$f":"SUM(FG256,System2!FG256,System3!FG256)","v":{"$error":"#VALUE!"}},0,0,0,0,{"$error":"#VALUE!"},{"$error":"#VALUE!"},{"$error":"#VALUE!"},{"$error":"#VALUE!"},{"$error":"#VALUE!"},{"$error":"#VALUE!"},{"$error":"#VALUE!"},{"$error":"#VALUE!"},{"$error":"#VALUE!"},{"$error":"#VALUE!"},{"$error":"#VALUE!"},{"$error":"#VALUE!"},{"$error":"#VALUE!"},{"$error":"#VALUE!"},{"$error":"#VALUE!"},{"$error":"#VALUE!"},{"$error":"#VALUE!"},{"$error":"#VALUE!"},{"$error":"#VALUE!"},{"$error":"#VALUE!"},{"$f":"$GG$31*WaterFittings!BO231","v":{"$error":"#VALUE!"}},{"$f":"$GH$31*WaterFittings!BP231","v":{"$error":"#VALUE!"}},{"$f":"$GI$31*WaterFittings!BQ231","v":0},{"$f":"GJ$31*AirCond!BD230","v":{"$error":"#VALUE!"}},{"$f":"GK$31*AirCond!BE230","v":{"$error":"#VALUE!"}},{"$f":"GL$31*AirCond!BF230","v":{"$error":"#VALUE!"}},{"$f":"GM$31*AirCond!BG230","v":{"$error":"#VALUE!"}},{"$f":"GN$31*WaterFittings!BS231","v":0},{"$f":"GO$31*WaterFittings!BT231","v":0},{"$f":"GP$31*WaterFittings!BU231","v":0}]
[null,null,{"$f":"C256+1","v":226},38,0,{"$error":"#VALUE!"},{"$error":"#VALUE!"},{"$error":"#VALUE!"},{"$error":"#VALUE!"},{"$error":"#VALUE!"},{"$error":"#VALUE!"},{"$error":"#VALUE!"},{"$f":"ROUNDDOWN(SUM(CB257:CD257)*BQ257,0)","v":{"$error":"#VALUE!"}},{"$error":"#VALUE!"},{"$error":"#VALUE!"},null,{"$error":"#VALUE!"},{"$error":"#VALUE!"},{"$error":"#VALUE!"},{"$error":"#VALUE!"},{"$error":"#VALUE!"},null,{"$error":"#VALUE!"},{"$error":"#VALUE!"},{"$f":"ROUNDDOWN(SUM(FB257:FD257),0)","v":{"$error":"#VALUE!"}},{"$error":"#VALUE!"},{"$error":"#VALUE!"},null,2,{"$f":"SUM(SUMPRODUCT(AF$20:AJ$20,Q257:U257),SUMPRODUCT(AF$20:AJ$20,System2!Q257:U257),SUMPRODUCT(AF$20:AJ$20,System3!Q257:U257))","v":{"$error":"#VALUE!"}},{"$f":"SUM(SUMPRODUCT(AF$21:AJ$21,W257:AA257),SUMPRODUCT(AF$21:AJ$21,System2!W257:AA257),SUMPRODUCT(AF$21:AJ$21,System3!W257:AA257))","v":{"$error":"#VALUE!"}},{"$f":"WaterFittings!BN232","v":{"$error":"#VALUE!"}},{"$error":"#VALUE!"},{"$error":"#VALUE!"},{"$f":"MIN(AirCond!BL231,P$21)","v":0},{"$error":"#VALUE!"},{"$f":"MIN(ROUNDDOWN(AJ257-FH257,0),ROUNDDOWN(P$21*0.3,0),ROUNDDOWN(SUM(SUMPRODUCT(I$4:I$15,L$4:L$15),SUMPRODUCT(System2!I$4:I$15,System2!L$4:L$15),SUMPRODUCT(System3!I$4:I$15,System3!L$4:L$15))*0.3,0))","v":{"$error":"#VALUE!"}},0,{"$error":"#VALUE!"},{"$error":"#VALUE!"},{"$error":"#VALUE!"},0,{"$error":"#VALUE!"},{"$error":"#VALUE!"},{"$error":"#VALUE!"},0,null,null,null,0,0,0,0,null,{"$error":"#VALUE!"},{"$error":"#VALUE!"},{"$error":"#VALUE!"},{"$error":"#VALUE!"},{"$error":"#VALUE!"},{"$error":"#VALUE!"},{"$error":"#VALUE!"},{"$error":"#VALUE!"},{"$error":"#VALUE!"},0,{"$error":"#VALUE!"},{"$error":"#VALUE!"},{"$error":"#VALUE!"},{"$error":"#VALUE!"},{"$error":"#VALUE!"},{"$error":"#VALUE!"},{"$error":"#VALUE!"},{"$error":"#VALUE!"},{"$error":"#VALUE!"},{"$error":"#VALUE!"},{"$error":"#VALUE!"},{"$error":"#VALUE!"},{"$error":"#VALUE!"},{"$error":"#VALUE!"},{"$error":"#VALUE!"},{"$error":"#VALUE!"},{"$error":"#VALUE!"},{"$error":"#VALUE!"},{"$error":"#VALUE!"},{"$error":"#VALUE!"},{"$error":"#VALUE!"},{"$error":"#VALUE!"},{"$error":"#VALUE!"},{"$error":"#VALUE!"},{"$error":"#VALUE!"},{"$error":"#VALUE!"},{"$error":"#VALUE!"},{"$error":"#VALUE!"},{"$error":"#VALUE!"},{"$error":"#VALUE!"},{"$error":"#VALUE!"},{"$f":"SUM(CQ257,System2!CQ257,System3!CQ257)","v":{"$error":"#VALUE!"}},{"$error":"#VALUE!"},{"$error":"#VALUE!"},{"$error":"#VALUE!"},{"$error":"#VALUE!"},{"$error":"#VALUE!"},{"$error":"#VALUE!"},{"$error":"#VALUE!"},{"$error":"#VALUE!"},{"$error":"#VALUE!"},{"$error":"#VALUE!"},{"$error":"#VALUE!"},{"$error":"#VALUE!"},{"$error":"#VALUE!"},{"$error":"#VALUE!"},{"$error":"#VALUE!"},{"$error":"#VALUE!"},{"$error":"#VALUE!"},{"$error":"#VALUE!"},{"$error":"#VALUE!"},{"$error":"#VALUE!"},{"$error":"#VALUE!"},{"$error":"#VALUE!"},{"$error":"#VALUE!"},{"$error":"#VALUE!"},{"$error":"#VALUE!"},{"$error":"#VALUE!"},{"$f":"SUM(DR257,System2!DR257,System3!DR257)","v":{"$error":"#VALUE!"}},{"$f":"DT$33","v":{"$error":"#VALUE!"}},{"$f":"DU$33","v":{"$error":"#VALUE!"}},{"$f":"DV$33","v":0},{"$f":"DW$33","v":{"$error":"#VALUE!"}},{"$error":"#VALUE!"},{"$error":"#VALUE!"},{"$error":"#VALUE!"},0,0,0,0,0,{"$error":"#VALUE!"},{"$f":"SUM(EF257,System2!EF257,System3!EF257)","v":{"$error":"#VALUE!"}},{"$error":"#VALUE!"},{"$error":"#VALUE!"},{"$error":"#VALUE!"},{"$error":"#VALUE!"},{"$error":"#VALUE!"},{"$error":"#VALUE!"},{"$error":"#VALUE!"},{"$error":"#VALUE!"},{"$error":"#VALUE!"},{"$error":"#VALUE!"},{"$error":"#VALUE!"},{"$error":"#VALUE!"},{"$error":"#VALUE!"},{"$error":"#VALUE!"},{"$error":"#VALUE!"},{"$error":"#VALUE!"},{"$error":"#VALUE!"},{"$error":"#VALUE!"},{"$error":"#VALUE!"},{"$error":"#VALUE!"},{"$error":"#VALUE!"},{"$error":"#VALUE!"},{"$error":"#VALUE!"},{"$error":"#VALUE!"},{"$error":"#VALUE!"},{"$error":"#VALUE!"},{"$f":"SUM(FG257,System2!FG257,System3!FG257)","v":{"$error":"#VALUE!"}},0,0,0,0,{"$error":"#VALUE!"},{"$error":"#VALUE!"},{"$error":"#VALUE!"},{"$error":"#VALUE!"},{"$error":"#VALUE!"},{"$error":"#VALUE!"},{"$error":"#VALUE!"},{"$error":"#VALUE!"},{"$error":"#VALUE!"},{"$error":"#VALUE!"},{"$error":"#VALUE!"},{"$error":"#VALUE!"},{"$error":"#VALUE!"},{"$error":"#VALUE!"},{"$error":"#VALUE!"},{"$error":"#VALUE!"},{"$error":"#VALUE!"},{"$error":"#VALUE!"},{"$error":"#VALUE!"},{"$error":"#VALUE!"},{"$f":"$GG$31*WaterFittings!BO232","v":{"$error":"#VALUE!"}},{"$f":"$GH$31*WaterFittings!BP232","v":{"$error":"#VALUE!"}},{"$f":"$GI$31*WaterFittings!BQ232","v":0},{"$f":"GJ$31*AirCond!BD231","v":{"$error":"#VALUE!"}},{"$f":"GK$31*AirCond!BE231","v":{"$error":"#VALUE!"}},{"$f":"GL$31*AirCond!BF231","v":{"$error":"#VALUE!"}},{"$f":"GM$31*AirCond!BG231","v":{"$error":"#VALUE!"}},{"$f":"GN$31*WaterFittings!BS232","v":0},{"$f":"GO$31*WaterFittings!BT232","v":0},{"$f":"GP$31*WaterFittings!BU232","v":0}]
[null,null,227,15,0,{"$error":"#VALUE!"},{"$error":"#VALUE!"},{"$error":"#VALUE!"},{"$error":"#VALUE!"},{"$error":"#VALUE!"},{"$error":"#VALUE!"},{"$error":"#VALUE!"},{"$error":"#VALUE!"},{"$error":"#VALUE!"},{"$error":"#VALUE!"},null,{"$error":"#VALUE!"},{"$error":"#VALUE!"},{"$error":"#VALUE!"},{"$error":"#VALUE!"},{"$error":"#VALUE!"},null,{"$error":"#VALUE!"},{"$error":"#VALUE!"},{"$error":"#VALUE!"},{"$error":"#VALUE!"},{"$error":"#VALUE!"},null,3,{"$f":"SUM(SUMPRODUCT(AF$20:AJ$20,Q258:U258),SUMPRODUCT(AF$20:AJ$20,System2!Q258:U258),SUMPRODUCT(AF$20:AJ$20,System3!Q258:U258))","v":{"$error":"#VALUE!"}},{"$f":"SUM(SUMPRODUCT(AF$21:AJ$21,W258:AA258),SUMPRODUCT(AF$21:AJ$21,System2!W258:AA258),SUMPRODUCT(AF$21:AJ$21,System3!W258:AA258))","v":{"$error":"#VALUE!"}},{"$f":"WaterFittings!BN233","v":{"$error":"#VALUE!"}},{"$error":"#VALUE!"},{"$error":"#VALUE!"},{"$f":"MIN(AirCond!BL232,P$21)","v":0},{"$error":"#VALUE!"},{"$f":"MIN(ROUNDDOWN(AJ258-FH258,0),ROUNDDOWN(P$21*0.3,0),ROUNDDOWN(SUM(SUMPRODUCT(I$4:I$15,L$4:L$15),SUMPRODUCT(System2!I$4:I$15,System2!L$4:L$15),SUMPRODUCT(System3!I$4:I$15,System3!L$4:L$15))*0.3,0))","v":{"$error":"#VALUE!"}},{"$f":"ROUND(SUM(AX258,AY258),0)","v":0},{"$error":"#VALUE!"},{"$error":"#VALUE!"},{"$error":"#VALUE!"},0,{"$error":"#VALUE!"},{"$error":"#VALUE!"},{"$error":"#VALUE!"},0,null,null,null,0,0,0,0,null,{"$error":"#VALUE!"},{"$error":"#VALUE!"},{"$error":"#VALUE!"},{"$error":"#VALUE!"},{"$error":"#VALUE!"},{"$error":"#VALUE!"},{"$error":"#VALUE!"},{"$error":"#VALUE!"},{"$error":"#VALUE!"},0,{"$error":"#VALUE!"},{"$error":"#VALUE!"},{"$error":"#VALUE!"},{"$error":"#VALUE!"},{"$error":"#VALUE!"},{"$error":"#VALUE!"},{"$error":"#VALUE!"},{"$error":"#VALUE!"},{"$error":"#VALUE!"},{"$error":"#VALUE!"},{"$error":"#VALUE!"},{"$error":"#VALUE!"},{"$error":"#VALUE!"},{"$error":"#VALUE!"},{"$error":"#VALUE!"},{"$error":"#VALUE!"},{"$error":"#VALUE!"},{"$error":"#VALUE!"},{"$error":"#VALUE!"},{"$error":"#VALUE!"},{"$error":"#VALUE!"},{"$error":"#VALUE!"},{"$error":"#VALUE!"},{"$error":"#VALUE!"},{"$error":"#VALUE!"},{"$error":"#VALUE!"},{"$error":"#VALUE!"},{"$error":"#VALUE!"},{"$error":"#VALUE!"},{"$error":"#VALUE!"},{"$error":"#VALUE!"},{"$f":"SUM(CQ258,System2!CQ258,System3!CQ258)","v":{"$error":"#VALUE!"}},{"$error":"#VALUE!"},{"$error":"#VALUE!"},{"$error":"#VALUE!"},{"$error":"#VALUE!"},{"$error":"#VALUE!"},{"$error":"#VALUE!"},{"$error":"#VALUE!"},{"$error":"#VALUE!"},{"$error":"#VALUE!"},{"$error":"#VALUE!"},{"$error":"#VALUE!"},{"$error":"#VALUE!"},{"$error":"#VALUE!"},{"$error":"#VALUE!"},{"$error":"#VALUE!"},{"$error":"#VALUE!"},{"$error":"#VALUE!"},{"$error":"#VALUE!"},{"$error":"#VALUE!"},{"$error":"#VALUE!"},{"$error":"#VALUE!"},{"$error":"#VALUE!"},{"$error":"#VALUE!"},{"$error":"#VALUE!"},{"$error":"#VALUE!"},{"$error":"#VALUE!"},{"$f":"SUM(DR258,System2!DR258,System3!DR258)","v":{"$error":"#VALUE!"}},{"$f":"DT$34","v":{"$error":"#VALUE!"}},{"$f":"DU$34","v":{"$error":"#VALUE!"}},{"$f":"DV$34","v":0},{"$f":"DW$34","v":{"$error":"#VALUE!"}},{"$error":"#VALUE!"},{"$error":"#VALUE!"},{"$error":"#VALUE!"},0,0,0,0,0,{"$error":"#VALUE!"},{"$f":"SUM(EF258,System2!EF258,System3!EF258)","v":{"$error":"#VALUE!"}},{"$error":"#VALUE!"},{"$error":"#VALUE!"},{"$error":"#VALUE!"},{"$error":"#VALUE!"},{"$error":"#VALUE!"},{"$error":"#VALUE!"},{"$error":"#VALUE!"},{"$error":"#VALUE!"},{"$error":"#VALUE!"},{"$error":"#VALUE!"},{"$error":"#VALUE!"},{"$error":"#VALUE!"},{"$error":"#VALUE!"},{"$error":"#VALUE!"},{"$error":"#VALUE!"},{"$error":"#VALUE!"},{"$error":"#VALUE!"},{"$error":"#VALUE!"},{"$error":"#VALUE!"},{"$error":"#VALUE!"},{"$error":"#VALUE!"},{"$error":"#VALUE!"},{"$error":"#VALUE!"},{"$error":"#VALUE!"},{"$error":"#VALUE!"},{"$error":"#VALUE!"},{"$f":"SUM(FG258,System2!FG258,System3!FG258)","v":{"$error":"#VALUE!"}},0,0,0,0,{"$error":"#VALUE!"},{"$error":"#VALUE!"},{"$error":"#VALUE!"},{"$error":"#VALUE!"},{"$error":"#VALUE!"},{"$error":"#VALUE!"},{"$error":"#VALUE!"},{"$error":"#VALUE!"},{"$error":"#VALUE!"},{"$error":"#VALUE!"},{"$error":"#VALUE!"},{"$error":"#VALUE!"},{"$error":"#VALUE!"},{"$error":"#VALUE!"},{"$error":"#VALUE!"},{"$error":"#VALUE!"},{"$error":"#VALUE!"},{"$error":"#VALUE!"},{"$error":"#VALUE!"},{"$error":"#VALUE!"},{"$f":"$GG$31*WaterFittings!BO233","v":{"$error":"#VALUE!"}},{"$f":"$GH$31*WaterFittings!BP233","v":{"$error":"#VALUE!"}},{"$f":"$GI$31*WaterFittings!BQ233","v":0},{"$f":"GJ$31*AirCond!BD232","v":{"$error":"#VALUE!"}},{"$f":"GK$31*AirCond!BE232","v":{"$error":"#VALUE!"}},{"$f":"GL$31*AirCond!BF232","v":{"$error":"#VALUE!"}},{"$f":"GM$31*AirCond!BG232","v":{"$error":"#VALUE!"}},{"$f":"GN$31*WaterFittings!BS233","v":0},{"$f":"GO$31*WaterFittings!BT233","v":0},{"$f":"GP$31*WaterFittings!BU233","v":0}]
[null,null,228,12,0,{"$error":"#VALUE!"},{"$error":"#VALUE!"},{"$error":"#VALUE!"},{"$error":"#VALUE!"},{"$error":"#VALUE!"},{"$error":"#VALUE!"},{"$error":"#VALUE!"},{"$error":"#VALUE!"},{"$error":"#VALUE!"},{"$error":"#VALUE!"},null,{"$error":"#VALUE!"},{"$error":"#VALUE!"},{"$error":"#VALUE!"},{"$error":"#VALUE!"},{"$error":"#VALUE!"},null,{"$error":"#VALUE!"},{"$error":"#VALUE!"},{"$error":"#VALUE!"},{"$error":"#VALUE!"},{"$error":"#VALUE!"},null,4,{"$f":"SUM(SUMPRODUCT(AF$20:AJ$20,Q259:U259),SUMPRODUCT(AF$20:AJ$20,System2!Q259:U259),SUMPRODUCT(AF$20:AJ$20,System3!Q259:U259))","v":{"$error":"#VALUE!"}},{"$f":"SUM(SUMPRODUCT(AF$21:AJ$21,W259:AA259),SUMPRODUCT(AF$21:AJ$21,System2!W259:AA259),SUMPRODUCT(AF$21:AJ$21,System3!W259:AA259))","v":{"$error":"#VALUE!"}},{"$f":"WaterFittings!BN234","v":{"$error":"#VALUE!"}},{"$error":"#VALUE!"},{"$error":"#VALUE!"},{"$f":"MIN(AirCond!BL233,P$21)","v":0},{"$error":"#VALUE!"},{"$f":"MIN(ROUNDDOWN(AJ259-FH259,0),ROUNDDOWN(P$21*0.3,0),ROUNDDOWN(SUM(SUMPRODUCT(I$4:I$15,L$4:L$15),SUMPRODUCT(System2!I$4:I$15,System2!L$4:L$15),SUMPRODUCT(System3!I$4:I$15,System3!L$4:L$15))*0.3,0))","v":{"$error":"#VALUE!"}},0,{"$error":"#VALUE!"},{"$error":"#VALUE!"},{"$error":"#VALUE!"},0,{"$error":"#VALUE!"},{"$error":"#VALUE!"},{"$error":"#VALUE!"},0,null,null,null,0,0,0,0,null,{"$error":"#VALUE!"},{"$error":"#VALUE!"},{"$error":"#VALUE!"},{"$error":"#VALUE!"},{"$error":"#VALUE!"},{"$error":"#VALUE!"},{"$error":"#VALUE!"},{"$error":"#VALUE!"},{"$error":"#VALUE!"},0,{"$error":"#VALUE!"},{"$error":"#VALUE!"},{"$error":"#VALUE!"},{"$error":"#VALUE!"},{"$error":"#VALUE!"},{"$error":"#VALUE!"},{"$error":"#VALUE!"},{"$error":"#VALUE!"},{"$error":"#VALUE!"},{"$error":"#VALUE!"},{"$error":"#VALUE!"},{"$error":"#VALUE!"},{"$error":"#VALUE!"},{"$error":"#VALUE!"},{"$error":"#VALUE!"},{"$error":"#VALUE!"},{"$error":"#VALUE!"},{"$error":"#VALUE!"},{"$error":"#VALUE!"},{"$error":"#VALUE!"},{"$error":"#VALUE!"},{"$error":"#VALUE!"},{"$error":"#VALUE!"},{"$error":"#VALUE!"},{"$error":"#VALUE!"},{"$error":"#VALUE!"},{"$error":"#VALUE!"},{"$error":"#VALUE!"},{"$error":"#VALUE!"},{"$error":"#VALUE!"},{"$error":"#VALUE!"},{"$f":"SUM(CQ259,System2!CQ259,System3!CQ259)","v":{"$error":"#VALUE!"}},{"$error":"#VALUE!"},{"$error":"#VALUE!"},{"$error":"#VALUE!"},{"$error":"#VALUE!"},{"$error":"#VALUE!"},{"$error":"#VALUE!"},{"$error":"#VALUE!"},{"$error":"#VALUE!"},{"$error":"#VALUE!"},{"$error":"#VALUE!"},{"$error":"#VALUE!"},{"$error":"#VALUE!"},{"$error":"#VALUE!"},{"$error":"#VALUE!"},{"$error":"#VALUE!"},{"$error":"#VALUE!"},{"$error":"#VALUE!"},{"$error":"#VALUE!"},{"$error":"#VALUE!"},{"$error":"#VALUE!"},{"$error":"#VALUE!"},{"$error":"#VALUE!"},{"$error":"#VALUE!"},{"$error":"#VALUE!"},{"$error":"#VALUE!"},{"$error":"#VALUE!"},{"$f":"SUM(DR259,System2!DR259,System3!DR259)","v":{"$error":"#VALUE!"}},{"$f":"DT$35","v":{"$error":"#VALUE!"}},{"$f":"DU$35","v":{"$error":"#VALUE!"}},{"$f":"DV$35","v":0},{"$f":"DW$35","v":{"$error":"#VALUE!"}},{"$error":"#VALUE!"},{"$error":"#VALUE!"},{"$error":"#VALUE!"},0,0,0,0,0,{"$error":"#VALUE!"},{"$f":"SUM(EF259,System2!EF259,System3!EF259)","v":{"$error":"#VALUE!"}},{"$error":"#VALUE!"},{"$error":"#VALUE!"},{"$error":"#VALUE!"},{"$error":"#VALUE!"},{"$error":"#VALUE!"},{"$error":"#VALUE!"},{"$error":"#VALUE!"},{"$error":"#VALUE!"},{"$error":"#VALUE!"},{"$error":"#VALUE!"},{"$error":"#VALUE!"},{"$error":"#VALUE!"},{"$error":"#VALUE!"},{"$error":"#VALUE!"},{"$error":"#VALUE!"},{"$error":"#VALUE!"},{"$error":"#VALUE!"},{"$error":"#VALUE!"},{"$error":"#VALUE!"},{"$error":"#VALUE!"},{"$error":"#VALUE!"},{"$error":"#VALUE!"},{"$error":"#VALUE!"},{"$error":"#VALUE!"},{"$error":"#VALUE!"},{"$error":"#VALUE!"},{"$f":"SUM(FG259,System2!FG259,System3!FG259)","v":{"$error":"#VALUE!"}},0,0,0,0,{"$error":"#VALUE!"},{"$error":"#VALUE!"},{"$error":"#VALUE!"},{"$error":"#VALUE!"},{"$error":"#VALUE!"},{"$error":"#VALUE!"},{"$error":"#VALUE!"},{"$error":"#VALUE!"},{"$error":"#VALUE!"},{"$error":"#VALUE!"},{"$error":"#VALUE!"},{"$error":"#VALUE!"},{"$error":"#VALUE!"},{"$error":"#VALUE!"},{"$error":"#VALUE!"},{"$error":"#VALUE!"},{"$error":"#VALUE!"},{"$error":"#VALUE!"},{"$error":"#VALUE!"},{"$error":"#VALUE!"},{"$f":"$GG$31*WaterFittings!BO234","v":{"$error":"#VALUE!"}},{"$f":"$GH$31*WaterFittings!BP234","v":{"$error":"#VALUE!"}},{"$f":"$GI$31*WaterFittings!BQ234","v":0},{"$f":"GJ$31*AirCond!BD233","v":{"$error":"#VALUE!"}},{"$f":"GK$31*AirCond!BE233","v":{"$error":"#VALUE!"}},{"$f":"GL$31*AirCond!BF233","v":{"$error":"#VALUE!"}},{"$f":"GM$31*AirCond!BG233","v":{"$error":"#VALUE!"}},{"$f":"GN$31*WaterFittings!BS234","v":0},{"$f":"GO$31*WaterFittings!BT234","v":0},{"$f":"GP$31*WaterFittings!BU234","v":0}]
[null,null,229,2,0,{"$error":"#VALUE!"},{"$error":"#VALUE!"},{"$error":"#VALUE!"},{"$error":"#VALUE!"},{"$error":"#VALUE!"},{"$error":"#VALUE!"},{"$error":"#VALUE!"},{"$error":"#VALUE!"},{"$error":"#VALUE!"},{"$error":"#VALUE!"},null,{"$error":"#VALUE!"},{"$error":"#VALUE!"},{"$error":"#VALUE!"},{"$error":"#VALUE!"},{"$error":"#VALUE!"},null,{"$error":"#VALUE!"},{"$error":"#VALUE!"},{"$error":"#VALUE!"},{"$error":"#VALUE!"},{"$error":"#VALUE!"},null,5,{"$f":"SUM(SUMPRODUCT(AF$20:AJ$20,Q260:U260),SUMPRODUCT(AF$20:AJ$20,System2!Q260:U260),SUMPRODUCT(AF$20:AJ$20,System3!Q260:U260))","v":{"$error":"#VALUE!"}},{"$f":"SUM(SUMPRODUCT(AF$21:AJ$21,W260:AA260),SUMPRODUCT(AF$21:AJ$21,System2!W260:AA260),SUMPRODUCT(AF$21:AJ$21,System3!W260:AA260))","v":{"$error":"#VALUE!"}},{"$f":"WaterFittings!BN235","v":{"$error":"#VALUE!"}},{"$error":"#VALUE!"},{"$error":"#VALUE!"},{"$f":"MIN(AirCond!BL234,P$21)","v":0},{"$error":"#VALUE!"},{"$f":"MIN(ROUNDDOWN(AJ260-FH260,0),ROUNDDOWN(P$21*0.3,0),ROUNDDOWN(SUM(SUMPRODUCT(I$4:I$15,L$4:L$15),SUMPRODUCT(System2!I$4:I$15,System2!L$4:L$15),SUMPRODUCT(System3!I$4:I$15,System3!L$4:L$15))*0.3,0))","v":{"$error":"#VALUE!"}},0,{"$error":"#VALUE!"},{"$error":"#VALUE!"},{"$error":"#VALUE!"},0,{"$error":"#VALUE!"},{"$error":"#VALUE!"},{"$error":"#VALUE!"},0,null,null,null,0,0,0,0,null,{"$error":"#VALUE!"},{"$error":"#VALUE!"},{"$error":"#VALUE!"},{"$error":"#VALUE!"},{"$error":"#VALUE!"},{"$error":"#VALUE!"},{"$error":"#VALUE!"},{"$error":"#VALUE!"},{"$error":"#VALUE!"},0,{"$error":"#VALUE!"},{"$error":"#VALUE!"},{"$error":"#VALUE!"},{"$error":"#VALUE!"},{"$error":"#VALUE!"},{"$error":"#VALUE!"},{"$error":"#VALUE!"},{"$error":"#VALUE!"},{"$error":"#VALUE!"},{"$error":"#VALUE!"},{"$error":"#VALUE!"},{"$error":"#VALUE!"},{"$error":"#VALUE!"},{"$error":"#VALUE!"},{"$error":"#VALUE!"},{"$error":"#VALUE!"},{"$error":"#VALUE!"},{"$error":"#VALUE!"},{"$error":"#VALUE!"},{"$error":"#VALUE!"},{"$error":"#VALUE!"},{"$error":"#VALUE!"},{"$error":"#VALUE!"},{"$error":"#VALUE!"},{"$error":"#VALUE!"},{"$error":"#VALUE!"},{"$error":"#VALUE!"},{"$error":"#VALUE!"},{"$error":"#VALUE!"},{"$error":"#VALUE!"},{"$error":"#VALUE!"},{"$f":"SUM(CQ260,System2!CQ260,System3!CQ260)","v":{"$error":"#VALUE!"}},{"$error":"#VALUE!"},{"$error":"#VALUE!"},{"$error":"#VALUE!"},{"$error":"#VALUE!"},{"$error":"#VALUE!"},{"$error":"#VALUE!"},{"$error":"#VALUE!"},{"$error":"#VALUE!"},{"$error":"#VALUE!"},{"$error":"#VALUE!"},{"$error":"#VALUE!"},{"$error":"#VALUE!"},{"$error":"#VALUE!"},{"$error":"#VALUE!"},{"$error":"#VALUE!"},{"$error":"#VALUE!"},{"$error":"#VALUE!"},{"$error":"#VALUE!"},{"$error":"#VALUE!"},{"$error":"#VALUE!"},{"$error":"#VALUE!"},{"$error":"#VALUE!"},{"$error":"#VALUE!"},{"$error":"#VALUE!"},{"$error":"#VALUE!"},{"$error":"#VALUE!"},{"$f":"SUM(DR260,System2!DR260,System3!DR260)","v":{"$error":"#VALUE!"}},{"$f":"DT$36","v":{"$error":"#VALUE!"}},{"$f":"DU$36","v":{"$error":"#VALUE!"}},{"$f":"DV$36","v":0},{"$f":"DW$36","v":{"$error":"#VALUE!"}},{"$error":"#VALUE!"},{"$error":"#VALUE!"},{"$error":"#VALUE!"},0,0,0,0,0,{"$error":"#VALUE!"},{"$f":"SUM(EF260,System2!EF260,System3!EF260)","v":{"$error":"#VALUE!"}},{"$error":"#VALUE!"},{"$error":"#VALUE!"},{"$error":"#VALUE!"},{"$error":"#VALUE!"},{"$error":"#VALUE!"},{"$error":"#VALUE!"},{"$error":"#VALUE!"},{"$error":"#VALUE!"},{"$error":"#VALUE!"},{"$error":"#VALUE!"},{"$error":"#VALUE!"},{"$error":"#VALUE!"},{"$error":"#VALUE!"},{"$error":"#VALUE!"},{"$error":"#VALUE!"},{"$error":"#VALUE!"},{"$error":"#VALUE!"},{"$error":"#VALUE!"},{"$error":"#VALUE!"},{"$error":"#VALUE!"},{"$error":"#VALUE!"},{"$error":"#VALUE!"},{"$error":"#VALUE!"},{"$error":"#VALUE!"},{"$error":"#VALUE!"},{"$error":"#VALUE!"},{"$f":"SUM(FG260,System2!FG260,System3!FG260)","v":{"$error":"#VALUE!"}},0,0,0,0,{"$error":"#VALUE!"},{"$error":"#VALUE!"},{"$error":"#VALUE!"},{"$error":"#VALUE!"},{"$error":"#VALUE!"},{"$error":"#VALUE!"},{"$error":"#VALUE!"},{"$error":"#VALUE!"},{"$error":"#VALUE!"},{"$error":"#VALUE!"},{"$error":"#VALUE!"},{"$error":"#VALUE!"},{"$error":"#VALUE!"},{"$error":"#VALUE!"},{"$error":"#VALUE!"},{"$error":"#VALUE!"},{"$error":"#VALUE!"},{"$error":"#VALUE!"},{"$error":"#VALUE!"},{"$error":"#VALUE!"},{"$f":"$GG$31*WaterFittings!BO235","v":{"$error":"#VALUE!"}},{"$f":"$GH$31*WaterFittings!BP235","v":{"$error":"#VALUE!"}},{"$f":"$GI$31*WaterFittings!BQ235","v":0},{"$f":"GJ$31*AirCond!BD234","v":{"$error":"#VALUE!"}},{"$f":"GK$31*AirCond!BE234","v":{"$error":"#VALUE!"}},{"$f":"GL$31*AirCond!BF234","v":{"$error":"#VALUE!"}},{"$f":"GM$31*AirCond!BG234","v":{"$error":"#VALUE!"}},{"$f":"GN$31*WaterFittings!BS235","v":0},{"$f":"GO$31*WaterFittings!BT235","v":0},{"$f":"GP$31*WaterFittings!BU235","v":0}]
[null,null,230,0,0,{"$error":"#VALUE!"},{"$error":"#VALUE!"},{"$error":"#VALUE!"},{"$error":"#VALUE!"},{"$error":"#VALUE!"},{"$error":"#VALUE!"},{"$error":"#VALUE!"},{"$error":"#VALUE!"},{"$error":"#VALUE!"},{"$error":"#VALUE!"},null,{"$error":"#VALUE!"},{"$error":"#VALUE!"},{"$error":"#VALUE!"},{"$error":"#VALUE!"},{"$error":"#VALUE!"},null,{"$error":"#VALUE!"},{"$error":"#VALUE!"},{"$error":"#VALUE!"},{"$error":"#VALUE!"},{"$error":"#VALUE!"},null,6,{"$f":"SUM(SUMPRODUCT(AF$20:AJ$20,Q261:U261),SUMPRODUCT(AF$20:AJ$20,System2!Q261:U261),SUMPRODUCT(AF$20:AJ$20,System3!Q261:U261))","v":{"$error":"#VALUE!"}},{"$f":"SUM(SUMPRODUCT(AF$21:AJ$21,W261:AA261),SUMPRODUCT(AF$21:AJ$21,System2!W261:AA261),SUMPRODUCT(AF$21:AJ$21,System3!W261:AA261))","v":{"$error":"#VALUE!"}},{"$f":"WaterFittings!BN236","v":{"$error":"#VALUE!"}},{"$error":"#VALUE!"},{"$error":"#VALUE!"},{"$f":"MIN(AirCond!BL235,P$21)","v":0},{"$error":"#VALUE!"},{"$f":"MIN(ROUNDDOWN(AJ261-FH261,0),ROUNDDOWN(P$21*0.3,0),ROUNDDOWN(SUM(SUMPRODUCT(I$4:I$15,L$4:L$15),SUMPRODUCT(System2!I$4:I$15,System2!L$4:L$15),SUMPRODUCT(System3!I$4:I$15,System3!L$4:L$15))*0.3,0))","v":{"$error":"#VALUE!"}},0,{"$error":"#VALUE!"},{"$error":"#VALUE!"},{"$error":"#VALUE!"},0,{"$error":"#VALUE!"},{"$error":"#VALUE!"},{"$error":"#VALUE!"},0,null,null,null,0,0,0,0,null,{"$error":"#VALUE!"},{"$error":"#VALUE!"},{"$error":"#VALUE!"},{"$error":"#VALUE!"},{"$error":"#VALUE!"},{"$error":"#VALUE!"},{"$error":"#VALUE!"},{"$error":"#VALUE!"},{"$error":"#VALUE!"},0,{"$error":"#VALUE!"},{"$error":"#VALUE!"},{"$error":"#VALUE!"},{"$error":"#VALUE!"},{"$error":"#VALUE!"},{"$error":"#VALUE!"},{"$error":"#VALUE!"},{"$error":"#VALUE!"},{"$error":"#VALUE!"},{"$error":"#VALUE!"},{"$error":"#VALUE!"},{"$error":"#VALUE!"},{"$error":"#VALUE!"},{"$error":"#VALUE!"},{"$error":"#VALUE!"},{"$error":"#VALUE!"},{"$error":"#VALUE!"},{"$error":"#VALUE!"},{"$error":"#VALUE!"},{"$error":"#VALUE!"},{"$error":"#VALUE!"},{"$error":"#VALUE!"},{"$error":"#VALUE!"},{"$error":"#VALUE!"},{"$error":"#VALUE!"},{"$error":"#VALUE!"},{"$error":"#VALUE!"},{"$error":"#VALUE!"},{"$error":"#VALUE!"},{"$error":"#VALUE!"},{"$error":"#VALUE!"},{"$f":"SUM(CQ261,System2!CQ261,System3!CQ261)","v":{"$error":"#VALUE!"}},{"$error":"#VALUE!"},{"$error":"#VALUE!"},{"$error":"#VALUE!"},{"$error":"#VALUE!"},{"$error":"#VALUE!"},{"$error":"#VALUE!"},{"$error":"#VALUE!"},{"$error":"#VALUE!"},{"$error":"#VALUE!"},{"$error":"#VALUE!"},{"$error":"#VALUE!"},{"$error":"#VALUE!"},{"$error":"#VALUE!"},{"$error":"#VALUE!"},{"$error":"#VALUE!"},{"$error":"#VALUE!"},{"$error":"#VALUE!"},{"$error":"#VALUE!"},{"$error":"#VALUE!"},{"$error":"#VALUE!"},{"$error":"#VALUE!"},{"$error":"#VALUE!"},{"$error":"#VALUE!"},{"$error":"#VALUE!"},{"$error":"#VALUE!"},{"$error":"#VALUE!"},{"$f":"SUM(DR261,System2!DR261,System3!DR261)","v":{"$error":"#VALUE!"}},{"$f":"DT$37","v":{"$error":"#VALUE!"}},{"$f":"DU$37","v":{"$error":"#VALUE!"}},{"$f":"DV$37","v":0},{"$f":"DW$37","v":{"$error":"#VALUE!"}},{"$error":"#VALUE!"},{"$error":"#VALUE!"},{"$error":"#VALUE!"},0,0,0,0,0,{"$error":"#VALUE!"},{"$f":"SUM(EF261,System2!EF261,System3!EF261)","v":{"$error":"#VALUE!"}},{"$error":"#VALUE!"},{"$error":"#VALUE!"},{"$error":"#VALUE!"},{"$error":"#VALUE!"},{"$error":"#VALUE!"},{"$error":"#VALUE!"},{"$error":"#VALUE!"},{"$error":"#VALUE!"},{"$error":"#VALUE!"},{"$error":"#VALUE!"},{"$error":"#VALUE!"},{"$error":"#VALUE!"},{"$error":"#VALUE!"},{"$error":"#VALUE!"},{"$error":"#VALUE!"},{"$error":"#VALUE!"},{"$error":"#VALUE!"},{"$error":"#VALUE!"},{"$error":"#VALUE!"},{"$error":"#VALUE!"},{"$error":"#VALUE!"},{"$error":"#VALUE!"},{"$error":"#VALUE!"},{"$error":"#VALUE!"},{"$error":"#VALUE!"},{"$error":"#VALUE!"},{"$f":"SUM(FG261,System2!FG261,System3!FG261)","v":{"$error":"#VALUE!"}},0,0,0,0,{"$error":"#VALUE!"},{"$error":"#VALUE!"},{"$error":"#VALUE!"},{"$error":"#VALUE!"},{"$error":"#VALUE!"},{"$error":"#VALUE!"},{"$error":"#VALUE!"},{"$error":"#VALUE!"},{"$error":"#VALUE!"},{"$error":"#VALUE!"},{"$error":"#VALUE!"},{"$error":"#VALUE!"},{"$error":"#VALUE!"},{"$error":"#VALUE!"},{"$error":"#VALUE!"},{"$error":"#VALUE!"},{"$error":"#VALUE!"},{"$error":"#VALUE!"},{"$error":"#VALUE!"},{"$error":"#VALUE!"},{"$f":"$GG$31*WaterFittings!BO236","v":{"$error":"#VALUE!"}},{"$f":"$GH$31*WaterFittings!BP236","v":{"$error":"#VALUE!"}},{"$f":"$GI$31*WaterFittings!BQ236","v":0},{"$f":"GJ$31*AirCond!BD235","v":{"$error":"#VALUE!"}},{"$f":"GK$31*AirCond!BE235","v":{"$error":"#VALUE!"}},{"$f":"GL$31*AirCond!BF235","v":{"$error":"#VALUE!"}},{"$f":"GM$31*AirCond!BG235","v":{"$error":"#VALUE!"}},{"$f":"GN$31*WaterFittings!BS236","v":0},{"$f":"GO$31*WaterFittings!BT236","v":0},{"$f":"GP$31*WaterFittings!BU236","v":0}]
[null,null,231,0,0,{"$error":"#VALUE!"},{"$error":"#VALUE!"},{"$error":"#VALUE!"},{"$error":"#VALUE!"},{"$error":"#VALUE!"},{"$error":"#VALUE!"},{"$error":"#VALUE!"},{"$error":"#VALUE!"},{"$error":"#VALUE!"},{"$error":"#VALUE!"},null,{"$error":"#VALUE!"},{"$error":"#VALUE!"},{"$error":"#VALUE!"},{"$error":"#VALUE!"},{"$error":"#VALUE!"},null,{"$error":"#VALUE!"},{"$error":"#VALUE!"},{"$error":"#VALUE!"},{"$error":"#VALUE!"},{"$error":"#VALUE!"},null,7,{"$f":"SUM(SUMPRODUCT(AF$20:AJ$20,Q262:U262),SUMPRODUCT(AF$20:AJ$20,System2!Q262:U262),SUMPRODUCT(AF$20:AJ$20,System3!Q262:U262))","v":{"$error":"#VALUE!"}},{"$f":"SUM(SUMPRODUCT(AF$21:AJ$21,W262:AA262),SUMPRODUCT(AF$21:AJ$21,System2!W262:AA262),SUMPRODUCT(AF$21:AJ$21,System3!W262:AA262))","v":{"$error":"#VALUE!"}},{"$f":"WaterFittings!BN237","v":{"$error":"#VALUE!"}},{"$error":"#VALUE!"},{"$error":"#VALUE!"},{"$f":"MIN(AirCond!BL236,P$21)","v":0},{"$error":"#VALUE!"},{"$f":"MIN(ROUNDDOWN(AJ262-FH262,0),ROUNDDOWN(P$21*0.3,0),ROUNDDOWN(SUM(SUMPRODUCT(I$4:I$15,L$4:L$15),SUMPRODUCT(System2!I$4:I$15,System2!L$4:L$15),SUMPRODUCT(System3!I$4:I$15,System3!L$4:L$15))*0.3,0))","v":{"$error":"#VALUE!"}},0,{"$error":"#VALUE!"},{"$error":"#VALUE!"},{"$error":"#VALUE!"},0,{"$error":"#VALUE!"},{"$error":"#VALUE!"},{"$error":"#VALUE!"},0,null,null,null,0,0,0,0,null,{"$error":"#VALUE!"},{"$error":"#VALUE!"},{"$error":"#VALUE!"},{"$error":"#VALUE!"},{"$error":"#VALUE!"},{"$error":"#VALUE!"},{"$error":"#VALUE!"},{"$error":"#VALUE!"},{"$error":"#VALUE!"},0,{"$error":"#VALUE!"},{"$error":"#VALUE!"},{"$error":"#VALUE!"},{"$error":"#VALUE!"},{"$error":"#VALUE!"},{"$error":"#VALUE!"},{"$error":"#VALUE!"},{"$error":"#VALUE!"},{"$error":"#VALUE!"},{"$error":"#VALUE!"},{"$error":"#VALUE!"},{"$error":"#VALUE!"},{"$error":"#VALUE!"},{"$error":"#VALUE!"},{"$error":"#VALUE!"},{"$error":"#VALUE!"},{"$error":"#VALUE!"},{"$error":"#VALUE!"},{"$error":"#VALUE!"},{"$error":"#VALUE!"},{"$error":"#VALUE!"},{"$error":"#VALUE!"},{"$error":"#VALUE!"},{"$error":"#VALUE!"},{"$error":"#VALUE!"},{"$error":"#VALUE!"},{"$error":"#VALUE!"},{"$error":"#VALUE!"},{"$error":"#VALUE!"},{"$error":"#VALUE!"},{"$error":"#VALUE!"},{"$f":"SUM(CQ262,System2!CQ262,System3!CQ262)","v":{"$error":"#VALUE!"}},{"$error":"#VALUE!"},{"$error":"#VALUE!"},{"$error":"#VALUE!"},{"$error":"#VALUE!"},{"$error":"#VALUE!"},{"$error":"#VALUE!"},{"$error":"#VALUE!"},{"$error":"#VALUE!"},{"$error":"#VALUE!"},{"$error":"#VALUE!"},{"$error":"#VALUE!"},{"$error":"#VALUE!"},{"$error":"#VALUE!"},{"$error":"#VALUE!"},{"$error":"#VALUE!"},{"$error":"#VALUE!"},{"$error":"#VALUE!"},{"$error":"#VALUE!"},{"$error":"#VALUE!"},{"$error":"#VALUE!"},{"$error":"#VALUE!"},{"$error":"#VALUE!"},{"$error":"#VALUE!"},{"$error":"#VALUE!"},{"$error":"#VALUE!"},{"$error":"#VALUE!"},{"$f":"SUM(DR262,System2!DR262,System3!DR262)","v":{"$error":"#VALUE!"}},{"$f":"DT$38","v":{"$error":"#VALUE!"}},{"$f":"DU$38","v":{"$error":"#VALUE!"}},{"$f":"DV$38","v":0},{"$f":"DW$38","v":{"$error":"#VALUE!"}},{"$error":"#VALUE!"},{"$error":"#VALUE!"},{"$error":"#VALUE!"},0,0,0,0,0,{"$error":"#VALUE!"},{"$f":"SUM(EF262,System2!EF262,System3!EF262)","v":{"$error":"#VALUE!"}},{"$error":"#VALUE!"},{"$error":"#VALUE!"},{"$error":"#VALUE!"},{"$error":"#VALUE!"},{"$error":"#VALUE!"},{"$error":"#VALUE!"},{"$error":"#VALUE!"},{"$error":"#VALUE!"},{"$error":"#VALUE!"},{"$error":"#VALUE!"},{"$error":"#VALUE!"},{"$error":"#VALUE!"},{"$error":"#VALUE!"},{"$error":"#VALUE!"},{"$error":"#VALUE!"},{"$error":"#VALUE!"},{"$error":"#VALUE!"},{"$error":"#VALUE!"},{"$error":"#VALUE!"},{"$error":"#VALUE!"},{"$error":"#VALUE!"},{"$error":"#VALUE!"},{"$error":"#VALUE!"},{"$error":"#VALUE!"},{"$error":"#VALUE!"},{"$error":"#VALUE!"},{"$f":"SUM(FG262,System2!FG262,System3!FG262)","v":{"$error":"#VALUE!"}},0,0,0,0,{"$error":"#VALUE!"},{"$error":"#VALUE!"},{"$error":"#VALUE!"},{"$error":"#VALUE!"},{"$error":"#VALUE!"},{"$error":"#VALUE!"},{"$error":"#VALUE!"},{"$error":"#VALUE!"},{"$error":"#VALUE!"},{"$error":"#VALUE!"},{"$error":"#VALUE!"},{"$error":"#VALUE!"},{"$error":"#VALUE!"},{"$error":"#VALUE!"},{"$error":"#VALUE!"},{"$error":"#VALUE!"},{"$error":"#VALUE!"},{"$error":"#VALUE!"},{"$error":"#VALUE!"},{"$error":"#VALUE!"},{"$f":"$GG$31*WaterFittings!BO237","v":{"$error":"#VALUE!"}},{"$f":"$GH$31*WaterFittings!BP237","v":{"$error":"#VALUE!"}},{"$f":"$GI$31*WaterFittings!BQ237","v":0},{"$f":"GJ$31*AirCond!BD236","v":{"$error":"#VALUE!"}},{"$f":"GK$31*AirCond!BE236","v":{"$error":"#VALUE!"}},{"$f":"GL$31*AirCond!BF236","v":{"$error":"#VALUE!"}},{"$f":"GM$31*AirCond!BG236","v":{"$error":"#VALUE!"}},{"$f":"GN$31*WaterFittings!BS237","v":0},{"$f":"GO$31*WaterFittings!BT237","v":0},{"$f":"GP$31*WaterFittings!BU237","v":0}]
[null,null,232,0,0,{"$error":"#VALUE!"},{"$error":"#VALUE!"},{"$error":"#VALUE!"},{"$error":"#VALUE!"},{"$error":"#VALUE!"},{"$error":"#VALUE!"},{"$error":"#VALUE!"},{"$error":"#VALUE!"},{"$error":"#VALUE!"},{"$error":"#VALUE!"},null,{"$error":"#VALUE!"},{"$error":"#VALUE!"},{"$error":"#VALUE!"},{"$error":"#VALUE!"},{"$error":"#VALUE!"},null,{"$error":"#VALUE!"},{"$error":"#VALUE!"},{"$error":"#VALUE!"},{"$error":"#VALUE!"},{"$f":"ROUNDDOWN(FF263,0)","v":{"$error":"#VALUE!"}},null,8,{"$f":"SUM(SUMPRODUCT(AF$20:AJ$20,Q263:U263),SUMPRODUCT(AF$20:AJ$20,System2!Q263:U263),SUMPRODUCT(AF$20:AJ$20,System3!Q263:U263))","v":{"$error":"#VALUE!"}},{"$f":"SUM(SUMPRODUCT(AF$21:AJ$21,W263:AA263),SUMPRODUCT(AF$21:AJ$21,System2!W263:AA263),SUMPRODUCT(AF$21:AJ$21,System3!W263:AA263))","v":{"$error":"#VALUE!"}},{"$f":"WaterFittings!BN238","v":{"$error":"#VALUE!"}},{"$error":"#VALUE!"},{"$error":"#VALUE!"},{"$f":"MIN(AirCond!BL237,P$21)","v":0},{"$error":"#VALUE!"},{"$f":"MIN(ROUNDDOWN(AJ263-FH263,0),ROUNDDOWN(P$21*0.3,0),ROUNDDOWN(SUM(SUMPRODUCT(I$4:I$15,L$4:L$15),SUMPRODUCT(System2!I$4:I$15,System2!L$4:L$15),SUMPRODUCT(System3!I$4:I$15,System3!L$4:L$15))*0.3,0))","v":{"$error":"#VALUE!"}},0,{"$error":"#VALUE!"},{"$error":"#VALUE!"},{"$error":"#VALUE!"},0,{"$error":"#VALUE!"},{"$error":"#VALUE!"},{"$error":"#VALUE!"},0,null,null,null,0,0,0,0,null,{"$error":"#VALUE!"},{"$error":"#VALUE!"},{"$error":"#VALUE!"},{"$error":"#VALUE!"},{"$error":"#VALUE!"},{"$error":"#VALUE!"},{"$error":"#VALUE!"},{"$error":"#VALUE!"},{"$error":"#VALUE!"},0,{"$error":"#VALUE!"},{"$error":"#VALUE!"},{"$error":"#VALUE!"},{"$error":"#VALUE!"},{"$error":"#VALUE!"},{"$error":"#VALUE!"},{"$error":"#VALUE!"},{"$error":"#VALUE!"},{"$error":"#VALUE!"},{"$error":"#VALUE!"},{"$error":"#VALUE!"},{"$error":"#VALUE!"},{"$error":"#VALUE!"},{"$error":"#VALUE!"},{"$error":"#VALUE!"},{"$error":"#VALUE!"},{"$error":"#VALUE!"},{"$error":"#VALUE!"},{"$error":"#VALUE!"},{"$error":"#VALUE!"},{"$error":"#VALUE!"},{"$error":"#VALUE!"},{"$error":"#VALUE!"},{"$error":"#VALUE!"},{"$error":"#VALUE!"},{"$error":"#VALUE!"},{"$error":"#VALUE!"},{"$error":"#VALUE!"},{"$error":"#VALUE!"},{"$error":"#VALUE!"},{"$error":"#VALUE!"},{"$f":"SUM(CQ263,System2!CQ263,System3!CQ263)","v":{"$error":"#VALUE!"}},{"$error":"#VALUE!"},{"$error":"#VALUE!"},{"$error":"#VALUE!"},{"$error":"#VALUE!"},{"$error":"#VALUE!"},{"$error":"#VALUE!"},{"$error":"#VALUE!"},{"$error":"#VALUE!"},{"$error":"#VALUE!"},{"$error":"#VALUE!"},{"$error":"#VALUE!"},{"$error":"#VALUE!"},{"$error":"#VALUE!"},{"$error":"#VALUE!"},{"$error":"#VALUE!"},{"$error":"#VALUE!"},{"$error":"#VALUE!"},{"$error":"#VALUE!"},{"$error":"#VALUE!"},{"$error":"#VALUE!"},{"$error":"#VALUE!"},{"$error":"#VALUE!"},{"$error":"#VALUE!"},{"$error":"#VALUE!"},{"$error":"#VALUE!"},{"$error":"#VALUE!"},{"$f":"SUM(DR263,System2!DR263,System3!DR263)","v":{"$error":"#VALUE!"}},{"$f":"DT$39","v":{"$error":"#VALUE!"}},{"$f":"DU$39","v":{"$error":"#VALUE!"}},{"$f":"DV$39","v":0},{"$f":"DW$39","v":{"$error":"#VALUE!"}},{"$error":"#VALUE!"},{"$error":"#VALUE!"},{"$error":"#VALUE!"},0,0,0,0,0,{"$error":"#VALUE!"},{"$f":"SUM(EF263,System2!EF263,System3!EF263)","v":{"$error":"#VALUE!"}},{"$error":"#VALUE!"},{"$error":"#VALUE!"},{"$error":"#VALUE!"},{"$error":"#VALUE!"},{"$error":"#VALUE!"},{"$error":"#VALUE!"},{"$error":"#VALUE!"},{"$error":"#VALUE!"},{"$error":"#VALUE!"},{"$error":"#VALUE!"},{"$error":"#VALUE!"},{"$error":"#VALUE!"},{"$error":"#VALUE!"},{"$error":"#VALUE!"},{"$error":"#VALUE!"},{"$error":"#VALUE!"},{"$error":"#VALUE!"},{"$error":"#VALUE!"},{"$error":"#VALUE!"},{"$error":"#VALUE!"},{"$error":"#VALUE!"},{"$error":"#VALUE!"},{"$error":"#VALUE!"},{"$error":"#VALUE!"},{"$error":"#VALUE!"},{"$error":"#VALUE!"},{"$f":"SUM(FG263,System2!FG263,System3!FG263)","v":{"$error":"#VALUE!"}},0,0,0,0,{"$error":"#VALUE!"},{"$error":"#VALUE!"},{"$error":"#VALUE!"},{"$error":"#VALUE!"},{"$error":"#VALUE!"},{"$error":"#VALUE!"},{"$error":"#VALUE!"},{"$error":"#VALUE!"},{"$error":"#VALUE!"},{"$error":"#VALUE!"},{"$error":"#VALUE!"},{"$error":"#VALUE!"},{"$error":"#VALUE!"},{"$error":"#VALUE!"},{"$error":"#VALUE!"},{"$error":"#VALUE!"},{"$error":"#VALUE!"},{"$error":"#VALUE!"},{"$error":"#VALUE!"},{"$error":"#VALUE!"},{"$f":"$GG$31*WaterFittings!BO238","v":{"$error":"#VALUE!"}},{"$f":"$GH$31*WaterFittings!BP238","v":{"$error":"#VALUE!"}},{"$f":"$GI$31*WaterFittings!BQ238","v":0},{"$f":"GJ$31*AirCond!BD237","v":{"$error":"#VALUE!"}},{"$f":"GK$31*AirCond!BE237","v":{"$error":"#VALUE!"}},{"$f":"GL$31*AirCond!BF237","v":{"$error":"#VALUE!"}},{"$f":"GM$31*AirCond!BG237","v":{"$error":"#VALUE!"}},{"$f":"GN$31*WaterFittings!BS238","v":0},{"$f":"GO$31*WaterFittings!BT238","v":0},{"$f":"GP$31*WaterFittings!BU238","v":0}]
[null,null,{"$f":"C263+1","v":233},0,0,{"$error":"#VALUE!"},{"$error":"#VALUE!"},{"$error":"#VALUE!"},{"$error":"#VALUE!"},{"$error":"#VALUE!"},{"$error":"#VALUE!"},{"$error":"#VALUE!"},{"$error":"#VALUE!"},{"$error":"#VALUE!"},{"$error":"#VALUE!"},null,{"$error":"#VALUE!"},{"$error":"#VALUE!"},{"$error":"#VALUE!"},{"$error":"#VALUE!"},{"$error":"#VALUE!"},null,{"$error":"#VALUE!"},{"$error":"#VALUE!"},{"$error":"#VALUE!"},{"$error":"#VALUE!"},{"$error":"#VALUE!"},null,9,{"$f":"SUM(SUMPRODUCT(AF$20:AJ$20,Q264:U264),SUMPRODUCT(AF$20:AJ$20,System2!Q264:U264),SUMPRODUCT(AF$20:AJ$20,System3!Q264:U264))","v":{"$error":"#VALUE!"}},{"$f":"SUM(SUMPRODUCT(AF$21:AJ$21,W264:AA264),SUMPRODUCT(AF$21:AJ$21,System2!W264:AA264),SUMPRODUCT(AF$21:AJ$21,System3!W264:AA264))","v":{"$error":"#VALUE!"}},{"$f":"WaterFittings!BN239","v":{"$error":"#VALUE!"}},{"$error":"#VALUE!"},{"$error":"#VALUE!"},{"$f":"MIN(AirCond!BL238,P$21)","v":0},{"$error":"#VALUE!"},{"$f":"MIN(ROUNDDOWN(AJ264-FH264,0),ROUNDDOWN(P$21*0.3,0),ROUNDDOWN(SUM(SUMPRODUCT(I$4:I$15,L$4:L$15),SUMPRODUCT(System2!I$4:I$15,System2!L$4:L$15),SUMPRODUCT(System3!I$4:I$15,System3!L$4:L$15))*0.3,0))","v":{"$error":"#VALUE!"}},0,{"$error":"#VALUE!"},{"$error":"#VALUE!"},{"$error":"#VALUE!"},0,{"$error":"#VALUE!"},{"$error":"#VALUE!"},{"$error":"#VALUE!"},0,null,null,null,0,0,0,0,null,{"$error":"#VALUE!"},{"$error":"#VALUE!"},{"$error":"#VALUE!"},{"$error":"#VALUE!"},{"$error":"#VALUE!"},{"$error":"#VALUE!"},{"$error":"#VALUE!"},{"$error":"#VALUE!"},{"$error":"#VALUE!"},0,{"$error":"#VALUE!"},{"$error":"#VALUE!"},{"$error":"#VALUE!"},{"$error":"#VALUE!"},{"$error":"#VALUE!"},{"$error":"#VALUE!"},{"$error":"#VALUE!"},{"$error":"#VALUE!"},{"$error":"#VALUE!"},{"$error":"#VALUE!"},{"$error":"#VALUE!"},{"$error":"#VALUE!"},{"$error":"#VALUE!"},{"$error":"#VALUE!"},{"$error":"#VALUE!"},{"$error":"#VALUE!"},{"$error":"#VALUE!"},{"$error":"#VALUE!"},{"$error":"#VALUE!"},{"$error":"#VALUE!"},{"$error":"#VALUE!"},{"$error":"#VALUE!"},{"$error":"#VALUE!"},{"$error":"#VALUE!"},{"$error":"#VALUE!"},{"$error":"#VALUE!"},{"$error":"#VALUE!"},{"$error":"#VALUE!"},{"$error":"#VALUE!"},{"$error":"#VALUE!"},{"$error":"#VALUE!"},{"$f":"SUM(CQ264,System2!CQ264,System3!CQ264)","v":{"$error":"#VALUE!"}},{"$error":"#VALUE!"},{"$error":"#VALUE!"},{"$error":"#VALUE!"},{"$error":"#VALUE!"},{"$error":"#VALUE!"},{"$error":"#VALUE!"},{"$error":"#VALUE!"},{"$error":"#VALUE!"},{"$error":"#VALUE!"},{"$error":"#VALUE!"},{"$error":"#VALUE!"},{"$error":"#VALUE!"},{"$error":"#VALUE!"},{"$error":"#VALUE!"},{"$error":"#VALUE!"},{"$error":"#VALUE!"},{"$error":"#VALUE!"},{"$error":"#VALUE!"},{"$error":"#VALUE!"},{"$error":"#VALUE!"},{"$error":"#VALUE!"},{"$error":"#VALUE!"},{"$error":"#VALUE!"},{"$error":"#VALUE!"},{"$error":"#VALUE!"},{"$error":"#VALUE!"},{"$f":"SUM(DR264,System2!DR264,System3!DR264)","v":{"$error":"#VALUE!"}},{"$f":"DT$40","v":{"$error":"#VALUE!"}},{"$f":"DU$40","v":{"$error":"#VALUE!"}},{"$f":"DV$40","v":0},{"$f":"DW$40","v":{"$error":"#VALUE!"}},{"$error":"#VALUE!"},{"$error":"#VALUE!"},{"$error":"#VALUE!"},0,0,0,0,0,{"$error":"#VALUE!"},{"$f":"SUM(EF264,System2!EF264,System3!EF264)","v":{"$error":"#VALUE!"}},{"$error":"#VALUE!"},{"$error":"#VALUE!"},{"$error":"#VALUE!"},{"$error":"#VALUE!"},{"$error":"#VALUE!"},{"$error":"#VALUE!"},{"$error":"#VALUE!"},{"$error":"#VALUE!"},{"$error":"#VALUE!"},{"$error":"#VALUE!"},{"$error":"#VALUE!"},{"$error":"#VALUE!"},{"$error":"#VALUE!"},{"$error":"#VALUE!"},{"$error":"#VALUE!"},{"$error":"#VALUE!"},{"$error":"#VALUE!"},{"$error":"#VALUE!"},{"$error":"#VALUE!"},{"$error":"#VALUE!"},{"$error":"#VALUE!"},{"$error":"#VALUE!"},{"$error":"#VALUE!"},{"$error":"#VALUE!"},{"$error":"#VALUE!"},{"$error":"#VALUE!"},{"$f":"SUM(FG264,System2!FG264,System3!FG264)","v":{"$error":"#VALUE!"}},0,0,0,0,{"$error":"#VALUE!"},{"$error":"#VALUE!"},{"$error":"#VALUE!"},{"$error":"#VALUE!"},{"$error":"#VALUE!"},{"$error":"#VALUE!"},{"$error":"#VALUE!"},{"$error":"#VALUE!"},{"$error":"#VALUE!"},{"$error":"#VALUE!"},{"$error":"#VALUE!"},{"$error":"#VALUE!"},{"$error":"#VALUE!"},{"$error":"#VALUE!"},{"$error":"#VALUE!"},{"$error":"#VALUE!"},{"$error":"#VALUE!"},{"$error":"#VALUE!"},{"$error":"#VALUE!"},{"$error":"#VALUE!"},{"$f":"$GG$31*WaterFittings!BO239","v":{"$error":"#VALUE!"}},{"$f":"$GH$31*WaterFittings!BP239","v":{"$error":"#VALUE!"}},{"$f":"$GI$31*WaterFittings!BQ239","v":0},{"$f":"GJ$31*AirCond!BD238","v":{"$error":"#VALUE!"}},{"$f":"GK$31*AirCond!BE238","v":{"$error":"#VALUE!"}},{"$f":"GL$31*AirCond!BF238","v":{"$error":"#VALUE!"}},{"$f":"GM$31*AirCond!BG238","v":{"$error":"#VALUE!"}},{"$f":"GN$31*WaterFittings!BS239","v":0},{"$f":"GO$31*WaterFittings!BT239","v":0},{"$f":"GP$31*WaterFittings!BU239","v":0}]
[null,null,234,0,0,{"$error":"#VALUE!"},{"$error":"#VALUE!"},{"$error":"#VALUE!"},{"$error":"#VALUE!"},{"$error":"#VALUE!"},{"$error":"#VALUE!"},{"$error":"#VALUE!"},{"$error":"#VALUE!"},{"$error":"#VALUE!"},{"$error":"#VALUE!"},null,{"$error":"#VALUE!"},{"$error":"#VALUE!"},{"$error":"#VALUE!"},{"$error":"#VALUE!"},{"$error":"#VALUE!"},null,{"$error":"#VALUE!"},{"$error":"#VALUE!"},{"$error":"#VALUE!"},{"$error":"#VALUE!"},{"$error":"#VALUE!"},null,10,{"$f":"SUM(SUMPRODUCT(AF$20:AJ$20,Q265:U265),SUMPRODUCT(AF$20:AJ$20,System2!Q265:U265),SUMPRODUCT(AF$20:AJ$20,System3!Q265:U265))","v":{"$error":"#VALUE!"}},{"$f":"SUM(SUMPRODUCT(AF$21:AJ$21,W265:AA265),SUMPRODUCT(AF$21:AJ$21,System2!W265:AA265),SUMPRODUCT(AF$21:AJ$21,System3!W265:AA265))","v":{"$error":"#VALUE!"}},{"$f":"WaterFittings!BN240","v":{"$error":"#VALUE!"}},{"$error":"#VALUE!"},{"$error":"#VALUE!"},{"$f":"MIN(AirCond!BL239,P$21)","v":0},{"$error":"#VALUE!"},{"$f":"MIN(ROUNDDOWN(AJ265-FH265,0),ROUNDDOWN(P$21*0.3,0),ROUNDDOWN(SUM(SUMPRODUCT(I$4:I$15,L$4:L$15),SUMPRODUCT(System2!I$4:I$15,System2!L$4:L$15),SUMPRODUCT(System3!I$4:I$15,System3!L$4:L$15))*0.3,0))","v":{"$error":"#VALUE!"}},0,{"$error":"#VALUE!"},{"$error":"#VALUE!"},{"$error":"#VALUE!"},0,{"$error":"#VALUE!"},{"$error":"#VALUE!"},{"$error":"#VALUE!"},0,null,null,null,0,0,0,0,null,{"$error":"#VALUE!"},{"$error":"#VALUE!"},{"$error":"#VALUE!"},{"$error":"#VALUE!"},{"$error":"#VALUE!"},{"$error":"#VALUE!"},{"$error":"#VALUE!"},{"$error":"#VALUE!"},{"$error":"#VALUE!"},0,{"$error":"#VALUE!"},{"$error":"#VALUE!"},{"$error":"#VALUE!"},{"$error":"#VALUE!"},{"$error":"#VALUE!"},{"$error":"#VALUE!"},{"$error":"#VALUE!"},{"$error":"#VALUE!"},{"$error":"#VALUE!"},{"$error":"#VALUE!"},{"$error":"#VALUE!"},{"$error":"#VALUE!"},{"$error":"#VALUE!"},{"$error":"#VALUE!"},{"$error":"#VALUE!"},{"$error":"#VALUE!"},{"$error":"#VALUE!"},{"$error":"#VALUE!"},{"$error":"#VALUE!"},{"$error":"#VALUE!"},{"$error":"#VALUE!"},{"$error":"#VALUE!"},{"$error":"#VALUE!"},{"$error":"#VALUE!"},{"$error":"#VALUE!"},{"$error":"#VALUE!"},{"$error":"#VALUE!"},{"$error":"#VALUE!"},{"$error":"#VALUE!"},{"$error":"#VALUE!"},{"$error":"#VALUE!"},{"$f":"SUM(CQ265,System2!CQ265,System3!CQ265)","v":{"$error":"#VALUE!"}},{"$error":"#VALUE!"},{"$error":"#VALUE!"},{"$error":"#VALUE!"},{"$error":"#VALUE!"},{"$error":"#VALUE!"},{"$error":"#VALUE!"},{"$error":"#VALUE!"},{"$error":"#VALUE!"},{"$error":"#VALUE!"},{"$error":"#VALUE!"},{"$error":"#VALUE!"},{"$error":"#VALUE!"},{"$error":"#VALUE!"},{"$error":"#VALUE!"},{"$error":"#VALUE!"},{"$error":"#VALUE!"},{"$error":"#VALUE!"},{"$error":"#VALUE!"},{"$error":"#VALUE!"},{"$error":"#VALUE!"},{"$error":"#VALUE!"},{"$error":"#VALUE!"},{"$error":"#VALUE!"},{"$error":"#VALUE!"},{"$error":"#VALUE!"},{"$error":"#VALUE!"},{"$f":"SUM(DR265,System2!DR265,System3!DR265)","v":{"$error":"#VALUE!"}},{"$f":"DT$41","v":{"$error":"#VALUE!"}},{"$f":"DU$41","v":{"$error":"#VALUE!"}},{"$f":"DV$41","v":0},{"$f":"DW$41","v":{"$error":"#VALUE!"}},{"$error":"#VALUE!"},{"$error":"#VALUE!"},{"$error":"#VALUE!"},0,0,0,0,0,{"$error":"#VALUE!"},{"$f":"SUM(EF265,System2!EF265,System3!EF265)","v":{"$error":"#VALUE!"}},{"$error":"#VALUE!"},{"$error":"#VALUE!"},{"$error":"#VALUE!"},{"$error":"#VALUE!"},{"$error":"#VALUE!"},{"$error":"#VALUE!"},{"$error":"#VALUE!"},{"$error":"#VALUE!"},{"$error":"#VALUE!"},{"$error":"#VALUE!"},{"$error":"#VALUE!"},{"$error":"#VALUE!"},{"$error":"#VALUE!"},{"$error":"#VALUE!"},{"$error":"#VALUE!"},{"$error":"#VALUE!"},{"$error":"#VALUE!"},{"$error":"#VALUE!"},{"$error":"#VALUE!"},{"$error":"#VALUE!"},{"$error":"#VALUE!"},{"$error":"#VALUE!"},{"$error":"#VALUE!"},{"$error":"#VALUE!"},{"$error":"#VALUE!"},{"$error":"#VALUE!"},{"$f":"SUM(FG265,System2!FG265,System3!FG265)","v":{"$error":"#VALUE!"}},0,0,0,0,{"$error":"#VALUE!"},{"$error":"#VALUE!"},{"$error":"#VALUE!"},{"$error":"#VALUE!"},{"$error":"#VALUE!"},{"$error":"#VALUE!"},{"$error":"#VALUE!"},{"$error":"#VALUE!"},{"$error":"#VALUE!"},{"$error":"#VALUE!"},{"$error":"#VALUE!"},{"$error":"#VALUE!"},{"$error":"#VALUE!"},{"$error":"#VALUE!"},{"$error":"#VALUE!"},{"$error":"#VALUE!"},{"$error":"#VALUE!"},{"$error":"#VALUE!"},{"$error":"#VALUE!"},{"$error":"#VALUE!"},{"$f":"$GG$31*WaterFittings!BO240","v":{"$error":"#VALUE!"}},{"$f":"$GH$31*WaterFittings!BP240","v":{"$error":"#VALUE!"}},{"$f":"$GI$31*WaterFittings!BQ240","v":0},{"$f":"GJ$31*AirCond!BD239","v":{"$error":"#VALUE!"}},{"$f":"GK$31*AirCond!BE239","v":{"$error":"#VALUE!"}},{"$f":"GL$31*AirCond!BF239","v":{"$error":"#VALUE!"}},{"$f":"GM$31*AirCond!BG239","v":{"$error":"#VALUE!"}},{"$f":"GN$31*WaterFittings!BS240","v":0},{"$f":"GO$31*WaterFittings!BT240","v":0},{"$f":"GP$31*WaterFittings!BU240","v":0}]
[null,null,235,0,0,{"$error":"#VALUE!"},{"$error":"#VALUE!"},{"$error":"#VALUE!"},{"$error":"#VALUE!"},{"$error":"#VALUE!"},{"$error":"#VALUE!"},{"$error":"#VALUE!"},{"$error":"#VALUE!"},{"$error":"#VALUE!"},{"$error":"#VALUE!"},null,{"$error":"#VALUE!"},{"$error":"#VALUE!"},{"$error":"#VALUE!"},{"$error":"#VALUE!"},{"$error":"#VALUE!"},null,{"$error":"#VALUE!"},{"$error":"#VALUE!"},{"$error":"#VALUE!"},{"$error":"#VALUE!"},{"$error":"#VALUE!"},null,11,{"$f":"SUM(SUMPRODUCT(AF$20:AJ$20,Q266:U266),SUMPRODUCT(AF$20:AJ$20,System2!Q266:U266),SUMPRODUCT(AF$20:AJ$20,System3!Q266:U266))","v":{"$error":"#VALUE!"}},{"$f":"SUM(SUMPRODUCT(AF$21:AJ$21,W266:AA266),SUMPRODUCT(AF$21:AJ$21,System2!W266:AA266),SUMPRODUCT(AF$21:AJ$21,System3!W266:AA266))","v":{"$error":"#VALUE!"}},{"$f":"WaterFittings!BN241","v":{"$error":"#VALUE!"}},{"$error":"#VALUE!"},{"$error":"#VALUE!"},{"$f":"MIN(AirCond!BL240,P$21)","v":0},{"$error":"#VALUE!"},{"$f":"MIN(ROUNDDOWN(AJ266-FH266,0),ROUNDDOWN(P$21*0.3,0),ROUNDDOWN(SUM(SUMPRODUCT(I$4:I$15,L$4:L$15),SUMPRODUCT(System2!I$4:I$15,System2!L$4:L$15),SUMPRODUCT(System3!I$4:I$15,System3!L$4:L$15))*0.3,0))","v":{"$error":"#VALUE!"}},0,{"$error":"#VALUE!"},{"$error":"#VALUE!"},{"$error":"#VALUE!"},0,{"$error":"#VALUE!"},{"$error":"#VALUE!"},{"$error":"#VALUE!"},0,null,null,null,0,0,0,0,null,{"$error":"#VALUE!"},{"$error":"#VALUE!"},{"$error":"#VALUE!"},{"$error":"#VALUE!"},{"$error":"#VALUE!"},{"$error":"#VALUE!"},{"$error":"#VALUE!"},{"$error":"#VALUE!"},{"$error":"#VALUE!"},0,{"$error":"#VALUE!"},{"$error":"#VALUE!"},{"$error":"#VALUE!"},{"$error":"#VALUE!"},{"$error":"#VALUE!"},{"$error":"#VALUE!"},{"$error":"#VALUE!"},{"$error":"#VALUE!"},{"$error":"#VALUE!"},{"$error":"#VALUE!"},{"$error":"#VALUE!"},{"$error":"#VALUE!"},{"$error":"#VALUE!"},{"$error":"#VALUE!"},{"$error":"#VALUE!"},{"$error":"#VALUE!"},{"$error":"#VALUE!"},{"$error":"#VALUE!"},{"$error":"#VALUE!"},{"$error":"#VALUE!"},{"$error":"#VALUE!"},{"$error":"#VALUE!"},{"$error":"#VALUE!"},{"$error":"#VALUE!"},{"$error":"#VALUE!"},{"$error":"#VALUE!"},{"$error":"#VALUE!"},{"$error":"#VALUE!"},{"$error":"#VALUE!"},{"$error":"#VALUE!"},{"$error":"#VALUE!"},{"$f":"SUM(CQ266,System2!CQ266,System3!CQ266)","v":{"$error":"#VALUE!"}},{"$error":"#VALUE!"},{"$error":"#VALUE!"},{"$error":"#VALUE!"},{"$error":"#VALUE!"},{"$error":"#VALUE!"},{"$error":"#VALUE!"},{"$error":"#VALUE!"},{"$error":"#VALUE!"},{"$error":"#VALUE!"},{"$error":"#VALUE!"},{"$error":"#VALUE!"},{"$error":"#VALUE!"},{"$error":"#VALUE!"},{"$error":"#VALUE!"},{"$error":"#VALUE!"},{"$error":"#VALUE!"},{"$error":"#VALUE!"},{"$error":"#VALUE!"},{"$error":"#VALUE!"},{"$error":"#VALUE!"},{"$error":"#VALUE!"},{"$error":"#VALUE!"},{"$error":"#VALUE!"},{"$error":"#VALUE!"},{"$error":"#VALUE!"},{"$error":"#VALUE!"},{"$f":"SUM(DR266,System2!DR266,System3!DR266)","v":{"$error":"#VALUE!"}},{"$f":"DT$42","v":{"$error":"#VALUE!"}},{"$f":"DU$42","v":{"$error":"#VALUE!"}},{"$f":"DV$42","v":0},{"$f":"DW$42","v":{"$error":"#VALUE!"}},{"$error":"#VALUE!"},{"$error":"#VALUE!"},{"$error":"#VALUE!"},0,0,0,0,0,{"$error":"#VALUE!"},{"$f":"SUM(EF266,System2!EF266,System3!EF266)","v":{"$error":"#VALUE!"}},{"$error":"#VALUE!"},{"$error":"#VALUE!"},{"$error":"#VALUE!"},{"$error":"#VALUE!"},{"$error":"#VALUE!"},{"$error":"#VALUE!"},{"$error":"#VALUE!"},{"$error":"#VALUE!"},{"$error":"#VALUE!"},{"$error":"#VALUE!"},{"$error":"#VALUE!"},{"$error":"#VALUE!"},{"$error":"#VALUE!"},{"$error":"#VALUE!"},{"$error":"#VALUE!"},{"$error":"#VALUE!"},{"$error":"#VALUE!"},{"$error":"#VALUE!"},{"$error":"#VALUE!"},{"$error":"#VALUE!"},{"$error":"#VALUE!"},{"$error":"#VALUE!"},{"$error":"#VALUE!"},{"$error":"#VALUE!"},{"$error":"#VALUE!"},{"$error":"#VALUE!"},{"$f":"SUM(FG266,System2!FG266,System3!FG266)","v":{"$error":"#VALUE!"}},0,0,0,0,{"$error":"#VALUE!"},{"$error":"#VALUE!"},{"$error":"#VALUE!"},{"$error":"#VALUE!"},{"$error":"#VALUE!"},{"$error":"#VALUE!"},{"$error":"#VALUE!"},{"$error":"#VALUE!"},{"$error":"#VALUE!"},{"$error":"#VALUE!"},{"$error":"#VALUE!"},{"$error":"#VALUE!"},{"$error":"#VALUE!"},{"$error":"#VALUE!"},{"$error":"#VALUE!"},{"$error":"#VALUE!"},{"$error":"#VALUE!"},{"$error":"#VALUE!"},{"$error":"#VALUE!"},{"$error":"#VALUE!"},{"$f":"$GG$31*WaterFittings!BO241","v":{"$error":"#VALUE!"}},{"$f":"$GH$31*WaterFittings!BP241","v":{"$error":"#VALUE!"}},{"$f":"$GI$31*WaterFittings!BQ241","v":0},{"$f":"GJ$31*AirCond!BD240","v":{"$error":"#VALUE!"}},{"$f":"GK$31*AirCond!BE240","v":{"$error":"#VALUE!"}},{"$f":"GL$31*AirCond!BF240","v":{"$error":"#VALUE!"}},{"$f":"GM$31*AirCond!BG240","v":{"$error":"#VALUE!"}},{"$f":"GN$31*WaterFittings!BS241","v":0},{"$f":"GO$31*WaterFittings!BT241","v":0},{"$f":"GP$31*WaterFittings!BU241","v":0}]
[null,null,236,0,0,{"$error":"#VALUE!"},{"$error":"#VALUE!"},{"$error":"#VALUE!"},{"$error":"#VALUE!"},{"$error":"#VALUE!"},{"$error":"#VALUE!"},{"$error":"#VALUE!"},{"$error":"#VALUE!"},{"$error":"#VALUE!"},{"$error":"#VALUE!"},null,{"$error":"#VALUE!"},{"$error":"#VALUE!"},{"$error":"#VALUE!"},{"$error":"#VALUE!"},{"$error":"#VALUE!"},null,{"$error":"#VALUE!"},{"$error":"#VALUE!"},{"$error":"#VALUE!"},{"$error":"#VALUE!"},{"$error":"#VALUE!"},null,12,{"$f":"SUM(SUMPRODUCT(AF$20:AJ$20,Q267:U267),SUMPRODUCT(AF$20:AJ$20,System2!Q267:U267),SUMPRODUCT(AF$20:AJ$20,System3!Q267:U267))","v":{"$error":"#VALUE!"}},{"$f":"SUM(SUMPRODUCT(AF$21:AJ$21,W267:AA267),SUMPRODUCT(AF$21:AJ$21,System2!W267:AA267),SUMPRODUCT(AF$21:AJ$21,System3!W267:AA267))","v":{"$error":"#VALUE!"}},{"$f":"WaterFittings!BN242","v":{"$error":"#VALUE!"}},{"$error":"#VALUE!"},{"$error":"#VALUE!"},{"$f":"MIN(AirCond!BL241,P$21)","v":0},{"$error":"#VALUE!"},{"$f":"MIN(ROUNDDOWN(AJ267-FH267,0),ROUNDDOWN(P$21*0.3,0),ROUNDDOWN(SUM(SUMPRODUCT(I$4:I$15,L$4:L$15),SUMPRODUCT(System2!I$4:I$15,System2!L$4:L$15),SUMPRODUCT(System3!I$4:I$15,System3!L$4:L$15))*0.3,0))","v":{"$error":"#VALUE!"}},0,{"$error":"#VALUE!"},{"$error":"#VALUE!"},{"$error":"#VALUE!"},0,{"$error":"#VALUE!"},{"$error":"#VALUE!"},{"$error":"#VALUE!"},0,null,null,null,0,0,0,0,null,{"$error":"#VALUE!"},{"$error":"#VALUE!"},{"$error":"#VALUE!"},{"$error":"#VALUE!"},{"$error":"#VALUE!"},{"$error":"#VALUE!"},{"$error":"#VALUE!"},{"$error":"#VALUE!"},{"$error":"#VALUE!"},0,{"$error":"#VALUE!"},{"$error":"#VALUE!"},{"$error":"#VALUE!"},{"$error":"#VALUE!"},{"$error":"#VALUE!"},{"$error":"#VALUE!"},{"$error":"#VALUE!"},{"$error":"#VALUE!"},{"$error":"#VALUE!"},{"$error":"#VALUE!"},{"$error":"#VALUE!"},{"$error":"#VALUE!"},{"$error":"#VALUE!"},{"$error":"#VALUE!"},{"$error":"#VALUE!"},{"$error":"#VALUE!"},{"$error":"#VALUE!"},{"$error":"#VALUE!"},{"$error":"#VALUE!"},{"$error":"#VALUE!"},{"$error":"#VALUE!"},{"$error":"#VALUE!"},{"$error":"#VALUE!"},{"$error":"#VALUE!"},{"$error":"#VALUE!"},{"$error":"#VALUE!"},{"$error":"#VALUE!"},{"$error":"#VALUE!"},{"$error":"#VALUE!"},{"$error":"#VALUE!"},{"$error":"#VALUE!"},{"$f":"SUM(CQ267,System2!CQ267,System3!CQ267)","v":{"$error":"#VALUE!"}},{"$error":"#VALUE!"},{"$error":"#VALUE!"},{"$error":"#VALUE!"},{"$error":"#VALUE!"},{"$error":"#VALUE!"},{"$error":"#VALUE!"},{"$error":"#VALUE!"},{"$error":"#VALUE!"},{"$error":"#VALUE!"},{"$error":"#VALUE!"},{"$error":"#VALUE!"},{"$error":"#VALUE!"},{"$error":"#VALUE!"},{"$error":"#VALUE!"},{"$error":"#VALUE!"},{"$error":"#VALUE!"},{"$error":"#VALUE!"},{"$error":"#VALUE!"},{"$error":"#VALUE!"},{"$error":"#VALUE!"},{"$error":"#VALUE!"},{"$error":"#VALUE!"},{"$error":"#VALUE!"},{"$error":"#VALUE!"},{"$error":"#VALUE!"},{"$error":"#VALUE!"},{"$f":"SUM(DR267,System2!DR267,System3!DR267)","v":{"$error":"#VALUE!"}},{"$f":"DT$43","v":{"$error":"#VALUE!"}},{"$f":"DU$43","v":{"$error":"#VALUE!"}},{"$f":"DV$43","v":0},{"$f":"DW$43","v":{"$error":"#VALUE!"}},{"$error":"#VALUE!"},{"$error":"#VALUE!"},{"$error":"#VALUE!"},0,0,0,0,0,{"$error":"#VALUE!"},{"$f":"SUM(EF267,System2!EF267,System3!EF267)","v":{"$error":"#VALUE!"}},{"$error":"#VALUE!"},{"$error":"#VALUE!"},{"$error":"#VALUE!"},{"$error":"#VALUE!"},{"$error":"#VALUE!"},{"$error":"#VALUE!"},{"$error":"#VALUE!"},{"$error":"#VALUE!"},{"$error":"#VALUE!"},{"$error":"#VALUE!"},{"$error":"#VALUE!"},{"$error":"#VALUE!"},{"$error":"#VALUE!"},{"$error":"#VALUE!"},{"$error":"#VALUE!"},{"$error":"#VALUE!"},{"$error":"#VALUE!"},{"$error":"#VALUE!"},{"$error":"#VALUE!"},{"$error":"#VALUE!"},{"$error":"#VALUE!"},{"$error":"#VALUE!"},{"$error":"#VALUE!"},{"$error":"#VALUE!"},{"$error":"#VALUE!"},{"$error":"#VALUE!"},{"$f":"SUM(FG267,System2!FG267,System3!FG267)","v":{"$error":"#VALUE!"}},0,0,0,0,{"$error":"#VALUE!"},{"$error":"#VALUE!"},{"$error":"#VALUE!"},{"$error":"#VALUE!"},{"$error":"#VALUE!"},{"$error":"#VALUE!"},{"$error":"#VALUE!"},{"$error":"#VALUE!"},{"$error":"#VALUE!"},{"$error":"#VALUE!"},{"$error":"#VALUE!"},{"$error":"#VALUE!"},{"$error":"#VALUE!"},{"$error":"#VALUE!"},{"$error":"#VALUE!"},{"$error":"#VALUE!"},{"$error":"#VALUE!"},{"$error":"#VALUE!"},{"$error":"#VALUE!"},{"$error":"#VALUE!"},{"$f":"$GG$31*WaterFittings!BO242","v":{"$error":"#VALUE!"}},{"$f":"$GH$31*WaterFittings!BP242","v":{"$error":"#VALUE!"}},{"$f":"$GI$31*WaterFittings!BQ242","v":0},{"$f":"GJ$31*AirCond!BD241","v":{"$error":"#VALUE!"}},{"$f":"GK$31*AirCond!BE241","v":{"$error":"#VALUE!"}},{"$f":"GL$31*AirCond!BF241","v":{"$error":"#VALUE!"}},{"$f":"GM$31*AirCond!BG241","v":{"$error":"#VALUE!"}},{"$f":"GN$31*WaterFittings!BS242","v":0},{"$f":"GO$31*WaterFittings!BT242","v":0},{"$f":"GP$31*WaterFittings!BU242","v":0}]
[null,null,237,0,0,{"$error":"#VALUE!"},{"$error":"#VALUE!"},{"$error":"#VALUE!"},{"$error":"#VALUE!"},{"$error":"#VALUE!"},{"$error":"#VALUE!"},{"$error":"#VALUE!"},{"$error":"#VALUE!"},{"$error":"#VALUE!"},{"$error":"#VALUE!"},null,{"$error":"#VALUE!"},{"$error":"#VALUE!"},{"$error":"#VALUE!"},{"$error":"#VALUE!"},{"$error":"#VALUE!"},null,{"$error":"#VALUE!"},{"$error":"#VALUE!"},{"$error":"#VALUE!"},{"$error":"#VALUE!"},{"$error":"#VALUE!"},null,13,{"$f":"SUM(SUMPRODUCT(AF$20:AJ$20,Q268:U268),SUMPRODUCT(AF$20:AJ$20,System2!Q268:U268),SUMPRODUCT(AF$20:AJ$20,System3!Q268:U268))","v":{"$error":"#VALUE!"}},{"$f":"SUM(SUMPRODUCT(AF$21:AJ$21,W268:AA268),SUMPRODUCT(AF$21:AJ$21,System2!W268:AA268),SUMPRODUCT(AF$21:AJ$21,System3!W268:AA268))","v":{"$error":"#VALUE!"}},{"$f":"WaterFittings!BN243","v":{"$error":"#VALUE!"}},{"$error":"#VALUE!"},{"$error":"#VALUE!"},{"$f":"MIN(AirCond!BL242,P$21)","v":0},{"$error":"#VALUE!"},{"$f":"MIN(ROUNDDOWN(AJ268-FH268,0),ROUNDDOWN(P$21*0.3,0),ROUNDDOWN(SUM(SUMPRODUCT(I$4:I$15,L$4:L$15),SUMPRODUCT(System2!I$4:I$15,System2!L$4:L$15),SUMPRODUCT(System3!I$4:I$15,System3!L$4:L$15))*0.3,0))","v":{"$error":"#VALUE!"}},0,{"$error":"#VALUE!"},{"$error":"#VALUE!"},{"$error":"#VALUE!"},0,{"$error":"#VALUE!"},{"$error":"#VALUE!"},{"$error":"#VALUE!"},0,null,null,null,0,0,0,0,null,{"$error":"#VALUE!"},{"$error":"#VALUE!"},{"$error":"#VALUE!"},{"$error":"#VALUE!"},{"$error":"#VALUE!"},{"$error":"#VALUE!"},{"$error":"#VALUE!"},{"$error":"#VALUE!"},{"$error":"#VALUE!"},0,{"$error":"#VALUE!"},{"$error":"#VALUE!"},{"$error":"#VALUE!"},{"$error":"#VALUE!"},{"$error":"#VALUE!"},{"$error":"#VALUE!"},{"$error":"#VALUE!"},{"$error":"#VALUE!"},{"$error":"#VALUE!"},{"$error":"#VALUE!"},{"$error":"#VALUE!"},{"$error":"#VALUE!"},{"$error":"#VALUE!"},{"$error":"#VALUE!"},{"$error":"#VALUE!"},{"$error":"#VALUE!"},{"$error":"#VALUE!"},{"$error":"#VALUE!"},{"$error":"#VALUE!"},{"$error":"#VALUE!"},{"$error":"#VALUE!"},{"$error":"#VALUE!"},{"$error":"#VALUE!"},{"$error":"#VALUE!"},{"$error":"#VALUE!"},{"$error":"#VALUE!"},{"$error":"#VALUE!"},{"$error":"#VALUE!"},{"$error":"#VALUE!"},{"$error":"#VALUE!"},{"$error":"#VALUE!"},{"$f":"SUM(CQ268,System2!CQ268,System3!CQ268)","v":{"$error":"#VALUE!"}},{"$error":"#VALUE!"},{"$error":"#VALUE!"},{"$error":"#VALUE!"},{"$error":"#VALUE!"},{"$error":"#VALUE!"},{"$error":"#VALUE!"},{"$error":"#VALUE!"},{"$error":"#VALUE!"},{"$error":"#VALUE!"},{"$error":"#VALUE!"},{"$error":"#VALUE!"},{"$error":"#VALUE!"},{"$error":"#VALUE!"},{"$error":"#VALUE!"},{"$error":"#VALUE!"},{"$error":"#VALUE!"},{"$error":"#VALUE!"},{"$error":"#VALUE!"},{"$error":"#VALUE!"},{"$error":"#VALUE!"},{"$error":"#VALUE!"},{"$error":"#VALUE!"},{"$error":"#VALUE!"},{"$error":"#VALUE!"},{"$error":"#VALUE!"},{"$error":"#VALUE!"},{"$f":"SUM(DR268,System2!DR268,System3!DR268)","v":{"$error":"#VALUE!"}},{"$f":"DT$44","v":{"$error":"#VALUE!"}},{"$f":"DU$44","v":{"$error":"#VALUE!"}},{"$f":"DV$44","v":0},{"$f":"DW$44","v":{"$error":"#VALUE!"}},{"$error":"#VALUE!"},{"$error":"#VALUE!"},{"$error":"#VALUE!"},0,0,0,0,0,{"$error":"#VALUE!"},{"$f":"SUM(EF268,System2!EF268,System3!EF268)","v":{"$error":"#VALUE!"}},{"$error":"#VALUE!"},{"$error":"#VALUE!"},{"$error":"#VALUE!"},{"$error":"#VALUE!"},{"$error":"#VALUE!"},{"$error":"#VALUE!"},{"$error":"#VALUE!"},{"$error":"#VALUE!"},{"$error":"#VALUE!"},{"$error":"#VALUE!"},{"$error":"#VALUE!"},{"$error":"#VALUE!"},{"$error":"#VALUE!"},{"$error":"#VALUE!"},{"$error":"#VALUE!"},{"$error":"#VALUE!"},{"$error":"#VALUE!"},{"$error":"#VALUE!"},{"$error":"#VALUE!"},{"$error":"#VALUE!"},{"$error":"#VALUE!"},{"$error":"#VALUE!"},{"$error":"#VALUE!"},{"$error":"#VALUE!"},{"$error":"#VALUE!"},{"$error":"#VALUE!"},{"$f":"SUM(FG268,System2!FG268,System3!FG268)","v":{"$error":"#VALUE!"}},0,0,0,0,{"$error":"#VALUE!"},{"$error":"#VALUE!"},{"$error":"#VALUE!"},{"$error":"#VALUE!"},{"$error":"#VALUE!"},{"$error":"#VALUE!"},{"$error":"#VALUE!"},{"$error":"#VALUE!"},{"$error":"#VALUE!"},{"$error":"#VALUE!"},{"$error":"#VALUE!"},{"$error":"#VALUE!"},{"$error":"#VALUE!"},{"$error":"#VALUE!"},{"$error":"#VALUE!"},{"$error":"#VALUE!"},{"$error":"#VALUE!"},{"$error":"#VALUE!"},{"$error":"#VALUE!"},{"$error":"#VALUE!"},{"$f":"$GG$31*WaterFittings!BO243","v":{"$error":"#VALUE!"}},{"$f":"$GH$31*WaterFittings!BP243","v":{"$error":"#VALUE!"}},{"$f":"$GI$31*WaterFittings!BQ243","v":0},{"$f":"GJ$31*AirCond!BD242","v":{"$error":"#VALUE!"}},{"$f":"GK$31*AirCond!BE242","v":{"$error":"#VALUE!"}},{"$f":"GL$31*AirCond!BF242","v":{"$error":"#VALUE!"}},{"$f":"GM$31*AirCond!BG242","v":{"$error":"#VALUE!"}},{"$f":"GN$31*WaterFittings!BS243","v":0},{"$f":"GO$31*WaterFittings!BT243","v":0},{"$f":"GP$31*WaterFittings!BU243","v":0}]
[null,null,238,1.5,0,{"$error":"#VALUE!"},{"$error":"#VALUE!"},{"$error":"#VALUE!"},{"$error":"#VALUE!"},{"$error":"#VALUE!"},{"$error":"#VALUE!"},{"$error":"#VALUE!"},{"$error":"#VALUE!"},{"$error":"#VALUE!"},{"$error":"#VALUE!"},null,{"$error":"#VALUE!"},{"$error":"#VALUE!"},{"$error":"#VALUE!"},{"$error":"#VALUE!"},{"$error":"#VALUE!"},null,{"$error":"#VALUE!"},{"$error":"#VALUE!"},{"$error":"#VALUE!"},{"$error":"#VALUE!"},{"$error":"#VALUE!"},null,14,{"$f":"SUM(SUMPRODUCT(AF$20:AJ$20,Q269:U269),SUMPRODUCT(AF$20:AJ$20,System2!Q269:U269),SUMPRODUCT(AF$20:AJ$20,System3!Q269:U269))","v":{"$error":"#VALUE!"}},{"$f":"SUM(SUMPRODUCT(AF$21:AJ$21,W269:AA269),SUMPRODUCT(AF$21:AJ$21,System2!W269:AA269),SUMPRODUCT(AF$21:AJ$21,System3!W269:AA269))","v":{"$error":"#VALUE!"}},{"$f":"WaterFittings!BN244","v":{"$error":"#VALUE!"}},{"$error":"#VALUE!"},{"$error":"#VALUE!"},{"$f":"MIN(AirCond!BL243,P$21)","v":0},{"$error":"#VALUE!"},{"$f":"MIN(ROUNDDOWN(AJ269-FH269,0),ROUNDDOWN(P$21*0.3,0),ROUNDDOWN(SUM(SUMPRODUCT(I$4:I$15,L$4:L$15),SUMPRODUCT(System2!I$4:I$15,System2!L$4:L$15),SUMPRODUCT(System3!I$4:I$15,System3!L$4:L$15))*0.3,0))","v":{"$error":"#VALUE!"}},0,{"$error":"#VALUE!"},{"$error":"#VALUE!"},{"$error":"#VALUE!"},0,{"$error":"#VALUE!"},{"$error":"#VALUE!"},{"$error":"#VALUE!"},0,null,null,null,0,0,0,0,null,{"$error":"#VALUE!"},{"$error":"#VALUE!"},{"$error":"#VALUE!"},{"$error":"#VALUE!"},{"$error":"#VALUE!"},{"$error":"#VALUE!"},{"$error":"#VALUE!"},{"$error":"#VALUE!"},{"$error":"#VALUE!"},0,{"$error":"#VALUE!"},{"$error":"#VALUE!"},{"$error":"#VALUE!"},{"$error":"#VALUE!"},{"$error":"#VALUE!"},{"$error":"#VALUE!"},{"$error":"#VALUE!"},{"$error":"#VALUE!"},{"$error":"#VALUE!"},{"$error":"#VALUE!"},{"$error":"#VALUE!"},{"$error":"#VALUE!"},{"$error":"#VALUE!"},{"$error":"#VALUE!"},{"$error":"#VALUE!"},{"$error":"#VALUE!"},{"$error":"#VALUE!"},{"$error":"#VALUE!"},{"$error":"#VALUE!"},{"$error":"#VALUE!"},{"$error":"#VALUE!"},{"$error":"#VALUE!"},{"$error":"#VALUE!"},{"$error":"#VALUE!"},{"$error":"#VALUE!"},{"$error":"#VALUE!"},{"$error":"#VALUE!"},{"$error":"#VALUE!"},{"$error":"#VALUE!"},{"$error":"#VALUE!"},{"$error":"#VALUE!"},{"$f":"SUM(CQ269,System2!CQ269,System3!CQ269)","v":{"$error":"#VALUE!"}},{"$error":"#VALUE!"},{"$error":"#VALUE!"},{"$error":"#VALUE!"},{"$error":"#VALUE!"},{"$error":"#VALUE!"},{"$error":"#VALUE!"},{"$error":"#VALUE!"},{"$error":"#VALUE!"},{"$error":"#VALUE!"},{"$error":"#VALUE!"},{"$error":"#VALUE!"},{"$error":"#VALUE!"},{"$error":"#VALUE!"},{"$error":"#VALUE!"},{"$error":"#VALUE!"},{"$error":"#VALUE!"},{"$error":"#VALUE!"},{"$error":"#VALUE!"},{"$error":"#VALUE!"},{"$error":"#VALUE!"},{"$error":"#VALUE!"},{"$error":"#VALUE!"},{"$error":"#VALUE!"},{"$error":"#VALUE!"},{"$error":"#VALUE!"},{"$error":"#VALUE!"},{"$f":"SUM(DR269,System2!DR269,System3!DR269)","v":{"$error":"#VALUE!"}},{"$f":"DT$45","v":{"$error":"#VALUE!"}},{"$f":"DU$45","v":{"$error":"#VALUE!"}},{"$f":"DV$45","v":0},{"$f":"DW$45","v":{"$error":"#VALUE!"}},{"$error":"#VALUE!"},{"$error":"#VALUE!"},{"$error":"#VALUE!"},0,0,0,0,0,{"$error":"#VALUE!"},{"$f":"SUM(EF269,System2!EF269,System3!EF269)","v":{"$error":"#VALUE!"}},{"$error":"#VALUE!"},{"$error":"#VALUE!"},{"$error":"#VALUE!"},{"$error":"#VALUE!"},{"$error":"#VALUE!"},{"$error":"#VALUE!"},{"$error":"#VALUE!"},{"$error":"#VALUE!"},{"$error":"#VALUE!"},{"$error":"#VALUE!"},{"$error":"#VALUE!"},{"$error":"#VALUE!"},{"$error":"#VALUE!"},{"$error":"#VALUE!"},{"$error":"#VALUE!"},{"$error":"#VALUE!"},{"$error":"#VALUE!"},{"$error":"#VALUE!"},{"$error":"#VALUE!"},{"$error":"#VALUE!"},{"$error":"#VALUE!"},{"$error":"#VALUE!"},{"$error":"#VALUE!"},{"$error":"#VALUE!"},{"$error":"#VALUE!"},{"$error":"#VALUE!"},{"$f":"SUM(FG269,System2!FG269,System3!FG269)","v":{"$error":"#VALUE!"}},0,0,0,0,{"$error":"#VALUE!"},{"$error":"#VALUE!"},{"$error":"#VALUE!"},{"$error":"#VALUE!"},{"$error":"#VALUE!"},{"$error":"#VALUE!"},{"$error":"#VALUE!"},{"$error":"#VALUE!"},{"$error":"#VALUE!"},{"$error":"#VALUE!"},{"$error":"#VALUE!"},{"$error":"#VALUE!"},{"$error":"#VALUE!"},{"$error":"#VALUE!"},{"$error":"#VALUE!"},{"$error":"#VALUE!"},{"$error":"#VALUE!"},{"$error":"#VALUE!"},{"$error":"#VALUE!"},{"$error":"#VALUE!"},{"$f":"$GG$31*WaterFittings!BO244","v":{"$error":"#VALUE!"}},{"$f":"$GH$31*WaterFittings!BP244","v":{"$error":"#VALUE!"}},{"$f":"$GI$31*WaterFittings!BQ244","v":0},{"$f":"GJ$31*AirCond!BD243","v":{"$error":"#VALUE!"}},{"$f":"GK$31*AirCond!BE243","v":{"$error":"#VALUE!"}},{"$f":"GL$31*AirCond!BF243","v":{"$error":"#VALUE!"}},{"$f":"GM$31*AirCond!BG243","v":{"$error":"#VALUE!"}},{"$f":"GN$31*WaterFittings!BS244","v":0},{"$f":"GO$31*WaterFittings!BT244","v":0},{"$f":"GP$31*WaterFittings!BU244","v":0}]
[null,null,239,3,0,{"$error":"#VALUE!"},{"$error":"#VALUE!"},{"$error":"#VALUE!"},{"$error":"#VALUE!"},{"$error":"#VALUE!"},{"$error":"#VALUE!"},{"$error":"#VALUE!"},{"$error":"#VALUE!"},{"$error":"#VALUE!"},{"$error":"#VALUE!"},null,{"$error":"#VALUE!"},{"$error":"#VALUE!"},{"$error":"#VALUE!"},{"$error":"#VALUE!"},{"$error":"#VALUE!"},null,{"$error":"#VALUE!"},{"$error":"#VALUE!"},{"$error":"#VALUE!"},{"$error":"#VALUE!"},{"$f":"ROUNDDOWN(FF270,0)","v":{"$error":"#VALUE!"}},null,15,{"$f":"SUM(SUMPRODUCT(AF$20:AJ$20,Q270:U270),SUMPRODUCT(AF$20:AJ$20,System2!Q270:U270),SUMPRODUCT(AF$20:AJ$20,System3!Q270:U270))","v":{"$error":"#VALUE!"}},{"$f":"SUM(SUMPRODUCT(AF$21:AJ$21,W270:AA270),SUMPRODUCT(AF$21:AJ$21,System2!W270:AA270),SUMPRODUCT(AF$21:AJ$21,System3!W270:AA270))","v":{"$error":"#VALUE!"}},{"$f":"WaterFittings!BN245","v":{"$error":"#VALUE!"}},{"$error":"#VALUE!"},{"$error":"#VALUE!"},{"$f":"MIN(AirCond!BL244,P$21)","v":0},{"$error":"#VALUE!"},{"$f":"MIN(ROUNDDOWN(AJ270-FH270,0),ROUNDDOWN(P$21*0.3,0),ROUNDDOWN(SUM(SUMPRODUCT(I$4:I$15,L$4:L$15),SUMPRODUCT(System2!I$4:I$15,System2!L$4:L$15),SUMPRODUCT(System3!I$4:I$15,System3!L$4:L$15))*0.3,0))","v":{"$error":"#VALUE!"}},0,{"$error":"#VALUE!"},{"$error":"#VALUE!"},{"$error":"#VALUE!"},0,{"$error":"#VALUE!"},{"$error":"#VALUE!"},{"$error":"#VALUE!"},0,null,null,null,0,0,0,0,null,{"$error":"#VALUE!"},{"$error":"#VALUE!"},{"$error":"#VALUE!"},{"$error":"#VALUE!"},{"$error":"#VALUE!"},{"$error":"#VALUE!"},{"$error":"#VALUE!"},{"$error":"#VALUE!"},{"$error":"#VALUE!"},0,{"$error":"#VALUE!"},{"$error":"#VALUE!"},{"$error":"#VALUE!"},{"$error":"#VALUE!"},{"$error":"#VALUE!"},{"$error":"#VALUE!"},{"$error":"#VALUE!"},{"$error":"#VALUE!"},{"$error":"#VALUE!"},{"$error":"#VALUE!"},{"$error":"#VALUE!"},{"$error":"#VALUE!"},{"$error":"#VALUE!"},{"$error":"#VALUE!"},{"$error":"#VALUE!"},{"$error":"#VALUE!"},{"$error":"#VALUE!"},{"$error":"#VALUE!"},{"$error":"#VALUE!"},{"$error":"#VALUE!"},{"$error":"#VALUE!"},{"$error":"#VALUE!"},{"$error":"#VALUE!"},{"$error":"#VALUE!"},{"$error":"#VALUE!"},{"$error":"#VALUE!"},{"$error":"#VALUE!"},{"$error":"#VALUE!"},{"$error":"#VALUE!"},{"$error":"#VALUE!"},{"$error":"#VALUE!"},{"$f":"SUM(CQ270,System2!CQ270,System3!CQ270)","v":{"$error":"#VALUE!"}},{"$error":"#VALUE!"},{"$error":"#VALUE!"},{"$error":"#VALUE!"},{"$error":"#VALUE!"},{"$error":"#VALUE!"},{"$error":"#VALUE!"},{"$f":"IF($CS270,CJ270/$CR270,0)","v":{"$error":"#VALUE!"}},{"$f":"IF($CS270,CK270/$CR270,0)","v":{"$error":"#VALUE!"}},{"$error":"#VALUE!"},{"$error":"#VALUE!"},{"$error":"#VALUE!"},{"$error":"#VALUE!"},{"$error":"#VALUE!"},{"$error":"#VALUE!"},{"$error":"#VALUE!"},{"$error":"#VALUE!"},{"$error":"#VALUE!"},{"$error":"#VALUE!"},{"$f":"$CS270*CY270","v":{"$error":"#VALUE!"}},{"$f":"$CS270*CZ270","v":{"$error":"#VALUE!"}},{"$error":"#VALUE!"},{"$error":"#VALUE!"},{"$error":"#VALUE!"},{"$error":"#VALUE!"},{"$error":"#VALUE!"},{"$error":"#VALUE!"},{"$f":"SUM(DR270,System2!DR270,System3!DR270)","v":{"$error":"#VALUE!"}},{"$f":"DT$46","v":{"$error":"#VALUE!"}},{"$f":"DU$46","v":{"$error":"#VALUE!"}},{"$f":"DV$46","v":0},{"$f":"DW$46","v":{"$error":"#VALUE!"}},{"$error":"#VALUE!"},{"$error":"#VALUE!"},{"$error":"#VALUE!"},0,0,0,0,0,{"$error":"#VALUE!"},{"$f":"SUM(EF270,System2!EF270,System3!EF270)","v":{"$error":"#VALUE!"}},{"$error":"#VALUE!"},{"$error":"#VALUE!"},{"$error":"#VALUE!"},{"$error":"#VALUE!"},{"$error":"#VALUE!"},{"$error":"#VALUE!"},{"$error":"#VALUE!"},{"$error":"#VALUE!"},{"$error":"#VALUE!"},{"$error":"#VALUE!"},{"$error":"#VALUE!"},{"$error":"#VALUE!"},{"$error":"#VALUE!"},{"$error":"#VALUE!"},{"$error":"#VALUE!"},{"$error":"#VALUE!"},{"$error":"#VALUE!"},{"$error":"#VALUE!"},{"$error":"#VALUE!"},{"$error":"#VALUE!"},{"$error":"#VALUE!"},{"$error":"#VALUE!"},{"$error":"#VALUE!"},{"$error":"#VALUE!"},{"$error":"#VALUE!"},{"$error":"#VALUE!"},{"$f":"SUM(FG270,System2!FG270,System3!FG270)","v":{"$error":"#VALUE!"}},0,0,0,0,{"$error":"#VALUE!"},{"$error":"#VALUE!"},{"$error":"#VALUE!"},{"$error":"#VALUE!"},{"$error":"#VALUE!"},{"$error":"#VALUE!"},{"$error":"#VALUE!"},{"$error":"#VALUE!"},{"$error":"#VALUE!"},{"$error":"#VALUE!"},{"$error":"#VALUE!"},{"$error":"#VALUE!"},{"$error":"#VALUE!"},{"$error":"#VALUE!"},{"$error":"#VALUE!"},{"$error":"#VALUE!"},{"$error":"#VALUE!"},{"$error":"#VALUE!"},{"$error":"#VALUE!"},{"$error":"#VALUE!"},{"$f":"$GG$31*WaterFittings!BO245","v":{"$error":"#VALUE!"}},{"$f":"$GH$31*WaterFittings!BP245","v":{"$error":"#VALUE!"}},{"$f":"$GI$31*WaterFittings!BQ245","v":0},{"$f":"GJ$31*AirCond!BD244","v":{"$error":"#VALUE!"}},{"$f":"GK$31*AirCond!BE244","v":{"$error":"#VALUE!"}},{"$f":"GL$31*AirCond!BF244","v":{"$error":"#VALUE!"}},{"$f":"GM$31*AirCond!BG244","v":{"$error":"#VALUE!"}},{"$f":"GN$31*WaterFittings!BS245","v":0},{"$f":"GO$31*WaterFittings!BT245","v":0},{"$f":"GP$31*WaterFittings!BU245","v":0}]
[null,null,{"$f":"C270+1","v":240},11.5,0,{"$error":"#VALUE!"},{"$error":"#VALUE!"},{"$error":"#VALUE!"},{"$error":"#VALUE!"},{"$error":"#VALUE!"},{"$error":"#VALUE!"},{"$error":"#VALUE!"},{"$error":"#VALUE!"},{"$error":"#VALUE!"},{"$error":"#VALUE!"},null,{"$error":"#VALUE!"},{"$error":"#VALUE!"},{"$error":"#VALUE!"},{"$error":"#VALUE!"},{"$error":"#VALUE!"},null,{"$error":"#VALUE!"},{"$error":"#VALUE!"},{"$error":"#VALUE!"},{"$error":"#VALUE!"},{"$error":"#VALUE!"},null,16,{"$f":"SUM(SUMPRODUCT(AF$20:AJ$20,Q271:U271),SUMPRODUCT(AF$20:AJ$20,System2!Q271:U271),SUMPRODUCT(AF$20:AJ$20,System3!Q271:U271))","v":{"$error":"#VALUE!"}},{"$f":"SUM(SUMPRODUCT(AF$21:AJ$21,W271:AA271),SUMPRODUCT(AF$21:AJ$21,System2!W271:AA271),SUMPRODUCT(AF$21:AJ$21,System3!W271:AA271))","v":{"$error":"#VALUE!"}},{"$f":"WaterFittings!BN246","v":{"$error":"#VALUE!"}},{"$error":"#VALUE!"},{"$error":"#VALUE!"},{"$f":"MIN(AirCond!BL245,P$21)","v":0},{"$error":"#VALUE!"},{"$f":"MIN(ROUNDDOWN(AJ271-FH271,0),ROUNDDOWN(P$21*0.3,0),ROUNDDOWN(SUM(SUMPRODUCT(I$4:I$15,L$4:L$15),SUMPRODUCT(System2!I$4:I$15,System2!L$4:L$15),SUMPRODUCT(System3!I$4:I$15,System3!L$4:L$15))*0.3,0))","v":{"$error":"#VALUE!"}},0,{"$error":"#VALUE!"},{"$error":"#VALUE!"},{"$error":"#VALUE!"},0,{"$error":"#VALUE!"},{"$error":"#VALUE!"},{"$error":"#VALUE!"},0,null,null,null,0,0,0,0,null,{"$error":"#VALUE!"},{"$error":"#VALUE!"},{"$error":"#VALUE!"},{"$error":"#VALUE!"},{"$error":"#VALUE!"},{"$error":"#VALUE!"},{"$error":"#VALUE!"},{"$error":"#VALUE!"},{"$error":"#VALUE!"},0,{"$error":"#VALUE!"},{"$error":"#VALUE!"},{"$error":"#VALUE!"},{"$error":"#VALUE!"},{"$error":"#VALUE!"},{"$error":"#VALUE!"},{"$error":"#VALUE!"},{"$error":"#VALUE!"},{"$error":"#VALUE!"},{"$error":"#VALUE!"},{"$error":"#VALUE!"},{"$error":"#VALUE!"},{"$error":"#VALUE!"},{"$error":"#VALUE!"},{"$error":"#VALUE!"},{"$error":"#VALUE!"},{"$error":"#VALUE!"},{"$error":"#VALUE!"},{"$error":"#VALUE!"},{"$error":"#VALUE!"},{"$error":"#VALUE!"},{"$error":"#VALUE!"},{"$error":"#VALUE!"},{"$error":"#VALUE!"},{"$error":"#VALUE!"},{"$error":"#VALUE!"},{"$error":"#VALUE!"},{"$error":"#VALUE!"},{"$error":"#VALUE!"},{"$error":"#VALUE!"},{"$error":"#VALUE!"},{"$f":"SUM(CQ271,System2!CQ271,System3!CQ271)","v":{"$error":"#VALUE!"}},{"$error":"#VALUE!"},{"$error":"#VALUE!"},{"$error":"#VALUE!"},{"$error":"#VALUE!"},{"$error":"#VALUE!"},{"$error":"#VALUE!"},{"$error":"#VALUE!"},{"$error":"#VALUE!"},{"$error":"#VALUE!"},{"$error":"#VALUE!"},{"$error":"#VALUE!"},{"$error":"#VALUE!"},{"$error":"#VALUE!"},{"$error":"#VALUE!"},{"$error":"#VALUE!"},{"$error":"#VALUE!"},{"$error":"#VALUE!"},{"$error":"#VALUE!"},{"$error":"#VALUE!"},{"$error":"#VALUE!"},{"$error":"#VALUE!"},{"$error":"#VALUE!"},{"$error":"#VALUE!"},{"$error":"#VALUE!"},{"$error":"#VALUE!"},{"$error":"#VALUE!"},{"$f":"SUM(DR271,System2!DR271,System3!DR271)","v":{"$error":"#VALUE!"}},{"$f":"DT$47","v":{"$error":"#VALUE!"}},{"$f":"DU$47","v":{"$error":"#VALUE!"}},{"$f":"DV$47","v":0},{"$f":"DW$47","v":{"$error":"#VALUE!"}},{"$error":"#VALUE!"},{"$error":"#VALUE!"},{"$error":"#VALUE!"},0,0,0,0,0,{"$error":"#VALUE!"},{"$f":"SUM(EF271,System2!EF271,System3!EF271)","v":{"$error":"#VALUE!"}},{"$error":"#VALUE!"},{"$error":"#VALUE!"},{"$error":"#VALUE!"},{"$error":"#VALUE!"},{"$error":"#VALUE!"},{"$error":"#VALUE!"},{"$error":"#VALUE!"},{"$error":"#VALUE!"},{"$error":"#VALUE!"},{"$error":"#VALUE!"},{"$error":"#VALUE!"},{"$error":"#VALUE!"},{"$error":"#VALUE!"},{"$error":"#VALUE!"},{"$error":"#VALUE!"},{"$error":"#VALUE!"},{"$error":"#VALUE!"},{"$error":"#VALUE!"},{"$error":"#VALUE!"},{"$error":"#VALUE!"},{"$error":"#VALUE!"},{"$error":"#VALUE!"},{"$error":"#VALUE!"},{"$error":"#VALUE!"},{"$error":"#VALUE!"},{"$error":"#VALUE!"},{"$f":"SUM(FG271,System2!FG271,System3!FG271)","v":{"$error":"#VALUE!"}},0,0,0,0,{"$error":"#VALUE!"},{"$error":"#VALUE!"},{"$error":"#VALUE!"},{"$error":"#VALUE!"},{"$error":"#VALUE!"},{"$error":"#VALUE!"},{"$error":"#VALUE!"},{"$error":"#VALUE!"},{"$error":"#VALUE!"},{"$error":"#VALUE!"},{"$error":"#VALUE!"},{"$error":"#VALUE!"},{"$error":"#VALUE!"},{"$error":"#VALUE!"},{"$error":"#VALUE!"},{"$error":"#VALUE!"},{"$error":"#VALUE!"},{"$error":"#VALUE!"},{"$error":"#VALUE!"},{"$error":"#VALUE!"},{"$f":"$GG$31*WaterFittings!BO246","v":{"$error":"#VALUE!"}},{"$f":"$GH$31*WaterFittings!BP246","v":{"$error":"#VALUE!"}},{"$f":"$GI$31*WaterFittings!BQ246","v":0},{"$f":"GJ$31*AirCond!BD245","v":{"$error":"#VALUE!"}},{"$f":"GK$31*AirCond!BE245","v":{"$error":"#VALUE!"}},{"$f":"GL$31*AirCond!BF245","v":{"$error":"#VALUE!"}},{"$f":"GM$31*AirCond!BG245","v":{"$error":"#VALUE!"}},{"$f":"GN$31*WaterFittings!BS246","v":0},{"$f":"GO$31*WaterFittings!BT246","v":0},{"$f":"GP$31*WaterFittings!BU246","v":0}]
[null,null,241,0,0,{"$error":"#VALUE!"},{"$error":"#VALUE!"},{"$error":"#VALUE!"},{"$error":"#VALUE!"},{"$error":"#VALUE!"},{"$error":"#VALUE!"},{"$error":"#VALUE!"},{"$error":"#VALUE!"},{"$error":"#VALUE!"},{"$error":"#VALUE!"},null,{"$error":"#VALUE!"},{"$error":"#VALUE!"},{"$error":"#VALUE!"},{"$error":"#VALUE!"},{"$error":"#VALUE!"},null,{"$error":"#VALUE!"},{"$error":"#VALUE!"},{"$error":"#VALUE!"},{"$error":"#VALUE!"},{"$error":"#VALUE!"},null,17,{"$f":"SUM(SUMPRODUCT(AF$20:AJ$20,Q272:U272),SUMPRODUCT(AF$20:AJ$20,System2!Q272:U272),SUMPRODUCT(AF$20:AJ$20,System3!Q272:U272))","v":{"$error":"#VALUE!"}},{"$f":"SUM(SUMPRODUCT(AF$21:AJ$21,W272:AA272),SUMPRODUCT(AF$21:AJ$21,System2!W272:AA272),SUMPRODUCT(AF$21:AJ$21,System3!W272:AA272))","v":{"$error":"#VALUE!"}},{"$f":"WaterFittings!BN247","v":{"$error":"#VALUE!"}},{"$error":"#VALUE!"},{"$error":"#VALUE!"},{"$f":"MIN(AirCond!BL246,P$21)","v":0},{"$error":"#VALUE!"},{"$f":"MIN(ROUNDDOWN(AJ272-FH272,0),ROUNDDOWN(P$21*0.3,0),ROUNDDOWN(SUM(SUMPRODUCT(I$4:I$15,L$4:L$15),SUMPRODUCT(System2!I$4:I$15,System2!L$4:L$15),SUMPRODUCT(System3!I$4:I$15,System3!L$4:L$15))*0.3,0))","v":{"$error":"#VALUE!"}},0,{"$error":"#VALUE!"},{"$error":"#VALUE!"},{"$error":"#VALUE!"},0,{"$error":"#VALUE!"},{"$error":"#VALUE!"},{"$error":"#VALUE!"},0,null,null,null,0,0,0,0,null,{"$error":"#VALUE!"},{"$error":"#VALUE!"},{"$error":"#VALUE!"},{"$error":"#VALUE!"},{"$error":"#VALUE!"},{"$error":"#VALUE!"},{"$error":"#VALUE!"},{"$error":"#VALUE!"},{"$error":"#VALUE!"},0,{"$error":"#VALUE!"},{"$error":"#VALUE!"},{"$error":"#VALUE!"},{"$error":"#VALUE!"},{"$error":"#VALUE!"},{"$error":"#VALUE!"},{"$error":"#VALUE!"},{"$error":"#VALUE!"},{"$error":"#VALUE!"},{"$error":"#VALUE!"},{"$error":"#VALUE!"},{"$error":"#VALUE!"},{"$error":"#VALUE!"},{"$error":"#VALUE!"},{"$error":"#VALUE!"},{"$error":"#VALUE!"},{"$error":"#VALUE!"},{"$error":"#VALUE!"},{"$error":"#VALUE!"},{"$error":"#VALUE!"},{"$error":"#VALUE!"},{"$error":"#VALUE!"},{"$error":"#VALUE!"},{"$error":"#VALUE!"},{"$error":"#VALUE!"},{"$error":"#VALUE!"},{"$error":"#VALUE!"},{"$error":"#VALUE!"},{"$error":"#VALUE!"},{"$error":"#VALUE!"},{"$error":"#VALUE!"},{"$f":"SUM(CQ272,System2!CQ272,System3!CQ272)","v":{"$error":"#VALUE!"}},{"$error":"#VALUE!"},{"$error":"#VALUE!"},{"$error":"#VALUE!"},{"$error":"#VALUE!"},{"$error":"#VALUE!"},{"$error":"#VALUE!"},{"$error":"#VALUE!"},{"$error":"#VALUE!"},{"$error":"#VALUE!"},{"$error":"#VALUE!"},{"$error":"#VALUE!"},{"$error":"#VALUE!"},{"$error":"#VALUE!"},{"$error":"#VALUE!"},{"$error":"#VALUE!"},{"$error":"#VALUE!"},{"$error":"#VALUE!"},{"$error":"#VALUE!"},{"$error":"#VALUE!"},{"$error":"#VALUE!"},{"$error":"#VALUE!"},{"$error":"#VALUE!"},{"$error":"#VALUE!"},{"$error":"#VALUE!"},{"$error":"#VALUE!"},{"$error":"#VALUE!"},{"$f":"SUM(DR272,System2!DR272,System3!DR272)","v":{"$error":"#VALUE!"}},{"$f":"DT$48","v":{"$error":"#VALUE!"}},{"$f":"DU$48","v":{"$error":"#VALUE!"}},{"$f":"DV$48","v":0},{"$f":"DW$48","v":{"$error":"#VALUE!"}},{"$error":"#VALUE!"},{"$error":"#VALUE!"},{"$error":"#VALUE!"},0,0,0,0,0,{"$error":"#VALUE!"},{"$f":"SUM(EF272,System2!EF272,System3!EF272)","v":{"$error":"#VALUE!"}},{"$error":"#VALUE!"},{"$error":"#VALUE!"},{"$error":"#VALUE!"},{"$error":"#VALUE!"},{"$error":"#VALUE!"},{"$error":"#VALUE!"},{"$error":"#VALUE!"},{"$error":"#VALUE!"},{"$error":"#VALUE!"},{"$error":"#VALUE!"},{"$error":"#VALUE!"},{"$error":"#VALUE!"},{"$error":"#VALUE!"},{"$error":"#VALUE!"},{"$error":"#VALUE!"},{"$error":"#VALUE!"},{"$error":"#VALUE!"},{"$error":"#VALUE!"},{"$error":"#VALUE!"},{"$error":"#VALUE!"},{"$error":"#VALUE!"},{"$error":"#VALUE!"},{"$error":"#VALUE!"},{"$error":"#VALUE!"},{"$error":"#VALUE!"},{"$error":"#VALUE!"},{"$f":"SUM(FG272,System2!FG272,System3!FG272)","v":{"$error":"#VALUE!"}},0,0,0,0,{"$error":"#VALUE!"},{"$error":"#VALUE!"},{"$error":"#VALUE!"},{"$error":"#VALUE!"},{"$error":"#VALUE!"},{"$error":"#VALUE!"},{"$error":"#VALUE!"},{"$error":"#VALUE!"},{"$error":"#VALUE!"},{"$error":"#VALUE!"},{"$error":"#VALUE!"},{"$error":"#VALUE!"},{"$error":"#VALUE!"},{"$error":"#VALUE!"},{"$error":"#VALUE!"},{"$error":"#VALUE!"},{"$error":"#VALUE!"},{"$error":"#VALUE!"},{"$error":"#VALUE!"},{"$error":"#VALUE!"},{"$f":"$GG$31*WaterFittings!BO247","v":{"$error":"#VALUE!"}},{"$f":"$GH$31*WaterFittings!BP247","v":{"$error":"#VALUE!"}},{"$f":"$GI$31*WaterFittings!BQ247","v":0},{"$f":"GJ$31*AirCond!BD246","v":{"$error":"#VALUE!"}},{"$f":"GK$31*AirCond!BE246","v":{"$error":"#VALUE!"}},{"$f":"GL$31*AirCond!BF246","v":{"$error":"#VALUE!"}},{"$f":"GM$31*AirCond!BG246","v":{"$error":"#VALUE!"}},{"$f":"GN$31*WaterFittings!BS247","v":0},{"$f":"GO$31*WaterFittings!BT247","v":0},{"$f":"GP$31*WaterFittings!BU247","v":0}]
[null,null,242,0,0,{"$error":"#VALUE!"},{"$error":"#VALUE!"},{"$error":"#VALUE!"},{"$error":"#VALUE!"},{"$error":"#VALUE!"},{"$error":"#VALUE!"},{"$error":"#VALUE!"},{"$error":"#VALUE!"},{"$error":"#VALUE!"},{"$error":"#VALUE!"},null,{"$error":"#VALUE!"},{"$error":"#VALUE!"},{"$error":"#VALUE!"},{"$error":"#VALUE!"},{"$error":"#VALUE!"},null,{"$error":"#VALUE!"},{"$error":"#VALUE!"},{"$error":"#VALUE!"},{"$error":"#VALUE!"},{"$error":"#VALUE!"},null,18,{"$f":"SUM(SUMPRODUCT(AF$20:AJ$20,Q273:U273),SUMPRODUCT(AF$20:AJ$20,System2!Q273:U273),SUMPRODUCT(AF$20:AJ$20,System3!Q273:U273))","v":{"$error":"#VALUE!"}},{"$f":"SUM(SUMPRODUCT(AF$21:AJ$21,W273:AA273),SUMPRODUCT(AF$21:AJ$21,System2!W273:AA273),SUMPRODUCT(AF$21:AJ$21,System3!W273:AA273))","v":{"$error":"#VALUE!"}},{"$f":"WaterFittings!BN248","v":{"$error":"#VALUE!"}},{"$error":"#VALUE!"},{"$error":"#VALUE!"},{"$f":"MIN(AirCond!BL247,P$21)","v":0},{"$error":"#VALUE!"},{"$f":"MIN(ROUNDDOWN(AJ273-FH273,0),ROUNDDOWN(P$21*0.3,0),ROUNDDOWN(SUM(SUMPRODUCT(I$4:I$15,L$4:L$15),SUMPRODUCT(System2!I$4:I$15,System2!L$4:L$15),SUMPRODUCT(System3!I$4:I$15,System3!L$4:L$15))*0.3,0))","v":{"$error":"#VALUE!"}},0,{"$error":"#VALUE!"},{"$error":"#VALUE!"},{"$error":"#VALUE!"},0,{"$error":"#VALUE!"},{"$error":"#VALUE!"},{"$error":"#VALUE!"},0,null,null,null,0,0,0,0,null,{"$error":"#VALUE!"},{"$error":"#VALUE!"},{"$error":"#VALUE!"},{"$error":"#VALUE!"},{"$error":"#VALUE!"},{"$error":"#VALUE!"},{"$error":"#VALUE!"},{"$error":"#VALUE!"},{"$error":"#VALUE!"},0,{"$error":"#VALUE!"},{"$error":"#VALUE!"},{"$error":"#VALUE!"},{"$error":"#VALUE!"},{"$error":"#VALUE!"},{"$error":"#VALUE!"},{"$error":"#VALUE!"},{"$error":"#VALUE!"},{"$error":"#VALUE!"},{"$error":"#VALUE!"},{"$error":"#VALUE!"},{"$error":"#VALUE!"},{"$error":"#VALUE!"},{"$error":"#VALUE!"},{"$error":"#VALUE!"},{"$error":"#VALUE!"},{"$error":"#VALUE!"},{"$error":"#VALUE!"},{"$error":"#VALUE!"},{"$error":"#VALUE!"},{"$error":"#VALUE!"},{"$error":"#VALUE!"},{"$error":"#VALUE!"},{"$error":"#VALUE!"},{"$error":"#VALUE!"},{"$error":"#VALUE!"},{"$error":"#VALUE!"},{"$error":"#VALUE!"},{"$error":"#VALUE!"},{"$error":"#VALUE!"},{"$error":"#VALUE!"},{"$f":"SUM(CQ273,System2!CQ273,System3!CQ273)","v":{"$error":"#VALUE!"}},{"$error":"#VALUE!"},{"$error":"#VALUE!"},{"$error":"#VALUE!"},{"$error":"#VALUE!"},{"$error":"#VALUE!"},{"$error":"#VALUE!"},{"$error":"#VALUE!"},{"$error":"#VALUE!"},{"$error":"#VALUE!"},{"$error":"#VALUE!"},{"$error":"#VALUE!"},{"$error":"#VALUE!"},{"$error":"#VALUE!"},{"$error":"#VALUE!"},{"$error":"#VALUE!"},{"$error":"#VALUE!"},{"$error":"#VALUE!"},{"$error":"#VALUE!"},{"$error":"#VALUE!"},{"$error":"#VALUE!"},{"$error":"#VALUE!"},{"$error":"#VALUE!"},{"$error":"#VALUE!"},{"$error":"#VALUE!"},{"$error":"#VALUE!"},{"$error":"#VALUE!"},{"$f":"SUM(DR273,System2!DR273,System3!DR273)","v":{"$error":"#VALUE!"}},{"$f":"DT$49","v":{"$error":"#VALUE!"}},{"$f":"DU$49","v":{"$error":"#VALUE!"}},{"$f":"DV$49","v":0},{"$f":"DW$49","v":{"$error":"#VALUE!"}},{"$error":"#VALUE!"},{"$error":"#VALUE!"},{"$error":"#VALUE!"},0,0,0,0,0,{"$error":"#VALUE!"},{"$f":"SUM(EF273,System2!EF273,System3!EF273)","v":{"$error":"#VALUE!"}},{"$error":"#VALUE!"},{"$error":"#VALUE!"},{"$error":"#VALUE!"},{"$error":"#VALUE!"},{"$error":"#VALUE!"},{"$error":"#VALUE!"},{"$error":"#VALUE!"},{"$error":"#VALUE!"},{"$error":"#VALUE!"},{"$error":"#VALUE!"},{"$error":"#VALUE!"},{"$error":"#VALUE!"},{"$error":"#VALUE!"},{"$error":"#VALUE!"},{"$error":"#VALUE!"},{"$error":"#VALUE!"},{"$error":"#VALUE!"},{"$error":"#VALUE!"},{"$error":"#VALUE!"},{"$error":"#VALUE!"},{"$error":"#VALUE!"},{"$error":"#VALUE!"},{"$error":"#VALUE!"},{"$error":"#VALUE!"},{"$error":"#VALUE!"},{"$error":"#VALUE!"},{"$f":"SUM(FG273,System2!FG273,System3!FG273)","v":{"$error":"#VALUE!"}},0,0,0,0,{"$error":"#VALUE!"},{"$error":"#VALUE!"},{"$error":"#VALUE!"},{"$error":"#VALUE!"},{"$error":"#VALUE!"},{"$error":"#VALUE!"},{"$error":"#VALUE!"},{"$error":"#VALUE!"},{"$error":"#VALUE!"},{"$error":"#VALUE!"},{"$error":"#VALUE!"},{"$error":"#VALUE!"},{"$error":"#VALUE!"},{"$error":"#VALUE!"},{"$error":"#VALUE!"},{"$error":"#VALUE!"},{"$error":"#VALUE!"},{"$error":"#VALUE!"},{"$error":"#VALUE!"},{"$error":"#VALUE!"},{"$f":"$GG$31*WaterFittings!BO248","v":{"$error":"#VALUE!"}},{"$f":"$GH$31*WaterFittings!BP248","v":{"$error":"#VALUE!"}},{"$f":"$GI$31*WaterFittings!BQ248","v":0},{"$f":"GJ$31*AirCond!BD247","v":{"$error":"#VALUE!"}},{"$f":"GK$31*AirCond!BE247","v":{"$error":"#VALUE!"}},{"$f":"GL$31*AirCond!BF247","v":{"$error":"#VALUE!"}},{"$f":"GM$31*AirCond!BG247","v":{"$error":"#VALUE!"}},{"$f":"GN$31*WaterFittings!BS248","v":0},{"$f":"GO$31*WaterFittings!BT248","v":0},{"$f":"GP$31*WaterFittings!BU248","v":0}]
[null,null,243,0,0,{"$error":"#VALUE!"},{"$error":"#VALUE!"},{"$error":"#VALUE!"},{"$error":"#VALUE!"},{"$error":"#VALUE!"},{"$error":"#VALUE!"},{"$error":"#VALUE!"},{"$error":"#VALUE!"},{"$error":"#VALUE!"},{"$error":"#VALUE!"},null,{"$error":"#VALUE!"},{"$error":"#VALUE!"},{"$error":"#VALUE!"},{"$error":"#VALUE!"},{"$error":"#VALUE!"},null,{"$error":"#VALUE!"},{"$error":"#VALUE!"},{"$error":"#VALUE!"},{"$error":"#VALUE!"},{"$error":"#VALUE!"},null,19,{"$f":"SUM(SUMPRODUCT(AF$20:AJ$20,Q274:U274),SUMPRODUCT(AF$20:AJ$20,System2!Q274:U274),SUMPRODUCT(AF$20:AJ$20,System3!Q274:U274))","v":{"$error":"#VALUE!"}},{"$f":"SUM(SUMPRODUCT(AF$21:AJ$21,W274:AA274),SUMPRODUCT(AF$21:AJ$21,System2!W274:AA274),SUMPRODUCT(AF$21:AJ$21,System3!W274:AA274))","v":{"$error":"#VALUE!"}},{"$f":"WaterFittings!BN249","v":{"$error":"#VALUE!"}},{"$error":"#VALUE!"},{"$error":"#VALUE!"},{"$f":"MIN(AirCond!BL248,P$21)","v":0},{"$error":"#VALUE!"},{"$f":"MIN(ROUNDDOWN(AJ274-FH274,0),ROUNDDOWN(P$21*0.3,0),ROUNDDOWN(SUM(SUMPRODUCT(I$4:I$15,L$4:L$15),SUMPRODUCT(System2!I$4:I$15,System2!L$4:L$15),SUMPRODUCT(System3!I$4:I$15,System3!L$4:L$15))*0.3,0))","v":{"$error":"#VALUE!"}},0,{"$error":"#VALUE!"},{"$error":"#VALUE!"},{"$error":"#VALUE!"},0,{"$error":"#VALUE!"},{"$error":"#VALUE!"},{"$error":"#VALUE!"},0,null,null,null,0,0,0,0,null,{"$error":"#VALUE!"},{"$error":"#VALUE!"},{"$error":"#VALUE!"},{"$error":"#VALUE!"},{"$error":"#VALUE!"},{"$error":"#VALUE!"},{"$error":"#VALUE!"},{"$error":"#VALUE!"},{"$error":"#VALUE!"},0,{"$error":"#VALUE!"},{"$error":"#VALUE!"},{"$error":"#VALUE!"},{"$error":"#VALUE!"},{"$error":"#VALUE!"},{"$error":"#VALUE!"},{"$error":"#VALUE!"},{"$error":"#VALUE!"},{"$error":"#VALUE!"},{"$error":"#VALUE!"},{"$error":"#VALUE!"},{"$error":"#VALUE!"},{"$error":"#VALUE!"},{"$error":"#VALUE!"},{"$error":"#VALUE!"},{"$error":"#VALUE!"},{"$error":"#VALUE!"},{"$error":"#VALUE!"},{"$error":"#VALUE!"},{"$error":"#VALUE!"},{"$error":"#VALUE!"},{"$error":"#VALUE!"},{"$error":"#VALUE!"},{"$error":"#VALUE!"},{"$error":"#VALUE!"},{"$error":"#VALUE!"},{"$error":"#VALUE!"},{"$error":"#VALUE!"},{"$error":"#VALUE!"},{"$error":"#VALUE!"},{"$error":"#VALUE!"},{"$f":"SUM(CQ274,System2!CQ274,System3!CQ274)","v":{"$error":"#VALUE!"}},{"$error":"#VALUE!"},{"$error":"#VALUE!"},{"$error":"#VALUE!"},{"$error":"#VALUE!"},{"$error":"#VALUE!"},{"$error":"#VALUE!"},{"$error":"#VALUE!"},{"$error":"#VALUE!"},{"$error":"#VALUE!"},{"$error":"#VALUE!"},{"$error":"#VALUE!"},{"$error":"#VALUE!"},{"$error":"#VALUE!"},{"$error":"#VALUE!"},{"$error":"#VALUE!"},{"$error":"#VALUE!"},{"$error":"#VALUE!"},{"$error":"#VALUE!"},{"$error":"#VALUE!"},{"$error":"#VALUE!"},{"$error":"#VALUE!"},{"$error":"#VALUE!"},{"$error":"#VALUE!"},{"$error":"#VALUE!"},{"$error":"#VALUE!"},{"$error":"#VALUE!"},{"$f":"SUM(DR274,System2!DR274,System3!DR274)","v":{"$error":"#VALUE!"}},{"$f":"DT$50","v":{"$error":"#VALUE!"}},{"$f":"DU$50","v":{"$error":"#VALUE!"}},{"$f":"DV$50","v":0},{"$f":"DW$50","v":{"$error":"#VALUE!"}},{"$error":"#VALUE!"},{"$error":"#VALUE!"},{"$error":"#VALUE!"},0,0,0,0,0,{"$error":"#VALUE!"},{"$f":"SUM(EF274,System2!EF274,System3!EF274)","v":{"$error":"#VALUE!"}},{"$error":"#VALUE!"},{"$error":"#VALUE!"},{"$error":"#VALUE!"},{"$error":"#VALUE!"},{"$error":"#VALUE!"},{"$error":"#VALUE!"},{"$error":"#VALUE!"},{"$error":"#VALUE!"},{"$error":"#VALUE!"},{"$error":"#VALUE!"},{"$error":"#VALUE!"},{"$error":"#VALUE!"},{"$error":"#VALUE!"},{"$error":"#VALUE!"},{"$error":"#VALUE!"},{"$error":"#VALUE!"},{"$error":"#VALUE!"},{"$error":"#VALUE!"},{"$error":"#VALUE!"},{"$error":"#VALUE!"},{"$error":"#VALUE!"},{"$error":"#VALUE!"},{"$error":"#VALUE!"},{"$error":"#VALUE!"},{"$error":"#VALUE!"},{"$error":"#VALUE!"},{"$f":"SUM(FG274,System2!FG274,System3!FG274)","v":{"$error":"#VALUE!"}},0,0,0,0,{"$error":"#VALUE!"},{"$error":"#VALUE!"},{"$error":"#VALUE!"},{"$error":"#VALUE!"},{"$error":"#VALUE!"},{"$error":"#VALUE!"},{"$error":"#VALUE!"},{"$error":"#VALUE!"},{"$error":"#VALUE!"},{"$error":"#VALUE!"},{"$error":"#VALUE!"},{"$error":"#VALUE!"},{"$error":"#VALUE!"},{"$error":"#VALUE!"},{"$error":"#VALUE!"},{"$error":"#VALUE!"},{"$error":"#VALUE!"},{"$error":"#VALUE!"},{"$error":"#VALUE!"},{"$error":"#VALUE!"},{"$f":"$GG$31*WaterFittings!BO249","v":{"$error":"#VALUE!"}},{"$f":"$GH$31*WaterFittings!BP249","v":{"$error":"#VALUE!"}},{"$f":"$GI$31*WaterFittings!BQ249","v":0},{"$f":"GJ$31*AirCond!BD248","v":{"$error":"#VALUE!"}},{"$f":"GK$31*AirCond!BE248","v":{"$error":"#VALUE!"}},{"$f":"GL$31*AirCond!BF248","v":{"$error":"#VALUE!"}},{"$f":"GM$31*AirCond!BG248","v":{"$error":"#VALUE!"}},{"$f":"GN$31*WaterFittings!BS249","v":0},{"$f":"GO$31*WaterFittings!BT249","v":0},{"$f":"GP$31*WaterFittings!BU249","v":0}]
[null,"September",244,0,0,{"$error":"#VALUE!"},{"$error":"#VALUE!"},{"$error":"#VALUE!"},{"$error":"#VALUE!"},{"$error":"#VALUE!"},{"$error":"#VALUE!"},{"$error":"#VALUE!"},{"$error":"#VALUE!"},{"$error":"#VALUE!"},{"$error":"#VALUE!"},null,{"$error":"#VALUE!"},{"$error":"#VALUE!"},{"$error":"#VALUE!"},{"$error":"#VALUE!"},{"$error":"#VALUE!"},null,{"$error":"#VALUE!"},{"$error":"#VALUE!"},{"$error":"#VALUE!"},{"$error":"#VALUE!"},{"$error":"#VALUE!"},null,20,{"$f":"SUM(SUMPRODUCT(AF$20:AJ$20,Q275:U275),SUMPRODUCT(AF$20:AJ$20,System2!Q275:U275),SUMPRODUCT(AF$20:AJ$20,System3!Q275:U275))","v":{"$error":"#VALUE!"}},{"$f":"SUM(SUMPRODUCT(AF$21:AJ$21,W275:AA275),SUMPRODUCT(AF$21:AJ$21,System2!W275:AA275),SUMPRODUCT(AF$21:AJ$21,System3!W275:AA275))","v":{"$error":"#VALUE!"}},{"$f":"WaterFittings!BN250","v":{"$error":"#VALUE!"}},{"$error":"#VALUE!"},{"$error":"#VALUE!"},{"$f":"MIN(AirCond!BL249,P$21)","v":0},{"$error":"#VALUE!"},{"$f":"MIN(ROUNDDOWN(AJ275-FH275,0),ROUNDDOWN(P$21*0.3,0),ROUNDDOWN(SUM(SUMPRODUCT(I$4:I$15,L$4:L$15),SUMPRODUCT(System2!I$4:I$15,System2!L$4:L$15),SUMPRODUCT(System3!I$4:I$15,System3!L$4:L$15))*0.3,0))","v":{"$error":"#VALUE!"}},0,{"$error":"#VALUE!"},{"$error":"#VALUE!"},{"$error":"#VALUE!"},0,{"$error":"#VALUE!"},{"$error":"#VALUE!"},{"$error":"#VALUE!"},0,null,null,null,0,0,0,0,null,{"$error":"#VALUE!"},{"$error":"#VALUE!"},{"$error":"#VALUE!"},{"$error":"#VALUE!"},{"$error":"#VALUE!"},{"$error":"#VALUE!"},{"$error":"#VALUE!"},{"$error":"#VALUE!"},{"$error":"#VALUE!"},0,{"$error":"#VALUE!"},{"$error":"#VALUE!"},{"$error":"#VALUE!"},{"$error":"#VALUE!"},{"$error":"#VALUE!"},{"$error":"#VALUE!"},{"$error":"#VALUE!"},{"$error":"#VALUE!"},{"$error":"#VALUE!"},{"$error":"#VALUE!"},{"$error":"#VALUE!"},{"$error":"#VALUE!"},{"$error":"#VALUE!"},{"$error":"#VALUE!"},{"$error":"#VALUE!"},{"$error":"#VALUE!"},{"$error":"#VALUE!"},{"$error":"#VALUE!"},{"$error":"#VALUE!"},{"$error":"#VALUE!"},{"$error":"#VALUE!"},{"$error":"#VALUE!"},{"$error":"#VALUE!"},{"$error":"#VALUE!"},{"$error":"#VALUE!"},{"$error":"#VALUE!"},{"$error":"#VALUE!"},{"$error":"#VALUE!"},{"$error":"#VALUE!"},{"$error":"#VALUE!"},{"$error":"#VALUE!"},{"$f":"SUM(CQ275,System2!CQ275,System3!CQ275)","v":{"$error":"#VALUE!"}},{"$error":"#VALUE!"},{"$error":"#VALUE!"},{"$error":"#VALUE!"},{"$error":"#VALUE!"},{"$error":"#VALUE!"},{"$error":"#VALUE!"},{"$error":"#VALUE!"},{"$error":"#VALUE!"},{"$error":"#VALUE!"},{"$error":"#VALUE!"},{"$error":"#VALUE!"},{"$error":"#VALUE!"},{"$error":"#VALUE!"},{"$error":"#VALUE!"},{"$error":"#VALUE!"},{"$error":"#VALUE!"},{"$error":"#VALUE!"},{"$error":"#VALUE!"},{"$error":"#VALUE!"},{"$error":"#VALUE!"},{"$error":"#VALUE!"},{"$error":"#VALUE!"},{"$error":"#VALUE!"},{"$error":"#VALUE!"},{"$error":"#VALUE!"},{"$error":"#VALUE!"},{"$f":"SUM(DR275,System2!DR275,System3!DR275)","v":{"$error":"#VALUE!"}},{"$f":"DT$51","v":{"$error":"#VALUE!"}},{"$f":"DU$51","v":{"$error":"#VALUE!"}},{"$f":"DV$51","v":0},{"$f":"DW$51","v":{"$error":"#VALUE!"}},{"$error":"#VALUE!"},{"$error":"#VALUE!"},{"$error":"#VALUE!"},0,0,0,0,0,{"$error":"#VALUE!"},{"$f":"SUM(EF275,System2!EF275,System3!EF275)","v":{"$error":"#VALUE!"}},{"$error":"#VALUE!"},{"$error":"#VALUE!"},{"$error":"#VALUE!"},{"$error":"#VALUE!"},{"$error":"#VALUE!"},{"$error":"#VALUE!"},{"$error":"#VALUE!"},{"$error":"#VALUE!"},{"$error":"#VALUE!"},{"$error":"#VALUE!"},{"$error":"#VALUE!"},{"$error":"#VALUE!"},{"$error":"#VALUE!"},{"$error":"#VALUE!"},{"$error":"#VALUE!"},{"$error":"#VALUE!"},{"$error":"#VALUE!"},{"$error":"#VALUE!"},{"$error":"#VALUE!"},{"$error":"#VALUE!"},{"$error":"#VALUE!"},{"$error":"#VALUE!"},{"$error":"#VALUE!"},{"$error":"#VALUE!"},{"$error":"#VALUE!"},{"$error":"#VALUE!"},{"$f":"SUM(FG275,System2!FG275,System3!FG275)","v":{"$error":"#VALUE!"}},0,0,0,0,{"$error":"#VALUE!"},{"$error":"#VALUE!"},{"$error":"#VALUE!"},{"$error":"#VALUE!"},{"$error":"#VALUE!"},{"$error":"#VALUE!"},{"$error":"#VALUE!"},{"$error":"#VALUE!"},{"$error":"#VALUE!"},{"$error":"#VALUE!"},{"$error":"#VALUE!"},{"$error":"#VALUE!"},{"$error":"#VALUE!"},{"$error":"#VALUE!"},{"$error":"#VALUE!"},{"$error":"#VALUE!"},{"$error":"#VALUE!"},{"$error":"#VALUE!"},{"$error":"#VALUE!"},{"$error":"#VALUE!"},{"$f":"$GG$31*WaterFittings!BO250","v":{"$error":"#VALUE!"}},{"$f":"$GH$31*WaterFittings!BP250","v":{"$error":"#VALUE!"}},{"$f":"$GI$31*WaterFittings!BQ250","v":0},{"$f":"GJ$31*AirCond!BD249","v":{"$error":"#VALUE!"}},{"$f":"GK$31*AirCond!BE249","v":{"$error":"#VALUE!"}},{"$f":"GL$31*AirCond!BF249","v":{"$error":"#VALUE!"}},{"$f":"GM$31*AirCond!BG249","v":{"$error":"#VALUE!"}},{"$f":"GN$31*WaterFittings!BS250","v":0},{"$f":"GO$31*WaterFittings!BT250","v":0},{"$f":"GP$31*WaterFittings!BU250","v":0}]
[null,null,245,79.5,0,{"$error":"#VALUE!"},{"$error":"#VALUE!"},{"$error":"#VALUE!"},{"$error":"#VALUE!"},{"$error":"#VALUE!"},{"$error":"#VALUE!"},{"$error":"#VALUE!"},{"$error":"#VALUE!"},{"$error":"#VALUE!"},{"$error":"#VALUE!"},null,{"$error":"#VALUE!"},{"$error":"#VALUE!"},{"$error":"#VALUE!"},{"$error":"#VALUE!"},{"$error":"#VALUE!"},null,{"$error":"#VALUE!"},{"$error":"#VALUE!"},{"$error":"#VALUE!"},{"$error":"#VALUE!"},{"$error":"#VALUE!"},null,21,{"$f":"SUM(SUMPRODUCT(AF$20:AJ$20,Q276:U276),SUMPRODUCT(AF$20:AJ$20,System2!Q276:U276),SUMPRODUCT(AF$20:AJ$20,System3!Q276:U276))","v":{"$error":"#VALUE!"}},{"$f":"SUM(SUMPRODUCT(AF$21:AJ$21,W276:AA276),SUMPRODUCT(AF$21:AJ$21,System2!W276:AA276),SUMPRODUCT(AF$21:AJ$21,System3!W276:AA276))","v":{"$error":"#VALUE!"}},{"$f":"WaterFittings!BN251","v":{"$error":"#VALUE!"}},{"$error":"#VALUE!"},{"$error":"#VALUE!"},{"$f":"MIN(AirCond!BL250,P$21)","v":0},{"$error":"#VALUE!"},{"$f":"MIN(ROUNDDOWN(AJ276-FH276,0),ROUNDDOWN(P$21*0.3,0),ROUNDDOWN(SUM(SUMPRODUCT(I$4:I$15,L$4:L$15),SUMPRODUCT(System2!I$4:I$15,System2!L$4:L$15),SUMPRODUCT(System3!I$4:I$15,System3!L$4:L$15))*0.3,0))","v":{"$error":"#VALUE!"}},0,{"$error":"#VALUE!"},{"$error":"#VALUE!"},{"$error":"#VALUE!"},0,{"$error":"#VALUE!"},{"$error":"#VALUE!"},{"$error":"#VALUE!"},0,null,null,null,0,0,0,0,null,{"$error":"#VALUE!"},{"$error":"#VALUE!"},{"$error":"#VALUE!"},{"$error":"#VALUE!"},{"$error":"#VALUE!"},{"$error":"#VALUE!"},{"$error":"#VALUE!"},{"$error":"#VALUE!"},{"$error":"#VALUE!"},0,{"$error":"#VALUE!"},{"$error":"#VALUE!"},{"$error":"#VALUE!"},{"$error":"#VALUE!"},{"$error":"#VALUE!"},{"$error":"#VALUE!"},{"$error":"#VALUE!"},{"$error":"#VALUE!"},{"$error":"#VALUE!"},{"$error":"#VALUE!"},{"$error":"#VALUE!"},{"$error":"#VALUE!"},{"$error":"#VALUE!"},{"$error":"#VALUE!"},{"$error":"#VALUE!"},{"$error":"#VALUE!"},{"$error":"#VALUE!"},{"$error":"#VALUE!"},{"$error":"#VALUE!"},{"$error":"#VALUE!"},{"$error":"#VALUE!"},{"$error":"#VALUE!"},{"$error":"#VALUE!"},{"$error":"#VALUE!"},{"$error":"#VALUE!"},{"$error":"#VALUE!"},{"$error":"#VALUE!"},{"$error":"#VALUE!"},{"$error":"#VALUE!"},{"$error":"#VALUE!"},{"$error":"#VALUE!"},{"$f":"SUM(CQ276,System2!CQ276,System3!CQ276)","v":{"$error":"#VALUE!"}},{"$error":"#VALUE!"},{"$error":"#VALUE!"},{"$error":"#VALUE!"},{"$error":"#VALUE!"},{"$error":"#VALUE!"},{"$error":"#VALUE!"},{"$error":"#VALUE!"},{"$error":"#VALUE!"},{"$error":"#VALUE!"},{"$error":"#VALUE!"},{"$error":"#VALUE!"},{"$error":"#VALUE!"},{"$error":"#VALUE!"},{"$error":"#VALUE!"},{"$error":"#VALUE!"},{"$error":"#VALUE!"},{"$error":"#VALUE!"},{"$error":"#VALUE!"},{"$error":"#VALUE!"},{"$error":"#VALUE!"},{"$error":"#VALUE!"},{"$error":"#VALUE!"},{"$error":"#VALUE!"},{"$error":"#VALUE!"},{"$error":"#VALUE!"},{"$error":"#VALUE!"},{"$f":"SUM(DR276,System2!DR276,System3!DR276)","v":{"$error":"#VALUE!"}},{"$f":"DT$52","v":{"$error":"#VALUE!"}},{"$f":"DU$52","v":{"$error":"#VALUE!"}},{"$f":"DV$52","v":0},{"$f":"DW$52","v":{"$error":"#VALUE!"}},{"$error":"#VALUE!"},{"$error":"#VALUE!"},{"$error":"#VALUE!"},0,0,0,0,0,{"$error":"#VALUE!"},{"$f":"SUM(EF276,System2!EF276,System3!EF276)","v":{"$error":"#VALUE!"}},{"$error":"#VALUE!"},{"$error":"#VALUE!"},{"$error":"#VALUE!"},{"$error":"#VALUE!"},{"$error":"#VALUE!"},{"$error":"#VALUE!"},{"$error":"#VALUE!"},{"$error":"#VALUE!"},{"$error":"#VALUE!"},{"$error":"#VALUE!"},{"$error":"#VALUE!"},{"$error":"#VALUE!"},{"$error":"#VALUE!"},{"$error":"#VALUE!"},{"$error":"#VALUE!"},{"$error":"#VALUE!"},{"$error":"#VALUE!"},{"$error":"#VALUE!"},{"$error":"#VALUE!"},{"$error":"#VALUE!"},{"$error":"#VALUE!"},{"$error":"#VALUE!"},{"$error":"#VALUE!"},{"$error":"#VALUE!"},{"$error":"#VALUE!"},{"$error":"#VALUE!"},{"$f":"SUM(FG276,System2!FG276,System3!FG276)","v":{"$error":"#VALUE!"}},0,0,0,0,{"$error":"#VALUE!"},{"$error":"#VALUE!"},{"$error":"#VALUE!"},{"$error":"#VALUE!"},{"$error":"#VALUE!"},{"$error":"#VALUE!"},{"$error":"#VALUE!"},{"$error":"#VALUE!"},{"$error":"#VALUE!"},{"$error":"#VALUE!"},{"$error":"#VALUE!"},{"$error":"#VALUE!"},{"$error":"#VALUE!"},{"$error":"#VALUE!"},{"$error":"#VALUE!"},{"$error":"#VALUE!"},{"$error":"#VALUE!"},{"$error":"#VALUE!"},{"$error":"#VALUE!"},{"$error":"#VALUE!"},{"$f":"$GG$31*WaterFittings!BO251","v":{"$error":"#VALUE!"}},{"$f":"$GH$31*WaterFittings!BP251","v":{"$error":"#VALUE!"}},{"$f":"$GI$31*WaterFittings!BQ251","v":0},{"$f":"GJ$31*AirCond!BD250","v":{"$error":"#VALUE!"}},{"$f":"GK$31*AirCond!BE250","v":{"$error":"#VALUE!"}},{"$f":"GL$31*AirCond!BF250","v":{"$error":"#VALUE!"}},{"$f":"GM$31*AirCond!BG250","v":{"$error":"#VALUE!"}},{"$f":"GN$31*WaterFittings!BS251","v":0},{"$f":"GO$31*WaterFittings!BT251","v":0},{"$f":"GP$31*WaterFittings!BU251","v":0}]
[null,null,246,5,0,{"$error":"#VALUE!"},{"$error":"#VALUE!"},{"$error":"#VALUE!"},{"$error":"#VALUE!"},{"$error":"#VALUE!"},{"$error":"#VALUE!"},{"$error":"#VALUE!"},{"$error":"#VALUE!"},{"$error":"#VALUE!"},{"$error":"#VALUE!"},null,{"$error":"#VALUE!"},{"$error":"#VALUE!"},{"$error":"#VALUE!"},{"$error":"#VALUE!"},{"$error":"#VALUE!"},null,{"$error":"#VALUE!"},{"$error":"#VALUE!"},{"$error":"#VALUE!"},{"$error":"#VALUE!"},{"$f":"ROUNDDOWN(FF277,0)","v":{"$error":"#VALUE!"}},null,22,{"$f":"SUM(SUMPRODUCT(AF$20:AJ$20,Q277:U277),SUMPRODUCT(AF$20:AJ$20,System2!Q277:U277),SUMPRODUCT(AF$20:AJ$20,System3!Q277:U277))","v":{"$error":"#VALUE!"}},{"$f":"SUM(SUMPRODUCT(AF$21:AJ$21,W277:AA277),SUMPRODUCT(AF$21:AJ$21,System2!W277:AA277),SUMPRODUCT(AF$21:AJ$21,System3!W277:AA277))","v":{"$error":"#VALUE!"}},{"$f":"WaterFittings!BN252","v":{"$error":"#VALUE!"}},{"$error":"#VALUE!"},{"$error":"#VALUE!"},{"$f":"MIN(AirCond!BL251,P$21)","v":0},{"$error":"#VALUE!"},{"$f":"MIN(ROUNDDOWN(AJ277-FH277,0),ROUNDDOWN(P$21*0.3,0),ROUNDDOWN(SUM(SUMPRODUCT(I$4:I$15,L$4:L$15),SUMPRODUCT(System2!I$4:I$15,System2!L$4:L$15),SUMPRODUCT(System3!I$4:I$15,System3!L$4:L$15))*0.3,0))","v":{"$error":"#VALUE!"}},0,{"$error":"#VALUE!"},{"$error":"#VALUE!"},{"$error":"#VALUE!"},0,{"$error":"#VALUE!"},{"$error":"#VALUE!"},{"$error":"#VALUE!"},0,null,null,null,0,0,0,0,null,{"$error":"#VALUE!"},{"$error":"#VALUE!"},{"$error":"#VALUE!"},{"$error":"#VALUE!"},{"$error":"#VALUE!"},{"$error":"#VALUE!"},{"$error":"#VALUE!"},{"$error":"#VALUE!"},{"$error":"#VALUE!"},0,{"$error":"#VALUE!"},{"$error":"#VALUE!"},{"$error":"#VALUE!"},{"$error":"#VALUE!"},{"$error":"#VALUE!"},{"$error":"#VALUE!"},{"$error":"#VALUE!"},{"$error":"#VALUE!"},{"$error":"#VALUE!"},{"$error":"#VALUE!"},{"$error":"#VALUE!"},{"$error":"#VALUE!"},{"$error":"#VALUE!"},{"$error":"#VALUE!"},{"$error":"#VALUE!"},{"$error":"#VALUE!"},{"$error":"#VALUE!"},{"$error":"#VALUE!"},{"$error":"#VALUE!"},{"$error":"#VALUE!"},{"$error":"#VALUE!"},{"$error":"#VALUE!"},{"$error":"#VALUE!"},{"$error":"#VALUE!"},{"$error":"#VALUE!"},{"$error":"#VALUE!"},{"$error":"#VALUE!"},{"$error":"#VALUE!"},{"$error":"#VALUE!"},{"$error":"#VALUE!"},{"$error":"#VALUE!"},{"$f":"SUM(CQ277,System2!CQ277,System3!CQ277)","v":{"$error":"#VALUE!"}},{"$error":"#VALUE!"},{"$error":"#VALUE!"},{"$error":"#VALUE!"},{"$error":"#VALUE!"},{"$error":"#VALUE!"},{"$error":"#VALUE!"},{"$f":"IF($CS277,CJ277/$CR277,0)","v":{"$error":"#VALUE!"}},{"$error":"#VALUE!"},{"$error":"#VALUE!"},{"$error":"#VALUE!"},{"$error":"#VALUE!"},{"$error":"#VALUE!"},{"$error":"#VALUE!"},{"$error":"#VALUE!"},{"$error":"#VALUE!"},{"$error":"#VALUE!"},{"$error":"#VALUE!"},{"$error":"#VALUE!"},{"$f":"$CS277*CY277","v":{"$error":"#VALUE!"}},{"$error":"#VALUE!"},{"$error":"#VALUE!"},{"$error":"#VALUE!"},{"$error":"#VALUE!"},{"$error":"#VALUE!"},{"$error":"#VALUE!"},{"$error":"#VALUE!"},{"$f":"SUM(DR277,System2!DR277,System3!DR277)","v":{"$error":"#VALUE!"}},{"$f":"DT$53","v":{"$error":"#VALUE!"}},{"$f":"DU$53","v":{"$error":"#VALUE!"}},{"$f":"DV$53","v":0},{"$f":"DW$53","v":{"$error":"#VALUE!"}},{"$error":"#VALUE!"},{"$error":"#VALUE!"},{"$error":"#VALUE!"},0,0,0,0,0,{"$error":"#VALUE!"},{"$f":"SUM(EF277,System2!EF277,System3!EF277)","v":{"$error":"#VALUE!"}},{"$error":"#VALUE!"},{"$error":"#VALUE!"},{"$error":"#VALUE!"},{"$error":"#VALUE!"},{"$error":"#VALUE!"},{"$error":"#VALUE!"},{"$error":"#VALUE!"},{"$error":"#VALUE!"},{"$error":"#VALUE!"},{"$error":"#VALUE!"},{"$error":"#VALUE!"},{"$error":"#VALUE!"},{"$error":"#VALUE!"},{"$error":"#VALUE!"},{"$error":"#VALUE!"},{"$error":"#VALUE!"},{"$error":"#VALUE!"},{"$error":"#VALUE!"},{"$error":"#VALUE!"},{"$error":"#VALUE!"},{"$error":"#VALUE!"},{"$error":"#VALUE!"},{"$error":"#VALUE!"},{"$error":"#VALUE!"},{"$error":"#VALUE!"},{"$error":"#VALUE!"},{"$f":"SUM(FG277,System2!FG277,System3!FG277)","v":{"$error":"#VALUE!"}},0,0,0,0,{"$error":"#VALUE!"},{"$error":"#VALUE!"},{"$error":"#VALUE!"},{"$error":"#VALUE!"},{"$error":"#VALUE!"},{"$error":"#VALUE!"},{"$error":"#VALUE!"},{"$error":"#VALUE!"},{"$error":"#VALUE!"},{"$error":"#VALUE!"},{"$error":"#VALUE!"},{"$error":"#VALUE!"},{"$error":"#VALUE!"},{"$error":"#VALUE!"},{"$error":"#VALUE!"},{"$error":"#VALUE!"},{"$error":"#VALUE!"},{"$error":"#VALUE!"},{"$error":"#VALUE!"},{"$error":"#VALUE!"},{"$f":"$GG$31*WaterFittings!BO252","v":{"$error":"#VALUE!"}},{"$f":"$GH$31*WaterFittings!BP252","v":{"$error":"#VALUE!"}},{"$f":"$GI$31*WaterFittings!BQ252","v":0},{"$f":"GJ$31*AirCond!BD251","v":{"$error":"#VALUE!"}},{"$f":"GK$31*AirCond!BE251","v":{"$error":"#VALUE!"}},{"$f":"GL$31*AirCond!BF251","v":{"$error":"#VALUE!"}},{"$f":"GM$31*AirCond!BG251","v":{"$error":"#VALUE!"}},{"$f":"GN$31*WaterFittings!BS252","v":0},{"$f":"GO$31*WaterFittings!BT252","v":0},{"$f":"GP$31*WaterFittings!BU252","v":0}]
[null,null,{"$f":"C277+1","v":247},1,0,{"$error":"#VALUE!"},{"$error":"#VALUE!"},{"$error":"#VALUE!"},{"$error":"#VALUE!"},{"$error":"#VALUE!"},{"$error":"#VALUE!"},{"$error":"#VALUE!"},{"$error":"#VALUE!"},{"$error":"#VALUE!"},{"$error":"#VALUE!"},null,{"$error":"#VALUE!"},{"$error":"#VALUE!"},{"$error":"#VALUE!"},{"$error":"#VALUE!"},{"$error":"#VALUE!"},null,{"$error":"#VALUE!"},{"$error":"#VALUE!"},{"$error":"#VALUE!"},{"$error":"#VALUE!"},{"$error":"#VALUE!"},null,23,{"$f":"SUM(SUMPRODUCT(AF$20:AJ$20,Q278:U278),SUMPRODUCT(AF$20:AJ$20,System2!Q278:U278),SUMPRODUCT(AF$20:AJ$20,System3!Q278:U278))","v":{"$error":"#VALUE!"}},{"$f":"SUM(SUMPRODUCT(AF$21:AJ$21,W278:AA278),SUMPRODUCT(AF$21:AJ$21,System2!W278:AA278),SUMPRODUCT(AF$21:AJ$21,System3!W278:AA278))","v":{"$error":"#VALUE!"}},{"$f":"WaterFittings!BN253","v":{"$error":"#VALUE!"}},{"$error":"#VALUE!"},{"$error":"#VALUE!"},{"$f":"MIN(AirCond!BL252,P$21)","v":0},{"$error":"#VALUE!"},{"$f":"MIN(ROUNDDOWN(AJ278-FH278,0),ROUNDDOWN(P$21*0.3,0),ROUNDDOWN(SUM(SUMPRODUCT(I$4:I$15,L$4:L$15),SUMPRODUCT(System2!I$4:I$15,System2!L$4:L$15),SUMPRODUCT(System3!I$4:I$15,System3!L$4:L$15))*0.3,0))","v":{"$error":"#VALUE!"}},0,{"$error":"#VALUE!"},{"$error":"#VALUE!"},{"$error":"#VALUE!"},0,{"$error":"#VALUE!"},{"$error":"#VALUE!"},{"$error":"#VALUE!"},0,null,null,null,0,0,0,0,null,{"$error":"#VALUE!"},{"$error":"#VALUE!"},{"$error":"#VALUE!"},{"$error":"#VALUE!"},{"$error":"#VALUE!"},{"$error":"#VALUE!"},{"$error":"#VALUE!"},{"$error":"#VALUE!"},{"$error":"#VALUE!"},0,{"$error":"#VALUE!"},{"$error":"#VALUE!"},{"$error":"#VALUE!"},{"$error":"#VALUE!"},{"$error":"#VALUE!"},{"$error":"#VALUE!"},{"$error":"#VALUE!"},{"$error":"#VALUE!"},{"$error":"#VALUE!"},{"$error":"#VALUE!"},{"$error":"#VALUE!"},{"$error":"#VALUE!"},{"$error":"#VALUE!"},{"$error":"#VALUE!"},{"$error":"#VALUE!"},{"$error":"#VALUE!"},{"$error":"#VALUE!"},{"$error":"#VALUE!"},{"$error":"#VALUE!"},{"$error":"#VALUE!"},{"$error":"#VALUE!"},{"$error":"#VALUE!"},{"$error":"#VALUE!"},{"$error":"#VALUE!"},{"$error":"#VALUE!"},{"$error":"#VALUE!"},{"$error":"#VALUE!"},{"$error":"#VALUE!"},{"$error":"#VALUE!"},{"$error":"#VALUE!"},{"$error":"#VALUE!"},{"$f":"SUM(CQ278,System2!CQ278,System3!CQ278)","v":{"$error":"#VALUE!"}},{"$error":"#VALUE!"},{"$error":"#VALUE!"},{"$error":"#VALUE!"},{"$error":"#VALUE!"},{"$error":"#VALUE!"},{"$error":"#VALUE!"},{"$error":"#VALUE!"},{"$error":"#VALUE!"},{"$error":"#VALUE!"},{"$error":"#VALUE!"},{"$error":"#VALUE!"},{"$error":"#VALUE!"},{"$error":"#VALUE!"},{"$error":"#VALUE!"},{"$error":"#VALUE!"},{"$error":"#VALUE!"},{"$error":"#VALUE!"},{"$error":"#VALUE!"},{"$error":"#VALUE!"},{"$error":"#VALUE!"},{"$error":"#VALUE!"},{"$error":"#VALUE!"},{"$error":"#VALUE!"},{"$error":"#VALUE!"},{"$error":"#VALUE!"},{"$error":"#VALUE!"},{"$f":"SUM(DR278,System2!DR278,System3!DR278)","v":{"$error":"#VALUE!"}},{"$f":"DT$54","v":{"$error":"#VALUE!"}},{"$f":"DU$54","v":{"$error":"#VALUE!"}},{"$f":"DV$54","v":0},{"$f":"DW$54","v":{"$error":"#VALUE!"}},{"$error":"#VALUE!"},{"$error":"#VALUE!"},{"$error":"#VALUE!"},0,0,0,0,0,{"$error":"#VALUE!"},{"$f":"SUM(EF278,System2!EF278,System3!EF278)","v":{"$error":"#VALUE!"}},{"$error":"#VALUE!"},{"$error":"#VALUE!"},{"$error":"#VALUE!"},{"$error":"#VALUE!"},{"$error":"#VALUE!"},{"$error":"#VALUE!"},{"$error":"#VALUE!"},{"$error":"#VALUE!"},{"$error":"#VALUE!"},{"$error":"#VALUE!"},{"$error":"#VALUE!"},{"$error":"#VALUE!"},{"$error":"#VALUE!"},{"$error":"#VALUE!"},{"$error":"#VALUE!"},{"$error":"#VALUE!"},{"$error":"#VALUE!"},{"$error":"#VALUE!"},{"$error":"#VALUE!"},{"$error":"#VALUE!"},{"$error":"#VALUE!"},{"$error":"#VALUE!"},{"$error":"#VALUE!"},{"$error":"#VALUE!"},{"$error":"#VALUE!"},{"$error":"#VALUE!"},{"$f":"SUM(FG278,System2!FG278,System3!FG278)","v":{"$error":"#VALUE!"}},0,0,0,0,{"$error":"#VALUE!"},{"$error":"#VALUE!"},{"$error":"#VALUE!"},{"$error":"#VALUE!"},{"$error":"#VALUE!"},{"$error":"#VALUE!"},{"$error":"#VALUE!"},{"$error":"#VALUE!"},{"$error":"#VALUE!"},{"$error":"#VALUE!"},{"$error":"#VALUE!"},{"$error":"#VALUE!"},{"$error":"#VALUE!"},{"$error":"#VALUE!"},{"$error":"#VALUE!"},{"$error":"#VALUE!"},{"$error":"#VALUE!"},{"$error":"#VALUE!"},{"$error":"#VALUE!"},{"$error":"#VALUE!"},{"$f":"$GG$31*WaterFittings!BO253","v":{"$error":"#VALUE!"}},{"$f":"$GH$31*WaterFittings!BP253","v":{"$error":"#VALUE!"}},{"$f":"$GI$31*WaterFittings!BQ253","v":0},{"$f":"GJ$31*AirCond!BD252","v":{"$error":"#VALUE!"}},{"$f":"GK$31*AirCond!BE252","v":{"$error":"#VALUE!"}},{"$f":"GL$31*AirCond!BF252","v":{"$error":"#VALUE!"}},{"$f":"GM$31*AirCond!BG252","v":{"$error":"#VALUE!"}},{"$f":"GN$31*WaterFittings!BS253","v":0},{"$f":"GO$31*WaterFittings!BT253","v":0},{"$f":"GP$31*WaterFittings!BU253","v":0}]
[null,null,248,6,0,{"$error":"#VALUE!"},{"$error":"#VALUE!"},{"$error":"#VALUE!"},{"$error":"#VALUE!"},{"$error":"#VALUE!"},{"$error":"#VALUE!"},{"$error":"#VALUE!"},{"$error":"#VALUE!"},{"$error":"#VALUE!"},{"$error":"#VALUE!"},null,{"$error":"#VALUE!"},{"$error":"#VALUE!"},{"$error":"#VALUE!"},{"$error":"#VALUE!"},{"$error":"#VALUE!"},null,{"$error":"#VALUE!"},{"$error":"#VALUE!"},{"$error":"#VALUE!"},{"$error":"#VALUE!"},{"$error":"#VALUE!"},null,24,{"$f":"SUM(SUMPRODUCT(AF$20:AJ$20,Q279:U279),SUMPRODUCT(AF$20:AJ$20,System2!Q279:U279),SUMPRODUCT(AF$20:AJ$20,System3!Q279:U279))","v":{"$error":"#VALUE!"}},{"$f":"SUM(SUMPRODUCT(AF$21:AJ$21,W279:AA279),SUMPRODUCT(AF$21:AJ$21,System2!W279:AA279),SUMPRODUCT(AF$21:AJ$21,System3!W279:AA279))","v":{"$error":"#VALUE!"}},{"$f":"WaterFittings!BN254","v":{"$error":"#VALUE!"}},{"$error":"#VALUE!"},{"$error":"#VALUE!"},{"$f":"MIN(AirCond!BL253,P$21)","v":0},{"$error":"#VALUE!"},{"$f":"MIN(ROUNDDOWN(AJ279-FH279,0),ROUNDDOWN(P$21*0.3,0),ROUNDDOWN(SUM(SUMPRODUCT(I$4:I$15,L$4:L$15),SUMPRODUCT(System2!I$4:I$15,System2!L$4:L$15),SUMPRODUCT(System3!I$4:I$15,System3!L$4:L$15))*0.3,0))","v":{"$error":"#VALUE!"}},0,{"$error":"#VALUE!"},{"$error":"#VALUE!"},{"$error":"#VALUE!"},0,{"$error":"#VALUE!"},{"$error":"#VALUE!"},{"$error":"#VALUE!"},0,null,null,null,0,0,0,0,null,{"$error":"#VALUE!"},{"$error":"#VALUE!"},{"$error":"#VALUE!"},{"$error":"#VALUE!"},{"$error":"#VALUE!"},{"$error":"#VALUE!"},{"$error":"#VALUE!"},{"$error":"#VALUE!"},{"$error":"#VALUE!"},0,{"$error":"#VALUE!"},{"$error":"#VALUE!"},{"$error":"#VALUE!"},{"$error":"#VALUE!"},{"$error":"#VALUE!"},{"$error":"#VALUE!"},{"$error":"#VALUE!"},{"$error":"#VALUE!"},{"$error":"#VALUE!"},{"$error":"#VALUE!"},{"$error":"#VALUE!"},{"$error":"#VALUE!"},{"$error":"#VALUE!"},{"$error":"#VALUE!"},{"$error":"#VALUE!"},{"$error":"#VALUE!"},{"$error":"#VALUE!"},{"$error":"#VALUE!"},{"$error":"#VALUE!"},{"$error":"#VALUE!"},{"$error":"#VALUE!"},{"$error":"#VALUE!"},{"$error":"#VALUE!"},{"$error":"#VALUE!"},{"$error":"#VALUE!"},{"$error":"#VALUE!"},{"$error":"#VALUE!"},{"$error":"#VALUE!"},{"$error":"#VALUE!"},{"$error":"#VALUE!"},{"$error":"#VALUE!"},{"$f":"SUM(CQ279,System2!CQ279,System3!CQ279)","v":{"$error":"#VALUE!"}},{"$error":"#VALUE!"},{"$error":"#VALUE!"},{"$error":"#VALUE!"},{"$error":"#VALUE!"},{"$error":"#VALUE!"},{"$error":"#VALUE!"},{"$error":"#VALUE!"},{"$error":"#VALUE!"},{"$error":"#VALUE!"},{"$error":"#VALUE!"},{"$error":"#VALUE!"},{"$error":"#VALUE!"},{"$error":"#VALUE!"},{"$error":"#VALUE!"},{"$error":"#VALUE!"},{"$error":"#VALUE!"},{"$error":"#VALUE!"},{"$error":"#VALUE!"},{"$error":"#VALUE!"},{"$error":"#VALUE!"},{"$error":"#VALUE!"},{"$error":"#VALUE!"},{"$error":"#VALUE!"},{"$error":"#VALUE!"},{"$error":"#VALUE!"},{"$error":"#VALUE!"},{"$f":"SUM(DR279,System2!DR279,System3!DR279)","v":{"$error":"#VALUE!"}},{"$f":"DT$55","v":{"$error":"#VALUE!"}},{"$f":"DU$55","v":{"$error":"#VALUE!"}},{"$f":"DV$55","v":0},{"$f":"DW$55","v":{"$error":"#VALUE!"}},{"$error":"#VALUE!"},{"$error":"#VALUE!"},{"$error":"#VALUE!"},0,0,0,0,0,{"$error":"#VALUE!"},{"$f":"SUM(EF279,System2!EF279,System3!EF279)","v":{"$error":"#VALUE!"}},{"$error":"#VALUE!"},{"$error":"#VALUE!"},{"$error":"#VALUE!"},{"$error":"#VALUE!"},{"$error":"#VALUE!"},{"$error":"#VALUE!"},{"$error":"#VALUE!"},{"$error":"#VALUE!"},{"$error":"#VALUE!"},{"$error":"#VALUE!"},{"$error":"#VALUE!"},{"$error":"#VALUE!"},{"$error":"#VALUE!"},{"$error":"#VALUE!"},{"$error":"#VALUE!"},{"$error":"#VALUE!"},{"$error":"#VALUE!"},{"$error":"#VALUE!"},{"$error":"#VALUE!"},{"$error":"#VALUE!"},{"$error":"#VALUE!"},{"$error":"#VALUE!"},{"$error":"#VALUE!"},{"$error":"#VALUE!"},{"$error":"#VALUE!"},{"$error":"#VALUE!"},{"$f":"SUM(FG279,System2!FG279,System3!FG279)","v":{"$error":"#VALUE!"}},0,0,0,0,{"$error":"#VALUE!"},{"$error":"#VALUE!"},{"$error":"#VALUE!"},{"$error":"#VALUE!"},{"$error":"#VALUE!"},{"$error":"#VALUE!"},{"$error":"#VALUE!"},{"$error":"#VALUE!"},{"$error":"#VALUE!"},{"$error":"#VALUE!"},{"$error":"#VALUE!"},{"$error":"#VALUE!"},{"$error":"#VALUE!"},{"$error":"#VALUE!"},{"$error":"#VALUE!"},{"$error":"#VALUE!"},{"$error":"#VALUE!"},{"$error":"#VALUE!"},{"$error":"#VALUE!"},{"$error":"#VALUE!"},{"$f":"$GG$31*WaterFittings!BO254","v":{"$error":"#VALUE!"}},{"$f":"$GH$31*WaterFittings!BP254","v":{"$error":"#VALUE!"}},{"$f":"$GI$31*WaterFittings!BQ254","v":0},{"$f":"GJ$31*AirCond!BD253","v":{"$error":"#VALUE!"}},{"$f":"GK$31*AirCond!BE253","v":{"$error":"#VALUE!"}},{"$f":"GL$31*AirCond!BF253","v":{"$error":"#VALUE!"}},{"$f":"GM$31*AirCond!BG253","v":{"$error":"#VALUE!"}},{"$f":"GN$31*WaterFittings!BS254","v":0},{"$f":"GO$31*WaterFittings!BT254","v":0},{"$f":"GP$31*WaterFittings!BU254","v":0}]
[null,null,249,0,0,{"$error":"#VALUE!"},{"$error":"#VALUE!"},{"$error":"#VALUE!"},{"$error":"#VALUE!"},{"$error":"#VALUE!"},{"$error":"#VALUE!"},{"$error":"#VALUE!"},{"$error":"#VALUE!"},{"$error":"#VALUE!"},{"$error":"#VALUE!"},null,{"$error":"#VALUE!"},{"$error":"#VALUE!"},{"$error":"#VALUE!"},{"$error":"#VALUE!"},{"$error":"#VALUE!"},null,{"$error":"#VALUE!"},{"$error":"#VALUE!"},{"$error":"#VALUE!"},{"$error":"#VALUE!"},{"$error":"#VALUE!"},null,25,{"$f":"SUM(SUMPRODUCT(AF$20:AJ$20,Q280:U280),SUMPRODUCT(AF$20:AJ$20,System2!Q280:U280),SUMPRODUCT(AF$20:AJ$20,System3!Q280:U280))","v":{"$error":"#VALUE!"}},{"$f":"SUM(SUMPRODUCT(AF$21:AJ$21,W280:AA280),SUMPRODUCT(AF$21:AJ$21,System2!W280:AA280),SUMPRODUCT(AF$21:AJ$21,System3!W280:AA280))","v":{"$error":"#VALUE!"}},{"$f":"WaterFittings!BN255","v":{"$error":"#VALUE!"}},{"$error":"#VALUE!"},{"$error":"#VALUE!"},{"$f":"MIN(AirCond!BL254,P$21)","v":0},{"$error":"#VALUE!"},{"$f":"MIN(ROUNDDOWN(AJ280-FH280,0),ROUNDDOWN(P$21*0.3,0),ROUNDDOWN(SUM(SUMPRODUCT(I$4:I$15,L$4:L$15),SUMPRODUCT(System2!I$4:I$15,System2!L$4:L$15),SUMPRODUCT(System3!I$4:I$15,System3!L$4:L$15))*0.3,0))","v":{"$error":"#VALUE!"}},0,{"$error":"#VALUE!"},{"$error":"#VALUE!"},{"$error":"#VALUE!"},0,{"$error":"#VALUE!"},{"$error":"#VALUE!"},{"$error":"#VALUE!"},0,null,null,null,0,0,0,0,null,{"$error":"#VALUE!"},{"$error":"#VALUE!"},{"$error":"#VALUE!"},{"$error":"#VALUE!"},{"$error":"#VALUE!"},{"$error":"#VALUE!"},{"$error":"#VALUE!"},{"$error":"#VALUE!"},{"$error":"#VALUE!"},0,{"$error":"#VALUE!"},{"$error":"#VALUE!"},{"$error":"#VALUE!"},{"$error":"#VALUE!"},{"$error":"#VALUE!"},{"$error":"#VALUE!"},{"$error":"#VALUE!"},{"$error":"#VALUE!"},{"$error":"#VALUE!"},{"$error":"#VALUE!"},{"$error":"#VALUE!"},{"$error":"#VALUE!"},{"$error":"#VALUE!"},{"$error":"#VALUE!"},{"$error":"#VALUE!"},{"$error":"#VALUE!"},{"$error":"#VALUE!"},{"$error":"#VALUE!"},{"$error":"#VALUE!"},{"$error":"#VALUE!"},{"$error":"#VALUE!"},{"$error":"#VALUE!"},{"$error":"#VALUE!"},{"$error":"#VALUE!"},{"$error":"#VALUE!"},{"$error":"#VALUE!"},{"$error":"#VALUE!"},{"$error":"#VALUE!"},{"$error":"#VALUE!"},{"$error":"#VALUE!"},{"$error":"#VALUE!"},{"$f":"SUM(CQ280,System2!CQ280,System3!CQ280)","v":{"$error":"#VALUE!"}},{"$error":"#VALUE!"},{"$error":"#VALUE!"},{"$error":"#VALUE!"},{"$error":"#VALUE!"},{"$error":"#VALUE!"},{"$error":"#VALUE!"},{"$error":"#VALUE!"},{"$error":"#VALUE!"},{"$error":"#VALUE!"},{"$error":"#VALUE!"},{"$error":"#VALUE!"},{"$error":"#VALUE!"},{"$error":"#VALUE!"},{"$error":"#VALUE!"},{"$error":"#VALUE!"},{"$error":"#VALUE!"},{"$error":"#VALUE!"},{"$error":"#VALUE!"},{"$error":"#VALUE!"},{"$error":"#VALUE!"},{"$error":"#VALUE!"},{"$error":"#VALUE!"},{"$error":"#VALUE!"},{"$error":"#VALUE!"},{"$error":"#VALUE!"},{"$error":"#VALUE!"},{"$f":"SUM(DR280,System2!DR280,System3!DR280)","v":{"$error":"#VALUE!"}},{"$f":"DT$56","v":{"$error":"#VALUE!"}},{"$f":"DU$56","v":{"$error":"#VALUE!"}},{"$f":"DV$56","v":0},{"$f":"DW$56","v":{"$error":"#VALUE!"}},{"$error":"#VALUE!"},{"$error":"#VALUE!"},{"$error":"#VALUE!"},0,0,0,0,0,{"$error":"#VALUE!"},{"$f":"SUM(EF280,System2!EF280,System3!EF280)","v":{"$error":"#VALUE!"}},{"$error":"#VALUE!"},{"$error":"#VALUE!"},{"$error":"#VALUE!"},{"$error":"#VALUE!"},{"$error":"#VALUE!"},{"$error":"#VALUE!"},{"$error":"#VALUE!"},{"$error":"#VALUE!"},{"$error":"#VALUE!"},{"$error":"#VALUE!"},{"$error":"#VALUE!"},{"$error":"#VALUE!"},{"$error":"#VALUE!"},{"$error":"#VALUE!"},{"$error":"#VALUE!"},{"$error":"#VALUE!"},{"$error":"#VALUE!"},{"$error":"#VALUE!"},{"$error":"#VALUE!"},{"$error":"#VALUE!"},{"$error":"#VALUE!"},{"$error":"#VALUE!"},{"$error":"#VALUE!"},{"$error":"#VALUE!"},{"$error":"#VALUE!"},{"$error":"#VALUE!"},{"$f":"SUM(FG280,System2!FG280,System3!FG280)","v":{"$error":"#VALUE!"}},0,0,0,0,{"$error":"#VALUE!"},{"$error":"#VALUE!"},{"$error":"#VALUE!"},{"$error":"#VALUE!"},{"$error":"#VALUE!"},{"$error":"#VALUE!"},{"$error":"#VALUE!"},{"$error":"#VALUE!"},{"$error":"#VALUE!"},{"$error":"#VALUE!"},{"$error":"#VALUE!"},{"$error":"#VALUE!"},{"$error":"#VALUE!"},{"$error":"#VALUE!"},{"$error":"#VALUE!"},{"$error":"#VALUE!"},{"$error":"#VALUE!"},{"$error":"#VALUE!"},{"$error":"#VALUE!"},{"$error":"#VALUE!"},{"$f":"$GG$31*WaterFittings!BO255","v":{"$error":"#VALUE!"}},{"$f":"$GH$31*WaterFittings!BP255","v":{"$error":"#VALUE!"}},{"$f":"$GI$31*WaterFittings!BQ255","v":0},{"$f":"GJ$31*AirCond!BD254","v":{"$error":"#VALUE!"}},{"$f":"GK$31*AirCond!BE254","v":{"$error":"#VALUE!"}},{"$f":"GL$31*AirCond!BF254","v":{"$error":"#VALUE!"}},{"$f":"GM$31*AirCond!BG254","v":{"$error":"#VALUE!"}},{"$f":"GN$31*WaterFittings!BS255","v":0},{"$f":"GO$31*WaterFittings!BT255","v":0},{"$f":"GP$31*WaterFittings!BU255","v":0}]
[null,null,250,0.6,0,{"$error":"#VALUE!"},{"$error":"#VALUE!"},{"$error":"#VALUE!"},{"$error":"#VALUE!"},{"$error":"#VALUE!"},{"$error":"#VALUE!"},{"$error":"#VALUE!"},{"$error":"#VALUE!"},{"$error":"#VALUE!"},{"$error":"#VALUE!"},null,{"$error":"#VALUE!"},{"$error":"#VALUE!"},{"$error":"#VALUE!"},{"$error":"#VALUE!"},{"$error":"#VALUE!"},null,{"$error":"#VALUE!"},{"$error":"#VALUE!"},{"$error":"#VALUE!"},{"$error":"#VALUE!"},{"$error":"#VALUE!"},null,26,{"$f":"SUM(SUMPRODUCT(AF$20:AJ$20,Q281:U281),SUMPRODUCT(AF$20:AJ$20,System2!Q281:U281),SUMPRODUCT(AF$20:AJ$20,System3!Q281:U281))","v":{"$error":"#VALUE!"}},{"$f":"SUM(SUMPRODUCT(AF$21:AJ$21,W281:AA281),SUMPRODUCT(AF$21:AJ$21,System2!W281:AA281),SUMPRODUCT(AF$21:AJ$21,System3!W281:AA281))","v":{"$error":"#VALUE!"}},{"$f":"WaterFittings!BN256","v":{"$error":"#VALUE!"}},{"$error":"#VALUE!"},{"$error":"#VALUE!"},{"$f":"MIN(AirCond!BL255,P$21)","v":0},{"$error":"#VALUE!"},{"$f":"MIN(ROUNDDOWN(AJ281-FH281,0),ROUNDDOWN(P$21*0.3,0),ROUNDDOWN(SUM(SUMPRODUCT(I$4:I$15,L$4:L$15),SUMPRODUCT(System2!I$4:I$15,System2!L$4:L$15),SUMPRODUCT(System3!I$4:I$15,System3!L$4:L$15))*0.3,0))","v":{"$error":"#VALUE!"}},{"$f":"ROUND(SUM(AX281,AY281),0)","v":0},{"$error":"#VALUE!"},{"$error":"#VALUE!"},{"$error":"#VALUE!"},0,{"$error":"#VALUE!"},{"$error":"#VALUE!"},{"$error":"#VALUE!"},0,null,null,null,0,0,0,0,null,{"$error":"#VALUE!"},{"$error":"#VALUE!"},{"$error":"#VALUE!"},{"$error":"#VALUE!"},{"$error":"#VALUE!"},{"$error":"#VALUE!"},{"$error":"#VALUE!"},{"$error":"#VALUE!"},{"$error":"#VALUE!"},0,{"$error":"#VALUE!"},{"$error":"#VALUE!"},{"$error":"#VALUE!"},{"$error":"#VALUE!"},{"$error":"#VALUE!"},{"$error":"#VALUE!"},{"$error":"#VALUE!"},{"$error":"#VALUE!"},{"$error":"#VALUE!"},{"$error":"#VALUE!"},{"$error":"#VALUE!"},{"$error":"#VALUE!"},{"$error":"#VALUE!"},{"$error":"#VALUE!"},{"$error":"#VALUE!"},{"$error":"#VALUE!"},{"$error":"#VALUE!"},{"$error":"#VALUE!"},{"$error":"#VALUE!"},{"$error":"#VALUE!"},{"$error":"#VALUE!"},{"$error":"#VALUE!"},{"$error":"#VALUE!"},{"$error":"#VALUE!"},{"$error":"#VALUE!"},{"$error":"#VALUE!"},{"$error":"#VALUE!"},{"$error":"#VALUE!"},{"$error":"#VALUE!"},{"$error":"#VALUE!"},{"$error":"#VALUE!"},{"$f":"SUM(CQ281,System2!CQ281,System3!CQ281)","v":{"$error":"#VALUE!"}},{"$error":"#VALUE!"},{"$error":"#VALUE!"},{"$error":"#VALUE!"},{"$error":"#VALUE!"},{"$error":"#VALUE!"},{"$error":"#VALUE!"},{"$error":"#VALUE!"},{"$error":"#VALUE!"},{"$error":"#VALUE!"},{"$error":"#VALUE!"},{"$error":"#VALUE!"},{"$error":"#VALUE!"},{"$error":"#VALUE!"},{"$error":"#VALUE!"},{"$error":"#VALUE!"},{"$error":"#VALUE!"},{"$error":"#VALUE!"},{"$error":"#VALUE!"},{"$error":"#VALUE!"},{"$error":"#VALUE!"},{"$error":"#VALUE!"},{"$error":"#VALUE!"},{"$error":"#VALUE!"},{"$error":"#VALUE!"},{"$error":"#VALUE!"},{"$error":"#VALUE!"},{"$f":"SUM(DR281,System2!DR281,System3!DR281)","v":{"$error":"#VALUE!"}},{"$f":"DT$57","v":{"$error":"#VALUE!"}},{"$f":"DU$57","v":{"$error":"#VALUE!"}},{"$f":"DV$57","v":0},{"$f":"DW$57","v":{"$error":"#VALUE!"}},{"$error":"#VALUE!"},{"$error":"#VALUE!"},{"$error":"#VALUE!"},0,0,0,0,0,{"$error":"#VALUE!"},{"$f":"SUM(EF281,System2!EF281,System3!EF281)","v":{"$error":"#VALUE!"}},{"$error":"#VALUE!"},{"$error":"#VALUE!"},{"$error":"#VALUE!"},{"$error":"#VALUE!"},{"$error":"#VALUE!"},{"$error":"#VALUE!"},{"$error":"#VALUE!"},{"$error":"#VALUE!"},{"$error":"#VALUE!"},{"$error":"#VALUE!"},{"$error":"#VALUE!"},{"$error":"#VALUE!"},{"$error":"#VALUE!"},{"$error":"#VALUE!"},{"$error":"#VALUE!"},{"$error":"#VALUE!"},{"$error":"#VALUE!"},{"$error":"#VALUE!"},{"$error":"#VALUE!"},{"$error":"#VALUE!"},{"$error":"#VALUE!"},{"$error":"#VALUE!"},{"$error":"#VALUE!"},{"$error":"#VALUE!"},{"$error":"#VALUE!"},{"$error":"#VALUE!"},{"$f":"SUM(FG281,System2!FG281,System3!FG281)","v":{"$error":"#VALUE!"}},0,0,0,0,{"$error":"#VALUE!"},{"$error":"#VALUE!"},{"$error":"#VALUE!"},{"$error":"#VALUE!"},{"$error":"#VALUE!"},{"$error":"#VALUE!"},{"$error":"#VALUE!"},{"$error":"#VALUE!"},{"$error":"#VALUE!"},{"$error":"#VALUE!"},{"$error":"#VALUE!"},{"$error":"#VALUE!"},{"$error":"#VALUE!"},{"$error":"#VALUE!"},{"$error":"#VALUE!"},{"$error":"#VALUE!"},{"$error":"#VALUE!"},{"$error":"#VALUE!"},{"$error":"#VALUE!"},{"$error":"#VALUE!"},{"$f":"$GG$31*WaterFittings!BO256","v":{"$error":"#VALUE!"}},{"$f":"$GH$31*WaterFittings!BP256","v":{"$error":"#VALUE!"}},{"$f":"$GI$31*WaterFittings!BQ256","v":0},{"$f":"GJ$31*AirCond!BD255","v":{"$error":"#VALUE!"}},{"$f":"GK$31*AirCond!BE255","v":{"$error":"#VALUE!"}},{"$f":"GL$31*AirCond!BF255","v":{"$error":"#VALUE!"}},{"$f":"GM$31*AirCond!BG255","v":{"$error":"#VALUE!"}},{"$f":"GN$31*WaterFittings!BS256","v":0},{"$f":"GO$31*WaterFittings!BT256","v":0},{"$f":"GP$31*WaterFittings!BU256","v":0}]
[null,null,251,1.9,0,{"$error":"#VALUE!"},{"$error":"#VALUE!"},{"$error":"#VALUE!"},{"$error":"#VALUE!"},{"$error":"#VALUE!"},{"$error":"#VALUE!"},{"$error":"#VALUE!"},{"$error":"#VALUE!"},{"$error":"#VALUE!"},{"$error":"#VALUE!"},null,{"$error":"#VALUE!"},{"$error":"#VALUE!"},{"$error":"#VALUE!"},{"$error":"#VALUE!"},{"$error":"#VALUE!"},null,{"$error":"#VALUE!"},{"$error":"#VALUE!"},{"$error":"#VALUE!"},{"$error":"#VALUE!"},{"$error":"#VALUE!"},null,27,{"$f":"SUM(SUMPRODUCT(AF$20:AJ$20,Q282:U282),SUMPRODUCT(AF$20:AJ$20,System2!Q282:U282),SUMPRODUCT(AF$20:AJ$20,System3!Q282:U282))","v":{"$error":"#VALUE!"}},{"$f":"SUM(SUMPRODUCT(AF$21:AJ$21,W282:AA282),SUMPRODUCT(AF$21:AJ$21,System2!W282:AA282),SUMPRODUCT(AF$21:AJ$21,System3!W282:AA282))","v":{"$error":"#VALUE!"}},{"$f":"WaterFittings!BN257","v":{"$error":"#VALUE!"}},{"$error":"#VALUE!"},{"$error":"#VALUE!"},{"$f":"MIN(AirCond!BL256,P$21)","v":0},{"$error":"#VALUE!"},{"$f":"MIN(ROUNDDOWN(AJ282-FH282,0),ROUNDDOWN(P$21*0.3,0),ROUNDDOWN(SUM(SUMPRODUCT(I$4:I$15,L$4:L$15),SUMPRODUCT(System2!I$4:I$15,System2!L$4:L$15),SUMPRODUCT(System3!I$4:I$15,System3!L$4:L$15))*0.3,0))","v":{"$error":"#VALUE!"}},0,{"$error":"#VALUE!"},{"$error":"#VALUE!"},{"$error":"#VALUE!"},0,{"$error":"#VALUE!"},{"$error":"#VALUE!"},{"$error":"#VALUE!"},0,null,null,null,0,0,0,0,null,{"$error":"#VALUE!"},{"$error":"#VALUE!"},{"$error":"#VALUE!"},{"$error":"#VALUE!"},{"$error":"#VALUE!"},{"$error":"#VALUE!"},{"$error":"#VALUE!"},{"$error":"#VALUE!"},{"$error":"#VALUE!"},0,{"$error":"#VALUE!"},{"$error":"#VALUE!"},{"$error":"#VALUE!"},{"$error":"#VALUE!"},{"$error":"#VALUE!"},{"$error":"#VALUE!"},{"$error":"#VALUE!"},{"$error":"#VALUE!"},{"$error":"#VALUE!"},{"$error":"#VALUE!"},{"$error":"#VALUE!"},{"$error":"#VALUE!"},{"$error":"#VALUE!"},{"$error":"#VALUE!"},{"$error":"#VALUE!"},{"$error":"#VALUE!"},{"$error":"#VALUE!"},{"$error":"#VALUE!"},{"$error":"#VALUE!"},{"$error":"#VALUE!"},{"$error":"#VALUE!"},{"$error":"#VALUE!"},{"$error":"#VALUE!"},{"$error":"#VALUE!"},{"$error":"#VALUE!"},{"$error":"#VALUE!"},{"$error":"#VALUE!"},{"$error":"#VALUE!"},{"$error":"#VALUE!"},{"$error":"#VALUE!"},{"$error":"#VALUE!"},{"$f":"SUM(CQ282,System2!CQ282,System3!CQ282)","v":{"$error":"#VALUE!"}},{"$error":"#VALUE!"},{"$error":"#VALUE!"},{"$error":"#VALUE!"},{"$error":"#VALUE!"},{"$error":"#VALUE!"},{"$error":"#VALUE!"},{"$error":"#VALUE!"},{"$error":"#VALUE!"},{"$error":"#VALUE!"},{"$error":"#VALUE!"},{"$error":"#VALUE!"},{"$error":"#VALUE!"},{"$error":"#VALUE!"},{"$error":"#VALUE!"},{"$error":"#VALUE!"},{"$error":"#VALUE!"},{"$error":"#VALUE!"},{"$error":"#VALUE!"},{"$error":"#VALUE!"},{"$error":"#VALUE!"},{"$error":"#VALUE!"},{"$error":"#VALUE!"},{"$error":"#VALUE!"},{"$error":"#VALUE!"},{"$error":"#VALUE!"},{"$error":"#VALUE!"},{"$f":"SUM(DR282,System2!DR282,System3!DR282)","v":{"$error":"#VALUE!"}},{"$f":"DT$58","v":{"$error":"#VALUE!"}},{"$f":"DU$58","v":{"$error":"#VALUE!"}},{"$f":"DV$58","v":0},{"$f":"DW$58","v":{"$error":"#VALUE!"}},{"$error":"#VALUE!"},{"$error":"#VALUE!"},{"$error":"#VALUE!"},0,0,0,0,0,{"$error":"#VALUE!"},{"$f":"SUM(EF282,System2!EF282,System3!EF282)","v":{"$error":"#VALUE!"}},{"$error":"#VALUE!"},{"$error":"#VALUE!"},{"$error":"#VALUE!"},{"$error":"#VALUE!"},{"$error":"#VALUE!"},{"$error":"#VALUE!"},{"$error":"#VALUE!"},{"$error":"#VALUE!"},{"$error":"#VALUE!"},{"$error":"#VALUE!"},{"$error":"#VALUE!"},{"$error":"#VALUE!"},{"$error":"#VALUE!"},{"$error":"#VALUE!"},{"$error":"#VALUE!"},{"$error":"#VALUE!"},{"$error":"#VALUE!"},{"$error":"#VALUE!"},{"$error":"#VALUE!"},{"$error":"#VALUE!"},{"$error":"#VALUE!"},{"$error":"#VALUE!"},{"$error":"#VALUE!"},{"$error":"#VALUE!"},{"$error":"#VALUE!"},{"$error":"#VALUE!"},{"$f":"SUM(FG282,System2!FG282,System3!FG282)","v":{"$error":"#VALUE!"}},0,0,0,0,{"$error":"#VALUE!"},{"$error":"#VALUE!"},{"$error":"#VALUE!"},{"$error":"#VALUE!"},{"$error":"#VALUE!"},{"$error":"#VALUE!"},{"$error":"#VALUE!"},{"$error":"#VALUE!"},{"$error":"#VALUE!"},{"$error":"#VALUE!"},{"$error":"#VALUE!"},{"$error":"#VALUE!"},{"$error":"#VALUE!"},{"$error":"#VALUE!"},{"$error":"#VALUE!"},{"$error":"#VALUE!"},{"$error":"#VALUE!"},{"$error":"#VALUE!"},{"$error":"#VALUE!"},{"$error":"#VALUE!"},{"$f":"$GG$31*WaterFittings!BO257","v":{"$error":"#VALUE!"}},{"$f":"$GH$31*WaterFittings!BP257","v":{"$error":"#VALUE!"}},{"$f":"$GI$31*WaterFittings!BQ257","v":0},{"$f":"GJ$31*AirCond!BD256","v":{"$error":"#VALUE!"}},{"$f":"GK$31*AirCond!BE256","v":{"$error":"#VALUE!"}},{"$f":"GL$31*AirCond!BF256","v":{"$error":"#VALUE!"}},{"$f":"GM$31*AirCond!BG256","v":{"$error":"#VALUE!"}},{"$f":"GN$31*WaterFittings!BS257","v":0},{"$f":"GO$31*WaterFittings!BT257","v":0},{"$f":"GP$31*WaterFittings!BU257","v":0}]
[null,null,252,16,0,{"$error":"#VALUE!"},{"$error":"#VALUE!"},{"$error":"#VALUE!"},{"$error":"#VALUE!"},{"$error":"#VALUE!"},{"$error":"#VALUE!"},{"$error":"#VALUE!"},{"$error":"#VALUE!"},{"$error":"#VALUE!"},{"$error":"#VALUE!"},null,{"$error":"#VALUE!"},{"$error":"#VALUE!"},{"$error":"#VALUE!"},{"$error":"#VALUE!"},{"$error":"#VALUE!"},null,{"$error":"#VALUE!"},{"$error":"#VALUE!"},{"$error":"#VALUE!"},{"$error":"#VALUE!"},{"$error":"#VALUE!"},null,28,{"$f":"SUM(SUMPRODUCT(AF$20:AJ$20,Q283:U283),SUMPRODUCT(AF$20:AJ$20,System2!Q283:U283),SUMPRODUCT(AF$20:AJ$20,System3!Q283:U283))","v":{"$error":"#VALUE!"}},{"$f":"SUM(SUMPRODUCT(AF$21:AJ$21,W283:AA283),SUMPRODUCT(AF$21:AJ$21,System2!W283:AA283),SUMPRODUCT(AF$21:AJ$21,System3!W283:AA283))","v":{"$error":"#VALUE!"}},{"$f":"WaterFittings!BN258","v":{"$error":"#VALUE!"}},{"$error":"#VALUE!"},{"$error":"#VALUE!"},{"$f":"MIN(AirCond!BL257,P$21)","v":0},{"$error":"#VALUE!"},{"$f":"MIN(ROUNDDOWN(AJ283-FH283,0),ROUNDDOWN(P$21*0.3,0),ROUNDDOWN(SUM(SUMPRODUCT(I$4:I$15,L$4:L$15),SUMPRODUCT(System2!I$4:I$15,System2!L$4:L$15),SUMPRODUCT(System3!I$4:I$15,System3!L$4:L$15))*0.3,0))","v":{"$error":"#VALUE!"}},0,{"$error":"#VALUE!"},{"$error":"#VALUE!"},{"$error":"#VALUE!"},0,{"$error":"#VALUE!"},{"$error":"#VALUE!"},{"$error":"#VALUE!"},0,null,null,null,0,0,0,0,null,{"$error":"#VALUE!"},{"$error":"#VALUE!"},{"$error":"#VALUE!"},{"$error":"#VALUE!"},{"$error":"#VALUE!"},{"$error":"#VALUE!"},{"$error":"#VALUE!"},{"$error":"#VALUE!"},{"$error":"#VALUE!"},0,{"$error":"#VALUE!"},{"$error":"#VALUE!"},{"$error":"#VALUE!"},{"$error":"#VALUE!"},{"$error":"#VALUE!"},{"$error":"#VALUE!"},{"$error":"#VALUE!"},{"$error":"#VALUE!"},{"$error":"#VALUE!"},{"$error":"#VALUE!"},{"$error":"#VALUE!"},{"$error":"#VALUE!"},{"$error":"#VALUE!"},{"$error":"#VALUE!"},{"$error":"#VALUE!"},{"$error":"#VALUE!"},{"$error":"#VALUE!"},{"$error":"#VALUE!"},{"$error":"#VALUE!"},{"$error":"#VALUE!"},{"$error":"#VALUE!"},{"$error":"#VALUE!"},{"$error":"#VALUE!"},{"$error":"#VALUE!"},{"$error":"#VALUE!"},{"$error":"#VALUE!"},{"$error":"#VALUE!"},{"$error":"#VALUE!"},{"$error":"#VALUE!"},{"$error":"#VALUE!"},{"$error":"#VALUE!"},{"$f":"SUM(CQ283,System2!CQ283,System3!CQ283)","v":{"$error":"#VALUE!"}},{"$error":"#VALUE!"},{"$error":"#VALUE!"},{"$error":"#VALUE!"},{"$error":"#VALUE!"},{"$error":"#VALUE!"},{"$error":"#VALUE!"},{"$error":"#VALUE!"},{"$error":"#VALUE!"},{"$error":"#VALUE!"},{"$error":"#VALUE!"},{"$error":"#VALUE!"},{"$error":"#VALUE!"},{"$error":"#VALUE!"},{"$error":"#VALUE!"},{"$error":"#VALUE!"},{"$error":"#VALUE!"},{"$error":"#VALUE!"},{"$error":"#VALUE!"},{"$error":"#VALUE!"},{"$error":"#VALUE!"},{"$error":"#VALUE!"},{"$error":"#VALUE!"},{"$error":"#VALUE!"},{"$error":"#VALUE!"},{"$error":"#VALUE!"},{"$error":"#VALUE!"},{"$f":"SUM(DR283,System2!DR283,System3!DR283)","v":{"$error":"#VALUE!"}},{"$f":"DT$59","v":{"$error":"#VALUE!"}},{"$f":"DU$59","v":{"$error":"#VALUE!"}},{"$f":"DV$59","v":0},{"$f":"DW$59","v":{"$error":"#VALUE!"}},{"$error":"#VALUE!"},{"$error":"#VALUE!"},{"$error":"#VALUE!"},0,0,0,0,0,{"$error":"#VALUE!"},{"$f":"SUM(EF283,System2!EF283,System3!EF283)","v":{"$error":"#VALUE!"}},{"$error":"#VALUE!"},{"$error":"#VALUE!"},{"$error":"#VALUE!"},{"$error":"#VALUE!"},{"$error":"#VALUE!"},{"$error":"#VALUE!"},{"$error":"#VALUE!"},{"$error":"#VALUE!"},{"$error":"#VALUE!"},{"$error":"#VALUE!"},{"$error":"#VALUE!"},{"$error":"#VALUE!"},{"$error":"#VALUE!"},{"$error":"#VALUE!"},{"$error":"#VALUE!"},{"$error":"#VALUE!"},{"$error":"#VALUE!"},{"$error":"#VALUE!"},{"$error":"#VALUE!"},{"$error":"#VALUE!"},{"$error":"#VALUE!"},{"$error":"#VALUE!"},{"$error":"#VALUE!"},{"$error":"#VALUE!"},{"$error":"#VALUE!"},{"$error":"#VALUE!"},{"$f":"SUM(FG283,System2!FG283,System3!FG283)","v":{"$error":"#VALUE!"}},0,0,0,0,{"$error":"#VALUE!"},{"$error":"#VALUE!"},{"$error":"#VALUE!"},{"$error":"#VALUE!"},{"$error":"#VALUE!"},{"$error":"#VALUE!"},{"$error":"#VALUE!"},{"$error":"#VALUE!"},{"$error":"#VALUE!"},{"$error":"#VALUE!"},{"$error":"#VALUE!"},{"$error":"#VALUE!"},{"$error":"#VALUE!"},{"$error":"#VALUE!"},{"$error":"#VALUE!"},{"$error":"#VALUE!"},{"$error":"#VALUE!"},{"$error":"#VALUE!"},{"$error":"#VALUE!"},{"$error":"#VALUE!"},{"$f":"$GG$31*WaterFittings!BO258","v":{"$error":"#VALUE!"}},{"$f":"$GH$31*WaterFittings!BP258","v":{"$error":"#VALUE!"}},{"$f":"$GI$31*WaterFittings!BQ258","v":0},{"$f":"GJ$31*AirCond!BD257","v":{"$error":"#VALUE!"}},{"$f":"GK$31*AirCond!BE257","v":{"$error":"#VALUE!"}},{"$f":"GL$31*AirCond!BF257","v":{"$error":"#VALUE!"}},{"$f":"GM$31*AirCond!BG257","v":{"$error":"#VALUE!"}},{"$f":"GN$31*WaterFittings!BS258","v":0},{"$f":"GO$31*WaterFittings!BT258","v":0},{"$f":"GP$31*WaterFittings!BU258","v":0}]
[null,null,253,29.5,0,{"$error":"#VALUE!"},{"$error":"#VALUE!"},{"$error":"#VALUE!"},{"$error":"#VALUE!"},{"$error":"#VALUE!"},{"$error":"#VALUE!"},{"$error":"#VALUE!"},{"$error":"#VALUE!"},{"$error":"#VALUE!"},{"$error":"#VALUE!"},null,{"$error":"#VALUE!"},{"$error":"#VALUE!"},{"$error":"#VALUE!"},{"$error":"#VALUE!"},{"$error":"#VALUE!"},null,{"$error":"#VALUE!"},{"$error":"#VALUE!"},{"$error":"#VALUE!"},{"$error":"#VALUE!"},{"$f":"ROUNDDOWN(FF284,0)","v":{"$error":"#VALUE!"}},null,1,{"$f":"SUM(SUMPRODUCT(AF$20:AJ$20,Q284:U284),SUMPRODUCT(AF$20:AJ$20,System2!Q284:U284),SUMPRODUCT(AF$20:AJ$20,System3!Q284:U284))","v":{"$error":"#VALUE!"}},{"$f":"SUM(SUMPRODUCT(AF$21:AJ$21,W284:AA284),SUMPRODUCT(AF$21:AJ$21,System2!W284:AA284),SUMPRODUCT(AF$21:AJ$21,System3!W284:AA284))","v":{"$error":"#VALUE!"}},{"$f":"WaterFittings!BN259","v":{"$error":"#VALUE!"}},{"$error":"#VALUE!"},{"$error":"#VALUE!"},{"$f":"MIN(AirCond!BL258,P$21)","v":0},{"$error":"#VALUE!"},{"$f":"MIN(ROUNDDOWN(AJ284-FH284,0),ROUNDDOWN(P$21*0.3,0),ROUNDDOWN(SUM(SUMPRODUCT(I$4:I$15,L$4:L$15),SUMPRODUCT(System2!I$4:I$15,System2!L$4:L$15),SUMPRODUCT(System3!I$4:I$15,System3!L$4:L$15))*0.3,0))","v":{"$error":"#VALUE!"}},0,{"$error":"#VALUE!"},{"$error":"#VALUE!"},{"$error":"#VALUE!"},0,{"$error":"#VALUE!"},{"$error":"#VALUE!"},{"$error":"#VALUE!"},0,null,null,null,0,0,0,0,null,{"$error":"#VALUE!"},{"$error":"#VALUE!"},{"$error":"#VALUE!"},{"$error":"#VALUE!"},{"$error":"#VALUE!"},{"$error":"#VALUE!"},{"$error":"#VALUE!"},{"$error":"#VALUE!"},{"$error":"#VALUE!"},0,{"$error":"#VALUE!"},{"$error":"#VALUE!"},{"$error":"#VALUE!"},{"$error":"#VALUE!"},{"$error":"#VALUE!"},{"$error":"#VALUE!"},{"$error":"#VALUE!"},{"$error":"#VALUE!"},{"$error":"#VALUE!"},{"$error":"#VALUE!"},{"$error":"#VALUE!"},{"$error":"#VALUE!"},{"$error":"#VALUE!"},{"$error":"#VALUE!"},{"$error":"#VALUE!"},{"$error":"#VALUE!"},{"$error":"#VALUE!"},{"$error":"#VALUE!"},{"$error":"#VALUE!"},{"$error":"#VALUE!"},{"$error":"#VALUE!"},{"$error":"#VALUE!"},{"$error":"#VALUE!"},{"$error":"#VALUE!"},{"$error":"#VALUE!"},{"$error":"#VALUE!"},{"$error":"#VALUE!"},{"$error":"#VALUE!"},{"$error":"#VALUE!"},{"$error":"#VALUE!"},{"$error":"#VALUE!"},{"$f":"SUM(CQ284,System2!CQ284,System3!CQ284)","v":{"$error":"#VALUE!"}},{"$error":"#VALUE!"},{"$error":"#VALUE!"},{"$error":"#VALUE!"},{"$error":"#VALUE!"},{"$error":"#VALUE!"},{"$error":"#VALUE!"},{"$error":"#VALUE!"},{"$error":"#VALUE!"},{"$error":"#VALUE!"},{"$error":"#VALUE!"},{"$error":"#VALUE!"},{"$error":"#VALUE!"},{"$error":"#VALUE!"},{"$error":"#VALUE!"},{"$error":"#VALUE!"},{"$error":"#VALUE!"},{"$error":"#VALUE!"},{"$error":"#VALUE!"},{"$error":"#VALUE!"},{"$error":"#VALUE!"},{"$error":"#VALUE!"},{"$error":"#VALUE!"},{"$error":"#VALUE!"},{"$error":"#VALUE!"},{"$error":"#VALUE!"},{"$error":"#VALUE!"},{"$f":"SUM(DR284,System2!DR284,System3!DR284)","v":{"$error":"#VALUE!"}},{"$f":"DT$32","v":{"$error":"#VALUE!"}},{"$f":"DU$32","v":{"$error":"#VALUE!"}},{"$f":"DV$32","v":0},{"$f":"DW$32","v":{"$error":"#VALUE!"}},{"$error":"#VALUE!"},{"$error":"#VALUE!"},{"$error":"#VALUE!"},0,0,0,0,0,{"$error":"#VALUE!"},{"$f":"SUM(EF284,System2!EF284,System3!EF284)","v":{"$error":"#VALUE!"}},{"$error":"#VALUE!"},{"$error":"#VALUE!"},{"$error":"#VALUE!"},{"$error":"#VALUE!"},{"$error":"#VALUE!"},{"$error":"#VALUE!"},{"$error":"#VALUE!"},{"$error":"#VALUE!"},{"$error":"#VALUE!"},{"$error":"#VALUE!"},{"$error":"#VALUE!"},{"$error":"#VALUE!"},{"$error":"#VALUE!"},{"$error":"#VALUE!"},{"$error":"#VALUE!"},{"$error":"#VALUE!"},{"$error":"#VALUE!"},{"$error":"#VALUE!"},{"$error":"#VALUE!"},{"$error":"#VALUE!"},{"$error":"#VALUE!"},{"$error":"#VALUE!"},{"$error":"#VALUE!"},{"$error":"#VALUE!"},{"$error":"#VALUE!"},{"$error":"#VALUE!"},{"$f":"SUM(FG284,System2!FG284,System3!FG284)","v":{"$error":"#VALUE!"}},0,0,0,0,{"$error":"#VALUE!"},{"$error":"#VALUE!"},{"$error":"#VALUE!"},{"$error":"#VALUE!"},{"$error":"#VALUE!"},{"$error":"#VALUE!"},{"$error":"#VALUE!"},{"$error":"#VALUE!"},{"$error":"#VALUE!"},{"$error":"#VALUE!"},{"$error":"#VALUE!"},{"$error":"#VALUE!"},{"$error":"#VALUE!"},{"$error":"#VALUE!"},{"$error":"#VALUE!"},{"$error":"#VALUE!"},{"$error":"#VALUE!"},{"$error":"#VALUE!"},{"$error":"#VALUE!"},{"$error":"#VALUE!"},{"$f":"$GG$31*WaterFittings!BO259","v":{"$error":"#VALUE!"}},{"$f":"$GH$31*WaterFittings!BP259","v":{"$error":"#VALUE!"}},{"$f":"$GI$31*WaterFittings!BQ259","v":0},{"$f":"GJ$31*AirCond!BD258","v":{"$error":"#VALUE!"}},{"$f":"GK$31*AirCond!BE258","v":{"$error":"#VALUE!"}},{"$f":"GL$31*AirCond!BF258","v":{"$error":"#VALUE!"}},{"$f":"GM$31*AirCond!BG258","v":{"$error":"#VALUE!"}},{"$f":"GN$31*WaterFittings!BS259","v":0},{"$f":"GO$31*WaterFittings!BT259","v":0},{"$f":"GP$31*WaterFittings!BU259","v":0}]
[null,null,{"$f":"C284+1","v":254},0,0,{"$error":"#VALUE!"},{"$error":"#VALUE!"},{"$error":"#VALUE!"},{"$error":"#VALUE!"},{"$error":"#VALUE!"},{"$error":"#VALUE!"},{"$error":"#VALUE!"},{"$error":"#VALUE!"},{"$error":"#VALUE!"},{"$error":"#VALUE!"},null,{"$error":"#VALUE!"},{"$error":"#VALUE!"},{"$f":"ROUNDDOWN(SUM(DM285:DO285),0)","v":{"$error":"#VALUE!"}},{"$error":"#VALUE!"},{"$error":"#VALUE!"},null,{"$error":"#VALUE!"},{"$error":"#VALUE!"},{"$error":"#VALUE!"},{"$error":"#VALUE!"},{"$error":"#VALUE!"},null,2,{"$f":"SUM(SUMPRODUCT(AF$20:AJ$20,Q285:U285),SUMPRODUCT(AF$20:AJ$20,System2!Q285:U285),SUMPRODUCT(AF$20:AJ$20,System3!Q285:U285))","v":{"$error":"#VALUE!"}},{"$f":"SUM(SUMPRODUCT(AF$21:AJ$21,W285:AA285),SUMPRODUCT(AF$21:AJ$21,System2!W285:AA285),SUMPRODUCT(AF$21:AJ$21,System3!W285:AA285))","v":{"$error":"#VALUE!"}},{"$f":"WaterFittings!BN260","v":{"$error":"#VALUE!"}},{"$error":"#VALUE!"},{"$error":"#VALUE!"},{"$f":"MIN(AirCond!BL259,P$21)","v":0},{"$error":"#VALUE!"},{"$f":"MIN(ROUNDDOWN(AJ285-FH285,0),ROUNDDOWN(P$21*0.3,0),ROUNDDOWN(SUM(SUMPRODUCT(I$4:I$15,L$4:L$15),SUMPRODUCT(System2!I$4:I$15,System2!L$4:L$15),SUMPRODUCT(System3!I$4:I$15,System3!L$4:L$15))*0.3,0))","v":{"$error":"#VALUE!"}},0,{"$error":"#VALUE!"},{"$error":"#VALUE!"},{"$error":"#VALUE!"},0,{"$error":"#VALUE!"},{"$error":"#VALUE!"},{"$error":"#VALUE!"},0,null,null,null,0,0,0,0,null,{"$error":"#VALUE!"},{"$error":"#VALUE!"},{"$error":"#VALUE!"},{"$error":"#VALUE!"},{"$error":"#VALUE!"},{"$error":"#VALUE!"},{"$error":"#VALUE!"},{"$error":"#VALUE!"},{"$error":"#VALUE!"},0,{"$error":"#VALUE!"},{"$error":"#VALUE!"},{"$error":"#VALUE!"},{"$error":"#VALUE!"},{"$error":"#VALUE!"},{"$error":"#VALUE!"},{"$error":"#VALUE!"},{"$error":"#VALUE!"},{"$error":"#VALUE!"},{"$error":"#VALUE!"},{"$error":"#VALUE!"},{"$error":"#VALUE!"},{"$error":"#VALUE!"},{"$error":"#VALUE!"},{"$error":"#VALUE!"},{"$error":"#VALUE!"},{"$error":"#VALUE!"},{"$error":"#VALUE!"},{"$error":"#VALUE!"},{"$error":"#VALUE!"},{"$error":"#VALUE!"},{"$error":"#VALUE!"},{"$error":"#VALUE!"},{"$error":"#VALUE!"},{"$error":"#VALUE!"},{"$error":"#VALUE!"},{"$error":"#VALUE!"},{"$error":"#VALUE!"},{"$error":"#VALUE!"},{"$error":"#VALUE!"},{"$error":"#VALUE!"},{"$f":"SUM(CQ285,System2!CQ285,System3!CQ285)","v":{"$error":"#VALUE!"}},{"$error":"#VALUE!"},{"$error":"#VALUE!"},{"$error":"#VALUE!"},{"$error":"#VALUE!"},{"$error":"#VALUE!"},{"$error":"#VALUE!"},{"$error":"#VALUE!"},{"$error":"#VALUE!"},{"$error":"#VALUE!"},{"$error":"#VALUE!"},{"$error":"#VALUE!"},{"$error":"#VALUE!"},{"$error":"#VALUE!"},{"$error":"#VALUE!"},{"$error":"#VALUE!"},{"$error":"#VALUE!"},{"$error":"#VALUE!"},{"$error":"#VALUE!"},{"$error":"#VALUE!"},{"$error":"#VALUE!"},{"$error":"#VALUE!"},{"$error":"#VALUE!"},{"$error":"#VALUE!"},{"$error":"#VALUE!"},{"$error":"#VALUE!"},{"$error":"#VALUE!"},{"$f":"SUM(DR285,System2!DR285,System3!DR285)","v":{"$error":"#VALUE!"}},{"$f":"DT$33","v":{"$error":"#VALUE!"}},{"$f":"DU$33","v":{"$error":"#VALUE!"}},{"$f":"DV$33","v":0},{"$f":"DW$33","v":{"$error":"#VALUE!"}},{"$error":"#VALUE!"},{"$error":"#VALUE!"},{"$error":"#VALUE!"},0,0,0,0,0,{"$error":"#VALUE!"},{"$f":"SUM(EF285,System2!EF285,System3!EF285)","v":{"$error":"#VALUE!"}},{"$error":"#VALUE!"},{"$error":"#VALUE!"},{"$error":"#VALUE!"},{"$error":"#VALUE!"},{"$error":"#VALUE!"},{"$error":"#VALUE!"},{"$error":"#VALUE!"},{"$error":"#VALUE!"},{"$error":"#VALUE!"},{"$error":"#VALUE!"},{"$error":"#VALUE!"},{"$error":"#VALUE!"},{"$error":"#VALUE!"},{"$error":"#VALUE!"},{"$error":"#VALUE!"},{"$error":"#VALUE!"},{"$error":"#VALUE!"},{"$error":"#VALUE!"},{"$error":"#VALUE!"},{"$error":"#VALUE!"},{"$error":"#VALUE!"},{"$error":"#VALUE!"},{"$error":"#VALUE!"},{"$error":"#VALUE!"},{"$error":"#VALUE!"},{"$error":"#VALUE!"},{"$f":"SUM(FG285,System2!FG285,System3!FG285)","v":{"$error":"#VALUE!"}},0,0,0,0,{"$error":"#VALUE!"},{"$error":"#VALUE!"},{"$error":"#VALUE!"},{"$error":"#VALUE!"},{"$error":"#VALUE!"},{"$error":"#VALUE!"},{"$error":"#VALUE!"},{"$error":"#VALUE!"},{"$error":"#VALUE!"},{"$error":"#VALUE!"},{"$error":"#VALUE!"},{"$error":"#VALUE!"},{"$error":"#VALUE!"},{"$error":"#VALUE!"},{"$error":"#VALUE!"},{"$error":"#VALUE!"},{"$error":"#VALUE!"},{"$error":"#VALUE!"},{"$error":"#VALUE!"},{"$error":"#VALUE!"},{"$f":"$GG$31*WaterFittings!BO260","v":{"$error":"#VALUE!"}},{"$f":"$GH$31*WaterFittings!BP260","v":{"$error":"#VALUE!"}},{"$f":"$GI$31*WaterFittings!BQ260","v":0},{"$f":"GJ$31*AirCond!BD259","v":{"$error":"#VALUE!"}},{"$f":"GK$31*AirCond!BE259","v":{"$error":"#VALUE!"}},{"$f":"GL$31*AirCond!BF259","v":{"$error":"#VALUE!"}},{"$f":"GM$31*AirCond!BG259","v":{"$error":"#VALUE!"}},{"$f":"GN$31*WaterFittings!BS260","v":0},{"$f":"GO$31*WaterFittings!BT260","v":0},{"$f":"GP$31*WaterFittings!BU260","v":0}]
[null,null,255,4.5,0,{"$error":"#VALUE!"},{"$error":"#VALUE!"},{"$error":"#VALUE!"},{"$error":"#VALUE!"},{"$error":"#VALUE!"},{"$error":"#VALUE!"},{"$error":"#VALUE!"},{"$error":"#VALUE!"},{"$error":"#VALUE!"},{"$error":"#VALUE!"},null,{"$error":"#VALUE!"},{"$error":"#VALUE!"},{"$error":"#VALUE!"},{"$error":"#VALUE!"},{"$error":"#VALUE!"},null,{"$error":"#VALUE!"},{"$error":"#VALUE!"},{"$error":"#VALUE!"},{"$error":"#VALUE!"},{"$error":"#VALUE!"},null,3,{"$f":"SUM(SUMPRODUCT(AF$20:AJ$20,Q286:U286),SUMPRODUCT(AF$20:AJ$20,System2!Q286:U286),SUMPRODUCT(AF$20:AJ$20,System3!Q286:U286))","v":{"$error":"#VALUE!"}},{"$f":"SUM(SUMPRODUCT(AF$21:AJ$21,W286:AA286),SUMPRODUCT(AF$21:AJ$21,System2!W286:AA286),SUMPRODUCT(AF$21:AJ$21,System3!W286:AA286))","v":{"$error":"#VALUE!"}},{"$f":"WaterFittings!BN261","v":{"$error":"#VALUE!"}},{"$error":"#VALUE!"},{"$error":"#VALUE!"},{"$f":"MIN(AirCond!BL260,P$21)","v":0},{"$error":"#VALUE!"},{"$f":"MIN(ROUNDDOWN(AJ286-FH286,0),ROUNDDOWN(P$21*0.3,0),ROUNDDOWN(SUM(SUMPRODUCT(I$4:I$15,L$4:L$15),SUMPRODUCT(System2!I$4:I$15,System2!L$4:L$15),SUMPRODUCT(System3!I$4:I$15,System3!L$4:L$15))*0.3,0))","v":{"$error":"#VALUE!"}},0,{"$error":"#VALUE!"},{"$error":"#VALUE!"},{"$error":"#VALUE!"},0,{"$error":"#VALUE!"},{"$error":"#VALUE!"},{"$error":"#VALUE!"},0,null,null,null,0,0,0,0,null,{"$error":"#VALUE!"},{"$error":"#VALUE!"},{"$error":"#VALUE!"},{"$error":"#VALUE!"},{"$error":"#VALUE!"},{"$error":"#VALUE!"},{"$error":"#VALUE!"},{"$error":"#VALUE!"},{"$error":"#VALUE!"},0,{"$error":"#VALUE!"},{"$error":"#VALUE!"},{"$error":"#VALUE!"},{"$error":"#VALUE!"},{"$error":"#VALUE!"},{"$error":"#VALUE!"},{"$error":"#VALUE!"},{"$error":"#VALUE!"},{"$error":"#VALUE!"},{"$error":"#VALUE!"},{"$error":"#VALUE!"},{"$error":"#VALUE!"},{"$error":"#VALUE!"},{"$error":"#VALUE!"},{"$error":"#VALUE!"},{"$error":"#VALUE!"},{"$error":"#VALUE!"},{"$error":"#VALUE!"},{"$error":"#VALUE!"},{"$error":"#VALUE!"},{"$error":"#VALUE!"},{"$error":"#VALUE!"},{"$error":"#VALUE!"},{"$error":"#VALUE!"},{"$error":"#VALUE!"},{"$error":"#VALUE!"},{"$error":"#VALUE!"},{"$error":"#VALUE!"},{"$error":"#VALUE!"},{"$error":"#VALUE!"},{"$error":"#VALUE!"},{"$f":"SUM(CQ286,System2!CQ286,System3!CQ286)","v":{"$error":"#VALUE!"}},{"$error":"#VALUE!"},{"$error":"#VALUE!"},{"$error":"#VALUE!"},{"$error":"#VALUE!"},{"$error":"#VALUE!"},{"$error":"#VALUE!"},{"$error":"#VALUE!"},{"$error":"#VALUE!"},{"$error":"#VALUE!"},{"$error":"#VALUE!"},{"$error":"#VALUE!"},{"$error":"#VALUE!"},{"$error":"#VALUE!"},{"$error":"#VALUE!"},{"$error":"#VALUE!"},{"$error":"#VALUE!"},{"$error":"#VALUE!"},{"$error":"#VALUE!"},{"$error":"#VALUE!"},{"$error":"#VALUE!"},{"$error":"#VALUE!"},{"$error":"#VALUE!"},{"$error":"#VALUE!"},{"$error":"#VALUE!"},{"$error":"#VALUE!"},{"$error":"#VALUE!"},{"$f":"SUM(DR286,System2!DR286,System3!DR286)","v":{"$error":"#VALUE!"}},{"$f":"DT$34","v":{"$error":"#VALUE!"}},{"$f":"DU$34","v":{"$error":"#VALUE!"}},{"$f":"DV$34","v":0},{"$f":"DW$34","v":{"$error":"#VALUE!"}},{"$error":"#VALUE!"},{"$error":"#VALUE!"},{"$error":"#VALUE!"},0,0,0,0,0,{"$error":"#VALUE!"},{"$f":"SUM(EF286,System2!EF286,System3!EF286)","v":{"$error":"#VALUE!"}},{"$error":"#VALUE!"},{"$error":"#VALUE!"},{"$error":"#VALUE!"},{"$error":"#VALUE!"},{"$error":"#VALUE!"},{"$error":"#VALUE!"},{"$error":"#VALUE!"},{"$error":"#VALUE!"},{"$error":"#VALUE!"},{"$error":"#VALUE!"},{"$error":"#VALUE!"},{"$error":"#VALUE!"},{"$error":"#VALUE!"},{"$error":"#VALUE!"},{"$error":"#VALUE!"},{"$error":"#VALUE!"},{"$error":"#VALUE!"},{"$error":"#VALUE!"},{"$error":"#VALUE!"},{"$error":"#VALUE!"},{"$error":"#VALUE!"},{"$error":"#VALUE!"},{"$error":"#VALUE!"},{"$error":"#VALUE!"},{"$error":"#VALUE!"},{"$error":"#VALUE!"},{"$f":"SUM(FG286,System2!FG286,System3!FG286)","v":{"$error":"#VALUE!"}},0,0,0,0,{"$error":"#VALUE!"},{"$error":"#VALUE!"},{"$error":"#VALUE!"},{"$error":"#VALUE!"},{"$error":"#VALUE!"},{"$error":"#VALUE!"},{"$error":"#VALUE!"},{"$error":"#VALUE!"},{"$error":"#VALUE!"},{"$error":"#VALUE!"},{"$error":"#VALUE!"},{"$error":"#VALUE!"},{"$error":"#VALUE!"},{"$error":"#VALUE!"},{"$error":"#VALUE!"},{"$error":"#VALUE!"},{"$error":"#VALUE!"},{"$error":"#VALUE!"},{"$error":"#VALUE!"},{"$error":"#VALUE!"},{"$f":"$GG$31*WaterFittings!BO261","v":{"$error":"#VALUE!"}},{"$f":"$GH$31*WaterFittings!BP261","v":{"$error":"#VALUE!"}},{"$f":"$GI$31*WaterFittings!BQ261","v":0},{"$f":"GJ$31*AirCond!BD260","v":{"$error":"#VALUE!"}},{"$f":"GK$31*AirCond!BE260","v":{"$error":"#VALUE!"}},{"$f":"GL$31*AirCond!BF260","v":{"$error":"#VALUE!"}},{"$f":"GM$31*AirCond!BG260","v":{"$error":"#VALUE!"}},{"$f":"GN$31*WaterFittings!BS261","v":0},{"$f":"GO$31*WaterFittings!BT261","v":0},{"$f":"GP$31*WaterFittings!BU261","v":0}]
[null,null,256,0.5,0,{"$error":"#VALUE!"},{"$error":"#VALUE!"},{"$error":"#VALUE!"},{"$error":"#VALUE!"},{"$error":"#VALUE!"},{"$error":"#VALUE!"},{"$error":"#VALUE!"},{"$error":"#VALUE!"},{"$error":"#VALUE!"},{"$error":"#VALUE!"},null,{"$error":"#VALUE!"},{"$error":"#VALUE!"},{"$error":"#VALUE!"},{"$error":"#VALUE!"},{"$error":"#VALUE!"},null,{"$error":"#VALUE!"},{"$error":"#VALUE!"},{"$error":"#VALUE!"},{"$error":"#VALUE!"},{"$error":"#VALUE!"},null,4,{"$f":"SUM(SUMPRODUCT(AF$20:AJ$20,Q287:U287),SUMPRODUCT(AF$20:AJ$20,System2!Q287:U287),SUMPRODUCT(AF$20:AJ$20,System3!Q287:U287))","v":{"$error":"#VALUE!"}},{"$f":"SUM(SUMPRODUCT(AF$21:AJ$21,W287:AA287),SUMPRODUCT(AF$21:AJ$21,System2!W287:AA287),SUMPRODUCT(AF$21:AJ$21,System3!W287:AA287))","v":{"$error":"#VALUE!"}},{"$f":"WaterFittings!BN262","v":{"$error":"#VALUE!"}},{"$error":"#VALUE!"},{"$error":"#VALUE!"},{"$f":"MIN(AirCond!BL261,P$21)","v":0},{"$error":"#VALUE!"},{"$f":"MIN(ROUNDDOWN(AJ287-FH287,0),ROUNDDOWN(P$21*0.3,0),ROUNDDOWN(SUM(SUMPRODUCT(I$4:I$15,L$4:L$15),SUMPRODUCT(System2!I$4:I$15,System2!L$4:L$15),SUMPRODUCT(System3!I$4:I$15,System3!L$4:L$15))*0.3,0))","v":{"$error":"#VALUE!"}},0,{"$error":"#VALUE!"},{"$error":"#VALUE!"},{"$error":"#VALUE!"},0,{"$error":"#VALUE!"},{"$error":"#VALUE!"},{"$error":"#VALUE!"},0,null,null,null,0,0,0,0,null,{"$error":"#VALUE!"},{"$error":"#VALUE!"},{"$error":"#VALUE!"},{"$error":"#VALUE!"},{"$error":"#VALUE!"},{"$error":"#VALUE!"},{"$error":"#VALUE!"},{"$error":"#VALUE!"},{"$error":"#VALUE!"},0,{"$error":"#VALUE!"},{"$error":"#VALUE!"},{"$error":"#VALUE!"},{"$error":"#VALUE!"},{"$error":"#VALUE!"},{"$error":"#VALUE!"},{"$error":"#VALUE!"},{"$error":"#VALUE!"},{"$error":"#VALUE!"},{"$error":"#VALUE!"},{"$error":"#VALUE!"},{"$error":"#VALUE!"},{"$error":"#VALUE!"},{"$error":"#VALUE!"},{"$error":"#VALUE!"},{"$error":"#VALUE!"},{"$error":"#VALUE!"},{"$error":"#VALUE!"},{"$error":"#VALUE!"},{"$error":"#VALUE!"},{"$error":"#VALUE!"},{"$error":"#VALUE!"},{"$error":"#VALUE!"},{"$error":"#VALUE!"},{"$error":"#VALUE!"},{"$error":"#VALUE!"},{"$error":"#VALUE!"},{"$error":"#VALUE!"},{"$error":"#VALUE!"},{"$error":"#VALUE!"},{"$error":"#VALUE!"},{"$f":"SUM(CQ287,System2!CQ287,System3!CQ287)","v":{"$error":"#VALUE!"}},{"$error":"#VALUE!"},{"$error":"#VALUE!"},{"$error":"#VALUE!"},{"$error":"#VALUE!"},{"$error":"#VALUE!"},{"$error":"#VALUE!"},{"$error":"#VALUE!"},{"$error":"#VALUE!"},{"$error":"#VALUE!"},{"$error":"#VALUE!"},{"$error":"#VALUE!"},{"$error":"#VALUE!"},{"$error":"#VALUE!"},{"$error":"#VALUE!"},{"$error":"#VALUE!"},{"$error":"#VALUE!"},{"$error":"#VALUE!"},{"$error":"#VALUE!"},{"$error":"#VALUE!"},{"$error":"#VALUE!"},{"$error":"#VALUE!"},{"$error":"#VALUE!"},{"$error":"#VALUE!"},{"$error":"#VALUE!"},{"$error":"#VALUE!"},{"$error":"#VALUE!"},{"$f":"SUM(DR287,System2!DR287,System3!DR287)","v":{"$error":"#VALUE!"}},{"$f":"DT$35","v":{"$error":"#VALUE!"}},{"$f":"DU$35","v":{"$error":"#VALUE!"}},{"$f":"DV$35","v":0},{"$f":"DW$35","v":{"$error":"#VALUE!"}},{"$error":"#VALUE!"},{"$error":"#VALUE!"},{"$error":"#VALUE!"},0,0,0,0,0,{"$error":"#VALUE!"},{"$f":"SUM(EF287,System2!EF287,System3!EF287)","v":{"$error":"#VALUE!"}},{"$error":"#VALUE!"},{"$error":"#VALUE!"},{"$error":"#VALUE!"},{"$error":"#VALUE!"},{"$error":"#VALUE!"},{"$error":"#VALUE!"},{"$error":"#VALUE!"},{"$error":"#VALUE!"},{"$error":"#VALUE!"},{"$error":"#VALUE!"},{"$error":"#VALUE!"},{"$error":"#VALUE!"},{"$error":"#VALUE!"},{"$error":"#VALUE!"},{"$error":"#VALUE!"},{"$error":"#VALUE!"},{"$error":"#VALUE!"},{"$error":"#VALUE!"},{"$error":"#VALUE!"},{"$error":"#VALUE!"},{"$error":"#VALUE!"},{"$error":"#VALUE!"},{"$error":"#VALUE!"},{"$error":"#VALUE!"},{"$error":"#VALUE!"},{"$error":"#VALUE!"},{"$f":"SUM(FG287,System2!FG287,System3!FG287)","v":{"$error":"#VALUE!"}},0,0,0,0,{"$error":"#VALUE!"},{"$error":"#VALUE!"},{"$error":"#VALUE!"},{"$error":"#VALUE!"},{"$error":"#VALUE!"},{"$error":"#VALUE!"},{"$error":"#VALUE!"},{"$error":"#VALUE!"},{"$error":"#VALUE!"},{"$error":"#VALUE!"},{"$error":"#VALUE!"},{"$error":"#VALUE!"},{"$error":"#VALUE!"},{"$error":"#VALUE!"},{"$error":"#VALUE!"},{"$error":"#VALUE!"},{"$error":"#VALUE!"},{"$error":"#VALUE!"},{"$error":"#VALUE!"},{"$error":"#VALUE!"},{"$f":"$GG$31*WaterFittings!BO262","v":{"$error":"#VALUE!"}},{"$f":"$GH$31*WaterFittings!BP262","v":{"$error":"#VALUE!"}},{"$f":"$GI$31*WaterFittings!BQ262","v":0},{"$f":"GJ$31*AirCond!BD261","v":{"$error":"#VALUE!"}},{"$f":"GK$31*AirCond!BE261","v":{"$error":"#VALUE!"}},{"$f":"GL$31*AirCond!BF261","v":{"$error":"#VALUE!"}},{"$f":"GM$31*AirCond!BG261","v":{"$error":"#VALUE!"}},{"$f":"GN$31*WaterFittings!BS262","v":0},{"$f":"GO$31*WaterFittings!BT262","v":0},{"$f":"GP$31*WaterFittings!BU262","v":0}]
[null,null,257,{"$f":"HLOOKUP($D$3,Raindata,C288+6,FALSE)","v":44},{"$f":"IF((D288*E$7*E$8-E$12)>0,ROUND((D288*E$7*E$8-E$12),0),0)","v":0},{"$error":"#VALUE!"},{"$error":"#VALUE!"},{"$f":"F288+G288","v":{"$error":"#VALUE!"}},{"$f":"E288-G288","v":{"$error":"#VALUE!"}},{"$error":"#VALUE!"},{"$error":"#VALUE!"},{"$error":"#VALUE!"},{"$error":"#VALUE!"},{"$error":"#VALUE!"},{"$error":"#VALUE!"},null,{"$error":"#VALUE!"},{"$error":"#VALUE!"},{"$error":"#VALUE!"},{"$error":"#VALUE!"},{"$error":"#VALUE!"},null,{"$error":"#VALUE!"},{"$error":"#VALUE!"},{"$error":"#VALUE!"},{"$error":"#VALUE!"},{"$error":"#VALUE!"},null,5,{"$f":"SUM(SUMPRODUCT(AF$20:AJ$20,Q288:U288),SUMPRODUCT(AF$20:AJ$20,System2!Q288:U288),SUMPRODUCT(AF$20:AJ$20,System3!Q288:U288))","v":{"$error":"#VALUE!"}},{"$f":"SUM(SUMPRODUCT(AF$21:AJ$21,W288:AA288),SUMPRODUCT(AF$21:AJ$21,System2!W288:AA288),SUMPRODUCT(AF$21:AJ$21,System3!W288:AA288))","v":{"$error":"#VALUE!"}},{"$f":"WaterFittings!BN263","v":{"$error":"#VALUE!"}},{"$error":"#VALUE!"},{"$f":"ROUNDDOWN(AG288-DS288,0)","v":{"$error":"#VALUE!"}},{"$f":"MIN(AirCond!BL262,P$21)","v":0},{"$error":"#VALUE!"},{"$f":"MIN(ROUNDDOWN(AJ288-FH288,0),ROUNDDOWN(P$21*0.3,0),ROUNDDOWN(SUM(SUMPRODUCT(I$4:I$15,L$4:L$15),SUMPRODUCT(System2!I$4:I$15,System2!L$4:L$15),SUMPRODUCT(System3!I$4:I$15,System3!L$4:L$15))*0.3,0))","v":{"$error":"#VALUE!"}},0,{"$error":"#VALUE!"},{"$error":"#VALUE!"},{"$error":"#VALUE!"},{"$f":"AP$26+IF(OR(AP$28=0,D288<AP$28),AP$27,0)","v":0},{"$error":"#VALUE!"},{"$error":"#VALUE!"},{"$error":"#VALUE!"},{"$f":"AT$26+IF(OR(AP$28=0,D288<AP$28),AT$27,0)","v":0},null,null,null,0,0,0,0,null,{"$error":"#VALUE!"},{"$f":"FN288*$BD$29","v":{"$error":"#VALUE!"}},{"$f":"FO288*$BE$29","v":{"$error":"#VALUE!"}},{"$error":"#VALUE!"},{"$f":"FQ288*$BG$29","v":{"$error":"#VALUE!"}},{"$f":"FR288*$BH$29","v":{"$error":"#VALUE!"}},{"$error":"#VALUE!"},{"$error":"#VALUE!"},{"$error":"#VALUE!"},0,{"$f":"FT288*BM$29","v":{"$error":"#VALUE!"}},{"$f":"FU288*BN$29","v":{"$error":"#VALUE!"}},{"$f":"FV288*BO$29","v":{"$error":"#VALUE!"}},{"$error":"#VALUE!"},{"$error":"#VALUE!"},{"$f":"BC288/$BP288","v":{"$error":"#VALUE!"}},{"$f":"BD288/$BP288","v":{"$error":"#VALUE!"}},{"$f":"BE288/$BP288","v":{"$error":"#VALUE!"}},{"$f":"BF288/$BP288","v":{"$error":"#VALUE!"}},{"$f":"BG288/$BP288","v":{"$error":"#VALUE!"}},{"$f":"BH288/$BP288","v":{"$error":"#VALUE!"}},{"$f":"BI288/$BP288","v":{"$error":"#VALUE!"}},{"$f":"BJ288/$BP288","v":{"$error":"#VALUE!"}},{"$f":"BK288/$BP288","v":{"$error":"#VALUE!"}},{"$f":"BL288/$BP288","v":{"$error":"#VALUE!"}},{"$f":"BM288/$BP288","v":{"$error":"#VALUE!"}},{"$f":"BN288/$BP288","v":{"$error":"#VALUE!"}},{"$f":"BO288/$BP288","v":{"$error":"#VALUE!"}},{"$f":"FW288*$CE$28","v":{"$error":"#VALUE!"}},{"$f":"FX288*$CF$28","v":{"$error":"#VALUE!"}},{"$f":"FY288*$CG$28","v":{"$error":"#VALUE!"}},{"$f":"FZ288*$CH$28","v":{"$error":"#VALUE!"}},{"$f":"GA288*$CI$28","v":{"$error":"#VALUE!"}},{"$f":"GB288*$CJ$28","v":{"$error":"#VALUE!"}},{"$error":"#VALUE!"},{"$f":"CL$28*GD288","v":{"$error":"#VALUE!"}},{"$f":"CM$28*GE288","v":{"$error":"#VALUE!"}},{"$f":"CN$28*GF288","v":{"$error":"#VALUE!"}},{"$f":"(AL288-FE288)*$CO$28","v":{"$error":"#VALUE!"}},{"$error":"#VALUE!"},{"$error":"#VALUE!"},{"$f":"SUM(CQ288,System2!CQ288,System3!CQ288)","v":{"$error":"#VALUE!"}},{"$f":"MIN(AG288,CR288)","v":{"$error":"#VALUE!"}},{"$error":"#VALUE!"},{"$error":"#VALUE!"},{"$error":"#VALUE!"},{"$error":"#VALUE!"},{"$error":"#VALUE!"},{"$error":"#VALUE!"},{"$error":"#VALUE!"},{"$error":"#VALUE!"},{"$error":"#VALUE!"},{"$error":"#VALUE!"},{"$error":"#VALUE!"},{"$error":"#VALUE!"},{"$error":"#VALUE!"},{"$error":"#VALUE!"},{"$error":"#VALUE!"},{"$error":"#VALUE!"},{"$error":"#VALUE!"},{"$error":"#VALUE!"},{"$error":"#VALUE!"},{"$error":"#VALUE!"},{"$error":"#VALUE!"},{"$error":"#VALUE!"},{"$error":"#VALUE!"},{"$error":"#VALUE!"},{"$error":"#VALUE!"},{"$f":"SUM(DR288,System2!DR288,System3!DR288)","v":{"$error":"#VALUE!"}},{"$f":"DT$36","v":{"$error":"#VALUE!"}},{"$f":"DU$36","v":{"$error":"#VALUE!"}},{"$f":"DV$36","v":0},{"$f":"DW$36","v":{"$error":"#VALUE!"}},{"$error":"#VALUE!"},{"$error":"#VALUE!"},{"$error":"#VALUE!"},{"$f":"EA$28*GN288","v":0},{"$f":"EB$28*GO288","v":0},{"$f":"EC$28*GP288","v":0},{"$f":"AL288*ED$28","v":0},{"$f":"AP288*EE$28","v":0},{"$error":"#VALUE!"},{"$f":"SUM(EF288,System2!EF288,System3!EF288)","v":{"$error":"#VALUE!"}},{"$error":"#VALUE!"},{"$error":"#VALUE!"},{"$error":"#VALUE!"},{"$error":"#VALUE!"},{"$error":"#VALUE!"},{"$error":"#VALUE!"},{"$error":"#VALUE!"},{"$error":"#VALUE!"},{"$error":"#VALUE!"},{"$error":"#VALUE!"},{"$error":"#VALUE!"},{"$error":"#VALUE!"},{"$error":"#VALUE!"},{"$f":"$EH288*EI288","v":{"$error":"#VALUE!"}},{"$f":"$EH288*EJ288","v":{"$error":"#VALUE!"}},{"$f":"$EH288*EK288","v":{"$error":"#VALUE!"}},{"$f":"$EH288*EL288","v":{"$error":"#VALUE!"}},{"$f":"$EH288*EM288","v":{"$error":"#VALUE!"}},{"$f":"$EH288*EN288","v":{"$error":"#VALUE!"}},{"$f":"$EH288*EO288","v":{"$error":"#VALUE!"}},{"$f":"$EH288*EP288","v":{"$error":"#VALUE!"}},{"$f":"$EH288*EQ288","v":{"$error":"#VALUE!"}},{"$f":"$EH288*ER288","v":{"$error":"#VALUE!"}},{"$f":"$EH288*ES288","v":{"$error":"#VALUE!"}},{"$f":"$EH288*ET288","v":{"$error":"#VALUE!"}},{"$error":"#VALUE!"},{"$f":"SUM(FG288,System2!FG288,System3!FG288)","v":{"$error":"#VALUE!"}},0,0,0,0,{"$f":"ROUNDDOWN(FW288-DF288,0)","v":{"$error":"#VALUE!"}},{"$f":"ROUNDDOWN(FX288-DG288,0)","v":{"$error":"#VALUE!"}},{"$f":"ROUNDDOWN(FY288-DH288,0)","v":{"$error":"#VALUE!"}},{"$f":"ROUNDDOWN(FZ288-DI288,0)","v":{"$error":"#VALUE!"}},{"$f":"ROUNDDOWN(GA288-DJ288,0)","v":{"$error":"#VALUE!"}},{"$f":"ROUNDDOWN(GB288-DK288,0)","v":{"$error":"#VALUE!"}},{"$f":"ROUNDDOWN(GC288-DL288,0)","v":{"$error":"#VALUE!"}},{"$f":"ROUNDDOWN(GD288-DM288,0)","v":{"$error":"#VALUE!"}},{"$f":"ROUNDDOWN(GE288-DN288,0)","v":{"$error":"#VALUE!"}},{"$f":"ROUNDDOWN(GF288-DO288,0)","v":{"$error":"#VALUE!"}},{"$error":"#VALUE!"},{"$error":"#VALUE!"},{"$error":"#VALUE!"},{"$error":"#VALUE!"},{"$error":"#VALUE!"},{"$error":"#VALUE!"},{"$error":"#VALUE!"},{"$error":"#VALUE!"},{"$error":"#VALUE!"},{"$error":"#VALUE!"},{"$f":"$GG$31*WaterFittings!BO263","v":{"$error":"#VALUE!"}},{"$f":"$GH$31*WaterFittings!BP263","v":{"$error":"#VALUE!"}},{"$f":"$GI$31*WaterFittings!BQ263","v":0},{"$f":"GJ$31*AirCond!BD262","v":{"$error":"#VALUE!"}},{"$f":"GK$31*AirCond!BE262","v":{"$error":"#VALUE!"}},{"$f":"GL$31*AirCond!BF262","v":{"$error":"#VALUE!"}},{"$f":"GM$31*AirCond!BG262","v":{"$error":"#VALUE!"}},{"$f":"GN$31*WaterFittings!BS263","v":0},{"$f":"GO$31*WaterFittings!BT263","v":0},{"$f":"GP$31*WaterFittings!BU263","v":0}]
[null,null,258,63,0,{"$f":"IF(H288-SUM(J288:O288)>1,H288-SUM(J288:O288),0)","v":{"$error":"#VALUE!"}},{"$f":"IF((E289+F289)<AG$3*1000,E289,AG$3*1000-F289)","v":{"$error":"#VALUE!"}},{"$error":"#VALUE!"},{"$error":"#VALUE!"},{"$error":"#VALUE!"},{"$error":"#VALUE!"},{"$error":"#VALUE!"},{"$error":"#VALUE!"},{"$error":"#VALUE!"},{"$f":"ROUNDDOWN(SUM(BU289:BX289)*BQ289,0)","v":{"$error":"#VALUE!"}},null,{"$f":"ROUNDDOWN(SUM(DF289:DH289),0)","v":{"$error":"#VALUE!"}},{"$f":"ROUNDDOWN(SUM(DI289:DL289),0)","v":{"$error":"#VALUE!"}},{"$error":"#VALUE!"},{"$f":"ROUNDDOWN(DP289,0)","v":{"$error":"#VALUE!"}},{"$error":"#VALUE!"},null,{"$f":"ROUNDDOWN(SUM(EU289:EW289),)","v":{"$error":"#VALUE!"}},{"$f":"ROUNDDOWN(SUM(EX289:FA289),0)","v":{"$error":"#VALUE!"}},{"$error":"#VALUE!"},{"$f":"ROUNDDOWN(FE289,0)","v":{"$error":"#VALUE!"}},{"$error":"#VALUE!"},null,6,{"$f":"SUM(SUMPRODUCT(AF$20:AJ$20,Q289:U289),SUMPRODUCT(AF$20:AJ$20,System2!Q289:U289),SUMPRODUCT(AF$20:AJ$20,System3!Q289:U289))","v":{"$error":"#VALUE!"}},{"$f":"SUM(SUMPRODUCT(AF$21:AJ$21,W289:AA289),SUMPRODUCT(AF$21:AJ$21,System2!W289:AA289),SUMPRODUCT(AF$21:AJ$21,System3!W289:AA289))","v":{"$error":"#VALUE!"}},{"$f":"WaterFittings!BN264","v":{"$error":"#VALUE!"}},{"$f":"MIN($AG$31,AH288+AF289)","v":{"$error":"#VALUE!"}},{"$error":"#VALUE!"},{"$f":"MIN(AirCond!BL263,P$21)","v":0},{"$f":"MIN($AJ$31,AK288+AI289)","v":{"$error":"#VALUE!"}},{"$f":"MIN(ROUNDDOWN(AJ289-FH289,0),ROUNDDOWN(P$21*0.3,0),ROUNDDOWN(SUM(SUMPRODUCT(I$4:I$15,L$4:L$15),SUMPRODUCT(System2!I$4:I$15,System2!L$4:L$15),SUMPRODUCT(System3!I$4:I$15,System3!L$4:L$15))*0.3,0))","v":{"$error":"#VALUE!"}},0,{"$f":"AL289-AN289-AO289","v":{"$error":"#VALUE!"}},{"$error":"#VALUE!"},{"$f":"ROUNDDOWN(DP289,0)","v":{"$error":"#VALUE!"}},0,{"$f":"IF(AP289<SUM(AS289,AR289),AP289,AP289-SUM(AS289,AR289))","v":{"$error":"#VALUE!"}},{"$f":"ROUNDDOWN(FF289,0)","v":{"$error":"#VALUE!"}},{"$f":"ROUNDDOWN(DQ289,0)","v":{"$error":"#VALUE!"}},0,null,null,null,0,0,0,0,null,{"$f":"FM289*$BC$29","v":{"$error":"#VALUE!"}},{"$error":"#VALUE!"},{"$error":"#VALUE!"},{"$f":"FP289*$BF$29","v":{"$error":"#VALUE!"}},{"$error":"#VALUE!"},{"$error":"#VALUE!"},{"$f":"FS289*$BI$29","v":{"$error":"#VALUE!"}},{"$f":"AM289*$BJ$29","v":{"$error":"#VALUE!"}},{"$f":"AQ289*$BK$29","v":{"$error":"#VALUE!"}},{"$f":"BL$29*AT289","v":0},{"$error":"#VALUE!"},{"$error":"#VALUE!"},{"$error":"#VALUE!"},{"$f":"IF(SUM(BC289:BO289)=0,1,SUM(BC289:BO289))","v":{"$error":"#VALUE!"}},{"$f":"MIN(H289,BP289)","v":{"$error":"#VALUE!"}},{"$error":"#VALUE!"},{"$error":"#VALUE!"},{"$error":"#VALUE!"},{"$error":"#VALUE!"},{"$error":"#VALUE!"},{"$error":"#VALUE!"},{"$error":"#VALUE!"},{"$error":"#VALUE!"},{"$error":"#VALUE!"},{"$error":"#VALUE!"},{"$error":"#VALUE!"},{"$error":"#VALUE!"},{"$error":"#VALUE!"},{"$error":"#VALUE!"},{"$error":"#VALUE!"},{"$error":"#VALUE!"},{"$error":"#VALUE!"},{"$error":"#VALUE!"},{"$error":"#VALUE!"},{"$error":"#VALUE!"},{"$error":"#VALUE!"},{"$error":"#VALUE!"},{"$error":"#VALUE!"},{"$error":"#VALUE!"},{"$f":"(AP289-FF289)*$CP$28","v":{"$error":"#VALUE!"}},{"$error":"#VALUE!"},{"$f":"SUM(CQ289,System2!CQ289,System3!CQ289)","v":{"$error":"#VALUE!"}},{"$error":"#VALUE!"},{"$error":"#VALUE!"},{"$error":"#VALUE!"},{"$error":"#VALUE!"},{"$error":"#VALUE!"},{"$error":"#VALUE!"},{"$error":"#VALUE!"},{"$error":"#VALUE!"},{"$error":"#VALUE!"},{"$error":"#VALUE!"},{"$error":"#VALUE!"},{"$error":"#VALUE!"},{"$error":"#VALUE!"},{"$error":"#VALUE!"},{"$error":"#VALUE!"},{"$error":"#VALUE!"},{"$error":"#VALUE!"},{"$error":"#VALUE!"},{"$error":"#VALUE!"},{"$error":"#VALUE!"},{"$error":"#VALUE!"},{"$error":"#VALUE!"},{"$error":"#VALUE!"},{"$error":"#VALUE!"},{"$error":"#VALUE!"},{"$f":"SUM(DF289:DQ289)","v":{"$error":"#VALUE!"}},{"$f":"SUM(DR289,System2!DR289,System3!DR289)","v":{"$error":"#VALUE!"}},{"$f":"DT$37","v":{"$error":"#VALUE!"}},{"$f":"DU$37","v":{"$error":"#VALUE!"}},{"$f":"DV$37","v":0},{"$f":"DW$37","v":{"$error":"#VALUE!"}},{"$error":"#VALUE!"},{"$error":"#VALUE!"},{"$f":"$DZ$28*GM289","v":{"$error":"#VALUE!"}},0,0,0,0,0,{"$f":"SUM(DT289:EE289)","v":{"$error":"#VALUE!"}},{"$f":"SUM(EF289,System2!EF289,System3!EF289)","v":{"$error":"#VALUE!"}},{"$f":"MIN(EG289,AJ289)","v":{"$error":"#VALUE!"}},{"$f":"IF($EH289,DT289/$EG289,0)","v":{"$error":"#VALUE!"}},{"$f":"IF($EH289,DU289/$EG289,0)","v":{"$error":"#VALUE!"}},{"$f":"IF($EH289,DV289/$EG289,0)","v":{"$error":"#VALUE!"}},{"$f":"IF($EH289,DW289/$EG289,0)","v":{"$error":"#VALUE!"}},{"$f":"IF($EH289,DX289/$EG289,0)","v":{"$error":"#VALUE!"}},{"$f":"IF($EH289,DY289/$EG289,0)","v":{"$error":"#VALUE!"}},{"$f":"IF($EH289,DZ289/$EG289,0)","v":{"$error":"#VALUE!"}},{"$f":"IF($EH289,EA289/$EG289,0)","v":{"$error":"#VALUE!"}},{"$f":"IF($EH289,EB289/$EG289,0)","v":{"$error":"#VALUE!"}},{"$f":"IF($EH289,EC289/$EG289,0)","v":{"$error":"#VALUE!"}},{"$f":"IF($EH289,ED289/$EG289,0)","v":{"$error":"#VALUE!"}},{"$f":"IF($EH289,EE289/$EG289,0)","v":{"$error":"#VALUE!"}},{"$error":"#VALUE!"},{"$error":"#VALUE!"},{"$error":"#VALUE!"},{"$error":"#VALUE!"},{"$error":"#VALUE!"},{"$error":"#VALUE!"},{"$error":"#VALUE!"},{"$error":"#VALUE!"},{"$error":"#VALUE!"},{"$error":"#VALUE!"},{"$error":"#VALUE!"},{"$error":"#VALUE!"},{"$error":"#VALUE!"},{"$f":"SUM(FG289,System2!FG289,System3!FG289)","v":{"$error":"#VALUE!"}},0,0,0,0,{"$error":"#VALUE!"},{"$error":"#VALUE!"},{"$error":"#VALUE!"},{"$error":"#VALUE!"},{"$error":"#VALUE!"},{"$error":"#VALUE!"},{"$error":"#VALUE!"},{"$error":"#VALUE!"},{"$error":"#VALUE!"},{"$error":"#VALUE!"},{"$f":"ROUNDDOWN(GG289-EU289,0)","v":{"$error":"#VALUE!"}},{"$f":"ROUNDDOWN(GH289-EV289,0)","v":{"$error":"#VALUE!"}},{"$f":"ROUNDDOWN(GI289-EW289,0)","v":{"$error":"#VALUE!"}},{"$f":"ROUNDDOWN(GJ289-EX289,0)","v":{"$error":"#VALUE!"}},{"$f":"ROUNDDOWN(GK289-EY289,0)","v":{"$error":"#VALUE!"}},{"$f":"ROUNDDOWN(GL289-EZ289,0)","v":{"$error":"#VALUE!"}},{"$f":"ROUNDDOWN(GM289-FA289,0)","v":{"$error":"#VALUE!"}},{"$f":"ROUNDDOWN(GN289-FB289,0)","v":{"$error":"#VALUE!"}},{"$f":"ROUNDDOWN(GO289-FC289,0)","v":{"$error":"#VALUE!"}},{"$f":"ROUNDDOWN(GP289-FD289,0)","v":{"$error":"#VALUE!"}},{"$f":"$GG$31*WaterFittings!BO264","v":{"$error":"#VALUE!"}},{"$f":"$GH$31*WaterFittings!BP264","v":{"$error":"#VALUE!"}},{"$f":"$GI$31*WaterFittings!BQ264","v":0},{"$f":"GJ$31*AirCond!BD263","v":{"$error":"#VALUE!"}},{"$f":"GK$31*AirCond!BE263","v":{"$error":"#VALUE!"}},{"$f":"GL$31*AirCond!BF263","v":{"$error":"#VALUE!"}},{"$f":"GM$31*AirCond!BG263","v":{"$error":"#VALUE!"}},{"$f":"GN$31*WaterFittings!BS264","v":0},{"$f":"GO$31*WaterFittings!BT264","v":0},{"$f":"GP$31*WaterFittings!BU264","v":0}]
[null,null,259,0,0,{"$error":"#VALUE!"},{"$error":"#VALUE!"},{"$error":"#VALUE!"},{"$error":"#VALUE!"},{"$error":"#VALUE!"},{"$error":"#VALUE!"},{"$error":"#VALUE!"},{"$error":"#VALUE!"},{"$error":"#VALUE!"},{"$error":"#VALUE!"},null,{"$error":"#VALUE!"},{"$error":"#VALUE!"},{"$error":"#VALUE!"},{"$error":"#VALUE!"},{"$error":"#VALUE!"},null,{"$error":"#VALUE!"},{"$error":"#VALUE!"},{"$error":"#VALUE!"},{"$error":"#VALUE!"},{"$error":"#VALUE!"},null,7,{"$f":"SUM(SUMPRODUCT(AF$20:AJ$20,Q290:U290),SUMPRODUCT(AF$20:AJ$20,System2!Q290:U290),SUMPRODUCT(AF$20:AJ$20,System3!Q290:U290))","v":{"$error":"#VALUE!"}},{"$f":"SUM(SUMPRODUCT(AF$21:AJ$21,W290:AA290),SUMPRODUCT(AF$21:AJ$21,System2!W290:AA290),SUMPRODUCT(AF$21:AJ$21,System3!W290:AA290))","v":{"$error":"#VALUE!"}},{"$f":"WaterFittings!BN265","v":{"$error":"#VALUE!"}},{"$error":"#VALUE!"},{"$error":"#VALUE!"},{"$f":"MIN(AirCond!BL264,P$21)","v":0},{"$error":"#VALUE!"},{"$f":"MIN(ROUNDDOWN(AJ290-FH290,0),ROUNDDOWN(P$21*0.3,0),ROUNDDOWN(SUM(SUMPRODUCT(I$4:I$15,L$4:L$15),SUMPRODUCT(System2!I$4:I$15,System2!L$4:L$15),SUMPRODUCT(System3!I$4:I$15,System3!L$4:L$15))*0.3,0))","v":{"$error":"#VALUE!"}},0,{"$error":"#VALUE!"},{"$f":"ROUNDDOWN(FE290,0)","v":{"$error":"#VALUE!"}},{"$error":"#VALUE!"},0,{"$error":"#VALUE!"},{"$error":"#VALUE!"},{"$error":"#VALUE!"},0,null,null,null,0,0,0,0,null,{"$error":"#VALUE!"},{"$error":"#VALUE!"},{"$error":"#VALUE!"},{"$error":"#VALUE!"},{"$error":"#VALUE!"},{"$error":"#VALUE!"},{"$error":"#VALUE!"},{"$error":"#VALUE!"},{"$error":"#VALUE!"},0,{"$error":"#VALUE!"},{"$error":"#VALUE!"},{"$error":"#VALUE!"},{"$error":"#VALUE!"},{"$error":"#VALUE!"},{"$error":"#VALUE!"},{"$error":"#VALUE!"},{"$error":"#VALUE!"},{"$error":"#VALUE!"},{"$error":"#VALUE!"},{"$error":"#VALUE!"},{"$error":"#VALUE!"},{"$error":"#VALUE!"},{"$error":"#VALUE!"},{"$error":"#VALUE!"},{"$error":"#VALUE!"},{"$error":"#VALUE!"},{"$error":"#VALUE!"},{"$error":"#VALUE!"},{"$error":"#VALUE!"},{"$error":"#VALUE!"},{"$error":"#VALUE!"},{"$error":"#VALUE!"},{"$error":"#VALUE!"},{"$error":"#VALUE!"},{"$error":"#VALUE!"},{"$error":"#VALUE!"},{"$error":"#VALUE!"},{"$error":"#VALUE!"},{"$error":"#VALUE!"},{"$error":"#VALUE!"},{"$f":"SUM(CQ290,System2!CQ290,System3!CQ290)","v":{"$error":"#VALUE!"}},{"$error":"#VALUE!"},{"$error":"#VALUE!"},{"$error":"#VALUE!"},{"$error":"#VALUE!"},{"$error":"#VALUE!"},{"$error":"#VALUE!"},{"$error":"#VALUE!"},{"$error":"#VALUE!"},{"$error":"#VALUE!"},{"$error":"#VALUE!"},{"$error":"#VALUE!"},{"$error":"#VALUE!"},{"$error":"#VALUE!"},{"$error":"#VALUE!"},{"$error":"#VALUE!"},{"$error":"#VALUE!"},{"$error":"#VALUE!"},{"$error":"#VALUE!"},{"$error":"#VALUE!"},{"$error":"#VALUE!"},{"$error":"#VALUE!"},{"$error":"#VALUE!"},{"$error":"#VALUE!"},{"$error":"#VALUE!"},{"$error":"#VALUE!"},{"$error":"#VALUE!"},{"$f":"SUM(DR290,System2!DR290,System3!DR290)","v":{"$error":"#VALUE!"}},{"$f":"DT$38","v":{"$error":"#VALUE!"}},{"$f":"DU$38","v":{"$error":"#VALUE!"}},{"$f":"DV$38","v":0},{"$f":"DW$38","v":{"$error":"#VALUE!"}},{"$error":"#VALUE!"},{"$error":"#VALUE!"},{"$error":"#VALUE!"},0,0,0,0,0,{"$error":"#VALUE!"},{"$f":"SUM(EF290,System2!EF290,System3!EF290)","v":{"$error":"#VALUE!"}},{"$error":"#VALUE!"},{"$error":"#VALUE!"},{"$error":"#VALUE!"},{"$error":"#VALUE!"},{"$error":"#VALUE!"},{"$error":"#VALUE!"},{"$error":"#VALUE!"},{"$error":"#VALUE!"},{"$error":"#VALUE!"},{"$error":"#VALUE!"},{"$error":"#VALUE!"},{"$error":"#VALUE!"},{"$error":"#VALUE!"},{"$error":"#VALUE!"},{"$error":"#VALUE!"},{"$error":"#VALUE!"},{"$error":"#VALUE!"},{"$error":"#VALUE!"},{"$error":"#VALUE!"},{"$error":"#VALUE!"},{"$error":"#VALUE!"},{"$error":"#VALUE!"},{"$error":"#VALUE!"},{"$error":"#VALUE!"},{"$error":"#VALUE!"},{"$error":"#VALUE!"},{"$f":"SUM(FG290,System2!FG290,System3!FG290)","v":{"$error":"#VALUE!"}},0,0,0,0,{"$error":"#VALUE!"},{"$error":"#VALUE!"},{"$error":"#VALUE!"},{"$error":"#VALUE!"},{"$error":"#VALUE!"},{"$error":"#VALUE!"},{"$error":"#VALUE!"},{"$error":"#VALUE!"},{"$error":"#VALUE!"},{"$error":"#VALUE!"},{"$error":"#VALUE!"},{"$error":"#VALUE!"},{"$error":"#VALUE!"},{"$error":"#VALUE!"},{"$error":"#VALUE!"},{"$error":"#VALUE!"},{"$error":"#VALUE!"},{"$error":"#VALUE!"},{"$error":"#VALUE!"},{"$error":"#VALUE!"},{"$f":"$GG$31*WaterFittings!BO265","v":{"$error":"#VALUE!"}},{"$f":"$GH$31*WaterFittings!BP265","v":{"$error":"#VALUE!"}},{"$f":"$GI$31*WaterFittings!BQ265","v":0},{"$f":"GJ$31*AirCond!BD264","v":{"$error":"#VALUE!"}},{"$f":"GK$31*AirCond!BE264","v":{"$error":"#VALUE!"}},{"$f":"GL$31*AirCond!BF264","v":{"$error":"#VALUE!"}},{"$f":"GM$31*AirCond!BG264","v":{"$error":"#VALUE!"}},{"$f":"GN$31*WaterFittings!BS265","v":0},{"$f":"GO$31*WaterFittings!BT265","v":0},{"$f":"GP$31*WaterFittings!BU265","v":0}]
[null,null,260,0,0,{"$error":"#VALUE!"},{"$error":"#VALUE!"},{"$error":"#VALUE!"},{"$error":"#VALUE!"},{"$f":"ROUNDDOWN(BY291*BQ291,0)","v":{"$error":"#VALUE!"}},{"$f":"ROUNDDOWN(BZ291*BQ291,0)","v":{"$error":"#VALUE!"}},{"$f":"ROUNDDOWN(CA291*BQ291,0)","v":{"$error":"#VALUE!"}},{"$error":"#VALUE!"},{"$f":"ROUNDDOWN(SUM(BR291:BT291)*BQ291,0)","v":{"$error":"#VALUE!"}},{"$error":"#VALUE!"},null,{"$error":"#VALUE!"},{"$error":"#VALUE!"},{"$error":"#VALUE!"},{"$error":"#VALUE!"},{"$error":"#VALUE!"},null,{"$error":"#VALUE!"},{"$error":"#VALUE!"},{"$error":"#VALUE!"},{"$error":"#VALUE!"},{"$f":"ROUNDDOWN(FF291,0)","v":{"$error":"#VALUE!"}},null,8,{"$f":"SUM(SUMPRODUCT(AF$20:AJ$20,Q291:U291),SUMPRODUCT(AF$20:AJ$20,System2!Q291:U291),SUMPRODUCT(AF$20:AJ$20,System3!Q291:U291))","v":{"$error":"#VALUE!"}},{"$f":"SUM(SUMPRODUCT(AF$21:AJ$21,W291:AA291),SUMPRODUCT(AF$21:AJ$21,System2!W291:AA291),SUMPRODUCT(AF$21:AJ$21,System3!W291:AA291))","v":{"$error":"#VALUE!"}},{"$f":"WaterFittings!BN266","v":{"$error":"#VALUE!"}},{"$error":"#VALUE!"},{"$error":"#VALUE!"},{"$f":"MIN(AirCond!BL265,P$21)","v":0},{"$error":"#VALUE!"},{"$f":"MIN(ROUNDDOWN(AJ291-FH291,0),ROUNDDOWN(P$21*0.3,0),ROUNDDOWN(SUM(SUMPRODUCT(I$4:I$15,L$4:L$15),SUMPRODUCT(System2!I$4:I$15,System2!L$4:L$15),SUMPRODUCT(System3!I$4:I$15,System3!L$4:L$15))*0.3,0))","v":{"$error":"#VALUE!"}},0,{"$error":"#VALUE!"},{"$error":"#VALUE!"},{"$error":"#VALUE!"},0,{"$error":"#VALUE!"},{"$error":"#VALUE!"},{"$error":"#VALUE!"},0,null,null,null,{"$f":"IF(IF(AX$28>=3,COUNTIF(AX288:AX290,\">0\"),IF(AX$28=2,COUNTIF(AX289:AX290,\">0\"),IF(AX$28=1,COUNTIF(AX290,\">0\")))),0,AX$31)","v":0},{"$f":"IF(OR(D291>AT$28,IF(AY$28>=3,COUNTIF(AY288:AY290,\">0\")+COUNTIF(D288:D290,\">\"&AT$28),IF(AY$28=2,COUNTIF(AY289:AY290,\">0\")+COUNTIF(D289:D290,\">\"&AT$28),IF(AY$28=1,COUNTIF(AY290,\">0\")+COUNTIF(D290,\">\"&AT$28),0)))),0,AY$31)","v":0},{"$f":"IF(IF(AZ$28>=3,COUNTIF(AZ288:AZ290,\">0\"),IF(AZ$28=2,COUNTIF(AZ289:AZ290,\">0\"),IF(AZ$28=1,COUNTIF(AZ290,\">0\")))),0,AZ$31)","v":0},{"$f":"IF(OR(D291>AT$28,IF(BA$28>=3,COUNTIF(BA288:BA290,\">0\")+COUNTIF(D288:D290,\">\"&AT$28),IF(BA$28=2,COUNTIF(BA289:BA290,\">0\")+COUNTIF(D289:D290,\">\"&AT$28),IF(BA$28=1,COUNTIF(BA290,\">0\")+COUNTIF(D290,\">\"&AT$28),0)))),0,BA$31)","v":0},null,{"$error":"#VALUE!"},{"$error":"#VALUE!"},{"$error":"#VALUE!"},{"$error":"#VALUE!"},{"$error":"#VALUE!"},{"$error":"#VALUE!"},{"$error":"#VALUE!"},{"$error":"#VALUE!"},{"$error":"#VALUE!"},0,{"$error":"#VALUE!"},{"$error":"#VALUE!"},{"$error":"#VALUE!"},{"$error":"#VALUE!"},{"$error":"#VALUE!"},{"$error":"#VALUE!"},{"$error":"#VALUE!"},{"$error":"#VALUE!"},{"$error":"#VALUE!"},{"$error":"#VALUE!"},{"$error":"#VALUE!"},{"$error":"#VALUE!"},{"$error":"#VALUE!"},{"$error":"#VALUE!"},{"$error":"#VALUE!"},{"$error":"#VALUE!"},{"$error":"#VALUE!"},{"$error":"#VALUE!"},{"$error":"#VALUE!"},{"$error":"#VALUE!"},{"$error":"#VALUE!"},{"$error":"#VALUE!"},{"$error":"#VALUE!"},{"$error":"#VALUE!"},{"$error":"#VALUE!"},{"$error":"#VALUE!"},{"$error":"#VALUE!"},{"$error":"#VALUE!"},{"$error":"#VALUE!"},{"$error":"#VALUE!"},{"$f":"SUM(CE291:CP291)","v":{"$error":"#VALUE!"}},{"$f":"SUM(CQ291,System2!CQ291,System3!CQ291)","v":{"$error":"#VALUE!"}},{"$error":"#VALUE!"},{"$f":"IF($CS291,CE291/$CR291,0)","v":{"$error":"#VALUE!"}},{"$f":"IF($CS291,CF291/$CR291,0)","v":{"$error":"#VALUE!"}},{"$f":"IF($CS291,CG291/$CR291,0)","v":{"$error":"#VALUE!"}},{"$f":"IF($CS291,CH291/$CR291,0)","v":{"$error":"#VALUE!"}},{"$f":"IF($CS291,CI291/$CR291,0)","v":{"$error":"#VALUE!"}},{"$error":"#VALUE!"},{"$error":"#VALUE!"},{"$f":"IF($CS291,CL291/$CR291,0)","v":{"$error":"#VALUE!"}},{"$f":"IF($CS291,CM291/$CR291,0)","v":{"$error":"#VALUE!"}},{"$f":"IF($CS291,CN291/$CR291,0)","v":{"$error":"#VALUE!"}},{"$f":"IF($CS291,CO291/$CR291,0)","v":{"$error":"#VALUE!"}},{"$f":"IF($CS291,CP291/$CR291,0)","v":{"$error":"#VALUE!"}},{"$f":"$CS291*CT291","v":{"$error":"#VALUE!"}},{"$f":"$CS291*CU291","v":{"$error":"#VALUE!"}},{"$f":"$CS291*CV291","v":{"$error":"#VALUE!"}},{"$f":"$CS291*CW291","v":{"$error":"#VALUE!"}},{"$f":"$CS291*CX291","v":{"$error":"#VALUE!"}},{"$error":"#VALUE!"},{"$error":"#VALUE!"},{"$f":"$CS291*DA291","v":{"$error":"#VALUE!"}},{"$f":"$CS291*DB291","v":{"$error":"#VALUE!"}},{"$f":"$CS291*DC291","v":{"$error":"#VALUE!"}},{"$f":"$CS291*DD291","v":{"$error":"#VALUE!"}},{"$f":"$CS291*DE291","v":{"$error":"#VALUE!"}},{"$error":"#VALUE!"},{"$f":"SUM(DR291,System2!DR291,System3!DR291)","v":{"$error":"#VALUE!"}},{"$f":"DT$39","v":{"$error":"#VALUE!"}},{"$f":"DU$39","v":{"$error":"#VALUE!"}},{"$f":"DV$39","v":0},{"$f":"DW$39","v":{"$error":"#VALUE!"}},{"$error":"#VALUE!"},{"$error":"#VALUE!"},{"$error":"#VALUE!"},0,0,0,0,0,{"$error":"#VALUE!"},{"$f":"SUM(EF291,System2!EF291,System3!EF291)","v":{"$error":"#VALUE!"}},{"$error":"#VALUE!"},{"$error":"#VALUE!"},{"$error":"#VALUE!"},{"$error":"#VALUE!"},{"$error":"#VALUE!"},{"$error":"#VALUE!"},{"$error":"#VALUE!"},{"$error":"#VALUE!"},{"$error":"#VALUE!"},{"$error":"#VALUE!"},{"$error":"#VALUE!"},{"$error":"#VALUE!"},{"$error":"#VALUE!"},{"$error":"#VALUE!"},{"$error":"#VALUE!"},{"$error":"#VALUE!"},{"$error":"#VALUE!"},{"$error":"#VALUE!"},{"$error":"#VALUE!"},{"$error":"#VALUE!"},{"$error":"#VALUE!"},{"$error":"#VALUE!"},{"$error":"#VALUE!"},{"$error":"#VALUE!"},{"$error":"#VALUE!"},{"$error":"#VALUE!"},{"$f":"SUM(FG291,System2!FG291,System3!FG291)","v":{"$error":"#VALUE!"}},{"$f":"IF(IF(FI$28>=3,COUNTIF(FI288:FI290,\">0\"),IF(FI$28=2,COUNTIF(FI289:FI290,\">0\"),IF(FI$28=1,COUNTIF(FI290,\">0\")))),0,FI$31)","v":0},{"$f":"IF(OR(D291>AT$28,IF(FJ$28>=3,COUNTIF(FJ288:FJ290,\">0\")+COUNTIF(D288:D290,\">\"&AT$28),IF(FJ$28=2,COUNTIF(FJ289:FJ290,\">0\")+COUNTIF(D289:D290,\">\"&AT$28),IF(FJ$28=1,COUNTIF(FJ290,\">0\")+COUNTIF(D290,\">\"&AT$28),0)))),0,FJ$31)","v":0},0,{"$f":"IF(OR(D291>AT$28,IF(FL$28>=3,COUNTIF(FL288:FL290,\">0\")+COUNTIF(D288:D290,\">\"&AT$28),IF(FL$28=2,COUNTIF(FL289:FL290,\">0\")+COUNTIF(D289:D290,\">\"&AT$28),IF(FL$28=1,COUNTIF(FL290,\">0\")+COUNTIF(D290,\">\"&AT$28),0)))),0,FL$31)","v":0},{"$error":"#VALUE!"},{"$error":"#VALUE!"},{"$error":"#VALUE!"},{"$error":"#VALUE!"},{"$error":"#VALUE!"},{"$error":"#VALUE!"},{"$error":"#VALUE!"},{"$error":"#VALUE!"},{"$error":"#VALUE!"},{"$error":"#VALUE!"},{"$error":"#VALUE!"},{"$error":"#VALUE!"},{"$error":"#VALUE!"},{"$error":"#VALUE!"},{"$error":"#VALUE!"},{"$error":"#VALUE!"},{"$error":"#VALUE!"},{"$error":"#VALUE!"},{"$error":"#VALUE!"},{"$error":"#VALUE!"},{"$f":"$GG$31*WaterFittings!BO266","v":{"$error":"#VALUE!"}},{"$f":"$GH$31*WaterFittings!BP266","v":{"$error":"#VALUE!"}},{"$f":"$GI$31*WaterFittings!BQ266","v":0},{"$f":"GJ$31*AirCond!BD265","v":{"$error":"#VALUE!"}},{"$f":"GK$31*AirCond!BE265","v":{"$error":"#VALUE!"}},{"$f":"GL$31*AirCond!BF265","v":{"$error":"#VALUE!"}},{"$f":"GM$31*AirCond!BG265","v":{"$error":"#VALUE!"}},{"$f":"GN$31*WaterFittings!BS266","v":0},{"$f":"GO$31*WaterFittings!BT266","v":0},{"$f":"GP$31*WaterFittings!BU266","v":0}]
[null,null,{"$f":"C291+1","v":261},17.5,0,{"$error":"#VALUE!"},{"$error":"#VALUE!"},{"$error":"#VALUE!"},{"$error":"#VALUE!"},{"$error":"#VALUE!"},{"$error":"#VALUE!"},{"$error":"#VALUE!"},{"$error":"#VALUE!"},{"$error":"#VALUE!"},{"$error":"#VALUE!"},null,{"$error":"#VALUE!"},{"$error":"#VALUE!"},{"$error":"#VALUE!"},{"$error":"#VALUE!"},{"$error":"#VALUE!"},null,{"$error":"#VALUE!"},{"$error":"#VALUE!"},{"$error":"#VALUE!"},{"$error":"#VALUE!"},{"$error":"#VALUE!"},null,9,{"$f":"SUM(SUMPRODUCT(AF$20:AJ$20,Q292:U292),SUMPRODUCT(AF$20:AJ$20,System2!Q292:U292),SUMPRODUCT(AF$20:AJ$20,System3!Q292:U292))","v":{"$error":"#VALUE!"}},{"$f":"SUM(SUMPRODUCT(AF$21:AJ$21,W292:AA292),SUMPRODUCT(AF$21:AJ$21,System2!W292:AA292),SUMPRODUCT(AF$21:AJ$21,System3!W292:AA292))","v":{"$error":"#VALUE!"}},{"$f":"WaterFittings!BN267","v":{"$error":"#VALUE!"}},{"$error":"#VALUE!"},{"$error":"#VALUE!"},{"$f":"MIN(AirCond!BL266,P$21)","v":0},{"$error":"#VALUE!"},{"$f":"MIN(ROUNDDOWN(AJ292-FH292,0),ROUNDDOWN(P$21*0.3,0),ROUNDDOWN(SUM(SUMPRODUCT(I$4:I$15,L$4:L$15),SUMPRODUCT(System2!I$4:I$15,System2!L$4:L$15),SUMPRODUCT(System3!I$4:I$15,System3!L$4:L$15))*0.3,0))","v":{"$error":"#VALUE!"}},0,{"$error":"#VALUE!"},{"$error":"#VALUE!"},{"$error":"#VALUE!"},0,{"$error":"#VALUE!"},{"$error":"#VALUE!"},{"$error":"#VALUE!"},0,null,null,null,0,0,0,0,null,{"$error":"#VALUE!"},{"$error":"#VALUE!"},{"$error":"#VALUE!"},{"$error":"#VALUE!"},{"$error":"#VALUE!"},{"$error":"#VALUE!"},{"$error":"#VALUE!"},{"$error":"#VALUE!"},{"$error":"#VALUE!"},0,{"$error":"#VALUE!"},{"$error":"#VALUE!"},{"$error":"#VALUE!"},{"$error":"#VALUE!"},{"$error":"#VALUE!"},{"$error":"#VALUE!"},{"$error":"#VALUE!"},{"$error":"#VALUE!"},{"$error":"#VALUE!"},{"$error":"#VALUE!"},{"$error":"#VALUE!"},{"$error":"#VALUE!"},{"$error":"#VALUE!"},{"$error":"#VALUE!"},{"$error":"#VALUE!"},{"$error":"#VALUE!"},{"$error":"#VALUE!"},{"$error":"#VALUE!"},{"$error":"#VALUE!"},{"$error":"#VALUE!"},{"$error":"#VALUE!"},{"$error":"#VALUE!"},{"$error":"#VALUE!"},{"$error":"#VALUE!"},{"$error":"#VALUE!"},{"$error":"#VALUE!"},{"$error":"#VALUE!"},{"$error":"#VALUE!"},{"$error":"#VALUE!"},{"$error":"#VALUE!"},{"$error":"#VALUE!"},{"$f":"SUM(CQ292,System2!CQ292,System3!CQ292)","v":{"$error":"#VALUE!"}},{"$error":"#VALUE!"},{"$error":"#VALUE!"},{"$error":"#VALUE!"},{"$error":"#VALUE!"},{"$error":"#VALUE!"},{"$error":"#VALUE!"},{"$error":"#VALUE!"},{"$error":"#VALUE!"},{"$error":"#VALUE!"},{"$error":"#VALUE!"},{"$error":"#VALUE!"},{"$error":"#VALUE!"},{"$error":"#VALUE!"},{"$error":"#VALUE!"},{"$error":"#VALUE!"},{"$error":"#VALUE!"},{"$error":"#VALUE!"},{"$error":"#VALUE!"},{"$error":"#VALUE!"},{"$error":"#VALUE!"},{"$error":"#VALUE!"},{"$error":"#VALUE!"},{"$error":"#VALUE!"},{"$error":"#VALUE!"},{"$error":"#VALUE!"},{"$error":"#VALUE!"},{"$f":"SUM(DR292,System2!DR292,System3!DR292)","v":{"$error":"#VALUE!"}},{"$f":"DT$40","v":{"$error":"#VALUE!"}},{"$f":"DU$40","v":{"$error":"#VALUE!"}},{"$f":"DV$40","v":0},{"$f":"DW$40","v":{"$error":"#VALUE!"}},{"$error":"#VALUE!"},{"$error":"#VALUE!"},{"$error":"#VALUE!"},0,0,0,0,0,{"$error":"#VALUE!"},{"$f":"SUM(EF292,System2!EF292,System3!EF292)","v":{"$error":"#VALUE!"}},{"$error":"#VALUE!"},{"$error":"#VALUE!"},{"$error":"#VALUE!"},{"$error":"#VALUE!"},{"$error":"#VALUE!"},{"$error":"#VALUE!"},{"$error":"#VALUE!"},{"$error":"#VALUE!"},{"$error":"#VALUE!"},{"$error":"#VALUE!"},{"$error":"#VALUE!"},{"$error":"#VALUE!"},{"$error":"#VALUE!"},{"$error":"#VALUE!"},{"$error":"#VALUE!"},{"$error":"#VALUE!"},{"$error":"#VALUE!"},{"$error":"#VALUE!"},{"$error":"#VALUE!"},{"$error":"#VALUE!"},{"$error":"#VALUE!"},{"$error":"#VALUE!"},{"$error":"#VALUE!"},{"$error":"#VALUE!"},{"$error":"#VALUE!"},{"$error":"#VALUE!"},{"$f":"SUM(FG292,System2!FG292,System3!FG292)","v":{"$error":"#VALUE!"}},0,0,0,0,{"$error":"#VALUE!"},{"$error":"#VALUE!"},{"$error":"#VALUE!"},{"$error":"#VALUE!"},{"$error":"#VALUE!"},{"$error":"#VALUE!"},{"$error":"#VALUE!"},{"$error":"#VALUE!"},{"$error":"#VALUE!"},{"$error":"#VALUE!"},{"$error":"#VALUE!"},{"$error":"#VALUE!"},{"$error":"#VALUE!"},{"$error":"#VALUE!"},{"$error":"#VALUE!"},{"$error":"#VALUE!"},{"$error":"#VALUE!"},{"$error":"#VALUE!"},{"$error":"#VALUE!"},{"$error":"#VALUE!"},{"$f":"$GG$31*WaterFittings!BO267","v":{"$error":"#VALUE!"}},{"$f":"$GH$31*WaterFittings!BP267","v":{"$error":"#VALUE!"}},{"$f":"$GI$31*WaterFittings!BQ267","v":0},{"$f":"GJ$31*AirCond!BD266","v":{"$error":"#VALUE!"}},{"$f":"GK$31*AirCond!BE266","v":{"$error":"#VALUE!"}},{"$f":"GL$31*AirCond!BF266","v":{"$error":"#VALUE!"}},{"$f":"GM$31*AirCond!BG266","v":{"$error":"#VALUE!"}},{"$f":"GN$31*WaterFittings!BS267","v":0},{"$f":"GO$31*WaterFittings!BT267","v":0},{"$f":"GP$31*WaterFittings!BU267","v":0}]
[null,null,262,0,0,{"$error":"#VALUE!"},{"$error":"#VALUE!"},{"$error":"#VALUE!"},{"$error":"#VALUE!"},{"$error":"#VALUE!"},{"$error":"#VALUE!"},{"$error":"#VALUE!"},{"$error":"#VALUE!"},{"$error":"#VALUE!"},{"$error":"#VALUE!"},null,{"$error":"#VALUE!"},{"$error":"#VALUE!"},{"$error":"#VALUE!"},{"$error":"#VALUE!"},{"$error":"#VALUE!"},null,{"$error":"#VALUE!"},{"$error":"#VALUE!"},{"$error":"#VALUE!"},{"$error":"#VALUE!"},{"$error":"#VALUE!"},null,10,{"$f":"SUM(SUMPRODUCT(AF$20:AJ$20,Q293:U293),SUMPRODUCT(AF$20:AJ$20,System2!Q293:U293),SUMPRODUCT(AF$20:AJ$20,System3!Q293:U293))","v":{"$error":"#VALUE!"}},{"$f":"SUM(SUMPRODUCT(AF$21:AJ$21,W293:AA293),SUMPRODUCT(AF$21:AJ$21,System2!W293:AA293),SUMPRODUCT(AF$21:AJ$21,System3!W293:AA293))","v":{"$error":"#VALUE!"}},{"$f":"WaterFittings!BN268","v":{"$error":"#VALUE!"}},{"$error":"#VALUE!"},{"$error":"#VALUE!"},{"$f":"MIN(AirCond!BL267,P$21)","v":0},{"$error":"#VALUE!"},{"$f":"MIN(ROUNDDOWN(AJ293-FH293,0),ROUNDDOWN(P$21*0.3,0),ROUNDDOWN(SUM(SUMPRODUCT(I$4:I$15,L$4:L$15),SUMPRODUCT(System2!I$4:I$15,System2!L$4:L$15),SUMPRODUCT(System3!I$4:I$15,System3!L$4:L$15))*0.3,0))","v":{"$error":"#VALUE!"}},0,{"$error":"#VALUE!"},{"$error":"#VALUE!"},{"$error":"#VALUE!"},0,{"$error":"#VALUE!"},{"$error":"#VALUE!"},{"$error":"#VALUE!"},0,null,null,null,0,0,0,0,null,{"$error":"#VALUE!"},{"$error":"#VALUE!"},{"$error":"#VALUE!"},{"$error":"#VALUE!"},{"$error":"#VALUE!"},{"$error":"#VALUE!"},{"$error":"#VALUE!"},{"$error":"#VALUE!"},{"$error":"#VALUE!"},0,{"$error":"#VALUE!"},{"$error":"#VALUE!"},{"$error":"#VALUE!"},{"$error":"#VALUE!"},{"$error":"#VALUE!"},{"$error":"#VALUE!"},{"$error":"#VALUE!"},{"$error":"#VALUE!"},{"$error":"#VALUE!"},{"$error":"#VALUE!"},{"$error":"#VALUE!"},{"$error":"#VALUE!"},{"$error":"#VALUE!"},{"$error":"#VALUE!"},{"$error":"#VALUE!"},{"$error":"#VALUE!"},{"$error":"#VALUE!"},{"$error":"#VALUE!"},{"$error":"#VALUE!"},{"$error":"#VALUE!"},{"$error":"#VALUE!"},{"$error":"#VALUE!"},{"$error":"#VALUE!"},{"$error":"#VALUE!"},{"$error":"#VALUE!"},{"$error":"#VALUE!"},{"$error":"#VALUE!"},{"$error":"#VALUE!"},{"$error":"#VALUE!"},{"$error":"#VALUE!"},{"$error":"#VALUE!"},{"$f":"SUM(CQ293,System2!CQ293,System3!CQ293)","v":{"$error":"#VALUE!"}},{"$error":"#VALUE!"},{"$error":"#VALUE!"},{"$error":"#VALUE!"},{"$error":"#VALUE!"},{"$error":"#VALUE!"},{"$error":"#VALUE!"},{"$error":"#VALUE!"},{"$error":"#VALUE!"},{"$error":"#VALUE!"},{"$error":"#VALUE!"},{"$error":"#VALUE!"},{"$error":"#VALUE!"},{"$error":"#VALUE!"},{"$error":"#VALUE!"},{"$error":"#VALUE!"},{"$error":"#VALUE!"},{"$error":"#VALUE!"},{"$error":"#VALUE!"},{"$error":"#VALUE!"},{"$error":"#VALUE!"},{"$error":"#VALUE!"},{"$error":"#VALUE!"},{"$error":"#VALUE!"},{"$error":"#VALUE!"},{"$error":"#VALUE!"},{"$error":"#VALUE!"},{"$f":"SUM(DR293,System2!DR293,System3!DR293)","v":{"$error":"#VALUE!"}},{"$f":"DT$41","v":{"$error":"#VALUE!"}},{"$f":"DU$41","v":{"$error":"#VALUE!"}},{"$f":"DV$41","v":0},{"$f":"DW$41","v":{"$error":"#VALUE!"}},{"$error":"#VALUE!"},{"$error":"#VALUE!"},{"$error":"#VALUE!"},0,0,0,0,0,{"$error":"#VALUE!"},{"$f":"SUM(EF293,System2!EF293,System3!EF293)","v":{"$error":"#VALUE!"}},{"$error":"#VALUE!"},{"$error":"#VALUE!"},{"$error":"#VALUE!"},{"$error":"#VALUE!"},{"$error":"#VALUE!"},{"$error":"#VALUE!"},{"$error":"#VALUE!"},{"$error":"#VALUE!"},{"$error":"#VALUE!"},{"$error":"#VALUE!"},{"$error":"#VALUE!"},{"$error":"#VALUE!"},{"$error":"#VALUE!"},{"$error":"#VALUE!"},{"$error":"#VALUE!"},{"$error":"#VALUE!"},{"$error":"#VALUE!"},{"$error":"#VALUE!"},{"$error":"#VALUE!"},{"$error":"#VALUE!"},{"$error":"#VALUE!"},{"$error":"#VALUE!"},{"$error":"#VALUE!"},{"$error":"#VALUE!"},{"$error":"#VALUE!"},{"$error":"#VALUE!"},{"$f":"SUM(FG293,System2!FG293,System3!FG293)","v":{"$error":"#VALUE!"}},0,0,0,0,{"$error":"#VALUE!"},{"$error":"#VALUE!"},{"$error":"#VALUE!"},{"$error":"#VALUE!"},{"$error":"#VALUE!"},{"$error":"#VALUE!"},{"$error":"#VALUE!"},{"$error":"#VALUE!"},{"$error":"#VALUE!"},{"$error":"#VALUE!"},{"$error":"#VALUE!"},{"$error":"#VALUE!"},{"$error":"#VALUE!"},{"$error":"#VALUE!"},{"$error":"#VALUE!"},{"$error":"#VALUE!"},{"$error":"#VALUE!"},{"$error":"#VALUE!"},{"$error":"#VALUE!"},{"$error":"#VALUE!"},{"$f":"$GG$31*WaterFittings!BO268","v":{"$error":"#VALUE!"}},{"$f":"$GH$31*WaterFittings!BP268","v":{"$error":"#VALUE!"}},{"$f":"$GI$31*WaterFittings!BQ268","v":0},{"$f":"GJ$31*AirCond!BD267","v":{"$error":"#VALUE!"}},{"$f":"GK$31*AirCond!BE267","v":{"$error":"#VALUE!"}},{"$f":"GL$31*AirCond!BF267","v":{"$error":"#VALUE!"}},{"$f":"GM$31*AirCond!BG267","v":{"$error":"#VALUE!"}},{"$f":"GN$31*WaterFittings!BS268","v":0},{"$f":"GO$31*WaterFittings!BT268","v":0},{"$f":"GP$31*WaterFittings!BU268","v":0}]
[null,null,263,97,0,{"$error":"#VALUE!"},{"$error":"#VALUE!"},{"$error":"#VALUE!"},{"$error":"#VALUE!"},{"$error":"#VALUE!"},{"$error":"#VALUE!"},{"$error":"#VALUE!"},{"$error":"#VALUE!"},{"$error":"#VALUE!"},{"$error":"#VALUE!"},null,{"$error":"#VALUE!"},{"$error":"#VALUE!"},{"$error":"#VALUE!"},{"$error":"#VALUE!"},{"$error":"#VALUE!"},null,{"$error":"#VALUE!"},{"$error":"#VALUE!"},{"$error":"#VALUE!"},{"$error":"#VALUE!"},{"$error":"#VALUE!"},null,11,{"$f":"SUM(SUMPRODUCT(AF$20:AJ$20,Q294:U294),SUMPRODUCT(AF$20:AJ$20,System2!Q294:U294),SUMPRODUCT(AF$20:AJ$20,System3!Q294:U294))","v":{"$error":"#VALUE!"}},{"$f":"SUM(SUMPRODUCT(AF$21:AJ$21,W294:AA294),SUMPRODUCT(AF$21:AJ$21,System2!W294:AA294),SUMPRODUCT(AF$21:AJ$21,System3!W294:AA294))","v":{"$error":"#VALUE!"}},{"$f":"WaterFittings!BN269","v":{"$error":"#VALUE!"}},{"$error":"#VALUE!"},{"$error":"#VALUE!"},{"$f":"MIN(AirCond!BL268,P$21)","v":0},{"$error":"#VALUE!"},{"$f":"MIN(ROUNDDOWN(AJ294-FH294,0),ROUNDDOWN(P$21*0.3,0),ROUNDDOWN(SUM(SUMPRODUCT(I$4:I$15,L$4:L$15),SUMPRODUCT(System2!I$4:I$15,System2!L$4:L$15),SUMPRODUCT(System3!I$4:I$15,System3!L$4:L$15))*0.3,0))","v":{"$error":"#VALUE!"}},0,{"$error":"#VALUE!"},{"$error":"#VALUE!"},{"$error":"#VALUE!"},0,{"$error":"#VALUE!"},{"$error":"#VALUE!"},{"$error":"#VALUE!"},0,null,null,null,0,0,0,0,null,{"$error":"#VALUE!"},{"$error":"#VALUE!"},{"$error":"#VALUE!"},{"$error":"#VALUE!"},{"$error":"#VALUE!"},{"$error":"#VALUE!"},{"$error":"#VALUE!"},{"$error":"#VALUE!"},{"$error":"#VALUE!"},0,{"$error":"#VALUE!"},{"$error":"#VALUE!"},{"$error":"#VALUE!"},{"$error":"#VALUE!"},{"$error":"#VALUE!"},{"$error":"#VALUE!"},{"$error":"#VALUE!"},{"$error":"#VALUE!"},{"$error":"#VALUE!"},{"$error":"#VALUE!"},{"$error":"#VALUE!"},{"$error":"#VALUE!"},{"$error":"#VALUE!"},{"$error":"#VALUE!"},{"$error":"#VALUE!"},{"$error":"#VALUE!"},{"$error":"#VALUE!"},{"$error":"#VALUE!"},{"$error":"#VALUE!"},{"$error":"#VALUE!"},{"$error":"#VALUE!"},{"$error":"#VALUE!"},{"$error":"#VALUE!"},{"$error":"#VALUE!"},{"$error":"#VALUE!"},{"$error":"#VALUE!"},{"$error":"#VALUE!"},{"$error":"#VALUE!"},{"$error":"#VALUE!"},{"$error":"#VALUE!"},{"$error":"#VALUE!"},{"$f":"SUM(CQ294,System2!CQ294,System3!CQ294)","v":{"$error":"#VALUE!"}},{"$error":"#VALUE!"},{"$error":"#VALUE!"},{"$error":"#VALUE!"},{"$error":"#VALUE!"},{"$error":"#VALUE!"},{"$error":"#VALUE!"},{"$error":"#VALUE!"},{"$error":"#VALUE!"},{"$error":"#VALUE!"},{"$error":"#VALUE!"},{"$error":"#VALUE!"},{"$error":"#VALUE!"},{"$error":"#VALUE!"},{"$error":"#VALUE!"},{"$error":"#VALUE!"},{"$error":"#VALUE!"},{"$error":"#VALUE!"},{"$error":"#VALUE!"},{"$error":"#VALUE!"},{"$error":"#VALUE!"},{"$error":"#VALUE!"},{"$error":"#VALUE!"},{"$error":"#VALUE!"},{"$error":"#VALUE!"},{"$error":"#VALUE!"},{"$error":"#VALUE!"},{"$f":"SUM(DR294,System2!DR294,System3!DR294)","v":{"$error":"#VALUE!"}},{"$f":"DT$42","v":{"$error":"#VALUE!"}},{"$f":"DU$42","v":{"$error":"#VALUE!"}},{"$f":"DV$42","v":0},{"$f":"DW$42","v":{"$error":"#VALUE!"}},{"$error":"#VALUE!"},{"$error":"#VALUE!"},{"$error":"#VALUE!"},0,0,0,0,0,{"$error":"#VALUE!"},{"$f":"SUM(EF294,System2!EF294,System3!EF294)","v":{"$error":"#VALUE!"}},{"$error":"#VALUE!"},{"$error":"#VALUE!"},{"$error":"#VALUE!"},{"$error":"#VALUE!"},{"$error":"#VALUE!"},{"$error":"#VALUE!"},{"$error":"#VALUE!"},{"$error":"#VALUE!"},{"$error":"#VALUE!"},{"$error":"#VALUE!"},{"$error":"#VALUE!"},{"$error":"#VALUE!"},{"$error":"#VALUE!"},{"$error":"#VALUE!"},{"$error":"#VALUE!"},{"$error":"#VALUE!"},{"$error":"#VALUE!"},{"$error":"#VALUE!"},{"$error":"#VALUE!"},{"$error":"#VALUE!"},{"$error":"#VALUE!"},{"$error":"#VALUE!"},{"$error":"#VALUE!"},{"$error":"#VALUE!"},{"$error":"#VALUE!"},{"$error":"#VALUE!"},{"$f":"SUM(FG294,System2!FG294,System3!FG294)","v":{"$error":"#VALUE!"}},0,0,0,0,{"$error":"#VALUE!"},{"$error":"#VALUE!"},{"$error":"#VALUE!"},{"$error":"#VALUE!"},{"$error":"#VALUE!"},{"$error":"#VALUE!"},{"$error":"#VALUE!"},{"$error":"#VALUE!"},{"$error":"#VALUE!"},{"$error":"#VALUE!"},{"$error":"#VALUE!"},{"$error":"#VALUE!"},{"$error":"#VALUE!"},{"$error":"#VALUE!"},{"$error":"#VALUE!"},{"$error":"#VALUE!"},{"$error":"#VALUE!"},{"$error":"#VALUE!"},{"$error":"#VALUE!"},{"$error":"#VALUE!"},{"$f":"$GG$31*WaterFittings!BO269","v":{"$error":"#VALUE!"}},{"$f":"$GH$31*WaterFittings!BP269","v":{"$error":"#VALUE!"}},{"$f":"$GI$31*WaterFittings!BQ269","v":0},{"$f":"GJ$31*AirCond!BD268","v":{"$error":"#VALUE!"}},{"$f":"GK$31*AirCond!BE268","v":{"$error":"#VALUE!"}},{"$f":"GL$31*AirCond!BF268","v":{"$error":"#VALUE!"}},{"$f":"GM$31*AirCond!BG268","v":{"$error":"#VALUE!"}},{"$f":"GN$31*WaterFittings!BS269","v":0},{"$f":"GO$31*WaterFittings!BT269","v":0},{"$f":"GP$31*WaterFittings!BU269","v":0}]
[null,null,264,94,0,{"$error":"#VALUE!"},{"$error":"#VALUE!"},{"$error":"#VALUE!"},{"$error":"#VALUE!"},{"$error":"#VALUE!"},{"$error":"#VALUE!"},{"$error":"#VALUE!"},{"$error":"#VALUE!"},{"$error":"#VALUE!"},{"$error":"#VALUE!"},null,{"$error":"#VALUE!"},{"$error":"#VALUE!"},{"$error":"#VALUE!"},{"$error":"#VALUE!"},{"$error":"#VALUE!"},null,{"$error":"#VALUE!"},{"$error":"#VALUE!"},{"$error":"#VALUE!"},{"$error":"#VALUE!"},{"$error":"#VALUE!"},null,12,{"$f":"SUM(SUMPRODUCT(AF$20:AJ$20,Q295:U295),SUMPRODUCT(AF$20:AJ$20,System2!Q295:U295),SUMPRODUCT(AF$20:AJ$20,System3!Q295:U295))","v":{"$error":"#VALUE!"}},{"$f":"SUM(SUMPRODUCT(AF$21:AJ$21,W295:AA295),SUMPRODUCT(AF$21:AJ$21,System2!W295:AA295),SUMPRODUCT(AF$21:AJ$21,System3!W295:AA295))","v":{"$error":"#VALUE!"}},{"$f":"WaterFittings!BN270","v":{"$error":"#VALUE!"}},{"$error":"#VALUE!"},{"$error":"#VALUE!"},{"$f":"MIN(AirCond!BL269,P$21)","v":0},{"$error":"#VALUE!"},{"$f":"MIN(ROUNDDOWN(AJ295-FH295,0),ROUNDDOWN(P$21*0.3,0),ROUNDDOWN(SUM(SUMPRODUCT(I$4:I$15,L$4:L$15),SUMPRODUCT(System2!I$4:I$15,System2!L$4:L$15),SUMPRODUCT(System3!I$4:I$15,System3!L$4:L$15))*0.3,0))","v":{"$error":"#VALUE!"}},0,{"$error":"#VALUE!"},{"$error":"#VALUE!"},{"$error":"#VALUE!"},0,{"$error":"#VALUE!"},{"$error":"#VALUE!"},{"$error":"#VALUE!"},0,null,null,null,0,0,0,0,null,{"$error":"#VALUE!"},{"$error":"#VALUE!"},{"$error":"#VALUE!"},{"$error":"#VALUE!"},{"$error":"#VALUE!"},{"$error":"#VALUE!"},{"$error":"#VALUE!"},{"$error":"#VALUE!"},{"$error":"#VALUE!"},0,{"$error":"#VALUE!"},{"$error":"#VALUE!"},{"$error":"#VALUE!"},{"$error":"#VALUE!"},{"$error":"#VALUE!"},{"$error":"#VALUE!"},{"$error":"#VALUE!"},{"$error":"#VALUE!"},{"$error":"#VALUE!"},{"$error":"#VALUE!"},{"$error":"#VALUE!"},{"$error":"#VALUE!"},{"$error":"#VALUE!"},{"$error":"#VALUE!"},{"$error":"#VALUE!"},{"$error":"#VALUE!"},{"$error":"#VALUE!"},{"$error":"#VALUE!"},{"$error":"#VALUE!"},{"$error":"#VALUE!"},{"$error":"#VALUE!"},{"$error":"#VALUE!"},{"$error":"#VALUE!"},{"$error":"#VALUE!"},{"$error":"#VALUE!"},{"$error":"#VALUE!"},{"$error":"#VALUE!"},{"$error":"#VALUE!"},{"$error":"#VALUE!"},{"$error":"#VALUE!"},{"$error":"#VALUE!"},{"$f":"SUM(CQ295,System2!CQ295,System3!CQ295)","v":{"$error":"#VALUE!"}},{"$error":"#VALUE!"},{"$error":"#VALUE!"},{"$error":"#VALUE!"},{"$error":"#VALUE!"},{"$error":"#VALUE!"},{"$error":"#VALUE!"},{"$error":"#VALUE!"},{"$error":"#VALUE!"},{"$error":"#VALUE!"},{"$error":"#VALUE!"},{"$error":"#VALUE!"},{"$error":"#VALUE!"},{"$error":"#VALUE!"},{"$error":"#VALUE!"},{"$error":"#VALUE!"},{"$error":"#VALUE!"},{"$error":"#VALUE!"},{"$error":"#VALUE!"},{"$error":"#VALUE!"},{"$error":"#VALUE!"},{"$error":"#VALUE!"},{"$error":"#VALUE!"},{"$error":"#VALUE!"},{"$error":"#VALUE!"},{"$error":"#VALUE!"},{"$error":"#VALUE!"},{"$f":"SUM(DR295,System2!DR295,System3!DR295)","v":{"$error":"#VALUE!"}},{"$f":"DT$43","v":{"$error":"#VALUE!"}},{"$f":"DU$43","v":{"$error":"#VALUE!"}},{"$f":"DV$43","v":0},{"$f":"DW$43","v":{"$error":"#VALUE!"}},{"$error":"#VALUE!"},{"$error":"#VALUE!"},{"$error":"#VALUE!"},0,0,0,0,0,{"$error":"#VALUE!"},{"$f":"SUM(EF295,System2!EF295,System3!EF295)","v":{"$error":"#VALUE!"}},{"$error":"#VALUE!"},{"$error":"#VALUE!"},{"$error":"#VALUE!"},{"$error":"#VALUE!"},{"$error":"#VALUE!"},{"$error":"#VALUE!"},{"$error":"#VALUE!"},{"$error":"#VALUE!"},{"$error":"#VALUE!"},{"$error":"#VALUE!"},{"$error":"#VALUE!"},{"$error":"#VALUE!"},{"$error":"#VALUE!"},{"$error":"#VALUE!"},{"$error":"#VALUE!"},{"$error":"#VALUE!"},{"$error":"#VALUE!"},{"$error":"#VALUE!"},{"$error":"#VALUE!"},{"$error":"#VALUE!"},{"$error":"#VALUE!"},{"$error":"#VALUE!"},{"$error":"#VALUE!"},{"$error":"#VALUE!"},{"$error":"#VALUE!"},{"$error":"#VALUE!"},{"$f":"SUM(FG295,System2!FG295,System3!FG295)","v":{"$error":"#VALUE!"}},0,0,0,0,{"$error":"#VALUE!"},{"$error":"#VALUE!"},{"$error":"#VALUE!"},{"$error":"#VALUE!"},{"$error":"#VALUE!"},{"$error":"#VALUE!"},{"$error":"#VALUE!"},{"$error":"#VALUE!"},{"$error":"#VALUE!"},{"$error":"#VALUE!"},{"$error":"#VALUE!"},{"$error":"#VALUE!"},{"$error":"#VALUE!"},{"$error":"#VALUE!"},{"$error":"#VALUE!"},{"$error":"#VALUE!"},{"$error":"#VALUE!"},{"$error":"#VALUE!"},{"$error":"#VALUE!"},{"$error":"#VALUE!"},{"$f":"$GG$31*WaterFittings!BO270","v":{"$error":"#VALUE!"}},{"$f":"$GH$31*WaterFittings!BP270","v":{"$error":"#VALUE!"}},{"$f":"$GI$31*WaterFittings!BQ270","v":0},{"$f":"GJ$31*AirCond!BD269","v":{"$error":"#VALUE!"}},{"$f":"GK$31*AirCond!BE269","v":{"$error":"#VALUE!"}},{"$f":"GL$31*AirCond!BF269","v":{"$error":"#VALUE!"}},{"$f":"GM$31*AirCond!BG269","v":{"$error":"#VALUE!"}},{"$f":"GN$31*WaterFittings!BS270","v":0},{"$f":"GO$31*WaterFittings!BT270","v":0},{"$f":"GP$31*WaterFittings!BU270","v":0}]
[null,null,265,17.5,0,{"$error":"#VALUE!"},{"$error":"#VALUE!"},{"$error":"#VALUE!"},{"$error":"#VALUE!"},{"$error":"#VALUE!"},{"$error":"#VALUE!"},{"$error":"#VALUE!"},{"$error":"#VALUE!"},{"$error":"#VALUE!"},{"$error":"#VALUE!"},null,{"$error":"#VALUE!"},{"$error":"#VALUE!"},{"$error":"#VALUE!"},{"$error":"#VALUE!"},{"$error":"#VALUE!"},null,{"$error":"#VALUE!"},{"$error":"#VALUE!"},{"$error":"#VALUE!"},{"$error":"#VALUE!"},{"$error":"#VALUE!"},null,13,{"$f":"SUM(SUMPRODUCT(AF$20:AJ$20,Q296:U296),SUMPRODUCT(AF$20:AJ$20,System2!Q296:U296),SUMPRODUCT(AF$20:AJ$20,System3!Q296:U296))","v":{"$error":"#VALUE!"}},{"$f":"SUM(SUMPRODUCT(AF$21:AJ$21,W296:AA296),SUMPRODUCT(AF$21:AJ$21,System2!W296:AA296),SUMPRODUCT(AF$21:AJ$21,System3!W296:AA296))","v":{"$error":"#VALUE!"}},{"$f":"WaterFittings!BN271","v":{"$error":"#VALUE!"}},{"$error":"#VALUE!"},{"$error":"#VALUE!"},{"$f":"MIN(AirCond!BL270,P$21)","v":0},{"$error":"#VALUE!"},{"$f":"MIN(ROUNDDOWN(AJ296-FH296,0),ROUNDDOWN(P$21*0.3,0),ROUNDDOWN(SUM(SUMPRODUCT(I$4:I$15,L$4:L$15),SUMPRODUCT(System2!I$4:I$15,System2!L$4:L$15),SUMPRODUCT(System3!I$4:I$15,System3!L$4:L$15))*0.3,0))","v":{"$error":"#VALUE!"}},0,{"$error":"#VALUE!"},{"$error":"#VALUE!"},{"$error":"#VALUE!"},0,{"$error":"#VALUE!"},{"$error":"#VALUE!"},{"$error":"#VALUE!"},0,null,null,null,0,0,0,0,null,{"$error":"#VALUE!"},{"$error":"#VALUE!"},{"$error":"#VALUE!"},{"$error":"#VALUE!"},{"$error":"#VALUE!"},{"$error":"#VALUE!"},{"$error":"#VALUE!"},{"$error":"#VALUE!"},{"$error":"#VALUE!"},0,{"$error":"#VALUE!"},{"$error":"#VALUE!"},{"$error":"#VALUE!"},{"$error":"#VALUE!"},{"$error":"#VALUE!"},{"$error":"#VALUE!"},{"$error":"#VALUE!"},{"$error":"#VALUE!"},{"$error":"#VALUE!"},{"$error":"#VALUE!"},{"$error":"#VALUE!"},{"$error":"#VALUE!"},{"$error":"#VALUE!"},{"$error":"#VALUE!"},{"$error":"#VALUE!"},{"$error":"#VALUE!"},{"$error":"#VALUE!"},{"$error":"#VALUE!"},{"$error":"#VALUE!"},{"$error":"#VALUE!"},{"$error":"#VALUE!"},{"$error":"#VALUE!"},{"$error":"#VALUE!"},{"$error":"#VALUE!"},{"$error":"#VALUE!"},{"$error":"#VALUE!"},{"$error":"#VALUE!"},{"$error":"#VALUE!"},{"$error":"#VALUE!"},{"$error":"#VALUE!"},{"$error":"#VALUE!"},{"$f":"SUM(CQ296,System2!CQ296,System3!CQ296)","v":{"$error":"#VALUE!"}},{"$error":"#VALUE!"},{"$error":"#VALUE!"},{"$error":"#VALUE!"},{"$error":"#VALUE!"},{"$error":"#VALUE!"},{"$error":"#VALUE!"},{"$error":"#VALUE!"},{"$error":"#VALUE!"},{"$error":"#VALUE!"},{"$error":"#VALUE!"},{"$error":"#VALUE!"},{"$error":"#VALUE!"},{"$error":"#VALUE!"},{"$error":"#VALUE!"},{"$error":"#VALUE!"},{"$error":"#VALUE!"},{"$error":"#VALUE!"},{"$error":"#VALUE!"},{"$error":"#VALUE!"},{"$error":"#VALUE!"},{"$error":"#VALUE!"},{"$error":"#VALUE!"},{"$error":"#VALUE!"},{"$error":"#VALUE!"},{"$error":"#VALUE!"},{"$error":"#VALUE!"},{"$f":"SUM(DR296,System2!DR296,System3!DR296)","v":{"$error":"#VALUE!"}},{"$f":"DT$44","v":{"$error":"#VALUE!"}},{"$f":"DU$44","v":{"$error":"#VALUE!"}},{"$f":"DV$44","v":0},{"$f":"DW$44","v":{"$error":"#VALUE!"}},{"$error":"#VALUE!"},{"$error":"#VALUE!"},{"$error":"#VALUE!"},0,0,0,0,0,{"$error":"#VALUE!"},{"$f":"SUM(EF296,System2!EF296,System3!EF296)","v":{"$error":"#VALUE!"}},{"$error":"#VALUE!"},{"$error":"#VALUE!"},{"$error":"#VALUE!"},{"$error":"#VALUE!"},{"$error":"#VALUE!"},{"$error":"#VALUE!"},{"$error":"#VALUE!"},{"$error":"#VALUE!"},{"$error":"#VALUE!"},{"$error":"#VALUE!"},{"$error":"#VALUE!"},{"$error":"#VALUE!"},{"$error":"#VALUE!"},{"$error":"#VALUE!"},{"$error":"#VALUE!"},{"$error":"#VALUE!"},{"$error":"#VALUE!"},{"$error":"#VALUE!"},{"$error":"#VALUE!"},{"$error":"#VALUE!"},{"$error":"#VALUE!"},{"$error":"#VALUE!"},{"$error":"#VALUE!"},{"$error":"#VALUE!"},{"$error":"#VALUE!"},{"$error":"#VALUE!"},{"$f":"SUM(FG296,System2!FG296,System3!FG296)","v":{"$error":"#VALUE!"}},0,0,0,0,{"$error":"#VALUE!"},{"$error":"#VALUE!"},{"$error":"#VALUE!"},{"$error":"#VALUE!"},{"$error":"#VALUE!"},{"$error":"#VALUE!"},{"$error":"#VALUE!"},{"$error":"#VALUE!"},{"$error":"#VALUE!"},{"$error":"#VALUE!"},{"$error":"#VALUE!"},{"$error":"#VALUE!"},{"$error":"#VALUE!"},{"$error":"#VALUE!"},{"$error":"#VALUE!"},{"$error":"#VALUE!"},{"$error":"#VALUE!"},{"$error":"#VALUE!"},{"$error":"#VALUE!"},{"$error":"#VALUE!"},{"$f":"$GG$31*WaterFittings!BO271","v":{"$error":"#VALUE!"}},{"$f":"$GH$31*WaterFittings!BP271","v":{"$error":"#VALUE!"}},{"$f":"$GI$31*WaterFittings!BQ271","v":0},{"$f":"GJ$31*AirCond!BD270","v":{"$error":"#VALUE!"}},{"$f":"GK$31*AirCond!BE270","v":{"$error":"#VALUE!"}},{"$f":"GL$31*AirCond!BF270","v":{"$error":"#VALUE!"}},{"$f":"GM$31*AirCond!BG270","v":{"$error":"#VALUE!"}},{"$f":"GN$31*WaterFittings!BS271","v":0},{"$f":"GO$31*WaterFittings!BT271","v":0},{"$f":"GP$31*WaterFittings!BU271","v":0}]
[null,null,266,19,0,{"$error":"#VALUE!"},{"$error":"#VALUE!"},{"$error":"#VALUE!"},{"$error":"#VALUE!"},{"$error":"#VALUE!"},{"$error":"#VALUE!"},{"$error":"#VALUE!"},{"$error":"#VALUE!"},{"$error":"#VALUE!"},{"$error":"#VALUE!"},null,{"$error":"#VALUE!"},{"$error":"#VALUE!"},{"$error":"#VALUE!"},{"$error":"#VALUE!"},{"$error":"#VALUE!"},null,{"$error":"#VALUE!"},{"$error":"#VALUE!"},{"$error":"#VALUE!"},{"$error":"#VALUE!"},{"$error":"#VALUE!"},null,14,{"$f":"SUM(SUMPRODUCT(AF$20:AJ$20,Q297:U297),SUMPRODUCT(AF$20:AJ$20,System2!Q297:U297),SUMPRODUCT(AF$20:AJ$20,System3!Q297:U297))","v":{"$error":"#VALUE!"}},{"$f":"SUM(SUMPRODUCT(AF$21:AJ$21,W297:AA297),SUMPRODUCT(AF$21:AJ$21,System2!W297:AA297),SUMPRODUCT(AF$21:AJ$21,System3!W297:AA297))","v":{"$error":"#VALUE!"}},{"$f":"WaterFittings!BN272","v":{"$error":"#VALUE!"}},{"$error":"#VALUE!"},{"$error":"#VALUE!"},{"$f":"MIN(AirCond!BL271,P$21)","v":0},{"$error":"#VALUE!"},{"$f":"MIN(ROUNDDOWN(AJ297-FH297,0),ROUNDDOWN(P$21*0.3,0),ROUNDDOWN(SUM(SUMPRODUCT(I$4:I$15,L$4:L$15),SUMPRODUCT(System2!I$4:I$15,System2!L$4:L$15),SUMPRODUCT(System3!I$4:I$15,System3!L$4:L$15))*0.3,0))","v":{"$error":"#VALUE!"}},0,{"$error":"#VALUE!"},{"$error":"#VALUE!"},{"$error":"#VALUE!"},0,{"$error":"#VALUE!"},{"$error":"#VALUE!"},{"$error":"#VALUE!"},0,null,null,null,0,0,0,0,null,{"$error":"#VALUE!"},{"$error":"#VALUE!"},{"$error":"#VALUE!"},{"$error":"#VALUE!"},{"$error":"#VALUE!"},{"$error":"#VALUE!"},{"$error":"#VALUE!"},{"$error":"#VALUE!"},{"$error":"#VALUE!"},0,{"$error":"#VALUE!"},{"$error":"#VALUE!"},{"$error":"#VALUE!"},{"$error":"#VALUE!"},{"$error":"#VALUE!"},{"$error":"#VALUE!"},{"$error":"#VALUE!"},{"$error":"#VALUE!"},{"$error":"#VALUE!"},{"$error":"#VALUE!"},{"$error":"#VALUE!"},{"$error":"#VALUE!"},{"$error":"#VALUE!"},{"$error":"#VALUE!"},{"$error":"#VALUE!"},{"$error":"#VALUE!"},{"$error":"#VALUE!"},{"$error":"#VALUE!"},{"$error":"#VALUE!"},{"$error":"#VALUE!"},{"$error":"#VALUE!"},{"$error":"#VALUE!"},{"$error":"#VALUE!"},{"$error":"#VALUE!"},{"$error":"#VALUE!"},{"$error":"#VALUE!"},{"$error":"#VALUE!"},{"$error":"#VALUE!"},{"$error":"#VALUE!"},{"$error":"#VALUE!"},{"$error":"#VALUE!"},{"$f":"SUM(CQ297,System2!CQ297,System3!CQ297)","v":{"$error":"#VALUE!"}},{"$error":"#VALUE!"},{"$error":"#VALUE!"},{"$error":"#VALUE!"},{"$error":"#VALUE!"},{"$error":"#VALUE!"},{"$error":"#VALUE!"},{"$error":"#VALUE!"},{"$error":"#VALUE!"},{"$error":"#VALUE!"},{"$error":"#VALUE!"},{"$error":"#VALUE!"},{"$error":"#VALUE!"},{"$error":"#VALUE!"},{"$error":"#VALUE!"},{"$error":"#VALUE!"},{"$error":"#VALUE!"},{"$error":"#VALUE!"},{"$error":"#VALUE!"},{"$error":"#VALUE!"},{"$error":"#VALUE!"},{"$error":"#VALUE!"},{"$error":"#VALUE!"},{"$error":"#VALUE!"},{"$error":"#VALUE!"},{"$error":"#VALUE!"},{"$error":"#VALUE!"},{"$f":"SUM(DR297,System2!DR297,System3!DR297)","v":{"$error":"#VALUE!"}},{"$f":"DT$45","v":{"$error":"#VALUE!"}},{"$f":"DU$45","v":{"$error":"#VALUE!"}},{"$f":"DV$45","v":0},{"$f":"DW$45","v":{"$error":"#VALUE!"}},{"$error":"#VALUE!"},{"$error":"#VALUE!"},{"$error":"#VALUE!"},0,0,0,0,0,{"$error":"#VALUE!"},{"$f":"SUM(EF297,System2!EF297,System3!EF297)","v":{"$error":"#VALUE!"}},{"$error":"#VALUE!"},{"$error":"#VALUE!"},{"$error":"#VALUE!"},{"$error":"#VALUE!"},{"$error":"#VALUE!"},{"$error":"#VALUE!"},{"$error":"#VALUE!"},{"$error":"#VALUE!"},{"$error":"#VALUE!"},{"$error":"#VALUE!"},{"$error":"#VALUE!"},{"$error":"#VALUE!"},{"$error":"#VALUE!"},{"$error":"#VALUE!"},{"$error":"#VALUE!"},{"$error":"#VALUE!"},{"$error":"#VALUE!"},{"$error":"#VALUE!"},{"$error":"#VALUE!"},{"$error":"#VALUE!"},{"$error":"#VALUE!"},{"$error":"#VALUE!"},{"$error":"#VALUE!"},{"$error":"#VALUE!"},{"$error":"#VALUE!"},{"$error":"#VALUE!"},{"$f":"SUM(FG297,System2!FG297,System3!FG297)","v":{"$error":"#VALUE!"}},0,0,0,0,{"$error":"#VALUE!"},{"$error":"#VALUE!"},{"$error":"#VALUE!"},{"$error":"#VALUE!"},{"$error":"#VALUE!"},{"$error":"#VALUE!"},{"$error":"#VALUE!"},{"$error":"#VALUE!"},{"$error":"#VALUE!"},{"$error":"#VALUE!"},{"$error":"#VALUE!"},{"$error":"#VALUE!"},{"$error":"#VALUE!"},{"$error":"#VALUE!"},{"$error":"#VALUE!"},{"$error":"#VALUE!"},{"$error":"#VALUE!"},{"$error":"#VALUE!"},{"$error":"#VALUE!"},{"$error":"#VALUE!"},{"$f":"$GG$31*WaterFittings!BO272","v":{"$error":"#VALUE!"}},{"$f":"$GH$31*WaterFittings!BP272","v":{"$error":"#VALUE!"}},{"$f":"$GI$31*WaterFittings!BQ272","v":0},{"$f":"GJ$31*AirCond!BD271","v":{"$error":"#VALUE!"}},{"$f":"GK$31*AirCond!BE271","v":{"$error":"#VALUE!"}},{"$f":"GL$31*AirCond!BF271","v":{"$error":"#VALUE!"}},{"$f":"GM$31*AirCond!BG271","v":{"$error":"#VALUE!"}},{"$f":"GN$31*WaterFittings!BS272","v":0},{"$f":"GO$31*WaterFittings!BT272","v":0},{"$f":"GP$31*WaterFittings!BU272","v":0}]
[null,null,267,0,0,{"$error":"#VALUE!"},{"$error":"#VALUE!"},{"$error":"#VALUE!"},{"$error":"#VALUE!"},{"$error":"#VALUE!"},{"$error":"#VALUE!"},{"$error":"#VALUE!"},{"$error":"#VALUE!"},{"$error":"#VALUE!"},{"$error":"#VALUE!"},null,{"$error":"#VALUE!"},{"$error":"#VALUE!"},{"$error":"#VALUE!"},{"$error":"#VALUE!"},{"$error":"#VALUE!"},null,{"$error":"#VALUE!"},{"$error":"#VALUE!"},{"$error":"#VALUE!"},{"$error":"#VALUE!"},{"$f":"ROUNDDOWN(FF298,0)","v":{"$error":"#VALUE!"}},null,15,{"$f":"SUM(SUMPRODUCT(AF$20:AJ$20,Q298:U298),SUMPRODUCT(AF$20:AJ$20,System2!Q298:U298),SUMPRODUCT(AF$20:AJ$20,System3!Q298:U298))","v":{"$error":"#VALUE!"}},{"$f":"SUM(SUMPRODUCT(AF$21:AJ$21,W298:AA298),SUMPRODUCT(AF$21:AJ$21,System2!W298:AA298),SUMPRODUCT(AF$21:AJ$21,System3!W298:AA298))","v":{"$error":"#VALUE!"}},{"$f":"WaterFittings!BN273","v":{"$error":"#VALUE!"}},{"$error":"#VALUE!"},{"$error":"#VALUE!"},{"$f":"MIN(AirCond!BL272,P$21)","v":0},{"$error":"#VALUE!"},{"$f":"MIN(ROUNDDOWN(AJ298-FH298,0),ROUNDDOWN(P$21*0.3,0),ROUNDDOWN(SUM(SUMPRODUCT(I$4:I$15,L$4:L$15),SUMPRODUCT(System2!I$4:I$15,System2!L$4:L$15),SUMPRODUCT(System3!I$4:I$15,System3!L$4:L$15))*0.3,0))","v":{"$error":"#VALUE!"}},0,{"$error":"#VALUE!"},{"$error":"#VALUE!"},{"$error":"#VALUE!"},0,{"$error":"#VALUE!"},{"$error":"#VALUE!"},{"$error":"#VALUE!"},0,null,null,null,0,0,0,0,null,{"$error":"#VALUE!"},{"$error":"#VALUE!"},{"$error":"#VALUE!"},{"$error":"#VALUE!"},{"$error":"#VALUE!"},{"$error":"#VALUE!"},{"$error":"#VALUE!"},{"$error":"#VALUE!"},{"$error":"#VALUE!"},0,{"$error":"#VALUE!"},{"$error":"#VALUE!"},{"$error":"#VALUE!"},{"$error":"#VALUE!"},{"$error":"#VALUE!"},{"$error":"#VALUE!"},{"$error":"#VALUE!"},{"$error":"#VALUE!"},{"$error":"#VALUE!"},{"$error":"#VALUE!"},{"$error":"#VALUE!"},{"$error":"#VALUE!"},{"$error":"#VALUE!"},{"$error":"#VALUE!"},{"$error":"#VALUE!"},{"$error":"#VALUE!"},{"$error":"#VALUE!"},{"$error":"#VALUE!"},{"$error":"#VALUE!"},{"$error":"#VALUE!"},{"$error":"#VALUE!"},{"$error":"#VALUE!"},{"$error":"#VALUE!"},{"$error":"#VALUE!"},{"$error":"#VALUE!"},{"$error":"#VALUE!"},{"$error":"#VALUE!"},{"$error":"#VALUE!"},{"$error":"#VALUE!"},{"$error":"#VALUE!"},{"$error":"#VALUE!"},{"$f":"SUM(CQ298,System2!CQ298,System3!CQ298)","v":{"$error":"#VALUE!"}},{"$error":"#VALUE!"},{"$error":"#VALUE!"},{"$error":"#VALUE!"},{"$error":"#VALUE!"},{"$error":"#VALUE!"},{"$error":"#VALUE!"},{"$error":"#VALUE!"},{"$error":"#VALUE!"},{"$error":"#VALUE!"},{"$error":"#VALUE!"},{"$error":"#VALUE!"},{"$error":"#VALUE!"},{"$error":"#VALUE!"},{"$error":"#VALUE!"},{"$error":"#VALUE!"},{"$error":"#VALUE!"},{"$error":"#VALUE!"},{"$error":"#VALUE!"},{"$error":"#VALUE!"},{"$error":"#VALUE!"},{"$error":"#VALUE!"},{"$error":"#VALUE!"},{"$error":"#VALUE!"},{"$error":"#VALUE!"},{"$error":"#VALUE!"},{"$error":"#VALUE!"},{"$f":"SUM(DR298,System2!DR298,System3!DR298)","v":{"$error":"#VALUE!"}},{"$f":"DT$46","v":{"$error":"#VALUE!"}},{"$f":"DU$46","v":{"$error":"#VALUE!"}},{"$f":"DV$46","v":0},{"$f":"DW$46","v":{"$error":"#VALUE!"}},{"$error":"#VALUE!"},{"$error":"#VALUE!"},{"$error":"#VALUE!"},0,0,0,0,0,{"$error":"#VALUE!"},{"$f":"SUM(EF298,System2!EF298,System3!EF298)","v":{"$error":"#VALUE!"}},{"$error":"#VALUE!"},{"$error":"#VALUE!"},{"$error":"#VALUE!"},{"$error":"#VALUE!"},{"$error":"#VALUE!"},{"$error":"#VALUE!"},{"$error":"#VALUE!"},{"$error":"#VALUE!"},{"$error":"#VALUE!"},{"$error":"#VALUE!"},{"$error":"#VALUE!"},{"$error":"#VALUE!"},{"$error":"#VALUE!"},{"$error":"#VALUE!"},{"$error":"#VALUE!"},{"$error":"#VALUE!"},{"$error":"#VALUE!"},{"$error":"#VALUE!"},{"$error":"#VALUE!"},{"$error":"#VALUE!"},{"$error":"#VALUE!"},{"$error":"#VALUE!"},{"$error":"#VALUE!"},{"$error":"#VALUE!"},{"$error":"#VALUE!"},{"$f":"SUM(EU298:FF298)","v":{"$error":"#VALUE!"}},{"$f":"SUM(FG298,System2!FG298,System3!FG298)","v":{"$error":"#VALUE!"}},0,0,0,0,{"$error":"#VALUE!"},{"$error":"#VALUE!"},{"$error":"#VALUE!"},{"$error":"#VALUE!"},{"$error":"#VALUE!"},{"$error":"#VALUE!"},{"$error":"#VALUE!"},{"$error":"#VALUE!"},{"$error":"#VALUE!"},{"$error":"#VALUE!"},{"$error":"#VALUE!"},{"$error":"#VALUE!"},{"$error":"#VALUE!"},{"$error":"#VALUE!"},{"$error":"#VALUE!"},{"$error":"#VALUE!"},{"$error":"#VALUE!"},{"$error":"#VALUE!"},{"$error":"#VALUE!"},{"$error":"#VALUE!"},{"$f":"$GG$31*WaterFittings!BO273","v":{"$error":"#VALUE!"}},{"$f":"$GH$31*WaterFittings!BP273","v":{"$error":"#VALUE!"}},{"$f":"$GI$31*WaterFittings!BQ273","v":0},{"$f":"GJ$31*AirCond!BD272","v":{"$error":"#VALUE!"}},{"$f":"GK$31*AirCond!BE272","v":{"$error":"#VALUE!"}},{"$f":"GL$31*AirCond!BF272","v":{"$error":"#VALUE!"}},{"$f":"GM$31*AirCond!BG272","v":{"$error":"#VALUE!"}},{"$f":"GN$31*WaterFittings!BS273","v":0},{"$f":"GO$31*WaterFittings!BT273","v":0},{"$f":"GP$31*WaterFittings!BU273","v":0}]
[null,null,{"$f":"C298+1","v":268},0,0,{"$error":"#VALUE!"},{"$error":"#VALUE!"},{"$error":"#VALUE!"},{"$error":"#VALUE!"},{"$error":"#VALUE!"},{"$error":"#VALUE!"},{"$error":"#VALUE!"},{"$error":"#VALUE!"},{"$error":"#VALUE!"},{"$error":"#VALUE!"},null,{"$error":"#VALUE!"},{"$error":"#VALUE!"},{"$error":"#VALUE!"},{"$error":"#VALUE!"},{"$error":"#VALUE!"},null,{"$error":"#VALUE!"},{"$error":"#VALUE!"},{"$error":"#VALUE!"},{"$error":"#VALUE!"},{"$error":"#VALUE!"},null,16,{"$f":"SUM(SUMPRODUCT(AF$20:AJ$20,Q299:U299),SUMPRODUCT(AF$20:AJ$20,System2!Q299:U299),SUMPRODUCT(AF$20:AJ$20,System3!Q299:U299))","v":{"$error":"#VALUE!"}},{"$f":"SUM(SUMPRODUCT(AF$21:AJ$21,W299:AA299),SUMPRODUCT(AF$21:AJ$21,System2!W299:AA299),SUMPRODUCT(AF$21:AJ$21,System3!W299:AA299))","v":{"$error":"#VALUE!"}},{"$f":"WaterFittings!BN274","v":{"$error":"#VALUE!"}},{"$error":"#VALUE!"},{"$error":"#VALUE!"},{"$f":"MIN(AirCond!BL273,P$21)","v":0},{"$error":"#VALUE!"},{"$f":"MIN(ROUNDDOWN(AJ299-FH299,0),ROUNDDOWN(P$21*0.3,0),ROUNDDOWN(SUM(SUMPRODUCT(I$4:I$15,L$4:L$15),SUMPRODUCT(System2!I$4:I$15,System2!L$4:L$15),SUMPRODUCT(System3!I$4:I$15,System3!L$4:L$15))*0.3,0))","v":{"$error":"#VALUE!"}},0,{"$error":"#VALUE!"},{"$error":"#VALUE!"},{"$error":"#VALUE!"},0,{"$error":"#VALUE!"},{"$error":"#VALUE!"},{"$error":"#VALUE!"},0,null,null,null,0,0,0,0,null,{"$error":"#VALUE!"},{"$error":"#VALUE!"},{"$error":"#VALUE!"},{"$error":"#VALUE!"},{"$error":"#VALUE!"},{"$error":"#VALUE!"},{"$error":"#VALUE!"},{"$error":"#VALUE!"},{"$error":"#VALUE!"},0,{"$error":"#VALUE!"},{"$error":"#VALUE!"},{"$error":"#VALUE!"},{"$error":"#VALUE!"},{"$error":"#VALUE!"},{"$error":"#VALUE!"},{"$error":"#VALUE!"},{"$error":"#VALUE!"},{"$error":"#VALUE!"},{"$error":"#VALUE!"},{"$error":"#VALUE!"},{"$error":"#VALUE!"},{"$error":"#VALUE!"},{"$error":"#VALUE!"},{"$error":"#VALUE!"},{"$error":"#VALUE!"},{"$error":"#VALUE!"},{"$error":"#VALUE!"},{"$error":"#VALUE!"},{"$error":"#VALUE!"},{"$error":"#VALUE!"},{"$error":"#VALUE!"},{"$error":"#VALUE!"},{"$error":"#VALUE!"},{"$error":"#VALUE!"},{"$error":"#VALUE!"},{"$error":"#VALUE!"},{"$error":"#VALUE!"},{"$error":"#VALUE!"},{"$error":"#VALUE!"},{"$error":"#VALUE!"},{"$f":"SUM(CQ299,System2!CQ299,System3!CQ299)","v":{"$error":"#VALUE!"}},{"$error":"#VALUE!"},{"$error":"#VALUE!"},{"$error":"#VALUE!"},{"$error":"#VALUE!"},{"$error":"#VALUE!"},{"$error":"#VALUE!"},{"$error":"#VALUE!"},{"$error":"#VALUE!"},{"$error":"#VALUE!"},{"$error":"#VALUE!"},{"$error":"#VALUE!"},{"$error":"#VALUE!"},{"$error":"#VALUE!"},{"$error":"#VALUE!"},{"$error":"#VALUE!"},{"$error":"#VALUE!"},{"$error":"#VALUE!"},{"$error":"#VALUE!"},{"$error":"#VALUE!"},{"$error":"#VALUE!"},{"$error":"#VALUE!"},{"$error":"#VALUE!"},{"$error":"#VALUE!"},{"$error":"#VALUE!"},{"$error":"#VALUE!"},{"$error":"#VALUE!"},{"$f":"SUM(DR299,System2!DR299,System3!DR299)","v":{"$error":"#VALUE!"}},{"$f":"DT$47","v":{"$error":"#VALUE!"}},{"$f":"DU$47","v":{"$error":"#VALUE!"}},{"$f":"DV$47","v":0},{"$f":"DW$47","v":{"$error":"#VALUE!"}},{"$error":"#VALUE!"},{"$error":"#VALUE!"},{"$error":"#VALUE!"},0,0,0,0,0,{"$error":"#VALUE!"},{"$f":"SUM(EF299,System2!EF299,System3!EF299)","v":{"$error":"#VALUE!"}},{"$error":"#VALUE!"},{"$error":"#VALUE!"},{"$error":"#VALUE!"},{"$error":"#VALUE!"},{"$error":"#VALUE!"},{"$error":"#VALUE!"},{"$error":"#VALUE!"},{"$error":"#VALUE!"},{"$error":"#VALUE!"},{"$error":"#VALUE!"},{"$error":"#VALUE!"},{"$error":"#VALUE!"},{"$error":"#VALUE!"},{"$error":"#VALUE!"},{"$error":"#VALUE!"},{"$error":"#VALUE!"},{"$error":"#VALUE!"},{"$error":"#VALUE!"},{"$error":"#VALUE!"},{"$error":"#VALUE!"},{"$error":"#VALUE!"},{"$error":"#VALUE!"},{"$error":"#VALUE!"},{"$error":"#VALUE!"},{"$error":"#VALUE!"},{"$error":"#VALUE!"},{"$f":"SUM(FG299,System2!FG299,System3!FG299)","v":{"$error":"#VALUE!"}},0,0,0,0,{"$error":"#VALUE!"},{"$error":"#VALUE!"},{"$error":"#VALUE!"},{"$error":"#VALUE!"},{"$error":"#VALUE!"},{"$error":"#VALUE!"},{"$error":"#VALUE!"},{"$error":"#VALUE!"},{"$error":"#VALUE!"},{"$error":"#VALUE!"},{"$error":"#VALUE!"},{"$error":"#VALUE!"},{"$error":"#VALUE!"},{"$error":"#VALUE!"},{"$error":"#VALUE!"},{"$error":"#VALUE!"},{"$error":"#VALUE!"},{"$error":"#VALUE!"},{"$error":"#VALUE!"},{"$error":"#VALUE!"},{"$f":"$GG$31*WaterFittings!BO274","v":{"$error":"#VALUE!"}},{"$f":"$GH$31*WaterFittings!BP274","v":{"$error":"#VALUE!"}},{"$f":"$GI$31*WaterFittings!BQ274","v":0},{"$f":"GJ$31*AirCond!BD273","v":{"$error":"#VALUE!"}},{"$f":"GK$31*AirCond!BE273","v":{"$error":"#VALUE!"}},{"$f":"GL$31*AirCond!BF273","v":{"$error":"#VALUE!"}},{"$f":"GM$31*AirCond!BG273","v":{"$error":"#VALUE!"}},{"$f":"GN$31*WaterFittings!BS274","v":0},{"$f":"GO$31*WaterFittings!BT274","v":0},{"$f":"GP$31*WaterFittings!BU274","v":0}]
[null,null,269,0,0,{"$error":"#VALUE!"},{"$error":"#VALUE!"},{"$error":"#VALUE!"},{"$error":"#VALUE!"},{"$error":"#VALUE!"},{"$error":"#VALUE!"},{"$error":"#VALUE!"},{"$error":"#VALUE!"},{"$error":"#VALUE!"},{"$error":"#VALUE!"},null,{"$error":"#VALUE!"},{"$error":"#VALUE!"},{"$error":"#VALUE!"},{"$error":"#VALUE!"},{"$error":"#VALUE!"},null,{"$error":"#VALUE!"},{"$error":"#VALUE!"},{"$error":"#VALUE!"},{"$error":"#VALUE!"},{"$error":"#VALUE!"},null,17,{"$f":"SUM(SUMPRODUCT(AF$20:AJ$20,Q300:U300),SUMPRODUCT(AF$20:AJ$20,System2!Q300:U300),SUMPRODUCT(AF$20:AJ$20,System3!Q300:U300))","v":{"$error":"#VALUE!"}},{"$f":"SUM(SUMPRODUCT(AF$21:AJ$21,W300:AA300),SUMPRODUCT(AF$21:AJ$21,System2!W300:AA300),SUMPRODUCT(AF$21:AJ$21,System3!W300:AA300))","v":{"$error":"#VALUE!"}},{"$f":"WaterFittings!BN275","v":{"$error":"#VALUE!"}},{"$error":"#VALUE!"},{"$error":"#VALUE!"},{"$f":"MIN(AirCond!BL274,P$21)","v":0},{"$error":"#VALUE!"},{"$f":"MIN(ROUNDDOWN(AJ300-FH300,0),ROUNDDOWN(P$21*0.3,0),ROUNDDOWN(SUM(SUMPRODUCT(I$4:I$15,L$4:L$15),SUMPRODUCT(System2!I$4:I$15,System2!L$4:L$15),SUMPRODUCT(System3!I$4:I$15,System3!L$4:L$15))*0.3,0))","v":{"$error":"#VALUE!"}},0,{"$error":"#VALUE!"},{"$error":"#VALUE!"},{"$error":"#VALUE!"},0,{"$error":"#VALUE!"},{"$error":"#VALUE!"},{"$error":"#VALUE!"},0,null,null,null,0,0,0,0,null,{"$error":"#VALUE!"},{"$error":"#VALUE!"},{"$error":"#VALUE!"},{"$error":"#VALUE!"},{"$error":"#VALUE!"},{"$error":"#VALUE!"},{"$error":"#VALUE!"},{"$error":"#VALUE!"},{"$error":"#VALUE!"},0,{"$error":"#VALUE!"},{"$error":"#VALUE!"},{"$error":"#VALUE!"},{"$error":"#VALUE!"},{"$error":"#VALUE!"},{"$error":"#VALUE!"},{"$error":"#VALUE!"},{"$error":"#VALUE!"},{"$error":"#VALUE!"},{"$error":"#VALUE!"},{"$error":"#VALUE!"},{"$error":"#VALUE!"},{"$error":"#VALUE!"},{"$error":"#VALUE!"},{"$error":"#VALUE!"},{"$error":"#VALUE!"},{"$error":"#VALUE!"},{"$error":"#VALUE!"},{"$error":"#VALUE!"},{"$error":"#VALUE!"},{"$error":"#VALUE!"},{"$error":"#VALUE!"},{"$error":"#VALUE!"},{"$error":"#VALUE!"},{"$error":"#VALUE!"},{"$error":"#VALUE!"},{"$error":"#VALUE!"},{"$error":"#VALUE!"},{"$error":"#VALUE!"},{"$error":"#VALUE!"},{"$error":"#VALUE!"},{"$f":"SUM(CQ300,System2!CQ300,System3!CQ300)","v":{"$error":"#VALUE!"}},{"$error":"#VALUE!"},{"$error":"#VALUE!"},{"$error":"#VALUE!"},{"$error":"#VALUE!"},{"$error":"#VALUE!"},{"$error":"#VALUE!"},{"$error":"#VALUE!"},{"$error":"#VALUE!"},{"$error":"#VALUE!"},{"$error":"#VALUE!"},{"$error":"#VALUE!"},{"$error":"#VALUE!"},{"$error":"#VALUE!"},{"$error":"#VALUE!"},{"$error":"#VALUE!"},{"$error":"#VALUE!"},{"$error":"#VALUE!"},{"$error":"#VALUE!"},{"$error":"#VALUE!"},{"$error":"#VALUE!"},{"$error":"#VALUE!"},{"$error":"#VALUE!"},{"$error":"#VALUE!"},{"$error":"#VALUE!"},{"$error":"#VALUE!"},{"$error":"#VALUE!"},{"$f":"SUM(DR300,System2!DR300,System3!DR300)","v":{"$error":"#VALUE!"}},{"$f":"DT$48","v":{"$error":"#VALUE!"}},{"$f":"DU$48","v":{"$error":"#VALUE!"}},{"$f":"DV$48","v":0},{"$f":"DW$48","v":{"$error":"#VALUE!"}},{"$error":"#VALUE!"},{"$error":"#VALUE!"},{"$error":"#VALUE!"},0,0,0,0,0,{"$error":"#VALUE!"},{"$f":"SUM(EF300,System2!EF300,System3!EF300)","v":{"$error":"#VALUE!"}},{"$error":"#VALUE!"},{"$error":"#VALUE!"},{"$error":"#VALUE!"},{"$error":"#VALUE!"},{"$error":"#VALUE!"},{"$error":"#VALUE!"},{"$error":"#VALUE!"},{"$error":"#VALUE!"},{"$error":"#VALUE!"},{"$error":"#VALUE!"},{"$error":"#VALUE!"},{"$error":"#VALUE!"},{"$error":"#VALUE!"},{"$error":"#VALUE!"},{"$error":"#VALUE!"},{"$error":"#VALUE!"},{"$error":"#VALUE!"},{"$error":"#VALUE!"},{"$error":"#VALUE!"},{"$error":"#VALUE!"},{"$error":"#VALUE!"},{"$error":"#VALUE!"},{"$error":"#VALUE!"},{"$error":"#VALUE!"},{"$error":"#VALUE!"},{"$error":"#VALUE!"},{"$f":"SUM(FG300,System2!FG300,System3!FG300)","v":{"$error":"#VALUE!"}},0,0,0,0,{"$error":"#VALUE!"},{"$error":"#VALUE!"},{"$error":"#VALUE!"},{"$error":"#VALUE!"},{"$error":"#VALUE!"},{"$error":"#VALUE!"},{"$error":"#VALUE!"},{"$error":"#VALUE!"},{"$error":"#VALUE!"},{"$error":"#VALUE!"},{"$error":"#VALUE!"},{"$error":"#VALUE!"},{"$error":"#VALUE!"},{"$error":"#VALUE!"},{"$error":"#VALUE!"},{"$error":"#VALUE!"},{"$error":"#VALUE!"},{"$error":"#VALUE!"},{"$error":"#VALUE!"},{"$error":"#VALUE!"},{"$f":"$GG$31*WaterFittings!BO275","v":{"$error":"#VALUE!"}},{"$f":"$GH$31*WaterFittings!BP275","v":{"$error":"#VALUE!"}},{"$f":"$GI$31*WaterFittings!BQ275","v":0},{"$f":"GJ$31*AirCond!BD274","v":{"$error":"#VALUE!"}},{"$f":"GK$31*AirCond!BE274","v":{"$error":"#VALUE!"}},{"$f":"GL$31*AirCond!BF274","v":{"$error":"#VALUE!"}},{"$f":"GM$31*AirCond!BG274","v":{"$error":"#VALUE!"}},{"$f":"GN$31*WaterFittings!BS275","v":0},{"$f":"GO$31*WaterFittings!BT275","v":0},{"$f":"GP$31*WaterFittings!BU275","v":0}]
[null,null,270,0,0,{"$error":"#VALUE!"},{"$error":"#VALUE!"},{"$error":"#VALUE!"},{"$error":"#VALUE!"},{"$error":"#VALUE!"},{"$error":"#VALUE!"},{"$error":"#VALUE!"},{"$error":"#VALUE!"},{"$error":"#VALUE!"},{"$error":"#VALUE!"},null,{"$error":"#VALUE!"},{"$error":"#VALUE!"},{"$error":"#VALUE!"},{"$error":"#VALUE!"},{"$error":"#VALUE!"},null,{"$error":"#VALUE!"},{"$error":"#VALUE!"},{"$error":"#VALUE!"},{"$error":"#VALUE!"},{"$error":"#VALUE!"},null,18,{"$f":"SUM(SUMPRODUCT(AF$20:AJ$20,Q301:U301),SUMPRODUCT(AF$20:AJ$20,System2!Q301:U301),SUMPRODUCT(AF$20:AJ$20,System3!Q301:U301))","v":{"$error":"#VALUE!"}},{"$f":"SUM(SUMPRODUCT(AF$21:AJ$21,W301:AA301),SUMPRODUCT(AF$21:AJ$21,System2!W301:AA301),SUMPRODUCT(AF$21:AJ$21,System3!W301:AA301))","v":{"$error":"#VALUE!"}},{"$f":"WaterFittings!BN276","v":{"$error":"#VALUE!"}},{"$error":"#VALUE!"},{"$error":"#VALUE!"},{"$f":"MIN(AirCond!BL275,P$21)","v":0},{"$error":"#VALUE!"},{"$f":"MIN(ROUNDDOWN(AJ301-FH301,0),ROUNDDOWN(P$21*0.3,0),ROUNDDOWN(SUM(SUMPRODUCT(I$4:I$15,L$4:L$15),SUMPRODUCT(System2!I$4:I$15,System2!L$4:L$15),SUMPRODUCT(System3!I$4:I$15,System3!L$4:L$15))*0.3,0))","v":{"$error":"#VALUE!"}},0,{"$error":"#VALUE!"},{"$error":"#VALUE!"},{"$error":"#VALUE!"},0,{"$error":"#VALUE!"},{"$error":"#VALUE!"},{"$error":"#VALUE!"},0,null,null,null,0,0,0,0,null,{"$error":"#VALUE!"},{"$error":"#VALUE!"},{"$error":"#VALUE!"},{"$error":"#VALUE!"},{"$error":"#VALUE!"},{"$error":"#VALUE!"},{"$error":"#VALUE!"},{"$error":"#VALUE!"},{"$error":"#VALUE!"},0,{"$error":"#VALUE!"},{"$error":"#VALUE!"},{"$error":"#VALUE!"},{"$error":"#VALUE!"},{"$error":"#VALUE!"},{"$error":"#VALUE!"},{"$error":"#VALUE!"},{"$error":"#VALUE!"},{"$error":"#VALUE!"},{"$error":"#VALUE!"},{"$error":"#VALUE!"},{"$error":"#VALUE!"},{"$error":"#VALUE!"},{"$error":"#VALUE!"},{"$error":"#VALUE!"},{"$error":"#VALUE!"},{"$error":"#VALUE!"},{"$error":"#VALUE!"},{"$error":"#VALUE!"},{"$error":"#VALUE!"},{"$error":"#VALUE!"},{"$error":"#VALUE!"},{"$error":"#VALUE!"},{"$error":"#VALUE!"},{"$error":"#VALUE!"},{"$error":"#VALUE!"},{"$error":"#VALUE!"},{"$error":"#VALUE!"},{"$error":"#VALUE!"},{"$error":"#VALUE!"},{"$error":"#VALUE!"},{"$f":"SUM(CQ301,System2!CQ301,System3!CQ301)","v":{"$error":"#VALUE!"}},{"$error":"#VALUE!"},{"$error":"#VALUE!"},{"$error":"#VALUE!"},{"$error":"#VALUE!"},{"$error":"#VALUE!"},{"$error":"#VALUE!"},{"$error":"#VALUE!"},{"$error":"#VALUE!"},{"$error":"#VALUE!"},{"$error":"#VALUE!"},{"$error":"#VALUE!"},{"$error":"#VALUE!"},{"$error":"#VALUE!"},{"$error":"#VALUE!"},{"$error":"#VALUE!"},{"$error":"#VALUE!"},{"$error":"#VALUE!"},{"$error":"#VALUE!"},{"$error":"#VALUE!"},{"$error":"#VALUE!"},{"$error":"#VALUE!"},{"$error":"#VALUE!"},{"$error":"#VALUE!"},{"$error":"#VALUE!"},{"$error":"#VALUE!"},{"$error":"#VALUE!"},{"$f":"SUM(DR301,System2!DR301,System3!DR301)","v":{"$error":"#VALUE!"}},{"$f":"DT$49","v":{"$error":"#VALUE!"}},{"$f":"DU$49","v":{"$error":"#VALUE!"}},{"$f":"DV$49","v":0},{"$f":"DW$49","v":{"$error":"#VALUE!"}},{"$error":"#VALUE!"},{"$error":"#VALUE!"},{"$error":"#VALUE!"},0,0,0,0,0,{"$error":"#VALUE!"},{"$f":"SUM(EF301,System2!EF301,System3!EF301)","v":{"$error":"#VALUE!"}},{"$error":"#VALUE!"},{"$error":"#VALUE!"},{"$error":"#VALUE!"},{"$error":"#VALUE!"},{"$error":"#VALUE!"},{"$error":"#VALUE!"},{"$error":"#VALUE!"},{"$error":"#VALUE!"},{"$error":"#VALUE!"},{"$error":"#VALUE!"},{"$error":"#VALUE!"},{"$error":"#VALUE!"},{"$error":"#VALUE!"},{"$error":"#VALUE!"},{"$error":"#VALUE!"},{"$error":"#VALUE!"},{"$error":"#VALUE!"},{"$error":"#VALUE!"},{"$error":"#VALUE!"},{"$error":"#VALUE!"},{"$error":"#VALUE!"},{"$error":"#VALUE!"},{"$error":"#VALUE!"},{"$error":"#VALUE!"},{"$error":"#VALUE!"},{"$error":"#VALUE!"},{"$f":"SUM(FG301,System2!FG301,System3!FG301)","v":{"$error":"#VALUE!"}},0,0,0,0,{"$error":"#VALUE!"},{"$error":"#VALUE!"},{"$error":"#VALUE!"},{"$error":"#VALUE!"},{"$error":"#VALUE!"},{"$error":"#VALUE!"},{"$error":"#VALUE!"},{"$error":"#VALUE!"},{"$error":"#VALUE!"},{"$error":"#VALUE!"},{"$error":"#VALUE!"},{"$error":"#VALUE!"},{"$error":"#VALUE!"},{"$error":"#VALUE!"},{"$error":"#VALUE!"},{"$error":"#VALUE!"},{"$error":"#VALUE!"},{"$error":"#VALUE!"},{"$error":"#VALUE!"},{"$error":"#VALUE!"},{"$f":"$GG$31*WaterFittings!BO276","v":{"$error":"#VALUE!"}},{"$f":"$GH$31*WaterFittings!BP276","v":{"$error":"#VALUE!"}},{"$f":"$GI$31*WaterFittings!BQ276","v":0},{"$f":"GJ$31*AirCond!BD275","v":{"$error":"#VALUE!"}},{"$f":"GK$31*AirCond!BE275","v":{"$error":"#VALUE!"}},{"$f":"GL$31*AirCond!BF275","v":{"$error":"#VALUE!"}},{"$f":"GM$31*AirCond!BG275","v":{"$error":"#VALUE!"}},{"$f":"GN$31*WaterFittings!BS276","v":0},{"$f":"GO$31*WaterFittings!BT276","v":0},{"$f":"GP$31*WaterFittings!BU276","v":0}]
[null,null,271,2.5,0,{"$error":"#VALUE!"},{"$error":"#VALUE!"},{"$error":"#VALUE!"},{"$error":"#VALUE!"},{"$error":"#VALUE!"},{"$error":"#VALUE!"},{"$error":"#VALUE!"},{"$error":"#VALUE!"},{"$error":"#VALUE!"},{"$error":"#VALUE!"},null,{"$error":"#VALUE!"},{"$error":"#VALUE!"},{"$error":"#VALUE!"},{"$error":"#VALUE!"},{"$error":"#VALUE!"},null,{"$error":"#VALUE!"},{"$error":"#VALUE!"},{"$error":"#VALUE!"},{"$error":"#VALUE!"},{"$error":"#VALUE!"},null,19,{"$f":"SUM(SUMPRODUCT(AF$20:AJ$20,Q302:U302),SUMPRODUCT(AF$20:AJ$20,System2!Q302:U302),SUMPRODUCT(AF$20:AJ$20,System3!Q302:U302))","v":{"$error":"#VALUE!"}},{"$f":"SUM(SUMPRODUCT(AF$21:AJ$21,W302:AA302),SUMPRODUCT(AF$21:AJ$21,System2!W302:AA302),SUMPRODUCT(AF$21:AJ$21,System3!W302:AA302))","v":{"$error":"#VALUE!"}},{"$f":"WaterFittings!BN277","v":{"$error":"#VALUE!"}},{"$error":"#VALUE!"},{"$error":"#VALUE!"},{"$f":"MIN(AirCond!BL276,P$21)","v":0},{"$error":"#VALUE!"},{"$f":"MIN(ROUNDDOWN(AJ302-FH302,0),ROUNDDOWN(P$21*0.3,0),ROUNDDOWN(SUM(SUMPRODUCT(I$4:I$15,L$4:L$15),SUMPRODUCT(System2!I$4:I$15,System2!L$4:L$15),SUMPRODUCT(System3!I$4:I$15,System3!L$4:L$15))*0.3,0))","v":{"$error":"#VALUE!"}},0,{"$error":"#VALUE!"},{"$error":"#VALUE!"},{"$error":"#VALUE!"},0,{"$error":"#VALUE!"},{"$error":"#VALUE!"},{"$error":"#VALUE!"},0,null,null,null,0,0,0,0,null,{"$error":"#VALUE!"},{"$error":"#VALUE!"},{"$error":"#VALUE!"},{"$error":"#VALUE!"},{"$error":"#VALUE!"},{"$error":"#VALUE!"},{"$error":"#VALUE!"},{"$error":"#VALUE!"},{"$error":"#VALUE!"},0,{"$error":"#VALUE!"},{"$error":"#VALUE!"},{"$error":"#VALUE!"},{"$error":"#VALUE!"},{"$error":"#VALUE!"},{"$error":"#VALUE!"},{"$error":"#VALUE!"},{"$error":"#VALUE!"},{"$error":"#VALUE!"},{"$error":"#VALUE!"},{"$error":"#VALUE!"},{"$error":"#VALUE!"},{"$error":"#VALUE!"},{"$error":"#VALUE!"},{"$error":"#VALUE!"},{"$error":"#VALUE!"},{"$error":"#VALUE!"},{"$error":"#VALUE!"},{"$error":"#VALUE!"},{"$error":"#VALUE!"},{"$error":"#VALUE!"},{"$error":"#VALUE!"},{"$error":"#VALUE!"},{"$error":"#VALUE!"},{"$error":"#VALUE!"},{"$error":"#VALUE!"},{"$error":"#VALUE!"},{"$error":"#VALUE!"},{"$error":"#VALUE!"},{"$error":"#VALUE!"},{"$error":"#VALUE!"},{"$f":"SUM(CQ302,System2!CQ302,System3!CQ302)","v":{"$error":"#VALUE!"}},{"$error":"#VALUE!"},{"$error":"#VALUE!"},{"$error":"#VALUE!"},{"$error":"#VALUE!"},{"$error":"#VALUE!"},{"$error":"#VALUE!"},{"$error":"#VALUE!"},{"$error":"#VALUE!"},{"$error":"#VALUE!"},{"$error":"#VALUE!"},{"$error":"#VALUE!"},{"$error":"#VALUE!"},{"$error":"#VALUE!"},{"$error":"#VALUE!"},{"$error":"#VALUE!"},{"$error":"#VALUE!"},{"$error":"#VALUE!"},{"$error":"#VALUE!"},{"$error":"#VALUE!"},{"$error":"#VALUE!"},{"$error":"#VALUE!"},{"$error":"#VALUE!"},{"$error":"#VALUE!"},{"$error":"#VALUE!"},{"$error":"#VALUE!"},{"$error":"#VALUE!"},{"$f":"SUM(DR302,System2!DR302,System3!DR302)","v":{"$error":"#VALUE!"}},{"$f":"DT$50","v":{"$error":"#VALUE!"}},{"$f":"DU$50","v":{"$error":"#VALUE!"}},{"$f":"DV$50","v":0},{"$f":"DW$50","v":{"$error":"#VALUE!"}},{"$error":"#VALUE!"},{"$error":"#VALUE!"},{"$error":"#VALUE!"},0,0,0,0,0,{"$error":"#VALUE!"},{"$f":"SUM(EF302,System2!EF302,System3!EF302)","v":{"$error":"#VALUE!"}},{"$error":"#VALUE!"},{"$error":"#VALUE!"},{"$error":"#VALUE!"},{"$error":"#VALUE!"},{"$error":"#VALUE!"},{"$error":"#VALUE!"},{"$error":"#VALUE!"},{"$error":"#VALUE!"},{"$error":"#VALUE!"},{"$error":"#VALUE!"},{"$error":"#VALUE!"},{"$error":"#VALUE!"},{"$error":"#VALUE!"},{"$error":"#VALUE!"},{"$error":"#VALUE!"},{"$error":"#VALUE!"},{"$error":"#VALUE!"},{"$error":"#VALUE!"},{"$error":"#VALUE!"},{"$error":"#VALUE!"},{"$error":"#VALUE!"},{"$error":"#VALUE!"},{"$error":"#VALUE!"},{"$error":"#VALUE!"},{"$error":"#VALUE!"},{"$error":"#VALUE!"},{"$f":"SUM(FG302,System2!FG302,System3!FG302)","v":{"$error":"#VALUE!"}},0,0,0,0,{"$error":"#VALUE!"},{"$error":"#VALUE!"},{"$error":"#VALUE!"},{"$error":"#VALUE!"},{"$error":"#VALUE!"},{"$error":"#VALUE!"},{"$error":"#VALUE!"},{"$error":"#VALUE!"},{"$error":"#VALUE!"},{"$error":"#VALUE!"},{"$error":"#VALUE!"},{"$error":"#VALUE!"},{"$error":"#VALUE!"},{"$error":"#VALUE!"},{"$error":"#VALUE!"},{"$error":"#VALUE!"},{"$error":"#VALUE!"},{"$error":"#VALUE!"},{"$error":"#VALUE!"},{"$error":"#VALUE!"},{"$f":"$GG$31*WaterFittings!BO277","v":{"$error":"#VALUE!"}},{"$f":"$GH$31*WaterFittings!BP277","v":{"$error":"#VALUE!"}},{"$f":"$GI$31*WaterFittings!BQ277","v":0},{"$f":"GJ$31*AirCond!BD276","v":{"$error":"#VALUE!"}},{"$f":"GK$31*AirCond!BE276","v":{"$error":"#VALUE!"}},{"$f":"GL$31*AirCond!BF276","v":{"$error":"#VALUE!"}},{"$f":"GM$31*AirCond!BG276","v":{"$error":"#VALUE!"}},{"$f":"GN$31*WaterFittings!BS277","v":0},{"$f":"GO$31*WaterFittings!BT277","v":0},{"$f":"GP$31*WaterFittings!BU277","v":0}]
[null,null,272,55.5,0,{"$error":"#VALUE!"},{"$error":"#VALUE!"},{"$error":"#VALUE!"},{"$error":"#VALUE!"},{"$error":"#VALUE!"},{"$error":"#VALUE!"},{"$error":"#VALUE!"},{"$error":"#VALUE!"},{"$error":"#VALUE!"},{"$error":"#VALUE!"},null,{"$error":"#VALUE!"},{"$error":"#VALUE!"},{"$error":"#VALUE!"},{"$error":"#VALUE!"},{"$error":"#VALUE!"},null,{"$error":"#VALUE!"},{"$error":"#VALUE!"},{"$error":"#VALUE!"},{"$error":"#VALUE!"},{"$error":"#VALUE!"},null,20,{"$f":"SUM(SUMPRODUCT(AF$20:AJ$20,Q303:U303),SUMPRODUCT(AF$20:AJ$20,System2!Q303:U303),SUMPRODUCT(AF$20:AJ$20,System3!Q303:U303))","v":{"$error":"#VALUE!"}},{"$f":"SUM(SUMPRODUCT(AF$21:AJ$21,W303:AA303),SUMPRODUCT(AF$21:AJ$21,System2!W303:AA303),SUMPRODUCT(AF$21:AJ$21,System3!W303:AA303))","v":{"$error":"#VALUE!"}},{"$f":"WaterFittings!BN278","v":{"$error":"#VALUE!"}},{"$error":"#VALUE!"},{"$error":"#VALUE!"},{"$f":"MIN(AirCond!BL277,P$21)","v":0},{"$error":"#VALUE!"},{"$f":"MIN(ROUNDDOWN(AJ303-FH303,0),ROUNDDOWN(P$21*0.3,0),ROUNDDOWN(SUM(SUMPRODUCT(I$4:I$15,L$4:L$15),SUMPRODUCT(System2!I$4:I$15,System2!L$4:L$15),SUMPRODUCT(System3!I$4:I$15,System3!L$4:L$15))*0.3,0))","v":{"$error":"#VALUE!"}},0,{"$error":"#VALUE!"},{"$error":"#VALUE!"},{"$error":"#VALUE!"},0,{"$error":"#VALUE!"},{"$error":"#VALUE!"},{"$error":"#VALUE!"},0,null,null,null,0,0,0,0,null,{"$error":"#VALUE!"},{"$error":"#VALUE!"},{"$error":"#VALUE!"},{"$error":"#VALUE!"},{"$error":"#VALUE!"},{"$error":"#VALUE!"},{"$error":"#VALUE!"},{"$error":"#VALUE!"},{"$error":"#VALUE!"},0,{"$error":"#VALUE!"},{"$error":"#VALUE!"},{"$error":"#VALUE!"},{"$error":"#VALUE!"},{"$error":"#VALUE!"},{"$error":"#VALUE!"},{"$error":"#VALUE!"},{"$error":"#VALUE!"},{"$error":"#VALUE!"},{"$error":"#VALUE!"},{"$error":"#VALUE!"},{"$error":"#VALUE!"},{"$error":"#VALUE!"},{"$error":"#VALUE!"},{"$error":"#VALUE!"},{"$error":"#VALUE!"},{"$error":"#VALUE!"},{"$error":"#VALUE!"},{"$error":"#VALUE!"},{"$error":"#VALUE!"},{"$error":"#VALUE!"},{"$error":"#VALUE!"},{"$error":"#VALUE!"},{"$error":"#VALUE!"},{"$error":"#VALUE!"},{"$error":"#VALUE!"},{"$error":"#VALUE!"},{"$error":"#VALUE!"},{"$error":"#VALUE!"},{"$error":"#VALUE!"},{"$error":"#VALUE!"},{"$f":"SUM(CQ303,System2!CQ303,System3!CQ303)","v":{"$error":"#VALUE!"}},{"$error":"#VALUE!"},{"$error":"#VALUE!"},{"$error":"#VALUE!"},{"$error":"#VALUE!"},{"$error":"#VALUE!"},{"$error":"#VALUE!"},{"$error":"#VALUE!"},{"$error":"#VALUE!"},{"$error":"#VALUE!"},{"$error":"#VALUE!"},{"$error":"#VALUE!"},{"$error":"#VALUE!"},{"$error":"#VALUE!"},{"$error":"#VALUE!"},{"$error":"#VALUE!"},{"$error":"#VALUE!"},{"$error":"#VALUE!"},{"$error":"#VALUE!"},{"$error":"#VALUE!"},{"$error":"#VALUE!"},{"$error":"#VALUE!"},{"$error":"#VALUE!"},{"$error":"#VALUE!"},{"$error":"#VALUE!"},{"$error":"#VALUE!"},{"$error":"#VALUE!"},{"$f":"SUM(DR303,System2!DR303,System3!DR303)","v":{"$error":"#VALUE!"}},{"$f":"DT$51","v":{"$error":"#VALUE!"}},{"$f":"DU$51","v":{"$error":"#VALUE!"}},{"$f":"DV$51","v":0},{"$f":"DW$51","v":{"$error":"#VALUE!"}},{"$error":"#VALUE!"},{"$error":"#VALUE!"},{"$error":"#VALUE!"},0,0,0,0,0,{"$error":"#VALUE!"},{"$f":"SUM(EF303,System2!EF303,System3!EF303)","v":{"$error":"#VALUE!"}},{"$error":"#VALUE!"},{"$error":"#VALUE!"},{"$error":"#VALUE!"},{"$error":"#VALUE!"},{"$error":"#VALUE!"},{"$error":"#VALUE!"},{"$error":"#VALUE!"},{"$error":"#VALUE!"},{"$error":"#VALUE!"},{"$error":"#VALUE!"},{"$error":"#VALUE!"},{"$error":"#VALUE!"},{"$error":"#VALUE!"},{"$error":"#VALUE!"},{"$error":"#VALUE!"},{"$error":"#VALUE!"},{"$error":"#VALUE!"},{"$error":"#VALUE!"},{"$error":"#VALUE!"},{"$error":"#VALUE!"},{"$error":"#VALUE!"},{"$error":"#VALUE!"},{"$error":"#VALUE!"},{"$error":"#VALUE!"},{"$error":"#VALUE!"},{"$error":"#VALUE!"},{"$f":"SUM(FG303,System2!FG303,System3!FG303)","v":{"$error":"#VALUE!"}},0,0,0,0,{"$error":"#VALUE!"},{"$error":"#VALUE!"},{"$error":"#VALUE!"},{"$error":"#VALUE!"},{"$error":"#VALUE!"},{"$error":"#VALUE!"},{"$error":"#VALUE!"},{"$error":"#VALUE!"},{"$error":"#VALUE!"},{"$error":"#VALUE!"},{"$error":"#VALUE!"},{"$error":"#VALUE!"},{"$error":"#VALUE!"},{"$error":"#VALUE!"},{"$error":"#VALUE!"},{"$error":"#VALUE!"},{"$error":"#VALUE!"},{"$error":"#VALUE!"},{"$error":"#VALUE!"},{"$error":"#VALUE!"},{"$f":"$GG$31*WaterFittings!BO278","v":{"$error":"#VALUE!"}},{"$f":"$GH$31*WaterFittings!BP278","v":{"$error":"#VALUE!"}},{"$f":"$GI$31*WaterFittings!BQ278","v":0},{"$f":"GJ$31*AirCond!BD277","v":{"$error":"#VALUE!"}},{"$f":"GK$31*AirCond!BE277","v":{"$error":"#VALUE!"}},{"$f":"GL$31*AirCond!BF277","v":{"$error":"#VALUE!"}},{"$f":"GM$31*AirCond!BG277","v":{"$error":"#VALUE!"}},{"$f":"GN$31*WaterFittings!BS278","v":0},{"$f":"GO$31*WaterFittings!BT278","v":0},{"$f":"GP$31*WaterFittings!BU278","v":0}]
[null,null,273,0,0,{"$error":"#VALUE!"},{"$error":"#VALUE!"},{"$error":"#VALUE!"},{"$error":"#VALUE!"},{"$error":"#VALUE!"},{"$error":"#VALUE!"},{"$error":"#VALUE!"},{"$error":"#VALUE!"},{"$error":"#VALUE!"},{"$error":"#VALUE!"},null,{"$error":"#VALUE!"},{"$error":"#VALUE!"},{"$error":"#VALUE!"},{"$error":"#VALUE!"},{"$error":"#VALUE!"},null,{"$error":"#VALUE!"},{"$error":"#VALUE!"},{"$error":"#VALUE!"},{"$error":"#VALUE!"},{"$error":"#VALUE!"},null,21,{"$f":"SUM(SUMPRODUCT(AF$20:AJ$20,Q304:U304),SUMPRODUCT(AF$20:AJ$20,System2!Q304:U304),SUMPRODUCT(AF$20:AJ$20,System3!Q304:U304))","v":{"$error":"#VALUE!"}},{"$f":"SUM(SUMPRODUCT(AF$21:AJ$21,W304:AA304),SUMPRODUCT(AF$21:AJ$21,System2!W304:AA304),SUMPRODUCT(AF$21:AJ$21,System3!W304:AA304))","v":{"$error":"#VALUE!"}},{"$f":"WaterFittings!BN279","v":{"$error":"#VALUE!"}},{"$error":"#VALUE!"},{"$error":"#VALUE!"},{"$f":"MIN(AirCond!BL278,P$21)","v":0},{"$error":"#VALUE!"},{"$f":"MIN(ROUNDDOWN(AJ304-FH304,0),ROUNDDOWN(P$21*0.3,0),ROUNDDOWN(SUM(SUMPRODUCT(I$4:I$15,L$4:L$15),SUMPRODUCT(System2!I$4:I$15,System2!L$4:L$15),SUMPRODUCT(System3!I$4:I$15,System3!L$4:L$15))*0.3,0))","v":{"$error":"#VALUE!"}},0,{"$error":"#VALUE!"},{"$error":"#VALUE!"},{"$error":"#VALUE!"},0,{"$error":"#VALUE!"},{"$error":"#VALUE!"},{"$error":"#VALUE!"},0,null,null,null,0,0,0,0,null,{"$error":"#VALUE!"},{"$error":"#VALUE!"},{"$error":"#VALUE!"},{"$error":"#VALUE!"},{"$error":"#VALUE!"},{"$error":"#VALUE!"},{"$error":"#VALUE!"},{"$error":"#VALUE!"},{"$error":"#VALUE!"},0,{"$error":"#VALUE!"},{"$error":"#VALUE!"},{"$error":"#VALUE!"},{"$error":"#VALUE!"},{"$error":"#VALUE!"},{"$error":"#VALUE!"},{"$error":"#VALUE!"},{"$error":"#VALUE!"},{"$error":"#VALUE!"},{"$error":"#VALUE!"},{"$error":"#VALUE!"},{"$error":"#VALUE!"},{"$error":"#VALUE!"},{"$error":"#VALUE!"},{"$error":"#VALUE!"},{"$error":"#VALUE!"},{"$error":"#VALUE!"},{"$error":"#VALUE!"},{"$error":"#VALUE!"},{"$error":"#VALUE!"},{"$error":"#VALUE!"},{"$error":"#VALUE!"},{"$error":"#VALUE!"},{"$error":"#VALUE!"},{"$error":"#VALUE!"},{"$error":"#VALUE!"},{"$error":"#VALUE!"},{"$error":"#VALUE!"},{"$error":"#VALUE!"},{"$error":"#VALUE!"},{"$error":"#VALUE!"},{"$f":"SUM(CQ304,System2!CQ304,System3!CQ304)","v":{"$error":"#VALUE!"}},{"$error":"#VALUE!"},{"$error":"#VALUE!"},{"$error":"#VALUE!"},{"$error":"#VALUE!"},{"$error":"#VALUE!"},{"$error":"#VALUE!"},{"$error":"#VALUE!"},{"$error":"#VALUE!"},{"$error":"#VALUE!"},{"$error":"#VALUE!"},{"$error":"#VALUE!"},{"$error":"#VALUE!"},{"$error":"#VALUE!"},{"$error":"#VALUE!"},{"$error":"#VALUE!"},{"$error":"#VALUE!"},{"$error":"#VALUE!"},{"$error":"#VALUE!"},{"$error":"#VALUE!"},{"$error":"#VALUE!"},{"$error":"#VALUE!"},{"$error":"#VALUE!"},{"$error":"#VALUE!"},{"$error":"#VALUE!"},{"$error":"#VALUE!"},{"$error":"#VALUE!"},{"$f":"SUM(DR304,System2!DR304,System3!DR304)","v":{"$error":"#VALUE!"}},{"$f":"DT$52","v":{"$error":"#VALUE!"}},{"$f":"DU$52","v":{"$error":"#VALUE!"}},{"$f":"DV$52","v":0},{"$f":"DW$52","v":{"$error":"#VALUE!"}},{"$error":"#VALUE!"},{"$error":"#VALUE!"},{"$error":"#VALUE!"},0,0,0,0,0,{"$error":"#VALUE!"},{"$f":"SUM(EF304,System2!EF304,System3!EF304)","v":{"$error":"#VALUE!"}},{"$error":"#VALUE!"},{"$error":"#VALUE!"},{"$error":"#VALUE!"},{"$error":"#VALUE!"},{"$error":"#VALUE!"},{"$error":"#VALUE!"},{"$error":"#VALUE!"},{"$error":"#VALUE!"},{"$error":"#VALUE!"},{"$error":"#VALUE!"},{"$error":"#VALUE!"},{"$error":"#VALUE!"},{"$error":"#VALUE!"},{"$error":"#VALUE!"},{"$error":"#VALUE!"},{"$error":"#VALUE!"},{"$error":"#VALUE!"},{"$error":"#VALUE!"},{"$error":"#VALUE!"},{"$error":"#VALUE!"},{"$error":"#VALUE!"},{"$error":"#VALUE!"},{"$error":"#VALUE!"},{"$error":"#VALUE!"},{"$error":"#VALUE!"},{"$error":"#VALUE!"},{"$f":"SUM(FG304,System2!FG304,System3!FG304)","v":{"$error":"#VALUE!"}},0,0,0,0,{"$error":"#VALUE!"},{"$error":"#VALUE!"},{"$error":"#VALUE!"},{"$error":"#VALUE!"},{"$error":"#VALUE!"},{"$error":"#VALUE!"},{"$error":"#VALUE!"},{"$error":"#VALUE!"},{"$error":"#VALUE!"},{"$error":"#VALUE!"},{"$error":"#VALUE!"},{"$error":"#VALUE!"},{"$error":"#VALUE!"},{"$error":"#VALUE!"},{"$error":"#VALUE!"},{"$error":"#VALUE!"},{"$error":"#VALUE!"},{"$error":"#VALUE!"},{"$error":"#VALUE!"},{"$error":"#VALUE!"},{"$f":"$GG$31*WaterFittings!BO279","v":{"$error":"#VALUE!"}},{"$f":"$GH$31*WaterFittings!BP279","v":{"$error":"#VALUE!"}},{"$f":"$GI$31*WaterFittings!BQ279","v":0},{"$f":"GJ$31*AirCond!BD278","v":{"$error":"#VALUE!"}},{"$f":"GK$31*AirCond!BE278","v":{"$error":"#VALUE!"}},{"$f":"GL$31*AirCond!BF278","v":{"$error":"#VALUE!"}},{"$f":"GM$31*AirCond!BG278","v":{"$error":"#VALUE!"}},{"$f":"GN$31*WaterFittings!BS279","v":0},{"$f":"GO$31*WaterFittings!BT279","v":0},{"$f":"GP$31*WaterFittings!BU279","v":0}]
[null,"October",274,0.5,0,{"$error":"#VALUE!"},{"$error":"#VALUE!"},{"$error":"#VALUE!"},{"$error":"#VALUE!"},{"$error":"#VALUE!"},{"$error":"#VALUE!"},{"$error":"#VALUE!"},{"$error":"#VALUE!"},{"$error":"#VALUE!"},{"$error":"#VALUE!"},null,{"$error":"#VALUE!"},{"$error":"#VALUE!"},{"$error":"#VALUE!"},{"$error":"#VALUE!"},{"$error":"#VALUE!"},null,{"$error":"#VALUE!"},{"$error":"#VALUE!"},{"$error":"#VALUE!"},{"$error":"#VALUE!"},{"$f":"ROUNDDOWN(FF305,0)","v":{"$error":"#VALUE!"}},null,22,{"$f":"SUM(SUMPRODUCT(AF$20:AJ$20,Q305:U305),SUMPRODUCT(AF$20:AJ$20,System2!Q305:U305),SUMPRODUCT(AF$20:AJ$20,System3!Q305:U305))","v":{"$error":"#VALUE!"}},{"$f":"SUM(SUMPRODUCT(AF$21:AJ$21,W305:AA305),SUMPRODUCT(AF$21:AJ$21,System2!W305:AA305),SUMPRODUCT(AF$21:AJ$21,System3!W305:AA305))","v":{"$error":"#VALUE!"}},{"$f":"WaterFittings!BN280","v":{"$error":"#VALUE!"}},{"$error":"#VALUE!"},{"$error":"#VALUE!"},{"$f":"MIN(AirCond!BL279,P$21)","v":0},{"$error":"#VALUE!"},{"$f":"MIN(ROUNDDOWN(AJ305-FH305,0),ROUNDDOWN(P$21*0.3,0),ROUNDDOWN(SUM(SUMPRODUCT(I$4:I$15,L$4:L$15),SUMPRODUCT(System2!I$4:I$15,System2!L$4:L$15),SUMPRODUCT(System3!I$4:I$15,System3!L$4:L$15))*0.3,0))","v":{"$error":"#VALUE!"}},0,{"$error":"#VALUE!"},{"$error":"#VALUE!"},{"$error":"#VALUE!"},0,{"$error":"#VALUE!"},{"$error":"#VALUE!"},{"$error":"#VALUE!"},0,null,null,null,0,0,0,0,null,{"$error":"#VALUE!"},{"$error":"#VALUE!"},{"$error":"#VALUE!"},{"$error":"#VALUE!"},{"$error":"#VALUE!"},{"$error":"#VALUE!"},{"$error":"#VALUE!"},{"$error":"#VALUE!"},{"$error":"#VALUE!"},0,{"$error":"#VALUE!"},{"$error":"#VALUE!"},{"$error":"#VALUE!"},{"$error":"#VALUE!"},{"$error":"#VALUE!"},{"$error":"#VALUE!"},{"$error":"#VALUE!"},{"$error":"#VALUE!"},{"$error":"#VALUE!"},{"$error":"#VALUE!"},{"$error":"#VALUE!"},{"$error":"#VALUE!"},{"$error":"#VALUE!"},{"$error":"#VALUE!"},{"$error":"#VALUE!"},{"$error":"#VALUE!"},{"$error":"#VALUE!"},{"$error":"#VALUE!"},{"$error":"#VALUE!"},{"$error":"#VALUE!"},{"$error":"#VALUE!"},{"$error":"#VALUE!"},{"$error":"#VALUE!"},{"$error":"#VALUE!"},{"$error":"#VALUE!"},{"$error":"#VALUE!"},{"$error":"#VALUE!"},{"$error":"#VALUE!"},{"$error":"#VALUE!"},{"$error":"#VALUE!"},{"$error":"#VALUE!"},{"$f":"SUM(CQ305,System2!CQ305,System3!CQ305)","v":{"$error":"#VALUE!"}},{"$error":"#VALUE!"},{"$error":"#VALUE!"},{"$error":"#VALUE!"},{"$error":"#VALUE!"},{"$error":"#VALUE!"},{"$error":"#VALUE!"},{"$error":"#VALUE!"},{"$error":"#VALUE!"},{"$error":"#VALUE!"},{"$error":"#VALUE!"},{"$error":"#VALUE!"},{"$error":"#VALUE!"},{"$error":"#VALUE!"},{"$error":"#VALUE!"},{"$error":"#VALUE!"},{"$error":"#VALUE!"},{"$error":"#VALUE!"},{"$error":"#VALUE!"},{"$error":"#VALUE!"},{"$error":"#VALUE!"},{"$error":"#VALUE!"},{"$error":"#VALUE!"},{"$error":"#VALUE!"},{"$error":"#VALUE!"},{"$error":"#VALUE!"},{"$error":"#VALUE!"},{"$f":"SUM(DR305,System2!DR305,System3!DR305)","v":{"$error":"#VALUE!"}},{"$f":"DT$53","v":{"$error":"#VALUE!"}},{"$f":"DU$53","v":{"$error":"#VALUE!"}},{"$f":"DV$53","v":0},{"$f":"DW$53","v":{"$error":"#VALUE!"}},{"$error":"#VALUE!"},{"$error":"#VALUE!"},{"$error":"#VALUE!"},0,0,0,0,0,{"$error":"#VALUE!"},{"$f":"SUM(EF305,System2!EF305,System3!EF305)","v":{"$error":"#VALUE!"}},{"$error":"#VALUE!"},{"$error":"#VALUE!"},{"$error":"#VALUE!"},{"$error":"#VALUE!"},{"$error":"#VALUE!"},{"$error":"#VALUE!"},{"$error":"#VALUE!"},{"$error":"#VALUE!"},{"$error":"#VALUE!"},{"$error":"#VALUE!"},{"$error":"#VALUE!"},{"$error":"#VALUE!"},{"$error":"#VALUE!"},{"$error":"#VALUE!"},{"$error":"#VALUE!"},{"$error":"#VALUE!"},{"$error":"#VALUE!"},{"$error":"#VALUE!"},{"$error":"#VALUE!"},{"$error":"#VALUE!"},{"$error":"#VALUE!"},{"$error":"#VALUE!"},{"$error":"#VALUE!"},{"$error":"#VALUE!"},{"$error":"#VALUE!"},{"$error":"#VALUE!"},{"$f":"SUM(FG305,System2!FG305,System3!FG305)","v":{"$error":"#VALUE!"}},0,0,0,0,{"$error":"#VALUE!"},{"$error":"#VALUE!"},{"$error":"#VALUE!"},{"$error":"#VALUE!"},{"$error":"#VALUE!"},{"$error":"#VALUE!"},{"$error":"#VALUE!"},{"$error":"#VALUE!"},{"$error":"#VALUE!"},{"$error":"#VALUE!"},{"$error":"#VALUE!"},{"$error":"#VALUE!"},{"$error":"#VALUE!"},{"$error":"#VALUE!"},{"$error":"#VALUE!"},{"$error":"#VALUE!"},{"$error":"#VALUE!"},{"$error":"#VALUE!"},{"$error":"#VALUE!"},{"$error":"#VALUE!"},{"$f":"$GG$31*WaterFittings!BO280","v":{"$error":"#VALUE!"}},{"$f":"$GH$31*WaterFittings!BP280","v":{"$error":"#VALUE!"}},{"$f":"$GI$31*WaterFittings!BQ280","v":0},{"$f":"GJ$31*AirCond!BD279","v":{"$error":"#VALUE!"}},{"$f":"GK$31*AirCond!BE279","v":{"$error":"#VALUE!"}},{"$f":"GL$31*AirCond!BF279","v":{"$error":"#VALUE!"}},{"$f":"GM$31*AirCond!BG279","v":{"$error":"#VALUE!"}},{"$f":"GN$31*WaterFittings!BS280","v":0},{"$f":"GO$31*WaterFittings!BT280","v":0},{"$f":"GP$31*WaterFittings!BU280","v":0}]
[null,null,{"$f":"C305+1","v":275},4.5,0,{"$error":"#VALUE!"},{"$error":"#VALUE!"},{"$error":"#VALUE!"},{"$error":"#VALUE!"},{"$error":"#VALUE!"},{"$error":"#VALUE!"},{"$error":"#VALUE!"},{"$error":"#VALUE!"},{"$error":"#VALUE!"},{"$error":"#VALUE!"},null,{"$error":"#VALUE!"},{"$error":"#VALUE!"},{"$error":"#VALUE!"},{"$error":"#VALUE!"},{"$error":"#VALUE!"},null,{"$error":"#VALUE!"},{"$error":"#VALUE!"},{"$error":"#VALUE!"},{"$error":"#VALUE!"},{"$error":"#VALUE!"},null,23,{"$f":"SUM(SUMPRODUCT(AF$20:AJ$20,Q306:U306),SUMPRODUCT(AF$20:AJ$20,System2!Q306:U306),SUMPRODUCT(AF$20:AJ$20,System3!Q306:U306))","v":{"$error":"#VALUE!"}},{"$f":"SUM(SUMPRODUCT(AF$21:AJ$21,W306:AA306),SUMPRODUCT(AF$21:AJ$21,System2!W306:AA306),SUMPRODUCT(AF$21:AJ$21,System3!W306:AA306))","v":{"$error":"#VALUE!"}},{"$f":"WaterFittings!BN281","v":{"$error":"#VALUE!"}},{"$error":"#VALUE!"},{"$error":"#VALUE!"},{"$f":"MIN(AirCond!BL280,P$21)","v":0},{"$error":"#VALUE!"},{"$f":"MIN(ROUNDDOWN(AJ306-FH306,0),ROUNDDOWN(P$21*0.3,0),ROUNDDOWN(SUM(SUMPRODUCT(I$4:I$15,L$4:L$15),SUMPRODUCT(System2!I$4:I$15,System2!L$4:L$15),SUMPRODUCT(System3!I$4:I$15,System3!L$4:L$15))*0.3,0))","v":{"$error":"#VALUE!"}},{"$f":"ROUND(SUM(AX306,AY306),0)","v":0},{"$error":"#VALUE!"},{"$error":"#VALUE!"},{"$error":"#VALUE!"},0,{"$error":"#VALUE!"},{"$error":"#VALUE!"},{"$error":"#VALUE!"},0,null,null,null,0,0,0,0,null,{"$error":"#VALUE!"},{"$error":"#VALUE!"},{"$error":"#VALUE!"},{"$error":"#VALUE!"},{"$error":"#VALUE!"},{"$error":"#VALUE!"},{"$error":"#VALUE!"},{"$error":"#VALUE!"},{"$error":"#VALUE!"},0,{"$error":"#VALUE!"},{"$error":"#VALUE!"},{"$error":"#VALUE!"},{"$error":"#VALUE!"},{"$error":"#VALUE!"},{"$error":"#VALUE!"},{"$error":"#VALUE!"},{"$error":"#VALUE!"},{"$error":"#VALUE!"},{"$error":"#VALUE!"},{"$error":"#VALUE!"},{"$error":"#VALUE!"},{"$error":"#VALUE!"},{"$error":"#VALUE!"},{"$error":"#VALUE!"},{"$error":"#VALUE!"},{"$error":"#VALUE!"},{"$error":"#VALUE!"},{"$error":"#VALUE!"},{"$error":"#VALUE!"},{"$error":"#VALUE!"},{"$error":"#VALUE!"},{"$error":"#VALUE!"},{"$error":"#VALUE!"},{"$error":"#VALUE!"},{"$error":"#VALUE!"},{"$error":"#VALUE!"},{"$error":"#VALUE!"},{"$error":"#VALUE!"},{"$error":"#VALUE!"},{"$error":"#VALUE!"},{"$f":"SUM(CQ306,System2!CQ306,System3!CQ306)","v":{"$error":"#VALUE!"}},{"$error":"#VALUE!"},{"$error":"#VALUE!"},{"$error":"#VALUE!"},{"$error":"#VALUE!"},{"$error":"#VALUE!"},{"$error":"#VALUE!"},{"$error":"#VALUE!"},{"$error":"#VALUE!"},{"$error":"#VALUE!"},{"$error":"#VALUE!"},{"$error":"#VALUE!"},{"$error":"#VALUE!"},{"$error":"#VALUE!"},{"$error":"#VALUE!"},{"$error":"#VALUE!"},{"$error":"#VALUE!"},{"$error":"#VALUE!"},{"$error":"#VALUE!"},{"$error":"#VALUE!"},{"$error":"#VALUE!"},{"$error":"#VALUE!"},{"$error":"#VALUE!"},{"$error":"#VALUE!"},{"$error":"#VALUE!"},{"$error":"#VALUE!"},{"$error":"#VALUE!"},{"$f":"SUM(DR306,System2!DR306,System3!DR306)","v":{"$error":"#VALUE!"}},{"$f":"DT$54","v":{"$error":"#VALUE!"}},{"$f":"DU$54","v":{"$error":"#VALUE!"}},{"$f":"DV$54","v":0},{"$f":"DW$54","v":{"$error":"#VALUE!"}},{"$error":"#VALUE!"},{"$error":"#VALUE!"},{"$error":"#VALUE!"},0,0,0,0,0,{"$error":"#VALUE!"},{"$f":"SUM(EF306,System2!EF306,System3!EF306)","v":{"$error":"#VALUE!"}},{"$error":"#VALUE!"},{"$error":"#VALUE!"},{"$error":"#VALUE!"},{"$error":"#VALUE!"},{"$error":"#VALUE!"},{"$error":"#VALUE!"},{"$error":"#VALUE!"},{"$error":"#VALUE!"},{"$error":"#VALUE!"},{"$error":"#VALUE!"},{"$error":"#VALUE!"},{"$error":"#VALUE!"},{"$error":"#VALUE!"},{"$error":"#VALUE!"},{"$error":"#VALUE!"},{"$error":"#VALUE!"},{"$error":"#VALUE!"},{"$error":"#VALUE!"},{"$error":"#VALUE!"},{"$error":"#VALUE!"},{"$error":"#VALUE!"},{"$error":"#VALUE!"},{"$error":"#VALUE!"},{"$error":"#VALUE!"},{"$error":"#VALUE!"},{"$error":"#VALUE!"},{"$f":"SUM(FG306,System2!FG306,System3!FG306)","v":{"$error":"#VALUE!"}},0,0,0,0,{"$error":"#VALUE!"},{"$error":"#VALUE!"},{"$error":"#VALUE!"},{"$error":"#VALUE!"},{"$error":"#VALUE!"},{"$error":"#VALUE!"},{"$error":"#VALUE!"},{"$error":"#VALUE!"},{"$error":"#VALUE!"},{"$error":"#VALUE!"},{"$error":"#VALUE!"},{"$error":"#VALUE!"},{"$error":"#VALUE!"},{"$error":"#VALUE!"},{"$error":"#VALUE!"},{"$error":"#VALUE!"},{"$error":"#VALUE!"},{"$error":"#VALUE!"},{"$error":"#VALUE!"},{"$error":"#VALUE!"},{"$f":"$GG$31*WaterFittings!BO281","v":{"$error":"#VALUE!"}},{"$f":"$GH$31*WaterFittings!BP281","v":{"$error":"#VALUE!"}},{"$f":"$GI$31*WaterFittings!BQ281","v":0},{"$f":"GJ$31*AirCond!BD280","v":{"$error":"#VALUE!"}},{"$f":"GK$31*AirCond!BE280","v":{"$error":"#VALUE!"}},{"$f":"GL$31*AirCond!BF280","v":{"$error":"#VALUE!"}},{"$f":"GM$31*AirCond!BG280","v":{"$error":"#VALUE!"}},{"$f":"GN$31*WaterFittings!BS281","v":0},{"$f":"GO$31*WaterFittings!BT281","v":0},{"$f":"GP$31*WaterFittings!BU281","v":0}]
[null,null,276,0,0,{"$error":"#VALUE!"},{"$error":"#VALUE!"},{"$error":"#VALUE!"},{"$error":"#VALUE!"},{"$error":"#VALUE!"},{"$error":"#VALUE!"},{"$error":"#VALUE!"},{"$error":"#VALUE!"},{"$error":"#VALUE!"},{"$error":"#VALUE!"},null,{"$error":"#VALUE!"},{"$error":"#VALUE!"},{"$error":"#VALUE!"},{"$error":"#VALUE!"},{"$error":"#VALUE!"},null,{"$error":"#VALUE!"},{"$error":"#VALUE!"},{"$error":"#VALUE!"},{"$error":"#VALUE!"},{"$error":"#VALUE!"},null,24,{"$f":"SUM(SUMPRODUCT(AF$20:AJ$20,Q307:U307),SUMPRODUCT(AF$20:AJ$20,System2!Q307:U307),SUMPRODUCT(AF$20:AJ$20,System3!Q307:U307))","v":{"$error":"#VALUE!"}},{"$f":"SUM(SUMPRODUCT(AF$21:AJ$21,W307:AA307),SUMPRODUCT(AF$21:AJ$21,System2!W307:AA307),SUMPRODUCT(AF$21:AJ$21,System3!W307:AA307))","v":{"$error":"#VALUE!"}},{"$f":"WaterFittings!BN282","v":{"$error":"#VALUE!"}},{"$error":"#VALUE!"},{"$error":"#VALUE!"},{"$f":"MIN(AirCond!BL281,P$21)","v":0},{"$error":"#VALUE!"},{"$f":"MIN(ROUNDDOWN(AJ307-FH307,0),ROUNDDOWN(P$21*0.3,0),ROUNDDOWN(SUM(SUMPRODUCT(I$4:I$15,L$4:L$15),SUMPRODUCT(System2!I$4:I$15,System2!L$4:L$15),SUMPRODUCT(System3!I$4:I$15,System3!L$4:L$15))*0.3,0))","v":{"$error":"#VALUE!"}},0,{"$error":"#VALUE!"},{"$error":"#VALUE!"},{"$error":"#VALUE!"},0,{"$error":"#VALUE!"},{"$error":"#VALUE!"},{"$error":"#VALUE!"},0,null,null,null,0,0,0,0,null,{"$error":"#VALUE!"},{"$error":"#VALUE!"},{"$error":"#VALUE!"},{"$error":"#VALUE!"},{"$error":"#VALUE!"},{"$error":"#VALUE!"},{"$error":"#VALUE!"},{"$error":"#VALUE!"},{"$error":"#VALUE!"},0,{"$error":"#VALUE!"},{"$error":"#VALUE!"},{"$error":"#VALUE!"},{"$error":"#VALUE!"},{"$error":"#VALUE!"},{"$error":"#VALUE!"},{"$error":"#VALUE!"},{"$error":"#VALUE!"},{"$error":"#VALUE!"},{"$error":"#VALUE!"},{"$error":"#VALUE!"},{"$error":"#VALUE!"},{"$error":"#VALUE!"},{"$error":"#VALUE!"},{"$error":"#VALUE!"},{"$error":"#VALUE!"},{"$error":"#VALUE!"},{"$error":"#VALUE!"},{"$error":"#VALUE!"},{"$error":"#VALUE!"},{"$error":"#VALUE!"},{"$error":"#VALUE!"},{"$error":"#VALUE!"},{"$error":"#VALUE!"},{"$error":"#VALUE!"},{"$error":"#VALUE!"},{"$error":"#VALUE!"},{"$error":"#VALUE!"},{"$error":"#VALUE!"},{"$error":"#VALUE!"},{"$error":"#VALUE!"},{"$f":"SUM(CQ307,System2!CQ307,System3!CQ307)","v":{"$error":"#VALUE!"}},{"$error":"#VALUE!"},{"$error":"#VALUE!"},{"$error":"#VALUE!"},{"$error":"#VALUE!"},{"$error":"#VALUE!"},{"$error":"#VALUE!"},{"$error":"#VALUE!"},{"$error":"#VALUE!"},{"$error":"#VALUE!"},{"$error":"#VALUE!"},{"$error":"#VALUE!"},{"$error":"#VALUE!"},{"$error":"#VALUE!"},{"$error":"#VALUE!"},{"$error":"#VALUE!"},{"$error":"#VALUE!"},{"$error":"#VALUE!"},{"$error":"#VALUE!"},{"$error":"#VALUE!"},{"$error":"#VALUE!"},{"$error":"#VALUE!"},{"$error":"#VALUE!"},{"$error":"#VALUE!"},{"$error":"#VALUE!"},{"$error":"#VALUE!"},{"$error":"#VALUE!"},{"$f":"SUM(DR307,System2!DR307,System3!DR307)","v":{"$error":"#VALUE!"}},{"$f":"DT$55","v":{"$error":"#VALUE!"}},{"$f":"DU$55","v":{"$error":"#VALUE!"}},{"$f":"DV$55","v":0},{"$f":"DW$55","v":{"$error":"#VALUE!"}},{"$error":"#VALUE!"},{"$error":"#VALUE!"},{"$error":"#VALUE!"},0,0,0,0,0,{"$error":"#VALUE!"},{"$f":"SUM(EF307,System2!EF307,System3!EF307)","v":{"$error":"#VALUE!"}},{"$error":"#VALUE!"},{"$error":"#VALUE!"},{"$error":"#VALUE!"},{"$error":"#VALUE!"},{"$error":"#VALUE!"},{"$error":"#VALUE!"},{"$error":"#VALUE!"},{"$error":"#VALUE!"},{"$error":"#VALUE!"},{"$error":"#VALUE!"},{"$error":"#VALUE!"},{"$error":"#VALUE!"},{"$error":"#VALUE!"},{"$error":"#VALUE!"},{"$error":"#VALUE!"},{"$error":"#VALUE!"},{"$error":"#VALUE!"},{"$error":"#VALUE!"},{"$error":"#VALUE!"},{"$error":"#VALUE!"},{"$error":"#VALUE!"},{"$error":"#VALUE!"},{"$error":"#VALUE!"},{"$error":"#VALUE!"},{"$error":"#VALUE!"},{"$error":"#VALUE!"},{"$f":"SUM(FG307,System2!FG307,System3!FG307)","v":{"$error":"#VALUE!"}},0,0,{"$f":"IF(IF(FK$28>=3,COUNTIF(FK304:FK306,\">0\"),IF(FK$28=2,COUNTIF(FK305:FK306,\">0\"),IF(FK$28=1,COUNTIF(FK306,\">0\")))),0,FK$31)","v":0},0,{"$error":"#VALUE!"},{"$error":"#VALUE!"},{"$error":"#VALUE!"},{"$error":"#VALUE!"},{"$error":"#VALUE!"},{"$error":"#VALUE!"},{"$error":"#VALUE!"},{"$error":"#VALUE!"},{"$error":"#VALUE!"},{"$error":"#VALUE!"},{"$error":"#VALUE!"},{"$error":"#VALUE!"},{"$error":"#VALUE!"},{"$error":"#VALUE!"},{"$error":"#VALUE!"},{"$error":"#VALUE!"},{"$error":"#VALUE!"},{"$error":"#VALUE!"},{"$error":"#VALUE!"},{"$error":"#VALUE!"},{"$f":"$GG$31*WaterFittings!BO282","v":{"$error":"#VALUE!"}},{"$f":"$GH$31*WaterFittings!BP282","v":{"$error":"#VALUE!"}},{"$f":"$GI$31*WaterFittings!BQ282","v":0},{"$f":"GJ$31*AirCond!BD281","v":{"$error":"#VALUE!"}},{"$f":"GK$31*AirCond!BE281","v":{"$error":"#VALUE!"}},{"$f":"GL$31*AirCond!BF281","v":{"$error":"#VALUE!"}},{"$f":"GM$31*AirCond!BG281","v":{"$error":"#VALUE!"}},{"$f":"GN$31*WaterFittings!BS282","v":0},{"$f":"GO$31*WaterFittings!BT282","v":0},{"$f":"GP$31*WaterFittings!BU282","v":0}]
[null,null,277,0.5,0,{"$error":"#VALUE!"},{"$error":"#VALUE!"},{"$error":"#VALUE!"},{"$error":"#VALUE!"},{"$error":"#VALUE!"},{"$error":"#VALUE!"},{"$error":"#VALUE!"},{"$error":"#VALUE!"},{"$error":"#VALUE!"},{"$error":"#VALUE!"},null,{"$error":"#VALUE!"},{"$error":"#VALUE!"},{"$error":"#VALUE!"},{"$error":"#VALUE!"},{"$error":"#VALUE!"},null,{"$error":"#VALUE!"},{"$error":"#VALUE!"},{"$error":"#VALUE!"},{"$error":"#VALUE!"},{"$error":"#VALUE!"},null,25,{"$f":"SUM(SUMPRODUCT(AF$20:AJ$20,Q308:U308),SUMPRODUCT(AF$20:AJ$20,System2!Q308:U308),SUMPRODUCT(AF$20:AJ$20,System3!Q308:U308))","v":{"$error":"#VALUE!"}},{"$f":"SUM(SUMPRODUCT(AF$21:AJ$21,W308:AA308),SUMPRODUCT(AF$21:AJ$21,System2!W308:AA308),SUMPRODUCT(AF$21:AJ$21,System3!W308:AA308))","v":{"$error":"#VALUE!"}},{"$f":"WaterFittings!BN283","v":{"$error":"#VALUE!"}},{"$error":"#VALUE!"},{"$error":"#VALUE!"},{"$f":"MIN(AirCond!BL282,P$21)","v":0},{"$error":"#VALUE!"},{"$f":"MIN(ROUNDDOWN(AJ308-FH308,0),ROUNDDOWN(P$21*0.3,0),ROUNDDOWN(SUM(SUMPRODUCT(I$4:I$15,L$4:L$15),SUMPRODUCT(System2!I$4:I$15,System2!L$4:L$15),SUMPRODUCT(System3!I$4:I$15,System3!L$4:L$15))*0.3,0))","v":{"$error":"#VALUE!"}},0,{"$error":"#VALUE!"},{"$error":"#VALUE!"},{"$error":"#VALUE!"},0,{"$error":"#VALUE!"},{"$error":"#VALUE!"},{"$error":"#VALUE!"},0,null,null,null,0,0,0,0,null,{"$error":"#VALUE!"},{"$error":"#VALUE!"},{"$error":"#VALUE!"},{"$error":"#VALUE!"},{"$error":"#VALUE!"},{"$error":"#VALUE!"},{"$error":"#VALUE!"},{"$error":"#VALUE!"},{"$error":"#VALUE!"},0,{"$error":"#VALUE!"},{"$error":"#VALUE!"},{"$error":"#VALUE!"},{"$error":"#VALUE!"},{"$error":"#VALUE!"},{"$error":"#VALUE!"},{"$error":"#VALUE!"},{"$error":"#VALUE!"},{"$error":"#VALUE!"},{"$error":"#VALUE!"},{"$error":"#VALUE!"},{"$error":"#VALUE!"},{"$error":"#VALUE!"},{"$error":"#VALUE!"},{"$error":"#VALUE!"},{"$error":"#VALUE!"},{"$error":"#VALUE!"},{"$error":"#VALUE!"},{"$error":"#VALUE!"},{"$error":"#VALUE!"},{"$error":"#VALUE!"},{"$error":"#VALUE!"},{"$error":"#VALUE!"},{"$error":"#VALUE!"},{"$error":"#VALUE!"},{"$error":"#VALUE!"},{"$error":"#VALUE!"},{"$error":"#VALUE!"},{"$error":"#VALUE!"},{"$error":"#VALUE!"},{"$error":"#VALUE!"},{"$f":"SUM(CQ308,System2!CQ308,System3!CQ308)","v":{"$error":"#VALUE!"}},{"$error":"#VALUE!"},{"$error":"#VALUE!"},{"$error":"#VALUE!"},{"$error":"#VALUE!"},{"$error":"#VALUE!"},{"$error":"#VALUE!"},{"$error":"#VALUE!"},{"$error":"#VALUE!"},{"$error":"#VALUE!"},{"$error":"#VALUE!"},{"$error":"#VALUE!"},{"$error":"#VALUE!"},{"$error":"#VALUE!"},{"$error":"#VALUE!"},{"$error":"#VALUE!"},{"$error":"#VALUE!"},{"$error":"#VALUE!"},{"$error":"#VALUE!"},{"$error":"#VALUE!"},{"$error":"#VALUE!"},{"$error":"#VALUE!"},{"$error":"#VALUE!"},{"$error":"#VALUE!"},{"$error":"#VALUE!"},{"$error":"#VALUE!"},{"$error":"#VALUE!"},{"$f":"SUM(DR308,System2!DR308,System3!DR308)","v":{"$error":"#VALUE!"}},{"$f":"DT$56","v":{"$error":"#VALUE!"}},{"$f":"DU$56","v":{"$error":"#VALUE!"}},{"$f":"DV$56","v":0},{"$f":"DW$56","v":{"$error":"#VALUE!"}},{"$error":"#VALUE!"},{"$error":"#VALUE!"},{"$error":"#VALUE!"},0,0,0,0,0,{"$error":"#VALUE!"},{"$f":"SUM(EF308,System2!EF308,System3!EF308)","v":{"$error":"#VALUE!"}},{"$error":"#VALUE!"},{"$error":"#VALUE!"},{"$error":"#VALUE!"},{"$error":"#VALUE!"},{"$error":"#VALUE!"},{"$error":"#VALUE!"},{"$error":"#VALUE!"},{"$error":"#VALUE!"},{"$error":"#VALUE!"},{"$error":"#VALUE!"},{"$error":"#VALUE!"},{"$error":"#VALUE!"},{"$error":"#VALUE!"},{"$error":"#VALUE!"},{"$error":"#VALUE!"},{"$error":"#VALUE!"},{"$error":"#VALUE!"},{"$error":"#VALUE!"},{"$error":"#VALUE!"},{"$error":"#VALUE!"},{"$error":"#VALUE!"},{"$error":"#VALUE!"},{"$error":"#VALUE!"},{"$error":"#VALUE!"},{"$error":"#VALUE!"},{"$error":"#VALUE!"},{"$f":"SUM(FG308,System2!FG308,System3!FG308)","v":{"$error":"#VALUE!"}},0,0,0,0,{"$error":"#VALUE!"},{"$error":"#VALUE!"},{"$error":"#VALUE!"},{"$error":"#VALUE!"},{"$error":"#VALUE!"},{"$error":"#VALUE!"},{"$error":"#VALUE!"},{"$error":"#VALUE!"},{"$error":"#VALUE!"},{"$error":"#VALUE!"},{"$error":"#VALUE!"},{"$error":"#VALUE!"},{"$error":"#VALUE!"},{"$error":"#VALUE!"},{"$error":"#VALUE!"},{"$error":"#VALUE!"},{"$error":"#VALUE!"},{"$error":"#VALUE!"},{"$error":"#VALUE!"},{"$error":"#VALUE!"},{"$f":"$GG$31*WaterFittings!BO283","v":{"$error":"#VALUE!"}},{"$f":"$GH$31*WaterFittings!BP283","v":{"$error":"#VALUE!"}},{"$f":"$GI$31*WaterFittings!BQ283","v":0},{"$f":"GJ$31*AirCond!BD282","v":{"$error":"#VALUE!"}},{"$f":"GK$31*AirCond!BE282","v":{"$error":"#VALUE!"}},{"$f":"GL$31*AirCond!BF282","v":{"$error":"#VALUE!"}},{"$f":"GM$31*AirCond!BG282","v":{"$error":"#VALUE!"}},{"$f":"GN$31*WaterFittings!BS283","v":0},{"$f":"GO$31*WaterFittings!BT283","v":0},{"$f":"GP$31*WaterFittings!BU283","v":0}]
[null,null,278,1.5,0,{"$error":"#VALUE!"},{"$error":"#VALUE!"},{"$error":"#VALUE!"},{"$error":"#VALUE!"},{"$error":"#VALUE!"},{"$error":"#VALUE!"},{"$error":"#VALUE!"},{"$error":"#VALUE!"},{"$error":"#VALUE!"},{"$error":"#VALUE!"},null,{"$error":"#VALUE!"},{"$error":"#VALUE!"},{"$error":"#VALUE!"},{"$error":"#VALUE!"},{"$error":"#VALUE!"},null,{"$error":"#VALUE!"},{"$error":"#VALUE!"},{"$error":"#VALUE!"},{"$error":"#VALUE!"},{"$error":"#VALUE!"},null,26,{"$f":"SUM(SUMPRODUCT(AF$20:AJ$20,Q309:U309),SUMPRODUCT(AF$20:AJ$20,System2!Q309:U309),SUMPRODUCT(AF$20:AJ$20,System3!Q309:U309))","v":{"$error":"#VALUE!"}},{"$f":"SUM(SUMPRODUCT(AF$21:AJ$21,W309:AA309),SUMPRODUCT(AF$21:AJ$21,System2!W309:AA309),SUMPRODUCT(AF$21:AJ$21,System3!W309:AA309))","v":{"$error":"#VALUE!"}},{"$f":"WaterFittings!BN284","v":{"$error":"#VALUE!"}},{"$error":"#VALUE!"},{"$error":"#VALUE!"},{"$f":"MIN(AirCond!BL283,P$21)","v":0},{"$error":"#VALUE!"},{"$f":"MIN(ROUNDDOWN(AJ309-FH309,0),ROUNDDOWN(P$21*0.3,0),ROUNDDOWN(SUM(SUMPRODUCT(I$4:I$15,L$4:L$15),SUMPRODUCT(System2!I$4:I$15,System2!L$4:L$15),SUMPRODUCT(System3!I$4:I$15,System3!L$4:L$15))*0.3,0))","v":{"$error":"#VALUE!"}},0,{"$error":"#VALUE!"},{"$error":"#VALUE!"},{"$error":"#VALUE!"},0,{"$error":"#VALUE!"},{"$error":"#VALUE!"},{"$error":"#VALUE!"},0,null,null,null,0,0,0,0,null,{"$error":"#VALUE!"},{"$error":"#VALUE!"},{"$error":"#VALUE!"},{"$error":"#VALUE!"},{"$error":"#VALUE!"},{"$error":"#VALUE!"},{"$error":"#VALUE!"},{"$error":"#VALUE!"},{"$error":"#VALUE!"},0,{"$error":"#VALUE!"},{"$error":"#VALUE!"},{"$error":"#VALUE!"},{"$error":"#VALUE!"},{"$error":"#VALUE!"},{"$error":"#VALUE!"},{"$error":"#VALUE!"},{"$error":"#VALUE!"},{"$error":"#VALUE!"},{"$error":"#VALUE!"},{"$error":"#VALUE!"},{"$error":"#VALUE!"},{"$error":"#VALUE!"},{"$error":"#VALUE!"},{"$error":"#VALUE!"},{"$error":"#VALUE!"},{"$error":"#VALUE!"},{"$error":"#VALUE!"},{"$error":"#VALUE!"},{"$error":"#VALUE!"},{"$error":"#VALUE!"},{"$error":"#VALUE!"},{"$error":"#VALUE!"},{"$error":"#VALUE!"},{"$error":"#VALUE!"},{"$error":"#VALUE!"},{"$error":"#VALUE!"},{"$error":"#VALUE!"},{"$error":"#VALUE!"},{"$error":"#VALUE!"},{"$error":"#VALUE!"},{"$f":"SUM(CQ309,System2!CQ309,System3!CQ309)","v":{"$error":"#VALUE!"}},{"$error":"#VALUE!"},{"$error":"#VALUE!"},{"$error":"#VALUE!"},{"$error":"#VALUE!"},{"$error":"#VALUE!"},{"$error":"#VALUE!"},{"$error":"#VALUE!"},{"$error":"#VALUE!"},{"$error":"#VALUE!"},{"$error":"#VALUE!"},{"$error":"#VALUE!"},{"$error":"#VALUE!"},{"$error":"#VALUE!"},{"$error":"#VALUE!"},{"$error":"#VALUE!"},{"$error":"#VALUE!"},{"$error":"#VALUE!"},{"$error":"#VALUE!"},{"$error":"#VALUE!"},{"$error":"#VALUE!"},{"$error":"#VALUE!"},{"$error":"#VALUE!"},{"$error":"#VALUE!"},{"$error":"#VALUE!"},{"$error":"#VALUE!"},{"$error":"#VALUE!"},{"$f":"SUM(DR309,System2!DR309,System3!DR309)","v":{"$error":"#VALUE!"}},{"$f":"DT$57","v":{"$error":"#VALUE!"}},{"$f":"DU$57","v":{"$error":"#VALUE!"}},{"$f":"DV$57","v":0},{"$f":"DW$57","v":{"$error":"#VALUE!"}},{"$error":"#VALUE!"},{"$error":"#VALUE!"},{"$error":"#VALUE!"},0,0,0,0,0,{"$error":"#VALUE!"},{"$f":"SUM(EF309,System2!EF309,System3!EF309)","v":{"$error":"#VALUE!"}},{"$error":"#VALUE!"},{"$error":"#VALUE!"},{"$error":"#VALUE!"},{"$error":"#VALUE!"},{"$error":"#VALUE!"},{"$error":"#VALUE!"},{"$error":"#VALUE!"},{"$error":"#VALUE!"},{"$error":"#VALUE!"},{"$error":"#VALUE!"},{"$error":"#VALUE!"},{"$error":"#VALUE!"},{"$error":"#VALUE!"},{"$error":"#VALUE!"},{"$error":"#VALUE!"},{"$error":"#VALUE!"},{"$error":"#VALUE!"},{"$error":"#VALUE!"},{"$error":"#VALUE!"},{"$error":"#VALUE!"},{"$error":"#VALUE!"},{"$error":"#VALUE!"},{"$error":"#VALUE!"},{"$error":"#VALUE!"},{"$error":"#VALUE!"},{"$error":"#VALUE!"},{"$f":"SUM(FG309,System2!FG309,System3!FG309)","v":{"$error":"#VALUE!"}},0,0,0,0,{"$error":"#VALUE!"},{"$error":"#VALUE!"},{"$error":"#VALUE!"},{"$error":"#VALUE!"},{"$error":"#VALUE!"},{"$error":"#VALUE!"},{"$error":"#VALUE!"},{"$error":"#VALUE!"},{"$error":"#VALUE!"},{"$error":"#VALUE!"},{"$error":"#VALUE!"},{"$error":"#VALUE!"},{"$error":"#VALUE!"},{"$error":"#VALUE!"},{"$error":"#VALUE!"},{"$error":"#VALUE!"},{"$error":"#VALUE!"},{"$error":"#VALUE!"},{"$error":"#VALUE!"},{"$error":"#VALUE!"},{"$f":"$GG$31*WaterFittings!BO284","v":{"$error":"#VALUE!"}},{"$f":"$GH$31*WaterFittings!BP284","v":{"$error":"#VALUE!"}},{"$f":"$GI$31*WaterFittings!BQ284","v":0},{"$f":"GJ$31*AirCond!BD283","v":{"$error":"#VALUE!"}},{"$f":"GK$31*AirCond!BE283","v":{"$error":"#VALUE!"}},{"$f":"GL$31*AirCond!BF283","v":{"$error":"#VALUE!"}},{"$f":"GM$31*AirCond!BG283","v":{"$error":"#VALUE!"}},{"$f":"GN$31*WaterFittings!BS284","v":0},{"$f":"GO$31*WaterFittings!BT284","v":0},{"$f":"GP$31*WaterFittings!BU284","v":0}]
[null,null,279,25,0,{"$error":"#VALUE!"},{"$error":"#VALUE!"},{"$error":"#VALUE!"},{"$error":"#VALUE!"},{"$error":"#VALUE!"},{"$error":"#VALUE!"},{"$error":"#VALUE!"},{"$error":"#VALUE!"},{"$error":"#VALUE!"},{"$error":"#VALUE!"},null,{"$error":"#VALUE!"},{"$error":"#VALUE!"},{"$error":"#VALUE!"},{"$error":"#VALUE!"},{"$error":"#VALUE!"},null,{"$error":"#VALUE!"},{"$error":"#VALUE!"},{"$error":"#VALUE!"},{"$error":"#VALUE!"},{"$error":"#VALUE!"},null,27,{"$f":"SUM(SUMPRODUCT(AF$20:AJ$20,Q310:U310),SUMPRODUCT(AF$20:AJ$20,System2!Q310:U310),SUMPRODUCT(AF$20:AJ$20,System3!Q310:U310))","v":{"$error":"#VALUE!"}},{"$f":"SUM(SUMPRODUCT(AF$21:AJ$21,W310:AA310),SUMPRODUCT(AF$21:AJ$21,System2!W310:AA310),SUMPRODUCT(AF$21:AJ$21,System3!W310:AA310))","v":{"$error":"#VALUE!"}},{"$f":"WaterFittings!BN285","v":{"$error":"#VALUE!"}},{"$error":"#VALUE!"},{"$error":"#VALUE!"},{"$f":"MIN(AirCond!BL284,P$21)","v":0},{"$error":"#VALUE!"},{"$f":"MIN(ROUNDDOWN(AJ310-FH310,0),ROUNDDOWN(P$21*0.3,0),ROUNDDOWN(SUM(SUMPRODUCT(I$4:I$15,L$4:L$15),SUMPRODUCT(System2!I$4:I$15,System2!L$4:L$15),SUMPRODUCT(System3!I$4:I$15,System3!L$4:L$15))*0.3,0))","v":{"$error":"#VALUE!"}},0,{"$error":"#VALUE!"},{"$error":"#VALUE!"},{"$error":"#VALUE!"},0,{"$error":"#VALUE!"},{"$error":"#VALUE!"},{"$error":"#VALUE!"},0,null,null,null,0,0,0,0,null,{"$error":"#VALUE!"},{"$error":"#VALUE!"},{"$error":"#VALUE!"},{"$error":"#VALUE!"},{"$error":"#VALUE!"},{"$error":"#VALUE!"},{"$error":"#VALUE!"},{"$error":"#VALUE!"},{"$error":"#VALUE!"},0,{"$error":"#VALUE!"},{"$error":"#VALUE!"},{"$error":"#VALUE!"},{"$error":"#VALUE!"},{"$error":"#VALUE!"},{"$error":"#VALUE!"},{"$error":"#VALUE!"},{"$error":"#VALUE!"},{"$error":"#VALUE!"},{"$error":"#VALUE!"},{"$error":"#VALUE!"},{"$error":"#VALUE!"},{"$error":"#VALUE!"},{"$error":"#VALUE!"},{"$error":"#VALUE!"},{"$error":"#VALUE!"},{"$error":"#VALUE!"},{"$error":"#VALUE!"},{"$error":"#VALUE!"},{"$error":"#VALUE!"},{"$error":"#VALUE!"},{"$error":"#VALUE!"},{"$error":"#VALUE!"},{"$error":"#VALUE!"},{"$error":"#VALUE!"},{"$error":"#VALUE!"},{"$error":"#VALUE!"},{"$error":"#VALUE!"},{"$error":"#VALUE!"},{"$error":"#VALUE!"},{"$error":"#VALUE!"},{"$f":"SUM(CQ310,System2!CQ310,System3!CQ310)","v":{"$error":"#VALUE!"}},{"$error":"#VALUE!"},{"$error":"#VALUE!"},{"$error":"#VALUE!"},{"$error":"#VALUE!"},{"$error":"#VALUE!"},{"$error":"#VALUE!"},{"$error":"#VALUE!"},{"$error":"#VALUE!"},{"$error":"#VALUE!"},{"$error":"#VALUE!"},{"$error":"#VALUE!"},{"$error":"#VALUE!"},{"$error":"#VALUE!"},{"$error":"#VALUE!"},{"$error":"#VALUE!"},{"$error":"#VALUE!"},{"$error":"#VALUE!"},{"$error":"#VALUE!"},{"$error":"#VALUE!"},{"$error":"#VALUE!"},{"$error":"#VALUE!"},{"$error":"#VALUE!"},{"$error":"#VALUE!"},{"$error":"#VALUE!"},{"$error":"#VALUE!"},{"$error":"#VALUE!"},{"$f":"SUM(DR310,System2!DR310,System3!DR310)","v":{"$error":"#VALUE!"}},{"$f":"DT$58","v":{"$error":"#VALUE!"}},{"$f":"DU$58","v":{"$error":"#VALUE!"}},{"$f":"DV$58","v":0},{"$f":"DW$58","v":{"$error":"#VALUE!"}},{"$error":"#VALUE!"},{"$error":"#VALUE!"},{"$error":"#VALUE!"},0,0,0,0,0,{"$error":"#VALUE!"},{"$f":"SUM(EF310,System2!EF310,System3!EF310)","v":{"$error":"#VALUE!"}},{"$error":"#VALUE!"},{"$error":"#VALUE!"},{"$error":"#VALUE!"},{"$error":"#VALUE!"},{"$error":"#VALUE!"},{"$error":"#VALUE!"},{"$error":"#VALUE!"},{"$error":"#VALUE!"},{"$error":"#VALUE!"},{"$error":"#VALUE!"},{"$error":"#VALUE!"},{"$error":"#VALUE!"},{"$error":"#VALUE!"},{"$error":"#VALUE!"},{"$error":"#VALUE!"},{"$error":"#VALUE!"},{"$error":"#VALUE!"},{"$error":"#VALUE!"},{"$error":"#VALUE!"},{"$error":"#VALUE!"},{"$error":"#VALUE!"},{"$error":"#VALUE!"},{"$error":"#VALUE!"},{"$error":"#VALUE!"},{"$error":"#VALUE!"},{"$error":"#VALUE!"},{"$f":"SUM(FG310,System2!FG310,System3!FG310)","v":{"$error":"#VALUE!"}},0,0,0,0,{"$error":"#VALUE!"},{"$error":"#VALUE!"},{"$error":"#VALUE!"},{"$error":"#VALUE!"},{"$error":"#VALUE!"},{"$error":"#VALUE!"},{"$error":"#VALUE!"},{"$error":"#VALUE!"},{"$error":"#VALUE!"},{"$error":"#VALUE!"},{"$error":"#VALUE!"},{"$error":"#VALUE!"},{"$error":"#VALUE!"},{"$error":"#VALUE!"},{"$error":"#VALUE!"},{"$error":"#VALUE!"},{"$error":"#VALUE!"},{"$error":"#VALUE!"},{"$error":"#VALUE!"},{"$error":"#VALUE!"},{"$f":"$GG$31*WaterFittings!BO285","v":{"$error":"#VALUE!"}},{"$f":"$GH$31*WaterFittings!BP285","v":{"$error":"#VALUE!"}},{"$f":"$GI$31*WaterFittings!BQ285","v":0},{"$f":"GJ$31*AirCond!BD284","v":{"$error":"#VALUE!"}},{"$f":"GK$31*AirCond!BE284","v":{"$error":"#VALUE!"}},{"$f":"GL$31*AirCond!BF284","v":{"$error":"#VALUE!"}},{"$f":"GM$31*AirCond!BG284","v":{"$error":"#VALUE!"}},{"$f":"GN$31*WaterFittings!BS285","v":0},{"$f":"GO$31*WaterFittings!BT285","v":0},{"$f":"GP$31*WaterFittings!BU285","v":0}]
[null,null,280,0.5,0,{"$error":"#VALUE!"},{"$error":"#VALUE!"},{"$error":"#VALUE!"},{"$error":"#VALUE!"},{"$error":"#VALUE!"},{"$error":"#VALUE!"},{"$error":"#VALUE!"},{"$error":"#VALUE!"},{"$error":"#VALUE!"},{"$error":"#VALUE!"},null,{"$error":"#VALUE!"},{"$error":"#VALUE!"},{"$error":"#VALUE!"},{"$error":"#VALUE!"},{"$error":"#VALUE!"},null,{"$error":"#VALUE!"},{"$error":"#VALUE!"},{"$error":"#VALUE!"},{"$error":"#VALUE!"},{"$error":"#VALUE!"},null,28,{"$f":"SUM(SUMPRODUCT(AF$20:AJ$20,Q311:U311),SUMPRODUCT(AF$20:AJ$20,System2!Q311:U311),SUMPRODUCT(AF$20:AJ$20,System3!Q311:U311))","v":{"$error":"#VALUE!"}},{"$f":"SUM(SUMPRODUCT(AF$21:AJ$21,W311:AA311),SUMPRODUCT(AF$21:AJ$21,System2!W311:AA311),SUMPRODUCT(AF$21:AJ$21,System3!W311:AA311))","v":{"$error":"#VALUE!"}},{"$f":"WaterFittings!BN286","v":{"$error":"#VALUE!"}},{"$error":"#VALUE!"},{"$error":"#VALUE!"},{"$f":"MIN(AirCond!BL285,P$21)","v":0},{"$error":"#VALUE!"},{"$f":"MIN(ROUNDDOWN(AJ311-FH311,0),ROUNDDOWN(P$21*0.3,0),ROUNDDOWN(SUM(SUMPRODUCT(I$4:I$15,L$4:L$15),SUMPRODUCT(System2!I$4:I$15,System2!L$4:L$15),SUMPRODUCT(System3!I$4:I$15,System3!L$4:L$15))*0.3,0))","v":{"$error":"#VALUE!"}},0,{"$error":"#VALUE!"},{"$error":"#VALUE!"},{"$error":"#VALUE!"},0,{"$error":"#VALUE!"},{"$error":"#VALUE!"},{"$error":"#VALUE!"},0,null,null,null,0,0,0,0,null,{"$error":"#VALUE!"},{"$error":"#VALUE!"},{"$error":"#VALUE!"},{"$error":"#VALUE!"},{"$error":"#VALUE!"},{"$error":"#VALUE!"},{"$error":"#VALUE!"},{"$error":"#VALUE!"},{"$error":"#VALUE!"},0,{"$error":"#VALUE!"},{"$error":"#VALUE!"},{"$error":"#VALUE!"},{"$error":"#VALUE!"},{"$error":"#VALUE!"},{"$error":"#VALUE!"},{"$error":"#VALUE!"},{"$error":"#VALUE!"},{"$error":"#VALUE!"},{"$error":"#VALUE!"},{"$error":"#VALUE!"},{"$error":"#VALUE!"},{"$error":"#VALUE!"},{"$error":"#VALUE!"},{"$error":"#VALUE!"},{"$error":"#VALUE!"},{"$error":"#VALUE!"},{"$error":"#VALUE!"},{"$error":"#VALUE!"},{"$error":"#VALUE!"},{"$error":"#VALUE!"},{"$error":"#VALUE!"},{"$error":"#VALUE!"},{"$error":"#VALUE!"},{"$error":"#VALUE!"},{"$error":"#VALUE!"},{"$error":"#VALUE!"},{"$error":"#VALUE!"},{"$error":"#VALUE!"},{"$error":"#VALUE!"},{"$error":"#VALUE!"},{"$f":"SUM(CQ311,System2!CQ311,System3!CQ311)","v":{"$error":"#VALUE!"}},{"$error":"#VALUE!"},{"$error":"#VALUE!"},{"$error":"#VALUE!"},{"$error":"#VALUE!"},{"$error":"#VALUE!"},{"$error":"#VALUE!"},{"$error":"#VALUE!"},{"$error":"#VALUE!"},{"$error":"#VALUE!"},{"$error":"#VALUE!"},{"$error":"#VALUE!"},{"$error":"#VALUE!"},{"$error":"#VALUE!"},{"$error":"#VALUE!"},{"$error":"#VALUE!"},{"$error":"#VALUE!"},{"$error":"#VALUE!"},{"$error":"#VALUE!"},{"$error":"#VALUE!"},{"$error":"#VALUE!"},{"$error":"#VALUE!"},{"$error":"#VALUE!"},{"$error":"#VALUE!"},{"$error":"#VALUE!"},{"$error":"#VALUE!"},{"$error":"#VALUE!"},{"$f":"SUM(DR311,System2!DR311,System3!DR311)","v":{"$error":"#VALUE!"}},{"$f":"DT$59","v":{"$error":"#VALUE!"}},{"$f":"DU$59","v":{"$error":"#VALUE!"}},{"$f":"DV$59","v":0},{"$f":"DW$59","v":{"$error":"#VALUE!"}},{"$error":"#VALUE!"},{"$error":"#VALUE!"},{"$error":"#VALUE!"},0,0,0,0,0,{"$error":"#VALUE!"},{"$f":"SUM(EF311,System2!EF311,System3!EF311)","v":{"$error":"#VALUE!"}},{"$error":"#VALUE!"},{"$error":"#VALUE!"},{"$error":"#VALUE!"},{"$error":"#VALUE!"},{"$error":"#VALUE!"},{"$error":"#VALUE!"},{"$error":"#VALUE!"},{"$error":"#VALUE!"},{"$error":"#VALUE!"},{"$error":"#VALUE!"},{"$error":"#VALUE!"},{"$error":"#VALUE!"},{"$error":"#VALUE!"},{"$error":"#VALUE!"},{"$error":"#VALUE!"},{"$error":"#VALUE!"},{"$error":"#VALUE!"},{"$error":"#VALUE!"},{"$error":"#VALUE!"},{"$error":"#VALUE!"},{"$error":"#VALUE!"},{"$error":"#VALUE!"},{"$error":"#VALUE!"},{"$error":"#VALUE!"},{"$error":"#VALUE!"},{"$error":"#VALUE!"},{"$f":"SUM(FG311,System2!FG311,System3!FG311)","v":{"$error":"#VALUE!"}},0,0,0,0,{"$error":"#VALUE!"},{"$error":"#VALUE!"},{"$error":"#VALUE!"},{"$error":"#VALUE!"},{"$error":"#VALUE!"},{"$error":"#VALUE!"},{"$error":"#VALUE!"},{"$error":"#VALUE!"},{"$error":"#VALUE!"},{"$error":"#VALUE!"},{"$error":"#VALUE!"},{"$error":"#VALUE!"},{"$error":"#VALUE!"},{"$error":"#VALUE!"},{"$error":"#VALUE!"},{"$error":"#VALUE!"},{"$error":"#VALUE!"},{"$error":"#VALUE!"},{"$error":"#VALUE!"},{"$error":"#VALUE!"},{"$f":"$GG$31*WaterFittings!BO286","v":{"$error":"#VALUE!"}},{"$f":"$GH$31*WaterFittings!BP286","v":{"$error":"#VALUE!"}},{"$f":"$GI$31*WaterFittings!BQ286","v":0},{"$f":"GJ$31*AirCond!BD285","v":{"$error":"#VALUE!"}},{"$f":"GK$31*AirCond!BE285","v":{"$error":"#VALUE!"}},{"$f":"GL$31*AirCond!BF285","v":{"$error":"#VALUE!"}},{"$f":"GM$31*AirCond!BG285","v":{"$error":"#VALUE!"}},{"$f":"GN$31*WaterFittings!BS286","v":0},{"$f":"GO$31*WaterFittings!BT286","v":0},{"$f":"GP$31*WaterFittings!BU286","v":0}]
[null,null,281,2,0,{"$error":"#VALUE!"},{"$error":"#VALUE!"},{"$error":"#VALUE!"},{"$error":"#VALUE!"},{"$error":"#VALUE!"},{"$error":"#VALUE!"},{"$error":"#VALUE!"},{"$error":"#VALUE!"},{"$error":"#VALUE!"},{"$error":"#VALUE!"},null,{"$error":"#VALUE!"},{"$error":"#VALUE!"},{"$error":"#VALUE!"},{"$error":"#VALUE!"},{"$error":"#VALUE!"},null,{"$error":"#VALUE!"},{"$error":"#VALUE!"},{"$error":"#VALUE!"},{"$error":"#VALUE!"},{"$f":"ROUNDDOWN(FF312,0)","v":{"$error":"#VALUE!"}},null,1,{"$f":"SUM(SUMPRODUCT(AF$20:AJ$20,Q312:U312),SUMPRODUCT(AF$20:AJ$20,System2!Q312:U312),SUMPRODUCT(AF$20:AJ$20,System3!Q312:U312))","v":{"$error":"#VALUE!"}},{"$f":"SUM(SUMPRODUCT(AF$21:AJ$21,W312:AA312),SUMPRODUCT(AF$21:AJ$21,System2!W312:AA312),SUMPRODUCT(AF$21:AJ$21,System3!W312:AA312))","v":{"$error":"#VALUE!"}},{"$f":"WaterFittings!BN287","v":{"$error":"#VALUE!"}},{"$error":"#VALUE!"},{"$error":"#VALUE!"},{"$f":"MIN(AirCond!BL286,P$21)","v":0},{"$error":"#VALUE!"},{"$f":"MIN(ROUNDDOWN(AJ312-FH312,0),ROUNDDOWN(P$21*0.3,0),ROUNDDOWN(SUM(SUMPRODUCT(I$4:I$15,L$4:L$15),SUMPRODUCT(System2!I$4:I$15,System2!L$4:L$15),SUMPRODUCT(System3!I$4:I$15,System3!L$4:L$15))*0.3,0))","v":{"$error":"#VALUE!"}},0,{"$error":"#VALUE!"},{"$error":"#VALUE!"},{"$error":"#VALUE!"},0,{"$error":"#VALUE!"},{"$error":"#VALUE!"},{"$error":"#VALUE!"},0,null,null,null,0,0,0,0,null,{"$error":"#VALUE!"},{"$error":"#VALUE!"},{"$error":"#VALUE!"},{"$error":"#VALUE!"},{"$error":"#VALUE!"},{"$error":"#VALUE!"},{"$error":"#VALUE!"},{"$error":"#VALUE!"},{"$error":"#VALUE!"},0,{"$error":"#VALUE!"},{"$error":"#VALUE!"},{"$error":"#VALUE!"},{"$error":"#VALUE!"},{"$error":"#VALUE!"},{"$error":"#VALUE!"},{"$error":"#VALUE!"},{"$error":"#VALUE!"},{"$error":"#VALUE!"},{"$error":"#VALUE!"},{"$error":"#VALUE!"},{"$error":"#VALUE!"},{"$error":"#VALUE!"},{"$error":"#VALUE!"},{"$error":"#VALUE!"},{"$error":"#VALUE!"},{"$error":"#VALUE!"},{"$error":"#VALUE!"},{"$error":"#VALUE!"},{"$error":"#VALUE!"},{"$error":"#VALUE!"},{"$error":"#VALUE!"},{"$error":"#VALUE!"},{"$error":"#VALUE!"},{"$error":"#VALUE!"},{"$error":"#VALUE!"},{"$error":"#VALUE!"},{"$error":"#VALUE!"},{"$error":"#VALUE!"},{"$error":"#VALUE!"},{"$error":"#VALUE!"},{"$f":"SUM(CQ312,System2!CQ312,System3!CQ312)","v":{"$error":"#VALUE!"}},{"$error":"#VALUE!"},{"$error":"#VALUE!"},{"$error":"#VALUE!"},{"$error":"#VALUE!"},{"$error":"#VALUE!"},{"$error":"#VALUE!"},{"$error":"#VALUE!"},{"$error":"#VALUE!"},{"$error":"#VALUE!"},{"$error":"#VALUE!"},{"$error":"#VALUE!"},{"$error":"#VALUE!"},{"$error":"#VALUE!"},{"$error":"#VALUE!"},{"$error":"#VALUE!"},{"$error":"#VALUE!"},{"$error":"#VALUE!"},{"$error":"#VALUE!"},{"$error":"#VALUE!"},{"$error":"#VALUE!"},{"$error":"#VALUE!"},{"$error":"#VALUE!"},{"$error":"#VALUE!"},{"$error":"#VALUE!"},{"$error":"#VALUE!"},{"$error":"#VALUE!"},{"$f":"SUM(DR312,System2!DR312,System3!DR312)","v":{"$error":"#VALUE!"}},{"$f":"DT$32","v":{"$error":"#VALUE!"}},{"$f":"DU$32","v":{"$error":"#VALUE!"}},{"$f":"DV$32","v":0},{"$f":"DW$32","v":{"$error":"#VALUE!"}},{"$error":"#VALUE!"},{"$error":"#VALUE!"},{"$error":"#VALUE!"},0,0,0,0,0,{"$error":"#VALUE!"},{"$f":"SUM(EF312,System2!EF312,System3!EF312)","v":{"$error":"#VALUE!"}},{"$error":"#VALUE!"},{"$error":"#VALUE!"},{"$error":"#VALUE!"},{"$error":"#VALUE!"},{"$error":"#VALUE!"},{"$error":"#VALUE!"},{"$error":"#VALUE!"},{"$error":"#VALUE!"},{"$error":"#VALUE!"},{"$error":"#VALUE!"},{"$error":"#VALUE!"},{"$error":"#VALUE!"},{"$error":"#VALUE!"},{"$error":"#VALUE!"},{"$error":"#VALUE!"},{"$error":"#VALUE!"},{"$error":"#VALUE!"},{"$error":"#VALUE!"},{"$error":"#VALUE!"},{"$error":"#VALUE!"},{"$error":"#VALUE!"},{"$error":"#VALUE!"},{"$error":"#VALUE!"},{"$error":"#VALUE!"},{"$error":"#VALUE!"},{"$error":"#VALUE!"},{"$f":"SUM(FG312,System2!FG312,System3!FG312)","v":{"$error":"#VALUE!"}},0,0,0,0,{"$error":"#VALUE!"},{"$error":"#VALUE!"},{"$error":"#VALUE!"},{"$error":"#VALUE!"},{"$error":"#VALUE!"},{"$error":"#VALUE!"},{"$error":"#VALUE!"},{"$error":"#VALUE!"},{"$error":"#VALUE!"},{"$error":"#VALUE!"},{"$error":"#VALUE!"},{"$error":"#VALUE!"},{"$error":"#VALUE!"},{"$error":"#VALUE!"},{"$error":"#VALUE!"},{"$error":"#VALUE!"},{"$error":"#VALUE!"},{"$error":"#VALUE!"},{"$error":"#VALUE!"},{"$error":"#VALUE!"},{"$f":"$GG$31*WaterFittings!BO287","v":{"$error":"#VALUE!"}},{"$f":"$GH$31*WaterFittings!BP287","v":{"$error":"#VALUE!"}},{"$f":"$GI$31*WaterFittings!BQ287","v":0},{"$f":"GJ$31*AirCond!BD286","v":{"$error":"#VALUE!"}},{"$f":"GK$31*AirCond!BE286","v":{"$error":"#VALUE!"}},{"$f":"GL$31*AirCond!BF286","v":{"$error":"#VALUE!"}},{"$f":"GM$31*AirCond!BG286","v":{"$error":"#VALUE!"}},{"$f":"GN$31*WaterFittings!BS287","v":0},{"$f":"GO$31*WaterFittings!BT287","v":0},{"$f":"GP$31*WaterFittings!BU287","v":0}]
[null,null,{"$f":"C312+1","v":282},2,0,{"$error":"#VALUE!"},{"$error":"#VALUE!"},{"$error":"#VALUE!"},{"$error":"#VALUE!"},{"$error":"#VALUE!"},{"$error":"#VALUE!"},{"$error":"#VALUE!"},{"$f":"ROUNDDOWN(SUM(CB313:CD313)*BQ313,0)","v":{"$error":"#VALUE!"}},{"$error":"#VALUE!"},{"$error":"#VALUE!"},null,{"$error":"#VALUE!"},{"$error":"#VALUE!"},{"$error":"#VALUE!"},{"$error":"#VALUE!"},{"$error":"#VALUE!"},null,{"$error":"#VALUE!"},{"$error":"#VALUE!"},{"$f":"ROUNDDOWN(SUM(FB313:FD313),0)","v":{"$error":"#VALUE!"}},{"$error":"#VALUE!"},{"$error":"#VALUE!"},null,2,{"$f":"SUM(SUMPRODUCT(AF$20:AJ$20,Q313:U313),SUMPRODUCT(AF$20:AJ$20,System2!Q313:U313),SUMPRODUCT(AF$20:AJ$20,System3!Q313:U313))","v":{"$error":"#VALUE!"}},{"$f":"SUM(SUMPRODUCT(AF$21:AJ$21,W313:AA313),SUMPRODUCT(AF$21:AJ$21,System2!W313:AA313),SUMPRODUCT(AF$21:AJ$21,System3!W313:AA313))","v":{"$error":"#VALUE!"}},{"$f":"WaterFittings!BN288","v":{"$error":"#VALUE!"}},{"$error":"#VALUE!"},{"$error":"#VALUE!"},{"$f":"MIN(AirCond!BL287,P$21)","v":0},{"$error":"#VALUE!"},{"$f":"MIN(ROUNDDOWN(AJ313-FH313,0),ROUNDDOWN(P$21*0.3,0),ROUNDDOWN(SUM(SUMPRODUCT(I$4:I$15,L$4:L$15),SUMPRODUCT(System2!I$4:I$15,System2!L$4:L$15),SUMPRODUCT(System3!I$4:I$15,System3!L$4:L$15))*0.3,0))","v":{"$error":"#VALUE!"}},0,{"$error":"#VALUE!"},{"$error":"#VALUE!"},{"$error":"#VALUE!"},0,{"$error":"#VALUE!"},{"$error":"#VALUE!"},{"$error":"#VALUE!"},0,null,null,null,0,0,0,0,null,{"$error":"#VALUE!"},{"$error":"#VALUE!"},{"$error":"#VALUE!"},{"$error":"#VALUE!"},{"$error":"#VALUE!"},{"$error":"#VALUE!"},{"$error":"#VALUE!"},{"$error":"#VALUE!"},{"$error":"#VALUE!"},0,{"$error":"#VALUE!"},{"$error":"#VALUE!"},{"$error":"#VALUE!"},{"$error":"#VALUE!"},{"$error":"#VALUE!"},{"$error":"#VALUE!"},{"$error":"#VALUE!"},{"$error":"#VALUE!"},{"$error":"#VALUE!"},{"$error":"#VALUE!"},{"$error":"#VALUE!"},{"$error":"#VALUE!"},{"$error":"#VALUE!"},{"$error":"#VALUE!"},{"$error":"#VALUE!"},{"$error":"#VALUE!"},{"$error":"#VALUE!"},{"$error":"#VALUE!"},{"$error":"#VALUE!"},{"$error":"#VALUE!"},{"$error":"#VALUE!"},{"$error":"#VALUE!"},{"$error":"#VALUE!"},{"$error":"#VALUE!"},{"$error":"#VALUE!"},{"$error":"#VALUE!"},{"$error":"#VALUE!"},{"$error":"#VALUE!"},{"$error":"#VALUE!"},{"$error":"#VALUE!"},{"$error":"#VALUE!"},{"$f":"SUM(CQ313,System2!CQ313,System3!CQ313)","v":{"$error":"#VALUE!"}},{"$error":"#VALUE!"},{"$error":"#VALUE!"},{"$error":"#VALUE!"},{"$error":"#VALUE!"},{"$error":"#VALUE!"},{"$error":"#VALUE!"},{"$error":"#VALUE!"},{"$error":"#VALUE!"},{"$error":"#VALUE!"},{"$error":"#VALUE!"},{"$error":"#VALUE!"},{"$error":"#VALUE!"},{"$error":"#VALUE!"},{"$error":"#VALUE!"},{"$error":"#VALUE!"},{"$error":"#VALUE!"},{"$error":"#VALUE!"},{"$error":"#VALUE!"},{"$error":"#VALUE!"},{"$error":"#VALUE!"},{"$error":"#VALUE!"},{"$error":"#VALUE!"},{"$error":"#VALUE!"},{"$error":"#VALUE!"},{"$error":"#VALUE!"},{"$error":"#VALUE!"},{"$f":"SUM(DR313,System2!DR313,System3!DR313)","v":{"$error":"#VALUE!"}},{"$f":"DT$33","v":{"$error":"#VALUE!"}},{"$f":"DU$33","v":{"$error":"#VALUE!"}},{"$f":"DV$33","v":0},{"$f":"DW$33","v":{"$error":"#VALUE!"}},{"$error":"#VALUE!"},{"$error":"#VALUE!"},{"$error":"#VALUE!"},0,0,0,0,0,{"$error":"#VALUE!"},{"$f":"SUM(EF313,System2!EF313,System3!EF313)","v":{"$error":"#VALUE!"}},{"$error":"#VALUE!"},{"$error":"#VALUE!"},{"$error":"#VALUE!"},{"$error":"#VALUE!"},{"$error":"#VALUE!"},{"$error":"#VALUE!"},{"$error":"#VALUE!"},{"$error":"#VALUE!"},{"$error":"#VALUE!"},{"$error":"#VALUE!"},{"$error":"#VALUE!"},{"$error":"#VALUE!"},{"$error":"#VALUE!"},{"$error":"#VALUE!"},{"$error":"#VALUE!"},{"$error":"#VALUE!"},{"$error":"#VALUE!"},{"$error":"#VALUE!"},{"$error":"#VALUE!"},{"$error":"#VALUE!"},{"$error":"#VALUE!"},{"$error":"#VALUE!"},{"$error":"#VALUE!"},{"$error":"#VALUE!"},{"$error":"#VALUE!"},{"$error":"#VALUE!"},{"$f":"SUM(FG313,System2!FG313,System3!FG313)","v":{"$error":"#VALUE!"}},0,0,0,0,{"$error":"#VALUE!"},{"$error":"#VALUE!"},{"$error":"#VALUE!"},{"$error":"#VALUE!"},{"$error":"#VALUE!"},{"$error":"#VALUE!"},{"$error":"#VALUE!"},{"$error":"#VALUE!"},{"$error":"#VALUE!"},{"$error":"#VALUE!"},{"$error":"#VALUE!"},{"$error":"#VALUE!"},{"$error":"#VALUE!"},{"$error":"#VALUE!"},{"$error":"#VALUE!"},{"$error":"#VALUE!"},{"$error":"#VALUE!"},{"$error":"#VALUE!"},{"$error":"#VALUE!"},{"$error":"#VALUE!"},{"$f":"$GG$31*WaterFittings!BO288","v":{"$error":"#VALUE!"}},{"$f":"$GH$31*WaterFittings!BP288","v":{"$error":"#VALUE!"}},{"$f":"$GI$31*WaterFittings!BQ288","v":0},{"$f":"GJ$31*AirCond!BD287","v":{"$error":"#VALUE!"}},{"$f":"GK$31*AirCond!BE287","v":{"$error":"#VALUE!"}},{"$f":"GL$31*AirCond!BF287","v":{"$error":"#VALUE!"}},{"$f":"GM$31*AirCond!BG287","v":{"$error":"#VALUE!"}},{"$f":"GN$31*WaterFittings!BS288","v":0},{"$f":"GO$31*WaterFittings!BT288","v":0},{"$f":"GP$31*WaterFittings!BU288","v":0}]
[null,null,283,101.5,0,{"$error":"#VALUE!"},{"$error":"#VALUE!"},{"$error":"#VALUE!"},{"$error":"#VALUE!"},{"$error":"#VALUE!"},{"$error":"#VALUE!"},{"$error":"#VALUE!"},{"$error":"#VALUE!"},{"$error":"#VALUE!"},{"$error":"#VALUE!"},null,{"$error":"#VALUE!"},{"$error":"#VALUE!"},{"$error":"#VALUE!"},{"$error":"#VALUE!"},{"$error":"#VALUE!"},null,{"$error":"#VALUE!"},{"$error":"#VALUE!"},{"$error":"#VALUE!"},{"$error":"#VALUE!"},{"$error":"#VALUE!"},null,3,{"$f":"SUM(SUMPRODUCT(AF$20:AJ$20,Q314:U314),SUMPRODUCT(AF$20:AJ$20,System2!Q314:U314),SUMPRODUCT(AF$20:AJ$20,System3!Q314:U314))","v":{"$error":"#VALUE!"}},{"$f":"SUM(SUMPRODUCT(AF$21:AJ$21,W314:AA314),SUMPRODUCT(AF$21:AJ$21,System2!W314:AA314),SUMPRODUCT(AF$21:AJ$21,System3!W314:AA314))","v":{"$error":"#VALUE!"}},{"$f":"WaterFittings!BN289","v":{"$error":"#VALUE!"}},{"$error":"#VALUE!"},{"$error":"#VALUE!"},{"$f":"MIN(AirCond!BL288,P$21)","v":0},{"$error":"#VALUE!"},{"$f":"MIN(ROUNDDOWN(AJ314-FH314,0),ROUNDDOWN(P$21*0.3,0),ROUNDDOWN(SUM(SUMPRODUCT(I$4:I$15,L$4:L$15),SUMPRODUCT(System2!I$4:I$15,System2!L$4:L$15),SUMPRODUCT(System3!I$4:I$15,System3!L$4:L$15))*0.3,0))","v":{"$error":"#VALUE!"}},0,{"$error":"#VALUE!"},{"$error":"#VALUE!"},{"$error":"#VALUE!"},0,{"$error":"#VALUE!"},{"$error":"#VALUE!"},{"$error":"#VALUE!"},0,null,null,null,0,0,0,0,null,{"$error":"#VALUE!"},{"$error":"#VALUE!"},{"$error":"#VALUE!"},{"$error":"#VALUE!"},{"$error":"#VALUE!"},{"$error":"#VALUE!"},{"$error":"#VALUE!"},{"$error":"#VALUE!"},{"$error":"#VALUE!"},0,{"$error":"#VALUE!"},{"$error":"#VALUE!"},{"$error":"#VALUE!"},{"$error":"#VALUE!"},{"$error":"#VALUE!"},{"$error":"#VALUE!"},{"$error":"#VALUE!"},{"$error":"#VALUE!"},{"$error":"#VALUE!"},{"$error":"#VALUE!"},{"$error":"#VALUE!"},{"$error":"#VALUE!"},{"$error":"#VALUE!"},{"$error":"#VALUE!"},{"$error":"#VALUE!"},{"$error":"#VALUE!"},{"$error":"#VALUE!"},{"$error":"#VALUE!"},{"$error":"#VALUE!"},{"$error":"#VALUE!"},{"$error":"#VALUE!"},{"$error":"#VALUE!"},{"$error":"#VALUE!"},{"$error":"#VALUE!"},{"$error":"#VALUE!"},{"$error":"#VALUE!"},{"$error":"#VALUE!"},{"$error":"#VALUE!"},{"$error":"#VALUE!"},{"$error":"#VALUE!"},{"$error":"#VALUE!"},{"$f":"SUM(CQ314,System2!CQ314,System3!CQ314)","v":{"$error":"#VALUE!"}},{"$error":"#VALUE!"},{"$error":"#VALUE!"},{"$error":"#VALUE!"},{"$error":"#VALUE!"},{"$error":"#VALUE!"},{"$error":"#VALUE!"},{"$error":"#VALUE!"},{"$error":"#VALUE!"},{"$error":"#VALUE!"},{"$error":"#VALUE!"},{"$error":"#VALUE!"},{"$error":"#VALUE!"},{"$error":"#VALUE!"},{"$error":"#VALUE!"},{"$error":"#VALUE!"},{"$error":"#VALUE!"},{"$error":"#VALUE!"},{"$error":"#VALUE!"},{"$error":"#VALUE!"},{"$error":"#VALUE!"},{"$error":"#VALUE!"},{"$error":"#VALUE!"},{"$error":"#VALUE!"},{"$error":"#VALUE!"},{"$error":"#VALUE!"},{"$error":"#VALUE!"},{"$f":"SUM(DR314,System2!DR314,System3!DR314)","v":{"$error":"#VALUE!"}},{"$f":"DT$34","v":{"$error":"#VALUE!"}},{"$f":"DU$34","v":{"$error":"#VALUE!"}},{"$f":"DV$34","v":0},{"$f":"DW$34","v":{"$error":"#VALUE!"}},{"$error":"#VALUE!"},{"$error":"#VALUE!"},{"$error":"#VALUE!"},0,0,0,0,0,{"$error":"#VALUE!"},{"$f":"SUM(EF314,System2!EF314,System3!EF314)","v":{"$error":"#VALUE!"}},{"$error":"#VALUE!"},{"$error":"#VALUE!"},{"$error":"#VALUE!"},{"$error":"#VALUE!"},{"$error":"#VALUE!"},{"$error":"#VALUE!"},{"$error":"#VALUE!"},{"$error":"#VALUE!"},{"$error":"#VALUE!"},{"$error":"#VALUE!"},{"$error":"#VALUE!"},{"$error":"#VALUE!"},{"$error":"#VALUE!"},{"$error":"#VALUE!"},{"$error":"#VALUE!"},{"$error":"#VALUE!"},{"$error":"#VALUE!"},{"$error":"#VALUE!"},{"$error":"#VALUE!"},{"$error":"#VALUE!"},{"$error":"#VALUE!"},{"$error":"#VALUE!"},{"$error":"#VALUE!"},{"$error":"#VALUE!"},{"$error":"#VALUE!"},{"$error":"#VALUE!"},{"$f":"SUM(FG314,System2!FG314,System3!FG314)","v":{"$error":"#VALUE!"}},0,0,0,0,{"$error":"#VALUE!"},{"$error":"#VALUE!"},{"$error":"#VALUE!"},{"$error":"#VALUE!"},{"$error":"#VALUE!"},{"$error":"#VALUE!"},{"$error":"#VALUE!"},{"$error":"#VALUE!"},{"$error":"#VALUE!"},{"$error":"#VALUE!"},{"$error":"#VALUE!"},{"$error":"#VALUE!"},{"$error":"#VALUE!"},{"$error":"#VALUE!"},{"$error":"#VALUE!"},{"$error":"#VALUE!"},{"$error":"#VALUE!"},{"$error":"#VALUE!"},{"$error":"#VALUE!"},{"$error":"#VALUE!"},{"$f":"$GG$31*WaterFittings!BO289","v":{"$error":"#VALUE!"}},{"$f":"$GH$31*WaterFittings!BP289","v":{"$error":"#VALUE!"}},{"$f":"$GI$31*WaterFittings!BQ289","v":0},{"$f":"GJ$31*AirCond!BD288","v":{"$error":"#VALUE!"}},{"$f":"GK$31*AirCond!BE288","v":{"$error":"#VALUE!"}},{"$f":"GL$31*AirCond!BF288","v":{"$error":"#VALUE!"}},{"$f":"GM$31*AirCond!BG288","v":{"$error":"#VALUE!"}},{"$f":"GN$31*WaterFittings!BS289","v":0},{"$f":"GO$31*WaterFittings!BT289","v":0},{"$f":"GP$31*WaterFittings!BU289","v":0}]
[null,null,284,12,0,{"$error":"#VALUE!"},{"$error":"#VALUE!"},{"$error":"#VALUE!"},{"$error":"#VALUE!"},{"$error":"#VALUE!"},{"$error":"#VALUE!"},{"$error":"#VALUE!"},{"$error":"#VALUE!"},{"$error":"#VALUE!"},{"$error":"#VALUE!"},null,{"$error":"#VALUE!"},{"$error":"#VALUE!"},{"$error":"#VALUE!"},{"$error":"#VALUE!"},{"$error":"#VALUE!"},null,{"$error":"#VALUE!"},{"$error":"#VALUE!"},{"$error":"#VALUE!"},{"$error":"#VALUE!"},{"$error":"#VALUE!"},null,4,{"$f":"SUM(SUMPRODUCT(AF$20:AJ$20,Q315:U315),SUMPRODUCT(AF$20:AJ$20,System2!Q315:U315),SUMPRODUCT(AF$20:AJ$20,System3!Q315:U315))","v":{"$error":"#VALUE!"}},{"$f":"SUM(SUMPRODUCT(AF$21:AJ$21,W315:AA315),SUMPRODUCT(AF$21:AJ$21,System2!W315:AA315),SUMPRODUCT(AF$21:AJ$21,System3!W315:AA315))","v":{"$error":"#VALUE!"}},{"$f":"WaterFittings!BN290","v":{"$error":"#VALUE!"}},{"$error":"#VALUE!"},{"$error":"#VALUE!"},{"$f":"MIN(AirCond!BL289,P$21)","v":0},{"$error":"#VALUE!"},{"$f":"MIN(ROUNDDOWN(AJ315-FH315,0),ROUNDDOWN(P$21*0.3,0),ROUNDDOWN(SUM(SUMPRODUCT(I$4:I$15,L$4:L$15),SUMPRODUCT(System2!I$4:I$15,System2!L$4:L$15),SUMPRODUCT(System3!I$4:I$15,System3!L$4:L$15))*0.3,0))","v":{"$error":"#VALUE!"}},0,{"$error":"#VALUE!"},{"$error":"#VALUE!"},{"$error":"#VALUE!"},0,{"$error":"#VALUE!"},{"$error":"#VALUE!"},{"$error":"#VALUE!"},0,null,null,null,0,0,0,0,null,{"$error":"#VALUE!"},{"$error":"#VALUE!"},{"$error":"#VALUE!"},{"$error":"#VALUE!"},{"$error":"#VALUE!"},{"$error":"#VALUE!"},{"$error":"#VALUE!"},{"$error":"#VALUE!"},{"$error":"#VALUE!"},0,{"$error":"#VALUE!"},{"$error":"#VALUE!"},{"$error":"#VALUE!"},{"$error":"#VALUE!"},{"$error":"#VALUE!"},{"$error":"#VALUE!"},{"$error":"#VALUE!"},{"$error":"#VALUE!"},{"$error":"#VALUE!"},{"$error":"#VALUE!"},{"$error":"#VALUE!"},{"$error":"#VALUE!"},{"$error":"#VALUE!"},{"$error":"#VALUE!"},{"$error":"#VALUE!"},{"$error":"#VALUE!"},{"$error":"#VALUE!"},{"$error":"#VALUE!"},{"$error":"#VALUE!"},{"$error":"#VALUE!"},{"$error":"#VALUE!"},{"$error":"#VALUE!"},{"$error":"#VALUE!"},{"$error":"#VALUE!"},{"$error":"#VALUE!"},{"$error":"#VALUE!"},{"$error":"#VALUE!"},{"$error":"#VALUE!"},{"$error":"#VALUE!"},{"$error":"#VALUE!"},{"$error":"#VALUE!"},{"$f":"SUM(CQ315,System2!CQ315,System3!CQ315)","v":{"$error":"#VALUE!"}},{"$error":"#VALUE!"},{"$error":"#VALUE!"},{"$error":"#VALUE!"},{"$error":"#VALUE!"},{"$error":"#VALUE!"},{"$error":"#VALUE!"},{"$error":"#VALUE!"},{"$error":"#VALUE!"},{"$error":"#VALUE!"},{"$error":"#VALUE!"},{"$error":"#VALUE!"},{"$error":"#VALUE!"},{"$error":"#VALUE!"},{"$error":"#VALUE!"},{"$error":"#VALUE!"},{"$error":"#VALUE!"},{"$error":"#VALUE!"},{"$error":"#VALUE!"},{"$error":"#VALUE!"},{"$error":"#VALUE!"},{"$error":"#VALUE!"},{"$error":"#VALUE!"},{"$error":"#VALUE!"},{"$error":"#VALUE!"},{"$error":"#VALUE!"},{"$error":"#VALUE!"},{"$f":"SUM(DR315,System2!DR315,System3!DR315)","v":{"$error":"#VALUE!"}},{"$f":"DT$35","v":{"$error":"#VALUE!"}},{"$f":"DU$35","v":{"$error":"#VALUE!"}},{"$f":"DV$35","v":0},{"$f":"DW$35","v":{"$error":"#VALUE!"}},{"$error":"#VALUE!"},{"$error":"#VALUE!"},{"$error":"#VALUE!"},0,0,0,0,0,{"$error":"#VALUE!"},{"$f":"SUM(EF315,System2!EF315,System3!EF315)","v":{"$error":"#VALUE!"}},{"$error":"#VALUE!"},{"$error":"#VALUE!"},{"$error":"#VALUE!"},{"$error":"#VALUE!"},{"$error":"#VALUE!"},{"$error":"#VALUE!"},{"$error":"#VALUE!"},{"$error":"#VALUE!"},{"$error":"#VALUE!"},{"$error":"#VALUE!"},{"$error":"#VALUE!"},{"$error":"#VALUE!"},{"$error":"#VALUE!"},{"$error":"#VALUE!"},{"$error":"#VALUE!"},{"$error":"#VALUE!"},{"$error":"#VALUE!"},{"$error":"#VALUE!"},{"$error":"#VALUE!"},{"$error":"#VALUE!"},{"$error":"#VALUE!"},{"$error":"#VALUE!"},{"$error":"#VALUE!"},{"$error":"#VALUE!"},{"$error":"#VALUE!"},{"$error":"#VALUE!"},{"$f":"SUM(FG315,System2!FG315,System3!FG315)","v":{"$error":"#VALUE!"}},0,0,0,0,{"$error":"#VALUE!"},{"$error":"#VALUE!"},{"$error":"#VALUE!"},{"$error":"#VALUE!"},{"$error":"#VALUE!"},{"$error":"#VALUE!"},{"$error":"#VALUE!"},{"$error":"#VALUE!"},{"$error":"#VALUE!"},{"$error":"#VALUE!"},{"$error":"#VALUE!"},{"$error":"#VALUE!"},{"$error":"#VALUE!"},{"$error":"#VALUE!"},{"$error":"#VALUE!"},{"$error":"#VALUE!"},{"$error":"#VALUE!"},{"$error":"#VALUE!"},{"$error":"#VALUE!"},{"$error":"#VALUE!"},{"$f":"$GG$31*WaterFittings!BO290","v":{"$error":"#VALUE!"}},{"$f":"$GH$31*WaterFittings!BP290","v":{"$error":"#VALUE!"}},{"$f":"$GI$31*WaterFittings!BQ290","v":0},{"$f":"GJ$31*AirCond!BD289","v":{"$error":"#VALUE!"}},{"$f":"GK$31*AirCond!BE289","v":{"$error":"#VALUE!"}},{"$f":"GL$31*AirCond!BF289","v":{"$error":"#VALUE!"}},{"$f":"GM$31*AirCond!BG289","v":{"$error":"#VALUE!"}},{"$f":"GN$31*WaterFittings!BS290","v":0},{"$f":"GO$31*WaterFittings!BT290","v":0},{"$f":"GP$31*WaterFittings!BU290","v":0}]
[null,null,285,0,0,{"$error":"#VALUE!"},{"$error":"#VALUE!"},{"$error":"#VALUE!"},{"$error":"#VALUE!"},{"$error":"#VALUE!"},{"$error":"#VALUE!"},{"$error":"#VALUE!"},{"$error":"#VALUE!"},{"$error":"#VALUE!"},{"$error":"#VALUE!"},null,{"$error":"#VALUE!"},{"$error":"#VALUE!"},{"$error":"#VALUE!"},{"$error":"#VALUE!"},{"$error":"#VALUE!"},null,{"$error":"#VALUE!"},{"$error":"#VALUE!"},{"$error":"#VALUE!"},{"$error":"#VALUE!"},{"$error":"#VALUE!"},null,5,{"$f":"SUM(SUMPRODUCT(AF$20:AJ$20,Q316:U316),SUMPRODUCT(AF$20:AJ$20,System2!Q316:U316),SUMPRODUCT(AF$20:AJ$20,System3!Q316:U316))","v":{"$error":"#VALUE!"}},{"$f":"SUM(SUMPRODUCT(AF$21:AJ$21,W316:AA316),SUMPRODUCT(AF$21:AJ$21,System2!W316:AA316),SUMPRODUCT(AF$21:AJ$21,System3!W316:AA316))","v":{"$error":"#VALUE!"}},{"$f":"WaterFittings!BN291","v":{"$error":"#VALUE!"}},{"$error":"#VALUE!"},{"$error":"#VALUE!"},{"$f":"MIN(AirCond!BL290,P$21)","v":0},{"$error":"#VALUE!"},{"$f":"MIN(ROUNDDOWN(AJ316-FH316,0),ROUNDDOWN(P$21*0.3,0),ROUNDDOWN(SUM(SUMPRODUCT(I$4:I$15,L$4:L$15),SUMPRODUCT(System2!I$4:I$15,System2!L$4:L$15),SUMPRODUCT(System3!I$4:I$15,System3!L$4:L$15))*0.3,0))","v":{"$error":"#VALUE!"}},0,{"$error":"#VALUE!"},{"$error":"#VALUE!"},{"$error":"#VALUE!"},0,{"$error":"#VALUE!"},{"$error":"#VALUE!"},{"$error":"#VALUE!"},0,null,null,null,0,0,0,0,null,{"$error":"#VALUE!"},{"$error":"#VALUE!"},{"$error":"#VALUE!"},{"$error":"#VALUE!"},{"$error":"#VALUE!"},{"$error":"#VALUE!"},{"$error":"#VALUE!"},{"$error":"#VALUE!"},{"$error":"#VALUE!"},0,{"$error":"#VALUE!"},{"$error":"#VALUE!"},{"$error":"#VALUE!"},{"$error":"#VALUE!"},{"$error":"#VALUE!"},{"$error":"#VALUE!"},{"$error":"#VALUE!"},{"$error":"#VALUE!"},{"$error":"#VALUE!"},{"$error":"#VALUE!"},{"$error":"#VALUE!"},{"$error":"#VALUE!"},{"$error":"#VALUE!"},{"$error":"#VALUE!"},{"$error":"#VALUE!"},{"$error":"#VALUE!"},{"$error":"#VALUE!"},{"$error":"#VALUE!"},{"$error":"#VALUE!"},{"$error":"#VALUE!"},{"$error":"#VALUE!"},{"$error":"#VALUE!"},{"$error":"#VALUE!"},{"$error":"#VALUE!"},{"$error":"#VALUE!"},{"$error":"#VALUE!"},{"$error":"#VALUE!"},{"$error":"#VALUE!"},{"$error":"#VALUE!"},{"$error":"#VALUE!"},{"$error":"#VALUE!"},{"$f":"SUM(CQ316,System2!CQ316,System3!CQ316)","v":{"$error":"#VALUE!"}},{"$error":"#VALUE!"},{"$error":"#VALUE!"},{"$error":"#VALUE!"},{"$error":"#VALUE!"},{"$error":"#VALUE!"},{"$error":"#VALUE!"},{"$error":"#VALUE!"},{"$error":"#VALUE!"},{"$error":"#VALUE!"},{"$error":"#VALUE!"},{"$error":"#VALUE!"},{"$error":"#VALUE!"},{"$error":"#VALUE!"},{"$error":"#VALUE!"},{"$error":"#VALUE!"},{"$error":"#VALUE!"},{"$error":"#VALUE!"},{"$error":"#VALUE!"},{"$error":"#VALUE!"},{"$error":"#VALUE!"},{"$error":"#VALUE!"},{"$error":"#VALUE!"},{"$error":"#VALUE!"},{"$error":"#VALUE!"},{"$error":"#VALUE!"},{"$error":"#VALUE!"},{"$f":"SUM(DR316,System2!DR316,System3!DR316)","v":{"$error":"#VALUE!"}},{"$f":"DT$36","v":{"$error":"#VALUE!"}},{"$f":"DU$36","v":{"$error":"#VALUE!"}},{"$f":"DV$36","v":0},{"$f":"DW$36","v":{"$error":"#VALUE!"}},{"$error":"#VALUE!"},{"$error":"#VALUE!"},{"$error":"#VALUE!"},0,0,0,0,0,{"$error":"#VALUE!"},{"$f":"SUM(EF316,System2!EF316,System3!EF316)","v":{"$error":"#VALUE!"}},{"$error":"#VALUE!"},{"$error":"#VALUE!"},{"$error":"#VALUE!"},{"$error":"#VALUE!"},{"$error":"#VALUE!"},{"$error":"#VALUE!"},{"$error":"#VALUE!"},{"$error":"#VALUE!"},{"$error":"#VALUE!"},{"$error":"#VALUE!"},{"$error":"#VALUE!"},{"$error":"#VALUE!"},{"$error":"#VALUE!"},{"$error":"#VALUE!"},{"$error":"#VALUE!"},{"$error":"#VALUE!"},{"$error":"#VALUE!"},{"$error":"#VALUE!"},{"$error":"#VALUE!"},{"$error":"#VALUE!"},{"$error":"#VALUE!"},{"$error":"#VALUE!"},{"$error":"#VALUE!"},{"$error":"#VALUE!"},{"$error":"#VALUE!"},{"$error":"#VALUE!"},{"$f":"SUM(FG316,System2!FG316,System3!FG316)","v":{"$error":"#VALUE!"}},0,0,0,0,{"$error":"#VALUE!"},{"$error":"#VALUE!"},{"$error":"#VALUE!"},{"$error":"#VALUE!"},{"$error":"#VALUE!"},{"$error":"#VALUE!"},{"$error":"#VALUE!"},{"$error":"#VALUE!"},{"$error":"#VALUE!"},{"$error":"#VALUE!"},{"$error":"#VALUE!"},{"$error":"#VALUE!"},{"$error":"#VALUE!"},{"$error":"#VALUE!"},{"$error":"#VALUE!"},{"$error":"#VALUE!"},{"$error":"#VALUE!"},{"$error":"#VALUE!"},{"$error":"#VALUE!"},{"$error":"#VALUE!"},{"$f":"$GG$31*WaterFittings!BO291","v":{"$error":"#VALUE!"}},{"$f":"$GH$31*WaterFittings!BP291","v":{"$error":"#VALUE!"}},{"$f":"$GI$31*WaterFittings!BQ291","v":0},{"$f":"GJ$31*AirCond!BD290","v":{"$error":"#VALUE!"}},{"$f":"GK$31*AirCond!BE290","v":{"$error":"#VALUE!"}},{"$f":"GL$31*AirCond!BF290","v":{"$error":"#VALUE!"}},{"$f":"GM$31*AirCond!BG290","v":{"$error":"#VALUE!"}},{"$f":"GN$31*WaterFittings!BS291","v":0},{"$f":"GO$31*WaterFittings!BT291","v":0},{"$f":"GP$31*WaterFittings!BU291","v":0}]
[null,null,286,30,0,{"$error":"#VALUE!"},{"$error":"#VALUE!"},{"$error":"#VALUE!"},{"$error":"#VALUE!"},{"$error":"#VALUE!"},{"$error":"#VALUE!"},{"$error":"#VALUE!"},{"$error":"#VALUE!"},{"$error":"#VALUE!"},{"$error":"#VALUE!"},null,{"$error":"#VALUE!"},{"$error":"#VALUE!"},{"$error":"#VALUE!"},{"$error":"#VALUE!"},{"$error":"#VALUE!"},null,{"$error":"#VALUE!"},{"$error":"#VALUE!"},{"$error":"#VALUE!"},{"$error":"#VALUE!"},{"$error":"#VALUE!"},null,6,{"$f":"SUM(SUMPRODUCT(AF$20:AJ$20,Q317:U317),SUMPRODUCT(AF$20:AJ$20,System2!Q317:U317),SUMPRODUCT(AF$20:AJ$20,System3!Q317:U317))","v":{"$error":"#VALUE!"}},{"$f":"SUM(SUMPRODUCT(AF$21:AJ$21,W317:AA317),SUMPRODUCT(AF$21:AJ$21,System2!W317:AA317),SUMPRODUCT(AF$21:AJ$21,System3!W317:AA317))","v":{"$error":"#VALUE!"}},{"$f":"WaterFittings!BN292","v":{"$error":"#VALUE!"}},{"$error":"#VALUE!"},{"$error":"#VALUE!"},{"$f":"MIN(AirCond!BL291,P$21)","v":0},{"$error":"#VALUE!"},{"$f":"MIN(ROUNDDOWN(AJ317-FH317,0),ROUNDDOWN(P$21*0.3,0),ROUNDDOWN(SUM(SUMPRODUCT(I$4:I$15,L$4:L$15),SUMPRODUCT(System2!I$4:I$15,System2!L$4:L$15),SUMPRODUCT(System3!I$4:I$15,System3!L$4:L$15))*0.3,0))","v":{"$error":"#VALUE!"}},0,{"$error":"#VALUE!"},{"$error":"#VALUE!"},{"$error":"#VALUE!"},0,{"$error":"#VALUE!"},{"$error":"#VALUE!"},{"$error":"#VALUE!"},0,null,null,null,0,0,0,0,null,{"$error":"#VALUE!"},{"$error":"#VALUE!"},{"$error":"#VALUE!"},{"$error":"#VALUE!"},{"$error":"#VALUE!"},{"$error":"#VALUE!"},{"$error":"#VALUE!"},{"$error":"#VALUE!"},{"$error":"#VALUE!"},0,{"$error":"#VALUE!"},{"$error":"#VALUE!"},{"$error":"#VALUE!"},{"$error":"#VALUE!"},{"$error":"#VALUE!"},{"$error":"#VALUE!"},{"$error":"#VALUE!"},{"$error":"#VALUE!"},{"$error":"#VALUE!"},{"$error":"#VALUE!"},{"$error":"#VALUE!"},{"$error":"#VALUE!"},{"$error":"#VALUE!"},{"$error":"#VALUE!"},{"$error":"#VALUE!"},{"$error":"#VALUE!"},{"$error":"#VALUE!"},{"$error":"#VALUE!"},{"$error":"#VALUE!"},{"$error":"#VALUE!"},{"$error":"#VALUE!"},{"$error":"#VALUE!"},{"$error":"#VALUE!"},{"$error":"#VALUE!"},{"$error":"#VALUE!"},{"$error":"#VALUE!"},{"$error":"#VALUE!"},{"$error":"#VALUE!"},{"$error":"#VALUE!"},{"$error":"#VALUE!"},{"$error":"#VALUE!"},{"$f":"SUM(CQ317,System2!CQ317,System3!CQ317)","v":{"$error":"#VALUE!"}},{"$error":"#VALUE!"},{"$error":"#VALUE!"},{"$error":"#VALUE!"},{"$error":"#VALUE!"},{"$error":"#VALUE!"},{"$error":"#VALUE!"},{"$error":"#VALUE!"},{"$error":"#VALUE!"},{"$error":"#VALUE!"},{"$error":"#VALUE!"},{"$error":"#VALUE!"},{"$error":"#VALUE!"},{"$error":"#VALUE!"},{"$error":"#VALUE!"},{"$error":"#VALUE!"},{"$error":"#VALUE!"},{"$error":"#VALUE!"},{"$error":"#VALUE!"},{"$error":"#VALUE!"},{"$error":"#VALUE!"},{"$error":"#VALUE!"},{"$error":"#VALUE!"},{"$error":"#VALUE!"},{"$error":"#VALUE!"},{"$error":"#VALUE!"},{"$error":"#VALUE!"},{"$f":"SUM(DR317,System2!DR317,System3!DR317)","v":{"$error":"#VALUE!"}},{"$f":"DT$37","v":{"$error":"#VALUE!"}},{"$f":"DU$37","v":{"$error":"#VALUE!"}},{"$f":"DV$37","v":0},{"$f":"DW$37","v":{"$error":"#VALUE!"}},{"$error":"#VALUE!"},{"$error":"#VALUE!"},{"$error":"#VALUE!"},0,0,0,0,0,{"$error":"#VALUE!"},{"$f":"SUM(EF317,System2!EF317,System3!EF317)","v":{"$error":"#VALUE!"}},{"$error":"#VALUE!"},{"$error":"#VALUE!"},{"$error":"#VALUE!"},{"$error":"#VALUE!"},{"$error":"#VALUE!"},{"$error":"#VALUE!"},{"$error":"#VALUE!"},{"$error":"#VALUE!"},{"$error":"#VALUE!"},{"$error":"#VALUE!"},{"$error":"#VALUE!"},{"$error":"#VALUE!"},{"$error":"#VALUE!"},{"$error":"#VALUE!"},{"$error":"#VALUE!"},{"$error":"#VALUE!"},{"$error":"#VALUE!"},{"$error":"#VALUE!"},{"$error":"#VALUE!"},{"$error":"#VALUE!"},{"$error":"#VALUE!"},{"$error":"#VALUE!"},{"$error":"#VALUE!"},{"$error":"#VALUE!"},{"$error":"#VALUE!"},{"$error":"#VALUE!"},{"$f":"SUM(FG317,System2!FG317,System3!FG317)","v":{"$error":"#VALUE!"}},0,0,0,0,{"$error":"#VALUE!"},{"$error":"#VALUE!"},{"$error":"#VALUE!"},{"$error":"#VALUE!"},{"$error":"#VALUE!"},{"$error":"#VALUE!"},{"$error":"#VALUE!"},{"$error":"#VALUE!"},{"$error":"#VALUE!"},{"$error":"#VALUE!"},{"$error":"#VALUE!"},{"$error":"#VALUE!"},{"$error":"#VALUE!"},{"$error":"#VALUE!"},{"$error":"#VALUE!"},{"$error":"#VALUE!"},{"$error":"#VALUE!"},{"$error":"#VALUE!"},{"$error":"#VALUE!"},{"$error":"#VALUE!"},{"$f":"$GG$31*WaterFittings!BO292","v":{"$error":"#VALUE!"}},{"$f":"$GH$31*WaterFittings!BP292","v":{"$error":"#VALUE!"}},{"$f":"$GI$31*WaterFittings!BQ292","v":0},{"$f":"GJ$31*AirCond!BD291","v":{"$error":"#VALUE!"}},{"$f":"GK$31*AirCond!BE291","v":{"$error":"#VALUE!"}},{"$f":"GL$31*AirCond!BF291","v":{"$error":"#VALUE!"}},{"$f":"GM$31*AirCond!BG291","v":{"$error":"#VALUE!"}},{"$f":"GN$31*WaterFittings!BS292","v":0},{"$f":"GO$31*WaterFittings!BT292","v":0},{"$f":"GP$31*WaterFittings!BU292","v":0}]
[null,null,287,0,0,{"$error":"#VALUE!"},{"$error":"#VALUE!"},{"$error":"#VALUE!"},{"$error":"#VALUE!"},{"$error":"#VALUE!"},{"$error":"#VALUE!"},{"$error":"#VALUE!"},{"$error":"#VALUE!"},{"$error":"#VALUE!"},{"$error":"#VALUE!"},null,{"$error":"#VALUE!"},{"$error":"#VALUE!"},{"$error":"#VALUE!"},{"$error":"#VALUE!"},{"$error":"#VALUE!"},null,{"$error":"#VALUE!"},{"$error":"#VALUE!"},{"$error":"#VALUE!"},{"$error":"#VALUE!"},{"$error":"#VALUE!"},null,7,{"$f":"SUM(SUMPRODUCT(AF$20:AJ$20,Q318:U318),SUMPRODUCT(AF$20:AJ$20,System2!Q318:U318),SUMPRODUCT(AF$20:AJ$20,System3!Q318:U318))","v":{"$error":"#VALUE!"}},{"$f":"SUM(SUMPRODUCT(AF$21:AJ$21,W318:AA318),SUMPRODUCT(AF$21:AJ$21,System2!W318:AA318),SUMPRODUCT(AF$21:AJ$21,System3!W318:AA318))","v":{"$error":"#VALUE!"}},{"$f":"WaterFittings!BN293","v":{"$error":"#VALUE!"}},{"$error":"#VALUE!"},{"$error":"#VALUE!"},{"$f":"MIN(AirCond!BL292,P$21)","v":0},{"$error":"#VALUE!"},{"$f":"MIN(ROUNDDOWN(AJ318-FH318,0),ROUNDDOWN(P$21*0.3,0),ROUNDDOWN(SUM(SUMPRODUCT(I$4:I$15,L$4:L$15),SUMPRODUCT(System2!I$4:I$15,System2!L$4:L$15),SUMPRODUCT(System3!I$4:I$15,System3!L$4:L$15))*0.3,0))","v":{"$error":"#VALUE!"}},0,{"$error":"#VALUE!"},{"$error":"#VALUE!"},{"$error":"#VALUE!"},0,{"$error":"#VALUE!"},{"$error":"#VALUE!"},{"$error":"#VALUE!"},0,null,null,null,0,0,0,0,null,{"$error":"#VALUE!"},{"$error":"#VALUE!"},{"$error":"#VALUE!"},{"$error":"#VALUE!"},{"$error":"#VALUE!"},{"$error":"#VALUE!"},{"$error":"#VALUE!"},{"$error":"#VALUE!"},{"$error":"#VALUE!"},0,{"$error":"#VALUE!"},{"$error":"#VALUE!"},{"$error":"#VALUE!"},{"$error":"#VALUE!"},{"$error":"#VALUE!"},{"$error":"#VALUE!"},{"$error":"#VALUE!"},{"$error":"#VALUE!"},{"$error":"#VALUE!"},{"$error":"#VALUE!"},{"$error":"#VALUE!"},{"$error":"#VALUE!"},{"$error":"#VALUE!"},{"$error":"#VALUE!"},{"$error":"#VALUE!"},{"$error":"#VALUE!"},{"$error":"#VALUE!"},{"$error":"#VALUE!"},{"$error":"#VALUE!"},{"$error":"#VALUE!"},{"$error":"#VALUE!"},{"$error":"#VALUE!"},{"$error":"#VALUE!"},{"$error":"#VALUE!"},{"$error":"#VALUE!"},{"$error":"#VALUE!"},{"$error":"#VALUE!"},{"$error":"#VALUE!"},{"$error":"#VALUE!"},{"$error":"#VALUE!"},{"$error":"#VALUE!"},{"$f":"SUM(CQ318,System2!CQ318,System3!CQ318)","v":{"$error":"#VALUE!"}},{"$error":"#VALUE!"},{"$error":"#VALUE!"},{"$error":"#VALUE!"},{"$error":"#VALUE!"},{"$error":"#VALUE!"},{"$error":"#VALUE!"},{"$error":"#VALUE!"},{"$error":"#VALUE!"},{"$error":"#VALUE!"},{"$error":"#VALUE!"},{"$error":"#VALUE!"},{"$error":"#VALUE!"},{"$error":"#VALUE!"},{"$error":"#VALUE!"},{"$error":"#VALUE!"},{"$error":"#VALUE!"},{"$error":"#VALUE!"},{"$error":"#VALUE!"},{"$error":"#VALUE!"},{"$error":"#VALUE!"},{"$error":"#VALUE!"},{"$error":"#VALUE!"},{"$error":"#VALUE!"},{"$error":"#VALUE!"},{"$error":"#VALUE!"},{"$error":"#VALUE!"},{"$f":"SUM(DR318,System2!DR318,System3!DR318)","v":{"$error":"#VALUE!"}},{"$f":"DT$38","v":{"$error":"#VALUE!"}},{"$f":"DU$38","v":{"$error":"#VALUE!"}},{"$f":"DV$38","v":0},{"$f":"DW$38","v":{"$error":"#VALUE!"}},{"$error":"#VALUE!"},{"$error":"#VALUE!"},{"$error":"#VALUE!"},0,0,0,0,0,{"$error":"#VALUE!"},{"$f":"SUM(EF318,System2!EF318,System3!EF318)","v":{"$error":"#VALUE!"}},{"$error":"#VALUE!"},{"$error":"#VALUE!"},{"$error":"#VALUE!"},{"$error":"#VALUE!"},{"$error":"#VALUE!"},{"$error":"#VALUE!"},{"$error":"#VALUE!"},{"$error":"#VALUE!"},{"$error":"#VALUE!"},{"$error":"#VALUE!"},{"$error":"#VALUE!"},{"$error":"#VALUE!"},{"$error":"#VALUE!"},{"$error":"#VALUE!"},{"$error":"#VALUE!"},{"$error":"#VALUE!"},{"$error":"#VALUE!"},{"$error":"#VALUE!"},{"$error":"#VALUE!"},{"$error":"#VALUE!"},{"$error":"#VALUE!"},{"$error":"#VALUE!"},{"$error":"#VALUE!"},{"$error":"#VALUE!"},{"$error":"#VALUE!"},{"$error":"#VALUE!"},{"$f":"SUM(FG318,System2!FG318,System3!FG318)","v":{"$error":"#VALUE!"}},0,0,0,0,{"$error":"#VALUE!"},{"$error":"#VALUE!"},{"$error":"#VALUE!"},{"$error":"#VALUE!"},{"$error":"#VALUE!"},{"$error":"#VALUE!"},{"$error":"#VALUE!"},{"$error":"#VALUE!"},{"$error":"#VALUE!"},{"$error":"#VALUE!"},{"$error":"#VALUE!"},{"$error":"#VALUE!"},{"$error":"#VALUE!"},{"$error":"#VALUE!"},{"$error":"#VALUE!"},{"$error":"#VALUE!"},{"$error":"#VALUE!"},{"$error":"#VALUE!"},{"$error":"#VALUE!"},{"$error":"#VALUE!"},{"$f":"$GG$31*WaterFittings!BO293","v":{"$error":"#VALUE!"}},{"$f":"$GH$31*WaterFittings!BP293","v":{"$error":"#VALUE!"}},{"$f":"$GI$31*WaterFittings!BQ293","v":0},{"$f":"GJ$31*AirCond!BD292","v":{"$error":"#VALUE!"}},{"$f":"GK$31*AirCond!BE292","v":{"$error":"#VALUE!"}},{"$f":"GL$31*AirCond!BF292","v":{"$error":"#VALUE!"}},{"$f":"GM$31*AirCond!BG292","v":{"$error":"#VALUE!"}},{"$f":"GN$31*WaterFittings!BS293","v":0},{"$f":"GO$31*WaterFittings!BT293","v":0},{"$f":"GP$31*WaterFittings!BU293","v":0}]
[null,null,288,0,0,{"$error":"#VALUE!"},{"$error":"#VALUE!"},{"$error":"#VALUE!"},{"$error":"#VALUE!"},{"$error":"#VALUE!"},{"$error":"#VALUE!"},{"$error":"#VALUE!"},{"$error":"#VALUE!"},{"$error":"#VALUE!"},{"$error":"#VALUE!"},null,{"$error":"#VALUE!"},{"$error":"#VALUE!"},{"$error":"#VALUE!"},{"$error":"#VALUE!"},{"$error":"#VALUE!"},null,{"$error":"#VALUE!"},{"$error":"#VALUE!"},{"$error":"#VALUE!"},{"$error":"#VALUE!"},{"$f":"ROUNDDOWN(FF319,0)","v":{"$error":"#VALUE!"}},null,8,{"$f":"SUM(SUMPRODUCT(AF$20:AJ$20,Q319:U319),SUMPRODUCT(AF$20:AJ$20,System2!Q319:U319),SUMPRODUCT(AF$20:AJ$20,System3!Q319:U319))","v":{"$error":"#VALUE!"}},{"$f":"SUM(SUMPRODUCT(AF$21:AJ$21,W319:AA319),SUMPRODUCT(AF$21:AJ$21,System2!W319:AA319),SUMPRODUCT(AF$21:AJ$21,System3!W319:AA319))","v":{"$error":"#VALUE!"}},{"$f":"WaterFittings!BN294","v":{"$error":"#VALUE!"}},{"$error":"#VALUE!"},{"$error":"#VALUE!"},{"$f":"MIN(AirCond!BL293,P$21)","v":0},{"$error":"#VALUE!"},{"$f":"MIN(ROUNDDOWN(AJ319-FH319,0),ROUNDDOWN(P$21*0.3,0),ROUNDDOWN(SUM(SUMPRODUCT(I$4:I$15,L$4:L$15),SUMPRODUCT(System2!I$4:I$15,System2!L$4:L$15),SUMPRODUCT(System3!I$4:I$15,System3!L$4:L$15))*0.3,0))","v":{"$error":"#VALUE!"}},0,{"$error":"#VALUE!"},{"$error":"#VALUE!"},{"$error":"#VALUE!"},0,{"$error":"#VALUE!"},{"$error":"#VALUE!"},{"$error":"#VALUE!"},0,null,null,null,0,0,0,0,null,{"$error":"#VALUE!"},{"$error":"#VALUE!"},{"$error":"#VALUE!"},{"$error":"#VALUE!"},{"$error":"#VALUE!"},{"$error":"#VALUE!"},{"$error":"#VALUE!"},{"$error":"#VALUE!"},{"$error":"#VALUE!"},0,{"$error":"#VALUE!"},{"$error":"#VALUE!"},{"$error":"#VALUE!"},{"$error":"#VALUE!"},{"$error":"#VALUE!"},{"$error":"#VALUE!"},{"$error":"#VALUE!"},{"$error":"#VALUE!"},{"$error":"#VALUE!"},{"$error":"#VALUE!"},{"$error":"#VALUE!"},{"$error":"#VALUE!"},{"$error":"#VALUE!"},{"$error":"#VALUE!"},{"$error":"#VALUE!"},{"$error":"#VALUE!"},{"$error":"#VALUE!"},{"$error":"#VALUE!"},{"$error":"#VALUE!"},{"$error":"#VALUE!"},{"$error":"#VALUE!"},{"$error":"#VALUE!"},{"$error":"#VALUE!"},{"$error":"#VALUE!"},{"$error":"#VALUE!"},{"$error":"#VALUE!"},{"$error":"#VALUE!"},{"$error":"#VALUE!"},{"$error":"#VALUE!"},{"$error":"#VALUE!"},{"$error":"#VALUE!"},{"$f":"SUM(CQ319,System2!CQ319,System3!CQ319)","v":{"$error":"#VALUE!"}},{"$error":"#VALUE!"},{"$error":"#VALUE!"},{"$error":"#VALUE!"},{"$error":"#VALUE!"},{"$error":"#VALUE!"},{"$error":"#VALUE!"},{"$error":"#VALUE!"},{"$error":"#VALUE!"},{"$error":"#VALUE!"},{"$error":"#VALUE!"},{"$error":"#VALUE!"},{"$error":"#VALUE!"},{"$error":"#VALUE!"},{"$error":"#VALUE!"},{"$error":"#VALUE!"},{"$error":"#VALUE!"},{"$error":"#VALUE!"},{"$error":"#VALUE!"},{"$error":"#VALUE!"},{"$error":"#VALUE!"},{"$error":"#VALUE!"},{"$error":"#VALUE!"},{"$error":"#VALUE!"},{"$error":"#VALUE!"},{"$error":"#VALUE!"},{"$error":"#VALUE!"},{"$f":"SUM(DR319,System2!DR319,System3!DR319)","v":{"$error":"#VALUE!"}},{"$f":"DT$39","v":{"$error":"#VALUE!"}},{"$f":"DU$39","v":{"$error":"#VALUE!"}},{"$f":"DV$39","v":0},{"$f":"DW$39","v":{"$error":"#VALUE!"}},{"$error":"#VALUE!"},{"$error":"#VALUE!"},{"$error":"#VALUE!"},0,0,0,0,0,{"$error":"#VALUE!"},{"$f":"SUM(EF319,System2!EF319,System3!EF319)","v":{"$error":"#VALUE!"}},{"$error":"#VALUE!"},{"$error":"#VALUE!"},{"$error":"#VALUE!"},{"$error":"#VALUE!"},{"$error":"#VALUE!"},{"$error":"#VALUE!"},{"$error":"#VALUE!"},{"$error":"#VALUE!"},{"$error":"#VALUE!"},{"$error":"#VALUE!"},{"$error":"#VALUE!"},{"$error":"#VALUE!"},{"$error":"#VALUE!"},{"$error":"#VALUE!"},{"$error":"#VALUE!"},{"$error":"#VALUE!"},{"$error":"#VALUE!"},{"$error":"#VALUE!"},{"$error":"#VALUE!"},{"$error":"#VALUE!"},{"$error":"#VALUE!"},{"$error":"#VALUE!"},{"$error":"#VALUE!"},{"$error":"#VALUE!"},{"$error":"#VALUE!"},{"$error":"#VALUE!"},{"$f":"SUM(FG319,System2!FG319,System3!FG319)","v":{"$error":"#VALUE!"}},0,0,0,0,{"$error":"#VALUE!"},{"$error":"#VALUE!"},{"$error":"#VALUE!"},{"$error":"#VALUE!"},{"$error":"#VALUE!"},{"$error":"#VALUE!"},{"$error":"#VALUE!"},{"$error":"#VALUE!"},{"$error":"#VALUE!"},{"$error":"#VALUE!"},{"$error":"#VALUE!"},{"$error":"#VALUE!"},{"$error":"#VALUE!"},{"$error":"#VALUE!"},{"$error":"#VALUE!"},{"$error":"#VALUE!"},{"$error":"#VALUE!"},{"$error":"#VALUE!"},{"$error":"#VALUE!"},{"$error":"#VALUE!"},{"$f":"$GG$31*WaterFittings!BO294","v":{"$error":"#VALUE!"}},{"$f":"$GH$31*WaterFittings!BP294","v":{"$error":"#VALUE!"}},{"$f":"$GI$31*WaterFittings!BQ294","v":0},{"$f":"GJ$31*AirCond!BD293","v":{"$error":"#VALUE!"}},{"$f":"GK$31*AirCond!BE293","v":{"$error":"#VALUE!"}},{"$f":"GL$31*AirCond!BF293","v":{"$error":"#VALUE!"}},{"$f":"GM$31*AirCond!BG293","v":{"$error":"#VALUE!"}},{"$f":"GN$31*WaterFittings!BS294","v":0},{"$f":"GO$31*WaterFittings!BT294","v":0},{"$f":"GP$31*WaterFittings!BU294","v":0}]
[null,null,{"$f":"C319+1","v":289},0,0,{"$error":"#VALUE!"},{"$error":"#VALUE!"},{"$error":"#VALUE!"},{"$error":"#VALUE!"},{"$error":"#VALUE!"},{"$error":"#VALUE!"},{"$error":"#VALUE!"},{"$error":"#VALUE!"},{"$error":"#VALUE!"},{"$error":"#VALUE!"},null,{"$error":"#VALUE!"},{"$error":"#VALUE!"},{"$error":"#VALUE!"},{"$error":"#VALUE!"},{"$error":"#VALUE!"},null,{"$error":"#VALUE!"},{"$error":"#VALUE!"},{"$error":"#VALUE!"},{"$error":"#VALUE!"},{"$error":"#VALUE!"},null,9,{"$f":"SUM(SUMPRODUCT(AF$20:AJ$20,Q320:U320),SUMPRODUCT(AF$20:AJ$20,System2!Q320:U320),SUMPRODUCT(AF$20:AJ$20,System3!Q320:U320))","v":{"$error":"#VALUE!"}},{"$f":"SUM(SUMPRODUCT(AF$21:AJ$21,W320:AA320),SUMPRODUCT(AF$21:AJ$21,System2!W320:AA320),SUMPRODUCT(AF$21:AJ$21,System3!W320:AA320))","v":{"$error":"#VALUE!"}},{"$f":"WaterFittings!BN295","v":{"$error":"#VALUE!"}},{"$error":"#VALUE!"},{"$error":"#VALUE!"},{"$f":"MIN(AirCond!BL294,P$21)","v":0},{"$error":"#VALUE!"},{"$f":"MIN(ROUNDDOWN(AJ320-FH320,0),ROUNDDOWN(P$21*0.3,0),ROUNDDOWN(SUM(SUMPRODUCT(I$4:I$15,L$4:L$15),SUMPRODUCT(System2!I$4:I$15,System2!L$4:L$15),SUMPRODUCT(System3!I$4:I$15,System3!L$4:L$15))*0.3,0))","v":{"$error":"#VALUE!"}},0,{"$error":"#VALUE!"},{"$error":"#VALUE!"},{"$error":"#VALUE!"},0,{"$error":"#VALUE!"},{"$error":"#VALUE!"},{"$error":"#VALUE!"},0,null,null,null,0,0,0,0,null,{"$error":"#VALUE!"},{"$error":"#VALUE!"},{"$error":"#VALUE!"},{"$error":"#VALUE!"},{"$error":"#VALUE!"},{"$error":"#VALUE!"},{"$error":"#VALUE!"},{"$error":"#VALUE!"},{"$error":"#VALUE!"},0,{"$error":"#VALUE!"},{"$error":"#VALUE!"},{"$error":"#VALUE!"},{"$error":"#VALUE!"},{"$error":"#VALUE!"},{"$error":"#VALUE!"},{"$error":"#VALUE!"},{"$error":"#VALUE!"},{"$error":"#VALUE!"},{"$error":"#VALUE!"},{"$error":"#VALUE!"},{"$error":"#VALUE!"},{"$error":"#VALUE!"},{"$error":"#VALUE!"},{"$error":"#VALUE!"},{"$error":"#VALUE!"},{"$error":"#VALUE!"},{"$error":"#VALUE!"},{"$error":"#VALUE!"},{"$error":"#VALUE!"},{"$error":"#VALUE!"},{"$error":"#VALUE!"},{"$error":"#VALUE!"},{"$error":"#VALUE!"},{"$error":"#VALUE!"},{"$error":"#VALUE!"},{"$error":"#VALUE!"},{"$error":"#VALUE!"},{"$error":"#VALUE!"},{"$error":"#VALUE!"},{"$error":"#VALUE!"},{"$f":"SUM(CQ320,System2!CQ320,System3!CQ320)","v":{"$error":"#VALUE!"}},{"$error":"#VALUE!"},{"$error":"#VALUE!"},{"$error":"#VALUE!"},{"$error":"#VALUE!"},{"$error":"#VALUE!"},{"$error":"#VALUE!"},{"$f":"IF($CS320,CJ320/$CR320,0)","v":{"$error":"#VALUE!"}},{"$f":"IF($CS320,CK320/$CR320,0)","v":{"$error":"#VALUE!"}},{"$error":"#VALUE!"},{"$error":"#VALUE!"},{"$error":"#VALUE!"},{"$error":"#VALUE!"},{"$error":"#VALUE!"},{"$error":"#VALUE!"},{"$error":"#VALUE!"},{"$error":"#VALUE!"},{"$error":"#VALUE!"},{"$error":"#VALUE!"},{"$f":"$CS320*CY320","v":{"$error":"#VALUE!"}},{"$f":"$CS320*CZ320","v":{"$error":"#VALUE!"}},{"$error":"#VALUE!"},{"$error":"#VALUE!"},{"$error":"#VALUE!"},{"$error":"#VALUE!"},{"$error":"#VALUE!"},{"$error":"#VALUE!"},{"$f":"SUM(DR320,System2!DR320,System3!DR320)","v":{"$error":"#VALUE!"}},{"$f":"DT$40","v":{"$error":"#VALUE!"}},{"$f":"DU$40","v":{"$error":"#VALUE!"}},{"$f":"DV$40","v":0},{"$f":"DW$40","v":{"$error":"#VALUE!"}},{"$error":"#VALUE!"},{"$error":"#VALUE!"},{"$error":"#VALUE!"},0,0,0,0,0,{"$error":"#VALUE!"},{"$f":"SUM(EF320,System2!EF320,System3!EF320)","v":{"$error":"#VALUE!"}},{"$error":"#VALUE!"},{"$error":"#VALUE!"},{"$error":"#VALUE!"},{"$error":"#VALUE!"},{"$error":"#VALUE!"},{"$error":"#VALUE!"},{"$error":"#VALUE!"},{"$error":"#VALUE!"},{"$error":"#VALUE!"},{"$error":"#VALUE!"},{"$error":"#VALUE!"},{"$error":"#VALUE!"},{"$error":"#VALUE!"},{"$error":"#VALUE!"},{"$error":"#VALUE!"},{"$error":"#VALUE!"},{"$error":"#VALUE!"},{"$error":"#VALUE!"},{"$error":"#VALUE!"},{"$error":"#VALUE!"},{"$error":"#VALUE!"},{"$error":"#VALUE!"},{"$error":"#VALUE!"},{"$error":"#VALUE!"},{"$error":"#VALUE!"},{"$error":"#VALUE!"},{"$f":"SUM(FG320,System2!FG320,System3!FG320)","v":{"$error":"#VALUE!"}},0,0,0,0,{"$error":"#VALUE!"},{"$error":"#VALUE!"},{"$error":"#VALUE!"},{"$error":"#VALUE!"},{"$error":"#VALUE!"},{"$error":"#VALUE!"},{"$error":"#VALUE!"},{"$error":"#VALUE!"},{"$error":"#VALUE!"},{"$error":"#VALUE!"},{"$error":"#VALUE!"},{"$error":"#VALUE!"},{"$error":"#VALUE!"},{"$error":"#VALUE!"},{"$error":"#VALUE!"},{"$error":"#VALUE!"},{"$error":"#VALUE!"},{"$error":"#VALUE!"},{"$error":"#VALUE!"},{"$error":"#VALUE!"},{"$f":"$GG$31*WaterFittings!BO295","v":{"$error":"#VALUE!"}},{"$f":"$GH$31*WaterFittings!BP295","v":{"$error":"#VALUE!"}},{"$f":"$GI$31*WaterFittings!BQ295","v":0},{"$f":"GJ$31*AirCond!BD294","v":{"$error":"#VALUE!"}},{"$f":"GK$31*AirCond!BE294","v":{"$error":"#VALUE!"}},{"$f":"GL$31*AirCond!BF294","v":{"$error":"#VALUE!"}},{"$f":"GM$31*AirCond!BG294","v":{"$error":"#VALUE!"}},{"$f":"GN$31*WaterFittings!BS295","v":0},{"$f":"GO$31*WaterFittings!BT295","v":0},{"$f":"GP$31*WaterFittings!BU295","v":0}]
[null,null,290,0,0,{"$error":"#VALUE!"},{"$error":"#VALUE!"},{"$error":"#VALUE!"},{"$error":"#VALUE!"},{"$error":"#VALUE!"},{"$error":"#VALUE!"},{"$error":"#VALUE!"},{"$error":"#VALUE!"},{"$error":"#VALUE!"},{"$error":"#VALUE!"},null,{"$error":"#VALUE!"},{"$error":"#VALUE!"},{"$error":"#VALUE!"},{"$error":"#VALUE!"},{"$error":"#VALUE!"},null,{"$error":"#VALUE!"},{"$error":"#VALUE!"},{"$error":"#VALUE!"},{"$error":"#VALUE!"},{"$error":"#VALUE!"},null,10,{"$f":"SUM(SUMPRODUCT(AF$20:AJ$20,Q321:U321),SUMPRODUCT(AF$20:AJ$20,System2!Q321:U321),SUMPRODUCT(AF$20:AJ$20,System3!Q321:U321))","v":{"$error":"#VALUE!"}},{"$f":"SUM(SUMPRODUCT(AF$21:AJ$21,W321:AA321),SUMPRODUCT(AF$21:AJ$21,System2!W321:AA321),SUMPRODUCT(AF$21:AJ$21,System3!W321:AA321))","v":{"$error":"#VALUE!"}},{"$f":"WaterFittings!BN296","v":{"$error":"#VALUE!"}},{"$error":"#VALUE!"},{"$error":"#VALUE!"},{"$f":"MIN(AirCond!BL295,P$21)","v":0},{"$error":"#VALUE!"},{"$f":"MIN(ROUNDDOWN(AJ321-FH321,0),ROUNDDOWN(P$21*0.3,0),ROUNDDOWN(SUM(SUMPRODUCT(I$4:I$15,L$4:L$15),SUMPRODUCT(System2!I$4:I$15,System2!L$4:L$15),SUMPRODUCT(System3!I$4:I$15,System3!L$4:L$15))*0.3,0))","v":{"$error":"#VALUE!"}},0,{"$error":"#VALUE!"},{"$error":"#VALUE!"},{"$error":"#VALUE!"},0,{"$error":"#VALUE!"},{"$error":"#VALUE!"},{"$error":"#VALUE!"},0,null,null,null,0,0,0,0,null,{"$error":"#VALUE!"},{"$error":"#VALUE!"},{"$error":"#VALUE!"},{"$error":"#VALUE!"},{"$error":"#VALUE!"},{"$error":"#VALUE!"},{"$error":"#VALUE!"},{"$error":"#VALUE!"},{"$error":"#VALUE!"},0,{"$error":"#VALUE!"},{"$error":"#VALUE!"},{"$error":"#VALUE!"},{"$error":"#VALUE!"},{"$error":"#VALUE!"},{"$error":"#VALUE!"},{"$error":"#VALUE!"},{"$error":"#VALUE!"},{"$error":"#VALUE!"},{"$error":"#VALUE!"},{"$error":"#VALUE!"},{"$error":"#VALUE!"},{"$error":"#VALUE!"},{"$error":"#VALUE!"},{"$error":"#VALUE!"},{"$error":"#VALUE!"},{"$error":"#VALUE!"},{"$error":"#VALUE!"},{"$error":"#VALUE!"},{"$error":"#VALUE!"},{"$error":"#VALUE!"},{"$error":"#VALUE!"},{"$error":"#VALUE!"},{"$error":"#VALUE!"},{"$error":"#VALUE!"},{"$error":"#VALUE!"},{"$error":"#VALUE!"},{"$error":"#VALUE!"},{"$error":"#VALUE!"},{"$error":"#VALUE!"},{"$error":"#VALUE!"},{"$f":"SUM(CQ321,System2!CQ321,System3!CQ321)","v":{"$error":"#VALUE!"}},{"$error":"#VALUE!"},{"$error":"#VALUE!"},{"$error":"#VALUE!"},{"$error":"#VALUE!"},{"$error":"#VALUE!"},{"$error":"#VALUE!"},{"$error":"#VALUE!"},{"$error":"#VALUE!"},{"$error":"#VALUE!"},{"$error":"#VALUE!"},{"$error":"#VALUE!"},{"$error":"#VALUE!"},{"$error":"#VALUE!"},{"$error":"#VALUE!"},{"$error":"#VALUE!"},{"$error":"#VALUE!"},{"$error":"#VALUE!"},{"$error":"#VALUE!"},{"$error":"#VALUE!"},{"$error":"#VALUE!"},{"$error":"#VALUE!"},{"$error":"#VALUE!"},{"$error":"#VALUE!"},{"$error":"#VALUE!"},{"$error":"#VALUE!"},{"$error":"#VALUE!"},{"$f":"SUM(DR321,System2!DR321,System3!DR321)","v":{"$error":"#VALUE!"}},{"$f":"DT$41","v":{"$error":"#VALUE!"}},{"$f":"DU$41","v":{"$error":"#VALUE!"}},{"$f":"DV$41","v":0},{"$f":"DW$41","v":{"$error":"#VALUE!"}},{"$error":"#VALUE!"},{"$error":"#VALUE!"},{"$error":"#VALUE!"},0,0,0,0,0,{"$error":"#VALUE!"},{"$f":"SUM(EF321,System2!EF321,System3!EF321)","v":{"$error":"#VALUE!"}},{"$error":"#VALUE!"},{"$error":"#VALUE!"},{"$error":"#VALUE!"},{"$error":"#VALUE!"},{"$error":"#VALUE!"},{"$error":"#VALUE!"},{"$error":"#VALUE!"},{"$error":"#VALUE!"},{"$error":"#VALUE!"},{"$error":"#VALUE!"},{"$error":"#VALUE!"},{"$error":"#VALUE!"},{"$error":"#VALUE!"},{"$error":"#VALUE!"},{"$error":"#VALUE!"},{"$error":"#VALUE!"},{"$error":"#VALUE!"},{"$error":"#VALUE!"},{"$error":"#VALUE!"},{"$error":"#VALUE!"},{"$error":"#VALUE!"},{"$error":"#VALUE!"},{"$error":"#VALUE!"},{"$error":"#VALUE!"},{"$error":"#VALUE!"},{"$error":"#VALUE!"},{"$f":"SUM(FG321,System2!FG321,System3!FG321)","v":{"$error":"#VALUE!"}},0,0,0,0,{"$error":"#VALUE!"},{"$error":"#VALUE!"},{"$error":"#VALUE!"},{"$error":"#VALUE!"},{"$error":"#VALUE!"},{"$error":"#VALUE!"},{"$error":"#VALUE!"},{"$error":"#VALUE!"},{"$error":"#VALUE!"},{"$error":"#VALUE!"},{"$error":"#VALUE!"},{"$error":"#VALUE!"},{"$error":"#VALUE!"},{"$error":"#VALUE!"},{"$error":"#VALUE!"},{"$error":"#VALUE!"},{"$error":"#VALUE!"},{"$error":"#VALUE!"},{"$error":"#VALUE!"},{"$error":"#VALUE!"},{"$f":"$GG$31*WaterFittings!BO296","v":{"$error":"#VALUE!"}},{"$f":"$GH$31*WaterFittings!BP296","v":{"$error":"#VALUE!"}},{"$f":"$GI$31*WaterFittings!BQ296","v":0},{"$f":"GJ$31*AirCond!BD295","v":{"$error":"#VALUE!"}},{"$f":"GK$31*AirCond!BE295","v":{"$error":"#VALUE!"}},{"$f":"GL$31*AirCond!BF295","v":{"$error":"#VALUE!"}},{"$f":"GM$31*AirCond!BG295","v":{"$error":"#VALUE!"}},{"$f":"GN$31*WaterFittings!BS296","v":0},{"$f":"GO$31*WaterFittings!BT296","v":0},{"$f":"GP$31*WaterFittings!BU296","v":0}]
[null,null,291,0,0,{"$error":"#VALUE!"},{"$error":"#VALUE!"},{"$error":"#VALUE!"},{"$error":"#VALUE!"},{"$error":"#VALUE!"},{"$error":"#VALUE!"},{"$error":"#VALUE!"},{"$error":"#VALUE!"},{"$error":"#VALUE!"},{"$error":"#VALUE!"},null,{"$error":"#VALUE!"},{"$error":"#VALUE!"},{"$error":"#VALUE!"},{"$error":"#VALUE!"},{"$error":"#VALUE!"},null,{"$error":"#VALUE!"},{"$error":"#VALUE!"},{"$error":"#VALUE!"},{"$error":"#VALUE!"},{"$error":"#VALUE!"},null,11,{"$f":"SUM(SUMPRODUCT(AF$20:AJ$20,Q322:U322),SUMPRODUCT(AF$20:AJ$20,System2!Q322:U322),SUMPRODUCT(AF$20:AJ$20,System3!Q322:U322))","v":{"$error":"#VALUE!"}},{"$f":"SUM(SUMPRODUCT(AF$21:AJ$21,W322:AA322),SUMPRODUCT(AF$21:AJ$21,System2!W322:AA322),SUMPRODUCT(AF$21:AJ$21,System3!W322:AA322))","v":{"$error":"#VALUE!"}},{"$f":"WaterFittings!BN297","v":{"$error":"#VALUE!"}},{"$error":"#VALUE!"},{"$error":"#VALUE!"},{"$f":"MIN(AirCond!BL296,P$21)","v":0},{"$error":"#VALUE!"},{"$f":"MIN(ROUNDDOWN(AJ322-FH322,0),ROUNDDOWN(P$21*0.3,0),ROUNDDOWN(SUM(SUMPRODUCT(I$4:I$15,L$4:L$15),SUMPRODUCT(System2!I$4:I$15,System2!L$4:L$15),SUMPRODUCT(System3!I$4:I$15,System3!L$4:L$15))*0.3,0))","v":{"$error":"#VALUE!"}},0,{"$error":"#VALUE!"},{"$error":"#VALUE!"},{"$error":"#VALUE!"},0,{"$error":"#VALUE!"},{"$error":"#VALUE!"},{"$error":"#VALUE!"},0,null,null,null,0,0,0,0,null,{"$error":"#VALUE!"},{"$error":"#VALUE!"},{"$error":"#VALUE!"},{"$error":"#VALUE!"},{"$error":"#VALUE!"},{"$error":"#VALUE!"},{"$error":"#VALUE!"},{"$error":"#VALUE!"},{"$error":"#VALUE!"},0,{"$error":"#VALUE!"},{"$error":"#VALUE!"},{"$error":"#VALUE!"},{"$error":"#VALUE!"},{"$error":"#VALUE!"},{"$error":"#VALUE!"},{"$error":"#VALUE!"},{"$error":"#VALUE!"},{"$error":"#VALUE!"},{"$error":"#VALUE!"},{"$error":"#VALUE!"},{"$error":"#VALUE!"},{"$error":"#VALUE!"},{"$error":"#VALUE!"},{"$error":"#VALUE!"},{"$error":"#VALUE!"},{"$error":"#VALUE!"},{"$error":"#VALUE!"},{"$error":"#VALUE!"},{"$error":"#VALUE!"},{"$error":"#VALUE!"},{"$error":"#VALUE!"},{"$error":"#VALUE!"},{"$error":"#VALUE!"},{"$error":"#VALUE!"},{"$error":"#VALUE!"},{"$error":"#VALUE!"},{"$error":"#VALUE!"},{"$error":"#VALUE!"},{"$error":"#VALUE!"},{"$error":"#VALUE!"},{"$f":"SUM(CQ322,System2!CQ322,System3!CQ322)","v":{"$error":"#VALUE!"}},{"$error":"#VALUE!"},{"$error":"#VALUE!"},{"$error":"#VALUE!"},{"$error":"#VALUE!"},{"$error":"#VALUE!"},{"$error":"#VALUE!"},{"$error":"#VALUE!"},{"$error":"#VALUE!"},{"$error":"#VALUE!"},{"$error":"#VALUE!"},{"$error":"#VALUE!"},{"$error":"#VALUE!"},{"$error":"#VALUE!"},{"$error":"#VALUE!"},{"$error":"#VALUE!"},{"$error":"#VALUE!"},{"$error":"#VALUE!"},{"$error":"#VALUE!"},{"$error":"#VALUE!"},{"$error":"#VALUE!"},{"$error":"#VALUE!"},{"$error":"#VALUE!"},{"$error":"#VALUE!"},{"$error":"#VALUE!"},{"$error":"#VALUE!"},{"$error":"#VALUE!"},{"$f":"SUM(DR322,System2!DR322,System3!DR322)","v":{"$error":"#VALUE!"}},{"$f":"DT$42","v":{"$error":"#VALUE!"}},{"$f":"DU$42","v":{"$error":"#VALUE!"}},{"$f":"DV$42","v":0},{"$f":"DW$42","v":{"$error":"#VALUE!"}},{"$error":"#VALUE!"},{"$error":"#VALUE!"},{"$error":"#VALUE!"},0,0,0,0,0,{"$error":"#VALUE!"},{"$f":"SUM(EF322,System2!EF322,System3!EF322)","v":{"$error":"#VALUE!"}},{"$error":"#VALUE!"},{"$error":"#VALUE!"},{"$error":"#VALUE!"},{"$error":"#VALUE!"},{"$error":"#VALUE!"},{"$error":"#VALUE!"},{"$error":"#VALUE!"},{"$error":"#VALUE!"},{"$error":"#VALUE!"},{"$error":"#VALUE!"},{"$error":"#VALUE!"},{"$error":"#VALUE!"},{"$error":"#VALUE!"},{"$error":"#VALUE!"},{"$error":"#VALUE!"},{"$error":"#VALUE!"},{"$error":"#VALUE!"},{"$error":"#VALUE!"},{"$error":"#VALUE!"},{"$error":"#VALUE!"},{"$error":"#VALUE!"},{"$error":"#VALUE!"},{"$error":"#VALUE!"},{"$error":"#VALUE!"},{"$error":"#VALUE!"},{"$error":"#VALUE!"},{"$f":"SUM(FG322,System2!FG322,System3!FG322)","v":{"$error":"#VALUE!"}},0,0,0,0,{"$error":"#VALUE!"},{"$error":"#VALUE!"},{"$error":"#VALUE!"},{"$error":"#VALUE!"},{"$error":"#VALUE!"},{"$error":"#VALUE!"},{"$error":"#VALUE!"},{"$error":"#VALUE!"},{"$error":"#VALUE!"},{"$error":"#VALUE!"},{"$error":"#VALUE!"},{"$error":"#VALUE!"},{"$error":"#VALUE!"},{"$error":"#VALUE!"},{"$error":"#VALUE!"},{"$error":"#VALUE!"},{"$error":"#VALUE!"},{"$error":"#VALUE!"},{"$error":"#VALUE!"},{"$error":"#VALUE!"},{"$f":"$GG$31*WaterFittings!BO297","v":{"$error":"#VALUE!"}},{"$f":"$GH$31*WaterFittings!BP297","v":{"$error":"#VALUE!"}},{"$f":"$GI$31*WaterFittings!BQ297","v":0},{"$f":"GJ$31*AirCond!BD296","v":{"$error":"#VALUE!"}},{"$f":"GK$31*AirCond!BE296","v":{"$error":"#VALUE!"}},{"$f":"GL$31*AirCond!BF296","v":{"$error":"#VALUE!"}},{"$f":"GM$31*AirCond!BG296","v":{"$error":"#VALUE!"}},{"$f":"GN$31*WaterFittings!BS297","v":0},{"$f":"GO$31*WaterFittings!BT297","v":0},{"$f":"GP$31*WaterFittings!BU297","v":0}]
[null,null,292,0,0,{"$error":"#VALUE!"},{"$error":"#VALUE!"},{"$error":"#VALUE!"},{"$error":"#VALUE!"},{"$error":"#VALUE!"},{"$error":"#VALUE!"},{"$error":"#VALUE!"},{"$error":"#VALUE!"},{"$error":"#VALUE!"},{"$error":"#VALUE!"},null,{"$error":"#VALUE!"},{"$error":"#VALUE!"},{"$error":"#VALUE!"},{"$error":"#VALUE!"},{"$error":"#VALUE!"},null,{"$error":"#VALUE!"},{"$error":"#VALUE!"},{"$error":"#VALUE!"},{"$error":"#VALUE!"},{"$error":"#VALUE!"},null,12,{"$f":"SUM(SUMPRODUCT(AF$20:AJ$20,Q323:U323),SUMPRODUCT(AF$20:AJ$20,System2!Q323:U323),SUMPRODUCT(AF$20:AJ$20,System3!Q323:U323))","v":{"$error":"#VALUE!"}},{"$f":"SUM(SUMPRODUCT(AF$21:AJ$21,W323:AA323),SUMPRODUCT(AF$21:AJ$21,System2!W323:AA323),SUMPRODUCT(AF$21:AJ$21,System3!W323:AA323))","v":{"$error":"#VALUE!"}},{"$f":"WaterFittings!BN298","v":{"$error":"#VALUE!"}},{"$error":"#VALUE!"},{"$error":"#VALUE!"},{"$f":"MIN(AirCond!BL297,P$21)","v":0},{"$error":"#VALUE!"},{"$f":"MIN(ROUNDDOWN(AJ323-FH323,0),ROUNDDOWN(P$21*0.3,0),ROUNDDOWN(SUM(SUMPRODUCT(I$4:I$15,L$4:L$15),SUMPRODUCT(System2!I$4:I$15,System2!L$4:L$15),SUMPRODUCT(System3!I$4:I$15,System3!L$4:L$15))*0.3,0))","v":{"$error":"#VALUE!"}},0,{"$error":"#VALUE!"},{"$error":"#VALUE!"},{"$error":"#VALUE!"},0,{"$error":"#VALUE!"},{"$error":"#VALUE!"},{"$error":"#VALUE!"},0,null,null,null,0,0,0,0,null,{"$error":"#VALUE!"},{"$error":"#VALUE!"},{"$error":"#VALUE!"},{"$error":"#VALUE!"},{"$error":"#VALUE!"},{"$error":"#VALUE!"},{"$error":"#VALUE!"},{"$error":"#VALUE!"},{"$error":"#VALUE!"},0,{"$error":"#VALUE!"},{"$error":"#VALUE!"},{"$error":"#VALUE!"},{"$error":"#VALUE!"},{"$error":"#VALUE!"},{"$error":"#VALUE!"},{"$error":"#VALUE!"},{"$error":"#VALUE!"},{"$error":"#VALUE!"},{"$error":"#VALUE!"},{"$error":"#VALUE!"},{"$error":"#VALUE!"},{"$error":"#VALUE!"},{"$error":"#VALUE!"},{"$error":"#VALUE!"},{"$error":"#VALUE!"},{"$error":"#VALUE!"},{"$error":"#VALUE!"},{"$error":"#VALUE!"},{"$error":"#VALUE!"},{"$error":"#VALUE!"},{"$error":"#VALUE!"},{"$error":"#VALUE!"},{"$error":"#VALUE!"},{"$error":"#VALUE!"},{"$error":"#VALUE!"},{"$error":"#VALUE!"},{"$error":"#VALUE!"},{"$error":"#VALUE!"},{"$error":"#VALUE!"},{"$error":"#VALUE!"},{"$f":"SUM(CQ323,System2!CQ323,System3!CQ323)","v":{"$error":"#VALUE!"}},{"$error":"#VALUE!"},{"$error":"#VALUE!"},{"$error":"#VALUE!"},{"$error":"#VALUE!"},{"$error":"#VALUE!"},{"$error":"#VALUE!"},{"$error":"#VALUE!"},{"$error":"#VALUE!"},{"$error":"#VALUE!"},{"$error":"#VALUE!"},{"$error":"#VALUE!"},{"$error":"#VALUE!"},{"$error":"#VALUE!"},{"$error":"#VALUE!"},{"$error":"#VALUE!"},{"$error":"#VALUE!"},{"$error":"#VALUE!"},{"$error":"#VALUE!"},{"$error":"#VALUE!"},{"$error":"#VALUE!"},{"$error":"#VALUE!"},{"$error":"#VALUE!"},{"$error":"#VALUE!"},{"$error":"#VALUE!"},{"$error":"#VALUE!"},{"$error":"#VALUE!"},{"$f":"SUM(DR323,System2!DR323,System3!DR323)","v":{"$error":"#VALUE!"}},{"$f":"DT$43","v":{"$error":"#VALUE!"}},{"$f":"DU$43","v":{"$error":"#VALUE!"}},{"$f":"DV$43","v":0},{"$f":"DW$43","v":{"$error":"#VALUE!"}},{"$error":"#VALUE!"},{"$error":"#VALUE!"},{"$error":"#VALUE!"},0,0,0,0,0,{"$error":"#VALUE!"},{"$f":"SUM(EF323,System2!EF323,System3!EF323)","v":{"$error":"#VALUE!"}},{"$error":"#VALUE!"},{"$error":"#VALUE!"},{"$error":"#VALUE!"},{"$error":"#VALUE!"},{"$error":"#VALUE!"},{"$error":"#VALUE!"},{"$error":"#VALUE!"},{"$error":"#VALUE!"},{"$error":"#VALUE!"},{"$error":"#VALUE!"},{"$error":"#VALUE!"},{"$error":"#VALUE!"},{"$error":"#VALUE!"},{"$error":"#VALUE!"},{"$error":"#VALUE!"},{"$error":"#VALUE!"},{"$error":"#VALUE!"},{"$error":"#VALUE!"},{"$error":"#VALUE!"},{"$error":"#VALUE!"},{"$error":"#VALUE!"},{"$error":"#VALUE!"},{"$error":"#VALUE!"},{"$error":"#VALUE!"},{"$error":"#VALUE!"},{"$error":"#VALUE!"},{"$f":"SUM(FG323,System2!FG323,System3!FG323)","v":{"$error":"#VALUE!"}},0,0,0,0,{"$error":"#VALUE!"},{"$error":"#VALUE!"},{"$error":"#VALUE!"},{"$error":"#VALUE!"},{"$error":"#VALUE!"},{"$error":"#VALUE!"},{"$error":"#VALUE!"},{"$error":"#VALUE!"},{"$error":"#VALUE!"},{"$error":"#VALUE!"},{"$error":"#VALUE!"},{"$error":"#VALUE!"},{"$error":"#VALUE!"},{"$error":"#VALUE!"},{"$error":"#VALUE!"},{"$error":"#VALUE!"},{"$error":"#VALUE!"},{"$error":"#VALUE!"},{"$error":"#VALUE!"},{"$error":"#VALUE!"},{"$f":"$GG$31*WaterFittings!BO298","v":{"$error":"#VALUE!"}},{"$f":"$GH$31*WaterFittings!BP298","v":{"$error":"#VALUE!"}},{"$f":"$GI$31*WaterFittings!BQ298","v":0},{"$f":"GJ$31*AirCond!BD297","v":{"$error":"#VALUE!"}},{"$f":"GK$31*AirCond!BE297","v":{"$error":"#VALUE!"}},{"$f":"GL$31*AirCond!BF297","v":{"$error":"#VALUE!"}},{"$f":"GM$31*AirCond!BG297","v":{"$error":"#VALUE!"}},{"$f":"GN$31*WaterFittings!BS298","v":0},{"$f":"GO$31*WaterFittings!BT298","v":0},{"$f":"GP$31*WaterFittings!BU298","v":0}]
[null,null,293,0,0,{"$error":"#VALUE!"},{"$error":"#VALUE!"},{"$error":"#VALUE!"},{"$error":"#VALUE!"},{"$error":"#VALUE!"},{"$error":"#VALUE!"},{"$error":"#VALUE!"},{"$error":"#VALUE!"},{"$error":"#VALUE!"},{"$error":"#VALUE!"},null,{"$error":"#VALUE!"},{"$error":"#VALUE!"},{"$error":"#VALUE!"},{"$error":"#VALUE!"},{"$error":"#VALUE!"},null,{"$error":"#VALUE!"},{"$error":"#VALUE!"},{"$error":"#VALUE!"},{"$error":"#VALUE!"},{"$error":"#VALUE!"},null,13,{"$f":"SUM(SUMPRODUCT(AF$20:AJ$20,Q324:U324),SUMPRODUCT(AF$20:AJ$20,System2!Q324:U324),SUMPRODUCT(AF$20:AJ$20,System3!Q324:U324))","v":{"$error":"#VALUE!"}},{"$f":"SUM(SUMPRODUCT(AF$21:AJ$21,W324:AA324),SUMPRODUCT(AF$21:AJ$21,System2!W324:AA324),SUMPRODUCT(AF$21:AJ$21,System3!W324:AA324))","v":{"$error":"#VALUE!"}},{"$f":"WaterFittings!BN299","v":{"$error":"#VALUE!"}},{"$error":"#VALUE!"},{"$error":"#VALUE!"},{"$f":"MIN(AirCond!BL298,P$21)","v":0},{"$error":"#VALUE!"},{"$f":"MIN(ROUNDDOWN(AJ324-FH324,0),ROUNDDOWN(P$21*0.3,0),ROUNDDOWN(SUM(SUMPRODUCT(I$4:I$15,L$4:L$15),SUMPRODUCT(System2!I$4:I$15,System2!L$4:L$15),SUMPRODUCT(System3!I$4:I$15,System3!L$4:L$15))*0.3,0))","v":{"$error":"#VALUE!"}},0,{"$error":"#VALUE!"},{"$error":"#VALUE!"},{"$error":"#VALUE!"},0,{"$error":"#VALUE!"},{"$error":"#VALUE!"},{"$error":"#VALUE!"},0,null,null,null,0,0,0,0,null,{"$error":"#VALUE!"},{"$error":"#VALUE!"},{"$error":"#VALUE!"},{"$error":"#VALUE!"},{"$error":"#VALUE!"},{"$error":"#VALUE!"},{"$error":"#VALUE!"},{"$error":"#VALUE!"},{"$error":"#VALUE!"},0,{"$error":"#VALUE!"},{"$error":"#VALUE!"},{"$error":"#VALUE!"},{"$error":"#VALUE!"},{"$error":"#VALUE!"},{"$error":"#VALUE!"},{"$error":"#VALUE!"},{"$error":"#VALUE!"},{"$error":"#VALUE!"},{"$error":"#VALUE!"},{"$error":"#VALUE!"},{"$error":"#VALUE!"},{"$error":"#VALUE!"},{"$error":"#VALUE!"},{"$error":"#VALUE!"},{"$error":"#VALUE!"},{"$error":"#VALUE!"},{"$error":"#VALUE!"},{"$error":"#VALUE!"},{"$error":"#VALUE!"},{"$error":"#VALUE!"},{"$error":"#VALUE!"},{"$error":"#VALUE!"},{"$error":"#VALUE!"},{"$error":"#VALUE!"},{"$error":"#VALUE!"},{"$error":"#VALUE!"},{"$error":"#VALUE!"},{"$error":"#VALUE!"},{"$error":"#VALUE!"},{"$error":"#VALUE!"},{"$f":"SUM(CQ324,System2!CQ324,System3!CQ324)","v":{"$error":"#VALUE!"}},{"$error":"#VALUE!"},{"$error":"#VALUE!"},{"$error":"#VALUE!"},{"$error":"#VALUE!"},{"$error":"#VALUE!"},{"$error":"#VALUE!"},{"$error":"#VALUE!"},{"$error":"#VALUE!"},{"$error":"#VALUE!"},{"$error":"#VALUE!"},{"$error":"#VALUE!"},{"$error":"#VALUE!"},{"$error":"#VALUE!"},{"$error":"#VALUE!"},{"$error":"#VALUE!"},{"$error":"#VALUE!"},{"$error":"#VALUE!"},{"$error":"#VALUE!"},{"$error":"#VALUE!"},{"$error":"#VALUE!"},{"$error":"#VALUE!"},{"$error":"#VALUE!"},{"$error":"#VALUE!"},{"$error":"#VALUE!"},{"$error":"#VALUE!"},{"$error":"#VALUE!"},{"$f":"SUM(DR324,System2!DR324,System3!DR324)","v":{"$error":"#VALUE!"}},{"$f":"DT$44","v":{"$error":"#VALUE!"}},{"$f":"DU$44","v":{"$error":"#VALUE!"}},{"$f":"DV$44","v":0},{"$f":"DW$44","v":{"$error":"#VALUE!"}},{"$error":"#VALUE!"},{"$error":"#VALUE!"},{"$error":"#VALUE!"},0,0,0,0,0,{"$error":"#VALUE!"},{"$f":"SUM(EF324,System2!EF324,System3!EF324)","v":{"$error":"#VALUE!"}},{"$error":"#VALUE!"},{"$error":"#VALUE!"},{"$error":"#VALUE!"},{"$error":"#VALUE!"},{"$error":"#VALUE!"},{"$error":"#VALUE!"},{"$error":"#VALUE!"},{"$error":"#VALUE!"},{"$error":"#VALUE!"},{"$error":"#VALUE!"},{"$error":"#VALUE!"},{"$error":"#VALUE!"},{"$error":"#VALUE!"},{"$error":"#VALUE!"},{"$error":"#VALUE!"},{"$error":"#VALUE!"},{"$error":"#VALUE!"},{"$error":"#VALUE!"},{"$error":"#VALUE!"},{"$error":"#VALUE!"},{"$error":"#VALUE!"},{"$error":"#VALUE!"},{"$error":"#VALUE!"},{"$error":"#VALUE!"},{"$error":"#VALUE!"},{"$error":"#VALUE!"},{"$f":"SUM(FG324,System2!FG324,System3!FG324)","v":{"$error":"#VALUE!"}},0,0,0,0,{"$error":"#VALUE!"},{"$error":"#VALUE!"},{"$error":"#VALUE!"},{"$error":"#VALUE!"},{"$error":"#VALUE!"},{"$error":"#VALUE!"},{"$error":"#VALUE!"},{"$error":"#VALUE!"},{"$error":"#VALUE!"},{"$error":"#VALUE!"},{"$error":"#VALUE!"},{"$error":"#VALUE!"},{"$error":"#VALUE!"},{"$error":"#VALUE!"},{"$error":"#VALUE!"},{"$error":"#VALUE!"},{"$error":"#VALUE!"},{"$error":"#VALUE!"},{"$error":"#VALUE!"},{"$error":"#VALUE!"},{"$f":"$GG$31*WaterFittings!BO299","v":{"$error":"#VALUE!"}},{"$f":"$GH$31*WaterFittings!BP299","v":{"$error":"#VALUE!"}},{"$f":"$GI$31*WaterFittings!BQ299","v":0},{"$f":"GJ$31*AirCond!BD298","v":{"$error":"#VALUE!"}},{"$f":"GK$31*AirCond!BE298","v":{"$error":"#VALUE!"}},{"$f":"GL$31*AirCond!BF298","v":{"$error":"#VALUE!"}},{"$f":"GM$31*AirCond!BG298","v":{"$error":"#VALUE!"}},{"$f":"GN$31*WaterFittings!BS299","v":0},{"$f":"GO$31*WaterFittings!BT299","v":0},{"$f":"GP$31*WaterFittings!BU299","v":0}]
[null,null,294,0,0,{"$error":"#VALUE!"},{"$error":"#VALUE!"},{"$error":"#VALUE!"},{"$error":"#VALUE!"},{"$error":"#VALUE!"},{"$error":"#VALUE!"},{"$error":"#VALUE!"},{"$error":"#VALUE!"},{"$error":"#VALUE!"},{"$error":"#VALUE!"},null,{"$error":"#VALUE!"},{"$error":"#VALUE!"},{"$error":"#VALUE!"},{"$error":"#VALUE!"},{"$error":"#VALUE!"},null,{"$error":"#VALUE!"},{"$error":"#VALUE!"},{"$error":"#VALUE!"},{"$error":"#VALUE!"},{"$error":"#VALUE!"},null,14,{"$f":"SUM(SUMPRODUCT(AF$20:AJ$20,Q325:U325),SUMPRODUCT(AF$20:AJ$20,System2!Q325:U325),SUMPRODUCT(AF$20:AJ$20,System3!Q325:U325))","v":{"$error":"#VALUE!"}},{"$f":"SUM(SUMPRODUCT(AF$21:AJ$21,W325:AA325),SUMPRODUCT(AF$21:AJ$21,System2!W325:AA325),SUMPRODUCT(AF$21:AJ$21,System3!W325:AA325))","v":{"$error":"#VALUE!"}},{"$f":"WaterFittings!BN300","v":{"$error":"#VALUE!"}},{"$error":"#VALUE!"},{"$error":"#VALUE!"},{"$f":"MIN(AirCond!BL299,P$21)","v":0},{"$error":"#VALUE!"},{"$f":"MIN(ROUNDDOWN(AJ325-FH325,0),ROUNDDOWN(P$21*0.3,0),ROUNDDOWN(SUM(SUMPRODUCT(I$4:I$15,L$4:L$15),SUMPRODUCT(System2!I$4:I$15,System2!L$4:L$15),SUMPRODUCT(System3!I$4:I$15,System3!L$4:L$15))*0.3,0))","v":{"$error":"#VALUE!"}},0,{"$error":"#VALUE!"},{"$error":"#VALUE!"},{"$error":"#VALUE!"},0,{"$error":"#VALUE!"},{"$error":"#VALUE!"},{"$error":"#VALUE!"},0,null,null,null,0,0,0,0,null,{"$error":"#VALUE!"},{"$error":"#VALUE!"},{"$error":"#VALUE!"},{"$error":"#VALUE!"},{"$error":"#VALUE!"},{"$error":"#VALUE!"},{"$error":"#VALUE!"},{"$error":"#VALUE!"},{"$error":"#VALUE!"},0,{"$error":"#VALUE!"},{"$error":"#VALUE!"},{"$error":"#VALUE!"},{"$error":"#VALUE!"},{"$error":"#VALUE!"},{"$error":"#VALUE!"},{"$error":"#VALUE!"},{"$error":"#VALUE!"},{"$error":"#VALUE!"},{"$error":"#VALUE!"},{"$error":"#VALUE!"},{"$error":"#VALUE!"},{"$error":"#VALUE!"},{"$error":"#VALUE!"},{"$error":"#VALUE!"},{"$error":"#VALUE!"},{"$error":"#VALUE!"},{"$error":"#VALUE!"},{"$error":"#VALUE!"},{"$error":"#VALUE!"},{"$error":"#VALUE!"},{"$error":"#VALUE!"},{"$error":"#VALUE!"},{"$error":"#VALUE!"},{"$error":"#VALUE!"},{"$error":"#VALUE!"},{"$error":"#VALUE!"},{"$error":"#VALUE!"},{"$error":"#VALUE!"},{"$error":"#VALUE!"},{"$error":"#VALUE!"},{"$f":"SUM(CQ325,System2!CQ325,System3!CQ325)","v":{"$error":"#VALUE!"}},{"$error":"#VALUE!"},{"$error":"#VALUE!"},{"$error":"#VALUE!"},{"$error":"#VALUE!"},{"$error":"#VALUE!"},{"$error":"#VALUE!"},{"$error":"#VALUE!"},{"$error":"#VALUE!"},{"$error":"#VALUE!"},{"$error":"#VALUE!"},{"$error":"#VALUE!"},{"$error":"#VALUE!"},{"$error":"#VALUE!"},{"$error":"#VALUE!"},{"$error":"#VALUE!"},{"$error":"#VALUE!"},{"$error":"#VALUE!"},{"$error":"#VALUE!"},{"$error":"#VALUE!"},{"$error":"#VALUE!"},{"$error":"#VALUE!"},{"$error":"#VALUE!"},{"$error":"#VALUE!"},{"$error":"#VALUE!"},{"$error":"#VALUE!"},{"$error":"#VALUE!"},{"$f":"SUM(DR325,System2!DR325,System3!DR325)","v":{"$error":"#VALUE!"}},{"$f":"DT$45","v":{"$error":"#VALUE!"}},{"$f":"DU$45","v":{"$error":"#VALUE!"}},{"$f":"DV$45","v":0},{"$f":"DW$45","v":{"$error":"#VALUE!"}},{"$error":"#VALUE!"},{"$error":"#VALUE!"},{"$error":"#VALUE!"},0,0,0,0,0,{"$error":"#VALUE!"},{"$f":"SUM(EF325,System2!EF325,System3!EF325)","v":{"$error":"#VALUE!"}},{"$error":"#VALUE!"},{"$error":"#VALUE!"},{"$error":"#VALUE!"},{"$error":"#VALUE!"},{"$error":"#VALUE!"},{"$error":"#VALUE!"},{"$error":"#VALUE!"},{"$error":"#VALUE!"},{"$error":"#VALUE!"},{"$error":"#VALUE!"},{"$error":"#VALUE!"},{"$error":"#VALUE!"},{"$error":"#VALUE!"},{"$error":"#VALUE!"},{"$error":"#VALUE!"},{"$error":"#VALUE!"},{"$error":"#VALUE!"},{"$error":"#VALUE!"},{"$error":"#VALUE!"},{"$error":"#VALUE!"},{"$error":"#VALUE!"},{"$error":"#VALUE!"},{"$error":"#VALUE!"},{"$error":"#VALUE!"},{"$error":"#VALUE!"},{"$error":"#VALUE!"},{"$f":"SUM(FG325,System2!FG325,System3!FG325)","v":{"$error":"#VALUE!"}},0,0,0,0,{"$error":"#VALUE!"},{"$error":"#VALUE!"},{"$error":"#VALUE!"},{"$error":"#VALUE!"},{"$error":"#VALUE!"},{"$error":"#VALUE!"},{"$error":"#VALUE!"},{"$error":"#VALUE!"},{"$error":"#VALUE!"},{"$error":"#VALUE!"},{"$error":"#VALUE!"},{"$error":"#VALUE!"},{"$error":"#VALUE!"},{"$error":"#VALUE!"},{"$error":"#VALUE!"},{"$error":"#VALUE!"},{"$error":"#VALUE!"},{"$error":"#VALUE!"},{"$error":"#VALUE!"},{"$error":"#VALUE!"},{"$f":"$GG$31*WaterFittings!BO300","v":{"$error":"#VALUE!"}},{"$f":"$GH$31*WaterFittings!BP300","v":{"$error":"#VALUE!"}},{"$f":"$GI$31*WaterFittings!BQ300","v":0},{"$f":"GJ$31*AirCond!BD299","v":{"$error":"#VALUE!"}},{"$f":"GK$31*AirCond!BE299","v":{"$error":"#VALUE!"}},{"$f":"GL$31*AirCond!BF299","v":{"$error":"#VALUE!"}},{"$f":"GM$31*AirCond!BG299","v":{"$error":"#VALUE!"}},{"$f":"GN$31*WaterFittings!BS300","v":0},{"$f":"GO$31*WaterFittings!BT300","v":0},{"$f":"GP$31*WaterFittings!BU300","v":0}]
[null,null,295,0,0,{"$error":"#VALUE!"},{"$error":"#VALUE!"},{"$error":"#VALUE!"},{"$error":"#VALUE!"},{"$error":"#VALUE!"},{"$error":"#VALUE!"},{"$error":"#VALUE!"},{"$error":"#VALUE!"},{"$error":"#VALUE!"},{"$error":"#VALUE!"},null,{"$error":"#VALUE!"},{"$error":"#VALUE!"},{"$error":"#VALUE!"},{"$error":"#VALUE!"},{"$error":"#VALUE!"},null,{"$error":"#VALUE!"},{"$error":"#VALUE!"},{"$error":"#VALUE!"},{"$error":"#VALUE!"},{"$f":"ROUNDDOWN(FF326,0)","v":{"$error":"#VALUE!"}},null,15,{"$f":"SUM(SUMPRODUCT(AF$20:AJ$20,Q326:U326),SUMPRODUCT(AF$20:AJ$20,System2!Q326:U326),SUMPRODUCT(AF$20:AJ$20,System3!Q326:U326))","v":{"$error":"#VALUE!"}},{"$f":"SUM(SUMPRODUCT(AF$21:AJ$21,W326:AA326),SUMPRODUCT(AF$21:AJ$21,System2!W326:AA326),SUMPRODUCT(AF$21:AJ$21,System3!W326:AA326))","v":{"$error":"#VALUE!"}},{"$f":"WaterFittings!BN301","v":{"$error":"#VALUE!"}},{"$error":"#VALUE!"},{"$error":"#VALUE!"},{"$f":"MIN(AirCond!BL300,P$21)","v":0},{"$error":"#VALUE!"},{"$f":"MIN(ROUNDDOWN(AJ326-FH326,0),ROUNDDOWN(P$21*0.3,0),ROUNDDOWN(SUM(SUMPRODUCT(I$4:I$15,L$4:L$15),SUMPRODUCT(System2!I$4:I$15,System2!L$4:L$15),SUMPRODUCT(System3!I$4:I$15,System3!L$4:L$15))*0.3,0))","v":{"$error":"#VALUE!"}},0,{"$error":"#VALUE!"},{"$error":"#VALUE!"},{"$error":"#VALUE!"},0,{"$error":"#VALUE!"},{"$error":"#VALUE!"},{"$error":"#VALUE!"},0,null,null,null,0,0,0,0,null,{"$error":"#VALUE!"},{"$error":"#VALUE!"},{"$error":"#VALUE!"},{"$error":"#VALUE!"},{"$error":"#VALUE!"},{"$error":"#VALUE!"},{"$error":"#VALUE!"},{"$error":"#VALUE!"},{"$error":"#VALUE!"},0,{"$error":"#VALUE!"},{"$error":"#VALUE!"},{"$error":"#VALUE!"},{"$error":"#VALUE!"},{"$error":"#VALUE!"},{"$error":"#VALUE!"},{"$error":"#VALUE!"},{"$error":"#VALUE!"},{"$error":"#VALUE!"},{"$error":"#VALUE!"},{"$error":"#VALUE!"},{"$error":"#VALUE!"},{"$error":"#VALUE!"},{"$error":"#VALUE!"},{"$error":"#VALUE!"},{"$error":"#VALUE!"},{"$error":"#VALUE!"},{"$error":"#VALUE!"},{"$error":"#VALUE!"},{"$error":"#VALUE!"},{"$error":"#VALUE!"},{"$error":"#VALUE!"},{"$error":"#VALUE!"},{"$error":"#VALUE!"},{"$error":"#VALUE!"},{"$error":"#VALUE!"},{"$error":"#VALUE!"},{"$error":"#VALUE!"},{"$error":"#VALUE!"},{"$error":"#VALUE!"},{"$error":"#VALUE!"},{"$f":"SUM(CQ326,System2!CQ326,System3!CQ326)","v":{"$error":"#VALUE!"}},{"$error":"#VALUE!"},{"$error":"#VALUE!"},{"$error":"#VALUE!"},{"$error":"#VALUE!"},{"$error":"#VALUE!"},{"$error":"#VALUE!"},{"$error":"#VALUE!"},{"$error":"#VALUE!"},{"$error":"#VALUE!"},{"$error":"#VALUE!"},{"$error":"#VALUE!"},{"$error":"#VALUE!"},{"$error":"#VALUE!"},{"$error":"#VALUE!"},{"$error":"#VALUE!"},{"$error":"#VALUE!"},{"$error":"#VALUE!"},{"$error":"#VALUE!"},{"$error":"#VALUE!"},{"$error":"#VALUE!"},{"$error":"#VALUE!"},{"$error":"#VALUE!"},{"$error":"#VALUE!"},{"$error":"#VALUE!"},{"$error":"#VALUE!"},{"$error":"#VALUE!"},{"$f":"SUM(DR326,System2!DR326,System3!DR326)","v":{"$error":"#VALUE!"}},{"$f":"DT$46","v":{"$error":"#VALUE!"}},{"$f":"DU$46","v":{"$error":"#VALUE!"}},{"$f":"DV$46","v":0},{"$f":"DW$46","v":{"$error":"#VALUE!"}},{"$error":"#VALUE!"},{"$error":"#VALUE!"},{"$error":"#VALUE!"},0,0,0,0,0,{"$error":"#VALUE!"},{"$f":"SUM(EF326,System2!EF326,System3!EF326)","v":{"$error":"#VALUE!"}},{"$error":"#VALUE!"},{"$error":"#VALUE!"},{"$error":"#VALUE!"},{"$error":"#VALUE!"},{"$error":"#VALUE!"},{"$error":"#VALUE!"},{"$error":"#VALUE!"},{"$error":"#VALUE!"},{"$error":"#VALUE!"},{"$error":"#VALUE!"},{"$error":"#VALUE!"},{"$error":"#VALUE!"},{"$error":"#VALUE!"},{"$error":"#VALUE!"},{"$error":"#VALUE!"},{"$error":"#VALUE!"},{"$error":"#VALUE!"},{"$error":"#VALUE!"},{"$error":"#VALUE!"},{"$error":"#VALUE!"},{"$error":"#VALUE!"},{"$error":"#VALUE!"},{"$error":"#VALUE!"},{"$error":"#VALUE!"},{"$error":"#VALUE!"},{"$error":"#VALUE!"},{"$f":"SUM(FG326,System2!FG326,System3!FG326)","v":{"$error":"#VALUE!"}},0,0,0,0,{"$error":"#VALUE!"},{"$error":"#VALUE!"},{"$error":"#VALUE!"},{"$error":"#VALUE!"},{"$error":"#VALUE!"},{"$error":"#VALUE!"},{"$error":"#VALUE!"},{"$error":"#VALUE!"},{"$error":"#VALUE!"},{"$error":"#VALUE!"},{"$error":"#VALUE!"},{"$error":"#VALUE!"},{"$error":"#VALUE!"},{"$error":"#VALUE!"},{"$error":"#VALUE!"},{"$error":"#VALUE!"},{"$error":"#VALUE!"},{"$error":"#VALUE!"},{"$error":"#VALUE!"},{"$error":"#VALUE!"},{"$f":"$GG$31*WaterFittings!BO301","v":{"$error":"#VALUE!"}},{"$f":"$GH$31*WaterFittings!BP301","v":{"$error":"#VALUE!"}},{"$f":"$GI$31*WaterFittings!BQ301","v":0},{"$f":"GJ$31*AirCond!BD300","v":{"$error":"#VALUE!"}},{"$f":"GK$31*AirCond!BE300","v":{"$error":"#VALUE!"}},{"$f":"GL$31*AirCond!BF300","v":{"$error":"#VALUE!"}},{"$f":"GM$31*AirCond!BG300","v":{"$error":"#VALUE!"}},{"$f":"GN$31*WaterFittings!BS301","v":0},{"$f":"GO$31*WaterFittings!BT301","v":0},{"$f":"GP$31*WaterFittings!BU301","v":0}]
[null,null,{"$f":"C326+1","v":296},0,0,{"$error":"#VALUE!"},{"$error":"#VALUE!"},{"$error":"#VALUE!"},{"$error":"#VALUE!"},{"$error":"#VALUE!"},{"$error":"#VALUE!"},{"$error":"#VALUE!"},{"$error":"#VALUE!"},{"$error":"#VALUE!"},{"$error":"#VALUE!"},null,{"$error":"#VALUE!"},{"$error":"#VALUE!"},{"$f":"ROUNDDOWN(SUM(DM327:DO327),0)","v":{"$error":"#VALUE!"}},{"$error":"#VALUE!"},{"$error":"#VALUE!"},null,{"$error":"#VALUE!"},{"$error":"#VALUE!"},{"$error":"#VALUE!"},{"$error":"#VALUE!"},{"$error":"#VALUE!"},null,16,{"$f":"SUM(SUMPRODUCT(AF$20:AJ$20,Q327:U327),SUMPRODUCT(AF$20:AJ$20,System2!Q327:U327),SUMPRODUCT(AF$20:AJ$20,System3!Q327:U327))","v":{"$error":"#VALUE!"}},{"$f":"SUM(SUMPRODUCT(AF$21:AJ$21,W327:AA327),SUMPRODUCT(AF$21:AJ$21,System2!W327:AA327),SUMPRODUCT(AF$21:AJ$21,System3!W327:AA327))","v":{"$error":"#VALUE!"}},{"$f":"WaterFittings!BN302","v":{"$error":"#VALUE!"}},{"$error":"#VALUE!"},{"$error":"#VALUE!"},{"$f":"MIN(AirCond!BL301,P$21)","v":0},{"$error":"#VALUE!"},{"$f":"MIN(ROUNDDOWN(AJ327-FH327,0),ROUNDDOWN(P$21*0.3,0),ROUNDDOWN(SUM(SUMPRODUCT(I$4:I$15,L$4:L$15),SUMPRODUCT(System2!I$4:I$15,System2!L$4:L$15),SUMPRODUCT(System3!I$4:I$15,System3!L$4:L$15))*0.3,0))","v":{"$error":"#VALUE!"}},0,{"$error":"#VALUE!"},{"$error":"#VALUE!"},{"$error":"#VALUE!"},0,{"$error":"#VALUE!"},{"$error":"#VALUE!"},{"$error":"#VALUE!"},0,null,null,null,0,0,0,0,null,{"$error":"#VALUE!"},{"$error":"#VALUE!"},{"$error":"#VALUE!"},{"$error":"#VALUE!"},{"$error":"#VALUE!"},{"$error":"#VALUE!"},{"$error":"#VALUE!"},{"$error":"#VALUE!"},{"$error":"#VALUE!"},0,{"$error":"#VALUE!"},{"$error":"#VALUE!"},{"$error":"#VALUE!"},{"$error":"#VALUE!"},{"$error":"#VALUE!"},{"$error":"#VALUE!"},{"$error":"#VALUE!"},{"$error":"#VALUE!"},{"$error":"#VALUE!"},{"$error":"#VALUE!"},{"$error":"#VALUE!"},{"$error":"#VALUE!"},{"$error":"#VALUE!"},{"$error":"#VALUE!"},{"$error":"#VALUE!"},{"$error":"#VALUE!"},{"$error":"#VALUE!"},{"$error":"#VALUE!"},{"$error":"#VALUE!"},{"$error":"#VALUE!"},{"$error":"#VALUE!"},{"$error":"#VALUE!"},{"$error":"#VALUE!"},{"$error":"#VALUE!"},{"$error":"#VALUE!"},{"$error":"#VALUE!"},{"$error":"#VALUE!"},{"$error":"#VALUE!"},{"$error":"#VALUE!"},{"$error":"#VALUE!"},{"$error":"#VALUE!"},{"$f":"SUM(CQ327,System2!CQ327,System3!CQ327)","v":{"$error":"#VALUE!"}},{"$error":"#VALUE!"},{"$error":"#VALUE!"},{"$error":"#VALUE!"},{"$error":"#VALUE!"},{"$error":"#VALUE!"},{"$error":"#VALUE!"},{"$error":"#VALUE!"},{"$error":"#VALUE!"},{"$error":"#VALUE!"},{"$error":"#VALUE!"},{"$error":"#VALUE!"},{"$error":"#VALUE!"},{"$error":"#VALUE!"},{"$error":"#VALUE!"},{"$error":"#VALUE!"},{"$error":"#VALUE!"},{"$error":"#VALUE!"},{"$error":"#VALUE!"},{"$error":"#VALUE!"},{"$error":"#VALUE!"},{"$error":"#VALUE!"},{"$error":"#VALUE!"},{"$error":"#VALUE!"},{"$error":"#VALUE!"},{"$error":"#VALUE!"},{"$error":"#VALUE!"},{"$f":"SUM(DR327,System2!DR327,System3!DR327)","v":{"$error":"#VALUE!"}},{"$f":"DT$47","v":{"$error":"#VALUE!"}},{"$f":"DU$47","v":{"$error":"#VALUE!"}},{"$f":"DV$47","v":0},{"$f":"DW$47","v":{"$error":"#VALUE!"}},{"$error":"#VALUE!"},{"$error":"#VALUE!"},{"$error":"#VALUE!"},0,0,0,0,0,{"$error":"#VALUE!"},{"$f":"SUM(EF327,System2!EF327,System3!EF327)","v":{"$error":"#VALUE!"}},{"$error":"#VALUE!"},{"$error":"#VALUE!"},{"$error":"#VALUE!"},{"$error":"#VALUE!"},{"$error":"#VALUE!"},{"$error":"#VALUE!"},{"$error":"#VALUE!"},{"$error":"#VALUE!"},{"$error":"#VALUE!"},{"$error":"#VALUE!"},{"$error":"#VALUE!"},{"$error":"#VALUE!"},{"$error":"#VALUE!"},{"$error":"#VALUE!"},{"$error":"#VALUE!"},{"$error":"#VALUE!"},{"$error":"#VALUE!"},{"$error":"#VALUE!"},{"$error":"#VALUE!"},{"$error":"#VALUE!"},{"$error":"#VALUE!"},{"$error":"#VALUE!"},{"$error":"#VALUE!"},{"$error":"#VALUE!"},{"$error":"#VALUE!"},{"$error":"#VALUE!"},{"$f":"SUM(FG327,System2!FG327,System3!FG327)","v":{"$error":"#VALUE!"}},0,0,0,0,{"$error":"#VALUE!"},{"$error":"#VALUE!"},{"$error":"#VALUE!"},{"$error":"#VALUE!"},{"$error":"#VALUE!"},{"$error":"#VALUE!"},{"$error":"#VALUE!"},{"$error":"#VALUE!"},{"$error":"#VALUE!"},{"$error":"#VALUE!"},{"$error":"#VALUE!"},{"$error":"#VALUE!"},{"$error":"#VALUE!"},{"$error":"#VALUE!"},{"$error":"#VALUE!"},{"$error":"#VALUE!"},{"$error":"#VALUE!"},{"$error":"#VALUE!"},{"$error":"#VALUE!"},{"$error":"#VALUE!"},{"$f":"$GG$31*WaterFittings!BO302","v":{"$error":"#VALUE!"}},{"$f":"$GH$31*WaterFittings!BP302","v":{"$error":"#VALUE!"}},{"$f":"$GI$31*WaterFittings!BQ302","v":0},{"$f":"GJ$31*AirCond!BD301","v":{"$error":"#VALUE!"}},{"$f":"GK$31*AirCond!BE301","v":{"$error":"#VALUE!"}},{"$f":"GL$31*AirCond!BF301","v":{"$error":"#VALUE!"}},{"$f":"GM$31*AirCond!BG301","v":{"$error":"#VALUE!"}},{"$f":"GN$31*WaterFittings!BS302","v":0},{"$f":"GO$31*WaterFittings!BT302","v":0},{"$f":"GP$31*WaterFittings!BU302","v":0}]
[null,null,297,0,0,{"$error":"#VALUE!"},{"$error":"#VALUE!"},{"$error":"#VALUE!"},{"$error":"#VALUE!"},{"$error":"#VALUE!"},{"$error":"#VALUE!"},{"$error":"#VALUE!"},{"$error":"#VALUE!"},{"$error":"#VALUE!"},{"$error":"#VALUE!"},null,{"$error":"#VALUE!"},{"$error":"#VALUE!"},{"$error":"#VALUE!"},{"$error":"#VALUE!"},{"$error":"#VALUE!"},null,{"$error":"#VALUE!"},{"$error":"#VALUE!"},{"$error":"#VALUE!"},{"$error":"#VALUE!"},{"$error":"#VALUE!"},null,17,{"$f":"SUM(SUMPRODUCT(AF$20:AJ$20,Q328:U328),SUMPRODUCT(AF$20:AJ$20,System2!Q328:U328),SUMPRODUCT(AF$20:AJ$20,System3!Q328:U328))","v":{"$error":"#VALUE!"}},{"$f":"SUM(SUMPRODUCT(AF$21:AJ$21,W328:AA328),SUMPRODUCT(AF$21:AJ$21,System2!W328:AA328),SUMPRODUCT(AF$21:AJ$21,System3!W328:AA328))","v":{"$error":"#VALUE!"}},{"$f":"WaterFittings!BN303","v":{"$error":"#VALUE!"}},{"$error":"#VALUE!"},{"$error":"#VALUE!"},{"$f":"MIN(AirCond!BL302,P$21)","v":0},{"$error":"#VALUE!"},{"$f":"MIN(ROUNDDOWN(AJ328-FH328,0),ROUNDDOWN(P$21*0.3,0),ROUNDDOWN(SUM(SUMPRODUCT(I$4:I$15,L$4:L$15),SUMPRODUCT(System2!I$4:I$15,System2!L$4:L$15),SUMPRODUCT(System3!I$4:I$15,System3!L$4:L$15))*0.3,0))","v":{"$error":"#VALUE!"}},0,{"$error":"#VALUE!"},{"$error":"#VALUE!"},{"$error":"#VALUE!"},0,{"$error":"#VALUE!"},{"$error":"#VALUE!"},{"$error":"#VALUE!"},0,null,null,null,0,0,0,0,null,{"$error":"#VALUE!"},{"$error":"#VALUE!"},{"$error":"#VALUE!"},{"$error":"#VALUE!"},{"$error":"#VALUE!"},{"$error":"#VALUE!"},{"$error":"#VALUE!"},{"$error":"#VALUE!"},{"$error":"#VALUE!"},0,{"$error":"#VALUE!"},{"$error":"#VALUE!"},{"$error":"#VALUE!"},{"$error":"#VALUE!"},{"$error":"#VALUE!"},{"$error":"#VALUE!"},{"$error":"#VALUE!"},{"$error":"#VALUE!"},{"$error":"#VALUE!"},{"$error":"#VALUE!"},{"$error":"#VALUE!"},{"$error":"#VALUE!"},{"$error":"#VALUE!"},{"$error":"#VALUE!"},{"$error":"#VALUE!"},{"$error":"#VALUE!"},{"$error":"#VALUE!"},{"$error":"#VALUE!"},{"$error":"#VALUE!"},{"$error":"#VALUE!"},{"$error":"#VALUE!"},{"$error":"#VALUE!"},{"$error":"#VALUE!"},{"$error":"#VALUE!"},{"$error":"#VALUE!"},{"$error":"#VALUE!"},{"$error":"#VALUE!"},{"$error":"#VALUE!"},{"$error":"#VALUE!"},{"$error":"#VALUE!"},{"$error":"#VALUE!"},{"$f":"SUM(CQ328,System2!CQ328,System3!CQ328)","v":{"$error":"#VALUE!"}},{"$error":"#VALUE!"},{"$error":"#VALUE!"},{"$error":"#VALUE!"},{"$error":"#VALUE!"},{"$error":"#VALUE!"},{"$error":"#VALUE!"},{"$error":"#VALUE!"},{"$error":"#VALUE!"},{"$error":"#VALUE!"},{"$error":"#VALUE!"},{"$error":"#VALUE!"},{"$error":"#VALUE!"},{"$error":"#VALUE!"},{"$error":"#VALUE!"},{"$error":"#VALUE!"},{"$error":"#VALUE!"},{"$error":"#VALUE!"},{"$error":"#VALUE!"},{"$error":"#VALUE!"},{"$error":"#VALUE!"},{"$error":"#VALUE!"},{"$error":"#VALUE!"},{"$error":"#VALUE!"},{"$error":"#VALUE!"},{"$error":"#VALUE!"},{"$error":"#VALUE!"},{"$f":"SUM(DR328,System2!DR328,System3!DR328)","v":{"$error":"#VALUE!"}},{"$f":"DT$48","v":{"$error":"#VALUE!"}},{"$f":"DU$48","v":{"$error":"#VALUE!"}},{"$f":"DV$48","v":0},{"$f":"DW$48","v":{"$error":"#VALUE!"}},{"$error":"#VALUE!"},{"$error":"#VALUE!"},{"$error":"#VALUE!"},0,0,0,0,0,{"$error":"#VALUE!"},{"$f":"SUM(EF328,System2!EF328,System3!EF328)","v":{"$error":"#VALUE!"}},{"$error":"#VALUE!"},{"$error":"#VALUE!"},{"$error":"#VALUE!"},{"$error":"#VALUE!"},{"$error":"#VALUE!"},{"$error":"#VALUE!"},{"$error":"#VALUE!"},{"$error":"#VALUE!"},{"$error":"#VALUE!"},{"$error":"#VALUE!"},{"$error":"#VALUE!"},{"$error":"#VALUE!"},{"$error":"#VALUE!"},{"$error":"#VALUE!"},{"$error":"#VALUE!"},{"$error":"#VALUE!"},{"$error":"#VALUE!"},{"$error":"#VALUE!"},{"$error":"#VALUE!"},{"$error":"#VALUE!"},{"$error":"#VALUE!"},{"$error":"#VALUE!"},{"$error":"#VALUE!"},{"$error":"#VALUE!"},{"$error":"#VALUE!"},{"$error":"#VALUE!"},{"$f":"SUM(FG328,System2!FG328,System3!FG328)","v":{"$error":"#VALUE!"}},0,0,0,0,{"$error":"#VALUE!"},{"$error":"#VALUE!"},{"$error":"#VALUE!"},{"$error":"#VALUE!"},{"$error":"#VALUE!"},{"$error":"#VALUE!"},{"$error":"#VALUE!"},{"$error":"#VALUE!"},{"$error":"#VALUE!"},{"$error":"#VALUE!"},{"$error":"#VALUE!"},{"$error":"#VALUE!"},{"$error":"#VALUE!"},{"$error":"#VALUE!"},{"$error":"#VALUE!"},{"$error":"#VALUE!"},{"$error":"#VALUE!"},{"$error":"#VALUE!"},{"$error":"#VALUE!"},{"$error":"#VALUE!"},{"$f":"$GG$31*WaterFittings!BO303","v":{"$error":"#VALUE!"}},{"$f":"$GH$31*WaterFittings!BP303","v":{"$error":"#VALUE!"}},{"$f":"$GI$31*WaterFittings!BQ303","v":0},{"$f":"GJ$31*AirCond!BD302","v":{"$error":"#VALUE!"}},{"$f":"GK$31*AirCond!BE302","v":{"$error":"#VALUE!"}},{"$f":"GL$31*AirCond!BF302","v":{"$error":"#VALUE!"}},{"$f":"GM$31*AirCond!BG302","v":{"$error":"#VALUE!"}},{"$f":"GN$31*WaterFittings!BS303","v":0},{"$f":"GO$31*WaterFittings!BT303","v":0},{"$f":"GP$31*WaterFittings!BU303","v":0}]
[null,null,298,1.5,0,{"$error":"#VALUE!"},{"$error":"#VALUE!"},{"$error":"#VALUE!"},{"$error":"#VALUE!"},{"$error":"#VALUE!"},{"$error":"#VALUE!"},{"$error":"#VALUE!"},{"$error":"#VALUE!"},{"$error":"#VALUE!"},{"$error":"#VALUE!"},null,{"$error":"#VALUE!"},{"$error":"#VALUE!"},{"$error":"#VALUE!"},{"$error":"#VALUE!"},{"$error":"#VALUE!"},null,{"$error":"#VALUE!"},{"$error":"#VALUE!"},{"$error":"#VALUE!"},{"$error":"#VALUE!"},{"$error":"#VALUE!"},null,18,{"$f":"SUM(SUMPRODUCT(AF$20:AJ$20,Q329:U329),SUMPRODUCT(AF$20:AJ$20,System2!Q329:U329),SUMPRODUCT(AF$20:AJ$20,System3!Q329:U329))","v":{"$error":"#VALUE!"}},{"$f":"SUM(SUMPRODUCT(AF$21:AJ$21,W329:AA329),SUMPRODUCT(AF$21:AJ$21,System2!W329:AA329),SUMPRODUCT(AF$21:AJ$21,System3!W329:AA329))","v":{"$error":"#VALUE!"}},{"$f":"WaterFittings!BN304","v":{"$error":"#VALUE!"}},{"$error":"#VALUE!"},{"$error":"#VALUE!"},{"$f":"MIN(AirCond!BL303,P$21)","v":0},{"$error":"#VALUE!"},{"$f":"MIN(ROUNDDOWN(AJ329-FH329,0),ROUNDDOWN(P$21*0.3,0),ROUNDDOWN(SUM(SUMPRODUCT(I$4:I$15,L$4:L$15),SUMPRODUCT(System2!I$4:I$15,System2!L$4:L$15),SUMPRODUCT(System3!I$4:I$15,System3!L$4:L$15))*0.3,0))","v":{"$error":"#VALUE!"}},0,{"$error":"#VALUE!"},{"$error":"#VALUE!"},{"$error":"#VALUE!"},0,{"$error":"#VALUE!"},{"$error":"#VALUE!"},{"$error":"#VALUE!"},0,null,null,null,0,0,0,0,null,{"$error":"#VALUE!"},{"$error":"#VALUE!"},{"$error":"#VALUE!"},{"$error":"#VALUE!"},{"$error":"#VALUE!"},{"$error":"#VALUE!"},{"$error":"#VALUE!"},{"$error":"#VALUE!"},{"$error":"#VALUE!"},0,{"$error":"#VALUE!"},{"$error":"#VALUE!"},{"$error":"#VALUE!"},{"$error":"#VALUE!"},{"$error":"#VALUE!"},{"$error":"#VALUE!"},{"$error":"#VALUE!"},{"$error":"#VALUE!"},{"$error":"#VALUE!"},{"$error":"#VALUE!"},{"$error":"#VALUE!"},{"$error":"#VALUE!"},{"$error":"#VALUE!"},{"$error":"#VALUE!"},{"$error":"#VALUE!"},{"$error":"#VALUE!"},{"$error":"#VALUE!"},{"$error":"#VALUE!"},{"$error":"#VALUE!"},{"$error":"#VALUE!"},{"$error":"#VALUE!"},{"$error":"#VALUE!"},{"$error":"#VALUE!"},{"$error":"#VALUE!"},{"$error":"#VALUE!"},{"$error":"#VALUE!"},{"$error":"#VALUE!"},{"$error":"#VALUE!"},{"$error":"#VALUE!"},{"$error":"#VALUE!"},{"$error":"#VALUE!"},{"$f":"SUM(CQ329,System2!CQ329,System3!CQ329)","v":{"$error":"#VALUE!"}},{"$error":"#VALUE!"},{"$error":"#VALUE!"},{"$error":"#VALUE!"},{"$error":"#VALUE!"},{"$error":"#VALUE!"},{"$error":"#VALUE!"},{"$error":"#VALUE!"},{"$error":"#VALUE!"},{"$error":"#VALUE!"},{"$error":"#VALUE!"},{"$error":"#VALUE!"},{"$error":"#VALUE!"},{"$error":"#VALUE!"},{"$error":"#VALUE!"},{"$error":"#VALUE!"},{"$error":"#VALUE!"},{"$error":"#VALUE!"},{"$error":"#VALUE!"},{"$error":"#VALUE!"},{"$error":"#VALUE!"},{"$error":"#VALUE!"},{"$error":"#VALUE!"},{"$error":"#VALUE!"},{"$error":"#VALUE!"},{"$error":"#VALUE!"},{"$error":"#VALUE!"},{"$f":"SUM(DR329,System2!DR329,System3!DR329)","v":{"$error":"#VALUE!"}},{"$f":"DT$49","v":{"$error":"#VALUE!"}},{"$f":"DU$49","v":{"$error":"#VALUE!"}},{"$f":"DV$49","v":0},{"$f":"DW$49","v":{"$error":"#VALUE!"}},{"$error":"#VALUE!"},{"$error":"#VALUE!"},{"$error":"#VALUE!"},0,0,0,0,0,{"$error":"#VALUE!"},{"$f":"SUM(EF329,System2!EF329,System3!EF329)","v":{"$error":"#VALUE!"}},{"$error":"#VALUE!"},{"$error":"#VALUE!"},{"$error":"#VALUE!"},{"$error":"#VALUE!"},{"$error":"#VALUE!"},{"$error":"#VALUE!"},{"$error":"#VALUE!"},{"$error":"#VALUE!"},{"$error":"#VALUE!"},{"$error":"#VALUE!"},{"$error":"#VALUE!"},{"$error":"#VALUE!"},{"$error":"#VALUE!"},{"$error":"#VALUE!"},{"$error":"#VALUE!"},{"$error":"#VALUE!"},{"$error":"#VALUE!"},{"$error":"#VALUE!"},{"$error":"#VALUE!"},{"$error":"#VALUE!"},{"$error":"#VALUE!"},{"$error":"#VALUE!"},{"$error":"#VALUE!"},{"$error":"#VALUE!"},{"$error":"#VALUE!"},{"$error":"#VALUE!"},{"$f":"SUM(FG329,System2!FG329,System3!FG329)","v":{"$error":"#VALUE!"}},0,0,0,0,{"$error":"#VALUE!"},{"$error":"#VALUE!"},{"$error":"#VALUE!"},{"$error":"#VALUE!"},{"$error":"#VALUE!"},{"$error":"#VALUE!"},{"$error":"#VALUE!"},{"$error":"#VALUE!"},{"$error":"#VALUE!"},{"$error":"#VALUE!"},{"$error":"#VALUE!"},{"$error":"#VALUE!"},{"$error":"#VALUE!"},{"$error":"#VALUE!"},{"$error":"#VALUE!"},{"$error":"#VALUE!"},{"$error":"#VALUE!"},{"$error":"#VALUE!"},{"$error":"#VALUE!"},{"$error":"#VALUE!"},{"$f":"$GG$31*WaterFittings!BO304","v":{"$error":"#VALUE!"}},{"$f":"$GH$31*WaterFittings!BP304","v":{"$error":"#VALUE!"}},{"$f":"$GI$31*WaterFittings!BQ304","v":0},{"$f":"GJ$31*AirCond!BD303","v":{"$error":"#VALUE!"}},{"$f":"GK$31*AirCond!BE303","v":{"$error":"#VALUE!"}},{"$f":"GL$31*AirCond!BF303","v":{"$error":"#VALUE!"}},{"$f":"GM$31*AirCond!BG303","v":{"$error":"#VALUE!"}},{"$f":"GN$31*WaterFittings!BS304","v":0},{"$f":"GO$31*WaterFittings!BT304","v":0},{"$f":"GP$31*WaterFittings!BU304","v":0}]
[null,null,299,58.5,0,{"$error":"#VALUE!"},{"$error":"#VALUE!"},{"$error":"#VALUE!"},{"$error":"#VALUE!"},{"$error":"#VALUE!"},{"$error":"#VALUE!"},{"$error":"#VALUE!"},{"$error":"#VALUE!"},{"$error":"#VALUE!"},{"$error":"#VALUE!"},null,{"$error":"#VALUE!"},{"$error":"#VALUE!"},{"$error":"#VALUE!"},{"$error":"#VALUE!"},{"$error":"#VALUE!"},null,{"$error":"#VALUE!"},{"$error":"#VALUE!"},{"$error":"#VALUE!"},{"$error":"#VALUE!"},{"$error":"#VALUE!"},null,19,{"$f":"SUM(SUMPRODUCT(AF$20:AJ$20,Q330:U330),SUMPRODUCT(AF$20:AJ$20,System2!Q330:U330),SUMPRODUCT(AF$20:AJ$20,System3!Q330:U330))","v":{"$error":"#VALUE!"}},{"$f":"SUM(SUMPRODUCT(AF$21:AJ$21,W330:AA330),SUMPRODUCT(AF$21:AJ$21,System2!W330:AA330),SUMPRODUCT(AF$21:AJ$21,System3!W330:AA330))","v":{"$error":"#VALUE!"}},{"$f":"WaterFittings!BN305","v":{"$error":"#VALUE!"}},{"$error":"#VALUE!"},{"$error":"#VALUE!"},{"$f":"MIN(AirCond!BL304,P$21)","v":0},{"$error":"#VALUE!"},{"$f":"MIN(ROUNDDOWN(AJ330-FH330,0),ROUNDDOWN(P$21*0.3,0),ROUNDDOWN(SUM(SUMPRODUCT(I$4:I$15,L$4:L$15),SUMPRODUCT(System2!I$4:I$15,System2!L$4:L$15),SUMPRODUCT(System3!I$4:I$15,System3!L$4:L$15))*0.3,0))","v":{"$error":"#VALUE!"}},0,{"$error":"#VALUE!"},{"$error":"#VALUE!"},{"$error":"#VALUE!"},0,{"$error":"#VALUE!"},{"$error":"#VALUE!"},{"$error":"#VALUE!"},0,null,null,null,0,0,0,0,null,{"$error":"#VALUE!"},{"$error":"#VALUE!"},{"$error":"#VALUE!"},{"$error":"#VALUE!"},{"$error":"#VALUE!"},{"$error":"#VALUE!"},{"$error":"#VALUE!"},{"$error":"#VALUE!"},{"$error":"#VALUE!"},0,{"$error":"#VALUE!"},{"$error":"#VALUE!"},{"$error":"#VALUE!"},{"$error":"#VALUE!"},{"$error":"#VALUE!"},{"$error":"#VALUE!"},{"$error":"#VALUE!"},{"$error":"#VALUE!"},{"$error":"#VALUE!"},{"$error":"#VALUE!"},{"$error":"#VALUE!"},{"$error":"#VALUE!"},{"$error":"#VALUE!"},{"$error":"#VALUE!"},{"$error":"#VALUE!"},{"$error":"#VALUE!"},{"$error":"#VALUE!"},{"$error":"#VALUE!"},{"$error":"#VALUE!"},{"$error":"#VALUE!"},{"$error":"#VALUE!"},{"$error":"#VALUE!"},{"$error":"#VALUE!"},{"$error":"#VALUE!"},{"$error":"#VALUE!"},{"$error":"#VALUE!"},{"$error":"#VALUE!"},{"$error":"#VALUE!"},{"$error":"#VALUE!"},{"$error":"#VALUE!"},{"$error":"#VALUE!"},{"$f":"SUM(CQ330,System2!CQ330,System3!CQ330)","v":{"$error":"#VALUE!"}},{"$error":"#VALUE!"},{"$error":"#VALUE!"},{"$error":"#VALUE!"},{"$error":"#VALUE!"},{"$error":"#VALUE!"},{"$error":"#VALUE!"},{"$error":"#VALUE!"},{"$error":"#VALUE!"},{"$error":"#VALUE!"},{"$error":"#VALUE!"},{"$error":"#VALUE!"},{"$error":"#VALUE!"},{"$error":"#VALUE!"},{"$error":"#VALUE!"},{"$error":"#VALUE!"},{"$error":"#VALUE!"},{"$error":"#VALUE!"},{"$error":"#VALUE!"},{"$error":"#VALUE!"},{"$error":"#VALUE!"},{"$error":"#VALUE!"},{"$error":"#VALUE!"},{"$error":"#VALUE!"},{"$error":"#VALUE!"},{"$error":"#VALUE!"},{"$error":"#VALUE!"},{"$f":"SUM(DR330,System2!DR330,System3!DR330)","v":{"$error":"#VALUE!"}},{"$f":"DT$50","v":{"$error":"#VALUE!"}},{"$f":"DU$50","v":{"$error":"#VALUE!"}},{"$f":"DV$50","v":0},{"$f":"DW$50","v":{"$error":"#VALUE!"}},{"$error":"#VALUE!"},{"$error":"#VALUE!"},{"$error":"#VALUE!"},0,0,0,0,0,{"$error":"#VALUE!"},{"$f":"SUM(EF330,System2!EF330,System3!EF330)","v":{"$error":"#VALUE!"}},{"$error":"#VALUE!"},{"$error":"#VALUE!"},{"$error":"#VALUE!"},{"$error":"#VALUE!"},{"$error":"#VALUE!"},{"$error":"#VALUE!"},{"$error":"#VALUE!"},{"$error":"#VALUE!"},{"$error":"#VALUE!"},{"$error":"#VALUE!"},{"$error":"#VALUE!"},{"$error":"#VALUE!"},{"$error":"#VALUE!"},{"$error":"#VALUE!"},{"$error":"#VALUE!"},{"$error":"#VALUE!"},{"$error":"#VALUE!"},{"$error":"#VALUE!"},{"$error":"#VALUE!"},{"$error":"#VALUE!"},{"$error":"#VALUE!"},{"$error":"#VALUE!"},{"$error":"#VALUE!"},{"$error":"#VALUE!"},{"$error":"#VALUE!"},{"$error":"#VALUE!"},{"$f":"SUM(FG330,System2!FG330,System3!FG330)","v":{"$error":"#VALUE!"}},0,0,0,0,{"$error":"#VALUE!"},{"$error":"#VALUE!"},{"$error":"#VALUE!"},{"$error":"#VALUE!"},{"$error":"#VALUE!"},{"$error":"#VALUE!"},{"$error":"#VALUE!"},{"$error":"#VALUE!"},{"$error":"#VALUE!"},{"$error":"#VALUE!"},{"$error":"#VALUE!"},{"$error":"#VALUE!"},{"$error":"#VALUE!"},{"$error":"#VALUE!"},{"$error":"#VALUE!"},{"$error":"#VALUE!"},{"$error":"#VALUE!"},{"$error":"#VALUE!"},{"$error":"#VALUE!"},{"$error":"#VALUE!"},{"$f":"$GG$31*WaterFittings!BO305","v":{"$error":"#VALUE!"}},{"$f":"$GH$31*WaterFittings!BP305","v":{"$error":"#VALUE!"}},{"$f":"$GI$31*WaterFittings!BQ305","v":0},{"$f":"GJ$31*AirCond!BD304","v":{"$error":"#VALUE!"}},{"$f":"GK$31*AirCond!BE304","v":{"$error":"#VALUE!"}},{"$f":"GL$31*AirCond!BF304","v":{"$error":"#VALUE!"}},{"$f":"GM$31*AirCond!BG304","v":{"$error":"#VALUE!"}},{"$f":"GN$31*WaterFittings!BS305","v":0},{"$f":"GO$31*WaterFittings!BT305","v":0},{"$f":"GP$31*WaterFittings!BU305","v":0}]
[null,null,300,16,0,{"$error":"#VALUE!"},{"$error":"#VALUE!"},{"$error":"#VALUE!"},{"$error":"#VALUE!"},{"$error":"#VALUE!"},{"$error":"#VALUE!"},{"$error":"#VALUE!"},{"$error":"#VALUE!"},{"$error":"#VALUE!"},{"$error":"#VALUE!"},null,{"$error":"#VALUE!"},{"$error":"#VALUE!"},{"$error":"#VALUE!"},{"$error":"#VALUE!"},{"$error":"#VALUE!"},null,{"$error":"#VALUE!"},{"$error":"#VALUE!"},{"$error":"#VALUE!"},{"$error":"#VALUE!"},{"$error":"#VALUE!"},null,20,{"$f":"SUM(SUMPRODUCT(AF$20:AJ$20,Q331:U331),SUMPRODUCT(AF$20:AJ$20,System2!Q331:U331),SUMPRODUCT(AF$20:AJ$20,System3!Q331:U331))","v":{"$error":"#VALUE!"}},{"$f":"SUM(SUMPRODUCT(AF$21:AJ$21,W331:AA331),SUMPRODUCT(AF$21:AJ$21,System2!W331:AA331),SUMPRODUCT(AF$21:AJ$21,System3!W331:AA331))","v":{"$error":"#VALUE!"}},{"$f":"WaterFittings!BN306","v":{"$error":"#VALUE!"}},{"$error":"#VALUE!"},{"$error":"#VALUE!"},{"$f":"MIN(AirCond!BL305,P$21)","v":0},{"$error":"#VALUE!"},{"$f":"MIN(ROUNDDOWN(AJ331-FH331,0),ROUNDDOWN(P$21*0.3,0),ROUNDDOWN(SUM(SUMPRODUCT(I$4:I$15,L$4:L$15),SUMPRODUCT(System2!I$4:I$15,System2!L$4:L$15),SUMPRODUCT(System3!I$4:I$15,System3!L$4:L$15))*0.3,0))","v":{"$error":"#VALUE!"}},0,{"$error":"#VALUE!"},{"$error":"#VALUE!"},{"$error":"#VALUE!"},0,{"$error":"#VALUE!"},{"$error":"#VALUE!"},{"$error":"#VALUE!"},0,null,null,null,0,0,0,0,null,{"$error":"#VALUE!"},{"$error":"#VALUE!"},{"$error":"#VALUE!"},{"$error":"#VALUE!"},{"$error":"#VALUE!"},{"$error":"#VALUE!"},{"$error":"#VALUE!"},{"$error":"#VALUE!"},{"$error":"#VALUE!"},0,{"$error":"#VALUE!"},{"$error":"#VALUE!"},{"$error":"#VALUE!"},{"$error":"#VALUE!"},{"$error":"#VALUE!"},{"$error":"#VALUE!"},{"$error":"#VALUE!"},{"$error":"#VALUE!"},{"$error":"#VALUE!"},{"$error":"#VALUE!"},{"$error":"#VALUE!"},{"$error":"#VALUE!"},{"$error":"#VALUE!"},{"$error":"#VALUE!"},{"$error":"#VALUE!"},{"$error":"#VALUE!"},{"$error":"#VALUE!"},{"$error":"#VALUE!"},{"$error":"#VALUE!"},{"$error":"#VALUE!"},{"$error":"#VALUE!"},{"$error":"#VALUE!"},{"$error":"#VALUE!"},{"$error":"#VALUE!"},{"$error":"#VALUE!"},{"$error":"#VALUE!"},{"$error":"#VALUE!"},{"$error":"#VALUE!"},{"$error":"#VALUE!"},{"$error":"#VALUE!"},{"$error":"#VALUE!"},{"$f":"SUM(CQ331,System2!CQ331,System3!CQ331)","v":{"$error":"#VALUE!"}},{"$error":"#VALUE!"},{"$error":"#VALUE!"},{"$error":"#VALUE!"},{"$error":"#VALUE!"},{"$error":"#VALUE!"},{"$error":"#VALUE!"},{"$error":"#VALUE!"},{"$error":"#VALUE!"},{"$error":"#VALUE!"},{"$error":"#VALUE!"},{"$error":"#VALUE!"},{"$error":"#VALUE!"},{"$error":"#VALUE!"},{"$error":"#VALUE!"},{"$error":"#VALUE!"},{"$error":"#VALUE!"},{"$error":"#VALUE!"},{"$error":"#VALUE!"},{"$error":"#VALUE!"},{"$error":"#VALUE!"},{"$error":"#VALUE!"},{"$error":"#VALUE!"},{"$error":"#VALUE!"},{"$error":"#VALUE!"},{"$error":"#VALUE!"},{"$error":"#VALUE!"},{"$f":"SUM(DR331,System2!DR331,System3!DR331)","v":{"$error":"#VALUE!"}},{"$f":"DT$51","v":{"$error":"#VALUE!"}},{"$f":"DU$51","v":{"$error":"#VALUE!"}},{"$f":"DV$51","v":0},{"$f":"DW$51","v":{"$error":"#VALUE!"}},{"$error":"#VALUE!"},{"$error":"#VALUE!"},{"$error":"#VALUE!"},0,0,0,0,0,{"$error":"#VALUE!"},{"$f":"SUM(EF331,System2!EF331,System3!EF331)","v":{"$error":"#VALUE!"}},{"$error":"#VALUE!"},{"$error":"#VALUE!"},{"$error":"#VALUE!"},{"$error":"#VALUE!"},{"$error":"#VALUE!"},{"$error":"#VALUE!"},{"$error":"#VALUE!"},{"$error":"#VALUE!"},{"$error":"#VALUE!"},{"$error":"#VALUE!"},{"$error":"#VALUE!"},{"$error":"#VALUE!"},{"$error":"#VALUE!"},{"$error":"#VALUE!"},{"$error":"#VALUE!"},{"$error":"#VALUE!"},{"$error":"#VALUE!"},{"$error":"#VALUE!"},{"$error":"#VALUE!"},{"$error":"#VALUE!"},{"$error":"#VALUE!"},{"$error":"#VALUE!"},{"$error":"#VALUE!"},{"$error":"#VALUE!"},{"$error":"#VALUE!"},{"$error":"#VALUE!"},{"$f":"SUM(FG331,System2!FG331,System3!FG331)","v":{"$error":"#VALUE!"}},0,0,0,0,{"$error":"#VALUE!"},{"$error":"#VALUE!"},{"$error":"#VALUE!"},{"$error":"#VALUE!"},{"$error":"#VALUE!"},{"$error":"#VALUE!"},{"$error":"#VALUE!"},{"$error":"#VALUE!"},{"$error":"#VALUE!"},{"$error":"#VALUE!"},{"$error":"#VALUE!"},{"$error":"#VALUE!"},{"$error":"#VALUE!"},{"$error":"#VALUE!"},{"$error":"#VALUE!"},{"$error":"#VALUE!"},{"$error":"#VALUE!"},{"$error":"#VALUE!"},{"$error":"#VALUE!"},{"$error":"#VALUE!"},{"$f":"$GG$31*WaterFittings!BO306","v":{"$error":"#VALUE!"}},{"$f":"$GH$31*WaterFittings!BP306","v":{"$error":"#VALUE!"}},{"$f":"$GI$31*WaterFittings!BQ306","v":0},{"$f":"GJ$31*AirCond!BD305","v":{"$error":"#VALUE!"}},{"$f":"GK$31*AirCond!BE305","v":{"$error":"#VALUE!"}},{"$f":"GL$31*AirCond!BF305","v":{"$error":"#VALUE!"}},{"$f":"GM$31*AirCond!BG305","v":{"$error":"#VALUE!"}},{"$f":"GN$31*WaterFittings!BS306","v":0},{"$f":"GO$31*WaterFittings!BT306","v":0},{"$f":"GP$31*WaterFittings!BU306","v":0}]
[null,null,301,0,0,{"$error":"#VALUE!"},{"$error":"#VALUE!"},{"$error":"#VALUE!"},{"$error":"#VALUE!"},{"$error":"#VALUE!"},{"$error":"#VALUE!"},{"$error":"#VALUE!"},{"$error":"#VALUE!"},{"$error":"#VALUE!"},{"$error":"#VALUE!"},null,{"$error":"#VALUE!"},{"$error":"#VALUE!"},{"$error":"#VALUE!"},{"$error":"#VALUE!"},{"$error":"#VALUE!"},null,{"$error":"#VALUE!"},{"$error":"#VALUE!"},{"$error":"#VALUE!"},{"$error":"#VALUE!"},{"$error":"#VALUE!"},null,21,{"$f":"SUM(SUMPRODUCT(AF$20:AJ$20,Q332:U332),SUMPRODUCT(AF$20:AJ$20,System2!Q332:U332),SUMPRODUCT(AF$20:AJ$20,System3!Q332:U332))","v":{"$error":"#VALUE!"}},{"$f":"SUM(SUMPRODUCT(AF$21:AJ$21,W332:AA332),SUMPRODUCT(AF$21:AJ$21,System2!W332:AA332),SUMPRODUCT(AF$21:AJ$21,System3!W332:AA332))","v":{"$error":"#VALUE!"}},{"$f":"WaterFittings!BN307","v":{"$error":"#VALUE!"}},{"$error":"#VALUE!"},{"$error":"#VALUE!"},{"$f":"MIN(AirCond!BL306,P$21)","v":0},{"$error":"#VALUE!"},{"$f":"MIN(ROUNDDOWN(AJ332-FH332,0),ROUNDDOWN(P$21*0.3,0),ROUNDDOWN(SUM(SUMPRODUCT(I$4:I$15,L$4:L$15),SUMPRODUCT(System2!I$4:I$15,System2!L$4:L$15),SUMPRODUCT(System3!I$4:I$15,System3!L$4:L$15))*0.3,0))","v":{"$error":"#VALUE!"}},0,{"$error":"#VALUE!"},{"$error":"#VALUE!"},{"$error":"#VALUE!"},0,{"$error":"#VALUE!"},{"$error":"#VALUE!"},{"$error":"#VALUE!"},0,null,null,null,0,0,0,0,null,{"$error":"#VALUE!"},{"$error":"#VALUE!"},{"$error":"#VALUE!"},{"$error":"#VALUE!"},{"$error":"#VALUE!"},{"$error":"#VALUE!"},{"$error":"#VALUE!"},{"$error":"#VALUE!"},{"$error":"#VALUE!"},0,{"$error":"#VALUE!"},{"$error":"#VALUE!"},{"$error":"#VALUE!"},{"$error":"#VALUE!"},{"$error":"#VALUE!"},{"$error":"#VALUE!"},{"$error":"#VALUE!"},{"$error":"#VALUE!"},{"$error":"#VALUE!"},{"$error":"#VALUE!"},{"$error":"#VALUE!"},{"$error":"#VALUE!"},{"$error":"#VALUE!"},{"$error":"#VALUE!"},{"$error":"#VALUE!"},{"$error":"#VALUE!"},{"$error":"#VALUE!"},{"$error":"#VALUE!"},{"$error":"#VALUE!"},{"$error":"#VALUE!"},{"$error":"#VALUE!"},{"$error":"#VALUE!"},{"$error":"#VALUE!"},{"$error":"#VALUE!"},{"$error":"#VALUE!"},{"$error":"#VALUE!"},{"$error":"#VALUE!"},{"$error":"#VALUE!"},{"$error":"#VALUE!"},{"$error":"#VALUE!"},{"$error":"#VALUE!"},{"$f":"SUM(CQ332,System2!CQ332,System3!CQ332)","v":{"$error":"#VALUE!"}},{"$error":"#VALUE!"},{"$error":"#VALUE!"},{"$error":"#VALUE!"},{"$error":"#VALUE!"},{"$error":"#VALUE!"},{"$error":"#VALUE!"},{"$error":"#VALUE!"},{"$error":"#VALUE!"},{"$error":"#VALUE!"},{"$error":"#VALUE!"},{"$error":"#VALUE!"},{"$error":"#VALUE!"},{"$error":"#VALUE!"},{"$error":"#VALUE!"},{"$error":"#VALUE!"},{"$error":"#VALUE!"},{"$error":"#VALUE!"},{"$error":"#VALUE!"},{"$error":"#VALUE!"},{"$error":"#VALUE!"},{"$error":"#VALUE!"},{"$error":"#VALUE!"},{"$error":"#VALUE!"},{"$error":"#VALUE!"},{"$error":"#VALUE!"},{"$error":"#VALUE!"},{"$f":"SUM(DR332,System2!DR332,System3!DR332)","v":{"$error":"#VALUE!"}},{"$f":"DT$52","v":{"$error":"#VALUE!"}},{"$f":"DU$52","v":{"$error":"#VALUE!"}},{"$f":"DV$52","v":0},{"$f":"DW$52","v":{"$error":"#VALUE!"}},{"$error":"#VALUE!"},{"$error":"#VALUE!"},{"$error":"#VALUE!"},0,0,0,0,0,{"$error":"#VALUE!"},{"$f":"SUM(EF332,System2!EF332,System3!EF332)","v":{"$error":"#VALUE!"}},{"$error":"#VALUE!"},{"$error":"#VALUE!"},{"$error":"#VALUE!"},{"$error":"#VALUE!"},{"$error":"#VALUE!"},{"$error":"#VALUE!"},{"$error":"#VALUE!"},{"$error":"#VALUE!"},{"$error":"#VALUE!"},{"$error":"#VALUE!"},{"$error":"#VALUE!"},{"$error":"#VALUE!"},{"$error":"#VALUE!"},{"$error":"#VALUE!"},{"$error":"#VALUE!"},{"$error":"#VALUE!"},{"$error":"#VALUE!"},{"$error":"#VALUE!"},{"$error":"#VALUE!"},{"$error":"#VALUE!"},{"$error":"#VALUE!"},{"$error":"#VALUE!"},{"$error":"#VALUE!"},{"$error":"#VALUE!"},{"$error":"#VALUE!"},{"$error":"#VALUE!"},{"$f":"SUM(FG332,System2!FG332,System3!FG332)","v":{"$error":"#VALUE!"}},0,0,0,0,{"$error":"#VALUE!"},{"$error":"#VALUE!"},{"$error":"#VALUE!"},{"$error":"#VALUE!"},{"$error":"#VALUE!"},{"$error":"#VALUE!"},{"$error":"#VALUE!"},{"$error":"#VALUE!"},{"$error":"#VALUE!"},{"$error":"#VALUE!"},{"$error":"#VALUE!"},{"$error":"#VALUE!"},{"$error":"#VALUE!"},{"$error":"#VALUE!"},{"$error":"#VALUE!"},{"$error":"#VALUE!"},{"$error":"#VALUE!"},{"$error":"#VALUE!"},{"$error":"#VALUE!"},{"$error":"#VALUE!"},{"$f":"$GG$31*WaterFittings!BO307","v":{"$error":"#VALUE!"}},{"$f":"$GH$31*WaterFittings!BP307","v":{"$error":"#VALUE!"}},{"$f":"$GI$31*WaterFittings!BQ307","v":0},{"$f":"GJ$31*AirCond!BD306","v":{"$error":"#VALUE!"}},{"$f":"GK$31*AirCond!BE306","v":{"$error":"#VALUE!"}},{"$f":"GL$31*AirCond!BF306","v":{"$error":"#VALUE!"}},{"$f":"GM$31*AirCond!BG306","v":{"$error":"#VALUE!"}},{"$f":"GN$31*WaterFittings!BS307","v":0},{"$f":"GO$31*WaterFittings!BT307","v":0},{"$f":"GP$31*WaterFittings!BU307","v":0}]
[null,null,302,0,0,{"$error":"#VALUE!"},{"$error":"#VALUE!"},{"$error":"#VALUE!"},{"$error":"#VALUE!"},{"$error":"#VALUE!"},{"$error":"#VALUE!"},{"$error":"#VALUE!"},{"$error":"#VALUE!"},{"$error":"#VALUE!"},{"$error":"#VALUE!"},null,{"$error":"#VALUE!"},{"$error":"#VALUE!"},{"$error":"#VALUE!"},{"$error":"#VALUE!"},{"$error":"#VALUE!"},null,{"$error":"#VALUE!"},{"$error":"#VALUE!"},{"$error":"#VALUE!"},{"$error":"#VALUE!"},{"$f":"ROUNDDOWN(FF333,0)","v":{"$error":"#VALUE!"}},null,22,{"$f":"SUM(SUMPRODUCT(AF$20:AJ$20,Q333:U333),SUMPRODUCT(AF$20:AJ$20,System2!Q333:U333),SUMPRODUCT(AF$20:AJ$20,System3!Q333:U333))","v":{"$error":"#VALUE!"}},{"$f":"SUM(SUMPRODUCT(AF$21:AJ$21,W333:AA333),SUMPRODUCT(AF$21:AJ$21,System2!W333:AA333),SUMPRODUCT(AF$21:AJ$21,System3!W333:AA333))","v":{"$error":"#VALUE!"}},{"$f":"WaterFittings!BN308","v":{"$error":"#VALUE!"}},{"$error":"#VALUE!"},{"$error":"#VALUE!"},{"$f":"MIN(AirCond!BL307,P$21)","v":0},{"$error":"#VALUE!"},{"$f":"MIN(ROUNDDOWN(AJ333-FH333,0),ROUNDDOWN(P$21*0.3,0),ROUNDDOWN(SUM(SUMPRODUCT(I$4:I$15,L$4:L$15),SUMPRODUCT(System2!I$4:I$15,System2!L$4:L$15),SUMPRODUCT(System3!I$4:I$15,System3!L$4:L$15))*0.3,0))","v":{"$error":"#VALUE!"}},0,{"$error":"#VALUE!"},{"$error":"#VALUE!"},{"$error":"#VALUE!"},0,{"$error":"#VALUE!"},{"$error":"#VALUE!"},{"$error":"#VALUE!"},0,null,null,null,0,0,0,0,null,{"$error":"#VALUE!"},{"$error":"#VALUE!"},{"$error":"#VALUE!"},{"$error":"#VALUE!"},{"$error":"#VALUE!"},{"$error":"#VALUE!"},{"$error":"#VALUE!"},{"$error":"#VALUE!"},{"$error":"#VALUE!"},0,{"$error":"#VALUE!"},{"$error":"#VALUE!"},{"$error":"#VALUE!"},{"$error":"#VALUE!"},{"$error":"#VALUE!"},{"$error":"#VALUE!"},{"$error":"#VALUE!"},{"$error":"#VALUE!"},{"$error":"#VALUE!"},{"$error":"#VALUE!"},{"$error":"#VALUE!"},{"$error":"#VALUE!"},{"$error":"#VALUE!"},{"$error":"#VALUE!"},{"$error":"#VALUE!"},{"$error":"#VALUE!"},{"$error":"#VALUE!"},{"$error":"#VALUE!"},{"$error":"#VALUE!"},{"$error":"#VALUE!"},{"$error":"#VALUE!"},{"$error":"#VALUE!"},{"$error":"#VALUE!"},{"$error":"#VALUE!"},{"$error":"#VALUE!"},{"$error":"#VALUE!"},{"$error":"#VALUE!"},{"$error":"#VALUE!"},{"$error":"#VALUE!"},{"$error":"#VALUE!"},{"$error":"#VALUE!"},{"$f":"SUM(CQ333,System2!CQ333,System3!CQ333)","v":{"$error":"#VALUE!"}},{"$error":"#VALUE!"},{"$error":"#VALUE!"},{"$error":"#VALUE!"},{"$error":"#VALUE!"},{"$error":"#VALUE!"},{"$error":"#VALUE!"},{"$error":"#VALUE!"},{"$error":"#VALUE!"},{"$error":"#VALUE!"},{"$error":"#VALUE!"},{"$error":"#VALUE!"},{"$error":"#VALUE!"},{"$error":"#VALUE!"},{"$error":"#VALUE!"},{"$error":"#VALUE!"},{"$error":"#VALUE!"},{"$error":"#VALUE!"},{"$error":"#VALUE!"},{"$error":"#VALUE!"},{"$error":"#VALUE!"},{"$error":"#VALUE!"},{"$error":"#VALUE!"},{"$error":"#VALUE!"},{"$error":"#VALUE!"},{"$error":"#VALUE!"},{"$error":"#VALUE!"},{"$f":"SUM(DR333,System2!DR333,System3!DR333)","v":{"$error":"#VALUE!"}},{"$f":"DT$53","v":{"$error":"#VALUE!"}},{"$f":"DU$53","v":{"$error":"#VALUE!"}},{"$f":"DV$53","v":0},{"$f":"DW$53","v":{"$error":"#VALUE!"}},{"$error":"#VALUE!"},{"$error":"#VALUE!"},{"$error":"#VALUE!"},0,0,0,0,0,{"$error":"#VALUE!"},{"$f":"SUM(EF333,System2!EF333,System3!EF333)","v":{"$error":"#VALUE!"}},{"$error":"#VALUE!"},{"$error":"#VALUE!"},{"$error":"#VALUE!"},{"$error":"#VALUE!"},{"$error":"#VALUE!"},{"$error":"#VALUE!"},{"$error":"#VALUE!"},{"$error":"#VALUE!"},{"$error":"#VALUE!"},{"$error":"#VALUE!"},{"$error":"#VALUE!"},{"$error":"#VALUE!"},{"$error":"#VALUE!"},{"$error":"#VALUE!"},{"$error":"#VALUE!"},{"$error":"#VALUE!"},{"$error":"#VALUE!"},{"$error":"#VALUE!"},{"$error":"#VALUE!"},{"$error":"#VALUE!"},{"$error":"#VALUE!"},{"$error":"#VALUE!"},{"$error":"#VALUE!"},{"$error":"#VALUE!"},{"$error":"#VALUE!"},{"$error":"#VALUE!"},{"$f":"SUM(FG333,System2!FG333,System3!FG333)","v":{"$error":"#VALUE!"}},0,0,0,0,{"$error":"#VALUE!"},{"$error":"#VALUE!"},{"$error":"#VALUE!"},{"$error":"#VALUE!"},{"$error":"#VALUE!"},{"$error":"#VALUE!"},{"$error":"#VALUE!"},{"$error":"#VALUE!"},{"$error":"#VALUE!"},{"$error":"#VALUE!"},{"$error":"#VALUE!"},{"$error":"#VALUE!"},{"$error":"#VALUE!"},{"$error":"#VALUE!"},{"$error":"#VALUE!"},{"$error":"#VALUE!"},{"$error":"#VALUE!"},{"$error":"#VALUE!"},{"$error":"#VALUE!"},{"$error":"#VALUE!"},{"$f":"$GG$31*WaterFittings!BO308","v":{"$error":"#VALUE!"}},{"$f":"$GH$31*WaterFittings!BP308","v":{"$error":"#VALUE!"}},{"$f":"$GI$31*WaterFittings!BQ308","v":0},{"$f":"GJ$31*AirCond!BD307","v":{"$error":"#VALUE!"}},{"$f":"GK$31*AirCond!BE307","v":{"$error":"#VALUE!"}},{"$f":"GL$31*AirCond!BF307","v":{"$error":"#VALUE!"}},{"$f":"GM$31*AirCond!BG307","v":{"$error":"#VALUE!"}},{"$f":"GN$31*WaterFittings!BS308","v":0},{"$f":"GO$31*WaterFittings!BT308","v":0},{"$f":"GP$31*WaterFittings!BU308","v":0}]
[null,null,{"$f":"C333+1","v":303},0,0,{"$error":"#VALUE!"},{"$error":"#VALUE!"},{"$error":"#VALUE!"},{"$error":"#VALUE!"},{"$error":"#VALUE!"},{"$error":"#VALUE!"},{"$error":"#VALUE!"},{"$error":"#VALUE!"},{"$error":"#VALUE!"},{"$error":"#VALUE!"},null,{"$error":"#VALUE!"},{"$error":"#VALUE!"},{"$error":"#VALUE!"},{"$error":"#VALUE!"},{"$error":"#VALUE!"},null,{"$error":"#VALUE!"},{"$error":"#VALUE!"},{"$error":"#VALUE!"},{"$error":"#VALUE!"},{"$error":"#VALUE!"},null,23,{"$f":"SUM(SUMPRODUCT(AF$20:AJ$20,Q334:U334),SUMPRODUCT(AF$20:AJ$20,System2!Q334:U334),SUMPRODUCT(AF$20:AJ$20,System3!Q334:U334))","v":{"$error":"#VALUE!"}},{"$f":"SUM(SUMPRODUCT(AF$21:AJ$21,W334:AA334),SUMPRODUCT(AF$21:AJ$21,System2!W334:AA334),SUMPRODUCT(AF$21:AJ$21,System3!W334:AA334))","v":{"$error":"#VALUE!"}},{"$f":"WaterFittings!BN309","v":{"$error":"#VALUE!"}},{"$error":"#VALUE!"},{"$error":"#VALUE!"},{"$f":"MIN(AirCond!BL308,P$21)","v":0},{"$error":"#VALUE!"},{"$f":"MIN(ROUNDDOWN(AJ334-FH334,0),ROUNDDOWN(P$21*0.3,0),ROUNDDOWN(SUM(SUMPRODUCT(I$4:I$15,L$4:L$15),SUMPRODUCT(System2!I$4:I$15,System2!L$4:L$15),SUMPRODUCT(System3!I$4:I$15,System3!L$4:L$15))*0.3,0))","v":{"$error":"#VALUE!"}},0,{"$error":"#VALUE!"},{"$error":"#VALUE!"},{"$error":"#VALUE!"},0,{"$error":"#VALUE!"},{"$error":"#VALUE!"},{"$error":"#VALUE!"},0,null,null,null,0,0,0,0,null,{"$error":"#VALUE!"},{"$error":"#VALUE!"},{"$error":"#VALUE!"},{"$error":"#VALUE!"},{"$error":"#VALUE!"},{"$error":"#VALUE!"},{"$error":"#VALUE!"},{"$error":"#VALUE!"},{"$error":"#VALUE!"},0,{"$error":"#VALUE!"},{"$error":"#VALUE!"},{"$error":"#VALUE!"},{"$error":"#VALUE!"},{"$error":"#VALUE!"},{"$error":"#VALUE!"},{"$error":"#VALUE!"},{"$error":"#VALUE!"},{"$error":"#VALUE!"},{"$error":"#VALUE!"},{"$error":"#VALUE!"},{"$error":"#VALUE!"},{"$error":"#VALUE!"},{"$error":"#VALUE!"},{"$error":"#VALUE!"},{"$error":"#VALUE!"},{"$error":"#VALUE!"},{"$error":"#VALUE!"},{"$error":"#VALUE!"},{"$error":"#VALUE!"},{"$error":"#VALUE!"},{"$error":"#VALUE!"},{"$error":"#VALUE!"},{"$error":"#VALUE!"},{"$error":"#VALUE!"},{"$error":"#VALUE!"},{"$error":"#VALUE!"},{"$error":"#VALUE!"},{"$error":"#VALUE!"},{"$error":"#VALUE!"},{"$error":"#VALUE!"},{"$f":"SUM(CQ334,System2!CQ334,System3!CQ334)","v":{"$error":"#VALUE!"}},{"$error":"#VALUE!"},{"$error":"#VALUE!"},{"$error":"#VALUE!"},{"$error":"#VALUE!"},{"$error":"#VALUE!"},{"$error":"#VALUE!"},{"$error":"#VALUE!"},{"$error":"#VALUE!"},{"$error":"#VALUE!"},{"$error":"#VALUE!"},{"$error":"#VALUE!"},{"$error":"#VALUE!"},{"$error":"#VALUE!"},{"$error":"#VALUE!"},{"$error":"#VALUE!"},{"$error":"#VALUE!"},{"$error":"#VALUE!"},{"$error":"#VALUE!"},{"$error":"#VALUE!"},{"$error":"#VALUE!"},{"$error":"#VALUE!"},{"$error":"#VALUE!"},{"$error":"#VALUE!"},{"$error":"#VALUE!"},{"$error":"#VALUE!"},{"$error":"#VALUE!"},{"$f":"SUM(DR334,System2!DR334,System3!DR334)","v":{"$error":"#VALUE!"}},{"$f":"DT$54","v":{"$error":"#VALUE!"}},{"$f":"DU$54","v":{"$error":"#VALUE!"}},{"$f":"DV$54","v":0},{"$f":"DW$54","v":{"$error":"#VALUE!"}},{"$error":"#VALUE!"},{"$error":"#VALUE!"},{"$error":"#VALUE!"},0,0,0,0,0,{"$error":"#VALUE!"},{"$f":"SUM(EF334,System2!EF334,System3!EF334)","v":{"$error":"#VALUE!"}},{"$error":"#VALUE!"},{"$error":"#VALUE!"},{"$error":"#VALUE!"},{"$error":"#VALUE!"},{"$error":"#VALUE!"},{"$error":"#VALUE!"},{"$error":"#VALUE!"},{"$error":"#VALUE!"},{"$error":"#VALUE!"},{"$error":"#VALUE!"},{"$error":"#VALUE!"},{"$error":"#VALUE!"},{"$error":"#VALUE!"},{"$error":"#VALUE!"},{"$error":"#VALUE!"},{"$error":"#VALUE!"},{"$error":"#VALUE!"},{"$error":"#VALUE!"},{"$error":"#VALUE!"},{"$error":"#VALUE!"},{"$error":"#VALUE!"},{"$error":"#VALUE!"},{"$error":"#VALUE!"},{"$error":"#VALUE!"},{"$error":"#VALUE!"},{"$error":"#VALUE!"},{"$f":"SUM(FG334,System2!FG334,System3!FG334)","v":{"$error":"#VALUE!"}},0,0,0,0,{"$error":"#VALUE!"},{"$error":"#VALUE!"},{"$error":"#VALUE!"},{"$error":"#VALUE!"},{"$error":"#VALUE!"},{"$error":"#VALUE!"},{"$error":"#VALUE!"},{"$error":"#VALUE!"},{"$error":"#VALUE!"},{"$error":"#VALUE!"},{"$error":"#VALUE!"},{"$error":"#VALUE!"},{"$error":"#VALUE!"},{"$error":"#VALUE!"},{"$error":"#VALUE!"},{"$error":"#VALUE!"},{"$error":"#VALUE!"},{"$error":"#VALUE!"},{"$error":"#VALUE!"},{"$error":"#VALUE!"},{"$f":"$GG$31*WaterFittings!BO309","v":{"$error":"#VALUE!"}},{"$f":"$GH$31*WaterFittings!BP309","v":{"$error":"#VALUE!"}},{"$f":"$GI$31*WaterFittings!BQ309","v":0},{"$f":"GJ$31*AirCond!BD308","v":{"$error":"#VALUE!"}},{"$f":"GK$31*AirCond!BE308","v":{"$error":"#VALUE!"}},{"$f":"GL$31*AirCond!BF308","v":{"$error":"#VALUE!"}},{"$f":"GM$31*AirCond!BG308","v":{"$error":"#VALUE!"}},{"$f":"GN$31*WaterFittings!BS309","v":0},{"$f":"GO$31*WaterFittings!BT309","v":0},{"$f":"GP$31*WaterFittings!BU309","v":0}]
[null,null,304,0,0,{"$error":"#VALUE!"},{"$error":"#VALUE!"},{"$error":"#VALUE!"},{"$error":"#VALUE!"},{"$error":"#VALUE!"},{"$error":"#VALUE!"},{"$error":"#VALUE!"},{"$error":"#VALUE!"},{"$error":"#VALUE!"},{"$error":"#VALUE!"},null,{"$error":"#VALUE!"},{"$error":"#VALUE!"},{"$error":"#VALUE!"},{"$error":"#VALUE!"},{"$error":"#VALUE!"},null,{"$error":"#VALUE!"},{"$error":"#VALUE!"},{"$error":"#VALUE!"},{"$error":"#VALUE!"},{"$error":"#VALUE!"},null,24,{"$f":"SUM(SUMPRODUCT(AF$20:AJ$20,Q335:U335),SUMPRODUCT(AF$20:AJ$20,System2!Q335:U335),SUMPRODUCT(AF$20:AJ$20,System3!Q335:U335))","v":{"$error":"#VALUE!"}},{"$f":"SUM(SUMPRODUCT(AF$21:AJ$21,W335:AA335),SUMPRODUCT(AF$21:AJ$21,System2!W335:AA335),SUMPRODUCT(AF$21:AJ$21,System3!W335:AA335))","v":{"$error":"#VALUE!"}},{"$f":"WaterFittings!BN310","v":{"$error":"#VALUE!"}},{"$error":"#VALUE!"},{"$error":"#VALUE!"},{"$f":"MIN(AirCond!BL309,P$21)","v":0},{"$error":"#VALUE!"},{"$f":"MIN(ROUNDDOWN(AJ335-FH335,0),ROUNDDOWN(P$21*0.3,0),ROUNDDOWN(SUM(SUMPRODUCT(I$4:I$15,L$4:L$15),SUMPRODUCT(System2!I$4:I$15,System2!L$4:L$15),SUMPRODUCT(System3!I$4:I$15,System3!L$4:L$15))*0.3,0))","v":{"$error":"#VALUE!"}},{"$f":"ROUND(SUM(AX335,AY335),0)","v":0},{"$error":"#VALUE!"},{"$error":"#VALUE!"},{"$error":"#VALUE!"},0,{"$error":"#VALUE!"},{"$error":"#VALUE!"},{"$error":"#VALUE!"},0,null,null,null,0,0,0,0,null,{"$error":"#VALUE!"},{"$error":"#VALUE!"},{"$error":"#VALUE!"},{"$error":"#VALUE!"},{"$error":"#VALUE!"},{"$error":"#VALUE!"},{"$error":"#VALUE!"},{"$error":"#VALUE!"},{"$error":"#VALUE!"},0,{"$error":"#VALUE!"},{"$error":"#VALUE!"},{"$error":"#VALUE!"},{"$error":"#VALUE!"},{"$error":"#VALUE!"},{"$error":"#VALUE!"},{"$error":"#VALUE!"},{"$error":"#VALUE!"},{"$error":"#VALUE!"},{"$error":"#VALUE!"},{"$error":"#VALUE!"},{"$error":"#VALUE!"},{"$error":"#VALUE!"},{"$error":"#VALUE!"},{"$error":"#VALUE!"},{"$error":"#VALUE!"},{"$error":"#VALUE!"},{"$error":"#VALUE!"},{"$error":"#VALUE!"},{"$error":"#VALUE!"},{"$error":"#VALUE!"},{"$error":"#VALUE!"},{"$error":"#VALUE!"},{"$error":"#VALUE!"},{"$error":"#VALUE!"},{"$error":"#VALUE!"},{"$error":"#VALUE!"},{"$error":"#VALUE!"},{"$error":"#VALUE!"},{"$error":"#VALUE!"},{"$error":"#VALUE!"},{"$f":"SUM(CQ335,System2!CQ335,System3!CQ335)","v":{"$error":"#VALUE!"}},{"$error":"#VALUE!"},{"$error":"#VALUE!"},{"$error":"#VALUE!"},{"$error":"#VALUE!"},{"$error":"#VALUE!"},{"$error":"#VALUE!"},{"$error":"#VALUE!"},{"$error":"#VALUE!"},{"$error":"#VALUE!"},{"$error":"#VALUE!"},{"$error":"#VALUE!"},{"$error":"#VALUE!"},{"$error":"#VALUE!"},{"$error":"#VALUE!"},{"$error":"#VALUE!"},{"$error":"#VALUE!"},{"$error":"#VALUE!"},{"$error":"#VALUE!"},{"$error":"#VALUE!"},{"$error":"#VALUE!"},{"$error":"#VALUE!"},{"$error":"#VALUE!"},{"$error":"#VALUE!"},{"$error":"#VALUE!"},{"$error":"#VALUE!"},{"$error":"#VALUE!"},{"$f":"SUM(DR335,System2!DR335,System3!DR335)","v":{"$error":"#VALUE!"}},{"$f":"DT$55","v":{"$error":"#VALUE!"}},{"$f":"DU$55","v":{"$error":"#VALUE!"}},{"$f":"DV$55","v":0},{"$f":"DW$55","v":{"$error":"#VALUE!"}},{"$error":"#VALUE!"},{"$error":"#VALUE!"},{"$error":"#VALUE!"},0,0,0,0,0,{"$error":"#VALUE!"},{"$f":"SUM(EF335,System2!EF335,System3!EF335)","v":{"$error":"#VALUE!"}},{"$error":"#VALUE!"},{"$error":"#VALUE!"},{"$error":"#VALUE!"},{"$error":"#VALUE!"},{"$error":"#VALUE!"},{"$error":"#VALUE!"},{"$error":"#VALUE!"},{"$error":"#VALUE!"},{"$error":"#VALUE!"},{"$error":"#VALUE!"},{"$error":"#VALUE!"},{"$error":"#VALUE!"},{"$error":"#VALUE!"},{"$error":"#VALUE!"},{"$error":"#VALUE!"},{"$error":"#VALUE!"},{"$error":"#VALUE!"},{"$error":"#VALUE!"},{"$error":"#VALUE!"},{"$error":"#VALUE!"},{"$error":"#VALUE!"},{"$error":"#VALUE!"},{"$error":"#VALUE!"},{"$error":"#VALUE!"},{"$error":"#VALUE!"},{"$error":"#VALUE!"},{"$f":"SUM(FG335,System2!FG335,System3!FG335)","v":{"$error":"#VALUE!"}},0,0,0,0,{"$error":"#VALUE!"},{"$error":"#VALUE!"},{"$error":"#VALUE!"},{"$error":"#VALUE!"},{"$error":"#VALUE!"},{"$error":"#VALUE!"},{"$error":"#VALUE!"},{"$error":"#VALUE!"},{"$error":"#VALUE!"},{"$error":"#VALUE!"},{"$error":"#VALUE!"},{"$error":"#VALUE!"},{"$error":"#VALUE!"},{"$error":"#VALUE!"},{"$error":"#VALUE!"},{"$error":"#VALUE!"},{"$error":"#VALUE!"},{"$error":"#VALUE!"},{"$error":"#VALUE!"},{"$error":"#VALUE!"},{"$f":"$GG$31*WaterFittings!BO310","v":{"$error":"#VALUE!"}},{"$f":"$GH$31*WaterFittings!BP310","v":{"$error":"#VALUE!"}},{"$f":"$GI$31*WaterFittings!BQ310","v":0},{"$f":"GJ$31*AirCond!BD309","v":{"$error":"#VALUE!"}},{"$f":"GK$31*AirCond!BE309","v":{"$error":"#VALUE!"}},{"$f":"GL$31*AirCond!BF309","v":{"$error":"#VALUE!"}},{"$f":"GM$31*AirCond!BG309","v":{"$error":"#VALUE!"}},{"$f":"GN$31*WaterFittings!BS310","v":0},{"$f":"GO$31*WaterFittings!BT310","v":0},{"$f":"GP$31*WaterFittings!BU310","v":0}]
[null,"November",305,0,0,{"$error":"#VALUE!"},{"$error":"#VALUE!"},{"$error":"#VALUE!"},{"$error":"#VALUE!"},{"$error":"#VALUE!"},{"$error":"#VALUE!"},{"$error":"#VALUE!"},{"$error":"#VALUE!"},{"$error":"#VALUE!"},{"$error":"#VALUE!"},null,{"$error":"#VALUE!"},{"$error":"#VALUE!"},{"$error":"#VALUE!"},{"$error":"#VALUE!"},{"$error":"#VALUE!"},null,{"$error":"#VALUE!"},{"$error":"#VALUE!"},{"$error":"#VALUE!"},{"$error":"#VALUE!"},{"$error":"#VALUE!"},null,25,{"$f":"SUM(SUMPRODUCT(AF$20:AJ$20,Q336:U336),SUMPRODUCT(AF$20:AJ$20,System2!Q336:U336),SUMPRODUCT(AF$20:AJ$20,System3!Q336:U336))","v":{"$error":"#VALUE!"}},{"$f":"SUM(SUMPRODUCT(AF$21:AJ$21,W336:AA336),SUMPRODUCT(AF$21:AJ$21,System2!W336:AA336),SUMPRODUCT(AF$21:AJ$21,System3!W336:AA336))","v":{"$error":"#VALUE!"}},{"$f":"WaterFittings!BN311","v":{"$error":"#VALUE!"}},{"$error":"#VALUE!"},{"$error":"#VALUE!"},{"$f":"MIN(AirCond!BL310,P$21)","v":0},{"$error":"#VALUE!"},{"$f":"MIN(ROUNDDOWN(AJ336-FH336,0),ROUNDDOWN(P$21*0.3,0),ROUNDDOWN(SUM(SUMPRODUCT(I$4:I$15,L$4:L$15),SUMPRODUCT(System2!I$4:I$15,System2!L$4:L$15),SUMPRODUCT(System3!I$4:I$15,System3!L$4:L$15))*0.3,0))","v":{"$error":"#VALUE!"}},0,{"$error":"#VALUE!"},{"$error":"#VALUE!"},{"$error":"#VALUE!"},0,{"$error":"#VALUE!"},{"$error":"#VALUE!"},{"$error":"#VALUE!"},0,null,null,null,0,0,0,0,null,{"$error":"#VALUE!"},{"$error":"#VALUE!"},{"$error":"#VALUE!"},{"$error":"#VALUE!"},{"$error":"#VALUE!"},{"$error":"#VALUE!"},{"$error":"#VALUE!"},{"$error":"#VALUE!"},{"$error":"#VALUE!"},0,{"$error":"#VALUE!"},{"$error":"#VALUE!"},{"$error":"#VALUE!"},{"$error":"#VALUE!"},{"$error":"#VALUE!"},{"$error":"#VALUE!"},{"$error":"#VALUE!"},{"$error":"#VALUE!"},{"$error":"#VALUE!"},{"$error":"#VALUE!"},{"$error":"#VALUE!"},{"$error":"#VALUE!"},{"$error":"#VALUE!"},{"$error":"#VALUE!"},{"$error":"#VALUE!"},{"$error":"#VALUE!"},{"$error":"#VALUE!"},{"$error":"#VALUE!"},{"$error":"#VALUE!"},{"$error":"#VALUE!"},{"$error":"#VALUE!"},{"$error":"#VALUE!"},{"$error":"#VALUE!"},{"$error":"#VALUE!"},{"$error":"#VALUE!"},{"$error":"#VALUE!"},{"$error":"#VALUE!"},{"$error":"#VALUE!"},{"$error":"#VALUE!"},{"$error":"#VALUE!"},{"$error":"#VALUE!"},{"$f":"SUM(CQ336,System2!CQ336,System3!CQ336)","v":{"$error":"#VALUE!"}},{"$error":"#VALUE!"},{"$error":"#VALUE!"},{"$error":"#VALUE!"},{"$error":"#VALUE!"},{"$error":"#VALUE!"},{"$error":"#VALUE!"},{"$error":"#VALUE!"},{"$error":"#VALUE!"},{"$error":"#VALUE!"},{"$error":"#VALUE!"},{"$error":"#VALUE!"},{"$error":"#VALUE!"},{"$error":"#VALUE!"},{"$error":"#VALUE!"},{"$error":"#VALUE!"},{"$error":"#VALUE!"},{"$error":"#VALUE!"},{"$error":"#VALUE!"},{"$error":"#VALUE!"},{"$error":"#VALUE!"},{"$error":"#VALUE!"},{"$error":"#VALUE!"},{"$error":"#VALUE!"},{"$error":"#VALUE!"},{"$error":"#VALUE!"},{"$error":"#VALUE!"},{"$f":"SUM(DR336,System2!DR336,System3!DR336)","v":{"$error":"#VALUE!"}},{"$f":"DT$56","v":{"$error":"#VALUE!"}},{"$f":"DU$56","v":{"$error":"#VALUE!"}},{"$f":"DV$56","v":0},{"$f":"DW$56","v":{"$error":"#VALUE!"}},{"$error":"#VALUE!"},{"$error":"#VALUE!"},{"$error":"#VALUE!"},0,0,0,0,0,{"$error":"#VALUE!"},{"$f":"SUM(EF336,System2!EF336,System3!EF336)","v":{"$error":"#VALUE!"}},{"$error":"#VALUE!"},{"$error":"#VALUE!"},{"$error":"#VALUE!"},{"$error":"#VALUE!"},{"$error":"#VALUE!"},{"$error":"#VALUE!"},{"$error":"#VALUE!"},{"$error":"#VALUE!"},{"$error":"#VALUE!"},{"$error":"#VALUE!"},{"$error":"#VALUE!"},{"$error":"#VALUE!"},{"$error":"#VALUE!"},{"$error":"#VALUE!"},{"$error":"#VALUE!"},{"$error":"#VALUE!"},{"$error":"#VALUE!"},{"$error":"#VALUE!"},{"$error":"#VALUE!"},{"$error":"#VALUE!"},{"$error":"#VALUE!"},{"$error":"#VALUE!"},{"$error":"#VALUE!"},{"$error":"#VALUE!"},{"$error":"#VALUE!"},{"$error":"#VALUE!"},{"$f":"SUM(FG336,System2!FG336,System3!FG336)","v":{"$error":"#VALUE!"}},0,0,0,0,{"$error":"#VALUE!"},{"$error":"#VALUE!"},{"$error":"#VALUE!"},{"$error":"#VALUE!"},{"$error":"#VALUE!"},{"$error":"#VALUE!"},{"$error":"#VALUE!"},{"$error":"#VALUE!"},{"$error":"#VALUE!"},{"$error":"#VALUE!"},{"$error":"#VALUE!"},{"$error":"#VALUE!"},{"$error":"#VALUE!"},{"$error":"#VALUE!"},{"$error":"#VALUE!"},{"$error":"#VALUE!"},{"$error":"#VALUE!"},{"$error":"#VALUE!"},{"$error":"#VALUE!"},{"$error":"#VALUE!"},{"$f":"$GG$31*WaterFittings!BO311","v":{"$error":"#VALUE!"}},{"$f":"$GH$31*WaterFittings!BP311","v":{"$error":"#VALUE!"}},{"$f":"$GI$31*WaterFittings!BQ311","v":0},{"$f":"GJ$31*AirCond!BD310","v":{"$error":"#VALUE!"}},{"$f":"GK$31*AirCond!BE310","v":{"$error":"#VALUE!"}},{"$f":"GL$31*AirCond!BF310","v":{"$error":"#VALUE!"}},{"$f":"GM$31*AirCond!BG310","v":{"$error":"#VALUE!"}},{"$f":"GN$31*WaterFittings!BS311","v":0},{"$f":"GO$31*WaterFittings!BT311","v":0},{"$f":"GP$31*WaterFittings!BU311","v":0}]
[null,null,306,0.5,0,{"$error":"#VALUE!"},{"$error":"#VALUE!"},{"$error":"#VALUE!"},{"$error":"#VALUE!"},{"$error":"#VALUE!"},{"$error":"#VALUE!"},{"$error":"#VALUE!"},{"$error":"#VALUE!"},{"$error":"#VALUE!"},{"$error":"#VALUE!"},null,{"$error":"#VALUE!"},{"$error":"#VALUE!"},{"$error":"#VALUE!"},{"$error":"#VALUE!"},{"$error":"#VALUE!"},null,{"$error":"#VALUE!"},{"$error":"#VALUE!"},{"$error":"#VALUE!"},{"$error":"#VALUE!"},{"$error":"#VALUE!"},null,26,{"$f":"SUM(SUMPRODUCT(AF$20:AJ$20,Q337:U337),SUMPRODUCT(AF$20:AJ$20,System2!Q337:U337),SUMPRODUCT(AF$20:AJ$20,System3!Q337:U337))","v":{"$error":"#VALUE!"}},{"$f":"SUM(SUMPRODUCT(AF$21:AJ$21,W337:AA337),SUMPRODUCT(AF$21:AJ$21,System2!W337:AA337),SUMPRODUCT(AF$21:AJ$21,System3!W337:AA337))","v":{"$error":"#VALUE!"}},{"$f":"WaterFittings!BN312","v":{"$error":"#VALUE!"}},{"$error":"#VALUE!"},{"$error":"#VALUE!"},{"$f":"MIN(AirCond!BL311,P$21)","v":0},{"$error":"#VALUE!"},{"$f":"MIN(ROUNDDOWN(AJ337-FH337,0),ROUNDDOWN(P$21*0.3,0),ROUNDDOWN(SUM(SUMPRODUCT(I$4:I$15,L$4:L$15),SUMPRODUCT(System2!I$4:I$15,System2!L$4:L$15),SUMPRODUCT(System3!I$4:I$15,System3!L$4:L$15))*0.3,0))","v":{"$error":"#VALUE!"}},0,{"$error":"#VALUE!"},{"$error":"#VALUE!"},{"$error":"#VALUE!"},0,{"$error":"#VALUE!"},{"$error":"#VALUE!"},{"$error":"#VALUE!"},0,null,null,null,0,0,0,0,null,{"$error":"#VALUE!"},{"$error":"#VALUE!"},{"$error":"#VALUE!"},{"$error":"#VALUE!"},{"$error":"#VALUE!"},{"$error":"#VALUE!"},{"$error":"#VALUE!"},{"$error":"#VALUE!"},{"$error":"#VALUE!"},0,{"$error":"#VALUE!"},{"$error":"#VALUE!"},{"$error":"#VALUE!"},{"$error":"#VALUE!"},{"$error":"#VALUE!"},{"$error":"#VALUE!"},{"$error":"#VALUE!"},{"$error":"#VALUE!"},{"$error":"#VALUE!"},{"$error":"#VALUE!"},{"$error":"#VALUE!"},{"$error":"#VALUE!"},{"$error":"#VALUE!"},{"$error":"#VALUE!"},{"$error":"#VALUE!"},{"$error":"#VALUE!"},{"$error":"#VALUE!"},{"$error":"#VALUE!"},{"$error":"#VALUE!"},{"$error":"#VALUE!"},{"$error":"#VALUE!"},{"$error":"#VALUE!"},{"$error":"#VALUE!"},{"$error":"#VALUE!"},{"$error":"#VALUE!"},{"$error":"#VALUE!"},{"$error":"#VALUE!"},{"$error":"#VALUE!"},{"$error":"#VALUE!"},{"$error":"#VALUE!"},{"$error":"#VALUE!"},{"$f":"SUM(CQ337,System2!CQ337,System3!CQ337)","v":{"$error":"#VALUE!"}},{"$error":"#VALUE!"},{"$error":"#VALUE!"},{"$error":"#VALUE!"},{"$error":"#VALUE!"},{"$error":"#VALUE!"},{"$error":"#VALUE!"},{"$error":"#VALUE!"},{"$error":"#VALUE!"},{"$error":"#VALUE!"},{"$error":"#VALUE!"},{"$error":"#VALUE!"},{"$error":"#VALUE!"},{"$error":"#VALUE!"},{"$error":"#VALUE!"},{"$error":"#VALUE!"},{"$error":"#VALUE!"},{"$error":"#VALUE!"},{"$error":"#VALUE!"},{"$error":"#VALUE!"},{"$error":"#VALUE!"},{"$error":"#VALUE!"},{"$error":"#VALUE!"},{"$error":"#VALUE!"},{"$error":"#VALUE!"},{"$error":"#VALUE!"},{"$error":"#VALUE!"},{"$f":"SUM(DR337,System2!DR337,System3!DR337)","v":{"$error":"#VALUE!"}},{"$f":"DT$57","v":{"$error":"#VALUE!"}},{"$f":"DU$57","v":{"$error":"#VALUE!"}},{"$f":"DV$57","v":0},{"$f":"DW$57","v":{"$error":"#VALUE!"}},{"$error":"#VALUE!"},{"$error":"#VALUE!"},{"$error":"#VALUE!"},0,0,0,0,0,{"$error":"#VALUE!"},{"$f":"SUM(EF337,System2!EF337,System3!EF337)","v":{"$error":"#VALUE!"}},{"$error":"#VALUE!"},{"$error":"#VALUE!"},{"$error":"#VALUE!"},{"$error":"#VALUE!"},{"$error":"#VALUE!"},{"$error":"#VALUE!"},{"$error":"#VALUE!"},{"$error":"#VALUE!"},{"$error":"#VALUE!"},{"$error":"#VALUE!"},{"$error":"#VALUE!"},{"$error":"#VALUE!"},{"$error":"#VALUE!"},{"$error":"#VALUE!"},{"$error":"#VALUE!"},{"$error":"#VALUE!"},{"$error":"#VALUE!"},{"$error":"#VALUE!"},{"$error":"#VALUE!"},{"$error":"#VALUE!"},{"$error":"#VALUE!"},{"$error":"#VALUE!"},{"$error":"#VALUE!"},{"$error":"#VALUE!"},{"$error":"#VALUE!"},{"$error":"#VALUE!"},{"$f":"SUM(FG337,System2!FG337,System3!FG337)","v":{"$error":"#VALUE!"}},0,0,0,0,{"$error":"#VALUE!"},{"$error":"#VALUE!"},{"$error":"#VALUE!"},{"$error":"#VALUE!"},{"$error":"#VALUE!"},{"$error":"#VALUE!"},{"$error":"#VALUE!"},{"$error":"#VALUE!"},{"$error":"#VALUE!"},{"$error":"#VALUE!"},{"$error":"#VALUE!"},{"$error":"#VALUE!"},{"$error":"#VALUE!"},{"$error":"#VALUE!"},{"$error":"#VALUE!"},{"$error":"#VALUE!"},{"$error":"#VALUE!"},{"$error":"#VALUE!"},{"$error":"#VALUE!"},{"$error":"#VALUE!"},{"$f":"$GG$31*WaterFittings!BO312","v":{"$error":"#VALUE!"}},{"$f":"$GH$31*WaterFittings!BP312","v":{"$error":"#VALUE!"}},{"$f":"$GI$31*WaterFittings!BQ312","v":0},{"$f":"GJ$31*AirCond!BD311","v":{"$error":"#VALUE!"}},{"$f":"GK$31*AirCond!BE311","v":{"$error":"#VALUE!"}},{"$f":"GL$31*AirCond!BF311","v":{"$error":"#VALUE!"}},{"$f":"GM$31*AirCond!BG311","v":{"$error":"#VALUE!"}},{"$f":"GN$31*WaterFittings!BS312","v":0},{"$f":"GO$31*WaterFittings!BT312","v":0},{"$f":"GP$31*WaterFittings!BU312","v":0}]
[null,null,307,9.5,0,{"$error":"#VALUE!"},{"$error":"#VALUE!"},{"$error":"#VALUE!"},{"$error":"#VALUE!"},{"$error":"#VALUE!"},{"$error":"#VALUE!"},{"$error":"#VALUE!"},{"$error":"#VALUE!"},{"$error":"#VALUE!"},{"$error":"#VALUE!"},null,{"$error":"#VALUE!"},{"$error":"#VALUE!"},{"$error":"#VALUE!"},{"$error":"#VALUE!"},{"$error":"#VALUE!"},null,{"$error":"#VALUE!"},{"$error":"#VALUE!"},{"$error":"#VALUE!"},{"$error":"#VALUE!"},{"$error":"#VALUE!"},null,27,{"$f":"SUM(SUMPRODUCT(AF$20:AJ$20,Q338:U338),SUMPRODUCT(AF$20:AJ$20,System2!Q338:U338),SUMPRODUCT(AF$20:AJ$20,System3!Q338:U338))","v":{"$error":"#VALUE!"}},{"$f":"SUM(SUMPRODUCT(AF$21:AJ$21,W338:AA338),SUMPRODUCT(AF$21:AJ$21,System2!W338:AA338),SUMPRODUCT(AF$21:AJ$21,System3!W338:AA338))","v":{"$error":"#VALUE!"}},{"$f":"WaterFittings!BN313","v":{"$error":"#VALUE!"}},{"$error":"#VALUE!"},{"$error":"#VALUE!"},{"$f":"MIN(AirCond!BL312,P$21)","v":0},{"$error":"#VALUE!"},{"$f":"MIN(ROUNDDOWN(AJ338-FH338,0),ROUNDDOWN(P$21*0.3,0),ROUNDDOWN(SUM(SUMPRODUCT(I$4:I$15,L$4:L$15),SUMPRODUCT(System2!I$4:I$15,System2!L$4:L$15),SUMPRODUCT(System3!I$4:I$15,System3!L$4:L$15))*0.3,0))","v":{"$error":"#VALUE!"}},0,{"$error":"#VALUE!"},{"$error":"#VALUE!"},{"$error":"#VALUE!"},0,{"$error":"#VALUE!"},{"$error":"#VALUE!"},{"$error":"#VALUE!"},0,null,null,null,0,0,0,0,null,{"$error":"#VALUE!"},{"$error":"#VALUE!"},{"$error":"#VALUE!"},{"$error":"#VALUE!"},{"$error":"#VALUE!"},{"$error":"#VALUE!"},{"$error":"#VALUE!"},{"$error":"#VALUE!"},{"$error":"#VALUE!"},0,{"$error":"#VALUE!"},{"$error":"#VALUE!"},{"$error":"#VALUE!"},{"$error":"#VALUE!"},{"$error":"#VALUE!"},{"$error":"#VALUE!"},{"$error":"#VALUE!"},{"$error":"#VALUE!"},{"$error":"#VALUE!"},{"$error":"#VALUE!"},{"$error":"#VALUE!"},{"$error":"#VALUE!"},{"$error":"#VALUE!"},{"$error":"#VALUE!"},{"$error":"#VALUE!"},{"$error":"#VALUE!"},{"$error":"#VALUE!"},{"$error":"#VALUE!"},{"$error":"#VALUE!"},{"$error":"#VALUE!"},{"$error":"#VALUE!"},{"$error":"#VALUE!"},{"$error":"#VALUE!"},{"$error":"#VALUE!"},{"$error":"#VALUE!"},{"$error":"#VALUE!"},{"$error":"#VALUE!"},{"$error":"#VALUE!"},{"$error":"#VALUE!"},{"$error":"#VALUE!"},{"$error":"#VALUE!"},{"$f":"SUM(CQ338,System2!CQ338,System3!CQ338)","v":{"$error":"#VALUE!"}},{"$error":"#VALUE!"},{"$error":"#VALUE!"},{"$error":"#VALUE!"},{"$error":"#VALUE!"},{"$error":"#VALUE!"},{"$error":"#VALUE!"},{"$error":"#VALUE!"},{"$error":"#VALUE!"},{"$error":"#VALUE!"},{"$error":"#VALUE!"},{"$error":"#VALUE!"},{"$error":"#VALUE!"},{"$error":"#VALUE!"},{"$error":"#VALUE!"},{"$error":"#VALUE!"},{"$error":"#VALUE!"},{"$error":"#VALUE!"},{"$error":"#VALUE!"},{"$error":"#VALUE!"},{"$error":"#VALUE!"},{"$error":"#VALUE!"},{"$error":"#VALUE!"},{"$error":"#VALUE!"},{"$error":"#VALUE!"},{"$error":"#VALUE!"},{"$error":"#VALUE!"},{"$f":"SUM(DR338,System2!DR338,System3!DR338)","v":{"$error":"#VALUE!"}},{"$f":"DT$58","v":{"$error":"#VALUE!"}},{"$f":"DU$58","v":{"$error":"#VALUE!"}},{"$f":"DV$58","v":0},{"$f":"DW$58","v":{"$error":"#VALUE!"}},{"$error":"#VALUE!"},{"$error":"#VALUE!"},{"$error":"#VALUE!"},0,0,0,0,0,{"$error":"#VALUE!"},{"$f":"SUM(EF338,System2!EF338,System3!EF338)","v":{"$error":"#VALUE!"}},{"$error":"#VALUE!"},{"$error":"#VALUE!"},{"$error":"#VALUE!"},{"$error":"#VALUE!"},{"$error":"#VALUE!"},{"$error":"#VALUE!"},{"$error":"#VALUE!"},{"$error":"#VALUE!"},{"$error":"#VALUE!"},{"$error":"#VALUE!"},{"$error":"#VALUE!"},{"$error":"#VALUE!"},{"$error":"#VALUE!"},{"$error":"#VALUE!"},{"$error":"#VALUE!"},{"$error":"#VALUE!"},{"$error":"#VALUE!"},{"$error":"#VALUE!"},{"$error":"#VALUE!"},{"$error":"#VALUE!"},{"$error":"#VALUE!"},{"$error":"#VALUE!"},{"$error":"#VALUE!"},{"$error":"#VALUE!"},{"$error":"#VALUE!"},{"$error":"#VALUE!"},{"$f":"SUM(FG338,System2!FG338,System3!FG338)","v":{"$error":"#VALUE!"}},0,0,0,0,{"$error":"#VALUE!"},{"$error":"#VALUE!"},{"$error":"#VALUE!"},{"$error":"#VALUE!"},{"$error":"#VALUE!"},{"$error":"#VALUE!"},{"$error":"#VALUE!"},{"$error":"#VALUE!"},{"$error":"#VALUE!"},{"$error":"#VALUE!"},{"$error":"#VALUE!"},{"$error":"#VALUE!"},{"$error":"#VALUE!"},{"$error":"#VALUE!"},{"$error":"#VALUE!"},{"$error":"#VALUE!"},{"$error":"#VALUE!"},{"$error":"#VALUE!"},{"$error":"#VALUE!"},{"$error":"#VALUE!"},{"$f":"$GG$31*WaterFittings!BO313","v":{"$error":"#VALUE!"}},{"$f":"$GH$31*WaterFittings!BP313","v":{"$error":"#VALUE!"}},{"$f":"$GI$31*WaterFittings!BQ313","v":0},{"$f":"GJ$31*AirCond!BD312","v":{"$error":"#VALUE!"}},{"$f":"GK$31*AirCond!BE312","v":{"$error":"#VALUE!"}},{"$f":"GL$31*AirCond!BF312","v":{"$error":"#VALUE!"}},{"$f":"GM$31*AirCond!BG312","v":{"$error":"#VALUE!"}},{"$f":"GN$31*WaterFittings!BS313","v":0},{"$f":"GO$31*WaterFittings!BT313","v":0},{"$f":"GP$31*WaterFittings!BU313","v":0}]
[null,null,308,29.5,0,{"$error":"#VALUE!"},{"$error":"#VALUE!"},{"$error":"#VALUE!"},{"$error":"#VALUE!"},{"$error":"#VALUE!"},{"$error":"#VALUE!"},{"$error":"#VALUE!"},{"$error":"#VALUE!"},{"$error":"#VALUE!"},{"$error":"#VALUE!"},null,{"$error":"#VALUE!"},{"$error":"#VALUE!"},{"$error":"#VALUE!"},{"$error":"#VALUE!"},{"$error":"#VALUE!"},null,{"$error":"#VALUE!"},{"$error":"#VALUE!"},{"$error":"#VALUE!"},{"$error":"#VALUE!"},{"$error":"#VALUE!"},null,28,{"$f":"SUM(SUMPRODUCT(AF$20:AJ$20,Q339:U339),SUMPRODUCT(AF$20:AJ$20,System2!Q339:U339),SUMPRODUCT(AF$20:AJ$20,System3!Q339:U339))","v":{"$error":"#VALUE!"}},{"$f":"SUM(SUMPRODUCT(AF$21:AJ$21,W339:AA339),SUMPRODUCT(AF$21:AJ$21,System2!W339:AA339),SUMPRODUCT(AF$21:AJ$21,System3!W339:AA339))","v":{"$error":"#VALUE!"}},{"$f":"WaterFittings!BN314","v":{"$error":"#VALUE!"}},{"$error":"#VALUE!"},{"$error":"#VALUE!"},{"$f":"MIN(AirCond!BL313,P$21)","v":0},{"$error":"#VALUE!"},{"$f":"MIN(ROUNDDOWN(AJ339-FH339,0),ROUNDDOWN(P$21*0.3,0),ROUNDDOWN(SUM(SUMPRODUCT(I$4:I$15,L$4:L$15),SUMPRODUCT(System2!I$4:I$15,System2!L$4:L$15),SUMPRODUCT(System3!I$4:I$15,System3!L$4:L$15))*0.3,0))","v":{"$error":"#VALUE!"}},0,{"$error":"#VALUE!"},{"$error":"#VALUE!"},{"$error":"#VALUE!"},0,{"$error":"#VALUE!"},{"$error":"#VALUE!"},{"$error":"#VALUE!"},0,null,null,null,0,0,0,0,null,{"$error":"#VALUE!"},{"$error":"#VALUE!"},{"$error":"#VALUE!"},{"$error":"#VALUE!"},{"$error":"#VALUE!"},{"$error":"#VALUE!"},{"$error":"#VALUE!"},{"$error":"#VALUE!"},{"$error":"#VALUE!"},0,{"$error":"#VALUE!"},{"$error":"#VALUE!"},{"$error":"#VALUE!"},{"$error":"#VALUE!"},{"$error":"#VALUE!"},{"$error":"#VALUE!"},{"$error":"#VALUE!"},{"$error":"#VALUE!"},{"$error":"#VALUE!"},{"$error":"#VALUE!"},{"$error":"#VALUE!"},{"$error":"#VALUE!"},{"$error":"#VALUE!"},{"$error":"#VALUE!"},{"$error":"#VALUE!"},{"$error":"#VALUE!"},{"$error":"#VALUE!"},{"$error":"#VALUE!"},{"$error":"#VALUE!"},{"$error":"#VALUE!"},{"$error":"#VALUE!"},{"$error":"#VALUE!"},{"$error":"#VALUE!"},{"$error":"#VALUE!"},{"$error":"#VALUE!"},{"$error":"#VALUE!"},{"$error":"#VALUE!"},{"$error":"#VALUE!"},{"$error":"#VALUE!"},{"$error":"#VALUE!"},{"$error":"#VALUE!"},{"$f":"SUM(CQ339,System2!CQ339,System3!CQ339)","v":{"$error":"#VALUE!"}},{"$error":"#VALUE!"},{"$error":"#VALUE!"},{"$error":"#VALUE!"},{"$error":"#VALUE!"},{"$error":"#VALUE!"},{"$error":"#VALUE!"},{"$error":"#VALUE!"},{"$error":"#VALUE!"},{"$error":"#VALUE!"},{"$error":"#VALUE!"},{"$error":"#VALUE!"},{"$error":"#VALUE!"},{"$error":"#VALUE!"},{"$error":"#VALUE!"},{"$error":"#VALUE!"},{"$error":"#VALUE!"},{"$error":"#VALUE!"},{"$error":"#VALUE!"},{"$error":"#VALUE!"},{"$error":"#VALUE!"},{"$error":"#VALUE!"},{"$error":"#VALUE!"},{"$error":"#VALUE!"},{"$error":"#VALUE!"},{"$error":"#VALUE!"},{"$error":"#VALUE!"},{"$f":"SUM(DR339,System2!DR339,System3!DR339)","v":{"$error":"#VALUE!"}},{"$f":"DT$59","v":{"$error":"#VALUE!"}},{"$f":"DU$59","v":{"$error":"#VALUE!"}},{"$f":"DV$59","v":0},{"$f":"DW$59","v":{"$error":"#VALUE!"}},{"$error":"#VALUE!"},{"$error":"#VALUE!"},{"$error":"#VALUE!"},0,0,0,0,0,{"$error":"#VALUE!"},{"$f":"SUM(EF339,System2!EF339,System3!EF339)","v":{"$error":"#VALUE!"}},{"$error":"#VALUE!"},{"$error":"#VALUE!"},{"$error":"#VALUE!"},{"$error":"#VALUE!"},{"$error":"#VALUE!"},{"$error":"#VALUE!"},{"$error":"#VALUE!"},{"$error":"#VALUE!"},{"$error":"#VALUE!"},{"$error":"#VALUE!"},{"$error":"#VALUE!"},{"$error":"#VALUE!"},{"$error":"#VALUE!"},{"$error":"#VALUE!"},{"$error":"#VALUE!"},{"$error":"#VALUE!"},{"$error":"#VALUE!"},{"$error":"#VALUE!"},{"$error":"#VALUE!"},{"$error":"#VALUE!"},{"$error":"#VALUE!"},{"$error":"#VALUE!"},{"$error":"#VALUE!"},{"$error":"#VALUE!"},{"$error":"#VALUE!"},{"$error":"#VALUE!"},{"$f":"SUM(FG339,System2!FG339,System3!FG339)","v":{"$error":"#VALUE!"}},0,0,0,0,{"$error":"#VALUE!"},{"$error":"#VALUE!"},{"$error":"#VALUE!"},{"$error":"#VALUE!"},{"$error":"#VALUE!"},{"$error":"#VALUE!"},{"$error":"#VALUE!"},{"$error":"#VALUE!"},{"$error":"#VALUE!"},{"$error":"#VALUE!"},{"$error":"#VALUE!"},{"$error":"#VALUE!"},{"$error":"#VALUE!"},{"$error":"#VALUE!"},{"$error":"#VALUE!"},{"$error":"#VALUE!"},{"$error":"#VALUE!"},{"$error":"#VALUE!"},{"$error":"#VALUE!"},{"$error":"#VALUE!"},{"$f":"$GG$31*WaterFittings!BO314","v":{"$error":"#VALUE!"}},{"$f":"$GH$31*WaterFittings!BP314","v":{"$error":"#VALUE!"}},{"$f":"$GI$31*WaterFittings!BQ314","v":0},{"$f":"GJ$31*AirCond!BD313","v":{"$error":"#VALUE!"}},{"$f":"GK$31*AirCond!BE313","v":{"$error":"#VALUE!"}},{"$f":"GL$31*AirCond!BF313","v":{"$error":"#VALUE!"}},{"$f":"GM$31*AirCond!BG313","v":{"$error":"#VALUE!"}},{"$f":"GN$31*WaterFittings!BS314","v":0},{"$f":"GO$31*WaterFittings!BT314","v":0},{"$f":"GP$31*WaterFittings!BU314","v":0}]
[null,null,309,23.5,0,{"$error":"#VALUE!"},{"$error":"#VALUE!"},{"$error":"#VALUE!"},{"$error":"#VALUE!"},{"$error":"#VALUE!"},{"$error":"#VALUE!"},{"$error":"#VALUE!"},{"$error":"#VALUE!"},{"$error":"#VALUE!"},{"$error":"#VALUE!"},null,{"$error":"#VALUE!"},{"$error":"#VALUE!"},{"$error":"#VALUE!"},{"$error":"#VALUE!"},{"$error":"#VALUE!"},null,{"$error":"#VALUE!"},{"$error":"#VALUE!"},{"$error":"#VALUE!"},{"$error":"#VALUE!"},{"$f":"ROUNDDOWN(FF340,0)","v":{"$error":"#VALUE!"}},null,1,{"$f":"SUM(SUMPRODUCT(AF$20:AJ$20,Q340:U340),SUMPRODUCT(AF$20:AJ$20,System2!Q340:U340),SUMPRODUCT(AF$20:AJ$20,System3!Q340:U340))","v":{"$error":"#VALUE!"}},{"$f":"SUM(SUMPRODUCT(AF$21:AJ$21,W340:AA340),SUMPRODUCT(AF$21:AJ$21,System2!W340:AA340),SUMPRODUCT(AF$21:AJ$21,System3!W340:AA340))","v":{"$error":"#VALUE!"}},{"$f":"WaterFittings!BN315","v":{"$error":"#VALUE!"}},{"$error":"#VALUE!"},{"$error":"#VALUE!"},{"$f":"MIN(AirCond!BL314,P$21)","v":0},{"$error":"#VALUE!"},{"$f":"MIN(ROUNDDOWN(AJ340-FH340,0),ROUNDDOWN(P$21*0.3,0),ROUNDDOWN(SUM(SUMPRODUCT(I$4:I$15,L$4:L$15),SUMPRODUCT(System2!I$4:I$15,System2!L$4:L$15),SUMPRODUCT(System3!I$4:I$15,System3!L$4:L$15))*0.3,0))","v":{"$error":"#VALUE!"}},0,{"$error":"#VALUE!"},{"$error":"#VALUE!"},{"$error":"#VALUE!"},0,{"$error":"#VALUE!"},{"$error":"#VALUE!"},{"$error":"#VALUE!"},0,null,null,null,0,0,0,0,null,{"$error":"#VALUE!"},{"$error":"#VALUE!"},{"$error":"#VALUE!"},{"$error":"#VALUE!"},{"$error":"#VALUE!"},{"$error":"#VALUE!"},{"$error":"#VALUE!"},{"$error":"#VALUE!"},{"$error":"#VALUE!"},0,{"$error":"#VALUE!"},{"$error":"#VALUE!"},{"$error":"#VALUE!"},{"$error":"#VALUE!"},{"$error":"#VALUE!"},{"$error":"#VALUE!"},{"$error":"#VALUE!"},{"$error":"#VALUE!"},{"$error":"#VALUE!"},{"$error":"#VALUE!"},{"$error":"#VALUE!"},{"$error":"#VALUE!"},{"$error":"#VALUE!"},{"$error":"#VALUE!"},{"$error":"#VALUE!"},{"$error":"#VALUE!"},{"$error":"#VALUE!"},{"$error":"#VALUE!"},{"$error":"#VALUE!"},{"$error":"#VALUE!"},{"$error":"#VALUE!"},{"$error":"#VALUE!"},{"$error":"#VALUE!"},{"$error":"#VALUE!"},{"$error":"#VALUE!"},{"$error":"#VALUE!"},{"$error":"#VALUE!"},{"$error":"#VALUE!"},{"$error":"#VALUE!"},{"$error":"#VALUE!"},{"$error":"#VALUE!"},{"$f":"SUM(CQ340,System2!CQ340,System3!CQ340)","v":{"$error":"#VALUE!"}},{"$error":"#VALUE!"},{"$error":"#VALUE!"},{"$error":"#VALUE!"},{"$error":"#VALUE!"},{"$error":"#VALUE!"},{"$error":"#VALUE!"},{"$error":"#VALUE!"},{"$error":"#VALUE!"},{"$error":"#VALUE!"},{"$error":"#VALUE!"},{"$error":"#VALUE!"},{"$error":"#VALUE!"},{"$error":"#VALUE!"},{"$error":"#VALUE!"},{"$error":"#VALUE!"},{"$error":"#VALUE!"},{"$error":"#VALUE!"},{"$error":"#VALUE!"},{"$error":"#VALUE!"},{"$error":"#VALUE!"},{"$error":"#VALUE!"},{"$error":"#VALUE!"},{"$error":"#VALUE!"},{"$error":"#VALUE!"},{"$error":"#VALUE!"},{"$error":"#VALUE!"},{"$f":"SUM(DR340,System2!DR340,System3!DR340)","v":{"$error":"#VALUE!"}},{"$f":"DT$32","v":{"$error":"#VALUE!"}},{"$f":"DU$32","v":{"$error":"#VALUE!"}},{"$f":"DV$32","v":0},{"$f":"DW$32","v":{"$error":"#VALUE!"}},{"$error":"#VALUE!"},{"$error":"#VALUE!"},{"$error":"#VALUE!"},0,0,0,0,0,{"$error":"#VALUE!"},{"$f":"SUM(EF340,System2!EF340,System3!EF340)","v":{"$error":"#VALUE!"}},{"$error":"#VALUE!"},{"$error":"#VALUE!"},{"$error":"#VALUE!"},{"$error":"#VALUE!"},{"$error":"#VALUE!"},{"$error":"#VALUE!"},{"$error":"#VALUE!"},{"$error":"#VALUE!"},{"$error":"#VALUE!"},{"$error":"#VALUE!"},{"$error":"#VALUE!"},{"$error":"#VALUE!"},{"$error":"#VALUE!"},{"$error":"#VALUE!"},{"$error":"#VALUE!"},{"$error":"#VALUE!"},{"$error":"#VALUE!"},{"$error":"#VALUE!"},{"$error":"#VALUE!"},{"$error":"#VALUE!"},{"$error":"#VALUE!"},{"$error":"#VALUE!"},{"$error":"#VALUE!"},{"$error":"#VALUE!"},{"$error":"#VALUE!"},{"$error":"#VALUE!"},{"$f":"SUM(FG340,System2!FG340,System3!FG340)","v":{"$error":"#VALUE!"}},0,0,0,0,{"$error":"#VALUE!"},{"$error":"#VALUE!"},{"$error":"#VALUE!"},{"$error":"#VALUE!"},{"$error":"#VALUE!"},{"$error":"#VALUE!"},{"$error":"#VALUE!"},{"$error":"#VALUE!"},{"$error":"#VALUE!"},{"$error":"#VALUE!"},{"$error":"#VALUE!"},{"$error":"#VALUE!"},{"$error":"#VALUE!"},{"$error":"#VALUE!"},{"$error":"#VALUE!"},{"$error":"#VALUE!"},{"$error":"#VALUE!"},{"$error":"#VALUE!"},{"$error":"#VALUE!"},{"$error":"#VALUE!"},{"$f":"$GG$31*WaterFittings!BO315","v":{"$error":"#VALUE!"}},{"$f":"$GH$31*WaterFittings!BP315","v":{"$error":"#VALUE!"}},{"$f":"$GI$31*WaterFittings!BQ315","v":0},{"$f":"GJ$31*AirCond!BD314","v":{"$error":"#VALUE!"}},{"$f":"GK$31*AirCond!BE314","v":{"$error":"#VALUE!"}},{"$f":"GL$31*AirCond!BF314","v":{"$error":"#VALUE!"}},{"$f":"GM$31*AirCond!BG314","v":{"$error":"#VALUE!"}},{"$f":"GN$31*WaterFittings!BS315","v":0},{"$f":"GO$31*WaterFittings!BT315","v":0},{"$f":"GP$31*WaterFittings!BU315","v":0}]
[null,null,{"$f":"C340+1","v":310},0.5,0,{"$error":"#VALUE!"},{"$error":"#VALUE!"},{"$error":"#VALUE!"},{"$error":"#VALUE!"},{"$error":"#VALUE!"},{"$error":"#VALUE!"},{"$error":"#VALUE!"},{"$error":"#VALUE!"},{"$error":"#VALUE!"},{"$error":"#VALUE!"},null,{"$error":"#VALUE!"},{"$error":"#VALUE!"},{"$error":"#VALUE!"},{"$error":"#VALUE!"},{"$error":"#VALUE!"},null,{"$error":"#VALUE!"},{"$error":"#VALUE!"},{"$error":"#VALUE!"},{"$error":"#VALUE!"},{"$error":"#VALUE!"},null,2,{"$f":"SUM(SUMPRODUCT(AF$20:AJ$20,Q341:U341),SUMPRODUCT(AF$20:AJ$20,System2!Q341:U341),SUMPRODUCT(AF$20:AJ$20,System3!Q341:U341))","v":{"$error":"#VALUE!"}},{"$f":"SUM(SUMPRODUCT(AF$21:AJ$21,W341:AA341),SUMPRODUCT(AF$21:AJ$21,System2!W341:AA341),SUMPRODUCT(AF$21:AJ$21,System3!W341:AA341))","v":{"$error":"#VALUE!"}},{"$f":"WaterFittings!BN316","v":{"$error":"#VALUE!"}},{"$error":"#VALUE!"},{"$error":"#VALUE!"},{"$f":"MIN(AirCond!BL315,P$21)","v":0},{"$error":"#VALUE!"},{"$f":"MIN(ROUNDDOWN(AJ341-FH341,0),ROUNDDOWN(P$21*0.3,0),ROUNDDOWN(SUM(SUMPRODUCT(I$4:I$15,L$4:L$15),SUMPRODUCT(System2!I$4:I$15,System2!L$4:L$15),SUMPRODUCT(System3!I$4:I$15,System3!L$4:L$15))*0.3,0))","v":{"$error":"#VALUE!"}},0,{"$error":"#VALUE!"},{"$error":"#VALUE!"},{"$error":"#VALUE!"},0,{"$error":"#VALUE!"},{"$error":"#VALUE!"},{"$error":"#VALUE!"},0,null,null,null,0,0,0,0,null,{"$error":"#VALUE!"},{"$error":"#VALUE!"},{"$error":"#VALUE!"},{"$error":"#VALUE!"},{"$error":"#VALUE!"},{"$error":"#VALUE!"},{"$error":"#VALUE!"},{"$error":"#VALUE!"},{"$error":"#VALUE!"},0,{"$error":"#VALUE!"},{"$error":"#VALUE!"},{"$error":"#VALUE!"},{"$error":"#VALUE!"},{"$error":"#VALUE!"},{"$error":"#VALUE!"},{"$error":"#VALUE!"},{"$error":"#VALUE!"},{"$error":"#VALUE!"},{"$error":"#VALUE!"},{"$error":"#VALUE!"},{"$error":"#VALUE!"},{"$error":"#VALUE!"},{"$error":"#VALUE!"},{"$error":"#VALUE!"},{"$error":"#VALUE!"},{"$error":"#VALUE!"},{"$error":"#VALUE!"},{"$error":"#VALUE!"},{"$error":"#VALUE!"},{"$error":"#VALUE!"},{"$error":"#VALUE!"},{"$error":"#VALUE!"},{"$error":"#VALUE!"},{"$error":"#VALUE!"},{"$error":"#VALUE!"},{"$error":"#VALUE!"},{"$error":"#VALUE!"},{"$error":"#VALUE!"},{"$error":"#VALUE!"},{"$error":"#VALUE!"},{"$f":"SUM(CQ341,System2!CQ341,System3!CQ341)","v":{"$error":"#VALUE!"}},{"$error":"#VALUE!"},{"$error":"#VALUE!"},{"$error":"#VALUE!"},{"$error":"#VALUE!"},{"$error":"#VALUE!"},{"$error":"#VALUE!"},{"$error":"#VALUE!"},{"$error":"#VALUE!"},{"$error":"#VALUE!"},{"$error":"#VALUE!"},{"$error":"#VALUE!"},{"$error":"#VALUE!"},{"$error":"#VALUE!"},{"$error":"#VALUE!"},{"$error":"#VALUE!"},{"$error":"#VALUE!"},{"$error":"#VALUE!"},{"$error":"#VALUE!"},{"$error":"#VALUE!"},{"$error":"#VALUE!"},{"$error":"#VALUE!"},{"$error":"#VALUE!"},{"$error":"#VALUE!"},{"$error":"#VALUE!"},{"$error":"#VALUE!"},{"$error":"#VALUE!"},{"$f":"SUM(DR341,System2!DR341,System3!DR341)","v":{"$error":"#VALUE!"}},{"$f":"DT$33","v":{"$error":"#VALUE!"}},{"$f":"DU$33","v":{"$error":"#VALUE!"}},{"$f":"DV$33","v":0},{"$f":"DW$33","v":{"$error":"#VALUE!"}},{"$error":"#VALUE!"},{"$error":"#VALUE!"},{"$error":"#VALUE!"},0,0,0,0,0,{"$error":"#VALUE!"},{"$f":"SUM(EF341,System2!EF341,System3!EF341)","v":{"$error":"#VALUE!"}},{"$error":"#VALUE!"},{"$error":"#VALUE!"},{"$error":"#VALUE!"},{"$error":"#VALUE!"},{"$error":"#VALUE!"},{"$error":"#VALUE!"},{"$error":"#VALUE!"},{"$error":"#VALUE!"},{"$error":"#VALUE!"},{"$error":"#VALUE!"},{"$error":"#VALUE!"},{"$error":"#VALUE!"},{"$error":"#VALUE!"},{"$error":"#VALUE!"},{"$error":"#VALUE!"},{"$error":"#VALUE!"},{"$error":"#VALUE!"},{"$error":"#VALUE!"},{"$error":"#VALUE!"},{"$error":"#VALUE!"},{"$error":"#VALUE!"},{"$error":"#VALUE!"},{"$error":"#VALUE!"},{"$error":"#VALUE!"},{"$error":"#VALUE!"},{"$error":"#VALUE!"},{"$f":"SUM(FG341,System2!FG341,System3!FG341)","v":{"$error":"#VALUE!"}},0,0,0,0,{"$error":"#VALUE!"},{"$error":"#VALUE!"},{"$error":"#VALUE!"},{"$error":"#VALUE!"},{"$error":"#VALUE!"},{"$error":"#VALUE!"},{"$error":"#VALUE!"},{"$error":"#VALUE!"},{"$error":"#VALUE!"},{"$error":"#VALUE!"},{"$error":"#VALUE!"},{"$error":"#VALUE!"},{"$error":"#VALUE!"},{"$error":"#VALUE!"},{"$error":"#VALUE!"},{"$error":"#VALUE!"},{"$error":"#VALUE!"},{"$error":"#VALUE!"},{"$error":"#VALUE!"},{"$error":"#VALUE!"},{"$f":"$GG$31*WaterFittings!BO316","v":{"$error":"#VALUE!"}},{"$f":"$GH$31*WaterFittings!BP316","v":{"$error":"#VALUE!"}},{"$f":"$GI$31*WaterFittings!BQ316","v":0},{"$f":"GJ$31*AirCond!BD315","v":{"$error":"#VALUE!"}},{"$f":"GK$31*AirCond!BE315","v":{"$error":"#VALUE!"}},{"$f":"GL$31*AirCond!BF315","v":{"$error":"#VALUE!"}},{"$f":"GM$31*AirCond!BG315","v":{"$error":"#VALUE!"}},{"$f":"GN$31*WaterFittings!BS316","v":0},{"$f":"GO$31*WaterFittings!BT316","v":0},{"$f":"GP$31*WaterFittings!BU316","v":0}]
[null,null,311,0,0,{"$error":"#VALUE!"},{"$error":"#VALUE!"},{"$error":"#VALUE!"},{"$error":"#VALUE!"},{"$error":"#VALUE!"},{"$error":"#VALUE!"},{"$error":"#VALUE!"},{"$error":"#VALUE!"},{"$error":"#VALUE!"},{"$error":"#VALUE!"},null,{"$error":"#VALUE!"},{"$error":"#VALUE!"},{"$error":"#VALUE!"},{"$error":"#VALUE!"},{"$error":"#VALUE!"},null,{"$error":"#VALUE!"},{"$error":"#VALUE!"},{"$error":"#VALUE!"},{"$error":"#VALUE!"},{"$error":"#VALUE!"},null,3,{"$f":"SUM(SUMPRODUCT(AF$20:AJ$20,Q342:U342),SUMPRODUCT(AF$20:AJ$20,System2!Q342:U342),SUMPRODUCT(AF$20:AJ$20,System3!Q342:U342))","v":{"$error":"#VALUE!"}},{"$f":"SUM(SUMPRODUCT(AF$21:AJ$21,W342:AA342),SUMPRODUCT(AF$21:AJ$21,System2!W342:AA342),SUMPRODUCT(AF$21:AJ$21,System3!W342:AA342))","v":{"$error":"#VALUE!"}},{"$f":"WaterFittings!BN317","v":{"$error":"#VALUE!"}},{"$error":"#VALUE!"},{"$error":"#VALUE!"},{"$f":"MIN(AirCond!BL316,P$21)","v":0},{"$error":"#VALUE!"},{"$f":"MIN(ROUNDDOWN(AJ342-FH342,0),ROUNDDOWN(P$21*0.3,0),ROUNDDOWN(SUM(SUMPRODUCT(I$4:I$15,L$4:L$15),SUMPRODUCT(System2!I$4:I$15,System2!L$4:L$15),SUMPRODUCT(System3!I$4:I$15,System3!L$4:L$15))*0.3,0))","v":{"$error":"#VALUE!"}},0,{"$error":"#VALUE!"},{"$error":"#VALUE!"},{"$error":"#VALUE!"},0,{"$error":"#VALUE!"},{"$error":"#VALUE!"},{"$error":"#VALUE!"},0,null,null,null,0,0,0,0,null,{"$error":"#VALUE!"},{"$error":"#VALUE!"},{"$error":"#VALUE!"},{"$error":"#VALUE!"},{"$error":"#VALUE!"},{"$error":"#VALUE!"},{"$error":"#VALUE!"},{"$error":"#VALUE!"},{"$error":"#VALUE!"},0,{"$error":"#VALUE!"},{"$error":"#VALUE!"},{"$error":"#VALUE!"},{"$error":"#VALUE!"},{"$error":"#VALUE!"},{"$error":"#VALUE!"},{"$error":"#VALUE!"},{"$error":"#VALUE!"},{"$error":"#VALUE!"},{"$error":"#VALUE!"},{"$error":"#VALUE!"},{"$error":"#VALUE!"},{"$error":"#VALUE!"},{"$error":"#VALUE!"},{"$error":"#VALUE!"},{"$error":"#VALUE!"},{"$error":"#VALUE!"},{"$error":"#VALUE!"},{"$error":"#VALUE!"},{"$error":"#VALUE!"},{"$error":"#VALUE!"},{"$error":"#VALUE!"},{"$error":"#VALUE!"},{"$error":"#VALUE!"},{"$error":"#VALUE!"},{"$error":"#VALUE!"},{"$error":"#VALUE!"},{"$error":"#VALUE!"},{"$error":"#VALUE!"},{"$error":"#VALUE!"},{"$error":"#VALUE!"},{"$f":"SUM(CQ342,System2!CQ342,System3!CQ342)","v":{"$error":"#VALUE!"}},{"$error":"#VALUE!"},{"$error":"#VALUE!"},{"$error":"#VALUE!"},{"$error":"#VALUE!"},{"$error":"#VALUE!"},{"$error":"#VALUE!"},{"$error":"#VALUE!"},{"$error":"#VALUE!"},{"$error":"#VALUE!"},{"$error":"#VALUE!"},{"$error":"#VALUE!"},{"$error":"#VALUE!"},{"$error":"#VALUE!"},{"$error":"#VALUE!"},{"$error":"#VALUE!"},{"$error":"#VALUE!"},{"$error":"#VALUE!"},{"$error":"#VALUE!"},{"$error":"#VALUE!"},{"$error":"#VALUE!"},{"$error":"#VALUE!"},{"$error":"#VALUE!"},{"$error":"#VALUE!"},{"$error":"#VALUE!"},{"$error":"#VALUE!"},{"$error":"#VALUE!"},{"$f":"SUM(DR342,System2!DR342,System3!DR342)","v":{"$error":"#VALUE!"}},{"$f":"DT$34","v":{"$error":"#VALUE!"}},{"$f":"DU$34","v":{"$error":"#VALUE!"}},{"$f":"DV$34","v":0},{"$f":"DW$34","v":{"$error":"#VALUE!"}},{"$error":"#VALUE!"},{"$error":"#VALUE!"},{"$error":"#VALUE!"},0,0,0,0,0,{"$error":"#VALUE!"},{"$f":"SUM(EF342,System2!EF342,System3!EF342)","v":{"$error":"#VALUE!"}},{"$error":"#VALUE!"},{"$error":"#VALUE!"},{"$error":"#VALUE!"},{"$error":"#VALUE!"},{"$error":"#VALUE!"},{"$error":"#VALUE!"},{"$error":"#VALUE!"},{"$error":"#VALUE!"},{"$error":"#VALUE!"},{"$error":"#VALUE!"},{"$error":"#VALUE!"},{"$error":"#VALUE!"},{"$error":"#VALUE!"},{"$error":"#VALUE!"},{"$error":"#VALUE!"},{"$error":"#VALUE!"},{"$error":"#VALUE!"},{"$error":"#VALUE!"},{"$error":"#VALUE!"},{"$error":"#VALUE!"},{"$error":"#VALUE!"},{"$error":"#VALUE!"},{"$error":"#VALUE!"},{"$error":"#VALUE!"},{"$error":"#VALUE!"},{"$error":"#VALUE!"},{"$f":"SUM(FG342,System2!FG342,System3!FG342)","v":{"$error":"#VALUE!"}},0,0,0,0,{"$error":"#VALUE!"},{"$error":"#VALUE!"},{"$error":"#VALUE!"},{"$error":"#VALUE!"},{"$error":"#VALUE!"},{"$error":"#VALUE!"},{"$error":"#VALUE!"},{"$error":"#VALUE!"},{"$error":"#VALUE!"},{"$error":"#VALUE!"},{"$error":"#VALUE!"},{"$error":"#VALUE!"},{"$error":"#VALUE!"},{"$error":"#VALUE!"},{"$error":"#VALUE!"},{"$error":"#VALUE!"},{"$error":"#VALUE!"},{"$error":"#VALUE!"},{"$error":"#VALUE!"},{"$error":"#VALUE!"},{"$f":"$GG$31*WaterFittings!BO317","v":{"$error":"#VALUE!"}},{"$f":"$GH$31*WaterFittings!BP317","v":{"$error":"#VALUE!"}},{"$f":"$GI$31*WaterFittings!BQ317","v":0},{"$f":"GJ$31*AirCond!BD316","v":{"$error":"#VALUE!"}},{"$f":"GK$31*AirCond!BE316","v":{"$error":"#VALUE!"}},{"$f":"GL$31*AirCond!BF316","v":{"$error":"#VALUE!"}},{"$f":"GM$31*AirCond!BG316","v":{"$error":"#VALUE!"}},{"$f":"GN$31*WaterFittings!BS317","v":0},{"$f":"GO$31*WaterFittings!BT317","v":0},{"$f":"GP$31*WaterFittings!BU317","v":0}]
[null,null,312,3.5,0,{"$error":"#VALUE!"},{"$error":"#VALUE!"},{"$error":"#VALUE!"},{"$error":"#VALUE!"},{"$error":"#VALUE!"},{"$error":"#VALUE!"},{"$error":"#VALUE!"},{"$error":"#VALUE!"},{"$error":"#VALUE!"},{"$error":"#VALUE!"},null,{"$error":"#VALUE!"},{"$error":"#VALUE!"},{"$error":"#VALUE!"},{"$error":"#VALUE!"},{"$error":"#VALUE!"},null,{"$error":"#VALUE!"},{"$error":"#VALUE!"},{"$error":"#VALUE!"},{"$error":"#VALUE!"},{"$error":"#VALUE!"},null,4,{"$f":"SUM(SUMPRODUCT(AF$20:AJ$20,Q343:U343),SUMPRODUCT(AF$20:AJ$20,System2!Q343:U343),SUMPRODUCT(AF$20:AJ$20,System3!Q343:U343))","v":{"$error":"#VALUE!"}},{"$f":"SUM(SUMPRODUCT(AF$21:AJ$21,W343:AA343),SUMPRODUCT(AF$21:AJ$21,System2!W343:AA343),SUMPRODUCT(AF$21:AJ$21,System3!W343:AA343))","v":{"$error":"#VALUE!"}},{"$f":"WaterFittings!BN318","v":{"$error":"#VALUE!"}},{"$error":"#VALUE!"},{"$error":"#VALUE!"},{"$f":"MIN(AirCond!BL317,P$21)","v":0},{"$error":"#VALUE!"},{"$f":"MIN(ROUNDDOWN(AJ343-FH343,0),ROUNDDOWN(P$21*0.3,0),ROUNDDOWN(SUM(SUMPRODUCT(I$4:I$15,L$4:L$15),SUMPRODUCT(System2!I$4:I$15,System2!L$4:L$15),SUMPRODUCT(System3!I$4:I$15,System3!L$4:L$15))*0.3,0))","v":{"$error":"#VALUE!"}},0,{"$error":"#VALUE!"},{"$error":"#VALUE!"},{"$error":"#VALUE!"},0,{"$error":"#VALUE!"},{"$error":"#VALUE!"},{"$error":"#VALUE!"},0,null,null,null,0,0,0,0,null,{"$error":"#VALUE!"},{"$error":"#VALUE!"},{"$error":"#VALUE!"},{"$error":"#VALUE!"},{"$error":"#VALUE!"},{"$error":"#VALUE!"},{"$error":"#VALUE!"},{"$error":"#VALUE!"},{"$error":"#VALUE!"},0,{"$error":"#VALUE!"},{"$error":"#VALUE!"},{"$error":"#VALUE!"},{"$error":"#VALUE!"},{"$error":"#VALUE!"},{"$error":"#VALUE!"},{"$error":"#VALUE!"},{"$error":"#VALUE!"},{"$error":"#VALUE!"},{"$error":"#VALUE!"},{"$error":"#VALUE!"},{"$error":"#VALUE!"},{"$error":"#VALUE!"},{"$error":"#VALUE!"},{"$error":"#VALUE!"},{"$error":"#VALUE!"},{"$error":"#VALUE!"},{"$error":"#VALUE!"},{"$error":"#VALUE!"},{"$error":"#VALUE!"},{"$error":"#VALUE!"},{"$error":"#VALUE!"},{"$error":"#VALUE!"},{"$error":"#VALUE!"},{"$error":"#VALUE!"},{"$error":"#VALUE!"},{"$error":"#VALUE!"},{"$error":"#VALUE!"},{"$error":"#VALUE!"},{"$error":"#VALUE!"},{"$error":"#VALUE!"},{"$f":"SUM(CQ343,System2!CQ343,System3!CQ343)","v":{"$error":"#VALUE!"}},{"$error":"#VALUE!"},{"$error":"#VALUE!"},{"$error":"#VALUE!"},{"$error":"#VALUE!"},{"$error":"#VALUE!"},{"$error":"#VALUE!"},{"$error":"#VALUE!"},{"$error":"#VALUE!"},{"$error":"#VALUE!"},{"$error":"#VALUE!"},{"$error":"#VALUE!"},{"$error":"#VALUE!"},{"$error":"#VALUE!"},{"$error":"#VALUE!"},{"$error":"#VALUE!"},{"$error":"#VALUE!"},{"$error":"#VALUE!"},{"$error":"#VALUE!"},{"$error":"#VALUE!"},{"$error":"#VALUE!"},{"$error":"#VALUE!"},{"$error":"#VALUE!"},{"$error":"#VALUE!"},{"$error":"#VALUE!"},{"$error":"#VALUE!"},{"$error":"#VALUE!"},{"$f":"SUM(DR343,System2!DR343,System3!DR343)","v":{"$error":"#VALUE!"}},{"$f":"DT$35","v":{"$error":"#VALUE!"}},{"$f":"DU$35","v":{"$error":"#VALUE!"}},{"$f":"DV$35","v":0},{"$f":"DW$35","v":{"$error":"#VALUE!"}},{"$error":"#VALUE!"},{"$error":"#VALUE!"},{"$error":"#VALUE!"},0,0,0,0,0,{"$error":"#VALUE!"},{"$f":"SUM(EF343,System2!EF343,System3!EF343)","v":{"$error":"#VALUE!"}},{"$error":"#VALUE!"},{"$error":"#VALUE!"},{"$error":"#VALUE!"},{"$error":"#VALUE!"},{"$error":"#VALUE!"},{"$error":"#VALUE!"},{"$error":"#VALUE!"},{"$error":"#VALUE!"},{"$error":"#VALUE!"},{"$error":"#VALUE!"},{"$error":"#VALUE!"},{"$error":"#VALUE!"},{"$error":"#VALUE!"},{"$error":"#VALUE!"},{"$error":"#VALUE!"},{"$error":"#VALUE!"},{"$error":"#VALUE!"},{"$error":"#VALUE!"},{"$error":"#VALUE!"},{"$error":"#VALUE!"},{"$error":"#VALUE!"},{"$error":"#VALUE!"},{"$error":"#VALUE!"},{"$error":"#VALUE!"},{"$error":"#VALUE!"},{"$error":"#VALUE!"},{"$f":"SUM(FG343,System2!FG343,System3!FG343)","v":{"$error":"#VALUE!"}},0,0,0,0,{"$error":"#VALUE!"},{"$error":"#VALUE!"},{"$error":"#VALUE!"},{"$error":"#VALUE!"},{"$error":"#VALUE!"},{"$error":"#VALUE!"},{"$error":"#VALUE!"},{"$error":"#VALUE!"},{"$error":"#VALUE!"},{"$error":"#VALUE!"},{"$error":"#VALUE!"},{"$error":"#VALUE!"},{"$error":"#VALUE!"},{"$error":"#VALUE!"},{"$error":"#VALUE!"},{"$error":"#VALUE!"},{"$error":"#VALUE!"},{"$error":"#VALUE!"},{"$error":"#VALUE!"},{"$error":"#VALUE!"},{"$f":"$GG$31*WaterFittings!BO318","v":{"$error":"#VALUE!"}},{"$f":"$GH$31*WaterFittings!BP318","v":{"$error":"#VALUE!"}},{"$f":"$GI$31*WaterFittings!BQ318","v":0},{"$f":"GJ$31*AirCond!BD317","v":{"$error":"#VALUE!"}},{"$f":"GK$31*AirCond!BE317","v":{"$error":"#VALUE!"}},{"$f":"GL$31*AirCond!BF317","v":{"$error":"#VALUE!"}},{"$f":"GM$31*AirCond!BG317","v":{"$error":"#VALUE!"}},{"$f":"GN$31*WaterFittings!BS318","v":0},{"$f":"GO$31*WaterFittings!BT318","v":0},{"$f":"GP$31*WaterFittings!BU318","v":0}]
[null,null,313,9,0,{"$error":"#VALUE!"},{"$error":"#VALUE!"},{"$error":"#VALUE!"},{"$error":"#VALUE!"},{"$error":"#VALUE!"},{"$error":"#VALUE!"},{"$error":"#VALUE!"},{"$error":"#VALUE!"},{"$error":"#VALUE!"},{"$error":"#VALUE!"},null,{"$error":"#VALUE!"},{"$error":"#VALUE!"},{"$error":"#VALUE!"},{"$error":"#VALUE!"},{"$error":"#VALUE!"},null,{"$error":"#VALUE!"},{"$error":"#VALUE!"},{"$error":"#VALUE!"},{"$error":"#VALUE!"},{"$error":"#VALUE!"},null,5,{"$f":"SUM(SUMPRODUCT(AF$20:AJ$20,Q344:U344),SUMPRODUCT(AF$20:AJ$20,System2!Q344:U344),SUMPRODUCT(AF$20:AJ$20,System3!Q344:U344))","v":{"$error":"#VALUE!"}},{"$f":"SUM(SUMPRODUCT(AF$21:AJ$21,W344:AA344),SUMPRODUCT(AF$21:AJ$21,System2!W344:AA344),SUMPRODUCT(AF$21:AJ$21,System3!W344:AA344))","v":{"$error":"#VALUE!"}},{"$f":"WaterFittings!BN319","v":{"$error":"#VALUE!"}},{"$error":"#VALUE!"},{"$error":"#VALUE!"},{"$f":"MIN(AirCond!BL318,P$21)","v":0},{"$error":"#VALUE!"},{"$f":"MIN(ROUNDDOWN(AJ344-FH344,0),ROUNDDOWN(P$21*0.3,0),ROUNDDOWN(SUM(SUMPRODUCT(I$4:I$15,L$4:L$15),SUMPRODUCT(System2!I$4:I$15,System2!L$4:L$15),SUMPRODUCT(System3!I$4:I$15,System3!L$4:L$15))*0.3,0))","v":{"$error":"#VALUE!"}},0,{"$error":"#VALUE!"},{"$error":"#VALUE!"},{"$error":"#VALUE!"},0,{"$error":"#VALUE!"},{"$error":"#VALUE!"},{"$error":"#VALUE!"},0,null,null,null,0,0,0,0,null,{"$error":"#VALUE!"},{"$error":"#VALUE!"},{"$error":"#VALUE!"},{"$error":"#VALUE!"},{"$error":"#VALUE!"},{"$error":"#VALUE!"},{"$error":"#VALUE!"},{"$error":"#VALUE!"},{"$error":"#VALUE!"},0,{"$error":"#VALUE!"},{"$error":"#VALUE!"},{"$error":"#VALUE!"},{"$error":"#VALUE!"},{"$error":"#VALUE!"},{"$error":"#VALUE!"},{"$error":"#VALUE!"},{"$error":"#VALUE!"},{"$error":"#VALUE!"},{"$error":"#VALUE!"},{"$error":"#VALUE!"},{"$error":"#VALUE!"},{"$error":"#VALUE!"},{"$error":"#VALUE!"},{"$error":"#VALUE!"},{"$error":"#VALUE!"},{"$error":"#VALUE!"},{"$error":"#VALUE!"},{"$error":"#VALUE!"},{"$error":"#VALUE!"},{"$error":"#VALUE!"},{"$error":"#VALUE!"},{"$error":"#VALUE!"},{"$error":"#VALUE!"},{"$error":"#VALUE!"},{"$error":"#VALUE!"},{"$error":"#VALUE!"},{"$error":"#VALUE!"},{"$error":"#VALUE!"},{"$error":"#VALUE!"},{"$error":"#VALUE!"},{"$f":"SUM(CQ344,System2!CQ344,System3!CQ344)","v":{"$error":"#VALUE!"}},{"$error":"#VALUE!"},{"$error":"#VALUE!"},{"$error":"#VALUE!"},{"$error":"#VALUE!"},{"$error":"#VALUE!"},{"$error":"#VALUE!"},{"$error":"#VALUE!"},{"$error":"#VALUE!"},{"$error":"#VALUE!"},{"$error":"#VALUE!"},{"$error":"#VALUE!"},{"$error":"#VALUE!"},{"$error":"#VALUE!"},{"$error":"#VALUE!"},{"$error":"#VALUE!"},{"$error":"#VALUE!"},{"$error":"#VALUE!"},{"$error":"#VALUE!"},{"$error":"#VALUE!"},{"$error":"#VALUE!"},{"$error":"#VALUE!"},{"$error":"#VALUE!"},{"$error":"#VALUE!"},{"$error":"#VALUE!"},{"$error":"#VALUE!"},{"$error":"#VALUE!"},{"$f":"SUM(DR344,System2!DR344,System3!DR344)","v":{"$error":"#VALUE!"}},{"$f":"DT$36","v":{"$error":"#VALUE!"}},{"$f":"DU$36","v":{"$error":"#VALUE!"}},{"$f":"DV$36","v":0},{"$f":"DW$36","v":{"$error":"#VALUE!"}},{"$error":"#VALUE!"},{"$error":"#VALUE!"},{"$error":"#VALUE!"},0,0,0,0,0,{"$error":"#VALUE!"},{"$f":"SUM(EF344,System2!EF344,System3!EF344)","v":{"$error":"#VALUE!"}},{"$error":"#VALUE!"},{"$error":"#VALUE!"},{"$error":"#VALUE!"},{"$error":"#VALUE!"},{"$error":"#VALUE!"},{"$error":"#VALUE!"},{"$error":"#VALUE!"},{"$error":"#VALUE!"},{"$error":"#VALUE!"},{"$error":"#VALUE!"},{"$error":"#VALUE!"},{"$error":"#VALUE!"},{"$error":"#VALUE!"},{"$error":"#VALUE!"},{"$error":"#VALUE!"},{"$error":"#VALUE!"},{"$error":"#VALUE!"},{"$error":"#VALUE!"},{"$error":"#VALUE!"},{"$error":"#VALUE!"},{"$error":"#VALUE!"},{"$error":"#VALUE!"},{"$error":"#VALUE!"},{"$error":"#VALUE!"},{"$error":"#VALUE!"},{"$error":"#VALUE!"},{"$f":"SUM(FG344,System2!FG344,System3!FG344)","v":{"$error":"#VALUE!"}},0,0,0,0,{"$error":"#VALUE!"},{"$error":"#VALUE!"},{"$error":"#VALUE!"},{"$error":"#VALUE!"},{"$error":"#VALUE!"},{"$error":"#VALUE!"},{"$error":"#VALUE!"},{"$error":"#VALUE!"},{"$error":"#VALUE!"},{"$error":"#VALUE!"},{"$error":"#VALUE!"},{"$error":"#VALUE!"},{"$error":"#VALUE!"},{"$error":"#VALUE!"},{"$error":"#VALUE!"},{"$error":"#VALUE!"},{"$error":"#VALUE!"},{"$error":"#VALUE!"},{"$error":"#VALUE!"},{"$error":"#VALUE!"},{"$f":"$GG$31*WaterFittings!BO319","v":{"$error":"#VALUE!"}},{"$f":"$GH$31*WaterFittings!BP319","v":{"$error":"#VALUE!"}},{"$f":"$GI$31*WaterFittings!BQ319","v":0},{"$f":"GJ$31*AirCond!BD318","v":{"$error":"#VALUE!"}},{"$f":"GK$31*AirCond!BE318","v":{"$error":"#VALUE!"}},{"$f":"GL$31*AirCond!BF318","v":{"$error":"#VALUE!"}},{"$f":"GM$31*AirCond!BG318","v":{"$error":"#VALUE!"}},{"$f":"GN$31*WaterFittings!BS319","v":0},{"$f":"GO$31*WaterFittings!BT319","v":0},{"$f":"GP$31*WaterFittings!BU319","v":0}]
[null,null,314,0,0,{"$error":"#VALUE!"},{"$error":"#VALUE!"},{"$error":"#VALUE!"},{"$error":"#VALUE!"},{"$error":"#VALUE!"},{"$error":"#VALUE!"},{"$error":"#VALUE!"},{"$error":"#VALUE!"},{"$error":"#VALUE!"},{"$error":"#VALUE!"},null,{"$error":"#VALUE!"},{"$error":"#VALUE!"},{"$error":"#VALUE!"},{"$error":"#VALUE!"},{"$error":"#VALUE!"},null,{"$error":"#VALUE!"},{"$error":"#VALUE!"},{"$error":"#VALUE!"},{"$error":"#VALUE!"},{"$error":"#VALUE!"},null,6,{"$f":"SUM(SUMPRODUCT(AF$20:AJ$20,Q345:U345),SUMPRODUCT(AF$20:AJ$20,System2!Q345:U345),SUMPRODUCT(AF$20:AJ$20,System3!Q345:U345))","v":{"$error":"#VALUE!"}},{"$f":"SUM(SUMPRODUCT(AF$21:AJ$21,W345:AA345),SUMPRODUCT(AF$21:AJ$21,System2!W345:AA345),SUMPRODUCT(AF$21:AJ$21,System3!W345:AA345))","v":{"$error":"#VALUE!"}},{"$f":"WaterFittings!BN320","v":{"$error":"#VALUE!"}},{"$error":"#VALUE!"},{"$error":"#VALUE!"},{"$f":"MIN(AirCond!BL319,P$21)","v":0},{"$error":"#VALUE!"},{"$f":"MIN(ROUNDDOWN(AJ345-FH345,0),ROUNDDOWN(P$21*0.3,0),ROUNDDOWN(SUM(SUMPRODUCT(I$4:I$15,L$4:L$15),SUMPRODUCT(System2!I$4:I$15,System2!L$4:L$15),SUMPRODUCT(System3!I$4:I$15,System3!L$4:L$15))*0.3,0))","v":{"$error":"#VALUE!"}},0,{"$error":"#VALUE!"},{"$error":"#VALUE!"},{"$error":"#VALUE!"},0,{"$error":"#VALUE!"},{"$error":"#VALUE!"},{"$error":"#VALUE!"},0,null,null,null,0,0,0,0,null,{"$error":"#VALUE!"},{"$error":"#VALUE!"},{"$error":"#VALUE!"},{"$error":"#VALUE!"},{"$error":"#VALUE!"},{"$error":"#VALUE!"},{"$error":"#VALUE!"},{"$error":"#VALUE!"},{"$error":"#VALUE!"},0,{"$error":"#VALUE!"},{"$error":"#VALUE!"},{"$error":"#VALUE!"},{"$error":"#VALUE!"},{"$error":"#VALUE!"},{"$error":"#VALUE!"},{"$error":"#VALUE!"},{"$error":"#VALUE!"},{"$error":"#VALUE!"},{"$error":"#VALUE!"},{"$error":"#VALUE!"},{"$error":"#VALUE!"},{"$error":"#VALUE!"},{"$error":"#VALUE!"},{"$error":"#VALUE!"},{"$error":"#VALUE!"},{"$error":"#VALUE!"},{"$error":"#VALUE!"},{"$error":"#VALUE!"},{"$error":"#VALUE!"},{"$error":"#VALUE!"},{"$error":"#VALUE!"},{"$error":"#VALUE!"},{"$error":"#VALUE!"},{"$error":"#VALUE!"},{"$error":"#VALUE!"},{"$error":"#VALUE!"},{"$error":"#VALUE!"},{"$error":"#VALUE!"},{"$error":"#VALUE!"},{"$error":"#VALUE!"},{"$f":"SUM(CQ345,System2!CQ345,System3!CQ345)","v":{"$error":"#VALUE!"}},{"$error":"#VALUE!"},{"$error":"#VALUE!"},{"$error":"#VALUE!"},{"$error":"#VALUE!"},{"$error":"#VALUE!"},{"$error":"#VALUE!"},{"$error":"#VALUE!"},{"$error":"#VALUE!"},{"$error":"#VALUE!"},{"$error":"#VALUE!"},{"$error":"#VALUE!"},{"$error":"#VALUE!"},{"$error":"#VALUE!"},{"$error":"#VALUE!"},{"$error":"#VALUE!"},{"$error":"#VALUE!"},{"$error":"#VALUE!"},{"$error":"#VALUE!"},{"$error":"#VALUE!"},{"$error":"#VALUE!"},{"$error":"#VALUE!"},{"$error":"#VALUE!"},{"$error":"#VALUE!"},{"$error":"#VALUE!"},{"$error":"#VALUE!"},{"$error":"#VALUE!"},{"$f":"SUM(DR345,System2!DR345,System3!DR345)","v":{"$error":"#VALUE!"}},{"$f":"DT$37","v":{"$error":"#VALUE!"}},{"$f":"DU$37","v":{"$error":"#VALUE!"}},{"$f":"DV$37","v":0},{"$f":"DW$37","v":{"$error":"#VALUE!"}},{"$error":"#VALUE!"},{"$error":"#VALUE!"},{"$error":"#VALUE!"},0,0,0,0,0,{"$error":"#VALUE!"},{"$f":"SUM(EF345,System2!EF345,System3!EF345)","v":{"$error":"#VALUE!"}},{"$error":"#VALUE!"},{"$error":"#VALUE!"},{"$error":"#VALUE!"},{"$error":"#VALUE!"},{"$error":"#VALUE!"},{"$error":"#VALUE!"},{"$error":"#VALUE!"},{"$error":"#VALUE!"},{"$error":"#VALUE!"},{"$error":"#VALUE!"},{"$error":"#VALUE!"},{"$error":"#VALUE!"},{"$error":"#VALUE!"},{"$error":"#VALUE!"},{"$error":"#VALUE!"},{"$error":"#VALUE!"},{"$error":"#VALUE!"},{"$error":"#VALUE!"},{"$error":"#VALUE!"},{"$error":"#VALUE!"},{"$error":"#VALUE!"},{"$error":"#VALUE!"},{"$error":"#VALUE!"},{"$error":"#VALUE!"},{"$error":"#VALUE!"},{"$error":"#VALUE!"},{"$f":"SUM(FG345,System2!FG345,System3!FG345)","v":{"$error":"#VALUE!"}},0,0,0,0,{"$error":"#VALUE!"},{"$error":"#VALUE!"},{"$error":"#VALUE!"},{"$error":"#VALUE!"},{"$error":"#VALUE!"},{"$error":"#VALUE!"},{"$error":"#VALUE!"},{"$error":"#VALUE!"},{"$error":"#VALUE!"},{"$error":"#VALUE!"},{"$error":"#VALUE!"},{"$error":"#VALUE!"},{"$error":"#VALUE!"},{"$error":"#VALUE!"},{"$error":"#VALUE!"},{"$error":"#VALUE!"},{"$error":"#VALUE!"},{"$error":"#VALUE!"},{"$error":"#VALUE!"},{"$error":"#VALUE!"},{"$f":"$GG$31*WaterFittings!BO320","v":{"$error":"#VALUE!"}},{"$f":"$GH$31*WaterFittings!BP320","v":{"$error":"#VALUE!"}},{"$f":"$GI$31*WaterFittings!BQ320","v":0},{"$f":"GJ$31*AirCond!BD319","v":{"$error":"#VALUE!"}},{"$f":"GK$31*AirCond!BE319","v":{"$error":"#VALUE!"}},{"$f":"GL$31*AirCond!BF319","v":{"$error":"#VALUE!"}},{"$f":"GM$31*AirCond!BG319","v":{"$error":"#VALUE!"}},{"$f":"GN$31*WaterFittings!BS320","v":0},{"$f":"GO$31*WaterFittings!BT320","v":0},{"$f":"GP$31*WaterFittings!BU320","v":0}]
[null,null,315,4,0,{"$error":"#VALUE!"},{"$error":"#VALUE!"},{"$error":"#VALUE!"},{"$error":"#VALUE!"},{"$error":"#VALUE!"},{"$error":"#VALUE!"},{"$error":"#VALUE!"},{"$error":"#VALUE!"},{"$error":"#VALUE!"},{"$error":"#VALUE!"},null,{"$error":"#VALUE!"},{"$error":"#VALUE!"},{"$error":"#VALUE!"},{"$error":"#VALUE!"},{"$error":"#VALUE!"},null,{"$error":"#VALUE!"},{"$error":"#VALUE!"},{"$error":"#VALUE!"},{"$error":"#VALUE!"},{"$error":"#VALUE!"},null,7,{"$f":"SUM(SUMPRODUCT(AF$20:AJ$20,Q346:U346),SUMPRODUCT(AF$20:AJ$20,System2!Q346:U346),SUMPRODUCT(AF$20:AJ$20,System3!Q346:U346))","v":{"$error":"#VALUE!"}},{"$f":"SUM(SUMPRODUCT(AF$21:AJ$21,W346:AA346),SUMPRODUCT(AF$21:AJ$21,System2!W346:AA346),SUMPRODUCT(AF$21:AJ$21,System3!W346:AA346))","v":{"$error":"#VALUE!"}},{"$f":"WaterFittings!BN321","v":{"$error":"#VALUE!"}},{"$error":"#VALUE!"},{"$error":"#VALUE!"},{"$f":"MIN(AirCond!BL320,P$21)","v":0},{"$error":"#VALUE!"},{"$f":"MIN(ROUNDDOWN(AJ346-FH346,0),ROUNDDOWN(P$21*0.3,0),ROUNDDOWN(SUM(SUMPRODUCT(I$4:I$15,L$4:L$15),SUMPRODUCT(System2!I$4:I$15,System2!L$4:L$15),SUMPRODUCT(System3!I$4:I$15,System3!L$4:L$15))*0.3,0))","v":{"$error":"#VALUE!"}},0,{"$error":"#VALUE!"},{"$error":"#VALUE!"},{"$error":"#VALUE!"},0,{"$error":"#VALUE!"},{"$error":"#VALUE!"},{"$error":"#VALUE!"},0,null,null,null,0,0,0,0,null,{"$error":"#VALUE!"},{"$error":"#VALUE!"},{"$error":"#VALUE!"},{"$error":"#VALUE!"},{"$error":"#VALUE!"},{"$error":"#VALUE!"},{"$error":"#VALUE!"},{"$error":"#VALUE!"},{"$error":"#VALUE!"},0,{"$error":"#VALUE!"},{"$error":"#VALUE!"},{"$error":"#VALUE!"},{"$error":"#VALUE!"},{"$error":"#VALUE!"},{"$error":"#VALUE!"},{"$error":"#VALUE!"},{"$error":"#VALUE!"},{"$error":"#VALUE!"},{"$error":"#VALUE!"},{"$error":"#VALUE!"},{"$error":"#VALUE!"},{"$error":"#VALUE!"},{"$error":"#VALUE!"},{"$error":"#VALUE!"},{"$error":"#VALUE!"},{"$error":"#VALUE!"},{"$error":"#VALUE!"},{"$error":"#VALUE!"},{"$error":"#VALUE!"},{"$error":"#VALUE!"},{"$error":"#VALUE!"},{"$error":"#VALUE!"},{"$error":"#VALUE!"},{"$error":"#VALUE!"},{"$error":"#VALUE!"},{"$error":"#VALUE!"},{"$error":"#VALUE!"},{"$error":"#VALUE!"},{"$error":"#VALUE!"},{"$error":"#VALUE!"},{"$f":"SUM(CQ346,System2!CQ346,System3!CQ346)","v":{"$error":"#VALUE!"}},{"$error":"#VALUE!"},{"$error":"#VALUE!"},{"$error":"#VALUE!"},{"$error":"#VALUE!"},{"$error":"#VALUE!"},{"$error":"#VALUE!"},{"$error":"#VALUE!"},{"$error":"#VALUE!"},{"$error":"#VALUE!"},{"$error":"#VALUE!"},{"$error":"#VALUE!"},{"$error":"#VALUE!"},{"$error":"#VALUE!"},{"$error":"#VALUE!"},{"$error":"#VALUE!"},{"$error":"#VALUE!"},{"$error":"#VALUE!"},{"$error":"#VALUE!"},{"$error":"#VALUE!"},{"$error":"#VALUE!"},{"$error":"#VALUE!"},{"$error":"#VALUE!"},{"$error":"#VALUE!"},{"$error":"#VALUE!"},{"$error":"#VALUE!"},{"$error":"#VALUE!"},{"$f":"SUM(DR346,System2!DR346,System3!DR346)","v":{"$error":"#VALUE!"}},{"$f":"DT$38","v":{"$error":"#VALUE!"}},{"$f":"DU$38","v":{"$error":"#VALUE!"}},{"$f":"DV$38","v":0},{"$f":"DW$38","v":{"$error":"#VALUE!"}},{"$error":"#VALUE!"},{"$error":"#VALUE!"},{"$error":"#VALUE!"},0,0,0,0,0,{"$error":"#VALUE!"},{"$f":"SUM(EF346,System2!EF346,System3!EF346)","v":{"$error":"#VALUE!"}},{"$error":"#VALUE!"},{"$error":"#VALUE!"},{"$error":"#VALUE!"},{"$error":"#VALUE!"},{"$error":"#VALUE!"},{"$error":"#VALUE!"},{"$error":"#VALUE!"},{"$error":"#VALUE!"},{"$error":"#VALUE!"},{"$error":"#VALUE!"},{"$error":"#VALUE!"},{"$error":"#VALUE!"},{"$error":"#VALUE!"},{"$error":"#VALUE!"},{"$error":"#VALUE!"},{"$error":"#VALUE!"},{"$error":"#VALUE!"},{"$error":"#VALUE!"},{"$error":"#VALUE!"},{"$error":"#VALUE!"},{"$error":"#VALUE!"},{"$error":"#VALUE!"},{"$error":"#VALUE!"},{"$error":"#VALUE!"},{"$error":"#VALUE!"},{"$error":"#VALUE!"},{"$f":"SUM(FG346,System2!FG346,System3!FG346)","v":{"$error":"#VALUE!"}},0,0,0,0,{"$error":"#VALUE!"},{"$error":"#VALUE!"},{"$error":"#VALUE!"},{"$error":"#VALUE!"},{"$error":"#VALUE!"},{"$error":"#VALUE!"},{"$error":"#VALUE!"},{"$error":"#VALUE!"},{"$error":"#VALUE!"},{"$error":"#VALUE!"},{"$error":"#VALUE!"},{"$error":"#VALUE!"},{"$error":"#VALUE!"},{"$error":"#VALUE!"},{"$error":"#VALUE!"},{"$error":"#VALUE!"},{"$error":"#VALUE!"},{"$error":"#VALUE!"},{"$error":"#VALUE!"},{"$error":"#VALUE!"},{"$f":"$GG$31*WaterFittings!BO321","v":{"$error":"#VALUE!"}},{"$f":"$GH$31*WaterFittings!BP321","v":{"$error":"#VALUE!"}},{"$f":"$GI$31*WaterFittings!BQ321","v":0},{"$f":"GJ$31*AirCond!BD320","v":{"$error":"#VALUE!"}},{"$f":"GK$31*AirCond!BE320","v":{"$error":"#VALUE!"}},{"$f":"GL$31*AirCond!BF320","v":{"$error":"#VALUE!"}},{"$f":"GM$31*AirCond!BG320","v":{"$error":"#VALUE!"}},{"$f":"GN$31*WaterFittings!BS321","v":0},{"$f":"GO$31*WaterFittings!BT321","v":0},{"$f":"GP$31*WaterFittings!BU321","v":0}]
[null,null,316,0,0,{"$error":"#VALUE!"},{"$error":"#VALUE!"},{"$error":"#VALUE!"},{"$error":"#VALUE!"},{"$error":"#VALUE!"},{"$error":"#VALUE!"},{"$error":"#VALUE!"},{"$error":"#VALUE!"},{"$error":"#VALUE!"},{"$error":"#VALUE!"},null,{"$error":"#VALUE!"},{"$error":"#VALUE!"},{"$error":"#VALUE!"},{"$error":"#VALUE!"},{"$error":"#VALUE!"},null,{"$error":"#VALUE!"},{"$error":"#VALUE!"},{"$error":"#VALUE!"},{"$error":"#VALUE!"},{"$f":"ROUNDDOWN(FF347,0)","v":{"$error":"#VALUE!"}},null,8,{"$f":"SUM(SUMPRODUCT(AF$20:AJ$20,Q347:U347),SUMPRODUCT(AF$20:AJ$20,System2!Q347:U347),SUMPRODUCT(AF$20:AJ$20,System3!Q347:U347))","v":{"$error":"#VALUE!"}},{"$f":"SUM(SUMPRODUCT(AF$21:AJ$21,W347:AA347),SUMPRODUCT(AF$21:AJ$21,System2!W347:AA347),SUMPRODUCT(AF$21:AJ$21,System3!W347:AA347))","v":{"$error":"#VALUE!"}},{"$f":"WaterFittings!BN322","v":{"$error":"#VALUE!"}},{"$error":"#VALUE!"},{"$error":"#VALUE!"},{"$f":"MIN(AirCond!BL321,P$21)","v":0},{"$error":"#VALUE!"},{"$f":"MIN(ROUNDDOWN(AJ347-FH347,0),ROUNDDOWN(P$21*0.3,0),ROUNDDOWN(SUM(SUMPRODUCT(I$4:I$15,L$4:L$15),SUMPRODUCT(System2!I$4:I$15,System2!L$4:L$15),SUMPRODUCT(System3!I$4:I$15,System3!L$4:L$15))*0.3,0))","v":{"$error":"#VALUE!"}},0,{"$error":"#VALUE!"},{"$error":"#VALUE!"},{"$error":"#VALUE!"},0,{"$error":"#VALUE!"},{"$error":"#VALUE!"},{"$error":"#VALUE!"},0,null,null,null,0,0,0,0,null,{"$error":"#VALUE!"},{"$error":"#VALUE!"},{"$error":"#VALUE!"},{"$error":"#VALUE!"},{"$error":"#VALUE!"},{"$error":"#VALUE!"},{"$error":"#VALUE!"},{"$error":"#VALUE!"},{"$error":"#VALUE!"},0,{"$error":"#VALUE!"},{"$error":"#VALUE!"},{"$error":"#VALUE!"},{"$error":"#VALUE!"},{"$error":"#VALUE!"},{"$error":"#VALUE!"},{"$error":"#VALUE!"},{"$error":"#VALUE!"},{"$error":"#VALUE!"},{"$error":"#VALUE!"},{"$error":"#VALUE!"},{"$error":"#VALUE!"},{"$error":"#VALUE!"},{"$error":"#VALUE!"},{"$error":"#VALUE!"},{"$error":"#VALUE!"},{"$error":"#VALUE!"},{"$error":"#VALUE!"},{"$error":"#VALUE!"},{"$error":"#VALUE!"},{"$error":"#VALUE!"},{"$error":"#VALUE!"},{"$error":"#VALUE!"},{"$error":"#VALUE!"},{"$error":"#VALUE!"},{"$error":"#VALUE!"},{"$error":"#VALUE!"},{"$error":"#VALUE!"},{"$error":"#VALUE!"},{"$error":"#VALUE!"},{"$error":"#VALUE!"},{"$f":"SUM(CQ347,System2!CQ347,System3!CQ347)","v":{"$error":"#VALUE!"}},{"$error":"#VALUE!"},{"$error":"#VALUE!"},{"$error":"#VALUE!"},{"$error":"#VALUE!"},{"$error":"#VALUE!"},{"$error":"#VALUE!"},{"$error":"#VALUE!"},{"$error":"#VALUE!"},{"$error":"#VALUE!"},{"$error":"#VALUE!"},{"$error":"#VALUE!"},{"$error":"#VALUE!"},{"$error":"#VALUE!"},{"$error":"#VALUE!"},{"$error":"#VALUE!"},{"$error":"#VALUE!"},{"$error":"#VALUE!"},{"$error":"#VALUE!"},{"$error":"#VALUE!"},{"$error":"#VALUE!"},{"$error":"#VALUE!"},{"$error":"#VALUE!"},{"$error":"#VALUE!"},{"$error":"#VALUE!"},{"$error":"#VALUE!"},{"$error":"#VALUE!"},{"$f":"SUM(DR347,System2!DR347,System3!DR347)","v":{"$error":"#VALUE!"}},{"$f":"DT$39","v":{"$error":"#VALUE!"}},{"$f":"DU$39","v":{"$error":"#VALUE!"}},{"$f":"DV$39","v":0},{"$f":"DW$39","v":{"$error":"#VALUE!"}},{"$error":"#VALUE!"},{"$error":"#VALUE!"},{"$error":"#VALUE!"},0,0,0,0,0,{"$error":"#VALUE!"},{"$f":"SUM(EF347,System2!EF347,System3!EF347)","v":{"$error":"#VALUE!"}},{"$error":"#VALUE!"},{"$error":"#VALUE!"},{"$error":"#VALUE!"},{"$error":"#VALUE!"},{"$error":"#VALUE!"},{"$error":"#VALUE!"},{"$error":"#VALUE!"},{"$error":"#VALUE!"},{"$error":"#VALUE!"},{"$error":"#VALUE!"},{"$error":"#VALUE!"},{"$error":"#VALUE!"},{"$error":"#VALUE!"},{"$error":"#VALUE!"},{"$error":"#VALUE!"},{"$error":"#VALUE!"},{"$error":"#VALUE!"},{"$error":"#VALUE!"},{"$error":"#VALUE!"},{"$error":"#VALUE!"},{"$error":"#VALUE!"},{"$error":"#VALUE!"},{"$error":"#VALUE!"},{"$error":"#VALUE!"},{"$error":"#VALUE!"},{"$error":"#VALUE!"},{"$f":"SUM(FG347,System2!FG347,System3!FG347)","v":{"$error":"#VALUE!"}},0,0,0,0,{"$error":"#VALUE!"},{"$error":"#VALUE!"},{"$error":"#VALUE!"},{"$error":"#VALUE!"},{"$error":"#VALUE!"},{"$error":"#VALUE!"},{"$error":"#VALUE!"},{"$error":"#VALUE!"},{"$error":"#VALUE!"},{"$error":"#VALUE!"},{"$error":"#VALUE!"},{"$error":"#VALUE!"},{"$error":"#VALUE!"},{"$error":"#VALUE!"},{"$error":"#VALUE!"},{"$error":"#VALUE!"},{"$error":"#VALUE!"},{"$error":"#VALUE!"},{"$error":"#VALUE!"},{"$error":"#VALUE!"},{"$f":"$GG$31*WaterFittings!BO322","v":{"$error":"#VALUE!"}},{"$f":"$GH$31*WaterFittings!BP322","v":{"$error":"#VALUE!"}},{"$f":"$GI$31*WaterFittings!BQ322","v":0},{"$f":"GJ$31*AirCond!BD321","v":{"$error":"#VALUE!"}},{"$f":"GK$31*AirCond!BE321","v":{"$error":"#VALUE!"}},{"$f":"GL$31*AirCond!BF321","v":{"$error":"#VALUE!"}},{"$f":"GM$31*AirCond!BG321","v":{"$error":"#VALUE!"}},{"$f":"GN$31*WaterFittings!BS322","v":0},{"$f":"GO$31*WaterFittings!BT322","v":0},{"$f":"GP$31*WaterFittings!BU322","v":0}]
[null,null,{"$f":"C347+1","v":317},0,0,{"$error":"#VALUE!"},{"$error":"#VALUE!"},{"$error":"#VALUE!"},{"$error":"#VALUE!"},{"$error":"#VALUE!"},{"$error":"#VALUE!"},{"$error":"#VALUE!"},{"$error":"#VALUE!"},{"$error":"#VALUE!"},{"$error":"#VALUE!"},null,{"$error":"#VALUE!"},{"$error":"#VALUE!"},{"$error":"#VALUE!"},{"$error":"#VALUE!"},{"$error":"#VALUE!"},null,{"$error":"#VALUE!"},{"$error":"#VALUE!"},{"$error":"#VALUE!"},{"$error":"#VALUE!"},{"$error":"#VALUE!"},null,9,{"$f":"SUM(SUMPRODUCT(AF$20:AJ$20,Q348:U348),SUMPRODUCT(AF$20:AJ$20,System2!Q348:U348),SUMPRODUCT(AF$20:AJ$20,System3!Q348:U348))","v":{"$error":"#VALUE!"}},{"$f":"SUM(SUMPRODUCT(AF$21:AJ$21,W348:AA348),SUMPRODUCT(AF$21:AJ$21,System2!W348:AA348),SUMPRODUCT(AF$21:AJ$21,System3!W348:AA348))","v":{"$error":"#VALUE!"}},{"$f":"WaterFittings!BN323","v":{"$error":"#VALUE!"}},{"$error":"#VALUE!"},{"$error":"#VALUE!"},{"$f":"MIN(AirCond!BL322,P$21)","v":0},{"$error":"#VALUE!"},{"$f":"MIN(ROUNDDOWN(AJ348-FH348,0),ROUNDDOWN(P$21*0.3,0),ROUNDDOWN(SUM(SUMPRODUCT(I$4:I$15,L$4:L$15),SUMPRODUCT(System2!I$4:I$15,System2!L$4:L$15),SUMPRODUCT(System3!I$4:I$15,System3!L$4:L$15))*0.3,0))","v":{"$error":"#VALUE!"}},0,{"$error":"#VALUE!"},{"$error":"#VALUE!"},{"$error":"#VALUE!"},0,{"$error":"#VALUE!"},{"$error":"#VALUE!"},{"$error":"#VALUE!"},0,null,null,null,0,0,0,0,null,{"$error":"#VALUE!"},{"$error":"#VALUE!"},{"$error":"#VALUE!"},{"$error":"#VALUE!"},{"$error":"#VALUE!"},{"$error":"#VALUE!"},{"$error":"#VALUE!"},{"$error":"#VALUE!"},{"$error":"#VALUE!"},0,{"$error":"#VALUE!"},{"$error":"#VALUE!"},{"$error":"#VALUE!"},{"$error":"#VALUE!"},{"$error":"#VALUE!"},{"$error":"#VALUE!"},{"$error":"#VALUE!"},{"$error":"#VALUE!"},{"$error":"#VALUE!"},{"$error":"#VALUE!"},{"$error":"#VALUE!"},{"$error":"#VALUE!"},{"$error":"#VALUE!"},{"$error":"#VALUE!"},{"$error":"#VALUE!"},{"$error":"#VALUE!"},{"$error":"#VALUE!"},{"$error":"#VALUE!"},{"$error":"#VALUE!"},{"$error":"#VALUE!"},{"$error":"#VALUE!"},{"$error":"#VALUE!"},{"$error":"#VALUE!"},{"$error":"#VALUE!"},{"$error":"#VALUE!"},{"$error":"#VALUE!"},{"$error":"#VALUE!"},{"$error":"#VALUE!"},{"$error":"#VALUE!"},{"$error":"#VALUE!"},{"$error":"#VALUE!"},{"$f":"SUM(CQ348,System2!CQ348,System3!CQ348)","v":{"$error":"#VALUE!"}},{"$error":"#VALUE!"},{"$error":"#VALUE!"},{"$error":"#VALUE!"},{"$error":"#VALUE!"},{"$error":"#VALUE!"},{"$error":"#VALUE!"},{"$error":"#VALUE!"},{"$error":"#VALUE!"},{"$error":"#VALUE!"},{"$error":"#VALUE!"},{"$error":"#VALUE!"},{"$error":"#VALUE!"},{"$error":"#VALUE!"},{"$error":"#VALUE!"},{"$error":"#VALUE!"},{"$error":"#VALUE!"},{"$error":"#VALUE!"},{"$error":"#VALUE!"},{"$error":"#VALUE!"},{"$error":"#VALUE!"},{"$error":"#VALUE!"},{"$error":"#VALUE!"},{"$error":"#VALUE!"},{"$error":"#VALUE!"},{"$error":"#VALUE!"},{"$error":"#VALUE!"},{"$f":"SUM(DR348,System2!DR348,System3!DR348)","v":{"$error":"#VALUE!"}},{"$f":"DT$40","v":{"$error":"#VALUE!"}},{"$f":"DU$40","v":{"$error":"#VALUE!"}},{"$f":"DV$40","v":0},{"$f":"DW$40","v":{"$error":"#VALUE!"}},{"$error":"#VALUE!"},{"$error":"#VALUE!"},{"$error":"#VALUE!"},0,0,0,0,0,{"$error":"#VALUE!"},{"$f":"SUM(EF348,System2!EF348,System3!EF348)","v":{"$error":"#VALUE!"}},{"$error":"#VALUE!"},{"$error":"#VALUE!"},{"$error":"#VALUE!"},{"$error":"#VALUE!"},{"$error":"#VALUE!"},{"$error":"#VALUE!"},{"$error":"#VALUE!"},{"$error":"#VALUE!"},{"$error":"#VALUE!"},{"$error":"#VALUE!"},{"$error":"#VALUE!"},{"$error":"#VALUE!"},{"$error":"#VALUE!"},{"$error":"#VALUE!"},{"$error":"#VALUE!"},{"$error":"#VALUE!"},{"$error":"#VALUE!"},{"$error":"#VALUE!"},{"$error":"#VALUE!"},{"$error":"#VALUE!"},{"$error":"#VALUE!"},{"$error":"#VALUE!"},{"$error":"#VALUE!"},{"$error":"#VALUE!"},{"$error":"#VALUE!"},{"$error":"#VALUE!"},{"$f":"SUM(FG348,System2!FG348,System3!FG348)","v":{"$error":"#VALUE!"}},0,0,0,0,{"$error":"#VALUE!"},{"$error":"#VALUE!"},{"$error":"#VALUE!"},{"$error":"#VALUE!"},{"$error":"#VALUE!"},{"$error":"#VALUE!"},{"$error":"#VALUE!"},{"$error":"#VALUE!"},{"$error":"#VALUE!"},{"$error":"#VALUE!"},{"$error":"#VALUE!"},{"$error":"#VALUE!"},{"$error":"#VALUE!"},{"$error":"#VALUE!"},{"$error":"#VALUE!"},{"$error":"#VALUE!"},{"$error":"#VALUE!"},{"$error":"#VALUE!"},{"$error":"#VALUE!"},{"$error":"#VALUE!"},{"$f":"$GG$31*WaterFittings!BO323","v":{"$error":"#VALUE!"}},{"$f":"$GH$31*WaterFittings!BP323","v":{"$error":"#VALUE!"}},{"$f":"$GI$31*WaterFittings!BQ323","v":0},{"$f":"GJ$31*AirCond!BD322","v":{"$error":"#VALUE!"}},{"$f":"GK$31*AirCond!BE322","v":{"$error":"#VALUE!"}},{"$f":"GL$31*AirCond!BF322","v":{"$error":"#VALUE!"}},{"$f":"GM$31*AirCond!BG322","v":{"$error":"#VALUE!"}},{"$f":"GN$31*WaterFittings!BS323","v":0},{"$f":"GO$31*WaterFittings!BT323","v":0},{"$f":"GP$31*WaterFittings!BU323","v":0}]
[null,null,318,55.5,0,{"$error":"#VALUE!"},{"$error":"#VALUE!"},{"$error":"#VALUE!"},{"$error":"#VALUE!"},{"$error":"#VALUE!"},{"$error":"#VALUE!"},{"$error":"#VALUE!"},{"$error":"#VALUE!"},{"$error":"#VALUE!"},{"$error":"#VALUE!"},null,{"$error":"#VALUE!"},{"$error":"#VALUE!"},{"$error":"#VALUE!"},{"$error":"#VALUE!"},{"$error":"#VALUE!"},null,{"$error":"#VALUE!"},{"$error":"#VALUE!"},{"$error":"#VALUE!"},{"$error":"#VALUE!"},{"$error":"#VALUE!"},null,10,{"$f":"SUM(SUMPRODUCT(AF$20:AJ$20,Q349:U349),SUMPRODUCT(AF$20:AJ$20,System2!Q349:U349),SUMPRODUCT(AF$20:AJ$20,System3!Q349:U349))","v":{"$error":"#VALUE!"}},{"$f":"SUM(SUMPRODUCT(AF$21:AJ$21,W349:AA349),SUMPRODUCT(AF$21:AJ$21,System2!W349:AA349),SUMPRODUCT(AF$21:AJ$21,System3!W349:AA349))","v":{"$error":"#VALUE!"}},{"$f":"WaterFittings!BN324","v":{"$error":"#VALUE!"}},{"$error":"#VALUE!"},{"$error":"#VALUE!"},{"$f":"MIN(AirCond!BL323,P$21)","v":0},{"$error":"#VALUE!"},{"$f":"MIN(ROUNDDOWN(AJ349-FH349,0),ROUNDDOWN(P$21*0.3,0),ROUNDDOWN(SUM(SUMPRODUCT(I$4:I$15,L$4:L$15),SUMPRODUCT(System2!I$4:I$15,System2!L$4:L$15),SUMPRODUCT(System3!I$4:I$15,System3!L$4:L$15))*0.3,0))","v":{"$error":"#VALUE!"}},0,{"$error":"#VALUE!"},{"$error":"#VALUE!"},{"$error":"#VALUE!"},0,{"$error":"#VALUE!"},{"$error":"#VALUE!"},{"$error":"#VALUE!"},0,null,null,null,0,0,0,0,null,{"$error":"#VALUE!"},{"$error":"#VALUE!"},{"$error":"#VALUE!"},{"$error":"#VALUE!"},{"$error":"#VALUE!"},{"$error":"#VALUE!"},{"$error":"#VALUE!"},{"$error":"#VALUE!"},{"$error":"#VALUE!"},0,{"$error":"#VALUE!"},{"$error":"#VALUE!"},{"$error":"#VALUE!"},{"$error":"#VALUE!"},{"$error":"#VALUE!"},{"$error":"#VALUE!"},{"$error":"#VALUE!"},{"$error":"#VALUE!"},{"$error":"#VALUE!"},{"$error":"#VALUE!"},{"$error":"#VALUE!"},{"$error":"#VALUE!"},{"$error":"#VALUE!"},{"$error":"#VALUE!"},{"$error":"#VALUE!"},{"$error":"#VALUE!"},{"$error":"#VALUE!"},{"$error":"#VALUE!"},{"$error":"#VALUE!"},{"$error":"#VALUE!"},{"$error":"#VALUE!"},{"$error":"#VALUE!"},{"$error":"#VALUE!"},{"$error":"#VALUE!"},{"$error":"#VALUE!"},{"$error":"#VALUE!"},{"$error":"#VALUE!"},{"$error":"#VALUE!"},{"$error":"#VALUE!"},{"$error":"#VALUE!"},{"$error":"#VALUE!"},{"$f":"SUM(CQ349,System2!CQ349,System3!CQ349)","v":{"$error":"#VALUE!"}},{"$error":"#VALUE!"},{"$error":"#VALUE!"},{"$error":"#VALUE!"},{"$error":"#VALUE!"},{"$error":"#VALUE!"},{"$error":"#VALUE!"},{"$error":"#VALUE!"},{"$error":"#VALUE!"},{"$error":"#VALUE!"},{"$error":"#VALUE!"},{"$error":"#VALUE!"},{"$error":"#VALUE!"},{"$error":"#VALUE!"},{"$error":"#VALUE!"},{"$error":"#VALUE!"},{"$error":"#VALUE!"},{"$error":"#VALUE!"},{"$error":"#VALUE!"},{"$error":"#VALUE!"},{"$error":"#VALUE!"},{"$error":"#VALUE!"},{"$error":"#VALUE!"},{"$error":"#VALUE!"},{"$error":"#VALUE!"},{"$error":"#VALUE!"},{"$error":"#VALUE!"},{"$f":"SUM(DR349,System2!DR349,System3!DR349)","v":{"$error":"#VALUE!"}},{"$f":"DT$41","v":{"$error":"#VALUE!"}},{"$f":"DU$41","v":{"$error":"#VALUE!"}},{"$f":"DV$41","v":0},{"$f":"DW$41","v":{"$error":"#VALUE!"}},{"$error":"#VALUE!"},{"$error":"#VALUE!"},{"$error":"#VALUE!"},0,0,0,0,0,{"$error":"#VALUE!"},{"$f":"SUM(EF349,System2!EF349,System3!EF349)","v":{"$error":"#VALUE!"}},{"$error":"#VALUE!"},{"$error":"#VALUE!"},{"$error":"#VALUE!"},{"$error":"#VALUE!"},{"$error":"#VALUE!"},{"$error":"#VALUE!"},{"$error":"#VALUE!"},{"$error":"#VALUE!"},{"$error":"#VALUE!"},{"$error":"#VALUE!"},{"$error":"#VALUE!"},{"$error":"#VALUE!"},{"$error":"#VALUE!"},{"$error":"#VALUE!"},{"$error":"#VALUE!"},{"$er